{"text_format":"1","workbook":"xlsx","n_sheets":11,"sheets":["RESUMO","ORÇAMENTO","COMPOSIÇÃO","BDI","COTAÇAO","CURVA ABC","CRONOGRAMA","Declaração","quantitativo","COMPOSIÇÕES_IFMT","SINAPI"],"not_rendered":{"charts":0,"images":3,"macros":1,"external_links":0,"defined_names":7,"comments":0,"pivot_tables":0},"unopened":[],"bounds":{"document_bytes":16777216,"sheet_cells":100000,"rows_first":2000,"rows_last":500,"rows_between":2000,"halvings":0,"cell_chars":16384,"cell_head_chars":4096},"cells_cut":0,"cells_raw":0,"read":"whole","date_system":"1900"}

{"sheet":"RESUMO","index":0,"n_rows":56,"n_cols":4,"rows_kept":56,"cut":false,"hidden":false,"merged":[[25,0,26,0],[25,1,26,1],[25,2,26,2],[25,3,26,3],[27,1,28,1],[27,2,28,2],[27,3,28,3],[27,0,28,0],[29,0,30,0],[29,1,30,1],[29,2,30,2],[29,3,30,3],[31,0,32,0],[31,1,32,1],[33,0,34,0],[33,1,34,1],[33,2,34,2],[33,3,34,3],[35,1,36,1],[35,2,36,2],[35,3,36,3],[35,0,36,0],[37,0,38,0],[37,1,38,1],[37,2,38,2],[37,3,38,3],[39,0,40,0],[39,1,40,1],[43,1,44,1],[43,2,44,2],[39,2,40,2],[39,3,40,3],[41,0,42,0],[41,1,42,1],[41,2,42,2],[41,3,42,3],[43,3,44,3],[13,0,14,0],[13,1,14,1],[13,2,13,3],[0,0,3,3],[4,0,4,3],[5,0,5,3],[7,0,7,3],[8,0,8,3],[15,0,16,0],[15,1,16,1],[15,2,16,2],[15,3,16,3],[17,0,18,0],[17,1,18,1],[17,2,18,2],[17,3,18,3],[19,0,20,0],[21,0,22,0],[21,1,22,1],[21,2,22,2],[21,3,22,3],[19,1,20,1],[19,2,20,2],[19,3,20,3],[23,0,24,0],[23,1,24,1],[31,2,32,2],[31,3,32,3],[51,0,52,0],[23,2,24,2],[23,3,24,3],[47,2,48,2],[47,3,48,3],[43,0,44,0],[45,0,46,0],[45,1,46,1],[45,2,46,2],[45,3,46,3],[47,0,48,0],[47,1,48,1],[53,0,54,0],[53,1,54,1],[53,2,54,2],[53,3,54,3],[49,0,50,0],[49,1,50,1],[49,2,50,2],[49,3,50,3],[51,1,52,1],[51,2,52,2],[51,3,52,3]]}
[]
[]
[]
[]
["INSTITUTO FEDERAL DE EDUCAÇÃO, CIÊNCIA E TECNOLOGIA DE MATO GROSSO"]
[{"$f":"ORÇAMENTO!A6","v":"CAMPUS SINOP"}]
[]
["RESUMO"]
[{"$f":"ORÇAMENTO!B10","v":"IMPLANTAÇÃO DO CAMPUS SINOP"}]
["LOCAL:","municipio SINOP"]
["OBRA:","IMPLANTAÇÃO DO CAMPUS SINOP"]
["UNIDADE","2197 m2"]
["Valor por",{"$f":"C56","v":11102120.239999998}]
["ITEM","DESCRIÇÃO / ETAPA","TOTAL"]
[null,null,"VALOR (R$)","(%)"]
["1.0",{"$f":"IFERROR(INDEX(ORÇAMENTO!$D:$D,MATCH($A16,ORÇAMENTO!$A:$A,0)),\"\")","v":"ADMINISTRAÇÃO E CONTROLE"},{"$f":"IFERROR(INDEX(ORÇAMENTO!$I:$I,MATCH($A16,ORÇAMENTO!$A:$A,0)),0)","v":672384.67999999993},{"$f":"IFERROR(C16/$C$56,\"\")","v":6.0563627979586719E-2}]
[]
["2.0",{"$f":"IFERROR(INDEX(ORÇAMENTO!$D:$D,MATCH($A18,ORÇAMENTO!$A:$A,0)),\"\")","v":"SERVIÇOS PRELIMINARES"},{"$f":"IFERROR(INDEX(ORÇAMENTO!$I:$I,MATCH($A18,ORÇAMENTO!$A:$A,0)),0)","v":209407.58000000002},{"$f":"IFERROR(C18/$C$56,\"\")","v":1.8861944878377578E-2}]
[]
["3.0",{"$f":"IFERROR(INDEX(ORÇAMENTO!$D:$D,MATCH($A20,ORÇAMENTO!$A:$A,0)),\"\")","v":"MOVIMENTAÇÃO DE TERRA"},{"$f":"IFERROR(INDEX(ORÇAMENTO!$I:$I,MATCH($A20,ORÇAMENTO!$A:$A,0)),0)","v":219647.81},{"$f":"IFERROR(C20/$C$56,\"\")","v":1.9784311937878996E-2}]
[]
["4.0",{"$f":"IFERROR(INDEX(ORÇAMENTO!$D:$D,MATCH($A22,ORÇAMENTO!$A:$A,0)),\"\")","v":"INFRAESTRUTURA"},{"$f":"IFERROR(INDEX(ORÇAMENTO!$I:$I,MATCH($A22,ORÇAMENTO!$A:$A,0)),0)","v":501618.3000000001},{"$f":"IFERROR(C22/$C$56,\"\")","v":4.5182207466346103E-2}]
[]
["5.0",{"$f":"IFERROR(INDEX(ORÇAMENTO!$D:$D,MATCH($A24,ORÇAMENTO!$A:$A,0)),\"\")","v":"SUPERESTRUTURA"},{"$f":"IFERROR(INDEX(ORÇAMENTO!$I:$I,MATCH($A24,ORÇAMENTO!$A:$A,0)),0)","v":1935201.4200000002},{"$f":"IFERROR(C24/$C$56,\"\")","v":0.17430917501934751}]
[]
["6.0",{"$f":"IFERROR(INDEX(ORÇAMENTO!$D:$D,MATCH($A26,ORÇAMENTO!$A:$A,0)),\"\")","v":"IMPERMEABILIZAÇÕES"},{"$f":"IFERROR(INDEX(ORÇAMENTO!$I:$I,MATCH($A26,ORÇAMENTO!$A:$A,0)),0)","v":80707.839999999997},{"$f":"IFERROR(C26/$C$56,\"\")","v":7.2695879935813059E-3}]
[]
["7.0",{"$f":"IFERROR(INDEX(ORÇAMENTO!$D:$D,MATCH($A28,ORÇAMENTO!$A:$A,0)),\"\")","v":"COBERTURA"},{"$f":"IFERROR(INDEX(ORÇAMENTO!$I:$I,MATCH($A28,ORÇAMENTO!$A:$A,0)),0)","v":572836.55000000005},{"$f":"IFERROR(C28/$C$56,\"\")","v":5.1597040710847149E-2}]
[]
["8.0",{"$f":"IFERROR(INDEX(ORÇAMENTO!$D:$D,MATCH($A30,ORÇAMENTO!$A:$A,0)),\"\")","v":"PAREDES E PAINEIS"},{"$f":"IFERROR(INDEX(ORÇAMENTO!$I:$I,MATCH($A30,ORÇAMENTO!$A:$A,0)),0)","v":432334.39},{"$f":"IFERROR(C30/$C$56,\"\")","v":3.8941605806279762E-2}]
[]
["9.0",{"$f":"IFERROR(INDEX(ORÇAMENTO!$D:$D,MATCH($A32,ORÇAMENTO!$A:$A,0)),\"\")","v":"REVESTIMENTOS  "},{"$f":"IFERROR(INDEX(ORÇAMENTO!$I:$I,MATCH($A32,ORÇAMENTO!$A:$A,0)),0)","v":681660.11},{"$f":"IFERROR(C32/$C$56,\"\")","v":6.1399092719608313E-2}]
[]
["10.0",{"$f":"IFERROR(INDEX(ORÇAMENTO!$D:$D,MATCH($A34,ORÇAMENTO!$A:$A,0)),\"\")","v":"PAVIMENTAÇÃO"},{"$f":"IFERROR(INDEX(ORÇAMENTO!$I:$I,MATCH($A34,ORÇAMENTO!$A:$A,0)),0)","v":1441708.8399999999},{"$f":"IFERROR(C34/$C$56,\"\")","v":0.12985887459637169}]
[]
["11.0",{"$f":"IFERROR(INDEX(ORÇAMENTO!$D:$D,MATCH($A36,ORÇAMENTO!$A:$A,0)),\"\")","v":"ESQUADRIAS E FERRAGENS"},{"$f":"IFERROR(INDEX(ORÇAMENTO!$I:$I,MATCH($A36,ORÇAMENTO!$A:$A,0)),0)","v":966750.43},{"$f":"IFERROR(C36/$C$56,\"\")","v":8.7078000336987899E-2}]
[]
["12.0",{"$f":"IFERROR(INDEX(ORÇAMENTO!$D:$D,MATCH($A38,ORÇAMENTO!$A:$A,0)),\"\")","v":"INSTALAÇÃO ELÉTRICA"},{"$f":"IFERROR(INDEX(ORÇAMENTO!$I:$I,MATCH($A38,ORÇAMENTO!$A:$A,0)),0)","v":1426983.73},{"$f":"IFERROR(C38/$C$56,\"\")","v":0.12853254145624352}]
[]
["13.0",{"$f":"IFERROR(INDEX(ORÇAMENTO!$D:$D,MATCH($A40,ORÇAMENTO!$A:$A,0)),\"\")","v":"INSTALAÇÃO - ÁGUAS"},{"$f":"IFERROR(INDEX(ORÇAMENTO!$I:$I,MATCH($A40,ORÇAMENTO!$A:$A,0)),0)","v":639313.16999999993},{"$f":"IFERROR(C40/$C$56,\"\")","v":5.7584781661489198E-2}]
[]
["14.0",{"$f":"IFERROR(INDEX(ORÇAMENTO!$D:$D,MATCH($A42,ORÇAMENTO!$A:$A,0)),\"\")","v":"CLIMATIZAÇÃO"},{"$f":"IFERROR(INDEX(ORÇAMENTO!$I:$I,MATCH($A42,ORÇAMENTO!$A:$A,0)),0)","v":74124.77},{"$f":"IFERROR(C42/$C$56,\"\")","v":6.6766318863071524E-3}]
[]
["15.0",{"$f":"IFERROR(INDEX(ORÇAMENTO!$D:$D,MATCH($A44,ORÇAMENTO!$A:$A,0)),\"\")","v":"PINTURA"},{"$f":"IFERROR(INDEX(ORÇAMENTO!$I:$I,MATCH($A44,ORÇAMENTO!$A:$A,0)),0)","v":219385.79},{"$f":"IFERROR(C44/$C$56,\"\")","v":1.9760711040542653E-2}]
[]
["16.0",{"$f":"IFERROR(INDEX(ORÇAMENTO!$D:$D,MATCH($A46,ORÇAMENTO!$A:$A,0)),\"\")","v":"PAISAGISMO"},{"$f":"IFERROR(INDEX(ORÇAMENTO!$I:$I,MATCH($A46,ORÇAMENTO!$A:$A,0)),0)","v":80899.12},{"$f":"IFERROR(C46/$C$56,\"\")","v":7.2868171350304175E-3}]
[]
["17.0",{"$f":"IFERROR(INDEX(ORÇAMENTO!$D:$D,MATCH($A48,ORÇAMENTO!$A:$A,0)),\"\")","v":"URBANIZAÇÃO"},{"$f":"IFERROR(INDEX(ORÇAMENTO!$I:$I,MATCH($A48,ORÇAMENTO!$A:$A,0)),0)","v":10939.15},{"$f":"IFERROR(C48/$C$56,\"\")","v":9.8532080030868069E-4}]
[]
["18.0",{"$f":"IFERROR(INDEX(ORÇAMENTO!$D:$D,MATCH($A50,ORÇAMENTO!$A:$A,0)),\"\")","v":"GUARITA E PÓRTICO"},{"$f":"IFERROR(INDEX(ORÇAMENTO!$I:$I,MATCH($A50,ORÇAMENTO!$A:$A,0)),0)","v":156727.56},{"$f":"IFERROR(C50/$C$56,\"\")","v":1.4116903493381731E-2}]
[]
["19.0",{"$f":"IFERROR(INDEX(ORÇAMENTO!$D:$D,MATCH($A52,ORÇAMENTO!$A:$A,0)),\"\")","v":"EQUIPAMENTOS"},{"$f":"IFERROR(INDEX(ORÇAMENTO!$I:$I,MATCH($A52,ORÇAMENTO!$A:$A,0)),0)","v":550836.02999999991},{"$f":"IFERROR(C52/$C$56,\"\")","v":4.9615390402221043E-2}]
[]
["20.0",{"$f":"IFERROR(INDEX(ORÇAMENTO!$D:$D,MATCH($A54,ORÇAMENTO!$A:$A,0)),\"\")","v":"SERVIÇOS COMPLEMENTARES"},{"$f":"IFERROR(INDEX(ORÇAMENTO!$I:$I,MATCH($A54,ORÇAMENTO!$A:$A,0)),0)","v":228652.97},{"$f":"IFERROR(C54/$C$56,\"\")","v":2.0595432679262716E-2}]
[]
[null,"TOTAL",{"$f":"SUM(C16:C55)","v":11102120.239999998},1]

{"sheet":"ORÇAMENTO","index":1,"n_rows":1026,"n_cols":9,"rows_kept":1026,"cut":false,"hidden":false,"merged":[[0,0,3,8],[4,0,4,8],[5,0,5,8],[6,0,6,8],[8,1,8,2],[1023,1,1023,8],[1024,1,1024,8],[1025,1,1025,8],[8,7,8,8],[8,3,8,6],[1020,1,1020,8],[1021,1,1021,8],[1022,1,1022,8]]}
[]
[]
[]
[]
["INSTITUTO FEDERAL DE EDUCAÇÃO, CIÊNCIA E TECNOLOGIA DE MATO GROSSO"]
["CAMPUS SINOP"]
["PLANILHA DE ESTIMATIVA DE CUSTO"]
[]
["LOCAL:","SINOP",null,"FONTES",null,null,null,"Não desonerado"]
["OBRA:","IMPLANTAÇÃO DO CAMPUS SINOP",null,null,"ORSE - AGOSTO/2021",null,"SEINFRA - MARÇO/2021","BDI:",{"$f":"BDI!C27","v":0.20444562378908304}]
["UNIDADE",2197,"M2","TABELA SINAPI - DATA DE EMISSÃO: 20/09/2021","GOINFRA - OUTUBRO/2021",null,"SETOP - JULHO/2021","L S Hora",1.1304000000000001]
["Valor por",{"$f":"I1017/B11","v":5053.3091670459717},"M2","SINAPI DATA REFERÊNCIA TÉCNICA: 20/09/2021 - NÃO DESONERADO","SCO-RJ - SETEMBRO/2021",null,null,"L S Mensal",0.71630000000000005]
["ITEM","REFERÊNCIA","CÓDIGO","DESCRIÇÃO DETALHADA","UND","QTD","VALOR UNIT (R$)","VALOR UNIT c/ BDI (R$)","VALOR TOTAL (R$)"]
["1.0",null,null,"ADMINISTRAÇÃO E CONTROLE",null,null,null,null,{"$f":"SUM(I15:I24)","v":672384.67999999993}]
["1.1","SINAPI",93567,{"$f":"IF(B15=\"SINAPI\",IFERROR(INDEX(SINAPI!$B:$B,MATCH($C15,SINAPI!$A:$A,0)),\"\"),IF(B15=\"COMPOSIÇÃO\",IFERROR(INDEX(COMPOSIÇÃO!$C:$C,MATCH($C15,COMPOSIÇÃO!$A:$A,0)),\"\"),\"\"))","v":"ENGENHEIRO CIVIL DE OBRA PLENO COM ENCARGOS COMPLEMENTARES"},{"$f":"IF(B15=\"SINAPI\",IFERROR(INDEX(SINAPI!$C:$C,MATCH($C15,SINAPI!$A:$A,0)),\"\"),IF(B15=\"COMPOSIÇÃO\",IFERROR(INDEX(COMPOSIÇÃO!$D:$D,MATCH($C15,COMPOSIÇÃO!$A:$A,0)),\"\"),\"\"))","v":"MES"},12,{"$f":"IF(B15=\"SINAPI\",IFERROR(INDEX(SINAPI!$D:$D,MATCH($C15,SINAPI!$A:$A,0)),0),IF(B15=\"COMPOSIÇÃO\",IFERROR(INDEX(COMPOSIÇÃO!$G:$G,MATCH($C15,COMPOSIÇÃO!$A:$A,0)),0),0))","v":18632.830000000002},{"$f":"G15*(1+$I$10)","v":22442.230552305944},{"$f":"ROUND(F15*H15,2)","v":269306.77}]
["1.2","COMPOSIÇÃO","IFMT 242.08.2020",{"$f":"IF(B16=\"SINAPI\",IFERROR(INDEX(SINAPI!$B:$B,MATCH($C16,SINAPI!$A:$A,0)),\"\"),IF(B16=\"COMPOSIÇÃO\",IFERROR(INDEX(COMPOSIÇÃO!$C:$C,MATCH($C16,COMPOSIÇÃO!$A:$A,0)),\"\"),\"\"))","v":"ENGENHEIRO ELETRICISTA COM ENCARGOS COMPLEMENTARES"},{"$f":"IF(B16=\"SINAPI\",IFERROR(INDEX(SINAPI!$C:$C,MATCH($C16,SINAPI!$A:$A,0)),\"\"),IF(B16=\"COMPOSIÇÃO\",IFERROR(INDEX(COMPOSIÇÃO!$D:$D,MATCH($C16,COMPOSIÇÃO!$A:$A,0)),\"\"),\"\"))","v":"MES"},1.5,{"$f":"IF(B16=\"SINAPI\",IFERROR(INDEX(SINAPI!$D:$D,MATCH($C16,SINAPI!$A:$A,0)),0),IF(B16=\"COMPOSIÇÃO\",IFERROR(INDEX(COMPOSIÇÃO!$G:$G,MATCH($C16,COMPOSIÇÃO!$A:$A,0)),0),0))","v":15858.630000000001},19100.857502790266,28651.29]
["1.3","SINAPI",100321,{"$f":"IF(B17=\"SINAPI\",IFERROR(INDEX(SINAPI!$B:$B,MATCH($C17,SINAPI!$A:$A,0)),\"\"),IF(B17=\"COMPOSIÇÃO\",IFERROR(INDEX(COMPOSIÇÃO!$C:$C,MATCH($C17,COMPOSIÇÃO!$A:$A,0)),\"\"),\"\"))","v":"TÉCNICO EM SEGURANÇA DO TRABALHO COM ENCARGOS COMPLEMENTARES"},{"$f":"IF(B17=\"SINAPI\",IFERROR(INDEX(SINAPI!$C:$C,MATCH($C17,SINAPI!$A:$A,0)),\"\"),IF(B17=\"COMPOSIÇÃO\",IFERROR(INDEX(COMPOSIÇÃO!$D:$D,MATCH($C17,COMPOSIÇÃO!$A:$A,0)),\"\"),\"\"))","v":"MES"},12,{"$f":"IF(B17=\"SINAPI\",IFERROR(INDEX(SINAPI!$D:$D,MATCH($C17,SINAPI!$A:$A,0)),0),IF(B17=\"COMPOSIÇÃO\",IFERROR(INDEX(COMPOSIÇÃO!$G:$G,MATCH($C17,COMPOSIÇÃO!$A:$A,0)),0),0))","v":4526.8999999999996},5452.4048943307998,65428.86]
["1.4","SINAPI",94295,{"$f":"IF(B18=\"SINAPI\",IFERROR(INDEX(SINAPI!$B:$B,MATCH($C18,SINAPI!$A:$A,0)),\"\"),IF(B18=\"COMPOSIÇÃO\",IFERROR(INDEX(COMPOSIÇÃO!$C:$C,MATCH($C18,COMPOSIÇÃO!$A:$A,0)),\"\"),\"\"))","v":"MESTRE DE OBRAS COM ENCARGOS COMPLEMENTARES"},{"$f":"IF(B18=\"SINAPI\",IFERROR(INDEX(SINAPI!$C:$C,MATCH($C18,SINAPI!$A:$A,0)),\"\"),IF(B18=\"COMPOSIÇÃO\",IFERROR(INDEX(COMPOSIÇÃO!$D:$D,MATCH($C18,COMPOSIÇÃO!$A:$A,0)),\"\"),\"\"))","v":"MES"},12,{"$f":"IF(B18=\"SINAPI\",IFERROR(INDEX(SINAPI!$D:$D,MATCH($C18,SINAPI!$A:$A,0)),0),IF(B18=\"COMPOSIÇÃO\",IFERROR(INDEX(COMPOSIÇÃO!$G:$G,MATCH($C18,COMPOSIÇÃO!$A:$A,0)),0),0))","v":6069.52},7310.4068025003162,87724.88]
["1.5","SINAPI",93563,{"$f":"IF(B19=\"SINAPI\",IFERROR(INDEX(SINAPI!$B:$B,MATCH($C19,SINAPI!$A:$A,0)),\"\"),IF(B19=\"COMPOSIÇÃO\",IFERROR(INDEX(COMPOSIÇÃO!$C:$C,MATCH($C19,COMPOSIÇÃO!$A:$A,0)),\"\"),\"\"))","v":"ALMOXARIFE COM ENCARGOS COMPLEMENTARES"},{"$f":"IF(B19=\"SINAPI\",IFERROR(INDEX(SINAPI!$C:$C,MATCH($C19,SINAPI!$A:$A,0)),\"\"),IF(B19=\"COMPOSIÇÃO\",IFERROR(INDEX(COMPOSIÇÃO!$D:$D,MATCH($C19,COMPOSIÇÃO!$A:$A,0)),\"\"),\"\"))","v":"MES"},12,{"$f":"IF(B19=\"SINAPI\",IFERROR(INDEX(SINAPI!$D:$D,MATCH($C19,SINAPI!$A:$A,0)),0),IF(B19=\"COMPOSIÇÃO\",IFERROR(INDEX(COMPOSIÇÃO!$G:$G,MATCH($C19,COMPOSIÇÃO!$A:$A,0)),0),0))","v":3044.84},3667.344213137952,44008.13]
["1.6","COMPOSIÇÃO","COMP-01",{"$f":"IF(B20=\"SINAPI\",IFERROR(INDEX(SINAPI!$B:$B,MATCH($C20,SINAPI!$A:$A,0)),\"\"),IF(B20=\"COMPOSIÇÃO\",IFERROR(INDEX(COMPOSIÇÃO!$C:$C,MATCH($C20,COMPOSIÇÃO!$A:$A,0)),\"\"),\"\"))","v":"VIGILANCIA DE OBRA DIURNA - 2 VIGIAS COM ENCARGOS COMPLEMENTARES"},{"$f":"IF(B20=\"SINAPI\",IFERROR(INDEX(SINAPI!$C:$C,MATCH($C20,SINAPI!$A:$A,0)),\"\"),IF(B20=\"COMPOSIÇÃO\",IFERROR(INDEX(COMPOSIÇÃO!$D:$D,MATCH($C20,COMPOSIÇÃO!$A:$A,0)),\"\"),\"\"))","v":"MES"},12,{"$f":"IF(B20=\"SINAPI\",IFERROR(INDEX(SINAPI!$D:$D,MATCH($C20,SINAPI!$A:$A,0)),0),IF(B20=\"COMPOSIÇÃO\",IFERROR(INDEX(COMPOSIÇÃO!$G:$G,MATCH($C20,COMPOSIÇÃO!$A:$A,0)),0),0))","v":5848.00875},7043.6085468177662,84523.3]
["1.7","COMPOSIÇÃO","COMP-02",{"$f":"IF(B21=\"SINAPI\",IFERROR(INDEX(SINAPI!$B:$B,MATCH($C21,SINAPI!$A:$A,0)),\"\"),IF(B21=\"COMPOSIÇÃO\",IFERROR(INDEX(COMPOSIÇÃO!$C:$C,MATCH($C21,COMPOSIÇÃO!$A:$A,0)),\"\"),\"\"))","v":"VIGIA NOTURNO - 2 VIGIAS COM ENCARGOS COMPLEMENTARES"},{"$f":"IF(B21=\"SINAPI\",IFERROR(INDEX(SINAPI!$C:$C,MATCH($C21,SINAPI!$A:$A,0)),\"\"),IF(B21=\"COMPOSIÇÃO\",IFERROR(INDEX(COMPOSIÇÃO!$D:$D,MATCH($C21,COMPOSIÇÃO!$A:$A,0)),\"\"),\"\"))","v":"MES"},12,{"$f":"IF(B21=\"SINAPI\",IFERROR(INDEX(SINAPI!$D:$D,MATCH($C21,SINAPI!$A:$A,0)),0),IF(B21=\"COMPOSIÇÃO\",IFERROR(INDEX(COMPOSIÇÃO!$G:$G,MATCH($C21,COMPOSIÇÃO!$A:$A,0)),0),0))","v":6201.9},7469.8513141775138,89638.22]
["1.8","COMPOSIÇÃO","COMP-264922",{"$f":"IF(B22=\"SINAPI\",IFERROR(INDEX(SINAPI!$B:$B,MATCH($C22,SINAPI!$A:$A,0)),\"\"),IF(B22=\"COMPOSIÇÃO\",IFERROR(INDEX(COMPOSIÇÃO!$C:$C,MATCH($C22,COMPOSIÇÃO!$A:$A,0)),\"\"),\"\"))","v":"PCMAT - PROGRAMA DE CONDIÇÕES E MEIO AMBIENTE DO TRABALHO NA INDÚSTRIA DA CONSTRUÇÃO"},{"$f":"IF(B22=\"SINAPI\",IFERROR(INDEX(SINAPI!$C:$C,MATCH($C22,SINAPI!$A:$A,0)),\"\"),IF(B22=\"COMPOSIÇÃO\",IFERROR(INDEX(COMPOSIÇÃO!$D:$D,MATCH($C22,COMPOSIÇÃO!$A:$A,0)),\"\"),\"\"))","v":"UND"},1,{"$f":"IF(B22=\"SINAPI\",IFERROR(INDEX(SINAPI!$D:$D,MATCH($C22,SINAPI!$A:$A,0)),0),IF(B22=\"COMPOSIÇÃO\",IFERROR(INDEX(COMPOSIÇÃO!$G:$G,MATCH($C22,COMPOSIÇÃO!$A:$A,0)),0),0))","v":734.68000000000006},884.88211088536366,884.88]
["1.9","COMPOSIÇÃO","COMP-1940",{"$f":"IF(B23=\"SINAPI\",IFERROR(INDEX(SINAPI!$B:$B,MATCH($C23,SINAPI!$A:$A,0)),\"\"),IF(B23=\"COMPOSIÇÃO\",IFERROR(INDEX(COMPOSIÇÃO!$C:$C,MATCH($C23,COMPOSIÇÃO!$A:$A,0)),\"\"),\"\"))","v":"PPRA - PROGRAMA DE PREVENÇÃO DE RISCOS AMBIENTAIS"},{"$f":"IF(B23=\"SINAPI\",IFERROR(INDEX(SINAPI!$C:$C,MATCH($C23,SINAPI!$A:$A,0)),\"\"),IF(B23=\"COMPOSIÇÃO\",IFERROR(INDEX(COMPOSIÇÃO!$D:$D,MATCH($C23,COMPOSIÇÃO!$A:$A,0)),\"\"),\"\"))","v":"UND"},1,{"$f":"IF(B23=\"SINAPI\",IFERROR(INDEX(SINAPI!$D:$D,MATCH($C23,SINAPI!$A:$A,0)),0),IF(B23=\"COMPOSIÇÃO\",IFERROR(INDEX(COMPOSIÇÃO!$G:$G,MATCH($C23,COMPOSIÇÃO!$A:$A,0)),0),0))","v":892.83999999999992},1075.3772307438448,1075.3800000000001]
["1.10","COMPOSIÇÃO","COMP-729139",{"$f":"IF(B24=\"SINAPI\",IFERROR(INDEX(SINAPI!$B:$B,MATCH($C24,SINAPI!$A:$A,0)),\"\"),IF(B24=\"COMPOSIÇÃO\",IFERROR(INDEX(COMPOSIÇÃO!$C:$C,MATCH($C24,COMPOSIÇÃO!$A:$A,0)),\"\"),\"\"))","v":"PCMSO - PROGRAMA DE CONTROLE MÉDICO E MEIO AMBIENTE DO TRABALHO NA INDÚSTRIA DA CONSTRUÇÃO"},{"$f":"IF(B24=\"SINAPI\",IFERROR(INDEX(SINAPI!$C:$C,MATCH($C24,SINAPI!$A:$A,0)),\"\"),IF(B24=\"COMPOSIÇÃO\",IFERROR(INDEX(COMPOSIÇÃO!$D:$D,MATCH($C24,COMPOSIÇÃO!$A:$A,0)),\"\"),\"\"))","v":"UND"},1,{"$f":"IF(B24=\"SINAPI\",IFERROR(INDEX(SINAPI!$D:$D,MATCH($C24,SINAPI!$A:$A,0)),0),IF(B24=\"COMPOSIÇÃO\",IFERROR(INDEX(COMPOSIÇÃO!$G:$G,MATCH($C24,COMPOSIÇÃO!$A:$A,0)),0),0))","v":948.96},1142.9707191508883,1142.97]
["2.0",null,null,"SERVIÇOS PRELIMINARES",null,null,null,null,{"$f":"SUM(I26:I38)","v":209407.58000000002}]
["2.1","SINAPI",99059,{"$f":"IF(B26=\"SINAPI\",IFERROR(INDEX(SINAPI!$B:$B,MATCH($C26,SINAPI!$A:$A,0)),\"\"),IF(B26=\"COMPOSIÇÃO\",IFERROR(INDEX(COMPOSIÇÃO!$C:$C,MATCH($C26,COMPOSIÇÃO!$A:$A,0)),\"\"),\"\"))","v":"LOCACAO CONVENCIONAL DE OBRA, UTILIZANDO GABARITO DE TÁBUAS CORRIDAS PONTALETADAS A CADA 2,00M -  2 UTILIZAÇÕES. AF_10/2018"},{"$f":"IF(B26=\"SINAPI\",IFERROR(INDEX(SINAPI!$C:$C,MATCH($C26,SINAPI!$A:$A,0)),\"\"),IF(B26=\"COMPOSIÇÃO\",IFERROR(INDEX(COMPOSIÇÃO!$D:$D,MATCH($C26,COMPOSIÇÃO!$A:$A,0)),\"\"),\"\"))","v":"M"},569,{"$f":"IF(B26=\"SINAPI\",IFERROR(INDEX(SINAPI!$D:$D,MATCH($C26,SINAPI!$A:$A,0)),0),IF(B26=\"COMPOSIÇÃO\",IFERROR(INDEX(COMPOSIÇÃO!$G:$G,MATCH($C26,COMPOSIÇÃO!$A:$A,0)),0),0))","v":41.85},{"$f":"G26*(1+$I$10)","v":50.406049355573124},{"$f":"ROUND(F26*H26,2)","v":28681.040000000001}]
["2.2","SINAPI",93207,{"$f":"IF(B27=\"SINAPI\",IFERROR(INDEX(SINAPI!$B:$B,MATCH($C27,SINAPI!$A:$A,0)),\"\"),IF(B27=\"COMPOSIÇÃO\",IFERROR(INDEX(COMPOSIÇÃO!$C:$C,MATCH($C27,COMPOSIÇÃO!$A:$A,0)),\"\"),\"\"))","v":"EXECUÇÃO DE ESCRITÓRIO EM CANTEIRO DE OBRA EM CHAPA DE MADEIRA COMPENSADA, NÃO INCLUSO MOBILIÁRIO E EQUIPAMENTOS. AF_02/2016"},{"$f":"IF(B27=\"SINAPI\",IFERROR(INDEX(SINAPI!$C:$C,MATCH($C27,SINAPI!$A:$A,0)),\"\"),IF(B27=\"COMPOSIÇÃO\",IFERROR(INDEX(COMPOSIÇÃO!$D:$D,MATCH($C27,COMPOSIÇÃO!$A:$A,0)),\"\"),\"\"))","v":"M2"},10,{"$f":"IF(B27=\"SINAPI\",IFERROR(INDEX(SINAPI!$D:$D,MATCH($C27,SINAPI!$A:$A,0)),0),IF(B27=\"COMPOSIÇÃO\",IFERROR(INDEX(COMPOSIÇÃO!$G:$G,MATCH($C27,COMPOSIÇÃO!$A:$A,0)),0),0))","v":897.55},1081.0501696318913,10810.5]
["2.3","SINAPI",93208,{"$f":"IF(B28=\"SINAPI\",IFERROR(INDEX(SINAPI!$B:$B,MATCH($C28,SINAPI!$A:$A,0)),\"\"),IF(B28=\"COMPOSIÇÃO\",IFERROR(INDEX(COMPOSIÇÃO!$C:$C,MATCH($C28,COMPOSIÇÃO!$A:$A,0)),\"\"),\"\"))","v":"EXECUÇÃO DE ALMOXARIFADO EM CANTEIRO DE OBRA EM CHAPA DE MADEIRA COMPENSADA, INCLUSO PRATELEIRAS. AF_02/2016"},{"$f":"IF(B28=\"SINAPI\",IFERROR(INDEX(SINAPI!$C:$C,MATCH($C28,SINAPI!$A:$A,0)),\"\"),IF(B28=\"COMPOSIÇÃO\",IFERROR(INDEX(COMPOSIÇÃO!$D:$D,MATCH($C28,COMPOSIÇÃO!$A:$A,0)),\"\"),\"\"))","v":"M2"},10.039999999999999,{"$f":"IF(B28=\"SINAPI\",IFERROR(INDEX(SINAPI!$D:$D,MATCH($C28,SINAPI!$A:$A,0)),0),IF(B28=\"COMPOSIÇÃO\",IFERROR(INDEX(COMPOSIÇÃO!$G:$G,MATCH($C28,COMPOSIÇÃO!$A:$A,0)),0),0))","v":706.98},851.51896710640597,8549.25]
["2.4","SINAPI",93210,{"$f":"IF(B29=\"SINAPI\",IFERROR(INDEX(SINAPI!$B:$B,MATCH($C29,SINAPI!$A:$A,0)),\"\"),IF(B29=\"COMPOSIÇÃO\",IFERROR(INDEX(COMPOSIÇÃO!$C:$C,MATCH($C29,COMPOSIÇÃO!$A:$A,0)),\"\"),\"\"))","v":"EXECUÇÃO DE REFEITÓRIO EM CANTEIRO DE OBRA EM CHAPA DE MADEIRA COMPENSADA, NÃO INCLUSO MOBILIÁRIO E EQUIPAMENTOS. AF_02/2016"},{"$f":"IF(B29=\"SINAPI\",IFERROR(INDEX(SINAPI!$C:$C,MATCH($C29,SINAPI!$A:$A,0)),\"\"),IF(B29=\"COMPOSIÇÃO\",IFERROR(INDEX(COMPOSIÇÃO!$D:$D,MATCH($C29,COMPOSIÇÃO!$A:$A,0)),\"\"),\"\"))","v":"M2"},33.54,{"$f":"IF(B29=\"SINAPI\",IFERROR(INDEX(SINAPI!$D:$D,MATCH($C29,SINAPI!$A:$A,0)),0),IF(B29=\"COMPOSIÇÃO\",IFERROR(INDEX(COMPOSIÇÃO!$G:$G,MATCH($C29,COMPOSIÇÃO!$A:$A,0)),0),0))","v":495.11},596.33307279421297,20001.009999999998]
["2.5","SINAPI",93212,{"$f":"IF(B30=\"SINAPI\",IFERROR(INDEX(SINAPI!$B:$B,MATCH($C30,SINAPI!$A:$A,0)),\"\"),IF(B30=\"COMPOSIÇÃO\",IFERROR(INDEX(COMPOSIÇÃO!$C:$C,MATCH($C30,COMPOSIÇÃO!$A:$A,0)),\"\"),\"\"))","v":"EXECUÇÃO DE SANITÁRIO E VESTIÁRIO EM CANTEIRO DE OBRA EM CHAPA DE MADEIRA COMPENSADA, NÃO INCLUSO MOBILIÁRIO. AF_02/2016"},{"$f":"IF(B30=\"SINAPI\",IFERROR(INDEX(SINAPI!$C:$C,MATCH($C30,SINAPI!$A:$A,0)),\"\"),IF(B30=\"COMPOSIÇÃO\",IFERROR(INDEX(COMPOSIÇÃO!$D:$D,MATCH($C30,COMPOSIÇÃO!$A:$A,0)),\"\"),\"\"))","v":"M2"},30.1,{"$f":"IF(B30=\"SINAPI\",IFERROR(INDEX(SINAPI!$D:$D,MATCH($C30,SINAPI!$A:$A,0)),0),IF(B30=\"COMPOSIÇÃO\",IFERROR(INDEX(COMPOSIÇÃO!$G:$G,MATCH($C30,COMPOSIÇÃO!$A:$A,0)),0),0))","v":814.28},980.75598253897454,29520.76]
["2.6","SINAPI",93243,{"$f":"IF(B31=\"SINAPI\",IFERROR(INDEX(SINAPI!$B:$B,MATCH($C31,SINAPI!$A:$A,0)),\"\"),IF(B31=\"COMPOSIÇÃO\",IFERROR(INDEX(COMPOSIÇÃO!$C:$C,MATCH($C31,COMPOSIÇÃO!$A:$A,0)),\"\"),\"\"))","v":"EXECUÇÃO DE RESERVATÓRIO ELEVADO DE ÁGUA (2000 LITROS) EM CANTEIRO DE OBRA, APOIADO EM ESTRUTURA DE MADEIRA. AF_02/2016"},{"$f":"IF(B31=\"SINAPI\",IFERROR(INDEX(SINAPI!$C:$C,MATCH($C31,SINAPI!$A:$A,0)),\"\"),IF(B31=\"COMPOSIÇÃO\",IFERROR(INDEX(COMPOSIÇÃO!$D:$D,MATCH($C31,COMPOSIÇÃO!$A:$A,0)),\"\"),\"\"))","v":"UN"},1,{"$f":"IF(B31=\"SINAPI\",IFERROR(INDEX(SINAPI!$D:$D,MATCH($C31,SINAPI!$A:$A,0)),0),IF(B31=\"COMPOSIÇÃO\",IFERROR(INDEX(COMPOSIÇÃO!$G:$G,MATCH($C31,COMPOSIÇÃO!$A:$A,0)),0),0))","v":6677.92},8043.1915200135936,8043.19]
["2.7","SINAPI",93582,{"$f":"IF(B32=\"SINAPI\",IFERROR(INDEX(SINAPI!$B:$B,MATCH($C32,SINAPI!$A:$A,0)),\"\"),IF(B32=\"COMPOSIÇÃO\",IFERROR(INDEX(COMPOSIÇÃO!$C:$C,MATCH($C32,COMPOSIÇÃO!$A:$A,0)),\"\"),\"\"))","v":"EXECUÇÃO DE CENTRAL DE ARMADURA EM CANTEIRO DE OBRA, NÃO INCLUSO MOBILIÁRIO E EQUIPAMENTOS. AF_04/2016"},{"$f":"IF(B32=\"SINAPI\",IFERROR(INDEX(SINAPI!$C:$C,MATCH($C32,SINAPI!$A:$A,0)),\"\"),IF(B32=\"COMPOSIÇÃO\",IFERROR(INDEX(COMPOSIÇÃO!$D:$D,MATCH($C32,COMPOSIÇÃO!$A:$A,0)),\"\"),\"\"))","v":"M2"},41.09,{"$f":"IF(B32=\"SINAPI\",IFERROR(INDEX(SINAPI!$D:$D,MATCH($C32,SINAPI!$A:$A,0)),0),IF(B32=\"COMPOSIÇÃO\",IFERROR(INDEX(COMPOSIÇÃO!$G:$G,MATCH($C32,COMPOSIÇÃO!$A:$A,0)),0),0))","v":222.9},268.47092954258659,11031.47]
["2.8","SINAPI",93583,{"$f":"IF(B33=\"SINAPI\",IFERROR(INDEX(SINAPI!$B:$B,MATCH($C33,SINAPI!$A:$A,0)),\"\"),IF(B33=\"COMPOSIÇÃO\",IFERROR(INDEX(COMPOSIÇÃO!$C:$C,MATCH($C33,COMPOSIÇÃO!$A:$A,0)),\"\"),\"\"))","v":"EXECUÇÃO DE CENTRAL DE FÔRMAS, PRODUÇÃO DE ARGAMASSA OU CONCRETO EM CANTEIRO DE OBRA, NÃO INCLUSO MOBILIÁRIO E EQUIPAMENTOS. AF_04/2016"},{"$f":"IF(B33=\"SINAPI\",IFERROR(INDEX(SINAPI!$C:$C,MATCH($C33,SINAPI!$A:$A,0)),\"\"),IF(B33=\"COMPOSIÇÃO\",IFERROR(INDEX(COMPOSIÇÃO!$D:$D,MATCH($C33,COMPOSIÇÃO!$A:$A,0)),\"\"),\"\"))","v":"M2"},20,{"$f":"IF(B33=\"SINAPI\",IFERROR(INDEX(SINAPI!$D:$D,MATCH($C33,SINAPI!$A:$A,0)),0),IF(B33=\"COMPOSIÇÃO\",IFERROR(INDEX(COMPOSIÇÃO!$G:$G,MATCH($C33,COMPOSIÇÃO!$A:$A,0)),0),0))","v":369.58},445.13901363996928,8902.7800000000007]
["2.9","SINAPI",93584,{"$f":"IF(B34=\"SINAPI\",IFERROR(INDEX(SINAPI!$B:$B,MATCH($C34,SINAPI!$A:$A,0)),\"\"),IF(B34=\"COMPOSIÇÃO\",IFERROR(INDEX(COMPOSIÇÃO!$C:$C,MATCH($C34,COMPOSIÇÃO!$A:$A,0)),\"\"),\"\"))","v":"EXECUÇÃO DE DEPÓSITO EM CANTEIRO DE OBRA EM CHAPA DE MADEIRA COMPENSADA, NÃO INCLUSO MOBILIÁRIO. AF_04/2016"},{"$f":"IF(B34=\"SINAPI\",IFERROR(INDEX(SINAPI!$C:$C,MATCH($C34,SINAPI!$A:$A,0)),\"\"),IF(B34=\"COMPOSIÇÃO\",IFERROR(INDEX(COMPOSIÇÃO!$D:$D,MATCH($C34,COMPOSIÇÃO!$A:$A,0)),\"\"),\"\"))","v":"M2"},20.79,{"$f":"IF(B34=\"SINAPI\",IFERROR(INDEX(SINAPI!$D:$D,MATCH($C34,SINAPI!$A:$A,0)),0),IF(B34=\"COMPOSIÇÃO\",IFERROR(INDEX(COMPOSIÇÃO!$G:$G,MATCH($C34,COMPOSIÇÃO!$A:$A,0)),0),0))","v":681.31},820.60084794374006,17060.29]
["2.10","COMPOSIÇÃO","IFMT 214.06.2020",{"$f":"IF(B35=\"SINAPI\",IFERROR(INDEX(SINAPI!$B:$B,MATCH($C35,SINAPI!$A:$A,0)),\"\"),IF(B35=\"COMPOSIÇÃO\",IFERROR(INDEX(COMPOSIÇÃO!$C:$C,MATCH($C35,COMPOSIÇÃO!$A:$A,0)),\"\"),\"\"))","v":"ENTRADA PROVISORIA DE ENERGIA ELETRICA AEREA TRIFASICA 40A EM POSTE MADEIRA"},{"$f":"IF(B35=\"SINAPI\",IFERROR(INDEX(SINAPI!$C:$C,MATCH($C35,SINAPI!$A:$A,0)),\"\"),IF(B35=\"COMPOSIÇÃO\",IFERROR(INDEX(COMPOSIÇÃO!$D:$D,MATCH($C35,COMPOSIÇÃO!$A:$A,0)),\"\"),\"\"))","v":"UN"},1,{"$f":"IF(B35=\"SINAPI\",IFERROR(INDEX(SINAPI!$D:$D,MATCH($C35,SINAPI!$A:$A,0)),0),IF(B35=\"COMPOSIÇÃO\",IFERROR(INDEX(COMPOSIÇÃO!$G:$G,MATCH($C35,COMPOSIÇÃO!$A:$A,0)),0),0))","v":2291.5022641109999},2759.9898739112696,2759.99]
["2.11","COMPOSIÇÃO","COMP-6982",{"$f":"IF(B36=\"SINAPI\",IFERROR(INDEX(SINAPI!$B:$B,MATCH($C36,SINAPI!$A:$A,0)),\"\"),IF(B36=\"COMPOSIÇÃO\",IFERROR(INDEX(COMPOSIÇÃO!$C:$C,MATCH($C36,COMPOSIÇÃO!$A:$A,0)),\"\"),\"\"))","v":"ENTRADA PROVISÓRIAS DE ÁGUA (UND)"},{"$f":"IF(B36=\"SINAPI\",IFERROR(INDEX(SINAPI!$C:$C,MATCH($C36,SINAPI!$A:$A,0)),\"\"),IF(B36=\"COMPOSIÇÃO\",IFERROR(INDEX(COMPOSIÇÃO!$D:$D,MATCH($C36,COMPOSIÇÃO!$A:$A,0)),\"\"),\"\"))","v":"UND"},1,{"$f":"IF(B36=\"SINAPI\",IFERROR(INDEX(SINAPI!$D:$D,MATCH($C36,SINAPI!$A:$A,0)),0),IF(B36=\"COMPOSIÇÃO\",IFERROR(INDEX(COMPOSIÇÃO!$G:$G,MATCH($C36,COMPOSIÇÃO!$A:$A,0)),0),0))","v":302.73500000000001},364.62784591778808,364.63]
["2.12","COMPOSIÇÃO","IFMT 211.06.2020",{"$f":"IF(B37=\"SINAPI\",IFERROR(INDEX(SINAPI!$B:$B,MATCH($C37,SINAPI!$A:$A,0)),\"\"),IF(B37=\"COMPOSIÇÃO\",IFERROR(INDEX(COMPOSIÇÃO!$C:$C,MATCH($C37,COMPOSIÇÃO!$A:$A,0)),\"\"),\"\"))","v":"PLACA DE OBRA EM CHAPA DE ACO GALVANIZADO"},{"$f":"IF(B37=\"SINAPI\",IFERROR(INDEX(SINAPI!$C:$C,MATCH($C37,SINAPI!$A:$A,0)),\"\"),IF(B37=\"COMPOSIÇÃO\",IFERROR(INDEX(COMPOSIÇÃO!$D:$D,MATCH($C37,COMPOSIÇÃO!$A:$A,0)),\"\"),\"\"))","v":"M2"},6,{"$f":"IF(B37=\"SINAPI\",IFERROR(INDEX(SINAPI!$D:$D,MATCH($C37,SINAPI!$A:$A,0)),0),IF(B37=\"COMPOSIÇÃO\",IFERROR(INDEX(COMPOSIÇÃO!$G:$G,MATCH($C37,COMPOSIÇÃO!$A:$A,0)),0),0))","v":318.17539999999991},383.2249681273409,2299.35]
["2.13","SINAPI",98459,{"$f":"IF(B38=\"SINAPI\",IFERROR(INDEX(SINAPI!$B:$B,MATCH($C38,SINAPI!$A:$A,0)),\"\"),IF(B38=\"COMPOSIÇÃO\",IFERROR(INDEX(COMPOSIÇÃO!$C:$C,MATCH($C38,COMPOSIÇÃO!$A:$A,0)),\"\"),\"\"))","v":"TAPUME COM TELHA METÁLICA. AF_05/2018"},{"$f":"IF(B38=\"SINAPI\",IFERROR(INDEX(SINAPI!$C:$C,MATCH($C38,SINAPI!$A:$A,0)),\"\"),IF(B38=\"COMPOSIÇÃO\",IFERROR(INDEX(COMPOSIÇÃO!$D:$D,MATCH($C38,COMPOSIÇÃO!$A:$A,0)),\"\"),\"\"))","v":"M2"},596,{"$f":"IF(B38=\"SINAPI\",IFERROR(INDEX(SINAPI!$D:$D,MATCH($C38,SINAPI!$A:$A,0)),0),IF(B38=\"COMPOSIÇÃO\",IFERROR(INDEX(COMPOSIÇÃO!$G:$G,MATCH($C38,COMPOSIÇÃO!$A:$A,0)),0),0))","v":85.51},102.99214529020449,61383.32]
["3.0",null,null,"MOVIMENTAÇÃO DE TERRA",null,null,null,null,{"$f":"I40+I43+I47","v":219647.81}]
["3.1",null,null,"Raspagem e Limpeza do Terreno",null,null,null,null,{"$f":"SUM(I41:I42)","v":45871.17}]
["3.1.1","COMPOSIÇÃO","IFMT 243.08.2020",{"$f":"IF(B41=\"SINAPI\",IFERROR(INDEX(SINAPI!$B:$B,MATCH($C41,SINAPI!$A:$A,0)),\"\"),IF(B41=\"COMPOSIÇÃO\",IFERROR(INDEX(COMPOSIÇÃO!$C:$C,MATCH($C41,COMPOSIÇÃO!$A:$A,0)),\"\"),\"\"))","v":"LIMPEZA MECANIZADA DE TERRENO COM REMOCAO DE CAMADA VEGETAL, UTILIZANDO MOTONIVELADORA"},{"$f":"IF(B41=\"SINAPI\",IFERROR(INDEX(SINAPI!$C:$C,MATCH($C41,SINAPI!$A:$A,0)),\"\"),IF(B41=\"COMPOSIÇÃO\",IFERROR(INDEX(COMPOSIÇÃO!$D:$D,MATCH($C41,COMPOSIÇÃO!$A:$A,0)),\"\"),\"\"))","v":"M2"},8900,{"$f":"IF(B41=\"SINAPI\",IFERROR(INDEX(SINAPI!$D:$D,MATCH($C41,SINAPI!$A:$A,0)),0),IF(B41=\"COMPOSIÇÃO\",IFERROR(INDEX(COMPOSIÇÃO!$G:$G,MATCH($C41,COMPOSIÇÃO!$A:$A,0)),0),0))","v":0.59145000000000003},{"$f":"G41*(1+$I$10)","v":0.71236936419005326},{"$f":"ROUND(F41*H41,2)","v":6340.09}]
["3.1.2","COMPOSIÇÃO","COMP-879649",{"$f":"IF(B42=\"SINAPI\",IFERROR(INDEX(SINAPI!$B:$B,MATCH($C42,SINAPI!$A:$A,0)),\"\"),IF(B42=\"COMPOSIÇÃO\",IFERROR(INDEX(COMPOSIÇÃO!$C:$C,MATCH($C42,COMPOSIÇÃO!$A:$A,0)),\"\"),\"\"))","v":"TRANSPORTE DE COLETA E DESCARTES DE MATERIAIS"},{"$f":"IF(B42=\"SINAPI\",IFERROR(INDEX(SINAPI!$C:$C,MATCH($C42,SINAPI!$A:$A,0)),\"\"),IF(B42=\"COMPOSIÇÃO\",IFERROR(INDEX(COMPOSIÇÃO!$D:$D,MATCH($C42,COMPOSIÇÃO!$A:$A,0)),\"\"),\"\"))","v":"M3"},556.25,{"$f":"IF(B42=\"SINAPI\",IFERROR(INDEX(SINAPI!$D:$D,MATCH($C42,SINAPI!$A:$A,0)),0),IF(B42=\"COMPOSIÇÃO\",IFERROR(INDEX(COMPOSIÇÃO!$G:$G,MATCH($C42,COMPOSIÇÃO!$A:$A,0)),0),0))","v":59.004000000000005},{"$f":"G42*(1+$I$10)","v":71.06710958605106},39531.08]
["3.2",null,null,"Terraplanagem",null,null,null,null,{"$f":"SUM(I44:I46)","v":17866.739999999998}]
["10.2.1","ORSE",2524,"02524/ORSE Escavação e carga com trator de esteiras com lâmina e carregadeira, de material de 1ª categoria ou de jazida","m3",700,5.22,{"$f":"G44*(1+$I$10)","v":6.2872061561790131},{"$f":"ROUND(F44*H44,2)","v":4401.04}]
["10.2.2","SINAPI",93594,{"$f":"IF(B45=\"SINAPI\",IFERROR(INDEX(SINAPI!$B:$B,MATCH($C45,SINAPI!$A:$A,0)),\"\"),IF(B45=\"COMPOSIÇÃO\",IFERROR(INDEX(COMPOSIÇÃO!$C:$C,MATCH($C45,COMPOSIÇÃO!$A:$A,0)),\"\"),\"\"))","v":"TRANSPORTE COM CAMINHÃO BASCULANTE DE 10 M³, EM VIA URBANA EM LEITO NATURAL (UNIDADE: TXKM). AF_07/2020"},{"$f":"IF(B45=\"SINAPI\",IFERROR(INDEX(SINAPI!$C:$C,MATCH($C45,SINAPI!$A:$A,0)),\"\"),IF(B45=\"COMPOSIÇÃO\",IFERROR(INDEX(COMPOSIÇÃO!$D:$D,MATCH($C45,COMPOSIÇÃO!$A:$A,0)),\"\"),\"\"))","v":"TXKM"},1500,{"$f":"IF(B45=\"SINAPI\",IFERROR(INDEX(SINAPI!$D:$D,MATCH($C45,SINAPI!$A:$A,0)),0),IF(B45=\"COMPOSIÇÃO\",IFERROR(INDEX(COMPOSIÇÃO!$G:$G,MATCH($C45,COMPOSIÇÃO!$A:$A,0)),0),0))","v":1.48},{"$f":"G45*(1+$I$10)","v":1.782579523207843},2673.87]
["10.2.3","SINAPI",93595,{"$f":"IF(B46=\"SINAPI\",IFERROR(INDEX(SINAPI!$B:$B,MATCH($C46,SINAPI!$A:$A,0)),\"\"),IF(B46=\"COMPOSIÇÃO\",IFERROR(INDEX(COMPOSIÇÃO!$C:$C,MATCH($C46,COMPOSIÇÃO!$A:$A,0)),\"\"),\"\"))","v":"TRANSPORTE COM CAMINHÃO BASCULANTE DE 10 M³, EM VIA URBANA EM REVESTIMENTO PRIMÁRIO (UNIDADE: TXKM). AF_07/2020"},{"$f":"IF(B46=\"SINAPI\",IFERROR(INDEX(SINAPI!$C:$C,MATCH($C46,SINAPI!$A:$A,0)),\"\"),IF(B46=\"COMPOSIÇÃO\",IFERROR(INDEX(COMPOSIÇÃO!$D:$D,MATCH($C46,COMPOSIÇÃO!$A:$A,0)),\"\"),\"\"))","v":"TXKM"},7000,{"$f":"IF(B46=\"SINAPI\",IFERROR(INDEX(SINAPI!$D:$D,MATCH($C46,SINAPI!$A:$A,0)),0),IF(B46=\"COMPOSIÇÃO\",IFERROR(INDEX(COMPOSIÇÃO!$G:$G,MATCH($C46,COMPOSIÇÃO!$A:$A,0)),0),0))","v":1.28},{"$f":"G46*(1+$I$10)","v":1.5416903984500263},10791.83]
["2021-03-03",null,null,"Fundações",null,null,null,null,{"$f":"SUM(I48:I54)","v":155909.9}]
["3.3.1","COMPOSIÇÃO","COMP-83338",{"$f":"IF(B48=\"SINAPI\",IFERROR(INDEX(SINAPI!$B:$B,MATCH($C48,SINAPI!$A:$A,0)),\"\"),IF(B48=\"COMPOSIÇÃO\",IFERROR(INDEX(COMPOSIÇÃO!$C:$C,MATCH($C48,COMPOSIÇÃO!$A:$A,0)),\"\"),\"\"))","v":"ESCAVACAO MECANICA, A CEU ABERTO, EM MATERIAL DE 1A CATEGORIA, COM ESCAVADEIRA HIDRAULICA, CAPACIDADE DE 0,78 M3"},{"$f":"IF(B48=\"SINAPI\",IFERROR(INDEX(SINAPI!$C:$C,MATCH($C48,SINAPI!$A:$A,0)),\"\"),IF(B48=\"COMPOSIÇÃO\",IFERROR(INDEX(COMPOSIÇÃO!$D:$D,MATCH($C48,COMPOSIÇÃO!$A:$A,0)),\"\"),\"\"))","v":"M3"},1071,{"$f":"IF(B48=\"SINAPI\",IFERROR(INDEX(SINAPI!$D:$D,MATCH($C48,SINAPI!$A:$A,0)),0),IF(B48=\"COMPOSIÇÃO\",IFERROR(INDEX(COMPOSIÇÃO!$G:$G,MATCH($C48,COMPOSIÇÃO!$A:$A,0)),0),0))","v":2.6060639999999999},{"$f":"G48*(1+$I$10)","v":3.138862380114273},{"$f":"ROUND(F48*H48,2)","v":3361.72}]
["3.3.2","SINAPI",93368,{"$f":"IF(B49=\"SINAPI\",IFERROR(INDEX(SINAPI!$B:$B,MATCH($C49,SINAPI!$A:$A,0)),\"\"),IF(B49=\"COMPOSIÇÃO\",IFERROR(INDEX(COMPOSIÇÃO!$C:$C,MATCH($C49,COMPOSIÇÃO!$A:$A,0)),\"\"),\"\"))","v":"REATERRO MECANIZADO DE VALA COM ESCAVADEIRA HIDRÁULICA (CAPACIDADE DA CAÇAMBA: 0,8 M³ / POTÊNCIA: 111 HP), LARGURA ATÉ 1,5 M, PROFUNDIDADE DE 1,5 A 3,0 M, COM SOLO DE 1ª CATEGORIA EM LOCAIS COM BAIXO NÍVEL DE INTERFERÊNCIA. AF_04/2016"},{"$f":"IF(B49=\"SINAPI\",IFERROR(INDEX(SINAPI!$C:$C,MATCH($C49,SINAPI!$A:$A,0)),\"\"),IF(B49=\"COMPOSIÇÃO\",IFERROR(INDEX(COMPOSIÇÃO!$D:$D,MATCH($C49,COMPOSIÇÃO!$A:$A,0)),\"\"),\"\"))","v":"M3"},803.58,{"$f":"IF(B49=\"SINAPI\",IFERROR(INDEX(SINAPI!$D:$D,MATCH($C49,SINAPI!$A:$A,0)),0),IF(B49=\"COMPOSIÇÃO\",IFERROR(INDEX(COMPOSIÇÃO!$G:$G,MATCH($C49,COMPOSIÇÃO!$A:$A,0)),0),0))","v":11.95},14.393125204279542,11566.03]
["3.3.3","SINAPI",93358,{"$f":"IF(B50=\"SINAPI\",IFERROR(INDEX(SINAPI!$B:$B,MATCH($C50,SINAPI!$A:$A,0)),\"\"),IF(B50=\"COMPOSIÇÃO\",IFERROR(INDEX(COMPOSIÇÃO!$C:$C,MATCH($C50,COMPOSIÇÃO!$A:$A,0)),\"\"),\"\"))","v":"ESCAVAÇÃO MANUAL DE VALA COM PROFUNDIDADE MENOR OU IGUAL A 1,30 M. AF_02/2021"},{"$f":"IF(B50=\"SINAPI\",IFERROR(INDEX(SINAPI!$C:$C,MATCH($C50,SINAPI!$A:$A,0)),\"\"),IF(B50=\"COMPOSIÇÃO\",IFERROR(INDEX(COMPOSIÇÃO!$D:$D,MATCH($C50,COMPOSIÇÃO!$A:$A,0)),\"\"),\"\"))","v":"M3"},89.09,{"$f":"IF(B50=\"SINAPI\",IFERROR(INDEX(SINAPI!$D:$D,MATCH($C50,SINAPI!$A:$A,0)),0),IF(B50=\"COMPOSIÇÃO\",IFERROR(INDEX(COMPOSIÇÃO!$G:$G,MATCH($C50,COMPOSIÇÃO!$A:$A,0)),0),0))","v":61.91},74.567228568782127,6643.19]
["3.3.4","SINAPI",94319,{"$f":"IF(B51=\"SINAPI\",IFERROR(INDEX(SINAPI!$B:$B,MATCH($C51,SINAPI!$A:$A,0)),\"\"),IF(B51=\"COMPOSIÇÃO\",IFERROR(INDEX(COMPOSIÇÃO!$C:$C,MATCH($C51,COMPOSIÇÃO!$A:$A,0)),\"\"),\"\"))","v":"ATERRO MANUAL DE VALAS COM SOLO ARGILO-ARENOSO E COMPACTAÇÃO MECANIZADA. AF_05/2016"},{"$f":"IF(B51=\"SINAPI\",IFERROR(INDEX(SINAPI!$C:$C,MATCH($C51,SINAPI!$A:$A,0)),\"\"),IF(B51=\"COMPOSIÇÃO\",IFERROR(INDEX(COMPOSIÇÃO!$D:$D,MATCH($C51,COMPOSIÇÃO!$A:$A,0)),\"\"),\"\"))","v":"M3"},1980.88,{"$f":"IF(B51=\"SINAPI\",IFERROR(INDEX(SINAPI!$D:$D,MATCH($C51,SINAPI!$A:$A,0)),0),IF(B51=\"COMPOSIÇÃO\",IFERROR(INDEX(COMPOSIÇÃO!$G:$G,MATCH($C51,COMPOSIÇÃO!$A:$A,0)),0),0))","v":34.119999999999997},41.095684683683508,81405.62]
["3.3.5","COMPOSIÇÃO","COMP-1294 ",{"$f":"IF(B52=\"SINAPI\",IFERROR(INDEX(SINAPI!$B:$B,MATCH($C52,SINAPI!$A:$A,0)),\"\"),IF(B52=\"COMPOSIÇÃO\",IFERROR(INDEX(COMPOSIÇÃO!$C:$C,MATCH($C52,COMPOSIÇÃO!$A:$A,0)),\"\"),\"\"))","v":"APILOAMENTO DE FUNDO DE VALA COM COMPACTADOR DE SOLOS DE PERCUSSÃO (SOQUETE) "},{"$f":"IF(B52=\"SINAPI\",IFERROR(INDEX(SINAPI!$C:$C,MATCH($C52,SINAPI!$A:$A,0)),\"\"),IF(B52=\"COMPOSIÇÃO\",IFERROR(INDEX(COMPOSIÇÃO!$D:$D,MATCH($C52,COMPOSIÇÃO!$A:$A,0)),\"\"),\"\"))","v":"M2"},274.63,{"$f":"IF(B52=\"SINAPI\",IFERROR(INDEX(SINAPI!$D:$D,MATCH($C52,SINAPI!$A:$A,0)),0),IF(B52=\"COMPOSIÇÃO\",IFERROR(INDEX(COMPOSIÇÃO!$G:$G,MATCH($C52,COMPOSIÇÃO!$A:$A,0)),0),0))","v":31.437500000000004},37.864759297869305,10398.799999999999]
["3.3.6","COMPOSIÇÃO","IFMT 230.08.2020",{"$f":"IF(B53=\"SINAPI\",IFERROR(INDEX(SINAPI!$B:$B,MATCH($C53,SINAPI!$A:$A,0)),\"\"),IF(B53=\"COMPOSIÇÃO\",IFERROR(INDEX(COMPOSIÇÃO!$C:$C,MATCH($C53,COMPOSIÇÃO!$A:$A,0)),\"\"),\"\"))","v":"COMPACTACAO MECANICA C/ CONTROLE DO GC>=95% DO PN (AREAS) (C/MONIVELADORA 140 HP E ROLO COMPRESSOR VIBRATORIO 80 HP)"},{"$f":"IF(B53=\"SINAPI\",IFERROR(INDEX(SINAPI!$C:$C,MATCH($C53,SINAPI!$A:$A,0)),\"\"),IF(B53=\"COMPOSIÇÃO\",IFERROR(INDEX(COMPOSIÇÃO!$D:$D,MATCH($C53,COMPOSIÇÃO!$A:$A,0)),\"\"),\"\"))","v":"M3"},1706.25,{"$f":"IF(B53=\"SINAPI\",IFERROR(INDEX(SINAPI!$D:$D,MATCH($C53,SINAPI!$A:$A,0)),0),IF(B53=\"COMPOSIÇÃO\",IFERROR(INDEX(COMPOSIÇÃO!$G:$G,MATCH($C53,COMPOSIÇÃO!$A:$A,0)),0),0))","v":6.9090499999999997},8.3215750370399633,14198.69]
["3.3.7","COMPOSIÇÃO","IFMT 231.08.2020",{"$f":"IF(B54=\"SINAPI\",IFERROR(INDEX(SINAPI!$B:$B,MATCH($C54,SINAPI!$A:$A,0)),\"\"),IF(B54=\"COMPOSIÇÃO\",IFERROR(INDEX(COMPOSIÇÃO!$C:$C,MATCH($C54,COMPOSIÇÃO!$A:$A,0)),\"\"),\"\"))","v":"BASE DE SOLO COMPACTACAO 100% PROCTOR MODIFICADO, EXCLUSIVE ESCAVACAO, CARGA E TRANSPORTE"},{"$f":"IF(B54=\"SINAPI\",IFERROR(INDEX(SINAPI!$C:$C,MATCH($C54,SINAPI!$A:$A,0)),\"\"),IF(B54=\"COMPOSIÇÃO\",IFERROR(INDEX(COMPOSIÇÃO!$D:$D,MATCH($C54,COMPOSIÇÃO!$A:$A,0)),\"\"),\"\"))","v":"M3"},339.15,{"$f":"IF(B54=\"SINAPI\",IFERROR(INDEX(SINAPI!$D:$D,MATCH($C54,SINAPI!$A:$A,0)),0),IF(B54=\"COMPOSIÇÃO\",IFERROR(INDEX(COMPOSIÇÃO!$G:$G,MATCH($C54,COMPOSIÇÃO!$A:$A,0)),0),0))","v":69.367696050000021},83.549617939753787,28335.85]
["4.0",null,null,"INFRAESTRUTURA",null,null,null,null,{"$f":"I56+I66","v":501618.3000000001}]
["4.1",null,null,"ESTACAS Sapata  e Arranque ",null,null,null,null,{"$f":"SUM(I57:I65)","v":337968.91000000009}]
["4.1.1","COMPOSIÇÃO","COMP-111",{"$f":"IF(B57=\"SINAPI\",IFERROR(INDEX(SINAPI!$B:$B,MATCH($C57,SINAPI!$A:$A,0)),\"\"),IF(B57=\"COMPOSIÇÃO\",IFERROR(INDEX(COMPOSIÇÃO!$C:$C,MATCH($C57,COMPOSIÇÃO!$A:$A,0)),\"\"),\"\"))","v":"ESTACA HÉLICE CONTÍNUA, DIÂMETRO DE 20 CM, COMPRIMENTO TOTAL ATÉ 15 M, PERFURATRIZ COM TORQUE DE 170 KN.M (EXCLUSIVE MOBILIZAÇÃO E DESMOBILIZAÇÃO)."},{"$f":"IF(B57=\"SINAPI\",IFERROR(INDEX(SINAPI!$C:$C,MATCH($C57,SINAPI!$A:$A,0)),\"\"),IF(B57=\"COMPOSIÇÃO\",IFERROR(INDEX(COMPOSIÇÃO!$D:$D,MATCH($C57,COMPOSIÇÃO!$A:$A,0)),\"\"),\"\"))","v":"M3 "},1692,{"$f":"IF(B57=\"SINAPI\",IFERROR(INDEX(SINAPI!$D:$D,MATCH($C57,SINAPI!$A:$A,0)),0),IF(B57=\"COMPOSIÇÃO\",IFERROR(INDEX(COMPOSIÇÃO!$G:$G,MATCH($C57,COMPOSIÇÃO!$A:$A,0)),0),0))","v":134.77636130000002},{"$f":"G57*(1+$I$10)","v":162.33079855800136},{"$f":"ROUND(F57*H57,2)","v":274663.71000000002}]
["4.1.2","SINAPI",100651,{"$f":"IF(B58=\"SINAPI\",IFERROR(INDEX(SINAPI!$B:$B,MATCH($C58,SINAPI!$A:$A,0)),\"\"),IF(B58=\"COMPOSIÇÃO\",IFERROR(INDEX(COMPOSIÇÃO!$C:$C,MATCH($C58,COMPOSIÇÃO!$A:$A,0)),\"\"),\"\"))","v":"ESTACA HÉLICE CONTÍNUA, DIÂMETRO DE 30 CM, INCLUSO CONCRETO FCK=30MPA E ARMADURA MÍNIMA (EXCLUSIVE MOBILIZAÇÃO, DESMOBILIZAÇÃO E BOMBEAMENTO). AF_12/2019"},{"$f":"IF(B58=\"SINAPI\",IFERROR(INDEX(SINAPI!$C:$C,MATCH($C58,SINAPI!$A:$A,0)),\"\"),IF(B58=\"COMPOSIÇÃO\",IFERROR(INDEX(COMPOSIÇÃO!$D:$D,MATCH($C58,COMPOSIÇÃO!$A:$A,0)),\"\"),\"\"))","v":"M"},36,{"$f":"IF(B58=\"SINAPI\",IFERROR(INDEX(SINAPI!$D:$D,MATCH($C58,SINAPI!$A:$A,0)),0),IF(B58=\"COMPOSIÇÃO\",IFERROR(INDEX(COMPOSIÇÃO!$G:$G,MATCH($C58,COMPOSIÇÃO!$A:$A,0)),0),0))","v":130.07},156.66224228624603,5639.84]
["4.1.3","SINAPI",96619,{"$f":"IF(B59=\"SINAPI\",IFERROR(INDEX(SINAPI!$B:$B,MATCH($C59,SINAPI!$A:$A,0)),\"\"),IF(B59=\"COMPOSIÇÃO\",IFERROR(INDEX(COMPOSIÇÃO!$C:$C,MATCH($C59,COMPOSIÇÃO!$A:$A,0)),\"\"),\"\"))","v":"LASTRO DE CONCRETO MAGRO, APLICADO EM BLOCOS DE COROAMENTO OU SAPATAS, ESPESSURA DE 5 CM. AF_08/2017"},{"$f":"IF(B59=\"SINAPI\",IFERROR(INDEX(SINAPI!$C:$C,MATCH($C59,SINAPI!$A:$A,0)),\"\"),IF(B59=\"COMPOSIÇÃO\",IFERROR(INDEX(COMPOSIÇÃO!$D:$D,MATCH($C59,COMPOSIÇÃO!$A:$A,0)),\"\"),\"\"))","v":"M2"},267.86,{"$f":"IF(B59=\"SINAPI\",IFERROR(INDEX(SINAPI!$D:$D,MATCH($C59,SINAPI!$A:$A,0)),0),IF(B59=\"COMPOSIÇÃO\",IFERROR(INDEX(COMPOSIÇÃO!$G:$G,MATCH($C59,COMPOSIÇÃO!$A:$A,0)),0),0))","v":24.37},29.352339851739956,{"$f":"ROUND(F59*H59,2)","v":7862.32}]
["4.1.4","SINAPI",96543,{"$f":"IF(B60=\"SINAPI\",IFERROR(INDEX(SINAPI!$B:$B,MATCH($C60,SINAPI!$A:$A,0)),\"\"),IF(B60=\"COMPOSIÇÃO\",IFERROR(INDEX(COMPOSIÇÃO!$C:$C,MATCH($C60,COMPOSIÇÃO!$A:$A,0)),\"\"),\"\"))","v":"ARMAÇÃO DE BLOCO, VIGA BALDRAME E SAPATA UTILIZANDO AÇO CA-60 DE 5 MM - MONTAGEM. AF_06/2017"},{"$f":"IF(B60=\"SINAPI\",IFERROR(INDEX(SINAPI!$C:$C,MATCH($C60,SINAPI!$A:$A,0)),\"\"),IF(B60=\"COMPOSIÇÃO\",IFERROR(INDEX(COMPOSIÇÃO!$D:$D,MATCH($C60,COMPOSIÇÃO!$A:$A,0)),\"\"),\"\"))","v":"KG"},31.36,{"$f":"IF(B60=\"SINAPI\",IFERROR(INDEX(SINAPI!$D:$D,MATCH($C60,SINAPI!$A:$A,0)),0),IF(B60=\"COMPOSIÇÃO\",IFERROR(INDEX(COMPOSIÇÃO!$G:$G,MATCH($C60,COMPOSIÇÃO!$A:$A,0)),0),0))","v":20.59},24.799535393817219,777.71]
["4.1.5","SINAPI",96546,{"$f":"IF(B61=\"SINAPI\",IFERROR(INDEX(SINAPI!$B:$B,MATCH($C61,SINAPI!$A:$A,0)),\"\"),IF(B61=\"COMPOSIÇÃO\",IFERROR(INDEX(COMPOSIÇÃO!$C:$C,MATCH($C61,COMPOSIÇÃO!$A:$A,0)),\"\"),\"\"))","v":"ARMAÇÃO DE BLOCO, VIGA BALDRAME OU SAPATA UTILIZANDO AÇO CA-50 DE 10 MM - MONTAGEM. AF_06/2017"},{"$f":"IF(B61=\"SINAPI\",IFERROR(INDEX(SINAPI!$C:$C,MATCH($C61,SINAPI!$A:$A,0)),\"\"),IF(B61=\"COMPOSIÇÃO\",IFERROR(INDEX(COMPOSIÇÃO!$D:$D,MATCH($C61,COMPOSIÇÃO!$A:$A,0)),\"\"),\"\"))","v":"KG"},336,{"$f":"IF(B61=\"SINAPI\",IFERROR(INDEX(SINAPI!$D:$D,MATCH($C61,SINAPI!$A:$A,0)),0),IF(B61=\"COMPOSIÇÃO\",IFERROR(INDEX(COMPOSIÇÃO!$G:$G,MATCH($C61,COMPOSIÇÃO!$A:$A,0)),0),0))","v":17.53},21.113931785022626,7094.28]
["4.1.6","SINAPI",96547,{"$f":"IF(B62=\"SINAPI\",IFERROR(INDEX(SINAPI!$B:$B,MATCH($C62,SINAPI!$A:$A,0)),\"\"),IF(B62=\"COMPOSIÇÃO\",IFERROR(INDEX(COMPOSIÇÃO!$C:$C,MATCH($C62,COMPOSIÇÃO!$A:$A,0)),\"\"),\"\"))","v":"ARMAÇÃO DE BLOCO, VIGA BALDRAME OU SAPATA UTILIZANDO AÇO CA-50 DE 12,5 MM - MONTAGEM. AF_06/2017"},{"$f":"IF(B62=\"SINAPI\",IFERROR(INDEX(SINAPI!$C:$C,MATCH($C62,SINAPI!$A:$A,0)),\"\"),IF(B62=\"COMPOSIÇÃO\",IFERROR(INDEX(COMPOSIÇÃO!$D:$D,MATCH($C62,COMPOSIÇÃO!$A:$A,0)),\"\"),\"\"))","v":"KG"},382,{"$f":"IF(B62=\"SINAPI\",IFERROR(INDEX(SINAPI!$D:$D,MATCH($C62,SINAPI!$A:$A,0)),0),IF(B62=\"COMPOSIÇÃO\",IFERROR(INDEX(COMPOSIÇÃO!$G:$G,MATCH($C62,COMPOSIÇÃO!$A:$A,0)),0),0))","v":14.92},17.97032870693312,6864.67]
["4.1.7","SINAPI",96548,{"$f":"IF(B63=\"SINAPI\",IFERROR(INDEX(SINAPI!$B:$B,MATCH($C63,SINAPI!$A:$A,0)),\"\"),IF(B63=\"COMPOSIÇÃO\",IFERROR(INDEX(COMPOSIÇÃO!$C:$C,MATCH($C63,COMPOSIÇÃO!$A:$A,0)),\"\"),\"\"))","v":"ARMAÇÃO DE BLOCO, VIGA BALDRAME OU SAPATA UTILIZANDO AÇO CA-50 DE 16 MM - MONTAGEM. AF_06/2017"},{"$f":"IF(B63=\"SINAPI\",IFERROR(INDEX(SINAPI!$C:$C,MATCH($C63,SINAPI!$A:$A,0)),\"\"),IF(B63=\"COMPOSIÇÃO\",IFERROR(INDEX(COMPOSIÇÃO!$D:$D,MATCH($C63,COMPOSIÇÃO!$A:$A,0)),\"\"),\"\"))","v":"KG"},176,{"$f":"IF(B63=\"SINAPI\",IFERROR(INDEX(SINAPI!$D:$D,MATCH($C63,SINAPI!$A:$A,0)),0),IF(B63=\"COMPOSIÇÃO\",IFERROR(INDEX(COMPOSIÇÃO!$G:$G,MATCH($C63,COMPOSIÇÃO!$A:$A,0)),0),0))","v":14.37},17.307883613849121,3046.19]
["4.1.8","SINAPI",92269,{"$f":"IF(B64=\"SINAPI\",IFERROR(INDEX(SINAPI!$B:$B,MATCH($C64,SINAPI!$A:$A,0)),\"\"),IF(B64=\"COMPOSIÇÃO\",IFERROR(INDEX(COMPOSIÇÃO!$C:$C,MATCH($C64,COMPOSIÇÃO!$A:$A,0)),\"\"),\"\"))","v":"FABRICAÇÃO DE FÔRMA PARA PILARES E ESTRUTURAS SIMILARES, EM MADEIRA SERRADA, E=25 MM. AF_09/2020"},{"$f":"IF(B64=\"SINAPI\",IFERROR(INDEX(SINAPI!$C:$C,MATCH($C64,SINAPI!$A:$A,0)),\"\"),IF(B64=\"COMPOSIÇÃO\",IFERROR(INDEX(COMPOSIÇÃO!$D:$D,MATCH($C64,COMPOSIÇÃO!$A:$A,0)),\"\"),\"\"))","v":"M2"},78,{"$f":"IF(B64=\"SINAPI\",IFERROR(INDEX(SINAPI!$D:$D,MATCH($C64,SINAPI!$A:$A,0)),0),IF(B64=\"COMPOSIÇÃO\",IFERROR(INDEX(COMPOSIÇÃO!$G:$G,MATCH($C64,COMPOSIÇÃO!$A:$A,0)),0),0))","v":135.58000000000001},163.2987376733239,12737.3]
["4.1.9","SINAPI",96558,{"$f":"IF(B65=\"SINAPI\",IFERROR(INDEX(SINAPI!$B:$B,MATCH($C65,SINAPI!$A:$A,0)),\"\"),IF(B65=\"COMPOSIÇÃO\",IFERROR(INDEX(COMPOSIÇÃO!$C:$C,MATCH($C65,COMPOSIÇÃO!$A:$A,0)),\"\"),\"\"))","v":"CONCRETAGEM DE SAPATAS, FCK 30 MPA, COM USO DE BOMBA \u0096 LANÇAMENTO, ADENSAMENTO E ACABAMENTO. AF_11/2016"},{"$f":"IF(B65=\"SINAPI\",IFERROR(INDEX(SINAPI!$C:$C,MATCH($C65,SINAPI!$A:$A,0)),\"\"),IF(B65=\"COMPOSIÇÃO\",IFERROR(INDEX(COMPOSIÇÃO!$D:$D,MATCH($C65,COMPOSIÇÃO!$A:$A,0)),\"\"),\"\"))","v":"M3"},26,{"$f":"IF(B65=\"SINAPI\",IFERROR(INDEX(SINAPI!$D:$D,MATCH($C65,SINAPI!$A:$A,0)),0),IF(B65=\"COMPOSIÇÃO\",IFERROR(INDEX(COMPOSIÇÃO!$G:$G,MATCH($C65,COMPOSIÇÃO!$A:$A,0)),0),0))","v":615.76},741.64943730436573,19282.89]
["4.2",null,null,"Viga Baldrame\t\t\t\t\t",null,null,null,null,{"$f":"SUM(I67:I73)","v":163649.39000000001}]
["4.2.1","SINAPI",96543,{"$f":"IF(B67=\"SINAPI\",IFERROR(INDEX(SINAPI!$B:$B,MATCH($C67,SINAPI!$A:$A,0)),\"\"),IF(B67=\"COMPOSIÇÃO\",IFERROR(INDEX(COMPOSIÇÃO!$C:$C,MATCH($C67,COMPOSIÇÃO!$A:$A,0)),\"\"),\"\"))","v":"ARMAÇÃO DE BLOCO, VIGA BALDRAME E SAPATA UTILIZANDO AÇO CA-60 DE 5 MM - MONTAGEM. AF_06/2017"},{"$f":"IF(B67=\"SINAPI\",IFERROR(INDEX(SINAPI!$C:$C,MATCH($C67,SINAPI!$A:$A,0)),\"\"),IF(B67=\"COMPOSIÇÃO\",IFERROR(INDEX(COMPOSIÇÃO!$D:$D,MATCH($C67,COMPOSIÇÃO!$A:$A,0)),\"\"),\"\"))","v":"KG"},1124.5999999999999,{"$f":"IF(B67=\"SINAPI\",IFERROR(INDEX(SINAPI!$D:$D,MATCH($C67,SINAPI!$A:$A,0)),0),IF(B67=\"COMPOSIÇÃO\",IFERROR(INDEX(COMPOSIÇÃO!$G:$G,MATCH($C67,COMPOSIÇÃO!$A:$A,0)),0),0))","v":20.59},{"$f":"G67*(1+$I$10)","v":24.799535393817219},{"$f":"ROUND(F67*H67,2)","v":27889.56}]
["4.2.2","SINAPI",96544,{"$f":"IF(B68=\"SINAPI\",IFERROR(INDEX(SINAPI!$B:$B,MATCH($C68,SINAPI!$A:$A,0)),\"\"),IF(B68=\"COMPOSIÇÃO\",IFERROR(INDEX(COMPOSIÇÃO!$C:$C,MATCH($C68,COMPOSIÇÃO!$A:$A,0)),\"\"),\"\"))","v":"ARMAÇÃO DE BLOCO, VIGA BALDRAME OU SAPATA UTILIZANDO AÇO CA-50 DE 6,3 MM - MONTAGEM. AF_06/2017"},{"$f":"IF(B68=\"SINAPI\",IFERROR(INDEX(SINAPI!$C:$C,MATCH($C68,SINAPI!$A:$A,0)),\"\"),IF(B68=\"COMPOSIÇÃO\",IFERROR(INDEX(COMPOSIÇÃO!$D:$D,MATCH($C68,COMPOSIÇÃO!$A:$A,0)),\"\"),\"\"))","v":"KG"},16.600000000000001,{"$f":"IF(B68=\"SINAPI\",IFERROR(INDEX(SINAPI!$D:$D,MATCH($C68,SINAPI!$A:$A,0)),0),IF(B68=\"COMPOSIÇÃO\",IFERROR(INDEX(COMPOSIÇÃO!$G:$G,MATCH($C68,COMPOSIÇÃO!$A:$A,0)),0),0))","v":20.100000000000001},24.209357038160572,401.88]
["4.2.2","SINAPI",96545,{"$f":"IF(B69=\"SINAPI\",IFERROR(INDEX(SINAPI!$B:$B,MATCH($C69,SINAPI!$A:$A,0)),\"\"),IF(B69=\"COMPOSIÇÃO\",IFERROR(INDEX(COMPOSIÇÃO!$C:$C,MATCH($C69,COMPOSIÇÃO!$A:$A,0)),\"\"),\"\"))","v":"ARMAÇÃO DE BLOCO, VIGA BALDRAME OU SAPATA UTILIZANDO AÇO CA-50 DE 8 MM - MONTAGEM. AF_06/2017"},{"$f":"IF(B69=\"SINAPI\",IFERROR(INDEX(SINAPI!$C:$C,MATCH($C69,SINAPI!$A:$A,0)),\"\"),IF(B69=\"COMPOSIÇÃO\",IFERROR(INDEX(COMPOSIÇÃO!$D:$D,MATCH($C69,COMPOSIÇÃO!$A:$A,0)),\"\"),\"\"))","v":"KG"},162,{"$f":"IF(B69=\"SINAPI\",IFERROR(INDEX(SINAPI!$D:$D,MATCH($C69,SINAPI!$A:$A,0)),0),IF(B69=\"COMPOSIÇÃO\",IFERROR(INDEX(COMPOSIÇÃO!$G:$G,MATCH($C69,COMPOSIÇÃO!$A:$A,0)),0),0))","v":19.350000000000001},23.306022820318759,3775.58]
["4.2.2","SINAPI",96546,{"$f":"IF(B70=\"SINAPI\",IFERROR(INDEX(SINAPI!$B:$B,MATCH($C70,SINAPI!$A:$A,0)),\"\"),IF(B70=\"COMPOSIÇÃO\",IFERROR(INDEX(COMPOSIÇÃO!$C:$C,MATCH($C70,COMPOSIÇÃO!$A:$A,0)),\"\"),\"\"))","v":"ARMAÇÃO DE BLOCO, VIGA BALDRAME OU SAPATA UTILIZANDO AÇO CA-50 DE 10 MM - MONTAGEM. AF_06/2017"},{"$f":"IF(B70=\"SINAPI\",IFERROR(INDEX(SINAPI!$C:$C,MATCH($C70,SINAPI!$A:$A,0)),\"\"),IF(B70=\"COMPOSIÇÃO\",IFERROR(INDEX(COMPOSIÇÃO!$D:$D,MATCH($C70,COMPOSIÇÃO!$A:$A,0)),\"\"),\"\"))","v":"KG"},1120.5,{"$f":"IF(B70=\"SINAPI\",IFERROR(INDEX(SINAPI!$D:$D,MATCH($C70,SINAPI!$A:$A,0)),0),IF(B70=\"COMPOSIÇÃO\",IFERROR(INDEX(COMPOSIÇÃO!$G:$G,MATCH($C70,COMPOSIÇÃO!$A:$A,0)),0),0))","v":17.53},21.113931785022626,23658.16]
["4.2.3","SINAPI",96547,{"$f":"IF(B71=\"SINAPI\",IFERROR(INDEX(SINAPI!$B:$B,MATCH($C71,SINAPI!$A:$A,0)),\"\"),IF(B71=\"COMPOSIÇÃO\",IFERROR(INDEX(COMPOSIÇÃO!$C:$C,MATCH($C71,COMPOSIÇÃO!$A:$A,0)),\"\"),\"\"))","v":"ARMAÇÃO DE BLOCO, VIGA BALDRAME OU SAPATA UTILIZANDO AÇO CA-50 DE 12,5 MM - MONTAGEM. AF_06/2017"},{"$f":"IF(B71=\"SINAPI\",IFERROR(INDEX(SINAPI!$C:$C,MATCH($C71,SINAPI!$A:$A,0)),\"\"),IF(B71=\"COMPOSIÇÃO\",IFERROR(INDEX(COMPOSIÇÃO!$D:$D,MATCH($C71,COMPOSIÇÃO!$A:$A,0)),\"\"),\"\"))","v":"KG"},913.6,{"$f":"IF(B71=\"SINAPI\",IFERROR(INDEX(SINAPI!$D:$D,MATCH($C71,SINAPI!$A:$A,0)),0),IF(B71=\"COMPOSIÇÃO\",IFERROR(INDEX(COMPOSIÇÃO!$G:$G,MATCH($C71,COMPOSIÇÃO!$A:$A,0)),0),0))","v":14.92},17.97032870693312,16417.689999999999]
["4.2.6","SINAPI",92269,{"$f":"IF(B72=\"SINAPI\",IFERROR(INDEX(SINAPI!$B:$B,MATCH($C72,SINAPI!$A:$A,0)),\"\"),IF(B72=\"COMPOSIÇÃO\",IFERROR(INDEX(COMPOSIÇÃO!$C:$C,MATCH($C72,COMPOSIÇÃO!$A:$A,0)),\"\"),\"\"))","v":"FABRICAÇÃO DE FÔRMA PARA PILARES E ESTRUTURAS SIMILARES, EM MADEIRA SERRADA, E=25 MM. AF_09/2020"},{"$f":"IF(B72=\"SINAPI\",IFERROR(INDEX(SINAPI!$C:$C,MATCH($C72,SINAPI!$A:$A,0)),\"\"),IF(B72=\"COMPOSIÇÃO\",IFERROR(INDEX(COMPOSIÇÃO!$D:$D,MATCH($C72,COMPOSIÇÃO!$A:$A,0)),\"\"),\"\"))","v":"M2"},235.5,{"$f":"IF(B72=\"SINAPI\",IFERROR(INDEX(SINAPI!$D:$D,MATCH($C72,SINAPI!$A:$A,0)),0),IF(B72=\"COMPOSIÇÃO\",IFERROR(INDEX(COMPOSIÇÃO!$G:$G,MATCH($C72,COMPOSIÇÃO!$A:$A,0)),0),0))","v":135.58000000000001},163.2987376733239,38456.85]
["4.2.7","SINAPI",96557,{"$f":"IF(B73=\"SINAPI\",IFERROR(INDEX(SINAPI!$B:$B,MATCH($C73,SINAPI!$A:$A,0)),\"\"),IF(B73=\"COMPOSIÇÃO\",IFERROR(INDEX(COMPOSIÇÃO!$C:$C,MATCH($C73,COMPOSIÇÃO!$A:$A,0)),\"\"),\"\"))","v":"CONCRETAGEM DE BLOCOS DE COROAMENTO E VIGAS BALDRAMES, FCK 30 MPA, COM USO DE BOMBA \u0096 LANÇAMENTO, ADENSAMENTO E ACABAMENTO. AF_06/2017"},{"$f":"IF(B73=\"SINAPI\",IFERROR(INDEX(SINAPI!$C:$C,MATCH($C73,SINAPI!$A:$A,0)),\"\"),IF(B73=\"COMPOSIÇÃO\",IFERROR(INDEX(COMPOSIÇÃO!$D:$D,MATCH($C73,COMPOSIÇÃO!$A:$A,0)),\"\"),\"\"))","v":"M3"},72.2,{"$f":"IF(B73=\"SINAPI\",IFERROR(INDEX(SINAPI!$D:$D,MATCH($C73,SINAPI!$A:$A,0)),0),IF(B73=\"COMPOSIÇÃO\",IFERROR(INDEX(COMPOSIÇÃO!$G:$G,MATCH($C73,COMPOSIÇÃO!$A:$A,0)),0),0))","v":610.04},734.76000833629223,53049.67]
["5.0",null,null,"SUPERESTRUTURA",null,null,null,null,{"$f":"I75+I83+I99+I108","v":1935201.4200000002}]
["5.1",null,null,"Pilar\t\t\t\t\t",null,null,null,null,{"$f":"SUM(I76:I82)","v":401128.63}]
["5.1.1","SINAPI",92759,{"$f":"IF(B76=\"SINAPI\",IFERROR(INDEX(SINAPI!$B:$B,MATCH($C76,SINAPI!$A:$A,0)),\"\"),IF(B76=\"COMPOSIÇÃO\",IFERROR(INDEX(COMPOSIÇÃO!$C:$C,MATCH($C76,COMPOSIÇÃO!$A:$A,0)),\"\"),\"\"))","v":"ARMAÇÃO DE PILAR OU VIGA DE UMA ESTRUTURA CONVENCIONAL DE CONCRETO ARMADO EM UM EDIFÍCIO DE MÚLTIPLOS PAVIMENTOS UTILIZANDO AÇO CA-60 DE 5,0 MM - MONTAGEM. AF_12/2015"},{"$f":"IF(B76=\"SINAPI\",IFERROR(INDEX(SINAPI!$C:$C,MATCH($C76,SINAPI!$A:$A,0)),\"\"),IF(B76=\"COMPOSIÇÃO\",IFERROR(INDEX(COMPOSIÇÃO!$D:$D,MATCH($C76,COMPOSIÇÃO!$A:$A,0)),\"\"),\"\"))","v":"KG"},1801.4,{"$f":"IF(B76=\"SINAPI\",IFERROR(INDEX(SINAPI!$D:$D,MATCH($C76,SINAPI!$A:$A,0)),0),IF(B76=\"COMPOSIÇÃO\",IFERROR(INDEX(COMPOSIÇÃO!$G:$G,MATCH($C76,COMPOSIÇÃO!$A:$A,0)),0),0))","v":18.39},{"$f":"G76*(1+$I$10)","v":22.149755021481237},{"$f":"ROUND(F76*H76,2)","v":39900.57}]
["5.1.2","SINAPI",92762,{"$f":"IF(B77=\"SINAPI\",IFERROR(INDEX(SINAPI!$B:$B,MATCH($C77,SINAPI!$A:$A,0)),\"\"),IF(B77=\"COMPOSIÇÃO\",IFERROR(INDEX(COMPOSIÇÃO!$C:$C,MATCH($C77,COMPOSIÇÃO!$A:$A,0)),\"\"),\"\"))","v":"ARMAÇÃO DE PILAR OU VIGA DE UMA ESTRUTURA CONVENCIONAL DE CONCRETO ARMADO EM UM EDIFÍCIO DE MÚLTIPLOS PAVIMENTOS UTILIZANDO AÇO CA-50 DE 10,0 MM - MONTAGEM. AF_12/2015"},{"$f":"IF(B77=\"SINAPI\",IFERROR(INDEX(SINAPI!$C:$C,MATCH($C77,SINAPI!$A:$A,0)),\"\"),IF(B77=\"COMPOSIÇÃO\",IFERROR(INDEX(COMPOSIÇÃO!$D:$D,MATCH($C77,COMPOSIÇÃO!$A:$A,0)),\"\"),\"\"))","v":"KG"},1448.1,{"$f":"IF(B77=\"SINAPI\",IFERROR(INDEX(SINAPI!$D:$D,MATCH($C77,SINAPI!$A:$A,0)),0),IF(B77=\"COMPOSIÇÃO\",IFERROR(INDEX(COMPOSIÇÃO!$G:$G,MATCH($C77,COMPOSIÇÃO!$A:$A,0)),0),0))","v":16.53},19.909486161233545,28830.93]
["5.1.3","SINAPI",92763,{"$f":"IF(B78=\"SINAPI\",IFERROR(INDEX(SINAPI!$B:$B,MATCH($C78,SINAPI!$A:$A,0)),\"\"),IF(B78=\"COMPOSIÇÃO\",IFERROR(INDEX(COMPOSIÇÃO!$C:$C,MATCH($C78,COMPOSIÇÃO!$A:$A,0)),\"\"),\"\"))","v":"ARMAÇÃO DE PILAR OU VIGA DE UMA ESTRUTURA CONVENCIONAL DE CONCRETO ARMADO EM UM EDIFÍCIO DE MÚLTIPLOS PAVIMENTOS UTILIZANDO AÇO CA-50 DE 12,5 MM - MONTAGEM. AF_12/2015"},{"$f":"IF(B78=\"SINAPI\",IFERROR(INDEX(SINAPI!$C:$C,MATCH($C78,SINAPI!$A:$A,0)),\"\"),IF(B78=\"COMPOSIÇÃO\",IFERROR(INDEX(COMPOSIÇÃO!$D:$D,MATCH($C78,COMPOSIÇÃO!$A:$A,0)),\"\"),\"\"))","v":"KG"},1542.2,{"$f":"IF(B78=\"SINAPI\",IFERROR(INDEX(SINAPI!$D:$D,MATCH($C78,SINAPI!$A:$A,0)),0),IF(B78=\"COMPOSIÇÃO\",IFERROR(INDEX(COMPOSIÇÃO!$G:$G,MATCH($C78,COMPOSIÇÃO!$A:$A,0)),0),0))","v":14.12},17.00677220790185,26227.84]
["5.1.4","SINAPI",92764,{"$f":"IF(B79=\"SINAPI\",IFERROR(INDEX(SINAPI!$B:$B,MATCH($C79,SINAPI!$A:$A,0)),\"\"),IF(B79=\"COMPOSIÇÃO\",IFERROR(INDEX(COMPOSIÇÃO!$C:$C,MATCH($C79,COMPOSIÇÃO!$A:$A,0)),\"\"),\"\"))","v":"ARMAÇÃO DE PILAR OU VIGA DE UMA ESTRUTURA CONVENCIONAL DE CONCRETO ARMADO EM UM EDIFÍCIO DE MÚLTIPLOS PAVIMENTOS UTILIZANDO AÇO CA-50 DE 16,0 MM - MONTAGEM. AF_12/2015"},{"$f":"IF(B79=\"SINAPI\",IFERROR(INDEX(SINAPI!$C:$C,MATCH($C79,SINAPI!$A:$A,0)),\"\"),IF(B79=\"COMPOSIÇÃO\",IFERROR(INDEX(COMPOSIÇÃO!$D:$D,MATCH($C79,COMPOSIÇÃO!$A:$A,0)),\"\"),\"\"))","v":"KG"},4546.1000000000004,{"$f":"IF(B79=\"SINAPI\",IFERROR(INDEX(SINAPI!$D:$D,MATCH($C79,SINAPI!$A:$A,0)),0),IF(B79=\"COMPOSIÇÃO\",IFERROR(INDEX(COMPOSIÇÃO!$G:$G,MATCH($C79,COMPOSIÇÃO!$A:$A,0)),0),0))","v":13.74},16.549082870862001,75233.789999999994]
["5.1.4","SINAPI",92765,{"$f":"IF(B80=\"SINAPI\",IFERROR(INDEX(SINAPI!$B:$B,MATCH($C80,SINAPI!$A:$A,0)),\"\"),IF(B80=\"COMPOSIÇÃO\",IFERROR(INDEX(COMPOSIÇÃO!$C:$C,MATCH($C80,COMPOSIÇÃO!$A:$A,0)),\"\"),\"\"))","v":"ARMAÇÃO DE PILAR OU VIGA DE UMA ESTRUTURA CONVENCIONAL DE CONCRETO ARMADO EM UM EDIFÍCIO DE MÚLTIPLOS PAVIMENTOS UTILIZANDO AÇO CA-50 DE 20,0 MM - MONTAGEM. AF_12/2015"},{"$f":"IF(B80=\"SINAPI\",IFERROR(INDEX(SINAPI!$C:$C,MATCH($C80,SINAPI!$A:$A,0)),\"\"),IF(B80=\"COMPOSIÇÃO\",IFERROR(INDEX(COMPOSIÇÃO!$D:$D,MATCH($C80,COMPOSIÇÃO!$A:$A,0)),\"\"),\"\"))","v":"KG"},1066.9000000000001,{"$f":"IF(B80=\"SINAPI\",IFERROR(INDEX(SINAPI!$D:$D,MATCH($C80,SINAPI!$A:$A,0)),0),IF(B80=\"COMPOSIÇÃO\",IFERROR(INDEX(COMPOSIÇÃO!$G:$G,MATCH($C80,COMPOSIÇÃO!$A:$A,0)),0),0))","v":15.79},19.01819639962962,20290.509999999998]
["5.1.5","COMPOSIÇÃO","COMP-92414",{"$f":"IF(B81=\"SINAPI\",IFERROR(INDEX(SINAPI!$B:$B,MATCH($C81,SINAPI!$A:$A,0)),\"\"),IF(B81=\"COMPOSIÇÃO\",IFERROR(INDEX(COMPOSIÇÃO!$C:$C,MATCH($C81,COMPOSIÇÃO!$A:$A,0)),\"\"),\"\"))","v":"MONTAGEM E DESMONTAGEM DE FÔRMA DE PILARES RETANGULARES E ESTRUTURAS SIMILARES COM ÁREA MÉDIA DAS SEÇÕES MENOR OU IGUAL A 0,25 M², PÉ-DIREITO SIMPLES, EM CHAPA DE MADEIRA COMPENSADA RESINADA, 2 UTILIZAÇÕES. AF_12/2015"},{"$f":"IF(B81=\"SINAPI\",IFERROR(INDEX(SINAPI!$C:$C,MATCH($C81,SINAPI!$A:$A,0)),\"\"),IF(B81=\"COMPOSIÇÃO\",IFERROR(INDEX(COMPOSIÇÃO!$D:$D,MATCH($C81,COMPOSIÇÃO!$A:$A,0)),\"\"),\"\"))","v":"M2"},968.3,{"$f":"IF(B81=\"SINAPI\",IFERROR(INDEX(SINAPI!$D:$D,MATCH($C81,SINAPI!$A:$A,0)),0),IF(B81=\"COMPOSIÇÃO\",IFERROR(INDEX(COMPOSIÇÃO!$G:$G,MATCH($C81,COMPOSIÇÃO!$A:$A,0)),0),0))","v":115.63414},139.27503388361416,134860.01999999999]
["5.1.6","SINAPI",92722,{"$f":"IF(B82=\"SINAPI\",IFERROR(INDEX(SINAPI!$B:$B,MATCH($C82,SINAPI!$A:$A,0)),\"\"),IF(B82=\"COMPOSIÇÃO\",IFERROR(INDEX(COMPOSIÇÃO!$C:$C,MATCH($C82,COMPOSIÇÃO!$A:$A,0)),\"\"),\"\"))","v":"CONCRETAGEM DE PILARES, FCK = 25 MPA, COM USO DE BOMBA EM EDIFICAÇÃO COM SEÇÃO MÉDIA DE PILARES MAIOR QUE 0,25 M² - LANÇAMENTO, ADENSAMENTO E ACABAMENTO. AF_12/2015"},{"$f":"IF(B82=\"SINAPI\",IFERROR(INDEX(SINAPI!$C:$C,MATCH($C82,SINAPI!$A:$A,0)),\"\"),IF(B82=\"COMPOSIÇÃO\",IFERROR(INDEX(COMPOSIÇÃO!$D:$D,MATCH($C82,COMPOSIÇÃO!$A:$A,0)),\"\"),\"\"))","v":"M3"},109.2,{"$f":"IF(B82=\"SINAPI\",IFERROR(INDEX(SINAPI!$D:$D,MATCH($C82,SINAPI!$A:$A,0)),0),IF(B82=\"COMPOSIÇÃO\",IFERROR(INDEX(COMPOSIÇÃO!$G:$G,MATCH($C82,COMPOSIÇÃO!$A:$A,0)),0),0))","v":576.20000000000005},694.00156842726972,75784.97]
["5.2",null,null,"Viga\t\t\t\t\t",null,null,null,null,{"$f":"SUM(I84:I98)","v":1046375.6900000001}]
["5.2.1","SINAPI",92759,{"$f":"IF(B84=\"SINAPI\",IFERROR(INDEX(SINAPI!$B:$B,MATCH($C84,SINAPI!$A:$A,0)),\"\"),IF(B84=\"COMPOSIÇÃO\",IFERROR(INDEX(COMPOSIÇÃO!$C:$C,MATCH($C84,COMPOSIÇÃO!$A:$A,0)),\"\"),\"\"))","v":"ARMAÇÃO DE PILAR OU VIGA DE UMA ESTRUTURA CONVENCIONAL DE CONCRETO ARMADO EM UM EDIFÍCIO DE MÚLTIPLOS PAVIMENTOS UTILIZANDO AÇO CA-60 DE 5,0 MM - MONTAGEM. AF_12/2015"},{"$f":"IF(B84=\"SINAPI\",IFERROR(INDEX(SINAPI!$C:$C,MATCH($C84,SINAPI!$A:$A,0)),\"\"),IF(B84=\"COMPOSIÇÃO\",IFERROR(INDEX(COMPOSIÇÃO!$D:$D,MATCH($C84,COMPOSIÇÃO!$A:$A,0)),\"\"),\"\"))","v":"KG"},3379.2,{"$f":"IF(B84=\"SINAPI\",IFERROR(INDEX(SINAPI!$D:$D,MATCH($C84,SINAPI!$A:$A,0)),0),IF(B84=\"COMPOSIÇÃO\",IFERROR(INDEX(COMPOSIÇÃO!$G:$G,MATCH($C84,COMPOSIÇÃO!$A:$A,0)),0),0))","v":18.39},{"$f":"G84*(1+$I$10)","v":22.149755021481237},{"$f":"ROUND(F84*H84,2)","v":74848.45}]
["5.2.2","SINAPI",92760,{"$f":"IF(B85=\"SINAPI\",IFERROR(INDEX(SINAPI!$B:$B,MATCH($C85,SINAPI!$A:$A,0)),\"\"),IF(B85=\"COMPOSIÇÃO\",IFERROR(INDEX(COMPOSIÇÃO!$C:$C,MATCH($C85,COMPOSIÇÃO!$A:$A,0)),\"\"),\"\"))","v":"ARMAÇÃO DE PILAR OU VIGA DE UMA ESTRUTURA CONVENCIONAL DE CONCRETO ARMADO EM UM EDIFÍCIO DE MÚLTIPLOS PAVIMENTOS UTILIZANDO AÇO CA-50 DE 6,3 MM - MONTAGEM. AF_12/2015"},{"$f":"IF(B85=\"SINAPI\",IFERROR(INDEX(SINAPI!$C:$C,MATCH($C85,SINAPI!$A:$A,0)),\"\"),IF(B85=\"COMPOSIÇÃO\",IFERROR(INDEX(COMPOSIÇÃO!$D:$D,MATCH($C85,COMPOSIÇÃO!$A:$A,0)),\"\"),\"\"))","v":"KG"},39.5,{"$f":"IF(B85=\"SINAPI\",IFERROR(INDEX(SINAPI!$D:$D,MATCH($C85,SINAPI!$A:$A,0)),0),IF(B85=\"COMPOSIÇÃO\",IFERROR(INDEX(COMPOSIÇÃO!$G:$G,MATCH($C85,COMPOSIÇÃO!$A:$A,0)),0),0))","v":18.45},22.222021758908582,877.77]
["5.2.3","SINAPI",92761,{"$f":"IF(B86=\"SINAPI\",IFERROR(INDEX(SINAPI!$B:$B,MATCH($C86,SINAPI!$A:$A,0)),\"\"),IF(B86=\"COMPOSIÇÃO\",IFERROR(INDEX(COMPOSIÇÃO!$C:$C,MATCH($C86,COMPOSIÇÃO!$A:$A,0)),\"\"),\"\"))","v":"ARMAÇÃO DE PILAR OU VIGA DE UMA ESTRUTURA CONVENCIONAL DE CONCRETO ARMADO EM UM EDIFÍCIO DE MÚLTIPLOS PAVIMENTOS UTILIZANDO AÇO CA-50 DE 8,0 MM - MONTAGEM. AF_12/2015"},{"$f":"IF(B86=\"SINAPI\",IFERROR(INDEX(SINAPI!$C:$C,MATCH($C86,SINAPI!$A:$A,0)),\"\"),IF(B86=\"COMPOSIÇÃO\",IFERROR(INDEX(COMPOSIÇÃO!$D:$D,MATCH($C86,COMPOSIÇÃO!$A:$A,0)),\"\"),\"\"))","v":"KG"},2140.6,{"$f":"IF(B86=\"SINAPI\",IFERROR(INDEX(SINAPI!$D:$D,MATCH($C86,SINAPI!$A:$A,0)),0),IF(B86=\"COMPOSIÇÃO\",IFERROR(INDEX(COMPOSIÇÃO!$G:$G,MATCH($C86,COMPOSIÇÃO!$A:$A,0)),0),0))","v":18.079999999999998},21.776376878106618,46614.51]
["5.1.2","SINAPI",92762,{"$f":"IF(B87=\"SINAPI\",IFERROR(INDEX(SINAPI!$B:$B,MATCH($C87,SINAPI!$A:$A,0)),\"\"),IF(B87=\"COMPOSIÇÃO\",IFERROR(INDEX(COMPOSIÇÃO!$C:$C,MATCH($C87,COMPOSIÇÃO!$A:$A,0)),\"\"),\"\"))","v":"ARMAÇÃO DE PILAR OU VIGA DE UMA ESTRUTURA CONVENCIONAL DE CONCRETO ARMADO EM UM EDIFÍCIO DE MÚLTIPLOS PAVIMENTOS UTILIZANDO AÇO CA-50 DE 10,0 MM - MONTAGEM. AF_12/2015"},{"$f":"IF(B87=\"SINAPI\",IFERROR(INDEX(SINAPI!$C:$C,MATCH($C87,SINAPI!$A:$A,0)),\"\"),IF(B87=\"COMPOSIÇÃO\",IFERROR(INDEX(COMPOSIÇÃO!$D:$D,MATCH($C87,COMPOSIÇÃO!$A:$A,0)),\"\"),\"\"))","v":"KG"},2232.5,{"$f":"IF(B87=\"SINAPI\",IFERROR(INDEX(SINAPI!$D:$D,MATCH($C87,SINAPI!$A:$A,0)),0),IF(B87=\"COMPOSIÇÃO\",IFERROR(INDEX(COMPOSIÇÃO!$G:$G,MATCH($C87,COMPOSIÇÃO!$A:$A,0)),0),0))","v":16.53},19.909486161233545,44447.93]
["5.2.4","SINAPI",92763,{"$f":"IF(B88=\"SINAPI\",IFERROR(INDEX(SINAPI!$B:$B,MATCH($C88,SINAPI!$A:$A,0)),\"\"),IF(B88=\"COMPOSIÇÃO\",IFERROR(INDEX(COMPOSIÇÃO!$C:$C,MATCH($C88,COMPOSIÇÃO!$A:$A,0)),\"\"),\"\"))","v":"ARMAÇÃO DE PILAR OU VIGA DE UMA ESTRUTURA CONVENCIONAL DE CONCRETO ARMADO EM UM EDIFÍCIO DE MÚLTIPLOS PAVIMENTOS UTILIZANDO AÇO CA-50 DE 12,5 MM - MONTAGEM. AF_12/2015"},{"$f":"IF(B88=\"SINAPI\",IFERROR(INDEX(SINAPI!$C:$C,MATCH($C88,SINAPI!$A:$A,0)),\"\"),IF(B88=\"COMPOSIÇÃO\",IFERROR(INDEX(COMPOSIÇÃO!$D:$D,MATCH($C88,COMPOSIÇÃO!$A:$A,0)),\"\"),\"\"))","v":"KG"},5208.5,{"$f":"IF(B88=\"SINAPI\",IFERROR(INDEX(SINAPI!$D:$D,MATCH($C88,SINAPI!$A:$A,0)),0),IF(B88=\"COMPOSIÇÃO\",IFERROR(INDEX(COMPOSIÇÃO!$G:$G,MATCH($C88,COMPOSIÇÃO!$A:$A,0)),0),0))","v":14.12},17.00677220790185,88579.77]
["5.1.4","SINAPI",92764,{"$f":"IF(B89=\"SINAPI\",IFERROR(INDEX(SINAPI!$B:$B,MATCH($C89,SINAPI!$A:$A,0)),\"\"),IF(B89=\"COMPOSIÇÃO\",IFERROR(INDEX(COMPOSIÇÃO!$C:$C,MATCH($C89,COMPOSIÇÃO!$A:$A,0)),\"\"),\"\"))","v":"ARMAÇÃO DE PILAR OU VIGA DE UMA ESTRUTURA CONVENCIONAL DE CONCRETO ARMADO EM UM EDIFÍCIO DE MÚLTIPLOS PAVIMENTOS UTILIZANDO AÇO CA-50 DE 16,0 MM - MONTAGEM. AF_12/2015"},{"$f":"IF(B89=\"SINAPI\",IFERROR(INDEX(SINAPI!$C:$C,MATCH($C89,SINAPI!$A:$A,0)),\"\"),IF(B89=\"COMPOSIÇÃO\",IFERROR(INDEX(COMPOSIÇÃO!$D:$D,MATCH($C89,COMPOSIÇÃO!$A:$A,0)),\"\"),\"\"))","v":"KG"},3948.5,{"$f":"IF(B89=\"SINAPI\",IFERROR(INDEX(SINAPI!$D:$D,MATCH($C89,SINAPI!$A:$A,0)),0),IF(B89=\"COMPOSIÇÃO\",IFERROR(INDEX(COMPOSIÇÃO!$G:$G,MATCH($C89,COMPOSIÇÃO!$A:$A,0)),0),0))","v":13.74},16.549082870862001,65344.05]
["5.1.4","SINAPI",92765,{"$f":"IF(B90=\"SINAPI\",IFERROR(INDEX(SINAPI!$B:$B,MATCH($C90,SINAPI!$A:$A,0)),\"\"),IF(B90=\"COMPOSIÇÃO\",IFERROR(INDEX(COMPOSIÇÃO!$C:$C,MATCH($C90,COMPOSIÇÃO!$A:$A,0)),\"\"),\"\"))","v":"ARMAÇÃO DE PILAR OU VIGA DE UMA ESTRUTURA CONVENCIONAL DE CONCRETO ARMADO EM UM EDIFÍCIO DE MÚLTIPLOS PAVIMENTOS UTILIZANDO AÇO CA-50 DE 20,0 MM - MONTAGEM. AF_12/2015"},{"$f":"IF(B90=\"SINAPI\",IFERROR(INDEX(SINAPI!$C:$C,MATCH($C90,SINAPI!$A:$A,0)),\"\"),IF(B90=\"COMPOSIÇÃO\",IFERROR(INDEX(COMPOSIÇÃO!$D:$D,MATCH($C90,COMPOSIÇÃO!$A:$A,0)),\"\"),\"\"))","v":"KG"},947.8,{"$f":"IF(B90=\"SINAPI\",IFERROR(INDEX(SINAPI!$D:$D,MATCH($C90,SINAPI!$A:$A,0)),0),IF(B90=\"COMPOSIÇÃO\",IFERROR(INDEX(COMPOSIÇÃO!$G:$G,MATCH($C90,COMPOSIÇÃO!$A:$A,0)),0),0))","v":15.79},19.01819639962962,18025.45]
["5.2.1","SINAPI",95943,{"$f":"IF(B91=\"SINAPI\",IFERROR(INDEX(SINAPI!$B:$B,MATCH($C91,SINAPI!$A:$A,0)),\"\"),IF(B91=\"COMPOSIÇÃO\",IFERROR(INDEX(COMPOSIÇÃO!$C:$C,MATCH($C91,COMPOSIÇÃO!$A:$A,0)),\"\"),\"\"))","v":"ARMAÇÃO DE ESCADA, DE UMA ESTRUTURA CONVENCIONAL DE CONCRETO ARMADO UTILIZANDO AÇO CA-60 DE 5,0 MM - MONTAGEM. AF_11/2020"},{"$f":"IF(B91=\"SINAPI\",IFERROR(INDEX(SINAPI!$C:$C,MATCH($C91,SINAPI!$A:$A,0)),\"\"),IF(B91=\"COMPOSIÇÃO\",IFERROR(INDEX(COMPOSIÇÃO!$D:$D,MATCH($C91,COMPOSIÇÃO!$A:$A,0)),\"\"),\"\"))","v":"KG"},1836.1,{"$f":"IF(B91=\"SINAPI\",IFERROR(INDEX(SINAPI!$D:$D,MATCH($C91,SINAPI!$A:$A,0)),0),IF(B91=\"COMPOSIÇÃO\",IFERROR(INDEX(COMPOSIÇÃO!$G:$G,MATCH($C91,COMPOSIÇÃO!$A:$A,0)),0),0))","v":23.28},28.039494121809856,51483.32]
["5.2.1","SINAPI",95944,{"$f":"IF(B92=\"SINAPI\",IFERROR(INDEX(SINAPI!$B:$B,MATCH($C92,SINAPI!$A:$A,0)),\"\"),IF(B92=\"COMPOSIÇÃO\",IFERROR(INDEX(COMPOSIÇÃO!$C:$C,MATCH($C92,COMPOSIÇÃO!$A:$A,0)),\"\"),\"\"))","v":"ARMAÇÃO DE ESCADA, DE UMA ESTRUTURA CONVENCIONAL DE CONCRETO ARMADO UTILIZANDO AÇO CA-50 DE 6,3 MM - MONTAGEM. AF_11/2020"},{"$f":"IF(B92=\"SINAPI\",IFERROR(INDEX(SINAPI!$C:$C,MATCH($C92,SINAPI!$A:$A,0)),\"\"),IF(B92=\"COMPOSIÇÃO\",IFERROR(INDEX(COMPOSIÇÃO!$D:$D,MATCH($C92,COMPOSIÇÃO!$A:$A,0)),\"\"),\"\"))","v":"KG"},46.3,{"$f":"IF(B92=\"SINAPI\",IFERROR(INDEX(SINAPI!$D:$D,MATCH($C92,SINAPI!$A:$A,0)),0),IF(B92=\"COMPOSIÇÃO\",IFERROR(INDEX(COMPOSIÇÃO!$G:$G,MATCH($C92,COMPOSIÇÃO!$A:$A,0)),0),0))","v":22.65},27.280693378822729,1263.0999999999999]
["5.2.1","SINAPI",95946,{"$f":"IF(B93=\"SINAPI\",IFERROR(INDEX(SINAPI!$B:$B,MATCH($C93,SINAPI!$A:$A,0)),\"\"),IF(B93=\"COMPOSIÇÃO\",IFERROR(INDEX(COMPOSIÇÃO!$C:$C,MATCH($C93,COMPOSIÇÃO!$A:$A,0)),\"\"),\"\"))","v":"ARMAÇÃO DE ESCADA, DE UMA ESTRUTURA CONVENCIONAL DE CONCRETO ARMADO UTILIZANDO AÇO CA-50 DE 10,0 MM - MONTAGEM. AF_11/2020"},{"$f":"IF(B93=\"SINAPI\",IFERROR(INDEX(SINAPI!$C:$C,MATCH($C93,SINAPI!$A:$A,0)),\"\"),IF(B93=\"COMPOSIÇÃO\",IFERROR(INDEX(COMPOSIÇÃO!$D:$D,MATCH($C93,COMPOSIÇÃO!$A:$A,0)),\"\"),\"\"))","v":"KG"},750,{"$f":"IF(B93=\"SINAPI\",IFERROR(INDEX(SINAPI!$D:$D,MATCH($C93,SINAPI!$A:$A,0)),0),IF(B93=\"COMPOSIÇÃO\",IFERROR(INDEX(COMPOSIÇÃO!$G:$G,MATCH($C93,COMPOSIÇÃO!$A:$A,0)),0),0))","v":17.34},20.885087116502699,15663.82]
["5.2.1","SINAPI",95947,{"$f":"IF(B94=\"SINAPI\",IFERROR(INDEX(SINAPI!$B:$B,MATCH($C94,SINAPI!$A:$A,0)),\"\"),IF(B94=\"COMPOSIÇÃO\",IFERROR(INDEX(COMPOSIÇÃO!$C:$C,MATCH($C94,COMPOSIÇÃO!$A:$A,0)),\"\"),\"\"))","v":"ARMAÇÃO DE ESCADA, DE UMA ESTRUTURA CONVENCIONAL DE CONCRETO ARMADO UTILIZANDO AÇO CA-50 DE 12,5 MM - MONTAGEM. AF_11/2020"},{"$f":"IF(B94=\"SINAPI\",IFERROR(INDEX(SINAPI!$C:$C,MATCH($C94,SINAPI!$A:$A,0)),\"\"),IF(B94=\"COMPOSIÇÃO\",IFERROR(INDEX(COMPOSIÇÃO!$D:$D,MATCH($C94,COMPOSIÇÃO!$A:$A,0)),\"\"),\"\"))","v":"KG"},579.20000000000005,{"$f":"IF(B94=\"SINAPI\",IFERROR(INDEX(SINAPI!$D:$D,MATCH($C94,SINAPI!$A:$A,0)),0),IF(B94=\"COMPOSIÇÃO\",IFERROR(INDEX(COMPOSIÇÃO!$G:$G,MATCH($C94,COMPOSIÇÃO!$A:$A,0)),0),0))","v":14.13},17.018816664139745,9857.2999999999993]
["5.2.6","SINAPI",95948,{"$f":"IF(B95=\"SINAPI\",IFERROR(INDEX(SINAPI!$B:$B,MATCH($C95,SINAPI!$A:$A,0)),\"\"),IF(B95=\"COMPOSIÇÃO\",IFERROR(INDEX(COMPOSIÇÃO!$C:$C,MATCH($C95,COMPOSIÇÃO!$A:$A,0)),\"\"),\"\"))","v":"ARMAÇÃO DE ESCADA, DE UMA ESTRUTURA CONVENCIONAL DE CONCRETO ARMADO UTILIZANDO AÇO CA-50 DE 16,0 MM - MONTAGEM. AF_11/2020"},{"$f":"IF(B95=\"SINAPI\",IFERROR(INDEX(SINAPI!$C:$C,MATCH($C95,SINAPI!$A:$A,0)),\"\"),IF(B95=\"COMPOSIÇÃO\",IFERROR(INDEX(COMPOSIÇÃO!$D:$D,MATCH($C95,COMPOSIÇÃO!$A:$A,0)),\"\"),\"\"))","v":"KG"},460.6,{"$f":"IF(B95=\"SINAPI\",IFERROR(INDEX(SINAPI!$D:$D,MATCH($C95,SINAPI!$A:$A,0)),0),IF(B95=\"COMPOSIÇÃO\",IFERROR(INDEX(COMPOSIÇÃO!$G:$G,MATCH($C95,COMPOSIÇÃO!$A:$A,0)),0),0))","v":13.27},15.982993427681132,7361.77]
["5.2.7","SINAPI",92764,{"$f":"IF(B96=\"SINAPI\",IFERROR(INDEX(SINAPI!$B:$B,MATCH($C96,SINAPI!$A:$A,0)),\"\"),IF(B96=\"COMPOSIÇÃO\",IFERROR(INDEX(COMPOSIÇÃO!$C:$C,MATCH($C96,COMPOSIÇÃO!$A:$A,0)),\"\"),\"\"))","v":"ARMAÇÃO DE PILAR OU VIGA DE UMA ESTRUTURA CONVENCIONAL DE CONCRETO ARMADO EM UM EDIFÍCIO DE MÚLTIPLOS PAVIMENTOS UTILIZANDO AÇO CA-50 DE 16,0 MM - MONTAGEM. AF_12/2015"},{"$f":"IF(B96=\"SINAPI\",IFERROR(INDEX(SINAPI!$C:$C,MATCH($C96,SINAPI!$A:$A,0)),\"\"),IF(B96=\"COMPOSIÇÃO\",IFERROR(INDEX(COMPOSIÇÃO!$D:$D,MATCH($C96,COMPOSIÇÃO!$A:$A,0)),\"\"),\"\"))","v":"KG"},2961.82,{"$f":"IF(B96=\"SINAPI\",IFERROR(INDEX(SINAPI!$D:$D,MATCH($C96,SINAPI!$A:$A,0)),0),IF(B96=\"COMPOSIÇÃO\",IFERROR(INDEX(COMPOSIÇÃO!$G:$G,MATCH($C96,COMPOSIÇÃO!$A:$A,0)),0),0))","v":13.74},16.549082870862001,49015.4]
["5.2.9","SINAPI",92452,{"$f":"IF(B97=\"SINAPI\",IFERROR(INDEX(SINAPI!$B:$B,MATCH($C97,SINAPI!$A:$A,0)),\"\"),IF(B97=\"COMPOSIÇÃO\",IFERROR(INDEX(COMPOSIÇÃO!$C:$C,MATCH($C97,COMPOSIÇÃO!$A:$A,0)),\"\"),\"\"))","v":"MONTAGEM E DESMONTAGEM DE FÔRMA DE VIGA, ESCORAMENTO METÁLICO, PÉ-DIREITO SIMPLES, EM CHAPA DE MADEIRA RESINADA, 2 UTILIZAÇÕES. AF_09/2020"},{"$f":"IF(B97=\"SINAPI\",IFERROR(INDEX(SINAPI!$C:$C,MATCH($C97,SINAPI!$A:$A,0)),\"\"),IF(B97=\"COMPOSIÇÃO\",IFERROR(INDEX(COMPOSIÇÃO!$D:$D,MATCH($C97,COMPOSIÇÃO!$A:$A,0)),\"\"),\"\"))","v":"M2"},{"$f":"2521.3+210.2","v":2731.5},{"$f":"IF(B97=\"SINAPI\",IFERROR(INDEX(SINAPI!$D:$D,MATCH($C97,SINAPI!$A:$A,0)),0),IF(B97=\"COMPOSIÇÃO\",IFERROR(INDEX(COMPOSIÇÃO!$G:$G,MATCH($C97,COMPOSIÇÃO!$A:$A,0)),0),0))","v":125.79},151.50721501642877,413841.96]
["5.2.10","SINAPI",92726,{"$f":"IF(B98=\"SINAPI\",IFERROR(INDEX(SINAPI!$B:$B,MATCH($C98,SINAPI!$A:$A,0)),\"\"),IF(B98=\"COMPOSIÇÃO\",IFERROR(INDEX(COMPOSIÇÃO!$C:$C,MATCH($C98,COMPOSIÇÃO!$A:$A,0)),\"\"),\"\"))","v":"CONCRETAGEM DE VIGAS E LAJES, FCK=20 MPA, PARA LAJES MACIÇAS OU NERVURADAS COM USO DE BOMBA EM EDIFICAÇÃO COM ÁREA MÉDIA DE LAJES MAIOR QUE 20 M² - LANÇAMENTO, ADENSAMENTO E ACABAMENTO. AF_12/2015"},{"$f":"IF(B98=\"SINAPI\",IFERROR(INDEX(SINAPI!$C:$C,MATCH($C98,SINAPI!$A:$A,0)),\"\"),IF(B98=\"COMPOSIÇÃO\",IFERROR(INDEX(COMPOSIÇÃO!$D:$D,MATCH($C98,COMPOSIÇÃO!$A:$A,0)),\"\"),\"\"))","v":"M3"},{"$f":"216.9+20.35","v":237.25},{"$f":"IF(B98=\"SINAPI\",IFERROR(INDEX(SINAPI!$D:$D,MATCH($C98,SINAPI!$A:$A,0)),0),IF(B98=\"COMPOSIÇÃO\",IFERROR(INDEX(COMPOSIÇÃO!$G:$G,MATCH($C98,COMPOSIÇÃO!$A:$A,0)),0),0))","v":556.95000000000005},670.81599016932989,159151.09]
["5.3",null,null,"Laje",null,null,null,null,{"$f":"SUM(I100:I107)","v":484359.11000000004}]
["5.3.1","SINAPI",92768,{"$f":"IF(B100=\"SINAPI\",IFERROR(INDEX(SINAPI!$B:$B,MATCH($C100,SINAPI!$A:$A,0)),\"\"),IF(B100=\"COMPOSIÇÃO\",IFERROR(INDEX(COMPOSIÇÃO!$C:$C,MATCH($C100,COMPOSIÇÃO!$A:$A,0)),\"\"),\"\"))","v":"ARMAÇÃO DE LAJE DE UMA ESTRUTURA CONVENCIONAL DE CONCRETO ARMADO EM UM EDIFÍCIO DE MÚLTIPLOS PAVIMENTOS UTILIZANDO AÇO CA-60 DE 5,0 MM - MONTAGEM. AF_12/2015"},{"$f":"IF(B100=\"SINAPI\",IFERROR(INDEX(SINAPI!$C:$C,MATCH($C100,SINAPI!$A:$A,0)),\"\"),IF(B100=\"COMPOSIÇÃO\",IFERROR(INDEX(COMPOSIÇÃO!$D:$D,MATCH($C100,COMPOSIÇÃO!$A:$A,0)),\"\"),\"\"))","v":"KG"},5195.8999999999996,{"$f":"IF(B100=\"SINAPI\",IFERROR(INDEX(SINAPI!$D:$D,MATCH($C100,SINAPI!$A:$A,0)),0),IF(B100=\"COMPOSIÇÃO\",IFERROR(INDEX(COMPOSIÇÃO!$G:$G,MATCH($C100,COMPOSIÇÃO!$A:$A,0)),0),0))","v":17.309999999999999},{"$f":"G100*(1+$I$10)","v":20.848953747789025},{"$f":"ROUND(F100*H100,2)","v":108329.08}]
["5.3.1","SINAPI",92769,{"$f":"IF(B101=\"SINAPI\",IFERROR(INDEX(SINAPI!$B:$B,MATCH($C101,SINAPI!$A:$A,0)),\"\"),IF(B101=\"COMPOSIÇÃO\",IFERROR(INDEX(COMPOSIÇÃO!$C:$C,MATCH($C101,COMPOSIÇÃO!$A:$A,0)),\"\"),\"\"))","v":"ARMAÇÃO DE LAJE DE UMA ESTRUTURA CONVENCIONAL DE CONCRETO ARMADO EM UM EDIFÍCIO DE MÚLTIPLOS PAVIMENTOS UTILIZANDO AÇO CA-50 DE 6,3 MM - MONTAGEM. AF_12/2015"},{"$f":"IF(B101=\"SINAPI\",IFERROR(INDEX(SINAPI!$C:$C,MATCH($C101,SINAPI!$A:$A,0)),\"\"),IF(B101=\"COMPOSIÇÃO\",IFERROR(INDEX(COMPOSIÇÃO!$D:$D,MATCH($C101,COMPOSIÇÃO!$A:$A,0)),\"\"),\"\"))","v":"KG"},2378,{"$f":"IF(B101=\"SINAPI\",IFERROR(INDEX(SINAPI!$D:$D,MATCH($C101,SINAPI!$A:$A,0)),0),IF(B101=\"COMPOSIÇÃO\",IFERROR(INDEX(COMPOSIÇÃO!$G:$G,MATCH($C101,COMPOSIÇÃO!$A:$A,0)),0),0))","v":17.61},21.210287434925753,50438.06]
["5.3.1","SINAPI",92770,{"$f":"IF(B102=\"SINAPI\",IFERROR(INDEX(SINAPI!$B:$B,MATCH($C102,SINAPI!$A:$A,0)),\"\"),IF(B102=\"COMPOSIÇÃO\",IFERROR(INDEX(COMPOSIÇÃO!$C:$C,MATCH($C102,COMPOSIÇÃO!$A:$A,0)),\"\"),\"\"))","v":"ARMAÇÃO DE LAJE DE UMA ESTRUTURA CONVENCIONAL DE CONCRETO ARMADO EM UM EDIFÍCIO DE MÚLTIPLOS PAVIMENTOS UTILIZANDO AÇO CA-50 DE 8,0 MM - MONTAGEM. AF_12/2015"},{"$f":"IF(B102=\"SINAPI\",IFERROR(INDEX(SINAPI!$C:$C,MATCH($C102,SINAPI!$A:$A,0)),\"\"),IF(B102=\"COMPOSIÇÃO\",IFERROR(INDEX(COMPOSIÇÃO!$D:$D,MATCH($C102,COMPOSIÇÃO!$A:$A,0)),\"\"),\"\"))","v":"KG"},2822.6,{"$f":"IF(B102=\"SINAPI\",IFERROR(INDEX(SINAPI!$D:$D,MATCH($C102,SINAPI!$A:$A,0)),0),IF(B102=\"COMPOSIÇÃO\",IFERROR(INDEX(COMPOSIÇÃO!$G:$G,MATCH($C102,COMPOSIÇÃO!$A:$A,0)),0),0))","v":17.420000000000002},20.981442766405827,59222.22]
["5.3.2","SINAPI",92771,{"$f":"IF(B103=\"SINAPI\",IFERROR(INDEX(SINAPI!$B:$B,MATCH($C103,SINAPI!$A:$A,0)),\"\"),IF(B103=\"COMPOSIÇÃO\",IFERROR(INDEX(COMPOSIÇÃO!$C:$C,MATCH($C103,COMPOSIÇÃO!$A:$A,0)),\"\"),\"\"))","v":"ARMAÇÃO DE LAJE DE UMA ESTRUTURA CONVENCIONAL DE CONCRETO ARMADO EM UM EDIFÍCIO DE MÚLTIPLOS PAVIMENTOS UTILIZANDO AÇO CA-50 DE 10,0 MM - MONTAGEM. AF_12/2015"},{"$f":"IF(B103=\"SINAPI\",IFERROR(INDEX(SINAPI!$C:$C,MATCH($C103,SINAPI!$A:$A,0)),\"\"),IF(B103=\"COMPOSIÇÃO\",IFERROR(INDEX(COMPOSIÇÃO!$D:$D,MATCH($C103,COMPOSIÇÃO!$A:$A,0)),\"\"),\"\"))","v":"KG"},4331.5,{"$f":"IF(B103=\"SINAPI\",IFERROR(INDEX(SINAPI!$D:$D,MATCH($C103,SINAPI!$A:$A,0)),0),IF(B103=\"COMPOSIÇÃO\",IFERROR(INDEX(COMPOSIÇÃO!$G:$G,MATCH($C103,COMPOSIÇÃO!$A:$A,0)),0),0))","v":16.010000000000002},19.28317443686322,83525.070000000007]
["5.3.3","SINAPI",92772,{"$f":"IF(B104=\"SINAPI\",IFERROR(INDEX(SINAPI!$B:$B,MATCH($C104,SINAPI!$A:$A,0)),\"\"),IF(B104=\"COMPOSIÇÃO\",IFERROR(INDEX(COMPOSIÇÃO!$C:$C,MATCH($C104,COMPOSIÇÃO!$A:$A,0)),\"\"),\"\"))","v":"ARMAÇÃO DE LAJE DE UMA ESTRUTURA CONVENCIONAL DE CONCRETO ARMADO EM UM EDIFÍCIO DE MÚLTIPLOS PAVIMENTOS UTILIZANDO AÇO CA-50 DE 12,5 MM - MONTAGEM. AF_12/2015"},{"$f":"IF(B104=\"SINAPI\",IFERROR(INDEX(SINAPI!$C:$C,MATCH($C104,SINAPI!$A:$A,0)),\"\"),IF(B104=\"COMPOSIÇÃO\",IFERROR(INDEX(COMPOSIÇÃO!$D:$D,MATCH($C104,COMPOSIÇÃO!$A:$A,0)),\"\"),\"\"))","v":"KG"},1575.1,{"$f":"IF(B104=\"SINAPI\",IFERROR(INDEX(SINAPI!$D:$D,MATCH($C104,SINAPI!$A:$A,0)),0),IF(B104=\"COMPOSIÇÃO\",IFERROR(INDEX(COMPOSIÇÃO!$G:$G,MATCH($C104,COMPOSIÇÃO!$A:$A,0)),0),0))","v":13.72},16.524993958386219,26028.52]
["5.3.5","SINAPI",92490,{"$f":"IF(B105=\"SINAPI\",IFERROR(INDEX(SINAPI!$B:$B,MATCH($C105,SINAPI!$A:$A,0)),\"\"),IF(B105=\"COMPOSIÇÃO\",IFERROR(INDEX(COMPOSIÇÃO!$C:$C,MATCH($C105,COMPOSIÇÃO!$A:$A,0)),\"\"),\"\"))","v":"MONTAGEM E DESMONTAGEM DE FÔRMA DE LAJE NERVURADA COM CUBETA E ASSOALHO, PÉ-DIREITO SIMPLES, EM CHAPA DE MADEIRA COMPENSADA RESINADA, 8 UTILIZAÇÕES. AF_09/2020"},{"$f":"IF(B105=\"SINAPI\",IFERROR(INDEX(SINAPI!$C:$C,MATCH($C105,SINAPI!$A:$A,0)),\"\"),IF(B105=\"COMPOSIÇÃO\",IFERROR(INDEX(COMPOSIÇÃO!$D:$D,MATCH($C105,COMPOSIÇÃO!$A:$A,0)),\"\"),\"\"))","v":"M2"},2092.1,{"$f":"IF(B105=\"SINAPI\",IFERROR(INDEX(SINAPI!$D:$D,MATCH($C105,SINAPI!$A:$A,0)),0),IF(B105=\"COMPOSIÇÃO\",IFERROR(INDEX(COMPOSIÇÃO!$G:$G,MATCH($C105,COMPOSIÇÃO!$A:$A,0)),0),0))","v":42.25},50.887827605088759,106462.42]
["5.3.6","COMPOSIÇÃO","COMP-73301",{"$f":"IF(B106=\"SINAPI\",IFERROR(INDEX(SINAPI!$B:$B,MATCH($C106,SINAPI!$A:$A,0)),\"\"),IF(B106=\"COMPOSIÇÃO\",IFERROR(INDEX(COMPOSIÇÃO!$C:$C,MATCH($C106,COMPOSIÇÃO!$A:$A,0)),\"\"),\"\"))","v":"ESCORAMENTO FORMAS ATE H = 3,30M, COM MADEIRA DE 3A QUALIDADE, NAO APARELHADA, APROVEITAMENTO TABUAS 3X E PRUMOS 4X."},{"$f":"IF(B106=\"SINAPI\",IFERROR(INDEX(SINAPI!$C:$C,MATCH($C106,SINAPI!$A:$A,0)),\"\"),IF(B106=\"COMPOSIÇÃO\",IFERROR(INDEX(COMPOSIÇÃO!$D:$D,MATCH($C106,COMPOSIÇÃO!$A:$A,0)),\"\"),\"\"))","v":"M3"},152.72,{"$f":"IF(B106=\"SINAPI\",IFERROR(INDEX(SINAPI!$D:$D,MATCH($C106,SINAPI!$A:$A,0)),0),IF(B106=\"COMPOSIÇÃO\",IFERROR(INDEX(COMPOSIÇÃO!$G:$G,MATCH($C106,COMPOSIÇÃO!$A:$A,0)),0),0))","v":12.265910000000002},14.773621621290754,2256.23]
["5.3.7","SINAPI",92726,{"$f":"IF(B107=\"SINAPI\",IFERROR(INDEX(SINAPI!$B:$B,MATCH($C107,SINAPI!$A:$A,0)),\"\"),IF(B107=\"COMPOSIÇÃO\",IFERROR(INDEX(COMPOSIÇÃO!$C:$C,MATCH($C107,COMPOSIÇÃO!$A:$A,0)),\"\"),\"\"))","v":"CONCRETAGEM DE VIGAS E LAJES, FCK=20 MPA, PARA LAJES MACIÇAS OU NERVURADAS COM USO DE BOMBA EM EDIFICAÇÃO COM ÁREA MÉDIA DE LAJES MAIOR QUE 20 M² - LANÇAMENTO, ADENSAMENTO E ACABAMENTO. AF_12/2015"},{"$f":"IF(B107=\"SINAPI\",IFERROR(INDEX(SINAPI!$C:$C,MATCH($C107,SINAPI!$A:$A,0)),\"\"),IF(B107=\"COMPOSIÇÃO\",IFERROR(INDEX(COMPOSIÇÃO!$D:$D,MATCH($C107,COMPOSIÇÃO!$A:$A,0)),\"\"),\"\"))","v":"M3"},71.7,{"$f":"IF(B107=\"SINAPI\",IFERROR(INDEX(SINAPI!$D:$D,MATCH($C107,SINAPI!$A:$A,0)),0),IF(B107=\"COMPOSIÇÃO\",IFERROR(INDEX(COMPOSIÇÃO!$G:$G,MATCH($C107,COMPOSIÇÃO!$A:$A,0)),0),0))","v":556.95000000000005},670.81599016932989,48097.51]
["5.4",null,null,"Escada de Madeira",null,null,null,null,{"$f":"I109","v":3337.99}]
["5.4.1","COMPOSIÇÃO","COMP-352975",{"$f":"IF(B109=\"SINAPI\",IFERROR(INDEX(SINAPI!$B:$B,MATCH($C109,SINAPI!$A:$A,0)),\"\"),IF(B109=\"COMPOSIÇÃO\",IFERROR(INDEX(COMPOSIÇÃO!$C:$C,MATCH($C109,COMPOSIÇÃO!$A:$A,0)),\"\"),\"\"))","v":"ESCADA DE MADEIRA COM PATAMAR-LARGURA 1,2 m"},{"$f":"IF(B109=\"SINAPI\",IFERROR(INDEX(SINAPI!$C:$C,MATCH($C109,SINAPI!$A:$A,0)),\"\"),IF(B109=\"COMPOSIÇÃO\",IFERROR(INDEX(COMPOSIÇÃO!$D:$D,MATCH($C109,COMPOSIÇÃO!$A:$A,0)),\"\"),\"\"))","v":"M"},10,{"$f":"IF(B109=\"SINAPI\",IFERROR(INDEX(SINAPI!$D:$D,MATCH($C109,SINAPI!$A:$A,0)),0),IF(B109=\"COMPOSIÇÃO\",IFERROR(INDEX(COMPOSIÇÃO!$G:$G,MATCH($C109,COMPOSIÇÃO!$A:$A,0)),0),0))","v":277.13939999999997},{"$f":"G109*(1+$I$10)","v":333.79933750953217},{"$f":"ROUND(F109*H109,2)","v":3337.99}]
["6.0",null,null,"IMPERMEABILIZAÇÕES",null,null,null,null,{"$f":"I111+I114","v":80707.839999999997}]
["6.1",null,null,"Viga Baldrame\t\t\t\t\t",null,null,null,null,{"$f":"SUM(I112:I113)","v":19168.57}]
["6.1.1","COMPOSIÇÃO","IFMT 232.08.2020",{"$f":"IF(B112=\"SINAPI\",IFERROR(INDEX(SINAPI!$B:$B,MATCH($C112,SINAPI!$A:$A,0)),\"\"),IF(B112=\"COMPOSIÇÃO\",IFERROR(INDEX(COMPOSIÇÃO!$C:$C,MATCH($C112,COMPOSIÇÃO!$A:$A,0)),\"\"),\"\"))","v":"IMPERMEABILIZACAO DE ESTRUTURAS ENTERRADAS, COM TINTA ASFALTICA, DUAS DEMAOS."},{"$f":"IF(B112=\"SINAPI\",IFERROR(INDEX(SINAPI!$C:$C,MATCH($C112,SINAPI!$A:$A,0)),\"\"),IF(B112=\"COMPOSIÇÃO\",IFERROR(INDEX(COMPOSIÇÃO!$D:$D,MATCH($C112,COMPOSIÇÃO!$A:$A,0)),\"\"),\"\"))","v":"M2"},650.20000000000005,{"$f":"IF(B112=\"SINAPI\",IFERROR(INDEX(SINAPI!$D:$D,MATCH($C112,SINAPI!$A:$A,0)),0),IF(B112=\"COMPOSIÇÃO\",IFERROR(INDEX(COMPOSIÇÃO!$G:$G,MATCH($C112,COMPOSIÇÃO!$A:$A,0)),0),0))","v":14.46},{"$f":"G112*(1+$I$10)","v":17.41628371999014},{"$f":"ROUND(F112*H112,2)","v":11324.07}]
["6.1.2","SINAPI",98557,{"$f":"IF(B113=\"SINAPI\",IFERROR(INDEX(SINAPI!$B:$B,MATCH($C113,SINAPI!$A:$A,0)),\"\"),IF(B113=\"COMPOSIÇÃO\",IFERROR(INDEX(COMPOSIÇÃO!$C:$C,MATCH($C113,COMPOSIÇÃO!$A:$A,0)),\"\"),\"\"))","v":"IMPERMEABILIZAÇÃO DE SUPERFÍCIE COM EMULSÃO ASFÁLTICA, 2 DEMÃOS AF_06/2018"},{"$f":"IF(B113=\"SINAPI\",IFERROR(INDEX(SINAPI!$C:$C,MATCH($C113,SINAPI!$A:$A,0)),\"\"),IF(B113=\"COMPOSIÇÃO\",IFERROR(INDEX(COMPOSIÇÃO!$D:$D,MATCH($C113,COMPOSIÇÃO!$A:$A,0)),\"\"),\"\"))","v":"M2"},111.01,{"$f":"IF(B113=\"SINAPI\",IFERROR(INDEX(SINAPI!$D:$D,MATCH($C113,SINAPI!$A:$A,0)),0),IF(B113=\"COMPOSIÇÃO\",IFERROR(INDEX(COMPOSIÇÃO!$G:$G,MATCH($C113,COMPOSIÇÃO!$A:$A,0)),0),0))","v":58.67},{"$f":"G113*(1+$I$10)","v":70.664824747705509},7844.5]
["6.2",null,null,"Laje\t\t\t\t\t",null,null,null,null,{"$f":"SUM(I115:I116)","v":61539.27}]
["6.2.1","SINAPI",98563,{"$f":"IF(B115=\"SINAPI\",IFERROR(INDEX(SINAPI!$B:$B,MATCH($C115,SINAPI!$A:$A,0)),\"\"),IF(B115=\"COMPOSIÇÃO\",IFERROR(INDEX(COMPOSIÇÃO!$C:$C,MATCH($C115,COMPOSIÇÃO!$A:$A,0)),\"\"),\"\"))","v":"PROTEÇÃO MECÂNICA DE SUPERFÍCIE HORIZONTAL COM ARGAMASSA DE CIMENTO E AREIA, TRAÇO 1:3, E=2CM. AF_06/2018"},{"$f":"IF(B115=\"SINAPI\",IFERROR(INDEX(SINAPI!$C:$C,MATCH($C115,SINAPI!$A:$A,0)),\"\"),IF(B115=\"COMPOSIÇÃO\",IFERROR(INDEX(COMPOSIÇÃO!$D:$D,MATCH($C115,COMPOSIÇÃO!$A:$A,0)),\"\"),\"\"))","v":"M2"},420.28,{"$f":"IF(B115=\"SINAPI\",IFERROR(INDEX(SINAPI!$D:$D,MATCH($C115,SINAPI!$A:$A,0)),0),IF(B115=\"COMPOSIÇÃO\",IFERROR(INDEX(COMPOSIÇÃO!$G:$G,MATCH($C115,COMPOSIÇÃO!$A:$A,0)),0),0))","v":27.64},{"$f":"G115*(1+$I$10)","v":33.290877041530258},{"$f":"ROUND(F115*H115,2)","v":13991.49}]
["6.2.2","SINAPI",98546,{"$f":"IF(B116=\"SINAPI\",IFERROR(INDEX(SINAPI!$B:$B,MATCH($C116,SINAPI!$A:$A,0)),\"\"),IF(B116=\"COMPOSIÇÃO\",IFERROR(INDEX(COMPOSIÇÃO!$C:$C,MATCH($C116,COMPOSIÇÃO!$A:$A,0)),\"\"),\"\"))","v":"IMPERMEABILIZAÇÃO DE SUPERFÍCIE COM MANTA ASFÁLTICA, UMA CAMADA, INCLUSIVE APLICAÇÃO DE PRIMER ASFÁLTICO, E=3MM. AF_06/2018"},{"$f":"IF(B116=\"SINAPI\",IFERROR(INDEX(SINAPI!$C:$C,MATCH($C116,SINAPI!$A:$A,0)),\"\"),IF(B116=\"COMPOSIÇÃO\",IFERROR(INDEX(COMPOSIÇÃO!$D:$D,MATCH($C116,COMPOSIÇÃO!$A:$A,0)),\"\"),\"\"))","v":"M2"},420.28,{"$f":"IF(B116=\"SINAPI\",IFERROR(INDEX(SINAPI!$D:$D,MATCH($C116,SINAPI!$A:$A,0)),0),IF(B116=\"COMPOSIÇÃO\",IFERROR(INDEX(COMPOSIÇÃO!$G:$G,MATCH($C116,COMPOSIÇÃO!$A:$A,0)),0),0))","v":93.93},{"$f":"G116*(1+$I$10)","v":113.13357744250858},47547.78]
["7.0",null,null,"COBERTURA",null,null,null,null,{"$f":"I118+I128+I131","v":572836.55000000005}]
["7.1",null,null,"Estrutura Metálica\t\t\t\t\t",null,null,null,null,{"$f":"SUM(I119:I127)","v":304837.40000000002}]
["7.1.1","COMPOSIÇÃO","COMP-0967",{"$f":"IF(B119=\"SINAPI\",IFERROR(INDEX(SINAPI!$B:$B,MATCH($C119,SINAPI!$A:$A,0)),\"\"),IF(B119=\"COMPOSIÇÃO\",IFERROR(INDEX(COMPOSIÇÃO!$C:$C,MATCH($C119,COMPOSIÇÃO!$A:$A,0)),\"\"),\"\"))","v":"ESTRUTURA METÁLICA EM AÇO LAMINADO A-36 - 250MPa L 20X20X3,0"},{"$f":"IF(B119=\"SINAPI\",IFERROR(INDEX(SINAPI!$C:$C,MATCH($C119,SINAPI!$A:$A,0)),\"\"),IF(B119=\"COMPOSIÇÃO\",IFERROR(INDEX(COMPOSIÇÃO!$D:$D,MATCH($C119,COMPOSIÇÃO!$A:$A,0)),\"\"),\"\"))","v":"KG"},1124.4000000000001,{"$f":"IF(B119=\"SINAPI\",IFERROR(INDEX(SINAPI!$D:$D,MATCH($C119,SINAPI!$A:$A,0)),0),IF(B119=\"COMPOSIÇÃO\",IFERROR(INDEX(COMPOSIÇÃO!$G:$G,MATCH($C119,COMPOSIÇÃO!$A:$A,0)),0),0))","v":12.698499999999999},{"$f":"G119*(1+$I$10)","v":15.29465275368567},{"$f":"ROUND(F119*H119,2)","v":17197.310000000001}]
["7.1.2","COMPOSIÇÃO","COMP-4890",{"$f":"IF(B120=\"SINAPI\",IFERROR(INDEX(SINAPI!$B:$B,MATCH($C120,SINAPI!$A:$A,0)),\"\"),IF(B120=\"COMPOSIÇÃO\",IFERROR(INDEX(COMPOSIÇÃO!$C:$C,MATCH($C120,COMPOSIÇÃO!$A:$A,0)),\"\"),\"\"))","v":"ESTRUTURA METÁLICA EM AÇO LAMINADO A-36 - 250MPa L 40X40X5,0"},{"$f":"IF(B120=\"SINAPI\",IFERROR(INDEX(SINAPI!$C:$C,MATCH($C120,SINAPI!$A:$A,0)),\"\"),IF(B120=\"COMPOSIÇÃO\",IFERROR(INDEX(COMPOSIÇÃO!$D:$D,MATCH($C120,COMPOSIÇÃO!$A:$A,0)),\"\"),\"\"))","v":"KG"},1413.38,{"$f":"IF(B120=\"SINAPI\",IFERROR(INDEX(SINAPI!$D:$D,MATCH($C120,SINAPI!$A:$A,0)),0),IF(B120=\"COMPOSIÇÃO\",IFERROR(INDEX(COMPOSIÇÃO!$G:$G,MATCH($C120,COMPOSIÇÃO!$A:$A,0)),0),0))","v":17.862994},21.515004951070647,30408.880000000001]
["7.1.3","COMPOSIÇÃO","COMP-2142",{"$f":"IF(B121=\"SINAPI\",IFERROR(INDEX(SINAPI!$B:$B,MATCH($C121,SINAPI!$A:$A,0)),\"\"),IF(B121=\"COMPOSIÇÃO\",IFERROR(INDEX(COMPOSIÇÃO!$C:$C,MATCH($C121,COMPOSIÇÃO!$A:$A,0)),\"\"),\"\"))","v":"ESTRUTURA METÁLICA EM AÇO LAMINADO A-36 - 250MPa L 70X70X5,0"},{"$f":"IF(B121=\"SINAPI\",IFERROR(INDEX(SINAPI!$C:$C,MATCH($C121,SINAPI!$A:$A,0)),\"\"),IF(B121=\"COMPOSIÇÃO\",IFERROR(INDEX(COMPOSIÇÃO!$D:$D,MATCH($C121,COMPOSIÇÃO!$A:$A,0)),\"\"),\"\"))","v":"KG"},1493.85,{"$f":"IF(B121=\"SINAPI\",IFERROR(INDEX(SINAPI!$D:$D,MATCH($C121,SINAPI!$A:$A,0)),0),IF(B121=\"COMPOSIÇÃO\",IFERROR(INDEX(COMPOSIÇÃO!$G:$G,MATCH($C121,COMPOSIÇÃO!$A:$A,0)),0),0))","v":18.374877171600001},22.131540396995547,33061.199999999997]
["7.1.4","COMPOSIÇÃO","COMP-7056",{"$f":"IF(B122=\"SINAPI\",IFERROR(INDEX(SINAPI!$B:$B,MATCH($C122,SINAPI!$A:$A,0)),\"\"),IF(B122=\"COMPOSIÇÃO\",IFERROR(INDEX(COMPOSIÇÃO!$C:$C,MATCH($C122,COMPOSIÇÃO!$A:$A,0)),\"\"),\"\"))","v":"ESTRUTURA METÁLICA EM AÇO LAMINADO A-36 - 250MPa R8 - 8,0MM"},{"$f":"IF(B122=\"SINAPI\",IFERROR(INDEX(SINAPI!$C:$C,MATCH($C122,SINAPI!$A:$A,0)),\"\"),IF(B122=\"COMPOSIÇÃO\",IFERROR(INDEX(COMPOSIÇÃO!$D:$D,MATCH($C122,COMPOSIÇÃO!$A:$A,0)),\"\"),\"\"))","v":"KG"},75.819999999999993,{"$f":"IF(B122=\"SINAPI\",IFERROR(INDEX(SINAPI!$D:$D,MATCH($C122,SINAPI!$A:$A,0)),0),IF(B122=\"COMPOSIÇÃO\",IFERROR(INDEX(COMPOSIÇÃO!$G:$G,MATCH($C122,COMPOSIÇÃO!$A:$A,0)),0),0))","v":9.4685000000000006},11.404293388846934,864.67]
["7.1.5","COMPOSIÇÃO","COMP-8946",{"$f":"IF(B123=\"SINAPI\",IFERROR(INDEX(SINAPI!$B:$B,MATCH($C123,SINAPI!$A:$A,0)),\"\"),IF(B123=\"COMPOSIÇÃO\",IFERROR(INDEX(COMPOSIÇÃO!$C:$C,MATCH($C123,COMPOSIÇÃO!$A:$A,0)),\"\"),\"\"))","v":"ESTRUTURA METÁLICA EM AÇO ESTRUTURAL A -36, DOBRADO- U100X40X2,66"},{"$f":"IF(B123=\"SINAPI\",IFERROR(INDEX(SINAPI!$C:$C,MATCH($C123,SINAPI!$A:$A,0)),\"\"),IF(B123=\"COMPOSIÇÃO\",IFERROR(INDEX(COMPOSIÇÃO!$D:$D,MATCH($C123,COMPOSIÇÃO!$A:$A,0)),\"\"),\"\"))","v":"KG"},2136.79,{"$f":"IF(B123=\"SINAPI\",IFERROR(INDEX(SINAPI!$D:$D,MATCH($C123,SINAPI!$A:$A,0)),0),IF(B123=\"COMPOSIÇÃO\",IFERROR(INDEX(COMPOSIÇÃO!$G:$G,MATCH($C123,COMPOSIÇÃO!$A:$A,0)),0),0))","v":14.959499999999998},18.017904309072787,38500.480000000003]
["7.1.6","COMPOSIÇÃO","COMP-5617",{"$f":"IF(B124=\"SINAPI\",IFERROR(INDEX(SINAPI!$B:$B,MATCH($C124,SINAPI!$A:$A,0)),\"\"),IF(B124=\"COMPOSIÇÃO\",IFERROR(INDEX(COMPOSIÇÃO!$C:$C,MATCH($C124,COMPOSIÇÃO!$A:$A,0)),\"\"),\"\"))","v":"ESTRUTURA METÁLICA EM AÇO ESTRUTURAL A -36, DOBRADO- U150X50X4,76"},{"$f":"IF(B124=\"SINAPI\",IFERROR(INDEX(SINAPI!$C:$C,MATCH($C124,SINAPI!$A:$A,0)),\"\"),IF(B124=\"COMPOSIÇÃO\",IFERROR(INDEX(COMPOSIÇÃO!$D:$D,MATCH($C124,COMPOSIÇÃO!$A:$A,0)),\"\"),\"\"))","v":"KG"},1982.56,{"$f":"IF(B124=\"SINAPI\",IFERROR(INDEX(SINAPI!$D:$D,MATCH($C124,SINAPI!$A:$A,0)),0),IF(B124=\"COMPOSIÇÃO\",IFERROR(INDEX(COMPOSIÇÃO!$G:$G,MATCH($C124,COMPOSIÇÃO!$A:$A,0)),0),0))","v":16.057500000000001},19.340385603993202,38343.47]
["7.1.7","COMPOSIÇÃO","COMP-4559",{"$f":"IF(B125=\"SINAPI\",IFERROR(INDEX(SINAPI!$B:$B,MATCH($C125,SINAPI!$A:$A,0)),\"\"),IF(B125=\"COMPOSIÇÃO\",IFERROR(INDEX(COMPOSIÇÃO!$C:$C,MATCH($C125,COMPOSIÇÃO!$A:$A,0)),\"\"),\"\"))","v":"ESTRUTURA METÁLICA EM AÇO ESTRUTURAL A -36, DOBRADO- U200X50X4,76"},{"$f":"IF(B125=\"SINAPI\",IFERROR(INDEX(SINAPI!$C:$C,MATCH($C125,SINAPI!$A:$A,0)),\"\"),IF(B125=\"COMPOSIÇÃO\",IFERROR(INDEX(COMPOSIÇÃO!$D:$D,MATCH($C125,COMPOSIÇÃO!$A:$A,0)),\"\"),\"\"))","v":"KG"},1190.47,{"$f":"IF(B125=\"SINAPI\",IFERROR(INDEX(SINAPI!$D:$D,MATCH($C125,SINAPI!$A:$A,0)),0),IF(B125=\"COMPOSIÇÃO\",IFERROR(INDEX(COMPOSIÇÃO!$G:$G,MATCH($C125,COMPOSIÇÃO!$A:$A,0)),0),0))","v":10.650499999999999},12.827948116165627,15271.29]
["7.1.8","COMPOSIÇÃO","COMP-4726",{"$f":"IF(B126=\"SINAPI\",IFERROR(INDEX(SINAPI!$B:$B,MATCH($C126,SINAPI!$A:$A,0)),\"\"),IF(B126=\"COMPOSIÇÃO\",IFERROR(INDEX(COMPOSIÇÃO!$C:$C,MATCH($C126,COMPOSIÇÃO!$A:$A,0)),\"\"),\"\"))","v":"ESTRUTURA METÁLICA EM AÇO ESTRUTURAL A -36, DOBRADO- C150X60X20X3,04"},{"$f":"IF(B126=\"SINAPI\",IFERROR(INDEX(SINAPI!$C:$C,MATCH($C126,SINAPI!$A:$A,0)),\"\"),IF(B126=\"COMPOSIÇÃO\",IFERROR(INDEX(COMPOSIÇÃO!$D:$D,MATCH($C126,COMPOSIÇÃO!$A:$A,0)),\"\"),\"\"))","v":"KG"},2730.92,{"$f":"IF(B126=\"SINAPI\",IFERROR(INDEX(SINAPI!$D:$D,MATCH($C126,SINAPI!$A:$A,0)),0),IF(B126=\"COMPOSIÇÃO\",IFERROR(INDEX(COMPOSIÇÃO!$G:$G,MATCH($C126,COMPOSIÇÃO!$A:$A,0)),0),0))","v":9.5884999999999998},11.548826863701622,31538.92]
["7.1.9","COMPOSIÇÃO","COMP-3579",{"$f":"IF(B127=\"SINAPI\",IFERROR(INDEX(SINAPI!$B:$B,MATCH($C127,SINAPI!$A:$A,0)),\"\"),IF(B127=\"COMPOSIÇÃO\",IFERROR(INDEX(COMPOSIÇÃO!$C:$C,MATCH($C127,COMPOSIÇÃO!$A:$A,0)),\"\"),\"\"))","v":"ESTRUTURA METÁLICA EM AÇO ESTRUTURAL A -36, DOBRADO- C127X50X17X2.66"},{"$f":"IF(B127=\"SINAPI\",IFERROR(INDEX(SINAPI!$C:$C,MATCH($C127,SINAPI!$A:$A,0)),\"\"),IF(B127=\"COMPOSIÇÃO\",IFERROR(INDEX(COMPOSIÇÃO!$D:$D,MATCH($C127,COMPOSIÇÃO!$A:$A,0)),\"\"),\"\"))","v":"KG"},5334.89,{"$f":"IF(B127=\"SINAPI\",IFERROR(INDEX(SINAPI!$D:$D,MATCH($C127,SINAPI!$A:$A,0)),0),IF(B127=\"COMPOSIÇÃO\",IFERROR(INDEX(COMPOSIÇÃO!$G:$G,MATCH($C127,COMPOSIÇÃO!$A:$A,0)),0),0))","v":15.508500000000002},18.679144956532998,99651.18]
["7.2",null,null,"Telhamento\t\t\t\t\t",null,null,null,null,{"$f":"SUM(I129:I130)","v":232352.76}]
["7.2.1","SINAPI",94216,{"$f":"IF(B129=\"SINAPI\",IFERROR(INDEX(SINAPI!$B:$B,MATCH($C129,SINAPI!$A:$A,0)),\"\"),IF(B129=\"COMPOSIÇÃO\",IFERROR(INDEX(COMPOSIÇÃO!$C:$C,MATCH($C129,COMPOSIÇÃO!$A:$A,0)),\"\"),\"\"))","v":"TELHAMENTO COM TELHA METÁLICA TERMOACÚSTICA E = 30 MM, COM ATÉ 2 ÁGUAS, INCLUSO IÇAMENTO. AF_07/2019"},{"$f":"IF(B129=\"SINAPI\",IFERROR(INDEX(SINAPI!$C:$C,MATCH($C129,SINAPI!$A:$A,0)),\"\"),IF(B129=\"COMPOSIÇÃO\",IFERROR(INDEX(COMPOSIÇÃO!$D:$D,MATCH($C129,COMPOSIÇÃO!$A:$A,0)),\"\"),\"\"))","v":"M2"},455.75,{"$f":"IF(B129=\"SINAPI\",IFERROR(INDEX(SINAPI!$D:$D,MATCH($C129,SINAPI!$A:$A,0)),0),IF(B129=\"COMPOSIÇÃO\",IFERROR(INDEX(COMPOSIÇÃO!$G:$G,MATCH($C129,COMPOSIÇÃO!$A:$A,0)),0),0))","v":229.74},{"$f":"G129*(1+$I$10)","v":276.70933760930393},{"$f":"ROUND(F129*H129,2)","v":126110.28}]
["7.2.2","SINAPI",94213,{"$f":"IF(B130=\"SINAPI\",IFERROR(INDEX(SINAPI!$B:$B,MATCH($C130,SINAPI!$A:$A,0)),\"\"),IF(B130=\"COMPOSIÇÃO\",IFERROR(INDEX(COMPOSIÇÃO!$C:$C,MATCH($C130,COMPOSIÇÃO!$A:$A,0)),\"\"),\"\"))","v":"TELHAMENTO COM TELHA DE AÇO/ALUMÍNIO E = 0,5 MM, COM ATÉ 2 ÁGUAS, INCLUSO IÇAMENTO. AF_07/2019"},{"$f":"IF(B130=\"SINAPI\",IFERROR(INDEX(SINAPI!$C:$C,MATCH($C130,SINAPI!$A:$A,0)),\"\"),IF(B130=\"COMPOSIÇÃO\",IFERROR(INDEX(COMPOSIÇÃO!$D:$D,MATCH($C130,COMPOSIÇÃO!$A:$A,0)),\"\"),\"\"))","v":"M2"},1134.3699999999999,{"$f":"IF(B130=\"SINAPI\",IFERROR(INDEX(SINAPI!$D:$D,MATCH($C130,SINAPI!$A:$A,0)),0),IF(B130=\"COMPOSIÇÃO\",IFERROR(INDEX(COMPOSIÇÃO!$G:$G,MATCH($C130,COMPOSIÇÃO!$A:$A,0)),0),0))","v":77.760000000000005},{"$f":"G130*(1+$I$10)","v":93.657691705839099},106242.48]
["7.3",null,null,"Acabamento Metálico\t\t\t\t\t",null,null,null,null,{"$f":"SUM(I132:I137)","v":35646.39}]
["7.3.1","COMPOSIÇÃO","COMP-388053",{"$f":"IF(B132=\"SINAPI\",IFERROR(INDEX(SINAPI!$B:$B,MATCH($C132,SINAPI!$A:$A,0)),\"\"),IF(B132=\"COMPOSIÇÃO\",IFERROR(INDEX(COMPOSIÇÃO!$C:$C,MATCH($C132,COMPOSIÇÃO!$A:$A,0)),\"\"),\"\"))","v":"CUMEEIRA DE ALUMÍNIO E=0.8mm"},{"$f":"IF(B132=\"SINAPI\",IFERROR(INDEX(SINAPI!$C:$C,MATCH($C132,SINAPI!$A:$A,0)),\"\"),IF(B132=\"COMPOSIÇÃO\",IFERROR(INDEX(COMPOSIÇÃO!$D:$D,MATCH($C132,COMPOSIÇÃO!$A:$A,0)),\"\"),\"\"))","v":"M"},104.2,{"$f":"IF(B132=\"SINAPI\",IFERROR(INDEX(SINAPI!$D:$D,MATCH($C132,SINAPI!$A:$A,0)),0),IF(B132=\"COMPOSIÇÃO\",IFERROR(INDEX(COMPOSIÇÃO!$G:$G,MATCH($C132,COMPOSIÇÃO!$A:$A,0)),0),0))","v":102.5502},{"$f":"G132*(1+$I$10)","v":123.51613960869523},{"$f":"ROUND(F132*H132,2)","v":12870.38}]
["7.3.2","ORSE",9077,"Cumeeira termoacústica","M",37.11,120.5,145.13569766658452,5385.99]
["7.3.3","COMPOSIÇÃO","COMP-1459",{"$f":"IF(B134=\"SINAPI\",IFERROR(INDEX(SINAPI!$B:$B,MATCH($C134,SINAPI!$A:$A,0)),\"\"),IF(B134=\"COMPOSIÇÃO\",IFERROR(INDEX(COMPOSIÇÃO!$C:$C,MATCH($C134,COMPOSIÇÃO!$A:$A,0)),\"\"),\"\"))","v":"RUFO EM ALUMÍNIO ESTAMPADO ESP=0,8mm COM DESENVOLVIMENTO DE 25cm"},{"$f":"IF(B134=\"SINAPI\",IFERROR(INDEX(SINAPI!$C:$C,MATCH($C134,SINAPI!$A:$A,0)),\"\"),IF(B134=\"COMPOSIÇÃO\",IFERROR(INDEX(COMPOSIÇÃO!$D:$D,MATCH($C134,COMPOSIÇÃO!$A:$A,0)),\"\"),\"\"))","v":"M"},27.39,{"$f":"IF(B134=\"SINAPI\",IFERROR(INDEX(SINAPI!$D:$D,MATCH($C134,SINAPI!$A:$A,0)),0),IF(B134=\"COMPOSIÇÃO\",IFERROR(INDEX(COMPOSIÇÃO!$G:$G,MATCH($C134,COMPOSIÇÃO!$A:$A,0)),0),0))","v":50.419775999999999},60.727878555625836,1663.34]
["7.3.4","COMPOSIÇÃO","COMP-6772",{"$f":"IF(B135=\"SINAPI\",IFERROR(INDEX(SINAPI!$B:$B,MATCH($C135,SINAPI!$A:$A,0)),\"\"),IF(B135=\"COMPOSIÇÃO\",IFERROR(INDEX(COMPOSIÇÃO!$C:$C,MATCH($C135,COMPOSIÇÃO!$A:$A,0)),\"\"),\"\"))","v":"RUFO EM ALUMÍNIO ESTAMPADO ESP=0,8mm COM DESENVOLVIMENTO DE 45cm"},{"$f":"IF(B135=\"SINAPI\",IFERROR(INDEX(SINAPI!$C:$C,MATCH($C135,SINAPI!$A:$A,0)),\"\"),IF(B135=\"COMPOSIÇÃO\",IFERROR(INDEX(COMPOSIÇÃO!$D:$D,MATCH($C135,COMPOSIÇÃO!$A:$A,0)),\"\"),\"\"))","v":"M"},68.3,{"$f":"IF(B135=\"SINAPI\",IFERROR(INDEX(SINAPI!$D:$D,MATCH($C135,SINAPI!$A:$A,0)),0),IF(B135=\"COMPOSIÇÃO\",IFERROR(INDEX(COMPOSIÇÃO!$G:$G,MATCH($C135,COMPOSIÇÃO!$A:$A,0)),0),0))","v":73.403776000000008},88.410856772794133,6038.46]
["7.3.5","COMPOSIÇÃO","COMP-5864",{"$f":"IF(B136=\"SINAPI\",IFERROR(INDEX(SINAPI!$B:$B,MATCH($C136,SINAPI!$A:$A,0)),\"\"),IF(B136=\"COMPOSIÇÃO\",IFERROR(INDEX(COMPOSIÇÃO!$C:$C,MATCH($C136,COMPOSIÇÃO!$A:$A,0)),\"\"),\"\"))","v":"RUFO EM ALUMÍNIO ESTAMPADO ESP=0,8mm COM DESENVOLVIMENTO DE 55cm"},{"$f":"IF(B136=\"SINAPI\",IFERROR(INDEX(SINAPI!$C:$C,MATCH($C136,SINAPI!$A:$A,0)),\"\"),IF(B136=\"COMPOSIÇÃO\",IFERROR(INDEX(COMPOSIÇÃO!$D:$D,MATCH($C136,COMPOSIÇÃO!$A:$A,0)),\"\"),\"\"))","v":"M"},74.22,{"$f":"IF(B136=\"SINAPI\",IFERROR(INDEX(SINAPI!$D:$D,MATCH($C136,SINAPI!$A:$A,0)),0),IF(B136=\"COMPOSIÇÃO\",IFERROR(INDEX(COMPOSIÇÃO!$G:$G,MATCH($C136,COMPOSIÇÃO!$A:$A,0)),0),0))","v":58.399776000000003},70.339354633462719,5220.59]
["7.3.6","COMPOSIÇÃO","COMP-6963",{"$f":"IF(B137=\"SINAPI\",IFERROR(INDEX(SINAPI!$B:$B,MATCH($C137,SINAPI!$A:$A,0)),\"\"),IF(B137=\"COMPOSIÇÃO\",IFERROR(INDEX(COMPOSIÇÃO!$C:$C,MATCH($C137,COMPOSIÇÃO!$A:$A,0)),\"\"),\"\"))","v":"RUFO EM ALUMÍNIO ESTAMPADO ESP=0,8mm COM DESENVOLVIMENTO DE 45cm"},{"$f":"IF(B137=\"SINAPI\",IFERROR(INDEX(SINAPI!$C:$C,MATCH($C137,SINAPI!$A:$A,0)),\"\"),IF(B137=\"COMPOSIÇÃO\",IFERROR(INDEX(COMPOSIÇÃO!$D:$D,MATCH($C137,COMPOSIÇÃO!$A:$A,0)),\"\"),\"\"))","v":"M"},39,{"$f":"IF(B137=\"SINAPI\",IFERROR(INDEX(SINAPI!$D:$D,MATCH($C137,SINAPI!$A:$A,0)),0),IF(B137=\"COMPOSIÇÃO\",IFERROR(INDEX(COMPOSIÇÃO!$G:$G,MATCH($C137,COMPOSIÇÃO!$A:$A,0)),0),0))","v":95.109776000000011},114.55455348275997,4467.63]
["8.0",null,null,"PAREDES E PAINEIS",null,null,null,null,{"$f":"I139+I143+I150","v":432334.39}]
["8.1",null,null,"Alvenaria \t\t\t\t\t",null,null,null,null,{"$f":"SUM(I140:I142)","v":329898.07}]
["8.1.1","SINAPI",87507,{"$f":"IF(B140=\"SINAPI\",IFERROR(INDEX(SINAPI!$B:$B,MATCH($C140,SINAPI!$A:$A,0)),\"\"),IF(B140=\"COMPOSIÇÃO\",IFERROR(INDEX(COMPOSIÇÃO!$C:$C,MATCH($C140,COMPOSIÇÃO!$A:$A,0)),\"\"),\"\"))","v":"ALVENARIA DE VEDAÇÃO DE BLOCOS CERÂMICOS FURADOS NA HORIZONTAL DE 9X14X19CM (ESPESSURA 9CM) DE PAREDES COM ÁREA LÍQUIDA MAIOR OU IGUAL A 6M² SEM VÃOS E ARGAMASSA DE ASSENTAMENTO COM PREPARO EM BETONEIRA. AF_06/2014"},{"$f":"IF(B140=\"SINAPI\",IFERROR(INDEX(SINAPI!$C:$C,MATCH($C140,SINAPI!$A:$A,0)),\"\"),IF(B140=\"COMPOSIÇÃO\",IFERROR(INDEX(COMPOSIÇÃO!$D:$D,MATCH($C140,COMPOSIÇÃO!$A:$A,0)),\"\"),\"\"))","v":"M2"},2907.82,{"$f":"IF(B140=\"SINAPI\",IFERROR(INDEX(SINAPI!$D:$D,MATCH($C140,SINAPI!$A:$A,0)),0),IF(B140=\"COMPOSIÇÃO\",IFERROR(INDEX(COMPOSIÇÃO!$G:$G,MATCH($C140,COMPOSIÇÃO!$A:$A,0)),0),0))","v":79.62},{"$f":"G140*(1+$I$10)","v":95.897960566086795},{"$f":"ROUND(F140*H140,2)","v":278854.01}]
["8.1.2","SINAPI",87509,{"$f":"IF(B141=\"SINAPI\",IFERROR(INDEX(SINAPI!$B:$B,MATCH($C141,SINAPI!$A:$A,0)),\"\"),IF(B141=\"COMPOSIÇÃO\",IFERROR(INDEX(COMPOSIÇÃO!$C:$C,MATCH($C141,COMPOSIÇÃO!$A:$A,0)),\"\"),\"\"))","v":"ALVENARIA DE VEDAÇÃO DE BLOCOS CERÂMICOS FURADOS NA HORIZONTAL DE 14X9X19CM (ESPESSURA 14CM, BLOCO DEITADO) DE PAREDES COM ÁREA LÍQUIDA MAIOR OU IGUAL A 6M² SEM VÃOS E ARGAMASSA DE ASSENTAMENTO COM PREPARO EM BETONEIRA. AF_06/2014"},{"$f":"IF(B141=\"SINAPI\",IFERROR(INDEX(SINAPI!$C:$C,MATCH($C141,SINAPI!$A:$A,0)),\"\"),IF(B141=\"COMPOSIÇÃO\",IFERROR(INDEX(COMPOSIÇÃO!$D:$D,MATCH($C141,COMPOSIÇÃO!$A:$A,0)),\"\"),\"\"))","v":"M2"},58.5,{"$f":"IF(B141=\"SINAPI\",IFERROR(INDEX(SINAPI!$D:$D,MATCH($C141,SINAPI!$A:$A,0)),0),IF(B141=\"COMPOSIÇÃO\",IFERROR(INDEX(COMPOSIÇÃO!$G:$G,MATCH($C141,COMPOSIÇÃO!$A:$A,0)),0),0))","v":122.81},{"$f":"G141*(1+$I$10)","v":147.91796705753728},8653.2000000000007]
["8.1.3","SINAPI",93202,{"$f":"IF(B142=\"SINAPI\",IFERROR(INDEX(SINAPI!$B:$B,MATCH($C142,SINAPI!$A:$A,0)),\"\"),IF(B142=\"COMPOSIÇÃO\",IFERROR(INDEX(COMPOSIÇÃO!$C:$C,MATCH($C142,COMPOSIÇÃO!$A:$A,0)),\"\"),\"\"))","v":"FIXAÇÃO (ENCUNHAMENTO) DE ALVENARIA DE VEDAÇÃO COM TIJOLO MACIÇO. AF_03/2016"},{"$f":"IF(B142=\"SINAPI\",IFERROR(INDEX(SINAPI!$C:$C,MATCH($C142,SINAPI!$A:$A,0)),\"\"),IF(B142=\"COMPOSIÇÃO\",IFERROR(INDEX(COMPOSIÇÃO!$D:$D,MATCH($C142,COMPOSIÇÃO!$A:$A,0)),\"\"),\"\"))","v":"M"},1519.66,{"$f":"IF(B142=\"SINAPI\",IFERROR(INDEX(SINAPI!$D:$D,MATCH($C142,SINAPI!$A:$A,0)),0),IF(B142=\"COMPOSIÇÃO\",IFERROR(INDEX(COMPOSIÇÃO!$G:$G,MATCH($C142,COMPOSIÇÃO!$A:$A,0)),0),0))","v":23.16},{"$f":"G142*(1+$I$10)","v":27.894960646955163},42390.86]
["8.2",null,null,"Estruturas Diversas",null,null,null,null,{"$f":"SUM(I144:I149)","v":74900.140000000014}]
["8.2.1","ORSE",8637,"Chapim de concreto pré-moldado","M",171.66,54.71,{"$f":"G144*(1+$I$10)","v":65.895220077500738},{"$f":"ROUND(F144*H144,2)","v":11311.57}]
["8.2.2","COMPOSIÇÃO","COMP-0510",{"$f":"IF(B145=\"SINAPI\",IFERROR(INDEX(SINAPI!$B:$B,MATCH($C145,SINAPI!$A:$A,0)),\"\"),IF(B145=\"COMPOSIÇÃO\",IFERROR(INDEX(COMPOSIÇÃO!$C:$C,MATCH($C145,COMPOSIÇÃO!$A:$A,0)),\"\"),\"\"))","v":"CHAPIM EM GRANITO POLIDO L=23cm (CONFORME PROJETO)"},{"$f":"IF(B145=\"SINAPI\",IFERROR(INDEX(SINAPI!$C:$C,MATCH($C145,SINAPI!$A:$A,0)),\"\"),IF(B145=\"COMPOSIÇÃO\",IFERROR(INDEX(COMPOSIÇÃO!$D:$D,MATCH($C145,COMPOSIÇÃO!$A:$A,0)),\"\"),\"\"))","v":"M2"},51.2,{"$f":"IF(B145=\"SINAPI\",IFERROR(INDEX(SINAPI!$D:$D,MATCH($C145,SINAPI!$A:$A,0)),0),IF(B145=\"COMPOSIÇÃO\",IFERROR(INDEX(COMPOSIÇÃO!$G:$G,MATCH($C145,COMPOSIÇÃO!$A:$A,0)),0),0))","v":232.80630099999999},280.40253042997404,14356.61]
["8.2.3","COMPOSIÇÃO","COMP-9071",{"$f":"IF(B146=\"SINAPI\",IFERROR(INDEX(SINAPI!$B:$B,MATCH($C146,SINAPI!$A:$A,0)),\"\"),IF(B146=\"COMPOSIÇÃO\",IFERROR(INDEX(COMPOSIÇÃO!$C:$C,MATCH($C146,COMPOSIÇÃO!$A:$A,0)),\"\"),\"\"))","v":"CHAPIM EM GRANITO POLIDO L=21cm (CONFORME PROJETO)"},{"$f":"IF(B146=\"SINAPI\",IFERROR(INDEX(SINAPI!$C:$C,MATCH($C146,SINAPI!$A:$A,0)),\"\"),IF(B146=\"COMPOSIÇÃO\",IFERROR(INDEX(COMPOSIÇÃO!$D:$D,MATCH($C146,COMPOSIÇÃO!$A:$A,0)),\"\"),\"\"))","v":"M2"},55.2,{"$f":"IF(B146=\"SINAPI\",IFERROR(INDEX(SINAPI!$D:$D,MATCH($C146,SINAPI!$A:$A,0)),0),IF(B146=\"COMPOSIÇÃO\",IFERROR(INDEX(COMPOSIÇÃO!$G:$G,MATCH($C146,COMPOSIÇÃO!$A:$A,0)),0),0))","v":224.35350099999999},270.22159246120964,14916.23]
["8.2.4","COMPOSIÇÃO","COMP-5600",{"$f":"IF(B147=\"SINAPI\",IFERROR(INDEX(SINAPI!$B:$B,MATCH($C147,SINAPI!$A:$A,0)),\"\"),IF(B147=\"COMPOSIÇÃO\",IFERROR(INDEX(COMPOSIÇÃO!$C:$C,MATCH($C147,COMPOSIÇÃO!$A:$A,0)),\"\"),\"\"))","v":"VERGAS E CONTRAVERGAS EM CONCRETO ESTRUTURADO COM ACO/FORMAS"},{"$f":"IF(B147=\"SINAPI\",IFERROR(INDEX(SINAPI!$C:$C,MATCH($C147,SINAPI!$A:$A,0)),\"\"),IF(B147=\"COMPOSIÇÃO\",IFERROR(INDEX(COMPOSIÇÃO!$D:$D,MATCH($C147,COMPOSIÇÃO!$A:$A,0)),\"\"),\"\"))","v":"M3"},12.79,{"$f":"IF(B147=\"SINAPI\",IFERROR(INDEX(SINAPI!$D:$D,MATCH($C147,SINAPI!$A:$A,0)),0),IF(B147=\"COMPOSIÇÃO\",IFERROR(INDEX(COMPOSIÇÃO!$G:$G,MATCH($C147,COMPOSIÇÃO!$A:$A,0)),0),0))","v":1084.23},1305.8960786808375,16702.41]
["8.2.5","COMPOSIÇÃO","COMP-8462",{"$f":"IF(B148=\"SINAPI\",IFERROR(INDEX(SINAPI!$B:$B,MATCH($C148,SINAPI!$A:$A,0)),\"\"),IF(B148=\"COMPOSIÇÃO\",IFERROR(INDEX(COMPOSIÇÃO!$C:$C,MATCH($C148,COMPOSIÇÃO!$A:$A,0)),\"\"),\"\"))","v":"ASSENTO DE BANCO EM PEÇAS DE MADEIRA CERTIFICADA (MAÇARANDUBA, CUMARÚ OU IPÊ) ESP.=3cm"},{"$f":"IF(B148=\"SINAPI\",IFERROR(INDEX(SINAPI!$C:$C,MATCH($C148,SINAPI!$A:$A,0)),\"\"),IF(B148=\"COMPOSIÇÃO\",IFERROR(INDEX(COMPOSIÇÃO!$D:$D,MATCH($C148,COMPOSIÇÃO!$A:$A,0)),\"\"),\"\"))","v":"M"},14.64,{"$f":"IF(B148=\"SINAPI\",IFERROR(INDEX(SINAPI!$D:$D,MATCH($C148,SINAPI!$A:$A,0)),0),IF(B148=\"COMPOSIÇÃO\",IFERROR(INDEX(COMPOSIÇÃO!$G:$G,MATCH($C148,COMPOSIÇÃO!$A:$A,0)),0),0))","v":775.49117000000001},934.03694599357584,13674.3]
["8.2.6","SINAPI",100862,"SUPORTE MÃO FRANCESA EM ACO, ABAS IGUAIS 40 CM, CAPACIDADE MINIMA 70 KG, BRANCO - FORNECIMENTO E INSTALAÇÃO. AF_01/2020",{"$f":"IF(B149=\"SINAPI\",IFERROR(INDEX(SINAPI!$C:$C,MATCH($C149,SINAPI!$A:$A,0)),\"\"),IF(B149=\"COMPOSIÇÃO\",IFERROR(INDEX(COMPOSIÇÃO!$D:$D,MATCH($C149,COMPOSIÇÃO!$A:$A,0)),\"\"),\"\"))","v":"UN"},80,{"$f":"IF(B149=\"SINAPI\",IFERROR(INDEX(SINAPI!$D:$D,MATCH($C149,SINAPI!$A:$A,0)),0),IF(B149=\"COMPOSIÇÃO\",IFERROR(INDEX(COMPOSIÇÃO!$G:$G,MATCH($C149,COMPOSIÇÃO!$A:$A,0)),0),0))","v":40.880000000000003},49.237737100497718,3939.02]
["8.3",null,null,"Divisórias",null,null,null,null,{"$f":"SUM(I151)","v":27536.18}]
["8.3.1","COMPOSIÇÃO","COMP-9589",{"$f":"IF(B151=\"SINAPI\",IFERROR(INDEX(SINAPI!$B:$B,MATCH($C151,SINAPI!$A:$A,0)),\"\"),IF(B151=\"COMPOSIÇÃO\",IFERROR(INDEX(COMPOSIÇÃO!$C:$C,MATCH($C151,COMPOSIÇÃO!$A:$A,0)),\"\"),\"\"))","v":"DIVISÓRIA DE GRANITO CINZA E=2cm"},{"$f":"IF(B151=\"SINAPI\",IFERROR(INDEX(SINAPI!$C:$C,MATCH($C151,SINAPI!$A:$A,0)),\"\"),IF(B151=\"COMPOSIÇÃO\",IFERROR(INDEX(COMPOSIÇÃO!$D:$D,MATCH($C151,COMPOSIÇÃO!$A:$A,0)),\"\"),\"\"))","v":"M2"},37.85,{"$f":"IF(B151=\"SINAPI\",IFERROR(INDEX(SINAPI!$D:$D,MATCH($C151,SINAPI!$A:$A,0)),0),IF(B151=\"COMPOSIÇÃO\",IFERROR(INDEX(COMPOSIÇÃO!$G:$G,MATCH($C151,COMPOSIÇÃO!$A:$A,0)),0),0))","v":604.01910100000009},{"$f":"G151*(1+$I$10)","v":727.50816288446629},{"$f":"ROUND(F151*H151,2)","v":27536.18}]
["9.0",null,null,"REVESTIMENTOS  ",null,null,null,null,{"$f":"I153+I157+I160+I164+I169","v":681660.11}]
["9.1",null,null,"Revestimento de Parede em Massa",null,null,null,null,{"$f":"SUM(I154:I156)","v":332748.13}]
["9.1.1","SINAPI",87894,{"$f":"IF(B154=\"SINAPI\",IFERROR(INDEX(SINAPI!$B:$B,MATCH($C154,SINAPI!$A:$A,0)),\"\"),IF(B154=\"COMPOSIÇÃO\",IFERROR(INDEX(COMPOSIÇÃO!$C:$C,MATCH($C154,COMPOSIÇÃO!$A:$A,0)),\"\"),\"\"))","v":"CHAPISCO APLICADO EM ALVENARIA (SEM PRESENÇA DE VÃOS) E ESTRUTURAS DE CONCRETO DE FACHADA, COM COLHER DE PEDREIRO.  ARGAMASSA TRAÇO 1:3 COM PREPARO EM BETONEIRA 400L. AF_06/2014"},{"$f":"IF(B154=\"SINAPI\",IFERROR(INDEX(SINAPI!$C:$C,MATCH($C154,SINAPI!$A:$A,0)),\"\"),IF(B154=\"COMPOSIÇÃO\",IFERROR(INDEX(COMPOSIÇÃO!$D:$D,MATCH($C154,COMPOSIÇÃO!$A:$A,0)),\"\"),\"\"))","v":"M2"},6388.54,{"$f":"IF(B154=\"SINAPI\",IFERROR(INDEX(SINAPI!$D:$D,MATCH($C154,SINAPI!$A:$A,0)),0),IF(B154=\"COMPOSIÇÃO\",IFERROR(INDEX(COMPOSIÇÃO!$G:$G,MATCH($C154,COMPOSIÇÃO!$A:$A,0)),0),0))","v":5.19},{"$f":"G154*(1+$I$10)","v":6.2510727874653416},{"$f":"ROUND(F154*H154,2)","v":39935.230000000003}]
["9.1.2","SINAPI",87535,{"$f":"IF(B155=\"SINAPI\",IFERROR(INDEX(SINAPI!$B:$B,MATCH($C155,SINAPI!$A:$A,0)),\"\"),IF(B155=\"COMPOSIÇÃO\",IFERROR(INDEX(COMPOSIÇÃO!$C:$C,MATCH($C155,COMPOSIÇÃO!$A:$A,0)),\"\"),\"\"))","v":"EMBOÇO, PARA RECEBIMENTO DE CERÂMICA, EM ARGAMASSA TRAÇO 1:2:8, PREPARO MECÂNICO COM BETONEIRA 400L, APLICADO MANUALMENTE EM FACES INTERNAS DE PAREDES, PARA AMBIENTE COM ÁREA  MAIOR QUE 10M2, ESPESSURA DE 20MM, COM EXECUÇÃO DE TALISCAS. AF_06/2014"},{"$f":"IF(B155=\"SINAPI\",IFERROR(INDEX(SINAPI!$C:$C,MATCH($C155,SINAPI!$A:$A,0)),\"\"),IF(B155=\"COMPOSIÇÃO\",IFERROR(INDEX(COMPOSIÇÃO!$D:$D,MATCH($C155,COMPOSIÇÃO!$A:$A,0)),\"\"),\"\"))","v":"M2"},6388.54,{"$f":"IF(B155=\"SINAPI\",IFERROR(INDEX(SINAPI!$D:$D,MATCH($C155,SINAPI!$A:$A,0)),0),IF(B155=\"COMPOSIÇÃO\",IFERROR(INDEX(COMPOSIÇÃO!$G:$G,MATCH($C155,COMPOSIÇÃO!$A:$A,0)),0),0))","v":23.74},{"$f":"G155*(1+$I$10)","v":28.593539108752829},182670.97]
["9.1.3","SINAPI",87529,{"$f":"IF(B156=\"SINAPI\",IFERROR(INDEX(SINAPI!$B:$B,MATCH($C156,SINAPI!$A:$A,0)),\"\"),IF(B156=\"COMPOSIÇÃO\",IFERROR(INDEX(COMPOSIÇÃO!$C:$C,MATCH($C156,COMPOSIÇÃO!$A:$A,0)),\"\"),\"\"))","v":"MASSA ÚNICA, PARA RECEBIMENTO DE PINTURA, EM ARGAMASSA TRAÇO 1:2:8, PREPARO MECÂNICO COM BETONEIRA 400L, APLICADA MANUALMENTE EM FACES INTERNAS DE PAREDES, ESPESSURA DE 20MM, COM EXECUÇÃO DE TALISCAS. AF_06/2014"},{"$f":"IF(B156=\"SINAPI\",IFERROR(INDEX(SINAPI!$C:$C,MATCH($C156,SINAPI!$A:$A,0)),\"\"),IF(B156=\"COMPOSIÇÃO\",IFERROR(INDEX(COMPOSIÇÃO!$D:$D,MATCH($C156,COMPOSIÇÃO!$A:$A,0)),\"\"),\"\"))","v":"M2"},3319.28,{"$f":"IF(B156=\"SINAPI\",IFERROR(INDEX(SINAPI!$D:$D,MATCH($C156,SINAPI!$A:$A,0)),0),IF(B156=\"COMPOSIÇÃO\",IFERROR(INDEX(COMPOSIÇÃO!$G:$G,MATCH($C156,COMPOSIÇÃO!$A:$A,0)),0),0))","v":27.55},{"$f":"G156*(1+$I$10)","v":33.182476935389239},110141.93]
["9.2",null,null,"Revestimento de Teto em Massa",null,null,null,null,{"$f":"SUM(I158:I159)","v":17794.239999999998}]
["9.2.1","SINAPI",87893,{"$f":"IF(B158=\"SINAPI\",IFERROR(INDEX(SINAPI!$B:$B,MATCH($C158,SINAPI!$A:$A,0)),\"\"),IF(B158=\"COMPOSIÇÃO\",IFERROR(INDEX(COMPOSIÇÃO!$C:$C,MATCH($C158,COMPOSIÇÃO!$A:$A,0)),\"\"),\"\"))","v":"CHAPISCO APLICADO EM ALVENARIA (SEM PRESENÇA DE VÃOS) E ESTRUTURAS DE CONCRETO DE FACHADA, COM COLHER DE PEDREIRO.  ARGAMASSA TRAÇO 1:3 COM PREPARO MANUAL. AF_06/2014"},{"$f":"IF(B158=\"SINAPI\",IFERROR(INDEX(SINAPI!$C:$C,MATCH($C158,SINAPI!$A:$A,0)),\"\"),IF(B158=\"COMPOSIÇÃO\",IFERROR(INDEX(COMPOSIÇÃO!$D:$D,MATCH($C158,COMPOSIÇÃO!$A:$A,0)),\"\"),\"\"))","v":"M2"},573.5,{"$f":"IF(B158=\"SINAPI\",IFERROR(INDEX(SINAPI!$D:$D,MATCH($C158,SINAPI!$A:$A,0)),0),IF(B158=\"COMPOSIÇÃO\",IFERROR(INDEX(COMPOSIÇÃO!$G:$G,MATCH($C158,COMPOSIÇÃO!$A:$A,0)),0),0))","v":5.63},{"$f":"G158*(1+$I$10)","v":6.781028861932537},{"$f":"ROUND(F158*H158,2)","v":3888.92}]
["9.2.2","SINAPI",87535,{"$f":"IF(B159=\"SINAPI\",IFERROR(INDEX(SINAPI!$B:$B,MATCH($C159,SINAPI!$A:$A,0)),\"\"),IF(B159=\"COMPOSIÇÃO\",IFERROR(INDEX(COMPOSIÇÃO!$C:$C,MATCH($C159,COMPOSIÇÃO!$A:$A,0)),\"\"),\"\"))","v":"EMBOÇO, PARA RECEBIMENTO DE CERÂMICA, EM ARGAMASSA TRAÇO 1:2:8, PREPARO MECÂNICO COM BETONEIRA 400L, APLICADO MANUALMENTE EM FACES INTERNAS DE PAREDES, PARA AMBIENTE COM ÁREA  MAIOR QUE 10M2, ESPESSURA DE 20MM, COM EXECUÇÃO DE TALISCAS. AF_06/2014"},{"$f":"IF(B159=\"SINAPI\",IFERROR(INDEX(SINAPI!$C:$C,MATCH($C159,SINAPI!$A:$A,0)),\"\"),IF(B159=\"COMPOSIÇÃO\",IFERROR(INDEX(COMPOSIÇÃO!$D:$D,MATCH($C159,COMPOSIÇÃO!$A:$A,0)),\"\"),\"\"))","v":"M2"},486.31,{"$f":"IF(B159=\"SINAPI\",IFERROR(INDEX(SINAPI!$D:$D,MATCH($C159,SINAPI!$A:$A,0)),0),IF(B159=\"COMPOSIÇÃO\",IFERROR(INDEX(COMPOSIÇÃO!$G:$G,MATCH($C159,COMPOSIÇÃO!$A:$A,0)),0),0))","v":23.74},{"$f":"G159*(1+$I$10)","v":28.593539108752829},13905.32]
["9.3",null,null,"Revestimento Cerâmico",{"$f":"IF(B160=\"SINAPI\",IFERROR(INDEX(SINAPI!$C:$C,MATCH($C160,SINAPI!$A:$A,0)),\"\"),IF(B160=\"COMPOSIÇÃO\",IFERROR(INDEX(COMPOSIÇÃO!$D:$D,MATCH($C160,COMPOSIÇÃO!$A:$A,0)),\"\"),\"\"))","v":""},null,null,null,{"$f":"SUM(I161:I163)","v":99113.81}]
["9.3.1","COMPOSIÇÃO","IFMT 233.08.2020",{"$f":"IF(B161=\"SINAPI\",IFERROR(INDEX(SINAPI!$B:$B,MATCH($C161,SINAPI!$A:$A,0)),\"\"),IF(B161=\"COMPOSIÇÃO\",IFERROR(INDEX(COMPOSIÇÃO!$C:$C,MATCH($C161,COMPOSIÇÃO!$A:$A,0)),\"\"),\"\"))","v":"CANTONEIRA DE ALUMINIO 1\"X1\u0094, PARA PROTECAO DE QUINA DE PAREDE"},{"$f":"IF(B161=\"SINAPI\",IFERROR(INDEX(SINAPI!$C:$C,MATCH($C161,SINAPI!$A:$A,0)),\"\"),IF(B161=\"COMPOSIÇÃO\",IFERROR(INDEX(COMPOSIÇÃO!$D:$D,MATCH($C161,COMPOSIÇÃO!$A:$A,0)),\"\"),\"\"))","v":"M"},33,{"$f":"IF(B161=\"SINAPI\",IFERROR(INDEX(SINAPI!$D:$D,MATCH($C161,SINAPI!$A:$A,0)),0),IF(B161=\"COMPOSIÇÃO\",IFERROR(INDEX(COMPOSIÇÃO!$G:$G,MATCH($C161,COMPOSIÇÃO!$A:$A,0)),0),0))","v":38.763999999999996},{"$f":"G161*(1+$I$10)","v":46.689130160560012},{"$f":"ROUND(F161*H161,2)","v":1540.74}]
["9.3.2","COMPOSIÇÃO","COMP-6004",{"$f":"IF(B162=\"SINAPI\",IFERROR(INDEX(SINAPI!$B:$B,MATCH($C162,SINAPI!$A:$A,0)),\"\"),IF(B162=\"COMPOSIÇÃO\",IFERROR(INDEX(COMPOSIÇÃO!$C:$C,MATCH($C162,COMPOSIÇÃO!$A:$A,0)),\"\"),\"\"))","v":"REVESTIMENTO CERÂMICO PARA PAREDES INTERNAS COM PLACAS TIPO ESMALTADA EXTRA DE DIMENSÕES 10X10 CM APLICADAS EM AMBIENTES DE ÁREA MAIOR QUE 5 M² A MEIA ALTURA DAS PAREDES. AF_06/2014"},{"$f":"IF(B162=\"SINAPI\",IFERROR(INDEX(SINAPI!$C:$C,MATCH($C162,SINAPI!$A:$A,0)),\"\"),IF(B162=\"COMPOSIÇÃO\",IFERROR(INDEX(COMPOSIÇÃO!$D:$D,MATCH($C162,COMPOSIÇÃO!$A:$A,0)),\"\"),\"\"))","v":"M2"},1212.6199999999999,{"$f":"IF(B162=\"SINAPI\",IFERROR(INDEX(SINAPI!$D:$D,MATCH($C162,SINAPI!$A:$A,0)),0),IF(B162=\"COMPOSIÇÃO\",IFERROR(INDEX(COMPOSIÇÃO!$G:$G,MATCH($C162,COMPOSIÇÃO!$A:$A,0)),0),0))","v":56.521899999999995},{"$f":"G162*(1+$I$10)","v":68.077555103244165},82552.2]
["9.3.3","SINAPI",87267,{"$f":"IF(B163=\"SINAPI\",IFERROR(INDEX(SINAPI!$B:$B,MATCH($C163,SINAPI!$A:$A,0)),\"\"),IF(B163=\"COMPOSIÇÃO\",IFERROR(INDEX(COMPOSIÇÃO!$C:$C,MATCH($C163,COMPOSIÇÃO!$A:$A,0)),\"\"),\"\"))","v":"REVESTIMENTO CERÂMICO PARA PAREDES INTERNAS COM PLACAS TIPO ESMALTADA EXTRA DE DIMENSÕES 20X20 CM APLICADAS EM AMBIENTES DE ÁREA MAIOR QUE 5 M² A MEIA ALTURA DAS PAREDES. AF_06/2014"},{"$f":"IF(B163=\"SINAPI\",IFERROR(INDEX(SINAPI!$C:$C,MATCH($C163,SINAPI!$A:$A,0)),\"\"),IF(B163=\"COMPOSIÇÃO\",IFERROR(INDEX(COMPOSIÇÃO!$D:$D,MATCH($C163,COMPOSIÇÃO!$A:$A,0)),\"\"),\"\"))","v":"M2"},220.69,{"$f":"IF(B163=\"SINAPI\",IFERROR(INDEX(SINAPI!$D:$D,MATCH($C163,SINAPI!$A:$A,0)),0),IF(B163=\"COMPOSIÇÃO\",IFERROR(INDEX(COMPOSIÇÃO!$G:$G,MATCH($C163,COMPOSIÇÃO!$A:$A,0)),0),0))","v":56.51},{"$f":"G163*(1+$I$10)","v":68.063222200321079},15020.87]
["9.4",null,null,"Revestimento de Forro em Gesso ",null,null,null,null,{"$f":"SUM(I165:I168)","v":203071.92}]
["9.4.1","COMPOSIÇÃO","COMP-7702",{"$f":"IF(B165=\"SINAPI\",IFERROR(INDEX(SINAPI!$B:$B,MATCH($C165,SINAPI!$A:$A,0)),\"\"),IF(B165=\"COMPOSIÇÃO\",IFERROR(INDEX(COMPOSIÇÃO!$C:$C,MATCH($C165,COMPOSIÇÃO!$A:$A,0)),\"\"),\"\"))","v":"FORRO EM PLACAS DE GESSO, PARA AMBIENTES COMERCIAIS. AF_05/2017_P"},{"$f":"IF(B165=\"SINAPI\",IFERROR(INDEX(SINAPI!$C:$C,MATCH($C165,SINAPI!$A:$A,0)),\"\"),IF(B165=\"COMPOSIÇÃO\",IFERROR(INDEX(COMPOSIÇÃO!$D:$D,MATCH($C165,COMPOSIÇÃO!$A:$A,0)),\"\"),\"\"))","v":"M2"},1797.05,{"$f":"IF(B165=\"SINAPI\",IFERROR(INDEX(SINAPI!$D:$D,MATCH($C165,SINAPI!$A:$A,0)),0),IF(B165=\"COMPOSIÇÃO\",IFERROR(INDEX(COMPOSIÇÃO!$G:$G,MATCH($C165,COMPOSIÇÃO!$A:$A,0)),0),0))","v":56.811279000000006},{"$f":"G165*(1+$I$10)","v":68.426096373410644},{"$f":"ROUND(F165*H165,2)","v":122965.12}]
["9.4.2","COMPOSIÇÃO","COMP-8777",{"$f":"IF(B166=\"SINAPI\",IFERROR(INDEX(SINAPI!$B:$B,MATCH($C166,SINAPI!$A:$A,0)),\"\"),IF(B166=\"COMPOSIÇÃO\",IFERROR(INDEX(COMPOSIÇÃO!$C:$C,MATCH($C166,COMPOSIÇÃO!$A:$A,0)),\"\"),\"\"))","v":"TABICA METÁLICA 3x3cm PARA FORRO DE GESSO FORNECIMENTO E MONTAGEM"},{"$f":"IF(B166=\"SINAPI\",IFERROR(INDEX(SINAPI!$C:$C,MATCH($C166,SINAPI!$A:$A,0)),\"\"),IF(B166=\"COMPOSIÇÃO\",IFERROR(INDEX(COMPOSIÇÃO!$D:$D,MATCH($C166,COMPOSIÇÃO!$A:$A,0)),\"\"),\"\"))","v":"M2"},1519.66,{"$f":"IF(B166=\"SINAPI\",IFERROR(INDEX(SINAPI!$D:$D,MATCH($C166,SINAPI!$A:$A,0)),0),IF(B166=\"COMPOSIÇÃO\",IFERROR(INDEX(COMPOSIÇÃO!$G:$G,MATCH($C166,COMPOSIÇÃO!$A:$A,0)),0),0))","v":15.410000000000002},{"$f":"G166*(1+$I$10)","v":18.560507062589771},28205.66]
["9.4.3","COMPOSIÇÃO","COMP-0595",{"$f":"IF(B167=\"SINAPI\",IFERROR(INDEX(SINAPI!$B:$B,MATCH($C167,SINAPI!$A:$A,0)),\"\"),IF(B167=\"COMPOSIÇÃO\",IFERROR(INDEX(COMPOSIÇÃO!$C:$C,MATCH($C167,COMPOSIÇÃO!$A:$A,0)),\"\"),\"\"))","v":"FORRO ACÚSTICO TIPO \"SONEX\" EM PLACAS DE FIBRA MINERAL C/PERFIL \"T\" EM AÇO - FORNECIMENTO E MONTAGEM"},{"$f":"IF(B167=\"SINAPI\",IFERROR(INDEX(SINAPI!$C:$C,MATCH($C167,SINAPI!$A:$A,0)),\"\"),IF(B167=\"COMPOSIÇÃO\",IFERROR(INDEX(COMPOSIÇÃO!$D:$D,MATCH($C167,COMPOSIÇÃO!$A:$A,0)),\"\"),\"\"))","v":"M2"},211.5,{"$f":"IF(B167=\"SINAPI\",IFERROR(INDEX(SINAPI!$D:$D,MATCH($C167,SINAPI!$A:$A,0)),0),IF(B167=\"COMPOSIÇÃO\",IFERROR(INDEX(COMPOSIÇÃO!$G:$G,MATCH($C167,COMPOSIÇÃO!$A:$A,0)),0),0))","v":169.70007100000001},{"$f":"G167*(1+$I$10)","v":204.3945078726467},43229.440000000002]
["9.4.4","COMPOSIÇÃO","COMP-5303",{"$f":"IF(B168=\"SINAPI\",IFERROR(INDEX(SINAPI!$B:$B,MATCH($C168,SINAPI!$A:$A,0)),\"\"),IF(B168=\"COMPOSIÇÃO\",IFERROR(INDEX(COMPOSIÇÃO!$C:$C,MATCH($C168,COMPOSIÇÃO!$A:$A,0)),\"\"),\"\"))","v":"PERFIL DE ALUMÍNIO TIPO ( L- T- U )"},{"$f":"IF(B168=\"SINAPI\",IFERROR(INDEX(SINAPI!$C:$C,MATCH($C168,SINAPI!$A:$A,0)),\"\"),IF(B168=\"COMPOSIÇÃO\",IFERROR(INDEX(COMPOSIÇÃO!$D:$D,MATCH($C168,COMPOSIÇÃO!$A:$A,0)),\"\"),\"\"))","v":"M"},86.7,{"$f":"IF(B168=\"SINAPI\",IFERROR(INDEX(SINAPI!$D:$D,MATCH($C168,SINAPI!$A:$A,0)),0),IF(B168=\"COMPOSIÇÃO\",IFERROR(INDEX(COMPOSIÇÃO!$G:$G,MATCH($C168,COMPOSIÇÃO!$A:$A,0)),0),0))","v":83.042000000000002},{"$f":"G168*(1+$I$10)","v":100.01957349069303},8671.7000000000007]
["9.5",null,null,"Revestimento de Fachada",null,null,null,null,{"$f":"SUM(I170:I172)","v":28932.010000000002}]
["9.5.1","COMPOSIÇÃO","COMP-785422",{"$f":"IF(B170=\"SINAPI\",IFERROR(INDEX(SINAPI!$B:$B,MATCH($C170,SINAPI!$A:$A,0)),\"\"),IF(B170=\"COMPOSIÇÃO\",IFERROR(INDEX(COMPOSIÇÃO!$C:$C,MATCH($C170,COMPOSIÇÃO!$A:$A,0)),\"\"),\"\"))","v":"PLACA CIMENTÍCIA ESP = 8mm EM FACHADAS FIXADA EM ESTRUTURA METÁLICA"},{"$f":"IF(B170=\"SINAPI\",IFERROR(INDEX(SINAPI!$C:$C,MATCH($C170,SINAPI!$A:$A,0)),\"\"),IF(B170=\"COMPOSIÇÃO\",IFERROR(INDEX(COMPOSIÇÃO!$D:$D,MATCH($C170,COMPOSIÇÃO!$A:$A,0)),\"\"),\"\"))","v":"M2"},97.44,{"$f":"IF(B170=\"SINAPI\",IFERROR(INDEX(SINAPI!$D:$D,MATCH($C170,SINAPI!$A:$A,0)),0),IF(B170=\"COMPOSIÇÃO\",IFERROR(INDEX(COMPOSIÇÃO!$G:$G,MATCH($C170,COMPOSIÇÃO!$A:$A,0)),0),0))","v":224.99881999999999},{"$f":"G170*(1+$I$10)","v":270.99884410670762},{"$f":"ROUND(F170*H170,2)","v":26406.13}]
["9.5.2","ORSE",9085,"Moldura pre-moldada de concreto, pintada com selador acrílico e resina acrílica incolor (fornecimento e assentamento)","M3",0.91,903.66,{"$f":"G171*(1+$I$10)","v":1088.4093323932427},990.45]
["9.5.3","COMPOSIÇÃO","COMP-2312",{"$f":"IF(B172=\"SINAPI\",IFERROR(INDEX(SINAPI!$B:$B,MATCH($C172,SINAPI!$A:$A,0)),\"\"),IF(B172=\"COMPOSIÇÃO\",IFERROR(INDEX(COMPOSIÇÃO!$C:$C,MATCH($C172,COMPOSIÇÃO!$A:$A,0)),\"\"),\"\"))","v":"PINGADOR METÁLICO EM PERFIL \"U\""},{"$f":"IF(B172=\"SINAPI\",IFERROR(INDEX(SINAPI!$C:$C,MATCH($C172,SINAPI!$A:$A,0)),\"\"),IF(B172=\"COMPOSIÇÃO\",IFERROR(INDEX(COMPOSIÇÃO!$D:$D,MATCH($C172,COMPOSIÇÃO!$A:$A,0)),\"\"),\"\"))","v":"M"},30.32,{"$f":"IF(B172=\"SINAPI\",IFERROR(INDEX(SINAPI!$D:$D,MATCH($C172,SINAPI!$A:$A,0)),0),IF(B172=\"COMPOSIÇÃO\",IFERROR(INDEX(COMPOSIÇÃO!$G:$G,MATCH($C172,COMPOSIÇÃO!$A:$A,0)),0),0))","v":42.045000000000002},{"$f":"G172*(1+$I$10)","v":50.640916252212001},1535.43]
["10.0",null,null,"PAVIMENTAÇÃO",null,null,null,null,{"$f":"I174+I178+I191+I211+I215","v":1441708.8399999999}]
["10.1",null,null,"Base\t\t\t\t\t",null,null,null,null,{"$f":"SUM(I175:I177)","v":222334.47999999998}]
["10.1.1","COMPOSIÇÃO","IFMT 234.08.2020",{"$f":"IF(B175=\"SINAPI\",IFERROR(INDEX(SINAPI!$B:$B,MATCH($C175,SINAPI!$A:$A,0)),\"\"),IF(B175=\"COMPOSIÇÃO\",IFERROR(INDEX(COMPOSIÇÃO!$C:$C,MATCH($C175,COMPOSIÇÃO!$A:$A,0)),\"\"),\"\"))","v":"LASTRO DE CONCRETO, PREPARO MECÂNICO, INCLUSOS ADITIVO IMPERMEABILIZANTE, LANÇAMENTO E ADENSAMENTO"},{"$f":"IF(B175=\"SINAPI\",IFERROR(INDEX(SINAPI!$C:$C,MATCH($C175,SINAPI!$A:$A,0)),\"\"),IF(B175=\"COMPOSIÇÃO\",IFERROR(INDEX(COMPOSIÇÃO!$D:$D,MATCH($C175,COMPOSIÇÃO!$A:$A,0)),\"\"),\"\"))","v":"M3"},100.87,{"$f":"IF(B175=\"SINAPI\",IFERROR(INDEX(SINAPI!$D:$D,MATCH($C175,SINAPI!$A:$A,0)),0),IF(B175=\"COMPOSIÇÃO\",IFERROR(INDEX(COMPOSIÇÃO!$G:$G,MATCH($C175,COMPOSIÇÃO!$A:$A,0)),0),0))","v":542.30999999999995},{"$f":"G175*(1+$I$10)","v":653.18290623705752},{"$f":"ROUND(F175*H175,2)","v":65886.559999999998}]
["10.1.2","COMPOSIÇÃO","COMP-222437",{"$f":"IF(B176=\"SINAPI\",IFERROR(INDEX(SINAPI!$B:$B,MATCH($C176,SINAPI!$A:$A,0)),\"\"),IF(B176=\"COMPOSIÇÃO\",IFERROR(INDEX(COMPOSIÇÃO!$C:$C,MATCH($C176,COMPOSIÇÃO!$A:$A,0)),\"\"),\"\"))","v":"REGULARIZAÇÃO DE BASE - CONTRAPISO"},{"$f":"IF(B176=\"SINAPI\",IFERROR(INDEX(SINAPI!$C:$C,MATCH($C176,SINAPI!$A:$A,0)),\"\"),IF(B176=\"COMPOSIÇÃO\",IFERROR(INDEX(COMPOSIÇÃO!$D:$D,MATCH($C176,COMPOSIÇÃO!$A:$A,0)),\"\"),\"\"))","v":"M2"},69.12,{"$f":"IF(B176=\"SINAPI\",IFERROR(INDEX(SINAPI!$D:$D,MATCH($C176,SINAPI!$A:$A,0)),0),IF(B176=\"COMPOSIÇÃO\",IFERROR(INDEX(COMPOSIÇÃO!$G:$G,MATCH($C176,COMPOSIÇÃO!$A:$A,0)),0),0))","v":45.754360999999996},{"$f":"G176*(1+$I$10)","v":55.108639875715888},3809.11]
["10.1.3","COMPOSIÇÃO","COMP-222438",{"$f":"IF(B177=\"SINAPI\",IFERROR(INDEX(SINAPI!$B:$B,MATCH($C177,SINAPI!$A:$A,0)),\"\"),IF(B177=\"COMPOSIÇÃO\",IFERROR(INDEX(COMPOSIÇÃO!$C:$C,MATCH($C177,COMPOSIÇÃO!$A:$A,0)),\"\"),\"\"))","v":"REGULARIZACAO DE PISO/BASE EM ARGAMASSA TRACO 1:3 (CIMENTO E AREIA GROSSA SEM PENEIRAR), ESPESSURA 3,0CM, PREPARO MECANICO"},{"$f":"IF(B177=\"SINAPI\",IFERROR(INDEX(SINAPI!$C:$C,MATCH($C177,SINAPI!$A:$A,0)),\"\"),IF(B177=\"COMPOSIÇÃO\",IFERROR(INDEX(COMPOSIÇÃO!$D:$D,MATCH($C177,COMPOSIÇÃO!$A:$A,0)),\"\"),\"\"))","v":"M2"},2769.78,{"$f":"IF(B177=\"SINAPI\",IFERROR(INDEX(SINAPI!$D:$D,MATCH($C177,SINAPI!$A:$A,0)),0),IF(B177=\"COMPOSIÇÃO\",IFERROR(INDEX(COMPOSIÇÃO!$G:$G,MATCH($C177,COMPOSIÇÃO!$A:$A,0)),0),0))","v":45.754360999999996},{"$f":"G177*(1+$I$10)","v":55.108639875715888},152638.81]
["10.2",null,null,"Acabamento\t\t\t\t\t",null,null,null,null,{"$f":"SUM(I179:I190)","v":477182.1399999999}]
["10.2.1","COMPOSIÇÃO","IFMT 235.08.2020",{"$f":"COMPOSIÇÃO!C2878","v":"PISO INDUSTRIAL ALTA RESISTENCIA, ESPESSURA 12MM, INCLUSO JUNTAS DE DILATACAO PLASTICAS E POLIMENTO MECANIZADO"},{"$f":"IF(B179=\"SINAPI\",IFERROR(INDEX(SINAPI!$C:$C,MATCH($C179,SINAPI!$A:$A,0)),\"\"),IF(B179=\"COMPOSIÇÃO\",IFERROR(INDEX(COMPOSIÇÃO!$D:$D,MATCH($C179,COMPOSIÇÃO!$A:$A,0)),\"\"),\"\"))","v":"M2"},2475.1999999999998,{"$f":"IF(B179=\"SINAPI\",IFERROR(INDEX(SINAPI!$D:$D,MATCH($C179,SINAPI!$A:$A,0)),0),IF(B179=\"COMPOSIÇÃO\",IFERROR(INDEX(COMPOSIÇÃO!$G:$G,MATCH($C179,COMPOSIÇÃO!$A:$A,0)),0),0))","v":100.62026640000001},{"$f":"G179*(1+$I$10)","v":121.19163952997172},{"$f":"ROUND(F179*H179,2)","v":299973.55}]
["10.2.2","COMPOSIÇÃO","COMP-6074",{"$f":"IF(B180=\"SINAPI\",IFERROR(INDEX(SINAPI!$B:$B,MATCH($C180,SINAPI!$A:$A,0)),\"\"),IF(B180=\"COMPOSIÇÃO\",IFERROR(INDEX(COMPOSIÇÃO!$C:$C,MATCH($C180,COMPOSIÇÃO!$A:$A,0)),\"\"),\"\"))","v":"GRANITO POLIDO E=2cm, CINZA, ARGAMASSA DE CIMENTO E AREIA 1:4, C/ REJUNTAMENTO"},{"$f":"IF(B180=\"SINAPI\",IFERROR(INDEX(SINAPI!$C:$C,MATCH($C180,SINAPI!$A:$A,0)),\"\"),IF(B180=\"COMPOSIÇÃO\",IFERROR(INDEX(COMPOSIÇÃO!$D:$D,MATCH($C180,COMPOSIÇÃO!$A:$A,0)),\"\"),\"\"))","v":"M2"},9.51,{"$f":"IF(B180=\"SINAPI\",IFERROR(INDEX(SINAPI!$D:$D,MATCH($C180,SINAPI!$A:$A,0)),0),IF(B180=\"COMPOSIÇÃO\",IFERROR(INDEX(COMPOSIÇÃO!$G:$G,MATCH($C180,COMPOSIÇÃO!$A:$A,0)),0),0))","v":358.65910100000002},431.98538463157678,4108.18]
["10.2.3","COMPOSIÇÃO","COMP-5935",{"$f":"IF(B181=\"SINAPI\",IFERROR(INDEX(SINAPI!$B:$B,MATCH($C181,SINAPI!$A:$A,0)),\"\"),IF(B181=\"COMPOSIÇÃO\",IFERROR(INDEX(COMPOSIÇÃO!$C:$C,MATCH($C181,COMPOSIÇÃO!$A:$A,0)),\"\"),\"\"))","v":"GRANITO CINZA SEM POLIMENTO, PEÇAS 50x50cm"},{"$f":"IF(B181=\"SINAPI\",IFERROR(INDEX(SINAPI!$C:$C,MATCH($C181,SINAPI!$A:$A,0)),\"\"),IF(B181=\"COMPOSIÇÃO\",IFERROR(INDEX(COMPOSIÇÃO!$D:$D,MATCH($C181,COMPOSIÇÃO!$A:$A,0)),\"\"),\"\"))","v":"M2"},120.06,{"$f":"IF(B181=\"SINAPI\",IFERROR(INDEX(SINAPI!$D:$D,MATCH($C181,SINAPI!$A:$A,0)),0),IF(B181=\"COMPOSIÇÃO\",IFERROR(INDEX(COMPOSIÇÃO!$G:$G,MATCH($C181,COMPOSIÇÃO!$A:$A,0)),0),0))","v":354.197901},426.61211181472891,51219.05]
["10.2.4","COMPOSIÇÃO","IFMT 241.08.2020",{"$f":"IF(B182=\"SINAPI\",IFERROR(INDEX(SINAPI!$B:$B,MATCH($C182,SINAPI!$A:$A,0)),\"\"),IF(B182=\"COMPOSIÇÃO\",IFERROR(INDEX(COMPOSIÇÃO!$C:$C,MATCH($C182,COMPOSIÇÃO!$A:$A,0)),\"\"),\"\"))","v":"PISO VINILICO SEMIFLEXIVEL PADRAO LISO, ESPESSURA 2MM, FIXADO COM COLA"},{"$f":"IF(B182=\"SINAPI\",IFERROR(INDEX(SINAPI!$C:$C,MATCH($C182,SINAPI!$A:$A,0)),\"\"),IF(B182=\"COMPOSIÇÃO\",IFERROR(INDEX(COMPOSIÇÃO!$D:$D,MATCH($C182,COMPOSIÇÃO!$A:$A,0)),\"\"),\"\"))","v":"M2"},174.52,{"$f":"IF(B182=\"SINAPI\",IFERROR(INDEX(SINAPI!$D:$D,MATCH($C182,SINAPI!$A:$A,0)),0),IF(B182=\"COMPOSIÇÃO\",IFERROR(INDEX(COMPOSIÇÃO!$G:$G,MATCH($C182,COMPOSIÇÃO!$A:$A,0)),0),0))","v":101.1611},121.84304419268982,21264.05]
["10.2.5","COMPOSIÇÃO","COMP-2801",{"$f":"IF(B183=\"SINAPI\",IFERROR(INDEX(SINAPI!$B:$B,MATCH($C183,SINAPI!$A:$A,0)),\"\"),IF(B183=\"COMPOSIÇÃO\",IFERROR(INDEX(COMPOSIÇÃO!$C:$C,MATCH($C183,COMPOSIÇÃO!$A:$A,0)),\"\"),\"\"))","v":"GRANITO POLIDO E=2cm, CINZA, ARGAMASSA DE CIMENTO E AREIA 1:4, C/ REJUNTAMENTO"},{"$f":"IF(B183=\"SINAPI\",IFERROR(INDEX(SINAPI!$C:$C,MATCH($C183,SINAPI!$A:$A,0)),\"\"),IF(B183=\"COMPOSIÇÃO\",IFERROR(INDEX(COMPOSIÇÃO!$D:$D,MATCH($C183,COMPOSIÇÃO!$A:$A,0)),\"\"),\"\"))","v":"M"},51.12,{"$f":"IF(B183=\"SINAPI\",IFERROR(INDEX(SINAPI!$D:$D,MATCH($C183,SINAPI!$A:$A,0)),0),IF(B183=\"COMPOSIÇÃO\",IFERROR(INDEX(COMPOSIÇÃO!$G:$G,MATCH($C183,COMPOSIÇÃO!$A:$A,0)),0),0))","v":206.35730100000001},248.54614812637658,12705.68]
["10.2.6","COMPOSIÇÃO","COMP-8083",{"$f":"IF(B184=\"SINAPI\",IFERROR(INDEX(SINAPI!$B:$B,MATCH($C184,SINAPI!$A:$A,0)),\"\"),IF(B184=\"COMPOSIÇÃO\",IFERROR(INDEX(COMPOSIÇÃO!$C:$C,MATCH($C184,COMPOSIÇÃO!$A:$A,0)),\"\"),\"\"))","v":"DEGRAU INDUSTRIAL MONOLÍTICO C/PINGADEIRA"},{"$f":"IF(B184=\"SINAPI\",IFERROR(INDEX(SINAPI!$C:$C,MATCH($C184,SINAPI!$A:$A,0)),\"\"),IF(B184=\"COMPOSIÇÃO\",IFERROR(INDEX(COMPOSIÇÃO!$D:$D,MATCH($C184,COMPOSIÇÃO!$A:$A,0)),\"\"),\"\"))","v":"M"},18,{"$f":"IF(B184=\"SINAPI\",IFERROR(INDEX(SINAPI!$D:$D,MATCH($C184,SINAPI!$A:$A,0)),0),IF(B184=\"COMPOSIÇÃO\",IFERROR(INDEX(COMPOSIÇÃO!$G:$G,MATCH($C184,COMPOSIÇÃO!$A:$A,0)),0),0))","v":73.954999999999984},89.074776107321611,1603.35]
["10.2.7","COMPOSIÇÃO","COMP-6762",{"$f":"IF(B185=\"SINAPI\",IFERROR(INDEX(SINAPI!$B:$B,MATCH($C185,SINAPI!$A:$A,0)),\"\"),IF(B185=\"COMPOSIÇÃO\",IFERROR(INDEX(COMPOSIÇÃO!$C:$C,MATCH($C185,COMPOSIÇÃO!$A:$A,0)),\"\"),\"\"))","v":"PATAMAR INDUSTRIAL MONOLÍTICO C/PINGADEIRA"},{"$f":"IF(B185=\"SINAPI\",IFERROR(INDEX(SINAPI!$C:$C,MATCH($C185,SINAPI!$A:$A,0)),\"\"),IF(B185=\"COMPOSIÇÃO\",IFERROR(INDEX(COMPOSIÇÃO!$D:$D,MATCH($C185,COMPOSIÇÃO!$A:$A,0)),\"\"),\"\"))","v":"M2"},4.45,{"$f":"IF(B185=\"SINAPI\",IFERROR(INDEX(SINAPI!$D:$D,MATCH($C185,SINAPI!$A:$A,0)),0),IF(B185=\"COMPOSIÇÃO\",IFERROR(INDEX(COMPOSIÇÃO!$G:$G,MATCH($C185,COMPOSIÇÃO!$A:$A,0)),0),0))","v":96.634999999999991},116.39160285485804,517.94000000000005]
["10.2.8","COMPOSIÇÃO","COMP-2124",{"$f":"IF(B186=\"SINAPI\",IFERROR(INDEX(SINAPI!$B:$B,MATCH($C186,SINAPI!$A:$A,0)),\"\"),IF(B186=\"COMPOSIÇÃO\",IFERROR(INDEX(COMPOSIÇÃO!$C:$C,MATCH($C186,COMPOSIÇÃO!$A:$A,0)),\"\"),\"\"))","v":"RODAPE VINILICO ALTURA 5CM, ESPESSURA 1MM, FIXADO COM COLA"},{"$f":"IF(B186=\"SINAPI\",IFERROR(INDEX(SINAPI!$C:$C,MATCH($C186,SINAPI!$A:$A,0)),\"\"),IF(B186=\"COMPOSIÇÃO\",IFERROR(INDEX(COMPOSIÇÃO!$D:$D,MATCH($C186,COMPOSIÇÃO!$A:$A,0)),\"\"),\"\"))","v":"M2"},60.27,{"$f":"IF(B186=\"SINAPI\",IFERROR(INDEX(SINAPI!$D:$D,MATCH($C186,SINAPI!$A:$A,0)),0),IF(B186=\"COMPOSIÇÃO\",IFERROR(INDEX(COMPOSIÇÃO!$G:$G,MATCH($C186,COMPOSIÇÃO!$A:$A,0)),0),0))","v":27.033679999999997},32.560597570914453,1962.43]
["10.2.9","COMPOSIÇÃO","COMP-5349",{"$f":"IF(B187=\"SINAPI\",IFERROR(INDEX(SINAPI!$B:$B,MATCH($C187,SINAPI!$A:$A,0)),\"\"),IF(B187=\"COMPOSIÇÃO\",IFERROR(INDEX(COMPOSIÇÃO!$C:$C,MATCH($C187,COMPOSIÇÃO!$A:$A,0)),\"\"),\"\"))","v":"TESTEIRA PARA PISO VINÍLICO 7,5CM"},{"$f":"IF(B187=\"SINAPI\",IFERROR(INDEX(SINAPI!$C:$C,MATCH($C187,SINAPI!$A:$A,0)),\"\"),IF(B187=\"COMPOSIÇÃO\",IFERROR(INDEX(COMPOSIÇÃO!$D:$D,MATCH($C187,COMPOSIÇÃO!$A:$A,0)),\"\"),\"\"))","v":"M"},103,{"$f":"IF(B187=\"SINAPI\",IFERROR(INDEX(SINAPI!$D:$D,MATCH($C187,SINAPI!$A:$A,0)),0),IF(B187=\"COMPOSIÇÃO\",IFERROR(INDEX(COMPOSIÇÃO!$G:$G,MATCH($C187,COMPOSIÇÃO!$A:$A,0)),0),0))","v":37.49568},45.161507686995847,4651.6400000000003]
["10.2.10","SINAPI",98679,{"$f":"IF(B188=\"SINAPI\",IFERROR(INDEX(SINAPI!$B:$B,MATCH($C188,SINAPI!$A:$A,0)),\"\"),IF(B188=\"COMPOSIÇÃO\",IFERROR(INDEX(COMPOSIÇÃO!$C:$C,MATCH($C188,COMPOSIÇÃO!$A:$A,0)),\"\"),\"\"))","v":"PISO CIMENTADO, TRAÇO 1:3 (CIMENTO E AREIA), ACABAMENTO LISO, ESPESSURA 2,0 CM, PREPARO MECÂNICO DA ARGAMASSA. AF_09/2020"},{"$f":"IF(B188=\"SINAPI\",IFERROR(INDEX(SINAPI!$C:$C,MATCH($C188,SINAPI!$A:$A,0)),\"\"),IF(B188=\"COMPOSIÇÃO\",IFERROR(INDEX(COMPOSIÇÃO!$D:$D,MATCH($C188,COMPOSIÇÃO!$A:$A,0)),\"\"),\"\"))","v":"M2"},9.39,{"$f":"IF(B188=\"SINAPI\",IFERROR(INDEX(SINAPI!$D:$D,MATCH($C188,SINAPI!$A:$A,0)),0),IF(B188=\"COMPOSIÇÃO\",IFERROR(INDEX(COMPOSIÇÃO!$G:$G,MATCH($C188,COMPOSIÇÃO!$A:$A,0)),0),0))","v":28.33},34.121944521944719,320.41000000000003]
["10.2.11","COMPOSIÇÃO","COMP-8949",{"$f":"IF(B189=\"SINAPI\",IFERROR(INDEX(SINAPI!$B:$B,MATCH($C189,SINAPI!$A:$A,0)),\"\"),IF(B189=\"COMPOSIÇÃO\",IFERROR(INDEX(COMPOSIÇÃO!$C:$C,MATCH($C189,COMPOSIÇÃO!$A:$A,0)),\"\"),\"\"))","v":"PEITORIL EM GRANITO CINZA LARGURA = 19,0 cm ESPESSURA VARIÁVEL E PINGADEIRA"},{"$f":"IF(B189=\"SINAPI\",IFERROR(INDEX(SINAPI!$C:$C,MATCH($C189,SINAPI!$A:$A,0)),\"\"),IF(B189=\"COMPOSIÇÃO\",IFERROR(INDEX(COMPOSIÇÃO!$D:$D,MATCH($C189,COMPOSIÇÃO!$A:$A,0)),\"\"),\"\"))","v":"M2"},297.75,{"$f":"IF(B189=\"SINAPI\",IFERROR(INDEX(SINAPI!$D:$D,MATCH($C189,SINAPI!$A:$A,0)),0),IF(B189=\"COMPOSIÇÃO\",IFERROR(INDEX(COMPOSIÇÃO!$G:$G,MATCH($C189,COMPOSIÇÃO!$A:$A,0)),0),0))","v":209.07776727339999},251.82280182403898,74980.240000000005]
["10.2.12","SINAPI",98689,{"$f":"IF(B190=\"SINAPI\",IFERROR(INDEX(SINAPI!$B:$B,MATCH($C190,SINAPI!$A:$A,0)),\"\"),IF(B190=\"COMPOSIÇÃO\",IFERROR(INDEX(COMPOSIÇÃO!$C:$C,MATCH($C190,COMPOSIÇÃO!$A:$A,0)),\"\"),\"\"))","v":"SOLEIRA EM GRANITO, LARGURA 15 CM, ESPESSURA 2,0 CM. AF_09/2020"},{"$f":"IF(B190=\"SINAPI\",IFERROR(INDEX(SINAPI!$C:$C,MATCH($C190,SINAPI!$A:$A,0)),\"\"),IF(B190=\"COMPOSIÇÃO\",IFERROR(INDEX(COMPOSIÇÃO!$D:$D,MATCH($C190,COMPOSIÇÃO!$A:$A,0)),\"\"),\"\"))","v":"M"},41.6,{"$f":"IF(B190=\"SINAPI\",IFERROR(INDEX(SINAPI!$D:$D,MATCH($C190,SINAPI!$A:$A,0)),0),IF(B190=\"COMPOSIÇÃO\",IFERROR(INDEX(COMPOSIÇÃO!$G:$G,MATCH($C190,COMPOSIÇÃO!$A:$A,0)),0),0))","v":77.349999999999994},93.163869000085569,3875.62]
["10.3",null,null,"Pavimentação externa",null,null,null,null,{"$f":"SUM(I192:I210)","v":452254.06}]
["10.3.1",null,null,"Sub-leito"]
["10.3.1.1","SINAPI",100577,{"$f":"IF(B193=\"SINAPI\",IFERROR(INDEX(SINAPI!$B:$B,MATCH($C193,SINAPI!$A:$A,0)),\"\"),IF(B193=\"COMPOSIÇÃO\",IFERROR(INDEX(COMPOSIÇÃO!$C:$C,MATCH($C193,COMPOSIÇÃO!$A:$A,0)),\"\"),\"\"))","v":"REGULARIZAÇÃO E COMPACTAÇÃO DE SUBLEITO DE SOLO PREDOMINANTEMENTE ARENOSO. AF_11/2019"},{"$f":"IF(B193=\"SINAPI\",IFERROR(INDEX(SINAPI!$C:$C,MATCH($C193,SINAPI!$A:$A,0)),\"\"),IF(B193=\"COMPOSIÇÃO\",IFERROR(INDEX(COMPOSIÇÃO!$D:$D,MATCH($C193,COMPOSIÇÃO!$A:$A,0)),\"\"),\"\"))","v":"M2"},6400,{"$f":"IF(B193=\"SINAPI\",IFERROR(INDEX(SINAPI!$D:$D,MATCH($C193,SINAPI!$A:$A,0)),0),IF(B193=\"COMPOSIÇÃO\",IFERROR(INDEX(COMPOSIÇÃO!$G:$G,MATCH($C193,COMPOSIÇÃO!$A:$A,0)),0),0))","v":0.78},{"$f":"G193*(1+$I$10)","v":0.93946758655548479},{"$f":"ROUND(F193*H193,2)","v":6012.59}]
["10.3.2",null,null,"Sub-base"]
["10.3.2.1","SINAPI",96388,{"$f":"IF(B195=\"SINAPI\",IFERROR(INDEX(SINAPI!$B:$B,MATCH($C195,SINAPI!$A:$A,0)),\"\"),IF(B195=\"COMPOSIÇÃO\",IFERROR(INDEX(COMPOSIÇÃO!$C:$C,MATCH($C195,COMPOSIÇÃO!$A:$A,0)),\"\"),\"\"))","v":"EXECUÇÃO E COMPACTAÇÃO DE BASE E OU SUB BASE PARA PAVIMENTAÇÃO DE SOLOS DE COMPORTAMENTO LATERÍTICO (ARENOSO) - EXCLUSIVE SOLO, ESCAVAÇÃO, CARGA E TRANSPORTE. AF_11/2019"},{"$f":"IF(B195=\"SINAPI\",IFERROR(INDEX(SINAPI!$C:$C,MATCH($C195,SINAPI!$A:$A,0)),\"\"),IF(B195=\"COMPOSIÇÃO\",IFERROR(INDEX(COMPOSIÇÃO!$D:$D,MATCH($C195,COMPOSIÇÃO!$A:$A,0)),\"\"),\"\"))","v":"M3"},{"$f":"2452*0.3","v":735.6},{"$f":"IF(B195=\"SINAPI\",IFERROR(INDEX(SINAPI!$D:$D,MATCH($C195,SINAPI!$A:$A,0)),0),IF(B195=\"COMPOSIÇÃO\",IFERROR(INDEX(COMPOSIÇÃO!$G:$G,MATCH($C195,COMPOSIÇÃO!$A:$A,0)),0),0))","v":7.84},{"$f":"G195*(1+$I$10)","v":9.4428536905064107},{"$f":"ROUND(F195*H195,2)","v":6946.16}]
["10.3.2.2","SINAPI",100981,{"$f":"IF(B196=\"SINAPI\",IFERROR(INDEX(SINAPI!$B:$B,MATCH($C196,SINAPI!$A:$A,0)),\"\"),IF(B196=\"COMPOSIÇÃO\",IFERROR(INDEX(COMPOSIÇÃO!$C:$C,MATCH($C196,COMPOSIÇÃO!$A:$A,0)),\"\"),\"\"))","v":"CARGA, MANOBRA E DESCARGA DE ENTULHO EM CAMINHÃO BASCULANTE 6 M³ - CARGA COM ESCAVADEIRA HIDRÁULICA  (CAÇAMBA DE 0,80 M³ / 111 HP) E DESCARGA LIVRE (UNIDADE: M3). AF_07/2020"},{"$f":"IF(B196=\"SINAPI\",IFERROR(INDEX(SINAPI!$C:$C,MATCH($C196,SINAPI!$A:$A,0)),\"\"),IF(B196=\"COMPOSIÇÃO\",IFERROR(INDEX(COMPOSIÇÃO!$D:$D,MATCH($C196,COMPOSIÇÃO!$A:$A,0)),\"\"),\"\"))","v":"M3"},{"$f":"F195*1.3","v":956.28000000000009},{"$f":"IF(B196=\"SINAPI\",IFERROR(INDEX(SINAPI!$D:$D,MATCH($C196,SINAPI!$A:$A,0)),0),IF(B196=\"COMPOSIÇÃO\",IFERROR(INDEX(COMPOSIÇÃO!$G:$G,MATCH($C196,COMPOSIÇÃO!$A:$A,0)),0),0))","v":6.46},{"$f":"G196*(1+$I$10)","v":7.780718729677476},7440.55]
["10.3.2.3","SINAPI",100575,{"$f":"IF(B197=\"SINAPI\",IFERROR(INDEX(SINAPI!$B:$B,MATCH($C197,SINAPI!$A:$A,0)),\"\"),IF(B197=\"COMPOSIÇÃO\",IFERROR(INDEX(COMPOSIÇÃO!$C:$C,MATCH($C197,COMPOSIÇÃO!$A:$A,0)),\"\"),\"\"))","v":"REGULARIZAÇÃO DE SUPERFÍCIES COM MOTONIVELADORA. AF_11/2019"},{"$f":"IF(B197=\"SINAPI\",IFERROR(INDEX(SINAPI!$C:$C,MATCH($C197,SINAPI!$A:$A,0)),\"\"),IF(B197=\"COMPOSIÇÃO\",IFERROR(INDEX(COMPOSIÇÃO!$D:$D,MATCH($C197,COMPOSIÇÃO!$A:$A,0)),\"\"),\"\"))","v":"M2"},6400,{"$f":"IF(B197=\"SINAPI\",IFERROR(INDEX(SINAPI!$D:$D,MATCH($C197,SINAPI!$A:$A,0)),0),IF(B197=\"COMPOSIÇÃO\",IFERROR(INDEX(COMPOSIÇÃO!$G:$G,MATCH($C197,COMPOSIÇÃO!$A:$A,0)),0),0))","v":7.0000000000000007E-2},{"$f":"G197*(1+$I$10)","v":8.4311193665235817E-2},539.59]
["10.3.3",null,null,"Base"]
["10.3.3.1","SINAPI",96388,{"$f":"IF(B199=\"SINAPI\",IFERROR(INDEX(SINAPI!$B:$B,MATCH($C199,SINAPI!$A:$A,0)),\"\"),IF(B199=\"COMPOSIÇÃO\",IFERROR(INDEX(COMPOSIÇÃO!$C:$C,MATCH($C199,COMPOSIÇÃO!$A:$A,0)),\"\"),\"\"))","v":"EXECUÇÃO E COMPACTAÇÃO DE BASE E OU SUB BASE PARA PAVIMENTAÇÃO DE SOLOS DE COMPORTAMENTO LATERÍTICO (ARENOSO) - EXCLUSIVE SOLO, ESCAVAÇÃO, CARGA E TRANSPORTE. AF_11/2019"},{"$f":"IF(B199=\"SINAPI\",IFERROR(INDEX(SINAPI!$C:$C,MATCH($C199,SINAPI!$A:$A,0)),\"\"),IF(B199=\"COMPOSIÇÃO\",IFERROR(INDEX(COMPOSIÇÃO!$D:$D,MATCH($C199,COMPOSIÇÃO!$A:$A,0)),\"\"),\"\"))","v":"M3"},{"$f":"2452*0.3","v":735.6},{"$f":"IF(B199=\"SINAPI\",IFERROR(INDEX(SINAPI!$D:$D,MATCH($C199,SINAPI!$A:$A,0)),0),IF(B199=\"COMPOSIÇÃO\",IFERROR(INDEX(COMPOSIÇÃO!$G:$G,MATCH($C199,COMPOSIÇÃO!$A:$A,0)),0),0))","v":7.84},{"$f":"G199*(1+$I$10)","v":9.4428536905064107},{"$f":"ROUND(F199*H199,2)","v":6946.16}]
["10.3.3.2","SINAPI",101115,{"$f":"IF(B200=\"SINAPI\",IFERROR(INDEX(SINAPI!$B:$B,MATCH($C200,SINAPI!$A:$A,0)),\"\"),IF(B200=\"COMPOSIÇÃO\",IFERROR(INDEX(COMPOSIÇÃO!$C:$C,MATCH($C200,COMPOSIÇÃO!$A:$A,0)),\"\"),\"\"))","v":"ESCAVAÇÃO HORIZONTAL EM SOLO DE 1A CATEGORIA COM TRATOR DE ESTEIRAS (150HP/LÂMINA: 3,18M3). AF_07/2020"},{"$f":"IF(B200=\"SINAPI\",IFERROR(INDEX(SINAPI!$C:$C,MATCH($C200,SINAPI!$A:$A,0)),\"\"),IF(B200=\"COMPOSIÇÃO\",IFERROR(INDEX(COMPOSIÇÃO!$D:$D,MATCH($C200,COMPOSIÇÃO!$A:$A,0)),\"\"),\"\"))","v":"M3"},735.6,{"$f":"IF(B200=\"SINAPI\",IFERROR(INDEX(SINAPI!$D:$D,MATCH($C200,SINAPI!$A:$A,0)),0),IF(B200=\"COMPOSIÇÃO\",IFERROR(INDEX(COMPOSIÇÃO!$G:$G,MATCH($C200,COMPOSIÇÃO!$A:$A,0)),0),0))","v":2.44},{"$f":"G200*(1+$I$10)","v":2.9388473220453624},2161.8200000000002]
["10.3.3.3","SINAPI",93595,{"$f":"IF(B201=\"SINAPI\",IFERROR(INDEX(SINAPI!$B:$B,MATCH($C201,SINAPI!$A:$A,0)),\"\"),IF(B201=\"COMPOSIÇÃO\",IFERROR(INDEX(COMPOSIÇÃO!$C:$C,MATCH($C201,COMPOSIÇÃO!$A:$A,0)),\"\"),\"\"))","v":"TRANSPORTE COM CAMINHÃO BASCULANTE DE 10 M³, EM VIA URBANA EM REVESTIMENTO PRIMÁRIO (UNIDADE: TXKM). AF_07/2020"},{"$f":"IF(B201=\"SINAPI\",IFERROR(INDEX(SINAPI!$C:$C,MATCH($C201,SINAPI!$A:$A,0)),\"\"),IF(B201=\"COMPOSIÇÃO\",IFERROR(INDEX(COMPOSIÇÃO!$D:$D,MATCH($C201,COMPOSIÇÃO!$A:$A,0)),\"\"),\"\"))","v":"TXKM"},{"$f":"735*1.3*5","v":4777.5},{"$f":"IF(B201=\"SINAPI\",IFERROR(INDEX(SINAPI!$D:$D,MATCH($C201,SINAPI!$A:$A,0)),0),IF(B201=\"COMPOSIÇÃO\",IFERROR(INDEX(COMPOSIÇÃO!$G:$G,MATCH($C201,COMPOSIÇÃO!$A:$A,0)),0),0))","v":1.28},{"$f":"G201*(1+$I$10)","v":1.5416903984500263},7365.43]
["10.3.3.4","SINAPI",93594,{"$f":"IF(B202=\"SINAPI\",IFERROR(INDEX(SINAPI!$B:$B,MATCH($C202,SINAPI!$A:$A,0)),\"\"),IF(B202=\"COMPOSIÇÃO\",IFERROR(INDEX(COMPOSIÇÃO!$C:$C,MATCH($C202,COMPOSIÇÃO!$A:$A,0)),\"\"),\"\"))","v":"TRANSPORTE COM CAMINHÃO BASCULANTE DE 10 M³, EM VIA URBANA EM LEITO NATURAL (UNIDADE: TXKM). AF_07/2020"},{"$f":"IF(B202=\"SINAPI\",IFERROR(INDEX(SINAPI!$C:$C,MATCH($C202,SINAPI!$A:$A,0)),\"\"),IF(B202=\"COMPOSIÇÃO\",IFERROR(INDEX(COMPOSIÇÃO!$D:$D,MATCH($C202,COMPOSIÇÃO!$A:$A,0)),\"\"),\"\"))","v":"TXKM"},{"$f":"735*1.3*2","v":1911},{"$f":"IF(B202=\"SINAPI\",IFERROR(INDEX(SINAPI!$D:$D,MATCH($C202,SINAPI!$A:$A,0)),0),IF(B202=\"COMPOSIÇÃO\",IFERROR(INDEX(COMPOSIÇÃO!$G:$G,MATCH($C202,COMPOSIÇÃO!$A:$A,0)),0),0))","v":1.48},{"$f":"G202*(1+$I$10)","v":1.782579523207843},3406.51]
["10.3.3.5","COMPOSIÇÃO","COMP-105",{"$f":"IF(B203=\"SINAPI\",IFERROR(INDEX(SINAPI!$B:$B,MATCH($C203,SINAPI!$A:$A,0)),\"\"),IF(B203=\"COMPOSIÇÃO\",IFERROR(INDEX(COMPOSIÇÃO!$C:$C,MATCH($C203,COMPOSIÇÃO!$A:$A,0)),\"\"),\"\"))","v":"INDENIZACAO DE MATERIAL DE JAZIDA"},{"$f":"IF(B203=\"SINAPI\",IFERROR(INDEX(SINAPI!$C:$C,MATCH($C203,SINAPI!$A:$A,0)),\"\"),IF(B203=\"COMPOSIÇÃO\",IFERROR(INDEX(COMPOSIÇÃO!$D:$D,MATCH($C203,COMPOSIÇÃO!$A:$A,0)),\"\"),\"\"))","v":"UN    "},{"$f":"735*0.5","v":367.5},{"$f":"IF(B203=\"SINAPI\",IFERROR(INDEX(SINAPI!$D:$D,MATCH($C203,SINAPI!$A:$A,0)),0),IF(B203=\"COMPOSIÇÃO\",IFERROR(INDEX(COMPOSIÇÃO!$G:$G,MATCH($C203,COMPOSIÇÃO!$A:$A,0)),0),0))","v":16.87},{"$f":"G203*(1+$I$10)","v":20.318997673321832},7467.23]
["10.3.4",null,null,"Pavimentação externa"]
["10.3.4.1","SINAPI",92396,{"$f":"IF(B205=\"SINAPI\",IFERROR(INDEX(SINAPI!$B:$B,MATCH($C205,SINAPI!$A:$A,0)),\"\"),IF(B205=\"COMPOSIÇÃO\",IFERROR(INDEX(COMPOSIÇÃO!$C:$C,MATCH($C205,COMPOSIÇÃO!$A:$A,0)),\"\"),\"\"))","v":"EXECUÇÃO DE PASSEIO EM PISO INTERTRAVADO, COM BLOCO RETANGULAR COR NATURAL DE 20 X 10 CM, ESPESSURA 6 CM. AF_12/2015"},{"$f":"IF(B205=\"SINAPI\",IFERROR(INDEX(SINAPI!$C:$C,MATCH($C205,SINAPI!$A:$A,0)),\"\"),IF(B205=\"COMPOSIÇÃO\",IFERROR(INDEX(COMPOSIÇÃO!$D:$D,MATCH($C205,COMPOSIÇÃO!$A:$A,0)),\"\"),\"\"))","v":"M2"},1758.59,{"$f":"IF(B205=\"SINAPI\",IFERROR(INDEX(SINAPI!$D:$D,MATCH($C205,SINAPI!$A:$A,0)),0),IF(B205=\"COMPOSIÇÃO\",IFERROR(INDEX(COMPOSIÇÃO!$G:$G,MATCH($C205,COMPOSIÇÃO!$A:$A,0)),0),0))","v":71.11},{"$f":"G205*(1+$I$10)","v":85.648128307641699},{"$f":"ROUND(F205*H205,2)","v":150619.94}]
["10.3.4.2","SINAPI",92398,{"$f":"IF(B206=\"SINAPI\",IFERROR(INDEX(SINAPI!$B:$B,MATCH($C206,SINAPI!$A:$A,0)),\"\"),IF(B206=\"COMPOSIÇÃO\",IFERROR(INDEX(COMPOSIÇÃO!$C:$C,MATCH($C206,COMPOSIÇÃO!$A:$A,0)),\"\"),\"\"))","v":"EXECUÇÃO DE PÁTIO/ESTACIONAMENTO EM PISO INTERTRAVADO, COM BLOCO RETANGULAR COR NATURAL DE 20 X 10 CM, ESPESSURA 8 CM. AF_12/2015"},{"$f":"IF(B206=\"SINAPI\",IFERROR(INDEX(SINAPI!$C:$C,MATCH($C206,SINAPI!$A:$A,0)),\"\"),IF(B206=\"COMPOSIÇÃO\",IFERROR(INDEX(COMPOSIÇÃO!$D:$D,MATCH($C206,COMPOSIÇÃO!$A:$A,0)),\"\"),\"\"))","v":"M2"},1603.78,{"$f":"IF(B206=\"SINAPI\",IFERROR(INDEX(SINAPI!$D:$D,MATCH($C206,SINAPI!$A:$A,0)),0),IF(B206=\"COMPOSIÇÃO\",IFERROR(INDEX(COMPOSIÇÃO!$G:$G,MATCH($C206,COMPOSIÇÃO!$A:$A,0)),0),0))","v":75.87},91.38128947687774,146555.48000000001]
["10.3.4.3","SINAPI",92399,{"$f":"IF(B207=\"SINAPI\",IFERROR(INDEX(SINAPI!$B:$B,MATCH($C207,SINAPI!$A:$A,0)),\"\"),IF(B207=\"COMPOSIÇÃO\",IFERROR(INDEX(COMPOSIÇÃO!$C:$C,MATCH($C207,COMPOSIÇÃO!$A:$A,0)),\"\"),\"\"))","v":"EXECUÇÃO DE VIA EM PISO INTERTRAVADO, COM BLOCO RETANGULAR COR NATURAL DE 20 X 10 CM, ESPESSURA 8 CM. AF_12/2015"},{"$f":"IF(B207=\"SINAPI\",IFERROR(INDEX(SINAPI!$C:$C,MATCH($C207,SINAPI!$A:$A,0)),\"\"),IF(B207=\"COMPOSIÇÃO\",IFERROR(INDEX(COMPOSIÇÃO!$D:$D,MATCH($C207,COMPOSIÇÃO!$A:$A,0)),\"\"),\"\"))","v":"M2"},848.7,{"$f":"IF(B207=\"SINAPI\",IFERROR(INDEX(SINAPI!$D:$D,MATCH($C207,SINAPI!$A:$A,0)),0),IF(B207=\"COMPOSIÇÃO\",IFERROR(INDEX(COMPOSIÇÃO!$G:$G,MATCH($C207,COMPOSIÇÃO!$A:$A,0)),0),0))","v":77.31},93.115691175134017,79027.289999999994]
["10.3.4.4","SINAPI",94268,{"$f":"IF(B208=\"SINAPI\",IFERROR(INDEX(SINAPI!$B:$B,MATCH($C208,SINAPI!$A:$A,0)),\"\"),IF(B208=\"COMPOSIÇÃO\",IFERROR(INDEX(COMPOSIÇÃO!$C:$C,MATCH($C208,COMPOSIÇÃO!$A:$A,0)),\"\"),\"\"))","v":"GUIA (MEIO-FIO) E SARJETA CONJUGADOS DE CONCRETO, MOLDADA  IN LOCO  EM TRECHO CURVO COM EXTRUSORA, 45 CM BASE (15 CM BASE DA GUIA + 30 CM BASE DA SARJETA) X 22 CM ALTURA. AF_06/2016"},{"$f":"IF(B208=\"SINAPI\",IFERROR(INDEX(SINAPI!$C:$C,MATCH($C208,SINAPI!$A:$A,0)),\"\"),IF(B208=\"COMPOSIÇÃO\",IFERROR(INDEX(COMPOSIÇÃO!$D:$D,MATCH($C208,COMPOSIÇÃO!$A:$A,0)),\"\"),\"\"))","v":"M"},441.84,{"$f":"IF(B208=\"SINAPI\",IFERROR(INDEX(SINAPI!$D:$D,MATCH($C208,SINAPI!$A:$A,0)),0),IF(B208=\"COMPOSIÇÃO\",IFERROR(INDEX(COMPOSIÇÃO!$G:$G,MATCH($C208,COMPOSIÇÃO!$A:$A,0)),0),0))","v":49.55},59.680280658749062,26369.14]
["10.3.4.5","SINAPI",94267,{"$f":"IF(B209=\"SINAPI\",IFERROR(INDEX(SINAPI!$B:$B,MATCH($C209,SINAPI!$A:$A,0)),\"\"),IF(B209=\"COMPOSIÇÃO\",IFERROR(INDEX(COMPOSIÇÃO!$C:$C,MATCH($C209,COMPOSIÇÃO!$A:$A,0)),\"\"),\"\"))","v":"GUIA (MEIO-FIO) E SARJETA CONJUGADOS DE CONCRETO, MOLDADA  IN LOCO  EM TRECHO RETO COM EXTRUSORA, 45 CM BASE (15 CM BASE DA GUIA + 30 CM BASE DA SARJETA) X 22 CM ALTURA. AF_06/2016"},{"$f":"IF(B209=\"SINAPI\",IFERROR(INDEX(SINAPI!$C:$C,MATCH($C209,SINAPI!$A:$A,0)),\"\"),IF(B209=\"COMPOSIÇÃO\",IFERROR(INDEX(COMPOSIÇÃO!$D:$D,MATCH($C209,COMPOSIÇÃO!$A:$A,0)),\"\"),\"\"))","v":"M"},21.42,{"$f":"IF(B209=\"SINAPI\",IFERROR(INDEX(SINAPI!$D:$D,MATCH($C209,SINAPI!$A:$A,0)),0),IF(B209=\"COMPOSIÇÃO\",IFERROR(INDEX(COMPOSIÇÃO!$G:$G,MATCH($C209,COMPOSIÇÃO!$A:$A,0)),0),0))","v":45.97},55.368365325584143,1185.99]
["10.3.4.6","SINAPI",97114,{"$f":"IF(B210=\"SINAPI\",IFERROR(INDEX(SINAPI!$B:$B,MATCH($C210,SINAPI!$A:$A,0)),\"\"),IF(B210=\"COMPOSIÇÃO\",IFERROR(INDEX(COMPOSIÇÃO!$C:$C,MATCH($C210,COMPOSIÇÃO!$A:$A,0)),\"\"),\"\"))","v":"EXECUÇÃO DE JUNTAS DE CONTRAÇÃO PARA PAVIMENTOS DE CONCRETO. AF_11/2017"},{"$f":"IF(B210=\"SINAPI\",IFERROR(INDEX(SINAPI!$C:$C,MATCH($C210,SINAPI!$A:$A,0)),\"\"),IF(B210=\"COMPOSIÇÃO\",IFERROR(INDEX(COMPOSIÇÃO!$D:$D,MATCH($C210,COMPOSIÇÃO!$A:$A,0)),\"\"),\"\"))","v":"M"},436.26,{"$f":"IF(B210=\"SINAPI\",IFERROR(INDEX(SINAPI!$D:$D,MATCH($C210,SINAPI!$A:$A,0)),0),IF(B210=\"COMPOSIÇÃO\",IFERROR(INDEX(COMPOSIÇÃO!$G:$G,MATCH($C210,COMPOSIÇÃO!$A:$A,0)),0),0))","v":0.4},0.48177824951563325,210.18]
["2021-04-10",null,null,"Calçadas e pavimento térreo em paver",null,null,null,null,{"$f":"SUM(I212:I214)","v":260500.49000000002}]
["10.4.1","SINAPI",92396,{"$f":"IF(B212=\"SINAPI\",IFERROR(INDEX(SINAPI!$B:$B,MATCH($C212,SINAPI!$A:$A,0)),\"\"),IF(B212=\"COMPOSIÇÃO\",IFERROR(INDEX(COMPOSIÇÃO!$C:$C,MATCH($C212,COMPOSIÇÃO!$A:$A,0)),\"\"),\"\"))","v":"EXECUÇÃO DE PASSEIO EM PISO INTERTRAVADO, COM BLOCO RETANGULAR COR NATURAL DE 20 X 10 CM, ESPESSURA 6 CM. AF_12/2015"},{"$f":"IF(B212=\"SINAPI\",IFERROR(INDEX(SINAPI!$C:$C,MATCH($C212,SINAPI!$A:$A,0)),\"\"),IF(B212=\"COMPOSIÇÃO\",IFERROR(INDEX(COMPOSIÇÃO!$D:$D,MATCH($C212,COMPOSIÇÃO!$A:$A,0)),\"\"),\"\"))","v":"M2"},1758.59,{"$f":"IF(B212=\"SINAPI\",IFERROR(INDEX(SINAPI!$D:$D,MATCH($C212,SINAPI!$A:$A,0)),0),IF(B212=\"COMPOSIÇÃO\",IFERROR(INDEX(COMPOSIÇÃO!$G:$G,MATCH($C212,COMPOSIÇÃO!$A:$A,0)),0),0))","v":71.11},{"$f":"G212*(1+$I$10)","v":85.648128307641699},{"$f":"ROUND(F212*H212,2)","v":150619.94}]
["10.4.2","SINAPI",93679,{"$f":"IF(B213=\"SINAPI\",IFERROR(INDEX(SINAPI!$B:$B,MATCH($C213,SINAPI!$A:$A,0)),\"\"),IF(B213=\"COMPOSIÇÃO\",IFERROR(INDEX(COMPOSIÇÃO!$C:$C,MATCH($C213,COMPOSIÇÃO!$A:$A,0)),\"\"),\"\"))","v":"EXECUÇÃO DE PASSEIO EM PISO INTERTRAVADO, COM BLOCO RETANGULAR COLORIDO DE 20 X 10 CM, ESPESSURA 6 CM. AF_12/2015"},{"$f":"IF(B213=\"SINAPI\",IFERROR(INDEX(SINAPI!$C:$C,MATCH($C213,SINAPI!$A:$A,0)),\"\"),IF(B213=\"COMPOSIÇÃO\",IFERROR(INDEX(COMPOSIÇÃO!$D:$D,MATCH($C213,COMPOSIÇÃO!$A:$A,0)),\"\"),\"\"))","v":"M2"},251.36,{"$f":"IF(B213=\"SINAPI\",IFERROR(INDEX(SINAPI!$D:$D,MATCH($C213,SINAPI!$A:$A,0)),0),IF(B213=\"COMPOSIÇÃO\",IFERROR(INDEX(COMPOSIÇÃO!$G:$G,MATCH($C213,COMPOSIÇÃO!$A:$A,0)),0),0))","v":79.25},{"$f":"G213*(1+$I$10)","v":95.45231568528483},23992.89]
["10.4.3","SINAPI",94991,{"$f":"IF(B214=\"SINAPI\",IFERROR(INDEX(SINAPI!$B:$B,MATCH($C214,SINAPI!$A:$A,0)),\"\"),IF(B214=\"COMPOSIÇÃO\",IFERROR(INDEX(COMPOSIÇÃO!$C:$C,MATCH($C214,COMPOSIÇÃO!$A:$A,0)),\"\"),\"\"))","v":"EXECUÇÃO DE PASSEIO (CALÇADA) OU PISO DE CONCRETO COM CONCRETO MOLDADO IN LOCO, USINADO, ACABAMENTO CONVENCIONAL, NÃO ARMADO. AF_07/2016"},{"$f":"IF(B214=\"SINAPI\",IFERROR(INDEX(SINAPI!$C:$C,MATCH($C214,SINAPI!$A:$A,0)),\"\"),IF(B214=\"COMPOSIÇÃO\",IFERROR(INDEX(COMPOSIÇÃO!$D:$D,MATCH($C214,COMPOSIÇÃO!$A:$A,0)),\"\"),\"\"))","v":"M3"},109.07,{"$f":"IF(B214=\"SINAPI\",IFERROR(INDEX(SINAPI!$D:$D,MATCH($C214,SINAPI!$A:$A,0)),0),IF(B214=\"COMPOSIÇÃO\",IFERROR(INDEX(COMPOSIÇÃO!$G:$G,MATCH($C214,COMPOSIÇÃO!$A:$A,0)),0),0))","v":653.79},{"$f":"G214*(1+$I$10)","v":787.45450437706461},85887.66]
["2021-05-10",null,null,"Piso Podotátil\t\t\t\t\t",null,null,null,null,{"$f":"SUM(I216:I217)","v":29437.670000000002}]
["10.5.1","COMPOSIÇÃO","COMP-2257 ",{"$f":"IF(B216=\"SINAPI\",IFERROR(INDEX(SINAPI!$B:$B,MATCH($C216,SINAPI!$A:$A,0)),\"\"),IF(B216=\"COMPOSIÇÃO\",IFERROR(INDEX(COMPOSIÇÃO!$C:$C,MATCH($C216,COMPOSIÇÃO!$A:$A,0)),\"\"),\"\"))","v":"PISO PODOTÁTIL INTERNO EM BORRACHA 30x30cm ASSENTAMENTO COM COLA VINIL (FORNECIMENTO E ASSENTAMENTO) "},{"$f":"IF(B216=\"SINAPI\",IFERROR(INDEX(SINAPI!$C:$C,MATCH($C216,SINAPI!$A:$A,0)),\"\"),IF(B216=\"COMPOSIÇÃO\",IFERROR(INDEX(COMPOSIÇÃO!$D:$D,MATCH($C216,COMPOSIÇÃO!$A:$A,0)),\"\"),\"\"))","v":"M2    "},4.6900000000000004,{"$f":"IF(B216=\"SINAPI\",IFERROR(INDEX(SINAPI!$D:$D,MATCH($C216,SINAPI!$A:$A,0)),0),IF(B216=\"COMPOSIÇÃO\",IFERROR(INDEX(COMPOSIÇÃO!$G:$G,MATCH($C216,COMPOSIÇÃO!$A:$A,0)),0),0))","v":399.20300000000003},{"$f":"G216*(1+$I$10)","v":480.81830635347336},{"$f":"ROUND(F216*H216,2)","v":2255.04}]
["10.5.2","COMPOSIÇÃO","COMP-1625 ",{"$f":"IF(B217=\"SINAPI\",IFERROR(INDEX(SINAPI!$B:$B,MATCH($C217,SINAPI!$A:$A,0)),\"\"),IF(B217=\"COMPOSIÇÃO\",IFERROR(INDEX(COMPOSIÇÃO!$C:$C,MATCH($C217,COMPOSIÇÃO!$A:$A,0)),\"\"),\"\"))","v":"PISO TÁTIL DE ALERTA/DIRECIONAL EM PLACAS PRÉ-MOLDADAS - 5MPa "},{"$f":"IF(B217=\"SINAPI\",IFERROR(INDEX(SINAPI!$C:$C,MATCH($C217,SINAPI!$A:$A,0)),\"\"),IF(B217=\"COMPOSIÇÃO\",IFERROR(INDEX(COMPOSIÇÃO!$D:$D,MATCH($C217,COMPOSIÇÃO!$A:$A,0)),\"\"),\"\"))","v":"M"},896.5,{"$f":"IF(B217=\"SINAPI\",IFERROR(INDEX(SINAPI!$D:$D,MATCH($C217,SINAPI!$A:$A,0)),0),IF(B217=\"COMPOSIÇÃO\",IFERROR(INDEX(COMPOSIÇÃO!$G:$G,MATCH($C217,COMPOSIÇÃO!$A:$A,0)),0),0))","v":25.174101},{"$f":"G217*(1+$I$10)","v":30.320835782274379},27182.63]
["11.0",null,null,"ESQUADRIAS E FERRAGENS",null,null,null,null,{"$f":"I219+I227+I232+I235+I238","v":966750.43}]
["11.1",null,null,"Porta\t\t\t\t\t",null,null,null,null,{"$f":"SUM(I220:I226)","v":73565.78}]
["11.1.1","SINAPI",91341,"PORTA EM ALUMÍNIO DE ABRIR TIPO VENEZIANA COM GUARNIÇÃO, FIXAÇÃO COM PARAFUSOS - FORNECIMENTO E INSTALAÇÃO. 0,90M x 2,10M",{"$f":"IF(B220=\"SINAPI\",IFERROR(INDEX(SINAPI!$C:$C,MATCH($C220,SINAPI!$A:$A,0)),\"\"),IF(B220=\"COMPOSIÇÃO\",IFERROR(INDEX(COMPOSIÇÃO!$D:$D,MATCH($C220,COMPOSIÇÃO!$A:$A,0)),\"\"),\"\"))","v":"M2"},{"$f":"5*(0.9*2.1)+4*(0.9*2.1)+20*(0.9*2.1)+4*(0.9*2.1)","v":62.370000000000005},{"$f":"IF(B220=\"SINAPI\",IFERROR(INDEX(SINAPI!$D:$D,MATCH($C220,SINAPI!$A:$A,0)),0),IF(B220=\"COMPOSIÇÃO\",IFERROR(INDEX(COMPOSIÇÃO!$G:$G,MATCH($C220,COMPOSIÇÃO!$A:$A,0)),0),0))","v":532.55999999999995},{"$f":"G220*(1+$I$10)","v":641.43956140511398},{"$f":"ROUND(F220*H220,2)","v":40006.589999999997}]
["11.1.2","SINAPI",91341,"PORTA EM ALUMÍNIO DE ABRIR TIPO VENEZIANA COM GUARNIÇÃO, FIXAÇÃO COM PARAFUSOS - FORNECIMENTO E INSTALAÇÃO. 0,80M x 2,10M",{"$f":"IF(B221=\"SINAPI\",IFERROR(INDEX(SINAPI!$C:$C,MATCH($C221,SINAPI!$A:$A,0)),\"\"),IF(B221=\"COMPOSIÇÃO\",IFERROR(INDEX(COMPOSIÇÃO!$D:$D,MATCH($C221,COMPOSIÇÃO!$A:$A,0)),\"\"),\"\"))","v":"M2"},{"$f":"11*(0.8*2.1)","v":18.48},{"$f":"IF(B221=\"SINAPI\",IFERROR(INDEX(SINAPI!$D:$D,MATCH($C221,SINAPI!$A:$A,0)),0),IF(B221=\"COMPOSIÇÃO\",IFERROR(INDEX(COMPOSIÇÃO!$G:$G,MATCH($C221,COMPOSIÇÃO!$A:$A,0)),0),0))","v":532.55999999999995},641.43956140511398,11853.8]
["11.1.3","SINAPI",91341,"PORTA EM ALUMÍNIO DE ABRIR TIPO VENEZIANA COM GUARNIÇÃO, FIXAÇÃO COM PARAFUSOS - FORNECIMENTO E INSTALAÇÃO. 0,70M x 2,10M",{"$f":"IF(B222=\"SINAPI\",IFERROR(INDEX(SINAPI!$C:$C,MATCH($C222,SINAPI!$A:$A,0)),\"\"),IF(B222=\"COMPOSIÇÃO\",IFERROR(INDEX(COMPOSIÇÃO!$D:$D,MATCH($C222,COMPOSIÇÃO!$A:$A,0)),\"\"),\"\"))","v":"M2"},1,{"$f":"IF(B222=\"SINAPI\",IFERROR(INDEX(SINAPI!$D:$D,MATCH($C222,SINAPI!$A:$A,0)),0),IF(B222=\"COMPOSIÇÃO\",IFERROR(INDEX(COMPOSIÇÃO!$G:$G,MATCH($C222,COMPOSIÇÃO!$A:$A,0)),0),0))","v":532.55999999999995},641.43956140511398,641.44000000000005]
["11.1.4","COMPOSIÇÃO","COMP-6742",{"$f":"IF(B223=\"SINAPI\",IFERROR(INDEX(SINAPI!$B:$B,MATCH($C223,SINAPI!$A:$A,0)),\"\"),IF(B223=\"COMPOSIÇÃO\",IFERROR(INDEX(COMPOSIÇÃO!$C:$C,MATCH($C223,COMPOSIÇÃO!$A:$A,0)),\"\"),\"\"))","v":"PORTA DE ABRIR EM VIDRO TEMPERADO 10mm DE 1,60m x 2,10m, COM FIXO SUPERIOR DE VIDRO DE 3,00x1,60 (COM FECHADURA E PUXADOR VERTICAL) "},{"$f":"IF(B223=\"SINAPI\",IFERROR(INDEX(SINAPI!$C:$C,MATCH($C223,SINAPI!$A:$A,0)),\"\"),IF(B223=\"COMPOSIÇÃO\",IFERROR(INDEX(COMPOSIÇÃO!$D:$D,MATCH($C223,COMPOSIÇÃO!$A:$A,0)),\"\"),\"\"))","v":"UN"},1,{"$f":"IF(B223=\"SINAPI\",IFERROR(INDEX(SINAPI!$D:$D,MATCH($C223,SINAPI!$A:$A,0)),0),IF(B223=\"COMPOSIÇÃO\",IFERROR(INDEX(COMPOSIÇÃO!$G:$G,MATCH($C223,COMPOSIÇÃO!$A:$A,0)),0),0))","v":2827.5879999999997},3405.6759924785256,3405.68]
["11.1.5","COMPOSIÇÃO","COMP-0142 ",{"$f":"IF(B224=\"SINAPI\",IFERROR(INDEX(SINAPI!$B:$B,MATCH($C224,SINAPI!$A:$A,0)),\"\"),IF(B224=\"COMPOSIÇÃO\",IFERROR(INDEX(COMPOSIÇÃO!$C:$C,MATCH($C224,COMPOSIÇÃO!$A:$A,0)),\"\"),\"\"))","v":"PORTA DE ABRIR EM VIDRO TEMPERADO 10mm DE0,80m x 2,10m (COM FECHADURA E PUXADOR VERTICAL) "},{"$f":"IF(B224=\"SINAPI\",IFERROR(INDEX(SINAPI!$C:$C,MATCH($C224,SINAPI!$A:$A,0)),\"\"),IF(B224=\"COMPOSIÇÃO\",IFERROR(INDEX(COMPOSIÇÃO!$D:$D,MATCH($C224,COMPOSIÇÃO!$A:$A,0)),\"\"),\"\"))","v":"UN"},1,{"$f":"IF(B224=\"SINAPI\",IFERROR(INDEX(SINAPI!$D:$D,MATCH($C224,SINAPI!$A:$A,0)),0),IF(B224=\"COMPOSIÇÃO\",IFERROR(INDEX(COMPOSIÇÃO!$G:$G,MATCH($C224,COMPOSIÇÃO!$A:$A,0)),0),0))","v":720.47979999999995},867.7787421384337,867.78]
["11.1.6","SINAPI",90830,{"$f":"IF(B225=\"SINAPI\",IFERROR(INDEX(SINAPI!$B:$B,MATCH($C225,SINAPI!$A:$A,0)),\"\"),IF(B225=\"COMPOSIÇÃO\",IFERROR(INDEX(COMPOSIÇÃO!$C:$C,MATCH($C225,COMPOSIÇÃO!$A:$A,0)),\"\"),\"\"))","v":"FECHADURA DE EMBUTIR COM CILINDRO, EXTERNA, COMPLETA, ACABAMENTO PADRÃO MÉDIO, INCLUSO EXECUÇÃO DE FURO - FORNECIMENTO E INSTALAÇÃO. AF_12/2019"},{"$f":"IF(B225=\"SINAPI\",IFERROR(INDEX(SINAPI!$C:$C,MATCH($C225,SINAPI!$A:$A,0)),\"\"),IF(B225=\"COMPOSIÇÃO\",IFERROR(INDEX(COMPOSIÇÃO!$D:$D,MATCH($C225,COMPOSIÇÃO!$A:$A,0)),\"\"),\"\"))","v":"UN"},20,{"$f":"IF(B225=\"SINAPI\",IFERROR(INDEX(SINAPI!$D:$D,MATCH($C225,SINAPI!$A:$A,0)),0),IF(B225=\"COMPOSIÇÃO\",IFERROR(INDEX(COMPOSIÇÃO!$G:$G,MATCH($C225,COMPOSIÇÃO!$A:$A,0)),0),0))","v":151.68},182.69031221632812,3653.81]
["11.1.7","SINAPI",91341,{"$f":"IF(B226=\"SINAPI\",IFERROR(INDEX(SINAPI!$B:$B,MATCH($C226,SINAPI!$A:$A,0)),\"\"),IF(B226=\"COMPOSIÇÃO\",IFERROR(INDEX(COMPOSIÇÃO!$C:$C,MATCH($C226,COMPOSIÇÃO!$A:$A,0)),\"\"),\"\"))","v":"PORTA EM ALUMÍNIO DE ABRIR TIPO VENEZIANA COM GUARNIÇÃO, FIXAÇÃO COM PARAFUSOS - FORNECIMENTO E INSTALAÇÃO. AF_12/2019"},{"$f":"IF(B226=\"SINAPI\",IFERROR(INDEX(SINAPI!$C:$C,MATCH($C226,SINAPI!$A:$A,0)),\"\"),IF(B226=\"COMPOSIÇÃO\",IFERROR(INDEX(COMPOSIÇÃO!$D:$D,MATCH($C226,COMPOSIÇÃO!$A:$A,0)),\"\"),\"\"))","v":"M2"},20.48,{"$f":"IF(B226=\"SINAPI\",IFERROR(INDEX(SINAPI!$D:$D,MATCH($C226,SINAPI!$A:$A,0)),0),IF(B226=\"COMPOSIÇÃO\",IFERROR(INDEX(COMPOSIÇÃO!$G:$G,MATCH($C226,COMPOSIÇÃO!$A:$A,0)),0),0))","v":532.55999999999995},641.43956140511398,13136.68]
["11.2",null,null,"Janela\t\t\t\t",null,null,null,null,{"$f":"SUM(I228:I231)","v":223285.15}]
["11.2.1","COMPOSIÇÃO","COMP-079083",{"$f":"IF(B228=\"SINAPI\",IFERROR(INDEX(SINAPI!$B:$B,MATCH($C228,SINAPI!$A:$A,0)),\"\"),IF(B228=\"COMPOSIÇÃO\",IFERROR(INDEX(COMPOSIÇÃO!$C:$C,MATCH($C228,COMPOSIÇÃO!$A:$A,0)),\"\"),\"\"))","v":"JANELA ALUMINIO, BASCULANTE, SERIE 25 - COM VIDRO TEMPERADO E=6MM, COM SISTEMA DE REGULAGEM INTERNO - FORNECIMENTO E INSTALAÇÃO "},{"$f":"IF(B228=\"SINAPI\",IFERROR(INDEX(SINAPI!$C:$C,MATCH($C228,SINAPI!$A:$A,0)),\"\"),IF(B228=\"COMPOSIÇÃO\",IFERROR(INDEX(COMPOSIÇÃO!$D:$D,MATCH($C228,COMPOSIÇÃO!$A:$A,0)),\"\"),\"\"))","v":"M2    "},124.44,{"$f":"IF(B228=\"SINAPI\",IFERROR(INDEX(SINAPI!$D:$D,MATCH($C228,SINAPI!$A:$A,0)),0),IF(B228=\"COMPOSIÇÃO\",IFERROR(INDEX(COMPOSIÇÃO!$G:$G,MATCH($C228,COMPOSIÇÃO!$A:$A,0)),0),0))","v":326.92700000000002},{"$f":"G228*(1+$I$10)","v":393.76579444849358},{"$f":"ROUND(F228*H228,2)","v":49000.22}]
["11.2.2","COMPOSIÇÃO","IFMT 248.08.2020","JANELA DE ALUMÍNIO DE CORRER COM 6 FOLHAS (2 VENEZIANAS FIXAS, 2 VENEZIANAS DE CORRER E 2 PARA VIDRO), COM VIDROS, BATENTE, ACABAMENTO COM A\n CETATO OU BRILHANTE E FERRAGENS. EXCLUSIVE ALIZAR E CONTRAMARCO. FORNE\n CIMENTO E INSTALAÇÃO. AF_12/2019",{"$f":"IF(B229=\"SINAPI\",IFERROR(INDEX(SINAPI!$C:$C,MATCH($C229,SINAPI!$A:$A,0)),\"\"),IF(B229=\"COMPOSIÇÃO\",IFERROR(INDEX(COMPOSIÇÃO!$D:$D,MATCH($C229,COMPOSIÇÃO!$A:$A,0)),\"\"),\"\"))","v":"M2"},174.24,{"$f":"IF(B229=\"SINAPI\",IFERROR(INDEX(SINAPI!$D:$D,MATCH($C229,SINAPI!$A:$A,0)),0),IF(B229=\"COMPOSIÇÃO\",IFERROR(INDEX(COMPOSIÇÃO!$G:$G,MATCH($C229,COMPOSIÇÃO!$A:$A,0)),0),0))","v":782.21320000000003},{"$f":"G229*(1+$I$10)","v":942.13326561005476},164157.29999999999]
["11.2.3","COMPOSIÇÃO","COMP-2434 ",{"$f":"IF(B230=\"SINAPI\",IFERROR(INDEX(SINAPI!$B:$B,MATCH($C230,SINAPI!$A:$A,0)),\"\"),IF(B230=\"COMPOSIÇÃO\",IFERROR(INDEX(COMPOSIÇÃO!$C:$C,MATCH($C230,COMPOSIÇÃO!$A:$A,0)),\"\"),\"\"))","v":"VIDRO TEMPERADO INCOLOR, ESPESSURA 6MM, FORNECIMENTO E INSTALACAO, INCLUSIVE MASSA PARA VEDACAO "},{"$f":"IF(B230=\"SINAPI\",IFERROR(INDEX(SINAPI!$C:$C,MATCH($C230,SINAPI!$A:$A,0)),\"\"),IF(B230=\"COMPOSIÇÃO\",IFERROR(INDEX(COMPOSIÇÃO!$D:$D,MATCH($C230,COMPOSIÇÃO!$A:$A,0)),\"\"),\"\"))","v":"M2"},4.32,{"$f":"IF(B230=\"SINAPI\",IFERROR(INDEX(SINAPI!$D:$D,MATCH($C230,SINAPI!$A:$A,0)),0),IF(B230=\"COMPOSIÇÃO\",IFERROR(INDEX(COMPOSIÇÃO!$G:$G,MATCH($C230,COMPOSIÇÃO!$A:$A,0)),0),0))","v":227.95},{"$f":"G230*(1+$I$10)","v":274.55337994272145},1186.07]
["11.2.4","COMPOSIÇÃO","COMP-9488 ",{"$f":"IF(B231=\"SINAPI\",IFERROR(INDEX(SINAPI!$B:$B,MATCH($C231,SINAPI!$A:$A,0)),\"\"),IF(B231=\"COMPOSIÇÃO\",IFERROR(INDEX(COMPOSIÇÃO!$C:$C,MATCH($C231,COMPOSIÇÃO!$A:$A,0)),\"\"),\"\"))","v":"VIDRO TEMPERADO INCOLOR, ESPESSURA 6MM, FORNECIMENTO E INSTALACAO, INCLUSIVE MASSA PARA VEDACAO "},{"$f":"IF(B231=\"SINAPI\",IFERROR(INDEX(SINAPI!$C:$C,MATCH($C231,SINAPI!$A:$A,0)),\"\"),IF(B231=\"COMPOSIÇÃO\",IFERROR(INDEX(COMPOSIÇÃO!$D:$D,MATCH($C231,COMPOSIÇÃO!$A:$A,0)),\"\"),\"\"))","v":"M2"},20.48,{"$f":"IF(B231=\"SINAPI\",IFERROR(INDEX(SINAPI!$D:$D,MATCH($C231,SINAPI!$A:$A,0)),0),IF(B231=\"COMPOSIÇÃO\",IFERROR(INDEX(COMPOSIÇÃO!$G:$G,MATCH($C231,COMPOSIÇÃO!$A:$A,0)),0),0))","v":362.49},{"$f":"G231*(1+$I$10)","v":436.59949416730473},8941.56]
["11.3",null,null,"Cercamento",null,null,null,null,{"$f":"SUM(I233:I234)","v":312583.82}]
["11.3.1","SINAPI",98522,{"$f":"IF(B233=\"SINAPI\",IFERROR(INDEX(SINAPI!$B:$B,MATCH($C233,SINAPI!$A:$A,0)),\"\"),IF(B233=\"COMPOSIÇÃO\",IFERROR(INDEX(COMPOSIÇÃO!$C:$C,MATCH($C233,COMPOSIÇÃO!$A:$A,0)),\"\"),\"\"))","v":"ALAMBRADO EM MOURÕES DE CONCRETO, COM TELA DE ARAME GALVANIZADO (INCLUSIVE MURETA EM CONCRETO). AF_05/2018"},{"$f":"IF(B233=\"SINAPI\",IFERROR(INDEX(SINAPI!$C:$C,MATCH($C233,SINAPI!$A:$A,0)),\"\"),IF(B233=\"COMPOSIÇÃO\",IFERROR(INDEX(COMPOSIÇÃO!$D:$D,MATCH($C233,COMPOSIÇÃO!$A:$A,0)),\"\"),\"\"))","v":"M"},750,{"$f":"IF(B233=\"SINAPI\",IFERROR(INDEX(SINAPI!$D:$D,MATCH($C233,SINAPI!$A:$A,0)),0),IF(B233=\"COMPOSIÇÃO\",IFERROR(INDEX(COMPOSIÇÃO!$G:$G,MATCH($C233,COMPOSIÇÃO!$A:$A,0)),0),0))","v":130.96},{"$f":"G233*(1+$I$10)","v":157.73419889141832},{"$f":"ROUND(F233*H233,2)","v":118300.65}]
["11.3.2","COMPOSIÇÃO","COMP-154929",{"$f":"IF(B234=\"SINAPI\",IFERROR(INDEX(SINAPI!$B:$B,MATCH($C234,SINAPI!$A:$A,0)),\"\"),IF(B234=\"COMPOSIÇÃO\",IFERROR(INDEX(COMPOSIÇÃO!$C:$C,MATCH($C234,COMPOSIÇÃO!$A:$A,0)),\"\"),\"\"))","v":"GRADIL FRONTAL - COM INFRAESTRUTURA EM CONCRETO ARMADO  "},{"$f":"IF(B234=\"SINAPI\",IFERROR(INDEX(SINAPI!$C:$C,MATCH($C234,SINAPI!$A:$A,0)),\"\"),IF(B234=\"COMPOSIÇÃO\",IFERROR(INDEX(COMPOSIÇÃO!$D:$D,MATCH($C234,COMPOSIÇÃO!$A:$A,0)),\"\"),\"\"))","v":"M"},144,{"$f":"IF(B234=\"SINAPI\",IFERROR(INDEX(SINAPI!$D:$D,MATCH($C234,SINAPI!$A:$A,0)),0),IF(B234=\"COMPOSIÇÃO\",IFERROR(INDEX(COMPOSIÇÃO!$G:$G,MATCH($C234,COMPOSIÇÃO!$A:$A,0)),0),0))","v":1120.1740182644999},{"$f":"G234*(1+$I$10)","v":1349.1886941809094},194283.17]
["11.4",null,null,"Fachada Metálica",null,null,null,null,{"$f":"SUM(I236:I237)","v":121714.81}]
["11.4.1","COMPOSIÇÃO","COMP-0911 ",{"$f":"IF(B236=\"SINAPI\",IFERROR(INDEX(SINAPI!$B:$B,MATCH($C236,SINAPI!$A:$A,0)),\"\"),IF(B236=\"COMPOSIÇÃO\",IFERROR(INDEX(COMPOSIÇÃO!$C:$C,MATCH($C236,COMPOSIÇÃO!$A:$A,0)),\"\"),\"\"))","v":"BRISE EM CHAPA DE ALUMÍNIO 0,8mm ANODIZADO BRANCO (FORNECIMENTO E MONTAGEM) "},{"$f":"IF(B236=\"SINAPI\",IFERROR(INDEX(SINAPI!$C:$C,MATCH($C236,SINAPI!$A:$A,0)),\"\"),IF(B236=\"COMPOSIÇÃO\",IFERROR(INDEX(COMPOSIÇÃO!$D:$D,MATCH($C236,COMPOSIÇÃO!$A:$A,0)),\"\"),\"\"))","v":"M2"},307.75,{"$f":"IF(B236=\"SINAPI\",IFERROR(INDEX(SINAPI!$D:$D,MATCH($C236,SINAPI!$A:$A,0)),0),IF(B236=\"COMPOSIÇÃO\",IFERROR(INDEX(COMPOSIÇÃO!$G:$G,MATCH($C236,COMPOSIÇÃO!$A:$A,0)),0),0))","v":241.11100000000002},{"$f":"G236*(1+$I$10)","v":290.40508879740963},{"$f":"ROUND(F236*H236,2)","v":89372.17}]
["11.4.2","COMPOSIÇÃO","COMP-2284 ",{"$f":"IF(B237=\"SINAPI\",IFERROR(INDEX(SINAPI!$B:$B,MATCH($C237,SINAPI!$A:$A,0)),\"\"),IF(B237=\"COMPOSIÇÃO\",IFERROR(INDEX(COMPOSIÇÃO!$C:$C,MATCH($C237,COMPOSIÇÃO!$A:$A,0)),\"\"),\"\"))","v":"BRISE EM PERFIL \"C\" DE ALUMÍNIO DOBRADO ANODIZADO BRANCO (FORNECIEMNTO E MONTAGEM) "},{"$f":"IF(B237=\"SINAPI\",IFERROR(INDEX(SINAPI!$C:$C,MATCH($C237,SINAPI!$A:$A,0)),\"\"),IF(B237=\"COMPOSIÇÃO\",IFERROR(INDEX(COMPOSIÇÃO!$D:$D,MATCH($C237,COMPOSIÇÃO!$A:$A,0)),\"\"),\"\"))","v":"M2"},104.89,{"$f":"IF(B237=\"SINAPI\",IFERROR(INDEX(SINAPI!$D:$D,MATCH($C237,SINAPI!$A:$A,0)),0),IF(B237=\"COMPOSIÇÃO\",IFERROR(INDEX(COMPOSIÇÃO!$G:$G,MATCH($C237,COMPOSIÇÃO!$A:$A,0)),0),0))","v":256.00839999999999},{"$f":"G237*(1+$I$10)","v":308.34819703324507},32342.639999999999]
["11.5",null,null,"Acessibilidade Metálica",null,null,null,null,{"$f":"SUM(I239:I241)","v":235600.87}]
["11.5.1","SINAPI",99837,{"$f":"IF(B239=\"SINAPI\",IFERROR(INDEX(SINAPI!$B:$B,MATCH($C239,SINAPI!$A:$A,0)),\"\"),IF(B239=\"COMPOSIÇÃO\",IFERROR(INDEX(COMPOSIÇÃO!$C:$C,MATCH($C239,COMPOSIÇÃO!$A:$A,0)),\"\"),\"\"))","v":"GUARDA-CORPO DE AÇO GALVANIZADO DE 1,10M, MONTANTES TUBULARES DE 1.1/4\" ESPAÇADOS DE 1,20M, TRAVESSA SUPERIOR DE 1.1/2\", GRADIL FORMADO POR TUBOS HORIZONTAIS DE 1\" E VERTICAIS DE 3/4\", FIXADO COM CHUMBADOR MECÂNICO. AF_04/2019_P"},{"$f":"IF(B239=\"SINAPI\",IFERROR(INDEX(SINAPI!$C:$C,MATCH($C239,SINAPI!$A:$A,0)),\"\"),IF(B239=\"COMPOSIÇÃO\",IFERROR(INDEX(COMPOSIÇÃO!$D:$D,MATCH($C239,COMPOSIÇÃO!$A:$A,0)),\"\"),\"\"))","v":"M"},96.54,{"$f":"IF(B239=\"SINAPI\",IFERROR(INDEX(SINAPI!$D:$D,MATCH($C239,SINAPI!$A:$A,0)),0),IF(B239=\"COMPOSIÇÃO\",IFERROR(INDEX(COMPOSIÇÃO!$G:$G,MATCH($C239,COMPOSIÇÃO!$A:$A,0)),0),0))","v":630.17999999999995},{"$f":"G239*(1+$I$10)","v":759.01754319940426},{"$f":"ROUND(F239*H239,2)","v":73275.55}]
["11.5.2","COMPOSIÇÃO","COMP-6455 ",{"$f":"IF(B240=\"SINAPI\",IFERROR(INDEX(SINAPI!$B:$B,MATCH($C240,SINAPI!$A:$A,0)),\"\"),IF(B240=\"COMPOSIÇÃO\",IFERROR(INDEX(COMPOSIÇÃO!$C:$C,MATCH($C240,COMPOSIÇÃO!$A:$A,0)),\"\"),\"\"))","v":"GUARDA-CORPO EM TUBO SUPERIOR DE AÇO GALVANIZADO D=3\" 80mm "},{"$f":"IF(B240=\"SINAPI\",IFERROR(INDEX(SINAPI!$C:$C,MATCH($C240,SINAPI!$A:$A,0)),\"\"),IF(B240=\"COMPOSIÇÃO\",IFERROR(INDEX(COMPOSIÇÃO!$D:$D,MATCH($C240,COMPOSIÇÃO!$A:$A,0)),\"\"),\"\"))","v":"M"},112.5,{"$f":"IF(B240=\"SINAPI\",IFERROR(INDEX(SINAPI!$D:$D,MATCH($C240,SINAPI!$A:$A,0)),0),IF(B240=\"COMPOSIÇÃO\",IFERROR(INDEX(COMPOSIÇÃO!$G:$G,MATCH($C240,COMPOSIÇÃO!$A:$A,0)),0),0))","v":791.42655999999999},{"$f":"G240*(1+$I$10)","v":953.2302567424482},107238.39999999999]
["11.5.3","SINAPI",99855,{"$f":"IF(B241=\"SINAPI\",IFERROR(INDEX(SINAPI!$B:$B,MATCH($C241,SINAPI!$A:$A,0)),\"\"),IF(B241=\"COMPOSIÇÃO\",IFERROR(INDEX(COMPOSIÇÃO!$C:$C,MATCH($C241,COMPOSIÇÃO!$A:$A,0)),\"\"),\"\"))","v":"CORRIMÃO SIMPLES, DIÂMETRO EXTERNO = 1 1/2\", EM AÇO GALVANIZADO. AF_04/2019_P"},{"$f":"IF(B241=\"SINAPI\",IFERROR(INDEX(SINAPI!$C:$C,MATCH($C241,SINAPI!$A:$A,0)),\"\"),IF(B241=\"COMPOSIÇÃO\",IFERROR(INDEX(COMPOSIÇÃO!$D:$D,MATCH($C241,COMPOSIÇÃO!$A:$A,0)),\"\"),\"\"))","v":"M"},{"$f":"248.52+147.74","v":396.26},{"$f":"IF(B241=\"SINAPI\",IFERROR(INDEX(SINAPI!$D:$D,MATCH($C241,SINAPI!$A:$A,0)),0),IF(B241=\"COMPOSIÇÃO\",IFERROR(INDEX(COMPOSIÇÃO!$G:$G,MATCH($C241,COMPOSIÇÃO!$A:$A,0)),0),0))","v":115.42},{"$f":"G241*(1+$I$10)","v":139.01711389773595},55086.92]
["12.0",null,null,"INSTALAÇÃO ELÉTRICA",null,null,null,null,{"$f":"I243+I290+I312+I315+I348+I357+I365+I381+I402+I407+I422+I450","v":1426983.73}]
["12.1",null,null,"Alta Tensão - Ramal de entrada/Cubículo Metálico",null,null,null,null,{"$f":"SUM(I244:I289)","v":487894.01000000007}]
["12.1.1","COMPOSIÇÃO","COMP-95",{"$f":"IF(B244=\"SINAPI\",IFERROR(INDEX(SINAPI!$B:$B,MATCH($C244,SINAPI!$A:$A,0)),\"\"),IF(B244=\"COMPOSIÇÃO\",IFERROR(INDEX(COMPOSIÇÃO!$C:$C,MATCH($C244,COMPOSIÇÃO!$A:$A,0)),\"\"),\"\"))","v":"HASTE DE ATERRAMENTO 254U, 5/8\"X2,4M COM CONECTOR PARALELO"},{"$f":"IF(B244=\"SINAPI\",IFERROR(INDEX(SINAPI!$C:$C,MATCH($C244,SINAPI!$A:$A,0)),\"\"),IF(B244=\"COMPOSIÇÃO\",IFERROR(INDEX(COMPOSIÇÃO!$D:$D,MATCH($C244,COMPOSIÇÃO!$A:$A,0)),\"\"),\"\"))","v":"UND"},24,{"$f":"IF(B244=\"SINAPI\",IFERROR(INDEX(SINAPI!$D:$D,MATCH($C244,SINAPI!$A:$A,0)),0),IF(B244=\"COMPOSIÇÃO\",IFERROR(INDEX(COMPOSIÇÃO!$G:$G,MATCH($C244,COMPOSIÇÃO!$A:$A,0)),0),0))","v":69.510000000000005},{"$f":"G244*(1+$I$10)","v":83.721015309579172},{"$f":"ROUND(F244*H244,2)","v":2009.3}]
["12.1.2","SINAPI",96977,{"$f":"IF(B245=\"SINAPI\",IFERROR(INDEX(SINAPI!$B:$B,MATCH($C245,SINAPI!$A:$A,0)),\"\"),IF(B245=\"COMPOSIÇÃO\",IFERROR(INDEX(COMPOSIÇÃO!$C:$C,MATCH($C245,COMPOSIÇÃO!$A:$A,0)),\"\"),\"\"))","v":"CORDOALHA DE COBRE NU 50 MM², ENTERRADA, SEM ISOLADOR - FORNECIMENTO E INSTALAÇÃO. AF_12/2017"},{"$f":"IF(B245=\"SINAPI\",IFERROR(INDEX(SINAPI!$C:$C,MATCH($C245,SINAPI!$A:$A,0)),\"\"),IF(B245=\"COMPOSIÇÃO\",IFERROR(INDEX(COMPOSIÇÃO!$D:$D,MATCH($C245,COMPOSIÇÃO!$A:$A,0)),\"\"),\"\"))","v":"M"},80,{"$f":"IF(B245=\"SINAPI\",IFERROR(INDEX(SINAPI!$D:$D,MATCH($C245,SINAPI!$A:$A,0)),0),IF(B245=\"COMPOSIÇÃO\",IFERROR(INDEX(COMPOSIÇÃO!$G:$G,MATCH($C245,COMPOSIÇÃO!$A:$A,0)),0),0))","v":42.88},51.646628348075886,4131.7299999999996]
["12.1.3","COMPOSIÇÃO","COMP-96",{"$f":"IF(B246=\"SINAPI\",IFERROR(INDEX(SINAPI!$B:$B,MATCH($C246,SINAPI!$A:$A,0)),\"\"),IF(B246=\"COMPOSIÇÃO\",IFERROR(INDEX(COMPOSIÇÃO!$C:$C,MATCH($C246,COMPOSIÇÃO!$A:$A,0)),\"\"),\"\"))","v":"CORDOALHA DE COBRE NU 25 MM², NÃO ENTERRADA, SEM ISOLADOR - FORNECIMENTO E INSTALAÇÃO."},{"$f":"IF(B246=\"SINAPI\",IFERROR(INDEX(SINAPI!$C:$C,MATCH($C246,SINAPI!$A:$A,0)),\"\"),IF(B246=\"COMPOSIÇÃO\",IFERROR(INDEX(COMPOSIÇÃO!$D:$D,MATCH($C246,COMPOSIÇÃO!$A:$A,0)),\"\"),\"\"))","v":"M     "},60,{"$f":"IF(B246=\"SINAPI\",IFERROR(INDEX(SINAPI!$D:$D,MATCH($C246,SINAPI!$A:$A,0)),0),IF(B246=\"COMPOSIÇÃO\",IFERROR(INDEX(COMPOSIÇÃO!$G:$G,MATCH($C246,COMPOSIÇÃO!$A:$A,0)),0),0))","v":27.391455000000001},32.991518103965596,1979.49]
["12.1.4","COMPOSIÇÃO","COMP-97",{"$f":"IF(B247=\"SINAPI\",IFERROR(INDEX(SINAPI!$B:$B,MATCH($C247,SINAPI!$A:$A,0)),\"\"),IF(B247=\"COMPOSIÇÃO\",IFERROR(INDEX(COMPOSIÇÃO!$C:$C,MATCH($C247,COMPOSIÇÃO!$A:$A,0)),\"\"),\"\"))","v":"CABO DE COBRE #35MM² ISOLAÇÃO 12/20KV"},{"$f":"IF(B247=\"SINAPI\",IFERROR(INDEX(SINAPI!$C:$C,MATCH($C247,SINAPI!$A:$A,0)),\"\"),IF(B247=\"COMPOSIÇÃO\",IFERROR(INDEX(COMPOSIÇÃO!$D:$D,MATCH($C247,COMPOSIÇÃO!$A:$A,0)),\"\"),\"\"))","v":"M     "},126,{"$f":"IF(B247=\"SINAPI\",IFERROR(INDEX(SINAPI!$D:$D,MATCH($C247,SINAPI!$A:$A,0)),0),IF(B247=\"COMPOSIÇÃO\",IFERROR(INDEX(COMPOSIÇÃO!$G:$G,MATCH($C247,COMPOSIÇÃO!$A:$A,0)),0),0))","v":108.33930000000001},130.48879576937262,16441.59]
["12.1.5","ORSE",12877,"Mufla 15KV, uso externo para cabo de cobre #35mm²","un",14,250.89,302.18336255244304,4230.57]
["12.1.6","SCO - RJ","IT 25.66.0162","Cubículo de med.,proteção e trans. em média tensão, classe 17,5/24KV, uso externo, em conformidade com a Norma NBR-IEC 62271-200, para instalações cuja carga seja inferior a 3300KVA, para proteção de um ou mais transformadores. Classe de tensão 15KV, Corrente nominal de 630A. Classe de tensão 15KV, Corrente nominal de 630A. Disjuntor a Vácuo motorizado, com relés de proteção microprocessados, em chapa de aço carbono 14 (MSG), com pintura eletrostática.\nDisjuntor: Marca ABB, modelo: VD4/R, isolação a vácuo, classe 17,5/24KV - 16KA-630A. Conf. Projeto\nTransformador trifásico, 13.8KV/220-127volt, 500KVA, com buchas de AT, instaladas na lateral, com flange para AT e para BT, a seco, no cubículo.","cj",3,108885.64,131146.83259147353,393440.5]
["12.1.7","ORSE",9510,"Eletroduto em ferro galvanizado pesado sem costura 4\" x 3m","br",18,749.19,902.35861688654325,16242.46]
["12.1.8","ORSE",12459,"Curva para eletroduto galvanizado, diâm = 4\" - Rev.01","un",2,143.6,172.95839157611232,345.92]
["12.1.9","ORSE",12461,"Luva para eletroduto galvanizado, diâm = 4\"","un",13,39.49,47.563557683430894,618.33000000000004]
["12.1.10","ORSE",2945,"Poste circular 12/600Kgf","un",1,1260.44,1518.131442048712,1518.13]
["12.1.11","GOINFRA",70920,"Cinta circular 200mm","un",1,31,37.337814337461573,37.340000000000003]
["12.1.12","GOINFRA",70921,"Cinta circular 210mm","un",1,34.53,41.589507389437038,41.59]
["12.1.13","GOINFRA",70922,"Cinta circular 220mm","un",1,40.18,48.394625163845355,48.39]
["12.1.14","ORSE",12853,"Sustentador de transformador 290mm","un",2,1226.28,1476.9875795400767,2953.98]
["12.1.15","GOINFRA",70204,"Alça preformada de estai, para cabo de aço 9,5mm","un",2,10.210000000000001,12.297389818886538,24.59]
["12.1.16","ORSE",4150,"Conector de derivação tipo cunha, tronco e derivação 9,5mm","un",1,31.77,38.265237467779166,38.270000000000003]
["12.1.17","ORSE",4152,"Conector de derivação tipo cunha, tronco e derivação 150mm","un",3,31.77,38.265237467779166,114.8]
["12.1.18","ORSE",4141,"Cruzeta de concreto normal 90x90x2000mm","un",2,264,317.97364468031793,635.95000000000005]
["12.1.19","ORSE",9915,"Fornecimento e instalação de pára-raio de distribuição polimérico 12KV, c/ desligamento automático, resist. não linear","un",6,228.46,275.16764721085394,1651.01]
["12.1.20","COMPOSIÇÃO","COMP-106",{"$f":"IF(B263=\"SINAPI\",IFERROR(INDEX(SINAPI!$B:$B,MATCH($C263,SINAPI!$A:$A,0)),\"\"),IF(B263=\"COMPOSIÇÃO\",IFERROR(INDEX(COMPOSIÇÃO!$C:$C,MATCH($C263,COMPOSIÇÃO!$A:$A,0)),\"\"),\"\"))","v":"CABO DE COBRE COBERTO DE XLPE 16MM2 - 15KV - FORNECIMENTO E INSTALAÇÃO"},{"$f":"IF(B263=\"SINAPI\",IFERROR(INDEX(SINAPI!$C:$C,MATCH($C263,SINAPI!$A:$A,0)),\"\"),IF(B263=\"COMPOSIÇÃO\",IFERROR(INDEX(COMPOSIÇÃO!$D:$D,MATCH($C263,COMPOSIÇÃO!$A:$A,0)),\"\"),\"\"))","v":"UN    "},20,{"$f":"IF(B263=\"SINAPI\",IFERROR(INDEX(SINAPI!$D:$D,MATCH($C263,SINAPI!$A:$A,0)),0),IF(B263=\"COMPOSIÇÃO\",IFERROR(INDEX(COMPOSIÇÃO!$G:$G,MATCH($C263,COMPOSIÇÃO!$A:$A,0)),0),0))","v":54.368549999999999},65.483962119257953,1309.68]
["12.1.21","GOINFRA",71765,"Mão francesa 619mm","un",4,17.82,21.463221015921459,85.85]
["12.1.22","GOINFRA",71840,"Parafuso cabeça quadrada 16 x125mm","un",4,5.42,6.5280952809368298,26.11]
["12.1.23","GOINFRA",71841,"Parafuso cabeça abaulada 16 x150mm","un",2,6.04,7.2748515676860617,14.55]
["12.1.24","GOINFRA",71835,"Parafuso cabeça abaulada 16 x45mm","un",16,3.64,4.3841820705922627,70.150000000000006]
["12.1.25","GOINFRA",71880,"Parafuso rosca dupla passante 16x450mm","un",2,14.24,17.151305682756544,34.299999999999997]
["12.1.26","GOINFRA",72330,"Sela para cruzeta","un",2,25.09,30.219540700868095,60.44]
["12.1.27","ORSE",469,"Chave fusível base C, 15KV / 300A","un",3,488.37,588.21510928987448,1764.65]
["12.1.28","COMPOSIÇÃO","COMP-104",{"$f":"IF(B271=\"SINAPI\",IFERROR(INDEX(SINAPI!$B:$B,MATCH($C271,SINAPI!$A:$A,0)),\"\"),IF(B271=\"COMPOSIÇÃO\",IFERROR(INDEX(COMPOSIÇÃO!$C:$C,MATCH($C271,COMPOSIÇÃO!$A:$A,0)),\"\"),\"\"))","v":"ELO FUSÍVEL 25K"},{"$f":"IF(B271=\"SINAPI\",IFERROR(INDEX(SINAPI!$C:$C,MATCH($C271,SINAPI!$A:$A,0)),\"\"),IF(B271=\"COMPOSIÇÃO\",IFERROR(INDEX(COMPOSIÇÃO!$D:$D,MATCH($C271,COMPOSIÇÃO!$A:$A,0)),\"\"),\"\"))","v":"UN    "},3,{"$f":"IF(B271=\"SINAPI\",IFERROR(INDEX(SINAPI!$D:$D,MATCH($C271,SINAPI!$A:$A,0)),0),IF(B271=\"COMPOSIÇÃO\",IFERROR(INDEX(COMPOSIÇÃO!$G:$G,MATCH($C271,COMPOSIÇÃO!$A:$A,0)),0),0))","v":12.16},14.646058785275249,43.94]
["12.1.29","GOINFRA",72528,"Terminal de compressão para cabo #35mm²","un",12,18.84,22.691755552186326,272.3]
["12.1.30","GOINFRA",72145,"Protetor de bucha para transformador","un",12,19.97,24.052779107067987,288.63]
["12.1.31","COMPOSIÇÃO","COMP-100",{"$f":"IF(B274=\"SINAPI\",IFERROR(INDEX(SINAPI!$B:$B,MATCH($C274,SINAPI!$A:$A,0)),\"\"),IF(B274=\"COMPOSIÇÃO\",IFERROR(INDEX(COMPOSIÇÃO!$C:$C,MATCH($C274,COMPOSIÇÃO!$A:$A,0)),\"\"),\"\"))","v":"CABO DE ALUMÍNIO ISOLADO XLPE 15KV 50MM²"},{"$f":"IF(B274=\"SINAPI\",IFERROR(INDEX(SINAPI!$C:$C,MATCH($C274,SINAPI!$A:$A,0)),\"\"),IF(B274=\"COMPOSIÇÃO\",IFERROR(INDEX(COMPOSIÇÃO!$D:$D,MATCH($C274,COMPOSIÇÃO!$A:$A,0)),\"\"),\"\"))","v":"M     "},150,{"$f":"IF(B274=\"SINAPI\",IFERROR(INDEX(SINAPI!$D:$D,MATCH($C274,SINAPI!$A:$A,0)),0),IF(B274=\"COMPOSIÇÃO\",IFERROR(INDEX(COMPOSIÇÃO!$G:$G,MATCH($C274,COMPOSIÇÃO!$A:$A,0)),0),0))","v":10.128599999999999},12.199347945110105,1829.9]
["12.1.32","GOINFRA",71365,"Grampo de ancoragem para cabo até 50mm²","un",6,46.17,55.609254450341965,333.66]
["12.1.33","GOINFRA",71476,"Isolador de ancoragem tipo bastão polimérico 15KV","un",6,60.7,73.109849363997341,438.66]
["12.1.34","GOINFRA",71795,"Olhal para rede de distribuição","un",6,19.09,22.992866958133597,137.96]
["12.1.35","ORSE",2927,"Parafuso rosca dupla passante Ø16x500mm","un",8,26.5,31.917809030410702,255.34]
["12.1.36","GOINFRA",70250,"Arruela quadrada com furo 18mm","un",20,0.69,0.83106748041446721,16.62]
["12.1.37","COMPOSIÇÃO","COMP-101",{"$f":"IF(B280=\"SINAPI\",IFERROR(INDEX(SINAPI!$B:$B,MATCH($C280,SINAPI!$A:$A,0)),\"\"),IF(B280=\"COMPOSIÇÃO\",IFERROR(INDEX(COMPOSIÇÃO!$C:$C,MATCH($C280,COMPOSIÇÃO!$A:$A,0)),\"\"),\"\"))","v":"CABO DE AÇO 9.5MM,PARA REDE AT COMPACTA"},{"$f":"IF(B280=\"SINAPI\",IFERROR(INDEX(SINAPI!$C:$C,MATCH($C280,SINAPI!$A:$A,0)),\"\"),IF(B280=\"COMPOSIÇÃO\",IFERROR(INDEX(COMPOSIÇÃO!$D:$D,MATCH($C280,COMPOSIÇÃO!$A:$A,0)),\"\"),\"\"))","v":"M     "},50,{"$f":"IF(B280=\"SINAPI\",IFERROR(INDEX(SINAPI!$D:$D,MATCH($C280,SINAPI!$A:$A,0)),0),IF(B280=\"COMPOSIÇÃO\",IFERROR(INDEX(COMPOSIÇÃO!$G:$G,MATCH($C280,COMPOSIÇÃO!$A:$A,0)),0),0))","v":23.354277000000003},28.128956729408038,1406.45]
["12.1.38","GOINFRA",70204,"Alça preformada para cabo de aço 9.5mm","un",2,10.210000000000001,12.297389818886538,24.59]
["12.1.39","GOINFRA",71750,"Manilha sapatilha para cabo 50mm²","un",6,24.34,29.316206483026281,175.9]
["12.1.40","SETOP","ED-48966","CABO DE COBRE FLEXÍVEL, CLASSE 5, ISOLAMENTO TIPO LSHF/ATOX, NÃO HALOGENADO, ANTICHAMA, TERMOPLÁSTICO, UNIPOLAR, SEÇÃO 10 MM2, 70°C, 450/750V","m",10,12.97,15.621659740544407,156.22]
["12.1.41","ORSE",9312,"Perfil \"U\" para rede compacta","un",3,202.18,243.51481621767681,730.54]
["12.1.42","ORSE",10091,"Fixador de perfil \"U\" para rede compacta","un",3,1.48,1.782579523207843,5.35]
["12.1.43","GOINFRA",72329,"Sapatilha para cabo de aço 9.5mm para rede AT compacta","un",2,16.2,19.512019105383143,39.020000000000003]
["12.1.44","GOINFRA",71500,"Espaçador losangular 15KV","un",7,28.33,34.121944521944719,238.85]
["12.1.45","COMPOSIÇÃO","COMP-103",{"$f":"IF(B288=\"SINAPI\",IFERROR(INDEX(SINAPI!$B:$B,MATCH($C288,SINAPI!$A:$A,0)),\"\"),IF(B288=\"COMPOSIÇÃO\",IFERROR(INDEX(COMPOSIÇÃO!$C:$C,MATCH($C288,COMPOSIÇÃO!$A:$A,0)),\"\"),\"\"))","v":"ANEL DE AMARRAÇÃO"},{"$f":"IF(B288=\"SINAPI\",IFERROR(INDEX(SINAPI!$C:$C,MATCH($C288,SINAPI!$A:$A,0)),\"\"),IF(B288=\"COMPOSIÇÃO\",IFERROR(INDEX(COMPOSIÇÃO!$D:$D,MATCH($C288,COMPOSIÇÃO!$A:$A,0)),\"\"),\"\"))","v":"UN    "},28,{"$f":"IF(B288=\"SINAPI\",IFERROR(INDEX(SINAPI!$D:$D,MATCH($C288,SINAPI!$A:$A,0)),0),IF(B288=\"COMPOSIÇÃO\",IFERROR(INDEX(COMPOSIÇÃO!$G:$G,MATCH($C288,COMPOSIÇÃO!$A:$A,0)),0),0))","v":21.960999999999999},26.450830344032052,740.62]
["12.1.46","ORSE",9512,"Painel modular 1700x600x400mm com tampa traseira e lateral, placa de montagem e porta dianteira, com base soleira","cj",1,25646.48,30889.790601594243,30889.79]
["12.2",null,null,"Tubos e Eletrocalhas",null,null,null,null,{"$f":"I291+I298+I301","v":77114.94}]
["12.2.1",null,null,"Eletroduto de PVC Flexível",null,null,null,null,{"$f":"SUM(I292:I297)","v":48433.750000000007}]
["12.2.1.1","SINAPI",91854,{"$f":"IF(B292=\"SINAPI\",IFERROR(INDEX(SINAPI!$B:$B,MATCH($C292,SINAPI!$A:$A,0)),\"\"),IF(B292=\"COMPOSIÇÃO\",IFERROR(INDEX(COMPOSIÇÃO!$C:$C,MATCH($C292,COMPOSIÇÃO!$A:$A,0)),\"\"),\"\"))","v":"ELETRODUTO FLEXÍVEL CORRUGADO, PVC, DN 25 MM (3/4\"), PARA CIRCUITOS TERMINAIS, INSTALADO EM PAREDE - FORNECIMENTO E INSTALAÇÃO. AF_12/2015"},{"$f":"IF(B292=\"SINAPI\",IFERROR(INDEX(SINAPI!$C:$C,MATCH($C292,SINAPI!$A:$A,0)),\"\"),IF(B292=\"COMPOSIÇÃO\",IFERROR(INDEX(COMPOSIÇÃO!$D:$D,MATCH($C292,COMPOSIÇÃO!$A:$A,0)),\"\"),\"\"))","v":"M"},3477.19,{"$f":"IF(B292=\"SINAPI\",IFERROR(INDEX(SINAPI!$D:$D,MATCH($C292,SINAPI!$A:$A,0)),0),IF(B292=\"COMPOSIÇÃO\",IFERROR(INDEX(COMPOSIÇÃO!$G:$G,MATCH($C292,COMPOSIÇÃO!$A:$A,0)),0),0))","v":7.03},{"$f":"G292*(1+$I$10)","v":8.4672527352372544},{"$f":"ROUND(F292*H292,2)","v":29442.25}]
["12.2.1.2","SINAPI",91856,{"$f":"IF(B293=\"SINAPI\",IFERROR(INDEX(SINAPI!$B:$B,MATCH($C293,SINAPI!$A:$A,0)),\"\"),IF(B293=\"COMPOSIÇÃO\",IFERROR(INDEX(COMPOSIÇÃO!$C:$C,MATCH($C293,COMPOSIÇÃO!$A:$A,0)),\"\"),\"\"))","v":"ELETRODUTO FLEXÍVEL CORRUGADO, PVC, DN 32 MM (1\"), PARA CIRCUITOS TERMINAIS, INSTALADO EM PAREDE - FORNECIMENTO E INSTALAÇÃO. AF_12/2015"},{"$f":"IF(B293=\"SINAPI\",IFERROR(INDEX(SINAPI!$C:$C,MATCH($C293,SINAPI!$A:$A,0)),\"\"),IF(B293=\"COMPOSIÇÃO\",IFERROR(INDEX(COMPOSIÇÃO!$D:$D,MATCH($C293,COMPOSIÇÃO!$A:$A,0)),\"\"),\"\"))","v":"M"},455.6,{"$f":"IF(B293=\"SINAPI\",IFERROR(INDEX(SINAPI!$D:$D,MATCH($C293,SINAPI!$A:$A,0)),0),IF(B293=\"COMPOSIÇÃO\",IFERROR(INDEX(COMPOSIÇÃO!$G:$G,MATCH($C293,COMPOSIÇÃO!$A:$A,0)),0),0))","v":9.07},10.924321807766983,4977.12]
["12.2.1.3","SINAPI",97667,{"$f":"IF(B294=\"SINAPI\",IFERROR(INDEX(SINAPI!$B:$B,MATCH($C294,SINAPI!$A:$A,0)),\"\"),IF(B294=\"COMPOSIÇÃO\",IFERROR(INDEX(COMPOSIÇÃO!$C:$C,MATCH($C294,COMPOSIÇÃO!$A:$A,0)),\"\"),\"\"))","v":"ELETRODUTO FLEXÍVEL CORRUGADO, PEAD, DN 50 (1 ½\u0094)  - FORNECIMENTO E INSTALAÇÃO. AF_04/2016"},{"$f":"IF(B294=\"SINAPI\",IFERROR(INDEX(SINAPI!$C:$C,MATCH($C294,SINAPI!$A:$A,0)),\"\"),IF(B294=\"COMPOSIÇÃO\",IFERROR(INDEX(COMPOSIÇÃO!$D:$D,MATCH($C294,COMPOSIÇÃO!$A:$A,0)),\"\"),\"\"))","v":"M"},5.8,{"$f":"IF(B294=\"SINAPI\",IFERROR(INDEX(SINAPI!$D:$D,MATCH($C294,SINAPI!$A:$A,0)),0),IF(B294=\"COMPOSIÇÃO\",IFERROR(INDEX(COMPOSIÇÃO!$G:$G,MATCH($C294,COMPOSIÇÃO!$A:$A,0)),0),0))","v":6.43},7.7445853609638036,44.92]
["12.2.1.4","SINAPI",97668,{"$f":"IF(B295=\"SINAPI\",IFERROR(INDEX(SINAPI!$B:$B,MATCH($C295,SINAPI!$A:$A,0)),\"\"),IF(B295=\"COMPOSIÇÃO\",IFERROR(INDEX(COMPOSIÇÃO!$C:$C,MATCH($C295,COMPOSIÇÃO!$A:$A,0)),\"\"),\"\"))","v":"ELETRODUTO FLEXÍVEL CORRUGADO, PEAD, DN 63 (2\")  - FORNECIMENTO E INSTALAÇÃO. AF_04/2016"},{"$f":"IF(B295=\"SINAPI\",IFERROR(INDEX(SINAPI!$C:$C,MATCH($C295,SINAPI!$A:$A,0)),\"\"),IF(B295=\"COMPOSIÇÃO\",IFERROR(INDEX(COMPOSIÇÃO!$D:$D,MATCH($C295,COMPOSIÇÃO!$A:$A,0)),\"\"),\"\"))","v":"M"},806.7,{"$f":"IF(B295=\"SINAPI\",IFERROR(INDEX(SINAPI!$D:$D,MATCH($C295,SINAPI!$A:$A,0)),0),IF(B295=\"COMPOSIÇÃO\",IFERROR(INDEX(COMPOSIÇÃO!$G:$G,MATCH($C295,COMPOSIÇÃO!$A:$A,0)),0),0))","v":9.82},11.827656025608796,9541.3700000000008]
["12.2.1.5","SINAPI",97669,{"$f":"IF(B296=\"SINAPI\",IFERROR(INDEX(SINAPI!$B:$B,MATCH($C296,SINAPI!$A:$A,0)),\"\"),IF(B296=\"COMPOSIÇÃO\",IFERROR(INDEX(COMPOSIÇÃO!$C:$C,MATCH($C296,COMPOSIÇÃO!$A:$A,0)),\"\"),\"\"))","v":"ELETRODUTO FLEXÍVEL CORRUGADO, PEAD, DN 90 (3\u0094) - FORNECIMENTO E INSTALAÇÃO. AF_04/2016"},{"$f":"IF(B296=\"SINAPI\",IFERROR(INDEX(SINAPI!$C:$C,MATCH($C296,SINAPI!$A:$A,0)),\"\"),IF(B296=\"COMPOSIÇÃO\",IFERROR(INDEX(COMPOSIÇÃO!$D:$D,MATCH($C296,COMPOSIÇÃO!$A:$A,0)),\"\"),\"\"))","v":"M"},1.9,{"$f":"IF(B296=\"SINAPI\",IFERROR(INDEX(SINAPI!$D:$D,MATCH($C296,SINAPI!$A:$A,0)),0),IF(B296=\"COMPOSIÇÃO\",IFERROR(INDEX(COMPOSIÇÃO!$G:$G,MATCH($C296,COMPOSIÇÃO!$A:$A,0)),0),0))","v":15.53},18.705040537444457,35.54]
["12.2.1.6","SINAPI",97670,{"$f":"IF(B297=\"SINAPI\",IFERROR(INDEX(SINAPI!$B:$B,MATCH($C297,SINAPI!$A:$A,0)),\"\"),IF(B297=\"COMPOSIÇÃO\",IFERROR(INDEX(COMPOSIÇÃO!$C:$C,MATCH($C297,COMPOSIÇÃO!$A:$A,0)),\"\"),\"\"))","v":"ELETRODUTO FLEXÍVEL CORRUGADO, PEAD, DN 100 (4\u0094) - FORNECIMENTO E INSTALAÇÃO. AF_04/2016"},{"$f":"IF(B297=\"SINAPI\",IFERROR(INDEX(SINAPI!$C:$C,MATCH($C297,SINAPI!$A:$A,0)),\"\"),IF(B297=\"COMPOSIÇÃO\",IFERROR(INDEX(COMPOSIÇÃO!$D:$D,MATCH($C297,COMPOSIÇÃO!$A:$A,0)),\"\"),\"\"))","v":"M"},181.35,{"$f":"IF(B297=\"SINAPI\",IFERROR(INDEX(SINAPI!$D:$D,MATCH($C297,SINAPI!$A:$A,0)),0),IF(B297=\"COMPOSIÇÃO\",IFERROR(INDEX(COMPOSIÇÃO!$G:$G,MATCH($C297,COMPOSIÇÃO!$A:$A,0)),0),0))","v":20.11},24.22140149439846,4392.55]
["12.2.2",null,null,"Eletroduto de PVC Rígido",null,null,null,null,{"$f":"SUM(I299:I300)","v":120.52000000000001}]
["12.2.2.1","COMPOSIÇÃO","COMP-2137 ",{"$f":"IF(B299=\"SINAPI\",IFERROR(INDEX(SINAPI!$B:$B,MATCH($C299,SINAPI!$A:$A,0)),\"\"),IF(B299=\"COMPOSIÇÃO\",IFERROR(INDEX(COMPOSIÇÃO!$C:$C,MATCH($C299,COMPOSIÇÃO!$A:$A,0)),\"\"),\"\"))","v":"ELETRODUTO DE PVC RÍGIDO 1/2\" - FORNECIMENTO E INSTALAÇÃO "},{"$f":"IF(B299=\"SINAPI\",IFERROR(INDEX(SINAPI!$C:$C,MATCH($C299,SINAPI!$A:$A,0)),\"\"),IF(B299=\"COMPOSIÇÃO\",IFERROR(INDEX(COMPOSIÇÃO!$D:$D,MATCH($C299,COMPOSIÇÃO!$A:$A,0)),\"\"),\"\"))","v":"M"},1.5,{"$f":"IF(B299=\"SINAPI\",IFERROR(INDEX(SINAPI!$D:$D,MATCH($C299,SINAPI!$A:$A,0)),0),IF(B299=\"COMPOSIÇÃO\",IFERROR(INDEX(COMPOSIÇÃO!$G:$G,MATCH($C299,COMPOSIÇÃO!$A:$A,0)),0),0))","v":7.1052},{"$f":"G299*(1+$I$10)","v":8.5578270461461923},{"$f":"ROUND(F299*H299,2)","v":12.84}]
["12.2.2.2","COMPOSIÇÃO","COMP-351620",{"$f":"IF(B300=\"SINAPI\",IFERROR(INDEX(SINAPI!$B:$B,MATCH($C300,SINAPI!$A:$A,0)),\"\"),IF(B300=\"COMPOSIÇÃO\",IFERROR(INDEX(COMPOSIÇÃO!$C:$C,MATCH($C300,COMPOSIÇÃO!$A:$A,0)),\"\"),\"\"))","v":"ELETRODUTO DE PVC RIGIDO ROSCAVEL DE 2 1/2 \" - FORNECIMENTO E INSTALAÇÃO"},{"$f":"IF(B300=\"SINAPI\",IFERROR(INDEX(SINAPI!$C:$C,MATCH($C300,SINAPI!$A:$A,0)),\"\"),IF(B300=\"COMPOSIÇÃO\",IFERROR(INDEX(COMPOSIÇÃO!$D:$D,MATCH($C300,COMPOSIÇÃO!$A:$A,0)),\"\"),\"\"))","v":"M"},4,{"$f":"IF(B300=\"SINAPI\",IFERROR(INDEX(SINAPI!$D:$D,MATCH($C300,SINAPI!$A:$A,0)),0),IF(B300=\"COMPOSIÇÃO\",IFERROR(INDEX(COMPOSIÇÃO!$G:$G,MATCH($C300,COMPOSIÇÃO!$A:$A,0)),0),0))","v":22.350999999999999},{"$f":"G300*(1+$I$10)","v":26.920564137309793},107.68]
["12.2.3",null,null,"Eletrocalhas ",null,null,null,null,{"$f":"SUM(I302:I311)","v":28560.67}]
["12.2.3.1","COMPOSIÇÃO","COMP-5761 ",{"$f":"IF(B302=\"SINAPI\",IFERROR(INDEX(SINAPI!$B:$B,MATCH($C302,SINAPI!$A:$A,0)),\"\"),IF(B302=\"COMPOSIÇÃO\",IFERROR(INDEX(COMPOSIÇÃO!$C:$C,MATCH($C302,COMPOSIÇÃO!$A:$A,0)),\"\"),\"\"))","v":"DUTO PERFURADO - ELETROCALHA TIPO C, CHAPA DE AÇO (50X50)mm -CHAPA 18 "},{"$f":"IF(B302=\"SINAPI\",IFERROR(INDEX(SINAPI!$C:$C,MATCH($C302,SINAPI!$A:$A,0)),\"\"),IF(B302=\"COMPOSIÇÃO\",IFERROR(INDEX(COMPOSIÇÃO!$D:$D,MATCH($C302,COMPOSIÇÃO!$A:$A,0)),\"\"),\"\"))","v":"M"},170.5,{"$f":"IF(B302=\"SINAPI\",IFERROR(INDEX(SINAPI!$D:$D,MATCH($C302,SINAPI!$A:$A,0)),0),IF(B302=\"COMPOSIÇÃO\",IFERROR(INDEX(COMPOSIÇÃO!$G:$G,MATCH($C302,COMPOSIÇÃO!$A:$A,0)),0),0))","v":30.6432},{"$f":"G302*(1+$I$10)","v":36.908068138893633},{"$f":"ROUND(F302*H302,2)","v":6292.83}]
["12.2.3.2","COMPOSIÇÃO","COMP-4127 ",{"$f":"IF(B303=\"SINAPI\",IFERROR(INDEX(SINAPI!$B:$B,MATCH($C303,SINAPI!$A:$A,0)),\"\"),IF(B303=\"COMPOSIÇÃO\",IFERROR(INDEX(COMPOSIÇÃO!$C:$C,MATCH($C303,COMPOSIÇÃO!$A:$A,0)),\"\"),\"\"))","v":"TAMPA PRESSÃO PARA ELETROCALHA TIPO U - 50MM - CHAPA 24 "},{"$f":"IF(B303=\"SINAPI\",IFERROR(INDEX(SINAPI!$C:$C,MATCH($C303,SINAPI!$A:$A,0)),\"\"),IF(B303=\"COMPOSIÇÃO\",IFERROR(INDEX(COMPOSIÇÃO!$D:$D,MATCH($C303,COMPOSIÇÃO!$A:$A,0)),\"\"),\"\"))","v":"M"},170.5,{"$f":"IF(B303=\"SINAPI\",IFERROR(INDEX(SINAPI!$D:$D,MATCH($C303,SINAPI!$A:$A,0)),0),IF(B303=\"COMPOSIÇÃO\",IFERROR(INDEX(COMPOSIÇÃO!$G:$G,MATCH($C303,COMPOSIÇÃO!$A:$A,0)),0),0))","v":37.221000000000004},44.830670563053467,7643.63]
["12.2.3.3","COMPOSIÇÃO","COMP-5487 ",{"$f":"IF(B304=\"SINAPI\",IFERROR(INDEX(SINAPI!$B:$B,MATCH($C304,SINAPI!$A:$A,0)),\"\"),IF(B304=\"COMPOSIÇÃO\",IFERROR(INDEX(COMPOSIÇÃO!$C:$C,MATCH($C304,COMPOSIÇÃO!$A:$A,0)),\"\"),\"\"))","v":"TALA PLANA PERFURADA 50MM "},{"$f":"IF(B304=\"SINAPI\",IFERROR(INDEX(SINAPI!$C:$C,MATCH($C304,SINAPI!$A:$A,0)),\"\"),IF(B304=\"COMPOSIÇÃO\",IFERROR(INDEX(COMPOSIÇÃO!$D:$D,MATCH($C304,COMPOSIÇÃO!$A:$A,0)),\"\"),\"\"))","v":"UND"},114,{"$f":"IF(B304=\"SINAPI\",IFERROR(INDEX(SINAPI!$D:$D,MATCH($C304,SINAPI!$A:$A,0)),0),IF(B304=\"COMPOSIÇÃO\",IFERROR(INDEX(COMPOSIÇÃO!$G:$G,MATCH($C304,COMPOSIÇÃO!$A:$A,0)),0),0))","v":4.8109999999999999},5.7945878960492783,660.58]
["12.2.3.4","COMPOSIÇÃO","COMP-9222 ",{"$f":"IF(B305=\"SINAPI\",IFERROR(INDEX(SINAPI!$B:$B,MATCH($C305,SINAPI!$A:$A,0)),\"\"),IF(B305=\"COMPOSIÇÃO\",IFERROR(INDEX(COMPOSIÇÃO!$C:$C,MATCH($C305,COMPOSIÇÃO!$A:$A,0)),\"\"),\"\"))","v":"TAMPA PARA T HORIZONTAL 90° 50MM - CHAPA 18 "},{"$f":"IF(B305=\"SINAPI\",IFERROR(INDEX(SINAPI!$C:$C,MATCH($C305,SINAPI!$A:$A,0)),\"\"),IF(B305=\"COMPOSIÇÃO\",IFERROR(INDEX(COMPOSIÇÃO!$D:$D,MATCH($C305,COMPOSIÇÃO!$A:$A,0)),\"\"),\"\"))","v":"UND"},4,{"$f":"IF(B305=\"SINAPI\",IFERROR(INDEX(SINAPI!$D:$D,MATCH($C305,SINAPI!$A:$A,0)),0),IF(B305=\"COMPOSIÇÃO\",IFERROR(INDEX(COMPOSIÇÃO!$G:$G,MATCH($C305,COMPOSIÇÃO!$A:$A,0)),0),0))","v":37.221000000000004},44.830670563053467,179.32]
["12.2.3.5","COMPOSIÇÃO","COMP-8181 ",{"$f":"IF(B306=\"SINAPI\",IFERROR(INDEX(SINAPI!$B:$B,MATCH($C306,SINAPI!$A:$A,0)),\"\"),IF(B306=\"COMPOSIÇÃO\",IFERROR(INDEX(COMPOSIÇÃO!$C:$C,MATCH($C306,COMPOSIÇÃO!$A:$A,0)),\"\"),\"\"))","v":"SAÍDA HORIZONTAL PARA ELETRODUTO 1\" "},{"$f":"IF(B306=\"SINAPI\",IFERROR(INDEX(SINAPI!$C:$C,MATCH($C306,SINAPI!$A:$A,0)),\"\"),IF(B306=\"COMPOSIÇÃO\",IFERROR(INDEX(COMPOSIÇÃO!$D:$D,MATCH($C306,COMPOSIÇÃO!$A:$A,0)),\"\"),\"\"))","v":"UND"},24,{"$f":"IF(B306=\"SINAPI\",IFERROR(INDEX(SINAPI!$D:$D,MATCH($C306,SINAPI!$A:$A,0)),0),IF(B306=\"COMPOSIÇÃO\",IFERROR(INDEX(COMPOSIÇÃO!$G:$G,MATCH($C306,COMPOSIÇÃO!$A:$A,0)),0),0))","v":7.8209999999999997},9.4199692236544177,226.08]
["12.2.3.6","COMPOSIÇÃO","COMP-3781 ",{"$f":"IF(B307=\"SINAPI\",IFERROR(INDEX(SINAPI!$B:$B,MATCH($C307,SINAPI!$A:$A,0)),\"\"),IF(B307=\"COMPOSIÇÃO\",IFERROR(INDEX(COMPOSIÇÃO!$C:$C,MATCH($C307,COMPOSIÇÃO!$A:$A,0)),\"\"),\"\"))","v":"SAÍDA DUPLA HORIZONTAL PARA ELETRODUTO 1\" "},{"$f":"IF(B307=\"SINAPI\",IFERROR(INDEX(SINAPI!$C:$C,MATCH($C307,SINAPI!$A:$A,0)),\"\"),IF(B307=\"COMPOSIÇÃO\",IFERROR(INDEX(COMPOSIÇÃO!$D:$D,MATCH($C307,COMPOSIÇÃO!$A:$A,0)),\"\"),\"\"))","v":"UND"},2,{"$f":"IF(B307=\"SINAPI\",IFERROR(INDEX(SINAPI!$D:$D,MATCH($C307,SINAPI!$A:$A,0)),0),IF(B307=\"COMPOSIÇÃO\",IFERROR(INDEX(COMPOSIÇÃO!$G:$G,MATCH($C307,COMPOSIÇÃO!$A:$A,0)),0),0))","v":7.8209999999999997},9.4199692236544177,18.84]
["12.2.3.7","COMPOSIÇÃO","COMP-7162 ",{"$f":"IF(B308=\"SINAPI\",IFERROR(INDEX(SINAPI!$B:$B,MATCH($C308,SINAPI!$A:$A,0)),\"\"),IF(B308=\"COMPOSIÇÃO\",IFERROR(INDEX(COMPOSIÇÃO!$C:$C,MATCH($C308,COMPOSIÇÃO!$A:$A,0)),\"\"),\"\"))","v":"DUTO PERFURADO - ELETROCALHA TIPO U, CHAPA DE AÇO (50 X 50)mm - CHAPA 18 "},{"$f":"IF(B308=\"SINAPI\",IFERROR(INDEX(SINAPI!$C:$C,MATCH($C308,SINAPI!$A:$A,0)),\"\"),IF(B308=\"COMPOSIÇÃO\",IFERROR(INDEX(COMPOSIÇÃO!$D:$D,MATCH($C308,COMPOSIÇÃO!$A:$A,0)),\"\"),\"\"))","v":"M"},137.69999999999999,{"$f":"IF(B308=\"SINAPI\",IFERROR(INDEX(SINAPI!$D:$D,MATCH($C308,SINAPI!$A:$A,0)),0),IF(B308=\"COMPOSIÇÃO\",IFERROR(INDEX(COMPOSIÇÃO!$G:$G,MATCH($C308,COMPOSIÇÃO!$A:$A,0)),0),0))","v":26.999300000000002},32.51918873036859,4477.8900000000003]
["12.2.3.8","COMPOSIÇÃO","COMP-4127 ",{"$f":"IF(B309=\"SINAPI\",IFERROR(INDEX(SINAPI!$B:$B,MATCH($C309,SINAPI!$A:$A,0)),\"\"),IF(B309=\"COMPOSIÇÃO\",IFERROR(INDEX(COMPOSIÇÃO!$C:$C,MATCH($C309,COMPOSIÇÃO!$A:$A,0)),\"\"),\"\"))","v":"TAMPA PRESSÃO PARA ELETROCALHA TIPO U - 50MM - CHAPA 24 "},{"$f":"IF(B309=\"SINAPI\",IFERROR(INDEX(SINAPI!$C:$C,MATCH($C309,SINAPI!$A:$A,0)),\"\"),IF(B309=\"COMPOSIÇÃO\",IFERROR(INDEX(COMPOSIÇÃO!$D:$D,MATCH($C309,COMPOSIÇÃO!$A:$A,0)),\"\"),\"\"))","v":"M"},137.69999999999999,{"$f":"IF(B309=\"SINAPI\",IFERROR(INDEX(SINAPI!$D:$D,MATCH($C309,SINAPI!$A:$A,0)),0),IF(B309=\"COMPOSIÇÃO\",IFERROR(INDEX(COMPOSIÇÃO!$G:$G,MATCH($C309,COMPOSIÇÃO!$A:$A,0)),0),0))","v":37.221000000000004},44.830670563053467,6173.18]
["12.2.3.9","COMPOSIÇÃO","COMP-2781 ",{"$f":"IF(B310=\"SINAPI\",IFERROR(INDEX(SINAPI!$B:$B,MATCH($C310,SINAPI!$A:$A,0)),\"\"),IF(B310=\"COMPOSIÇÃO\",IFERROR(INDEX(COMPOSIÇÃO!$C:$C,MATCH($C310,COMPOSIÇÃO!$A:$A,0)),\"\"),\"\"))","v":"SUPORTE VERTICAL 81X70MM "},{"$f":"IF(B310=\"SINAPI\",IFERROR(INDEX(SINAPI!$C:$C,MATCH($C310,SINAPI!$A:$A,0)),\"\"),IF(B310=\"COMPOSIÇÃO\",IFERROR(INDEX(COMPOSIÇÃO!$D:$D,MATCH($C310,COMPOSIÇÃO!$A:$A,0)),\"\"),\"\"))","v":"UND"},246,{"$f":"IF(B310=\"SINAPI\",IFERROR(INDEX(SINAPI!$D:$D,MATCH($C310,SINAPI!$A:$A,0)),0),IF(B310=\"COMPOSIÇÃO\",IFERROR(INDEX(COMPOSIÇÃO!$G:$G,MATCH($C310,COMPOSIÇÃO!$A:$A,0)),0),0))","v":9.3209999999999997},11.226637659338042,2761.75]
["12.2.3.10","COMPOSIÇÃO","COMP-8607 ",{"$f":"IF(B311=\"SINAPI\",IFERROR(INDEX(SINAPI!$B:$B,MATCH($C311,SINAPI!$A:$A,0)),\"\"),IF(B311=\"COMPOSIÇÃO\",IFERROR(INDEX(COMPOSIÇÃO!$C:$C,MATCH($C311,COMPOSIÇÃO!$A:$A,0)),\"\"),\"\"))","v":"T HORIZONTAL 90° 50X50MM - CHAPA 18 "},{"$f":"IF(B311=\"SINAPI\",IFERROR(INDEX(SINAPI!$C:$C,MATCH($C311,SINAPI!$A:$A,0)),\"\"),IF(B311=\"COMPOSIÇÃO\",IFERROR(INDEX(COMPOSIÇÃO!$D:$D,MATCH($C311,COMPOSIÇÃO!$A:$A,0)),\"\"),\"\"))","v":"M"},4,{"$f":"IF(B311=\"SINAPI\",IFERROR(INDEX(SINAPI!$D:$D,MATCH($C311,SINAPI!$A:$A,0)),0),IF(B311=\"COMPOSIÇÃO\",IFERROR(INDEX(COMPOSIÇÃO!$G:$G,MATCH($C311,COMPOSIÇÃO!$A:$A,0)),0),0))","v":26.270999999999997},31.641990982562998,126.57]
["12.3",null,null,"Luminária e Acessórios\t\t\t\t\t",null,null,null,null,{"$f":"SUM(I313:I314)","v":29393.31}]
["12.3.1","COMPOSIÇÃO","COMP-5784 ",{"$f":"IF(B313=\"SINAPI\",IFERROR(INDEX(SINAPI!$B:$B,MATCH($C313,SINAPI!$A:$A,0)),\"\"),IF(B313=\"COMPOSIÇÃO\",IFERROR(INDEX(COMPOSIÇÃO!$C:$C,MATCH($C313,COMPOSIÇÃO!$A:$A,0)),\"\"),\"\"))","v":"LUMINÁRIA LED COMPLETA (2 X 40)W "},{"$f":"IF(B313=\"SINAPI\",IFERROR(INDEX(SINAPI!$C:$C,MATCH($C313,SINAPI!$A:$A,0)),\"\"),IF(B313=\"COMPOSIÇÃO\",IFERROR(INDEX(COMPOSIÇÃO!$D:$D,MATCH($C313,COMPOSIÇÃO!$A:$A,0)),\"\"),\"\"))","v":"UN"},392,{"$f":"IF(B313=\"SINAPI\",IFERROR(INDEX(SINAPI!$D:$D,MATCH($C313,SINAPI!$A:$A,0)),0),IF(B313=\"COMPOSIÇÃO\",IFERROR(INDEX(COMPOSIÇÃO!$G:$G,MATCH($C313,COMPOSIÇÃO!$A:$A,0)),0),0))","v":54.637263000000004},{"$f":"G313*(1+$I$10)","v":65.807612316163187},{"$f":"ROUND(F313*H313,2)","v":25796.58}]
["12.3.2","COMPOSIÇÃO","COMP-8548 ",{"$f":"IF(B314=\"SINAPI\",IFERROR(INDEX(SINAPI!$B:$B,MATCH($C314,SINAPI!$A:$A,0)),\"\"),IF(B314=\"COMPOSIÇÃO\",IFERROR(INDEX(COMPOSIÇÃO!$C:$C,MATCH($C314,COMPOSIÇÃO!$A:$A,0)),\"\"),\"\"))","v":"LUMINÁRIA LED COMPLETA (2 X 20)W "},{"$f":"IF(B314=\"SINAPI\",IFERROR(INDEX(SINAPI!$C:$C,MATCH($C314,SINAPI!$A:$A,0)),\"\"),IF(B314=\"COMPOSIÇÃO\",IFERROR(INDEX(COMPOSIÇÃO!$D:$D,MATCH($C314,COMPOSIÇÃO!$A:$A,0)),\"\"),\"\"))","v":"UN"},67,{"$f":"IF(B314=\"SINAPI\",IFERROR(INDEX(SINAPI!$D:$D,MATCH($C314,SINAPI!$A:$A,0)),0),IF(B314=\"COMPOSIÇÃO\",IFERROR(INDEX(COMPOSIÇÃO!$G:$G,MATCH($C314,COMPOSIÇÃO!$A:$A,0)),0),0))","v":44.570284999999998},{"$f":"G314*(1+$I$10)","v":53.682484719282208},3596.73]
["12.4",null,null,"Dispositivo de Proteção\t\t\t\t\t",null,null,null,null,{"$f":"SUM(I316:I347)","v":41477.520000000011}]
["12.4.1","SINAPI",93667,{"$f":"IF(B316=\"SINAPI\",IFERROR(INDEX(SINAPI!$B:$B,MATCH($C316,SINAPI!$A:$A,0)),\"\"),IF(B316=\"COMPOSIÇÃO\",IFERROR(INDEX(COMPOSIÇÃO!$C:$C,MATCH($C316,COMPOSIÇÃO!$A:$A,0)),\"\"),\"\"))","v":"DISJUNTOR TRIPOLAR TIPO DIN, CORRENTE NOMINAL DE 10A - FORNECIMENTO E INSTALAÇÃO. AF_10/2020"},{"$f":"IF(B316=\"SINAPI\",IFERROR(INDEX(SINAPI!$C:$C,MATCH($C316,SINAPI!$A:$A,0)),\"\"),IF(B316=\"COMPOSIÇÃO\",IFERROR(INDEX(COMPOSIÇÃO!$D:$D,MATCH($C316,COMPOSIÇÃO!$A:$A,0)),\"\"),\"\"))","v":"UN"},4,{"$f":"IF(B316=\"SINAPI\",IFERROR(INDEX(SINAPI!$D:$D,MATCH($C316,SINAPI!$A:$A,0)),0),IF(B316=\"COMPOSIÇÃO\",IFERROR(INDEX(COMPOSIÇÃO!$G:$G,MATCH($C316,COMPOSIÇÃO!$A:$A,0)),0),0))","v":72.27},{"$f":"G316*(1+$I$10)","v":87.045285231237031},{"$f":"ROUND(F316*H316,2)","v":348.18}]
["12.4.2","SINAPI",93669,{"$f":"IF(B317=\"SINAPI\",IFERROR(INDEX(SINAPI!$B:$B,MATCH($C317,SINAPI!$A:$A,0)),\"\"),IF(B317=\"COMPOSIÇÃO\",IFERROR(INDEX(COMPOSIÇÃO!$C:$C,MATCH($C317,COMPOSIÇÃO!$A:$A,0)),\"\"),\"\"))","v":"DISJUNTOR TRIPOLAR TIPO DIN, CORRENTE NOMINAL DE 20A - FORNECIMENTO E INSTALAÇÃO. AF_10/2020"},{"$f":"IF(B317=\"SINAPI\",IFERROR(INDEX(SINAPI!$C:$C,MATCH($C317,SINAPI!$A:$A,0)),\"\"),IF(B317=\"COMPOSIÇÃO\",IFERROR(INDEX(COMPOSIÇÃO!$D:$D,MATCH($C317,COMPOSIÇÃO!$A:$A,0)),\"\"),\"\"))","v":"UN"},1,{"$f":"IF(B317=\"SINAPI\",IFERROR(INDEX(SINAPI!$D:$D,MATCH($C317,SINAPI!$A:$A,0)),0),IF(B317=\"COMPOSIÇÃO\",IFERROR(INDEX(COMPOSIÇÃO!$G:$G,MATCH($C317,COMPOSIÇÃO!$A:$A,0)),0),0))","v":76.37},91.983512288772275,91.98]
["12.4.3","SINAPI",93672,{"$f":"IF(B318=\"SINAPI\",IFERROR(INDEX(SINAPI!$B:$B,MATCH($C318,SINAPI!$A:$A,0)),\"\"),IF(B318=\"COMPOSIÇÃO\",IFERROR(INDEX(COMPOSIÇÃO!$C:$C,MATCH($C318,COMPOSIÇÃO!$A:$A,0)),\"\"),\"\"))","v":"DISJUNTOR TRIPOLAR TIPO DIN, CORRENTE NOMINAL DE 40A - FORNECIMENTO E INSTALAÇÃO. AF_10/2020"},{"$f":"IF(B318=\"SINAPI\",IFERROR(INDEX(SINAPI!$C:$C,MATCH($C318,SINAPI!$A:$A,0)),\"\"),IF(B318=\"COMPOSIÇÃO\",IFERROR(INDEX(COMPOSIÇÃO!$D:$D,MATCH($C318,COMPOSIÇÃO!$A:$A,0)),\"\"),\"\"))","v":"UN"},1,{"$f":"IF(B318=\"SINAPI\",IFERROR(INDEX(SINAPI!$D:$D,MATCH($C318,SINAPI!$A:$A,0)),0),IF(B318=\"COMPOSIÇÃO\",IFERROR(INDEX(COMPOSIÇÃO!$G:$G,MATCH($C318,COMPOSIÇÃO!$A:$A,0)),0),0))","v":84.73},102.05267770364901,102.05]
["12.4.4","SINAPI",93653,{"$f":"IF(B319=\"SINAPI\",IFERROR(INDEX(SINAPI!$B:$B,MATCH($C319,SINAPI!$A:$A,0)),\"\"),IF(B319=\"COMPOSIÇÃO\",IFERROR(INDEX(COMPOSIÇÃO!$C:$C,MATCH($C319,COMPOSIÇÃO!$A:$A,0)),\"\"),\"\"))","v":"DISJUNTOR MONOPOLAR TIPO DIN, CORRENTE NOMINAL DE 10A - FORNECIMENTO E INSTALAÇÃO. AF_10/2020"},{"$f":"IF(B319=\"SINAPI\",IFERROR(INDEX(SINAPI!$C:$C,MATCH($C319,SINAPI!$A:$A,0)),\"\"),IF(B319=\"COMPOSIÇÃO\",IFERROR(INDEX(COMPOSIÇÃO!$D:$D,MATCH($C319,COMPOSIÇÃO!$A:$A,0)),\"\"),\"\"))","v":"UN"},43,{"$f":"IF(B319=\"SINAPI\",IFERROR(INDEX(SINAPI!$D:$D,MATCH($C319,SINAPI!$A:$A,0)),0),IF(B319=\"COMPOSIÇÃO\",IFERROR(INDEX(COMPOSIÇÃO!$G:$G,MATCH($C319,COMPOSIÇÃO!$A:$A,0)),0),0))","v":11.45},13.790902392385,593.01]
["12.4.5","SINAPI",93654,{"$f":"IF(B320=\"SINAPI\",IFERROR(INDEX(SINAPI!$B:$B,MATCH($C320,SINAPI!$A:$A,0)),\"\"),IF(B320=\"COMPOSIÇÃO\",IFERROR(INDEX(COMPOSIÇÃO!$C:$C,MATCH($C320,COMPOSIÇÃO!$A:$A,0)),\"\"),\"\"))","v":"DISJUNTOR MONOPOLAR TIPO DIN, CORRENTE NOMINAL DE 16A - FORNECIMENTO E INSTALAÇÃO. AF_10/2020"},{"$f":"IF(B320=\"SINAPI\",IFERROR(INDEX(SINAPI!$C:$C,MATCH($C320,SINAPI!$A:$A,0)),\"\"),IF(B320=\"COMPOSIÇÃO\",IFERROR(INDEX(COMPOSIÇÃO!$D:$D,MATCH($C320,COMPOSIÇÃO!$A:$A,0)),\"\"),\"\"))","v":"UN"},30,{"$f":"IF(B320=\"SINAPI\",IFERROR(INDEX(SINAPI!$D:$D,MATCH($C320,SINAPI!$A:$A,0)),0),IF(B320=\"COMPOSIÇÃO\",IFERROR(INDEX(COMPOSIÇÃO!$G:$G,MATCH($C320,COMPOSIÇÃO!$A:$A,0)),0),0))","v":11.91},14.34494737932798,430.35]
["12.4.6","SINAPI",93655,{"$f":"IF(B321=\"SINAPI\",IFERROR(INDEX(SINAPI!$B:$B,MATCH($C321,SINAPI!$A:$A,0)),\"\"),IF(B321=\"COMPOSIÇÃO\",IFERROR(INDEX(COMPOSIÇÃO!$C:$C,MATCH($C321,COMPOSIÇÃO!$A:$A,0)),\"\"),\"\"))","v":"DISJUNTOR MONOPOLAR TIPO DIN, CORRENTE NOMINAL DE 20A - FORNECIMENTO E INSTALAÇÃO. AF_10/2020"},{"$f":"IF(B321=\"SINAPI\",IFERROR(INDEX(SINAPI!$C:$C,MATCH($C321,SINAPI!$A:$A,0)),\"\"),IF(B321=\"COMPOSIÇÃO\",IFERROR(INDEX(COMPOSIÇÃO!$D:$D,MATCH($C321,COMPOSIÇÃO!$A:$A,0)),\"\"),\"\"))","v":"UN"},3,{"$f":"IF(B321=\"SINAPI\",IFERROR(INDEX(SINAPI!$D:$D,MATCH($C321,SINAPI!$A:$A,0)),0),IF(B321=\"COMPOSIÇÃO\",IFERROR(INDEX(COMPOSIÇÃO!$G:$G,MATCH($C321,COMPOSIÇÃO!$A:$A,0)),0),0))","v":12.82},15.440992896976045,46.32]
["12.4.7","SINAPI",93656,{"$f":"IF(B322=\"SINAPI\",IFERROR(INDEX(SINAPI!$B:$B,MATCH($C322,SINAPI!$A:$A,0)),\"\"),IF(B322=\"COMPOSIÇÃO\",IFERROR(INDEX(COMPOSIÇÃO!$C:$C,MATCH($C322,COMPOSIÇÃO!$A:$A,0)),\"\"),\"\"))","v":"DISJUNTOR MONOPOLAR TIPO DIN, CORRENTE NOMINAL DE 25A - FORNECIMENTO E INSTALAÇÃO. AF_10/2020"},{"$f":"IF(B322=\"SINAPI\",IFERROR(INDEX(SINAPI!$C:$C,MATCH($C322,SINAPI!$A:$A,0)),\"\"),IF(B322=\"COMPOSIÇÃO\",IFERROR(INDEX(COMPOSIÇÃO!$D:$D,MATCH($C322,COMPOSIÇÃO!$A:$A,0)),\"\"),\"\"))","v":"UN"},2,{"$f":"IF(B322=\"SINAPI\",IFERROR(INDEX(SINAPI!$D:$D,MATCH($C322,SINAPI!$A:$A,0)),0),IF(B322=\"COMPOSIÇÃO\",IFERROR(INDEX(COMPOSIÇÃO!$G:$G,MATCH($C322,COMPOSIÇÃO!$A:$A,0)),0),0))","v":12.82},15.440992896976045,30.88]
["12.4.8","SINAPI",93657,{"$f":"IF(B323=\"SINAPI\",IFERROR(INDEX(SINAPI!$B:$B,MATCH($C323,SINAPI!$A:$A,0)),\"\"),IF(B323=\"COMPOSIÇÃO\",IFERROR(INDEX(COMPOSIÇÃO!$C:$C,MATCH($C323,COMPOSIÇÃO!$A:$A,0)),\"\"),\"\"))","v":"DISJUNTOR MONOPOLAR TIPO DIN, CORRENTE NOMINAL DE 32A - FORNECIMENTO E INSTALAÇÃO. AF_10/2020"},{"$f":"IF(B323=\"SINAPI\",IFERROR(INDEX(SINAPI!$C:$C,MATCH($C323,SINAPI!$A:$A,0)),\"\"),IF(B323=\"COMPOSIÇÃO\",IFERROR(INDEX(COMPOSIÇÃO!$D:$D,MATCH($C323,COMPOSIÇÃO!$A:$A,0)),\"\"),\"\"))","v":"UN"},14,{"$f":"IF(B323=\"SINAPI\",IFERROR(INDEX(SINAPI!$D:$D,MATCH($C323,SINAPI!$A:$A,0)),0),IF(B323=\"COMPOSIÇÃO\",IFERROR(INDEX(COMPOSIÇÃO!$G:$G,MATCH($C323,COMPOSIÇÃO!$A:$A,0)),0),0))","v":13.91},16.753838626906145,234.55]
["12.4.9","SINAPI",93658,{"$f":"IF(B324=\"SINAPI\",IFERROR(INDEX(SINAPI!$B:$B,MATCH($C324,SINAPI!$A:$A,0)),\"\"),IF(B324=\"COMPOSIÇÃO\",IFERROR(INDEX(COMPOSIÇÃO!$C:$C,MATCH($C324,COMPOSIÇÃO!$A:$A,0)),\"\"),\"\"))","v":"DISJUNTOR MONOPOLAR TIPO DIN, CORRENTE NOMINAL DE 40A - FORNECIMENTO E INSTALAÇÃO. AF_10/2020"},{"$f":"IF(B324=\"SINAPI\",IFERROR(INDEX(SINAPI!$C:$C,MATCH($C324,SINAPI!$A:$A,0)),\"\"),IF(B324=\"COMPOSIÇÃO\",IFERROR(INDEX(COMPOSIÇÃO!$D:$D,MATCH($C324,COMPOSIÇÃO!$A:$A,0)),\"\"),\"\"))","v":"UN"},2,{"$f":"IF(B324=\"SINAPI\",IFERROR(INDEX(SINAPI!$D:$D,MATCH($C324,SINAPI!$A:$A,0)),0),IF(B324=\"COMPOSIÇÃO\",IFERROR(INDEX(COMPOSIÇÃO!$G:$G,MATCH($C324,COMPOSIÇÃO!$A:$A,0)),0),0))","v":20.16},24.281623775587914,48.56]
["12.4.10","SINAPI",93660,{"$f":"IF(B325=\"SINAPI\",IFERROR(INDEX(SINAPI!$B:$B,MATCH($C325,SINAPI!$A:$A,0)),\"\"),IF(B325=\"COMPOSIÇÃO\",IFERROR(INDEX(COMPOSIÇÃO!$C:$C,MATCH($C325,COMPOSIÇÃO!$A:$A,0)),\"\"),\"\"))","v":"DISJUNTOR BIPOLAR TIPO DIN, CORRENTE NOMINAL DE 10A - FORNECIMENTO E INSTALAÇÃO. AF_10/2020"},{"$f":"IF(B325=\"SINAPI\",IFERROR(INDEX(SINAPI!$C:$C,MATCH($C325,SINAPI!$A:$A,0)),\"\"),IF(B325=\"COMPOSIÇÃO\",IFERROR(INDEX(COMPOSIÇÃO!$D:$D,MATCH($C325,COMPOSIÇÃO!$A:$A,0)),\"\"),\"\"))","v":"UN"},23,{"$f":"IF(B325=\"SINAPI\",IFERROR(INDEX(SINAPI!$D:$D,MATCH($C325,SINAPI!$A:$A,0)),0),IF(B325=\"COMPOSIÇÃO\",IFERROR(INDEX(COMPOSIÇÃO!$G:$G,MATCH($C325,COMPOSIÇÃO!$A:$A,0)),0),0))","v":58.06},69.930112917194165,1608.39]
["12.4.11","SINAPI",93662,{"$f":"IF(B326=\"SINAPI\",IFERROR(INDEX(SINAPI!$B:$B,MATCH($C326,SINAPI!$A:$A,0)),\"\"),IF(B326=\"COMPOSIÇÃO\",IFERROR(INDEX(COMPOSIÇÃO!$C:$C,MATCH($C326,COMPOSIÇÃO!$A:$A,0)),\"\"),\"\"))","v":"DISJUNTOR BIPOLAR TIPO DIN, CORRENTE NOMINAL DE 20A - FORNECIMENTO E INSTALAÇÃO. AF_10/2020"},{"$f":"IF(B326=\"SINAPI\",IFERROR(INDEX(SINAPI!$C:$C,MATCH($C326,SINAPI!$A:$A,0)),\"\"),IF(B326=\"COMPOSIÇÃO\",IFERROR(INDEX(COMPOSIÇÃO!$D:$D,MATCH($C326,COMPOSIÇÃO!$A:$A,0)),\"\"),\"\"))","v":"UN"},28,{"$f":"IF(B326=\"SINAPI\",IFERROR(INDEX(SINAPI!$D:$D,MATCH($C326,SINAPI!$A:$A,0)),0),IF(B326=\"COMPOSIÇÃO\",IFERROR(INDEX(COMPOSIÇÃO!$G:$G,MATCH($C326,COMPOSIÇÃO!$A:$A,0)),0),0))","v":60.79},73.21824947013836,2050.11]
["12.4.12","COMPOSIÇÃO","COMP-4985 ",{"$f":"IF(B327=\"SINAPI\",IFERROR(INDEX(SINAPI!$B:$B,MATCH($C327,SINAPI!$A:$A,0)),\"\"),IF(B327=\"COMPOSIÇÃO\",IFERROR(INDEX(COMPOSIÇÃO!$C:$C,MATCH($C327,COMPOSIÇÃO!$A:$A,0)),\"\"),\"\"))","v":"DISJUNTOR BIPOLAR TERMOMAGNETICO (380/220V) TIPO DIN (CURVA C) 10A - 4,5 Ka, FORNECIMENTO E INSTALACAO "},{"$f":"IF(B327=\"SINAPI\",IFERROR(INDEX(SINAPI!$C:$C,MATCH($C327,SINAPI!$A:$A,0)),\"\"),IF(B327=\"COMPOSIÇÃO\",IFERROR(INDEX(COMPOSIÇÃO!$D:$D,MATCH($C327,COMPOSIÇÃO!$A:$A,0)),\"\"),\"\"))","v":"UN"},10,{"$f":"IF(B327=\"SINAPI\",IFERROR(INDEX(SINAPI!$D:$D,MATCH($C327,SINAPI!$A:$A,0)),0),IF(B327=\"COMPOSIÇÃO\",IFERROR(INDEX(COMPOSIÇÃO!$G:$G,MATCH($C327,COMPOSIÇÃO!$A:$A,0)),0),0))","v":79.177279999999996},95.364728399522889,953.65]
["12.4.13","COMPOSIÇÃO","COMP-3166 ",{"$f":"IF(B328=\"SINAPI\",IFERROR(INDEX(SINAPI!$B:$B,MATCH($C328,SINAPI!$A:$A,0)),\"\"),IF(B328=\"COMPOSIÇÃO\",IFERROR(INDEX(COMPOSIÇÃO!$C:$C,MATCH($C328,COMPOSIÇÃO!$A:$A,0)),\"\"),\"\"))","v":"DISJUNTOR BIPOLAR TERMOMAGNETICO (380/220V) TIPO DIN (CURVA C) 16A - 4,5 Ka, FORNECIMENTO E INSTALACAO "},{"$f":"IF(B328=\"SINAPI\",IFERROR(INDEX(SINAPI!$C:$C,MATCH($C328,SINAPI!$A:$A,0)),\"\"),IF(B328=\"COMPOSIÇÃO\",IFERROR(INDEX(COMPOSIÇÃO!$D:$D,MATCH($C328,COMPOSIÇÃO!$A:$A,0)),\"\"),\"\"))","v":"UN"},5,{"$f":"IF(B328=\"SINAPI\",IFERROR(INDEX(SINAPI!$D:$D,MATCH($C328,SINAPI!$A:$A,0)),0),IF(B328=\"COMPOSIÇÃO\",IFERROR(INDEX(COMPOSIÇÃO!$G:$G,MATCH($C328,COMPOSIÇÃO!$A:$A,0)),0),0))","v":80.738280000000003},97.244868018257648,486.22]
["12.4.14","COMPOSIÇÃO","COMP-0456 ",{"$f":"IF(B329=\"SINAPI\",IFERROR(INDEX(SINAPI!$B:$B,MATCH($C329,SINAPI!$A:$A,0)),\"\"),IF(B329=\"COMPOSIÇÃO\",IFERROR(INDEX(COMPOSIÇÃO!$C:$C,MATCH($C329,COMPOSIÇÃO!$A:$A,0)),\"\"),\"\"))","v":"DISJUNTOR BIPOLAR TERMOMAGNETICO (380/220V) TIPO DIN (CURVA C) 20A - 4,5 Ka, FORNECIMENTO E INSTALACAO "},{"$f":"IF(B329=\"SINAPI\",IFERROR(INDEX(SINAPI!$C:$C,MATCH($C329,SINAPI!$A:$A,0)),\"\"),IF(B329=\"COMPOSIÇÃO\",IFERROR(INDEX(COMPOSIÇÃO!$D:$D,MATCH($C329,COMPOSIÇÃO!$A:$A,0)),\"\"),\"\"))","v":"UN"},10,{"$f":"IF(B329=\"SINAPI\",IFERROR(INDEX(SINAPI!$D:$D,MATCH($C329,SINAPI!$A:$A,0)),0),IF(B329=\"COMPOSIÇÃO\",IFERROR(INDEX(COMPOSIÇÃO!$G:$G,MATCH($C329,COMPOSIÇÃO!$A:$A,0)),0),0))","v":107.81828000000002},129.86125551046604,1298.6099999999999]
["12.4.15","COMPOSIÇÃO","COMP-8832 ",{"$f":"IF(B330=\"SINAPI\",IFERROR(INDEX(SINAPI!$B:$B,MATCH($C330,SINAPI!$A:$A,0)),\"\"),IF(B330=\"COMPOSIÇÃO\",IFERROR(INDEX(COMPOSIÇÃO!$C:$C,MATCH($C330,COMPOSIÇÃO!$A:$A,0)),\"\"),\"\"))","v":"DISJUNTOR TRIPOLAR TERMOMAGNETICO (220/127V) TIPO DIN (CURVA C) 100A - 40 Ka, FORNECIMENTO E INSTALACAO "},{"$f":"IF(B330=\"SINAPI\",IFERROR(INDEX(SINAPI!$C:$C,MATCH($C330,SINAPI!$A:$A,0)),\"\"),IF(B330=\"COMPOSIÇÃO\",IFERROR(INDEX(COMPOSIÇÃO!$D:$D,MATCH($C330,COMPOSIÇÃO!$A:$A,0)),\"\"),\"\"))","v":"UN"},1,{"$f":"IF(B330=\"SINAPI\",IFERROR(INDEX(SINAPI!$D:$D,MATCH($C330,SINAPI!$A:$A,0)),0),IF(B330=\"COMPOSIÇÃO\",IFERROR(INDEX(COMPOSIÇÃO!$G:$G,MATCH($C330,COMPOSIÇÃO!$A:$A,0)),0),0))","v":1247.05728},1502.0126835103172,1502.01]
["12.4.16","COMPOSIÇÃO","COMP-7346 ",{"$f":"IF(B331=\"SINAPI\",IFERROR(INDEX(SINAPI!$B:$B,MATCH($C331,SINAPI!$A:$A,0)),\"\"),IF(B331=\"COMPOSIÇÃO\",IFERROR(INDEX(COMPOSIÇÃO!$C:$C,MATCH($C331,COMPOSIÇÃO!$A:$A,0)),\"\"),\"\"))","v":"DISJUNTOR TRIPOLAR TERMOMAGNETICO (220/127V) TIPO DIN (CURVA C) 100A - 5 Ka, FORNECIMENTO E INSTALACAO "},{"$f":"IF(B331=\"SINAPI\",IFERROR(INDEX(SINAPI!$C:$C,MATCH($C331,SINAPI!$A:$A,0)),\"\"),IF(B331=\"COMPOSIÇÃO\",IFERROR(INDEX(COMPOSIÇÃO!$D:$D,MATCH($C331,COMPOSIÇÃO!$A:$A,0)),\"\"),\"\"))","v":"UN"},1,{"$f":"IF(B331=\"SINAPI\",IFERROR(INDEX(SINAPI!$D:$D,MATCH($C331,SINAPI!$A:$A,0)),0),IF(B331=\"COMPOSIÇÃO\",IFERROR(INDEX(COMPOSIÇÃO!$G:$G,MATCH($C331,COMPOSIÇÃO!$A:$A,0)),0),0))","v":127.80930000000001},153.93935206454606,153.94]
["12.4.17","COMPOSIÇÃO","COMP-9878 ",{"$f":"IF(B332=\"SINAPI\",IFERROR(INDEX(SINAPI!$B:$B,MATCH($C332,SINAPI!$A:$A,0)),\"\"),IF(B332=\"COMPOSIÇÃO\",IFERROR(INDEX(COMPOSIÇÃO!$C:$C,MATCH($C332,COMPOSIÇÃO!$A:$A,0)),\"\"),\"\"))","v":"DISJUNTOR TRIPOLAR TERMOMAGNETICO (220/127V) TIPO DIN (CURVA C) 1000A - 85 Ka, FORNECIMENTO E INSTALACAO "},{"$f":"IF(B332=\"SINAPI\",IFERROR(INDEX(SINAPI!$C:$C,MATCH($C332,SINAPI!$A:$A,0)),\"\"),IF(B332=\"COMPOSIÇÃO\",IFERROR(INDEX(COMPOSIÇÃO!$D:$D,MATCH($C332,COMPOSIÇÃO!$A:$A,0)),\"\"),\"\"))","v":"UN"},1,{"$f":"IF(B332=\"SINAPI\",IFERROR(INDEX(SINAPI!$D:$D,MATCH($C332,SINAPI!$A:$A,0)),0),IF(B332=\"COMPOSIÇÃO\",IFERROR(INDEX(COMPOSIÇÃO!$G:$G,MATCH($C332,COMPOSIÇÃO!$A:$A,0)),0),0))","v":4503.2272799999992},5423.8923903236146,5423.89]
["12.4.18","COMPOSIÇÃO","COMP-7708 ",{"$f":"IF(B333=\"SINAPI\",IFERROR(INDEX(SINAPI!$B:$B,MATCH($C333,SINAPI!$A:$A,0)),\"\"),IF(B333=\"COMPOSIÇÃO\",IFERROR(INDEX(COMPOSIÇÃO!$C:$C,MATCH($C333,COMPOSIÇÃO!$A:$A,0)),\"\"),\"\"))","v":"DISJUNTOR TRIPOLAR TERMOMAGNETICO (220/127V) TIPO DIN (CURVA C) 250A - 60 Ka, FORNECIMENTO E INSTALACAO "},{"$f":"IF(B333=\"SINAPI\",IFERROR(INDEX(SINAPI!$C:$C,MATCH($C333,SINAPI!$A:$A,0)),\"\"),IF(B333=\"COMPOSIÇÃO\",IFERROR(INDEX(COMPOSIÇÃO!$D:$D,MATCH($C333,COMPOSIÇÃO!$A:$A,0)),\"\"),\"\"))","v":"UN"},4,{"$f":"IF(B333=\"SINAPI\",IFERROR(INDEX(SINAPI!$D:$D,MATCH($C333,SINAPI!$A:$A,0)),0),IF(B333=\"COMPOSIÇÃO\",IFERROR(INDEX(COMPOSIÇÃO!$G:$G,MATCH($C333,COMPOSIÇÃO!$A:$A,0)),0),0))","v":987.27728000000002},1189.1217993623893,4756.49]
["12.4.19","COMPOSIÇÃO","COMP-9059 ",{"$f":"IF(B334=\"SINAPI\",IFERROR(INDEX(SINAPI!$B:$B,MATCH($C334,SINAPI!$A:$A,0)),\"\"),IF(B334=\"COMPOSIÇÃO\",IFERROR(INDEX(COMPOSIÇÃO!$C:$C,MATCH($C334,COMPOSIÇÃO!$A:$A,0)),\"\"),\"\"))","v":"DISJUNTOR TRIPOLAR TERMOMAGNETICO (220/127V) TIPO DIN (CURVA C) 315A - 60 Ka, FORNECIMENTO E INSTALACAO "},{"$f":"IF(B334=\"SINAPI\",IFERROR(INDEX(SINAPI!$C:$C,MATCH($C334,SINAPI!$A:$A,0)),\"\"),IF(B334=\"COMPOSIÇÃO\",IFERROR(INDEX(COMPOSIÇÃO!$D:$D,MATCH($C334,COMPOSIÇÃO!$A:$A,0)),\"\"),\"\"))","v":"UN"},2,{"$f":"IF(B334=\"SINAPI\",IFERROR(INDEX(SINAPI!$D:$D,MATCH($C334,SINAPI!$A:$A,0)),0),IF(B334=\"COMPOSIÇÃO\",IFERROR(INDEX(COMPOSIÇÃO!$G:$G,MATCH($C334,COMPOSIÇÃO!$A:$A,0)),0),0))","v":725.18727999999999},873.4486458235084,1746.9]
["12.4.20","COMPOSIÇÃO","COMP-7257 ",{"$f":"IF(B335=\"SINAPI\",IFERROR(INDEX(SINAPI!$B:$B,MATCH($C335,SINAPI!$A:$A,0)),\"\"),IF(B335=\"COMPOSIÇÃO\",IFERROR(INDEX(COMPOSIÇÃO!$C:$C,MATCH($C335,COMPOSIÇÃO!$A:$A,0)),\"\"),\"\"))","v":"DISJUNTOR TRIPOLAR TERMOMAGNETICO (220/127V) TIPO DIN (CURVA C) 50A - 25 Ka, FORNECIMENTO E INSTALACAO "},{"$f":"IF(B335=\"SINAPI\",IFERROR(INDEX(SINAPI!$C:$C,MATCH($C335,SINAPI!$A:$A,0)),\"\"),IF(B335=\"COMPOSIÇÃO\",IFERROR(INDEX(COMPOSIÇÃO!$D:$D,MATCH($C335,COMPOSIÇÃO!$A:$A,0)),\"\"),\"\"))","v":"UN"},1,{"$f":"IF(B335=\"SINAPI\",IFERROR(INDEX(SINAPI!$D:$D,MATCH($C335,SINAPI!$A:$A,0)),0),IF(B335=\"COMPOSIÇÃO\",IFERROR(INDEX(COMPOSIÇÃO!$G:$G,MATCH($C335,COMPOSIÇÃO!$A:$A,0)),0),0))","v":91.337280000000007},110.01078718479815,110.01]
["12.4.21","COMPOSIÇÃO","COMP-3294 ",{"$f":"IF(B336=\"SINAPI\",IFERROR(INDEX(SINAPI!$B:$B,MATCH($C336,SINAPI!$A:$A,0)),\"\"),IF(B336=\"COMPOSIÇÃO\",IFERROR(INDEX(COMPOSIÇÃO!$C:$C,MATCH($C336,COMPOSIÇÃO!$A:$A,0)),\"\"),\"\"))","v":"DISJUNTOR TRIPOLAR TERMOMAGNETICO (220/127V) TIPO DIN (CURVA C) 50A - 5 Ka, FORNECIMENTO E INSTALACAO "},{"$f":"IF(B336=\"SINAPI\",IFERROR(INDEX(SINAPI!$C:$C,MATCH($C336,SINAPI!$A:$A,0)),\"\"),IF(B336=\"COMPOSIÇÃO\",IFERROR(INDEX(COMPOSIÇÃO!$D:$D,MATCH($C336,COMPOSIÇÃO!$A:$A,0)),\"\"),\"\"))","v":"UN"},1,{"$f":"IF(B336=\"SINAPI\",IFERROR(INDEX(SINAPI!$D:$D,MATCH($C336,SINAPI!$A:$A,0)),0),IF(B336=\"COMPOSIÇÃO\",IFERROR(INDEX(COMPOSIÇÃO!$G:$G,MATCH($C336,COMPOSIÇÃO!$A:$A,0)),0),0))","v":87.716280000000012},105.64948958105788,105.65]
["12.4.22","COMPOSIÇÃO","COMP-3352 ",{"$f":"IF(B337=\"SINAPI\",IFERROR(INDEX(SINAPI!$B:$B,MATCH($C337,SINAPI!$A:$A,0)),\"\"),IF(B337=\"COMPOSIÇÃO\",IFERROR(INDEX(COMPOSIÇÃO!$C:$C,MATCH($C337,COMPOSIÇÃO!$A:$A,0)),\"\"),\"\"))","v":"DISJUNTOR TRIPOLAR TERMOMAGNETICO (220/127V) TIPO DIN (CURVA C) 60A - 5 Ka, FORNECIMENTO E INSTALACAO "},{"$f":"IF(B337=\"SINAPI\",IFERROR(INDEX(SINAPI!$C:$C,MATCH($C337,SINAPI!$A:$A,0)),\"\"),IF(B337=\"COMPOSIÇÃO\",IFERROR(INDEX(COMPOSIÇÃO!$D:$D,MATCH($C337,COMPOSIÇÃO!$A:$A,0)),\"\"),\"\"))","v":"UN"},1,{"$f":"IF(B337=\"SINAPI\",IFERROR(INDEX(SINAPI!$D:$D,MATCH($C337,SINAPI!$A:$A,0)),0),IF(B337=\"COMPOSIÇÃO\",IFERROR(INDEX(COMPOSIÇÃO!$G:$G,MATCH($C337,COMPOSIÇÃO!$A:$A,0)),0),0))","v":140.56727999999998},169.30564524393466,169.31]
["12.4.23","COMPOSIÇÃO","COMP-1681 ",{"$f":"IF(B338=\"SINAPI\",IFERROR(INDEX(SINAPI!$B:$B,MATCH($C338,SINAPI!$A:$A,0)),\"\"),IF(B338=\"COMPOSIÇÃO\",IFERROR(INDEX(COMPOSIÇÃO!$C:$C,MATCH($C338,COMPOSIÇÃO!$A:$A,0)),\"\"),\"\"))","v":"DISJUNTOR TRIPOLAR TERMOMAGNETICO (220/127V) TIPO DIN (CURVA C) 63A - 40 Ka, FORNECIMENTO E INSTALACAO "},{"$f":"IF(B338=\"SINAPI\",IFERROR(INDEX(SINAPI!$C:$C,MATCH($C338,SINAPI!$A:$A,0)),\"\"),IF(B338=\"COMPOSIÇÃO\",IFERROR(INDEX(COMPOSIÇÃO!$D:$D,MATCH($C338,COMPOSIÇÃO!$A:$A,0)),\"\"),\"\"))","v":"UN"},1,{"$f":"IF(B338=\"SINAPI\",IFERROR(INDEX(SINAPI!$D:$D,MATCH($C338,SINAPI!$A:$A,0)),0),IF(B338=\"COMPOSIÇÃO\",IFERROR(INDEX(COMPOSIÇÃO!$G:$G,MATCH($C338,COMPOSIÇÃO!$A:$A,0)),0),0))","v":104.19728000000001},125.49995790672575,125.5]
["12.4.24","COMPOSIÇÃO","COMP-6906 ",{"$f":"IF(B339=\"SINAPI\",IFERROR(INDEX(SINAPI!$B:$B,MATCH($C339,SINAPI!$A:$A,0)),\"\"),IF(B339=\"COMPOSIÇÃO\",IFERROR(INDEX(COMPOSIÇÃO!$C:$C,MATCH($C339,COMPOSIÇÃO!$A:$A,0)),\"\"),\"\"))","v":"DISJUNTOR TRIPOLAR TERMOMAGNETICO (220/127V) CURVA C 125A -40 Ka, FORNECIMENTO E INSTALACAO "},{"$f":"IF(B339=\"SINAPI\",IFERROR(INDEX(SINAPI!$C:$C,MATCH($C339,SINAPI!$A:$A,0)),\"\"),IF(B339=\"COMPOSIÇÃO\",IFERROR(INDEX(COMPOSIÇÃO!$D:$D,MATCH($C339,COMPOSIÇÃO!$A:$A,0)),\"\"),\"\"))","v":"UN"},2,{"$f":"IF(B339=\"SINAPI\",IFERROR(INDEX(SINAPI!$D:$D,MATCH($C339,SINAPI!$A:$A,0)),0),IF(B339=\"COMPOSIÇÃO\",IFERROR(INDEX(COMPOSIÇÃO!$G:$G,MATCH($C339,COMPOSIÇÃO!$A:$A,0)),0),0))","v":381.41728000000006},459.39637373353543,918.79]
["12.4.25","COMPOSIÇÃO","COMP-8171 ",{"$f":"IF(B340=\"SINAPI\",IFERROR(INDEX(SINAPI!$B:$B,MATCH($C340,SINAPI!$A:$A,0)),\"\"),IF(B340=\"COMPOSIÇÃO\",IFERROR(INDEX(COMPOSIÇÃO!$C:$C,MATCH($C340,COMPOSIÇÃO!$A:$A,0)),\"\"),\"\"))","v":"DISJUNTOR TRIPOLAR TERMOMAGNETICO (220/127V) CURVA C 160A -40 Ka, FORNECIMENTO E INSTALACAO "},{"$f":"IF(B340=\"SINAPI\",IFERROR(INDEX(SINAPI!$C:$C,MATCH($C340,SINAPI!$A:$A,0)),\"\"),IF(B340=\"COMPOSIÇÃO\",IFERROR(INDEX(COMPOSIÇÃO!$D:$D,MATCH($C340,COMPOSIÇÃO!$A:$A,0)),\"\"),\"\"))","v":"UN"},4,{"$f":"IF(B340=\"SINAPI\",IFERROR(INDEX(SINAPI!$D:$D,MATCH($C340,SINAPI!$A:$A,0)),0),IF(B340=\"COMPOSIÇÃO\",IFERROR(INDEX(COMPOSIÇÃO!$G:$G,MATCH($C340,COMPOSIÇÃO!$A:$A,0)),0),0))","v":1247.05728},1502.0126835103172,6008.05]
["12.4.26","COMPOSIÇÃO","COMP-9921",{"$f":"IF(B341=\"SINAPI\",IFERROR(INDEX(SINAPI!$B:$B,MATCH($C341,SINAPI!$A:$A,0)),\"\"),IF(B341=\"COMPOSIÇÃO\",IFERROR(INDEX(COMPOSIÇÃO!$C:$C,MATCH($C341,COMPOSIÇÃO!$A:$A,0)),\"\"),\"\"))","v":"DISJUNTOR TRIPOLAR TERMOMAGNETICO (220/127V) CURVA C 200A -60 Ka, FORNECIMENTO E INSTALACAO "},{"$f":"IF(B341=\"SINAPI\",IFERROR(INDEX(SINAPI!$C:$C,MATCH($C341,SINAPI!$A:$A,0)),\"\"),IF(B341=\"COMPOSIÇÃO\",IFERROR(INDEX(COMPOSIÇÃO!$D:$D,MATCH($C341,COMPOSIÇÃO!$A:$A,0)),\"\"),\"\"))","v":"UN"},4,{"$f":"IF(B341=\"SINAPI\",IFERROR(INDEX(SINAPI!$D:$D,MATCH($C341,SINAPI!$A:$A,0)),0),IF(B341=\"COMPOSIÇÃO\",IFERROR(INDEX(COMPOSIÇÃO!$G:$G,MATCH($C341,COMPOSIÇÃO!$A:$A,0)),0),0))","v":1247.05728},1502.0126835103172,6008.05]
["12.4.27","COMPOSIÇÃO","COMP-1366 ",{"$f":"IF(B342=\"SINAPI\",IFERROR(INDEX(SINAPI!$B:$B,MATCH($C342,SINAPI!$A:$A,0)),\"\"),IF(B342=\"COMPOSIÇÃO\",IFERROR(INDEX(COMPOSIÇÃO!$C:$C,MATCH($C342,COMPOSIÇÃO!$A:$A,0)),\"\"),\"\"))","v":"DISJUNTOR TRIPOLAR TERMOMAGNETICO (220/127V) CURVA C 80A -40 Ka, FORNECIMENTO E INSTALACAO "},{"$f":"IF(B342=\"SINAPI\",IFERROR(INDEX(SINAPI!$C:$C,MATCH($C342,SINAPI!$A:$A,0)),\"\"),IF(B342=\"COMPOSIÇÃO\",IFERROR(INDEX(COMPOSIÇÃO!$D:$D,MATCH($C342,COMPOSIÇÃO!$A:$A,0)),\"\"),\"\"))","v":"UN"},3,{"$f":"IF(B342=\"SINAPI\",IFERROR(INDEX(SINAPI!$D:$D,MATCH($C342,SINAPI!$A:$A,0)),0),IF(B342=\"COMPOSIÇÃO\",IFERROR(INDEX(COMPOSIÇÃO!$G:$G,MATCH($C342,COMPOSIÇÃO!$A:$A,0)),0),0))","v":120.90998},145.62949628342557,436.89]
["12.4.28","COMPOSIÇÃO","COMP-9850 ",{"$f":"IF(B343=\"SINAPI\",IFERROR(INDEX(SINAPI!$B:$B,MATCH($C343,SINAPI!$A:$A,0)),\"\"),IF(B343=\"COMPOSIÇÃO\",IFERROR(INDEX(COMPOSIÇÃO!$C:$C,MATCH($C343,COMPOSIÇÃO!$A:$A,0)),\"\"),\"\"))","v":"DISJUNTOR TRIPOLAR TERMOMAGNETICO (220/127V) CURVA C 80A -5 Ka, FORNECIMENTO E INSTALACAO "},{"$f":"IF(B343=\"SINAPI\",IFERROR(INDEX(SINAPI!$C:$C,MATCH($C343,SINAPI!$A:$A,0)),\"\"),IF(B343=\"COMPOSIÇÃO\",IFERROR(INDEX(COMPOSIÇÃO!$D:$D,MATCH($C343,COMPOSIÇÃO!$A:$A,0)),\"\"),\"\"))","v":"UN"},3,{"$f":"IF(B343=\"SINAPI\",IFERROR(INDEX(SINAPI!$D:$D,MATCH($C343,SINAPI!$A:$A,0)),0),IF(B343=\"COMPOSIÇÃO\",IFERROR(INDEX(COMPOSIÇÃO!$G:$G,MATCH($C343,COMPOSIÇÃO!$A:$A,0)),0),0))","v":480.96988000000005},579.30206714036046,1737.91]
["12.4.29","COMPOSIÇÃO","COMP-8766 ",{"$f":"IF(B344=\"SINAPI\",IFERROR(INDEX(SINAPI!$B:$B,MATCH($C344,SINAPI!$A:$A,0)),\"\"),IF(B344=\"COMPOSIÇÃO\",IFERROR(INDEX(COMPOSIÇÃO!$C:$C,MATCH($C344,COMPOSIÇÃO!$A:$A,0)),\"\"),\"\"))","v":"DISJUNTOR TRIPOLAR TERMOMAGNETICO (220/127V) CURVA C 90A -5 Ka, FORNECIMENTO E INSTALACAO "},{"$f":"IF(B344=\"SINAPI\",IFERROR(INDEX(SINAPI!$C:$C,MATCH($C344,SINAPI!$A:$A,0)),\"\"),IF(B344=\"COMPOSIÇÃO\",IFERROR(INDEX(COMPOSIÇÃO!$D:$D,MATCH($C344,COMPOSIÇÃO!$A:$A,0)),\"\"),\"\"))","v":"UN"},2,{"$f":"IF(B344=\"SINAPI\",IFERROR(INDEX(SINAPI!$D:$D,MATCH($C344,SINAPI!$A:$A,0)),0),IF(B344=\"COMPOSIÇÃO\",IFERROR(INDEX(COMPOSIÇÃO!$G:$G,MATCH($C344,COMPOSIÇÃO!$A:$A,0)),0),0))","v":280.37928000000005},337.70159679713402,675.4]
["12.4.30","COMPOSIÇÃO","COMP-0189 ",{"$f":"IF(B345=\"SINAPI\",IFERROR(INDEX(SINAPI!$B:$B,MATCH($C345,SINAPI!$A:$A,0)),\"\"),IF(B345=\"COMPOSIÇÃO\",IFERROR(INDEX(COMPOSIÇÃO!$C:$C,MATCH($C345,COMPOSIÇÃO!$A:$A,0)),\"\"),\"\"))","v":"DISJUNTOR TRIPOLAR TERMOMAGNETICO (220/127V) NORMA UL 125A -22 Ka, FORNECIMENTO E INSTALACAO "},{"$f":"IF(B345=\"SINAPI\",IFERROR(INDEX(SINAPI!$C:$C,MATCH($C345,SINAPI!$A:$A,0)),\"\"),IF(B345=\"COMPOSIÇÃO\",IFERROR(INDEX(COMPOSIÇÃO!$D:$D,MATCH($C345,COMPOSIÇÃO!$A:$A,0)),\"\"),\"\"))","v":"UN"},2,{"$f":"IF(B345=\"SINAPI\",IFERROR(INDEX(SINAPI!$D:$D,MATCH($C345,SINAPI!$A:$A,0)),0),IF(B345=\"COMPOSIÇÃO\",IFERROR(INDEX(COMPOSIÇÃO!$G:$G,MATCH($C345,COMPOSIÇÃO!$A:$A,0)),0),0))","v":400.56727999999998},482.46150742909629,964.92]
["12.4.31","COMPOSIÇÃO","COMP-5377 ",{"$f":"IF(B346=\"SINAPI\",IFERROR(INDEX(SINAPI!$B:$B,MATCH($C346,SINAPI!$A:$A,0)),\"\"),IF(B346=\"COMPOSIÇÃO\",IFERROR(INDEX(COMPOSIÇÃO!$C:$C,MATCH($C346,COMPOSIÇÃO!$A:$A,0)),\"\"),\"\"))","v":"DISJUNTOR TRIPOLAR TERMOMAGNETICO (220/127V) NORMA UL 15A -5 Ka, FORNECIMENTO E INSTALACAO "},{"$f":"IF(B346=\"SINAPI\",IFERROR(INDEX(SINAPI!$C:$C,MATCH($C346,SINAPI!$A:$A,0)),\"\"),IF(B346=\"COMPOSIÇÃO\",IFERROR(INDEX(COMPOSIÇÃO!$D:$D,MATCH($C346,COMPOSIÇÃO!$A:$A,0)),\"\"),\"\"))","v":"UND"},1,{"$f":"IF(B346=\"SINAPI\",IFERROR(INDEX(SINAPI!$D:$D,MATCH($C346,SINAPI!$A:$A,0)),0),IF(B346=\"COMPOSIÇÃO\",IFERROR(INDEX(COMPOSIÇÃO!$G:$G,MATCH($C346,COMPOSIÇÃO!$A:$A,0)),0),0))","v":91.337280000000007},110.01078718479815,110.01]
["12.4.32","COMPOSIÇÃO","COMP-0066 ",{"$f":"IF(B347=\"SINAPI\",IFERROR(INDEX(SINAPI!$B:$B,MATCH($C347,SINAPI!$A:$A,0)),\"\"),IF(B347=\"COMPOSIÇÃO\",IFERROR(INDEX(COMPOSIÇÃO!$C:$C,MATCH($C347,COMPOSIÇÃO!$A:$A,0)),\"\"),\"\"))","v":"DISPOSITIVO DE PROTEÇÃO CONTRA SURTOS DE TENSÃO - DPS's - 40 KA/440V "},{"$f":"IF(B347=\"SINAPI\",IFERROR(INDEX(SINAPI!$C:$C,MATCH($C347,SINAPI!$A:$A,0)),\"\"),IF(B347=\"COMPOSIÇÃO\",IFERROR(INDEX(COMPOSIÇÃO!$D:$D,MATCH($C347,COMPOSIÇÃO!$A:$A,0)),\"\"),\"\"))","v":"UND"},20,{"$f":"IF(B347=\"SINAPI\",IFERROR(INDEX(SINAPI!$D:$D,MATCH($C347,SINAPI!$A:$A,0)),0),IF(B347=\"COMPOSIÇÃO\",IFERROR(INDEX(COMPOSIÇÃO!$G:$G,MATCH($C347,COMPOSIÇÃO!$A:$A,0)),0),0))","v":91.367279999999994},110.04692055351181,2200.94]
["12.5",null,null,"Dispositivo Elétrico \t\t\t",null,null,null,null,{"$f":"SUM(I349:I356)","v":17387.45}]
["12.5.1","SINAPI",91953,{"$f":"IF(B349=\"SINAPI\",IFERROR(INDEX(SINAPI!$B:$B,MATCH($C349,SINAPI!$A:$A,0)),\"\"),IF(B349=\"COMPOSIÇÃO\",IFERROR(INDEX(COMPOSIÇÃO!$C:$C,MATCH($C349,COMPOSIÇÃO!$A:$A,0)),\"\"),\"\"))","v":"INTERRUPTOR SIMPLES (1 MÓDULO), 10A/250V, INCLUINDO SUPORTE E PLACA - FORNECIMENTO E INSTALAÇÃO. AF_12/2015"},{"$f":"IF(B349=\"SINAPI\",IFERROR(INDEX(SINAPI!$C:$C,MATCH($C349,SINAPI!$A:$A,0)),\"\"),IF(B349=\"COMPOSIÇÃO\",IFERROR(INDEX(COMPOSIÇÃO!$D:$D,MATCH($C349,COMPOSIÇÃO!$A:$A,0)),\"\"),\"\"))","v":"UN"},17,{"$f":"IF(B349=\"SINAPI\",IFERROR(INDEX(SINAPI!$D:$D,MATCH($C349,SINAPI!$A:$A,0)),0),IF(B349=\"COMPOSIÇÃO\",IFERROR(INDEX(COMPOSIÇÃO!$G:$G,MATCH($C349,COMPOSIÇÃO!$A:$A,0)),0),0))","v":20.11},{"$f":"G349*(1+$I$10)","v":24.22140149439846},{"$f":"ROUND(F349*H349,2)","v":411.76}]
["12.5.2","SINAPI",91965,{"$f":"IF(B350=\"SINAPI\",IFERROR(INDEX(SINAPI!$B:$B,MATCH($C350,SINAPI!$A:$A,0)),\"\"),IF(B350=\"COMPOSIÇÃO\",IFERROR(INDEX(COMPOSIÇÃO!$C:$C,MATCH($C350,COMPOSIÇÃO!$A:$A,0)),\"\"),\"\"))","v":"INTERRUPTOR SIMPLES (2 MÓDULOS) COM INTERRUPTOR PARALELO (1 MÓDULO), 10A/250V, INCLUINDO SUPORTE E PLACA - FORNECIMENTO E INSTALAÇÃO. AF_12/2015"},{"$f":"IF(B350=\"SINAPI\",IFERROR(INDEX(SINAPI!$C:$C,MATCH($C350,SINAPI!$A:$A,0)),\"\"),IF(B350=\"COMPOSIÇÃO\",IFERROR(INDEX(COMPOSIÇÃO!$D:$D,MATCH($C350,COMPOSIÇÃO!$A:$A,0)),\"\"),\"\"))","v":"UN"},9,{"$f":"IF(B350=\"SINAPI\",IFERROR(INDEX(SINAPI!$D:$D,MATCH($C350,SINAPI!$A:$A,0)),0),IF(B350=\"COMPOSIÇÃO\",IFERROR(INDEX(COMPOSIÇÃO!$G:$G,MATCH($C350,COMPOSIÇÃO!$A:$A,0)),0),0))","v":48.22},58.078367979109586,522.71]
["12.5.3","SINAPI",91971,{"$f":"IF(B351=\"SINAPI\",IFERROR(INDEX(SINAPI!$B:$B,MATCH($C351,SINAPI!$A:$A,0)),\"\"),IF(B351=\"COMPOSIÇÃO\",IFERROR(INDEX(COMPOSIÇÃO!$C:$C,MATCH($C351,COMPOSIÇÃO!$A:$A,0)),\"\"),\"\"))","v":"INTERRUPTOR SIMPLES (3 MÓDULOS) COM INTERRUPTOR PARALELO (1 MÓDULO), 10A/250V, INCLUINDO SUPORTE E PLACA - FORNECIMENTO E INSTALAÇÃO. AF_12/2015"},{"$f":"IF(B351=\"SINAPI\",IFERROR(INDEX(SINAPI!$C:$C,MATCH($C351,SINAPI!$A:$A,0)),\"\"),IF(B351=\"COMPOSIÇÃO\",IFERROR(INDEX(COMPOSIÇÃO!$D:$D,MATCH($C351,COMPOSIÇÃO!$A:$A,0)),\"\"),\"\"))","v":"UN"},24,{"$f":"IF(B351=\"SINAPI\",IFERROR(INDEX(SINAPI!$D:$D,MATCH($C351,SINAPI!$A:$A,0)),0),IF(B351=\"COMPOSIÇÃO\",IFERROR(INDEX(COMPOSIÇÃO!$G:$G,MATCH($C351,COMPOSIÇÃO!$A:$A,0)),0),0))","v":63.92},76.988164272598183,1847.72]
["12.5.4","SINAPI",91955,{"$f":"IF(B352=\"SINAPI\",IFERROR(INDEX(SINAPI!$B:$B,MATCH($C352,SINAPI!$A:$A,0)),\"\"),IF(B352=\"COMPOSIÇÃO\",IFERROR(INDEX(COMPOSIÇÃO!$C:$C,MATCH($C352,COMPOSIÇÃO!$A:$A,0)),\"\"),\"\"))","v":"INTERRUPTOR PARALELO (1 MÓDULO), 10A/250V, INCLUINDO SUPORTE E PLACA - FORNECIMENTO E INSTALAÇÃO. AF_12/2015"},{"$f":"IF(B352=\"SINAPI\",IFERROR(INDEX(SINAPI!$C:$C,MATCH($C352,SINAPI!$A:$A,0)),\"\"),IF(B352=\"COMPOSIÇÃO\",IFERROR(INDEX(COMPOSIÇÃO!$D:$D,MATCH($C352,COMPOSIÇÃO!$A:$A,0)),\"\"),\"\"))","v":"UN"},2,{"$f":"IF(B352=\"SINAPI\",IFERROR(INDEX(SINAPI!$D:$D,MATCH($C352,SINAPI!$A:$A,0)),0),IF(B352=\"COMPOSIÇÃO\",IFERROR(INDEX(COMPOSIÇÃO!$G:$G,MATCH($C352,COMPOSIÇÃO!$A:$A,0)),0),0))","v":24.84},29.918429294920823,59.84]
["12.5.5","SINAPI",91961,{"$f":"IF(B353=\"SINAPI\",IFERROR(INDEX(SINAPI!$B:$B,MATCH($C353,SINAPI!$A:$A,0)),\"\"),IF(B353=\"COMPOSIÇÃO\",IFERROR(INDEX(COMPOSIÇÃO!$C:$C,MATCH($C353,COMPOSIÇÃO!$A:$A,0)),\"\"),\"\"))","v":"INTERRUPTOR PARALELO (2 MÓDULOS), 10A/250V, INCLUINDO SUPORTE E PLACA - FORNECIMENTO E INSTALAÇÃO. AF_12/2015"},{"$f":"IF(B353=\"SINAPI\",IFERROR(INDEX(SINAPI!$C:$C,MATCH($C353,SINAPI!$A:$A,0)),\"\"),IF(B353=\"COMPOSIÇÃO\",IFERROR(INDEX(COMPOSIÇÃO!$D:$D,MATCH($C353,COMPOSIÇÃO!$A:$A,0)),\"\"),\"\"))","v":"UN"},8,{"$f":"IF(B353=\"SINAPI\",IFERROR(INDEX(SINAPI!$D:$D,MATCH($C353,SINAPI!$A:$A,0)),0),IF(B353=\"COMPOSIÇÃO\",IFERROR(INDEX(COMPOSIÇÃO!$G:$G,MATCH($C353,COMPOSIÇÃO!$A:$A,0)),0),0))","v":41.25},49.683381981299675,397.47]
["12.5.6","SINAPI",92000,{"$f":"IF(B354=\"SINAPI\",IFERROR(INDEX(SINAPI!$B:$B,MATCH($C354,SINAPI!$A:$A,0)),\"\"),IF(B354=\"COMPOSIÇÃO\",IFERROR(INDEX(COMPOSIÇÃO!$C:$C,MATCH($C354,COMPOSIÇÃO!$A:$A,0)),\"\"),\"\"))","v":"TOMADA BAIXA DE EMBUTIR (1 MÓDULO), 2P+T 10 A, INCLUINDO SUPORTE E PLACA - FORNECIMENTO E INSTALAÇÃO. AF_12/2015"},{"$f":"IF(B354=\"SINAPI\",IFERROR(INDEX(SINAPI!$C:$C,MATCH($C354,SINAPI!$A:$A,0)),\"\"),IF(B354=\"COMPOSIÇÃO\",IFERROR(INDEX(COMPOSIÇÃO!$D:$D,MATCH($C354,COMPOSIÇÃO!$A:$A,0)),\"\"),\"\"))","v":"UN"},465,{"$f":"IF(B354=\"SINAPI\",IFERROR(INDEX(SINAPI!$D:$D,MATCH($C354,SINAPI!$A:$A,0)),0),IF(B354=\"COMPOSIÇÃO\",IFERROR(INDEX(COMPOSIÇÃO!$G:$G,MATCH($C354,COMPOSIÇÃO!$A:$A,0)),0),0))","v":21.26},25.606513961755908,11907.03]
["12.5.7","SINAPI",91993,{"$f":"IF(B355=\"SINAPI\",IFERROR(INDEX(SINAPI!$B:$B,MATCH($C355,SINAPI!$A:$A,0)),\"\"),IF(B355=\"COMPOSIÇÃO\",IFERROR(INDEX(COMPOSIÇÃO!$C:$C,MATCH($C355,COMPOSIÇÃO!$A:$A,0)),\"\"),\"\"))","v":"TOMADA ALTA DE EMBUTIR (1 MÓDULO), 2P+T 20 A, INCLUINDO SUPORTE E PLACA - FORNECIMENTO E INSTALAÇÃO. AF_12/2015"},{"$f":"IF(B355=\"SINAPI\",IFERROR(INDEX(SINAPI!$C:$C,MATCH($C355,SINAPI!$A:$A,0)),\"\"),IF(B355=\"COMPOSIÇÃO\",IFERROR(INDEX(COMPOSIÇÃO!$D:$D,MATCH($C355,COMPOSIÇÃO!$A:$A,0)),\"\"),\"\"))","v":"UN"},57,{"$f":"IF(B355=\"SINAPI\",IFERROR(INDEX(SINAPI!$D:$D,MATCH($C355,SINAPI!$A:$A,0)),0),IF(B355=\"COMPOSIÇÃO\",IFERROR(INDEX(COMPOSIÇÃO!$G:$G,MATCH($C355,COMPOSIÇÃO!$A:$A,0)),0),0))","v":32.53},39.18061614185887,2233.3000000000002]
["12.5.8","COMPOSIÇÃO","COMP-7464 ",{"$f":"IF(B356=\"SINAPI\",IFERROR(INDEX(SINAPI!$B:$B,MATCH($C356,SINAPI!$A:$A,0)),\"\"),IF(B356=\"COMPOSIÇÃO\",IFERROR(INDEX(COMPOSIÇÃO!$C:$C,MATCH($C356,COMPOSIÇÃO!$A:$A,0)),\"\"),\"\"))","v":"TAMPA CEGA PARA CONDULETE "},{"$f":"IF(B356=\"SINAPI\",IFERROR(INDEX(SINAPI!$C:$C,MATCH($C356,SINAPI!$A:$A,0)),\"\"),IF(B356=\"COMPOSIÇÃO\",IFERROR(INDEX(COMPOSIÇÃO!$D:$D,MATCH($C356,COMPOSIÇÃO!$A:$A,0)),\"\"),\"\"))","v":"UN"},1,{"$f":"IF(B356=\"SINAPI\",IFERROR(INDEX(SINAPI!$D:$D,MATCH($C356,SINAPI!$A:$A,0)),0),IF(B356=\"COMPOSIÇÃO\",IFERROR(INDEX(COMPOSIÇÃO!$G:$G,MATCH($C356,COMPOSIÇÃO!$A:$A,0)),0),0))","v":6.33},7.6241407985848957,7.62]
["12.6",null,null,"Caixa de Passagem",null,null,null,null,{"$f":"SUM(I358:I364)","v":82529.150000000009}]
["12.6.1","COMPOSIÇÃO","COMP-6171 ",{"$f":"IF(B358=\"SINAPI\",IFERROR(INDEX(SINAPI!$B:$B,MATCH($C358,SINAPI!$A:$A,0)),\"\"),IF(B358=\"COMPOSIÇÃO\",IFERROR(INDEX(COMPOSIÇÃO!$C:$C,MATCH($C358,COMPOSIÇÃO!$A:$A,0)),\"\"),\"\"))","v":"CAIXA EM ALVENARIA (30X30X30cm) DE 1/2 TIJOLO COMUM, LASTRO DE BRITA E TAMPA DE CONCRETO "},{"$f":"IF(B358=\"SINAPI\",IFERROR(INDEX(SINAPI!$C:$C,MATCH($C358,SINAPI!$A:$A,0)),\"\"),IF(B358=\"COMPOSIÇÃO\",IFERROR(INDEX(COMPOSIÇÃO!$D:$D,MATCH($C358,COMPOSIÇÃO!$A:$A,0)),\"\"),\"\"))","v":"UN"},3,{"$f":"IF(B358=\"SINAPI\",IFERROR(INDEX(SINAPI!$D:$D,MATCH($C358,SINAPI!$A:$A,0)),0),IF(B358=\"COMPOSIÇÃO\",IFERROR(INDEX(COMPOSIÇÃO!$G:$G,MATCH($C358,COMPOSIÇÃO!$A:$A,0)),0),0))","v":217.48699999999997},{"$f":"G358*(1+$I$10)","v":261.95126538101624},{"$f":"ROUND(F358*H358,2)","v":785.85}]
["12.6.2","COMPOSIÇÃO","COMP-1939 ",{"$f":"IF(B359=\"SINAPI\",IFERROR(INDEX(SINAPI!$B:$B,MATCH($C359,SINAPI!$A:$A,0)),\"\"),IF(B359=\"COMPOSIÇÃO\",IFERROR(INDEX(COMPOSIÇÃO!$C:$C,MATCH($C359,COMPOSIÇÃO!$A:$A,0)),\"\"),\"\"))","v":"CAIXA EM ALVENARIA (40X40X40cm) DE 1/2 TIJOLO COMUM, LASTRO DE BRITA E TAMPA DE CONCRETO "},{"$f":"IF(B359=\"SINAPI\",IFERROR(INDEX(SINAPI!$C:$C,MATCH($C359,SINAPI!$A:$A,0)),\"\"),IF(B359=\"COMPOSIÇÃO\",IFERROR(INDEX(COMPOSIÇÃO!$D:$D,MATCH($C359,COMPOSIÇÃO!$A:$A,0)),\"\"),\"\"))","v":"UN"},17,{"$f":"IF(B359=\"SINAPI\",IFERROR(INDEX(SINAPI!$D:$D,MATCH($C359,SINAPI!$A:$A,0)),0),IF(B359=\"COMPOSIÇÃO\",IFERROR(INDEX(COMPOSIÇÃO!$G:$G,MATCH($C359,COMPOSIÇÃO!$A:$A,0)),0),0))","v":260.6105},313.89117623848483,5336.15]
["12.6.3","COMPOSIÇÃO","COMP-3773 ",{"$f":"IF(B360=\"SINAPI\",IFERROR(INDEX(SINAPI!$B:$B,MATCH($C360,SINAPI!$A:$A,0)),\"\"),IF(B360=\"COMPOSIÇÃO\",IFERROR(INDEX(COMPOSIÇÃO!$C:$C,MATCH($C360,COMPOSIÇÃO!$A:$A,0)),\"\"),\"\"))","v":"CAIXA EM ALVENARIA (80X80X80cm) DE 1/2 TIJOLO COMUM, LASTRO DE BRITA E TAMPA DE CONCRETO "},{"$f":"IF(B360=\"SINAPI\",IFERROR(INDEX(SINAPI!$C:$C,MATCH($C360,SINAPI!$A:$A,0)),\"\"),IF(B360=\"COMPOSIÇÃO\",IFERROR(INDEX(COMPOSIÇÃO!$D:$D,MATCH($C360,COMPOSIÇÃO!$A:$A,0)),\"\"),\"\"))","v":"UN"},1,{"$f":"IF(B360=\"SINAPI\",IFERROR(INDEX(SINAPI!$D:$D,MATCH($C360,SINAPI!$A:$A,0)),0),IF(B360=\"COMPOSIÇÃO\",IFERROR(INDEX(COMPOSIÇÃO!$G:$G,MATCH($C360,COMPOSIÇÃO!$A:$A,0)),0),0))","v":454.74699999999996},547.71803408121411,547.72]
["12.6.4","COMPOSIÇÃO","COMP-230076",{"$f":"IF(B361=\"SINAPI\",IFERROR(INDEX(SINAPI!$B:$B,MATCH($C361,SINAPI!$A:$A,0)),\"\"),IF(B361=\"COMPOSIÇÃO\",IFERROR(INDEX(COMPOSIÇÃO!$C:$C,MATCH($C361,COMPOSIÇÃO!$A:$A,0)),\"\"),\"\"))","v":"CAIXA DE PASSAGEM EM AÇO PINTADA (REF. LUKBOX OU SIMILAR) - 400X400X150MM-EMBUTIR "},{"$f":"IF(B361=\"SINAPI\",IFERROR(INDEX(SINAPI!$C:$C,MATCH($C361,SINAPI!$A:$A,0)),\"\"),IF(B361=\"COMPOSIÇÃO\",IFERROR(INDEX(COMPOSIÇÃO!$D:$D,MATCH($C361,COMPOSIÇÃO!$A:$A,0)),\"\"),\"\"))","v":"UN"},1,{"$f":"IF(B361=\"SINAPI\",IFERROR(INDEX(SINAPI!$D:$D,MATCH($C361,SINAPI!$A:$A,0)),0),IF(B361=\"COMPOSIÇÃO\",IFERROR(INDEX(COMPOSIÇÃO!$G:$G,MATCH($C361,COMPOSIÇÃO!$A:$A,0)),0),0))","v":147.04},177.10168452194677,177.1]
["12.6.5","COMPOSIÇÃO","COMP-051387",{"$f":"IF(B362=\"SINAPI\",IFERROR(INDEX(SINAPI!$B:$B,MATCH($C362,SINAPI!$A:$A,0)),\"\"),IF(B362=\"COMPOSIÇÃO\",IFERROR(INDEX(COMPOSIÇÃO!$C:$C,MATCH($C362,COMPOSIÇÃO!$A:$A,0)),\"\"),\"\"))","v":"CAIXA DE PASSAGEM EM AÇO PINTADA (REF. LUKBOX OU SIMILAR) - 400X400X150MM-SOBREPOR "},{"$f":"IF(B362=\"SINAPI\",IFERROR(INDEX(SINAPI!$C:$C,MATCH($C362,SINAPI!$A:$A,0)),\"\"),IF(B362=\"COMPOSIÇÃO\",IFERROR(INDEX(COMPOSIÇÃO!$D:$D,MATCH($C362,COMPOSIÇÃO!$A:$A,0)),\"\"),\"\"))","v":"UN"},4,{"$f":"IF(B362=\"SINAPI\",IFERROR(INDEX(SINAPI!$D:$D,MATCH($C362,SINAPI!$A:$A,0)),0),IF(B362=\"COMPOSIÇÃO\",IFERROR(INDEX(COMPOSIÇÃO!$G:$G,MATCH($C362,COMPOSIÇÃO!$A:$A,0)),0),0))","v":215.46},259.50985410159586,1038.04]
["12.6.6","COMPOSIÇÃO","COMP-286613",{"$f":"IF(B363=\"SINAPI\",IFERROR(INDEX(SINAPI!$B:$B,MATCH($C363,SINAPI!$A:$A,0)),\"\"),IF(B363=\"COMPOSIÇÃO\",IFERROR(INDEX(COMPOSIÇÃO!$C:$C,MATCH($C363,COMPOSIÇÃO!$A:$A,0)),\"\"),\"\"))","v":"CAIXA DE PASSAGEM EM PVC (REF. CEMAR OU SIMILAR) - 120X120X75MM-SOBREPOR "},{"$f":"IF(B363=\"SINAPI\",IFERROR(INDEX(SINAPI!$C:$C,MATCH($C363,SINAPI!$A:$A,0)),\"\"),IF(B363=\"COMPOSIÇÃO\",IFERROR(INDEX(COMPOSIÇÃO!$D:$D,MATCH($C363,COMPOSIÇÃO!$A:$A,0)),\"\"),\"\"))","v":"UN"},57,{"$f":"IF(B363=\"SINAPI\",IFERROR(INDEX(SINAPI!$D:$D,MATCH($C363,SINAPI!$A:$A,0)),0),IF(B363=\"COMPOSIÇÃO\",IFERROR(INDEX(COMPOSIÇÃO!$G:$G,MATCH($C363,COMPOSIÇÃO!$A:$A,0)),0),0))","v":1065.56},1283.4090788846952,73154.320000000007]
["12.6.7","COMPOSIÇÃO","COMP-741965",{"$f":"IF(B364=\"SINAPI\",IFERROR(INDEX(SINAPI!$B:$B,MATCH($C364,SINAPI!$A:$A,0)),\"\"),IF(B364=\"COMPOSIÇÃO\",IFERROR(INDEX(COMPOSIÇÃO!$C:$C,MATCH($C364,COMPOSIÇÃO!$A:$A,0)),\"\"),\"\"))","v":"CAIXA DE PASSAGEM EM PVC (REF. CEMAR OU SIMILAR) - 150X150X68MM-SOBREPOR "},{"$f":"IF(B364=\"SINAPI\",IFERROR(INDEX(SINAPI!$C:$C,MATCH($C364,SINAPI!$A:$A,0)),\"\"),IF(B364=\"COMPOSIÇÃO\",IFERROR(INDEX(COMPOSIÇÃO!$D:$D,MATCH($C364,COMPOSIÇÃO!$A:$A,0)),\"\"),\"\"))","v":"UN"},1,{"$f":"IF(B364=\"SINAPI\",IFERROR(INDEX(SINAPI!$D:$D,MATCH($C364,SINAPI!$A:$A,0)),0),IF(B364=\"COMPOSIÇÃO\",IFERROR(INDEX(COMPOSIÇÃO!$G:$G,MATCH($C364,COMPOSIÇÃO!$A:$A,0)),0),0))","v":1237.06},1489.971503364523,1489.97]
["12.7",null,null,"Cabeamento",null,null,null,null,{"$f":"SUM(I366:I380)","v":323383.83}]
["12.7.1","SINAPI",91924,{"$f":"IF(B366=\"SINAPI\",IFERROR(INDEX(SINAPI!$B:$B,MATCH($C366,SINAPI!$A:$A,0)),\"\"),IF(B366=\"COMPOSIÇÃO\",IFERROR(INDEX(COMPOSIÇÃO!$C:$C,MATCH($C366,COMPOSIÇÃO!$A:$A,0)),\"\"),\"\"))","v":"CABO DE COBRE FLEXÍVEL ISOLADO, 1,5 MM², ANTI-CHAMA 450/750 V, PARA CIRCUITOS TERMINAIS - FORNECIMENTO E INSTALAÇÃO. AF_12/2015"},{"$f":"IF(B366=\"SINAPI\",IFERROR(INDEX(SINAPI!$C:$C,MATCH($C366,SINAPI!$A:$A,0)),\"\"),IF(B366=\"COMPOSIÇÃO\",IFERROR(INDEX(COMPOSIÇÃO!$D:$D,MATCH($C366,COMPOSIÇÃO!$A:$A,0)),\"\"),\"\"))","v":"M"},2325.0700000000002,{"$f":"IF(B366=\"SINAPI\",IFERROR(INDEX(SINAPI!$D:$D,MATCH($C366,SINAPI!$A:$A,0)),0),IF(B366=\"COMPOSIÇÃO\",IFERROR(INDEX(COMPOSIÇÃO!$G:$G,MATCH($C366,COMPOSIÇÃO!$A:$A,0)),0),0))","v":2.67},{"$f":"G366*(1+$I$10)","v":3.2158698155168515},{"$f":"ROUND(F366*H366,2)","v":7477.12}]
["12.7.2","SINAPI",91926,{"$f":"IF(B367=\"SINAPI\",IFERROR(INDEX(SINAPI!$B:$B,MATCH($C367,SINAPI!$A:$A,0)),\"\"),IF(B367=\"COMPOSIÇÃO\",IFERROR(INDEX(COMPOSIÇÃO!$C:$C,MATCH($C367,COMPOSIÇÃO!$A:$A,0)),\"\"),\"\"))","v":"CABO DE COBRE FLEXÍVEL ISOLADO, 2,5 MM², ANTI-CHAMA 450/750 V, PARA CIRCUITOS TERMINAIS - FORNECIMENTO E INSTALAÇÃO. AF_12/2015"},{"$f":"IF(B367=\"SINAPI\",IFERROR(INDEX(SINAPI!$C:$C,MATCH($C367,SINAPI!$A:$A,0)),\"\"),IF(B367=\"COMPOSIÇÃO\",IFERROR(INDEX(COMPOSIÇÃO!$D:$D,MATCH($C367,COMPOSIÇÃO!$A:$A,0)),\"\"),\"\"))","v":"M"},8175.75,{"$f":"IF(B367=\"SINAPI\",IFERROR(INDEX(SINAPI!$D:$D,MATCH($C367,SINAPI!$A:$A,0)),0),IF(B367=\"COMPOSIÇÃO\",IFERROR(INDEX(COMPOSIÇÃO!$G:$G,MATCH($C367,COMPOSIÇÃO!$A:$A,0)),0),0))","v":3.94},4.7455157577289873,38798.15]
["12.7.3","SINAPI",91928,{"$f":"IF(B368=\"SINAPI\",IFERROR(INDEX(SINAPI!$B:$B,MATCH($C368,SINAPI!$A:$A,0)),\"\"),IF(B368=\"COMPOSIÇÃO\",IFERROR(INDEX(COMPOSIÇÃO!$C:$C,MATCH($C368,COMPOSIÇÃO!$A:$A,0)),\"\"),\"\"))","v":"CABO DE COBRE FLEXÍVEL ISOLADO, 4 MM², ANTI-CHAMA 450/750 V, PARA CIRCUITOS TERMINAIS - FORNECIMENTO E INSTALAÇÃO. AF_12/2015"},{"$f":"IF(B368=\"SINAPI\",IFERROR(INDEX(SINAPI!$C:$C,MATCH($C368,SINAPI!$A:$A,0)),\"\"),IF(B368=\"COMPOSIÇÃO\",IFERROR(INDEX(COMPOSIÇÃO!$D:$D,MATCH($C368,COMPOSIÇÃO!$A:$A,0)),\"\"),\"\"))","v":"M"},3561.75,{"$f":"IF(B368=\"SINAPI\",IFERROR(INDEX(SINAPI!$D:$D,MATCH($C368,SINAPI!$A:$A,0)),0),IF(B368=\"COMPOSIÇÃO\",IFERROR(INDEX(COMPOSIÇÃO!$G:$G,MATCH($C368,COMPOSIÇÃO!$A:$A,0)),0),0))","v":6.56},7.9011632920563839,28141.97]
["12.7.4","SINAPI",91930,{"$f":"IF(B369=\"SINAPI\",IFERROR(INDEX(SINAPI!$B:$B,MATCH($C369,SINAPI!$A:$A,0)),\"\"),IF(B369=\"COMPOSIÇÃO\",IFERROR(INDEX(COMPOSIÇÃO!$C:$C,MATCH($C369,COMPOSIÇÃO!$A:$A,0)),\"\"),\"\"))","v":"CABO DE COBRE FLEXÍVEL ISOLADO, 6 MM², ANTI-CHAMA 450/750 V, PARA CIRCUITOS TERMINAIS - FORNECIMENTO E INSTALAÇÃO. AF_12/2015"},{"$f":"IF(B369=\"SINAPI\",IFERROR(INDEX(SINAPI!$C:$C,MATCH($C369,SINAPI!$A:$A,0)),\"\"),IF(B369=\"COMPOSIÇÃO\",IFERROR(INDEX(COMPOSIÇÃO!$D:$D,MATCH($C369,COMPOSIÇÃO!$A:$A,0)),\"\"),\"\"))","v":"M"},1132.95,{"$f":"IF(B369=\"SINAPI\",IFERROR(INDEX(SINAPI!$D:$D,MATCH($C369,SINAPI!$A:$A,0)),0),IF(B369=\"COMPOSIÇÃO\",IFERROR(INDEX(COMPOSIÇÃO!$G:$G,MATCH($C369,COMPOSIÇÃO!$A:$A,0)),0),0))","v":9.0299999999999994},10.876143982815419,12322.13]
["12.7.5","SINAPI",91927,{"$f":"IF(B370=\"SINAPI\",IFERROR(INDEX(SINAPI!$B:$B,MATCH($C370,SINAPI!$A:$A,0)),\"\"),IF(B370=\"COMPOSIÇÃO\",IFERROR(INDEX(COMPOSIÇÃO!$C:$C,MATCH($C370,COMPOSIÇÃO!$A:$A,0)),\"\"),\"\"))","v":"CABO DE COBRE FLEXÍVEL ISOLADO, 2,5 MM², ANTI-CHAMA 0,6/1,0 KV, PARA CIRCUITOS TERMINAIS - FORNECIMENTO E INSTALAÇÃO. AF_12/2015"},{"$f":"IF(B370=\"SINAPI\",IFERROR(INDEX(SINAPI!$C:$C,MATCH($C370,SINAPI!$A:$A,0)),\"\"),IF(B370=\"COMPOSIÇÃO\",IFERROR(INDEX(COMPOSIÇÃO!$D:$D,MATCH($C370,COMPOSIÇÃO!$A:$A,0)),\"\"),\"\"))","v":"M"},55.5,{"$f":"IF(B370=\"SINAPI\",IFERROR(INDEX(SINAPI!$D:$D,MATCH($C370,SINAPI!$A:$A,0)),0),IF(B370=\"COMPOSIÇÃO\",IFERROR(INDEX(COMPOSIÇÃO!$G:$G,MATCH($C370,COMPOSIÇÃO!$A:$A,0)),0),0))","v":5.33},6.4196951747958124,356.29]
["12.7.6","SINAPI",91933,{"$f":"IF(B371=\"SINAPI\",IFERROR(INDEX(SINAPI!$B:$B,MATCH($C371,SINAPI!$A:$A,0)),\"\"),IF(B371=\"COMPOSIÇÃO\",IFERROR(INDEX(COMPOSIÇÃO!$C:$C,MATCH($C371,COMPOSIÇÃO!$A:$A,0)),\"\"),\"\"))","v":"CABO DE COBRE FLEXÍVEL ISOLADO, 10 MM², ANTI-CHAMA 0,6/1,0 KV, PARA CIRCUITOS TERMINAIS - FORNECIMENTO E INSTALAÇÃO. AF_12/2015"},{"$f":"IF(B371=\"SINAPI\",IFERROR(INDEX(SINAPI!$C:$C,MATCH($C371,SINAPI!$A:$A,0)),\"\"),IF(B371=\"COMPOSIÇÃO\",IFERROR(INDEX(COMPOSIÇÃO!$D:$D,MATCH($C371,COMPOSIÇÃO!$A:$A,0)),\"\"),\"\"))","v":"M"},35,{"$f":"IF(B371=\"SINAPI\",IFERROR(INDEX(SINAPI!$D:$D,MATCH($C371,SINAPI!$A:$A,0)),0),IF(B371=\"COMPOSIÇÃO\",IFERROR(INDEX(COMPOSIÇÃO!$G:$G,MATCH($C371,COMPOSIÇÃO!$A:$A,0)),0),0))","v":16.09},19.379530086766344,678.28]
["12.7.7","SINAPI",91935,{"$f":"IF(B372=\"SINAPI\",IFERROR(INDEX(SINAPI!$B:$B,MATCH($C372,SINAPI!$A:$A,0)),\"\"),IF(B372=\"COMPOSIÇÃO\",IFERROR(INDEX(COMPOSIÇÃO!$C:$C,MATCH($C372,COMPOSIÇÃO!$A:$A,0)),\"\"),\"\"))","v":"CABO DE COBRE FLEXÍVEL ISOLADO, 16 MM², ANTI-CHAMA 0,6/1,0 KV, PARA CIRCUITOS TERMINAIS - FORNECIMENTO E INSTALAÇÃO. AF_12/2015"},{"$f":"IF(B372=\"SINAPI\",IFERROR(INDEX(SINAPI!$C:$C,MATCH($C372,SINAPI!$A:$A,0)),\"\"),IF(B372=\"COMPOSIÇÃO\",IFERROR(INDEX(COMPOSIÇÃO!$D:$D,MATCH($C372,COMPOSIÇÃO!$A:$A,0)),\"\"),\"\"))","v":"M"},346.35,{"$f":"IF(B372=\"SINAPI\",IFERROR(INDEX(SINAPI!$D:$D,MATCH($C372,SINAPI!$A:$A,0)),0),IF(B372=\"COMPOSIÇÃO\",IFERROR(INDEX(COMPOSIÇÃO!$G:$G,MATCH($C372,COMPOSIÇÃO!$A:$A,0)),0),0))","v":24.54},29.557095607784095,10237.1]
["12.7.8","SINAPI",92984,{"$f":"IF(B373=\"SINAPI\",IFERROR(INDEX(SINAPI!$B:$B,MATCH($C373,SINAPI!$A:$A,0)),\"\"),IF(B373=\"COMPOSIÇÃO\",IFERROR(INDEX(COMPOSIÇÃO!$C:$C,MATCH($C373,COMPOSIÇÃO!$A:$A,0)),\"\"),\"\"))","v":"CABO DE COBRE FLEXÍVEL ISOLADO, 25 MM², ANTI-CHAMA 0,6/1,0 KV, PARA DISTRIBUIÇÃO - FORNECIMENTO E INSTALAÇÃO. AF_12/2015"},{"$f":"IF(B373=\"SINAPI\",IFERROR(INDEX(SINAPI!$C:$C,MATCH($C373,SINAPI!$A:$A,0)),\"\"),IF(B373=\"COMPOSIÇÃO\",IFERROR(INDEX(COMPOSIÇÃO!$D:$D,MATCH($C373,COMPOSIÇÃO!$A:$A,0)),\"\"),\"\"))","v":"M"},98.4,{"$f":"IF(B373=\"SINAPI\",IFERROR(INDEX(SINAPI!$D:$D,MATCH($C373,SINAPI!$A:$A,0)),0),IF(B373=\"COMPOSIÇÃO\",IFERROR(INDEX(COMPOSIÇÃO!$G:$G,MATCH($C373,COMPOSIÇÃO!$A:$A,0)),0),0))","v":28.77},34.65190059641192,3409.75]
["12.7.9","SINAPI",92986,{"$f":"IF(B374=\"SINAPI\",IFERROR(INDEX(SINAPI!$B:$B,MATCH($C374,SINAPI!$A:$A,0)),\"\"),IF(B374=\"COMPOSIÇÃO\",IFERROR(INDEX(COMPOSIÇÃO!$C:$C,MATCH($C374,COMPOSIÇÃO!$A:$A,0)),\"\"),\"\"))","v":"CABO DE COBRE FLEXÍVEL ISOLADO, 35 MM², ANTI-CHAMA 0,6/1,0 KV, PARA DISTRIBUIÇÃO - FORNECIMENTO E INSTALAÇÃO. AF_12/2015"},{"$f":"IF(B374=\"SINAPI\",IFERROR(INDEX(SINAPI!$C:$C,MATCH($C374,SINAPI!$A:$A,0)),\"\"),IF(B374=\"COMPOSIÇÃO\",IFERROR(INDEX(COMPOSIÇÃO!$D:$D,MATCH($C374,COMPOSIÇÃO!$A:$A,0)),\"\"),\"\"))","v":"M"},571.4,{"$f":"IF(B374=\"SINAPI\",IFERROR(INDEX(SINAPI!$D:$D,MATCH($C374,SINAPI!$A:$A,0)),0),IF(B374=\"COMPOSIÇÃO\",IFERROR(INDEX(COMPOSIÇÃO!$G:$G,MATCH($C374,COMPOSIÇÃO!$A:$A,0)),0),0))","v":39.1},47.093823890153146,26909.41]
["12.7.10","SINAPI",92988,{"$f":"IF(B375=\"SINAPI\",IFERROR(INDEX(SINAPI!$B:$B,MATCH($C375,SINAPI!$A:$A,0)),\"\"),IF(B375=\"COMPOSIÇÃO\",IFERROR(INDEX(COMPOSIÇÃO!$C:$C,MATCH($C375,COMPOSIÇÃO!$A:$A,0)),\"\"),\"\"))","v":"CABO DE COBRE FLEXÍVEL ISOLADO, 50 MM², ANTI-CHAMA 0,6/1,0 KV, PARA DISTRIBUIÇÃO - FORNECIMENTO E INSTALAÇÃO. AF_12/2015"},{"$f":"IF(B375=\"SINAPI\",IFERROR(INDEX(SINAPI!$C:$C,MATCH($C375,SINAPI!$A:$A,0)),\"\"),IF(B375=\"COMPOSIÇÃO\",IFERROR(INDEX(COMPOSIÇÃO!$D:$D,MATCH($C375,COMPOSIÇÃO!$A:$A,0)),\"\"),\"\"))","v":"M"},82.35,{"$f":"IF(B375=\"SINAPI\",IFERROR(INDEX(SINAPI!$D:$D,MATCH($C375,SINAPI!$A:$A,0)),0),IF(B375=\"COMPOSIÇÃO\",IFERROR(INDEX(COMPOSIÇÃO!$G:$G,MATCH($C375,COMPOSIÇÃO!$A:$A,0)),0),0))","v":55.11},66.376998327016366,5466.15]
["12.7.11","SINAPI",92990,{"$f":"IF(B376=\"SINAPI\",IFERROR(INDEX(SINAPI!$B:$B,MATCH($C376,SINAPI!$A:$A,0)),\"\"),IF(B376=\"COMPOSIÇÃO\",IFERROR(INDEX(COMPOSIÇÃO!$C:$C,MATCH($C376,COMPOSIÇÃO!$A:$A,0)),\"\"),\"\"))","v":"CABO DE COBRE FLEXÍVEL ISOLADO, 70 MM², ANTI-CHAMA 0,6/1,0 KV, PARA DISTRIBUIÇÃO - FORNECIMENTO E INSTALAÇÃO. AF_12/2015"},{"$f":"IF(B376=\"SINAPI\",IFERROR(INDEX(SINAPI!$C:$C,MATCH($C376,SINAPI!$A:$A,0)),\"\"),IF(B376=\"COMPOSIÇÃO\",IFERROR(INDEX(COMPOSIÇÃO!$D:$D,MATCH($C376,COMPOSIÇÃO!$A:$A,0)),\"\"),\"\"))","v":"M"},428.7,{"$f":"IF(B376=\"SINAPI\",IFERROR(INDEX(SINAPI!$D:$D,MATCH($C376,SINAPI!$A:$A,0)),0),IF(B376=\"COMPOSIÇÃO\",IFERROR(INDEX(COMPOSIÇÃO!$G:$G,MATCH($C376,COMPOSIÇÃO!$A:$A,0)),0),0))","v":75.78},91.272889370736721,39128.69]
["12.7.12","SINAPI",92992,{"$f":"IF(B377=\"SINAPI\",IFERROR(INDEX(SINAPI!$B:$B,MATCH($C377,SINAPI!$A:$A,0)),\"\"),IF(B377=\"COMPOSIÇÃO\",IFERROR(INDEX(COMPOSIÇÃO!$C:$C,MATCH($C377,COMPOSIÇÃO!$A:$A,0)),\"\"),\"\"))","v":"CABO DE COBRE FLEXÍVEL ISOLADO, 95 MM², ANTI-CHAMA 0,6/1,0 KV, PARA DISTRIBUIÇÃO - FORNECIMENTO E INSTALAÇÃO. AF_12/2015"},{"$f":"IF(B377=\"SINAPI\",IFERROR(INDEX(SINAPI!$C:$C,MATCH($C377,SINAPI!$A:$A,0)),\"\"),IF(B377=\"COMPOSIÇÃO\",IFERROR(INDEX(COMPOSIÇÃO!$D:$D,MATCH($C377,COMPOSIÇÃO!$A:$A,0)),\"\"),\"\"))","v":"M"},395.1,{"$f":"IF(B377=\"SINAPI\",IFERROR(INDEX(SINAPI!$D:$D,MATCH($C377,SINAPI!$A:$A,0)),0),IF(B377=\"COMPOSIÇÃO\",IFERROR(INDEX(COMPOSIÇÃO!$G:$G,MATCH($C377,COMPOSIÇÃO!$A:$A,0)),0),0))","v":100.25},120.74567378485557,47706.62]
["12.7.13","SINAPI",92994,{"$f":"IF(B378=\"SINAPI\",IFERROR(INDEX(SINAPI!$B:$B,MATCH($C378,SINAPI!$A:$A,0)),\"\"),IF(B378=\"COMPOSIÇÃO\",IFERROR(INDEX(COMPOSIÇÃO!$C:$C,MATCH($C378,COMPOSIÇÃO!$A:$A,0)),\"\"),\"\"))","v":"CABO DE COBRE FLEXÍVEL ISOLADO, 120 MM², ANTI-CHAMA 0,6/1,0 KV, PARA DISTRIBUIÇÃO - FORNECIMENTO E INSTALAÇÃO. AF_12/2015"},{"$f":"IF(B378=\"SINAPI\",IFERROR(INDEX(SINAPI!$C:$C,MATCH($C378,SINAPI!$A:$A,0)),\"\"),IF(B378=\"COMPOSIÇÃO\",IFERROR(INDEX(COMPOSIÇÃO!$D:$D,MATCH($C378,COMPOSIÇÃO!$A:$A,0)),\"\"),\"\"))","v":"M"},104.2,{"$f":"IF(B378=\"SINAPI\",IFERROR(INDEX(SINAPI!$D:$D,MATCH($C378,SINAPI!$A:$A,0)),0),IF(B378=\"COMPOSIÇÃO\",IFERROR(INDEX(COMPOSIÇÃO!$G:$G,MATCH($C378,COMPOSIÇÃO!$A:$A,0)),0),0))","v":129.97},156.54179772386712,16311.66]
["12.7.14","SINAPI",92996,{"$f":"IF(B379=\"SINAPI\",IFERROR(INDEX(SINAPI!$B:$B,MATCH($C379,SINAPI!$A:$A,0)),\"\"),IF(B379=\"COMPOSIÇÃO\",IFERROR(INDEX(COMPOSIÇÃO!$C:$C,MATCH($C379,COMPOSIÇÃO!$A:$A,0)),\"\"),\"\"))","v":"CABO DE COBRE FLEXÍVEL ISOLADO, 150 MM², ANTI-CHAMA 0,6/1,0 KV, PARA DISTRIBUIÇÃO - FORNECIMENTO E INSTALAÇÃO. AF_12/2015"},{"$f":"IF(B379=\"SINAPI\",IFERROR(INDEX(SINAPI!$C:$C,MATCH($C379,SINAPI!$A:$A,0)),\"\"),IF(B379=\"COMPOSIÇÃO\",IFERROR(INDEX(COMPOSIÇÃO!$D:$D,MATCH($C379,COMPOSIÇÃO!$A:$A,0)),\"\"),\"\"))","v":"M"},262.8,{"$f":"IF(B379=\"SINAPI\",IFERROR(INDEX(SINAPI!$D:$D,MATCH($C379,SINAPI!$A:$A,0)),0),IF(B379=\"COMPOSIÇÃO\",IFERROR(INDEX(COMPOSIÇÃO!$G:$G,MATCH($C379,COMPOSIÇÃO!$A:$A,0)),0),0))","v":160.69},193.54236728666774,50862.93]
["12.7.15","SINAPI",93000,{"$f":"IF(B380=\"SINAPI\",IFERROR(INDEX(SINAPI!$B:$B,MATCH($C380,SINAPI!$A:$A,0)),\"\"),IF(B380=\"COMPOSIÇÃO\",IFERROR(INDEX(COMPOSIÇÃO!$C:$C,MATCH($C380,COMPOSIÇÃO!$A:$A,0)),\"\"),\"\"))","v":"CABO DE COBRE FLEXÍVEL ISOLADO, 240 MM², ANTI-CHAMA 0,6/1,0 KV, PARA DISTRIBUIÇÃO - FORNECIMENTO E INSTALAÇÃO. AF_12/2015"},{"$f":"IF(B380=\"SINAPI\",IFERROR(INDEX(SINAPI!$C:$C,MATCH($C380,SINAPI!$A:$A,0)),\"\"),IF(B380=\"COMPOSIÇÃO\",IFERROR(INDEX(COMPOSIÇÃO!$D:$D,MATCH($C380,COMPOSIÇÃO!$A:$A,0)),\"\"),\"\"))","v":"M"},114.3,{"$f":"IF(B380=\"SINAPI\",IFERROR(INDEX(SINAPI!$D:$D,MATCH($C380,SINAPI!$A:$A,0)),0),IF(B380=\"COMPOSIÇÃO\",IFERROR(INDEX(COMPOSIÇÃO!$G:$G,MATCH($C380,COMPOSIÇÃO!$A:$A,0)),0),0))","v":258.43},311.26488255581273,35577.58]
["12.8",null,null,"Acessórios",null,null,null,null,{"$f":"SUM(I382:I401)","v":32439.940000000002}]
["12.8.1","COMPOSIÇÃO","COMP-5272 ",{"$f":"IF(B382=\"SINAPI\",IFERROR(INDEX(SINAPI!$B:$B,MATCH($C382,SINAPI!$A:$A,0)),\"\"),IF(B382=\"COMPOSIÇÃO\",IFERROR(INDEX(COMPOSIÇÃO!$C:$C,MATCH($C382,COMPOSIÇÃO!$A:$A,0)),\"\"),\"\"))","v":"ARRUELA ZAMAK 1/2\" "},{"$f":"IF(B382=\"SINAPI\",IFERROR(INDEX(SINAPI!$C:$C,MATCH($C382,SINAPI!$A:$A,0)),\"\"),IF(B382=\"COMPOSIÇÃO\",IFERROR(INDEX(COMPOSIÇÃO!$D:$D,MATCH($C382,COMPOSIÇÃO!$A:$A,0)),\"\"),\"\"))","v":"UND"},4,{"$f":"IF(B382=\"SINAPI\",IFERROR(INDEX(SINAPI!$D:$D,MATCH($C382,SINAPI!$A:$A,0)),0),IF(B382=\"COMPOSIÇÃO\",IFERROR(INDEX(COMPOSIÇÃO!$G:$G,MATCH($C382,COMPOSIÇÃO!$A:$A,0)),0),0))","v":4.1259999999999994},{"$f":"G382*(1+$I$10)","v":4.9695426437537558},{"$f":"ROUND(F382*H382,2)","v":19.88}]
["12.8.2","COMPOSIÇÃO","COMP-1762 ",{"$f":"IF(B383=\"SINAPI\",IFERROR(INDEX(SINAPI!$B:$B,MATCH($C383,SINAPI!$A:$A,0)),\"\"),IF(B383=\"COMPOSIÇÃO\",IFERROR(INDEX(COMPOSIÇÃO!$C:$C,MATCH($C383,COMPOSIÇÃO!$A:$A,0)),\"\"),\"\"))","v":"ARRUELA ZAMAK 2. 1/2\" "},{"$f":"IF(B383=\"SINAPI\",IFERROR(INDEX(SINAPI!$C:$C,MATCH($C383,SINAPI!$A:$A,0)),\"\"),IF(B383=\"COMPOSIÇÃO\",IFERROR(INDEX(COMPOSIÇÃO!$D:$D,MATCH($C383,COMPOSIÇÃO!$A:$A,0)),\"\"),\"\"))","v":"UND"},4,{"$f":"IF(B383=\"SINAPI\",IFERROR(INDEX(SINAPI!$D:$D,MATCH($C383,SINAPI!$A:$A,0)),0),IF(B383=\"COMPOSIÇÃO\",IFERROR(INDEX(COMPOSIÇÃO!$G:$G,MATCH($C383,COMPOSIÇÃO!$A:$A,0)),0),0))","v":6.2509999999999994},7.5289895943055578,30.12]
["12.8.3","COMPOSIÇÃO","COMP-2643 ",{"$f":"IF(B384=\"SINAPI\",IFERROR(INDEX(SINAPI!$B:$B,MATCH($C384,SINAPI!$A:$A,0)),\"\"),IF(B384=\"COMPOSIÇÃO\",IFERROR(INDEX(COMPOSIÇÃO!$C:$C,MATCH($C384,COMPOSIÇÃO!$A:$A,0)),\"\"),\"\"))","v":"BUCHA ZAMAK 1/2\" "},{"$f":"IF(B384=\"SINAPI\",IFERROR(INDEX(SINAPI!$C:$C,MATCH($C384,SINAPI!$A:$A,0)),\"\"),IF(B384=\"COMPOSIÇÃO\",IFERROR(INDEX(COMPOSIÇÃO!$D:$D,MATCH($C384,COMPOSIÇÃO!$A:$A,0)),\"\"),\"\"))","v":"UND"},4,{"$f":"IF(B384=\"SINAPI\",IFERROR(INDEX(SINAPI!$D:$D,MATCH($C384,SINAPI!$A:$A,0)),0),IF(B384=\"COMPOSIÇÃO\",IFERROR(INDEX(COMPOSIÇÃO!$G:$G,MATCH($C384,COMPOSIÇÃO!$A:$A,0)),0),0))","v":3.9210000000000003},4.7226312908769952,18.89]
["12.8.4","COMPOSIÇÃO","COMP-5243 ",{"$f":"IF(B385=\"SINAPI\",IFERROR(INDEX(SINAPI!$B:$B,MATCH($C385,SINAPI!$A:$A,0)),\"\"),IF(B385=\"COMPOSIÇÃO\",IFERROR(INDEX(COMPOSIÇÃO!$C:$C,MATCH($C385,COMPOSIÇÃO!$A:$A,0)),\"\"),\"\"))","v":"BUCHA ZAMAK 2. 1/2\" "},{"$f":"IF(B385=\"SINAPI\",IFERROR(INDEX(SINAPI!$C:$C,MATCH($C385,SINAPI!$A:$A,0)),\"\"),IF(B385=\"COMPOSIÇÃO\",IFERROR(INDEX(COMPOSIÇÃO!$D:$D,MATCH($C385,COMPOSIÇÃO!$A:$A,0)),\"\"),\"\"))","v":"UND"},4,{"$f":"IF(B385=\"SINAPI\",IFERROR(INDEX(SINAPI!$D:$D,MATCH($C385,SINAPI!$A:$A,0)),0),IF(B385=\"COMPOSIÇÃO\",IFERROR(INDEX(COMPOSIÇÃO!$G:$G,MATCH($C385,COMPOSIÇÃO!$A:$A,0)),0),0))","v":4.0709999999999997},4.9032981344453566,19.61]
["12.8.5","COMPOSIÇÃO","COMP-003676",{"$f":"IF(B386=\"SINAPI\",IFERROR(INDEX(SINAPI!$B:$B,MATCH($C386,SINAPI!$A:$A,0)),\"\"),IF(B386=\"COMPOSIÇÃO\",IFERROR(INDEX(COMPOSIÇÃO!$C:$C,MATCH($C386,COMPOSIÇÃO!$A:$A,0)),\"\"),\"\"))","v":"CAIXA PVC 4X2\" "},{"$f":"IF(B386=\"SINAPI\",IFERROR(INDEX(SINAPI!$C:$C,MATCH($C386,SINAPI!$A:$A,0)),\"\"),IF(B386=\"COMPOSIÇÃO\",IFERROR(INDEX(COMPOSIÇÃO!$D:$D,MATCH($C386,COMPOSIÇÃO!$A:$A,0)),\"\"),\"\"))","v":"UN"},583,{"$f":"IF(B386=\"SINAPI\",IFERROR(INDEX(SINAPI!$D:$D,MATCH($C386,SINAPI!$A:$A,0)),0),IF(B386=\"COMPOSIÇÃO\",IFERROR(INDEX(COMPOSIÇÃO!$G:$G,MATCH($C386,COMPOSIÇÃO!$A:$A,0)),0),0))","v":8.8559999999999999},10.66657044427612,6218.61]
["12.8.6","COMPOSIÇÃO","COMP-6226 ",{"$f":"IF(B387=\"SINAPI\",IFERROR(INDEX(SINAPI!$B:$B,MATCH($C387,SINAPI!$A:$A,0)),\"\"),IF(B387=\"COMPOSIÇÃO\",IFERROR(INDEX(COMPOSIÇÃO!$C:$C,MATCH($C387,COMPOSIÇÃO!$A:$A,0)),\"\"),\"\"))","v":"CAIXA PVC ORTOGONAL 3X3\" "},{"$f":"IF(B387=\"SINAPI\",IFERROR(INDEX(SINAPI!$C:$C,MATCH($C387,SINAPI!$A:$A,0)),\"\"),IF(B387=\"COMPOSIÇÃO\",IFERROR(INDEX(COMPOSIÇÃO!$D:$D,MATCH($C387,COMPOSIÇÃO!$A:$A,0)),\"\"),\"\"))","v":"UN"},471,{"$f":"IF(B387=\"SINAPI\",IFERROR(INDEX(SINAPI!$D:$D,MATCH($C387,SINAPI!$A:$A,0)),0),IF(B387=\"COMPOSIÇÃO\",IFERROR(INDEX(COMPOSIÇÃO!$G:$G,MATCH($C387,COMPOSIÇÃO!$A:$A,0)),0),0))","v":10.736000000000001},12.930928216999597,6090.47]
["12.8.7","COMPOSIÇÃO","COMP-1033 ",{"$f":"IF(B388=\"SINAPI\",IFERROR(INDEX(SINAPI!$B:$B,MATCH($C388,SINAPI!$A:$A,0)),\"\"),IF(B388=\"COMPOSIÇÃO\",IFERROR(INDEX(COMPOSIÇÃO!$C:$C,MATCH($C388,COMPOSIÇÃO!$A:$A,0)),\"\"),\"\"))","v":"CONDULETE EM PVC COM 5 ENTRADA 1/2\" "},{"$f":"IF(B388=\"SINAPI\",IFERROR(INDEX(SINAPI!$C:$C,MATCH($C388,SINAPI!$A:$A,0)),\"\"),IF(B388=\"COMPOSIÇÃO\",IFERROR(INDEX(COMPOSIÇÃO!$D:$D,MATCH($C388,COMPOSIÇÃO!$A:$A,0)),\"\"),\"\"))","v":"UN"},1,{"$f":"IF(B388=\"SINAPI\",IFERROR(INDEX(SINAPI!$D:$D,MATCH($C388,SINAPI!$A:$A,0)),0),IF(B388=\"COMPOSIÇÃO\",IFERROR(INDEX(COMPOSIÇÃO!$G:$G,MATCH($C388,COMPOSIÇÃO!$A:$A,0)),0),0))","v":11.86},14.284725098138525,14.28]
["12.8.8","COMPOSIÇÃO","COMP-9566 ",{"$f":"IF(B389=\"SINAPI\",IFERROR(INDEX(SINAPI!$B:$B,MATCH($C389,SINAPI!$A:$A,0)),\"\"),IF(B389=\"COMPOSIÇÃO\",IFERROR(INDEX(COMPOSIÇÃO!$C:$C,MATCH($C389,COMPOSIÇÃO!$A:$A,0)),\"\"),\"\"))","v":"CURVA 135° PVC ROSCA 1.1/2\" "},{"$f":"IF(B389=\"SINAPI\",IFERROR(INDEX(SINAPI!$C:$C,MATCH($C389,SINAPI!$A:$A,0)),\"\"),IF(B389=\"COMPOSIÇÃO\",IFERROR(INDEX(COMPOSIÇÃO!$D:$D,MATCH($C389,COMPOSIÇÃO!$A:$A,0)),\"\"),\"\"))","v":"UN"},1,{"$f":"IF(B389=\"SINAPI\",IFERROR(INDEX(SINAPI!$D:$D,MATCH($C389,SINAPI!$A:$A,0)),0),IF(B389=\"COMPOSIÇÃO\",IFERROR(INDEX(COMPOSIÇÃO!$G:$G,MATCH($C389,COMPOSIÇÃO!$A:$A,0)),0),0))","v":7.0050000000000008},8.4371415946425277,8.44]
["12.8.9","COMPOSIÇÃO","COMP-9180 ",{"$f":"IF(B390=\"SINAPI\",IFERROR(INDEX(SINAPI!$B:$B,MATCH($C390,SINAPI!$A:$A,0)),\"\"),IF(B390=\"COMPOSIÇÃO\",IFERROR(INDEX(COMPOSIÇÃO!$C:$C,MATCH($C390,COMPOSIÇÃO!$A:$A,0)),\"\"),\"\"))","v":"LUVA PVC ROSCA 1/2\" "},{"$f":"IF(B390=\"SINAPI\",IFERROR(INDEX(SINAPI!$C:$C,MATCH($C390,SINAPI!$A:$A,0)),\"\"),IF(B390=\"COMPOSIÇÃO\",IFERROR(INDEX(COMPOSIÇÃO!$D:$D,MATCH($C390,COMPOSIÇÃO!$A:$A,0)),\"\"),\"\"))","v":"UN"},4,{"$f":"IF(B390=\"SINAPI\",IFERROR(INDEX(SINAPI!$D:$D,MATCH($C390,SINAPI!$A:$A,0)),0),IF(B390=\"COMPOSIÇÃO\",IFERROR(INDEX(COMPOSIÇÃO!$G:$G,MATCH($C390,COMPOSIÇÃO!$A:$A,0)),0),0))","v":3.7300000000000004},4.4925821767332801,17.97]
["12.8.10","COMPOSIÇÃO","COMP-5602 ",{"$f":"IF(B391=\"SINAPI\",IFERROR(INDEX(SINAPI!$B:$B,MATCH($C391,SINAPI!$A:$A,0)),\"\"),IF(B391=\"COMPOSIÇÃO\",IFERROR(INDEX(COMPOSIÇÃO!$C:$C,MATCH($C391,COMPOSIÇÃO!$A:$A,0)),\"\"),\"\"))","v":"LUVA PVC ROSCA 2.1/2\" "},{"$f":"IF(B391=\"SINAPI\",IFERROR(INDEX(SINAPI!$C:$C,MATCH($C391,SINAPI!$A:$A,0)),\"\"),IF(B391=\"COMPOSIÇÃO\",IFERROR(INDEX(COMPOSIÇÃO!$D:$D,MATCH($C391,COMPOSIÇÃO!$A:$A,0)),\"\"),\"\"))","v":"UN"},4,{"$f":"IF(B391=\"SINAPI\",IFERROR(INDEX(SINAPI!$D:$D,MATCH($C391,SINAPI!$A:$A,0)),0),IF(B391=\"COMPOSIÇÃO\",IFERROR(INDEX(COMPOSIÇÃO!$G:$G,MATCH($C391,COMPOSIÇÃO!$A:$A,0)),0),0))","v":12.23},14.730369978940486,58.92]
["12.8.11","COMPOSIÇÃO","COMP-7217 ",{"$f":"IF(B392=\"SINAPI\",IFERROR(INDEX(SINAPI!$B:$B,MATCH($C392,SINAPI!$A:$A,0)),\"\"),IF(B392=\"COMPOSIÇÃO\",IFERROR(INDEX(COMPOSIÇÃO!$C:$C,MATCH($C392,COMPOSIÇÃO!$A:$A,0)),\"\"),\"\"))","v":"ARRUELA LISA GALVANIZADA 1/4\" "},{"$f":"IF(B392=\"SINAPI\",IFERROR(INDEX(SINAPI!$C:$C,MATCH($C392,SINAPI!$A:$A,0)),\"\"),IF(B392=\"COMPOSIÇÃO\",IFERROR(INDEX(COMPOSIÇÃO!$D:$D,MATCH($C392,COMPOSIÇÃO!$A:$A,0)),\"\"),\"\"))","v":"UN"},1323,{"$f":"IF(B392=\"SINAPI\",IFERROR(INDEX(SINAPI!$D:$D,MATCH($C392,SINAPI!$A:$A,0)),0),IF(B392=\"COMPOSIÇÃO\",IFERROR(INDEX(COMPOSIÇÃO!$G:$G,MATCH($C392,COMPOSIÇÃO!$A:$A,0)),0),0))","v":0.87400000000000011},1.0526854751916588,1392.7]
["12.8.12","COMPOSIÇÃO","COMP-7343 ",{"$f":"IF(B393=\"SINAPI\",IFERROR(INDEX(SINAPI!$B:$B,MATCH($C393,SINAPI!$A:$A,0)),\"\"),IF(B393=\"COMPOSIÇÃO\",IFERROR(INDEX(COMPOSIÇÃO!$C:$C,MATCH($C393,COMPOSIÇÃO!$A:$A,0)),\"\"),\"\"))","v":"ARRUELA LISA GALVANIZADA 3/8\" "},{"$f":"IF(B393=\"SINAPI\",IFERROR(INDEX(SINAPI!$C:$C,MATCH($C393,SINAPI!$A:$A,0)),\"\"),IF(B393=\"COMPOSIÇÃO\",IFERROR(INDEX(COMPOSIÇÃO!$D:$D,MATCH($C393,COMPOSIÇÃO!$A:$A,0)),\"\"),\"\"))","v":"UN"},246,{"$f":"IF(B393=\"SINAPI\",IFERROR(INDEX(SINAPI!$D:$D,MATCH($C393,SINAPI!$A:$A,0)),0),IF(B393=\"COMPOSIÇÃO\",IFERROR(INDEX(COMPOSIÇÃO!$G:$G,MATCH($C393,COMPOSIÇÃO!$A:$A,0)),0),0))","v":0.94400000000000006},1.1369966688568944,279.7]
["12.8.13","COMPOSIÇÃO","COMP-8386 ",{"$f":"IF(B394=\"SINAPI\",IFERROR(INDEX(SINAPI!$B:$B,MATCH($C394,SINAPI!$A:$A,0)),\"\"),IF(B394=\"COMPOSIÇÃO\",IFERROR(INDEX(COMPOSIÇÃO!$C:$C,MATCH($C394,COMPOSIÇÃO!$A:$A,0)),\"\"),\"\"))","v":"BUCHA DE NYLON S4 "},{"$f":"IF(B394=\"SINAPI\",IFERROR(INDEX(SINAPI!$C:$C,MATCH($C394,SINAPI!$A:$A,0)),\"\"),IF(B394=\"COMPOSIÇÃO\",IFERROR(INDEX(COMPOSIÇÃO!$D:$D,MATCH($C394,COMPOSIÇÃO!$A:$A,0)),\"\"),\"\"))","v":"UN"},2,{"$f":"IF(B394=\"SINAPI\",IFERROR(INDEX(SINAPI!$D:$D,MATCH($C394,SINAPI!$A:$A,0)),0),IF(B394=\"COMPOSIÇÃO\",IFERROR(INDEX(COMPOSIÇÃO!$G:$G,MATCH($C394,COMPOSIÇÃO!$A:$A,0)),0),0))","v":0.91400000000000003},1.100863300143222,2.2000000000000002]
["12.8.14","COMPOSIÇÃO","COMP-6745 ",{"$f":"IF(B395=\"SINAPI\",IFERROR(INDEX(SINAPI!$B:$B,MATCH($C395,SINAPI!$A:$A,0)),\"\"),IF(B395=\"COMPOSIÇÃO\",IFERROR(INDEX(COMPOSIÇÃO!$C:$C,MATCH($C395,COMPOSIÇÃO!$A:$A,0)),\"\"),\"\"))","v":"PARAFUSO GALVANIZADO FENDA CABEÇA PANELA "},{"$f":"IF(B395=\"SINAPI\",IFERROR(INDEX(SINAPI!$C:$C,MATCH($C395,SINAPI!$A:$A,0)),\"\"),IF(B395=\"COMPOSIÇÃO\",IFERROR(INDEX(COMPOSIÇÃO!$D:$D,MATCH($C395,COMPOSIÇÃO!$A:$A,0)),\"\"),\"\"))","v":"UN"},2,{"$f":"IF(B395=\"SINAPI\",IFERROR(INDEX(SINAPI!$D:$D,MATCH($C395,SINAPI!$A:$A,0)),0),IF(B395=\"COMPOSIÇÃO\",IFERROR(INDEX(COMPOSIÇÃO!$G:$G,MATCH($C395,COMPOSIÇÃO!$A:$A,0)),0),0))","v":1.244},1.4983303559936192,3]
["12.8.15","COMPOSIÇÃO","COMP-5409 ",{"$f":"IF(B396=\"SINAPI\",IFERROR(INDEX(SINAPI!$B:$B,MATCH($C396,SINAPI!$A:$A,0)),\"\"),IF(B396=\"COMPOSIÇÃO\",IFERROR(INDEX(COMPOSIÇÃO!$C:$C,MATCH($C396,COMPOSIÇÃO!$A:$A,0)),\"\"),\"\"))","v":"PARAFUSO GALVANIZADO CABEÇA SEXTAVADA 3/8\"X2.1/2\" ROSCA TOTAL "},{"$f":"IF(B396=\"SINAPI\",IFERROR(INDEX(SINAPI!$C:$C,MATCH($C396,SINAPI!$A:$A,0)),\"\"),IF(B396=\"COMPOSIÇÃO\",IFERROR(INDEX(COMPOSIÇÃO!$D:$D,MATCH($C396,COMPOSIÇÃO!$A:$A,0)),\"\"),\"\"))","v":"UND"},246,{"$f":"IF(B396=\"SINAPI\",IFERROR(INDEX(SINAPI!$D:$D,MATCH($C396,SINAPI!$A:$A,0)),0),IF(B396=\"COMPOSIÇÃO\",IFERROR(INDEX(COMPOSIÇÃO!$G:$G,MATCH($C396,COMPOSIÇÃO!$A:$A,0)),0),0))","v":1.8840000000000001},2.2691755552186326,558.22]
["12.8.16","COMPOSIÇÃO","COMP-6948 ",{"$f":"IF(B397=\"SINAPI\",IFERROR(INDEX(SINAPI!$B:$B,MATCH($C397,SINAPI!$A:$A,0)),\"\"),IF(B397=\"COMPOSIÇÃO\",IFERROR(INDEX(COMPOSIÇÃO!$C:$C,MATCH($C397,COMPOSIÇÃO!$A:$A,0)),\"\"),\"\"))","v":"PARAFUSO GALVANIZADO CABEÇA LENTILHA 1/4\"X5/8\" MÁQUINA ROSCA TOTAL "},{"$f":"IF(B397=\"SINAPI\",IFERROR(INDEX(SINAPI!$C:$C,MATCH($C397,SINAPI!$A:$A,0)),\"\"),IF(B397=\"COMPOSIÇÃO\",IFERROR(INDEX(COMPOSIÇÃO!$D:$D,MATCH($C397,COMPOSIÇÃO!$A:$A,0)),\"\"),\"\"))","v":"UND"},456,{"$f":"IF(B397=\"SINAPI\",IFERROR(INDEX(SINAPI!$D:$D,MATCH($C397,SINAPI!$A:$A,0)),0),IF(B397=\"COMPOSIÇÃO\",IFERROR(INDEX(COMPOSIÇÃO!$G:$G,MATCH($C397,COMPOSIÇÃO!$A:$A,0)),0),0))","v":1.3140000000000001},1.5826415496588553,721.68]
["12.8.17","COMPOSIÇÃO","COMP-54871 ",{"$f":"IF(B398=\"SINAPI\",IFERROR(INDEX(SINAPI!$B:$B,MATCH($C398,SINAPI!$A:$A,0)),\"\"),IF(B398=\"COMPOSIÇÃO\",IFERROR(INDEX(COMPOSIÇÃO!$C:$C,MATCH($C398,COMPOSIÇÃO!$A:$A,0)),\"\"),\"\"))","v":"PORCA SEXTAVADA GALVANIZADA 1/4\" "},{"$f":"IF(B398=\"SINAPI\",IFERROR(INDEX(SINAPI!$C:$C,MATCH($C398,SINAPI!$A:$A,0)),\"\"),IF(B398=\"COMPOSIÇÃO\",IFERROR(INDEX(COMPOSIÇÃO!$D:$D,MATCH($C398,COMPOSIÇÃO!$A:$A,0)),\"\"),\"\"))","v":"UN"},963,{"$f":"IF(B398=\"SINAPI\",IFERROR(INDEX(SINAPI!$D:$D,MATCH($C398,SINAPI!$A:$A,0)),0),IF(B398=\"COMPOSIÇÃO\",IFERROR(INDEX(COMPOSIÇÃO!$G:$G,MATCH($C398,COMPOSIÇÃO!$A:$A,0)),0),0))","v":1.034},1.2453967749979118,1199.32]
["12.8.18","COMPOSIÇÃO","COMP-9187 ",{"$f":"IF(B399=\"SINAPI\",IFERROR(INDEX(SINAPI!$B:$B,MATCH($C399,SINAPI!$A:$A,0)),\"\"),IF(B399=\"COMPOSIÇÃO\",IFERROR(INDEX(COMPOSIÇÃO!$C:$C,MATCH($C399,COMPOSIÇÃO!$A:$A,0)),\"\"),\"\"))","v":"PORCA SEXTAVADA GALVANIZADA 3/8\" "},{"$f":"IF(B399=\"SINAPI\",IFERROR(INDEX(SINAPI!$C:$C,MATCH($C399,SINAPI!$A:$A,0)),\"\"),IF(B399=\"COMPOSIÇÃO\",IFERROR(INDEX(COMPOSIÇÃO!$D:$D,MATCH($C399,COMPOSIÇÃO!$A:$A,0)),\"\"),\"\"))","v":"UN"},246,{"$f":"IF(B399=\"SINAPI\",IFERROR(INDEX(SINAPI!$D:$D,MATCH($C399,SINAPI!$A:$A,0)),0),IF(B399=\"COMPOSIÇÃO\",IFERROR(INDEX(COMPOSIÇÃO!$G:$G,MATCH($C399,COMPOSIÇÃO!$A:$A,0)),0),0))","v":0.9840000000000001},1.1851744938084579,291.55]
["12.8.19","COMPOSIÇÃO","COMP-4192 ",{"$f":"IF(B400=\"SINAPI\",IFERROR(INDEX(SINAPI!$B:$B,MATCH($C400,SINAPI!$A:$A,0)),\"\"),IF(B400=\"COMPOSIÇÃO\",IFERROR(INDEX(COMPOSIÇÃO!$C:$C,MATCH($C400,COMPOSIÇÃO!$A:$A,0)),\"\"),\"\"))","v":"SUPORTE PARA CABOS DE AÇO 38X90MM "},{"$f":"IF(B400=\"SINAPI\",IFERROR(INDEX(SINAPI!$C:$C,MATCH($C400,SINAPI!$A:$A,0)),\"\"),IF(B400=\"COMPOSIÇÃO\",IFERROR(INDEX(COMPOSIÇÃO!$D:$D,MATCH($C400,COMPOSIÇÃO!$A:$A,0)),\"\"),\"\"))","v":"UN"},246,{"$f":"IF(B400=\"SINAPI\",IFERROR(INDEX(SINAPI!$D:$D,MATCH($C400,SINAPI!$A:$A,0)),0),IF(B400=\"COMPOSIÇÃO\",IFERROR(INDEX(COMPOSIÇÃO!$G:$G,MATCH($C400,COMPOSIÇÃO!$A:$A,0)),0),0))","v":42.25},50.887827605088759,12518.41]
["12.8.20","COMPOSIÇÃO","COMP-8888 ",{"$f":"IF(B401=\"SINAPI\",IFERROR(INDEX(SINAPI!$B:$B,MATCH($C401,SINAPI!$A:$A,0)),\"\"),IF(B401=\"COMPOSIÇÃO\",IFERROR(INDEX(COMPOSIÇÃO!$C:$C,MATCH($C401,COMPOSIÇÃO!$A:$A,0)),\"\"),\"\"))","v":"VERGALHÃO GALVANIZADA ROSCA TOTAL 1/4\"X700MM "},{"$f":"IF(B401=\"SINAPI\",IFERROR(INDEX(SINAPI!$C:$C,MATCH($C401,SINAPI!$A:$A,0)),\"\"),IF(B401=\"COMPOSIÇÃO\",IFERROR(INDEX(COMPOSIÇÃO!$D:$D,MATCH($C401,COMPOSIÇÃO!$A:$A,0)),\"\"),\"\"))","v":"UND"},246,{"$f":"IF(B401=\"SINAPI\",IFERROR(INDEX(SINAPI!$D:$D,MATCH($C401,SINAPI!$A:$A,0)),0),IF(B401=\"COMPOSIÇÃO\",IFERROR(INDEX(COMPOSIÇÃO!$G:$G,MATCH($C401,COMPOSIÇÃO!$A:$A,0)),0),0))","v":10.044},12.097451845337551,2975.97]
["12.9",null,null,"Quadros de Distribuição",null,null,null,null,{"$f":"SUM(I403:I406)","v":30645.67}]
["12.9.1","COMPOSIÇÃO","COMP-74131/006",{"$f":"IF(B403=\"SINAPI\",IFERROR(INDEX(SINAPI!$B:$B,MATCH($C403,SINAPI!$A:$A,0)),\"\"),IF(B403=\"COMPOSIÇÃO\",IFERROR(INDEX(COMPOSIÇÃO!$C:$C,MATCH($C403,COMPOSIÇÃO!$A:$A,0)),\"\"),\"\"))","v":"QUADRO DE DISTRIBUICAO DE ENERGIA DE EMBUTIR, EM CHAPA METALICA, PARA 32 DISJUNTORES TERMOMAGNETICOS MONOPOLARES, COM BARRAMENTO TRIFASICO E NEUTRO, FORNECIMENTO E INSTALACAO"},{"$f":"IF(B403=\"SINAPI\",IFERROR(INDEX(SINAPI!$C:$C,MATCH($C403,SINAPI!$A:$A,0)),\"\"),IF(B403=\"COMPOSIÇÃO\",IFERROR(INDEX(COMPOSIÇÃO!$D:$D,MATCH($C403,COMPOSIÇÃO!$A:$A,0)),\"\"),\"\"))","v":"UN"},1,{"$f":"IF(B403=\"SINAPI\",IFERROR(INDEX(SINAPI!$D:$D,MATCH($C403,SINAPI!$A:$A,0)),0),IF(B403=\"COMPOSIÇÃO\",IFERROR(INDEX(COMPOSIÇÃO!$G:$G,MATCH($C403,COMPOSIÇÃO!$A:$A,0)),0),0))","v":773.44500000000005},{"$f":"G403*(1+$I$10)","v":931.57244549154734},{"$f":"ROUND(F403*H403,2)","v":931.57}]
["12.9.2","COMPOSIÇÃO","COMP-74131/008",{"$f":"IF(B404=\"SINAPI\",IFERROR(INDEX(SINAPI!$B:$B,MATCH($C404,SINAPI!$A:$A,0)),\"\"),IF(B404=\"COMPOSIÇÃO\",IFERROR(INDEX(COMPOSIÇÃO!$C:$C,MATCH($C404,COMPOSIÇÃO!$A:$A,0)),\"\"),\"\"))","v":"QUADRO DE DISTRIBUICAO DE ENERGIA DE EMBUTIR, EM CHAPA METALICA, PARA 50 DISJUNTORES TERMOMAGNETICOS MONOPOLARES, COM BARRAMENTO TRIFASICO E NEUTRO, FORNECIMENTO E INSTALACAO"},{"$f":"IF(B404=\"SINAPI\",IFERROR(INDEX(SINAPI!$C:$C,MATCH($C404,SINAPI!$A:$A,0)),\"\"),IF(B404=\"COMPOSIÇÃO\",IFERROR(INDEX(COMPOSIÇÃO!$D:$D,MATCH($C404,COMPOSIÇÃO!$A:$A,0)),\"\"),\"\"))","v":"UN"},8,{"$f":"IF(B404=\"SINAPI\",IFERROR(INDEX(SINAPI!$D:$D,MATCH($C404,SINAPI!$A:$A,0)),0),IF(B404=\"COMPOSIÇÃO\",IFERROR(INDEX(COMPOSIÇÃO!$G:$G,MATCH($C404,COMPOSIÇÃO!$A:$A,0)),0),0))","v":1582.68},{"$f":"G404*(1+$I$10)","v":1906.251999858506},15250.02]
["12.9.3","COMPOSIÇÃO","COMP-320527",{"$f":"IF(B405=\"SINAPI\",IFERROR(INDEX(SINAPI!$B:$B,MATCH($C405,SINAPI!$A:$A,0)),\"\"),IF(B405=\"COMPOSIÇÃO\",IFERROR(INDEX(COMPOSIÇÃO!$C:$C,MATCH($C405,COMPOSIÇÃO!$A:$A,0)),\"\"),\"\"))","v":"QUADRO DE DISTRIBUICAO DE ENERGIA EM CHAPA METALICA PINTADA, DE EMBUTIR, BARRAMENTO TRIFASICO 225A , PARA DISJUNTOR GERAL TIPO DIN, COM PORTA, PARA 70 DISJUNTORES TERMOMAGNETICOS UNIPOLARES MONOPOLARES, COM BARRAMENTO TRIFASICO E NEUTRO, FORNECIMENTO E INSTALACAO "},{"$f":"IF(B405=\"SINAPI\",IFERROR(INDEX(SINAPI!$C:$C,MATCH($C405,SINAPI!$A:$A,0)),\"\"),IF(B405=\"COMPOSIÇÃO\",IFERROR(INDEX(COMPOSIÇÃO!$D:$D,MATCH($C405,COMPOSIÇÃO!$A:$A,0)),\"\"),\"\"))","v":"UN"},6,{"$f":"IF(B405=\"SINAPI\",IFERROR(INDEX(SINAPI!$D:$D,MATCH($C405,SINAPI!$A:$A,0)),0),IF(B405=\"COMPOSIÇÃO\",IFERROR(INDEX(COMPOSIÇÃO!$G:$G,MATCH($C405,COMPOSIÇÃO!$A:$A,0)),0),0))","v":1925.5972999999999},{"$f":"G405*(1+$I$10)","v":2319.277241165074},13915.66]
["12.9.4","COMPOSIÇÃO","COMP-83463",{"$f":"IF(B406=\"SINAPI\",IFERROR(INDEX(SINAPI!$B:$B,MATCH($C406,SINAPI!$A:$A,0)),\"\"),IF(B406=\"COMPOSIÇÃO\",IFERROR(INDEX(COMPOSIÇÃO!$C:$C,MATCH($C406,COMPOSIÇÃO!$A:$A,0)),\"\"),\"\"))","v":"QUADRO DE DISTRIBUICAO DE ENERGIA EM CHAPA DE ACO GALVANIZADO, PARA 12 DISJUNTORES TERMOMAGNETICOS MONOPOLARES, COM BARRAMENTO TRIFASICO E NEUTRO - FORNECIMENTO E INSTALACAO"},{"$f":"IF(B406=\"SINAPI\",IFERROR(INDEX(SINAPI!$C:$C,MATCH($C406,SINAPI!$A:$A,0)),\"\"),IF(B406=\"COMPOSIÇÃO\",IFERROR(INDEX(COMPOSIÇÃO!$D:$D,MATCH($C406,COMPOSIÇÃO!$A:$A,0)),\"\"),\"\"))","v":"UN"},1,{"$f":"IF(B406=\"SINAPI\",IFERROR(INDEX(SINAPI!$D:$D,MATCH($C406,SINAPI!$A:$A,0)),0),IF(B406=\"COMPOSIÇÃO\",IFERROR(INDEX(COMPOSIÇÃO!$G:$G,MATCH($C406,COMPOSIÇÃO!$A:$A,0)),0),0))","v":455.33},{"$f":"G406*(1+$I$10)","v":548.42022587988322},548.41999999999996]
["12.10",null,null,"Iluminação Externa",null,null,null,null,{"$f":"SUM(I408:I421)","v":169584.16}]
["12.10.1","SINAPI",91926,{"$f":"IF(B408=\"SINAPI\",IFERROR(INDEX(SINAPI!$B:$B,MATCH($C408,SINAPI!$A:$A,0)),\"\"),IF(B408=\"COMPOSIÇÃO\",IFERROR(INDEX(COMPOSIÇÃO!$C:$C,MATCH($C408,COMPOSIÇÃO!$A:$A,0)),\"\"),\"\"))","v":"CABO DE COBRE FLEXÍVEL ISOLADO, 2,5 MM², ANTI-CHAMA 450/750 V, PARA CIRCUITOS TERMINAIS - FORNECIMENTO E INSTALAÇÃO. AF_12/2015"},{"$f":"IF(B408=\"SINAPI\",IFERROR(INDEX(SINAPI!$C:$C,MATCH($C408,SINAPI!$A:$A,0)),\"\"),IF(B408=\"COMPOSIÇÃO\",IFERROR(INDEX(COMPOSIÇÃO!$D:$D,MATCH($C408,COMPOSIÇÃO!$A:$A,0)),\"\"),\"\"))","v":"M"},700,{"$f":"IF(B408=\"SINAPI\",IFERROR(INDEX(SINAPI!$D:$D,MATCH($C408,SINAPI!$A:$A,0)),0),IF(B408=\"COMPOSIÇÃO\",IFERROR(INDEX(COMPOSIÇÃO!$G:$G,MATCH($C408,COMPOSIÇÃO!$A:$A,0)),0),0))","v":3.94},{"$f":"G408*(1+$I$10)","v":4.7455157577289873},{"$f":"ROUND(F408*H408,2)","v":3321.86}]
["12.10.2","SINAPI",91928,{"$f":"IF(B409=\"SINAPI\",IFERROR(INDEX(SINAPI!$B:$B,MATCH($C409,SINAPI!$A:$A,0)),\"\"),IF(B409=\"COMPOSIÇÃO\",IFERROR(INDEX(COMPOSIÇÃO!$C:$C,MATCH($C409,COMPOSIÇÃO!$A:$A,0)),\"\"),\"\"))","v":"CABO DE COBRE FLEXÍVEL ISOLADO, 4 MM², ANTI-CHAMA 450/750 V, PARA CIRCUITOS TERMINAIS - FORNECIMENTO E INSTALAÇÃO. AF_12/2015"},{"$f":"IF(B409=\"SINAPI\",IFERROR(INDEX(SINAPI!$C:$C,MATCH($C409,SINAPI!$A:$A,0)),\"\"),IF(B409=\"COMPOSIÇÃO\",IFERROR(INDEX(COMPOSIÇÃO!$D:$D,MATCH($C409,COMPOSIÇÃO!$A:$A,0)),\"\"),\"\"))","v":"M"},716,{"$f":"IF(B409=\"SINAPI\",IFERROR(INDEX(SINAPI!$D:$D,MATCH($C409,SINAPI!$A:$A,0)),0),IF(B409=\"COMPOSIÇÃO\",IFERROR(INDEX(COMPOSIÇÃO!$G:$G,MATCH($C409,COMPOSIÇÃO!$A:$A,0)),0),0))","v":6.56},7.9011632920563839,5657.23]
["12.10.3","COMPOSIÇÃO","COMP-1939 ",{"$f":"IF(B410=\"SINAPI\",IFERROR(INDEX(SINAPI!$B:$B,MATCH($C410,SINAPI!$A:$A,0)),\"\"),IF(B410=\"COMPOSIÇÃO\",IFERROR(INDEX(COMPOSIÇÃO!$C:$C,MATCH($C410,COMPOSIÇÃO!$A:$A,0)),\"\"),\"\"))","v":"CAIXA EM ALVENARIA (40X40X40cm) DE 1/2 TIJOLO COMUM, LASTRO DE BRITA E TAMPA DE CONCRETO "},{"$f":"IF(B410=\"SINAPI\",IFERROR(INDEX(SINAPI!$C:$C,MATCH($C410,SINAPI!$A:$A,0)),\"\"),IF(B410=\"COMPOSIÇÃO\",IFERROR(INDEX(COMPOSIÇÃO!$D:$D,MATCH($C410,COMPOSIÇÃO!$A:$A,0)),\"\"),\"\"))","v":"UN"},14,{"$f":"IF(B410=\"SINAPI\",IFERROR(INDEX(SINAPI!$D:$D,MATCH($C410,SINAPI!$A:$A,0)),0),IF(B410=\"COMPOSIÇÃO\",IFERROR(INDEX(COMPOSIÇÃO!$G:$G,MATCH($C410,COMPOSIÇÃO!$A:$A,0)),0),0))","v":260.6105},313.89117623848483,4394.4799999999996]
["12.10.4","SINAPI",93653,{"$f":"IF(B411=\"SINAPI\",IFERROR(INDEX(SINAPI!$B:$B,MATCH($C411,SINAPI!$A:$A,0)),\"\"),IF(B411=\"COMPOSIÇÃO\",IFERROR(INDEX(COMPOSIÇÃO!$C:$C,MATCH($C411,COMPOSIÇÃO!$A:$A,0)),\"\"),\"\"))","v":"DISJUNTOR MONOPOLAR TIPO DIN, CORRENTE NOMINAL DE 10A - FORNECIMENTO E INSTALAÇÃO. AF_10/2020"},{"$f":"IF(B411=\"SINAPI\",IFERROR(INDEX(SINAPI!$C:$C,MATCH($C411,SINAPI!$A:$A,0)),\"\"),IF(B411=\"COMPOSIÇÃO\",IFERROR(INDEX(COMPOSIÇÃO!$D:$D,MATCH($C411,COMPOSIÇÃO!$A:$A,0)),\"\"),\"\"))","v":"UN"},2,{"$f":"IF(B411=\"SINAPI\",IFERROR(INDEX(SINAPI!$D:$D,MATCH($C411,SINAPI!$A:$A,0)),0),IF(B411=\"COMPOSIÇÃO\",IFERROR(INDEX(COMPOSIÇÃO!$G:$G,MATCH($C411,COMPOSIÇÃO!$A:$A,0)),0),0))","v":11.45},13.790902392385,27.58]
["12.10.5","SINAPI",93660,{"$f":"IF(B412=\"SINAPI\",IFERROR(INDEX(SINAPI!$B:$B,MATCH($C412,SINAPI!$A:$A,0)),\"\"),IF(B412=\"COMPOSIÇÃO\",IFERROR(INDEX(COMPOSIÇÃO!$C:$C,MATCH($C412,COMPOSIÇÃO!$A:$A,0)),\"\"),\"\"))","v":"DISJUNTOR BIPOLAR TIPO DIN, CORRENTE NOMINAL DE 10A - FORNECIMENTO E INSTALAÇÃO. AF_10/2020"},{"$f":"IF(B412=\"SINAPI\",IFERROR(INDEX(SINAPI!$C:$C,MATCH($C412,SINAPI!$A:$A,0)),\"\"),IF(B412=\"COMPOSIÇÃO\",IFERROR(INDEX(COMPOSIÇÃO!$D:$D,MATCH($C412,COMPOSIÇÃO!$A:$A,0)),\"\"),\"\"))","v":"UN"},3,{"$f":"IF(B412=\"SINAPI\",IFERROR(INDEX(SINAPI!$D:$D,MATCH($C412,SINAPI!$A:$A,0)),0),IF(B412=\"COMPOSIÇÃO\",IFERROR(INDEX(COMPOSIÇÃO!$G:$G,MATCH($C412,COMPOSIÇÃO!$A:$A,0)),0),0))","v":58.06},69.930112917194165,209.79]
["12.10.6","SINAPI",93670,{"$f":"IF(B413=\"SINAPI\",IFERROR(INDEX(SINAPI!$B:$B,MATCH($C413,SINAPI!$A:$A,0)),\"\"),IF(B413=\"COMPOSIÇÃO\",IFERROR(INDEX(COMPOSIÇÃO!$C:$C,MATCH($C413,COMPOSIÇÃO!$A:$A,0)),\"\"),\"\"))","v":"DISJUNTOR TRIPOLAR TIPO DIN, CORRENTE NOMINAL DE 25A - FORNECIMENTO E INSTALAÇÃO. AF_10/2020"},{"$f":"IF(B413=\"SINAPI\",IFERROR(INDEX(SINAPI!$C:$C,MATCH($C413,SINAPI!$A:$A,0)),\"\"),IF(B413=\"COMPOSIÇÃO\",IFERROR(INDEX(COMPOSIÇÃO!$D:$D,MATCH($C413,COMPOSIÇÃO!$A:$A,0)),\"\"),\"\"))","v":"UN"},1,{"$f":"IF(B413=\"SINAPI\",IFERROR(INDEX(SINAPI!$D:$D,MATCH($C413,SINAPI!$A:$A,0)),0),IF(B413=\"COMPOSIÇÃO\",IFERROR(INDEX(COMPOSIÇÃO!$G:$G,MATCH($C413,COMPOSIÇÃO!$A:$A,0)),0),0))","v":76.37},91.983512288772275,91.98]
["12.10.7","COMPOSIÇÃO","COMP-107",{"$f":"IF(B414=\"SINAPI\",IFERROR(INDEX(SINAPI!$B:$B,MATCH($C414,SINAPI!$A:$A,0)),\"\"),IF(B414=\"COMPOSIÇÃO\",IFERROR(INDEX(COMPOSIÇÃO!$C:$C,MATCH($C414,COMPOSIÇÃO!$A:$A,0)),\"\"),\"\"))","v":"DISPOSITIVO DIFERENCIAL RESIDUAL TETRAPOLAR 25A, SENSIBILIDADE 300mA 380V - FORNECIMENTO E INSTALAÇÃO"},{"$f":"IF(B414=\"SINAPI\",IFERROR(INDEX(SINAPI!$C:$C,MATCH($C414,SINAPI!$A:$A,0)),\"\"),IF(B414=\"COMPOSIÇÃO\",IFERROR(INDEX(COMPOSIÇÃO!$D:$D,MATCH($C414,COMPOSIÇÃO!$A:$A,0)),\"\"),\"\"))","v":"UN    "},1,{"$f":"IF(B414=\"SINAPI\",IFERROR(INDEX(SINAPI!$D:$D,MATCH($C414,SINAPI!$A:$A,0)),0),IF(B414=\"COMPOSIÇÃO\",IFERROR(INDEX(COMPOSIÇÃO!$G:$G,MATCH($C414,COMPOSIÇÃO!$A:$A,0)),0),0))","v":178.95600000000002},215.54277105079916,215.54]
["12.10.8","COMPOSIÇÃO","COMP-108",{"$f":"IF(B415=\"SINAPI\",IFERROR(INDEX(SINAPI!$B:$B,MATCH($C415,SINAPI!$A:$A,0)),\"\"),IF(B415=\"COMPOSIÇÃO\",IFERROR(INDEX(COMPOSIÇÃO!$C:$C,MATCH($C415,COMPOSIÇÃO!$A:$A,0)),\"\"),\"\"))","v":"ELETRODUTO FLEXIVEL PLANO EM PEAD, DIAMETRO 25 MM (3/4\") - FORNECIMENTO E INSTALAÇÃO"},{"$f":"IF(B415=\"SINAPI\",IFERROR(INDEX(SINAPI!$C:$C,MATCH($C415,SINAPI!$A:$A,0)),\"\"),IF(B415=\"COMPOSIÇÃO\",IFERROR(INDEX(COMPOSIÇÃO!$D:$D,MATCH($C415,COMPOSIÇÃO!$A:$A,0)),\"\"),\"\"))","v":"M     "},247,{"$f":"IF(B415=\"SINAPI\",IFERROR(INDEX(SINAPI!$D:$D,MATCH($C415,SINAPI!$A:$A,0)),0),IF(B415=\"COMPOSIÇÃO\",IFERROR(INDEX(COMPOSIÇÃO!$G:$G,MATCH($C415,COMPOSIÇÃO!$A:$A,0)),0),0))","v":5.26},6.3353839811305761,1564.84]
["12.10.9","COMPOSIÇÃO","COMP-109",{"$f":"IF(B416=\"SINAPI\",IFERROR(INDEX(SINAPI!$B:$B,MATCH($C416,SINAPI!$A:$A,0)),\"\"),IF(B416=\"COMPOSIÇÃO\",IFERROR(INDEX(COMPOSIÇÃO!$C:$C,MATCH($C416,COMPOSIÇÃO!$A:$A,0)),\"\"),\"\"))","v":"ELETRODUTO FLEXIVEL PLANO EM PEAD, DIAMETRO 32 MM (1\") - FORNECIMENTO E INSTALAÇÃO"},{"$f":"IF(B416=\"SINAPI\",IFERROR(INDEX(SINAPI!$C:$C,MATCH($C416,SINAPI!$A:$A,0)),\"\"),IF(B416=\"COMPOSIÇÃO\",IFERROR(INDEX(COMPOSIÇÃO!$D:$D,MATCH($C416,COMPOSIÇÃO!$A:$A,0)),\"\"),\"\"))","v":"M     "},5,{"$f":"IF(B416=\"SINAPI\",IFERROR(INDEX(SINAPI!$D:$D,MATCH($C416,SINAPI!$A:$A,0)),0),IF(B416=\"COMPOSIÇÃO\",IFERROR(INDEX(COMPOSIÇÃO!$G:$G,MATCH($C416,COMPOSIÇÃO!$A:$A,0)),0),0))","v":6.0410000000000004},7.2760560133098515,36.380000000000003]
["12.10.10","COMPOSIÇÃO","COMP-110",{"$f":"IF(B417=\"SINAPI\",IFERROR(INDEX(SINAPI!$B:$B,MATCH($C417,SINAPI!$A:$A,0)),\"\"),IF(B417=\"COMPOSIÇÃO\",IFERROR(INDEX(COMPOSIÇÃO!$C:$C,MATCH($C417,COMPOSIÇÃO!$A:$A,0)),\"\"),\"\"))","v":"ELETRODUTO FLEXIVEL PLANO EM PEAD, DIAMETRO 40 MM (1 1/4\") - FORNECIMENTO E INSTALAÇÃO                                                                                                                                                                                                                                                                                                                                                                             "},{"$f":"IF(B417=\"SINAPI\",IFERROR(INDEX(SINAPI!$C:$C,MATCH($C417,SINAPI!$A:$A,0)),\"\"),IF(B417=\"COMPOSIÇÃO\",IFERROR(INDEX(COMPOSIÇÃO!$D:$D,MATCH($C417,COMPOSIÇÃO!$A:$A,0)),\"\"),\"\"))","v":"M     "},62,{"$f":"IF(B417=\"SINAPI\",IFERROR(INDEX(SINAPI!$D:$D,MATCH($C417,SINAPI!$A:$A,0)),0),IF(B417=\"COMPOSIÇÃO\",IFERROR(INDEX(COMPOSIÇÃO!$G:$G,MATCH($C417,COMPOSIÇÃO!$A:$A,0)),0),0))","v":6.7230000000000008},8.0974879287340062,502.04]
["12.10.11","COMPOSIÇÃO","COMP-7221 ",{"$f":"IF(B418=\"SINAPI\",IFERROR(INDEX(SINAPI!$B:$B,MATCH($C418,SINAPI!$A:$A,0)),\"\"),IF(B418=\"COMPOSIÇÃO\",IFERROR(INDEX(COMPOSIÇÃO!$C:$C,MATCH($C418,COMPOSIÇÃO!$A:$A,0)),\"\"),\"\"))","v":"LUMINÁRIA EM LED PARA ILUMINAÇÃO PÚBLICA,150W,BIVOLT,SELO A INMETRO,CORPO EM ALUMÍNIO INJ,FP 0,97, PROT. DPS 10KV, IP66, IK09, TEMP. COR 5000K, IRC= OU 70%, V. ÚTIL 50.000H, 135 LM/W.GAR.5 ANOS, MODELO FLEDSS09P 150 - 150W FORTLIGHT OU SIMILAR "},{"$f":"IF(B418=\"SINAPI\",IFERROR(INDEX(SINAPI!$C:$C,MATCH($C418,SINAPI!$A:$A,0)),\"\"),IF(B418=\"COMPOSIÇÃO\",IFERROR(INDEX(COMPOSIÇÃO!$D:$D,MATCH($C418,COMPOSIÇÃO!$A:$A,0)),\"\"),\"\"))","v":"un"},22,{"$f":"IF(B418=\"SINAPI\",IFERROR(INDEX(SINAPI!$D:$D,MATCH($C418,SINAPI!$A:$A,0)),0),IF(B418=\"COMPOSIÇÃO\",IFERROR(INDEX(COMPOSIÇÃO!$G:$G,MATCH($C418,COMPOSIÇÃO!$A:$A,0)),0),0))","v":1503.2399999999998},1810.5708395047009,39832.559999999998]
["12.10.12","COMPOSIÇÃO","COMP-6619A",{"$f":"IF(B419=\"SINAPI\",IFERROR(INDEX(SINAPI!$B:$B,MATCH($C419,SINAPI!$A:$A,0)),\"\"),IF(B419=\"COMPOSIÇÃO\",IFERROR(INDEX(COMPOSIÇÃO!$C:$C,MATCH($C419,COMPOSIÇÃO!$A:$A,0)),\"\"),\"\"))","v":"POSTE CURVO TELECÔNICO DE ENGASTAR, GALVANIZADO A FOGO, H(TOTAL)= 10 METROS, DA FORTLIGHT OU SIMILAR DUPLO"},{"$f":"IF(B419=\"SINAPI\",IFERROR(INDEX(SINAPI!$C:$C,MATCH($C419,SINAPI!$A:$A,0)),\"\"),IF(B419=\"COMPOSIÇÃO\",IFERROR(INDEX(COMPOSIÇÃO!$D:$D,MATCH($C419,COMPOSIÇÃO!$A:$A,0)),\"\"),\"\"))","v":"un"},22,{"$f":"IF(B419=\"SINAPI\",IFERROR(INDEX(SINAPI!$D:$D,MATCH($C419,SINAPI!$A:$A,0)),0),IF(B419=\"COMPOSIÇÃO\",IFERROR(INDEX(COMPOSIÇÃO!$G:$G,MATCH($C419,COMPOSIÇÃO!$A:$A,0)),0),0))","v":2630.1485999999995},3167.8709711849829,69693.16]
["12.10.13","COMPOSIÇÃO","COMP-6619B",{"$f":"IF(B420=\"SINAPI\",IFERROR(INDEX(SINAPI!$B:$B,MATCH($C420,SINAPI!$A:$A,0)),\"\"),IF(B420=\"COMPOSIÇÃO\",IFERROR(INDEX(COMPOSIÇÃO!$C:$C,MATCH($C420,COMPOSIÇÃO!$A:$A,0)),\"\"),\"\"))","v":"POSTE CURVO TELECÔNICO DE ENGASTAR, GALVANIZADO A FOGO, H(TOTAL)= 9 METROS, DA FORTLIGHT OU SIMILAR DUPLO"},{"$f":"IF(B420=\"SINAPI\",IFERROR(INDEX(SINAPI!$C:$C,MATCH($C420,SINAPI!$A:$A,0)),\"\"),IF(B420=\"COMPOSIÇÃO\",IFERROR(INDEX(COMPOSIÇÃO!$D:$D,MATCH($C420,COMPOSIÇÃO!$A:$A,0)),\"\"),\"\"))","v":"un"},8,{"$f":"IF(B420=\"SINAPI\",IFERROR(INDEX(SINAPI!$D:$D,MATCH($C420,SINAPI!$A:$A,0)),0),IF(B420=\"COMPOSIÇÃO\",IFERROR(INDEX(COMPOSIÇÃO!$G:$G,MATCH($C420,COMPOSIÇÃO!$A:$A,0)),0),0))","v":2322.6785999999997},2797.540075238554,22380.32]
["12.10.14","COMPOSIÇÃO","COMP-6619C",{"$f":"IF(B421=\"SINAPI\",IFERROR(INDEX(SINAPI!$B:$B,MATCH($C421,SINAPI!$A:$A,0)),\"\"),IF(B421=\"COMPOSIÇÃO\",IFERROR(INDEX(COMPOSIÇÃO!$C:$C,MATCH($C421,COMPOSIÇÃO!$A:$A,0)),\"\"),\"\"))","v":"POSTE CURVO TELECÔNICO DE ENGASTAR, GALVANIZADO A FOGO, H(TOTAL)= 9 METROS, DA FORTLIGHT OU SIMILAR SIMPLES"},{"$f":"IF(B421=\"SINAPI\",IFERROR(INDEX(SINAPI!$C:$C,MATCH($C421,SINAPI!$A:$A,0)),\"\"),IF(B421=\"COMPOSIÇÃO\",IFERROR(INDEX(COMPOSIÇÃO!$D:$D,MATCH($C421,COMPOSIÇÃO!$A:$A,0)),\"\"),\"\"))","v":"un"},8,{"$f":"IF(B421=\"SINAPI\",IFERROR(INDEX(SINAPI!$D:$D,MATCH($C421,SINAPI!$A:$A,0)),0),IF(B421=\"COMPOSIÇÃO\",IFERROR(INDEX(COMPOSIÇÃO!$G:$G,MATCH($C421,COMPOSIÇÃO!$A:$A,0)),0),0))","v":2247.5485999999996},2707.0500755232797,21656.400000000001]
["12.11",null,null,"Sistema de Proteção Contra Descarga Atmosferica",null,null,null,null,{"$f":"I423+I427+I431+I448","v":45951.909999999996}]
["12.11.1",null,null,"Cabo de Cobre ",null,null,null,null,{"$f":"SUM(I424:I426)","v":4688.33}]
["12.11.1.1","SINAPI",91934,{"$f":"IF(B424=\"SINAPI\",IFERROR(INDEX(SINAPI!$B:$B,MATCH($C424,SINAPI!$A:$A,0)),\"\"),IF(B424=\"COMPOSIÇÃO\",IFERROR(INDEX(COMPOSIÇÃO!$C:$C,MATCH($C424,COMPOSIÇÃO!$A:$A,0)),\"\"),\"\"))","v":"CABO DE COBRE FLEXÍVEL ISOLADO, 16 MM², ANTI-CHAMA 450/750 V, PARA CIRCUITOS TERMINAIS - FORNECIMENTO E INSTALAÇÃO. AF_12/2015"},{"$f":"IF(B424=\"SINAPI\",IFERROR(INDEX(SINAPI!$C:$C,MATCH($C424,SINAPI!$A:$A,0)),\"\"),IF(B424=\"COMPOSIÇÃO\",IFERROR(INDEX(COMPOSIÇÃO!$D:$D,MATCH($C424,COMPOSIÇÃO!$A:$A,0)),\"\"),\"\"))","v":"M"},50,{"$f":"IF(B424=\"SINAPI\",IFERROR(INDEX(SINAPI!$D:$D,MATCH($C424,SINAPI!$A:$A,0)),0),IF(B424=\"COMPOSIÇÃO\",IFERROR(INDEX(COMPOSIÇÃO!$G:$G,MATCH($C424,COMPOSIÇÃO!$A:$A,0)),0),0))","v":22.93},{"$f":"G424*(1+$I$10)","v":27.617938153483674},{"$f":"ROUND(F424*H424,2)","v":1380.9}]
["12.11.1.2","COMPOSIÇÃO","COMP-99",{"$f":"IF(B425=\"SINAPI\",IFERROR(INDEX(SINAPI!$B:$B,MATCH($C425,SINAPI!$A:$A,0)),\"\"),IF(B425=\"COMPOSIÇÃO\",IFERROR(INDEX(COMPOSIÇÃO!$C:$C,MATCH($C425,COMPOSIÇÃO!$A:$A,0)),\"\"),\"\"))","v":"CORDOALHA DE COBRE NU 35 MM², NÃO ENTERRADA, SEM ISOLADOR - FORNECIMENTO E INSTALAÇÃO"},{"$f":"IF(B425=\"SINAPI\",IFERROR(INDEX(SINAPI!$C:$C,MATCH($C425,SINAPI!$A:$A,0)),\"\"),IF(B425=\"COMPOSIÇÃO\",IFERROR(INDEX(COMPOSIÇÃO!$D:$D,MATCH($C425,COMPOSIÇÃO!$A:$A,0)),\"\"),\"\"))","v":"M     "},8,{"$f":"IF(B425=\"SINAPI\",IFERROR(INDEX(SINAPI!$D:$D,MATCH($C425,SINAPI!$A:$A,0)),0),IF(B425=\"COMPOSIÇÃO\",IFERROR(INDEX(COMPOSIÇÃO!$G:$G,MATCH($C425,COMPOSIÇÃO!$A:$A,0)),0),0))","v":37.731993000000003},{"$f":"G425*(1+$I$10)","v":45.446133845690319},363.57]
["12.11.1.3","SINAPI",96977,{"$f":"IF(B426=\"SINAPI\",IFERROR(INDEX(SINAPI!$B:$B,MATCH($C426,SINAPI!$A:$A,0)),\"\"),IF(B426=\"COMPOSIÇÃO\",IFERROR(INDEX(COMPOSIÇÃO!$C:$C,MATCH($C426,COMPOSIÇÃO!$A:$A,0)),\"\"),\"\"))","v":"CORDOALHA DE COBRE NU 50 MM², ENTERRADA, SEM ISOLADOR - FORNECIMENTO E INSTALAÇÃO. AF_12/2017"},{"$f":"IF(B426=\"SINAPI\",IFERROR(INDEX(SINAPI!$C:$C,MATCH($C426,SINAPI!$A:$A,0)),\"\"),IF(B426=\"COMPOSIÇÃO\",IFERROR(INDEX(COMPOSIÇÃO!$D:$D,MATCH($C426,COMPOSIÇÃO!$A:$A,0)),\"\"),\"\"))","v":"M"},57,{"$f":"IF(B426=\"SINAPI\",IFERROR(INDEX(SINAPI!$D:$D,MATCH($C426,SINAPI!$A:$A,0)),0),IF(B426=\"COMPOSIÇÃO\",IFERROR(INDEX(COMPOSIÇÃO!$G:$G,MATCH($C426,COMPOSIÇÃO!$A:$A,0)),0),0))","v":42.88},{"$f":"G426*(1+$I$10)","v":51.646628348075886},2943.86]
["12.11.2",null,null,"Haste de Aterramento\t\t\t\t\t",null,null,null,null,{"$f":"SUM(I428:I430)","v":22121.559999999998}]
["12.11.2.1","COMPOSIÇÃO","COMP-527329",{"$f":"IF(B428=\"SINAPI\",IFERROR(INDEX(SINAPI!$B:$B,MATCH($C428,SINAPI!$A:$A,0)),\"\"),IF(B428=\"COMPOSIÇÃO\",IFERROR(INDEX(COMPOSIÇÃO!$C:$C,MATCH($C428,COMPOSIÇÃO!$A:$A,0)),\"\"),\"\"))","v":"BARRA CHATA EM ALUMÍNIO 7/8\" X 1/8 X 3,0M (70MM²) - COM FUROS ∅7MM "},{"$f":"IF(B428=\"SINAPI\",IFERROR(INDEX(SINAPI!$C:$C,MATCH($C428,SINAPI!$A:$A,0)),\"\"),IF(B428=\"COMPOSIÇÃO\",IFERROR(INDEX(COMPOSIÇÃO!$D:$D,MATCH($C428,COMPOSIÇÃO!$A:$A,0)),\"\"),\"\"))","v":"UN"},250,{"$f":"IF(B428=\"SINAPI\",IFERROR(INDEX(SINAPI!$D:$D,MATCH($C428,SINAPI!$A:$A,0)),0),IF(B428=\"COMPOSIÇÃO\",IFERROR(INDEX(COMPOSIÇÃO!$G:$G,MATCH($C428,COMPOSIÇÃO!$A:$A,0)),0),0))","v":47.297999999999995},{"$f":"G428*(1+$I$10)","v":56.967869113976043},{"$f":"ROUND(F428*H428,2)","v":14241.97}]
["12.11.2.2","COMPOSIÇÃO","COMP-7696 ",{"$f":"IF(B429=\"SINAPI\",IFERROR(INDEX(SINAPI!$B:$B,MATCH($C429,SINAPI!$A:$A,0)),\"\"),IF(B429=\"COMPOSIÇÃO\",IFERROR(INDEX(COMPOSIÇÃO!$C:$C,MATCH($C429,COMPOSIÇÃO!$A:$A,0)),\"\"),\"\"))","v":"BARRA REDONDAS DE AÇO GALVANIZADO A FOGO RE-BAR Ø8MM X 3,00M (50MM²) "},{"$f":"IF(B429=\"SINAPI\",IFERROR(INDEX(SINAPI!$C:$C,MATCH($C429,SINAPI!$A:$A,0)),\"\"),IF(B429=\"COMPOSIÇÃO\",IFERROR(INDEX(COMPOSIÇÃO!$D:$D,MATCH($C429,COMPOSIÇÃO!$A:$A,0)),\"\"),\"\"))","v":"UN"},65,{"$f":"IF(B429=\"SINAPI\",IFERROR(INDEX(SINAPI!$D:$D,MATCH($C429,SINAPI!$A:$A,0)),0),IF(B429=\"COMPOSIÇÃO\",IFERROR(INDEX(COMPOSIÇÃO!$G:$G,MATCH($C429,COMPOSIÇÃO!$A:$A,0)),0),0))","v":39.720277000000003},{"$f":"G429*(1+$I$10)","v":47.840913808340169},3109.66]
["12.11.2.3","COMPOSIÇÃO","COMP-9646 ",{"$f":"IF(B430=\"SINAPI\",IFERROR(INDEX(SINAPI!$B:$B,MATCH($C430,SINAPI!$A:$A,0)),\"\"),IF(B430=\"COMPOSIÇÃO\",IFERROR(INDEX(COMPOSIÇÃO!$C:$C,MATCH($C430,COMPOSIÇÃO!$A:$A,0)),\"\"),\"\"))","v":"BARRA REDONDAS DE AÇO GALVANIZADO A FOGO RE-BAR Ø10MM X 3,00M (80MM²) "},{"$f":"IF(B430=\"SINAPI\",IFERROR(INDEX(SINAPI!$C:$C,MATCH($C430,SINAPI!$A:$A,0)),\"\"),IF(B430=\"COMPOSIÇÃO\",IFERROR(INDEX(COMPOSIÇÃO!$D:$D,MATCH($C430,COMPOSIÇÃO!$A:$A,0)),\"\"),\"\"))","v":"UN"},116,{"$f":"IF(B430=\"SINAPI\",IFERROR(INDEX(SINAPI!$D:$D,MATCH($C430,SINAPI!$A:$A,0)),0),IF(B430=\"COMPOSIÇÃO\",IFERROR(INDEX(COMPOSIÇÃO!$G:$G,MATCH($C430,COMPOSIÇÃO!$A:$A,0)),0),0))","v":34.140277000000005},{"$f":"G430*(1+$I$10)","v":41.120107227597089},4769.93]
["12.11.3",null,null,"Tubos e Acessórios\t\t\t\t\t",null,null,null,null,{"$f":"SUM(I432:I447)","v":18787.7}]
["12.11.3.1","SINAPI",91872,{"$f":"IF(B432=\"SINAPI\",IFERROR(INDEX(SINAPI!$B:$B,MATCH($C432,SINAPI!$A:$A,0)),\"\"),IF(B432=\"COMPOSIÇÃO\",IFERROR(INDEX(COMPOSIÇÃO!$C:$C,MATCH($C432,COMPOSIÇÃO!$A:$A,0)),\"\"),\"\"))","v":"ELETRODUTO RÍGIDO ROSCÁVEL, PVC, DN 32 MM (1\"), PARA CIRCUITOS TERMINAIS, INSTALADO EM PAREDE - FORNECIMENTO E INSTALAÇÃO. AF_12/2015"},{"$f":"IF(B432=\"SINAPI\",IFERROR(INDEX(SINAPI!$C:$C,MATCH($C432,SINAPI!$A:$A,0)),\"\"),IF(B432=\"COMPOSIÇÃO\",IFERROR(INDEX(COMPOSIÇÃO!$D:$D,MATCH($C432,COMPOSIÇÃO!$A:$A,0)),\"\"),\"\"))","v":"M"},50,{"$f":"IF(B432=\"SINAPI\",IFERROR(INDEX(SINAPI!$D:$D,MATCH($C432,SINAPI!$A:$A,0)),0),IF(B432=\"COMPOSIÇÃO\",IFERROR(INDEX(COMPOSIÇÃO!$G:$G,MATCH($C432,COMPOSIÇÃO!$A:$A,0)),0),0))","v":12.47},{"$f":"G432*(1+$I$10)","v":15.019436928649867},{"$f":"ROUND(F432*H432,2)","v":750.97}]
["12.11.3.2","COMPOSIÇÃO","COMP-854212",{"$f":"IF(B433=\"SINAPI\",IFERROR(INDEX(SINAPI!$B:$B,MATCH($C433,SINAPI!$A:$A,0)),\"\"),IF(B433=\"COMPOSIÇÃO\",IFERROR(INDEX(COMPOSIÇÃO!$C:$C,MATCH($C433,COMPOSIÇÃO!$A:$A,0)),\"\"),\"\"))","v":"GRAMPO TIPO \"X\" 4 PARAFUSOS - PARA CRUZAMENTO BARRAS DE ALUMÍNIO (REF. TERMOTÉCNICA OU EQUIVALENTE TÉCNICO) "},{"$f":"IF(B433=\"SINAPI\",IFERROR(INDEX(SINAPI!$C:$C,MATCH($C433,SINAPI!$A:$A,0)),\"\"),IF(B433=\"COMPOSIÇÃO\",IFERROR(INDEX(COMPOSIÇÃO!$D:$D,MATCH($C433,COMPOSIÇÃO!$A:$A,0)),\"\"),\"\"))","v":"UND"},15,{"$f":"IF(B433=\"SINAPI\",IFERROR(INDEX(SINAPI!$D:$D,MATCH($C433,SINAPI!$A:$A,0)),0),IF(B433=\"COMPOSIÇÃO\",IFERROR(INDEX(COMPOSIÇÃO!$G:$G,MATCH($C433,COMPOSIÇÃO!$A:$A,0)),0),0))","v":37.18},44.781288292478109,671.72]
["12.11.3.3","COMPOSIÇÃO","COMP-0170 ",{"$f":"IF(B434=\"SINAPI\",IFERROR(INDEX(SINAPI!$B:$B,MATCH($C434,SINAPI!$A:$A,0)),\"\"),IF(B434=\"COMPOSIÇÃO\",IFERROR(INDEX(COMPOSIÇÃO!$C:$C,MATCH($C434,COMPOSIÇÃO!$A:$A,0)),\"\"),\"\"))","v":"FIXADOR ADERIDISCO ∅60MM COM PARAFUSO DE ∅1/4\" E PORCA - FIXAÇÃO DO SPDA EM SUPERFÍCIES QUE NÃO PODEM SER FURADAS "},{"$f":"IF(B434=\"SINAPI\",IFERROR(INDEX(SINAPI!$C:$C,MATCH($C434,SINAPI!$A:$A,0)),\"\"),IF(B434=\"COMPOSIÇÃO\",IFERROR(INDEX(COMPOSIÇÃO!$D:$D,MATCH($C434,COMPOSIÇÃO!$A:$A,0)),\"\"),\"\"))","v":"UND"},277,{"$f":"IF(B434=\"SINAPI\",IFERROR(INDEX(SINAPI!$D:$D,MATCH($C434,SINAPI!$A:$A,0)),0),IF(B434=\"COMPOSIÇÃO\",IFERROR(INDEX(COMPOSIÇÃO!$G:$G,MATCH($C434,COMPOSIÇÃO!$A:$A,0)),0),0))","v":8.7169000000000008},10.499032058007058,2908.23]
["12.11.3.4","COMPOSIÇÃO","COMP-2238 ",{"$f":"IF(B435=\"SINAPI\",IFERROR(INDEX(SINAPI!$B:$B,MATCH($C435,SINAPI!$A:$A,0)),\"\"),IF(B435=\"COMPOSIÇÃO\",IFERROR(INDEX(COMPOSIÇÃO!$C:$C,MATCH($C435,COMPOSIÇÃO!$A:$A,0)),\"\"),\"\"))","v":"TERMINAL CAPTOR AÉREO - FIXAÇÃO HORIZONTAL - 350MM "},{"$f":"IF(B435=\"SINAPI\",IFERROR(INDEX(SINAPI!$C:$C,MATCH($C435,SINAPI!$A:$A,0)),\"\"),IF(B435=\"COMPOSIÇÃO\",IFERROR(INDEX(COMPOSIÇÃO!$D:$D,MATCH($C435,COMPOSIÇÃO!$A:$A,0)),\"\"),\"\"))","v":"UND"},51,{"$f":"IF(B435=\"SINAPI\",IFERROR(INDEX(SINAPI!$D:$D,MATCH($C435,SINAPI!$A:$A,0)),0),IF(B435=\"COMPOSIÇÃO\",IFERROR(INDEX(COMPOSIÇÃO!$G:$G,MATCH($C435,COMPOSIÇÃO!$A:$A,0)),0),0))","v":23.465},28.262316562210835,1441.38]
["12.11.3.5","COMPOSIÇÃO","COMP-8288 ",{"$f":"IF(B436=\"SINAPI\",IFERROR(INDEX(SINAPI!$B:$B,MATCH($C436,SINAPI!$A:$A,0)),\"\"),IF(B436=\"COMPOSIÇÃO\",IFERROR(INDEX(COMPOSIÇÃO!$C:$C,MATCH($C436,COMPOSIÇÃO!$A:$A,0)),\"\"),\"\"))","v":"GRAMPO CONECTOR DE ATERRAMENTO TIPO GAR ESTANHADO 5/8'' "},{"$f":"IF(B436=\"SINAPI\",IFERROR(INDEX(SINAPI!$C:$C,MATCH($C436,SINAPI!$A:$A,0)),\"\"),IF(B436=\"COMPOSIÇÃO\",IFERROR(INDEX(COMPOSIÇÃO!$D:$D,MATCH($C436,COMPOSIÇÃO!$A:$A,0)),\"\"),\"\"))","v":"UND"},22,{"$f":"IF(B436=\"SINAPI\",IFERROR(INDEX(SINAPI!$D:$D,MATCH($C436,SINAPI!$A:$A,0)),0),IF(B436=\"COMPOSIÇÃO\",IFERROR(INDEX(COMPOSIÇÃO!$G:$G,MATCH($C436,COMPOSIÇÃO!$A:$A,0)),0),0))","v":24.178000000000001},29.12108629197245,640.66]
["12.11.3.6","COMPOSIÇÃO","COMP-2321 ",{"$f":"IF(B437=\"SINAPI\",IFERROR(INDEX(SINAPI!$B:$B,MATCH($C437,SINAPI!$A:$A,0)),\"\"),IF(B437=\"COMPOSIÇÃO\",IFERROR(INDEX(COMPOSIÇÃO!$C:$C,MATCH($C437,COMPOSIÇÃO!$A:$A,0)),\"\"),\"\"))","v":"CONECTOR DE PRESSÃO SPLIT-BOLT BIMETALICO 70MM "},{"$f":"IF(B437=\"SINAPI\",IFERROR(INDEX(SINAPI!$C:$C,MATCH($C437,SINAPI!$A:$A,0)),\"\"),IF(B437=\"COMPOSIÇÃO\",IFERROR(INDEX(COMPOSIÇÃO!$D:$D,MATCH($C437,COMPOSIÇÃO!$A:$A,0)),\"\"),\"\"))","v":"UND"},6,{"$f":"IF(B437=\"SINAPI\",IFERROR(INDEX(SINAPI!$D:$D,MATCH($C437,SINAPI!$A:$A,0)),0),IF(B437=\"COMPOSIÇÃO\",IFERROR(INDEX(COMPOSIÇÃO!$G:$G,MATCH($C437,COMPOSIÇÃO!$A:$A,0)),0),0))","v":21.998349999999999},26.495816388080573,158.97]
["12.11.3.7","COMPOSIÇÃO","COMP-0592 ",{"$f":"IF(B438=\"SINAPI\",IFERROR(INDEX(SINAPI!$B:$B,MATCH($C438,SINAPI!$A:$A,0)),\"\"),IF(B438=\"COMPOSIÇÃO\",IFERROR(INDEX(COMPOSIÇÃO!$C:$C,MATCH($C438,COMPOSIÇÃO!$A:$A,0)),\"\"),\"\"))","v":"CLIPS PARA EMENDA DE RE-BAR GALVANIZADOS - 10MM (5/8'') "},{"$f":"IF(B438=\"SINAPI\",IFERROR(INDEX(SINAPI!$C:$C,MATCH($C438,SINAPI!$A:$A,0)),\"\"),IF(B438=\"COMPOSIÇÃO\",IFERROR(INDEX(COMPOSIÇÃO!$D:$D,MATCH($C438,COMPOSIÇÃO!$A:$A,0)),\"\"),\"\"))","v":"UND"},615,{"$f":"IF(B438=\"SINAPI\",IFERROR(INDEX(SINAPI!$D:$D,MATCH($C438,SINAPI!$A:$A,0)),0),IF(B438=\"COMPOSIÇÃO\",IFERROR(INDEX(COMPOSIÇÃO!$G:$G,MATCH($C438,COMPOSIÇÃO!$A:$A,0)),0),0))","v":11.632},14.010111495914613,8616.2199999999993]
["12.11.3.8","COMPOSIÇÃO","COMP-8997 ",{"$f":"IF(B439=\"SINAPI\",IFERROR(INDEX(SINAPI!$B:$B,MATCH($C439,SINAPI!$A:$A,0)),\"\"),IF(B439=\"COMPOSIÇÃO\",IFERROR(INDEX(COMPOSIÇÃO!$C:$C,MATCH($C439,COMPOSIÇÃO!$A:$A,0)),\"\"),\"\"))","v":"TERMINAL A COMPRESSÃO 1 FURO PARA CABO DE 16MM² "},{"$f":"IF(B439=\"SINAPI\",IFERROR(INDEX(SINAPI!$C:$C,MATCH($C439,SINAPI!$A:$A,0)),\"\"),IF(B439=\"COMPOSIÇÃO\",IFERROR(INDEX(COMPOSIÇÃO!$D:$D,MATCH($C439,COMPOSIÇÃO!$A:$A,0)),\"\"),\"\"))","v":"UND"},6,{"$f":"IF(B439=\"SINAPI\",IFERROR(INDEX(SINAPI!$D:$D,MATCH($C439,SINAPI!$A:$A,0)),0),IF(B439=\"COMPOSIÇÃO\",IFERROR(INDEX(COMPOSIÇÃO!$G:$G,MATCH($C439,COMPOSIÇÃO!$A:$A,0)),0),0))","v":2.9157999999999999},3.5119225498442082,21.07]
["12.11.3.9","COMPOSIÇÃO","COMP-4744 ",{"$f":"IF(B440=\"SINAPI\",IFERROR(INDEX(SINAPI!$B:$B,MATCH($C440,SINAPI!$A:$A,0)),\"\"),IF(B440=\"COMPOSIÇÃO\",IFERROR(INDEX(COMPOSIÇÃO!$C:$C,MATCH($C440,COMPOSIÇÃO!$A:$A,0)),\"\"),\"\"))","v":"TERMINAL A COMPRESSÃO 1 FURO PARA CABO DE 35MM² "},{"$f":"IF(B440=\"SINAPI\",IFERROR(INDEX(SINAPI!$C:$C,MATCH($C440,SINAPI!$A:$A,0)),\"\"),IF(B440=\"COMPOSIÇÃO\",IFERROR(INDEX(COMPOSIÇÃO!$D:$D,MATCH($C440,COMPOSIÇÃO!$A:$A,0)),\"\"),\"\"))","v":"UND"},18,{"$f":"IF(B440=\"SINAPI\",IFERROR(INDEX(SINAPI!$D:$D,MATCH($C440,SINAPI!$A:$A,0)),0),IF(B440=\"COMPOSIÇÃO\",IFERROR(INDEX(COMPOSIÇÃO!$G:$G,MATCH($C440,COMPOSIÇÃO!$A:$A,0)),0),0))","v":3.7858000000000001},4.5597902425407106,82.08]
["12.11.3.10","COMPOSIÇÃO","COMP-2465 ",{"$f":"IF(B441=\"SINAPI\",IFERROR(INDEX(SINAPI!$B:$B,MATCH($C441,SINAPI!$A:$A,0)),\"\"),IF(B441=\"COMPOSIÇÃO\",IFERROR(INDEX(COMPOSIÇÃO!$C:$C,MATCH($C441,COMPOSIÇÃO!$A:$A,0)),\"\"),\"\"))","v":"TERMINAL A COMPRESSÃO 1 FURO PARA CABO DE 50MM² "},{"$f":"IF(B441=\"SINAPI\",IFERROR(INDEX(SINAPI!$C:$C,MATCH($C441,SINAPI!$A:$A,0)),\"\"),IF(B441=\"COMPOSIÇÃO\",IFERROR(INDEX(COMPOSIÇÃO!$D:$D,MATCH($C441,COMPOSIÇÃO!$A:$A,0)),\"\"),\"\"))","v":"UND"},2,{"$f":"IF(B441=\"SINAPI\",IFERROR(INDEX(SINAPI!$D:$D,MATCH($C441,SINAPI!$A:$A,0)),0),IF(B441=\"COMPOSIÇÃO\",IFERROR(INDEX(COMPOSIÇÃO!$G:$G,MATCH($C441,COMPOSIÇÃO!$A:$A,0)),0),0))","v":5.5557999999999996},6.6916589966473872,13.38]
["12.11.3.11","COMPOSIÇÃO","COMP-6327 ",{"$f":"IF(B442=\"SINAPI\",IFERROR(INDEX(SINAPI!$B:$B,MATCH($C442,SINAPI!$A:$A,0)),\"\"),IF(B442=\"COMPOSIÇÃO\",IFERROR(INDEX(COMPOSIÇÃO!$C:$C,MATCH($C442,COMPOSIÇÃO!$A:$A,0)),\"\"),\"\"))","v":"ADESIVO MONOCOMPONENTES POLIURETÂNICO PARA SUPERFÍCIES LISAS (BISNAGA 310 ML) "},{"$f":"IF(B442=\"SINAPI\",IFERROR(INDEX(SINAPI!$C:$C,MATCH($C442,SINAPI!$A:$A,0)),\"\"),IF(B442=\"COMPOSIÇÃO\",IFERROR(INDEX(COMPOSIÇÃO!$D:$D,MATCH($C442,COMPOSIÇÃO!$A:$A,0)),\"\"),\"\"))","v":"UN"},16,{"$f":"IF(B442=\"SINAPI\",IFERROR(INDEX(SINAPI!$D:$D,MATCH($C442,SINAPI!$A:$A,0)),0),IF(B442=\"COMPOSIÇÃO\",IFERROR(INDEX(COMPOSIÇÃO!$G:$G,MATCH($C442,COMPOSIÇÃO!$A:$A,0)),0),0))","v":33.1},39.867150147418648,637.87]
["12.11.3.12","COMPOSIÇÃO","COMP-1528 ",{"$f":"IF(B443=\"SINAPI\",IFERROR(INDEX(SINAPI!$B:$B,MATCH($C443,SINAPI!$A:$A,0)),\"\"),IF(B443=\"COMPOSIÇÃO\",IFERROR(INDEX(COMPOSIÇÃO!$C:$C,MATCH($C443,COMPOSIÇÃO!$A:$A,0)),\"\"),\"\"))","v":"PARAFUSO INOX 1/4\" X 7/8\" (COM PORCA INOX 1/4\") "},{"$f":"IF(B443=\"SINAPI\",IFERROR(INDEX(SINAPI!$C:$C,MATCH($C443,SINAPI!$A:$A,0)),\"\"),IF(B443=\"COMPOSIÇÃO\",IFERROR(INDEX(COMPOSIÇÃO!$D:$D,MATCH($C443,COMPOSIÇÃO!$A:$A,0)),\"\"),\"\"))","v":"UND"},602,{"$f":"IF(B443=\"SINAPI\",IFERROR(INDEX(SINAPI!$D:$D,MATCH($C443,SINAPI!$A:$A,0)),0),IF(B443=\"COMPOSIÇÃO\",IFERROR(INDEX(COMPOSIÇÃO!$G:$G,MATCH($C443,COMPOSIÇÃO!$A:$A,0)),0),0))","v":0.69599999999999995},0.83829415415720177,504.65]
["12.11.3.13","COMPOSIÇÃO","COMP-209 ",{"$f":"IF(B444=\"SINAPI\",IFERROR(INDEX(SINAPI!$B:$B,MATCH($C444,SINAPI!$A:$A,0)),\"\"),IF(B444=\"COMPOSIÇÃO\",IFERROR(INDEX(COMPOSIÇÃO!$C:$C,MATCH($C444,COMPOSIÇÃO!$A:$A,0)),\"\"),\"\"))","v":"PARAFUSO INOX R/S 4.2 X 32MM "},{"$f":"IF(B444=\"SINAPI\",IFERROR(INDEX(SINAPI!$C:$C,MATCH($C444,SINAPI!$A:$A,0)),\"\"),IF(B444=\"COMPOSIÇÃO\",IFERROR(INDEX(COMPOSIÇÃO!$D:$D,MATCH($C444,COMPOSIÇÃO!$A:$A,0)),\"\"),\"\"))","v":"UN"},750,{"$f":"IF(B444=\"SINAPI\",IFERROR(INDEX(SINAPI!$D:$D,MATCH($C444,SINAPI!$A:$A,0)),0),IF(B444=\"COMPOSIÇÃO\",IFERROR(INDEX(COMPOSIÇÃO!$G:$G,MATCH($C444,COMPOSIÇÃO!$A:$A,0)),0),0))","v":0.54139999999999999},0.65208686071940958,489.07]
["12.11.3.14","COMPOSIÇÃO","COMP-0239 ",{"$f":"IF(B445=\"SINAPI\",IFERROR(INDEX(SINAPI!$B:$B,MATCH($C445,SINAPI!$A:$A,0)),\"\"),IF(B445=\"COMPOSIÇÃO\",IFERROR(INDEX(COMPOSIÇÃO!$C:$C,MATCH($C445,COMPOSIÇÃO!$A:$A,0)),\"\"),\"\"))","v":"PORCA 1/4\" "},{"$f":"IF(B445=\"SINAPI\",IFERROR(INDEX(SINAPI!$C:$C,MATCH($C445,SINAPI!$A:$A,0)),\"\"),IF(B445=\"COMPOSIÇÃO\",IFERROR(INDEX(COMPOSIÇÃO!$D:$D,MATCH($C445,COMPOSIÇÃO!$A:$A,0)),\"\"),\"\"))","v":"UN"},602,{"$f":"IF(B445=\"SINAPI\",IFERROR(INDEX(SINAPI!$D:$D,MATCH($C445,SINAPI!$A:$A,0)),0),IF(B445=\"COMPOSIÇÃO\",IFERROR(INDEX(COMPOSIÇÃO!$G:$G,MATCH($C445,COMPOSIÇÃO!$A:$A,0)),0),0))","v":0.4778},0.57548411904642383,346.44]
["12.11.3.15","COMPOSIÇÃO","COMP-5139 ",{"$f":"IF(B446=\"SINAPI\",IFERROR(INDEX(SINAPI!$B:$B,MATCH($C446,SINAPI!$A:$A,0)),\"\"),IF(B446=\"COMPOSIÇÃO\",IFERROR(INDEX(COMPOSIÇÃO!$C:$C,MATCH($C446,COMPOSIÇÃO!$A:$A,0)),\"\"),\"\"))","v":"ARRUELA 1/4\" "},{"$f":"IF(B446=\"SINAPI\",IFERROR(INDEX(SINAPI!$C:$C,MATCH($C446,SINAPI!$A:$A,0)),\"\"),IF(B446=\"COMPOSIÇÃO\",IFERROR(INDEX(COMPOSIÇÃO!$D:$D,MATCH($C446,COMPOSIÇÃO!$A:$A,0)),\"\"),\"\"))","v":"UN"},602,{"$f":"IF(B446=\"SINAPI\",IFERROR(INDEX(SINAPI!$D:$D,MATCH($C446,SINAPI!$A:$A,0)),0),IF(B446=\"COMPOSIÇÃO\",IFERROR(INDEX(COMPOSIÇÃO!$G:$G,MATCH($C446,COMPOSIÇÃO!$A:$A,0)),0),0))","v":1.6320999999999999},1.9657757025861622,1183.4000000000001]
["12.11.3.16","COMPOSIÇÃO","COMP-7483 ",{"$f":"IF(B447=\"SINAPI\",IFERROR(INDEX(SINAPI!$B:$B,MATCH($C447,SINAPI!$A:$A,0)),\"\"),IF(B447=\"COMPOSIÇÃO\",IFERROR(INDEX(COMPOSIÇÃO!$C:$C,MATCH($C447,COMPOSIÇÃO!$A:$A,0)),\"\"),\"\"))","v":"BUCHA DE NYLON S-6 "},{"$f":"IF(B447=\"SINAPI\",IFERROR(INDEX(SINAPI!$C:$C,MATCH($C447,SINAPI!$A:$A,0)),\"\"),IF(B447=\"COMPOSIÇÃO\",IFERROR(INDEX(COMPOSIÇÃO!$D:$D,MATCH($C447,COMPOSIÇÃO!$A:$A,0)),\"\"),\"\"))","v":"UN"},750,{"$f":"IF(B447=\"SINAPI\",IFERROR(INDEX(SINAPI!$D:$D,MATCH($C447,SINAPI!$A:$A,0)),0),IF(B447=\"COMPOSIÇÃO\",IFERROR(INDEX(COMPOSIÇÃO!$G:$G,MATCH($C447,COMPOSIÇÃO!$A:$A,0)),0),0))","v":0.35599999999999998},0.42878264206891353,321.58999999999997]
["12.11.4",null,null,"Quadros de Equalização",null,null,null,null,{"$f":"SUM(I449)","v":354.32}]
["12.11.4.1","COMPOSIÇÃO","COMP-217902",{"$f":"IF(B449=\"SINAPI\",IFERROR(INDEX(SINAPI!$B:$B,MATCH($C449,SINAPI!$A:$A,0)),\"\"),IF(B449=\"COMPOSIÇÃO\",IFERROR(INDEX(COMPOSIÇÃO!$C:$C,MATCH($C449,COMPOSIÇÃO!$A:$A,0)),\"\"),\"\"))","v":"CAIXA DE EQUIPOTENCIALIZAÇÃO COM 11 TERMINAIS PARA USO INTERNO 20 x 20 x 10 CM EM AÇO "},{"$f":"IF(B449=\"SINAPI\",IFERROR(INDEX(SINAPI!$C:$C,MATCH($C449,SINAPI!$A:$A,0)),\"\"),IF(B449=\"COMPOSIÇÃO\",IFERROR(INDEX(COMPOSIÇÃO!$D:$D,MATCH($C449,COMPOSIÇÃO!$A:$A,0)),\"\"),\"\"))","v":"UND"},1,{"$f":"IF(B449=\"SINAPI\",IFERROR(INDEX(SINAPI!$D:$D,MATCH($C449,SINAPI!$A:$A,0)),0),IF(B449=\"COMPOSIÇÃO\",IFERROR(INDEX(COMPOSIÇÃO!$G:$G,MATCH($C449,COMPOSIÇÃO!$A:$A,0)),0),0))","v":294.173},{"$f":"G449*(1+$I$10)","v":354.31538248690595},{"$f":"ROUND(F449*H449,2)","v":354.32}]
["12.12",null,null,"Instalação Telefônica/Informática",null,null,null,null,{"$f":"I451+I455+I487+I494","v":89181.84}]
["12.12.1",null,null,"Cabeamento",null,null,null,null,{"$f":"SUM(I452:I454)","v":18388.900000000001}]
["12.12.1.1","COMPOSIÇÃO","COMP-249549",{"$f":"IF(B452=\"SINAPI\",IFERROR(INDEX(SINAPI!$B:$B,MATCH($C452,SINAPI!$A:$A,0)),\"\"),IF(B452=\"COMPOSIÇÃO\",IFERROR(INDEX(COMPOSIÇÃO!$C:$C,MATCH($C452,COMPOSIÇÃO!$A:$A,0)),\"\"),\"\"))","v":"CABO UTP 4 PARES CAT6 "},{"$f":"IF(B452=\"SINAPI\",IFERROR(INDEX(SINAPI!$C:$C,MATCH($C452,SINAPI!$A:$A,0)),\"\"),IF(B452=\"COMPOSIÇÃO\",IFERROR(INDEX(COMPOSIÇÃO!$D:$D,MATCH($C452,COMPOSIÇÃO!$A:$A,0)),\"\"),\"\"))","v":"M"},2637,{"$f":"IF(B452=\"SINAPI\",IFERROR(INDEX(SINAPI!$D:$D,MATCH($C452,SINAPI!$A:$A,0)),0),IF(B452=\"COMPOSIÇÃO\",IFERROR(INDEX(COMPOSIÇÃO!$G:$G,MATCH($C452,COMPOSIÇÃO!$A:$A,0)),0),0))","v":3.7040000000000002},{"$f":"G452*(1+$I$10)","v":4.4612665905147635},{"$f":"ROUND(F452*H452,2)","v":11764.36}]
["12.12.1.2","COMPOSIÇÃO","COMP-071258",{"$f":"IF(B453=\"SINAPI\",IFERROR(INDEX(SINAPI!$B:$B,MATCH($C453,SINAPI!$A:$A,0)),\"\"),IF(B453=\"COMPOSIÇÃO\",IFERROR(INDEX(COMPOSIÇÃO!$C:$C,MATCH($C453,COMPOSIÇÃO!$A:$A,0)),\"\"),\"\"))","v":"CABO FIBRA OTICA 62,5/125 6VIAS "},{"$f":"IF(B453=\"SINAPI\",IFERROR(INDEX(SINAPI!$C:$C,MATCH($C453,SINAPI!$A:$A,0)),\"\"),IF(B453=\"COMPOSIÇÃO\",IFERROR(INDEX(COMPOSIÇÃO!$D:$D,MATCH($C453,COMPOSIÇÃO!$A:$A,0)),\"\"),\"\"))","v":"UND"},314,{"$f":"IF(B453=\"SINAPI\",IFERROR(INDEX(SINAPI!$D:$D,MATCH($C453,SINAPI!$A:$A,0)),0),IF(B453=\"COMPOSIÇÃO\",IFERROR(INDEX(COMPOSIÇÃO!$G:$G,MATCH($C453,COMPOSIÇÃO!$A:$A,0)),0),0))","v":16.940999999999999},{"$f":"G453*(1+$I$10)","v":20.404513312610856},6407.02]
["12.12.1.3","SINAPI",91930,{"$f":"IF(B454=\"SINAPI\",IFERROR(INDEX(SINAPI!$B:$B,MATCH($C454,SINAPI!$A:$A,0)),\"\"),IF(B454=\"COMPOSIÇÃO\",IFERROR(INDEX(COMPOSIÇÃO!$C:$C,MATCH($C454,COMPOSIÇÃO!$A:$A,0)),\"\"),\"\"))","v":"CABO DE COBRE FLEXÍVEL ISOLADO, 6 MM², ANTI-CHAMA 450/750 V, PARA CIRCUITOS TERMINAIS - FORNECIMENTO E INSTALAÇÃO. AF_12/2015"},{"$f":"IF(B454=\"SINAPI\",IFERROR(INDEX(SINAPI!$C:$C,MATCH($C454,SINAPI!$A:$A,0)),\"\"),IF(B454=\"COMPOSIÇÃO\",IFERROR(INDEX(COMPOSIÇÃO!$D:$D,MATCH($C454,COMPOSIÇÃO!$A:$A,0)),\"\"),\"\"))","v":"M"},20,{"$f":"IF(B454=\"SINAPI\",IFERROR(INDEX(SINAPI!$D:$D,MATCH($C454,SINAPI!$A:$A,0)),0),IF(B454=\"COMPOSIÇÃO\",IFERROR(INDEX(COMPOSIÇÃO!$G:$G,MATCH($C454,COMPOSIÇÃO!$A:$A,0)),0),0))","v":9.0299999999999994},{"$f":"G454*(1+$I$10)","v":10.876143982815419},217.52]
["12.12.2",null,null,"Eletrocalhas, Tubos e Acessórios",null,null,null,null,{"$f":"SUM(I456:I486)","v":49499.82}]
["12.12.2.1","COMPOSIÇÃO","COMP-351620",{"$f":"IF(B456=\"SINAPI\",IFERROR(INDEX(SINAPI!$B:$B,MATCH($C456,SINAPI!$A:$A,0)),\"\"),IF(B456=\"COMPOSIÇÃO\",IFERROR(INDEX(COMPOSIÇÃO!$C:$C,MATCH($C456,COMPOSIÇÃO!$A:$A,0)),\"\"),\"\"))","v":"ELETRODUTO DE PVC RIGIDO ROSCAVEL DE 2 1/2 \" - FORNECIMENTO E INSTALAÇÃO"},{"$f":"IF(B456=\"SINAPI\",IFERROR(INDEX(SINAPI!$C:$C,MATCH($C456,SINAPI!$A:$A,0)),\"\"),IF(B456=\"COMPOSIÇÃO\",IFERROR(INDEX(COMPOSIÇÃO!$D:$D,MATCH($C456,COMPOSIÇÃO!$A:$A,0)),\"\"),\"\"))","v":"M"},23,{"$f":"IF(B456=\"SINAPI\",IFERROR(INDEX(SINAPI!$D:$D,MATCH($C456,SINAPI!$A:$A,0)),0),IF(B456=\"COMPOSIÇÃO\",IFERROR(INDEX(COMPOSIÇÃO!$G:$G,MATCH($C456,COMPOSIÇÃO!$A:$A,0)),0),0))","v":22.350999999999999},{"$f":"G456*(1+$I$10)","v":26.920564137309793},{"$f":"ROUND(F456*H456,2)","v":619.16999999999996}]
["12.12.2.2","COMPOSIÇÃO","COMP-2577 ",{"$f":"IF(B457=\"SINAPI\",IFERROR(INDEX(SINAPI!$B:$B,MATCH($C457,SINAPI!$A:$A,0)),\"\"),IF(B457=\"COMPOSIÇÃO\",IFERROR(INDEX(COMPOSIÇÃO!$C:$C,MATCH($C457,COMPOSIÇÃO!$A:$A,0)),\"\"),\"\"))","v":"ELETRODUTO DE PVC RIGIDO ROSCAVEL DE 2 \" - FORNECIMENTO E INSTALAÇÃO"},{"$f":"IF(B457=\"SINAPI\",IFERROR(INDEX(SINAPI!$C:$C,MATCH($C457,SINAPI!$A:$A,0)),\"\"),IF(B457=\"COMPOSIÇÃO\",IFERROR(INDEX(COMPOSIÇÃO!$D:$D,MATCH($C457,COMPOSIÇÃO!$A:$A,0)),\"\"),\"\"))","v":"M"},585,{"$f":"IF(B457=\"SINAPI\",IFERROR(INDEX(SINAPI!$D:$D,MATCH($C457,SINAPI!$A:$A,0)),0),IF(B457=\"COMPOSIÇÃO\",IFERROR(INDEX(COMPOSIÇÃO!$G:$G,MATCH($C457,COMPOSIÇÃO!$A:$A,0)),0),0))","v":16.460999999999999},19.826379413192093,11598.43]
["12.12.2.3","COMPOSIÇÃO","COMP-6995 ",{"$f":"IF(B458=\"SINAPI\",IFERROR(INDEX(SINAPI!$B:$B,MATCH($C458,SINAPI!$A:$A,0)),\"\"),IF(B458=\"COMPOSIÇÃO\",IFERROR(INDEX(COMPOSIÇÃO!$C:$C,MATCH($C458,COMPOSIÇÃO!$A:$A,0)),\"\"),\"\"))","v":"ELETRODUTO DE PVC RIGIDO ROSCAVEL DE 1 \" - FORNECIMENTO E INSTALAÇÃO"},{"$f":"IF(B458=\"SINAPI\",IFERROR(INDEX(SINAPI!$C:$C,MATCH($C458,SINAPI!$A:$A,0)),\"\"),IF(B458=\"COMPOSIÇÃO\",IFERROR(INDEX(COMPOSIÇÃO!$D:$D,MATCH($C458,COMPOSIÇÃO!$A:$A,0)),\"\"),\"\"))","v":"M"},140,{"$f":"IF(B458=\"SINAPI\",IFERROR(INDEX(SINAPI!$D:$D,MATCH($C458,SINAPI!$A:$A,0)),0),IF(B458=\"COMPOSIÇÃO\",IFERROR(INDEX(COMPOSIÇÃO!$G:$G,MATCH($C458,COMPOSIÇÃO!$A:$A,0)),0),0))","v":8.9909999999999997},10.829170603487645,1516.08]
["12.12.2.4","COMPOSIÇÃO","COMP-6958 ",{"$f":"IF(B459=\"SINAPI\",IFERROR(INDEX(SINAPI!$B:$B,MATCH($C459,SINAPI!$A:$A,0)),\"\"),IF(B459=\"COMPOSIÇÃO\",IFERROR(INDEX(COMPOSIÇÃO!$C:$C,MATCH($C459,COMPOSIÇÃO!$A:$A,0)),\"\"),\"\"))","v":"ELETRODUTO DE PVC RIGIDO ROSCAVEL DE 3/4 \" - FORNECIMENTO E INSTALAÇÃO"},{"$f":"IF(B459=\"SINAPI\",IFERROR(INDEX(SINAPI!$C:$C,MATCH($C459,SINAPI!$A:$A,0)),\"\"),IF(B459=\"COMPOSIÇÃO\",IFERROR(INDEX(COMPOSIÇÃO!$D:$D,MATCH($C459,COMPOSIÇÃO!$A:$A,0)),\"\"),\"\"))","v":"M"},295.5,{"$f":"IF(B459=\"SINAPI\",IFERROR(INDEX(SINAPI!$D:$D,MATCH($C459,SINAPI!$A:$A,0)),0),IF(B459=\"COMPOSIÇÃO\",IFERROR(INDEX(COMPOSIÇÃO!$G:$G,MATCH($C459,COMPOSIÇÃO!$A:$A,0)),0),0))","v":7.0510000000000002},8.4925460933368253,2509.5500000000002]
["12.12.2.5","SINAPI",93022,{"$f":"IF(B460=\"SINAPI\",IFERROR(INDEX(SINAPI!$B:$B,MATCH($C460,SINAPI!$A:$A,0)),\"\"),IF(B460=\"COMPOSIÇÃO\",IFERROR(INDEX(COMPOSIÇÃO!$C:$C,MATCH($C460,COMPOSIÇÃO!$A:$A,0)),\"\"),\"\"))","v":"CURVA 90 GRAUS PARA ELETRODUTO, PVC, ROSCÁVEL, DN 75 MM (2 1/2\") - FORNECIMENTO E INSTALAÇÃO. AF_12/2015"},{"$f":"IF(B460=\"SINAPI\",IFERROR(INDEX(SINAPI!$C:$C,MATCH($C460,SINAPI!$A:$A,0)),\"\"),IF(B460=\"COMPOSIÇÃO\",IFERROR(INDEX(COMPOSIÇÃO!$D:$D,MATCH($C460,COMPOSIÇÃO!$A:$A,0)),\"\"),\"\"))","v":"UN"},2,{"$f":"IF(B460=\"SINAPI\",IFERROR(INDEX(SINAPI!$D:$D,MATCH($C460,SINAPI!$A:$A,0)),0),IF(B460=\"COMPOSIÇÃO\",IFERROR(INDEX(COMPOSIÇÃO!$G:$G,MATCH($C460,COMPOSIÇÃO!$A:$A,0)),0),0))","v":35.61},42.890308663129247,85.78]
["12.12.2.6","SINAPI",93020,{"$f":"IF(B461=\"SINAPI\",IFERROR(INDEX(SINAPI!$B:$B,MATCH($C461,SINAPI!$A:$A,0)),\"\"),IF(B461=\"COMPOSIÇÃO\",IFERROR(INDEX(COMPOSIÇÃO!$C:$C,MATCH($C461,COMPOSIÇÃO!$A:$A,0)),\"\"),\"\"))","v":"CURVA 90 GRAUS PARA ELETRODUTO, PVC, ROSCÁVEL, DN 60 MM (2\") - FORNECIMENTO E INSTALAÇÃO. AF_12/2015"},{"$f":"IF(B461=\"SINAPI\",IFERROR(INDEX(SINAPI!$C:$C,MATCH($C461,SINAPI!$A:$A,0)),\"\"),IF(B461=\"COMPOSIÇÃO\",IFERROR(INDEX(COMPOSIÇÃO!$D:$D,MATCH($C461,COMPOSIÇÃO!$A:$A,0)),\"\"),\"\"))","v":"UN"},19,{"$f":"IF(B461=\"SINAPI\",IFERROR(INDEX(SINAPI!$D:$D,MATCH($C461,SINAPI!$A:$A,0)),0),IF(B461=\"COMPOSIÇÃO\",IFERROR(INDEX(COMPOSIÇÃO!$G:$G,MATCH($C461,COMPOSIÇÃO!$A:$A,0)),0),0))","v":21.4},25.775136349086374,489.73]
["12.12.2.7","SINAPI",89507,{"$f":"IF(B462=\"SINAPI\",IFERROR(INDEX(SINAPI!$B:$B,MATCH($C462,SINAPI!$A:$A,0)),\"\"),IF(B462=\"COMPOSIÇÃO\",IFERROR(INDEX(COMPOSIÇÃO!$C:$C,MATCH($C462,COMPOSIÇÃO!$A:$A,0)),\"\"),\"\"))","v":"CURVA 90 GRAUS, PVC, SOLDÁVEL, DN 60MM, INSTALADO EM PRUMADA DE ÁGUA - FORNECIMENTO E INSTALAÇÃO. AF_12/2014"},{"$f":"IF(B462=\"SINAPI\",IFERROR(INDEX(SINAPI!$C:$C,MATCH($C462,SINAPI!$A:$A,0)),\"\"),IF(B462=\"COMPOSIÇÃO\",IFERROR(INDEX(COMPOSIÇÃO!$D:$D,MATCH($C462,COMPOSIÇÃO!$A:$A,0)),\"\"),\"\"))","v":"UN"},25,{"$f":"IF(B462=\"SINAPI\",IFERROR(INDEX(SINAPI!$D:$D,MATCH($C462,SINAPI!$A:$A,0)),0),IF(B462=\"COMPOSIÇÃO\",IFERROR(INDEX(COMPOSIÇÃO!$G:$G,MATCH($C462,COMPOSIÇÃO!$A:$A,0)),0),0))","v":48.61},58.548101772387326,1463.7]
["12.12.2.8","SINAPI",91914,{"$f":"IF(B463=\"SINAPI\",IFERROR(INDEX(SINAPI!$B:$B,MATCH($C463,SINAPI!$A:$A,0)),\"\"),IF(B463=\"COMPOSIÇÃO\",IFERROR(INDEX(COMPOSIÇÃO!$C:$C,MATCH($C463,COMPOSIÇÃO!$A:$A,0)),\"\"),\"\"))","v":"CURVA 90 GRAUS PARA ELETRODUTO, PVC, ROSCÁVEL, DN 25 MM (3/4\"), PARA CIRCUITOS TERMINAIS, INSTALADA EM PAREDE - FORNECIMENTO E INSTALAÇÃO. AF_12/2015"},{"$f":"IF(B463=\"SINAPI\",IFERROR(INDEX(SINAPI!$C:$C,MATCH($C463,SINAPI!$A:$A,0)),\"\"),IF(B463=\"COMPOSIÇÃO\",IFERROR(INDEX(COMPOSIÇÃO!$D:$D,MATCH($C463,COMPOSIÇÃO!$A:$A,0)),\"\"),\"\"))","v":"UN"},36,{"$f":"IF(B463=\"SINAPI\",IFERROR(INDEX(SINAPI!$D:$D,MATCH($C463,SINAPI!$A:$A,0)),0),IF(B463=\"COMPOSIÇÃO\",IFERROR(INDEX(COMPOSIÇÃO!$G:$G,MATCH($C463,COMPOSIÇÃO!$A:$A,0)),0),0))","v":10.85},13.068235018111551,470.46]
["12.12.2.9","SINAPI",96985,{"$f":"IF(B464=\"SINAPI\",IFERROR(INDEX(SINAPI!$B:$B,MATCH($C464,SINAPI!$A:$A,0)),\"\"),IF(B464=\"COMPOSIÇÃO\",IFERROR(INDEX(COMPOSIÇÃO!$C:$C,MATCH($C464,COMPOSIÇÃO!$A:$A,0)),\"\"),\"\"))","v":"HASTE DE ATERRAMENTO 5/8  PARA SPDA - FORNECIMENTO E INSTALAÇÃO. AF_12/2017"},{"$f":"IF(B464=\"SINAPI\",IFERROR(INDEX(SINAPI!$C:$C,MATCH($C464,SINAPI!$A:$A,0)),\"\"),IF(B464=\"COMPOSIÇÃO\",IFERROR(INDEX(COMPOSIÇÃO!$D:$D,MATCH($C464,COMPOSIÇÃO!$A:$A,0)),\"\"),\"\"))","v":"UN"},1,{"$f":"IF(B464=\"SINAPI\",IFERROR(INDEX(SINAPI!$D:$D,MATCH($C464,SINAPI!$A:$A,0)),0),IF(B464=\"COMPOSIÇÃO\",IFERROR(INDEX(COMPOSIÇÃO!$G:$G,MATCH($C464,COMPOSIÇÃO!$A:$A,0)),0),0))","v":50.27},60.547481507877208,60.55]
["12.12.2.10","COMPOSIÇÃO","COMP-8288 ",{"$f":"IF(B465=\"SINAPI\",IFERROR(INDEX(SINAPI!$B:$B,MATCH($C465,SINAPI!$A:$A,0)),\"\"),IF(B465=\"COMPOSIÇÃO\",IFERROR(INDEX(COMPOSIÇÃO!$C:$C,MATCH($C465,COMPOSIÇÃO!$A:$A,0)),\"\"),\"\"))","v":"GRAMPO CONECTOR DE ATERRAMENTO TIPO GAR ESTANHADO 5/8'' "},{"$f":"IF(B465=\"SINAPI\",IFERROR(INDEX(SINAPI!$C:$C,MATCH($C465,SINAPI!$A:$A,0)),\"\"),IF(B465=\"COMPOSIÇÃO\",IFERROR(INDEX(COMPOSIÇÃO!$D:$D,MATCH($C465,COMPOSIÇÃO!$A:$A,0)),\"\"),\"\"))","v":"UND"},1,{"$f":"IF(B465=\"SINAPI\",IFERROR(INDEX(SINAPI!$D:$D,MATCH($C465,SINAPI!$A:$A,0)),0),IF(B465=\"COMPOSIÇÃO\",IFERROR(INDEX(COMPOSIÇÃO!$G:$G,MATCH($C465,COMPOSIÇÃO!$A:$A,0)),0),0))","v":24.178000000000001},29.12108629197245,29.12]
["12.12.2.11","COMPOSIÇÃO","COMP-5761 ",{"$f":"IF(B466=\"SINAPI\",IFERROR(INDEX(SINAPI!$B:$B,MATCH($C466,SINAPI!$A:$A,0)),\"\"),IF(B466=\"COMPOSIÇÃO\",IFERROR(INDEX(COMPOSIÇÃO!$C:$C,MATCH($C466,COMPOSIÇÃO!$A:$A,0)),\"\"),\"\"))","v":"DUTO PERFURADO - ELETROCALHA TIPO C, CHAPA DE AÇO (50X50)mm -CHAPA 18 "},{"$f":"IF(B466=\"SINAPI\",IFERROR(INDEX(SINAPI!$C:$C,MATCH($C466,SINAPI!$A:$A,0)),\"\"),IF(B466=\"COMPOSIÇÃO\",IFERROR(INDEX(COMPOSIÇÃO!$D:$D,MATCH($C466,COMPOSIÇÃO!$A:$A,0)),\"\"),\"\"))","v":"M"},171,{"$f":"IF(B466=\"SINAPI\",IFERROR(INDEX(SINAPI!$D:$D,MATCH($C466,SINAPI!$A:$A,0)),0),IF(B466=\"COMPOSIÇÃO\",IFERROR(INDEX(COMPOSIÇÃO!$G:$G,MATCH($C466,COMPOSIÇÃO!$A:$A,0)),0),0))","v":30.6432},36.908068138893633,6311.28]
["12.12.2.12","COMPOSIÇÃO","COMP-169606",{"$f":"IF(B467=\"SINAPI\",IFERROR(INDEX(SINAPI!$B:$B,MATCH($C467,SINAPI!$A:$A,0)),\"\"),IF(B467=\"COMPOSIÇÃO\",IFERROR(INDEX(COMPOSIÇÃO!$C:$C,MATCH($C467,COMPOSIÇÃO!$A:$A,0)),\"\"),\"\"))","v":"BRAÇADEIRA GALVANIZADA TIPO CUNHA Ø1''"},{"$f":"IF(B467=\"SINAPI\",IFERROR(INDEX(SINAPI!$C:$C,MATCH($C467,SINAPI!$A:$A,0)),\"\"),IF(B467=\"COMPOSIÇÃO\",IFERROR(INDEX(COMPOSIÇÃO!$D:$D,MATCH($C467,COMPOSIÇÃO!$A:$A,0)),\"\"),\"\"))","v":"UN"},281,{"$f":"IF(B467=\"SINAPI\",IFERROR(INDEX(SINAPI!$D:$D,MATCH($C467,SINAPI!$A:$A,0)),0),IF(B467=\"COMPOSIÇÃO\",IFERROR(INDEX(COMPOSIÇÃO!$G:$G,MATCH($C467,COMPOSIÇÃO!$A:$A,0)),0),0))","v":4.5819999999999999},5.5187698482015781,1550.77]
["12.12.2.13","COMPOSIÇÃO","COMP-4678 ",{"$f":"IF(B468=\"SINAPI\",IFERROR(INDEX(SINAPI!$B:$B,MATCH($C468,SINAPI!$A:$A,0)),\"\"),IF(B468=\"COMPOSIÇÃO\",IFERROR(INDEX(COMPOSIÇÃO!$C:$C,MATCH($C468,COMPOSIÇÃO!$A:$A,0)),\"\"),\"\"))","v":"BRAÇADEIRA GALVANIZADA TIPO CUNHA Ø1''"},{"$f":"IF(B468=\"SINAPI\",IFERROR(INDEX(SINAPI!$C:$C,MATCH($C468,SINAPI!$A:$A,0)),\"\"),IF(B468=\"COMPOSIÇÃO\",IFERROR(INDEX(COMPOSIÇÃO!$D:$D,MATCH($C468,COMPOSIÇÃO!$A:$A,0)),\"\"),\"\"))","v":"UN"},296,{"$f":"IF(B468=\"SINAPI\",IFERROR(INDEX(SINAPI!$D:$D,MATCH($C468,SINAPI!$A:$A,0)),0),IF(B468=\"COMPOSIÇÃO\",IFERROR(INDEX(COMPOSIÇÃO!$G:$G,MATCH($C468,COMPOSIÇÃO!$A:$A,0)),0),0))","v":4.3520000000000003},5.2417473547300899,1551.56]
["12.12.2.14","COMPOSIÇÃO","COMP-5602 ",{"$f":"IF(B469=\"SINAPI\",IFERROR(INDEX(SINAPI!$B:$B,MATCH($C469,SINAPI!$A:$A,0)),\"\"),IF(B469=\"COMPOSIÇÃO\",IFERROR(INDEX(COMPOSIÇÃO!$C:$C,MATCH($C469,COMPOSIÇÃO!$A:$A,0)),\"\"),\"\"))","v":"LUVA PVC ROSCA 2.1/2\" "},{"$f":"IF(B469=\"SINAPI\",IFERROR(INDEX(SINAPI!$C:$C,MATCH($C469,SINAPI!$A:$A,0)),\"\"),IF(B469=\"COMPOSIÇÃO\",IFERROR(INDEX(COMPOSIÇÃO!$D:$D,MATCH($C469,COMPOSIÇÃO!$A:$A,0)),\"\"),\"\"))","v":"UN"},2,{"$f":"IF(B469=\"SINAPI\",IFERROR(INDEX(SINAPI!$D:$D,MATCH($C469,SINAPI!$A:$A,0)),0),IF(B469=\"COMPOSIÇÃO\",IFERROR(INDEX(COMPOSIÇÃO!$G:$G,MATCH($C469,COMPOSIÇÃO!$A:$A,0)),0),0))","v":12.23},14.730369978940486,29.46]
["12.12.2.15","COMPOSIÇÃO","COMP-5537 ",{"$f":"IF(B470=\"SINAPI\",IFERROR(INDEX(SINAPI!$B:$B,MATCH($C470,SINAPI!$A:$A,0)),\"\"),IF(B470=\"COMPOSIÇÃO\",IFERROR(INDEX(COMPOSIÇÃO!$C:$C,MATCH($C470,COMPOSIÇÃO!$A:$A,0)),\"\"),\"\"))","v":"LUVA PVC ROSCA Ø2'' "},{"$f":"IF(B470=\"SINAPI\",IFERROR(INDEX(SINAPI!$C:$C,MATCH($C470,SINAPI!$A:$A,0)),\"\"),IF(B470=\"COMPOSIÇÃO\",IFERROR(INDEX(COMPOSIÇÃO!$D:$D,MATCH($C470,COMPOSIÇÃO!$A:$A,0)),\"\"),\"\"))","v":"UN"},34,{"$f":"IF(B470=\"SINAPI\",IFERROR(INDEX(SINAPI!$D:$D,MATCH($C470,SINAPI!$A:$A,0)),0),IF(B470=\"COMPOSIÇÃO\",IFERROR(INDEX(COMPOSIÇÃO!$G:$G,MATCH($C470,COMPOSIÇÃO!$A:$A,0)),0),0))","v":7.2000000000000011},8.6720084912813995,294.85000000000002]
["12.12.2.16","COMPOSIÇÃO","COMP-6593 ",{"$f":"IF(B471=\"SINAPI\",IFERROR(INDEX(SINAPI!$B:$B,MATCH($C471,SINAPI!$A:$A,0)),\"\"),IF(B471=\"COMPOSIÇÃO\",IFERROR(INDEX(COMPOSIÇÃO!$C:$C,MATCH($C471,COMPOSIÇÃO!$A:$A,0)),\"\"),\"\"))","v":"LUVA PVC ROSCA Ø1'' "},{"$f":"IF(B471=\"SINAPI\",IFERROR(INDEX(SINAPI!$C:$C,MATCH($C471,SINAPI!$A:$A,0)),\"\"),IF(B471=\"COMPOSIÇÃO\",IFERROR(INDEX(COMPOSIÇÃO!$D:$D,MATCH($C471,COMPOSIÇÃO!$A:$A,0)),\"\"),\"\"))","v":"UN"},28,{"$f":"IF(B471=\"SINAPI\",IFERROR(INDEX(SINAPI!$D:$D,MATCH($C471,SINAPI!$A:$A,0)),0),IF(B471=\"COMPOSIÇÃO\",IFERROR(INDEX(COMPOSIÇÃO!$G:$G,MATCH($C471,COMPOSIÇÃO!$A:$A,0)),0),0))","v":4.42},5.3236496571477465,149.06]
["12.12.2.17","COMPOSIÇÃO","COMP-0573 ",{"$f":"IF(B472=\"SINAPI\",IFERROR(INDEX(SINAPI!$B:$B,MATCH($C472,SINAPI!$A:$A,0)),\"\"),IF(B472=\"COMPOSIÇÃO\",IFERROR(INDEX(COMPOSIÇÃO!$C:$C,MATCH($C472,COMPOSIÇÃO!$A:$A,0)),\"\"),\"\"))","v":"LUVA PVC ROSCA Ø3/4'' "},{"$f":"IF(B472=\"SINAPI\",IFERROR(INDEX(SINAPI!$C:$C,MATCH($C472,SINAPI!$A:$A,0)),\"\"),IF(B472=\"COMPOSIÇÃO\",IFERROR(INDEX(COMPOSIÇÃO!$D:$D,MATCH($C472,COMPOSIÇÃO!$A:$A,0)),\"\"),\"\"))","v":"UN"},30,{"$f":"IF(B472=\"SINAPI\",IFERROR(INDEX(SINAPI!$D:$D,MATCH($C472,SINAPI!$A:$A,0)),0),IF(B472=\"COMPOSIÇÃO\",IFERROR(INDEX(COMPOSIÇÃO!$G:$G,MATCH($C472,COMPOSIÇÃO!$A:$A,0)),0),0))","v":4.04},4.8659603201078951,145.97999999999999]
["12.12.2.18","COMPOSIÇÃO","COMP-8386 ",{"$f":"IF(B473=\"SINAPI\",IFERROR(INDEX(SINAPI!$B:$B,MATCH($C473,SINAPI!$A:$A,0)),\"\"),IF(B473=\"COMPOSIÇÃO\",IFERROR(INDEX(COMPOSIÇÃO!$C:$C,MATCH($C473,COMPOSIÇÃO!$A:$A,0)),\"\"),\"\"))","v":"BUCHA DE NYLON S4 "},{"$f":"IF(B473=\"SINAPI\",IFERROR(INDEX(SINAPI!$C:$C,MATCH($C473,SINAPI!$A:$A,0)),\"\"),IF(B473=\"COMPOSIÇÃO\",IFERROR(INDEX(COMPOSIÇÃO!$D:$D,MATCH($C473,COMPOSIÇÃO!$A:$A,0)),\"\"),\"\"))","v":"UN"},296,{"$f":"IF(B473=\"SINAPI\",IFERROR(INDEX(SINAPI!$D:$D,MATCH($C473,SINAPI!$A:$A,0)),0),IF(B473=\"COMPOSIÇÃO\",IFERROR(INDEX(COMPOSIÇÃO!$G:$G,MATCH($C473,COMPOSIÇÃO!$A:$A,0)),0),0))","v":0.91400000000000003},1.100863300143222,325.86]
["12.12.2.19","COMPOSIÇÃO","COMP-0475 ",{"$f":"IF(B474=\"SINAPI\",IFERROR(INDEX(SINAPI!$B:$B,MATCH($C474,SINAPI!$A:$A,0)),\"\"),IF(B474=\"COMPOSIÇÃO\",IFERROR(INDEX(COMPOSIÇÃO!$C:$C,MATCH($C474,COMPOSIÇÃO!$A:$A,0)),\"\"),\"\"))","v":"BUCHA DE NYLON S4 "},{"$f":"IF(B474=\"SINAPI\",IFERROR(INDEX(SINAPI!$C:$C,MATCH($C474,SINAPI!$A:$A,0)),\"\"),IF(B474=\"COMPOSIÇÃO\",IFERROR(INDEX(COMPOSIÇÃO!$D:$D,MATCH($C474,COMPOSIÇÃO!$A:$A,0)),\"\"),\"\"))","v":"UN"},281,{"$f":"IF(B474=\"SINAPI\",IFERROR(INDEX(SINAPI!$D:$D,MATCH($C474,SINAPI!$A:$A,0)),0),IF(B474=\"COMPOSIÇÃO\",IFERROR(INDEX(COMPOSIÇÃO!$G:$G,MATCH($C474,COMPOSIÇÃO!$A:$A,0)),0),0))","v":0.97400000000000009},1.1731300375705669,329.65]
["12.12.2.20","COMPOSIÇÃO","COMP-3259 ",{"$f":"IF(B475=\"SINAPI\",IFERROR(INDEX(SINAPI!$B:$B,MATCH($C475,SINAPI!$A:$A,0)),\"\"),IF(B475=\"COMPOSIÇÃO\",IFERROR(INDEX(COMPOSIÇÃO!$C:$C,MATCH($C475,COMPOSIÇÃO!$A:$A,0)),\"\"),\"\"))","v":"PARAFUSO FENDA GALVANIZADO CAB. PANELA 2,9X25MM AUTOATARRACHANTE "},{"$f":"IF(B475=\"SINAPI\",IFERROR(INDEX(SINAPI!$C:$C,MATCH($C475,SINAPI!$A:$A,0)),\"\"),IF(B475=\"COMPOSIÇÃO\",IFERROR(INDEX(COMPOSIÇÃO!$D:$D,MATCH($C475,COMPOSIÇÃO!$A:$A,0)),\"\"),\"\"))","v":"UN"},296,{"$f":"IF(B475=\"SINAPI\",IFERROR(INDEX(SINAPI!$D:$D,MATCH($C475,SINAPI!$A:$A,0)),0),IF(B475=\"COMPOSIÇÃO\",IFERROR(INDEX(COMPOSIÇÃO!$G:$G,MATCH($C475,COMPOSIÇÃO!$A:$A,0)),0),0))","v":2.09},2.5172913537191834,745.12]
["12.12.2.21","COMPOSIÇÃO","COMP-6975",{"$f":"IF(B476=\"SINAPI\",IFERROR(INDEX(SINAPI!$B:$B,MATCH($C476,SINAPI!$A:$A,0)),\"\"),IF(B476=\"COMPOSIÇÃO\",IFERROR(INDEX(COMPOSIÇÃO!$C:$C,MATCH($C476,COMPOSIÇÃO!$A:$A,0)),\"\"),\"\"))","v":"PARAFUSO FENDA GALVANIZADO CAB. PANELA 4,2X32MM AUTOATARRACHANTE "},{"$f":"IF(B476=\"SINAPI\",IFERROR(INDEX(SINAPI!$C:$C,MATCH($C476,SINAPI!$A:$A,0)),\"\"),IF(B476=\"COMPOSIÇÃO\",IFERROR(INDEX(COMPOSIÇÃO!$D:$D,MATCH($C476,COMPOSIÇÃO!$A:$A,0)),\"\"),\"\"))","v":"UN"},281,{"$f":"IF(B476=\"SINAPI\",IFERROR(INDEX(SINAPI!$D:$D,MATCH($C476,SINAPI!$A:$A,0)),0),IF(B476=\"COMPOSIÇÃO\",IFERROR(INDEX(COMPOSIÇÃO!$G:$G,MATCH($C476,COMPOSIÇÃO!$A:$A,0)),0),0))","v":1.244},1.4983303559936192,421.03]
["12.12.2.22","COMPOSIÇÃO","COMP-2781 ",{"$f":"IF(B477=\"SINAPI\",IFERROR(INDEX(SINAPI!$B:$B,MATCH($C477,SINAPI!$A:$A,0)),\"\"),IF(B477=\"COMPOSIÇÃO\",IFERROR(INDEX(COMPOSIÇÃO!$C:$C,MATCH($C477,COMPOSIÇÃO!$A:$A,0)),\"\"),\"\"))","v":"SUPORTE VERTICAL 81X70MM "},{"$f":"IF(B477=\"SINAPI\",IFERROR(INDEX(SINAPI!$C:$C,MATCH($C477,SINAPI!$A:$A,0)),\"\"),IF(B477=\"COMPOSIÇÃO\",IFERROR(INDEX(COMPOSIÇÃO!$D:$D,MATCH($C477,COMPOSIÇÃO!$A:$A,0)),\"\"),\"\"))","v":"UND"},111,{"$f":"IF(B477=\"SINAPI\",IFERROR(INDEX(SINAPI!$D:$D,MATCH($C477,SINAPI!$A:$A,0)),0),IF(B477=\"COMPOSIÇÃO\",IFERROR(INDEX(COMPOSIÇÃO!$G:$G,MATCH($C477,COMPOSIÇÃO!$A:$A,0)),0),0))","v":9.3209999999999997},11.226637659338042,1246.1600000000001]
["12.12.2.23","COMPOSIÇÃO","COMP-5487 ",{"$f":"IF(B478=\"SINAPI\",IFERROR(INDEX(SINAPI!$B:$B,MATCH($C478,SINAPI!$A:$A,0)),\"\"),IF(B478=\"COMPOSIÇÃO\",IFERROR(INDEX(COMPOSIÇÃO!$C:$C,MATCH($C478,COMPOSIÇÃO!$A:$A,0)),\"\"),\"\"))","v":"TALA PLANA PERFURADA 50MM "},{"$f":"IF(B478=\"SINAPI\",IFERROR(INDEX(SINAPI!$C:$C,MATCH($C478,SINAPI!$A:$A,0)),\"\"),IF(B478=\"COMPOSIÇÃO\",IFERROR(INDEX(COMPOSIÇÃO!$D:$D,MATCH($C478,COMPOSIÇÃO!$A:$A,0)),\"\"),\"\"))","v":"UND"},96,{"$f":"IF(B478=\"SINAPI\",IFERROR(INDEX(SINAPI!$D:$D,MATCH($C478,SINAPI!$A:$A,0)),0),IF(B478=\"COMPOSIÇÃO\",IFERROR(INDEX(COMPOSIÇÃO!$G:$G,MATCH($C478,COMPOSIÇÃO!$A:$A,0)),0),0))","v":4.8109999999999999},5.7945878960492783,556.28]
["12.12.2.24","COMPOSIÇÃO","COMP-4127 ",{"$f":"IF(B479=\"SINAPI\",IFERROR(INDEX(SINAPI!$B:$B,MATCH($C479,SINAPI!$A:$A,0)),\"\"),IF(B479=\"COMPOSIÇÃO\",IFERROR(INDEX(COMPOSIÇÃO!$C:$C,MATCH($C479,COMPOSIÇÃO!$A:$A,0)),\"\"),\"\"))","v":"TAMPA PRESSÃO PARA ELETROCALHA TIPO U - 50MM - CHAPA 24 "},{"$f":"IF(B479=\"SINAPI\",IFERROR(INDEX(SINAPI!$C:$C,MATCH($C479,SINAPI!$A:$A,0)),\"\"),IF(B479=\"COMPOSIÇÃO\",IFERROR(INDEX(COMPOSIÇÃO!$D:$D,MATCH($C479,COMPOSIÇÃO!$A:$A,0)),\"\"),\"\"))","v":"M"},165,{"$f":"IF(B479=\"SINAPI\",IFERROR(INDEX(SINAPI!$D:$D,MATCH($C479,SINAPI!$A:$A,0)),0),IF(B479=\"COMPOSIÇÃO\",IFERROR(INDEX(COMPOSIÇÃO!$G:$G,MATCH($C479,COMPOSIÇÃO!$A:$A,0)),0),0))","v":37.221000000000004},44.830670563053467,7397.06]
["12.12.2.25","COMPOSIÇÃO","COMP-7343 ",{"$f":"IF(B480=\"SINAPI\",IFERROR(INDEX(SINAPI!$B:$B,MATCH($C480,SINAPI!$A:$A,0)),\"\"),IF(B480=\"COMPOSIÇÃO\",IFERROR(INDEX(COMPOSIÇÃO!$C:$C,MATCH($C480,COMPOSIÇÃO!$A:$A,0)),\"\"),\"\"))","v":"ARRUELA LISA GALVANIZADA 3/8\" "},{"$f":"IF(B480=\"SINAPI\",IFERROR(INDEX(SINAPI!$C:$C,MATCH($C480,SINAPI!$A:$A,0)),\"\"),IF(B480=\"COMPOSIÇÃO\",IFERROR(INDEX(COMPOSIÇÃO!$D:$D,MATCH($C480,COMPOSIÇÃO!$A:$A,0)),\"\"),\"\"))","v":"UN"},939,{"$f":"IF(B480=\"SINAPI\",IFERROR(INDEX(SINAPI!$D:$D,MATCH($C480,SINAPI!$A:$A,0)),0),IF(B480=\"COMPOSIÇÃO\",IFERROR(INDEX(COMPOSIÇÃO!$G:$G,MATCH($C480,COMPOSIÇÃO!$A:$A,0)),0),0))","v":0.94400000000000006},1.1369966688568944,1067.6400000000001]
["12.12.2.26","COMPOSIÇÃO","COMP-5409 ",{"$f":"IF(B481=\"SINAPI\",IFERROR(INDEX(SINAPI!$B:$B,MATCH($C481,SINAPI!$A:$A,0)),\"\"),IF(B481=\"COMPOSIÇÃO\",IFERROR(INDEX(COMPOSIÇÃO!$C:$C,MATCH($C481,COMPOSIÇÃO!$A:$A,0)),\"\"),\"\"))","v":"PARAFUSO GALVANIZADO CABEÇA SEXTAVADA 3/8\"X2.1/2\" ROSCA TOTAL "},{"$f":"IF(B481=\"SINAPI\",IFERROR(INDEX(SINAPI!$C:$C,MATCH($C481,SINAPI!$A:$A,0)),\"\"),IF(B481=\"COMPOSIÇÃO\",IFERROR(INDEX(COMPOSIÇÃO!$D:$D,MATCH($C481,COMPOSIÇÃO!$A:$A,0)),\"\"),\"\"))","v":"UND"},111,{"$f":"IF(B481=\"SINAPI\",IFERROR(INDEX(SINAPI!$D:$D,MATCH($C481,SINAPI!$A:$A,0)),0),IF(B481=\"COMPOSIÇÃO\",IFERROR(INDEX(COMPOSIÇÃO!$G:$G,MATCH($C481,COMPOSIÇÃO!$A:$A,0)),0),0))","v":1.8840000000000001},2.2691755552186326,251.88]
["12.12.2.27","COMPOSIÇÃO","COMP-6948 ",{"$f":"IF(B482=\"SINAPI\",IFERROR(INDEX(SINAPI!$B:$B,MATCH($C482,SINAPI!$A:$A,0)),\"\"),IF(B482=\"COMPOSIÇÃO\",IFERROR(INDEX(COMPOSIÇÃO!$C:$C,MATCH($C482,COMPOSIÇÃO!$A:$A,0)),\"\"),\"\"))","v":"PARAFUSO GALVANIZADO CABEÇA LENTILHA 1/4\"X5/8\" MÁQUINA ROSCA TOTAL "},{"$f":"IF(B482=\"SINAPI\",IFERROR(INDEX(SINAPI!$C:$C,MATCH($C482,SINAPI!$A:$A,0)),\"\"),IF(B482=\"COMPOSIÇÃO\",IFERROR(INDEX(COMPOSIÇÃO!$D:$D,MATCH($C482,COMPOSIÇÃO!$A:$A,0)),\"\"),\"\"))","v":"UND"},384,{"$f":"IF(B482=\"SINAPI\",IFERROR(INDEX(SINAPI!$D:$D,MATCH($C482,SINAPI!$A:$A,0)),0),IF(B482=\"COMPOSIÇÃO\",IFERROR(INDEX(COMPOSIÇÃO!$G:$G,MATCH($C482,COMPOSIÇÃO!$A:$A,0)),0),0))","v":1.3140000000000001},1.5826415496588553,607.73]
["12.12.2.28","COMPOSIÇÃO","COMP-54871 ",{"$f":"IF(B483=\"SINAPI\",IFERROR(INDEX(SINAPI!$B:$B,MATCH($C483,SINAPI!$A:$A,0)),\"\"),IF(B483=\"COMPOSIÇÃO\",IFERROR(INDEX(COMPOSIÇÃO!$C:$C,MATCH($C483,COMPOSIÇÃO!$A:$A,0)),\"\"),\"\"))","v":"PORCA SEXTAVADA GALVANIZADA 1/4\" "},{"$f":"IF(B483=\"SINAPI\",IFERROR(INDEX(SINAPI!$C:$C,MATCH($C483,SINAPI!$A:$A,0)),\"\"),IF(B483=\"COMPOSIÇÃO\",IFERROR(INDEX(COMPOSIÇÃO!$D:$D,MATCH($C483,COMPOSIÇÃO!$A:$A,0)),\"\"),\"\"))","v":"UN"},444,{"$f":"IF(B483=\"SINAPI\",IFERROR(INDEX(SINAPI!$D:$D,MATCH($C483,SINAPI!$A:$A,0)),0),IF(B483=\"COMPOSIÇÃO\",IFERROR(INDEX(COMPOSIÇÃO!$G:$G,MATCH($C483,COMPOSIÇÃO!$A:$A,0)),0),0))","v":1.034},1.2453967749979118,552.96]
["12.12.2.29","COMPOSIÇÃO","COMP-9187 ",{"$f":"IF(B484=\"SINAPI\",IFERROR(INDEX(SINAPI!$B:$B,MATCH($C484,SINAPI!$A:$A,0)),\"\"),IF(B484=\"COMPOSIÇÃO\",IFERROR(INDEX(COMPOSIÇÃO!$C:$C,MATCH($C484,COMPOSIÇÃO!$A:$A,0)),\"\"),\"\"))","v":"PORCA SEXTAVADA GALVANIZADA 3/8\" "},{"$f":"IF(B484=\"SINAPI\",IFERROR(INDEX(SINAPI!$C:$C,MATCH($C484,SINAPI!$A:$A,0)),\"\"),IF(B484=\"COMPOSIÇÃO\",IFERROR(INDEX(COMPOSIÇÃO!$D:$D,MATCH($C484,COMPOSIÇÃO!$A:$A,0)),\"\"),\"\"))","v":"UN"},111,{"$f":"IF(B484=\"SINAPI\",IFERROR(INDEX(SINAPI!$D:$D,MATCH($C484,SINAPI!$A:$A,0)),0),IF(B484=\"COMPOSIÇÃO\",IFERROR(INDEX(COMPOSIÇÃO!$G:$G,MATCH($C484,COMPOSIÇÃO!$A:$A,0)),0),0))","v":0.9840000000000001},1.1851744938084579,131.55000000000001]
["12.12.2.30","COMPOSIÇÃO","COMP-4192 ",{"$f":"IF(B485=\"SINAPI\",IFERROR(INDEX(SINAPI!$B:$B,MATCH($C485,SINAPI!$A:$A,0)),\"\"),IF(B485=\"COMPOSIÇÃO\",IFERROR(INDEX(COMPOSIÇÃO!$C:$C,MATCH($C485,COMPOSIÇÃO!$A:$A,0)),\"\"),\"\"))","v":"SUPORTE PARA CABOS DE AÇO 38X90MM "},{"$f":"IF(B485=\"SINAPI\",IFERROR(INDEX(SINAPI!$C:$C,MATCH($C485,SINAPI!$A:$A,0)),\"\"),IF(B485=\"COMPOSIÇÃO\",IFERROR(INDEX(COMPOSIÇÃO!$D:$D,MATCH($C485,COMPOSIÇÃO!$A:$A,0)),\"\"),\"\"))","v":"UN"},111,{"$f":"IF(B485=\"SINAPI\",IFERROR(INDEX(SINAPI!$D:$D,MATCH($C485,SINAPI!$A:$A,0)),0),IF(B485=\"COMPOSIÇÃO\",IFERROR(INDEX(COMPOSIÇÃO!$G:$G,MATCH($C485,COMPOSIÇÃO!$A:$A,0)),0),0))","v":42.25},50.887827605088759,5648.55]
["12.12.2.31","COMPOSIÇÃO","COMP-8888 ",{"$f":"IF(B486=\"SINAPI\",IFERROR(INDEX(SINAPI!$B:$B,MATCH($C486,SINAPI!$A:$A,0)),\"\"),IF(B486=\"COMPOSIÇÃO\",IFERROR(INDEX(COMPOSIÇÃO!$C:$C,MATCH($C486,COMPOSIÇÃO!$A:$A,0)),\"\"),\"\"))","v":"VERGALHÃO GALVANIZADA ROSCA TOTAL 1/4\"X700MM "},{"$f":"IF(B486=\"SINAPI\",IFERROR(INDEX(SINAPI!$C:$C,MATCH($C486,SINAPI!$A:$A,0)),\"\"),IF(B486=\"COMPOSIÇÃO\",IFERROR(INDEX(COMPOSIÇÃO!$D:$D,MATCH($C486,COMPOSIÇÃO!$A:$A,0)),\"\"),\"\"))","v":"UND"},111,{"$f":"IF(B486=\"SINAPI\",IFERROR(INDEX(SINAPI!$D:$D,MATCH($C486,SINAPI!$A:$A,0)),0),IF(B486=\"COMPOSIÇÃO\",IFERROR(INDEX(COMPOSIÇÃO!$G:$G,MATCH($C486,COMPOSIÇÃO!$A:$A,0)),0),0))","v":10.044},12.097451845337551,1342.82]
["12.12.3",null,null,"Caixa de Passagem",null,null,null,null,{"$f":"SUM(I488:I493)","v":7438.6900000000005}]
["12.12.3.1","COMPOSIÇÃO","COMP-0623 ",{"$f":"IF(B488=\"SINAPI\",IFERROR(INDEX(SINAPI!$B:$B,MATCH($C488,SINAPI!$A:$A,0)),\"\"),IF(B488=\"COMPOSIÇÃO\",IFERROR(INDEX(COMPOSIÇÃO!$C:$C,MATCH($C488,COMPOSIÇÃO!$A:$A,0)),\"\"),\"\"))","v":"CAIXA DE PASSAGEM EM ALVENARIA 30 X 30 COM TAMPA DE CONCRETO "},{"$f":"IF(B488=\"SINAPI\",IFERROR(INDEX(SINAPI!$C:$C,MATCH($C488,SINAPI!$A:$A,0)),\"\"),IF(B488=\"COMPOSIÇÃO\",IFERROR(INDEX(COMPOSIÇÃO!$D:$D,MATCH($C488,COMPOSIÇÃO!$A:$A,0)),\"\"),\"\"))","v":"UN"},1,{"$f":"IF(B488=\"SINAPI\",IFERROR(INDEX(SINAPI!$D:$D,MATCH($C488,SINAPI!$A:$A,0)),0),IF(B488=\"COMPOSIÇÃO\",IFERROR(INDEX(COMPOSIÇÃO!$G:$G,MATCH($C488,COMPOSIÇÃO!$A:$A,0)),0),0))","v":198.00418200000001},{"$f":"G488*(1+$I$10)","v":238.48527050183714},{"$f":"ROUND(F488*H488,2)","v":238.49}]
["12.12.3.2","COMPOSIÇÃO","COMP-2615 ",{"$f":"IF(B489=\"SINAPI\",IFERROR(INDEX(SINAPI!$B:$B,MATCH($C489,SINAPI!$A:$A,0)),\"\"),IF(B489=\"COMPOSIÇÃO\",IFERROR(INDEX(COMPOSIÇÃO!$C:$C,MATCH($C489,COMPOSIÇÃO!$A:$A,0)),\"\"),\"\"))","v":"CAIXA DE PASSAGEM EM ALVENARIA 60 X 60 CM "},{"$f":"IF(B489=\"SINAPI\",IFERROR(INDEX(SINAPI!$C:$C,MATCH($C489,SINAPI!$A:$A,0)),\"\"),IF(B489=\"COMPOSIÇÃO\",IFERROR(INDEX(COMPOSIÇÃO!$D:$D,MATCH($C489,COMPOSIÇÃO!$A:$A,0)),\"\"),\"\"))","v":"UN"},18,{"$f":"IF(B489=\"SINAPI\",IFERROR(INDEX(SINAPI!$D:$D,MATCH($C489,SINAPI!$A:$A,0)),0),IF(B489=\"COMPOSIÇÃO\",IFERROR(INDEX(COMPOSIÇÃO!$G:$G,MATCH($C489,COMPOSIÇÃO!$A:$A,0)),0),0))","v":219.79417699999999},264.73013462197309,4765.1400000000003]
["12.12.3.3","COMPOSIÇÃO","COMP-8041 ",{"$f":"IF(B490=\"SINAPI\",IFERROR(INDEX(SINAPI!$B:$B,MATCH($C490,SINAPI!$A:$A,0)),\"\"),IF(B490=\"COMPOSIÇÃO\",IFERROR(INDEX(COMPOSIÇÃO!$C:$C,MATCH($C490,COMPOSIÇÃO!$A:$A,0)),\"\"),\"\"))","v":"CAIXA DE PASSAGEM DE 90 X 90 CM EM ALVENARIA COM TAMPA DE CONCRETO "},{"$f":"IF(B490=\"SINAPI\",IFERROR(INDEX(SINAPI!$C:$C,MATCH($C490,SINAPI!$A:$A,0)),\"\"),IF(B490=\"COMPOSIÇÃO\",IFERROR(INDEX(COMPOSIÇÃO!$D:$D,MATCH($C490,COMPOSIÇÃO!$A:$A,0)),\"\"),\"\"))","v":"UN"},2,{"$f":"IF(B490=\"SINAPI\",IFERROR(INDEX(SINAPI!$D:$D,MATCH($C490,SINAPI!$A:$A,0)),0),IF(B490=\"COMPOSIÇÃO\",IFERROR(INDEX(COMPOSIÇÃO!$G:$G,MATCH($C490,COMPOSIÇÃO!$A:$A,0)),0),0))","v":362.79070000000002},436.96167096637811,873.92]
["12.12.3.4","COMPOSIÇÃO","COMP-7529 ",{"$f":"IF(B491=\"SINAPI\",IFERROR(INDEX(SINAPI!$B:$B,MATCH($C491,SINAPI!$A:$A,0)),\"\"),IF(B491=\"COMPOSIÇÃO\",IFERROR(INDEX(COMPOSIÇÃO!$C:$C,MATCH($C491,COMPOSIÇÃO!$A:$A,0)),\"\"),\"\"))","v":"CAIXA DE PASSAGEM 30X30X12CM DE EMBUTIR "},{"$f":"IF(B491=\"SINAPI\",IFERROR(INDEX(SINAPI!$C:$C,MATCH($C491,SINAPI!$A:$A,0)),\"\"),IF(B491=\"COMPOSIÇÃO\",IFERROR(INDEX(COMPOSIÇÃO!$D:$D,MATCH($C491,COMPOSIÇÃO!$A:$A,0)),\"\"),\"\"))","v":"UN"},1,{"$f":"IF(B491=\"SINAPI\",IFERROR(INDEX(SINAPI!$D:$D,MATCH($C491,SINAPI!$A:$A,0)),0),IF(B491=\"COMPOSIÇÃO\",IFERROR(INDEX(COMPOSIÇÃO!$G:$G,MATCH($C491,COMPOSIÇÃO!$A:$A,0)),0),0))","v":101.79600000000002},122.60774671923352,122.61]
["12.12.3.5","COMPOSIÇÃO","COMP-6055 ",{"$f":"IF(B492=\"SINAPI\",IFERROR(INDEX(SINAPI!$B:$B,MATCH($C492,SINAPI!$A:$A,0)),\"\"),IF(B492=\"COMPOSIÇÃO\",IFERROR(INDEX(COMPOSIÇÃO!$C:$C,MATCH($C492,COMPOSIÇÃO!$A:$A,0)),\"\"),\"\"))","v":"CAIXA DE PASSAGEM 20X20 METALICA "},{"$f":"IF(B492=\"SINAPI\",IFERROR(INDEX(SINAPI!$C:$C,MATCH($C492,SINAPI!$A:$A,0)),\"\"),IF(B492=\"COMPOSIÇÃO\",IFERROR(INDEX(COMPOSIÇÃO!$D:$D,MATCH($C492,COMPOSIÇÃO!$A:$A,0)),\"\"),\"\"))","v":"UN"},17,{"$f":"IF(B492=\"SINAPI\",IFERROR(INDEX(SINAPI!$D:$D,MATCH($C492,SINAPI!$A:$A,0)),0),IF(B492=\"COMPOSIÇÃO\",IFERROR(INDEX(COMPOSIÇÃO!$G:$G,MATCH($C492,COMPOSIÇÃO!$A:$A,0)),0),0))","v":69.070999999999998},83.192263680735749,1414.27]
["12.12.3.6","SINAPI",91936,{"$f":"IF(B493=\"SINAPI\",IFERROR(INDEX(SINAPI!$B:$B,MATCH($C493,SINAPI!$A:$A,0)),\"\"),IF(B493=\"COMPOSIÇÃO\",IFERROR(INDEX(COMPOSIÇÃO!$C:$C,MATCH($C493,COMPOSIÇÃO!$A:$A,0)),\"\"),\"\"))","v":"CAIXA OCTOGONAL 4\" X 4\", PVC, INSTALADA EM LAJE - FORNECIMENTO E INSTALAÇÃO. AF_12/2015"},{"$f":"IF(B493=\"SINAPI\",IFERROR(INDEX(SINAPI!$C:$C,MATCH($C493,SINAPI!$A:$A,0)),\"\"),IF(B493=\"COMPOSIÇÃO\",IFERROR(INDEX(COMPOSIÇÃO!$D:$D,MATCH($C493,COMPOSIÇÃO!$A:$A,0)),\"\"),\"\"))","v":"UN"},2,{"$f":"IF(B493=\"SINAPI\",IFERROR(INDEX(SINAPI!$D:$D,MATCH($C493,SINAPI!$A:$A,0)),0),IF(B493=\"COMPOSIÇÃO\",IFERROR(INDEX(COMPOSIÇÃO!$G:$G,MATCH($C493,COMPOSIÇÃO!$A:$A,0)),0),0))","v":10.07},12.128767431556067,24.26]
["12.12.4",null,null,"Dispositivo Elétrico",null,null,null,null,{"$f":"SUM(I495:I499)","v":13854.43}]
["12.12.4.1","SINAPI",98307,{"$f":"IF(B495=\"SINAPI\",IFERROR(INDEX(SINAPI!$B:$B,MATCH($C495,SINAPI!$A:$A,0)),\"\"),IF(B495=\"COMPOSIÇÃO\",IFERROR(INDEX(COMPOSIÇÃO!$C:$C,MATCH($C495,COMPOSIÇÃO!$A:$A,0)),\"\"),\"\"))","v":"TOMADA DE REDE RJ45 - FORNECIMENTO E INSTALAÇÃO. AF_11/2019"},{"$f":"IF(B495=\"SINAPI\",IFERROR(INDEX(SINAPI!$C:$C,MATCH($C495,SINAPI!$A:$A,0)),\"\"),IF(B495=\"COMPOSIÇÃO\",IFERROR(INDEX(COMPOSIÇÃO!$D:$D,MATCH($C495,COMPOSIÇÃO!$A:$A,0)),\"\"),\"\"))","v":"UN"},48,{"$f":"IF(B495=\"SINAPI\",IFERROR(INDEX(SINAPI!$D:$D,MATCH($C495,SINAPI!$A:$A,0)),0),IF(B495=\"COMPOSIÇÃO\",IFERROR(INDEX(COMPOSIÇÃO!$G:$G,MATCH($C495,COMPOSIÇÃO!$A:$A,0)),0),0))","v":37.24},{"$f":"G495*(1+$I$10)","v":44.853555029905458},{"$f":"ROUND(F495*H495,2)","v":2152.9699999999998}]
["12.12.4.2","COMPOSIÇÃO","COMP-8300 ",{"$f":"IF(B496=\"SINAPI\",IFERROR(INDEX(SINAPI!$B:$B,MATCH($C496,SINAPI!$A:$A,0)),\"\"),IF(B496=\"COMPOSIÇÃO\",IFERROR(INDEX(COMPOSIÇÃO!$C:$C,MATCH($C496,COMPOSIÇÃO!$A:$A,0)),\"\"),\"\"))","v":"TOMADA PONTO EM TETO DE CONEXÃO RJ45 "},{"$f":"IF(B496=\"SINAPI\",IFERROR(INDEX(SINAPI!$C:$C,MATCH($C496,SINAPI!$A:$A,0)),\"\"),IF(B496=\"COMPOSIÇÃO\",IFERROR(INDEX(COMPOSIÇÃO!$D:$D,MATCH($C496,COMPOSIÇÃO!$A:$A,0)),\"\"),\"\"))","v":"UN"},31,{"$f":"IF(B496=\"SINAPI\",IFERROR(INDEX(SINAPI!$D:$D,MATCH($C496,SINAPI!$A:$A,0)),0),IF(B496=\"COMPOSIÇÃO\",IFERROR(INDEX(COMPOSIÇÃO!$G:$G,MATCH($C496,COMPOSIÇÃO!$A:$A,0)),0),0))","v":67.04650199999999},{"$f":"G496*(1+$I$10)","v":80.753865924265995},2503.37]
["12.12.4.3","COMPOSIÇÃO","COMP-98",{"$f":"IF(B497=\"SINAPI\",IFERROR(INDEX(SINAPI!$B:$B,MATCH($C497,SINAPI!$A:$A,0)),\"\"),IF(B497=\"COMPOSIÇÃO\",IFERROR(INDEX(COMPOSIÇÃO!$C:$C,MATCH($C497,COMPOSIÇÃO!$A:$A,0)),\"\"),\"\"))","v":"FORNECIMENTO E INSTALAÇÃO DE MINI RACK DE PAREDE 19\" x 12 U\"s x 570mm"},{"$f":"IF(B497=\"SINAPI\",IFERROR(INDEX(SINAPI!$C:$C,MATCH($C497,SINAPI!$A:$A,0)),\"\"),IF(B497=\"COMPOSIÇÃO\",IFERROR(INDEX(COMPOSIÇÃO!$D:$D,MATCH($C497,COMPOSIÇÃO!$A:$A,0)),\"\"),\"\"))","v":"UND"},2,{"$f":"IF(B497=\"SINAPI\",IFERROR(INDEX(SINAPI!$D:$D,MATCH($C497,SINAPI!$A:$A,0)),0),IF(B497=\"COMPOSIÇÃO\",IFERROR(INDEX(COMPOSIÇÃO!$G:$G,MATCH($C497,COMPOSIÇÃO!$A:$A,0)),0),0))","v":1237.71},{"$f":"G497*(1+$I$10)","v":1490.7543930199861},2981.51]
["12.12.4.4","ORSE",8460,"Fornecimento e instalação de mini rack de parede 19\" x 16u x 450mm\n","UN",3,680.68,{"$f":"G498*(1+$I$10)","v":819.84204720075297},2459.5300000000002]
["12.12.4.5","ORSE",12781,"Fornecimento e instalação de Rack fechado tipo armário 19\" x 44 U x 870 mm inclusive acessórios\n","UN",1,3119.32,{"$f":"G499*(1+$I$10)","v":3757.0513231977625},3757.05]
["13.0",null,null,"INSTALAÇÃO - ÁGUAS",null,null,null,null,{"$f":"I501+I543+I609+I643+I659","v":639313.16999999993}]
["13.1",null,null,"Hidráulica",null,null,null,null,{"$f":"I502+I510+I517+I541","v":162795.88999999998}]
["13.1.1",null,null,"Tubos\t\t\t\t\t",null,null,null,null,{"$f":"SUM(I503:I509)","v":9862.76}]
["13.1.1.1","SINAPI",89446,{"$f":"IF(B503=\"SINAPI\",IFERROR(INDEX(SINAPI!$B:$B,MATCH($C503,SINAPI!$A:$A,0)),\"\"),IF(B503=\"COMPOSIÇÃO\",IFERROR(INDEX(COMPOSIÇÃO!$C:$C,MATCH($C503,COMPOSIÇÃO!$A:$A,0)),\"\"),\"\"))","v":"TUBO, PVC, SOLDÁVEL, DN 25MM, INSTALADO EM PRUMADA DE ÁGUA - FORNECIMENTO E INSTALAÇÃO. AF_12/2014"},{"$f":"IF(B503=\"SINAPI\",IFERROR(INDEX(SINAPI!$C:$C,MATCH($C503,SINAPI!$A:$A,0)),\"\"),IF(B503=\"COMPOSIÇÃO\",IFERROR(INDEX(COMPOSIÇÃO!$D:$D,MATCH($C503,COMPOSIÇÃO!$A:$A,0)),\"\"),\"\"))","v":"M"},82.98,{"$f":"IF(B503=\"SINAPI\",IFERROR(INDEX(SINAPI!$D:$D,MATCH($C503,SINAPI!$A:$A,0)),0),IF(B503=\"COMPOSIÇÃO\",IFERROR(INDEX(COMPOSIÇÃO!$G:$G,MATCH($C503,COMPOSIÇÃO!$A:$A,0)),0),0))","v":4.7699999999999996},{"$f":"G503*(1+$I$10)","v":5.7452056254739254},{"$f":"ROUND(F503*H503,2)","v":476.74}]
["13.1.1.2","SINAPI",89447,{"$f":"IF(B504=\"SINAPI\",IFERROR(INDEX(SINAPI!$B:$B,MATCH($C504,SINAPI!$A:$A,0)),\"\"),IF(B504=\"COMPOSIÇÃO\",IFERROR(INDEX(COMPOSIÇÃO!$C:$C,MATCH($C504,COMPOSIÇÃO!$A:$A,0)),\"\"),\"\"))","v":"TUBO, PVC, SOLDÁVEL, DN 32MM, INSTALADO EM PRUMADA DE ÁGUA - FORNECIMENTO E INSTALAÇÃO. AF_12/2014"},{"$f":"IF(B504=\"SINAPI\",IFERROR(INDEX(SINAPI!$C:$C,MATCH($C504,SINAPI!$A:$A,0)),\"\"),IF(B504=\"COMPOSIÇÃO\",IFERROR(INDEX(COMPOSIÇÃO!$D:$D,MATCH($C504,COMPOSIÇÃO!$A:$A,0)),\"\"),\"\"))","v":"M"},183.54,{"$f":"IF(B504=\"SINAPI\",IFERROR(INDEX(SINAPI!$D:$D,MATCH($C504,SINAPI!$A:$A,0)),0),IF(B504=\"COMPOSIÇÃO\",IFERROR(INDEX(COMPOSIÇÃO!$G:$G,MATCH($C504,COMPOSIÇÃO!$A:$A,0)),0),0))","v":10.17},12.249211993934974,2248.2199999999998]
["13.1.1.3","SINAPI",89448,{"$f":"IF(B505=\"SINAPI\",IFERROR(INDEX(SINAPI!$B:$B,MATCH($C505,SINAPI!$A:$A,0)),\"\"),IF(B505=\"COMPOSIÇÃO\",IFERROR(INDEX(COMPOSIÇÃO!$C:$C,MATCH($C505,COMPOSIÇÃO!$A:$A,0)),\"\"),\"\"))","v":"TUBO, PVC, SOLDÁVEL, DN 40MM, INSTALADO EM PRUMADA DE ÁGUA - FORNECIMENTO E INSTALAÇÃO. AF_12/2014"},{"$f":"IF(B505=\"SINAPI\",IFERROR(INDEX(SINAPI!$C:$C,MATCH($C505,SINAPI!$A:$A,0)),\"\"),IF(B505=\"COMPOSIÇÃO\",IFERROR(INDEX(COMPOSIÇÃO!$D:$D,MATCH($C505,COMPOSIÇÃO!$A:$A,0)),\"\"),\"\"))","v":"M"},42.76,{"$f":"IF(B505=\"SINAPI\",IFERROR(INDEX(SINAPI!$D:$D,MATCH($C505,SINAPI!$A:$A,0)),0),IF(B505=\"COMPOSIÇÃO\",IFERROR(INDEX(COMPOSIÇÃO!$G:$G,MATCH($C505,COMPOSIÇÃO!$A:$A,0)),0),0))","v":14.64},17.633083932272175,753.99]
["13.1.1.4","SINAPI",89449,{"$f":"IF(B506=\"SINAPI\",IFERROR(INDEX(SINAPI!$B:$B,MATCH($C506,SINAPI!$A:$A,0)),\"\"),IF(B506=\"COMPOSIÇÃO\",IFERROR(INDEX(COMPOSIÇÃO!$C:$C,MATCH($C506,COMPOSIÇÃO!$A:$A,0)),\"\"),\"\"))","v":"TUBO, PVC, SOLDÁVEL, DN 50MM, INSTALADO EM PRUMADA DE ÁGUA - FORNECIMENTO E INSTALAÇÃO. AF_12/2014"},{"$f":"IF(B506=\"SINAPI\",IFERROR(INDEX(SINAPI!$C:$C,MATCH($C506,SINAPI!$A:$A,0)),\"\"),IF(B506=\"COMPOSIÇÃO\",IFERROR(INDEX(COMPOSIÇÃO!$D:$D,MATCH($C506,COMPOSIÇÃO!$A:$A,0)),\"\"),\"\"))","v":"M"},83.72,{"$f":"IF(B506=\"SINAPI\",IFERROR(INDEX(SINAPI!$D:$D,MATCH($C506,SINAPI!$A:$A,0)),0),IF(B506=\"COMPOSIÇÃO\",IFERROR(INDEX(COMPOSIÇÃO!$G:$G,MATCH($C506,COMPOSIÇÃO!$A:$A,0)),0),0))","v":16.82},20.258775392132378,1696.06]
["13.1.1.5","SINAPI",89450,{"$f":"IF(B507=\"SINAPI\",IFERROR(INDEX(SINAPI!$B:$B,MATCH($C507,SINAPI!$A:$A,0)),\"\"),IF(B507=\"COMPOSIÇÃO\",IFERROR(INDEX(COMPOSIÇÃO!$C:$C,MATCH($C507,COMPOSIÇÃO!$A:$A,0)),\"\"),\"\"))","v":"TUBO, PVC, SOLDÁVEL, DN 60MM, INSTALADO EM PRUMADA DE ÁGUA - FORNECIMENTO E INSTALAÇÃO. AF_12/2014"},{"$f":"IF(B507=\"SINAPI\",IFERROR(INDEX(SINAPI!$C:$C,MATCH($C507,SINAPI!$A:$A,0)),\"\"),IF(B507=\"COMPOSIÇÃO\",IFERROR(INDEX(COMPOSIÇÃO!$D:$D,MATCH($C507,COMPOSIÇÃO!$A:$A,0)),\"\"),\"\"))","v":"M"},37.700000000000003,{"$f":"IF(B507=\"SINAPI\",IFERROR(INDEX(SINAPI!$D:$D,MATCH($C507,SINAPI!$A:$A,0)),0),IF(B507=\"COMPOSIÇÃO\",IFERROR(INDEX(COMPOSIÇÃO!$G:$G,MATCH($C507,COMPOSIÇÃO!$A:$A,0)),0),0))","v":27.87},33.567899535001743,1265.51]
["13.1.1.6","SINAPI",89451,{"$f":"IF(B508=\"SINAPI\",IFERROR(INDEX(SINAPI!$B:$B,MATCH($C508,SINAPI!$A:$A,0)),\"\"),IF(B508=\"COMPOSIÇÃO\",IFERROR(INDEX(COMPOSIÇÃO!$C:$C,MATCH($C508,COMPOSIÇÃO!$A:$A,0)),\"\"),\"\"))","v":"TUBO, PVC, SOLDÁVEL, DN 75MM, INSTALADO EM PRUMADA DE ÁGUA - FORNECIMENTO E INSTALAÇÃO. AF_12/2014"},{"$f":"IF(B508=\"SINAPI\",IFERROR(INDEX(SINAPI!$C:$C,MATCH($C508,SINAPI!$A:$A,0)),\"\"),IF(B508=\"COMPOSIÇÃO\",IFERROR(INDEX(COMPOSIÇÃO!$D:$D,MATCH($C508,COMPOSIÇÃO!$A:$A,0)),\"\"),\"\"))","v":"M"},52.52,{"$f":"IF(B508=\"SINAPI\",IFERROR(INDEX(SINAPI!$D:$D,MATCH($C508,SINAPI!$A:$A,0)),0),IF(B508=\"COMPOSIÇÃO\",IFERROR(INDEX(COMPOSIÇÃO!$G:$G,MATCH($C508,COMPOSIÇÃO!$A:$A,0)),0),0))","v":46.17},55.609254450341965,2920.6]
["13.1.1.7","COMPOSIÇÃO","COMP-607277",{"$f":"IF(B509=\"SINAPI\",IFERROR(INDEX(SINAPI!$B:$B,MATCH($C509,SINAPI!$A:$A,0)),\"\"),IF(B509=\"COMPOSIÇÃO\",IFERROR(INDEX(COMPOSIÇÃO!$C:$C,MATCH($C509,COMPOSIÇÃO!$A:$A,0)),\"\"),\"\"))","v":"TUBO DE DESCARGA PVC, PARA LIGACAO CAIXA DE DESCARGA - EMBUTIR, 40 MM X 150 CM "},{"$f":"IF(B509=\"SINAPI\",IFERROR(INDEX(SINAPI!$C:$C,MATCH($C509,SINAPI!$A:$A,0)),\"\"),IF(B509=\"COMPOSIÇÃO\",IFERROR(INDEX(COMPOSIÇÃO!$D:$D,MATCH($C509,COMPOSIÇÃO!$A:$A,0)),\"\"),\"\"))","v":"UN"},18,{"$f":"IF(B509=\"SINAPI\",IFERROR(INDEX(SINAPI!$D:$D,MATCH($C509,SINAPI!$A:$A,0)),0),IF(B509=\"COMPOSIÇÃO\",IFERROR(INDEX(COMPOSIÇÃO!$G:$G,MATCH($C509,COMPOSIÇÃO!$A:$A,0)),0),0))","v":23.138439999999999},27.86899279930627,501.64]
["13.1.2",null,null,"Registros e Válvulas\t\t\t\t\t",null,null,null,null,{"$f":"SUM(I511:I516)","v":5736.76}]
["13.1.2.1","SINAPI",89987,{"$f":"IF(B511=\"SINAPI\",IFERROR(INDEX(SINAPI!$B:$B,MATCH($C511,SINAPI!$A:$A,0)),\"\"),IF(B511=\"COMPOSIÇÃO\",IFERROR(INDEX(COMPOSIÇÃO!$C:$C,MATCH($C511,COMPOSIÇÃO!$A:$A,0)),\"\"),\"\"))","v":"REGISTRO DE GAVETA BRUTO, LATÃO, ROSCÁVEL, 3/4\", COM ACABAMENTO E CANOPLA CROMADOS - FORNECIMENTO E INSTALAÇÃO. AF_08/2021"},{"$f":"IF(B511=\"SINAPI\",IFERROR(INDEX(SINAPI!$C:$C,MATCH($C511,SINAPI!$A:$A,0)),\"\"),IF(B511=\"COMPOSIÇÃO\",IFERROR(INDEX(COMPOSIÇÃO!$D:$D,MATCH($C511,COMPOSIÇÃO!$A:$A,0)),\"\"),\"\"))","v":"UN"},8,{"$f":"IF(B511=\"SINAPI\",IFERROR(INDEX(SINAPI!$D:$D,MATCH($C511,SINAPI!$A:$A,0)),0),IF(B511=\"COMPOSIÇÃO\",IFERROR(INDEX(COMPOSIÇÃO!$G:$G,MATCH($C511,COMPOSIÇÃO!$A:$A,0)),0),0))","v":45.52},{"$f":"G511*(1+$I$10)","v":54.826364794879062},{"$f":"ROUND(F511*H511,2)","v":438.61}]
["13.1.2.2","SINAPI",94793,{"$f":"IF(B512=\"SINAPI\",IFERROR(INDEX(SINAPI!$B:$B,MATCH($C512,SINAPI!$A:$A,0)),\"\"),IF(B512=\"COMPOSIÇÃO\",IFERROR(INDEX(COMPOSIÇÃO!$C:$C,MATCH($C512,COMPOSIÇÃO!$A:$A,0)),\"\"),\"\"))","v":"REGISTRO DE GAVETA BRUTO, LATÃO, ROSCÁVEL, 1 1/4\", COM ACABAMENTO E CANOPLA CROMADOS - FORNECIMENTO E INSTALAÇÃO. AF_08/2021"},{"$f":"IF(B512=\"SINAPI\",IFERROR(INDEX(SINAPI!$C:$C,MATCH($C512,SINAPI!$A:$A,0)),\"\"),IF(B512=\"COMPOSIÇÃO\",IFERROR(INDEX(COMPOSIÇÃO!$D:$D,MATCH($C512,COMPOSIÇÃO!$A:$A,0)),\"\"),\"\"))","v":"UN"},1,{"$f":"IF(B512=\"SINAPI\",IFERROR(INDEX(SINAPI!$D:$D,MATCH($C512,SINAPI!$A:$A,0)),0),IF(B512=\"COMPOSIÇÃO\",IFERROR(INDEX(COMPOSIÇÃO!$G:$G,MATCH($C512,COMPOSIÇÃO!$A:$A,0)),0),0))","v":75.239999999999995},90.622488733890606,90.62]
["13.1.2.3","SINAPI",94794,{"$f":"IF(B513=\"SINAPI\",IFERROR(INDEX(SINAPI!$B:$B,MATCH($C513,SINAPI!$A:$A,0)),\"\"),IF(B513=\"COMPOSIÇÃO\",IFERROR(INDEX(COMPOSIÇÃO!$C:$C,MATCH($C513,COMPOSIÇÃO!$A:$A,0)),\"\"),\"\"))","v":"REGISTRO DE GAVETA BRUTO, LATÃO, ROSCÁVEL, 1 1/2\", COM ACABAMENTO E CANOPLA CROMADOS - FORNECIMENTO E INSTALAÇÃO. AF_08/2021"},{"$f":"IF(B513=\"SINAPI\",IFERROR(INDEX(SINAPI!$C:$C,MATCH($C513,SINAPI!$A:$A,0)),\"\"),IF(B513=\"COMPOSIÇÃO\",IFERROR(INDEX(COMPOSIÇÃO!$D:$D,MATCH($C513,COMPOSIÇÃO!$A:$A,0)),\"\"),\"\"))","v":"UN"},9,{"$f":"IF(B513=\"SINAPI\",IFERROR(INDEX(SINAPI!$D:$D,MATCH($C513,SINAPI!$A:$A,0)),0),IF(B513=\"COMPOSIÇÃO\",IFERROR(INDEX(COMPOSIÇÃO!$G:$G,MATCH($C513,COMPOSIÇÃO!$A:$A,0)),0),0))","v":80.37},96.801294783928611,871.21]
["13.1.2.4","SINAPI",94498,{"$f":"IF(B514=\"SINAPI\",IFERROR(INDEX(SINAPI!$B:$B,MATCH($C514,SINAPI!$A:$A,0)),\"\"),IF(B514=\"COMPOSIÇÃO\",IFERROR(INDEX(COMPOSIÇÃO!$C:$C,MATCH($C514,COMPOSIÇÃO!$A:$A,0)),\"\"),\"\"))","v":"REGISTRO DE GAVETA BRUTO, LATÃO, ROSCÁVEL, 2\" - FORNECIMENTO E INSTALAÇÃO. AF_08/2021"},{"$f":"IF(B514=\"SINAPI\",IFERROR(INDEX(SINAPI!$C:$C,MATCH($C514,SINAPI!$A:$A,0)),\"\"),IF(B514=\"COMPOSIÇÃO\",IFERROR(INDEX(COMPOSIÇÃO!$D:$D,MATCH($C514,COMPOSIÇÃO!$A:$A,0)),\"\"),\"\"))","v":"UN"},1,{"$f":"IF(B514=\"SINAPI\",IFERROR(INDEX(SINAPI!$D:$D,MATCH($C514,SINAPI!$A:$A,0)),0),IF(B514=\"COMPOSIÇÃO\",IFERROR(INDEX(COMPOSIÇÃO!$G:$G,MATCH($C514,COMPOSIÇÃO!$A:$A,0)),0),0))","v":70.62},85.057949951985051,85.06]
["13.1.2.5","SINAPI",94499,{"$f":"IF(B515=\"SINAPI\",IFERROR(INDEX(SINAPI!$B:$B,MATCH($C515,SINAPI!$A:$A,0)),\"\"),IF(B515=\"COMPOSIÇÃO\",IFERROR(INDEX(COMPOSIÇÃO!$C:$C,MATCH($C515,COMPOSIÇÃO!$A:$A,0)),\"\"),\"\"))","v":"REGISTRO DE GAVETA BRUTO, LATÃO, ROSCÁVEL, 2 1/2\" - FORNECIMENTO E INSTALAÇÃO. AF_08/2021"},{"$f":"IF(B515=\"SINAPI\",IFERROR(INDEX(SINAPI!$C:$C,MATCH($C515,SINAPI!$A:$A,0)),\"\"),IF(B515=\"COMPOSIÇÃO\",IFERROR(INDEX(COMPOSIÇÃO!$D:$D,MATCH($C515,COMPOSIÇÃO!$A:$A,0)),\"\"),\"\"))","v":"UN"},1,{"$f":"IF(B515=\"SINAPI\",IFERROR(INDEX(SINAPI!$D:$D,MATCH($C515,SINAPI!$A:$A,0)),0),IF(B515=\"COMPOSIÇÃO\",IFERROR(INDEX(COMPOSIÇÃO!$G:$G,MATCH($C515,COMPOSIÇÃO!$A:$A,0)),0),0))","v":137.36000000000001},165.44265088366845,165.44]
["13.1.2.6","SINAPI",99635,{"$f":"IF(B516=\"SINAPI\",IFERROR(INDEX(SINAPI!$B:$B,MATCH($C516,SINAPI!$A:$A,0)),\"\"),IF(B516=\"COMPOSIÇÃO\",IFERROR(INDEX(COMPOSIÇÃO!$C:$C,MATCH($C516,COMPOSIÇÃO!$A:$A,0)),\"\"),\"\"))","v":"VÁLVULA DE DESCARGA METÁLICA, BASE 1 1/2\", ACABAMENTO METALICO CROMADO - FORNECIMENTO E INSTALAÇÃO. AF_08/2021"},{"$f":"IF(B516=\"SINAPI\",IFERROR(INDEX(SINAPI!$C:$C,MATCH($C516,SINAPI!$A:$A,0)),\"\"),IF(B516=\"COMPOSIÇÃO\",IFERROR(INDEX(COMPOSIÇÃO!$D:$D,MATCH($C516,COMPOSIÇÃO!$A:$A,0)),\"\"),\"\"))","v":"UN"},18,{"$f":"IF(B516=\"SINAPI\",IFERROR(INDEX(SINAPI!$D:$D,MATCH($C516,SINAPI!$A:$A,0)),0),IF(B516=\"COMPOSIÇÃO\",IFERROR(INDEX(COMPOSIÇÃO!$G:$G,MATCH($C516,COMPOSIÇÃO!$A:$A,0)),0),0))","v":188.46},226.98982225929061,4085.82]
["13.1.3",null,null,"Conexões\t\t\t\t\t",null,null,null,null,{"$f":"SUM(I518:I540)","v":5071.79}]
["13.1.3.1","SINAPI",89596,{"$f":"IF(B518=\"SINAPI\",IFERROR(INDEX(SINAPI!$B:$B,MATCH($C518,SINAPI!$A:$A,0)),\"\"),IF(B518=\"COMPOSIÇÃO\",IFERROR(INDEX(COMPOSIÇÃO!$C:$C,MATCH($C518,COMPOSIÇÃO!$A:$A,0)),\"\"),\"\"))","v":"ADAPTADOR CURTO COM BOLSA E ROSCA PARA REGISTRO, PVC, SOLDÁVEL, DN 50MM X 1.1/2\u0094, INSTALADO EM PRUMADA DE ÁGUA - FORNECIMENTO E INSTALAÇÃO. AF_12/2014"},{"$f":"IF(B518=\"SINAPI\",IFERROR(INDEX(SINAPI!$C:$C,MATCH($C518,SINAPI!$A:$A,0)),\"\"),IF(B518=\"COMPOSIÇÃO\",IFERROR(INDEX(COMPOSIÇÃO!$D:$D,MATCH($C518,COMPOSIÇÃO!$A:$A,0)),\"\"),\"\"))","v":"UN"},18,{"$f":"IF(B518=\"SINAPI\",IFERROR(INDEX(SINAPI!$D:$D,MATCH($C518,SINAPI!$A:$A,0)),0),IF(B518=\"COMPOSIÇÃO\",IFERROR(INDEX(COMPOSIÇÃO!$G:$G,MATCH($C518,COMPOSIÇÃO!$A:$A,0)),0),0))","v":10.25},{"$f":"G518*(1+$I$10)","v":12.345567643838102},{"$f":"ROUND(F518*H518,2)","v":222.22}]
["13.1.3.2","COMPOSIÇÃO","IFMT 240.08.2020",{"$f":"IF(B519=\"SINAPI\",IFERROR(INDEX(SINAPI!$B:$B,MATCH($C519,SINAPI!$A:$A,0)),\"\"),IF(B519=\"COMPOSIÇÃO\",IFERROR(INDEX(COMPOSIÇÃO!$C:$C,MATCH($C519,COMPOSIÇÃO!$A:$A,0)),\"\"),\"\"))","v":"BUCHA DE REDUCAO DE PVC, SOLDAVEL, CURTA, COM 75 X 60 MM, PARA AGUA FRIA PREDIAL - FORNECIMENTO E INSTALAÇÃO"},{"$f":"IF(B519=\"SINAPI\",IFERROR(INDEX(SINAPI!$C:$C,MATCH($C519,SINAPI!$A:$A,0)),\"\"),IF(B519=\"COMPOSIÇÃO\",IFERROR(INDEX(COMPOSIÇÃO!$D:$D,MATCH($C519,COMPOSIÇÃO!$A:$A,0)),\"\"),\"\"))","v":"UN"},1,{"$f":"IF(B519=\"SINAPI\",IFERROR(INDEX(SINAPI!$D:$D,MATCH($C519,SINAPI!$A:$A,0)),0),IF(B519=\"COMPOSIÇÃO\",IFERROR(INDEX(COMPOSIÇÃO!$G:$G,MATCH($C519,COMPOSIÇÃO!$A:$A,0)),0),0))","v":23.270999999999997},28.028654111195749,28.03]
["13.1.3.3","SINAPI",90375,{"$f":"IF(B520=\"SINAPI\",IFERROR(INDEX(SINAPI!$B:$B,MATCH($C520,SINAPI!$A:$A,0)),\"\"),IF(B520=\"COMPOSIÇÃO\",IFERROR(INDEX(COMPOSIÇÃO!$C:$C,MATCH($C520,COMPOSIÇÃO!$A:$A,0)),\"\"),\"\"))","v":"BUCHA DE REDUÇÃO, PVC, SOLDÁVEL, DN 40MM X 32MM, INSTALADO EM RAMAL OU SUB-RAMAL DE ÁGUA - FORNECIMENTO E INSTALAÇÃO. AF_03/2015"},{"$f":"IF(B520=\"SINAPI\",IFERROR(INDEX(SINAPI!$C:$C,MATCH($C520,SINAPI!$A:$A,0)),\"\"),IF(B520=\"COMPOSIÇÃO\",IFERROR(INDEX(COMPOSIÇÃO!$D:$D,MATCH($C520,COMPOSIÇÃO!$A:$A,0)),\"\"),\"\"))","v":"UN"},3,{"$f":"IF(B520=\"SINAPI\",IFERROR(INDEX(SINAPI!$D:$D,MATCH($C520,SINAPI!$A:$A,0)),0),IF(B520=\"COMPOSIÇÃO\",IFERROR(INDEX(COMPOSIÇÃO!$G:$G,MATCH($C520,COMPOSIÇÃO!$A:$A,0)),0),0))","v":7.87},9.4789870592200831,28.44]
["13.1.3.4","COMPOSIÇÃO","IFMT 236.08.2020",{"$f":"IF(B521=\"SINAPI\",IFERROR(INDEX(SINAPI!$B:$B,MATCH($C521,SINAPI!$A:$A,0)),\"\"),IF(B521=\"COMPOSIÇÃO\",IFERROR(INDEX(COMPOSIÇÃO!$C:$C,MATCH($C521,COMPOSIÇÃO!$A:$A,0)),\"\"),\"\"))","v":"CAP PVC ESGOTO 75MM (TAMPÃO) - FORNECIMENTO E INSTALAÇÃO"},{"$f":"IF(B521=\"SINAPI\",IFERROR(INDEX(SINAPI!$C:$C,MATCH($C521,SINAPI!$A:$A,0)),\"\"),IF(B521=\"COMPOSIÇÃO\",IFERROR(INDEX(COMPOSIÇÃO!$D:$D,MATCH($C521,COMPOSIÇÃO!$A:$A,0)),\"\"),\"\"))","v":"UN"},1,{"$f":"IF(B521=\"SINAPI\",IFERROR(INDEX(SINAPI!$D:$D,MATCH($C521,SINAPI!$A:$A,0)),0),IF(B521=\"COMPOSIÇÃO\",IFERROR(INDEX(COMPOSIÇÃO!$G:$G,MATCH($C521,COMPOSIÇÃO!$A:$A,0)),0),0))","v":11.389340000000001},13.717840720845956,13.72]
["13.1.3.5","SINAPI",89362,{"$f":"IF(B522=\"SINAPI\",IFERROR(INDEX(SINAPI!$B:$B,MATCH($C522,SINAPI!$A:$A,0)),\"\"),IF(B522=\"COMPOSIÇÃO\",IFERROR(INDEX(COMPOSIÇÃO!$C:$C,MATCH($C522,COMPOSIÇÃO!$A:$A,0)),\"\"),\"\"))","v":"JOELHO 90 GRAUS, PVC, SOLDÁVEL, DN 25MM, INSTALADO EM RAMAL OU SUB-RAMAL DE ÁGUA - FORNECIMENTO E INSTALAÇÃO. AF_12/2014"},{"$f":"IF(B522=\"SINAPI\",IFERROR(INDEX(SINAPI!$C:$C,MATCH($C522,SINAPI!$A:$A,0)),\"\"),IF(B522=\"COMPOSIÇÃO\",IFERROR(INDEX(COMPOSIÇÃO!$D:$D,MATCH($C522,COMPOSIÇÃO!$A:$A,0)),\"\"),\"\"))","v":"UN"},49,{"$f":"IF(B522=\"SINAPI\",IFERROR(INDEX(SINAPI!$D:$D,MATCH($C522,SINAPI!$A:$A,0)),0),IF(B522=\"COMPOSIÇÃO\",IFERROR(INDEX(COMPOSIÇÃO!$G:$G,MATCH($C522,COMPOSIÇÃO!$A:$A,0)),0),0))","v":7.22},8.6960974037571788,426.11]
["13.1.3.6","SINAPI",90373,{"$f":"IF(B523=\"SINAPI\",IFERROR(INDEX(SINAPI!$B:$B,MATCH($C523,SINAPI!$A:$A,0)),\"\"),IF(B523=\"COMPOSIÇÃO\",IFERROR(INDEX(COMPOSIÇÃO!$C:$C,MATCH($C523,COMPOSIÇÃO!$A:$A,0)),\"\"),\"\"))","v":"JOELHO 90 GRAUS COM BUCHA DE LATÃO, PVC, SOLDÁVEL, DN 25MM, X 1/2\u0094 INSTALADO EM RAMAL OU SUB-RAMAL DE ÁGUA - FORNECIMENTO E INSTALAÇÃO. AF_12/2014"},{"$f":"IF(B523=\"SINAPI\",IFERROR(INDEX(SINAPI!$C:$C,MATCH($C523,SINAPI!$A:$A,0)),\"\"),IF(B523=\"COMPOSIÇÃO\",IFERROR(INDEX(COMPOSIÇÃO!$D:$D,MATCH($C523,COMPOSIÇÃO!$A:$A,0)),\"\"),\"\"))","v":"UN"},54,{"$f":"IF(B523=\"SINAPI\",IFERROR(INDEX(SINAPI!$D:$D,MATCH($C523,SINAPI!$A:$A,0)),0),IF(B523=\"COMPOSIÇÃO\",IFERROR(INDEX(COMPOSIÇÃO!$G:$G,MATCH($C523,COMPOSIÇÃO!$A:$A,0)),0),0))","v":12.99},15.645748653020188,844.87]
["13.1.3.7","SINAPI",89497,{"$f":"IF(B524=\"SINAPI\",IFERROR(INDEX(SINAPI!$B:$B,MATCH($C524,SINAPI!$A:$A,0)),\"\"),IF(B524=\"COMPOSIÇÃO\",IFERROR(INDEX(COMPOSIÇÃO!$C:$C,MATCH($C524,COMPOSIÇÃO!$A:$A,0)),\"\"),\"\"))","v":"JOELHO 90 GRAUS, PVC, SOLDÁVEL, DN 40MM, INSTALADO EM PRUMADA DE ÁGUA - FORNECIMENTO E INSTALAÇÃO. AF_12/2014"},{"$f":"IF(B524=\"SINAPI\",IFERROR(INDEX(SINAPI!$C:$C,MATCH($C524,SINAPI!$A:$A,0)),\"\"),IF(B524=\"COMPOSIÇÃO\",IFERROR(INDEX(COMPOSIÇÃO!$D:$D,MATCH($C524,COMPOSIÇÃO!$A:$A,0)),\"\"),\"\"))","v":"UN"},2,{"$f":"IF(B524=\"SINAPI\",IFERROR(INDEX(SINAPI!$D:$D,MATCH($C524,SINAPI!$A:$A,0)),0),IF(B524=\"COMPOSIÇÃO\",IFERROR(INDEX(COMPOSIÇÃO!$G:$G,MATCH($C524,COMPOSIÇÃO!$A:$A,0)),0),0))","v":10.63},12.803256980877954,25.61]
["13.1.3.8","SINAPI",89501,{"$f":"IF(B525=\"SINAPI\",IFERROR(INDEX(SINAPI!$B:$B,MATCH($C525,SINAPI!$A:$A,0)),\"\"),IF(B525=\"COMPOSIÇÃO\",IFERROR(INDEX(COMPOSIÇÃO!$C:$C,MATCH($C525,COMPOSIÇÃO!$A:$A,0)),\"\"),\"\"))","v":"JOELHO 90 GRAUS, PVC, SOLDÁVEL, DN 50MM, INSTALADO EM PRUMADA DE ÁGUA - FORNECIMENTO E INSTALAÇÃO. AF_12/2014"},{"$f":"IF(B525=\"SINAPI\",IFERROR(INDEX(SINAPI!$C:$C,MATCH($C525,SINAPI!$A:$A,0)),\"\"),IF(B525=\"COMPOSIÇÃO\",IFERROR(INDEX(COMPOSIÇÃO!$D:$D,MATCH($C525,COMPOSIÇÃO!$A:$A,0)),\"\"),\"\"))","v":"UN"},19,{"$f":"IF(B525=\"SINAPI\",IFERROR(INDEX(SINAPI!$D:$D,MATCH($C525,SINAPI!$A:$A,0)),0),IF(B525=\"COMPOSIÇÃO\",IFERROR(INDEX(COMPOSIÇÃO!$G:$G,MATCH($C525,COMPOSIÇÃO!$A:$A,0)),0),0))","v":12.79},15.404859528262371,292.69]
["13.1.3.9","SINAPI",89513,{"$f":"IF(B526=\"SINAPI\",IFERROR(INDEX(SINAPI!$B:$B,MATCH($C526,SINAPI!$A:$A,0)),\"\"),IF(B526=\"COMPOSIÇÃO\",IFERROR(INDEX(COMPOSIÇÃO!$C:$C,MATCH($C526,COMPOSIÇÃO!$A:$A,0)),\"\"),\"\"))","v":"JOELHO 90 GRAUS, PVC, SOLDÁVEL, DN 75MM, INSTALADO EM PRUMADA DE ÁGUA - FORNECIMENTO E INSTALAÇÃO. AF_12/2014"},{"$f":"IF(B526=\"SINAPI\",IFERROR(INDEX(SINAPI!$C:$C,MATCH($C526,SINAPI!$A:$A,0)),\"\"),IF(B526=\"COMPOSIÇÃO\",IFERROR(INDEX(COMPOSIÇÃO!$D:$D,MATCH($C526,COMPOSIÇÃO!$A:$A,0)),\"\"),\"\"))","v":"UN"},3,{"$f":"IF(B526=\"SINAPI\",IFERROR(INDEX(SINAPI!$D:$D,MATCH($C526,SINAPI!$A:$A,0)),0),IF(B526=\"COMPOSIÇÃO\",IFERROR(INDEX(COMPOSIÇÃO!$G:$G,MATCH($C526,COMPOSIÇÃO!$A:$A,0)),0),0))","v":110.37},132.93466349760109,398.8]
["13.1.3.10","SINAPI",89380,{"$f":"IF(B527=\"SINAPI\",IFERROR(INDEX(SINAPI!$B:$B,MATCH($C527,SINAPI!$A:$A,0)),\"\"),IF(B527=\"COMPOSIÇÃO\",IFERROR(INDEX(COMPOSIÇÃO!$C:$C,MATCH($C527,COMPOSIÇÃO!$A:$A,0)),\"\"),\"\"))","v":"LUVA DE REDUÇÃO, PVC, SOLDÁVEL, DN 32MM X 25MM, INSTALADO EM RAMAL OU SUB-RAMAL DE ÁGUA - FORNECIMENTO E INSTALAÇÃO. AF_12/2014"},{"$f":"IF(B527=\"SINAPI\",IFERROR(INDEX(SINAPI!$C:$C,MATCH($C527,SINAPI!$A:$A,0)),\"\"),IF(B527=\"COMPOSIÇÃO\",IFERROR(INDEX(COMPOSIÇÃO!$D:$D,MATCH($C527,COMPOSIÇÃO!$A:$A,0)),\"\"),\"\"))","v":"UN"},2,{"$f":"IF(B527=\"SINAPI\",IFERROR(INDEX(SINAPI!$D:$D,MATCH($C527,SINAPI!$A:$A,0)),0),IF(B527=\"COMPOSIÇÃO\",IFERROR(INDEX(COMPOSIÇÃO!$G:$G,MATCH($C527,COMPOSIÇÃO!$A:$A,0)),0),0))","v":8.6300000000000008},10.394365733299788,20.79]
["13.1.3.11","SINAPI",89433,{"$f":"IF(B528=\"SINAPI\",IFERROR(INDEX(SINAPI!$B:$B,MATCH($C528,SINAPI!$A:$A,0)),\"\"),IF(B528=\"COMPOSIÇÃO\",IFERROR(INDEX(COMPOSIÇÃO!$C:$C,MATCH($C528,COMPOSIÇÃO!$A:$A,0)),\"\"),\"\"))","v":"LUVA DE REDUÇÃO, PVC, SOLDÁVEL, DN 40MM X 32MM, INSTALADO EM RAMAL DE DISTRIBUIÇÃO DE ÁGUA - FORNECIMENTO E INSTALAÇÃO. AF_12/2014"},{"$f":"IF(B528=\"SINAPI\",IFERROR(INDEX(SINAPI!$C:$C,MATCH($C528,SINAPI!$A:$A,0)),\"\"),IF(B528=\"COMPOSIÇÃO\",IFERROR(INDEX(COMPOSIÇÃO!$D:$D,MATCH($C528,COMPOSIÇÃO!$A:$A,0)),\"\"),\"\"))","v":"UN"},2,{"$f":"IF(B528=\"SINAPI\",IFERROR(INDEX(SINAPI!$D:$D,MATCH($C528,SINAPI!$A:$A,0)),0),IF(B528=\"COMPOSIÇÃO\",IFERROR(INDEX(COMPOSIÇÃO!$G:$G,MATCH($C528,COMPOSIÇÃO!$A:$A,0)),0),0))","v":8.82},10.623210401819712,21.25]
["13.1.3.12","SINAPI",89579,{"$f":"IF(B529=\"SINAPI\",IFERROR(INDEX(SINAPI!$B:$B,MATCH($C529,SINAPI!$A:$A,0)),\"\"),IF(B529=\"COMPOSIÇÃO\",IFERROR(INDEX(COMPOSIÇÃO!$C:$C,MATCH($C529,COMPOSIÇÃO!$A:$A,0)),\"\"),\"\"))","v":"LUVA DE REDUÇÃO, PVC, SOLDÁVEL, DN 50MM X 25MM, INSTALADO EM PRUMADA DE ÁGUA   FORNECIMENTO E INSTALAÇÃO. AF_12/2014"},{"$f":"IF(B529=\"SINAPI\",IFERROR(INDEX(SINAPI!$C:$C,MATCH($C529,SINAPI!$A:$A,0)),\"\"),IF(B529=\"COMPOSIÇÃO\",IFERROR(INDEX(COMPOSIÇÃO!$D:$D,MATCH($C529,COMPOSIÇÃO!$A:$A,0)),\"\"),\"\"))","v":"UN"},10,{"$f":"IF(B529=\"SINAPI\",IFERROR(INDEX(SINAPI!$D:$D,MATCH($C529,SINAPI!$A:$A,0)),0),IF(B529=\"COMPOSIÇÃO\",IFERROR(INDEX(COMPOSIÇÃO!$G:$G,MATCH($C529,COMPOSIÇÃO!$A:$A,0)),0),0))","v":10.73},12.923701543256861,129.24]
["13.1.3.13","SINAPI",89605,{"$f":"IF(B530=\"SINAPI\",IFERROR(INDEX(SINAPI!$B:$B,MATCH($C530,SINAPI!$A:$A,0)),\"\"),IF(B530=\"COMPOSIÇÃO\",IFERROR(INDEX(COMPOSIÇÃO!$C:$C,MATCH($C530,COMPOSIÇÃO!$A:$A,0)),\"\"),\"\"))","v":"LUVA DE REDUÇÃO, PVC, SOLDÁVEL, DN 60MM X 50MM, INSTALADO EM PRUMADA DE ÁGUA - FORNECIMENTO E INSTALAÇÃO. AF_12/2014"},{"$f":"IF(B530=\"SINAPI\",IFERROR(INDEX(SINAPI!$C:$C,MATCH($C530,SINAPI!$A:$A,0)),\"\"),IF(B530=\"COMPOSIÇÃO\",IFERROR(INDEX(COMPOSIÇÃO!$D:$D,MATCH($C530,COMPOSIÇÃO!$A:$A,0)),\"\"),\"\"))","v":"UN"},3,{"$f":"IF(B530=\"SINAPI\",IFERROR(INDEX(SINAPI!$D:$D,MATCH($C530,SINAPI!$A:$A,0)),0),IF(B530=\"COMPOSIÇÃO\",IFERROR(INDEX(COMPOSIÇÃO!$G:$G,MATCH($C530,COMPOSIÇÃO!$A:$A,0)),0),0))","v":19.38},23.34215618903243,70.03]
["13.1.3.14","SINAPI",89395,{"$f":"IF(B531=\"SINAPI\",IFERROR(INDEX(SINAPI!$B:$B,MATCH($C531,SINAPI!$A:$A,0)),\"\"),IF(B531=\"COMPOSIÇÃO\",IFERROR(INDEX(COMPOSIÇÃO!$C:$C,MATCH($C531,COMPOSIÇÃO!$A:$A,0)),\"\"),\"\"))","v":"TE, PVC, SOLDÁVEL, DN 25MM, INSTALADO EM RAMAL OU SUB-RAMAL DE ÁGUA - FORNECIMENTO E INSTALAÇÃO. AF_12/2014"},{"$f":"IF(B531=\"SINAPI\",IFERROR(INDEX(SINAPI!$C:$C,MATCH($C531,SINAPI!$A:$A,0)),\"\"),IF(B531=\"COMPOSIÇÃO\",IFERROR(INDEX(COMPOSIÇÃO!$D:$D,MATCH($C531,COMPOSIÇÃO!$A:$A,0)),\"\"),\"\"))","v":"UN"},11,{"$f":"IF(B531=\"SINAPI\",IFERROR(INDEX(SINAPI!$D:$D,MATCH($C531,SINAPI!$A:$A,0)),0),IF(B531=\"COMPOSIÇÃO\",IFERROR(INDEX(COMPOSIÇÃO!$G:$G,MATCH($C531,COMPOSIÇÃO!$A:$A,0)),0),0))","v":10.18},12.261256450172866,134.87]
["13.1.3.15","SINAPI",89441,{"$f":"IF(B532=\"SINAPI\",IFERROR(INDEX(SINAPI!$B:$B,MATCH($C532,SINAPI!$A:$A,0)),\"\"),IF(B532=\"COMPOSIÇÃO\",IFERROR(INDEX(COMPOSIÇÃO!$C:$C,MATCH($C532,COMPOSIÇÃO!$A:$A,0)),\"\"),\"\"))","v":"TÊ COM BUCHA DE LATÃO NA BOLSA CENTRAL, PVC, SOLDÁVEL, DN 25MM X 1/2\u0094, INSTALADO EM RAMAL DE DISTRIBUIÇÃO DE ÁGUA - FORNECIMENTO E INSTALAÇÃO. AF_12/2014"},{"$f":"IF(B532=\"SINAPI\",IFERROR(INDEX(SINAPI!$C:$C,MATCH($C532,SINAPI!$A:$A,0)),\"\"),IF(B532=\"COMPOSIÇÃO\",IFERROR(INDEX(COMPOSIÇÃO!$D:$D,MATCH($C532,COMPOSIÇÃO!$A:$A,0)),\"\"),\"\"))","v":"UN"},22,{"$f":"IF(B532=\"SINAPI\",IFERROR(INDEX(SINAPI!$D:$D,MATCH($C532,SINAPI!$A:$A,0)),0),IF(B532=\"COMPOSIÇÃO\",IFERROR(INDEX(COMPOSIÇÃO!$G:$G,MATCH($C532,COMPOSIÇÃO!$A:$A,0)),0),0))","v":15.41},18.560507062589771,408.33]
["13.1.3.16","SINAPI",94690,{"$f":"IF(B533=\"SINAPI\",IFERROR(INDEX(SINAPI!$B:$B,MATCH($C533,SINAPI!$A:$A,0)),\"\"),IF(B533=\"COMPOSIÇÃO\",IFERROR(INDEX(COMPOSIÇÃO!$C:$C,MATCH($C533,COMPOSIÇÃO!$A:$A,0)),\"\"),\"\"))","v":"TÊ, PVC, SOLDÁVEL, DN 32 MM INSTALADO EM RESERVAÇÃO DE ÁGUA DE EDIFICAÇÃO QUE POSSUA RESERVATÓRIO DE FIBRA/FIBROCIMENTO   FORNECIMENTO E INSTALAÇÃO. AF_06/2016"},{"$f":"IF(B533=\"SINAPI\",IFERROR(INDEX(SINAPI!$C:$C,MATCH($C533,SINAPI!$A:$A,0)),\"\"),IF(B533=\"COMPOSIÇÃO\",IFERROR(INDEX(COMPOSIÇÃO!$D:$D,MATCH($C533,COMPOSIÇÃO!$A:$A,0)),\"\"),\"\"))","v":"UN"},2,{"$f":"IF(B533=\"SINAPI\",IFERROR(INDEX(SINAPI!$D:$D,MATCH($C533,SINAPI!$A:$A,0)),0),IF(B533=\"COMPOSIÇÃO\",IFERROR(INDEX(COMPOSIÇÃO!$G:$G,MATCH($C533,COMPOSIÇÃO!$A:$A,0)),0),0))","v":12.47},15.019436928649867,30.04]
["13.1.3.17","SINAPI",94691,{"$f":"IF(B534=\"SINAPI\",IFERROR(INDEX(SINAPI!$B:$B,MATCH($C534,SINAPI!$A:$A,0)),\"\"),IF(B534=\"COMPOSIÇÃO\",IFERROR(INDEX(COMPOSIÇÃO!$C:$C,MATCH($C534,COMPOSIÇÃO!$A:$A,0)),\"\"),\"\"))","v":"TÊ DE REDUÇÃO, PVC, SOLDÁVEL, DN 32 MM X  25 MM, INSTALADO EM RESERVAÇÃO DE ÁGUA DE EDIFICAÇÃO QUE POSSUA RESERVATÓRIO DE FIBRA/FIBROCIMENTO   FORNECIMENTO E INSTALAÇÃO. AF_06/2016"},{"$f":"IF(B534=\"SINAPI\",IFERROR(INDEX(SINAPI!$C:$C,MATCH($C534,SINAPI!$A:$A,0)),\"\"),IF(B534=\"COMPOSIÇÃO\",IFERROR(INDEX(COMPOSIÇÃO!$D:$D,MATCH($C534,COMPOSIÇÃO!$A:$A,0)),\"\"),\"\"))","v":"UN"},2,{"$f":"IF(B534=\"SINAPI\",IFERROR(INDEX(SINAPI!$D:$D,MATCH($C534,SINAPI!$A:$A,0)),0),IF(B534=\"COMPOSIÇÃO\",IFERROR(INDEX(COMPOSIÇÃO!$G:$G,MATCH($C534,COMPOSIÇÃO!$A:$A,0)),0),0))","v":14.61},17.596950563558501,35.19]
["13.1.3.18","SINAPI",94692,{"$f":"IF(B535=\"SINAPI\",IFERROR(INDEX(SINAPI!$B:$B,MATCH($C535,SINAPI!$A:$A,0)),\"\"),IF(B535=\"COMPOSIÇÃO\",IFERROR(INDEX(COMPOSIÇÃO!$C:$C,MATCH($C535,COMPOSIÇÃO!$A:$A,0)),\"\"),\"\"))","v":"TÊ, PVC, SOLDÁVEL, DN 40 MM INSTALADO EM RESERVAÇÃO DE ÁGUA DE EDIFICAÇÃO QUE POSSUA RESERVATÓRIO DE FIBRA/FIBROCIMENTO   FORNECIMENTO E INSTALAÇÃO. AF_06/2016"},{"$f":"IF(B535=\"SINAPI\",IFERROR(INDEX(SINAPI!$C:$C,MATCH($C535,SINAPI!$A:$A,0)),\"\"),IF(B535=\"COMPOSIÇÃO\",IFERROR(INDEX(COMPOSIÇÃO!$D:$D,MATCH($C535,COMPOSIÇÃO!$A:$A,0)),\"\"),\"\"))","v":"UN"},1,{"$f":"IF(B535=\"SINAPI\",IFERROR(INDEX(SINAPI!$D:$D,MATCH($C535,SINAPI!$A:$A,0)),0),IF(B535=\"COMPOSIÇÃO\",IFERROR(INDEX(COMPOSIÇÃO!$G:$G,MATCH($C535,COMPOSIÇÃO!$A:$A,0)),0),0))","v":22.22},26.762781760593423,26.76]
["13.1.3.19","SINAPI",94693,{"$f":"IF(B536=\"SINAPI\",IFERROR(INDEX(SINAPI!$B:$B,MATCH($C536,SINAPI!$A:$A,0)),\"\"),IF(B536=\"COMPOSIÇÃO\",IFERROR(INDEX(COMPOSIÇÃO!$C:$C,MATCH($C536,COMPOSIÇÃO!$A:$A,0)),\"\"),\"\"))","v":"TÊ DE REDUÇÃO, PVC, SOLDÁVEL, DN 40 MM X 32 MM, INSTALADO EM RESERVAÇÃO DE ÁGUA DE EDIFICAÇÃO QUE POSSUA RESERVATÓRIO DE FIBRA/FIBROCIMENTO   FORNECIMENTO E INSTALAÇÃO. AF_06/2016"},{"$f":"IF(B536=\"SINAPI\",IFERROR(INDEX(SINAPI!$C:$C,MATCH($C536,SINAPI!$A:$A,0)),\"\"),IF(B536=\"COMPOSIÇÃO\",IFERROR(INDEX(COMPOSIÇÃO!$D:$D,MATCH($C536,COMPOSIÇÃO!$A:$A,0)),\"\"),\"\"))","v":"UN"},1,{"$f":"IF(B536=\"SINAPI\",IFERROR(INDEX(SINAPI!$D:$D,MATCH($C536,SINAPI!$A:$A,0)),0),IF(B536=\"COMPOSIÇÃO\",IFERROR(INDEX(COMPOSIÇÃO!$G:$G,MATCH($C536,COMPOSIÇÃO!$A:$A,0)),0),0))","v":23.3},28.063583034285635,28.06]
["13.1.3.20","SINAPI",94694,{"$f":"IF(B537=\"SINAPI\",IFERROR(INDEX(SINAPI!$B:$B,MATCH($C537,SINAPI!$A:$A,0)),\"\"),IF(B537=\"COMPOSIÇÃO\",IFERROR(INDEX(COMPOSIÇÃO!$C:$C,MATCH($C537,COMPOSIÇÃO!$A:$A,0)),\"\"),\"\"))","v":"TÊ, PVC, SOLDÁVEL, DN 50 MM INSTALADO EM RESERVAÇÃO DE ÁGUA DE EDIFICAÇÃO QUE POSSUA RESERVATÓRIO DE FIBRA/FIBROCIMENTO   FORNECIMENTO E INSTALAÇÃO. AF_06/2016"},{"$f":"IF(B537=\"SINAPI\",IFERROR(INDEX(SINAPI!$C:$C,MATCH($C537,SINAPI!$A:$A,0)),\"\"),IF(B537=\"COMPOSIÇÃO\",IFERROR(INDEX(COMPOSIÇÃO!$D:$D,MATCH($C537,COMPOSIÇÃO!$A:$A,0)),\"\"),\"\"))","v":"UN"},24,{"$f":"IF(B537=\"SINAPI\",IFERROR(INDEX(SINAPI!$D:$D,MATCH($C537,SINAPI!$A:$A,0)),0),IF(B537=\"COMPOSIÇÃO\",IFERROR(INDEX(COMPOSIÇÃO!$G:$G,MATCH($C537,COMPOSIÇÃO!$A:$A,0)),0),0))","v":23.36},28.13584977171298,675.26]
["13.1.3.21","SINAPI",89627,{"$f":"IF(B538=\"SINAPI\",IFERROR(INDEX(SINAPI!$B:$B,MATCH($C538,SINAPI!$A:$A,0)),\"\"),IF(B538=\"COMPOSIÇÃO\",IFERROR(INDEX(COMPOSIÇÃO!$C:$C,MATCH($C538,COMPOSIÇÃO!$A:$A,0)),\"\"),\"\"))","v":"TÊ DE REDUÇÃO, PVC, SOLDÁVEL, DN 50MM X 25MM, INSTALADO EM PRUMADA DE ÁGUA - FORNECIMENTO E INSTALAÇÃO. AF_12/2014"},{"$f":"IF(B538=\"SINAPI\",IFERROR(INDEX(SINAPI!$C:$C,MATCH($C538,SINAPI!$A:$A,0)),\"\"),IF(B538=\"COMPOSIÇÃO\",IFERROR(INDEX(COMPOSIÇÃO!$D:$D,MATCH($C538,COMPOSIÇÃO!$A:$A,0)),\"\"),\"\"))","v":"UN"},24,{"$f":"IF(B538=\"SINAPI\",IFERROR(INDEX(SINAPI!$D:$D,MATCH($C538,SINAPI!$A:$A,0)),0),IF(B538=\"COMPOSIÇÃO\",IFERROR(INDEX(COMPOSIÇÃO!$G:$G,MATCH($C538,COMPOSIÇÃO!$A:$A,0)),0),0))","v":19.05},22.944689133182031,550.66999999999996]
["13.1.3.22","SINAPI",94696,{"$f":"IF(B539=\"SINAPI\",IFERROR(INDEX(SINAPI!$B:$B,MATCH($C539,SINAPI!$A:$A,0)),\"\"),IF(B539=\"COMPOSIÇÃO\",IFERROR(INDEX(COMPOSIÇÃO!$C:$C,MATCH($C539,COMPOSIÇÃO!$A:$A,0)),\"\"),\"\"))","v":"TÊ, PVC, SOLDÁVEL, DN 60 MM INSTALADO EM RESERVAÇÃO DE ÁGUA DE EDIFICAÇÃO QUE POSSUA RESERVATÓRIO DE FIBRA/FIBROCIMENTO   FORNECIMENTO E INSTALAÇÃO. AF_06/2016"},{"$f":"IF(B539=\"SINAPI\",IFERROR(INDEX(SINAPI!$C:$C,MATCH($C539,SINAPI!$A:$A,0)),\"\"),IF(B539=\"COMPOSIÇÃO\",IFERROR(INDEX(COMPOSIÇÃO!$D:$D,MATCH($C539,COMPOSIÇÃO!$A:$A,0)),\"\"),\"\"))","v":"UN"},2,{"$f":"IF(B539=\"SINAPI\",IFERROR(INDEX(SINAPI!$D:$D,MATCH($C539,SINAPI!$A:$A,0)),0),IF(B539=\"COMPOSIÇÃO\",IFERROR(INDEX(COMPOSIÇÃO!$G:$G,MATCH($C539,COMPOSIÇÃO!$A:$A,0)),0),0))","v":55.32},66.629931908012068,133.26]
["13.1.3.23","SINAPI",94697,{"$f":"IF(B540=\"SINAPI\",IFERROR(INDEX(SINAPI!$B:$B,MATCH($C540,SINAPI!$A:$A,0)),\"\"),IF(B540=\"COMPOSIÇÃO\",IFERROR(INDEX(COMPOSIÇÃO!$C:$C,MATCH($C540,COMPOSIÇÃO!$A:$A,0)),\"\"),\"\"))","v":"TÊ, PVC, SOLDÁVEL, DN 75 MM INSTALADO EM RESERVAÇÃO DE ÁGUA DE EDIFICAÇÃO QUE POSSUA RESERVATÓRIO DE FIBRA/FIBROCIMENTO   FORNECIMENTO E INSTALAÇÃO. AF_06/2016"},{"$f":"IF(B540=\"SINAPI\",IFERROR(INDEX(SINAPI!$C:$C,MATCH($C540,SINAPI!$A:$A,0)),\"\"),IF(B540=\"COMPOSIÇÃO\",IFERROR(INDEX(COMPOSIÇÃO!$D:$D,MATCH($C540,COMPOSIÇÃO!$A:$A,0)),\"\"),\"\"))","v":"UN"},5,{"$f":"IF(B540=\"SINAPI\",IFERROR(INDEX(SINAPI!$D:$D,MATCH($C540,SINAPI!$A:$A,0)),0),IF(B540=\"COMPOSIÇÃO\",IFERROR(INDEX(COMPOSIÇÃO!$G:$G,MATCH($C540,COMPOSIÇÃO!$A:$A,0)),0),0))","v":87.6},105.50943664392366,527.54999999999995]
["13.1.4",null,null,"Reservatório\t\t\t\t\t",null,null,null,null,{"$f":"I542","v":142124.57999999999}]
["13.1.4.1","SCO-RJ","AP 35.15.0050","CASTELO D'ÁGUA COM DIÂMETRO DE 2,387 M (ALTURA 12,40 M), COM CAIXA D'ÁGUA DE 30.000 LITROS E RESERVA DE INCÊNDIO DE 20.000 LITROS - COM 50.000 LITROS, COMPLETA COM BASE, GUARDA-CORPO, ESCADA METÁLICA COM PROTEÇÃO, PORTA METÁLICA PARA ACESSO AO BARRILETE E IMPERMEABILIZADA ","UN",1,118000,{"$f":"G542*(1+$I$10)","v":142124.5836071118},{"$f":"ROUND(F542*H542,2)","v":142124.57999999999}]
["13.2",null,null,"Sanitário",null,null,null,null,{"$f":"I544+I552+I576+I585","v":128608.87999999999}]
["13.2.1",null,null,"Tubos\t\t\t\t\t",null,null,null,null,{"$f":"SUM(I545:I551)","v":24571.22}]
["13.2.1.1","SINAPI",91787,{"$f":"IF(B545=\"SINAPI\",IFERROR(INDEX(SINAPI!$B:$B,MATCH($C545,SINAPI!$A:$A,0)),\"\"),IF(B545=\"COMPOSIÇÃO\",IFERROR(INDEX(COMPOSIÇÃO!$C:$C,MATCH($C545,COMPOSIÇÃO!$A:$A,0)),\"\"),\"\"))","v":"(COMPOSIÇÃO REPRESENTATIVA) DO SERVIÇO DE INSTALAÇÃO DE TUBOS DE PVC, SOLDÁVEL, ÁGUA FRIA, DN 40 MM (INSTALADO EM PRUMADA), INCLUSIVE CONEXÕES, CORTES E FIXAÇÕES, PARA PRÉDIOS. AF_10/2015"},{"$f":"IF(B545=\"SINAPI\",IFERROR(INDEX(SINAPI!$C:$C,MATCH($C545,SINAPI!$A:$A,0)),\"\"),IF(B545=\"COMPOSIÇÃO\",IFERROR(INDEX(COMPOSIÇÃO!$D:$D,MATCH($C545,COMPOSIÇÃO!$A:$A,0)),\"\"),\"\"))","v":"M"},17.47,{"$f":"IF(B545=\"SINAPI\",IFERROR(INDEX(SINAPI!$D:$D,MATCH($C545,SINAPI!$A:$A,0)),0),IF(B545=\"COMPOSIÇÃO\",IFERROR(INDEX(COMPOSIÇÃO!$G:$G,MATCH($C545,COMPOSIÇÃO!$A:$A,0)),0),0))","v":30.8},{"$f":"G545*(1+$I$10)","v":37.096925212703759},{"$f":"ROUND(F545*H545,2)","v":648.08000000000004}]
["13.2.1.2","SINAPI",91788,{"$f":"IF(B546=\"SINAPI\",IFERROR(INDEX(SINAPI!$B:$B,MATCH($C546,SINAPI!$A:$A,0)),\"\"),IF(B546=\"COMPOSIÇÃO\",IFERROR(INDEX(COMPOSIÇÃO!$C:$C,MATCH($C546,COMPOSIÇÃO!$A:$A,0)),\"\"),\"\"))","v":"(COMPOSIÇÃO REPRESENTATIVA) DO SERVIÇO DE INSTALAÇÃO DE TUBOS DE PVC, SOLDÁVEL, ÁGUA FRIA, DN 50 MM (INSTALADO EM PRUMADA), INCLUSIVE CONEXÕES, CORTES E FIXAÇÕES, PARA PRÉDIOS. AF_10/2015"},{"$f":"IF(B546=\"SINAPI\",IFERROR(INDEX(SINAPI!$C:$C,MATCH($C546,SINAPI!$A:$A,0)),\"\"),IF(B546=\"COMPOSIÇÃO\",IFERROR(INDEX(COMPOSIÇÃO!$D:$D,MATCH($C546,COMPOSIÇÃO!$A:$A,0)),\"\"),\"\"))","v":"M"},99.12,{"$f":"IF(B546=\"SINAPI\",IFERROR(INDEX(SINAPI!$D:$D,MATCH($C546,SINAPI!$A:$A,0)),0),IF(B546=\"COMPOSIÇÃO\",IFERROR(INDEX(COMPOSIÇÃO!$G:$G,MATCH($C546,COMPOSIÇÃO!$A:$A,0)),0),0))","v":38.869999999999997},46.816801396681655,4640.4799999999996]
["13.2.1.3","SINAPI",89580,{"$f":"IF(B547=\"SINAPI\",IFERROR(INDEX(SINAPI!$B:$B,MATCH($C547,SINAPI!$A:$A,0)),\"\"),IF(B547=\"COMPOSIÇÃO\",IFERROR(INDEX(COMPOSIÇÃO!$C:$C,MATCH($C547,COMPOSIÇÃO!$A:$A,0)),\"\"),\"\"))","v":"TUBO PVC, SÉRIE R, ÁGUA PLUVIAL, DN 150 MM, FORNECIDO E INSTALADO EM CONDUTORES VERTICAIS DE ÁGUAS PLUVIAIS. AF_12/2014"},{"$f":"IF(B547=\"SINAPI\",IFERROR(INDEX(SINAPI!$C:$C,MATCH($C547,SINAPI!$A:$A,0)),\"\"),IF(B547=\"COMPOSIÇÃO\",IFERROR(INDEX(COMPOSIÇÃO!$D:$D,MATCH($C547,COMPOSIÇÃO!$A:$A,0)),\"\"),\"\"))","v":"M"},95.51,{"$f":"IF(B547=\"SINAPI\",IFERROR(INDEX(SINAPI!$D:$D,MATCH($C547,SINAPI!$A:$A,0)),0),IF(B547=\"COMPOSIÇÃO\",IFERROR(INDEX(COMPOSIÇÃO!$G:$G,MATCH($C547,COMPOSIÇÃO!$A:$A,0)),0),0))","v":84.89},102.24538900345526,9765.4599999999991]
["13.2.1.4","SINAPI",89512,{"$f":"IF(B548=\"SINAPI\",IFERROR(INDEX(SINAPI!$B:$B,MATCH($C548,SINAPI!$A:$A,0)),\"\"),IF(B548=\"COMPOSIÇÃO\",IFERROR(INDEX(COMPOSIÇÃO!$C:$C,MATCH($C548,COMPOSIÇÃO!$A:$A,0)),\"\"),\"\"))","v":"TUBO PVC, SÉRIE R, ÁGUA PLUVIAL, DN 100 MM, FORNECIDO E INSTALADO EM RAMAL DE ENCAMINHAMENTO. AF_12/2014"},{"$f":"IF(B548=\"SINAPI\",IFERROR(INDEX(SINAPI!$C:$C,MATCH($C548,SINAPI!$A:$A,0)),\"\"),IF(B548=\"COMPOSIÇÃO\",IFERROR(INDEX(COMPOSIÇÃO!$D:$D,MATCH($C548,COMPOSIÇÃO!$A:$A,0)),\"\"),\"\"))","v":"M"},97.08,{"$f":"IF(B548=\"SINAPI\",IFERROR(INDEX(SINAPI!$D:$D,MATCH($C548,SINAPI!$A:$A,0)),0),IF(B548=\"COMPOSIÇÃO\",IFERROR(INDEX(COMPOSIÇÃO!$G:$G,MATCH($C548,COMPOSIÇÃO!$A:$A,0)),0),0))","v":62.37},75.121273555725111,7292.77]
["13.2.1.5","SINAPI",89511,{"$f":"IF(B549=\"SINAPI\",IFERROR(INDEX(SINAPI!$B:$B,MATCH($C549,SINAPI!$A:$A,0)),\"\"),IF(B549=\"COMPOSIÇÃO\",IFERROR(INDEX(COMPOSIÇÃO!$C:$C,MATCH($C549,COMPOSIÇÃO!$A:$A,0)),\"\"),\"\"))","v":"TUBO PVC, SÉRIE R, ÁGUA PLUVIAL, DN 75 MM, FORNECIDO E INSTALADO EM RAMAL DE ENCAMINHAMENTO. AF_12/2014"},{"$f":"IF(B549=\"SINAPI\",IFERROR(INDEX(SINAPI!$C:$C,MATCH($C549,SINAPI!$A:$A,0)),\"\"),IF(B549=\"COMPOSIÇÃO\",IFERROR(INDEX(COMPOSIÇÃO!$D:$D,MATCH($C549,COMPOSIÇÃO!$A:$A,0)),\"\"),\"\"))","v":"M"},7.5,{"$f":"IF(B549=\"SINAPI\",IFERROR(INDEX(SINAPI!$D:$D,MATCH($C549,SINAPI!$A:$A,0)),0),IF(B549=\"COMPOSIÇÃO\",IFERROR(INDEX(COMPOSIÇÃO!$G:$G,MATCH($C549,COMPOSIÇÃO!$A:$A,0)),0),0))","v":38.89},46.840890309157437,351.31]
["13.2.1.6","SINAPI",89509,{"$f":"IF(B550=\"SINAPI\",IFERROR(INDEX(SINAPI!$B:$B,MATCH($C550,SINAPI!$A:$A,0)),\"\"),IF(B550=\"COMPOSIÇÃO\",IFERROR(INDEX(COMPOSIÇÃO!$C:$C,MATCH($C550,COMPOSIÇÃO!$A:$A,0)),\"\"),\"\"))","v":"TUBO PVC, SÉRIE R, ÁGUA PLUVIAL, DN 50 MM, FORNECIDO E INSTALADO EM RAMAL DE ENCAMINHAMENTO. AF_12/2014"},{"$f":"IF(B550=\"SINAPI\",IFERROR(INDEX(SINAPI!$C:$C,MATCH($C550,SINAPI!$A:$A,0)),\"\"),IF(B550=\"COMPOSIÇÃO\",IFERROR(INDEX(COMPOSIÇÃO!$D:$D,MATCH($C550,COMPOSIÇÃO!$A:$A,0)),\"\"),\"\"))","v":"M"},49.81,{"$f":"IF(B550=\"SINAPI\",IFERROR(INDEX(SINAPI!$D:$D,MATCH($C550,SINAPI!$A:$A,0)),0),IF(B550=\"COMPOSIÇÃO\",IFERROR(INDEX(COMPOSIÇÃO!$G:$G,MATCH($C550,COMPOSIÇÃO!$A:$A,0)),0),0))","v":26.37},31.76123109931812,1582.03]
["13.2.1.7","SINAPI",89508,{"$f":"IF(B551=\"SINAPI\",IFERROR(INDEX(SINAPI!$B:$B,MATCH($C551,SINAPI!$A:$A,0)),\"\"),IF(B551=\"COMPOSIÇÃO\",IFERROR(INDEX(COMPOSIÇÃO!$C:$C,MATCH($C551,COMPOSIÇÃO!$A:$A,0)),\"\"),\"\"))","v":"TUBO PVC, SÉRIE R, ÁGUA PLUVIAL, DN 40 MM, FORNECIDO E INSTALADO EM RAMAL DE ENCAMINHAMENTO. AF_12/2014"},{"$f":"IF(B551=\"SINAPI\",IFERROR(INDEX(SINAPI!$C:$C,MATCH($C551,SINAPI!$A:$A,0)),\"\"),IF(B551=\"COMPOSIÇÃO\",IFERROR(INDEX(COMPOSIÇÃO!$D:$D,MATCH($C551,COMPOSIÇÃO!$A:$A,0)),\"\"),\"\"))","v":"M"},12.64,{"$f":"IF(B551=\"SINAPI\",IFERROR(INDEX(SINAPI!$D:$D,MATCH($C551,SINAPI!$A:$A,0)),0),IF(B551=\"COMPOSIÇÃO\",IFERROR(INDEX(COMPOSIÇÃO!$G:$G,MATCH($C551,COMPOSIÇÃO!$A:$A,0)),0),0))","v":19.12},23.029000326847267,291.08999999999997]
["13.2.2",null,null,"Conexões\t\t\t\t\t",null,null,null,null,{"$f":"SUM(I553:I575)","v":5074.880000000001}]
["13.2.2.1","SINAPI",89529,{"$f":"IF(B553=\"SINAPI\",IFERROR(INDEX(SINAPI!$B:$B,MATCH($C553,SINAPI!$A:$A,0)),\"\"),IF(B553=\"COMPOSIÇÃO\",IFERROR(INDEX(COMPOSIÇÃO!$C:$C,MATCH($C553,COMPOSIÇÃO!$A:$A,0)),\"\"),\"\"))","v":"JOELHO 90 GRAUS, PVC, SERIE R, ÁGUA PLUVIAL, DN 100 MM, JUNTA ELÁSTICA, FORNECIDO E INSTALADO EM RAMAL DE ENCAMINHAMENTO. AF_12/2014"},{"$f":"IF(B553=\"SINAPI\",IFERROR(INDEX(SINAPI!$C:$C,MATCH($C553,SINAPI!$A:$A,0)),\"\"),IF(B553=\"COMPOSIÇÃO\",IFERROR(INDEX(COMPOSIÇÃO!$D:$D,MATCH($C553,COMPOSIÇÃO!$A:$A,0)),\"\"),\"\"))","v":"UN"},11,{"$f":"IF(B553=\"SINAPI\",IFERROR(INDEX(SINAPI!$D:$D,MATCH($C553,SINAPI!$A:$A,0)),0),IF(B553=\"COMPOSIÇÃO\",IFERROR(INDEX(COMPOSIÇÃO!$G:$G,MATCH($C553,COMPOSIÇÃO!$A:$A,0)),0),0))","v":43.19},{"$f":"G553*(1+$I$10)","v":52.020006491450495},{"$f":"ROUND(F553*H553,2)","v":572.22}]
["13.2.2.2","SINAPI",89513,{"$f":"IF(B554=\"SINAPI\",IFERROR(INDEX(SINAPI!$B:$B,MATCH($C554,SINAPI!$A:$A,0)),\"\"),IF(B554=\"COMPOSIÇÃO\",IFERROR(INDEX(COMPOSIÇÃO!$C:$C,MATCH($C554,COMPOSIÇÃO!$A:$A,0)),\"\"),\"\"))","v":"JOELHO 90 GRAUS, PVC, SOLDÁVEL, DN 75MM, INSTALADO EM PRUMADA DE ÁGUA - FORNECIMENTO E INSTALAÇÃO. AF_12/2014"},{"$f":"IF(B554=\"SINAPI\",IFERROR(INDEX(SINAPI!$C:$C,MATCH($C554,SINAPI!$A:$A,0)),\"\"),IF(B554=\"COMPOSIÇÃO\",IFERROR(INDEX(COMPOSIÇÃO!$D:$D,MATCH($C554,COMPOSIÇÃO!$A:$A,0)),\"\"),\"\"))","v":"UN"},1,{"$f":"IF(B554=\"SINAPI\",IFERROR(INDEX(SINAPI!$D:$D,MATCH($C554,SINAPI!$A:$A,0)),0),IF(B554=\"COMPOSIÇÃO\",IFERROR(INDEX(COMPOSIÇÃO!$G:$G,MATCH($C554,COMPOSIÇÃO!$A:$A,0)),0),0))","v":110.37},132.93466349760109,132.93]
["13.2.2.3","SINAPI",89518,{"$f":"IF(B555=\"SINAPI\",IFERROR(INDEX(SINAPI!$B:$B,MATCH($C555,SINAPI!$A:$A,0)),\"\"),IF(B555=\"COMPOSIÇÃO\",IFERROR(INDEX(COMPOSIÇÃO!$C:$C,MATCH($C555,COMPOSIÇÃO!$A:$A,0)),\"\"),\"\"))","v":"JOELHO 90 GRAUS, PVC, SERIE R, ÁGUA PLUVIAL, DN 50 MM, JUNTA ELÁSTICA, FORNECIDO E INSTALADO EM RAMAL DE ENCAMINHAMENTO. AF_12/2014"},{"$f":"IF(B555=\"SINAPI\",IFERROR(INDEX(SINAPI!$C:$C,MATCH($C555,SINAPI!$A:$A,0)),\"\"),IF(B555=\"COMPOSIÇÃO\",IFERROR(INDEX(COMPOSIÇÃO!$D:$D,MATCH($C555,COMPOSIÇÃO!$A:$A,0)),\"\"),\"\"))","v":"UN"},8,{"$f":"IF(B555=\"SINAPI\",IFERROR(INDEX(SINAPI!$D:$D,MATCH($C555,SINAPI!$A:$A,0)),0),IF(B555=\"COMPOSIÇÃO\",IFERROR(INDEX(COMPOSIÇÃO!$G:$G,MATCH($C555,COMPOSIÇÃO!$A:$A,0)),0),0))","v":14.54},17.512639369893268,140.1]
["13.2.2.4","SINAPI",89514,{"$f":"IF(B556=\"SINAPI\",IFERROR(INDEX(SINAPI!$B:$B,MATCH($C556,SINAPI!$A:$A,0)),\"\"),IF(B556=\"COMPOSIÇÃO\",IFERROR(INDEX(COMPOSIÇÃO!$C:$C,MATCH($C556,COMPOSIÇÃO!$A:$A,0)),\"\"),\"\"))","v":"JOELHO 90 GRAUS, PVC, SERIE R, ÁGUA PLUVIAL, DN 40 MM, JUNTA SOLDÁVEL, FORNECIDO E INSTALADO EM RAMAL DE ENCAMINHAMENTO. AF_12/2014"},{"$f":"IF(B556=\"SINAPI\",IFERROR(INDEX(SINAPI!$C:$C,MATCH($C556,SINAPI!$A:$A,0)),\"\"),IF(B556=\"COMPOSIÇÃO\",IFERROR(INDEX(COMPOSIÇÃO!$D:$D,MATCH($C556,COMPOSIÇÃO!$A:$A,0)),\"\"),\"\"))","v":"UN"},18,{"$f":"IF(B556=\"SINAPI\",IFERROR(INDEX(SINAPI!$D:$D,MATCH($C556,SINAPI!$A:$A,0)),0),IF(B556=\"COMPOSIÇÃO\",IFERROR(INDEX(COMPOSIÇÃO!$G:$G,MATCH($C556,COMPOSIÇÃO!$A:$A,0)),0),0))","v":9.6199999999999992},11.586766900850979,208.56]
["13.2.2.5","SINAPI",89504,{"$f":"IF(B557=\"SINAPI\",IFERROR(INDEX(SINAPI!$B:$B,MATCH($C557,SINAPI!$A:$A,0)),\"\"),IF(B557=\"COMPOSIÇÃO\",IFERROR(INDEX(COMPOSIÇÃO!$C:$C,MATCH($C557,COMPOSIÇÃO!$A:$A,0)),\"\"),\"\"))","v":"CURVA 45 GRAUS, PVC, SOLDÁVEL, DN 50MM, INSTALADO EM PRUMADA DE ÁGUA - FORNECIMENTO E INSTALAÇÃO. AF_12/2014"},{"$f":"IF(B557=\"SINAPI\",IFERROR(INDEX(SINAPI!$C:$C,MATCH($C557,SINAPI!$A:$A,0)),\"\"),IF(B557=\"COMPOSIÇÃO\",IFERROR(INDEX(COMPOSIÇÃO!$D:$D,MATCH($C557,COMPOSIÇÃO!$A:$A,0)),\"\"),\"\"))","v":"UN"},1,{"$f":"IF(B557=\"SINAPI\",IFERROR(INDEX(SINAPI!$D:$D,MATCH($C557,SINAPI!$A:$A,0)),0),IF(B557=\"COMPOSIÇÃO\",IFERROR(INDEX(COMPOSIÇÃO!$G:$G,MATCH($C557,COMPOSIÇÃO!$A:$A,0)),0),0))","v":19.98},24.064823563305879,24.06]
["13.2.2.6","SINAPI",89500,{"$f":"IF(B558=\"SINAPI\",IFERROR(INDEX(SINAPI!$B:$B,MATCH($C558,SINAPI!$A:$A,0)),\"\"),IF(B558=\"COMPOSIÇÃO\",IFERROR(INDEX(COMPOSIÇÃO!$C:$C,MATCH($C558,COMPOSIÇÃO!$A:$A,0)),\"\"),\"\"))","v":"CURVA 45 GRAUS, PVC, SOLDÁVEL, DN 40MM, INSTALADO EM PRUMADA DE ÁGUA - FORNECIMENTO E INSTALAÇÃO. AF_12/2014"},{"$f":"IF(B558=\"SINAPI\",IFERROR(INDEX(SINAPI!$C:$C,MATCH($C558,SINAPI!$A:$A,0)),\"\"),IF(B558=\"COMPOSIÇÃO\",IFERROR(INDEX(COMPOSIÇÃO!$D:$D,MATCH($C558,COMPOSIÇÃO!$A:$A,0)),\"\"),\"\"))","v":"UN"},7,{"$f":"IF(B558=\"SINAPI\",IFERROR(INDEX(SINAPI!$D:$D,MATCH($C558,SINAPI!$A:$A,0)),0),IF(B558=\"COMPOSIÇÃO\",IFERROR(INDEX(COMPOSIÇÃO!$G:$G,MATCH($C558,COMPOSIÇÃO!$A:$A,0)),0),0))","v":11.88},14.308814010614308,100.16]
["13.2.2.7","SINAPI",89563,{"$f":"IF(B559=\"SINAPI\",IFERROR(INDEX(SINAPI!$B:$B,MATCH($C559,SINAPI!$A:$A,0)),\"\"),IF(B559=\"COMPOSIÇÃO\",IFERROR(INDEX(COMPOSIÇÃO!$C:$C,MATCH($C559,COMPOSIÇÃO!$A:$A,0)),\"\"),\"\"))","v":"JUNÇÃO SIMPLES, PVC, SERIE R, ÁGUA PLUVIAL, DN 50 MM, JUNTA ELÁSTICA, FORNECIDO E INSTALADO EM RAMAL DE ENCAMINHAMENTO. AF_12/2014"},{"$f":"IF(B559=\"SINAPI\",IFERROR(INDEX(SINAPI!$C:$C,MATCH($C559,SINAPI!$A:$A,0)),\"\"),IF(B559=\"COMPOSIÇÃO\",IFERROR(INDEX(COMPOSIÇÃO!$D:$D,MATCH($C559,COMPOSIÇÃO!$A:$A,0)),\"\"),\"\"))","v":"UN"},5,{"$f":"IF(B559=\"SINAPI\",IFERROR(INDEX(SINAPI!$D:$D,MATCH($C559,SINAPI!$A:$A,0)),0),IF(B559=\"COMPOSIÇÃO\",IFERROR(INDEX(COMPOSIÇÃO!$G:$G,MATCH($C559,COMPOSIÇÃO!$A:$A,0)),0),0))","v":22.19},26.726648391879753,133.63]
["13.2.2.8","SINAPI",89561,{"$f":"IF(B560=\"SINAPI\",IFERROR(INDEX(SINAPI!$B:$B,MATCH($C560,SINAPI!$A:$A,0)),\"\"),IF(B560=\"COMPOSIÇÃO\",IFERROR(INDEX(COMPOSIÇÃO!$C:$C,MATCH($C560,COMPOSIÇÃO!$A:$A,0)),\"\"),\"\"))","v":"JUNÇÃO SIMPLES, PVC, SERIE R, ÁGUA PLUVIAL, DN 40 MM, JUNTA SOLDÁVEL, FORNECIDO E INSTALADO EM RAMAL DE ENCAMINHAMENTO. AF_12/2014"},{"$f":"IF(B560=\"SINAPI\",IFERROR(INDEX(SINAPI!$C:$C,MATCH($C560,SINAPI!$A:$A,0)),\"\"),IF(B560=\"COMPOSIÇÃO\",IFERROR(INDEX(COMPOSIÇÃO!$D:$D,MATCH($C560,COMPOSIÇÃO!$A:$A,0)),\"\"),\"\"))","v":"UN"},2,{"$f":"IF(B560=\"SINAPI\",IFERROR(INDEX(SINAPI!$D:$D,MATCH($C560,SINAPI!$A:$A,0)),0),IF(B560=\"COMPOSIÇÃO\",IFERROR(INDEX(COMPOSIÇÃO!$G:$G,MATCH($C560,COMPOSIÇÃO!$A:$A,0)),0),0))","v":12.36},14.886947910033065,29.77]
["13.2.2.9","SINAPI",89744,{"$f":"IF(B561=\"SINAPI\",IFERROR(INDEX(SINAPI!$B:$B,MATCH($C561,SINAPI!$A:$A,0)),\"\"),IF(B561=\"COMPOSIÇÃO\",IFERROR(INDEX(COMPOSIÇÃO!$C:$C,MATCH($C561,COMPOSIÇÃO!$A:$A,0)),\"\"),\"\"))","v":"JOELHO 90 GRAUS, PVC, SERIE NORMAL, ESGOTO PREDIAL, DN 100 MM, JUNTA ELÁSTICA, FORNECIDO E INSTALADO EM RAMAL DE DESCARGA OU RAMAL DE ESGOTO SANITÁRIO. AF_12/2014"},{"$f":"IF(B561=\"SINAPI\",IFERROR(INDEX(SINAPI!$C:$C,MATCH($C561,SINAPI!$A:$A,0)),\"\"),IF(B561=\"COMPOSIÇÃO\",IFERROR(INDEX(COMPOSIÇÃO!$D:$D,MATCH($C561,COMPOSIÇÃO!$A:$A,0)),\"\"),\"\"))","v":"UN"},11,{"$f":"IF(B561=\"SINAPI\",IFERROR(INDEX(SINAPI!$D:$D,MATCH($C561,SINAPI!$A:$A,0)),0),IF(B561=\"COMPOSIÇÃO\",IFERROR(INDEX(COMPOSIÇÃO!$G:$G,MATCH($C561,COMPOSIÇÃO!$A:$A,0)),0),0))","v":23.93},28.822383777272758,317.05]
["13.2.2.10","SINAPI",89737,{"$f":"IF(B562=\"SINAPI\",IFERROR(INDEX(SINAPI!$B:$B,MATCH($C562,SINAPI!$A:$A,0)),\"\"),IF(B562=\"COMPOSIÇÃO\",IFERROR(INDEX(COMPOSIÇÃO!$C:$C,MATCH($C562,COMPOSIÇÃO!$A:$A,0)),\"\"),\"\"))","v":"JOELHO 90 GRAUS, PVC, SERIE NORMAL, ESGOTO PREDIAL, DN 75 MM, JUNTA ELÁSTICA, FORNECIDO E INSTALADO EM RAMAL DE DESCARGA OU RAMAL DE ESGOTO SANITÁRIO. AF_12/2014"},{"$f":"IF(B562=\"SINAPI\",IFERROR(INDEX(SINAPI!$C:$C,MATCH($C562,SINAPI!$A:$A,0)),\"\"),IF(B562=\"COMPOSIÇÃO\",IFERROR(INDEX(COMPOSIÇÃO!$D:$D,MATCH($C562,COMPOSIÇÃO!$A:$A,0)),\"\"),\"\"))","v":"UN"},1,{"$f":"IF(B562=\"SINAPI\",IFERROR(INDEX(SINAPI!$D:$D,MATCH($C562,SINAPI!$A:$A,0)),0),IF(B562=\"COMPOSIÇÃO\",IFERROR(INDEX(COMPOSIÇÃO!$G:$G,MATCH($C562,COMPOSIÇÃO!$A:$A,0)),0),0))","v":18.46},22.234066215146473,22.23]
["13.2.2.11","SINAPI",89731,{"$f":"IF(B563=\"SINAPI\",IFERROR(INDEX(SINAPI!$B:$B,MATCH($C563,SINAPI!$A:$A,0)),\"\"),IF(B563=\"COMPOSIÇÃO\",IFERROR(INDEX(COMPOSIÇÃO!$C:$C,MATCH($C563,COMPOSIÇÃO!$A:$A,0)),\"\"),\"\"))","v":"JOELHO 90 GRAUS, PVC, SERIE NORMAL, ESGOTO PREDIAL, DN 50 MM, JUNTA ELÁSTICA, FORNECIDO E INSTALADO EM RAMAL DE DESCARGA OU RAMAL DE ESGOTO SANITÁRIO. AF_12/2014"},{"$f":"IF(B563=\"SINAPI\",IFERROR(INDEX(SINAPI!$C:$C,MATCH($C563,SINAPI!$A:$A,0)),\"\"),IF(B563=\"COMPOSIÇÃO\",IFERROR(INDEX(COMPOSIÇÃO!$D:$D,MATCH($C563,COMPOSIÇÃO!$A:$A,0)),\"\"),\"\"))","v":"UN"},10,{"$f":"IF(B563=\"SINAPI\",IFERROR(INDEX(SINAPI!$D:$D,MATCH($C563,SINAPI!$A:$A,0)),0),IF(B563=\"COMPOSIÇÃO\",IFERROR(INDEX(COMPOSIÇÃO!$G:$G,MATCH($C563,COMPOSIÇÃO!$A:$A,0)),0),0))","v":10.74},12.935745999494753,129.36000000000001]
["13.2.2.12","SINAPI",89724,{"$f":"IF(B564=\"SINAPI\",IFERROR(INDEX(SINAPI!$B:$B,MATCH($C564,SINAPI!$A:$A,0)),\"\"),IF(B564=\"COMPOSIÇÃO\",IFERROR(INDEX(COMPOSIÇÃO!$C:$C,MATCH($C564,COMPOSIÇÃO!$A:$A,0)),\"\"),\"\"))","v":"JOELHO 90 GRAUS, PVC, SERIE NORMAL, ESGOTO PREDIAL, DN 40 MM, JUNTA SOLDÁVEL, FORNECIDO E INSTALADO EM RAMAL DE DESCARGA OU RAMAL DE ESGOTO SANITÁRIO. AF_12/2014"},{"$f":"IF(B564=\"SINAPI\",IFERROR(INDEX(SINAPI!$C:$C,MATCH($C564,SINAPI!$A:$A,0)),\"\"),IF(B564=\"COMPOSIÇÃO\",IFERROR(INDEX(COMPOSIÇÃO!$D:$D,MATCH($C564,COMPOSIÇÃO!$A:$A,0)),\"\"),\"\"))","v":"UN"},40,{"$f":"IF(B564=\"SINAPI\",IFERROR(INDEX(SINAPI!$D:$D,MATCH($C564,SINAPI!$A:$A,0)),0),IF(B564=\"COMPOSIÇÃO\",IFERROR(INDEX(COMPOSIÇÃO!$G:$G,MATCH($C564,COMPOSIÇÃO!$A:$A,0)),0),0))","v":9.08},10.936366264004874,437.45]
["13.2.2.13","SINAPI",89500,{"$f":"IF(B565=\"SINAPI\",IFERROR(INDEX(SINAPI!$B:$B,MATCH($C565,SINAPI!$A:$A,0)),\"\"),IF(B565=\"COMPOSIÇÃO\",IFERROR(INDEX(COMPOSIÇÃO!$C:$C,MATCH($C565,COMPOSIÇÃO!$A:$A,0)),\"\"),\"\"))","v":"CURVA 45 GRAUS, PVC, SOLDÁVEL, DN 40MM, INSTALADO EM PRUMADA DE ÁGUA - FORNECIMENTO E INSTALAÇÃO. AF_12/2014"},{"$f":"IF(B565=\"SINAPI\",IFERROR(INDEX(SINAPI!$C:$C,MATCH($C565,SINAPI!$A:$A,0)),\"\"),IF(B565=\"COMPOSIÇÃO\",IFERROR(INDEX(COMPOSIÇÃO!$D:$D,MATCH($C565,COMPOSIÇÃO!$A:$A,0)),\"\"),\"\"))","v":"UN"},16,{"$f":"IF(B565=\"SINAPI\",IFERROR(INDEX(SINAPI!$D:$D,MATCH($C565,SINAPI!$A:$A,0)),0),IF(B565=\"COMPOSIÇÃO\",IFERROR(INDEX(COMPOSIÇÃO!$G:$G,MATCH($C565,COMPOSIÇÃO!$A:$A,0)),0),0))","v":11.88},14.308814010614308,228.94]
["13.2.2.14","SINAPI",89784,{"$f":"IF(B566=\"SINAPI\",IFERROR(INDEX(SINAPI!$B:$B,MATCH($C566,SINAPI!$A:$A,0)),\"\"),IF(B566=\"COMPOSIÇÃO\",IFERROR(INDEX(COMPOSIÇÃO!$C:$C,MATCH($C566,COMPOSIÇÃO!$A:$A,0)),\"\"),\"\"))","v":"TE, PVC, SERIE NORMAL, ESGOTO PREDIAL, DN 50 X 50 MM, JUNTA ELÁSTICA, FORNECIDO E INSTALADO EM RAMAL DE DESCARGA OU RAMAL DE ESGOTO SANITÁRIO. AF_12/2014"},{"$f":"IF(B566=\"SINAPI\",IFERROR(INDEX(SINAPI!$C:$C,MATCH($C566,SINAPI!$A:$A,0)),\"\"),IF(B566=\"COMPOSIÇÃO\",IFERROR(INDEX(COMPOSIÇÃO!$D:$D,MATCH($C566,COMPOSIÇÃO!$A:$A,0)),\"\"),\"\"))","v":"UN"},30,{"$f":"IF(B566=\"SINAPI\",IFERROR(INDEX(SINAPI!$D:$D,MATCH($C566,SINAPI!$A:$A,0)),0),IF(B566=\"COMPOSIÇÃO\",IFERROR(INDEX(COMPOSIÇÃO!$G:$G,MATCH($C566,COMPOSIÇÃO!$A:$A,0)),0),0))","v":20.43},24.606824094010967,738.2]
["13.2.2.15","SINAPI",89557,{"$f":"IF(B567=\"SINAPI\",IFERROR(INDEX(SINAPI!$B:$B,MATCH($C567,SINAPI!$A:$A,0)),\"\"),IF(B567=\"COMPOSIÇÃO\",IFERROR(INDEX(COMPOSIÇÃO!$C:$C,MATCH($C567,COMPOSIÇÃO!$A:$A,0)),\"\"),\"\"))","v":"REDUÇÃO EXCÊNTRICA, PVC, SERIE R, ÁGUA PLUVIAL, DN 100 X 75 MM, JUNTA ELÁSTICA, FORNECIDO E INSTALADO EM RAMAL DE ENCAMINHAMENTO. AF_12/2014"},{"$f":"IF(B567=\"SINAPI\",IFERROR(INDEX(SINAPI!$C:$C,MATCH($C567,SINAPI!$A:$A,0)),\"\"),IF(B567=\"COMPOSIÇÃO\",IFERROR(INDEX(COMPOSIÇÃO!$D:$D,MATCH($C567,COMPOSIÇÃO!$A:$A,0)),\"\"),\"\"))","v":"UN"},11,{"$f":"IF(B567=\"SINAPI\",IFERROR(INDEX(SINAPI!$D:$D,MATCH($C567,SINAPI!$A:$A,0)),0),IF(B567=\"COMPOSIÇÃO\",IFERROR(INDEX(COMPOSIÇÃO!$G:$G,MATCH($C567,COMPOSIÇÃO!$A:$A,0)),0),0))","v":28.71},34.579633858984572,380.38]
["13.2.2.16","SINAPI",89549,{"$f":"IF(B568=\"SINAPI\",IFERROR(INDEX(SINAPI!$B:$B,MATCH($C568,SINAPI!$A:$A,0)),\"\"),IF(B568=\"COMPOSIÇÃO\",IFERROR(INDEX(COMPOSIÇÃO!$C:$C,MATCH($C568,COMPOSIÇÃO!$A:$A,0)),\"\"),\"\"))","v":"REDUÇÃO EXCÊNTRICA, PVC, SERIE R, ÁGUA PLUVIAL, DN 75 X 50 MM, JUNTA ELÁSTICA, FORNECIDO E INSTALADO EM RAMAL DE ENCAMINHAMENTO. AF_12/2014"},{"$f":"IF(B568=\"SINAPI\",IFERROR(INDEX(SINAPI!$C:$C,MATCH($C568,SINAPI!$A:$A,0)),\"\"),IF(B568=\"COMPOSIÇÃO\",IFERROR(INDEX(COMPOSIÇÃO!$D:$D,MATCH($C568,COMPOSIÇÃO!$A:$A,0)),\"\"),\"\"))","v":"UN"},2,{"$f":"IF(B568=\"SINAPI\",IFERROR(INDEX(SINAPI!$D:$D,MATCH($C568,SINAPI!$A:$A,0)),0),IF(B568=\"COMPOSIÇÃO\",IFERROR(INDEX(COMPOSIÇÃO!$G:$G,MATCH($C568,COMPOSIÇÃO!$A:$A,0)),0),0))","v":15.93},19.186818786960092,38.369999999999997]
["13.2.2.17","SINAPI",89786,{"$f":"IF(B569=\"SINAPI\",IFERROR(INDEX(SINAPI!$B:$B,MATCH($C569,SINAPI!$A:$A,0)),\"\"),IF(B569=\"COMPOSIÇÃO\",IFERROR(INDEX(COMPOSIÇÃO!$C:$C,MATCH($C569,COMPOSIÇÃO!$A:$A,0)),\"\"),\"\"))","v":"TE, PVC, SERIE NORMAL, ESGOTO PREDIAL, DN 75 X 75 MM, JUNTA ELÁSTICA, FORNECIDO E INSTALADO EM RAMAL DE DESCARGA OU RAMAL DE ESGOTO SANITÁRIO. AF_12/2014"},{"$f":"IF(B569=\"SINAPI\",IFERROR(INDEX(SINAPI!$C:$C,MATCH($C569,SINAPI!$A:$A,0)),\"\"),IF(B569=\"COMPOSIÇÃO\",IFERROR(INDEX(COMPOSIÇÃO!$D:$D,MATCH($C569,COMPOSIÇÃO!$A:$A,0)),\"\"),\"\"))","v":"UN"},1,{"$f":"IF(B569=\"SINAPI\",IFERROR(INDEX(SINAPI!$D:$D,MATCH($C569,SINAPI!$A:$A,0)),0),IF(B569=\"COMPOSIÇÃO\",IFERROR(INDEX(COMPOSIÇÃO!$G:$G,MATCH($C569,COMPOSIÇÃO!$A:$A,0)),0),0))","v":33.49},40.336883940696396,40.340000000000003]
["13.2.2.18","SINAPI",89796,{"$f":"IF(B570=\"SINAPI\",IFERROR(INDEX(SINAPI!$B:$B,MATCH($C570,SINAPI!$A:$A,0)),\"\"),IF(B570=\"COMPOSIÇÃO\",IFERROR(INDEX(COMPOSIÇÃO!$C:$C,MATCH($C570,COMPOSIÇÃO!$A:$A,0)),\"\"),\"\"))","v":"TE, PVC, SERIE NORMAL, ESGOTO PREDIAL, DN 100 X 100 MM, JUNTA ELÁSTICA, FORNECIDO E INSTALADO EM RAMAL DE DESCARGA OU RAMAL DE ESGOTO SANITÁRIO. AF_12/2014"},{"$f":"IF(B570=\"SINAPI\",IFERROR(INDEX(SINAPI!$C:$C,MATCH($C570,SINAPI!$A:$A,0)),\"\"),IF(B570=\"COMPOSIÇÃO\",IFERROR(INDEX(COMPOSIÇÃO!$D:$D,MATCH($C570,COMPOSIÇÃO!$A:$A,0)),\"\"),\"\"))","v":"UN"},1,{"$f":"IF(B570=\"SINAPI\",IFERROR(INDEX(SINAPI!$D:$D,MATCH($C570,SINAPI!$A:$A,0)),0),IF(B570=\"COMPOSIÇÃO\",IFERROR(INDEX(COMPOSIÇÃO!$G:$G,MATCH($C570,COMPOSIÇÃO!$A:$A,0)),0),0))","v":41.24},49.671337525061787,49.67]
["13.2.2.19","SINAPI",89797,{"$f":"IF(B571=\"SINAPI\",IFERROR(INDEX(SINAPI!$B:$B,MATCH($C571,SINAPI!$A:$A,0)),\"\"),IF(B571=\"COMPOSIÇÃO\",IFERROR(INDEX(COMPOSIÇÃO!$C:$C,MATCH($C571,COMPOSIÇÃO!$A:$A,0)),\"\"),\"\"))","v":"JUNÇÃO SIMPLES, PVC, SERIE NORMAL, ESGOTO PREDIAL, DN 100 X 100 MM, JUNTA ELÁSTICA, FORNECIDO E INSTALADO EM RAMAL DE DESCARGA OU RAMAL DE ESGOTO SANITÁRIO. AF_12/2014"},{"$f":"IF(B571=\"SINAPI\",IFERROR(INDEX(SINAPI!$C:$C,MATCH($C571,SINAPI!$A:$A,0)),\"\"),IF(B571=\"COMPOSIÇÃO\",IFERROR(INDEX(COMPOSIÇÃO!$D:$D,MATCH($C571,COMPOSIÇÃO!$A:$A,0)),\"\"),\"\"))","v":"UN"},1,{"$f":"IF(B571=\"SINAPI\",IFERROR(INDEX(SINAPI!$D:$D,MATCH($C571,SINAPI!$A:$A,0)),0),IF(B571=\"COMPOSIÇÃO\",IFERROR(INDEX(COMPOSIÇÃO!$G:$G,MATCH($C571,COMPOSIÇÃO!$A:$A,0)),0),0))","v":46.98},56.584855405611115,56.58]
["13.2.2.20","COMPOSIÇÃO","COMP-9252 ",{"$f":"IF(B572=\"SINAPI\",IFERROR(INDEX(SINAPI!$B:$B,MATCH($C572,SINAPI!$A:$A,0)),\"\"),IF(B572=\"COMPOSIÇÃO\",IFERROR(INDEX(COMPOSIÇÃO!$C:$C,MATCH($C572,COMPOSIÇÃO!$A:$A,0)),\"\"),\"\"))","v":"VÁLVULA DE ADMISSÃO SÉRIE R D= 40MM "},{"$f":"IF(B572=\"SINAPI\",IFERROR(INDEX(SINAPI!$C:$C,MATCH($C572,SINAPI!$A:$A,0)),\"\"),IF(B572=\"COMPOSIÇÃO\",IFERROR(INDEX(COMPOSIÇÃO!$D:$D,MATCH($C572,COMPOSIÇÃO!$A:$A,0)),\"\"),\"\"))","v":"UN"},1,{"$f":"IF(B572=\"SINAPI\",IFERROR(INDEX(SINAPI!$D:$D,MATCH($C572,SINAPI!$A:$A,0)),0),IF(B572=\"COMPOSIÇÃO\",IFERROR(INDEX(COMPOSIÇÃO!$G:$G,MATCH($C572,COMPOSIÇÃO!$A:$A,0)),0),0))","v":254.77500000000001},306.86263380086365,306.86]
["13.2.2.21","COMPOSIÇÃO","COMP-0252 ",{"$f":"IF(B573=\"SINAPI\",IFERROR(INDEX(SINAPI!$B:$B,MATCH($C573,SINAPI!$A:$A,0)),\"\"),IF(B573=\"COMPOSIÇÃO\",IFERROR(INDEX(COMPOSIÇÃO!$C:$C,MATCH($C573,COMPOSIÇÃO!$A:$A,0)),\"\"),\"\"))","v":"VÁLVULA DE ADMISSÃO SÉRIE R D= 50MM "},{"$f":"IF(B573=\"SINAPI\",IFERROR(INDEX(SINAPI!$C:$C,MATCH($C573,SINAPI!$A:$A,0)),\"\"),IF(B573=\"COMPOSIÇÃO\",IFERROR(INDEX(COMPOSIÇÃO!$D:$D,MATCH($C573,COMPOSIÇÃO!$A:$A,0)),\"\"),\"\"))","v":"UN"},1,{"$f":"IF(B573=\"SINAPI\",IFERROR(INDEX(SINAPI!$D:$D,MATCH($C573,SINAPI!$A:$A,0)),0),IF(B573=\"COMPOSIÇÃO\",IFERROR(INDEX(COMPOSIÇÃO!$G:$G,MATCH($C573,COMPOSIÇÃO!$A:$A,0)),0),0))","v":341.65500000000003},411.50486959565922,411.5]
["13.2.2.22","COMPOSIÇÃO","COMP-5461 ",{"$f":"IF(B574=\"SINAPI\",IFERROR(INDEX(SINAPI!$B:$B,MATCH($C574,SINAPI!$A:$A,0)),\"\"),IF(B574=\"COMPOSIÇÃO\",IFERROR(INDEX(COMPOSIÇÃO!$C:$C,MATCH($C574,COMPOSIÇÃO!$A:$A,0)),\"\"),\"\"))","v":"TERMINAL DE VENTILAÇÃO PVC 50mm "},{"$f":"IF(B574=\"SINAPI\",IFERROR(INDEX(SINAPI!$C:$C,MATCH($C574,SINAPI!$A:$A,0)),\"\"),IF(B574=\"COMPOSIÇÃO\",IFERROR(INDEX(COMPOSIÇÃO!$D:$D,MATCH($C574,COMPOSIÇÃO!$A:$A,0)),\"\"),\"\"))","v":"UN"},10,{"$f":"IF(B574=\"SINAPI\",IFERROR(INDEX(SINAPI!$D:$D,MATCH($C574,SINAPI!$A:$A,0)),0),IF(B574=\"COMPOSIÇÃO\",IFERROR(INDEX(COMPOSIÇÃO!$G:$G,MATCH($C574,COMPOSIÇÃO!$A:$A,0)),0),0))","v":32.875430000000001},39.59666779368434,395.97]
["13.2.2.23","COMPOSIÇÃO","COMP-1753 ",{"$f":"IF(B575=\"SINAPI\",IFERROR(INDEX(SINAPI!$B:$B,MATCH($C575,SINAPI!$A:$A,0)),\"\"),IF(B575=\"COMPOSIÇÃO\",IFERROR(INDEX(COMPOSIÇÃO!$C:$C,MATCH($C575,COMPOSIÇÃO!$A:$A,0)),\"\"),\"\"))","v":"TERMINAL DE VENTILAÇÃO PVC 75mm "},{"$f":"IF(B575=\"SINAPI\",IFERROR(INDEX(SINAPI!$C:$C,MATCH($C575,SINAPI!$A:$A,0)),\"\"),IF(B575=\"COMPOSIÇÃO\",IFERROR(INDEX(COMPOSIÇÃO!$D:$D,MATCH($C575,COMPOSIÇÃO!$A:$A,0)),\"\"),\"\"))","v":"UN"},4,{"$f":"IF(B575=\"SINAPI\",IFERROR(INDEX(SINAPI!$D:$D,MATCH($C575,SINAPI!$A:$A,0)),0),IF(B575=\"COMPOSIÇÃO\",IFERROR(INDEX(COMPOSIÇÃO!$G:$G,MATCH($C575,COMPOSIÇÃO!$A:$A,0)),0),0))","v":37.475430000000003},45.137117663114118,180.55]
["13.2.3",null,null,"Caixas e Ralos\t\t\t\t\t",null,null,null,null,{"$f":"SUM(I577:I584)","v":25643.949999999997}]
["13.2.3.1","COMPOSIÇÃO","COMP-0047 ",{"$f":"IF(B577=\"SINAPI\",IFERROR(INDEX(SINAPI!$B:$B,MATCH($C577,SINAPI!$A:$A,0)),\"\"),IF(B577=\"COMPOSIÇÃO\",IFERROR(INDEX(COMPOSIÇÃO!$C:$C,MATCH($C577,COMPOSIÇÃO!$A:$A,0)),\"\"),\"\"))","v":"CAIXA EM ALVENARIA DE TIJOLO MACIÇO 80X80X60CM, REVESTIDA INTERNAMENTO COM BARRA LISA (CIMENTO E AREIA, TRAÇO 1:4) E=2,0CM, COM TAMPA PRÉ-MOLDADA DE CONCRETO E FUNDO DE CONCRETO 15MPA TIPO C - ESCAVAÇÃO E CONFECÇÃO "},{"$f":"IF(B577=\"SINAPI\",IFERROR(INDEX(SINAPI!$C:$C,MATCH($C577,SINAPI!$A:$A,0)),\"\"),IF(B577=\"COMPOSIÇÃO\",IFERROR(INDEX(COMPOSIÇÃO!$D:$D,MATCH($C577,COMPOSIÇÃO!$A:$A,0)),\"\"),\"\"))","v":"UN"},1,{"$f":"IF(B577=\"SINAPI\",IFERROR(INDEX(SINAPI!$D:$D,MATCH($C577,SINAPI!$A:$A,0)),0),IF(B577=\"COMPOSIÇÃO\",IFERROR(INDEX(COMPOSIÇÃO!$G:$G,MATCH($C577,COMPOSIÇÃO!$A:$A,0)),0),0))","v":501.04813999999999},{"$f":"G577*(1+$I$10)","v":603.48523953065978},{"$f":"ROUND(F577*H577,2)","v":603.49}]
["13.2.3.2","COMPOSIÇÃO","COMP-3355 ",{"$f":"IF(B578=\"SINAPI\",IFERROR(INDEX(SINAPI!$B:$B,MATCH($C578,SINAPI!$A:$A,0)),\"\"),IF(B578=\"COMPOSIÇÃO\",IFERROR(INDEX(COMPOSIÇÃO!$C:$C,MATCH($C578,COMPOSIÇÃO!$A:$A,0)),\"\"),\"\"))","v":"CAIXA SIFONADA EM ALVENARIA 80X80X60CM, TAMPA DE CONCRETO E FUNDO "},{"$f":"IF(B578=\"SINAPI\",IFERROR(INDEX(SINAPI!$C:$C,MATCH($C578,SINAPI!$A:$A,0)),\"\"),IF(B578=\"COMPOSIÇÃO\",IFERROR(INDEX(COMPOSIÇÃO!$D:$D,MATCH($C578,COMPOSIÇÃO!$A:$A,0)),\"\"),\"\"))","v":"un"},2,{"$f":"IF(B578=\"SINAPI\",IFERROR(INDEX(SINAPI!$D:$D,MATCH($C578,SINAPI!$A:$A,0)),0),IF(B578=\"COMPOSIÇÃO\",IFERROR(INDEX(COMPOSIÇÃO!$G:$G,MATCH($C578,COMPOSIÇÃO!$A:$A,0)),0),0))","v":383.04701999999997},461.35930694444932,922.72]
["13.2.3.3","SINAPI",97907,{"$f":"IF(B579=\"SINAPI\",IFERROR(INDEX(SINAPI!$B:$B,MATCH($C579,SINAPI!$A:$A,0)),\"\"),IF(B579=\"COMPOSIÇÃO\",IFERROR(INDEX(COMPOSIÇÃO!$C:$C,MATCH($C579,COMPOSIÇÃO!$A:$A,0)),\"\"),\"\"))","v":"CAIXA ENTERRADA HIDRÁULICA RETANGULAR, EM ALVENARIA COM BLOCOS DE CONCRETO, DIMENSÕES INTERNAS: 0,8X0,8X0,6 M PARA REDE DE ESGOTO. AF_12/2020"},{"$f":"IF(B579=\"SINAPI\",IFERROR(INDEX(SINAPI!$C:$C,MATCH($C579,SINAPI!$A:$A,0)),\"\"),IF(B579=\"COMPOSIÇÃO\",IFERROR(INDEX(COMPOSIÇÃO!$D:$D,MATCH($C579,COMPOSIÇÃO!$A:$A,0)),\"\"),\"\"))","v":"UN"},15,{"$f":"IF(B579=\"SINAPI\",IFERROR(INDEX(SINAPI!$D:$D,MATCH($C579,SINAPI!$A:$A,0)),0),IF(B579=\"COMPOSIÇÃO\",IFERROR(INDEX(COMPOSIÇÃO!$G:$G,MATCH($C579,COMPOSIÇÃO!$A:$A,0)),0),0))","v":522.07000000000005},628.80492681156659,9432.07]
["13.2.3.4","COMPOSIÇÃO","IFMT 232.08.2020",{"$f":"IF(B580=\"SINAPI\",IFERROR(INDEX(SINAPI!$B:$B,MATCH($C580,SINAPI!$A:$A,0)),\"\"),IF(B580=\"COMPOSIÇÃO\",IFERROR(INDEX(COMPOSIÇÃO!$C:$C,MATCH($C580,COMPOSIÇÃO!$A:$A,0)),\"\"),\"\"))","v":"IMPERMEABILIZACAO DE ESTRUTURAS ENTERRADAS, COM TINTA ASFALTICA, DUAS DEMAOS."},{"$f":"IF(B580=\"SINAPI\",IFERROR(INDEX(SINAPI!$C:$C,MATCH($C580,SINAPI!$A:$A,0)),\"\"),IF(B580=\"COMPOSIÇÃO\",IFERROR(INDEX(COMPOSIÇÃO!$D:$D,MATCH($C580,COMPOSIÇÃO!$A:$A,0)),\"\"),\"\"))","v":"M2"},45,{"$f":"IF(B580=\"SINAPI\",IFERROR(INDEX(SINAPI!$D:$D,MATCH($C580,SINAPI!$A:$A,0)),0),IF(B580=\"COMPOSIÇÃO\",IFERROR(INDEX(COMPOSIÇÃO!$G:$G,MATCH($C580,COMPOSIÇÃO!$A:$A,0)),0),0))","v":14.46},17.41628371999014,783.73]
["13.2.3.5","COMPOSIÇÃO","COMP-7053",{"$f":"IF(B581=\"SINAPI\",IFERROR(INDEX(SINAPI!$B:$B,MATCH($C581,SINAPI!$A:$A,0)),\"\"),IF(B581=\"COMPOSIÇÃO\",IFERROR(INDEX(COMPOSIÇÃO!$C:$C,MATCH($C581,COMPOSIÇÃO!$A:$A,0)),\"\"),\"\"))","v":"CALHA/CANALETA DE CONCRETO SIMPLES, TIPO MEIA CANA, D = 50 CM, PARA AGUA PLUVIAL"},{"$f":"IF(B581=\"SINAPI\",IFERROR(INDEX(SINAPI!$C:$C,MATCH($C581,SINAPI!$A:$A,0)),\"\"),IF(B581=\"COMPOSIÇÃO\",IFERROR(INDEX(COMPOSIÇÃO!$D:$D,MATCH($C581,COMPOSIÇÃO!$A:$A,0)),\"\"),\"\"))","v":"M"},15,{"$f":"IF(B581=\"SINAPI\",IFERROR(INDEX(SINAPI!$D:$D,MATCH($C581,SINAPI!$A:$A,0)),0),IF(B581=\"COMPOSIÇÃO\",IFERROR(INDEX(COMPOSIÇÃO!$G:$G,MATCH($C581,COMPOSIÇÃO!$A:$A,0)),0),0))","v":739.55666388079999},890.75578735528336,13361.34]
["13.2.3.6","COMPOSIÇÃO","COMP-4366 ",{"$f":"IF(B582=\"SINAPI\",IFERROR(INDEX(SINAPI!$B:$B,MATCH($C582,SINAPI!$A:$A,0)),\"\"),IF(B582=\"COMPOSIÇÃO\",IFERROR(INDEX(COMPOSIÇÃO!$C:$C,MATCH($C582,COMPOSIÇÃO!$A:$A,0)),\"\"),\"\"))","v":"RALO SIFONADO EM PVC D = 100 MM ALTURA REGULÁVEL, SAÍDA 50 MM, COM GRELHA REDONDA ACABAMENTO CROMADO "},{"$f":"IF(B582=\"SINAPI\",IFERROR(INDEX(SINAPI!$C:$C,MATCH($C582,SINAPI!$A:$A,0)),\"\"),IF(B582=\"COMPOSIÇÃO\",IFERROR(INDEX(COMPOSIÇÃO!$D:$D,MATCH($C582,COMPOSIÇÃO!$A:$A,0)),\"\"),\"\"))","v":"UN"},9,{"$f":"IF(B582=\"SINAPI\",IFERROR(INDEX(SINAPI!$D:$D,MATCH($C582,SINAPI!$A:$A,0)),0),IF(B582=\"COMPOSIÇÃO\",IFERROR(INDEX(COMPOSIÇÃO!$G:$G,MATCH($C582,COMPOSIÇÃO!$A:$A,0)),0),0))","v":32.269999999999996},38.867460279673708,349.81]
["13.2.3.7","COMPOSIÇÃO","COMP-3036 ",{"$f":"IF(B583=\"SINAPI\",IFERROR(INDEX(SINAPI!$B:$B,MATCH($C583,SINAPI!$A:$A,0)),\"\"),IF(B583=\"COMPOSIÇÃO\",IFERROR(INDEX(COMPOSIÇÃO!$C:$C,MATCH($C583,COMPOSIÇÃO!$A:$A,0)),\"\"),\"\"))","v":"RALO SIFONADO EM PVC D = 100 MM ALTURA REGULÁVEL, SAÍDA 40 MM, COM GRELHA REDONDA ACABAMENTO CROMADO "},{"$f":"IF(B583=\"SINAPI\",IFERROR(INDEX(SINAPI!$C:$C,MATCH($C583,SINAPI!$A:$A,0)),\"\"),IF(B583=\"COMPOSIÇÃO\",IFERROR(INDEX(COMPOSIÇÃO!$D:$D,MATCH($C583,COMPOSIÇÃO!$A:$A,0)),\"\"),\"\"))","v":"UN"},3,{"$f":"IF(B583=\"SINAPI\",IFERROR(INDEX(SINAPI!$D:$D,MATCH($C583,SINAPI!$A:$A,0)),0),IF(B583=\"COMPOSIÇÃO\",IFERROR(INDEX(COMPOSIÇÃO!$G:$G,MATCH($C583,COMPOSIÇÃO!$A:$A,0)),0),0))","v":32.269999999999996},38.867460279673708,116.6]
["13.2.3.8","SINAPI",89710,{"$f":"IF(B584=\"SINAPI\",IFERROR(INDEX(SINAPI!$B:$B,MATCH($C584,SINAPI!$A:$A,0)),\"\"),IF(B584=\"COMPOSIÇÃO\",IFERROR(INDEX(COMPOSIÇÃO!$C:$C,MATCH($C584,COMPOSIÇÃO!$A:$A,0)),\"\"),\"\"))","v":"RALO SECO, PVC, DN 100 X 40 MM, JUNTA SOLDÁVEL, FORNECIDO E INSTALADO EM RAMAL DE DESCARGA OU EM RAMAL DE ESGOTO SANITÁRIO. AF_12/2014"},{"$f":"IF(B584=\"SINAPI\",IFERROR(INDEX(SINAPI!$C:$C,MATCH($C584,SINAPI!$A:$A,0)),\"\"),IF(B584=\"COMPOSIÇÃO\",IFERROR(INDEX(COMPOSIÇÃO!$D:$D,MATCH($C584,COMPOSIÇÃO!$A:$A,0)),\"\"),\"\"))","v":"UN"},5,{"$f":"IF(B584=\"SINAPI\",IFERROR(INDEX(SINAPI!$D:$D,MATCH($C584,SINAPI!$A:$A,0)),0),IF(B584=\"COMPOSIÇÃO\",IFERROR(INDEX(COMPOSIÇÃO!$G:$G,MATCH($C584,COMPOSIÇÃO!$A:$A,0)),0),0))","v":12.32},14.838770085081503,74.19]
["13.2.4",null,null,"Sistema de Tratamento de Esgoto",{"$f":"IF(B585=\"SINAPI\",IFERROR(INDEX(SINAPI!$C:$C,MATCH($C585,SINAPI!$A:$A,0)),\"\"),IF(B585=\"COMPOSIÇÃO\",IFERROR(INDEX(COMPOSIÇÃO!$D:$D,MATCH($C585,COMPOSIÇÃO!$A:$A,0)),\"\"),\"\"))","v":""},null,null,null,{"$f":"SUM(I586:I608)","v":73318.829999999987}]
["13.2.4.1","SINAPI",101208,{"$f":"IF(B586=\"SINAPI\",IFERROR(INDEX(SINAPI!$B:$B,MATCH($C586,SINAPI!$A:$A,0)),\"\"),IF(B586=\"COMPOSIÇÃO\",IFERROR(INDEX(COMPOSIÇÃO!$C:$C,MATCH($C586,COMPOSIÇÃO!$A:$A,0)),\"\"),\"\"))","v":"ESCAVAÇÃO VERTICAL A CÉU ABERTO, EM OBRAS DE EDIFICAÇÃO, INCLUINDO CARGA, DESCARGA E TRANSPORTE, EM SOLO DE 1ª CATEGORIA COM ESCAVADEIRA HIDRÁULICA (CAÇAMBA: 1,2 M³ / 155 HP), FROTA DE 3 CAMINHÕES BASCULANTES DE 14 M³, DMT ATÉ 1 KM E VELOCIDADE MÉDIA 14KM/H. AF_05/2020"},{"$f":"IF(B586=\"SINAPI\",IFERROR(INDEX(SINAPI!$C:$C,MATCH($C586,SINAPI!$A:$A,0)),\"\"),IF(B586=\"COMPOSIÇÃO\",IFERROR(INDEX(COMPOSIÇÃO!$D:$D,MATCH($C586,COMPOSIÇÃO!$A:$A,0)),\"\"),\"\"))","v":"M3"},162.47999999999999,{"$f":"IF(B586=\"SINAPI\",IFERROR(INDEX(SINAPI!$D:$D,MATCH($C586,SINAPI!$A:$A,0)),0),IF(B586=\"COMPOSIÇÃO\",IFERROR(INDEX(COMPOSIÇÃO!$G:$G,MATCH($C586,COMPOSIÇÃO!$A:$A,0)),0),0))","v":7.81},{"$f":"G586*(1+$I$10)","v":9.4067203217927382},{"$f":"ROUND(F586*H586,2)","v":1528.4}]
["13.2.4.2","SINAPI",93371,{"$f":"IF(B587=\"SINAPI\",IFERROR(INDEX(SINAPI!$B:$B,MATCH($C587,SINAPI!$A:$A,0)),\"\"),IF(B587=\"COMPOSIÇÃO\",IFERROR(INDEX(COMPOSIÇÃO!$C:$C,MATCH($C587,COMPOSIÇÃO!$A:$A,0)),\"\"),\"\"))","v":"REATERRO MECANIZADO DE VALA COM ESCAVADEIRA HIDRÁULICA (CAPACIDADE DA CAÇAMBA: 0,8 M³ / POTÊNCIA: 111 HP), LARGURA DE 1,5 A 2,5 M, PROFUNDIDADE DE 3,0 A 4,5 M, COM SOLO (SEM SUBSTITUIÇÃO) DE 1ª CATEGORIA EM LOCAIS COM BAIXO NÍVEL DE INTERFERÊNCIA. AF_04/2016"},{"$f":"IF(B587=\"SINAPI\",IFERROR(INDEX(SINAPI!$C:$C,MATCH($C587,SINAPI!$A:$A,0)),\"\"),IF(B587=\"COMPOSIÇÃO\",IFERROR(INDEX(COMPOSIÇÃO!$D:$D,MATCH($C587,COMPOSIÇÃO!$A:$A,0)),\"\"),\"\"))","v":"M3"},18.84,{"$f":"IF(B587=\"SINAPI\",IFERROR(INDEX(SINAPI!$D:$D,MATCH($C587,SINAPI!$A:$A,0)),0),IF(B587=\"COMPOSIÇÃO\",IFERROR(INDEX(COMPOSIÇÃO!$G:$G,MATCH($C587,COMPOSIÇÃO!$A:$A,0)),0),0))","v":7.28},8.7683641411845255,165.2]
["13.2.4.3","SINAPI",96620,{"$f":"IF(B588=\"SINAPI\",IFERROR(INDEX(SINAPI!$B:$B,MATCH($C588,SINAPI!$A:$A,0)),\"\"),IF(B588=\"COMPOSIÇÃO\",IFERROR(INDEX(COMPOSIÇÃO!$C:$C,MATCH($C588,COMPOSIÇÃO!$A:$A,0)),\"\"),\"\"))","v":"LASTRO DE CONCRETO MAGRO, APLICADO EM PISOS, LAJES SOBRE SOLO OU RADIERS. AF_08/2017"},{"$f":"IF(B588=\"SINAPI\",IFERROR(INDEX(SINAPI!$C:$C,MATCH($C588,SINAPI!$A:$A,0)),\"\"),IF(B588=\"COMPOSIÇÃO\",IFERROR(INDEX(COMPOSIÇÃO!$D:$D,MATCH($C588,COMPOSIÇÃO!$A:$A,0)),\"\"),\"\"))","v":"M3"},1.26,{"$f":"IF(B588=\"SINAPI\",IFERROR(INDEX(SINAPI!$D:$D,MATCH($C588,SINAPI!$A:$A,0)),0),IF(B588=\"COMPOSIÇÃO\",IFERROR(INDEX(COMPOSIÇÃO!$G:$G,MATCH($C588,COMPOSIÇÃO!$A:$A,0)),0),0))","v":469.15},565.0656644006483,711.98]
["13.2.4.4","COMPOSIÇÃO","IFMT 219.07.2020",{"$f":"IF(B589=\"SINAPI\",IFERROR(INDEX(SINAPI!$B:$B,MATCH($C589,SINAPI!$A:$A,0)),\"\"),IF(B589=\"COMPOSIÇÃO\",IFERROR(INDEX(COMPOSIÇÃO!$C:$C,MATCH($C589,COMPOSIÇÃO!$A:$A,0)),\"\"),\"\"))","v":"LANCAMENTO/APLICACAO MANUAL DE CONCRETO EM FUNDACOES"},{"$f":"IF(B589=\"SINAPI\",IFERROR(INDEX(SINAPI!$C:$C,MATCH($C589,SINAPI!$A:$A,0)),\"\"),IF(B589=\"COMPOSIÇÃO\",IFERROR(INDEX(COMPOSIÇÃO!$D:$D,MATCH($C589,COMPOSIÇÃO!$A:$A,0)),\"\"),\"\"))","v":"M3"},19.61,{"$f":"IF(B589=\"SINAPI\",IFERROR(INDEX(SINAPI!$D:$D,MATCH($C589,SINAPI!$A:$A,0)),0),IF(B589=\"COMPOSIÇÃO\",IFERROR(INDEX(COMPOSIÇÃO!$G:$G,MATCH($C589,COMPOSIÇÃO!$A:$A,0)),0),0))","v":103.71599999999999},124.92028231690853,2449.69]
["13.2.4.5","SINAPI",92916,{"$f":"IF(B590=\"SINAPI\",IFERROR(INDEX(SINAPI!$B:$B,MATCH($C590,SINAPI!$A:$A,0)),\"\"),IF(B590=\"COMPOSIÇÃO\",IFERROR(INDEX(COMPOSIÇÃO!$C:$C,MATCH($C590,COMPOSIÇÃO!$A:$A,0)),\"\"),\"\"))","v":"ARMAÇÃO DE ESTRUTURAS DE CONCRETO ARMADO, EXCETO VIGAS, PILARES, LAJES E FUNDAÇÕES, UTILIZANDO AÇO CA-50 DE 6,3 MM - MONTAGEM. AF_12/2015"},{"$f":"IF(B590=\"SINAPI\",IFERROR(INDEX(SINAPI!$C:$C,MATCH($C590,SINAPI!$A:$A,0)),\"\"),IF(B590=\"COMPOSIÇÃO\",IFERROR(INDEX(COMPOSIÇÃO!$D:$D,MATCH($C590,COMPOSIÇÃO!$A:$A,0)),\"\"),\"\"))","v":"KG"},46.65,{"$f":"IF(B590=\"SINAPI\",IFERROR(INDEX(SINAPI!$D:$D,MATCH($C590,SINAPI!$A:$A,0)),0),IF(B590=\"COMPOSIÇÃO\",IFERROR(INDEX(COMPOSIÇÃO!$G:$G,MATCH($C590,COMPOSIÇÃO!$A:$A,0)),0),0))","v":19.29},23.233756082891411,1083.8499999999999]
["13.2.4.6","SINAPI",92917,{"$f":"IF(B591=\"SINAPI\",IFERROR(INDEX(SINAPI!$B:$B,MATCH($C591,SINAPI!$A:$A,0)),\"\"),IF(B591=\"COMPOSIÇÃO\",IFERROR(INDEX(COMPOSIÇÃO!$C:$C,MATCH($C591,COMPOSIÇÃO!$A:$A,0)),\"\"),\"\"))","v":"ARMAÇÃO DE ESTRUTURAS DE CONCRETO ARMADO, EXCETO VIGAS, PILARES, LAJES E FUNDAÇÕES, UTILIZANDO AÇO CA-50 DE 8,0 MM - MONTAGEM. AF_12/2015"},{"$f":"IF(B591=\"SINAPI\",IFERROR(INDEX(SINAPI!$C:$C,MATCH($C591,SINAPI!$A:$A,0)),\"\"),IF(B591=\"COMPOSIÇÃO\",IFERROR(INDEX(COMPOSIÇÃO!$D:$D,MATCH($C591,COMPOSIÇÃO!$A:$A,0)),\"\"),\"\"))","v":"KG"},1658.85,{"$f":"IF(B591=\"SINAPI\",IFERROR(INDEX(SINAPI!$D:$D,MATCH($C591,SINAPI!$A:$A,0)),0),IF(B591=\"COMPOSIÇÃO\",IFERROR(INDEX(COMPOSIÇÃO!$G:$G,MATCH($C591,COMPOSIÇÃO!$A:$A,0)),0),0))","v":18.72},22.547222077331632,37402.46]
["13.2.4.7","SINAPI",92919,{"$f":"IF(B592=\"SINAPI\",IFERROR(INDEX(SINAPI!$B:$B,MATCH($C592,SINAPI!$A:$A,0)),\"\"),IF(B592=\"COMPOSIÇÃO\",IFERROR(INDEX(COMPOSIÇÃO!$C:$C,MATCH($C592,COMPOSIÇÃO!$A:$A,0)),\"\"),\"\"))","v":"ARMAÇÃO DE ESTRUTURAS DE CONCRETO ARMADO, EXCETO VIGAS, PILARES, LAJES E FUNDAÇÕES, UTILIZANDO AÇO CA-50 DE 10,0 MM - MONTAGEM. AF_12/2015"},{"$f":"IF(B592=\"SINAPI\",IFERROR(INDEX(SINAPI!$C:$C,MATCH($C592,SINAPI!$A:$A,0)),\"\"),IF(B592=\"COMPOSIÇÃO\",IFERROR(INDEX(COMPOSIÇÃO!$D:$D,MATCH($C592,COMPOSIÇÃO!$A:$A,0)),\"\"),\"\"))","v":"KG"},21.08,{"$f":"IF(B592=\"SINAPI\",IFERROR(INDEX(SINAPI!$D:$D,MATCH($C592,SINAPI!$A:$A,0)),0),IF(B592=\"COMPOSIÇÃO\",IFERROR(INDEX(COMPOSIÇÃO!$G:$G,MATCH($C592,COMPOSIÇÃO!$A:$A,0)),0),0))","v":17.010000000000002},20.487620060652304,431.88]
["13.2.4.8","SINAPI",92518,{"$f":"IF(B593=\"SINAPI\",IFERROR(INDEX(SINAPI!$B:$B,MATCH($C593,SINAPI!$A:$A,0)),\"\"),IF(B593=\"COMPOSIÇÃO\",IFERROR(INDEX(COMPOSIÇÃO!$C:$C,MATCH($C593,COMPOSIÇÃO!$A:$A,0)),\"\"),\"\"))","v":"MONTAGEM E DESMONTAGEM DE FÔRMA DE LAJE MACIÇA, PÉ-DIREITO SIMPLES, EM CHAPA DE MADEIRA COMPENSADA RESINADA, 6 UTILIZAÇÕES. AF_09/2020"},{"$f":"IF(B593=\"SINAPI\",IFERROR(INDEX(SINAPI!$C:$C,MATCH($C593,SINAPI!$A:$A,0)),\"\"),IF(B593=\"COMPOSIÇÃO\",IFERROR(INDEX(COMPOSIÇÃO!$D:$D,MATCH($C593,COMPOSIÇÃO!$A:$A,0)),\"\"),\"\"))","v":"M2"},206.83,{"$f":"IF(B593=\"SINAPI\",IFERROR(INDEX(SINAPI!$D:$D,MATCH($C593,SINAPI!$A:$A,0)),0),IF(B593=\"COMPOSIÇÃO\",IFERROR(INDEX(COMPOSIÇÃO!$G:$G,MATCH($C593,COMPOSIÇÃO!$A:$A,0)),0),0))","v":26.31},31.688964361890772,6554.23]
["13.2.4.9","SINAPI",94965,{"$f":"IF(B594=\"SINAPI\",IFERROR(INDEX(SINAPI!$B:$B,MATCH($C594,SINAPI!$A:$A,0)),\"\"),IF(B594=\"COMPOSIÇÃO\",IFERROR(INDEX(COMPOSIÇÃO!$C:$C,MATCH($C594,COMPOSIÇÃO!$A:$A,0)),\"\"),\"\"))","v":"CONCRETO FCK = 25MPA, TRAÇO 1:2,3:2,7 (EM MASSA SECA DE CIMENTO/ AREIA MÉDIA/ BRITA 1) - PREPARO MECÂNICO COM BETONEIRA 400 L. AF_05/2021"},{"$f":"IF(B594=\"SINAPI\",IFERROR(INDEX(SINAPI!$C:$C,MATCH($C594,SINAPI!$A:$A,0)),\"\"),IF(B594=\"COMPOSIÇÃO\",IFERROR(INDEX(COMPOSIÇÃO!$D:$D,MATCH($C594,COMPOSIÇÃO!$A:$A,0)),\"\"),\"\"))","v":"M3"},18.350000000000001,{"$f":"IF(B594=\"SINAPI\",IFERROR(INDEX(SINAPI!$D:$D,MATCH($C594,SINAPI!$A:$A,0)),0),IF(B594=\"COMPOSIÇÃO\",IFERROR(INDEX(COMPOSIÇÃO!$G:$G,MATCH($C594,COMPOSIÇÃO!$A:$A,0)),0),0))","v":393.57},474.0336641546694,8698.52]
["13.2.4.10","SINAPI",91594,{"$f":"IF(B595=\"SINAPI\",IFERROR(INDEX(SINAPI!$B:$B,MATCH($C595,SINAPI!$A:$A,0)),\"\"),IF(B595=\"COMPOSIÇÃO\",IFERROR(INDEX(COMPOSIÇÃO!$C:$C,MATCH($C595,COMPOSIÇÃO!$A:$A,0)),\"\"),\"\"))","v":"ARMAÇÃO DO SISTEMA DE PAREDES DE CONCRETO, EXECUTADA EM PAREDES DE EDIFICAÇÕES TÉRREAS OU DE MÚLTIPLOS PAVIMENTOS, TELA Q-92. AF_06/2019"},{"$f":"IF(B595=\"SINAPI\",IFERROR(INDEX(SINAPI!$C:$C,MATCH($C595,SINAPI!$A:$A,0)),\"\"),IF(B595=\"COMPOSIÇÃO\",IFERROR(INDEX(COMPOSIÇÃO!$D:$D,MATCH($C595,COMPOSIÇÃO!$A:$A,0)),\"\"),\"\"))","v":"KG"},28.39,{"$f":"IF(B595=\"SINAPI\",IFERROR(INDEX(SINAPI!$D:$D,MATCH($C595,SINAPI!$A:$A,0)),0),IF(B595=\"COMPOSIÇÃO\",IFERROR(INDEX(COMPOSIÇÃO!$G:$G,MATCH($C595,COMPOSIÇÃO!$A:$A,0)),0),0))","v":16.850000000000001},20.294908760846052,576.16999999999996]
["13.2.4.11","COMPOSIÇÃO","COMP-6171",{"$f":"IF(B596=\"SINAPI\",IFERROR(INDEX(SINAPI!$B:$B,MATCH($C596,SINAPI!$A:$A,0)),\"\"),IF(B596=\"COMPOSIÇÃO\",IFERROR(INDEX(COMPOSIÇÃO!$C:$C,MATCH($C596,COMPOSIÇÃO!$A:$A,0)),\"\"),\"\"))","v":"TAMPA DE CONCRETO ARMADO 60X60X5CM PARA CAIXA"},{"$f":"IF(B596=\"SINAPI\",IFERROR(INDEX(SINAPI!$C:$C,MATCH($C596,SINAPI!$A:$A,0)),\"\"),IF(B596=\"COMPOSIÇÃO\",IFERROR(INDEX(COMPOSIÇÃO!$D:$D,MATCH($C596,COMPOSIÇÃO!$A:$A,0)),\"\"),\"\"))","v":"UN"},2,{"$f":"IF(B596=\"SINAPI\",IFERROR(INDEX(SINAPI!$D:$D,MATCH($C596,SINAPI!$A:$A,0)),0),IF(B596=\"COMPOSIÇÃO\",IFERROR(INDEX(COMPOSIÇÃO!$G:$G,MATCH($C596,COMPOSIÇÃO!$A:$A,0)),0),0))","v":38.643080000000012},46.543488595731453,93.09]
["13.2.4.12","SINAPI",89580,{"$f":"IF(B597=\"SINAPI\",IFERROR(INDEX(SINAPI!$B:$B,MATCH($C597,SINAPI!$A:$A,0)),\"\"),IF(B597=\"COMPOSIÇÃO\",IFERROR(INDEX(COMPOSIÇÃO!$C:$C,MATCH($C597,COMPOSIÇÃO!$A:$A,0)),\"\"),\"\"))","v":"TUBO PVC, SÉRIE R, ÁGUA PLUVIAL, DN 150 MM, FORNECIDO E INSTALADO EM CONDUTORES VERTICAIS DE ÁGUAS PLUVIAIS. AF_12/2014"},{"$f":"IF(B597=\"SINAPI\",IFERROR(INDEX(SINAPI!$C:$C,MATCH($C597,SINAPI!$A:$A,0)),\"\"),IF(B597=\"COMPOSIÇÃO\",IFERROR(INDEX(COMPOSIÇÃO!$D:$D,MATCH($C597,COMPOSIÇÃO!$A:$A,0)),\"\"),\"\"))","v":"M"},20.5,{"$f":"IF(B597=\"SINAPI\",IFERROR(INDEX(SINAPI!$D:$D,MATCH($C597,SINAPI!$A:$A,0)),0),IF(B597=\"COMPOSIÇÃO\",IFERROR(INDEX(COMPOSIÇÃO!$G:$G,MATCH($C597,COMPOSIÇÃO!$A:$A,0)),0),0))","v":84.89},102.24538900345526,2096.0300000000002]
["13.2.4.13","SINAPI",89512,{"$f":"IF(B598=\"SINAPI\",IFERROR(INDEX(SINAPI!$B:$B,MATCH($C598,SINAPI!$A:$A,0)),\"\"),IF(B598=\"COMPOSIÇÃO\",IFERROR(INDEX(COMPOSIÇÃO!$C:$C,MATCH($C598,COMPOSIÇÃO!$A:$A,0)),\"\"),\"\"))","v":"TUBO PVC, SÉRIE R, ÁGUA PLUVIAL, DN 100 MM, FORNECIDO E INSTALADO EM RAMAL DE ENCAMINHAMENTO. AF_12/2014"},{"$f":"IF(B598=\"SINAPI\",IFERROR(INDEX(SINAPI!$C:$C,MATCH($C598,SINAPI!$A:$A,0)),\"\"),IF(B598=\"COMPOSIÇÃO\",IFERROR(INDEX(COMPOSIÇÃO!$D:$D,MATCH($C598,COMPOSIÇÃO!$A:$A,0)),\"\"),\"\"))","v":"M"},3.5,{"$f":"IF(B598=\"SINAPI\",IFERROR(INDEX(SINAPI!$D:$D,MATCH($C598,SINAPI!$A:$A,0)),0),IF(B598=\"COMPOSIÇÃO\",IFERROR(INDEX(COMPOSIÇÃO!$G:$G,MATCH($C598,COMPOSIÇÃO!$A:$A,0)),0),0))","v":62.37},75.121273555725111,262.92]
["13.2.4.14","SINAPI",89529,{"$f":"IF(B599=\"SINAPI\",IFERROR(INDEX(SINAPI!$B:$B,MATCH($C599,SINAPI!$A:$A,0)),\"\"),IF(B599=\"COMPOSIÇÃO\",IFERROR(INDEX(COMPOSIÇÃO!$C:$C,MATCH($C599,COMPOSIÇÃO!$A:$A,0)),\"\"),\"\"))","v":"JOELHO 90 GRAUS, PVC, SERIE R, ÁGUA PLUVIAL, DN 100 MM, JUNTA ELÁSTICA, FORNECIDO E INSTALADO EM RAMAL DE ENCAMINHAMENTO. AF_12/2014"},{"$f":"IF(B599=\"SINAPI\",IFERROR(INDEX(SINAPI!$C:$C,MATCH($C599,SINAPI!$A:$A,0)),\"\"),IF(B599=\"COMPOSIÇÃO\",IFERROR(INDEX(COMPOSIÇÃO!$D:$D,MATCH($C599,COMPOSIÇÃO!$A:$A,0)),\"\"),\"\"))","v":"UN"},2,{"$f":"IF(B599=\"SINAPI\",IFERROR(INDEX(SINAPI!$D:$D,MATCH($C599,SINAPI!$A:$A,0)),0),IF(B599=\"COMPOSIÇÃO\",IFERROR(INDEX(COMPOSIÇÃO!$G:$G,MATCH($C599,COMPOSIÇÃO!$A:$A,0)),0),0))","v":43.19},52.020006491450495,104.04]
["13.2.4.15","SINAPI",89701,{"$f":"IF(B600=\"SINAPI\",IFERROR(INDEX(SINAPI!$B:$B,MATCH($C600,SINAPI!$A:$A,0)),\"\"),IF(B600=\"COMPOSIÇÃO\",IFERROR(INDEX(COMPOSIÇÃO!$C:$C,MATCH($C600,COMPOSIÇÃO!$A:$A,0)),\"\"),\"\"))","v":"TÊ, PVC, SERIE R, ÁGUA PLUVIAL, DN 150 X 150 MM, JUNTA ELÁSTICA, FORNECIDO E INSTALADO EM CONDUTORES VERTICAIS DE ÁGUAS PLUVIAIS. AF_12/2014"},{"$f":"IF(B600=\"SINAPI\",IFERROR(INDEX(SINAPI!$C:$C,MATCH($C600,SINAPI!$A:$A,0)),\"\"),IF(B600=\"COMPOSIÇÃO\",IFERROR(INDEX(COMPOSIÇÃO!$D:$D,MATCH($C600,COMPOSIÇÃO!$A:$A,0)),\"\"),\"\"))","v":"UN"},3,{"$f":"IF(B600=\"SINAPI\",IFERROR(INDEX(SINAPI!$D:$D,MATCH($C600,SINAPI!$A:$A,0)),0),IF(B600=\"COMPOSIÇÃO\",IFERROR(INDEX(COMPOSIÇÃO!$G:$G,MATCH($C600,COMPOSIÇÃO!$A:$A,0)),0),0))","v":185.71},223.67759679387063,671.03]
["13.2.4.16","SINAPI",89592,{"$f":"IF(B601=\"SINAPI\",IFERROR(INDEX(SINAPI!$B:$B,MATCH($C601,SINAPI!$A:$A,0)),\"\"),IF(B601=\"COMPOSIÇÃO\",IFERROR(INDEX(COMPOSIÇÃO!$C:$C,MATCH($C601,COMPOSIÇÃO!$A:$A,0)),\"\"),\"\"))","v":"CURVA 87 GRAUS E 30 MINUTOS, PVC, SERIE R, ÁGUA PLUVIAL, DN 150 MM, JUNTA ELÁSTICA, FORNECIDO E INSTALADO EM CONDUTORES VERTICAIS DE ÁGUAS PLUVIAIS. AF_12/2014"},{"$f":"IF(B601=\"SINAPI\",IFERROR(INDEX(SINAPI!$C:$C,MATCH($C601,SINAPI!$A:$A,0)),\"\"),IF(B601=\"COMPOSIÇÃO\",IFERROR(INDEX(COMPOSIÇÃO!$D:$D,MATCH($C601,COMPOSIÇÃO!$A:$A,0)),\"\"),\"\"))","v":"UN"},1,{"$f":"IF(B601=\"SINAPI\",IFERROR(INDEX(SINAPI!$D:$D,MATCH($C601,SINAPI!$A:$A,0)),0),IF(B601=\"COMPOSIÇÃO\",IFERROR(INDEX(COMPOSIÇÃO!$G:$G,MATCH($C601,COMPOSIÇÃO!$A:$A,0)),0),0))","v":180.34},217.20972379412325,217.21]
["13.2.4.17","COMPOSIÇÃO","COMP-951292",{"$f":"IF(B602=\"SINAPI\",IFERROR(INDEX(SINAPI!$B:$B,MATCH($C602,SINAPI!$A:$A,0)),\"\"),IF(B602=\"COMPOSIÇÃO\",IFERROR(INDEX(COMPOSIÇÃO!$C:$C,MATCH($C602,COMPOSIÇÃO!$A:$A,0)),\"\"),\"\"))","v":"BRAÇADEIRA TIPO D METÁLICA GALVANIZADA PARA TUBULAÇÃO DE 150 MM "},{"$f":"IF(B602=\"SINAPI\",IFERROR(INDEX(SINAPI!$C:$C,MATCH($C602,SINAPI!$A:$A,0)),\"\"),IF(B602=\"COMPOSIÇÃO\",IFERROR(INDEX(COMPOSIÇÃO!$D:$D,MATCH($C602,COMPOSIÇÃO!$A:$A,0)),\"\"),\"\"))","v":"UN"},1,{"$f":"IF(B602=\"SINAPI\",IFERROR(INDEX(SINAPI!$D:$D,MATCH($C602,SINAPI!$A:$A,0)),0),IF(B602=\"COMPOSIÇÃO\",IFERROR(INDEX(COMPOSIÇÃO!$G:$G,MATCH($C602,COMPOSIÇÃO!$A:$A,0)),0),0))","v":10.23},12.321478731362321,12.32]
["13.2.4.18","SINAPI",98546,{"$f":"IF(B603=\"SINAPI\",IFERROR(INDEX(SINAPI!$B:$B,MATCH($C603,SINAPI!$A:$A,0)),\"\"),IF(B603=\"COMPOSIÇÃO\",IFERROR(INDEX(COMPOSIÇÃO!$C:$C,MATCH($C603,COMPOSIÇÃO!$A:$A,0)),\"\"),\"\"))","v":"IMPERMEABILIZAÇÃO DE SUPERFÍCIE COM MANTA ASFÁLTICA, UMA CAMADA, INCLUSIVE APLICAÇÃO DE PRIMER ASFÁLTICO, E=3MM. AF_06/2018"},{"$f":"IF(B603=\"SINAPI\",IFERROR(INDEX(SINAPI!$C:$C,MATCH($C603,SINAPI!$A:$A,0)),\"\"),IF(B603=\"COMPOSIÇÃO\",IFERROR(INDEX(COMPOSIÇÃO!$D:$D,MATCH($C603,COMPOSIÇÃO!$A:$A,0)),\"\"),\"\"))","v":"M2"},16.66,{"$f":"IF(B603=\"SINAPI\",IFERROR(INDEX(SINAPI!$D:$D,MATCH($C603,SINAPI!$A:$A,0)),0),IF(B603=\"COMPOSIÇÃO\",IFERROR(INDEX(COMPOSIÇÃO!$G:$G,MATCH($C603,COMPOSIÇÃO!$A:$A,0)),0),0))","v":93.93},113.13357744250858,1884.81]
["13.2.4.19","SINAPI",98563,{"$f":"IF(B604=\"SINAPI\",IFERROR(INDEX(SINAPI!$B:$B,MATCH($C604,SINAPI!$A:$A,0)),\"\"),IF(B604=\"COMPOSIÇÃO\",IFERROR(INDEX(COMPOSIÇÃO!$C:$C,MATCH($C604,COMPOSIÇÃO!$A:$A,0)),\"\"),\"\"))","v":"PROTEÇÃO MECÂNICA DE SUPERFÍCIE HORIZONTAL COM ARGAMASSA DE CIMENTO E AREIA, TRAÇO 1:3, E=2CM. AF_06/2018"},{"$f":"IF(B604=\"SINAPI\",IFERROR(INDEX(SINAPI!$C:$C,MATCH($C604,SINAPI!$A:$A,0)),\"\"),IF(B604=\"COMPOSIÇÃO\",IFERROR(INDEX(COMPOSIÇÃO!$D:$D,MATCH($C604,COMPOSIÇÃO!$A:$A,0)),\"\"),\"\"))","v":"M2"},16.66,{"$f":"IF(B604=\"SINAPI\",IFERROR(INDEX(SINAPI!$D:$D,MATCH($C604,SINAPI!$A:$A,0)),0),IF(B604=\"COMPOSIÇÃO\",IFERROR(INDEX(COMPOSIÇÃO!$G:$G,MATCH($C604,COMPOSIÇÃO!$A:$A,0)),0),0))","v":27.64},33.290877041530258,554.63]
["13.2.4.20","COMPOSIÇÃO","IFMT 237.08.2020",{"$f":"IF(B605=\"SINAPI\",IFERROR(INDEX(SINAPI!$B:$B,MATCH($C605,SINAPI!$A:$A,0)),\"\"),IF(B605=\"COMPOSIÇÃO\",IFERROR(INDEX(COMPOSIÇÃO!$C:$C,MATCH($C605,COMPOSIÇÃO!$A:$A,0)),\"\"),\"\"))","v":"LEITO FILTRANTE - FORN.E ENCHIMENTO C/ BRITA NO. 4"},{"$f":"IF(B605=\"SINAPI\",IFERROR(INDEX(SINAPI!$C:$C,MATCH($C605,SINAPI!$A:$A,0)),\"\"),IF(B605=\"COMPOSIÇÃO\",IFERROR(INDEX(COMPOSIÇÃO!$D:$D,MATCH($C605,COMPOSIÇÃO!$A:$A,0)),\"\"),\"\"))","v":"M3"},11.51,{"$f":"IF(B605=\"SINAPI\",IFERROR(INDEX(SINAPI!$D:$D,MATCH($C605,SINAPI!$A:$A,0)),0),IF(B605=\"COMPOSIÇÃO\",IFERROR(INDEX(COMPOSIÇÃO!$G:$G,MATCH($C605,COMPOSIÇÃO!$A:$A,0)),0),0))","v":166.874},200.99065902417945,2313.4]
["13.2.4.21","COMPOSIÇÃO","IFMT 220.07.2020",{"$f":"IF(B606=\"SINAPI\",IFERROR(INDEX(SINAPI!$B:$B,MATCH($C606,SINAPI!$A:$A,0)),\"\"),IF(B606=\"COMPOSIÇÃO\",IFERROR(INDEX(COMPOSIÇÃO!$C:$C,MATCH($C606,COMPOSIÇÃO!$A:$A,0)),\"\"),\"\"))","v":"FORNECIMENTO E ASSENTAMENTO DE BRITA 2-DRENOS E FILTROS MM"},{"$f":"IF(B606=\"SINAPI\",IFERROR(INDEX(SINAPI!$C:$C,MATCH($C606,SINAPI!$A:$A,0)),\"\"),IF(B606=\"COMPOSIÇÃO\",IFERROR(INDEX(COMPOSIÇÃO!$D:$D,MATCH($C606,COMPOSIÇÃO!$A:$A,0)),\"\"),\"\"))","v":"M3"},1.7,{"$f":"IF(B606=\"SINAPI\",IFERROR(INDEX(SINAPI!$D:$D,MATCH($C606,SINAPI!$A:$A,0)),0),IF(B606=\"COMPOSIÇÃO\",IFERROR(INDEX(COMPOSIÇÃO!$G:$G,MATCH($C606,COMPOSIÇÃO!$A:$A,0)),0),0))","v":99.492500000000007},119.83330622483535,203.72]
["13.2.4.22","COMPOSIÇÃO","COMP-3804 ",{"$f":"IF(B607=\"SINAPI\",IFERROR(INDEX(SINAPI!$B:$B,MATCH($C607,SINAPI!$A:$A,0)),\"\"),IF(B607=\"COMPOSIÇÃO\",IFERROR(INDEX(COMPOSIÇÃO!$C:$C,MATCH($C607,COMPOSIÇÃO!$A:$A,0)),\"\"),\"\"))","v":"CAIXA DE INSPEÇÃO EM ALVENARIA DE TIJOLO MACIÇO 60X60X60CM, REVESTIDA INTERNAMENTO COM BARRA LISA (CIMENTO E AREIA, TRAÇO 1:4) E=2,0CM, COM TAMPA PRÉ-MOLDADA DE CONCRETO E FUNDO DE CONCRETO 15MPA TIPO C - ESCAVAÇÃO E CONFECÇÃO"},{"$f":"IF(B607=\"SINAPI\",IFERROR(INDEX(SINAPI!$C:$C,MATCH($C607,SINAPI!$A:$A,0)),\"\"),IF(B607=\"COMPOSIÇÃO\",IFERROR(INDEX(COMPOSIÇÃO!$D:$D,MATCH($C607,COMPOSIÇÃO!$A:$A,0)),\"\"),\"\"))","v":"UN"},3,{"$f":"IF(B607=\"SINAPI\",IFERROR(INDEX(SINAPI!$D:$D,MATCH($C607,SINAPI!$A:$A,0)),0),IF(B607=\"COMPOSIÇÃO\",IFERROR(INDEX(COMPOSIÇÃO!$G:$G,MATCH($C607,COMPOSIÇÃO!$A:$A,0)),0),0))","v":327.10069999999996},393.97500665334564,1181.93]
["13.2.4.23","COMPOSIÇÃO","COMP-170812",{"$f":"IF(B608=\"SINAPI\",IFERROR(INDEX(SINAPI!$B:$B,MATCH($C608,SINAPI!$A:$A,0)),\"\"),IF(B608=\"COMPOSIÇÃO\",IFERROR(INDEX(COMPOSIÇÃO!$C:$C,MATCH($C608,COMPOSIÇÃO!$A:$A,0)),\"\"),\"\"))","v":"SUMIDOURO EM ALVENARIA DE TIJOLO CERAMICO MACIÇO DIAMETRO 1,40M E ALTURA 5,00M, COM TAMPA EM CONCRETO ARMADO DIAMETRO 1,60M E ESPESSURA 10CM "},{"$f":"IF(B608=\"SINAPI\",IFERROR(INDEX(SINAPI!$C:$C,MATCH($C608,SINAPI!$A:$A,0)),\"\"),IF(B608=\"COMPOSIÇÃO\",IFERROR(INDEX(COMPOSIÇÃO!$D:$D,MATCH($C608,COMPOSIÇÃO!$A:$A,0)),\"\"),\"\"))","v":"UN"},3,{"$f":"IF(B608=\"SINAPI\",IFERROR(INDEX(SINAPI!$D:$D,MATCH($C608,SINAPI!$A:$A,0)),0),IF(B608=\"COMPOSIÇÃO\",IFERROR(INDEX(COMPOSIÇÃO!$G:$G,MATCH($C608,COMPOSIÇÃO!$A:$A,0)),0),0))","v":1140.5856799999999},1373.7734308324953,4121.32]
["13.3",null,null,"Louças e Metais",null,null,null,null,{"$f":"I610+I617+I636+I639","v":101021.98}]
["13.3.1",null,null,"Louça ",null,null,null,null,{"$f":"SUM(I611:I616)","v":14109.19}]
["13.3.1.1","SINAPI",86901,{"$f":"IF(B611=\"SINAPI\",IFERROR(INDEX(SINAPI!$B:$B,MATCH($C611,SINAPI!$A:$A,0)),\"\"),IF(B611=\"COMPOSIÇÃO\",IFERROR(INDEX(COMPOSIÇÃO!$C:$C,MATCH($C611,COMPOSIÇÃO!$A:$A,0)),\"\"),\"\"))","v":"CUBA DE EMBUTIR OVAL EM LOUÇA BRANCA, 35 X 50CM OU EQUIVALENTE - FORNECIMENTO E INSTALAÇÃO. AF_01/2020"},{"$f":"IF(B611=\"SINAPI\",IFERROR(INDEX(SINAPI!$C:$C,MATCH($C611,SINAPI!$A:$A,0)),\"\"),IF(B611=\"COMPOSIÇÃO\",IFERROR(INDEX(COMPOSIÇÃO!$D:$D,MATCH($C611,COMPOSIÇÃO!$A:$A,0)),\"\"),\"\"))","v":"UN"},20,{"$f":"IF(B611=\"SINAPI\",IFERROR(INDEX(SINAPI!$D:$D,MATCH($C611,SINAPI!$A:$A,0)),0),IF(B611=\"COMPOSIÇÃO\",IFERROR(INDEX(COMPOSIÇÃO!$G:$G,MATCH($C611,COMPOSIÇÃO!$A:$A,0)),0),0))","v":119.4},{"$f":"G611*(1+$I$10)","v":143.81080748041651},{"$f":"ROUND(F611*H611,2)","v":2876.22}]
["13.3.1.2","SINAPI",86943,{"$f":"IF(B612=\"SINAPI\",IFERROR(INDEX(SINAPI!$B:$B,MATCH($C612,SINAPI!$A:$A,0)),\"\"),IF(B612=\"COMPOSIÇÃO\",IFERROR(INDEX(COMPOSIÇÃO!$C:$C,MATCH($C612,COMPOSIÇÃO!$A:$A,0)),\"\"),\"\"))","v":"LAVATÓRIO LOUÇA BRANCA SUSPENSO, 29,5 X 39CM OU EQUIVALENTE, PADRÃO POPULAR, INCLUSO SIFÃO FLEXÍVEL EM PVC, VÁLVULA E ENGATE FLEXÍVEL 30CM EM PLÁSTICO E TORNEIRA CROMADA DE MESA, PADRÃO POPULAR - FORNECIMENTO E INSTALAÇÃO. AF_01/2020"},{"$f":"IF(B612=\"SINAPI\",IFERROR(INDEX(SINAPI!$C:$C,MATCH($C612,SINAPI!$A:$A,0)),\"\"),IF(B612=\"COMPOSIÇÃO\",IFERROR(INDEX(COMPOSIÇÃO!$D:$D,MATCH($C612,COMPOSIÇÃO!$A:$A,0)),\"\"),\"\"))","v":"UN"},1,{"$f":"IF(B612=\"SINAPI\",IFERROR(INDEX(SINAPI!$D:$D,MATCH($C612,SINAPI!$A:$A,0)),0),IF(B612=\"COMPOSIÇÃO\",IFERROR(INDEX(COMPOSIÇÃO!$G:$G,MATCH($C612,COMPOSIÇÃO!$A:$A,0)),0),0))","v":192.54},231.90396040435004,231.9]
["13.3.1.3","SINAPI",86942,{"$f":"IF(B613=\"SINAPI\",IFERROR(INDEX(SINAPI!$B:$B,MATCH($C613,SINAPI!$A:$A,0)),\"\"),IF(B613=\"COMPOSIÇÃO\",IFERROR(INDEX(COMPOSIÇÃO!$C:$C,MATCH($C613,COMPOSIÇÃO!$A:$A,0)),\"\"),\"\"))","v":"LAVATÓRIO LOUÇA BRANCA SUSPENSO, 29,5 X 39CM OU EQUIVALENTE, PADRÃO POPULAR, INCLUSO SIFÃO TIPO GARRAFA EM PVC, VÁLVULA E ENGATE FLEXÍVEL 30CM EM PLÁSTICO E TORNEIRA CROMADA DE MESA, PADRÃO POPULAR - FORNECIMENTO E INSTALAÇÃO. AF_01/2020"},{"$f":"IF(B613=\"SINAPI\",IFERROR(INDEX(SINAPI!$C:$C,MATCH($C613,SINAPI!$A:$A,0)),\"\"),IF(B613=\"COMPOSIÇÃO\",IFERROR(INDEX(COMPOSIÇÃO!$D:$D,MATCH($C613,COMPOSIÇÃO!$A:$A,0)),\"\"),\"\"))","v":"UN"},5,{"$f":"IF(B613=\"SINAPI\",IFERROR(INDEX(SINAPI!$D:$D,MATCH($C613,SINAPI!$A:$A,0)),0),IF(B613=\"COMPOSIÇÃO\",IFERROR(INDEX(COMPOSIÇÃO!$G:$G,MATCH($C613,COMPOSIÇÃO!$A:$A,0)),0),0))","v":200.93},242.00925918794047,1210.05]
["13.3.1.4","SINAPI",100858,{"$f":"IF(B614=\"SINAPI\",IFERROR(INDEX(SINAPI!$B:$B,MATCH($C614,SINAPI!$A:$A,0)),\"\"),IF(B614=\"COMPOSIÇÃO\",IFERROR(INDEX(COMPOSIÇÃO!$C:$C,MATCH($C614,COMPOSIÇÃO!$A:$A,0)),\"\"),\"\"))","v":"MICTÓRIO SIFONADO LOUÇA BRANCA \u0096 PADRÃO MÉDIO \u0096 FORNECIMENTO E INSTALAÇÃO. AF_01/2020"},{"$f":"IF(B614=\"SINAPI\",IFERROR(INDEX(SINAPI!$C:$C,MATCH($C614,SINAPI!$A:$A,0)),\"\"),IF(B614=\"COMPOSIÇÃO\",IFERROR(INDEX(COMPOSIÇÃO!$D:$D,MATCH($C614,COMPOSIÇÃO!$A:$A,0)),\"\"),\"\"))","v":"UN"},5,{"$f":"IF(B614=\"SINAPI\",IFERROR(INDEX(SINAPI!$D:$D,MATCH($C614,SINAPI!$A:$A,0)),0),IF(B614=\"COMPOSIÇÃO\",IFERROR(INDEX(COMPOSIÇÃO!$G:$G,MATCH($C614,COMPOSIÇÃO!$A:$A,0)),0),0))","v":479.75},577.83278801281256,2889.16]
["13.3.1.5","SINAPI",86888,{"$f":"IF(B615=\"SINAPI\",IFERROR(INDEX(SINAPI!$B:$B,MATCH($C615,SINAPI!$A:$A,0)),\"\"),IF(B615=\"COMPOSIÇÃO\",IFERROR(INDEX(COMPOSIÇÃO!$C:$C,MATCH($C615,COMPOSIÇÃO!$A:$A,0)),\"\"),\"\"))","v":"VASO SANITÁRIO SIFONADO COM CAIXA ACOPLADA LOUÇA BRANCA - FORNECIMENTO E INSTALAÇÃO. AF_01/2020"},{"$f":"IF(B615=\"SINAPI\",IFERROR(INDEX(SINAPI!$C:$C,MATCH($C615,SINAPI!$A:$A,0)),\"\"),IF(B615=\"COMPOSIÇÃO\",IFERROR(INDEX(COMPOSIÇÃO!$D:$D,MATCH($C615,COMPOSIÇÃO!$A:$A,0)),\"\"),\"\"))","v":"UN"},4,{"$f":"IF(B615=\"SINAPI\",IFERROR(INDEX(SINAPI!$D:$D,MATCH($C615,SINAPI!$A:$A,0)),0),IF(B615=\"COMPOSIÇÃO\",IFERROR(INDEX(COMPOSIÇÃO!$G:$G,MATCH($C615,COMPOSIÇÃO!$A:$A,0)),0),0))","v":384.26},462.82027539719303,1851.28]
["13.3.1.6","SINAPI",95469,{"$f":"IF(B616=\"SINAPI\",IFERROR(INDEX(SINAPI!$B:$B,MATCH($C616,SINAPI!$A:$A,0)),\"\"),IF(B616=\"COMPOSIÇÃO\",IFERROR(INDEX(COMPOSIÇÃO!$C:$C,MATCH($C616,COMPOSIÇÃO!$A:$A,0)),\"\"),\"\"))","v":"VASO SANITARIO SIFONADO CONVENCIONAL COM  LOUÇA BRANCA - FORNECIMENTO E INSTALAÇÃO. AF_01/2020"},{"$f":"IF(B616=\"SINAPI\",IFERROR(INDEX(SINAPI!$C:$C,MATCH($C616,SINAPI!$A:$A,0)),\"\"),IF(B616=\"COMPOSIÇÃO\",IFERROR(INDEX(COMPOSIÇÃO!$D:$D,MATCH($C616,COMPOSIÇÃO!$A:$A,0)),\"\"),\"\"))","v":"UN"},18,{"$f":"IF(B616=\"SINAPI\",IFERROR(INDEX(SINAPI!$D:$D,MATCH($C616,SINAPI!$A:$A,0)),0),IF(B616=\"COMPOSIÇÃO\",IFERROR(INDEX(COMPOSIÇÃO!$G:$G,MATCH($C616,COMPOSIÇÃO!$A:$A,0)),0),0))","v":232.96},280.58765251790481,5050.58]
["13.3.2",null,null,"Metais",null,null,null,null,{"$f":"SUM(I618:I635)","v":40078.11}]
["13.3.2.1","COMPOSIÇÃO","COMP-796515",{"$f":"IF(B618=\"SINAPI\",IFERROR(INDEX(SINAPI!$B:$B,MATCH($C618,SINAPI!$A:$A,0)),\"\"),IF(B618=\"COMPOSIÇÃO\",IFERROR(INDEX(COMPOSIÇÃO!$C:$C,MATCH($C618,COMPOSIÇÃO!$A:$A,0)),\"\"),\"\"))","v":"CABIDE DE METAL, DECA REF. 2060 C51 OU SIMILAR "},{"$f":"IF(B618=\"SINAPI\",IFERROR(INDEX(SINAPI!$C:$C,MATCH($C618,SINAPI!$A:$A,0)),\"\"),IF(B618=\"COMPOSIÇÃO\",IFERROR(INDEX(COMPOSIÇÃO!$D:$D,MATCH($C618,COMPOSIÇÃO!$A:$A,0)),\"\"),\"\"))","v":"UN"},17,{"$f":"IF(B618=\"SINAPI\",IFERROR(INDEX(SINAPI!$D:$D,MATCH($C618,SINAPI!$A:$A,0)),0),IF(B618=\"COMPOSIÇÃO\",IFERROR(INDEX(COMPOSIÇÃO!$G:$G,MATCH($C618,COMPOSIÇÃO!$A:$A,0)),0),0))","v":21.547999999999998},{"$f":"G618*(1+$I$10)","v":25.953394301407158},{"$f":"ROUND(F618*H618,2)","v":441.21}]
["13.3.2.2","COMPOSIÇÃO","COMP-168049",{"$f":"IF(B619=\"SINAPI\",IFERROR(INDEX(SINAPI!$B:$B,MATCH($C619,SINAPI!$A:$A,0)),\"\"),IF(B619=\"COMPOSIÇÃO\",IFERROR(INDEX(COMPOSIÇÃO!$C:$C,MATCH($C619,COMPOSIÇÃO!$A:$A,0)),\"\"),\"\"))","v":"TANQUE EM AÇO INOX C/ ESFREGADOR (62,5x50,5x30)cm E ACESSÓRIOS "},{"$f":"IF(B619=\"SINAPI\",IFERROR(INDEX(SINAPI!$C:$C,MATCH($C619,SINAPI!$A:$A,0)),\"\"),IF(B619=\"COMPOSIÇÃO\",IFERROR(INDEX(COMPOSIÇÃO!$D:$D,MATCH($C619,COMPOSIÇÃO!$A:$A,0)),\"\"),\"\"))","v":"UN"},1,{"$f":"IF(B619=\"SINAPI\",IFERROR(INDEX(SINAPI!$D:$D,MATCH($C619,SINAPI!$A:$A,0)),0),IF(B619=\"COMPOSIÇÃO\",IFERROR(INDEX(COMPOSIÇÃO!$G:$G,MATCH($C619,COMPOSIÇÃO!$A:$A,0)),0),0))","v":543.54539999999997},654.67087836068663,654.66999999999996]
["13.3.2.3","COMPOSIÇÃO","COMP-6861 ",{"$f":"IF(B620=\"SINAPI\",IFERROR(INDEX(SINAPI!$B:$B,MATCH($C620,SINAPI!$A:$A,0)),\"\"),IF(B620=\"COMPOSIÇÃO\",IFERROR(INDEX(COMPOSIÇÃO!$C:$C,MATCH($C620,COMPOSIÇÃO!$A:$A,0)),\"\"),\"\"))","v":"TANQUE EM AÇO INOX C/ ESFREGADOR (62,5x50,5x30)cm E ACESSÓRIOS "},{"$f":"IF(B620=\"SINAPI\",IFERROR(INDEX(SINAPI!$C:$C,MATCH($C620,SINAPI!$A:$A,0)),\"\"),IF(B620=\"COMPOSIÇÃO\",IFERROR(INDEX(COMPOSIÇÃO!$D:$D,MATCH($C620,COMPOSIÇÃO!$A:$A,0)),\"\"),\"\"))","v":"UN"},2,{"$f":"IF(B620=\"SINAPI\",IFERROR(INDEX(SINAPI!$D:$D,MATCH($C620,SINAPI!$A:$A,0)),0),IF(B620=\"COMPOSIÇÃO\",IFERROR(INDEX(COMPOSIÇÃO!$G:$G,MATCH($C620,COMPOSIÇÃO!$A:$A,0)),0),0))","v":248.43539999999999},299.22693032429032,598.45000000000005]
["13.3.2.4","COMPOSIÇÃO","COMP-1729",{"$f":"IF(B621=\"SINAPI\",IFERROR(INDEX(SINAPI!$B:$B,MATCH($C621,SINAPI!$A:$A,0)),\"\"),IF(B621=\"COMPOSIÇÃO\",IFERROR(INDEX(COMPOSIÇÃO!$C:$C,MATCH($C621,COMPOSIÇÃO!$A:$A,0)),\"\"),\"\"))","v":"CUBA ACO INOXIDAVEL 50x40x25CM ( PADRÃO TECNOCUBA OU SIMILAR), COM SIFAO EM METAL CROMADO 1.1/2X1.1/2\", VALVULA EM METAL CROMADO TIPO AMERICANA 3.1/2\"X1.1/2\" PARA PIA - FORNECIMENTO E INSTALACAO "},{"$f":"IF(B621=\"SINAPI\",IFERROR(INDEX(SINAPI!$C:$C,MATCH($C621,SINAPI!$A:$A,0)),\"\"),IF(B621=\"COMPOSIÇÃO\",IFERROR(INDEX(COMPOSIÇÃO!$D:$D,MATCH($C621,COMPOSIÇÃO!$A:$A,0)),\"\"),\"\"))","v":"UN"},2,{"$f":"IF(B621=\"SINAPI\",IFERROR(INDEX(SINAPI!$D:$D,MATCH($C621,SINAPI!$A:$A,0)),0),IF(B621=\"COMPOSIÇÃO\",IFERROR(INDEX(COMPOSIÇÃO!$G:$G,MATCH($C621,COMPOSIÇÃO!$A:$A,0)),0),0))","v":427.02539999999999},514.3288742767827,1028.6600000000001]
["13.3.2.5","COMPOSIÇÃO","COMP-5778 ",{"$f":"IF(B622=\"SINAPI\",IFERROR(INDEX(SINAPI!$B:$B,MATCH($C622,SINAPI!$A:$A,0)),\"\"),IF(B622=\"COMPOSIÇÃO\",IFERROR(INDEX(COMPOSIÇÃO!$C:$C,MATCH($C622,COMPOSIÇÃO!$A:$A,0)),\"\"),\"\"))","v":"CUBA DE EMBUTIR EM AÇO INOX, C/ DIAMETRO DE 40cm E PROFUNDIDADE DE 50cm, C/VALVULA E SIFÃO "},{"$f":"IF(B622=\"SINAPI\",IFERROR(INDEX(SINAPI!$C:$C,MATCH($C622,SINAPI!$A:$A,0)),\"\"),IF(B622=\"COMPOSIÇÃO\",IFERROR(INDEX(COMPOSIÇÃO!$D:$D,MATCH($C622,COMPOSIÇÃO!$A:$A,0)),\"\"),\"\"))","v":"UN"},9,{"$f":"IF(B622=\"SINAPI\",IFERROR(INDEX(SINAPI!$D:$D,MATCH($C622,SINAPI!$A:$A,0)),0),IF(B622=\"COMPOSIÇÃO\",IFERROR(INDEX(COMPOSIÇÃO!$G:$G,MATCH($C622,COMPOSIÇÃO!$A:$A,0)),0),0))","v":972.65539999999999},1171.5105399848201,10543.59]
["13.3.2.6","SINAPI",95544,{"$f":"IF(B623=\"SINAPI\",IFERROR(INDEX(SINAPI!$B:$B,MATCH($C623,SINAPI!$A:$A,0)),\"\"),IF(B623=\"COMPOSIÇÃO\",IFERROR(INDEX(COMPOSIÇÃO!$C:$C,MATCH($C623,COMPOSIÇÃO!$A:$A,0)),\"\"),\"\"))","v":"PAPELEIRA DE PAREDE EM METAL CROMADO SEM TAMPA, INCLUSO FIXAÇÃO. AF_01/2020"},{"$f":"IF(B623=\"SINAPI\",IFERROR(INDEX(SINAPI!$C:$C,MATCH($C623,SINAPI!$A:$A,0)),\"\"),IF(B623=\"COMPOSIÇÃO\",IFERROR(INDEX(COMPOSIÇÃO!$D:$D,MATCH($C623,COMPOSIÇÃO!$A:$A,0)),\"\"),\"\"))","v":"UN"},22,{"$f":"IF(B623=\"SINAPI\",IFERROR(INDEX(SINAPI!$D:$D,MATCH($C623,SINAPI!$A:$A,0)),0),IF(B623=\"COMPOSIÇÃO\",IFERROR(INDEX(COMPOSIÇÃO!$G:$G,MATCH($C623,COMPOSIÇÃO!$A:$A,0)),0),0))","v":38.11},45.901422722601957,1009.83]
["13.3.2.7","COMPOSIÇÃO","COMP-1912 ",{"$f":"IF(B624=\"SINAPI\",IFERROR(INDEX(SINAPI!$B:$B,MATCH($C624,SINAPI!$A:$A,0)),\"\"),IF(B624=\"COMPOSIÇÃO\",IFERROR(INDEX(COMPOSIÇÃO!$C:$C,MATCH($C624,COMPOSIÇÃO!$A:$A,0)),\"\"),\"\"))","v":"TOALHEIRO PLASTICO TIPO DISPENSER PARA PAPEL TOALHA INTERFOLHADO"},{"$f":"IF(B624=\"SINAPI\",IFERROR(INDEX(SINAPI!$C:$C,MATCH($C624,SINAPI!$A:$A,0)),\"\"),IF(B624=\"COMPOSIÇÃO\",IFERROR(INDEX(COMPOSIÇÃO!$D:$D,MATCH($C624,COMPOSIÇÃO!$A:$A,0)),\"\"),\"\"))","v":"UN"},8,{"$f":"IF(B624=\"SINAPI\",IFERROR(INDEX(SINAPI!$D:$D,MATCH($C624,SINAPI!$A:$A,0)),0),IF(B624=\"COMPOSIÇÃO\",IFERROR(INDEX(COMPOSIÇÃO!$G:$G,MATCH($C624,COMPOSIÇÃO!$A:$A,0)),0),0))","v":89.5},107.79788332912294,862.38]
["13.3.2.8","SINAPI",95547,{"$f":"IF(B625=\"SINAPI\",IFERROR(INDEX(SINAPI!$B:$B,MATCH($C625,SINAPI!$A:$A,0)),\"\"),IF(B625=\"COMPOSIÇÃO\",IFERROR(INDEX(COMPOSIÇÃO!$C:$C,MATCH($C625,COMPOSIÇÃO!$A:$A,0)),\"\"),\"\"))","v":"SABONETEIRA PLASTICA TIPO DISPENSER PARA SABONETE LIQUIDO COM RESERVATORIO 800 A 1500 ML, INCLUSO FIXAÇÃO. AF_01/2020"},{"$f":"IF(B625=\"SINAPI\",IFERROR(INDEX(SINAPI!$C:$C,MATCH($C625,SINAPI!$A:$A,0)),\"\"),IF(B625=\"COMPOSIÇÃO\",IFERROR(INDEX(COMPOSIÇÃO!$D:$D,MATCH($C625,COMPOSIÇÃO!$A:$A,0)),\"\"),\"\"))","v":"UN"},8,{"$f":"IF(B625=\"SINAPI\",IFERROR(INDEX(SINAPI!$D:$D,MATCH($C625,SINAPI!$A:$A,0)),0),IF(B625=\"COMPOSIÇÃO\",IFERROR(INDEX(COMPOSIÇÃO!$G:$G,MATCH($C625,COMPOSIÇÃO!$A:$A,0)),0),0))","v":89.79},108.14717256002177,865.18]
["13.3.2.9","COMPOSIÇÃO","COMP-7544 ",{"$f":"IF(B626=\"SINAPI\",IFERROR(INDEX(SINAPI!$B:$B,MATCH($C626,SINAPI!$A:$A,0)),\"\"),IF(B626=\"COMPOSIÇÃO\",IFERROR(INDEX(COMPOSIÇÃO!$C:$C,MATCH($C626,COMPOSIÇÃO!$A:$A,0)),\"\"),\"\"))","v":"TORNEIRA P/PIA DE COZINHA ACAB. CROMADO C/BICA MÓVEL DE MESA, DECA LINHA PRATA REF. 1167 C50 OU SIMILAR "},{"$f":"IF(B626=\"SINAPI\",IFERROR(INDEX(SINAPI!$C:$C,MATCH($C626,SINAPI!$A:$A,0)),\"\"),IF(B626=\"COMPOSIÇÃO\",IFERROR(INDEX(COMPOSIÇÃO!$D:$D,MATCH($C626,COMPOSIÇÃO!$A:$A,0)),\"\"),\"\"))","v":"UN"},3,{"$f":"IF(B626=\"SINAPI\",IFERROR(INDEX(SINAPI!$D:$D,MATCH($C626,SINAPI!$A:$A,0)),0),IF(B626=\"COMPOSIÇÃO\",IFERROR(INDEX(COMPOSIÇÃO!$G:$G,MATCH($C626,COMPOSIÇÃO!$A:$A,0)),0),0))","v":102.092},122.96426262387506,368.89]
["13.3.2.10","COMPOSIÇÃO","COMP-8537 ",{"$f":"IF(B627=\"SINAPI\",IFERROR(INDEX(SINAPI!$B:$B,MATCH($C627,SINAPI!$A:$A,0)),\"\"),IF(B627=\"COMPOSIÇÃO\",IFERROR(INDEX(COMPOSIÇÃO!$C:$C,MATCH($C627,COMPOSIÇÃO!$A:$A,0)),\"\"),\"\"))","v":"TORNEIRA P/PIA DE COZINHA ACAB. CROMADO C/BICA MÓVEL DE PAREDE, DECA LINHA ASPEN REF. 1168 C35 OU SIMILAR "},{"$f":"IF(B627=\"SINAPI\",IFERROR(INDEX(SINAPI!$C:$C,MATCH($C627,SINAPI!$A:$A,0)),\"\"),IF(B627=\"COMPOSIÇÃO\",IFERROR(INDEX(COMPOSIÇÃO!$D:$D,MATCH($C627,COMPOSIÇÃO!$A:$A,0)),\"\"),\"\"))","v":"UN"},2,{"$f":"IF(B627=\"SINAPI\",IFERROR(INDEX(SINAPI!$D:$D,MATCH($C627,SINAPI!$A:$A,0)),0),IF(B627=\"COMPOSIÇÃO\",IFERROR(INDEX(COMPOSIÇÃO!$G:$G,MATCH($C627,COMPOSIÇÃO!$A:$A,0)),0),0))","v":102.092},122.96426262387506,245.93]
["13.3.2.11","ORSE",11232,"Torneira cromada de mesa para lavatório temporizada bica baixa","UN",20,182.9,220.29310459102331,4405.8599999999997]
["13.3.2.12","COMPOSIÇÃO","COMP-8144",{"$f":"IF(B629=\"SINAPI\",IFERROR(INDEX(SINAPI!$B:$B,MATCH($C629,SINAPI!$A:$A,0)),\"\"),IF(B629=\"COMPOSIÇÃO\",IFERROR(INDEX(COMPOSIÇÃO!$C:$C,MATCH($C629,COMPOSIÇÃO!$A:$A,0)),\"\"),\"\"))","v":"TORNEIRA ALAVANCADA PARA LAVATÓRIO ACABAMENTO CROMADO, SOLUCENTER REF. TCB20 OU SIMILAR "},{"$f":"IF(B629=\"SINAPI\",IFERROR(INDEX(SINAPI!$C:$C,MATCH($C629,SINAPI!$A:$A,0)),\"\"),IF(B629=\"COMPOSIÇÃO\",IFERROR(INDEX(COMPOSIÇÃO!$D:$D,MATCH($C629,COMPOSIÇÃO!$A:$A,0)),\"\"),\"\"))","v":"UN"},5,{"$f":"IF(B629=\"SINAPI\",IFERROR(INDEX(SINAPI!$D:$D,MATCH($C629,SINAPI!$A:$A,0)),0),IF(B629=\"COMPOSIÇÃO\",IFERROR(INDEX(COMPOSIÇÃO!$G:$G,MATCH($C629,COMPOSIÇÃO!$A:$A,0)),0),0))","v":72.000000000000014},86.720084912814002,433.6]
["13.3.2.13","COMPOSIÇÃO","COMP-4070 ",{"$f":"IF(B630=\"SINAPI\",IFERROR(INDEX(SINAPI!$B:$B,MATCH($C630,SINAPI!$A:$A,0)),\"\"),IF(B630=\"COMPOSIÇÃO\",IFERROR(INDEX(COMPOSIÇÃO!$C:$C,MATCH($C630,COMPOSIÇÃO!$A:$A,0)),\"\"),\"\"))","v":"TORNEIRA C/FILTRO P/PIA DE COZINHA, BICA MÓVEL DE MESA, DECA LINHA TWIN REF. 1140 C OU SIMILAR "},{"$f":"IF(B630=\"SINAPI\",IFERROR(INDEX(SINAPI!$C:$C,MATCH($C630,SINAPI!$A:$A,0)),\"\"),IF(B630=\"COMPOSIÇÃO\",IFERROR(INDEX(COMPOSIÇÃO!$D:$D,MATCH($C630,COMPOSIÇÃO!$A:$A,0)),\"\"),\"\"))","v":"UN"},3,{"$f":"IF(B630=\"SINAPI\",IFERROR(INDEX(SINAPI!$D:$D,MATCH($C630,SINAPI!$A:$A,0)),0),IF(B630=\"COMPOSIÇÃO\",IFERROR(INDEX(COMPOSIÇÃO!$G:$G,MATCH($C630,COMPOSIÇÃO!$A:$A,0)),0),0))","v":124.85000000000001},150.37503613006703,451.13]
["13.3.2.14","COMPOSIÇÃO","COMP-152329",{"$f":"IF(B631=\"SINAPI\",IFERROR(INDEX(SINAPI!$B:$B,MATCH($C631,SINAPI!$A:$A,0)),\"\"),IF(B631=\"COMPOSIÇÃO\",IFERROR(INDEX(COMPOSIÇÃO!$C:$C,MATCH($C631,COMPOSIÇÃO!$A:$A,0)),\"\"),\"\"))","v":"ASSENTO ARTICULÁVEL (ASSEIO DE DEFICIENTE) "},{"$f":"IF(B631=\"SINAPI\",IFERROR(INDEX(SINAPI!$C:$C,MATCH($C631,SINAPI!$A:$A,0)),\"\"),IF(B631=\"COMPOSIÇÃO\",IFERROR(INDEX(COMPOSIÇÃO!$D:$D,MATCH($C631,COMPOSIÇÃO!$A:$A,0)),\"\"),\"\"))","v":"UN"},5,{"$f":"IF(B631=\"SINAPI\",IFERROR(INDEX(SINAPI!$D:$D,MATCH($C631,SINAPI!$A:$A,0)),0),IF(B631=\"COMPOSIÇÃO\",IFERROR(INDEX(COMPOSIÇÃO!$G:$G,MATCH($C631,COMPOSIÇÃO!$A:$A,0)),0),0))","v":1104.825},1330.7016363027737,6653.51]
["13.3.2.15","COMPOSIÇÃO","COMP-5170 ",{"$f":"IF(B632=\"SINAPI\",IFERROR(INDEX(SINAPI!$B:$B,MATCH($C632,SINAPI!$A:$A,0)),\"\"),IF(B632=\"COMPOSIÇÃO\",IFERROR(INDEX(COMPOSIÇÃO!$C:$C,MATCH($C632,COMPOSIÇÃO!$A:$A,0)),\"\"),\"\"))","v":"PEÇAS DE APOIO DEFICIENTES C/TUBO INOX P/WC'S "},{"$f":"IF(B632=\"SINAPI\",IFERROR(INDEX(SINAPI!$C:$C,MATCH($C632,SINAPI!$A:$A,0)),\"\"),IF(B632=\"COMPOSIÇÃO\",IFERROR(INDEX(COMPOSIÇÃO!$D:$D,MATCH($C632,COMPOSIÇÃO!$A:$A,0)),\"\"),\"\"))","v":"M"},12,{"$f":"IF(B632=\"SINAPI\",IFERROR(INDEX(SINAPI!$D:$D,MATCH($C632,SINAPI!$A:$A,0)),0),IF(B632=\"COMPOSIÇÃO\",IFERROR(INDEX(COMPOSIÇÃO!$G:$G,MATCH($C632,COMPOSIÇÃO!$A:$A,0)),0),0))","v":305.95800000000003},368.50977416326032,4422.12]
["13.3.2.16","COMPOSIÇÃO","COMP-30921 ",{"$f":"IF(B633=\"SINAPI\",IFERROR(INDEX(SINAPI!$B:$B,MATCH($C633,SINAPI!$A:$A,0)),\"\"),IF(B633=\"COMPOSIÇÃO\",IFERROR(INDEX(COMPOSIÇÃO!$C:$C,MATCH($C633,COMPOSIÇÃO!$A:$A,0)),\"\"),\"\"))","v":"BANCADA/BANCA/PIA DE ACO INOXIDAVEL (AISI 430) COM 1 CUBA CENTRAL, COM VALVULA, ESCORREDOR DUPLO, DE *0,55 X 1,20* M "},{"$f":"IF(B633=\"SINAPI\",IFERROR(INDEX(SINAPI!$C:$C,MATCH($C633,SINAPI!$A:$A,0)),\"\"),IF(B633=\"COMPOSIÇÃO\",IFERROR(INDEX(COMPOSIÇÃO!$D:$D,MATCH($C633,COMPOSIÇÃO!$A:$A,0)),\"\"),\"\"))","v":"UN"},1,{"$f":"IF(B633=\"SINAPI\",IFERROR(INDEX(SINAPI!$D:$D,MATCH($C633,SINAPI!$A:$A,0)),0),IF(B633=\"COMPOSIÇÃO\",IFERROR(INDEX(COMPOSIÇÃO!$G:$G,MATCH($C633,COMPOSIÇÃO!$A:$A,0)),0),0))","v":359.41984000000002},432.90165339097246,432.9]
["13.3.2.17","COMPOSIÇÃO","COMP-3083 ",{"$f":"IF(B634=\"SINAPI\",IFERROR(INDEX(SINAPI!$B:$B,MATCH($C634,SINAPI!$A:$A,0)),\"\"),IF(B634=\"COMPOSIÇÃO\",IFERROR(INDEX(COMPOSIÇÃO!$C:$C,MATCH($C634,COMPOSIÇÃO!$A:$A,0)),\"\"),\"\"))","v":"PIA DE AÇO INOX (2.00X0.58)m C/ 1 CUBAS E ACESSÓRIOS "},{"$f":"IF(B634=\"SINAPI\",IFERROR(INDEX(SINAPI!$C:$C,MATCH($C634,SINAPI!$A:$A,0)),\"\"),IF(B634=\"COMPOSIÇÃO\",IFERROR(INDEX(COMPOSIÇÃO!$D:$D,MATCH($C634,COMPOSIÇÃO!$A:$A,0)),\"\"),\"\"))","v":"UN"},1,{"$f":"IF(B634=\"SINAPI\",IFERROR(INDEX(SINAPI!$D:$D,MATCH($C634,SINAPI!$A:$A,0)),0),IF(B634=\"COMPOSIÇÃO\",IFERROR(INDEX(COMPOSIÇÃO!$G:$G,MATCH($C634,COMPOSIÇÃO!$A:$A,0)),0),0))","v":741.20983999999999},892.7469480974064,892.75]
["13.3.2.18","COMPOSIÇÃO","COMP-3190 ",{"$f":"IF(B635=\"SINAPI\",IFERROR(INDEX(SINAPI!$B:$B,MATCH($C635,SINAPI!$A:$A,0)),\"\"),IF(B635=\"COMPOSIÇÃO\",IFERROR(INDEX(COMPOSIÇÃO!$C:$C,MATCH($C635,COMPOSIÇÃO!$A:$A,0)),\"\"),\"\"))","v":"TAMPO DE AÇO INOX P/ BANCADAS "},{"$f":"IF(B635=\"SINAPI\",IFERROR(INDEX(SINAPI!$C:$C,MATCH($C635,SINAPI!$A:$A,0)),\"\"),IF(B635=\"COMPOSIÇÃO\",IFERROR(INDEX(COMPOSIÇÃO!$D:$D,MATCH($C635,COMPOSIÇÃO!$A:$A,0)),\"\"),\"\"))","v":"M²"},9.6,{"$f":"IF(B635=\"SINAPI\",IFERROR(INDEX(SINAPI!$D:$D,MATCH($C635,SINAPI!$A:$A,0)),0),IF(B635=\"COMPOSIÇÃO\",IFERROR(INDEX(COMPOSIÇÃO!$G:$G,MATCH($C635,COMPOSIÇÃO!$A:$A,0)),0),0))","v":498.79903599999994},600.77631606041325,5767.45]
["13.3.3",null,null,"Acessórios\t\t\t\t\t\t\t\t\t",null,null,null,null,{"$f":"SUM(I637:I638)","v":20739.87}]
["13.3.3.1","COMPOSIÇÃO","COMP-74125/002",{"$f":"IF(B637=\"SINAPI\",IFERROR(INDEX(SINAPI!$B:$B,MATCH($C637,SINAPI!$A:$A,0)),\"\"),IF(B637=\"COMPOSIÇÃO\",IFERROR(INDEX(COMPOSIÇÃO!$C:$C,MATCH($C637,COMPOSIÇÃO!$A:$A,0)),\"\"),\"\"))","v":"ESPELHO CRISTAL ESPESSURA 4MM, COM MOLDURA EM ALUMINIO E COMPENSADO 6MM PLASTIFICADO COLADO"},{"$f":"IF(B637=\"SINAPI\",IFERROR(INDEX(SINAPI!$C:$C,MATCH($C637,SINAPI!$A:$A,0)),\"\"),IF(B637=\"COMPOSIÇÃO\",IFERROR(INDEX(COMPOSIÇÃO!$D:$D,MATCH($C637,COMPOSIÇÃO!$A:$A,0)),\"\"),\"\"))","v":"M2"},23.84,{"$f":"IF(B637=\"SINAPI\",IFERROR(INDEX(SINAPI!$D:$D,MATCH($C637,SINAPI!$A:$A,0)),0),IF(B637=\"COMPOSIÇÃO\",IFERROR(INDEX(COMPOSIÇÃO!$G:$G,MATCH($C637,COMPOSIÇÃO!$A:$A,0)),0),0))","v":666.55680000000007},{"$f":"G637*(1+$I$10)","v":802.8314207668551},{"$f":"ROUND(F637*H637,2)","v":19139.5}]
["13.3.3.2","COMPOSIÇÃO","COMP-74125/001",{"$f":"IF(B638=\"SINAPI\",IFERROR(INDEX(SINAPI!$B:$B,MATCH($C638,SINAPI!$A:$A,0)),\"\"),IF(B638=\"COMPOSIÇÃO\",IFERROR(INDEX(COMPOSIÇÃO!$C:$C,MATCH($C638,COMPOSIÇÃO!$A:$A,0)),\"\"),\"\"))","v":"ESPELHO CRISTAL ESPESSURA 4MM, COM MOLDURA DE MADEIRA"},{"$f":"IF(B638=\"SINAPI\",IFERROR(INDEX(SINAPI!$C:$C,MATCH($C638,SINAPI!$A:$A,0)),\"\"),IF(B638=\"COMPOSIÇÃO\",IFERROR(INDEX(COMPOSIÇÃO!$D:$D,MATCH($C638,COMPOSIÇÃO!$A:$A,0)),\"\"),\"\"))","v":"M2"},2.2000000000000002,{"$f":"IF(B638=\"SINAPI\",IFERROR(INDEX(SINAPI!$D:$D,MATCH($C638,SINAPI!$A:$A,0)),0),IF(B638=\"COMPOSIÇÃO\",IFERROR(INDEX(COMPOSIÇÃO!$G:$G,MATCH($C638,COMPOSIÇÃO!$A:$A,0)),0),0))","v":603.96400000000017},{"$f":"G638*(1+$I$10)","v":727.44179672614996},1600.37]
["13.3.4",null,null,"Bancadas\t\t\t\t\t",null,null,null,null,{"$f":"SUM(I640:I642)","v":26094.809999999998}]
["13.3.4.1","SINAPI",86895,{"$f":"IF(B640=\"SINAPI\",IFERROR(INDEX(SINAPI!$B:$B,MATCH($C640,SINAPI!$A:$A,0)),\"\"),IF(B640=\"COMPOSIÇÃO\",IFERROR(INDEX(COMPOSIÇÃO!$C:$C,MATCH($C640,COMPOSIÇÃO!$A:$A,0)),\"\"),\"\"))","v":"BANCADA DE GRANITO CINZA POLIDO, DE 0,50 X 0,60 M, PARA LAVATÓRIO - FORNECIMENTO E INSTALAÇÃO. AF_01/2020"},{"$f":"IF(B640=\"SINAPI\",IFERROR(INDEX(SINAPI!$C:$C,MATCH($C640,SINAPI!$A:$A,0)),\"\"),IF(B640=\"COMPOSIÇÃO\",IFERROR(INDEX(COMPOSIÇÃO!$D:$D,MATCH($C640,COMPOSIÇÃO!$A:$A,0)),\"\"),\"\"))","v":"UN"},18,{"$f":"IF(B640=\"SINAPI\",IFERROR(INDEX(SINAPI!$D:$D,MATCH($C640,SINAPI!$A:$A,0)),0),IF(B640=\"COMPOSIÇÃO\",IFERROR(INDEX(COMPOSIÇÃO!$G:$G,MATCH($C640,COMPOSIÇÃO!$A:$A,0)),0),0))","v":278.85000000000002},{"$f":"G640*(1+$I$10)","v":335.85966219358585},{"$f":"ROUND(F640*H640,2)","v":6045.47}]
["13.3.4.2","COMPOSIÇÃO","COMP-9756",{"$f":"IF(B641=\"SINAPI\",IFERROR(INDEX(SINAPI!$B:$B,MATCH($C641,SINAPI!$A:$A,0)),\"\"),IF(B641=\"COMPOSIÇÃO\",IFERROR(INDEX(COMPOSIÇÃO!$C:$C,MATCH($C641,COMPOSIÇÃO!$A:$A,0)),\"\"),\"\"))","v":"BANCADA DE GRANITO CINZA E=2cm "},{"$f":"IF(B641=\"SINAPI\",IFERROR(INDEX(SINAPI!$C:$C,MATCH($C641,SINAPI!$A:$A,0)),\"\"),IF(B641=\"COMPOSIÇÃO\",IFERROR(INDEX(COMPOSIÇÃO!$D:$D,MATCH($C641,COMPOSIÇÃO!$A:$A,0)),\"\"),\"\"))","v":"m2"},25.85,{"$f":"IF(B641=\"SINAPI\",IFERROR(INDEX(SINAPI!$D:$D,MATCH($C641,SINAPI!$A:$A,0)),0),IF(B641=\"COMPOSIÇÃO\",IFERROR(INDEX(COMPOSIÇÃO!$G:$G,MATCH($C641,COMPOSIÇÃO!$A:$A,0)),0),0))","v":453.42419999999998},{"$f":"G641*(1+$I$10)","v":546.12479341006588},14117.33]
["13.3.4.3","COMPOSIÇÃO","COMP-4295 ",{"$f":"IF(B642=\"SINAPI\",IFERROR(INDEX(SINAPI!$B:$B,MATCH($C642,SINAPI!$A:$A,0)),\"\"),IF(B642=\"COMPOSIÇÃO\",IFERROR(INDEX(COMPOSIÇÃO!$C:$C,MATCH($C642,COMPOSIÇÃO!$A:$A,0)),\"\"),\"\"))","v":"TAMPO C/BATEDOR EM GRANITO CINZA POLIDO E=2cm "},{"$f":"IF(B642=\"SINAPI\",IFERROR(INDEX(SINAPI!$C:$C,MATCH($C642,SINAPI!$A:$A,0)),\"\"),IF(B642=\"COMPOSIÇÃO\",IFERROR(INDEX(COMPOSIÇÃO!$D:$D,MATCH($C642,COMPOSIÇÃO!$A:$A,0)),\"\"),\"\"))","v":"m2"},10.66,{"$f":"IF(B642=\"SINAPI\",IFERROR(INDEX(SINAPI!$D:$D,MATCH($C642,SINAPI!$A:$A,0)),0),IF(B642=\"COMPOSIÇÃO\",IFERROR(INDEX(COMPOSIÇÃO!$G:$G,MATCH($C642,COMPOSIÇÃO!$A:$A,0)),0),0))","v":462.01619999999997},{"$f":"G642*(1+$I$10)","v":556.47339020966172},5932.01]
["13.4",null,null,"Águas Pluviais",null,null,null,null,{"$f":"I644+I648+I654+I657","v":87121.45}]
["13.4.1",null,null,"Tubos ",null,null,null,null,{"$f":"SUM(I645:I647)","v":43734.57}]
["13.4.1.1","SINAPI",89512,{"$f":"IF(B645=\"SINAPI\",IFERROR(INDEX(SINAPI!$B:$B,MATCH($C645,SINAPI!$A:$A,0)),\"\"),IF(B645=\"COMPOSIÇÃO\",IFERROR(INDEX(COMPOSIÇÃO!$C:$C,MATCH($C645,COMPOSIÇÃO!$A:$A,0)),\"\"),\"\"))","v":"TUBO PVC, SÉRIE R, ÁGUA PLUVIAL, DN 100 MM, FORNECIDO E INSTALADO EM RAMAL DE ENCAMINHAMENTO. AF_12/2014"},{"$f":"IF(B645=\"SINAPI\",IFERROR(INDEX(SINAPI!$C:$C,MATCH($C645,SINAPI!$A:$A,0)),\"\"),IF(B645=\"COMPOSIÇÃO\",IFERROR(INDEX(COMPOSIÇÃO!$D:$D,MATCH($C645,COMPOSIÇÃO!$A:$A,0)),\"\"),\"\"))","v":"M"},230.06,{"$f":"IF(B645=\"SINAPI\",IFERROR(INDEX(SINAPI!$D:$D,MATCH($C645,SINAPI!$A:$A,0)),0),IF(B645=\"COMPOSIÇÃO\",IFERROR(INDEX(COMPOSIÇÃO!$G:$G,MATCH($C645,COMPOSIÇÃO!$A:$A,0)),0),0))","v":62.37},{"$f":"G645*(1+$I$10)","v":75.121273555725111},{"$f":"ROUND(F645*H645,2)","v":17282.400000000001}]
["13.4.1.2","SINAPI",89580,{"$f":"IF(B646=\"SINAPI\",IFERROR(INDEX(SINAPI!$B:$B,MATCH($C646,SINAPI!$A:$A,0)),\"\"),IF(B646=\"COMPOSIÇÃO\",IFERROR(INDEX(COMPOSIÇÃO!$C:$C,MATCH($C646,COMPOSIÇÃO!$A:$A,0)),\"\"),\"\"))","v":"TUBO PVC, SÉRIE R, ÁGUA PLUVIAL, DN 150 MM, FORNECIDO E INSTALADO EM CONDUTORES VERTICAIS DE ÁGUAS PLUVIAIS. AF_12/2014"},{"$f":"IF(B646=\"SINAPI\",IFERROR(INDEX(SINAPI!$C:$C,MATCH($C646,SINAPI!$A:$A,0)),\"\"),IF(B646=\"COMPOSIÇÃO\",IFERROR(INDEX(COMPOSIÇÃO!$D:$D,MATCH($C646,COMPOSIÇÃO!$A:$A,0)),\"\"),\"\"))","v":"M"},252.45,{"$f":"IF(B646=\"SINAPI\",IFERROR(INDEX(SINAPI!$D:$D,MATCH($C646,SINAPI!$A:$A,0)),0),IF(B646=\"COMPOSIÇÃO\",IFERROR(INDEX(COMPOSIÇÃO!$G:$G,MATCH($C646,COMPOSIÇÃO!$A:$A,0)),0),0))","v":84.89},{"$f":"G646*(1+$I$10)","v":102.24538900345526},25811.85]
["13.4.1.3","SINAPI",91786,{"$f":"IF(B647=\"SINAPI\",IFERROR(INDEX(SINAPI!$B:$B,MATCH($C647,SINAPI!$A:$A,0)),\"\"),IF(B647=\"COMPOSIÇÃO\",IFERROR(INDEX(COMPOSIÇÃO!$C:$C,MATCH($C647,COMPOSIÇÃO!$A:$A,0)),\"\"),\"\"))","v":"(COMPOSIÇÃO REPRESENTATIVA) DO SERVIÇO DE INSTALAÇÃO TUBOS DE PVC, SOLDÁVEL, ÁGUA FRIA, DN 32 MM (INSTALADO EM RAMAL, SUB-RAMAL, RAMAL DE DISTRIBUIÇÃO OU PRUMADA), INCLUSIVE CONEXÕES, CORTES E FIXAÇÕES, PARA PRÉDIOS. AF_10/2015"},{"$f":"IF(B647=\"SINAPI\",IFERROR(INDEX(SINAPI!$C:$C,MATCH($C647,SINAPI!$A:$A,0)),\"\"),IF(B647=\"COMPOSIÇÃO\",IFERROR(INDEX(COMPOSIÇÃO!$D:$D,MATCH($C647,COMPOSIÇÃO!$A:$A,0)),\"\"),\"\"))","v":"M"},20.329999999999998,{"$f":"IF(B647=\"SINAPI\",IFERROR(INDEX(SINAPI!$D:$D,MATCH($C647,SINAPI!$A:$A,0)),0),IF(B647=\"COMPOSIÇÃO\",IFERROR(INDEX(COMPOSIÇÃO!$G:$G,MATCH($C647,COMPOSIÇÃO!$A:$A,0)),0),0))","v":26.15},{"$f":"G647*(1+$I$10)","v":31.49625306208452},640.32000000000005]
["13.4.2",null,null,"Acessórios",null,null,null,null,{"$f":"SUM(I649:I653)","v":3279.2799999999997}]
["13.4.2.1","COMPOSIÇÃO","IFMT 238.08.2020",{"$f":"IF(B649=\"SINAPI\",IFERROR(INDEX(SINAPI!$B:$B,MATCH($C649,SINAPI!$A:$A,0)),\"\"),IF(B649=\"COMPOSIÇÃO\",IFERROR(INDEX(COMPOSIÇÃO!$C:$C,MATCH($C649,COMPOSIÇÃO!$A:$A,0)),\"\"),\"\"))","v":"CAP PVC ESGOTO 100MM (TAMPÃO) - FORNECIMENTO E INSTALAÇÃO"},{"$f":"IF(B649=\"SINAPI\",IFERROR(INDEX(SINAPI!$C:$C,MATCH($C649,SINAPI!$A:$A,0)),\"\"),IF(B649=\"COMPOSIÇÃO\",IFERROR(INDEX(COMPOSIÇÃO!$D:$D,MATCH($C649,COMPOSIÇÃO!$A:$A,0)),\"\"),\"\"))","v":"UN"},2,{"$f":"IF(B649=\"SINAPI\",IFERROR(INDEX(SINAPI!$D:$D,MATCH($C649,SINAPI!$A:$A,0)),0),IF(B649=\"COMPOSIÇÃO\",IFERROR(INDEX(COMPOSIÇÃO!$G:$G,MATCH($C649,COMPOSIÇÃO!$A:$A,0)),0),0))","v":15.63165},{"$f":"G649*(1+$I$10)","v":18.827472435102621},{"$f":"ROUND(F649*H649,2)","v":37.65}]
["13.4.2.2","SINAPI",89590,{"$f":"IF(B650=\"SINAPI\",IFERROR(INDEX(SINAPI!$B:$B,MATCH($C650,SINAPI!$A:$A,0)),\"\"),IF(B650=\"COMPOSIÇÃO\",IFERROR(INDEX(COMPOSIÇÃO!$C:$C,MATCH($C650,COMPOSIÇÃO!$A:$A,0)),\"\"),\"\"))","v":"JOELHO 90 GRAUS, PVC, SERIE R, ÁGUA PLUVIAL, DN 150 MM, JUNTA ELÁSTICA, FORNECIDO E INSTALADO EM CONDUTORES VERTICAIS DE ÁGUAS PLUVIAIS. AF_12/2014"},{"$f":"IF(B650=\"SINAPI\",IFERROR(INDEX(SINAPI!$C:$C,MATCH($C650,SINAPI!$A:$A,0)),\"\"),IF(B650=\"COMPOSIÇÃO\",IFERROR(INDEX(COMPOSIÇÃO!$D:$D,MATCH($C650,COMPOSIÇÃO!$A:$A,0)),\"\"),\"\"))","v":"UN"},3,{"$f":"IF(B650=\"SINAPI\",IFERROR(INDEX(SINAPI!$D:$D,MATCH($C650,SINAPI!$A:$A,0)),0),IF(B650=\"COMPOSIÇÃO\",IFERROR(INDEX(COMPOSIÇÃO!$G:$G,MATCH($C650,COMPOSIÇÃO!$A:$A,0)),0),0))","v":135.61000000000001},{"$f":"G650*(1+$I$10)","v":163.33487104203758},490]
["13.4.2.3","SINAPI",89584,{"$f":"IF(B651=\"SINAPI\",IFERROR(INDEX(SINAPI!$B:$B,MATCH($C651,SINAPI!$A:$A,0)),\"\"),IF(B651=\"COMPOSIÇÃO\",IFERROR(INDEX(COMPOSIÇÃO!$C:$C,MATCH($C651,COMPOSIÇÃO!$A:$A,0)),\"\"),\"\"))","v":"JOELHO 90 GRAUS, PVC, SERIE R, ÁGUA PLUVIAL, DN 100 MM, JUNTA ELÁSTICA, FORNECIDO E INSTALADO EM CONDUTORES VERTICAIS DE ÁGUAS PLUVIAIS. AF_12/2014"},{"$f":"IF(B651=\"SINAPI\",IFERROR(INDEX(SINAPI!$C:$C,MATCH($C651,SINAPI!$A:$A,0)),\"\"),IF(B651=\"COMPOSIÇÃO\",IFERROR(INDEX(COMPOSIÇÃO!$D:$D,MATCH($C651,COMPOSIÇÃO!$A:$A,0)),\"\"),\"\"))","v":"UN"},32,{"$f":"IF(B651=\"SINAPI\",IFERROR(INDEX(SINAPI!$D:$D,MATCH($C651,SINAPI!$A:$A,0)),0),IF(B651=\"COMPOSIÇÃO\",IFERROR(INDEX(COMPOSIÇÃO!$G:$G,MATCH($C651,COMPOSIÇÃO!$A:$A,0)),0),0))","v":41.79},{"$f":"G651*(1+$I$10)","v":50.333782618145783},1610.68]
["13.4.2.4","SINAPI",89585,{"$f":"IF(B652=\"SINAPI\",IFERROR(INDEX(SINAPI!$B:$B,MATCH($C652,SINAPI!$A:$A,0)),\"\"),IF(B652=\"COMPOSIÇÃO\",IFERROR(INDEX(COMPOSIÇÃO!$C:$C,MATCH($C652,COMPOSIÇÃO!$A:$A,0)),\"\"),\"\"))","v":"JOELHO 45 GRAUS, PVC, SERIE R, ÁGUA PLUVIAL, DN 100 MM, JUNTA ELÁSTICA, FORNECIDO E INSTALADO EM CONDUTORES VERTICAIS DE ÁGUAS PLUVIAIS. AF_12/2014"},{"$f":"IF(B652=\"SINAPI\",IFERROR(INDEX(SINAPI!$C:$C,MATCH($C652,SINAPI!$A:$A,0)),\"\"),IF(B652=\"COMPOSIÇÃO\",IFERROR(INDEX(COMPOSIÇÃO!$D:$D,MATCH($C652,COMPOSIÇÃO!$A:$A,0)),\"\"),\"\"))","v":"UN"},14,{"$f":"IF(B652=\"SINAPI\",IFERROR(INDEX(SINAPI!$D:$D,MATCH($C652,SINAPI!$A:$A,0)),0),IF(B652=\"COMPOSIÇÃO\",IFERROR(INDEX(COMPOSIÇÃO!$G:$G,MATCH($C652,COMPOSIÇÃO!$A:$A,0)),0),0))","v":33.630000000000003},{"$f":"G652*(1+$I$10)","v":40.505506328026868},567.08000000000004]
["13.4.2.5","SINAPI",89567,{"$f":"IF(B653=\"SINAPI\",IFERROR(INDEX(SINAPI!$B:$B,MATCH($C653,SINAPI!$A:$A,0)),\"\"),IF(B653=\"COMPOSIÇÃO\",IFERROR(INDEX(COMPOSIÇÃO!$C:$C,MATCH($C653,COMPOSIÇÃO!$A:$A,0)),\"\"),\"\"))","v":"JUNÇÃO SIMPLES, PVC, SERIE R, ÁGUA PLUVIAL, DN 100 X 100 MM, JUNTA ELÁSTICA, FORNECIDO E INSTALADO EM RAMAL DE ENCAMINHAMENTO. AF_12/2014"},{"$f":"IF(B653=\"SINAPI\",IFERROR(INDEX(SINAPI!$C:$C,MATCH($C653,SINAPI!$A:$A,0)),\"\"),IF(B653=\"COMPOSIÇÃO\",IFERROR(INDEX(COMPOSIÇÃO!$D:$D,MATCH($C653,COMPOSIÇÃO!$A:$A,0)),\"\"),\"\"))","v":"UN"},6,{"$f":"IF(B653=\"SINAPI\",IFERROR(INDEX(SINAPI!$D:$D,MATCH($C653,SINAPI!$A:$A,0)),0),IF(B653=\"COMPOSIÇÃO\",IFERROR(INDEX(COMPOSIÇÃO!$G:$G,MATCH($C653,COMPOSIÇÃO!$A:$A,0)),0),0))","v":79.41},{"$f":"G653*(1+$I$10)","v":95.645026985091079},573.87]
["13.4.3",null,null,"Caixas e Grelhas",null,null,null,null,{"$f":"SUM(I655:I656)","v":25495.82}]
["13.4.3.1","COMPOSIÇÃO","COMP-0567 ",{"$f":"IF(B655=\"SINAPI\",IFERROR(INDEX(SINAPI!$B:$B,MATCH($C655,SINAPI!$A:$A,0)),\"\"),IF(B655=\"COMPOSIÇÃO\",IFERROR(INDEX(COMPOSIÇÃO!$C:$C,MATCH($C655,COMPOSIÇÃO!$A:$A,0)),\"\"),\"\"))","v":"CAIXA DE AREIA COM GRELHA E FUNDO COM BRITA- 80X80X60CM EM ALVENARIA - EXECUÇÃO "},{"$f":"IF(B655=\"SINAPI\",IFERROR(INDEX(SINAPI!$C:$C,MATCH($C655,SINAPI!$A:$A,0)),\"\"),IF(B655=\"COMPOSIÇÃO\",IFERROR(INDEX(COMPOSIÇÃO!$D:$D,MATCH($C655,COMPOSIÇÃO!$A:$A,0)),\"\"),\"\"))","v":"UN"},28,{"$f":"IF(B655=\"SINAPI\",IFERROR(INDEX(SINAPI!$D:$D,MATCH($C655,SINAPI!$A:$A,0)),0),IF(B655=\"COMPOSIÇÃO\",IFERROR(INDEX(COMPOSIÇÃO!$G:$G,MATCH($C655,COMPOSIÇÃO!$A:$A,0)),0),0))","v":723.26501699999994},{"$f":"G655*(1+$I$10)","v":871.13338456538668},{"$f":"ROUND(F655*H655,2)","v":24391.73}]
["13.4.3.2","COMPOSIÇÃO","COMP-7867 ",{"$f":"IF(B656=\"SINAPI\",IFERROR(INDEX(SINAPI!$B:$B,MATCH($C656,SINAPI!$A:$A,0)),\"\"),IF(B656=\"COMPOSIÇÃO\",IFERROR(INDEX(COMPOSIÇÃO!$C:$C,MATCH($C656,COMPOSIÇÃO!$A:$A,0)),\"\"),\"\"))","v":"GRELHA HEMISFÉRICA DE FERRO FUNDIDO D=150mm 6\" "},{"$f":"IF(B656=\"SINAPI\",IFERROR(INDEX(SINAPI!$C:$C,MATCH($C656,SINAPI!$A:$A,0)),\"\"),IF(B656=\"COMPOSIÇÃO\",IFERROR(INDEX(COMPOSIÇÃO!$D:$D,MATCH($C656,COMPOSIÇÃO!$A:$A,0)),\"\"),\"\"))","v":"UN"},12,{"$f":"IF(B656=\"SINAPI\",IFERROR(INDEX(SINAPI!$D:$D,MATCH($C656,SINAPI!$A:$A,0)),0),IF(B656=\"COMPOSIÇÃO\",IFERROR(INDEX(COMPOSIÇÃO!$G:$G,MATCH($C656,COMPOSIÇÃO!$A:$A,0)),0),0))","v":76.390000000000015},{"$f":"G656*(1+$I$10)","v":92.007601201248065},1104.0899999999999]
["13.4.4",null,null,"Calhas  ",null,null,null,null,{"$f":"SUM(I658)","v":14611.78}]
["13.4.4.1","COMPOSIÇÃO","COMP-9980 ",{"$f":"IF(B658=\"SINAPI\",IFERROR(INDEX(SINAPI!$B:$B,MATCH($C658,SINAPI!$A:$A,0)),\"\"),IF(B658=\"COMPOSIÇÃO\",IFERROR(INDEX(COMPOSIÇÃO!$C:$C,MATCH($C658,COMPOSIÇÃO!$A:$A,0)),\"\"),\"\"))","v":"CALHA EM CHAPA DE AÇO GALVANIZADO Nº20, DESENVOLVIMENTO 140cm "},{"$f":"IF(B658=\"SINAPI\",IFERROR(INDEX(SINAPI!$C:$C,MATCH($C658,SINAPI!$A:$A,0)),\"\"),IF(B658=\"COMPOSIÇÃO\",IFERROR(INDEX(COMPOSIÇÃO!$D:$D,MATCH($C658,COMPOSIÇÃO!$A:$A,0)),\"\"),\"\"))","v":"M"},74.22,{"$f":"IF(B658=\"SINAPI\",IFERROR(INDEX(SINAPI!$D:$D,MATCH($C658,SINAPI!$A:$A,0)),0),IF(B658=\"COMPOSIÇÃO\",IFERROR(INDEX(COMPOSIÇÃO!$G:$G,MATCH($C658,COMPOSIÇÃO!$A:$A,0)),0),0))","v":163.45377600000003},{"$f":"G658*(1+$I$10)","v":196.87118519500109},{"$f":"ROUND(F658*H658,2)","v":14611.78}]
["13.5",null,null,"Proteção e Combate a Incêndio",null,null,null,null,{"$f":"I660+I683","v":159764.97}]
["13.5.1",null,null,"Elétrica",null,null,null,null,{"$f":"I661+I664+I670+I672","v":47438.039999999994}]
["13.5.1.1",null,null,"Tubos \t\t\t\t",null,null,null,null,{"$f":"SUM(I662:I663)","v":10597.550000000001}]
["13.5.1.1.1","SINAPI",95746,{"$f":"IF(B662=\"SINAPI\",IFERROR(INDEX(SINAPI!$B:$B,MATCH($C662,SINAPI!$A:$A,0)),\"\"),IF(B662=\"COMPOSIÇÃO\",IFERROR(INDEX(COMPOSIÇÃO!$C:$C,MATCH($C662,COMPOSIÇÃO!$A:$A,0)),\"\"),\"\"))","v":"ELETRODUTO DE AÇO GALVANIZADO, CLASSE LEVE, DN 25 MM (1\u0092\u0092), APARENTE, INSTALADO EM TETO - FORNECIMENTO E INSTALAÇÃO. AF_11/2016_P"},{"$f":"IF(B662=\"SINAPI\",IFERROR(INDEX(SINAPI!$C:$C,MATCH($C662,SINAPI!$A:$A,0)),\"\"),IF(B662=\"COMPOSIÇÃO\",IFERROR(INDEX(COMPOSIÇÃO!$D:$D,MATCH($C662,COMPOSIÇÃO!$A:$A,0)),\"\"),\"\"))","v":"M"},315,{"$f":"IF(B662=\"SINAPI\",IFERROR(INDEX(SINAPI!$D:$D,MATCH($C662,SINAPI!$A:$A,0)),0),IF(B662=\"COMPOSIÇÃO\",IFERROR(INDEX(COMPOSIÇÃO!$G:$G,MATCH($C662,COMPOSIÇÃO!$A:$A,0)),0),0))","v":22.81},{"$f":"G662*(1+$I$10)","v":27.473404678628981},{"$f":"ROUND(F662*H662,2)","v":8654.1200000000008}]
["13.5.1.1.2","SINAPI",91840,{"$f":"IF(B663=\"SINAPI\",IFERROR(INDEX(SINAPI!$B:$B,MATCH($C663,SINAPI!$A:$A,0)),\"\"),IF(B663=\"COMPOSIÇÃO\",IFERROR(INDEX(COMPOSIÇÃO!$C:$C,MATCH($C663,COMPOSIÇÃO!$A:$A,0)),\"\"),\"\"))","v":"ELETRODUTO FLEXÍVEL CORRUGADO, PEAD, DN 40 MM (1 1/4\"), PARA CIRCUITOS TERMINAIS, INSTALADO EM FORRO - FORNECIMENTO E INSTALAÇÃO. AF_12/2015"},{"$f":"IF(B663=\"SINAPI\",IFERROR(INDEX(SINAPI!$C:$C,MATCH($C663,SINAPI!$A:$A,0)),\"\"),IF(B663=\"COMPOSIÇÃO\",IFERROR(INDEX(COMPOSIÇÃO!$D:$D,MATCH($C663,COMPOSIÇÃO!$A:$A,0)),\"\"),\"\"))","v":"M"},155,{"$f":"IF(B663=\"SINAPI\",IFERROR(INDEX(SINAPI!$D:$D,MATCH($C663,SINAPI!$A:$A,0)),0),IF(B663=\"COMPOSIÇÃO\",IFERROR(INDEX(COMPOSIÇÃO!$G:$G,MATCH($C663,COMPOSIÇÃO!$A:$A,0)),0),0))","v":10.41},{"$f":"G663*(1+$I$10)","v":12.538278943644354},1943.43]
["13.5.1.2",null,null,"Acessórios",null,null,null,null,{"$f":"SUM(I665:I669)","v":5674.31}]
["13.5.1.2.1","SINAPI",95802,{"$f":"IF(B665=\"SINAPI\",IFERROR(INDEX(SINAPI!$B:$B,MATCH($C665,SINAPI!$A:$A,0)),\"\"),IF(B665=\"COMPOSIÇÃO\",IFERROR(INDEX(COMPOSIÇÃO!$C:$C,MATCH($C665,COMPOSIÇÃO!$A:$A,0)),\"\"),\"\"))","v":"CONDULETE DE ALUMÍNIO, TIPO X, PARA ELETRODUTO DE AÇO GALVANIZADO DN 25 MM (1''), APARENTE - FORNECIMENTO E INSTALAÇÃO. AF_11/2016_P"},{"$f":"IF(B665=\"SINAPI\",IFERROR(INDEX(SINAPI!$C:$C,MATCH($C665,SINAPI!$A:$A,0)),\"\"),IF(B665=\"COMPOSIÇÃO\",IFERROR(INDEX(COMPOSIÇÃO!$D:$D,MATCH($C665,COMPOSIÇÃO!$A:$A,0)),\"\"),\"\"))","v":"UN"},62,{"$f":"IF(B665=\"SINAPI\",IFERROR(INDEX(SINAPI!$D:$D,MATCH($C665,SINAPI!$A:$A,0)),0),IF(B665=\"COMPOSIÇÃO\",IFERROR(INDEX(COMPOSIÇÃO!$G:$G,MATCH($C665,COMPOSIÇÃO!$A:$A,0)),0),0))","v":35.43},{"$f":"G665*(1+$I$10)","v":42.673508450847208},{"$f":"ROUND(F665*H665,2)","v":2645.76}]
["13.5.1.2.2","COMPOSIÇÃO","COMP-2322 ",{"$f":"IF(B666=\"SINAPI\",IFERROR(INDEX(SINAPI!$B:$B,MATCH($C666,SINAPI!$A:$A,0)),\"\"),IF(B666=\"COMPOSIÇÃO\",IFERROR(INDEX(COMPOSIÇÃO!$C:$C,MATCH($C666,COMPOSIÇÃO!$A:$A,0)),\"\"),\"\"))","v":"CONECTOR PARA CONDULETE MÚLTIPLO EM ALUMÍNIO 1\""},{"$f":"IF(B666=\"SINAPI\",IFERROR(INDEX(SINAPI!$C:$C,MATCH($C666,SINAPI!$A:$A,0)),\"\"),IF(B666=\"COMPOSIÇÃO\",IFERROR(INDEX(COMPOSIÇÃO!$D:$D,MATCH($C666,COMPOSIÇÃO!$A:$A,0)),\"\"),\"\"))","v":"UND"},124,{"$f":"IF(B666=\"SINAPI\",IFERROR(INDEX(SINAPI!$D:$D,MATCH($C666,SINAPI!$A:$A,0)),0),IF(B666=\"COMPOSIÇÃO\",IFERROR(INDEX(COMPOSIÇÃO!$G:$G,MATCH($C666,COMPOSIÇÃO!$A:$A,0)),0),0))","v":11.540000000000001},{"$f":"G666*(1+$I$10)","v":13.899302498526019},1723.51]
["13.5.1.2.3","COMPOSIÇÃO","COMP-3967 ",{"$f":"IF(B667=\"SINAPI\",IFERROR(INDEX(SINAPI!$B:$B,MATCH($C667,SINAPI!$A:$A,0)),\"\"),IF(B667=\"COMPOSIÇÃO\",IFERROR(INDEX(COMPOSIÇÃO!$C:$C,MATCH($C667,COMPOSIÇÃO!$A:$A,0)),\"\"),\"\"))","v":"TAMPA CEGA TIPO METÁLICA 2.1/2\""},{"$f":"IF(B667=\"SINAPI\",IFERROR(INDEX(SINAPI!$C:$C,MATCH($C667,SINAPI!$A:$A,0)),\"\"),IF(B667=\"COMPOSIÇÃO\",IFERROR(INDEX(COMPOSIÇÃO!$D:$D,MATCH($C667,COMPOSIÇÃO!$A:$A,0)),\"\"),\"\"))","v":"UN"},1,{"$f":"IF(B667=\"SINAPI\",IFERROR(INDEX(SINAPI!$D:$D,MATCH($C667,SINAPI!$A:$A,0)),0),IF(B667=\"COMPOSIÇÃO\",IFERROR(INDEX(COMPOSIÇÃO!$G:$G,MATCH($C667,COMPOSIÇÃO!$A:$A,0)),0),0))","v":46.42},{"$f":"G667*(1+$I$10)","v":55.910365856289239},55.91]
["13.5.1.2.4","COMPOSIÇÃO","COMP-0125 ",{"$f":"IF(B668=\"SINAPI\",IFERROR(INDEX(SINAPI!$B:$B,MATCH($C668,SINAPI!$A:$A,0)),\"\"),IF(B668=\"COMPOSIÇÃO\",IFERROR(INDEX(COMPOSIÇÃO!$C:$C,MATCH($C668,COMPOSIÇÃO!$A:$A,0)),\"\"),\"\"))","v":"TAMPA CEGA PARA CONDULETE 1'' EM ALUMÍNIO"},{"$f":"IF(B668=\"SINAPI\",IFERROR(INDEX(SINAPI!$C:$C,MATCH($C668,SINAPI!$A:$A,0)),\"\"),IF(B668=\"COMPOSIÇÃO\",IFERROR(INDEX(COMPOSIÇÃO!$D:$D,MATCH($C668,COMPOSIÇÃO!$A:$A,0)),\"\"),\"\"))","v":"UN"},62,{"$f":"IF(B668=\"SINAPI\",IFERROR(INDEX(SINAPI!$D:$D,MATCH($C668,SINAPI!$A:$A,0)),0),IF(B668=\"COMPOSIÇÃO\",IFERROR(INDEX(COMPOSIÇÃO!$G:$G,MATCH($C668,COMPOSIÇÃO!$A:$A,0)),0),0))","v":6.33},{"$f":"G668*(1+$I$10)","v":7.6241407985848957},472.7]
["13.5.1.2.5","COMPOSIÇÃO","COMP-7753 ",{"$f":"IF(B669=\"SINAPI\",IFERROR(INDEX(SINAPI!$B:$B,MATCH($C669,SINAPI!$A:$A,0)),\"\"),IF(B669=\"COMPOSIÇÃO\",IFERROR(INDEX(COMPOSIÇÃO!$C:$C,MATCH($C669,COMPOSIÇÃO!$A:$A,0)),\"\"),\"\"))","v":"ABRAÇADEIRA PVC CINZA SEM ROSCA 1\""},{"$f":"IF(B669=\"SINAPI\",IFERROR(INDEX(SINAPI!$C:$C,MATCH($C669,SINAPI!$A:$A,0)),\"\"),IF(B669=\"COMPOSIÇÃO\",IFERROR(INDEX(COMPOSIÇÃO!$D:$D,MATCH($C669,COMPOSIÇÃO!$A:$A,0)),\"\"),\"\"))","v":"UN"},158,{"$f":"IF(B669=\"SINAPI\",IFERROR(INDEX(SINAPI!$D:$D,MATCH($C669,SINAPI!$A:$A,0)),0),IF(B669=\"COMPOSIÇÃO\",IFERROR(INDEX(COMPOSIÇÃO!$G:$G,MATCH($C669,COMPOSIÇÃO!$A:$A,0)),0),0))","v":4.08},{"$f":"G669*(1+$I$10)","v":4.914138145059459},776.43]
["13.5.1.3",null,null,"Cabeamento",null,null,null,null,{"$f":"SUM(I671)","v":4321.7}]
["13.5.1.3.1","COMPOSIÇÃO","COMP-176944",{"$f":"IF(B671=\"SINAPI\",IFERROR(INDEX(SINAPI!$B:$B,MATCH($C671,SINAPI!$A:$A,0)),\"\"),IF(B671=\"COMPOSIÇÃO\",IFERROR(INDEX(COMPOSIÇÃO!$C:$C,MATCH($C671,COMPOSIÇÃO!$A:$A,0)),\"\"),\"\"))","v":"CABO BLINDADO PARA ALARME DE INCÊNDIO"},{"$f":"IF(B671=\"SINAPI\",IFERROR(INDEX(SINAPI!$C:$C,MATCH($C671,SINAPI!$A:$A,0)),\"\"),IF(B671=\"COMPOSIÇÃO\",IFERROR(INDEX(COMPOSIÇÃO!$D:$D,MATCH($C671,COMPOSIÇÃO!$A:$A,0)),\"\"),\"\"))","v":"M"},330,{"$f":"IF(B671=\"SINAPI\",IFERROR(INDEX(SINAPI!$D:$D,MATCH($C671,SINAPI!$A:$A,0)),0),IF(B671=\"COMPOSIÇÃO\",IFERROR(INDEX(COMPOSIÇÃO!$G:$G,MATCH($C671,COMPOSIÇÃO!$A:$A,0)),0),0))","v":10.873099999999999},{"$f":"G671*(1+$I$10)","v":13.096057712021079},{"$f":"ROUND(F671*H671,2)","v":4321.7}]
["13.5.1.4",null,null,"Equipamentos Eletrônico",null,null,null,null,{"$f":"SUM(I673:I682)","v":26844.479999999996}]
["13.5.1.4.1","COMPOSIÇÃO","COMP-795362",{"$f":"IF(B673=\"SINAPI\",IFERROR(INDEX(SINAPI!$B:$B,MATCH($C673,SINAPI!$A:$A,0)),\"\"),IF(B673=\"COMPOSIÇÃO\",IFERROR(INDEX(COMPOSIÇÃO!$C:$C,MATCH($C673,COMPOSIÇÃO!$A:$A,0)),\"\"),\"\"))","v":"CENTRAL ALARME DE INCÊNDIO ENDEREÇÁVEL - 250 ENDEREÇOS"},{"$f":"IF(B673=\"SINAPI\",IFERROR(INDEX(SINAPI!$C:$C,MATCH($C673,SINAPI!$A:$A,0)),\"\"),IF(B673=\"COMPOSIÇÃO\",IFERROR(INDEX(COMPOSIÇÃO!$D:$D,MATCH($C673,COMPOSIÇÃO!$A:$A,0)),\"\"),\"\"))","v":"UND"},1,{"$f":"IF(B673=\"SINAPI\",IFERROR(INDEX(SINAPI!$D:$D,MATCH($C673,SINAPI!$A:$A,0)),0),IF(B673=\"COMPOSIÇÃO\",IFERROR(INDEX(COMPOSIÇÃO!$G:$G,MATCH($C673,COMPOSIÇÃO!$A:$A,0)),0),0))","v":5361.37},{"$f":"G673*(1+$I$10)","v":6457.4786340140763},{"$f":"ROUND(F673*H673,2)","v":6457.48}]
["13.5.1.4.2","COMPOSIÇÃO","COMP-180979",{"$f":"IF(B674=\"SINAPI\",IFERROR(INDEX(SINAPI!$B:$B,MATCH($C674,SINAPI!$A:$A,0)),\"\"),IF(B674=\"COMPOSIÇÃO\",IFERROR(INDEX(COMPOSIÇÃO!$C:$C,MATCH($C674,COMPOSIÇÃO!$A:$A,0)),\"\"),\"\"))","v":"SIRENE ÁUDIO/VISUAL, 120 dB, COM ACIONADOR MANUAL, ALIMENTAÇÃO 220 VAC - INSTALADO"},{"$f":"IF(B674=\"SINAPI\",IFERROR(INDEX(SINAPI!$C:$C,MATCH($C674,SINAPI!$A:$A,0)),\"\"),IF(B674=\"COMPOSIÇÃO\",IFERROR(INDEX(COMPOSIÇÃO!$D:$D,MATCH($C674,COMPOSIÇÃO!$A:$A,0)),\"\"),\"\"))","v":"UND"},5,{"$f":"IF(B674=\"SINAPI\",IFERROR(INDEX(SINAPI!$D:$D,MATCH($C674,SINAPI!$A:$A,0)),0),IF(B674=\"COMPOSIÇÃO\",IFERROR(INDEX(COMPOSIÇÃO!$G:$G,MATCH($C674,COMPOSIÇÃO!$A:$A,0)),0),0))","v":267.80149999999998},322.55234471915207,1612.76]
["13.5.1.4.3","COMPOSIÇÃO","COMP-908370",{"$f":"IF(B675=\"SINAPI\",IFERROR(INDEX(SINAPI!$B:$B,MATCH($C675,SINAPI!$A:$A,0)),\"\"),IF(B675=\"COMPOSIÇÃO\",IFERROR(INDEX(COMPOSIÇÃO!$C:$C,MATCH($C675,COMPOSIÇÃO!$A:$A,0)),\"\"),\"\"))","v":"BATERIA DE SISTEMA DE ALARME / REPETIDOR"},{"$f":"IF(B675=\"SINAPI\",IFERROR(INDEX(SINAPI!$C:$C,MATCH($C675,SINAPI!$A:$A,0)),\"\"),IF(B675=\"COMPOSIÇÃO\",IFERROR(INDEX(COMPOSIÇÃO!$D:$D,MATCH($C675,COMPOSIÇÃO!$A:$A,0)),\"\"),\"\"))","v":"UND"},3,{"$f":"IF(B675=\"SINAPI\",IFERROR(INDEX(SINAPI!$D:$D,MATCH($C675,SINAPI!$A:$A,0)),0),IF(B675=\"COMPOSIÇÃO\",IFERROR(INDEX(COMPOSIÇÃO!$G:$G,MATCH($C675,COMPOSIÇÃO!$A:$A,0)),0),0))","v":178.10500000000002},214.51778782495467,643.54999999999995]
["13.5.1.4.4","COMPOSIÇÃO","COMP-448417",{"$f":"IF(B676=\"SINAPI\",IFERROR(INDEX(SINAPI!$B:$B,MATCH($C676,SINAPI!$A:$A,0)),\"\"),IF(B676=\"COMPOSIÇÃO\",IFERROR(INDEX(COMPOSIÇÃO!$C:$C,MATCH($C676,COMPOSIÇÃO!$A:$A,0)),\"\"),\"\"))","v":"PAINEL REPETIDOR ENDEREÇÁVEL 125/250 ENDEREÇOS - 24 VOLTS"},{"$f":"IF(B676=\"SINAPI\",IFERROR(INDEX(SINAPI!$C:$C,MATCH($C676,SINAPI!$A:$A,0)),\"\"),IF(B676=\"COMPOSIÇÃO\",IFERROR(INDEX(COMPOSIÇÃO!$D:$D,MATCH($C676,COMPOSIÇÃO!$A:$A,0)),\"\"),\"\"))","v":"UND"},1,{"$f":"IF(B676=\"SINAPI\",IFERROR(INDEX(SINAPI!$D:$D,MATCH($C676,SINAPI!$A:$A,0)),0),IF(B676=\"COMPOSIÇÃO\",IFERROR(INDEX(COMPOSIÇÃO!$G:$G,MATCH($C676,COMPOSIÇÃO!$A:$A,0)),0),0))","v":1857.623},2237.4058929999478,2237.41]
["13.5.1.4.5","SINAPI",85120,{"$f":"IF(B677=\"SINAPI\",IFERROR(INDEX(SINAPI!$B:$B,MATCH($C677,SINAPI!$A:$A,0)),\"\"),IF(B677=\"COMPOSIÇÃO\",IFERROR(INDEX(COMPOSIÇÃO!$C:$C,MATCH($C677,COMPOSIÇÃO!$A:$A,0)),\"\"),\"\"))","v":""},{"$f":"IF(B677=\"SINAPI\",IFERROR(INDEX(SINAPI!$C:$C,MATCH($C677,SINAPI!$A:$A,0)),\"\"),IF(B677=\"COMPOSIÇÃO\",IFERROR(INDEX(COMPOSIÇÃO!$D:$D,MATCH($C677,COMPOSIÇÃO!$A:$A,0)),\"\"),\"\"))","v":""},1,{"$f":"IF(B677=\"SINAPI\",IFERROR(INDEX(SINAPI!$D:$D,MATCH($C677,SINAPI!$A:$A,0)),0),IF(B677=\"COMPOSIÇÃO\",IFERROR(INDEX(COMPOSIÇÃO!$G:$G,MATCH($C677,COMPOSIÇÃO!$A:$A,0)),0),0))","v":0},0,0]
["13.5.1.4.6","COMPOSIÇÃO","COMP-4159 ",{"$f":"IF(B678=\"SINAPI\",IFERROR(INDEX(SINAPI!$B:$B,MATCH($C678,SINAPI!$A:$A,0)),\"\"),IF(B678=\"COMPOSIÇÃO\",IFERROR(INDEX(COMPOSIÇÃO!$C:$C,MATCH($C678,COMPOSIÇÃO!$A:$A,0)),\"\"),\"\"))","v":"PRESSOSTATO "},{"$f":"IF(B678=\"SINAPI\",IFERROR(INDEX(SINAPI!$C:$C,MATCH($C678,SINAPI!$A:$A,0)),\"\"),IF(B678=\"COMPOSIÇÃO\",IFERROR(INDEX(COMPOSIÇÃO!$D:$D,MATCH($C678,COMPOSIÇÃO!$A:$A,0)),\"\"),\"\"))","v":"UND"},2,{"$f":"IF(B678=\"SINAPI\",IFERROR(INDEX(SINAPI!$D:$D,MATCH($C678,SINAPI!$A:$A,0)),0),IF(B678=\"COMPOSIÇÃO\",IFERROR(INDEX(COMPOSIÇÃO!$G:$G,MATCH($C678,COMPOSIÇÃO!$A:$A,0)),0),0))","v":143.71},173.09088059472913,346.18]
["13.5.1.4.7","COMPOSIÇÃO","COMP-814083",{"$f":"IF(B679=\"SINAPI\",IFERROR(INDEX(SINAPI!$B:$B,MATCH($C679,SINAPI!$A:$A,0)),\"\"),IF(B679=\"COMPOSIÇÃO\",IFERROR(INDEX(COMPOSIÇÃO!$C:$C,MATCH($C679,COMPOSIÇÃO!$A:$A,0)),\"\"),\"\"))","v":"DETECTORES DE FUMAÇA ÓPTICO ENDEREÇÁVEL ILUMAC OU SIMILAR"},{"$f":"IF(B679=\"SINAPI\",IFERROR(INDEX(SINAPI!$C:$C,MATCH($C679,SINAPI!$A:$A,0)),\"\"),IF(B679=\"COMPOSIÇÃO\",IFERROR(INDEX(COMPOSIÇÃO!$D:$D,MATCH($C679,COMPOSIÇÃO!$A:$A,0)),\"\"),\"\"))","v":"UN"},46,{"$f":"IF(B679=\"SINAPI\",IFERROR(INDEX(SINAPI!$D:$D,MATCH($C679,SINAPI!$A:$A,0)),0),IF(B679=\"COMPOSIÇÃO\",IFERROR(INDEX(COMPOSIÇÃO!$G:$G,MATCH($C679,COMPOSIÇÃO!$A:$A,0)),0),0))","v":246.8766},297.34944048592791,13678.07]
["13.5.1.4.8","COMPOSIÇÃO","COMP-8716 ",{"$f":"IF(B680=\"SINAPI\",IFERROR(INDEX(SINAPI!$B:$B,MATCH($C680,SINAPI!$A:$A,0)),\"\"),IF(B680=\"COMPOSIÇÃO\",IFERROR(INDEX(COMPOSIÇÃO!$C:$C,MATCH($C680,COMPOSIÇÃO!$A:$A,0)),\"\"),\"\"))","v":"DETECTOR TERMOVELOCÍMETRO ILUMAC OU SIMILAR"},{"$f":"IF(B680=\"SINAPI\",IFERROR(INDEX(SINAPI!$C:$C,MATCH($C680,SINAPI!$A:$A,0)),\"\"),IF(B680=\"COMPOSIÇÃO\",IFERROR(INDEX(COMPOSIÇÃO!$D:$D,MATCH($C680,COMPOSIÇÃO!$A:$A,0)),\"\"),\"\"))","v":"UN"},1,{"$f":"IF(B680=\"SINAPI\",IFERROR(INDEX(SINAPI!$D:$D,MATCH($C680,SINAPI!$A:$A,0)),0),IF(B680=\"COMPOSIÇÃO\",IFERROR(INDEX(COMPOSIÇÃO!$G:$G,MATCH($C680,COMPOSIÇÃO!$A:$A,0)),0),0))","v":246.8766},297.34944048592791,297.35000000000002]
["13.5.1.4.9","COMPOSIÇÃO","COMP-897373",{"$f":"IF(B681=\"SINAPI\",IFERROR(INDEX(SINAPI!$B:$B,MATCH($C681,SINAPI!$A:$A,0)),\"\"),IF(B681=\"COMPOSIÇÃO\",IFERROR(INDEX(COMPOSIÇÃO!$C:$C,MATCH($C681,COMPOSIÇÃO!$A:$A,0)),\"\"),\"\"))","v":"ACIONADOR MANUAL DO SISTEMA DE DETECÇÃO E ALARME"},{"$f":"IF(B681=\"SINAPI\",IFERROR(INDEX(SINAPI!$C:$C,MATCH($C681,SINAPI!$A:$A,0)),\"\"),IF(B681=\"COMPOSIÇÃO\",IFERROR(INDEX(COMPOSIÇÃO!$D:$D,MATCH($C681,COMPOSIÇÃO!$A:$A,0)),\"\"),\"\"))","v":"UND"},5,{"$f":"IF(B681=\"SINAPI\",IFERROR(INDEX(SINAPI!$D:$D,MATCH($C681,SINAPI!$A:$A,0)),0),IF(B681=\"COMPOSIÇÃO\",IFERROR(INDEX(COMPOSIÇÃO!$G:$G,MATCH($C681,COMPOSIÇÃO!$A:$A,0)),0),0))","v":132.36200000000002},159.42283165597064,797.11]
["13.5.1.4.10","COMPOSIÇÃO","COMP-711596",{"$f":"IF(B682=\"SINAPI\",IFERROR(INDEX(SINAPI!$B:$B,MATCH($C682,SINAPI!$A:$A,0)),\"\"),IF(B682=\"COMPOSIÇÃO\",IFERROR(INDEX(COMPOSIÇÃO!$C:$C,MATCH($C682,COMPOSIÇÃO!$A:$A,0)),\"\"),\"\"))","v":"ACIONADOR MANUAL DE BOMBA DE INCÊNDIO "},{"$f":"IF(B682=\"SINAPI\",IFERROR(INDEX(SINAPI!$C:$C,MATCH($C682,SINAPI!$A:$A,0)),\"\"),IF(B682=\"COMPOSIÇÃO\",IFERROR(INDEX(COMPOSIÇÃO!$D:$D,MATCH($C682,COMPOSIÇÃO!$A:$A,0)),\"\"),\"\"))","v":"UND"},5,{"$f":"IF(B682=\"SINAPI\",IFERROR(INDEX(SINAPI!$D:$D,MATCH($C682,SINAPI!$A:$A,0)),0),IF(B682=\"COMPOSIÇÃO\",IFERROR(INDEX(COMPOSIÇÃO!$G:$G,MATCH($C682,COMPOSIÇÃO!$A:$A,0)),0),0))","v":128.6181},154.91350768506666,774.57]
["13.5.2",null,null,"Hidráulica",null,null,null,null,{"$f":"I684+I688+I716+I721+I748+I751","v":112326.93000000001}]
["13.5.2.1",null,null,"Tubos \t\t\t\t",null,null,null,null,{"$f":"SUM(I685:I687)","v":64823}]
["13.5.2.1.1","SINAPI",92336,{"$f":"IF(B685=\"SINAPI\",IFERROR(INDEX(SINAPI!$B:$B,MATCH($C685,SINAPI!$A:$A,0)),\"\"),IF(B685=\"COMPOSIÇÃO\",IFERROR(INDEX(COMPOSIÇÃO!$C:$C,MATCH($C685,COMPOSIÇÃO!$A:$A,0)),\"\"),\"\"))","v":"TUBO DE AÇO GALVANIZADO COM COSTURA, CLASSE MÉDIA, CONEXÃO RANHURADA, DN 65 (2 1/2\"), INSTALADO EM PRUMADAS - FORNECIMENTO E INSTALAÇÃO. AF_10/2020"},{"$f":"IF(B685=\"SINAPI\",IFERROR(INDEX(SINAPI!$C:$C,MATCH($C685,SINAPI!$A:$A,0)),\"\"),IF(B685=\"COMPOSIÇÃO\",IFERROR(INDEX(COMPOSIÇÃO!$D:$D,MATCH($C685,COMPOSIÇÃO!$A:$A,0)),\"\"),\"\"))","v":"M"},346,{"$f":"IF(B685=\"SINAPI\",IFERROR(INDEX(SINAPI!$D:$D,MATCH($C685,SINAPI!$A:$A,0)),0),IF(B685=\"COMPOSIÇÃO\",IFERROR(INDEX(COMPOSIÇÃO!$G:$G,MATCH($C685,COMPOSIÇÃO!$A:$A,0)),0),0))","v":145},{"$f":"G685*(1+$I$10)","v":174.64461544941705},{"$f":"ROUND(F685*H685,2)","v":60427.040000000001}]
["13.5.2.1.2","COMPOSIÇÃO","COMP-5931",{"$f":"IF(B686=\"SINAPI\",IFERROR(INDEX(SINAPI!$B:$B,MATCH($C686,SINAPI!$A:$A,0)),\"\"),IF(B686=\"COMPOSIÇÃO\",IFERROR(INDEX(COMPOSIÇÃO!$C:$C,MATCH($C686,COMPOSIÇÃO!$A:$A,0)),\"\"),\"\"))","v":"MANGUEIRA DE INCÊNDIO DIAMENTRO INTERNO 38 MM E COMPRIMENTO DE 15 M"},{"$f":"IF(B686=\"SINAPI\",IFERROR(INDEX(SINAPI!$C:$C,MATCH($C686,SINAPI!$A:$A,0)),\"\"),IF(B686=\"COMPOSIÇÃO\",IFERROR(INDEX(COMPOSIÇÃO!$D:$D,MATCH($C686,COMPOSIÇÃO!$A:$A,0)),\"\"),\"\"))","v":"UN"},10,{"$f":"IF(B686=\"SINAPI\",IFERROR(INDEX(SINAPI!$D:$D,MATCH($C686,SINAPI!$A:$A,0)),0),IF(B686=\"COMPOSIÇÃO\",IFERROR(INDEX(COMPOSIÇÃO!$G:$G,MATCH($C686,COMPOSIÇÃO!$A:$A,0)),0),0))","v":351.50799999999998},{"$f":"G686*(1+$I$10)","v":423.37227232685296},4233.72]
["13.5.2.1.3","SINAPI",92688,{"$f":"IF(B687=\"SINAPI\",IFERROR(INDEX(SINAPI!$B:$B,MATCH($C687,SINAPI!$A:$A,0)),\"\"),IF(B687=\"COMPOSIÇÃO\",IFERROR(INDEX(COMPOSIÇÃO!$C:$C,MATCH($C687,COMPOSIÇÃO!$A:$A,0)),\"\"),\"\"))","v":"TUBO DE AÇO GALVANIZADO COM COSTURA, CLASSE MÉDIA, CONEXÃO ROSQUEADA, DN 20 (3/4\"), INSTALADO EM RAMAIS E SUB-RAMAIS DE GÁS - FORNECIMENTO E INSTALAÇÃO. AF_10/2020"},{"$f":"IF(B687=\"SINAPI\",IFERROR(INDEX(SINAPI!$C:$C,MATCH($C687,SINAPI!$A:$A,0)),\"\"),IF(B687=\"COMPOSIÇÃO\",IFERROR(INDEX(COMPOSIÇÃO!$D:$D,MATCH($C687,COMPOSIÇÃO!$A:$A,0)),\"\"),\"\"))","v":"M"},3,{"$f":"IF(B687=\"SINAPI\",IFERROR(INDEX(SINAPI!$D:$D,MATCH($C687,SINAPI!$A:$A,0)),0),IF(B687=\"COMPOSIÇÃO\",IFERROR(INDEX(COMPOSIÇÃO!$G:$G,MATCH($C687,COMPOSIÇÃO!$A:$A,0)),0),0))","v":44.9},{"$f":"G687*(1+$I$10)","v":54.07960850812983},162.24]
["13.5.2.2",null,null,"Acessórios",null,null,null,null,{"$f":"SUM(I689:I715)","v":15931.080000000004}]
["13.5.2.2.1","COMPOSIÇÃO","COMP-5222 ",{"$f":"IF(B689=\"SINAPI\",IFERROR(INDEX(SINAPI!$B:$B,MATCH($C689,SINAPI!$A:$A,0)),\"\"),IF(B689=\"COMPOSIÇÃO\",IFERROR(INDEX(COMPOSIÇÃO!$C:$C,MATCH($C689,COMPOSIÇÃO!$A:$A,0)),\"\"),\"\"))","v":"ADAPTADOR PARA ENGATE STORZ - ⌀ 63 MM X ⌀ 63 MM"},{"$f":"IF(B689=\"SINAPI\",IFERROR(INDEX(SINAPI!$C:$C,MATCH($C689,SINAPI!$A:$A,0)),\"\"),IF(B689=\"COMPOSIÇÃO\",IFERROR(INDEX(COMPOSIÇÃO!$D:$D,MATCH($C689,COMPOSIÇÃO!$A:$A,0)),\"\"),\"\"))","v":"UN"},6,{"$f":"IF(B689=\"SINAPI\",IFERROR(INDEX(SINAPI!$D:$D,MATCH($C689,SINAPI!$A:$A,0)),0),IF(B689=\"COMPOSIÇÃO\",IFERROR(INDEX(COMPOSIÇÃO!$G:$G,MATCH($C689,COMPOSIÇÃO!$A:$A,0)),0),0))","v":74.272000000000006},{"$f":"G689*(1+$I$10)","v":89.456585370062783},{"$f":"ROUND(F689*H689,2)","v":536.74}]
["13.5.2.2.2","COMPOSIÇÃO","COMP-8817 ",{"$f":"IF(B690=\"SINAPI\",IFERROR(INDEX(SINAPI!$B:$B,MATCH($C690,SINAPI!$A:$A,0)),\"\"),IF(B690=\"COMPOSIÇÃO\",IFERROR(INDEX(COMPOSIÇÃO!$C:$C,MATCH($C690,COMPOSIÇÃO!$A:$A,0)),\"\"),\"\"))","v":"ADAPTADOR DE SAIDA 2.1/2\""},{"$f":"IF(B690=\"SINAPI\",IFERROR(INDEX(SINAPI!$C:$C,MATCH($C690,SINAPI!$A:$A,0)),\"\"),IF(B690=\"COMPOSIÇÃO\",IFERROR(INDEX(COMPOSIÇÃO!$D:$D,MATCH($C690,COMPOSIÇÃO!$A:$A,0)),\"\"),\"\"))","v":"UN"},1,{"$f":"IF(B690=\"SINAPI\",IFERROR(INDEX(SINAPI!$D:$D,MATCH($C690,SINAPI!$A:$A,0)),0),IF(B690=\"COMPOSIÇÃO\",IFERROR(INDEX(COMPOSIÇÃO!$G:$G,MATCH($C690,COMPOSIÇÃO!$A:$A,0)),0),0))","v":189.12199999999999},227.78716526223894,227.79]
["13.5.2.2.3","SINAPI",97487,{"$f":"IF(B691=\"SINAPI\",IFERROR(INDEX(SINAPI!$B:$B,MATCH($C691,SINAPI!$A:$A,0)),\"\"),IF(B691=\"COMPOSIÇÃO\",IFERROR(INDEX(COMPOSIÇÃO!$C:$C,MATCH($C691,COMPOSIÇÃO!$A:$A,0)),\"\"),\"\"))","v":"CURVA 45 GRAUS, EM AÇO, CONEXÃO SOLDADA, DN 65 (2 1/2\"), INSTALADO EM REDE DE ALIMENTAÇÃO PARA HIDRANTE - FORNECIMENTO E INSTALAÇÃO. AF_10/2020"},{"$f":"IF(B691=\"SINAPI\",IFERROR(INDEX(SINAPI!$C:$C,MATCH($C691,SINAPI!$A:$A,0)),\"\"),IF(B691=\"COMPOSIÇÃO\",IFERROR(INDEX(COMPOSIÇÃO!$D:$D,MATCH($C691,COMPOSIÇÃO!$A:$A,0)),\"\"),\"\"))","v":"UN"},1,{"$f":"IF(B691=\"SINAPI\",IFERROR(INDEX(SINAPI!$D:$D,MATCH($C691,SINAPI!$A:$A,0)),0),IF(B691=\"COMPOSIÇÃO\",IFERROR(INDEX(COMPOSIÇÃO!$G:$G,MATCH($C691,COMPOSIÇÃO!$A:$A,0)),0),0))","v":255.72},308.00083491534434,308]
["13.5.2.2.4","SINAPI",97488,{"$f":"IF(B692=\"SINAPI\",IFERROR(INDEX(SINAPI!$B:$B,MATCH($C692,SINAPI!$A:$A,0)),\"\"),IF(B692=\"COMPOSIÇÃO\",IFERROR(INDEX(COMPOSIÇÃO!$C:$C,MATCH($C692,COMPOSIÇÃO!$A:$A,0)),\"\"),\"\"))","v":"CURVA 90 GRAUS, EM AÇO, CONEXÃO SOLDADA, DN 65 (2 1/2\"), INSTALADO EM REDE DE ALIMENTAÇÃO PARA HIDRANTE - FORNECIMENTO E INSTALAÇÃO. AF_10/2020"},{"$f":"IF(B692=\"SINAPI\",IFERROR(INDEX(SINAPI!$C:$C,MATCH($C692,SINAPI!$A:$A,0)),\"\"),IF(B692=\"COMPOSIÇÃO\",IFERROR(INDEX(COMPOSIÇÃO!$D:$D,MATCH($C692,COMPOSIÇÃO!$A:$A,0)),\"\"),\"\"))","v":"UN"},3,{"$f":"IF(B692=\"SINAPI\",IFERROR(INDEX(SINAPI!$D:$D,MATCH($C692,SINAPI!$A:$A,0)),0),IF(B692=\"COMPOSIÇÃO\",IFERROR(INDEX(COMPOSIÇÃO!$G:$G,MATCH($C692,COMPOSIÇÃO!$A:$A,0)),0),0))","v":272.18},327.82600988291262,983.48]
["13.5.2.2.5","COMPOSIÇÃO","COMP-0173 ",{"$f":"IF(B693=\"SINAPI\",IFERROR(INDEX(SINAPI!$B:$B,MATCH($C693,SINAPI!$A:$A,0)),\"\"),IF(B693=\"COMPOSIÇÃO\",IFERROR(INDEX(COMPOSIÇÃO!$C:$C,MATCH($C693,COMPOSIÇÃO!$A:$A,0)),\"\"),\"\"))","v":"CURVA 90° ZINCADA 1\""},{"$f":"IF(B693=\"SINAPI\",IFERROR(INDEX(SINAPI!$C:$C,MATCH($C693,SINAPI!$A:$A,0)),\"\"),IF(B693=\"COMPOSIÇÃO\",IFERROR(INDEX(COMPOSIÇÃO!$D:$D,MATCH($C693,COMPOSIÇÃO!$A:$A,0)),\"\"),\"\"))","v":"UND"},15,{"$f":"IF(B693=\"SINAPI\",IFERROR(INDEX(SINAPI!$D:$D,MATCH($C693,SINAPI!$A:$A,0)),0),IF(B693=\"COMPOSIÇÃO\",IFERROR(INDEX(COMPOSIÇÃO!$G:$G,MATCH($C693,COMPOSIÇÃO!$A:$A,0)),0),0))","v":30.682000000000002},36.954800629096646,554.32000000000005]
["13.5.2.2.6","SINAPI",97488,{"$f":"IF(B694=\"SINAPI\",IFERROR(INDEX(SINAPI!$B:$B,MATCH($C694,SINAPI!$A:$A,0)),\"\"),IF(B694=\"COMPOSIÇÃO\",IFERROR(INDEX(COMPOSIÇÃO!$C:$C,MATCH($C694,COMPOSIÇÃO!$A:$A,0)),\"\"),\"\"))","v":"CURVA 90 GRAUS, EM AÇO, CONEXÃO SOLDADA, DN 65 (2 1/2\"), INSTALADO EM REDE DE ALIMENTAÇÃO PARA HIDRANTE - FORNECIMENTO E INSTALAÇÃO. AF_10/2020"},{"$f":"IF(B694=\"SINAPI\",IFERROR(INDEX(SINAPI!$C:$C,MATCH($C694,SINAPI!$A:$A,0)),\"\"),IF(B694=\"COMPOSIÇÃO\",IFERROR(INDEX(COMPOSIÇÃO!$D:$D,MATCH($C694,COMPOSIÇÃO!$A:$A,0)),\"\"),\"\"))","v":"UN"},1,{"$f":"IF(B694=\"SINAPI\",IFERROR(INDEX(SINAPI!$D:$D,MATCH($C694,SINAPI!$A:$A,0)),0),IF(B694=\"COMPOSIÇÃO\",IFERROR(INDEX(COMPOSIÇÃO!$G:$G,MATCH($C694,COMPOSIÇÃO!$A:$A,0)),0),0))","v":272.18},327.82600988291262,327.83]
["13.5.2.2.7","SINAPI",92390,{"$f":"IF(B695=\"SINAPI\",IFERROR(INDEX(SINAPI!$B:$B,MATCH($C695,SINAPI!$A:$A,0)),\"\"),IF(B695=\"COMPOSIÇÃO\",IFERROR(INDEX(COMPOSIÇÃO!$C:$C,MATCH($C695,COMPOSIÇÃO!$A:$A,0)),\"\"),\"\"))","v":"JOELHO 90 GRAUS, EM FERRO GALVANIZADO, DN 65 (2 1/2\"), CONEXÃO ROSQUEADA, INSTALADO EM REDE DE ALIMENTAÇÃO PARA HIDRANTE - FORNECIMENTO E INSTALAÇÃO. AF_10/2020"},{"$f":"IF(B695=\"SINAPI\",IFERROR(INDEX(SINAPI!$C:$C,MATCH($C695,SINAPI!$A:$A,0)),\"\"),IF(B695=\"COMPOSIÇÃO\",IFERROR(INDEX(COMPOSIÇÃO!$D:$D,MATCH($C695,COMPOSIÇÃO!$A:$A,0)),\"\"),\"\"))","v":"UN"},15,{"$f":"IF(B695=\"SINAPI\",IFERROR(INDEX(SINAPI!$D:$D,MATCH($C695,SINAPI!$A:$A,0)),0),IF(B695=\"COMPOSIÇÃO\",IFERROR(INDEX(COMPOSIÇÃO!$G:$G,MATCH($C695,COMPOSIÇÃO!$A:$A,0)),0),0))","v":108.24},130.36919431893034,1955.54]
["13.5.2.2.8","SINAPI",92934,{"$f":"IF(B696=\"SINAPI\",IFERROR(INDEX(SINAPI!$B:$B,MATCH($C696,SINAPI!$A:$A,0)),\"\"),IF(B696=\"COMPOSIÇÃO\",IFERROR(INDEX(COMPOSIÇÃO!$C:$C,MATCH($C696,COMPOSIÇÃO!$A:$A,0)),\"\"),\"\"))","v":"LUVA DE REDUÇÃO, EM FERRO GALVANIZADO, 2 1/2\" X 1 1/2\", CONEXÃO ROSQUEADA, INSTALADO EM REDE DE ALIMENTAÇÃO PARA HIDRANTE - FORNECIMENTO E INSTALAÇÃO. AF_10/2020"},{"$f":"IF(B696=\"SINAPI\",IFERROR(INDEX(SINAPI!$C:$C,MATCH($C696,SINAPI!$A:$A,0)),\"\"),IF(B696=\"COMPOSIÇÃO\",IFERROR(INDEX(COMPOSIÇÃO!$D:$D,MATCH($C696,COMPOSIÇÃO!$A:$A,0)),\"\"),\"\"))","v":"UN"},1,{"$f":"IF(B696=\"SINAPI\",IFERROR(INDEX(SINAPI!$D:$D,MATCH($C696,SINAPI!$A:$A,0)),0),IF(B696=\"COMPOSIÇÃO\",IFERROR(INDEX(COMPOSIÇÃO!$G:$G,MATCH($C696,COMPOSIÇÃO!$A:$A,0)),0),0))","v":78.38},94.404447992588317,94.4]
["13.5.2.2.9","SINAPI",92896,{"$f":"IF(B697=\"SINAPI\",IFERROR(INDEX(SINAPI!$B:$B,MATCH($C697,SINAPI!$A:$A,0)),\"\"),IF(B697=\"COMPOSIÇÃO\",IFERROR(INDEX(COMPOSIÇÃO!$C:$C,MATCH($C697,COMPOSIÇÃO!$A:$A,0)),\"\"),\"\"))","v":"UNIÃO, EM FERRO GALVANIZADO, DN 65 (2 1/2\"), CONEXÃO ROSQUEADA, INSTALADO EM REDE DE ALIMENTAÇÃO PARA HIDRANTE - FORNECIMENTO E INSTALAÇÃO. AF_10/2020"},{"$f":"IF(B697=\"SINAPI\",IFERROR(INDEX(SINAPI!$C:$C,MATCH($C697,SINAPI!$A:$A,0)),\"\"),IF(B697=\"COMPOSIÇÃO\",IFERROR(INDEX(COMPOSIÇÃO!$D:$D,MATCH($C697,COMPOSIÇÃO!$A:$A,0)),\"\"),\"\"))","v":"UN"},10,{"$f":"IF(B697=\"SINAPI\",IFERROR(INDEX(SINAPI!$D:$D,MATCH($C697,SINAPI!$A:$A,0)),0),IF(B697=\"COMPOSIÇÃO\",IFERROR(INDEX(COMPOSIÇÃO!$G:$G,MATCH($C697,COMPOSIÇÃO!$A:$A,0)),0),0))","v":154.31},185.85800420689341,1858.58]
["13.5.2.2.10","COMPOSIÇÃO","COMP-9694",{"$f":"IF(B698=\"SINAPI\",IFERROR(INDEX(SINAPI!$B:$B,MATCH($C698,SINAPI!$A:$A,0)),\"\"),IF(B698=\"COMPOSIÇÃO\",IFERROR(INDEX(COMPOSIÇÃO!$C:$C,MATCH($C698,COMPOSIÇÃO!$A:$A,0)),\"\"),\"\"))","v":"ENGATE TIPO STORZ 2.1/2\""},{"$f":"IF(B698=\"SINAPI\",IFERROR(INDEX(SINAPI!$C:$C,MATCH($C698,SINAPI!$A:$A,0)),\"\"),IF(B698=\"COMPOSIÇÃO\",IFERROR(INDEX(COMPOSIÇÃO!$D:$D,MATCH($C698,COMPOSIÇÃO!$A:$A,0)),\"\"),\"\"))","v":"UND"},6,{"$f":"IF(B698=\"SINAPI\",IFERROR(INDEX(SINAPI!$D:$D,MATCH($C698,SINAPI!$A:$A,0)),0),IF(B698=\"COMPOSIÇÃO\",IFERROR(INDEX(COMPOSIÇÃO!$G:$G,MATCH($C698,COMPOSIÇÃO!$A:$A,0)),0),0))","v":61.131999999999998},73.630169873474216,441.78]
["13.5.2.2.11","COMPOSIÇÃO","COMP-8926 ",{"$f":"IF(B699=\"SINAPI\",IFERROR(INDEX(SINAPI!$B:$B,MATCH($C699,SINAPI!$A:$A,0)),\"\"),IF(B699=\"COMPOSIÇÃO\",IFERROR(INDEX(COMPOSIÇÃO!$C:$C,MATCH($C699,COMPOSIÇÃO!$A:$A,0)),\"\"),\"\"))","v":"REGISTRO GLOBO ANGULAR 45 GRAUS ⌀ 63 MM"},{"$f":"IF(B699=\"SINAPI\",IFERROR(INDEX(SINAPI!$C:$C,MATCH($C699,SINAPI!$A:$A,0)),\"\"),IF(B699=\"COMPOSIÇÃO\",IFERROR(INDEX(COMPOSIÇÃO!$D:$D,MATCH($C699,COMPOSIÇÃO!$A:$A,0)),\"\"),\"\"))","v":"UN"},6,{"$f":"IF(B699=\"SINAPI\",IFERROR(INDEX(SINAPI!$D:$D,MATCH($C699,SINAPI!$A:$A,0)),0),IF(B699=\"COMPOSIÇÃO\",IFERROR(INDEX(COMPOSIÇÃO!$G:$G,MATCH($C699,COMPOSIÇÃO!$A:$A,0)),0),0))","v":166.99199999999999},201.13278360778654,1206.8]
["13.5.2.2.12","SINAPI",94499,{"$f":"IF(B700=\"SINAPI\",IFERROR(INDEX(SINAPI!$B:$B,MATCH($C700,SINAPI!$A:$A,0)),\"\"),IF(B700=\"COMPOSIÇÃO\",IFERROR(INDEX(COMPOSIÇÃO!$C:$C,MATCH($C700,COMPOSIÇÃO!$A:$A,0)),\"\"),\"\"))","v":"REGISTRO DE GAVETA BRUTO, LATÃO, ROSCÁVEL, 2 1/2\" - FORNECIMENTO E INSTALAÇÃO. AF_08/2021"},{"$f":"IF(B700=\"SINAPI\",IFERROR(INDEX(SINAPI!$C:$C,MATCH($C700,SINAPI!$A:$A,0)),\"\"),IF(B700=\"COMPOSIÇÃO\",IFERROR(INDEX(COMPOSIÇÃO!$D:$D,MATCH($C700,COMPOSIÇÃO!$A:$A,0)),\"\"),\"\"))","v":"UN"},5,{"$f":"IF(B700=\"SINAPI\",IFERROR(INDEX(SINAPI!$D:$D,MATCH($C700,SINAPI!$A:$A,0)),0),IF(B700=\"COMPOSIÇÃO\",IFERROR(INDEX(COMPOSIÇÃO!$G:$G,MATCH($C700,COMPOSIÇÃO!$A:$A,0)),0),0))","v":137.36000000000001},165.44265088366845,827.21]
["13.5.2.2.13","SINAPI",89987,{"$f":"IF(B701=\"SINAPI\",IFERROR(INDEX(SINAPI!$B:$B,MATCH($C701,SINAPI!$A:$A,0)),\"\"),IF(B701=\"COMPOSIÇÃO\",IFERROR(INDEX(COMPOSIÇÃO!$C:$C,MATCH($C701,COMPOSIÇÃO!$A:$A,0)),\"\"),\"\"))","v":"REGISTRO DE GAVETA BRUTO, LATÃO, ROSCÁVEL, 3/4\", COM ACABAMENTO E CANOPLA CROMADOS - FORNECIMENTO E INSTALAÇÃO. AF_08/2021"},{"$f":"IF(B701=\"SINAPI\",IFERROR(INDEX(SINAPI!$C:$C,MATCH($C701,SINAPI!$A:$A,0)),\"\"),IF(B701=\"COMPOSIÇÃO\",IFERROR(INDEX(COMPOSIÇÃO!$D:$D,MATCH($C701,COMPOSIÇÃO!$A:$A,0)),\"\"),\"\"))","v":"UN"},1,{"$f":"IF(B701=\"SINAPI\",IFERROR(INDEX(SINAPI!$D:$D,MATCH($C701,SINAPI!$A:$A,0)),0),IF(B701=\"COMPOSIÇÃO\",IFERROR(INDEX(COMPOSIÇÃO!$G:$G,MATCH($C701,COMPOSIÇÃO!$A:$A,0)),0),0))","v":45.52},54.826364794879062,54.83]
["13.5.2.2.14","COMPOSIÇÃO","COMP-4309 ",{"$f":"IF(B702=\"SINAPI\",IFERROR(INDEX(SINAPI!$B:$B,MATCH($C702,SINAPI!$A:$A,0)),\"\"),IF(B702=\"COMPOSIÇÃO\",IFERROR(INDEX(COMPOSIÇÃO!$C:$C,MATCH($C702,COMPOSIÇÃO!$A:$A,0)),\"\"),\"\"))","v":"ESQUICHO TRONCO CONICO - ⌀ 38 MM X ⌀ 13 MM OU 16 MM"},{"$f":"IF(B702=\"SINAPI\",IFERROR(INDEX(SINAPI!$C:$C,MATCH($C702,SINAPI!$A:$A,0)),\"\"),IF(B702=\"COMPOSIÇÃO\",IFERROR(INDEX(COMPOSIÇÃO!$D:$D,MATCH($C702,COMPOSIÇÃO!$A:$A,0)),\"\"),\"\"))","v":"UN"},5,{"$f":"IF(B702=\"SINAPI\",IFERROR(INDEX(SINAPI!$D:$D,MATCH($C702,SINAPI!$A:$A,0)),0),IF(B702=\"COMPOSIÇÃO\",IFERROR(INDEX(COMPOSIÇÃO!$G:$G,MATCH($C702,COMPOSIÇÃO!$A:$A,0)),0),0))","v":61.131999999999998},73.630169873474216,368.15]
["13.5.2.2.15","SINAPI",92377,{"$f":"IF(B703=\"SINAPI\",IFERROR(INDEX(SINAPI!$B:$B,MATCH($C703,SINAPI!$A:$A,0)),\"\"),IF(B703=\"COMPOSIÇÃO\",IFERROR(INDEX(COMPOSIÇÃO!$C:$C,MATCH($C703,COMPOSIÇÃO!$A:$A,0)),\"\"),\"\"))","v":"NIPLE, EM FERRO GALVANIZADO, DN 65 (2 1/2\"), CONEXÃO ROSQUEADA, INSTALADO EM REDE DE ALIMENTAÇÃO PARA HIDRANTE - FORNECIMENTO E INSTALAÇÃO. AF_10/2020"},{"$f":"IF(B703=\"SINAPI\",IFERROR(INDEX(SINAPI!$C:$C,MATCH($C703,SINAPI!$A:$A,0)),\"\"),IF(B703=\"COMPOSIÇÃO\",IFERROR(INDEX(COMPOSIÇÃO!$D:$D,MATCH($C703,COMPOSIÇÃO!$A:$A,0)),\"\"),\"\"))","v":"UN"},9,{"$f":"IF(B703=\"SINAPI\",IFERROR(INDEX(SINAPI!$D:$D,MATCH($C703,SINAPI!$A:$A,0)),0),IF(B703=\"COMPOSIÇÃO\",IFERROR(INDEX(COMPOSIÇÃO!$G:$G,MATCH($C703,COMPOSIÇÃO!$A:$A,0)),0),0))","v":67.290000000000006},81.0471460247674,729.42]
["13.5.2.2.16","SINAPI",92346,{"$f":"IF(B704=\"SINAPI\",IFERROR(INDEX(SINAPI!$B:$B,MATCH($C704,SINAPI!$A:$A,0)),\"\"),IF(B704=\"COMPOSIÇÃO\",IFERROR(INDEX(COMPOSIÇÃO!$C:$C,MATCH($C704,COMPOSIÇÃO!$A:$A,0)),\"\"),\"\"))","v":"NIPLE, EM FERRO GALVANIZADO, DN 65 (2 1/2\"), CONEXÃO ROSQUEADA, INSTALADO EM PRUMADAS - FORNECIMENTO E INSTALAÇÃO. AF_10/2020"},{"$f":"IF(B704=\"SINAPI\",IFERROR(INDEX(SINAPI!$C:$C,MATCH($C704,SINAPI!$A:$A,0)),\"\"),IF(B704=\"COMPOSIÇÃO\",IFERROR(INDEX(COMPOSIÇÃO!$D:$D,MATCH($C704,COMPOSIÇÃO!$A:$A,0)),\"\"),\"\"))","v":"UN"},5,{"$f":"IF(B704=\"SINAPI\",IFERROR(INDEX(SINAPI!$D:$D,MATCH($C704,SINAPI!$A:$A,0)),0),IF(B704=\"COMPOSIÇÃO\",IFERROR(INDEX(COMPOSIÇÃO!$G:$G,MATCH($C704,COMPOSIÇÃO!$A:$A,0)),0),0))","v":66.099999999999994},79.613855732458376,398.07]
["13.5.2.2.17","COMPOSIÇÃO","COMP-5897 ",{"$f":"IF(B705=\"SINAPI\",IFERROR(INDEX(SINAPI!$B:$B,MATCH($C705,SINAPI!$A:$A,0)),\"\"),IF(B705=\"COMPOSIÇÃO\",IFERROR(INDEX(COMPOSIÇÃO!$C:$C,MATCH($C705,COMPOSIÇÃO!$A:$A,0)),\"\"),\"\"))","v":"TAMPA EM FERRO FUNDIDO - 50 X 40 CM"},{"$f":"IF(B705=\"SINAPI\",IFERROR(INDEX(SINAPI!$C:$C,MATCH($C705,SINAPI!$A:$A,0)),\"\"),IF(B705=\"COMPOSIÇÃO\",IFERROR(INDEX(COMPOSIÇÃO!$D:$D,MATCH($C705,COMPOSIÇÃO!$A:$A,0)),\"\"),\"\"))","v":"UN"},1,{"$f":"IF(B705=\"SINAPI\",IFERROR(INDEX(SINAPI!$D:$D,MATCH($C705,SINAPI!$A:$A,0)),0),IF(B705=\"COMPOSIÇÃO\",IFERROR(INDEX(COMPOSIÇÃO!$G:$G,MATCH($C705,COMPOSIÇÃO!$A:$A,0)),0),0))","v":9.7119999999999997},11.697575898239574,11.7]
["13.5.2.2.18","COMPOSIÇÃO","COMP-4994 ",{"$f":"IF(B706=\"SINAPI\",IFERROR(INDEX(SINAPI!$B:$B,MATCH($C706,SINAPI!$A:$A,0)),\"\"),IF(B706=\"COMPOSIÇÃO\",IFERROR(INDEX(COMPOSIÇÃO!$C:$C,MATCH($C706,COMPOSIÇÃO!$A:$A,0)),\"\"),\"\"))","v":"VALVULA DE RETENÇÃO HORIZONTAL - ⌀ 63 MM"},{"$f":"IF(B706=\"SINAPI\",IFERROR(INDEX(SINAPI!$C:$C,MATCH($C706,SINAPI!$A:$A,0)),\"\"),IF(B706=\"COMPOSIÇÃO\",IFERROR(INDEX(COMPOSIÇÃO!$D:$D,MATCH($C706,COMPOSIÇÃO!$A:$A,0)),\"\"),\"\"))","v":"UN"},1,{"$f":"IF(B706=\"SINAPI\",IFERROR(INDEX(SINAPI!$D:$D,MATCH($C706,SINAPI!$A:$A,0)),0),IF(B706=\"COMPOSIÇÃO\",IFERROR(INDEX(COMPOSIÇÃO!$G:$G,MATCH($C706,COMPOSIÇÃO!$A:$A,0)),0),0))","v":422.28200000000004},508.61570690490163,508.62]
["13.5.2.2.19","COMPOSIÇÃO","COMP-6265 ",{"$f":"IF(B707=\"SINAPI\",IFERROR(INDEX(SINAPI!$B:$B,MATCH($C707,SINAPI!$A:$A,0)),\"\"),IF(B707=\"COMPOSIÇÃO\",IFERROR(INDEX(COMPOSIÇÃO!$C:$C,MATCH($C707,COMPOSIÇÃO!$A:$A,0)),\"\"),\"\"))","v":"VALVULA RETENÇÃO VERTICAL BRONZE ( PN 16) 2.1/2\"COM LUVAS MACHO-FÊMEA "},{"$f":"IF(B707=\"SINAPI\",IFERROR(INDEX(SINAPI!$C:$C,MATCH($C707,SINAPI!$A:$A,0)),\"\"),IF(B707=\"COMPOSIÇÃO\",IFERROR(INDEX(COMPOSIÇÃO!$D:$D,MATCH($C707,COMPOSIÇÃO!$A:$A,0)),\"\"),\"\"))","v":"UN"},3,{"$f":"IF(B707=\"SINAPI\",IFERROR(INDEX(SINAPI!$D:$D,MATCH($C707,SINAPI!$A:$A,0)),0),IF(B707=\"COMPOSIÇÃO\",IFERROR(INDEX(COMPOSIÇÃO!$G:$G,MATCH($C707,COMPOSIÇÃO!$A:$A,0)),0),0))","v":262.74200000000002},316.45845208559126,949.38]
["13.5.2.2.20","COMPOSIÇÃO","COMP-9594 ",{"$f":"IF(B708=\"SINAPI\",IFERROR(INDEX(SINAPI!$B:$B,MATCH($C708,SINAPI!$A:$A,0)),\"\"),IF(B708=\"COMPOSIÇÃO\",IFERROR(INDEX(COMPOSIÇÃO!$C:$C,MATCH($C708,COMPOSIÇÃO!$A:$A,0)),\"\"),\"\"))","v":"VÁLVULA RETENÇÃO HORIZONTAL BRONZE ( PN 16) 2.1/2\"COM LUVAS MACHO-FÊMEA "},{"$f":"IF(B708=\"SINAPI\",IFERROR(INDEX(SINAPI!$C:$C,MATCH($C708,SINAPI!$A:$A,0)),\"\"),IF(B708=\"COMPOSIÇÃO\",IFERROR(INDEX(COMPOSIÇÃO!$D:$D,MATCH($C708,COMPOSIÇÃO!$A:$A,0)),\"\"),\"\"))","v":"UN"},1,{"$f":"IF(B708=\"SINAPI\",IFERROR(INDEX(SINAPI!$D:$D,MATCH($C708,SINAPI!$A:$A,0)),0),IF(B708=\"COMPOSIÇÃO\",IFERROR(INDEX(COMPOSIÇÃO!$G:$G,MATCH($C708,COMPOSIÇÃO!$A:$A,0)),0),0))","v":422.28200000000004},508.61570690490163,508.62]
["13.5.2.2.21","SINAPI",92642,{"$f":"IF(B709=\"SINAPI\",IFERROR(INDEX(SINAPI!$B:$B,MATCH($C709,SINAPI!$A:$A,0)),\"\"),IF(B709=\"COMPOSIÇÃO\",IFERROR(INDEX(COMPOSIÇÃO!$C:$C,MATCH($C709,COMPOSIÇÃO!$A:$A,0)),\"\"),\"\"))","v":"TÊ, EM FERRO GALVANIZADO, CONEXÃO ROSQUEADA, DN 65 (2 1/2\"), INSTALADO EM REDE DE ALIMENTAÇÃO PARA HIDRANTE - FORNECIMENTO E INSTALAÇÃO. AF_10/2020"},{"$f":"IF(B709=\"SINAPI\",IFERROR(INDEX(SINAPI!$C:$C,MATCH($C709,SINAPI!$A:$A,0)),\"\"),IF(B709=\"COMPOSIÇÃO\",IFERROR(INDEX(COMPOSIÇÃO!$D:$D,MATCH($C709,COMPOSIÇÃO!$A:$A,0)),\"\"),\"\"))","v":"UN"},2,{"$f":"IF(B709=\"SINAPI\",IFERROR(INDEX(SINAPI!$D:$D,MATCH($C709,SINAPI!$A:$A,0)),0),IF(B709=\"COMPOSIÇÃO\",IFERROR(INDEX(COMPOSIÇÃO!$G:$G,MATCH($C709,COMPOSIÇÃO!$A:$A,0)),0),0))","v":148.13999999999999},178.42657470811474,356.85]
["13.5.2.2.22","COMPOSIÇÃO","COMP-9134 ",{"$f":"IF(B710=\"SINAPI\",IFERROR(INDEX(SINAPI!$B:$B,MATCH($C710,SINAPI!$A:$A,0)),\"\"),IF(B710=\"COMPOSIÇÃO\",IFERROR(INDEX(COMPOSIÇÃO!$C:$C,MATCH($C710,COMPOSIÇÃO!$A:$A,0)),\"\"),\"\"))","v":"TE DE FERRO GALVANIZADO 90 º - 2.1/2\""},{"$f":"IF(B710=\"SINAPI\",IFERROR(INDEX(SINAPI!$C:$C,MATCH($C710,SINAPI!$A:$A,0)),\"\"),IF(B710=\"COMPOSIÇÃO\",IFERROR(INDEX(COMPOSIÇÃO!$D:$D,MATCH($C710,COMPOSIÇÃO!$A:$A,0)),\"\"),\"\"))","v":"UN"},7,{"$f":"IF(B710=\"SINAPI\",IFERROR(INDEX(SINAPI!$D:$D,MATCH($C710,SINAPI!$A:$A,0)),0),IF(B710=\"COMPOSIÇÃO\",IFERROR(INDEX(COMPOSIÇÃO!$G:$G,MATCH($C710,COMPOSIÇÃO!$A:$A,0)),0),0))","v":97.542000000000002},117.48403503563473,822.39]
["13.5.2.2.23","COMPOSIÇÃO","COMP-4947 ",{"$f":"IF(B711=\"SINAPI\",IFERROR(INDEX(SINAPI!$B:$B,MATCH($C711,SINAPI!$A:$A,0)),\"\"),IF(B711=\"COMPOSIÇÃO\",IFERROR(INDEX(COMPOSIÇÃO!$C:$C,MATCH($C711,COMPOSIÇÃO!$A:$A,0)),\"\"),\"\"))","v":"FLANGE SEXTAVADO GALVANIZADO "},{"$f":"IF(B711=\"SINAPI\",IFERROR(INDEX(SINAPI!$C:$C,MATCH($C711,SINAPI!$A:$A,0)),\"\"),IF(B711=\"COMPOSIÇÃO\",IFERROR(INDEX(COMPOSIÇÃO!$D:$D,MATCH($C711,COMPOSIÇÃO!$A:$A,0)),\"\"),\"\"))","v":"UN"},1,{"$f":"IF(B711=\"SINAPI\",IFERROR(INDEX(SINAPI!$D:$D,MATCH($C711,SINAPI!$A:$A,0)),0),IF(B711=\"COMPOSIÇÃO\",IFERROR(INDEX(COMPOSIÇÃO!$G:$G,MATCH($C711,COMPOSIÇÃO!$A:$A,0)),0),0))","v":76.822000000000003},92.527921710724939,92.53]
["13.5.2.2.24","COMPOSIÇÃO","COMP-5222 ",{"$f":"IF(B712=\"SINAPI\",IFERROR(INDEX(SINAPI!$B:$B,MATCH($C712,SINAPI!$A:$A,0)),\"\"),IF(B712=\"COMPOSIÇÃO\",IFERROR(INDEX(COMPOSIÇÃO!$C:$C,MATCH($C712,COMPOSIÇÃO!$A:$A,0)),\"\"),\"\"))","v":"ADAPTADOR PARA ENGATE STORZ - ⌀ 63 MM X ⌀ 63 MM"},{"$f":"IF(B712=\"SINAPI\",IFERROR(INDEX(SINAPI!$C:$C,MATCH($C712,SINAPI!$A:$A,0)),\"\"),IF(B712=\"COMPOSIÇÃO\",IFERROR(INDEX(COMPOSIÇÃO!$D:$D,MATCH($C712,COMPOSIÇÃO!$A:$A,0)),\"\"),\"\"))","v":"UN"},5,{"$f":"IF(B712=\"SINAPI\",IFERROR(INDEX(SINAPI!$D:$D,MATCH($C712,SINAPI!$A:$A,0)),0),IF(B712=\"COMPOSIÇÃO\",IFERROR(INDEX(COMPOSIÇÃO!$G:$G,MATCH($C712,COMPOSIÇÃO!$A:$A,0)),0),0))","v":74.272000000000006},89.456585370062783,447.28]
["13.5.2.2.25","COMPOSIÇÃO","COMP-4033 ",{"$f":"IF(B713=\"SINAPI\",IFERROR(INDEX(SINAPI!$B:$B,MATCH($C713,SINAPI!$A:$A,0)),\"\"),IF(B713=\"COMPOSIÇÃO\",IFERROR(INDEX(COMPOSIÇÃO!$C:$C,MATCH($C713,COMPOSIÇÃO!$A:$A,0)),\"\"),\"\"))","v":"CHAVE PARA CONEXÃO DE MANGUEIRA TIPO STORZ ENGATE RÁPIDO DUPLA"},{"$f":"IF(B713=\"SINAPI\",IFERROR(INDEX(SINAPI!$C:$C,MATCH($C713,SINAPI!$A:$A,0)),\"\"),IF(B713=\"COMPOSIÇÃO\",IFERROR(INDEX(COMPOSIÇÃO!$D:$D,MATCH($C713,COMPOSIÇÃO!$A:$A,0)),\"\"),\"\"))","v":"UN"},5,{"$f":"IF(B713=\"SINAPI\",IFERROR(INDEX(SINAPI!$D:$D,MATCH($C713,SINAPI!$A:$A,0)),0),IF(B713=\"COMPOSIÇÃO\",IFERROR(INDEX(COMPOSIÇÃO!$G:$G,MATCH($C713,COMPOSIÇÃO!$A:$A,0)),0),0))","v":17.702000000000002},21.321096432314349,106.61]
["13.5.2.2.26","COMPOSIÇÃO","COMP-6223 ",{"$f":"IF(B714=\"SINAPI\",IFERROR(INDEX(SINAPI!$B:$B,MATCH($C714,SINAPI!$A:$A,0)),\"\"),IF(B714=\"COMPOSIÇÃO\",IFERROR(INDEX(COMPOSIÇÃO!$C:$C,MATCH($C714,COMPOSIÇÃO!$A:$A,0)),\"\"),\"\"))","v":"REDUÇÃO GIRATÓRIA TIPO STORZ - BRONZE OU LATÃO 2.1/2\" X 1.1/2\""},{"$f":"IF(B714=\"SINAPI\",IFERROR(INDEX(SINAPI!$C:$C,MATCH($C714,SINAPI!$A:$A,0)),\"\"),IF(B714=\"COMPOSIÇÃO\",IFERROR(INDEX(COMPOSIÇÃO!$D:$D,MATCH($C714,COMPOSIÇÃO!$A:$A,0)),\"\"),\"\"))","v":"UN"},5,{"$f":"IF(B714=\"SINAPI\",IFERROR(INDEX(SINAPI!$D:$D,MATCH($C714,SINAPI!$A:$A,0)),0),IF(B714=\"COMPOSIÇÃO\",IFERROR(INDEX(COMPOSIÇÃO!$G:$G,MATCH($C714,COMPOSIÇÃO!$A:$A,0)),0),0))","v":119.842},144.34317244613129,721.72]
["13.5.2.2.27","COMPOSIÇÃO","COMP-7706 ",{"$f":"IF(B715=\"SINAPI\",IFERROR(INDEX(SINAPI!$B:$B,MATCH($C715,SINAPI!$A:$A,0)),\"\"),IF(B715=\"COMPOSIÇÃO\",IFERROR(INDEX(COMPOSIÇÃO!$C:$C,MATCH($C715,COMPOSIÇÃO!$A:$A,0)),\"\"),\"\"))","v":"TAMPÃO CEGO TIPO STORZ COM CORRENTE"},{"$f":"IF(B715=\"SINAPI\",IFERROR(INDEX(SINAPI!$C:$C,MATCH($C715,SINAPI!$A:$A,0)),\"\"),IF(B715=\"COMPOSIÇÃO\",IFERROR(INDEX(COMPOSIÇÃO!$D:$D,MATCH($C715,COMPOSIÇÃO!$A:$A,0)),\"\"),\"\"))","v":"UN"},5,{"$f":"IF(B715=\"SINAPI\",IFERROR(INDEX(SINAPI!$D:$D,MATCH($C715,SINAPI!$A:$A,0)),0),IF(B715=\"COMPOSIÇÃO\",IFERROR(INDEX(COMPOSIÇÃO!$G:$G,MATCH($C715,COMPOSIÇÃO!$A:$A,0)),0),0))","v":88.412000000000006},106.48744649044042,532.44000000000005]
["13.5.2.3",null,null,"Caixa de Passagem",null,null,null,null,{"$f":"SUM(I717:I720)","v":8844.68}]
["13.5.2.3.1","COMPOSIÇÃO","COMP-208907",{"$f":"IF(B717=\"SINAPI\",IFERROR(INDEX(SINAPI!$B:$B,MATCH($C717,SINAPI!$A:$A,0)),\"\"),IF(B717=\"COMPOSIÇÃO\",IFERROR(INDEX(COMPOSIÇÃO!$C:$C,MATCH($C717,COMPOSIÇÃO!$A:$A,0)),\"\"),\"\"))","v":"CAIXA DE PASSAGEM EM ALVENARIA 50 X 50 CM COM FUNDO EM CONCRETO"},{"$f":"IF(B717=\"SINAPI\",IFERROR(INDEX(SINAPI!$C:$C,MATCH($C717,SINAPI!$A:$A,0)),\"\"),IF(B717=\"COMPOSIÇÃO\",IFERROR(INDEX(COMPOSIÇÃO!$D:$D,MATCH($C717,COMPOSIÇÃO!$A:$A,0)),\"\"),\"\"))","v":"UN"},1,{"$f":"IF(B717=\"SINAPI\",IFERROR(INDEX(SINAPI!$D:$D,MATCH($C717,SINAPI!$A:$A,0)),0),IF(B717=\"COMPOSIÇÃO\",IFERROR(INDEX(COMPOSIÇÃO!$G:$G,MATCH($C717,COMPOSIÇÃO!$A:$A,0)),0),0))","v":198.00418200000001},{"$f":"G717*(1+$I$10)","v":238.48527050183714},{"$f":"ROUND(F717*H717,2)","v":238.49}]
["13.5.2.3.2","COMPOSIÇÃO","COMP-208908",{"$f":"IF(B718=\"SINAPI\",IFERROR(INDEX(SINAPI!$B:$B,MATCH($C718,SINAPI!$A:$A,0)),\"\"),IF(B718=\"COMPOSIÇÃO\",IFERROR(INDEX(COMPOSIÇÃO!$C:$C,MATCH($C718,COMPOSIÇÃO!$A:$A,0)),\"\"),\"\"))","v":"CAIXA DE PASSAGEM EM ALVENARIA 50 X 50 CM - HIDRANTE DE PASSEIO"},{"$f":"IF(B718=\"SINAPI\",IFERROR(INDEX(SINAPI!$C:$C,MATCH($C718,SINAPI!$A:$A,0)),\"\"),IF(B718=\"COMPOSIÇÃO\",IFERROR(INDEX(COMPOSIÇÃO!$D:$D,MATCH($C718,COMPOSIÇÃO!$A:$A,0)),\"\"),\"\"))","v":"UN"},1,{"$f":"IF(B718=\"SINAPI\",IFERROR(INDEX(SINAPI!$D:$D,MATCH($C718,SINAPI!$A:$A,0)),0),IF(B718=\"COMPOSIÇÃO\",IFERROR(INDEX(COMPOSIÇÃO!$G:$G,MATCH($C718,COMPOSIÇÃO!$A:$A,0)),0),0))","v":198.00418200000001},{"$f":"G718*(1+$I$10)","v":238.48527050183714},238.49]
["13.5.2.3.3","COMPOSIÇÃO","COMP-2615 ",{"$f":"IF(B719=\"SINAPI\",IFERROR(INDEX(SINAPI!$B:$B,MATCH($C719,SINAPI!$A:$A,0)),\"\"),IF(B719=\"COMPOSIÇÃO\",IFERROR(INDEX(COMPOSIÇÃO!$C:$C,MATCH($C719,COMPOSIÇÃO!$A:$A,0)),\"\"),\"\"))","v":"CAIXA DE PASSAGEM EM ALVENARIA 60 X 60 CM "},{"$f":"IF(B719=\"SINAPI\",IFERROR(INDEX(SINAPI!$C:$C,MATCH($C719,SINAPI!$A:$A,0)),\"\"),IF(B719=\"COMPOSIÇÃO\",IFERROR(INDEX(COMPOSIÇÃO!$D:$D,MATCH($C719,COMPOSIÇÃO!$A:$A,0)),\"\"),\"\"))","v":"UN"},1,{"$f":"IF(B719=\"SINAPI\",IFERROR(INDEX(SINAPI!$D:$D,MATCH($C719,SINAPI!$A:$A,0)),0),IF(B719=\"COMPOSIÇÃO\",IFERROR(INDEX(COMPOSIÇÃO!$G:$G,MATCH($C719,COMPOSIÇÃO!$A:$A,0)),0),0))","v":219.79417699999999},{"$f":"G719*(1+$I$10)","v":264.73013462197309},264.73]
["13.5.2.3.4","SINAPI",96765,{"$f":"IF(B720=\"SINAPI\",IFERROR(INDEX(SINAPI!$B:$B,MATCH($C720,SINAPI!$A:$A,0)),\"\"),IF(B720=\"COMPOSIÇÃO\",IFERROR(INDEX(COMPOSIÇÃO!$C:$C,MATCH($C720,COMPOSIÇÃO!$A:$A,0)),\"\"),\"\"))","v":"ABRIGO PARA HIDRANTE, 90X60X17CM, COM REGISTRO GLOBO ANGULAR 45 GRAUS 2 1/2\", ADAPTADOR STORZ 2 1/2\", MANGUEIRA DE INCÊNDIO 20M, REDUÇÃO 2 1/2\" X 1 1/2\" E ESGUICHO EM LATÃO 1 1/2\" - FORNECIMENTO E INSTALAÇÃO. AF_10/2020"},{"$f":"IF(B720=\"SINAPI\",IFERROR(INDEX(SINAPI!$C:$C,MATCH($C720,SINAPI!$A:$A,0)),\"\"),IF(B720=\"COMPOSIÇÃO\",IFERROR(INDEX(COMPOSIÇÃO!$D:$D,MATCH($C720,COMPOSIÇÃO!$A:$A,0)),\"\"),\"\"))","v":"UN"},5,{"$f":"IF(B720=\"SINAPI\",IFERROR(INDEX(SINAPI!$D:$D,MATCH($C720,SINAPI!$A:$A,0)),0),IF(B720=\"COMPOSIÇÃO\",IFERROR(INDEX(COMPOSIÇÃO!$G:$G,MATCH($C720,COMPOSIÇÃO!$A:$A,0)),0),0))","v":1345.51},{"$f":"G720*(1+$I$10)","v":1620.5936312644492},8102.97]
["13.5.2.4",null,null,"Casa da Bomba",{"$f":"IF(B721=\"SINAPI\",IFERROR(INDEX(SINAPI!$C:$C,MATCH($C721,SINAPI!$A:$A,0)),\"\"),IF(B721=\"COMPOSIÇÃO\",IFERROR(INDEX(COMPOSIÇÃO!$D:$D,MATCH($C721,COMPOSIÇÃO!$A:$A,0)),\"\"),\"\"))","v":""},null,null,null,{"$f":"SUM(I722:I747)","v":13206.189999999999}]
["13.5.2.4.1","SINAPI",93358,{"$f":"IF(B722=\"SINAPI\",IFERROR(INDEX(SINAPI!$B:$B,MATCH($C722,SINAPI!$A:$A,0)),\"\"),IF(B722=\"COMPOSIÇÃO\",IFERROR(INDEX(COMPOSIÇÃO!$C:$C,MATCH($C722,COMPOSIÇÃO!$A:$A,0)),\"\"),\"\"))","v":"ESCAVAÇÃO MANUAL DE VALA COM PROFUNDIDADE MENOR OU IGUAL A 1,30 M. AF_02/2021"},{"$f":"IF(B722=\"SINAPI\",IFERROR(INDEX(SINAPI!$C:$C,MATCH($C722,SINAPI!$A:$A,0)),\"\"),IF(B722=\"COMPOSIÇÃO\",IFERROR(INDEX(COMPOSIÇÃO!$D:$D,MATCH($C722,COMPOSIÇÃO!$A:$A,0)),\"\"),\"\"))","v":"M3"},0.25,{"$f":"IF(B722=\"SINAPI\",IFERROR(INDEX(SINAPI!$D:$D,MATCH($C722,SINAPI!$A:$A,0)),0),IF(B722=\"COMPOSIÇÃO\",IFERROR(INDEX(COMPOSIÇÃO!$G:$G,MATCH($C722,COMPOSIÇÃO!$A:$A,0)),0),0))","v":61.91},{"$f":"G722*(1+$I$10)","v":74.567228568782127},{"$f":"ROUND(F722*H722,2)","v":18.64}]
["13.5.2.4.2","SINAPI",93368,{"$f":"IF(B723=\"SINAPI\",IFERROR(INDEX(SINAPI!$B:$B,MATCH($C723,SINAPI!$A:$A,0)),\"\"),IF(B723=\"COMPOSIÇÃO\",IFERROR(INDEX(COMPOSIÇÃO!$C:$C,MATCH($C723,COMPOSIÇÃO!$A:$A,0)),\"\"),\"\"))","v":"REATERRO MECANIZADO DE VALA COM ESCAVADEIRA HIDRÁULICA (CAPACIDADE DA CAÇAMBA: 0,8 M³ / POTÊNCIA: 111 HP), LARGURA ATÉ 1,5 M, PROFUNDIDADE DE 1,5 A 3,0 M, COM SOLO DE 1ª CATEGORIA EM LOCAIS COM BAIXO NÍVEL DE INTERFERÊNCIA. AF_04/2016"},{"$f":"IF(B723=\"SINAPI\",IFERROR(INDEX(SINAPI!$C:$C,MATCH($C723,SINAPI!$A:$A,0)),\"\"),IF(B723=\"COMPOSIÇÃO\",IFERROR(INDEX(COMPOSIÇÃO!$D:$D,MATCH($C723,COMPOSIÇÃO!$A:$A,0)),\"\"),\"\"))","v":"M3"},0.05,{"$f":"IF(B723=\"SINAPI\",IFERROR(INDEX(SINAPI!$D:$D,MATCH($C723,SINAPI!$A:$A,0)),0),IF(B723=\"COMPOSIÇÃO\",IFERROR(INDEX(COMPOSIÇÃO!$G:$G,MATCH($C723,COMPOSIÇÃO!$A:$A,0)),0),0))","v":11.95},14.393125204279542,0.72]
["13.5.2.4.3","SINAPI",94319,{"$f":"IF(B724=\"SINAPI\",IFERROR(INDEX(SINAPI!$B:$B,MATCH($C724,SINAPI!$A:$A,0)),\"\"),IF(B724=\"COMPOSIÇÃO\",IFERROR(INDEX(COMPOSIÇÃO!$C:$C,MATCH($C724,COMPOSIÇÃO!$A:$A,0)),\"\"),\"\"))","v":"ATERRO MANUAL DE VALAS COM SOLO ARGILO-ARENOSO E COMPACTAÇÃO MECANIZADA. AF_05/2016"},{"$f":"IF(B724=\"SINAPI\",IFERROR(INDEX(SINAPI!$C:$C,MATCH($C724,SINAPI!$A:$A,0)),\"\"),IF(B724=\"COMPOSIÇÃO\",IFERROR(INDEX(COMPOSIÇÃO!$D:$D,MATCH($C724,COMPOSIÇÃO!$A:$A,0)),\"\"),\"\"))","v":"M3"},0.8,{"$f":"IF(B724=\"SINAPI\",IFERROR(INDEX(SINAPI!$D:$D,MATCH($C724,SINAPI!$A:$A,0)),0),IF(B724=\"COMPOSIÇÃO\",IFERROR(INDEX(COMPOSIÇÃO!$G:$G,MATCH($C724,COMPOSIÇÃO!$A:$A,0)),0),0))","v":34.119999999999997},41.095684683683508,32.880000000000003]
["13.5.2.4.4","COMPOSIÇÃO","COMP-1294 ",{"$f":"IF(B725=\"SINAPI\",IFERROR(INDEX(SINAPI!$B:$B,MATCH($C725,SINAPI!$A:$A,0)),\"\"),IF(B725=\"COMPOSIÇÃO\",IFERROR(INDEX(COMPOSIÇÃO!$C:$C,MATCH($C725,COMPOSIÇÃO!$A:$A,0)),\"\"),\"\"))","v":"APILOAMENTO DE FUNDO DE VALA COM COMPACTADOR DE SOLOS DE PERCUSSÃO (SOQUETE) "},{"$f":"IF(B725=\"SINAPI\",IFERROR(INDEX(SINAPI!$C:$C,MATCH($C725,SINAPI!$A:$A,0)),\"\"),IF(B725=\"COMPOSIÇÃO\",IFERROR(INDEX(COMPOSIÇÃO!$D:$D,MATCH($C725,COMPOSIÇÃO!$A:$A,0)),\"\"),\"\"))","v":"M2"},4,{"$f":"IF(B725=\"SINAPI\",IFERROR(INDEX(SINAPI!$D:$D,MATCH($C725,SINAPI!$A:$A,0)),0),IF(B725=\"COMPOSIÇÃO\",IFERROR(INDEX(COMPOSIÇÃO!$G:$G,MATCH($C725,COMPOSIÇÃO!$A:$A,0)),0),0))","v":31.437500000000004},37.864759297869305,151.46]
["13.5.2.4.5","SINAPI",92775,{"$f":"IF(B726=\"SINAPI\",IFERROR(INDEX(SINAPI!$B:$B,MATCH($C726,SINAPI!$A:$A,0)),\"\"),IF(B726=\"COMPOSIÇÃO\",IFERROR(INDEX(COMPOSIÇÃO!$C:$C,MATCH($C726,COMPOSIÇÃO!$A:$A,0)),\"\"),\"\"))","v":"ARMAÇÃO DE PILAR OU VIGA DE UMA ESTRUTURA CONVENCIONAL DE CONCRETO ARMADO EM UMA EDIFICAÇÃO TÉRREA OU SOBRADO UTILIZANDO AÇO CA-60 DE 5,0 MM - MONTAGEM. AF_12/2015"},{"$f":"IF(B726=\"SINAPI\",IFERROR(INDEX(SINAPI!$C:$C,MATCH($C726,SINAPI!$A:$A,0)),\"\"),IF(B726=\"COMPOSIÇÃO\",IFERROR(INDEX(COMPOSIÇÃO!$D:$D,MATCH($C726,COMPOSIÇÃO!$A:$A,0)),\"\"),\"\"))","v":"KG"},23.54,{"$f":"IF(B726=\"SINAPI\",IFERROR(INDEX(SINAPI!$D:$D,MATCH($C726,SINAPI!$A:$A,0)),0),IF(B726=\"COMPOSIÇÃO\",IFERROR(INDEX(COMPOSIÇÃO!$G:$G,MATCH($C726,COMPOSIÇÃO!$A:$A,0)),0),0))","v":20.61},24.823624306293002,584.35]
["13.5.2.4.6","SINAPI",92777,{"$f":"IF(B727=\"SINAPI\",IFERROR(INDEX(SINAPI!$B:$B,MATCH($C727,SINAPI!$A:$A,0)),\"\"),IF(B727=\"COMPOSIÇÃO\",IFERROR(INDEX(COMPOSIÇÃO!$C:$C,MATCH($C727,COMPOSIÇÃO!$A:$A,0)),\"\"),\"\"))","v":"ARMAÇÃO DE PILAR OU VIGA DE UMA ESTRUTURA CONVENCIONAL DE CONCRETO ARMADO EM UMA EDIFICAÇÃO TÉRREA OU SOBRADO UTILIZANDO AÇO CA-50 DE 8,0 MM - MONTAGEM. AF_12/2015"},{"$f":"IF(B727=\"SINAPI\",IFERROR(INDEX(SINAPI!$C:$C,MATCH($C727,SINAPI!$A:$A,0)),\"\"),IF(B727=\"COMPOSIÇÃO\",IFERROR(INDEX(COMPOSIÇÃO!$D:$D,MATCH($C727,COMPOSIÇÃO!$A:$A,0)),\"\"),\"\"))","v":"KG"},30.5,{"$f":"IF(B727=\"SINAPI\",IFERROR(INDEX(SINAPI!$D:$D,MATCH($C727,SINAPI!$A:$A,0)),0),IF(B727=\"COMPOSIÇÃO\",IFERROR(INDEX(COMPOSIÇÃO!$G:$G,MATCH($C727,COMPOSIÇÃO!$A:$A,0)),0),0))","v":19.350000000000001},23.306022820318759,710.83]
["13.5.2.4.7","SINAPI",92769,{"$f":"IF(B728=\"SINAPI\",IFERROR(INDEX(SINAPI!$B:$B,MATCH($C728,SINAPI!$A:$A,0)),\"\"),IF(B728=\"COMPOSIÇÃO\",IFERROR(INDEX(COMPOSIÇÃO!$C:$C,MATCH($C728,COMPOSIÇÃO!$A:$A,0)),\"\"),\"\"))","v":"ARMAÇÃO DE LAJE DE UMA ESTRUTURA CONVENCIONAL DE CONCRETO ARMADO EM UM EDIFÍCIO DE MÚLTIPLOS PAVIMENTOS UTILIZANDO AÇO CA-50 DE 6,3 MM - MONTAGEM. AF_12/2015"},{"$f":"IF(B728=\"SINAPI\",IFERROR(INDEX(SINAPI!$C:$C,MATCH($C728,SINAPI!$A:$A,0)),\"\"),IF(B728=\"COMPOSIÇÃO\",IFERROR(INDEX(COMPOSIÇÃO!$D:$D,MATCH($C728,COMPOSIÇÃO!$A:$A,0)),\"\"),\"\"))","v":"KG"},5.92,{"$f":"IF(B728=\"SINAPI\",IFERROR(INDEX(SINAPI!$D:$D,MATCH($C728,SINAPI!$A:$A,0)),0),IF(B728=\"COMPOSIÇÃO\",IFERROR(INDEX(COMPOSIÇÃO!$G:$G,MATCH($C728,COMPOSIÇÃO!$A:$A,0)),0),0))","v":17.61},21.210287434925753,125.56]
["13.5.2.4.8","COMPOSIÇÃO","COMP-92414",{"$f":"IF(B729=\"SINAPI\",IFERROR(INDEX(SINAPI!$B:$B,MATCH($C729,SINAPI!$A:$A,0)),\"\"),IF(B729=\"COMPOSIÇÃO\",IFERROR(INDEX(COMPOSIÇÃO!$C:$C,MATCH($C729,COMPOSIÇÃO!$A:$A,0)),\"\"),\"\"))","v":"MONTAGEM E DESMONTAGEM DE FÔRMA DE PILARES RETANGULARES E ESTRUTURAS SIMILARES COM ÁREA MÉDIA DAS SEÇÕES MENOR OU IGUAL A 0,25 M², PÉ-DIREITO SIMPLES, EM CHAPA DE MADEIRA COMPENSADA RESINADA, 2 UTILIZAÇÕES. AF_12/2015"},{"$f":"IF(B729=\"SINAPI\",IFERROR(INDEX(SINAPI!$C:$C,MATCH($C729,SINAPI!$A:$A,0)),\"\"),IF(B729=\"COMPOSIÇÃO\",IFERROR(INDEX(COMPOSIÇÃO!$D:$D,MATCH($C729,COMPOSIÇÃO!$A:$A,0)),\"\"),\"\"))","v":"M2"},24,{"$f":"IF(B729=\"SINAPI\",IFERROR(INDEX(SINAPI!$D:$D,MATCH($C729,SINAPI!$A:$A,0)),0),IF(B729=\"COMPOSIÇÃO\",IFERROR(INDEX(COMPOSIÇÃO!$G:$G,MATCH($C729,COMPOSIÇÃO!$A:$A,0)),0),0))","v":115.63414},139.27503388361416,3342.6]
["13.5.2.4.9","SINAPI",92490,{"$f":"IF(B730=\"SINAPI\",IFERROR(INDEX(SINAPI!$B:$B,MATCH($C730,SINAPI!$A:$A,0)),\"\"),IF(B730=\"COMPOSIÇÃO\",IFERROR(INDEX(COMPOSIÇÃO!$C:$C,MATCH($C730,COMPOSIÇÃO!$A:$A,0)),\"\"),\"\"))","v":"MONTAGEM E DESMONTAGEM DE FÔRMA DE LAJE NERVURADA COM CUBETA E ASSOALHO, PÉ-DIREITO SIMPLES, EM CHAPA DE MADEIRA COMPENSADA RESINADA, 8 UTILIZAÇÕES. AF_09/2020"},{"$f":"IF(B730=\"SINAPI\",IFERROR(INDEX(SINAPI!$C:$C,MATCH($C730,SINAPI!$A:$A,0)),\"\"),IF(B730=\"COMPOSIÇÃO\",IFERROR(INDEX(COMPOSIÇÃO!$D:$D,MATCH($C730,COMPOSIÇÃO!$A:$A,0)),\"\"),\"\"))","v":"M2"},4,{"$f":"IF(B730=\"SINAPI\",IFERROR(INDEX(SINAPI!$D:$D,MATCH($C730,SINAPI!$A:$A,0)),0),IF(B730=\"COMPOSIÇÃO\",IFERROR(INDEX(COMPOSIÇÃO!$G:$G,MATCH($C730,COMPOSIÇÃO!$A:$A,0)),0),0))","v":42.25},50.887827605088759,203.55]
["13.5.2.4.10","COMPOSIÇÃO","COMP-73301",{"$f":"IF(B731=\"SINAPI\",IFERROR(INDEX(SINAPI!$B:$B,MATCH($C731,SINAPI!$A:$A,0)),\"\"),IF(B731=\"COMPOSIÇÃO\",IFERROR(INDEX(COMPOSIÇÃO!$C:$C,MATCH($C731,COMPOSIÇÃO!$A:$A,0)),\"\"),\"\"))","v":"ESCORAMENTO FORMAS ATE H = 3,30M, COM MADEIRA DE 3A QUALIDADE, NAO APARELHADA, APROVEITAMENTO TABUAS 3X E PRUMOS 4X."},{"$f":"IF(B731=\"SINAPI\",IFERROR(INDEX(SINAPI!$C:$C,MATCH($C731,SINAPI!$A:$A,0)),\"\"),IF(B731=\"COMPOSIÇÃO\",IFERROR(INDEX(COMPOSIÇÃO!$D:$D,MATCH($C731,COMPOSIÇÃO!$A:$A,0)),\"\"),\"\"))","v":"M3"},4,{"$f":"IF(B731=\"SINAPI\",IFERROR(INDEX(SINAPI!$D:$D,MATCH($C731,SINAPI!$A:$A,0)),0),IF(B731=\"COMPOSIÇÃO\",IFERROR(INDEX(COMPOSIÇÃO!$G:$G,MATCH($C731,COMPOSIÇÃO!$A:$A,0)),0),0))","v":12.265910000000002},14.773621621290754,59.09]
["13.5.2.4.11","SINAPI",94965,{"$f":"IF(B732=\"SINAPI\",IFERROR(INDEX(SINAPI!$B:$B,MATCH($C732,SINAPI!$A:$A,0)),\"\"),IF(B732=\"COMPOSIÇÃO\",IFERROR(INDEX(COMPOSIÇÃO!$C:$C,MATCH($C732,COMPOSIÇÃO!$A:$A,0)),\"\"),\"\"))","v":"CONCRETO FCK = 25MPA, TRAÇO 1:2,3:2,7 (EM MASSA SECA DE CIMENTO/ AREIA MÉDIA/ BRITA 1) - PREPARO MECÂNICO COM BETONEIRA 400 L. AF_05/2021"},{"$f":"IF(B732=\"SINAPI\",IFERROR(INDEX(SINAPI!$C:$C,MATCH($C732,SINAPI!$A:$A,0)),\"\"),IF(B732=\"COMPOSIÇÃO\",IFERROR(INDEX(COMPOSIÇÃO!$D:$D,MATCH($C732,COMPOSIÇÃO!$A:$A,0)),\"\"),\"\"))","v":"M3"},1.52,{"$f":"IF(B732=\"SINAPI\",IFERROR(INDEX(SINAPI!$D:$D,MATCH($C732,SINAPI!$A:$A,0)),0),IF(B732=\"COMPOSIÇÃO\",IFERROR(INDEX(COMPOSIÇÃO!$G:$G,MATCH($C732,COMPOSIÇÃO!$A:$A,0)),0),0))","v":393.57},474.0336641546694,720.53]
["13.5.2.4.12","SINAPI",92873,{"$f":"IF(B733=\"SINAPI\",IFERROR(INDEX(SINAPI!$B:$B,MATCH($C733,SINAPI!$A:$A,0)),\"\"),IF(B733=\"COMPOSIÇÃO\",IFERROR(INDEX(COMPOSIÇÃO!$C:$C,MATCH($C733,COMPOSIÇÃO!$A:$A,0)),\"\"),\"\"))","v":"LANÇAMENTO COM USO DE BALDES, ADENSAMENTO E ACABAMENTO DE CONCRETO EM ESTRUTURAS. AF_12/2015"},{"$f":"IF(B733=\"SINAPI\",IFERROR(INDEX(SINAPI!$C:$C,MATCH($C733,SINAPI!$A:$A,0)),\"\"),IF(B733=\"COMPOSIÇÃO\",IFERROR(INDEX(COMPOSIÇÃO!$D:$D,MATCH($C733,COMPOSIÇÃO!$A:$A,0)),\"\"),\"\"))","v":"M3"},1.52,{"$f":"IF(B733=\"SINAPI\",IFERROR(INDEX(SINAPI!$D:$D,MATCH($C733,SINAPI!$A:$A,0)),0),IF(B733=\"COMPOSIÇÃO\",IFERROR(INDEX(COMPOSIÇÃO!$G:$G,MATCH($C733,COMPOSIÇÃO!$A:$A,0)),0),0))","v":161.19999999999999},194.15663455480018,295.12]
["13.5.2.4.13","COMPOSIÇÃO","IFMT 232.08.2020",{"$f":"IF(B734=\"SINAPI\",IFERROR(INDEX(SINAPI!$B:$B,MATCH($C734,SINAPI!$A:$A,0)),\"\"),IF(B734=\"COMPOSIÇÃO\",IFERROR(INDEX(COMPOSIÇÃO!$C:$C,MATCH($C734,COMPOSIÇÃO!$A:$A,0)),\"\"),\"\"))","v":"IMPERMEABILIZACAO DE ESTRUTURAS ENTERRADAS, COM TINTA ASFALTICA, DUAS DEMAOS."},{"$f":"IF(B734=\"SINAPI\",IFERROR(INDEX(SINAPI!$C:$C,MATCH($C734,SINAPI!$A:$A,0)),\"\"),IF(B734=\"COMPOSIÇÃO\",IFERROR(INDEX(COMPOSIÇÃO!$D:$D,MATCH($C734,COMPOSIÇÃO!$A:$A,0)),\"\"),\"\"))","v":"M2"},4.4000000000000004,{"$f":"IF(B734=\"SINAPI\",IFERROR(INDEX(SINAPI!$D:$D,MATCH($C734,SINAPI!$A:$A,0)),0),IF(B734=\"COMPOSIÇÃO\",IFERROR(INDEX(COMPOSIÇÃO!$G:$G,MATCH($C734,COMPOSIÇÃO!$A:$A,0)),0),0))","v":14.46},17.41628371999014,76.63]
["13.5.2.4.14","SINAPI",98563,{"$f":"IF(B735=\"SINAPI\",IFERROR(INDEX(SINAPI!$B:$B,MATCH($C735,SINAPI!$A:$A,0)),\"\"),IF(B735=\"COMPOSIÇÃO\",IFERROR(INDEX(COMPOSIÇÃO!$C:$C,MATCH($C735,COMPOSIÇÃO!$A:$A,0)),\"\"),\"\"))","v":"PROTEÇÃO MECÂNICA DE SUPERFÍCIE HORIZONTAL COM ARGAMASSA DE CIMENTO E AREIA, TRAÇO 1:3, E=2CM. AF_06/2018"},{"$f":"IF(B735=\"SINAPI\",IFERROR(INDEX(SINAPI!$C:$C,MATCH($C735,SINAPI!$A:$A,0)),\"\"),IF(B735=\"COMPOSIÇÃO\",IFERROR(INDEX(COMPOSIÇÃO!$D:$D,MATCH($C735,COMPOSIÇÃO!$A:$A,0)),\"\"),\"\"))","v":"M2"},4,{"$f":"IF(B735=\"SINAPI\",IFERROR(INDEX(SINAPI!$D:$D,MATCH($C735,SINAPI!$A:$A,0)),0),IF(B735=\"COMPOSIÇÃO\",IFERROR(INDEX(COMPOSIÇÃO!$G:$G,MATCH($C735,COMPOSIÇÃO!$A:$A,0)),0),0))","v":27.64},33.290877041530258,133.16]
["13.5.2.4.15","SINAPI",98546,{"$f":"IF(B736=\"SINAPI\",IFERROR(INDEX(SINAPI!$B:$B,MATCH($C736,SINAPI!$A:$A,0)),\"\"),IF(B736=\"COMPOSIÇÃO\",IFERROR(INDEX(COMPOSIÇÃO!$C:$C,MATCH($C736,COMPOSIÇÃO!$A:$A,0)),\"\"),\"\"))","v":"IMPERMEABILIZAÇÃO DE SUPERFÍCIE COM MANTA ASFÁLTICA, UMA CAMADA, INCLUSIVE APLICAÇÃO DE PRIMER ASFÁLTICO, E=3MM. AF_06/2018"},{"$f":"IF(B736=\"SINAPI\",IFERROR(INDEX(SINAPI!$C:$C,MATCH($C736,SINAPI!$A:$A,0)),\"\"),IF(B736=\"COMPOSIÇÃO\",IFERROR(INDEX(COMPOSIÇÃO!$D:$D,MATCH($C736,COMPOSIÇÃO!$A:$A,0)),\"\"),\"\"))","v":"M2"},4,{"$f":"IF(B736=\"SINAPI\",IFERROR(INDEX(SINAPI!$D:$D,MATCH($C736,SINAPI!$A:$A,0)),0),IF(B736=\"COMPOSIÇÃO\",IFERROR(INDEX(COMPOSIÇÃO!$G:$G,MATCH($C736,COMPOSIÇÃO!$A:$A,0)),0),0))","v":93.93},113.13357744250858,452.53]
["13.5.2.4.16","SINAPI",87507,{"$f":"IF(B737=\"SINAPI\",IFERROR(INDEX(SINAPI!$B:$B,MATCH($C737,SINAPI!$A:$A,0)),\"\"),IF(B737=\"COMPOSIÇÃO\",IFERROR(INDEX(COMPOSIÇÃO!$C:$C,MATCH($C737,COMPOSIÇÃO!$A:$A,0)),\"\"),\"\"))","v":"ALVENARIA DE VEDAÇÃO DE BLOCOS CERÂMICOS FURADOS NA HORIZONTAL DE 9X14X19CM (ESPESSURA 9CM) DE PAREDES COM ÁREA LÍQUIDA MAIOR OU IGUAL A 6M² SEM VÃOS E ARGAMASSA DE ASSENTAMENTO COM PREPARO EM BETONEIRA. AF_06/2014"},{"$f":"IF(B737=\"SINAPI\",IFERROR(INDEX(SINAPI!$C:$C,MATCH($C737,SINAPI!$A:$A,0)),\"\"),IF(B737=\"COMPOSIÇÃO\",IFERROR(INDEX(COMPOSIÇÃO!$D:$D,MATCH($C737,COMPOSIÇÃO!$A:$A,0)),\"\"),\"\"))","v":"M2"},10.8,{"$f":"IF(B737=\"SINAPI\",IFERROR(INDEX(SINAPI!$D:$D,MATCH($C737,SINAPI!$A:$A,0)),0),IF(B737=\"COMPOSIÇÃO\",IFERROR(INDEX(COMPOSIÇÃO!$G:$G,MATCH($C737,COMPOSIÇÃO!$A:$A,0)),0),0))","v":79.62},95.897960566086795,1035.7]
["13.5.2.4.17","SINAPI",93202,{"$f":"IF(B738=\"SINAPI\",IFERROR(INDEX(SINAPI!$B:$B,MATCH($C738,SINAPI!$A:$A,0)),\"\"),IF(B738=\"COMPOSIÇÃO\",IFERROR(INDEX(COMPOSIÇÃO!$C:$C,MATCH($C738,COMPOSIÇÃO!$A:$A,0)),\"\"),\"\"))","v":"FIXAÇÃO (ENCUNHAMENTO) DE ALVENARIA DE VEDAÇÃO COM TIJOLO MACIÇO. AF_03/2016"},{"$f":"IF(B738=\"SINAPI\",IFERROR(INDEX(SINAPI!$C:$C,MATCH($C738,SINAPI!$A:$A,0)),\"\"),IF(B738=\"COMPOSIÇÃO\",IFERROR(INDEX(COMPOSIÇÃO!$D:$D,MATCH($C738,COMPOSIÇÃO!$A:$A,0)),\"\"),\"\"))","v":"M"},6,{"$f":"IF(B738=\"SINAPI\",IFERROR(INDEX(SINAPI!$D:$D,MATCH($C738,SINAPI!$A:$A,0)),0),IF(B738=\"COMPOSIÇÃO\",IFERROR(INDEX(COMPOSIÇÃO!$G:$G,MATCH($C738,COMPOSIÇÃO!$A:$A,0)),0),0))","v":23.16},27.894960646955163,167.37]
["13.5.2.4.18","SINAPI",87894,{"$f":"IF(B739=\"SINAPI\",IFERROR(INDEX(SINAPI!$B:$B,MATCH($C739,SINAPI!$A:$A,0)),\"\"),IF(B739=\"COMPOSIÇÃO\",IFERROR(INDEX(COMPOSIÇÃO!$C:$C,MATCH($C739,COMPOSIÇÃO!$A:$A,0)),\"\"),\"\"))","v":"CHAPISCO APLICADO EM ALVENARIA (SEM PRESENÇA DE VÃOS) E ESTRUTURAS DE CONCRETO DE FACHADA, COM COLHER DE PEDREIRO.  ARGAMASSA TRAÇO 1:3 COM PREPARO EM BETONEIRA 400L. AF_06/2014"},{"$f":"IF(B739=\"SINAPI\",IFERROR(INDEX(SINAPI!$C:$C,MATCH($C739,SINAPI!$A:$A,0)),\"\"),IF(B739=\"COMPOSIÇÃO\",IFERROR(INDEX(COMPOSIÇÃO!$D:$D,MATCH($C739,COMPOSIÇÃO!$A:$A,0)),\"\"),\"\"))","v":"M2"},21.6,{"$f":"IF(B739=\"SINAPI\",IFERROR(INDEX(SINAPI!$D:$D,MATCH($C739,SINAPI!$A:$A,0)),0),IF(B739=\"COMPOSIÇÃO\",IFERROR(INDEX(COMPOSIÇÃO!$G:$G,MATCH($C739,COMPOSIÇÃO!$A:$A,0)),0),0))","v":5.19},6.2510727874653416,135.02000000000001]
["13.5.2.4.19","SINAPI",87529,{"$f":"IF(B740=\"SINAPI\",IFERROR(INDEX(SINAPI!$B:$B,MATCH($C740,SINAPI!$A:$A,0)),\"\"),IF(B740=\"COMPOSIÇÃO\",IFERROR(INDEX(COMPOSIÇÃO!$C:$C,MATCH($C740,COMPOSIÇÃO!$A:$A,0)),\"\"),\"\"))","v":"MASSA ÚNICA, PARA RECEBIMENTO DE PINTURA, EM ARGAMASSA TRAÇO 1:2:8, PREPARO MECÂNICO COM BETONEIRA 400L, APLICADA MANUALMENTE EM FACES INTERNAS DE PAREDES, ESPESSURA DE 20MM, COM EXECUÇÃO DE TALISCAS. AF_06/2014"},{"$f":"IF(B740=\"SINAPI\",IFERROR(INDEX(SINAPI!$C:$C,MATCH($C740,SINAPI!$A:$A,0)),\"\"),IF(B740=\"COMPOSIÇÃO\",IFERROR(INDEX(COMPOSIÇÃO!$D:$D,MATCH($C740,COMPOSIÇÃO!$A:$A,0)),\"\"),\"\"))","v":"M2"},21.6,{"$f":"IF(B740=\"SINAPI\",IFERROR(INDEX(SINAPI!$D:$D,MATCH($C740,SINAPI!$A:$A,0)),0),IF(B740=\"COMPOSIÇÃO\",IFERROR(INDEX(COMPOSIÇÃO!$G:$G,MATCH($C740,COMPOSIÇÃO!$A:$A,0)),0),0))","v":27.55},33.182476935389239,716.74]
["13.5.2.4.20","SINAPI",96620,{"$f":"IF(B741=\"SINAPI\",IFERROR(INDEX(SINAPI!$B:$B,MATCH($C741,SINAPI!$A:$A,0)),\"\"),IF(B741=\"COMPOSIÇÃO\",IFERROR(INDEX(COMPOSIÇÃO!$C:$C,MATCH($C741,COMPOSIÇÃO!$A:$A,0)),\"\"),\"\"))","v":"LASTRO DE CONCRETO MAGRO, APLICADO EM PISOS, LAJES SOBRE SOLO OU RADIERS. AF_08/2017"},{"$f":"IF(B741=\"SINAPI\",IFERROR(INDEX(SINAPI!$C:$C,MATCH($C741,SINAPI!$A:$A,0)),\"\"),IF(B741=\"COMPOSIÇÃO\",IFERROR(INDEX(COMPOSIÇÃO!$D:$D,MATCH($C741,COMPOSIÇÃO!$A:$A,0)),\"\"),\"\"))","v":"M3"},0.2,{"$f":"IF(B741=\"SINAPI\",IFERROR(INDEX(SINAPI!$D:$D,MATCH($C741,SINAPI!$A:$A,0)),0),IF(B741=\"COMPOSIÇÃO\",IFERROR(INDEX(COMPOSIÇÃO!$G:$G,MATCH($C741,COMPOSIÇÃO!$A:$A,0)),0),0))","v":469.15},565.0656644006483,113.01]
["13.5.2.4.21","COMPOSIÇÃO","COMP-222438",{"$f":"IF(B742=\"SINAPI\",IFERROR(INDEX(SINAPI!$B:$B,MATCH($C742,SINAPI!$A:$A,0)),\"\"),IF(B742=\"COMPOSIÇÃO\",IFERROR(INDEX(COMPOSIÇÃO!$C:$C,MATCH($C742,COMPOSIÇÃO!$A:$A,0)),\"\"),\"\"))","v":"REGULARIZACAO DE PISO/BASE EM ARGAMASSA TRACO 1:3 (CIMENTO E AREIA GROSSA SEM PENEIRAR), ESPESSURA 3,0CM, PREPARO MECANICO"},{"$f":"IF(B742=\"SINAPI\",IFERROR(INDEX(SINAPI!$C:$C,MATCH($C742,SINAPI!$A:$A,0)),\"\"),IF(B742=\"COMPOSIÇÃO\",IFERROR(INDEX(COMPOSIÇÃO!$D:$D,MATCH($C742,COMPOSIÇÃO!$A:$A,0)),\"\"),\"\"))","v":"M2"},4,{"$f":"IF(B742=\"SINAPI\",IFERROR(INDEX(SINAPI!$D:$D,MATCH($C742,SINAPI!$A:$A,0)),0),IF(B742=\"COMPOSIÇÃO\",IFERROR(INDEX(COMPOSIÇÃO!$G:$G,MATCH($C742,COMPOSIÇÃO!$A:$A,0)),0),0))","v":45.754360999999996},55.108639875715888,220.43]
["13.5.2.4.22","COMPOSIÇÃO","IFMT 235.08.2020",{"$f":"IF(B743=\"SINAPI\",IFERROR(INDEX(SINAPI!$B:$B,MATCH($C743,SINAPI!$A:$A,0)),\"\"),IF(B743=\"COMPOSIÇÃO\",IFERROR(INDEX(COMPOSIÇÃO!$C:$C,MATCH($C743,COMPOSIÇÃO!$A:$A,0)),\"\"),\"\"))","v":"PISO INDUSTRIAL ALTA RESISTENCIA, ESPESSURA 12MM, INCLUSO JUNTAS DE DILATACAO PLASTICAS E POLIMENTO MECANIZADO"},{"$f":"IF(B743=\"SINAPI\",IFERROR(INDEX(SINAPI!$C:$C,MATCH($C743,SINAPI!$A:$A,0)),\"\"),IF(B743=\"COMPOSIÇÃO\",IFERROR(INDEX(COMPOSIÇÃO!$D:$D,MATCH($C743,COMPOSIÇÃO!$A:$A,0)),\"\"),\"\"))","v":"M2"},4,{"$f":"IF(B743=\"SINAPI\",IFERROR(INDEX(SINAPI!$D:$D,MATCH($C743,SINAPI!$A:$A,0)),0),IF(B743=\"COMPOSIÇÃO\",IFERROR(INDEX(COMPOSIÇÃO!$G:$G,MATCH($C743,COMPOSIÇÃO!$A:$A,0)),0),0))","v":100.62026640000001},121.19163952997172,484.77]
["13.5.2.4.23","COMPOSIÇÃO","COMP-2212 ",{"$f":"IF(B744=\"SINAPI\",IFERROR(INDEX(SINAPI!$B:$B,MATCH($C744,SINAPI!$A:$A,0)),\"\"),IF(B744=\"COMPOSIÇÃO\",IFERROR(INDEX(COMPOSIÇÃO!$C:$C,MATCH($C744,COMPOSIÇÃO!$A:$A,0)),\"\"),\"\"))","v":"PORTÃO DE ABRIR - TUBO DE 1,1/2, E BARRA CHATA DE 1\" "},{"$f":"IF(B744=\"SINAPI\",IFERROR(INDEX(SINAPI!$C:$C,MATCH($C744,SINAPI!$A:$A,0)),\"\"),IF(B744=\"COMPOSIÇÃO\",IFERROR(INDEX(COMPOSIÇÃO!$D:$D,MATCH($C744,COMPOSIÇÃO!$A:$A,0)),\"\"),\"\"))","v":"M2"},4,{"$f":"IF(B744=\"SINAPI\",IFERROR(INDEX(SINAPI!$D:$D,MATCH($C744,SINAPI!$A:$A,0)),0),IF(B744=\"COMPOSIÇÃO\",IFERROR(INDEX(COMPOSIÇÃO!$G:$G,MATCH($C744,COMPOSIÇÃO!$A:$A,0)),0),0))","v":526.83953999999994},634.54957839205349,2538.1999999999998]
["13.5.2.4.24","SINAPI",88415,{"$f":"IF(B745=\"SINAPI\",IFERROR(INDEX(SINAPI!$B:$B,MATCH($C745,SINAPI!$A:$A,0)),\"\"),IF(B745=\"COMPOSIÇÃO\",IFERROR(INDEX(COMPOSIÇÃO!$C:$C,MATCH($C745,COMPOSIÇÃO!$A:$A,0)),\"\"),\"\"))","v":"APLICAÇÃO MANUAL DE FUNDO SELADOR ACRÍLICO EM PAREDES EXTERNAS DE CASAS. AF_06/2014"},{"$f":"IF(B745=\"SINAPI\",IFERROR(INDEX(SINAPI!$C:$C,MATCH($C745,SINAPI!$A:$A,0)),\"\"),IF(B745=\"COMPOSIÇÃO\",IFERROR(INDEX(COMPOSIÇÃO!$D:$D,MATCH($C745,COMPOSIÇÃO!$A:$A,0)),\"\"),\"\"))","v":"M2"},21.6,{"$f":"IF(B745=\"SINAPI\",IFERROR(INDEX(SINAPI!$D:$D,MATCH($C745,SINAPI!$A:$A,0)),0),IF(B745=\"COMPOSIÇÃO\",IFERROR(INDEX(COMPOSIÇÃO!$G:$G,MATCH($C745,COMPOSIÇÃO!$A:$A,0)),0),0))","v":1.99},2.3968467913402751,51.77]
["13.5.2.4.25","COMPOSIÇÃO","IFMT 221.07.2020",{"$f":"IF(B746=\"SINAPI\",IFERROR(INDEX(SINAPI!$B:$B,MATCH($C746,SINAPI!$A:$A,0)),\"\"),IF(B746=\"COMPOSIÇÃO\",IFERROR(INDEX(COMPOSIÇÃO!$C:$C,MATCH($C746,COMPOSIÇÃO!$A:$A,0)),\"\"),\"\"))","v":"PINTURA ESMALTE FOSCO, DUAS DEMAOS, SOBRE SUPERFICIE METALICA, INCLUSO UMA DEMAO DE FUNDO ANTICORROSIVO. UTILIZACAO DE REVOLVER ( AR-COMPRIMIDO)."},{"$f":"IF(B746=\"SINAPI\",IFERROR(INDEX(SINAPI!$C:$C,MATCH($C746,SINAPI!$A:$A,0)),\"\"),IF(B746=\"COMPOSIÇÃO\",IFERROR(INDEX(COMPOSIÇÃO!$D:$D,MATCH($C746,COMPOSIÇÃO!$A:$A,0)),\"\"),\"\"))","v":"M2"},21.6,{"$f":"IF(B746=\"SINAPI\",IFERROR(INDEX(SINAPI!$D:$D,MATCH($C746,SINAPI!$A:$A,0)),0),IF(B746=\"COMPOSIÇÃO\",IFERROR(INDEX(COMPOSIÇÃO!$G:$G,MATCH($C746,COMPOSIÇÃO!$A:$A,0)),0),0))","v":16.386219999999998},19.736310969445146,426.3]
["13.5.2.4.26","SINAPI",88426,{"$f":"IF(B747=\"SINAPI\",IFERROR(INDEX(SINAPI!$B:$B,MATCH($C747,SINAPI!$A:$A,0)),\"\"),IF(B747=\"COMPOSIÇÃO\",IFERROR(INDEX(COMPOSIÇÃO!$C:$C,MATCH($C747,COMPOSIÇÃO!$A:$A,0)),\"\"),\"\"))","v":"APLICAÇÃO MANUAL DE PINTURA COM TINTA TEXTURIZADA ACRÍLICA EM PANOS CEGOS DE FACHADA (SEM PRESENÇA DE VÃOS) DE EDIFÍCIOS DE MÚLTIPLOS PAVIMENTOS, DUAS CORES. AF_06/2014"},{"$f":"IF(B747=\"SINAPI\",IFERROR(INDEX(SINAPI!$C:$C,MATCH($C747,SINAPI!$A:$A,0)),\"\"),IF(B747=\"COMPOSIÇÃO\",IFERROR(INDEX(COMPOSIÇÃO!$D:$D,MATCH($C747,COMPOSIÇÃO!$A:$A,0)),\"\"),\"\"))","v":"M2"},21.6,{"$f":"IF(B747=\"SINAPI\",IFERROR(INDEX(SINAPI!$D:$D,MATCH($C747,SINAPI!$A:$A,0)),0),IF(B747=\"COMPOSIÇÃO\",IFERROR(INDEX(COMPOSIÇÃO!$G:$G,MATCH($C747,COMPOSIÇÃO!$A:$A,0)),0),0))","v":15.73},18.945929662202278,409.23]
["13.5.2.5",null,null,"Movimentação de Terra",null,null,null,null,{"$f":"SUM(I749:I750)","v":4480.17}]
["13.5.2.5.1","SINAPI",93358,{"$f":"IF(B749=\"SINAPI\",IFERROR(INDEX(SINAPI!$B:$B,MATCH($C749,SINAPI!$A:$A,0)),\"\"),IF(B749=\"COMPOSIÇÃO\",IFERROR(INDEX(COMPOSIÇÃO!$C:$C,MATCH($C749,COMPOSIÇÃO!$A:$A,0)),\"\"),\"\"))","v":"ESCAVAÇÃO MANUAL DE VALA COM PROFUNDIDADE MENOR OU IGUAL A 1,30 M. AF_02/2021"},{"$f":"IF(B749=\"SINAPI\",IFERROR(INDEX(SINAPI!$C:$C,MATCH($C749,SINAPI!$A:$A,0)),\"\"),IF(B749=\"COMPOSIÇÃO\",IFERROR(INDEX(COMPOSIÇÃO!$D:$D,MATCH($C749,COMPOSIÇÃO!$A:$A,0)),\"\"),\"\"))","v":"M3"},40.119999999999997,{"$f":"IF(B749=\"SINAPI\",IFERROR(INDEX(SINAPI!$D:$D,MATCH($C749,SINAPI!$A:$A,0)),0),IF(B749=\"COMPOSIÇÃO\",IFERROR(INDEX(COMPOSIÇÃO!$G:$G,MATCH($C749,COMPOSIÇÃO!$A:$A,0)),0),0))","v":61.91},{"$f":"G749*(1+$I$10)","v":74.567228568782127},{"$f":"ROUND(F749*H749,2)","v":2991.64}]
["13.5.2.5.2","SINAPI",96995,{"$f":"IF(B750=\"SINAPI\",IFERROR(INDEX(SINAPI!$B:$B,MATCH($C750,SINAPI!$A:$A,0)),\"\"),IF(B750=\"COMPOSIÇÃO\",IFERROR(INDEX(COMPOSIÇÃO!$C:$C,MATCH($C750,COMPOSIÇÃO!$A:$A,0)),\"\"),\"\"))","v":"REATERRO MANUAL APILOADO COM SOQUETE. AF_10/2017"},{"$f":"IF(B750=\"SINAPI\",IFERROR(INDEX(SINAPI!$C:$C,MATCH($C750,SINAPI!$A:$A,0)),\"\"),IF(B750=\"COMPOSIÇÃO\",IFERROR(INDEX(COMPOSIÇÃO!$D:$D,MATCH($C750,COMPOSIÇÃO!$A:$A,0)),\"\"),\"\"))","v":"M3"},32.93,{"$f":"IF(B750=\"SINAPI\",IFERROR(INDEX(SINAPI!$D:$D,MATCH($C750,SINAPI!$A:$A,0)),0),IF(B750=\"COMPOSIÇÃO\",IFERROR(INDEX(COMPOSIÇÃO!$G:$G,MATCH($C750,COMPOSIÇÃO!$A:$A,0)),0),0))","v":37.53},{"$f":"G750*(1+$I$10)","v":45.202844260804291},1488.53]
["13.5.2.6",null,null,"Rasgos e Enchimentos\t\t\t\t\t",null,null,null,null,{"$f":"SUM(I752:I753)","v":5041.8099999999995}]
["13.5.2.6.1","SINAPI",91222,{"$f":"IF(B752=\"SINAPI\",IFERROR(INDEX(SINAPI!$B:$B,MATCH($C752,SINAPI!$A:$A,0)),\"\"),IF(B752=\"COMPOSIÇÃO\",IFERROR(INDEX(COMPOSIÇÃO!$C:$C,MATCH($C752,COMPOSIÇÃO!$A:$A,0)),\"\"),\"\"))","v":"RASGO EM ALVENARIA PARA RAMAIS/ DISTRIBUIÇÃO COM DIÂMETROS MAIORES QUE 40 MM E MENORES OU IGUAIS A 75 MM. AF_05/2015"},{"$f":"IF(B752=\"SINAPI\",IFERROR(INDEX(SINAPI!$C:$C,MATCH($C752,SINAPI!$A:$A,0)),\"\"),IF(B752=\"COMPOSIÇÃO\",IFERROR(INDEX(COMPOSIÇÃO!$D:$D,MATCH($C752,COMPOSIÇÃO!$A:$A,0)),\"\"),\"\"))","v":"M"},200,{"$f":"IF(B752=\"SINAPI\",IFERROR(INDEX(SINAPI!$D:$D,MATCH($C752,SINAPI!$A:$A,0)),0),IF(B752=\"COMPOSIÇÃO\",IFERROR(INDEX(COMPOSIÇÃO!$G:$G,MATCH($C752,COMPOSIÇÃO!$A:$A,0)),0),0))","v":10.76},{"$f":"G752*(1+$I$10)","v":12.959834911970534},{"$f":"ROUND(F752*H752,2)","v":2591.9699999999998}]
["13.5.2.6.2","SINAPI",90466,{"$f":"IF(B753=\"SINAPI\",IFERROR(INDEX(SINAPI!$B:$B,MATCH($C753,SINAPI!$A:$A,0)),\"\"),IF(B753=\"COMPOSIÇÃO\",IFERROR(INDEX(COMPOSIÇÃO!$C:$C,MATCH($C753,COMPOSIÇÃO!$A:$A,0)),\"\"),\"\"))","v":"CHUMBAMENTO LINEAR EM ALVENARIA PARA RAMAIS/DISTRIBUIÇÃO COM DIÂMETROS MENORES OU IGUAIS A 40 MM. AF_05/2015"},{"$f":"IF(B753=\"SINAPI\",IFERROR(INDEX(SINAPI!$C:$C,MATCH($C753,SINAPI!$A:$A,0)),\"\"),IF(B753=\"COMPOSIÇÃO\",IFERROR(INDEX(COMPOSIÇÃO!$D:$D,MATCH($C753,COMPOSIÇÃO!$A:$A,0)),\"\"),\"\"))","v":"M"},200,{"$f":"IF(B753=\"SINAPI\",IFERROR(INDEX(SINAPI!$D:$D,MATCH($C753,SINAPI!$A:$A,0)),0),IF(B753=\"COMPOSIÇÃO\",IFERROR(INDEX(COMPOSIÇÃO!$G:$G,MATCH($C753,COMPOSIÇÃO!$A:$A,0)),0),0))","v":10.17},{"$f":"G753*(1+$I$10)","v":12.249211993934974},2449.84]
["14.0",null,null,"CLIMATIZAÇÃO",null,null,null,null,{"$f":"SUM(I755:I760)","v":74124.77}]
["14.1","SINAPI",97327,{"$f":"IF(B755=\"SINAPI\",IFERROR(INDEX(SINAPI!$B:$B,MATCH($C755,SINAPI!$A:$A,0)),\"\"),IF(B755=\"COMPOSIÇÃO\",IFERROR(INDEX(COMPOSIÇÃO!$C:$C,MATCH($C755,COMPOSIÇÃO!$A:$A,0)),\"\"),\"\"))","v":"TUBO EM COBRE FLEXÍVEL, DN 1/4\u0094, COM ISOLAMENTO, INSTALADO EM RAMAL DE ALIMENTAÇÃO DE AR CONDICIONADO COM CONDENSADORA INDIVIDUAL   FORNECIMENTO E INSTALAÇÃO. AF_12/2015"},{"$f":"IF(B755=\"SINAPI\",IFERROR(INDEX(SINAPI!$C:$C,MATCH($C755,SINAPI!$A:$A,0)),\"\"),IF(B755=\"COMPOSIÇÃO\",IFERROR(INDEX(COMPOSIÇÃO!$D:$D,MATCH($C755,COMPOSIÇÃO!$A:$A,0)),\"\"),\"\"))","v":"M"},170.7,{"$f":"IF(B755=\"SINAPI\",IFERROR(INDEX(SINAPI!$D:$D,MATCH($C755,SINAPI!$A:$A,0)),0),IF(B755=\"COMPOSIÇÃO\",IFERROR(INDEX(COMPOSIÇÃO!$G:$G,MATCH($C755,COMPOSIÇÃO!$A:$A,0)),0),0))","v":31.38},{"$f":"G755*(1+$I$10)","v":37.795503674501425},{"$f":"ROUND(F755*H755,2)","v":6451.69}]
["14.2","SINAPI",97328,{"$f":"IF(B756=\"SINAPI\",IFERROR(INDEX(SINAPI!$B:$B,MATCH($C756,SINAPI!$A:$A,0)),\"\"),IF(B756=\"COMPOSIÇÃO\",IFERROR(INDEX(COMPOSIÇÃO!$C:$C,MATCH($C756,COMPOSIÇÃO!$A:$A,0)),\"\"),\"\"))","v":"TUBO EM COBRE FLEXÍVEL, DN 3/8\", COM ISOLAMENTO, INSTALADO EM RAMAL DE ALIMENTAÇÃO DE AR CONDICIONADO COM CONDENSADORA INDIVIDUAL \u0096 FORNECIMENTO E INSTALAÇÃO. AF_12/2015"},{"$f":"IF(B756=\"SINAPI\",IFERROR(INDEX(SINAPI!$C:$C,MATCH($C756,SINAPI!$A:$A,0)),\"\"),IF(B756=\"COMPOSIÇÃO\",IFERROR(INDEX(COMPOSIÇÃO!$D:$D,MATCH($C756,COMPOSIÇÃO!$A:$A,0)),\"\"),\"\"))","v":"M"},244.8,{"$f":"IF(B756=\"SINAPI\",IFERROR(INDEX(SINAPI!$D:$D,MATCH($C756,SINAPI!$A:$A,0)),0),IF(B756=\"COMPOSIÇÃO\",IFERROR(INDEX(COMPOSIÇÃO!$G:$G,MATCH($C756,COMPOSIÇÃO!$A:$A,0)),0),0))","v":54.92},66.14815365849644,16193.07]
["14.3","SINAPI",97329,{"$f":"IF(B757=\"SINAPI\",IFERROR(INDEX(SINAPI!$B:$B,MATCH($C757,SINAPI!$A:$A,0)),\"\"),IF(B757=\"COMPOSIÇÃO\",IFERROR(INDEX(COMPOSIÇÃO!$C:$C,MATCH($C757,COMPOSIÇÃO!$A:$A,0)),\"\"),\"\"))","v":"TUBO EM COBRE FLEXÍVEL, DN 1/2\", COM ISOLAMENTO, INSTALADO EM RAMAL DE ALIMENTAÇÃO DE AR CONDICIONADO COM CONDENSADORA INDIVIDUAL \u0096 FORNECIMENTO E INSTALAÇÃO. AF_12/2015"},{"$f":"IF(B757=\"SINAPI\",IFERROR(INDEX(SINAPI!$C:$C,MATCH($C757,SINAPI!$A:$A,0)),\"\"),IF(B757=\"COMPOSIÇÃO\",IFERROR(INDEX(COMPOSIÇÃO!$D:$D,MATCH($C757,COMPOSIÇÃO!$A:$A,0)),\"\"),\"\"))","v":"M"},26.75,{"$f":"IF(B757=\"SINAPI\",IFERROR(INDEX(SINAPI!$D:$D,MATCH($C757,SINAPI!$A:$A,0)),0),IF(B757=\"COMPOSIÇÃO\",IFERROR(INDEX(COMPOSIÇÃO!$G:$G,MATCH($C757,COMPOSIÇÃO!$A:$A,0)),0),0))","v":69},83.106748041446735,2223.11]
["14.4","SINAPI",97330,{"$f":"IF(B758=\"SINAPI\",IFERROR(INDEX(SINAPI!$B:$B,MATCH($C758,SINAPI!$A:$A,0)),\"\"),IF(B758=\"COMPOSIÇÃO\",IFERROR(INDEX(COMPOSIÇÃO!$C:$C,MATCH($C758,COMPOSIÇÃO!$A:$A,0)),\"\"),\"\"))","v":"TUBO EM COBRE FLEXÍVEL, DN 5/8\", COM ISOLAMENTO, INSTALADO EM RAMAL DE ALIMENTAÇÃO DE AR CONDICIONADO COM CONDENSADORA INDIVIDUAL \u0096 FORNECIMENTO E INSTALAÇÃO. AF_12/2015"},{"$f":"IF(B758=\"SINAPI\",IFERROR(INDEX(SINAPI!$C:$C,MATCH($C758,SINAPI!$A:$A,0)),\"\"),IF(B758=\"COMPOSIÇÃO\",IFERROR(INDEX(COMPOSIÇÃO!$D:$D,MATCH($C758,COMPOSIÇÃO!$A:$A,0)),\"\"),\"\"))","v":"M"},121.1,{"$f":"IF(B758=\"SINAPI\",IFERROR(INDEX(SINAPI!$D:$D,MATCH($C758,SINAPI!$A:$A,0)),0),IF(B758=\"COMPOSIÇÃO\",IFERROR(INDEX(COMPOSIÇÃO!$G:$G,MATCH($C758,COMPOSIÇÃO!$A:$A,0)),0),0))","v":84.4},101.65521064779861,12310.45]
["14.5","SINAPI",97335,{"$f":"IF(B759=\"SINAPI\",IFERROR(INDEX(SINAPI!$B:$B,MATCH($C759,SINAPI!$A:$A,0)),\"\"),IF(B759=\"COMPOSIÇÃO\",IFERROR(INDEX(COMPOSIÇÃO!$C:$C,MATCH($C759,COMPOSIÇÃO!$A:$A,0)),\"\"),\"\"))","v":"TUBO EM COBRE RÍGIDO, DN 22 MM, CLASSE A, SEM ISOLAMENTO, INSTALADO EM PRUMADA \u0096 FORNECIMENTO E INSTALAÇÃO. AF_12/2015"},{"$f":"IF(B759=\"SINAPI\",IFERROR(INDEX(SINAPI!$C:$C,MATCH($C759,SINAPI!$A:$A,0)),\"\"),IF(B759=\"COMPOSIÇÃO\",IFERROR(INDEX(COMPOSIÇÃO!$D:$D,MATCH($C759,COMPOSIÇÃO!$A:$A,0)),\"\"),\"\"))","v":"M"},172.15,{"$f":"IF(B759=\"SINAPI\",IFERROR(INDEX(SINAPI!$D:$D,MATCH($C759,SINAPI!$A:$A,0)),0),IF(B759=\"COMPOSIÇÃO\",IFERROR(INDEX(COMPOSIÇÃO!$G:$G,MATCH($C759,COMPOSIÇÃO!$A:$A,0)),0),0))","v":88.67},106.79819346137799,18385.310000000001]
["14.6","COMPOSIÇÃO","COMP-4346 ",{"$f":"IF(B760=\"SINAPI\",IFERROR(INDEX(SINAPI!$B:$B,MATCH($C760,SINAPI!$A:$A,0)),\"\"),IF(B760=\"COMPOSIÇÃO\",IFERROR(INDEX(COMPOSIÇÃO!$C:$C,MATCH($C760,COMPOSIÇÃO!$A:$A,0)),\"\"),\"\"))","v":"ESPUMA ELASTOMÉRICA ,INCLUSIVE FITA DE VEDAÇÃO PARA TUBULAÇÃO RÍGIDA DE 22MM "},{"$f":"IF(B760=\"SINAPI\",IFERROR(INDEX(SINAPI!$C:$C,MATCH($C760,SINAPI!$A:$A,0)),\"\"),IF(B760=\"COMPOSIÇÃO\",IFERROR(INDEX(COMPOSIÇÃO!$D:$D,MATCH($C760,COMPOSIÇÃO!$A:$A,0)),\"\"),\"\"))","v":"M"},172.15,{"$f":"IF(B760=\"SINAPI\",IFERROR(INDEX(SINAPI!$D:$D,MATCH($C760,SINAPI!$A:$A,0)),0),IF(B760=\"COMPOSIÇÃO\",IFERROR(INDEX(COMPOSIÇÃO!$G:$G,MATCH($C760,COMPOSIÇÃO!$A:$A,0)),0),0))","v":89.518000000000001},107.81956335035113,18561.14]
["15.0",null,null,"PINTURA",null,null,null,null,{"$f":"I762+I767+I770","v":219385.79}]
["15.1",null,null,"Pintura em Alvenaria ",null,null,null,null,{"$f":"SUM(I763:I766)","v":145116.19}]
["15.1.1","SINAPI",88411,{"$f":"IF(B763=\"SINAPI\",IFERROR(INDEX(SINAPI!$B:$B,MATCH($C763,SINAPI!$A:$A,0)),\"\"),IF(B763=\"COMPOSIÇÃO\",IFERROR(INDEX(COMPOSIÇÃO!$C:$C,MATCH($C763,COMPOSIÇÃO!$A:$A,0)),\"\"),\"\"))","v":"APLICAÇÃO MANUAL DE FUNDO SELADOR ACRÍLICO EM PANOS COM PRESENÇA DE VÃOS DE EDIFÍCIOS DE MÚLTIPLOS PAVIMENTOS. AF_06/2014"},{"$f":"IF(B763=\"SINAPI\",IFERROR(INDEX(SINAPI!$C:$C,MATCH($C763,SINAPI!$A:$A,0)),\"\"),IF(B763=\"COMPOSIÇÃO\",IFERROR(INDEX(COMPOSIÇÃO!$D:$D,MATCH($C763,COMPOSIÇÃO!$A:$A,0)),\"\"),\"\"))","v":"M2"},3620.57,{"$f":"IF(B763=\"SINAPI\",IFERROR(INDEX(SINAPI!$D:$D,MATCH($C763,SINAPI!$A:$A,0)),0),IF(B763=\"COMPOSIÇÃO\",IFERROR(INDEX(COMPOSIÇÃO!$G:$G,MATCH($C763,COMPOSIÇÃO!$A:$A,0)),0),0))","v":1.82},{"$f":"G763*(1+$I$10)","v":2.1920910352961314},{"$f":"ROUND(F763*H763,2)","v":7936.62}]
["15.1.2","SINAPI",88497,{"$f":"IF(B764=\"SINAPI\",IFERROR(INDEX(SINAPI!$B:$B,MATCH($C764,SINAPI!$A:$A,0)),\"\"),IF(B764=\"COMPOSIÇÃO\",IFERROR(INDEX(COMPOSIÇÃO!$C:$C,MATCH($C764,COMPOSIÇÃO!$A:$A,0)),\"\"),\"\"))","v":"APLICAÇÃO E LIXAMENTO DE MASSA LÁTEX EM PAREDES, DUAS DEMÃOS. AF_06/2014"},{"$f":"IF(B764=\"SINAPI\",IFERROR(INDEX(SINAPI!$C:$C,MATCH($C764,SINAPI!$A:$A,0)),\"\"),IF(B764=\"COMPOSIÇÃO\",IFERROR(INDEX(COMPOSIÇÃO!$D:$D,MATCH($C764,COMPOSIÇÃO!$A:$A,0)),\"\"),\"\"))","v":"M2"},3620.57,{"$f":"IF(B764=\"SINAPI\",IFERROR(INDEX(SINAPI!$D:$D,MATCH($C764,SINAPI!$A:$A,0)),0),IF(B764=\"COMPOSIÇÃO\",IFERROR(INDEX(COMPOSIÇÃO!$G:$G,MATCH($C764,COMPOSIÇÃO!$A:$A,0)),0),0))","v":12.37},{"$f":"G764*(1+$I$10)","v":14.898992366270956},53942.84]
["15.1.3","SINAPI",88489,{"$f":"IF(B765=\"SINAPI\",IFERROR(INDEX(SINAPI!$B:$B,MATCH($C765,SINAPI!$A:$A,0)),\"\"),IF(B765=\"COMPOSIÇÃO\",IFERROR(INDEX(COMPOSIÇÃO!$C:$C,MATCH($C765,COMPOSIÇÃO!$A:$A,0)),\"\"),\"\"))","v":"APLICAÇÃO MANUAL DE PINTURA COM TINTA LÁTEX ACRÍLICA EM PAREDES, DUAS DEMÃOS. AF_06/2014"},{"$f":"IF(B765=\"SINAPI\",IFERROR(INDEX(SINAPI!$C:$C,MATCH($C765,SINAPI!$A:$A,0)),\"\"),IF(B765=\"COMPOSIÇÃO\",IFERROR(INDEX(COMPOSIÇÃO!$D:$D,MATCH($C765,COMPOSIÇÃO!$A:$A,0)),\"\"),\"\"))","v":"M2"},3620.57,{"$f":"IF(B765=\"SINAPI\",IFERROR(INDEX(SINAPI!$D:$D,MATCH($C765,SINAPI!$A:$A,0)),0),IF(B765=\"COMPOSIÇÃO\",IFERROR(INDEX(COMPOSIÇÃO!$G:$G,MATCH($C765,COMPOSIÇÃO!$A:$A,0)),0),0))","v":11.98},{"$f":"G765*(1+$I$10)","v":14.429258572993215},52242.14]
["15.1.4","SINAPI",88426,{"$f":"IF(B766=\"SINAPI\",IFERROR(INDEX(SINAPI!$B:$B,MATCH($C766,SINAPI!$A:$A,0)),\"\"),IF(B766=\"COMPOSIÇÃO\",IFERROR(INDEX(COMPOSIÇÃO!$C:$C,MATCH($C766,COMPOSIÇÃO!$A:$A,0)),\"\"),\"\"))","v":"APLICAÇÃO MANUAL DE PINTURA COM TINTA TEXTURIZADA ACRÍLICA EM PANOS CEGOS DE FACHADA (SEM PRESENÇA DE VÃOS) DE EDIFÍCIOS DE MÚLTIPLOS PAVIMENTOS, DUAS CORES. AF_06/2014"},{"$f":"IF(B766=\"SINAPI\",IFERROR(INDEX(SINAPI!$C:$C,MATCH($C766,SINAPI!$A:$A,0)),\"\"),IF(B766=\"COMPOSIÇÃO\",IFERROR(INDEX(COMPOSIÇÃO!$D:$D,MATCH($C766,COMPOSIÇÃO!$A:$A,0)),\"\"),\"\"))","v":"M2"},1635.95,{"$f":"IF(B766=\"SINAPI\",IFERROR(INDEX(SINAPI!$D:$D,MATCH($C766,SINAPI!$A:$A,0)),0),IF(B766=\"COMPOSIÇÃO\",IFERROR(INDEX(COMPOSIÇÃO!$G:$G,MATCH($C766,COMPOSIÇÃO!$A:$A,0)),0),0))","v":15.73},{"$f":"G766*(1+$I$10)","v":18.945929662202278},30994.59]
["15.2",null,null,"Pintura em Piso\t\t\t\t\t",null,null,null,null,{"$f":"SUM(I768:I769)","v":4390.8900000000003}]
["15.2.1","COMPOSIÇÃO","COMP-72815",{"$f":"IF(B768=\"SINAPI\",IFERROR(INDEX(SINAPI!$B:$B,MATCH($C768,SINAPI!$A:$A,0)),\"\"),IF(B768=\"COMPOSIÇÃO\",IFERROR(INDEX(COMPOSIÇÃO!$C:$C,MATCH($C768,COMPOSIÇÃO!$A:$A,0)),\"\"),\"\"))","v":"APLICACAO DE TINTA A BASE DE EPOXI SOBRE PISO"},{"$f":"IF(B768=\"SINAPI\",IFERROR(INDEX(SINAPI!$C:$C,MATCH($C768,SINAPI!$A:$A,0)),\"\"),IF(B768=\"COMPOSIÇÃO\",IFERROR(INDEX(COMPOSIÇÃO!$D:$D,MATCH($C768,COMPOSIÇÃO!$A:$A,0)),\"\"),\"\"))","v":"M2"},3.84,{"$f":"IF(B768=\"SINAPI\",IFERROR(INDEX(SINAPI!$D:$D,MATCH($C768,SINAPI!$A:$A,0)),0),IF(B768=\"COMPOSIÇÃO\",IFERROR(INDEX(COMPOSIÇÃO!$G:$G,MATCH($C768,COMPOSIÇÃO!$A:$A,0)),0),0))","v":44.560600000000001},{"$f":"G768*(1+$I$10)","v":53.670819663415813},{"$f":"ROUND(F768*H768,2)","v":206.1}]
["15.2.2","COMPOSIÇÃO","COMP-41595",{"$f":"IF(B769=\"SINAPI\",IFERROR(INDEX(SINAPI!$B:$B,MATCH($C769,SINAPI!$A:$A,0)),\"\"),IF(B769=\"COMPOSIÇÃO\",IFERROR(INDEX(COMPOSIÇÃO!$C:$C,MATCH($C769,COMPOSIÇÃO!$A:$A,0)),\"\"),\"\"))","v":"PINTURA ACRILICA DE FAIXAS DE DEMARCACAO EM QUADRA POLIESPORTIVA, 5 CM DE LARGURA"},{"$f":"IF(B769=\"SINAPI\",IFERROR(INDEX(SINAPI!$C:$C,MATCH($C769,SINAPI!$A:$A,0)),\"\"),IF(B769=\"COMPOSIÇÃO\",IFERROR(INDEX(COMPOSIÇÃO!$D:$D,MATCH($C769,COMPOSIÇÃO!$A:$A,0)),\"\"),\"\"))","v":"M"},330.4,{"$f":"IF(B769=\"SINAPI\",IFERROR(INDEX(SINAPI!$D:$D,MATCH($C769,SINAPI!$A:$A,0)),0),IF(B769=\"COMPOSIÇÃO\",IFERROR(INDEX(COMPOSIÇÃO!$G:$G,MATCH($C769,COMPOSIÇÃO!$A:$A,0)),0),0))","v":10.5159},{"$f":"G769*(1+$I$10)","v":12.665829735203619},4184.79]
["15.3",null,null,"Pintura em Estrutura Metálica",null,null,null,null,{"$f":"SUM(I771:I774)","v":69878.709999999992}]
["15.3.1","COMPOSIÇÃO","IFMT 221.07.2020",{"$f":"IF(B771=\"SINAPI\",IFERROR(INDEX(SINAPI!$B:$B,MATCH($C771,SINAPI!$A:$A,0)),\"\"),IF(B771=\"COMPOSIÇÃO\",IFERROR(INDEX(COMPOSIÇÃO!$C:$C,MATCH($C771,COMPOSIÇÃO!$A:$A,0)),\"\"),\"\"))","v":"PINTURA ESMALTE FOSCO, DUAS DEMAOS, SOBRE SUPERFICIE METALICA, INCLUSO UMA DEMAO DE FUNDO ANTICORROSIVO. UTILIZACAO DE REVOLVER ( AR-COMPRIMIDO)."},{"$f":"IF(B771=\"SINAPI\",IFERROR(INDEX(SINAPI!$C:$C,MATCH($C771,SINAPI!$A:$A,0)),\"\"),IF(B771=\"COMPOSIÇÃO\",IFERROR(INDEX(COMPOSIÇÃO!$D:$D,MATCH($C771,COMPOSIÇÃO!$A:$A,0)),\"\"),\"\"))","v":"M2"},29.58,{"$f":"IF(B771=\"SINAPI\",IFERROR(INDEX(SINAPI!$D:$D,MATCH($C771,SINAPI!$A:$A,0)),0),IF(B771=\"COMPOSIÇÃO\",IFERROR(INDEX(COMPOSIÇÃO!$G:$G,MATCH($C771,COMPOSIÇÃO!$A:$A,0)),0),0))","v":16.386219999999998},{"$f":"G771*(1+$I$10)","v":19.736310969445146},{"$f":"ROUND(F771*H771,2)","v":583.79999999999995}]
["15.3.2","COMPOSIÇÃO","IFMT 221.07.2020",{"$f":"IF(B772=\"SINAPI\",IFERROR(INDEX(SINAPI!$B:$B,MATCH($C772,SINAPI!$A:$A,0)),\"\"),IF(B772=\"COMPOSIÇÃO\",IFERROR(INDEX(COMPOSIÇÃO!$C:$C,MATCH($C772,COMPOSIÇÃO!$A:$A,0)),\"\"),\"\"))","v":"PINTURA ESMALTE FOSCO, DUAS DEMAOS, SOBRE SUPERFICIE METALICA, INCLUSO UMA DEMAO DE FUNDO ANTICORROSIVO. UTILIZACAO DE REVOLVER ( AR-COMPRIMIDO)."},{"$f":"IF(B772=\"SINAPI\",IFERROR(INDEX(SINAPI!$C:$C,MATCH($C772,SINAPI!$A:$A,0)),\"\"),IF(B772=\"COMPOSIÇÃO\",IFERROR(INDEX(COMPOSIÇÃO!$D:$D,MATCH($C772,COMPOSIÇÃO!$A:$A,0)),\"\"),\"\"))","v":"M2"},1612.53,{"$f":"IF(B772=\"SINAPI\",IFERROR(INDEX(SINAPI!$D:$D,MATCH($C772,SINAPI!$A:$A,0)),0),IF(B772=\"COMPOSIÇÃO\",IFERROR(INDEX(COMPOSIÇÃO!$G:$G,MATCH($C772,COMPOSIÇÃO!$A:$A,0)),0),0))","v":16.386219999999998},{"$f":"G772*(1+$I$10)","v":19.736310969445146},31825.39]
["15.3.3","COMPOSIÇÃO","IFMT 222.07.2020",{"$f":"IF(B773=\"SINAPI\",IFERROR(INDEX(SINAPI!$B:$B,MATCH($C773,SINAPI!$A:$A,0)),\"\"),IF(B773=\"COMPOSIÇÃO\",IFERROR(INDEX(COMPOSIÇÃO!$C:$C,MATCH($C773,COMPOSIÇÃO!$A:$A,0)),\"\"),\"\"))","v":"FUNDO PREPARADOR PRIMER A BASE DE EPOXI, PARA ESTRUTURA METALICA, UMA DEMAO, ESPESSURA DE 25 MICRA."},{"$f":"IF(B773=\"SINAPI\",IFERROR(INDEX(SINAPI!$C:$C,MATCH($C773,SINAPI!$A:$A,0)),\"\"),IF(B773=\"COMPOSIÇÃO\",IFERROR(INDEX(COMPOSIÇÃO!$D:$D,MATCH($C773,COMPOSIÇÃO!$A:$A,0)),\"\"),\"\"))","v":"M2"},434.36,{"$f":"IF(B773=\"SINAPI\",IFERROR(INDEX(SINAPI!$D:$D,MATCH($C773,SINAPI!$A:$A,0)),0),IF(B773=\"COMPOSIÇÃO\",IFERROR(INDEX(COMPOSIÇÃO!$G:$G,MATCH($C773,COMPOSIÇÃO!$A:$A,0)),0),0))","v":9.40944},{"$f":"G773*(1+$I$10)","v":11.333158830305949},4922.67]
["15.3.4","COMPOSIÇÃO","IFMT 223.07.2020",{"$f":"IF(B774=\"SINAPI\",IFERROR(INDEX(SINAPI!$B:$B,MATCH($C774,SINAPI!$A:$A,0)),\"\"),IF(B774=\"COMPOSIÇÃO\",IFERROR(INDEX(COMPOSIÇÃO!$C:$C,MATCH($C774,COMPOSIÇÃO!$A:$A,0)),\"\"),\"\"))","v":"FUNDO ANTICORROSIVO A BASE DE OXIDO DE FERRO (ZARCAO), DUAS DEMAOS"},{"$f":"IF(B774=\"SINAPI\",IFERROR(INDEX(SINAPI!$C:$C,MATCH($C774,SINAPI!$A:$A,0)),\"\"),IF(B774=\"COMPOSIÇÃO\",IFERROR(INDEX(COMPOSIÇÃO!$D:$D,MATCH($C774,COMPOSIÇÃO!$A:$A,0)),\"\"),\"\"))","v":"M2"},1390.22,{"$f":"IF(B774=\"SINAPI\",IFERROR(INDEX(SINAPI!$D:$D,MATCH($C774,SINAPI!$A:$A,0)),0),IF(B774=\"COMPOSIÇÃO\",IFERROR(INDEX(COMPOSIÇÃO!$G:$G,MATCH($C774,COMPOSIÇÃO!$A:$A,0)),0),0))","v":19.4374},{"$f":"G774*(1+$I$10)","v":23.411291367837922},32546.85]
["16.0",null,null,"PAISAGISMO",null,null,null,null,{"$f":"SUM(I776:I782)","v":80899.12}]
["16.1.1","COMPOSIÇÃO","IFMT 247.08.2020",{"$f":"IF(B776=\"SINAPI\",IFERROR(INDEX(SINAPI!$B:$B,MATCH($C776,SINAPI!$A:$A,0)),\"\"),IF(B776=\"COMPOSIÇÃO\",IFERROR(INDEX(COMPOSIÇÃO!$C:$C,MATCH($C776,COMPOSIÇÃO!$A:$A,0)),\"\"),\"\"))","v":"PLANTIO DE GRAMA EM PLACAS COM TERRA PRETA"},{"$f":"IF(B776=\"SINAPI\",IFERROR(INDEX(SINAPI!$C:$C,MATCH($C776,SINAPI!$A:$A,0)),\"\"),IF(B776=\"COMPOSIÇÃO\",IFERROR(INDEX(COMPOSIÇÃO!$D:$D,MATCH($C776,COMPOSIÇÃO!$A:$A,0)),\"\"),\"\"))","v":"M2"},2503.38,{"$f":"IF(B776=\"SINAPI\",IFERROR(INDEX(SINAPI!$D:$D,MATCH($C776,SINAPI!$A:$A,0)),0),IF(B776=\"COMPOSIÇÃO\",IFERROR(INDEX(COMPOSIÇÃO!$G:$G,MATCH($C776,COMPOSIÇÃO!$A:$A,0)),0),0))","v":18.945706999999999},{"$f":"G776*(1+$I$10)","v":22.819073885740195},{"$f":"ROUND(F776*H776,2)","v":57124.81}]
["16.1.2","SINAPI",98520,{"$f":"IF(B777=\"SINAPI\",IFERROR(INDEX(SINAPI!$B:$B,MATCH($C777,SINAPI!$A:$A,0)),\"\"),IF(B777=\"COMPOSIÇÃO\",IFERROR(INDEX(COMPOSIÇÃO!$C:$C,MATCH($C777,COMPOSIÇÃO!$A:$A,0)),\"\"),\"\"))","v":"APLICAÇÃO DE ADUBO EM SOLO. AF_05/2018"},{"$f":"IF(B777=\"SINAPI\",IFERROR(INDEX(SINAPI!$C:$C,MATCH($C777,SINAPI!$A:$A,0)),\"\"),IF(B777=\"COMPOSIÇÃO\",IFERROR(INDEX(COMPOSIÇÃO!$D:$D,MATCH($C777,COMPOSIÇÃO!$A:$A,0)),\"\"),\"\"))","v":"M2"},2503.38,{"$f":"IF(B777=\"SINAPI\",IFERROR(INDEX(SINAPI!$D:$D,MATCH($C777,SINAPI!$A:$A,0)),0),IF(B777=\"COMPOSIÇÃO\",IFERROR(INDEX(COMPOSIÇÃO!$G:$G,MATCH($C777,COMPOSIÇÃO!$A:$A,0)),0),0))","v":4.47},5.3838719383372009,13477.88]
["16.1.3","SINAPI",98519,{"$f":"IF(B778=\"SINAPI\",IFERROR(INDEX(SINAPI!$B:$B,MATCH($C778,SINAPI!$A:$A,0)),\"\"),IF(B778=\"COMPOSIÇÃO\",IFERROR(INDEX(COMPOSIÇÃO!$C:$C,MATCH($C778,COMPOSIÇÃO!$A:$A,0)),\"\"),\"\"))","v":"REVOLVIMENTO E LIMPEZA MANUAL DE SOLO. AF_05/2018"},{"$f":"IF(B778=\"SINAPI\",IFERROR(INDEX(SINAPI!$C:$C,MATCH($C778,SINAPI!$A:$A,0)),\"\"),IF(B778=\"COMPOSIÇÃO\",IFERROR(INDEX(COMPOSIÇÃO!$D:$D,MATCH($C778,COMPOSIÇÃO!$A:$A,0)),\"\"),\"\"))","v":"M2"},2503.38,{"$f":"IF(B778=\"SINAPI\",IFERROR(INDEX(SINAPI!$D:$D,MATCH($C778,SINAPI!$A:$A,0)),0),IF(B778=\"COMPOSIÇÃO\",IFERROR(INDEX(COMPOSIÇÃO!$G:$G,MATCH($C778,COMPOSIÇÃO!$A:$A,0)),0),0))","v":1.54},1.8548462606351879,4643.3900000000003]
["16.1.4","SINAPI",98516,{"$f":"IF(B779=\"SINAPI\",IFERROR(INDEX(SINAPI!$B:$B,MATCH($C779,SINAPI!$A:$A,0)),\"\"),IF(B779=\"COMPOSIÇÃO\",IFERROR(INDEX(COMPOSIÇÃO!$C:$C,MATCH($C779,COMPOSIÇÃO!$A:$A,0)),\"\"),\"\"))","v":"PLANTIO DE PALMEIRA COM ALTURA DE MUDA MENOR OU IGUAL A 2,00 M. AF_05/2018"},{"$f":"IF(B779=\"SINAPI\",IFERROR(INDEX(SINAPI!$C:$C,MATCH($C779,SINAPI!$A:$A,0)),\"\"),IF(B779=\"COMPOSIÇÃO\",IFERROR(INDEX(COMPOSIÇÃO!$D:$D,MATCH($C779,COMPOSIÇÃO!$A:$A,0)),\"\"),\"\"))","v":"UN"},6,{"$f":"IF(B779=\"SINAPI\",IFERROR(INDEX(SINAPI!$D:$D,MATCH($C779,SINAPI!$A:$A,0)),0),IF(B779=\"COMPOSIÇÃO\",IFERROR(INDEX(COMPOSIÇÃO!$G:$G,MATCH($C779,COMPOSIÇÃO!$A:$A,0)),0),0))","v":301.38},362.99582209755386,2177.9699999999998]
["16.1.5","SINAPI",98509,{"$f":"IF(B780=\"SINAPI\",IFERROR(INDEX(SINAPI!$B:$B,MATCH($C780,SINAPI!$A:$A,0)),\"\"),IF(B780=\"COMPOSIÇÃO\",IFERROR(INDEX(COMPOSIÇÃO!$C:$C,MATCH($C780,COMPOSIÇÃO!$A:$A,0)),\"\"),\"\"))","v":"PLANTIO DE ARBUSTO OU  CERCA VIVA. AF_05/2018"},{"$f":"IF(B780=\"SINAPI\",IFERROR(INDEX(SINAPI!$C:$C,MATCH($C780,SINAPI!$A:$A,0)),\"\"),IF(B780=\"COMPOSIÇÃO\",IFERROR(INDEX(COMPOSIÇÃO!$D:$D,MATCH($C780,COMPOSIÇÃO!$A:$A,0)),\"\"),\"\"))","v":"UN"},30,{"$f":"IF(B780=\"SINAPI\",IFERROR(INDEX(SINAPI!$D:$D,MATCH($C780,SINAPI!$A:$A,0)),0),IF(B780=\"COMPOSIÇÃO\",IFERROR(INDEX(COMPOSIÇÃO!$G:$G,MATCH($C780,COMPOSIÇÃO!$A:$A,0)),0),0))","v":51.06},61.498993550670583,1844.97]
["16.1.6","ORSE",9126,"Planta - Ipê roxo (tabebuia) h=1,00m, fornecimento e plantio","UN",10,69.17,83.311503797490872,833.12]
["16.1.7","ORSE",7633,"Planta - Ipê amarelo (tabebuia chrysotricha) h=1,00m, fornecimento e plantio","UN",10,66.17,79.698166926123633,796.98]
["17.0",null,null,"URBANIZAÇÃO",null,null,null,null,{"$f":"SUM(I784:I786)","v":10939.15}]
["17.1","COMPOSIÇÃO","COMP-389493",{"$f":"IF(B784=\"SINAPI\",IFERROR(INDEX(SINAPI!$B:$B,MATCH($C784,SINAPI!$A:$A,0)),\"\"),IF(B784=\"COMPOSIÇÃO\",IFERROR(INDEX(COMPOSIÇÃO!$C:$C,MATCH($C784,COMPOSIÇÃO!$A:$A,0)),\"\"),\"\"))","v":"CONJUNTO DE MASTRO P/ TRÊS BANDEIRAS E PEDESTAL "},{"$f":"IF(B784=\"SINAPI\",IFERROR(INDEX(SINAPI!$C:$C,MATCH($C784,SINAPI!$A:$A,0)),\"\"),IF(B784=\"COMPOSIÇÃO\",IFERROR(INDEX(COMPOSIÇÃO!$D:$D,MATCH($C784,COMPOSIÇÃO!$A:$A,0)),\"\"),\"\"))","v":"UN"},1,{"$f":"IF(B784=\"SINAPI\",IFERROR(INDEX(SINAPI!$D:$D,MATCH($C784,SINAPI!$A:$A,0)),0),IF(B784=\"COMPOSIÇÃO\",IFERROR(INDEX(COMPOSIÇÃO!$G:$G,MATCH($C784,COMPOSIÇÃO!$A:$A,0)),0),0))","v":6699.7129200000008},{"$f":"G784*(1+$I$10)","v":8069.4399071371799},{"$f":"ROUND(F784*H784,2)","v":8069.44}]
["17.2","COMPOSIÇÃO","COMP-1277 ",{"$f":"IF(B785=\"SINAPI\",IFERROR(INDEX(SINAPI!$B:$B,MATCH($C785,SINAPI!$A:$A,0)),\"\"),IF(B785=\"COMPOSIÇÃO\",IFERROR(INDEX(COMPOSIÇÃO!$C:$C,MATCH($C785,COMPOSIÇÃO!$A:$A,0)),\"\"),\"\"))","v":"ESCADA DE MARINHEIRO EM FERRO CHATO S/PROTEÇÃO "},{"$f":"IF(B785=\"SINAPI\",IFERROR(INDEX(SINAPI!$C:$C,MATCH($C785,SINAPI!$A:$A,0)),\"\"),IF(B785=\"COMPOSIÇÃO\",IFERROR(INDEX(COMPOSIÇÃO!$D:$D,MATCH($C785,COMPOSIÇÃO!$A:$A,0)),\"\"),\"\"))","v":"M"},9.5,{"$f":"IF(B785=\"SINAPI\",IFERROR(INDEX(SINAPI!$D:$D,MATCH($C785,SINAPI!$A:$A,0)),0),IF(B785=\"COMPOSIÇÃO\",IFERROR(INDEX(COMPOSIÇÃO!$G:$G,MATCH($C785,COMPOSIÇÃO!$A:$A,0)),0),0))","v":250.79987046119999},{"$f":"G785*(1+$I$10)","v":302.07480642386122},2869.71]
["17.3","SINAPI",73665,{"$f":"IF(B786=\"SINAPI\",IFERROR(INDEX(SINAPI!$B:$B,MATCH($C786,SINAPI!$A:$A,0)),\"\"),IF(B786=\"COMPOSIÇÃO\",IFERROR(INDEX(COMPOSIÇÃO!$C:$C,MATCH($C786,COMPOSIÇÃO!$A:$A,0)),\"\"),\"\"))","v":""},{"$f":"IF(B786=\"SINAPI\",IFERROR(INDEX(SINAPI!$C:$C,MATCH($C786,SINAPI!$A:$A,0)),\"\"),IF(B786=\"COMPOSIÇÃO\",IFERROR(INDEX(COMPOSIÇÃO!$D:$D,MATCH($C786,COMPOSIÇÃO!$A:$A,0)),\"\"),\"\"))","v":""},5.5,{"$f":"IF(B786=\"SINAPI\",IFERROR(INDEX(SINAPI!$D:$D,MATCH($C786,SINAPI!$A:$A,0)),0),IF(B786=\"COMPOSIÇÃO\",IFERROR(INDEX(COMPOSIÇÃO!$G:$G,MATCH($C786,COMPOSIÇÃO!$A:$A,0)),0),0))","v":0},{"$f":"G786*(1+$I$10)","v":0},0]
["18.0",null,null,"GUARITA E PÓRTICO",null,null,null,null,{"$f":"I788+I794+I801+I822+I826+I828+I839+I847+I851+I854+I873+I899+I921+I948+I956+I964","v":156727.56}]
["18.1",null,null,"Movimentação de Terra",null,null,null,null,{"$f":"SUM(I789:I793)","v":1089.0899999999999}]
["18.1.1","SINAPI",96523,{"$f":"IF(B789=\"SINAPI\",IFERROR(INDEX(SINAPI!$B:$B,MATCH($C789,SINAPI!$A:$A,0)),\"\"),IF(B789=\"COMPOSIÇÃO\",IFERROR(INDEX(COMPOSIÇÃO!$C:$C,MATCH($C789,COMPOSIÇÃO!$A:$A,0)),\"\"),\"\"))","v":"ESCAVAÇÃO MANUAL PARA BLOCO DE COROAMENTO OU SAPATA (INCLUINDO ESCAVAÇÃO PARA COLOCAÇÃO DE FÔRMAS). AF_06/2017"},{"$f":"IF(B789=\"SINAPI\",IFERROR(INDEX(SINAPI!$C:$C,MATCH($C789,SINAPI!$A:$A,0)),\"\"),IF(B789=\"COMPOSIÇÃO\",IFERROR(INDEX(COMPOSIÇÃO!$D:$D,MATCH($C789,COMPOSIÇÃO!$A:$A,0)),\"\"),\"\"))","v":"M3"},4.29,{"$f":"IF(B789=\"SINAPI\",IFERROR(INDEX(SINAPI!$D:$D,MATCH($C789,SINAPI!$A:$A,0)),0),IF(B789=\"COMPOSIÇÃO\",IFERROR(INDEX(COMPOSIÇÃO!$G:$G,MATCH($C789,COMPOSIÇÃO!$A:$A,0)),0),0))","v":71.38},{"$f":"G789*(1+$I$10)","v":85.973328626064742},{"$f":"ROUND(F789*H789,2)","v":368.83}]
["18.1.2","SINAPI",93382,{"$f":"IF(B790=\"SINAPI\",IFERROR(INDEX(SINAPI!$B:$B,MATCH($C790,SINAPI!$A:$A,0)),\"\"),IF(B790=\"COMPOSIÇÃO\",IFERROR(INDEX(COMPOSIÇÃO!$C:$C,MATCH($C790,COMPOSIÇÃO!$A:$A,0)),\"\"),\"\"))","v":"REATERRO MANUAL DE VALAS COM COMPACTAÇÃO MECANIZADA. AF_04/2016"},{"$f":"IF(B790=\"SINAPI\",IFERROR(INDEX(SINAPI!$C:$C,MATCH($C790,SINAPI!$A:$A,0)),\"\"),IF(B790=\"COMPOSIÇÃO\",IFERROR(INDEX(COMPOSIÇÃO!$D:$D,MATCH($C790,COMPOSIÇÃO!$A:$A,0)),\"\"),\"\"))","v":"M3"},4,{"$f":"IF(B790=\"SINAPI\",IFERROR(INDEX(SINAPI!$D:$D,MATCH($C790,SINAPI!$A:$A,0)),0),IF(B790=\"COMPOSIÇÃO\",IFERROR(INDEX(COMPOSIÇÃO!$G:$G,MATCH($C790,COMPOSIÇÃO!$A:$A,0)),0),0))","v":22.07},{"$f":"G790*(1+$I$10)","v":26.582114917025063},106.33]
["18.1.3","SINAPI",96385,{"$f":"IF(B791=\"SINAPI\",IFERROR(INDEX(SINAPI!$B:$B,MATCH($C791,SINAPI!$A:$A,0)),\"\"),IF(B791=\"COMPOSIÇÃO\",IFERROR(INDEX(COMPOSIÇÃO!$C:$C,MATCH($C791,COMPOSIÇÃO!$A:$A,0)),\"\"),\"\"))","v":"EXECUÇÃO E COMPACTAÇÃO DE ATERRO COM SOLO PREDOMINANTEMENTE ARGILOSO - EXCLUSIVE SOLO, ESCAVAÇÃO, CARGA E TRANSPORTE. AF_11/2019"},{"$f":"IF(B791=\"SINAPI\",IFERROR(INDEX(SINAPI!$C:$C,MATCH($C791,SINAPI!$A:$A,0)),\"\"),IF(B791=\"COMPOSIÇÃO\",IFERROR(INDEX(COMPOSIÇÃO!$D:$D,MATCH($C791,COMPOSIÇÃO!$A:$A,0)),\"\"),\"\"))","v":"M3"},6.79,{"$f":"IF(B791=\"SINAPI\",IFERROR(INDEX(SINAPI!$D:$D,MATCH($C791,SINAPI!$A:$A,0)),0),IF(B791=\"COMPOSIÇÃO\",IFERROR(INDEX(COMPOSIÇÃO!$G:$G,MATCH($C791,COMPOSIÇÃO!$A:$A,0)),0),0))","v":7.67},{"$f":"G791*(1+$I$10)","v":9.2380979344622673},62.73]
["18.1.4","SINAPI",94319,{"$f":"IF(B792=\"SINAPI\",IFERROR(INDEX(SINAPI!$B:$B,MATCH($C792,SINAPI!$A:$A,0)),\"\"),IF(B792=\"COMPOSIÇÃO\",IFERROR(INDEX(COMPOSIÇÃO!$C:$C,MATCH($C792,COMPOSIÇÃO!$A:$A,0)),\"\"),\"\"))","v":"ATERRO MANUAL DE VALAS COM SOLO ARGILO-ARENOSO E COMPACTAÇÃO MECANIZADA. AF_05/2016"},{"$f":"IF(B792=\"SINAPI\",IFERROR(INDEX(SINAPI!$C:$C,MATCH($C792,SINAPI!$A:$A,0)),\"\"),IF(B792=\"COMPOSIÇÃO\",IFERROR(INDEX(COMPOSIÇÃO!$D:$D,MATCH($C792,COMPOSIÇÃO!$A:$A,0)),\"\"),\"\"))","v":"M3"},8.49,{"$f":"IF(B792=\"SINAPI\",IFERROR(INDEX(SINAPI!$D:$D,MATCH($C792,SINAPI!$A:$A,0)),0),IF(B792=\"COMPOSIÇÃO\",IFERROR(INDEX(COMPOSIÇÃO!$G:$G,MATCH($C792,COMPOSIÇÃO!$A:$A,0)),0),0))","v":34.119999999999997},{"$f":"G792*(1+$I$10)","v":41.095684683683508},348.9]
["18.1.5","SINAPI",101219,{"$f":"IF(B793=\"SINAPI\",IFERROR(INDEX(SINAPI!$B:$B,MATCH($C793,SINAPI!$A:$A,0)),\"\"),IF(B793=\"COMPOSIÇÃO\",IFERROR(INDEX(COMPOSIÇÃO!$C:$C,MATCH($C793,COMPOSIÇÃO!$A:$A,0)),\"\"),\"\"))","v":"ESCAVAÇÃO VERTICAL A CÉU ABERTO, EM OBRAS DE EDIFICAÇÃO, INCLUINDO CARGA, DESCARGA E TRANSPORTE, EM SOLO DE 1ª CATEGORIA COM ESCAVADEIRA HIDRÁULICA (CAÇAMBA: 0,8 M³ / 111 HP), FROTA DE 6 CAMINHÕES BASCULANTES DE 18 M³, DMT DE 6 KM E VELOCIDADE MÉDIA 22KM/H. AF_05/2020"},{"$f":"IF(B793=\"SINAPI\",IFERROR(INDEX(SINAPI!$C:$C,MATCH($C793,SINAPI!$A:$A,0)),\"\"),IF(B793=\"COMPOSIÇÃO\",IFERROR(INDEX(COMPOSIÇÃO!$D:$D,MATCH($C793,COMPOSIÇÃO!$A:$A,0)),\"\"),\"\"))","v":"M3"},8.5,{"$f":"IF(B793=\"SINAPI\",IFERROR(INDEX(SINAPI!$D:$D,MATCH($C793,SINAPI!$A:$A,0)),0),IF(B793=\"COMPOSIÇÃO\",IFERROR(INDEX(COMPOSIÇÃO!$G:$G,MATCH($C793,COMPOSIÇÃO!$A:$A,0)),0),0))","v":19.760000000000002},{"$f":"G793*(1+$I$10)","v":23.799845526072282},202.3]
["18.2",null,null,"Infraestrutura",null,null,null,null,{"$f":"SUM(I795:I800)","v":5576.3899999999994}]
["18.2.1","SINAPI",96616,{"$f":"IF(B795=\"SINAPI\",IFERROR(INDEX(SINAPI!$B:$B,MATCH($C795,SINAPI!$A:$A,0)),\"\"),IF(B795=\"COMPOSIÇÃO\",IFERROR(INDEX(COMPOSIÇÃO!$C:$C,MATCH($C795,COMPOSIÇÃO!$A:$A,0)),\"\"),\"\"))","v":"LASTRO DE CONCRETO MAGRO, APLICADO EM BLOCOS DE COROAMENTO OU SAPATAS. AF_08/2017"},{"$f":"IF(B795=\"SINAPI\",IFERROR(INDEX(SINAPI!$C:$C,MATCH($C795,SINAPI!$A:$A,0)),\"\"),IF(B795=\"COMPOSIÇÃO\",IFERROR(INDEX(COMPOSIÇÃO!$D:$D,MATCH($C795,COMPOSIÇÃO!$A:$A,0)),\"\"),\"\"))","v":"M3"},2.9,{"$f":"IF(B795=\"SINAPI\",IFERROR(INDEX(SINAPI!$D:$D,MATCH($C795,SINAPI!$A:$A,0)),0),IF(B795=\"COMPOSIÇÃO\",IFERROR(INDEX(COMPOSIÇÃO!$G:$G,MATCH($C795,COMPOSIÇÃO!$A:$A,0)),0),0))","v":487.86},{"$f":"G795*(1+$I$10)","v":587.6008420217421},{"$f":"ROUND(F795*H795,2)","v":1704.04}]
["18.2.3","SINAPI",96544,{"$f":"IF(B796=\"SINAPI\",IFERROR(INDEX(SINAPI!$B:$B,MATCH($C796,SINAPI!$A:$A,0)),\"\"),IF(B796=\"COMPOSIÇÃO\",IFERROR(INDEX(COMPOSIÇÃO!$C:$C,MATCH($C796,COMPOSIÇÃO!$A:$A,0)),\"\"),\"\"))","v":"ARMAÇÃO DE BLOCO, VIGA BALDRAME OU SAPATA UTILIZANDO AÇO CA-50 DE 6,3 MM - MONTAGEM. AF_06/2017"},{"$f":"IF(B796=\"SINAPI\",IFERROR(INDEX(SINAPI!$C:$C,MATCH($C796,SINAPI!$A:$A,0)),\"\"),IF(B796=\"COMPOSIÇÃO\",IFERROR(INDEX(COMPOSIÇÃO!$D:$D,MATCH($C796,COMPOSIÇÃO!$A:$A,0)),\"\"),\"\"))","v":"KG"},40,{"$f":"IF(B796=\"SINAPI\",IFERROR(INDEX(SINAPI!$D:$D,MATCH($C796,SINAPI!$A:$A,0)),0),IF(B796=\"COMPOSIÇÃO\",IFERROR(INDEX(COMPOSIÇÃO!$G:$G,MATCH($C796,COMPOSIÇÃO!$A:$A,0)),0),0))","v":20.100000000000001},24.209357038160572,968.37]
["18.2.3","SINAPI",96545,{"$f":"IF(B797=\"SINAPI\",IFERROR(INDEX(SINAPI!$B:$B,MATCH($C797,SINAPI!$A:$A,0)),\"\"),IF(B797=\"COMPOSIÇÃO\",IFERROR(INDEX(COMPOSIÇÃO!$C:$C,MATCH($C797,COMPOSIÇÃO!$A:$A,0)),\"\"),\"\"))","v":"ARMAÇÃO DE BLOCO, VIGA BALDRAME OU SAPATA UTILIZANDO AÇO CA-50 DE 8 MM - MONTAGEM. AF_06/2017"},{"$f":"IF(B797=\"SINAPI\",IFERROR(INDEX(SINAPI!$C:$C,MATCH($C797,SINAPI!$A:$A,0)),\"\"),IF(B797=\"COMPOSIÇÃO\",IFERROR(INDEX(COMPOSIÇÃO!$D:$D,MATCH($C797,COMPOSIÇÃO!$A:$A,0)),\"\"),\"\"))","v":"KG"},30,{"$f":"IF(B797=\"SINAPI\",IFERROR(INDEX(SINAPI!$D:$D,MATCH($C797,SINAPI!$A:$A,0)),0),IF(B797=\"COMPOSIÇÃO\",IFERROR(INDEX(COMPOSIÇÃO!$G:$G,MATCH($C797,COMPOSIÇÃO!$A:$A,0)),0),0))","v":19.350000000000001},23.306022820318759,699.18]
["18.2.5","COMPOSIÇÃO","COMP-92414",{"$f":"IF(B798=\"SINAPI\",IFERROR(INDEX(SINAPI!$B:$B,MATCH($C798,SINAPI!$A:$A,0)),\"\"),IF(B798=\"COMPOSIÇÃO\",IFERROR(INDEX(COMPOSIÇÃO!$C:$C,MATCH($C798,COMPOSIÇÃO!$A:$A,0)),\"\"),\"\"))","v":"MONTAGEM E DESMONTAGEM DE FÔRMA DE PILARES RETANGULARES E ESTRUTURAS SIMILARES COM ÁREA MÉDIA DAS SEÇÕES MENOR OU IGUAL A 0,25 M², PÉ-DIREITO SIMPLES, EM CHAPA DE MADEIRA COMPENSADA RESINADA, 2 UTILIZAÇÕES. AF_12/2015"},{"$f":"IF(B798=\"SINAPI\",IFERROR(INDEX(SINAPI!$C:$C,MATCH($C798,SINAPI!$A:$A,0)),\"\"),IF(B798=\"COMPOSIÇÃO\",IFERROR(INDEX(COMPOSIÇÃO!$D:$D,MATCH($C798,COMPOSIÇÃO!$A:$A,0)),\"\"),\"\"))","v":"M2"},11.1,{"$f":"IF(B798=\"SINAPI\",IFERROR(INDEX(SINAPI!$D:$D,MATCH($C798,SINAPI!$A:$A,0)),0),IF(B798=\"COMPOSIÇÃO\",IFERROR(INDEX(COMPOSIÇÃO!$G:$G,MATCH($C798,COMPOSIÇÃO!$A:$A,0)),0),0))","v":115.63414},139.27503388361416,1545.95]
["18.2.6","SINAPI",94965,{"$f":"IF(B799=\"SINAPI\",IFERROR(INDEX(SINAPI!$B:$B,MATCH($C799,SINAPI!$A:$A,0)),\"\"),IF(B799=\"COMPOSIÇÃO\",IFERROR(INDEX(COMPOSIÇÃO!$C:$C,MATCH($C799,COMPOSIÇÃO!$A:$A,0)),\"\"),\"\"))","v":"CONCRETO FCK = 25MPA, TRAÇO 1:2,3:2,7 (EM MASSA SECA DE CIMENTO/ AREIA MÉDIA/ BRITA 1) - PREPARO MECÂNICO COM BETONEIRA 400 L. AF_05/2021"},{"$f":"IF(B799=\"SINAPI\",IFERROR(INDEX(SINAPI!$C:$C,MATCH($C799,SINAPI!$A:$A,0)),\"\"),IF(B799=\"COMPOSIÇÃO\",IFERROR(INDEX(COMPOSIÇÃO!$D:$D,MATCH($C799,COMPOSIÇÃO!$A:$A,0)),\"\"),\"\"))","v":"M3"},1.1000000000000001,{"$f":"IF(B799=\"SINAPI\",IFERROR(INDEX(SINAPI!$D:$D,MATCH($C799,SINAPI!$A:$A,0)),0),IF(B799=\"COMPOSIÇÃO\",IFERROR(INDEX(COMPOSIÇÃO!$G:$G,MATCH($C799,COMPOSIÇÃO!$A:$A,0)),0),0))","v":393.57},474.0336641546694,521.44000000000005]
["18.2.7","COMPOSIÇÃO","IFMT 219.07.2020",{"$f":"IF(B800=\"SINAPI\",IFERROR(INDEX(SINAPI!$B:$B,MATCH($C800,SINAPI!$A:$A,0)),\"\"),IF(B800=\"COMPOSIÇÃO\",IFERROR(INDEX(COMPOSIÇÃO!$C:$C,MATCH($C800,COMPOSIÇÃO!$A:$A,0)),\"\"),\"\"))","v":"LANCAMENTO/APLICACAO MANUAL DE CONCRETO EM FUNDACOES"},{"$f":"IF(B800=\"SINAPI\",IFERROR(INDEX(SINAPI!$C:$C,MATCH($C800,SINAPI!$A:$A,0)),\"\"),IF(B800=\"COMPOSIÇÃO\",IFERROR(INDEX(COMPOSIÇÃO!$D:$D,MATCH($C800,COMPOSIÇÃO!$A:$A,0)),\"\"),\"\"))","v":"M3"},1.1000000000000001,{"$f":"IF(B800=\"SINAPI\",IFERROR(INDEX(SINAPI!$D:$D,MATCH($C800,SINAPI!$A:$A,0)),0),IF(B800=\"COMPOSIÇÃO\",IFERROR(INDEX(COMPOSIÇÃO!$G:$G,MATCH($C800,COMPOSIÇÃO!$A:$A,0)),0),0))","v":103.71599999999999},124.92028231690853,137.41]
["18.3",null,null,"Superestrutura",null,null,null,null,{"$f":"SUM(I802:I821)","v":15380.22}]
["18.3.1","SINAPI",92775,{"$f":"IF(B802=\"SINAPI\",IFERROR(INDEX(SINAPI!$B:$B,MATCH($C802,SINAPI!$A:$A,0)),\"\"),IF(B802=\"COMPOSIÇÃO\",IFERROR(INDEX(COMPOSIÇÃO!$C:$C,MATCH($C802,COMPOSIÇÃO!$A:$A,0)),\"\"),\"\"))","v":"ARMAÇÃO DE PILAR OU VIGA DE UMA ESTRUTURA CONVENCIONAL DE CONCRETO ARMADO EM UMA EDIFICAÇÃO TÉRREA OU SOBRADO UTILIZANDO AÇO CA-60 DE 5,0 MM - MONTAGEM. AF_12/2015"},{"$f":"IF(B802=\"SINAPI\",IFERROR(INDEX(SINAPI!$C:$C,MATCH($C802,SINAPI!$A:$A,0)),\"\"),IF(B802=\"COMPOSIÇÃO\",IFERROR(INDEX(COMPOSIÇÃO!$D:$D,MATCH($C802,COMPOSIÇÃO!$A:$A,0)),\"\"),\"\"))","v":"KG"},33.700000000000003,{"$f":"IF(B802=\"SINAPI\",IFERROR(INDEX(SINAPI!$D:$D,MATCH($C802,SINAPI!$A:$A,0)),0),IF(B802=\"COMPOSIÇÃO\",IFERROR(INDEX(COMPOSIÇÃO!$G:$G,MATCH($C802,COMPOSIÇÃO!$A:$A,0)),0),0))","v":20.61},{"$f":"G802*(1+$I$10)","v":24.823624306293002},{"$f":"ROUND(F802*H802,2)","v":836.56}]
["18.3.1","SINAPI",92776,{"$f":"IF(B803=\"SINAPI\",IFERROR(INDEX(SINAPI!$B:$B,MATCH($C803,SINAPI!$A:$A,0)),\"\"),IF(B803=\"COMPOSIÇÃO\",IFERROR(INDEX(COMPOSIÇÃO!$C:$C,MATCH($C803,COMPOSIÇÃO!$A:$A,0)),\"\"),\"\"))","v":"ARMAÇÃO DE PILAR OU VIGA DE UMA ESTRUTURA CONVENCIONAL DE CONCRETO ARMADO EM UMA EDIFICAÇÃO TÉRREA OU SOBRADO UTILIZANDO AÇO CA-50 DE 6,3 MM - MONTAGEM. AF_12/2015"},{"$f":"IF(B803=\"SINAPI\",IFERROR(INDEX(SINAPI!$C:$C,MATCH($C803,SINAPI!$A:$A,0)),\"\"),IF(B803=\"COMPOSIÇÃO\",IFERROR(INDEX(COMPOSIÇÃO!$D:$D,MATCH($C803,COMPOSIÇÃO!$A:$A,0)),\"\"),\"\"))","v":"KG"},9.1999999999999993,{"$f":"IF(B803=\"SINAPI\",IFERROR(INDEX(SINAPI!$D:$D,MATCH($C803,SINAPI!$A:$A,0)),0),IF(B803=\"COMPOSIÇÃO\",IFERROR(INDEX(COMPOSIÇÃO!$G:$G,MATCH($C803,COMPOSIÇÃO!$A:$A,0)),0),0))","v":20.14},24.257534863112134,223.17]
["18.3.2","SINAPI",92777,{"$f":"IF(B804=\"SINAPI\",IFERROR(INDEX(SINAPI!$B:$B,MATCH($C804,SINAPI!$A:$A,0)),\"\"),IF(B804=\"COMPOSIÇÃO\",IFERROR(INDEX(COMPOSIÇÃO!$C:$C,MATCH($C804,COMPOSIÇÃO!$A:$A,0)),\"\"),\"\"))","v":"ARMAÇÃO DE PILAR OU VIGA DE UMA ESTRUTURA CONVENCIONAL DE CONCRETO ARMADO EM UMA EDIFICAÇÃO TÉRREA OU SOBRADO UTILIZANDO AÇO CA-50 DE 8,0 MM - MONTAGEM. AF_12/2015"},{"$f":"IF(B804=\"SINAPI\",IFERROR(INDEX(SINAPI!$C:$C,MATCH($C804,SINAPI!$A:$A,0)),\"\"),IF(B804=\"COMPOSIÇÃO\",IFERROR(INDEX(COMPOSIÇÃO!$D:$D,MATCH($C804,COMPOSIÇÃO!$A:$A,0)),\"\"),\"\"))","v":"KG"},43.1,{"$f":"IF(B804=\"SINAPI\",IFERROR(INDEX(SINAPI!$D:$D,MATCH($C804,SINAPI!$A:$A,0)),0),IF(B804=\"COMPOSIÇÃO\",IFERROR(INDEX(COMPOSIÇÃO!$G:$G,MATCH($C804,COMPOSIÇÃO!$A:$A,0)),0),0))","v":19.350000000000001},23.306022820318759,1004.49]
["18.3.3","COMPOSIÇÃO","COMP-92414",{"$f":"IF(B805=\"SINAPI\",IFERROR(INDEX(SINAPI!$B:$B,MATCH($C805,SINAPI!$A:$A,0)),\"\"),IF(B805=\"COMPOSIÇÃO\",IFERROR(INDEX(COMPOSIÇÃO!$C:$C,MATCH($C805,COMPOSIÇÃO!$A:$A,0)),\"\"),\"\"))","v":"MONTAGEM E DESMONTAGEM DE FÔRMA DE PILARES RETANGULARES E ESTRUTURAS SIMILARES COM ÁREA MÉDIA DAS SEÇÕES MENOR OU IGUAL A 0,25 M², PÉ-DIREITO SIMPLES, EM CHAPA DE MADEIRA COMPENSADA RESINADA, 2 UTILIZAÇÕES. AF_12/2015"},{"$f":"IF(B805=\"SINAPI\",IFERROR(INDEX(SINAPI!$C:$C,MATCH($C805,SINAPI!$A:$A,0)),\"\"),IF(B805=\"COMPOSIÇÃO\",IFERROR(INDEX(COMPOSIÇÃO!$D:$D,MATCH($C805,COMPOSIÇÃO!$A:$A,0)),\"\"),\"\"))","v":"M2"},34.700000000000003,{"$f":"IF(B805=\"SINAPI\",IFERROR(INDEX(SINAPI!$D:$D,MATCH($C805,SINAPI!$A:$A,0)),0),IF(B805=\"COMPOSIÇÃO\",IFERROR(INDEX(COMPOSIÇÃO!$G:$G,MATCH($C805,COMPOSIÇÃO!$A:$A,0)),0),0))","v":115.63414},139.27503388361416,4832.84]
["18.3.4","SINAPI",94965,{"$f":"IF(B806=\"SINAPI\",IFERROR(INDEX(SINAPI!$B:$B,MATCH($C806,SINAPI!$A:$A,0)),\"\"),IF(B806=\"COMPOSIÇÃO\",IFERROR(INDEX(COMPOSIÇÃO!$C:$C,MATCH($C806,COMPOSIÇÃO!$A:$A,0)),\"\"),\"\"))","v":"CONCRETO FCK = 25MPA, TRAÇO 1:2,3:2,7 (EM MASSA SECA DE CIMENTO/ AREIA MÉDIA/ BRITA 1) - PREPARO MECÂNICO COM BETONEIRA 400 L. AF_05/2021"},{"$f":"IF(B806=\"SINAPI\",IFERROR(INDEX(SINAPI!$C:$C,MATCH($C806,SINAPI!$A:$A,0)),\"\"),IF(B806=\"COMPOSIÇÃO\",IFERROR(INDEX(COMPOSIÇÃO!$D:$D,MATCH($C806,COMPOSIÇÃO!$A:$A,0)),\"\"),\"\"))","v":"M3"},2.2000000000000002,{"$f":"IF(B806=\"SINAPI\",IFERROR(INDEX(SINAPI!$D:$D,MATCH($C806,SINAPI!$A:$A,0)),0),IF(B806=\"COMPOSIÇÃO\",IFERROR(INDEX(COMPOSIÇÃO!$G:$G,MATCH($C806,COMPOSIÇÃO!$A:$A,0)),0),0))","v":393.57},474.0336641546694,1042.8699999999999]
["18.3.5","SINAPI",92873,{"$f":"IF(B807=\"SINAPI\",IFERROR(INDEX(SINAPI!$B:$B,MATCH($C807,SINAPI!$A:$A,0)),\"\"),IF(B807=\"COMPOSIÇÃO\",IFERROR(INDEX(COMPOSIÇÃO!$C:$C,MATCH($C807,COMPOSIÇÃO!$A:$A,0)),\"\"),\"\"))","v":"LANÇAMENTO COM USO DE BALDES, ADENSAMENTO E ACABAMENTO DE CONCRETO EM ESTRUTURAS. AF_12/2015"},{"$f":"IF(B807=\"SINAPI\",IFERROR(INDEX(SINAPI!$C:$C,MATCH($C807,SINAPI!$A:$A,0)),\"\"),IF(B807=\"COMPOSIÇÃO\",IFERROR(INDEX(COMPOSIÇÃO!$D:$D,MATCH($C807,COMPOSIÇÃO!$A:$A,0)),\"\"),\"\"))","v":"M3"},2.2000000000000002,{"$f":"IF(B807=\"SINAPI\",IFERROR(INDEX(SINAPI!$D:$D,MATCH($C807,SINAPI!$A:$A,0)),0),IF(B807=\"COMPOSIÇÃO\",IFERROR(INDEX(COMPOSIÇÃO!$G:$G,MATCH($C807,COMPOSIÇÃO!$A:$A,0)),0),0))","v":161.19999999999999},194.15663455480018,427.14]
["18.3.6","SINAPI",92775,{"$f":"IF(B808=\"SINAPI\",IFERROR(INDEX(SINAPI!$B:$B,MATCH($C808,SINAPI!$A:$A,0)),\"\"),IF(B808=\"COMPOSIÇÃO\",IFERROR(INDEX(COMPOSIÇÃO!$C:$C,MATCH($C808,COMPOSIÇÃO!$A:$A,0)),\"\"),\"\"))","v":"ARMAÇÃO DE PILAR OU VIGA DE UMA ESTRUTURA CONVENCIONAL DE CONCRETO ARMADO EM UMA EDIFICAÇÃO TÉRREA OU SOBRADO UTILIZANDO AÇO CA-60 DE 5,0 MM - MONTAGEM. AF_12/2015"},{"$f":"IF(B808=\"SINAPI\",IFERROR(INDEX(SINAPI!$C:$C,MATCH($C808,SINAPI!$A:$A,0)),\"\"),IF(B808=\"COMPOSIÇÃO\",IFERROR(INDEX(COMPOSIÇÃO!$D:$D,MATCH($C808,COMPOSIÇÃO!$A:$A,0)),\"\"),\"\"))","v":"KG"},15.4,{"$f":"IF(B808=\"SINAPI\",IFERROR(INDEX(SINAPI!$D:$D,MATCH($C808,SINAPI!$A:$A,0)),0),IF(B808=\"COMPOSIÇÃO\",IFERROR(INDEX(COMPOSIÇÃO!$G:$G,MATCH($C808,COMPOSIÇÃO!$A:$A,0)),0),0))","v":20.61},24.823624306293002,382.28]
["18.3.8","SINAPI",92778,{"$f":"IF(B809=\"SINAPI\",IFERROR(INDEX(SINAPI!$B:$B,MATCH($C809,SINAPI!$A:$A,0)),\"\"),IF(B809=\"COMPOSIÇÃO\",IFERROR(INDEX(COMPOSIÇÃO!$C:$C,MATCH($C809,COMPOSIÇÃO!$A:$A,0)),\"\"),\"\"))","v":"ARMAÇÃO DE PILAR OU VIGA DE UMA ESTRUTURA CONVENCIONAL DE CONCRETO ARMADO EM UMA EDIFICAÇÃO TÉRREA OU SOBRADO UTILIZANDO AÇO CA-50 DE 10,0 MM - MONTAGEM. AF_12/2015"},{"$f":"IF(B809=\"SINAPI\",IFERROR(INDEX(SINAPI!$C:$C,MATCH($C809,SINAPI!$A:$A,0)),\"\"),IF(B809=\"COMPOSIÇÃO\",IFERROR(INDEX(COMPOSIÇÃO!$D:$D,MATCH($C809,COMPOSIÇÃO!$A:$A,0)),\"\"),\"\"))","v":"KG"},64,{"$f":"IF(B809=\"SINAPI\",IFERROR(INDEX(SINAPI!$D:$D,MATCH($C809,SINAPI!$A:$A,0)),0),IF(B809=\"COMPOSIÇÃO\",IFERROR(INDEX(COMPOSIÇÃO!$G:$G,MATCH($C809,COMPOSIÇÃO!$A:$A,0)),0),0))","v":17.48},21.053709503833172,1347.44]
["18.3.9","SINAPI",92452,{"$f":"IF(B810=\"SINAPI\",IFERROR(INDEX(SINAPI!$B:$B,MATCH($C810,SINAPI!$A:$A,0)),\"\"),IF(B810=\"COMPOSIÇÃO\",IFERROR(INDEX(COMPOSIÇÃO!$C:$C,MATCH($C810,COMPOSIÇÃO!$A:$A,0)),\"\"),\"\"))","v":"MONTAGEM E DESMONTAGEM DE FÔRMA DE VIGA, ESCORAMENTO METÁLICO, PÉ-DIREITO SIMPLES, EM CHAPA DE MADEIRA RESINADA, 2 UTILIZAÇÕES. AF_09/2020"},{"$f":"IF(B810=\"SINAPI\",IFERROR(INDEX(SINAPI!$C:$C,MATCH($C810,SINAPI!$A:$A,0)),\"\"),IF(B810=\"COMPOSIÇÃO\",IFERROR(INDEX(COMPOSIÇÃO!$D:$D,MATCH($C810,COMPOSIÇÃO!$A:$A,0)),\"\"),\"\"))","v":"M2"},12,{"$f":"IF(B810=\"SINAPI\",IFERROR(INDEX(SINAPI!$D:$D,MATCH($C810,SINAPI!$A:$A,0)),0),IF(B810=\"COMPOSIÇÃO\",IFERROR(INDEX(COMPOSIÇÃO!$G:$G,MATCH($C810,COMPOSIÇÃO!$A:$A,0)),0),0))","v":125.79},151.50721501642877,1818.09]
["18.3.10","SINAPI",94965,{"$f":"IF(B811=\"SINAPI\",IFERROR(INDEX(SINAPI!$B:$B,MATCH($C811,SINAPI!$A:$A,0)),\"\"),IF(B811=\"COMPOSIÇÃO\",IFERROR(INDEX(COMPOSIÇÃO!$C:$C,MATCH($C811,COMPOSIÇÃO!$A:$A,0)),\"\"),\"\"))","v":"CONCRETO FCK = 25MPA, TRAÇO 1:2,3:2,7 (EM MASSA SECA DE CIMENTO/ AREIA MÉDIA/ BRITA 1) - PREPARO MECÂNICO COM BETONEIRA 400 L. AF_05/2021"},{"$f":"IF(B811=\"SINAPI\",IFERROR(INDEX(SINAPI!$C:$C,MATCH($C811,SINAPI!$A:$A,0)),\"\"),IF(B811=\"COMPOSIÇÃO\",IFERROR(INDEX(COMPOSIÇÃO!$D:$D,MATCH($C811,COMPOSIÇÃO!$A:$A,0)),\"\"),\"\"))","v":"M3"},0.9,{"$f":"IF(B811=\"SINAPI\",IFERROR(INDEX(SINAPI!$D:$D,MATCH($C811,SINAPI!$A:$A,0)),0),IF(B811=\"COMPOSIÇÃO\",IFERROR(INDEX(COMPOSIÇÃO!$G:$G,MATCH($C811,COMPOSIÇÃO!$A:$A,0)),0),0))","v":393.57},474.0336641546694,426.63]
["18.3.11","SINAPI",92873,{"$f":"IF(B812=\"SINAPI\",IFERROR(INDEX(SINAPI!$B:$B,MATCH($C812,SINAPI!$A:$A,0)),\"\"),IF(B812=\"COMPOSIÇÃO\",IFERROR(INDEX(COMPOSIÇÃO!$C:$C,MATCH($C812,COMPOSIÇÃO!$A:$A,0)),\"\"),\"\"))","v":"LANÇAMENTO COM USO DE BALDES, ADENSAMENTO E ACABAMENTO DE CONCRETO EM ESTRUTURAS. AF_12/2015"},{"$f":"IF(B812=\"SINAPI\",IFERROR(INDEX(SINAPI!$C:$C,MATCH($C812,SINAPI!$A:$A,0)),\"\"),IF(B812=\"COMPOSIÇÃO\",IFERROR(INDEX(COMPOSIÇÃO!$D:$D,MATCH($C812,COMPOSIÇÃO!$A:$A,0)),\"\"),\"\"))","v":"M3"},0.9,{"$f":"IF(B812=\"SINAPI\",IFERROR(INDEX(SINAPI!$D:$D,MATCH($C812,SINAPI!$A:$A,0)),0),IF(B812=\"COMPOSIÇÃO\",IFERROR(INDEX(COMPOSIÇÃO!$G:$G,MATCH($C812,COMPOSIÇÃO!$A:$A,0)),0),0))","v":161.19999999999999},194.15663455480018,174.74]
["18.3.12","SINAPI",92784,{"$f":"IF(B813=\"SINAPI\",IFERROR(INDEX(SINAPI!$B:$B,MATCH($C813,SINAPI!$A:$A,0)),\"\"),IF(B813=\"COMPOSIÇÃO\",IFERROR(INDEX(COMPOSIÇÃO!$C:$C,MATCH($C813,COMPOSIÇÃO!$A:$A,0)),\"\"),\"\"))","v":"ARMAÇÃO DE LAJE DE UMA ESTRUTURA CONVENCIONAL DE CONCRETO ARMADO EM UMA EDIFICAÇÃO TÉRREA OU SOBRADO UTILIZANDO AÇO CA-60 DE 5,0 MM - MONTAGEM. AF_12/2015"},{"$f":"IF(B813=\"SINAPI\",IFERROR(INDEX(SINAPI!$C:$C,MATCH($C813,SINAPI!$A:$A,0)),\"\"),IF(B813=\"COMPOSIÇÃO\",IFERROR(INDEX(COMPOSIÇÃO!$D:$D,MATCH($C813,COMPOSIÇÃO!$A:$A,0)),\"\"),\"\"))","v":"KG"},46.3,{"$f":"IF(B813=\"SINAPI\",IFERROR(INDEX(SINAPI!$D:$D,MATCH($C813,SINAPI!$A:$A,0)),0),IF(B813=\"COMPOSIÇÃO\",IFERROR(INDEX(COMPOSIÇÃO!$G:$G,MATCH($C813,COMPOSIÇÃO!$A:$A,0)),0),0))","v":18.850000000000001},22.703800008424217,1051.19]
["18.3.14","SINAPI",94965,{"$f":"IF(B814=\"SINAPI\",IFERROR(INDEX(SINAPI!$B:$B,MATCH($C814,SINAPI!$A:$A,0)),\"\"),IF(B814=\"COMPOSIÇÃO\",IFERROR(INDEX(COMPOSIÇÃO!$C:$C,MATCH($C814,COMPOSIÇÃO!$A:$A,0)),\"\"),\"\"))","v":"CONCRETO FCK = 25MPA, TRAÇO 1:2,3:2,7 (EM MASSA SECA DE CIMENTO/ AREIA MÉDIA/ BRITA 1) - PREPARO MECÂNICO COM BETONEIRA 400 L. AF_05/2021"},{"$f":"IF(B814=\"SINAPI\",IFERROR(INDEX(SINAPI!$C:$C,MATCH($C814,SINAPI!$A:$A,0)),\"\"),IF(B814=\"COMPOSIÇÃO\",IFERROR(INDEX(COMPOSIÇÃO!$D:$D,MATCH($C814,COMPOSIÇÃO!$A:$A,0)),\"\"),\"\"))","v":"M3"},1.1000000000000001,{"$f":"IF(B814=\"SINAPI\",IFERROR(INDEX(SINAPI!$D:$D,MATCH($C814,SINAPI!$A:$A,0)),0),IF(B814=\"COMPOSIÇÃO\",IFERROR(INDEX(COMPOSIÇÃO!$G:$G,MATCH($C814,COMPOSIÇÃO!$A:$A,0)),0),0))","v":393.57},474.0336641546694,521.44000000000005]
["18.3.15","SINAPI",92873,{"$f":"IF(B815=\"SINAPI\",IFERROR(INDEX(SINAPI!$B:$B,MATCH($C815,SINAPI!$A:$A,0)),\"\"),IF(B815=\"COMPOSIÇÃO\",IFERROR(INDEX(COMPOSIÇÃO!$C:$C,MATCH($C815,COMPOSIÇÃO!$A:$A,0)),\"\"),\"\"))","v":"LANÇAMENTO COM USO DE BALDES, ADENSAMENTO E ACABAMENTO DE CONCRETO EM ESTRUTURAS. AF_12/2015"},{"$f":"IF(B815=\"SINAPI\",IFERROR(INDEX(SINAPI!$C:$C,MATCH($C815,SINAPI!$A:$A,0)),\"\"),IF(B815=\"COMPOSIÇÃO\",IFERROR(INDEX(COMPOSIÇÃO!$D:$D,MATCH($C815,COMPOSIÇÃO!$A:$A,0)),\"\"),\"\"))","v":"M3"},1.1000000000000001,{"$f":"IF(B815=\"SINAPI\",IFERROR(INDEX(SINAPI!$D:$D,MATCH($C815,SINAPI!$A:$A,0)),0),IF(B815=\"COMPOSIÇÃO\",IFERROR(INDEX(COMPOSIÇÃO!$G:$G,MATCH($C815,COMPOSIÇÃO!$A:$A,0)),0),0))","v":161.19999999999999},194.15663455480018,213.57]
["18.3.16","COMPOSIÇÃO","COMP-73301",{"$f":"IF(B816=\"SINAPI\",IFERROR(INDEX(SINAPI!$B:$B,MATCH($C816,SINAPI!$A:$A,0)),\"\"),IF(B816=\"COMPOSIÇÃO\",IFERROR(INDEX(COMPOSIÇÃO!$C:$C,MATCH($C816,COMPOSIÇÃO!$A:$A,0)),\"\"),\"\"))","v":"ESCORAMENTO FORMAS ATE H = 3,30M, COM MADEIRA DE 3A QUALIDADE, NAO APARELHADA, APROVEITAMENTO TABUAS 3X E PRUMOS 4X."},{"$f":"IF(B816=\"SINAPI\",IFERROR(INDEX(SINAPI!$C:$C,MATCH($C816,SINAPI!$A:$A,0)),\"\"),IF(B816=\"COMPOSIÇÃO\",IFERROR(INDEX(COMPOSIÇÃO!$D:$D,MATCH($C816,COMPOSIÇÃO!$A:$A,0)),\"\"),\"\"))","v":"M3"},11.1,{"$f":"IF(B816=\"SINAPI\",IFERROR(INDEX(SINAPI!$D:$D,MATCH($C816,SINAPI!$A:$A,0)),0),IF(B816=\"COMPOSIÇÃO\",IFERROR(INDEX(COMPOSIÇÃO!$G:$G,MATCH($C816,COMPOSIÇÃO!$A:$A,0)),0),0))","v":12.265910000000002},14.773621621290754,163.99]
["18.3.17","SINAPI",93186,{"$f":"IF(B817=\"SINAPI\",IFERROR(INDEX(SINAPI!$B:$B,MATCH($C817,SINAPI!$A:$A,0)),\"\"),IF(B817=\"COMPOSIÇÃO\",IFERROR(INDEX(COMPOSIÇÃO!$C:$C,MATCH($C817,COMPOSIÇÃO!$A:$A,0)),\"\"),\"\"))","v":"VERGA MOLDADA IN LOCO EM CONCRETO PARA JANELAS COM ATÉ 1,5 M DE VÃO. AF_03/2016"},{"$f":"IF(B817=\"SINAPI\",IFERROR(INDEX(SINAPI!$C:$C,MATCH($C817,SINAPI!$A:$A,0)),\"\"),IF(B817=\"COMPOSIÇÃO\",IFERROR(INDEX(COMPOSIÇÃO!$D:$D,MATCH($C817,COMPOSIÇÃO!$A:$A,0)),\"\"),\"\"))","v":"M"},1.4,{"$f":"IF(B817=\"SINAPI\",IFERROR(INDEX(SINAPI!$D:$D,MATCH($C817,SINAPI!$A:$A,0)),0),IF(B817=\"COMPOSIÇÃO\",IFERROR(INDEX(COMPOSIÇÃO!$G:$G,MATCH($C817,COMPOSIÇÃO!$A:$A,0)),0),0))","v":66.599999999999994},80.216078544352925,112.3]
["18.3.18","SINAPI",93187,{"$f":"IF(B818=\"SINAPI\",IFERROR(INDEX(SINAPI!$B:$B,MATCH($C818,SINAPI!$A:$A,0)),\"\"),IF(B818=\"COMPOSIÇÃO\",IFERROR(INDEX(COMPOSIÇÃO!$C:$C,MATCH($C818,COMPOSIÇÃO!$A:$A,0)),\"\"),\"\"))","v":"VERGA MOLDADA IN LOCO EM CONCRETO PARA JANELAS COM MAIS DE 1,5 M DE VÃO. AF_03/2016"},{"$f":"IF(B818=\"SINAPI\",IFERROR(INDEX(SINAPI!$C:$C,MATCH($C818,SINAPI!$A:$A,0)),\"\"),IF(B818=\"COMPOSIÇÃO\",IFERROR(INDEX(COMPOSIÇÃO!$D:$D,MATCH($C818,COMPOSIÇÃO!$A:$A,0)),\"\"),\"\"))","v":"M"},3.2,{"$f":"IF(B818=\"SINAPI\",IFERROR(INDEX(SINAPI!$D:$D,MATCH($C818,SINAPI!$A:$A,0)),0),IF(B818=\"COMPOSIÇÃO\",IFERROR(INDEX(COMPOSIÇÃO!$G:$G,MATCH($C818,COMPOSIÇÃO!$A:$A,0)),0),0))","v":77.540000000000006},93.392713668605509,298.86]
["18.3.19","SINAPI",93188,{"$f":"IF(B819=\"SINAPI\",IFERROR(INDEX(SINAPI!$B:$B,MATCH($C819,SINAPI!$A:$A,0)),\"\"),IF(B819=\"COMPOSIÇÃO\",IFERROR(INDEX(COMPOSIÇÃO!$C:$C,MATCH($C819,COMPOSIÇÃO!$A:$A,0)),\"\"),\"\"))","v":"VERGA MOLDADA IN LOCO EM CONCRETO PARA PORTAS COM ATÉ 1,5 M DE VÃO. AF_03/2016"},{"$f":"IF(B819=\"SINAPI\",IFERROR(INDEX(SINAPI!$C:$C,MATCH($C819,SINAPI!$A:$A,0)),\"\"),IF(B819=\"COMPOSIÇÃO\",IFERROR(INDEX(COMPOSIÇÃO!$D:$D,MATCH($C819,COMPOSIÇÃO!$A:$A,0)),\"\"),\"\"))","v":"M"},1.6,{"$f":"IF(B819=\"SINAPI\",IFERROR(INDEX(SINAPI!$D:$D,MATCH($C819,SINAPI!$A:$A,0)),0),IF(B819=\"COMPOSIÇÃO\",IFERROR(INDEX(COMPOSIÇÃO!$G:$G,MATCH($C819,COMPOSIÇÃO!$A:$A,0)),0),0))","v":63.26},76.193230160897386,121.91]
["18.3.20","SINAPI",93196,{"$f":"IF(B820=\"SINAPI\",IFERROR(INDEX(SINAPI!$B:$B,MATCH($C820,SINAPI!$A:$A,0)),\"\"),IF(B820=\"COMPOSIÇÃO\",IFERROR(INDEX(COMPOSIÇÃO!$C:$C,MATCH($C820,COMPOSIÇÃO!$A:$A,0)),\"\"),\"\"))","v":"CONTRAVERGA MOLDADA IN LOCO EM CONCRETO PARA VÃOS DE ATÉ 1,5 M DE COMPRIMENTO. AF_03/2016"},{"$f":"IF(B820=\"SINAPI\",IFERROR(INDEX(SINAPI!$C:$C,MATCH($C820,SINAPI!$A:$A,0)),\"\"),IF(B820=\"COMPOSIÇÃO\",IFERROR(INDEX(COMPOSIÇÃO!$D:$D,MATCH($C820,COMPOSIÇÃO!$A:$A,0)),\"\"),\"\"))","v":"M"},1.4,{"$f":"IF(B820=\"SINAPI\",IFERROR(INDEX(SINAPI!$D:$D,MATCH($C820,SINAPI!$A:$A,0)),0),IF(B820=\"COMPOSIÇÃO\",IFERROR(INDEX(COMPOSIÇÃO!$G:$G,MATCH($C820,COMPOSIÇÃO!$A:$A,0)),0),0))","v":63.74},76.771364060316159,107.48]
["18.3.21","SINAPI",93197,{"$f":"IF(B821=\"SINAPI\",IFERROR(INDEX(SINAPI!$B:$B,MATCH($C821,SINAPI!$A:$A,0)),\"\"),IF(B821=\"COMPOSIÇÃO\",IFERROR(INDEX(COMPOSIÇÃO!$C:$C,MATCH($C821,COMPOSIÇÃO!$A:$A,0)),\"\"),\"\"))","v":"CONTRAVERGA MOLDADA IN LOCO EM CONCRETO PARA VÃOS DE MAIS DE 1,5 M DE COMPRIMENTO. AF_03/2016"},{"$f":"IF(B821=\"SINAPI\",IFERROR(INDEX(SINAPI!$C:$C,MATCH($C821,SINAPI!$A:$A,0)),\"\"),IF(B821=\"COMPOSIÇÃO\",IFERROR(INDEX(COMPOSIÇÃO!$D:$D,MATCH($C821,COMPOSIÇÃO!$A:$A,0)),\"\"),\"\"))","v":"M"},3.2,{"$f":"IF(B821=\"SINAPI\",IFERROR(INDEX(SINAPI!$D:$D,MATCH($C821,SINAPI!$A:$A,0)),0),IF(B821=\"COMPOSIÇÃO\",IFERROR(INDEX(COMPOSIÇÃO!$G:$G,MATCH($C821,COMPOSIÇÃO!$A:$A,0)),0),0))","v":70.89},85.383150270408095,273.23]
["18.4",null,null,"Impermeabilização",null,null,null,null,{"$f":"SUM(I823:I825)","v":4244.24}]
["18.4.1","COMPOSIÇÃO","IFMT 232.08.2020",{"$f":"IF(B823=\"SINAPI\",IFERROR(INDEX(SINAPI!$B:$B,MATCH($C823,SINAPI!$A:$A,0)),\"\"),IF(B823=\"COMPOSIÇÃO\",IFERROR(INDEX(COMPOSIÇÃO!$C:$C,MATCH($C823,COMPOSIÇÃO!$A:$A,0)),\"\"),\"\"))","v":"IMPERMEABILIZACAO DE ESTRUTURAS ENTERRADAS, COM TINTA ASFALTICA, DUAS DEMAOS."},{"$f":"IF(B823=\"SINAPI\",IFERROR(INDEX(SINAPI!$C:$C,MATCH($C823,SINAPI!$A:$A,0)),\"\"),IF(B823=\"COMPOSIÇÃO\",IFERROR(INDEX(COMPOSIÇÃO!$D:$D,MATCH($C823,COMPOSIÇÃO!$A:$A,0)),\"\"),\"\"))","v":"M2"},14.8,{"$f":"IF(B823=\"SINAPI\",IFERROR(INDEX(SINAPI!$D:$D,MATCH($C823,SINAPI!$A:$A,0)),0),IF(B823=\"COMPOSIÇÃO\",IFERROR(INDEX(COMPOSIÇÃO!$G:$G,MATCH($C823,COMPOSIÇÃO!$A:$A,0)),0),0))","v":14.46},{"$f":"G823*(1+$I$10)","v":17.41628371999014},{"$f":"ROUND(F823*H823,2)","v":257.76}]
["18.4.2","SINAPI",98546,{"$f":"IF(B824=\"SINAPI\",IFERROR(INDEX(SINAPI!$B:$B,MATCH($C824,SINAPI!$A:$A,0)),\"\"),IF(B824=\"COMPOSIÇÃO\",IFERROR(INDEX(COMPOSIÇÃO!$C:$C,MATCH($C824,COMPOSIÇÃO!$A:$A,0)),\"\"),\"\"))","v":"IMPERMEABILIZAÇÃO DE SUPERFÍCIE COM MANTA ASFÁLTICA, UMA CAMADA, INCLUSIVE APLICAÇÃO DE PRIMER ASFÁLTICO, E=3MM. AF_06/2018"},{"$f":"IF(B824=\"SINAPI\",IFERROR(INDEX(SINAPI!$C:$C,MATCH($C824,SINAPI!$A:$A,0)),\"\"),IF(B824=\"COMPOSIÇÃO\",IFERROR(INDEX(COMPOSIÇÃO!$D:$D,MATCH($C824,COMPOSIÇÃO!$A:$A,0)),\"\"),\"\"))","v":"M2"},24.8,{"$f":"IF(B824=\"SINAPI\",IFERROR(INDEX(SINAPI!$D:$D,MATCH($C824,SINAPI!$A:$A,0)),0),IF(B824=\"COMPOSIÇÃO\",IFERROR(INDEX(COMPOSIÇÃO!$G:$G,MATCH($C824,COMPOSIÇÃO!$A:$A,0)),0),0))","v":93.93},{"$f":"G824*(1+$I$10)","v":113.13357744250858},2805.71]
["18.4.3","SINAPI",98565,{"$f":"IF(B825=\"SINAPI\",IFERROR(INDEX(SINAPI!$B:$B,MATCH($C825,SINAPI!$A:$A,0)),\"\"),IF(B825=\"COMPOSIÇÃO\",IFERROR(INDEX(COMPOSIÇÃO!$C:$C,MATCH($C825,COMPOSIÇÃO!$A:$A,0)),\"\"),\"\"))","v":"PROTEÇÃO MECÂNICA DE SUPERFICIE HORIZONTAL COM ARGAMASSA DE CIMENTO E AREIA, TRAÇO 1:3, E=3CM. AF_06/2018"},{"$f":"IF(B825=\"SINAPI\",IFERROR(INDEX(SINAPI!$C:$C,MATCH($C825,SINAPI!$A:$A,0)),\"\"),IF(B825=\"COMPOSIÇÃO\",IFERROR(INDEX(COMPOSIÇÃO!$D:$D,MATCH($C825,COMPOSIÇÃO!$A:$A,0)),\"\"),\"\"))","v":"M2"},24.8,{"$f":"IF(B825=\"SINAPI\",IFERROR(INDEX(SINAPI!$D:$D,MATCH($C825,SINAPI!$A:$A,0)),0),IF(B825=\"COMPOSIÇÃO\",IFERROR(INDEX(COMPOSIÇÃO!$G:$G,MATCH($C825,COMPOSIÇÃO!$A:$A,0)),0),0))","v":39.53},{"$f":"G825*(1+$I$10)","v":47.611735508382452},1180.77]
["18.5",null,null,"Alvenaria e Divisória",null,null,null,null,{"$f":"SUM(I827)","v":1814.04}]
["18.5.1","SINAPI",87504,{"$f":"IF(B827=\"SINAPI\",IFERROR(INDEX(SINAPI!$B:$B,MATCH($C827,SINAPI!$A:$A,0)),\"\"),IF(B827=\"COMPOSIÇÃO\",IFERROR(INDEX(COMPOSIÇÃO!$C:$C,MATCH($C827,COMPOSIÇÃO!$A:$A,0)),\"\"),\"\"))","v":"ALVENARIA DE VEDAÇÃO DE BLOCOS CERÂMICOS FURADOS NA HORIZONTAL DE 9X19X19CM (ESPESSURA 9CM) DE PAREDES COM ÁREA LÍQUIDA MAIOR OU IGUAL A 6M² SEM VÃOS E ARGAMASSA DE ASSENTAMENTO COM PREPARO MANUAL. AF_06/2014"},{"$f":"IF(B827=\"SINAPI\",IFERROR(INDEX(SINAPI!$C:$C,MATCH($C827,SINAPI!$A:$A,0)),\"\"),IF(B827=\"COMPOSIÇÃO\",IFERROR(INDEX(COMPOSIÇÃO!$D:$D,MATCH($C827,COMPOSIÇÃO!$A:$A,0)),\"\"),\"\"))","v":"M2"},21.3,{"$f":"IF(B827=\"SINAPI\",IFERROR(INDEX(SINAPI!$D:$D,MATCH($C827,SINAPI!$A:$A,0)),0),IF(B827=\"COMPOSIÇÃO\",IFERROR(INDEX(COMPOSIÇÃO!$G:$G,MATCH($C827,COMPOSIÇÃO!$A:$A,0)),0),0))","v":70.709999999999994},{"$f":"G827*(1+$I$10)","v":85.166350058126056},{"$f":"ROUND(F827*H827,2)","v":1814.04}]
["18.6",null,null,"Cobertura e Proteção",null,null,null,null,{"$f":"SUM(I829:I838)","v":14639.92}]
["18.6.1","SINAPI",87507,{"$f":"IF(B829=\"SINAPI\",IFERROR(INDEX(SINAPI!$B:$B,MATCH($C829,SINAPI!$A:$A,0)),\"\"),IF(B829=\"COMPOSIÇÃO\",IFERROR(INDEX(COMPOSIÇÃO!$C:$C,MATCH($C829,COMPOSIÇÃO!$A:$A,0)),\"\"),\"\"))","v":"ALVENARIA DE VEDAÇÃO DE BLOCOS CERÂMICOS FURADOS NA HORIZONTAL DE 9X14X19CM (ESPESSURA 9CM) DE PAREDES COM ÁREA LÍQUIDA MAIOR OU IGUAL A 6M² SEM VÃOS E ARGAMASSA DE ASSENTAMENTO COM PREPARO EM BETONEIRA. AF_06/2014"},{"$f":"IF(B829=\"SINAPI\",IFERROR(INDEX(SINAPI!$C:$C,MATCH($C829,SINAPI!$A:$A,0)),\"\"),IF(B829=\"COMPOSIÇÃO\",IFERROR(INDEX(COMPOSIÇÃO!$D:$D,MATCH($C829,COMPOSIÇÃO!$A:$A,0)),\"\"),\"\"))","v":"M2"},9.1999999999999993,{"$f":"IF(B829=\"SINAPI\",IFERROR(INDEX(SINAPI!$D:$D,MATCH($C829,SINAPI!$A:$A,0)),0),IF(B829=\"COMPOSIÇÃO\",IFERROR(INDEX(COMPOSIÇÃO!$G:$G,MATCH($C829,COMPOSIÇÃO!$A:$A,0)),0),0))","v":79.62},{"$f":"G829*(1+$I$10)","v":95.897960566086795},{"$f":"ROUND(F829*H829,2)","v":882.26}]
["18.6.2","COMPOSIÇÃO","COMP-387398",{"$f":"IF(B830=\"SINAPI\",IFERROR(INDEX(SINAPI!$B:$B,MATCH($C830,SINAPI!$A:$A,0)),\"\"),IF(B830=\"COMPOSIÇÃO\",IFERROR(INDEX(COMPOSIÇÃO!$C:$C,MATCH($C830,COMPOSIÇÃO!$A:$A,0)),\"\"),\"\"))","v":"VIGA MOLDADA IN LOCO EM CONCRETO ARMADO, FCK 20 MPA - 10 X 10 CM"},{"$f":"IF(B830=\"SINAPI\",IFERROR(INDEX(SINAPI!$C:$C,MATCH($C830,SINAPI!$A:$A,0)),\"\"),IF(B830=\"COMPOSIÇÃO\",IFERROR(INDEX(COMPOSIÇÃO!$D:$D,MATCH($C830,COMPOSIÇÃO!$A:$A,0)),\"\"),\"\"))","v":"M"},10.199999999999999,{"$f":"IF(B830=\"SINAPI\",IFERROR(INDEX(SINAPI!$D:$D,MATCH($C830,SINAPI!$A:$A,0)),0),IF(B830=\"COMPOSIÇÃO\",IFERROR(INDEX(COMPOSIÇÃO!$G:$G,MATCH($C830,COMPOSIÇÃO!$A:$A,0)),0),0))","v":77.58993000000001},93.452851638601302,953.22]
["18.6.3","COMPOSIÇÃO","COMP-477074",{"$f":"IF(B831=\"SINAPI\",IFERROR(INDEX(SINAPI!$B:$B,MATCH($C831,SINAPI!$A:$A,0)),\"\"),IF(B831=\"COMPOSIÇÃO\",IFERROR(INDEX(COMPOSIÇÃO!$C:$C,MATCH($C831,COMPOSIÇÃO!$A:$A,0)),\"\"),\"\"))","v":"TELHAMENTO EM CHAPA DE POLICARBONATO ALVEOLAR 6MM FUMÊ"},{"$f":"IF(B831=\"SINAPI\",IFERROR(INDEX(SINAPI!$C:$C,MATCH($C831,SINAPI!$A:$A,0)),\"\"),IF(B831=\"COMPOSIÇÃO\",IFERROR(INDEX(COMPOSIÇÃO!$D:$D,MATCH($C831,COMPOSIÇÃO!$A:$A,0)),\"\"),\"\"))","v":"M2"},14.1,{"$f":"IF(B831=\"SINAPI\",IFERROR(INDEX(SINAPI!$D:$D,MATCH($C831,SINAPI!$A:$A,0)),0),IF(B831=\"COMPOSIÇÃO\",IFERROR(INDEX(COMPOSIÇÃO!$G:$G,MATCH($C831,COMPOSIÇÃO!$A:$A,0)),0),0))","v":131.36600000000001},158.22320381467671,2230.9499999999998]
["18.6.4","SINAPI",94964,{"$f":"IF(B832=\"SINAPI\",IFERROR(INDEX(SINAPI!$B:$B,MATCH($C832,SINAPI!$A:$A,0)),\"\"),IF(B832=\"COMPOSIÇÃO\",IFERROR(INDEX(COMPOSIÇÃO!$C:$C,MATCH($C832,COMPOSIÇÃO!$A:$A,0)),\"\"),\"\"))","v":"CONCRETO FCK = 20MPA, TRAÇO 1:2,7:3 (EM MASSA SECA DE CIMENTO/ AREIA MÉDIA/ BRITA 1) - PREPARO MECÂNICO COM BETONEIRA 400 L. AF_05/2021"},{"$f":"IF(B832=\"SINAPI\",IFERROR(INDEX(SINAPI!$C:$C,MATCH($C832,SINAPI!$A:$A,0)),\"\"),IF(B832=\"COMPOSIÇÃO\",IFERROR(INDEX(COMPOSIÇÃO!$D:$D,MATCH($C832,COMPOSIÇÃO!$A:$A,0)),\"\"),\"\"))","v":"M3"},0.4,{"$f":"IF(B832=\"SINAPI\",IFERROR(INDEX(SINAPI!$D:$D,MATCH($C832,SINAPI!$A:$A,0)),0),IF(B832=\"COMPOSIÇÃO\",IFERROR(INDEX(COMPOSIÇÃO!$G:$G,MATCH($C832,COMPOSIÇÃO!$A:$A,0)),0),0))","v":374.73},451.3419086024831,180.54]
["18.6.5","COMPOSIÇÃO","IFMT 219.07.2020",{"$f":"IF(B833=\"SINAPI\",IFERROR(INDEX(SINAPI!$B:$B,MATCH($C833,SINAPI!$A:$A,0)),\"\"),IF(B833=\"COMPOSIÇÃO\",IFERROR(INDEX(COMPOSIÇÃO!$C:$C,MATCH($C833,COMPOSIÇÃO!$A:$A,0)),\"\"),\"\"))","v":"LANCAMENTO/APLICACAO MANUAL DE CONCRETO EM FUNDACOES"},{"$f":"IF(B833=\"SINAPI\",IFERROR(INDEX(SINAPI!$C:$C,MATCH($C833,SINAPI!$A:$A,0)),\"\"),IF(B833=\"COMPOSIÇÃO\",IFERROR(INDEX(COMPOSIÇÃO!$D:$D,MATCH($C833,COMPOSIÇÃO!$A:$A,0)),\"\"),\"\"))","v":"M3"},0.4,{"$f":"IF(B833=\"SINAPI\",IFERROR(INDEX(SINAPI!$D:$D,MATCH($C833,SINAPI!$A:$A,0)),0),IF(B833=\"COMPOSIÇÃO\",IFERROR(INDEX(COMPOSIÇÃO!$G:$G,MATCH($C833,COMPOSIÇÃO!$A:$A,0)),0),0))","v":103.71599999999999},124.92028231690853,49.97]
["18.6.6","COMPOSIÇÃO","COMP-718213",{"$f":"IF(B834=\"SINAPI\",IFERROR(INDEX(SINAPI!$B:$B,MATCH($C834,SINAPI!$A:$A,0)),\"\"),IF(B834=\"COMPOSIÇÃO\",IFERROR(INDEX(COMPOSIÇÃO!$C:$C,MATCH($C834,COMPOSIÇÃO!$A:$A,0)),\"\"),\"\"))","v":"FABRICAÇÃO E INSTALAÇÃO DE TESOURA INTEIRA EM AÇO, VÃO DE 3.70 M, PARA COBERTURA EM POLICARBONATO, INCLUSO IÇAMENTO."},{"$f":"IF(B834=\"SINAPI\",IFERROR(INDEX(SINAPI!$C:$C,MATCH($C834,SINAPI!$A:$A,0)),\"\"),IF(B834=\"COMPOSIÇÃO\",IFERROR(INDEX(COMPOSIÇÃO!$D:$D,MATCH($C834,COMPOSIÇÃO!$A:$A,0)),\"\"),\"\"))","v":"UN"},2,{"$f":"IF(B834=\"SINAPI\",IFERROR(INDEX(SINAPI!$D:$D,MATCH($C834,SINAPI!$A:$A,0)),0),IF(B834=\"COMPOSIÇÃO\",IFERROR(INDEX(COMPOSIÇÃO!$G:$G,MATCH($C834,COMPOSIÇÃO!$A:$A,0)),0),0))","v":796.17543999999998},958.95002447634761,1917.9]
["18.6.7","COMPOSIÇÃO","COMP-0813 ",{"$f":"IF(B835=\"SINAPI\",IFERROR(INDEX(SINAPI!$B:$B,MATCH($C835,SINAPI!$A:$A,0)),\"\"),IF(B835=\"COMPOSIÇÃO\",IFERROR(INDEX(COMPOSIÇÃO!$C:$C,MATCH($C835,COMPOSIÇÃO!$A:$A,0)),\"\"),\"\"))","v":"FABRICAÇÃO E INSTALAÇÃO DE TESOURA INTEIRA EM AÇO, VÃO DE 3.84 M, PARA COBERTURA EM POLICARBONATO, INCLUSO IÇAMENTO."},{"$f":"IF(B835=\"SINAPI\",IFERROR(INDEX(SINAPI!$C:$C,MATCH($C835,SINAPI!$A:$A,0)),\"\"),IF(B835=\"COMPOSIÇÃO\",IFERROR(INDEX(COMPOSIÇÃO!$D:$D,MATCH($C835,COMPOSIÇÃO!$A:$A,0)),\"\"),\"\"))","v":"UN"},6,{"$f":"IF(B835=\"SINAPI\",IFERROR(INDEX(SINAPI!$D:$D,MATCH($C835,SINAPI!$A:$A,0)),0),IF(B835=\"COMPOSIÇÃO\",IFERROR(INDEX(COMPOSIÇÃO!$G:$G,MATCH($C835,COMPOSIÇÃO!$A:$A,0)),0),0))","v":915.19254000000001},1102.2996497274153,6613.8]
["18.6.8","COMPOSIÇÃO","COMP-131375",{"$f":"IF(B836=\"SINAPI\",IFERROR(INDEX(SINAPI!$B:$B,MATCH($C836,SINAPI!$A:$A,0)),\"\"),IF(B836=\"COMPOSIÇÃO\",IFERROR(INDEX(COMPOSIÇÃO!$C:$C,MATCH($C836,COMPOSIÇÃO!$A:$A,0)),\"\"),\"\"))","v":"PILAR METALICO EM PERFIL UDC (\"U\" DOBRADO DE CHAPA) SIMPLES DE ACO LAMINADO, GALVANIZADO, ASTM A36, 100 X 50 MM, E= 3 MM "},{"$f":"IF(B836=\"SINAPI\",IFERROR(INDEX(SINAPI!$C:$C,MATCH($C836,SINAPI!$A:$A,0)),\"\"),IF(B836=\"COMPOSIÇÃO\",IFERROR(INDEX(COMPOSIÇÃO!$D:$D,MATCH($C836,COMPOSIÇÃO!$A:$A,0)),\"\"),\"\"))","v":"UN"},2,{"$f":"IF(B836=\"SINAPI\",IFERROR(INDEX(SINAPI!$D:$D,MATCH($C836,SINAPI!$A:$A,0)),0),IF(B836=\"COMPOSIÇÃO\",IFERROR(INDEX(COMPOSIÇÃO!$G:$G,MATCH($C836,COMPOSIÇÃO!$A:$A,0)),0),0))","v":362.66773999999998},436.81357233247695,873.63]
["18.6.9","COMPOSIÇÃO","IFMT 225.07.2020",{"$f":"IF(B837=\"SINAPI\",IFERROR(INDEX(SINAPI!$B:$B,MATCH($C837,SINAPI!$A:$A,0)),\"\"),IF(B837=\"COMPOSIÇÃO\",IFERROR(INDEX(COMPOSIÇÃO!$C:$C,MATCH($C837,COMPOSIÇÃO!$A:$A,0)),\"\"),\"\"))","v":"PINTURA ESMALTE ACETINADO, DUAS DEMAOS, SOBRE SUPERFICIE METALICA"},{"$f":"IF(B837=\"SINAPI\",IFERROR(INDEX(SINAPI!$C:$C,MATCH($C837,SINAPI!$A:$A,0)),\"\"),IF(B837=\"COMPOSIÇÃO\",IFERROR(INDEX(COMPOSIÇÃO!$D:$D,MATCH($C837,COMPOSIÇÃO!$A:$A,0)),\"\"),\"\"))","v":"M2"},17.5,{"$f":"IF(B837=\"SINAPI\",IFERROR(INDEX(SINAPI!$D:$D,MATCH($C837,SINAPI!$A:$A,0)),0),IF(B837=\"COMPOSIÇÃO\",IFERROR(INDEX(COMPOSIÇÃO!$G:$G,MATCH($C837,COMPOSIÇÃO!$A:$A,0)),0),0))","v":25.047799999999999},30.168713095544192,527.95000000000005]
["18.6.10","COMPOSIÇÃO","IFMT 223.07.2020",{"$f":"IF(B838=\"SINAPI\",IFERROR(INDEX(SINAPI!$B:$B,MATCH($C838,SINAPI!$A:$A,0)),\"\"),IF(B838=\"COMPOSIÇÃO\",IFERROR(INDEX(COMPOSIÇÃO!$C:$C,MATCH($C838,COMPOSIÇÃO!$A:$A,0)),\"\"),\"\"))","v":"FUNDO ANTICORROSIVO A BASE DE OXIDO DE FERRO (ZARCAO), DUAS DEMAOS"},{"$f":"IF(B838=\"SINAPI\",IFERROR(INDEX(SINAPI!$C:$C,MATCH($C838,SINAPI!$A:$A,0)),\"\"),IF(B838=\"COMPOSIÇÃO\",IFERROR(INDEX(COMPOSIÇÃO!$D:$D,MATCH($C838,COMPOSIÇÃO!$A:$A,0)),\"\"),\"\"))","v":"M2"},17.5,{"$f":"IF(B838=\"SINAPI\",IFERROR(INDEX(SINAPI!$D:$D,MATCH($C838,SINAPI!$A:$A,0)),0),IF(B838=\"COMPOSIÇÃO\",IFERROR(INDEX(COMPOSIÇÃO!$G:$G,MATCH($C838,COMPOSIÇÃO!$A:$A,0)),0),0))","v":19.4374},23.411291367837922,409.7]
["18.7",null,null,"Revestimento",null,null,null,null,{"$f":"SUM(I840:I846)","v":7618.34}]
["18.7.1","SINAPI",87879,{"$f":"IF(B840=\"SINAPI\",IFERROR(INDEX(SINAPI!$B:$B,MATCH($C840,SINAPI!$A:$A,0)),\"\"),IF(B840=\"COMPOSIÇÃO\",IFERROR(INDEX(COMPOSIÇÃO!$C:$C,MATCH($C840,COMPOSIÇÃO!$A:$A,0)),\"\"),\"\"))","v":"CHAPISCO APLICADO EM ALVENARIAS E ESTRUTURAS DE CONCRETO INTERNAS, COM COLHER DE PEDREIRO.  ARGAMASSA TRAÇO 1:3 COM PREPARO EM BETONEIRA 400L. AF_06/2014"},{"$f":"IF(B840=\"SINAPI\",IFERROR(INDEX(SINAPI!$C:$C,MATCH($C840,SINAPI!$A:$A,0)),\"\"),IF(B840=\"COMPOSIÇÃO\",IFERROR(INDEX(COMPOSIÇÃO!$D:$D,MATCH($C840,COMPOSIÇÃO!$A:$A,0)),\"\"),\"\"))","v":"M2"},104.4,{"$f":"IF(B840=\"SINAPI\",IFERROR(INDEX(SINAPI!$D:$D,MATCH($C840,SINAPI!$A:$A,0)),0),IF(B840=\"COMPOSIÇÃO\",IFERROR(INDEX(COMPOSIÇÃO!$G:$G,MATCH($C840,COMPOSIÇÃO!$A:$A,0)),0),0))","v":3.25},{"$f":"G840*(1+$I$10)","v":3.9144482773145199},{"$f":"ROUND(F840*H840,2)","v":408.67}]
["18.7.2","SINAPI",87905,{"$f":"IF(B841=\"SINAPI\",IFERROR(INDEX(SINAPI!$B:$B,MATCH($C841,SINAPI!$A:$A,0)),\"\"),IF(B841=\"COMPOSIÇÃO\",IFERROR(INDEX(COMPOSIÇÃO!$C:$C,MATCH($C841,COMPOSIÇÃO!$A:$A,0)),\"\"),\"\"))","v":"CHAPISCO APLICADO EM ALVENARIA (COM PRESENÇA DE VÃOS) E ESTRUTURAS DE CONCRETO DE FACHADA, COM COLHER DE PEDREIRO.  ARGAMASSA TRAÇO 1:3 COM PREPARO EM BETONEIRA 400L. AF_06/2014"},{"$f":"IF(B841=\"SINAPI\",IFERROR(INDEX(SINAPI!$C:$C,MATCH($C841,SINAPI!$A:$A,0)),\"\"),IF(B841=\"COMPOSIÇÃO\",IFERROR(INDEX(COMPOSIÇÃO!$D:$D,MATCH($C841,COMPOSIÇÃO!$A:$A,0)),\"\"),\"\"))","v":"M2"},70.5,{"$f":"IF(B841=\"SINAPI\",IFERROR(INDEX(SINAPI!$D:$D,MATCH($C841,SINAPI!$A:$A,0)),0),IF(B841=\"COMPOSIÇÃO\",IFERROR(INDEX(COMPOSIÇÃO!$G:$G,MATCH($C841,COMPOSIÇÃO!$A:$A,0)),0),0))","v":6.81},8.2022746980036558,578.26]
["18.7.3","SINAPI",87527,{"$f":"IF(B842=\"SINAPI\",IFERROR(INDEX(SINAPI!$B:$B,MATCH($C842,SINAPI!$A:$A,0)),\"\"),IF(B842=\"COMPOSIÇÃO\",IFERROR(INDEX(COMPOSIÇÃO!$C:$C,MATCH($C842,COMPOSIÇÃO!$A:$A,0)),\"\"),\"\"))","v":"EMBOÇO, PARA RECEBIMENTO DE CERÂMICA, EM ARGAMASSA TRAÇO 1:2:8, PREPARO MECÂNICO COM BETONEIRA 400L, APLICADO MANUALMENTE EM FACES INTERNAS DE PAREDES, PARA AMBIENTE COM ÁREA MENOR QUE 5M2, ESPESSURA DE 20MM, COM EXECUÇÃO DE TALISCAS. AF_06/2014"},{"$f":"IF(B842=\"SINAPI\",IFERROR(INDEX(SINAPI!$C:$C,MATCH($C842,SINAPI!$A:$A,0)),\"\"),IF(B842=\"COMPOSIÇÃO\",IFERROR(INDEX(COMPOSIÇÃO!$D:$D,MATCH($C842,COMPOSIÇÃO!$A:$A,0)),\"\"),\"\"))","v":"M2"},17.399999999999999,{"$f":"IF(B842=\"SINAPI\",IFERROR(INDEX(SINAPI!$D:$D,MATCH($C842,SINAPI!$A:$A,0)),0),IF(B842=\"COMPOSIÇÃO\",IFERROR(INDEX(COMPOSIÇÃO!$G:$G,MATCH($C842,COMPOSIÇÃO!$A:$A,0)),0),0))","v":30.36},36.566969138236558,636.27]
["18.7.4","SINAPI",87529,{"$f":"IF(B843=\"SINAPI\",IFERROR(INDEX(SINAPI!$B:$B,MATCH($C843,SINAPI!$A:$A,0)),\"\"),IF(B843=\"COMPOSIÇÃO\",IFERROR(INDEX(COMPOSIÇÃO!$C:$C,MATCH($C843,COMPOSIÇÃO!$A:$A,0)),\"\"),\"\"))","v":"MASSA ÚNICA, PARA RECEBIMENTO DE PINTURA, EM ARGAMASSA TRAÇO 1:2:8, PREPARO MECÂNICO COM BETONEIRA 400L, APLICADA MANUALMENTE EM FACES INTERNAS DE PAREDES, ESPESSURA DE 20MM, COM EXECUÇÃO DE TALISCAS. AF_06/2014"},{"$f":"IF(B843=\"SINAPI\",IFERROR(INDEX(SINAPI!$C:$C,MATCH($C843,SINAPI!$A:$A,0)),\"\"),IF(B843=\"COMPOSIÇÃO\",IFERROR(INDEX(COMPOSIÇÃO!$D:$D,MATCH($C843,COMPOSIÇÃO!$A:$A,0)),\"\"),\"\"))","v":"M2"},62.1,{"$f":"IF(B843=\"SINAPI\",IFERROR(INDEX(SINAPI!$D:$D,MATCH($C843,SINAPI!$A:$A,0)),0),IF(B843=\"COMPOSIÇÃO\",IFERROR(INDEX(COMPOSIÇÃO!$G:$G,MATCH($C843,COMPOSIÇÃO!$A:$A,0)),0),0))","v":27.55},33.182476935389239,2060.63]
["18.7.5","SINAPI",87775,{"$f":"IF(B844=\"SINAPI\",IFERROR(INDEX(SINAPI!$B:$B,MATCH($C844,SINAPI!$A:$A,0)),\"\"),IF(B844=\"COMPOSIÇÃO\",IFERROR(INDEX(COMPOSIÇÃO!$C:$C,MATCH($C844,COMPOSIÇÃO!$A:$A,0)),\"\"),\"\"))","v":"EMBOÇO OU MASSA ÚNICA EM ARGAMASSA TRAÇO 1:2:8, PREPARO MECÂNICO COM BETONEIRA 400 L, APLICADA MANUALMENTE EM PANOS DE FACHADA COM PRESENÇA DE VÃOS, ESPESSURA DE 25 MM. AF_06/2014"},{"$f":"IF(B844=\"SINAPI\",IFERROR(INDEX(SINAPI!$C:$C,MATCH($C844,SINAPI!$A:$A,0)),\"\"),IF(B844=\"COMPOSIÇÃO\",IFERROR(INDEX(COMPOSIÇÃO!$D:$D,MATCH($C844,COMPOSIÇÃO!$A:$A,0)),\"\"),\"\"))","v":"M2"},42.32,{"$f":"IF(B844=\"SINAPI\",IFERROR(INDEX(SINAPI!$D:$D,MATCH($C844,SINAPI!$A:$A,0)),0),IF(B844=\"COMPOSIÇÃO\",IFERROR(INDEX(COMPOSIÇÃO!$G:$G,MATCH($C844,COMPOSIÇÃO!$A:$A,0)),0),0))","v":44.86},54.031430683178264,2286.61]
["18.7.6","SINAPI",90408,{"$f":"IF(B845=\"SINAPI\",IFERROR(INDEX(SINAPI!$B:$B,MATCH($C845,SINAPI!$A:$A,0)),\"\"),IF(B845=\"COMPOSIÇÃO\",IFERROR(INDEX(COMPOSIÇÃO!$C:$C,MATCH($C845,COMPOSIÇÃO!$A:$A,0)),\"\"),\"\"))","v":"MASSA ÚNICA, PARA RECEBIMENTO DE PINTURA, EM ARGAMASSA TRAÇO 1:2:8, PREPARO MECÂNICO COM BETONEIRA 400L, APLICADA MANUALMENTE EM TETO, ESPESSURA DE 10MM, COM EXECUÇÃO DE TALISCAS. AF_03/2015"},{"$f":"IF(B845=\"SINAPI\",IFERROR(INDEX(SINAPI!$C:$C,MATCH($C845,SINAPI!$A:$A,0)),\"\"),IF(B845=\"COMPOSIÇÃO\",IFERROR(INDEX(COMPOSIÇÃO!$D:$D,MATCH($C845,COMPOSIÇÃO!$A:$A,0)),\"\"),\"\"))","v":"M2"},24.9,{"$f":"IF(B845=\"SINAPI\",IFERROR(INDEX(SINAPI!$D:$D,MATCH($C845,SINAPI!$A:$A,0)),0),IF(B845=\"COMPOSIÇÃO\",IFERROR(INDEX(COMPOSIÇÃO!$G:$G,MATCH($C845,COMPOSIÇÃO!$A:$A,0)),0),0))","v":25.71},30.966296987617326,771.06]
["18.7.7","SINAPI",99198,{"$f":"IF(B846=\"SINAPI\",IFERROR(INDEX(SINAPI!$B:$B,MATCH($C846,SINAPI!$A:$A,0)),\"\"),IF(B846=\"COMPOSIÇÃO\",IFERROR(INDEX(COMPOSIÇÃO!$C:$C,MATCH($C846,COMPOSIÇÃO!$A:$A,0)),\"\"),\"\"))","v":"REVESTIMENTO CERÂMICO PARA PAREDES INTERNAS COM PLACAS TIPO ESMALTADA PADRÃO POPULAR DE DIMENSÕES 20X20 CM, ARGAMASSA TIPO AC III, APLICADAS EM AMBIENTES DE ÁREA MAIOR QUE 5 M2 A MEIA ALTURA DAS PAREDES. AF_06/2014"},{"$f":"IF(B846=\"SINAPI\",IFERROR(INDEX(SINAPI!$C:$C,MATCH($C846,SINAPI!$A:$A,0)),\"\"),IF(B846=\"COMPOSIÇÃO\",IFERROR(INDEX(COMPOSIÇÃO!$D:$D,MATCH($C846,COMPOSIÇÃO!$A:$A,0)),\"\"),\"\"))","v":"M2"},13,{"$f":"IF(B846=\"SINAPI\",IFERROR(INDEX(SINAPI!$D:$D,MATCH($C846,SINAPI!$A:$A,0)),0),IF(B846=\"COMPOSIÇÃO\",IFERROR(INDEX(COMPOSIÇÃO!$G:$G,MATCH($C846,COMPOSIÇÃO!$A:$A,0)),0),0))","v":56},67.448954932188656,876.84]
["18.8",null,null,"Esquadria",null,null,null,null,{"$f":"SUM(I848:I850)","v":3434.6899999999996}]
["18.8.1","SINAPI",91341,"PORTA EM ALUMÍNIO DE ABRIR TIPO VENEZIANA COM GUARNIÇÃO, FIXAÇÃO COM PARAFUSOS - FORNECIMENTO E INSTALAÇÃO. 0,70M X 2,10M",{"$f":"IF(B848=\"SINAPI\",IFERROR(INDEX(SINAPI!$C:$C,MATCH($C848,SINAPI!$A:$A,0)),\"\"),IF(B848=\"COMPOSIÇÃO\",IFERROR(INDEX(COMPOSIÇÃO!$D:$D,MATCH($C848,COMPOSIÇÃO!$A:$A,0)),\"\"),\"\"))","v":"M2"},{"$f":"1*(0.7*2.1)","v":1.47},{"$f":"IF(B848=\"SINAPI\",IFERROR(INDEX(SINAPI!$D:$D,MATCH($C848,SINAPI!$A:$A,0)),0),IF(B848=\"COMPOSIÇÃO\",IFERROR(INDEX(COMPOSIÇÃO!$G:$G,MATCH($C848,COMPOSIÇÃO!$A:$A,0)),0),0))","v":532.55999999999995},{"$f":"G848*(1+$I$10)","v":641.43956140511398},{"$f":"ROUND(F848*H848,2)","v":942.92}]
["18.8.2","SINAPI",91341,"PORTA EM ALUMÍNIO DE ABRIR TIPO VENEZIANA COM GUARNIÇÃO, FIXAÇÃO COM PARAFUSOS - FORNECIMENTO E INSTALAÇÃO. 0,90M X 2,10M",{"$f":"IF(B849=\"SINAPI\",IFERROR(INDEX(SINAPI!$C:$C,MATCH($C849,SINAPI!$A:$A,0)),\"\"),IF(B849=\"COMPOSIÇÃO\",IFERROR(INDEX(COMPOSIÇÃO!$D:$D,MATCH($C849,COMPOSIÇÃO!$A:$A,0)),\"\"),\"\"))","v":"M2"},{"$f":"1*(0.9*2.1)","v":1.8900000000000001},{"$f":"IF(B849=\"SINAPI\",IFERROR(INDEX(SINAPI!$D:$D,MATCH($C849,SINAPI!$A:$A,0)),0),IF(B849=\"COMPOSIÇÃO\",IFERROR(INDEX(COMPOSIÇÃO!$G:$G,MATCH($C849,COMPOSIÇÃO!$A:$A,0)),0),0))","v":532.55999999999995},{"$f":"G849*(1+$I$10)","v":641.43956140511398},1212.32]
["18.8.3","COMPOSIÇÃO","COMP-72119",{"$f":"IF(B850=\"SINAPI\",IFERROR(INDEX(SINAPI!$B:$B,MATCH($C850,SINAPI!$A:$A,0)),\"\"),IF(B850=\"COMPOSIÇÃO\",IFERROR(INDEX(COMPOSIÇÃO!$C:$C,MATCH($C850,COMPOSIÇÃO!$A:$A,0)),\"\"),\"\"))","v":"VIDRO TEMPERADO INCOLOR, ESPESSURA 8MM, FORNECIMENTO E INSTALACAO, INCLUSIVE MASSA PARA VEDACAO"},{"$f":"IF(B850=\"SINAPI\",IFERROR(INDEX(SINAPI!$C:$C,MATCH($C850,SINAPI!$A:$A,0)),\"\"),IF(B850=\"COMPOSIÇÃO\",IFERROR(INDEX(COMPOSIÇÃO!$D:$D,MATCH($C850,COMPOSIÇÃO!$A:$A,0)),\"\"),\"\"))","v":"M2"},3.7,{"$f":"IF(B850=\"SINAPI\",IFERROR(INDEX(SINAPI!$D:$D,MATCH($C850,SINAPI!$A:$A,0)),0),IF(B850=\"COMPOSIÇÃO\",IFERROR(INDEX(COMPOSIÇÃO!$G:$G,MATCH($C850,COMPOSIÇÃO!$A:$A,0)),0),0))","v":287.10000000000002},{"$f":"G850*(1+$I$10)","v":345.79633858984579},1279.45]
["18.9",null,null,"Piso",{"$f":"IF(B851=\"SINAPI\",IFERROR(INDEX(SINAPI!$C:$C,MATCH($C851,SINAPI!$A:$A,0)),\"\"),IF(B851=\"COMPOSIÇÃO\",IFERROR(INDEX(COMPOSIÇÃO!$D:$D,MATCH($C851,COMPOSIÇÃO!$A:$A,0)),\"\"),\"\"))","v":""},null,null,null,{"$f":"SUM(I852:I853)","v":1771.5500000000002}]
["18.9.1","SINAPI",95241,{"$f":"IF(B852=\"SINAPI\",IFERROR(INDEX(SINAPI!$B:$B,MATCH($C852,SINAPI!$A:$A,0)),\"\"),IF(B852=\"COMPOSIÇÃO\",IFERROR(INDEX(COMPOSIÇÃO!$C:$C,MATCH($C852,COMPOSIÇÃO!$A:$A,0)),\"\"),\"\"))","v":"LASTRO DE CONCRETO MAGRO, APLICADO EM PISOS, LAJES SOBRE SOLO OU RADIERS, ESPESSURA DE 5 CM. AF_07/2016"},{"$f":"IF(B852=\"SINAPI\",IFERROR(INDEX(SINAPI!$C:$C,MATCH($C852,SINAPI!$A:$A,0)),\"\"),IF(B852=\"COMPOSIÇÃO\",IFERROR(INDEX(COMPOSIÇÃO!$D:$D,MATCH($C852,COMPOSIÇÃO!$A:$A,0)),\"\"),\"\"))","v":"M2"},10.9,{"$f":"IF(B852=\"SINAPI\",IFERROR(INDEX(SINAPI!$D:$D,MATCH($C852,SINAPI!$A:$A,0)),0),IF(B852=\"COMPOSIÇÃO\",IFERROR(INDEX(COMPOSIÇÃO!$G:$G,MATCH($C852,COMPOSIÇÃO!$A:$A,0)),0),0))","v":23.43},{"$f":"G852*(1+$I$10)","v":28.220160965378216},{"$f":"ROUND(F852*H852,2)","v":307.60000000000002}]
["18.9.2","SINAPI",87259,{"$f":"IF(B853=\"SINAPI\",IFERROR(INDEX(SINAPI!$B:$B,MATCH($C853,SINAPI!$A:$A,0)),\"\"),IF(B853=\"COMPOSIÇÃO\",IFERROR(INDEX(COMPOSIÇÃO!$C:$C,MATCH($C853,COMPOSIÇÃO!$A:$A,0)),\"\"),\"\"))","v":"REVESTIMENTO CERÂMICO PARA PISO COM PLACAS TIPO PORCELANATO DE DIMENSÕES 45X45 CM APLICADA EM AMBIENTES DE ÁREA ENTRE 5 M² E 10 M². AF_06/2014"},{"$f":"IF(B853=\"SINAPI\",IFERROR(INDEX(SINAPI!$C:$C,MATCH($C853,SINAPI!$A:$A,0)),\"\"),IF(B853=\"COMPOSIÇÃO\",IFERROR(INDEX(COMPOSIÇÃO!$D:$D,MATCH($C853,COMPOSIÇÃO!$A:$A,0)),\"\"),\"\"))","v":"M2"},10.9,{"$f":"IF(B853=\"SINAPI\",IFERROR(INDEX(SINAPI!$D:$D,MATCH($C853,SINAPI!$A:$A,0)),0),IF(B853=\"COMPOSIÇÃO\",IFERROR(INDEX(COMPOSIÇÃO!$G:$G,MATCH($C853,COMPOSIÇÃO!$A:$A,0)),0),0))","v":111.51},{"$f":"G853*(1+$I$10)","v":134.30773150872065},1463.95]
["18.10",null,null,"Pintura",null,null,null,null,{"$f":"I855+I861+I868+I870","v":7089.6399999999994}]
["18.10.1",null,null,"Alvenaria Interna",null,null,null,null,{"$f":"SUM(I856:I860)","v":1754.9}]
["18.10.1.1","SINAPI",88485,{"$f":"IF(B856=\"SINAPI\",IFERROR(INDEX(SINAPI!$B:$B,MATCH($C856,SINAPI!$A:$A,0)),\"\"),IF(B856=\"COMPOSIÇÃO\",IFERROR(INDEX(COMPOSIÇÃO!$C:$C,MATCH($C856,COMPOSIÇÃO!$A:$A,0)),\"\"),\"\"))","v":"APLICAÇÃO DE FUNDO SELADOR ACRÍLICO EM PAREDES, UMA DEMÃO. AF_06/2014"},{"$f":"IF(B856=\"SINAPI\",IFERROR(INDEX(SINAPI!$C:$C,MATCH($C856,SINAPI!$A:$A,0)),\"\"),IF(B856=\"COMPOSIÇÃO\",IFERROR(INDEX(COMPOSIÇÃO!$D:$D,MATCH($C856,COMPOSIÇÃO!$A:$A,0)),\"\"),\"\"))","v":"M2"},66.5,{"$f":"IF(B856=\"SINAPI\",IFERROR(INDEX(SINAPI!$D:$D,MATCH($C856,SINAPI!$A:$A,0)),0),IF(B856=\"COMPOSIÇÃO\",IFERROR(INDEX(COMPOSIÇÃO!$G:$G,MATCH($C856,COMPOSIÇÃO!$A:$A,0)),0),0))","v":1.68},{"$f":"G856*(1+$I$10)","v":2.0234686479656596},{"$f":"ROUND(F856*H856,2)","v":134.56}]
["18.10.1.2","SINAPI",88484,{"$f":"IF(B857=\"SINAPI\",IFERROR(INDEX(SINAPI!$B:$B,MATCH($C857,SINAPI!$A:$A,0)),\"\"),IF(B857=\"COMPOSIÇÃO\",IFERROR(INDEX(COMPOSIÇÃO!$C:$C,MATCH($C857,COMPOSIÇÃO!$A:$A,0)),\"\"),\"\"))","v":"APLICAÇÃO DE FUNDO SELADOR ACRÍLICO EM TETO, UMA DEMÃO. AF_06/2014"},{"$f":"IF(B857=\"SINAPI\",IFERROR(INDEX(SINAPI!$C:$C,MATCH($C857,SINAPI!$A:$A,0)),\"\"),IF(B857=\"COMPOSIÇÃO\",IFERROR(INDEX(COMPOSIÇÃO!$D:$D,MATCH($C857,COMPOSIÇÃO!$A:$A,0)),\"\"),\"\"))","v":"M2"},10.9,{"$f":"IF(B857=\"SINAPI\",IFERROR(INDEX(SINAPI!$D:$D,MATCH($C857,SINAPI!$A:$A,0)),0),IF(B857=\"COMPOSIÇÃO\",IFERROR(INDEX(COMPOSIÇÃO!$G:$G,MATCH($C857,COMPOSIÇÃO!$A:$A,0)),0),0))","v":2.0099999999999998},{"$f":"G857*(1+$I$10)","v":2.4209357038160566},26.39]
["18.10.1.3","SINAPI",88496,{"$f":"IF(B858=\"SINAPI\",IFERROR(INDEX(SINAPI!$B:$B,MATCH($C858,SINAPI!$A:$A,0)),\"\"),IF(B858=\"COMPOSIÇÃO\",IFERROR(INDEX(COMPOSIÇÃO!$C:$C,MATCH($C858,COMPOSIÇÃO!$A:$A,0)),\"\"),\"\"))","v":"APLICAÇÃO E LIXAMENTO DE MASSA LÁTEX EM TETO, DUAS DEMÃOS. AF_06/2014"},{"$f":"IF(B858=\"SINAPI\",IFERROR(INDEX(SINAPI!$C:$C,MATCH($C858,SINAPI!$A:$A,0)),\"\"),IF(B858=\"COMPOSIÇÃO\",IFERROR(INDEX(COMPOSIÇÃO!$D:$D,MATCH($C858,COMPOSIÇÃO!$A:$A,0)),\"\"),\"\"))","v":"M2"},10.9,{"$f":"IF(B858=\"SINAPI\",IFERROR(INDEX(SINAPI!$D:$D,MATCH($C858,SINAPI!$A:$A,0)),0),IF(B858=\"COMPOSIÇÃO\",IFERROR(INDEX(COMPOSIÇÃO!$G:$G,MATCH($C858,COMPOSIÇÃO!$A:$A,0)),0),0))","v":21.96},{"$f":"G858*(1+$I$10)","v":26.449625898408264},288.3]
["18.10.1.4","SINAPI",88489,{"$f":"IF(B859=\"SINAPI\",IFERROR(INDEX(SINAPI!$B:$B,MATCH($C859,SINAPI!$A:$A,0)),\"\"),IF(B859=\"COMPOSIÇÃO\",IFERROR(INDEX(COMPOSIÇÃO!$C:$C,MATCH($C859,COMPOSIÇÃO!$A:$A,0)),\"\"),\"\"))","v":"APLICAÇÃO MANUAL DE PINTURA COM TINTA LÁTEX ACRÍLICA EM PAREDES, DUAS DEMÃOS. AF_06/2014"},{"$f":"IF(B859=\"SINAPI\",IFERROR(INDEX(SINAPI!$C:$C,MATCH($C859,SINAPI!$A:$A,0)),\"\"),IF(B859=\"COMPOSIÇÃO\",IFERROR(INDEX(COMPOSIÇÃO!$D:$D,MATCH($C859,COMPOSIÇÃO!$A:$A,0)),\"\"),\"\"))","v":"M2"},66.5,{"$f":"IF(B859=\"SINAPI\",IFERROR(INDEX(SINAPI!$D:$D,MATCH($C859,SINAPI!$A:$A,0)),0),IF(B859=\"COMPOSIÇÃO\",IFERROR(INDEX(COMPOSIÇÃO!$G:$G,MATCH($C859,COMPOSIÇÃO!$A:$A,0)),0),0))","v":11.98},{"$f":"G859*(1+$I$10)","v":14.429258572993215},959.55]
["18.10.1.5","COMPOSIÇÃO","COMP-88486",{"$f":"IF(B860=\"SINAPI\",IFERROR(INDEX(SINAPI!$B:$B,MATCH($C860,SINAPI!$A:$A,0)),\"\"),IF(B860=\"COMPOSIÇÃO\",IFERROR(INDEX(COMPOSIÇÃO!$C:$C,MATCH($C860,COMPOSIÇÃO!$A:$A,0)),\"\"),\"\"))","v":"APLICAÇÃO MANUAL DE PINTURA COM TINTA LÁTEX PVA EM TETO, DUAS DEMÃOS. AF_06/2014"},{"$f":"IF(B860=\"SINAPI\",IFERROR(INDEX(SINAPI!$C:$C,MATCH($C860,SINAPI!$A:$A,0)),\"\"),IF(B860=\"COMPOSIÇÃO\",IFERROR(INDEX(COMPOSIÇÃO!$D:$D,MATCH($C860,COMPOSIÇÃO!$A:$A,0)),\"\"),\"\"))","v":"M2"},10.9,{"$f":"IF(B860=\"SINAPI\",IFERROR(INDEX(SINAPI!$D:$D,MATCH($C860,SINAPI!$A:$A,0)),0),IF(B860=\"COMPOSIÇÃO\",IFERROR(INDEX(COMPOSIÇÃO!$G:$G,MATCH($C860,COMPOSIÇÃO!$A:$A,0)),0),0))","v":26.362500000000004},{"$f":"G860*(1+$I$10)","v":31.752197757139708},346.1]
["18.10.2",null,null,"Alvenaria Externa",null,null,null,null,{"$f":"SUM(I862:I867)","v":3555.64}]
["18.10.2.1","SINAPI",88485,{"$f":"IF(B862=\"SINAPI\",IFERROR(INDEX(SINAPI!$B:$B,MATCH($C862,SINAPI!$A:$A,0)),\"\"),IF(B862=\"COMPOSIÇÃO\",IFERROR(INDEX(COMPOSIÇÃO!$C:$C,MATCH($C862,COMPOSIÇÃO!$A:$A,0)),\"\"),\"\"))","v":"APLICAÇÃO DE FUNDO SELADOR ACRÍLICO EM PAREDES, UMA DEMÃO. AF_06/2014"},{"$f":"IF(B862=\"SINAPI\",IFERROR(INDEX(SINAPI!$C:$C,MATCH($C862,SINAPI!$A:$A,0)),\"\"),IF(B862=\"COMPOSIÇÃO\",IFERROR(INDEX(COMPOSIÇÃO!$D:$D,MATCH($C862,COMPOSIÇÃO!$A:$A,0)),\"\"),\"\"))","v":"M2"},70.5,{"$f":"IF(B862=\"SINAPI\",IFERROR(INDEX(SINAPI!$D:$D,MATCH($C862,SINAPI!$A:$A,0)),0),IF(B862=\"COMPOSIÇÃO\",IFERROR(INDEX(COMPOSIÇÃO!$G:$G,MATCH($C862,COMPOSIÇÃO!$A:$A,0)),0),0))","v":1.68},{"$f":"G862*(1+$I$10)","v":2.0234686479656596},{"$f":"ROUND(F862*H862,2)","v":142.65}]
["18.10.2.2","SINAPI",88484,{"$f":"IF(B863=\"SINAPI\",IFERROR(INDEX(SINAPI!$B:$B,MATCH($C863,SINAPI!$A:$A,0)),\"\"),IF(B863=\"COMPOSIÇÃO\",IFERROR(INDEX(COMPOSIÇÃO!$C:$C,MATCH($C863,COMPOSIÇÃO!$A:$A,0)),\"\"),\"\"))","v":"APLICAÇÃO DE FUNDO SELADOR ACRÍLICO EM TETO, UMA DEMÃO. AF_06/2014"},{"$f":"IF(B863=\"SINAPI\",IFERROR(INDEX(SINAPI!$C:$C,MATCH($C863,SINAPI!$A:$A,0)),\"\"),IF(B863=\"COMPOSIÇÃO\",IFERROR(INDEX(COMPOSIÇÃO!$D:$D,MATCH($C863,COMPOSIÇÃO!$A:$A,0)),\"\"),\"\"))","v":"M2"},13.9,{"$f":"IF(B863=\"SINAPI\",IFERROR(INDEX(SINAPI!$D:$D,MATCH($C863,SINAPI!$A:$A,0)),0),IF(B863=\"COMPOSIÇÃO\",IFERROR(INDEX(COMPOSIÇÃO!$G:$G,MATCH($C863,COMPOSIÇÃO!$A:$A,0)),0),0))","v":2.0099999999999998},2.4209357038160566,33.65]
["18.10.2.3","SINAPI",88496,{"$f":"IF(B864=\"SINAPI\",IFERROR(INDEX(SINAPI!$B:$B,MATCH($C864,SINAPI!$A:$A,0)),\"\"),IF(B864=\"COMPOSIÇÃO\",IFERROR(INDEX(COMPOSIÇÃO!$C:$C,MATCH($C864,COMPOSIÇÃO!$A:$A,0)),\"\"),\"\"))","v":"APLICAÇÃO E LIXAMENTO DE MASSA LÁTEX EM TETO, DUAS DEMÃOS. AF_06/2014"},{"$f":"IF(B864=\"SINAPI\",IFERROR(INDEX(SINAPI!$C:$C,MATCH($C864,SINAPI!$A:$A,0)),\"\"),IF(B864=\"COMPOSIÇÃO\",IFERROR(INDEX(COMPOSIÇÃO!$D:$D,MATCH($C864,COMPOSIÇÃO!$A:$A,0)),\"\"),\"\"))","v":"M2"},13.9,{"$f":"IF(B864=\"SINAPI\",IFERROR(INDEX(SINAPI!$D:$D,MATCH($C864,SINAPI!$A:$A,0)),0),IF(B864=\"COMPOSIÇÃO\",IFERROR(INDEX(COMPOSIÇÃO!$G:$G,MATCH($C864,COMPOSIÇÃO!$A:$A,0)),0),0))","v":21.96},26.449625898408264,367.65]
["18.10.2.4","SINAPI",96131,{"$f":"IF(B865=\"SINAPI\",IFERROR(INDEX(SINAPI!$B:$B,MATCH($C865,SINAPI!$A:$A,0)),\"\"),IF(B865=\"COMPOSIÇÃO\",IFERROR(INDEX(COMPOSIÇÃO!$C:$C,MATCH($C865,COMPOSIÇÃO!$A:$A,0)),\"\"),\"\"))","v":"APLICAÇÃO MANUAL DE MASSA ACRÍLICA EM PANOS DE FACHADA COM PRESENÇA DE VÃOS, DE EDIFÍCIOS DE MÚLTIPLOS PAVIMENTOS, DUAS DEMÃOS. AF_05/2017"},{"$f":"IF(B865=\"SINAPI\",IFERROR(INDEX(SINAPI!$C:$C,MATCH($C865,SINAPI!$A:$A,0)),\"\"),IF(B865=\"COMPOSIÇÃO\",IFERROR(INDEX(COMPOSIÇÃO!$D:$D,MATCH($C865,COMPOSIÇÃO!$A:$A,0)),\"\"),\"\"))","v":"M2"},70.5,{"$f":"IF(B865=\"SINAPI\",IFERROR(INDEX(SINAPI!$D:$D,MATCH($C865,SINAPI!$A:$A,0)),0),IF(B865=\"COMPOSIÇÃO\",IFERROR(INDEX(COMPOSIÇÃO!$G:$G,MATCH($C865,COMPOSIÇÃO!$A:$A,0)),0),0))","v":20.83},25.088602343526599,1768.75]
["18.10.2.5","SINAPI",88489,{"$f":"IF(B866=\"SINAPI\",IFERROR(INDEX(SINAPI!$B:$B,MATCH($C866,SINAPI!$A:$A,0)),\"\"),IF(B866=\"COMPOSIÇÃO\",IFERROR(INDEX(COMPOSIÇÃO!$C:$C,MATCH($C866,COMPOSIÇÃO!$A:$A,0)),\"\"),\"\"))","v":"APLICAÇÃO MANUAL DE PINTURA COM TINTA LÁTEX ACRÍLICA EM PAREDES, DUAS DEMÃOS. AF_06/2014"},{"$f":"IF(B866=\"SINAPI\",IFERROR(INDEX(SINAPI!$C:$C,MATCH($C866,SINAPI!$A:$A,0)),\"\"),IF(B866=\"COMPOSIÇÃO\",IFERROR(INDEX(COMPOSIÇÃO!$D:$D,MATCH($C866,COMPOSIÇÃO!$A:$A,0)),\"\"),\"\"))","v":"M2"},70.5,{"$f":"IF(B866=\"SINAPI\",IFERROR(INDEX(SINAPI!$D:$D,MATCH($C866,SINAPI!$A:$A,0)),0),IF(B866=\"COMPOSIÇÃO\",IFERROR(INDEX(COMPOSIÇÃO!$G:$G,MATCH($C866,COMPOSIÇÃO!$A:$A,0)),0),0))","v":11.98},14.429258572993215,1017.26]
["18.10.2.6","SINAPI",88488,{"$f":"IF(B867=\"SINAPI\",IFERROR(INDEX(SINAPI!$B:$B,MATCH($C867,SINAPI!$A:$A,0)),\"\"),IF(B867=\"COMPOSIÇÃO\",IFERROR(INDEX(COMPOSIÇÃO!$C:$C,MATCH($C867,COMPOSIÇÃO!$A:$A,0)),\"\"),\"\"))","v":"APLICAÇÃO MANUAL DE PINTURA COM TINTA LÁTEX ACRÍLICA EM TETO, DUAS DEMÃOS. AF_06/2014"},{"$f":"IF(B867=\"SINAPI\",IFERROR(INDEX(SINAPI!$C:$C,MATCH($C867,SINAPI!$A:$A,0)),\"\"),IF(B867=\"COMPOSIÇÃO\",IFERROR(INDEX(COMPOSIÇÃO!$D:$D,MATCH($C867,COMPOSIÇÃO!$A:$A,0)),\"\"),\"\"))","v":"M2"},13.9,{"$f":"IF(B867=\"SINAPI\",IFERROR(INDEX(SINAPI!$D:$D,MATCH($C867,SINAPI!$A:$A,0)),0),IF(B867=\"COMPOSIÇÃO\",IFERROR(INDEX(COMPOSIÇÃO!$G:$G,MATCH($C867,COMPOSIÇÃO!$A:$A,0)),0),0))","v":13.48},16.235927008676839,225.68]
["18.10.3",null,null,"Esquadrias de Madeira",null,null,null,null,{"$f":"SUM(I869)","v":187.11}]
["18.10.3.1","COMPOSIÇÃO","COMP-74065/001",{"$f":"IF(B869=\"SINAPI\",IFERROR(INDEX(SINAPI!$B:$B,MATCH($C869,SINAPI!$A:$A,0)),\"\"),IF(B869=\"COMPOSIÇÃO\",IFERROR(INDEX(COMPOSIÇÃO!$C:$C,MATCH($C869,COMPOSIÇÃO!$A:$A,0)),\"\"),\"\"))","v":"PINTURA ESMALTE FOSCO PARA MADEIRA, DUAS DEMAOS, SOBRE FUNDO NIVELADOR BRANCO"},{"$f":"IF(B869=\"SINAPI\",IFERROR(INDEX(SINAPI!$C:$C,MATCH($C869,SINAPI!$A:$A,0)),\"\"),IF(B869=\"COMPOSIÇÃO\",IFERROR(INDEX(COMPOSIÇÃO!$D:$D,MATCH($C869,COMPOSIÇÃO!$A:$A,0)),\"\"),\"\"))","v":"M2"},6.7,{"$f":"IF(B869=\"SINAPI\",IFERROR(INDEX(SINAPI!$D:$D,MATCH($C869,SINAPI!$A:$A,0)),0),IF(B869=\"COMPOSIÇÃO\",IFERROR(INDEX(COMPOSIÇÃO!$G:$G,MATCH($C869,COMPOSIÇÃO!$A:$A,0)),0),0))","v":23.186699999999998},{"$f":"G869*(1+$I$10)","v":27.927119345110331},{"$f":"ROUND(F869*H869,2)","v":187.11}]
["18.10.4",null,null,"Portões de Acesso de Veículos e Pedestres",null,null,null,null,{"$f":"SUM(I871:I872)","v":1591.99}]
["18.10.4.1","COMPOSIÇÃO","IFMT 226.07.2020",{"$f":"IF(B871=\"SINAPI\",IFERROR(INDEX(SINAPI!$B:$B,MATCH($C871,SINAPI!$A:$A,0)),\"\"),IF(B871=\"COMPOSIÇÃO\",IFERROR(INDEX(COMPOSIÇÃO!$C:$C,MATCH($C871,COMPOSIÇÃO!$A:$A,0)),\"\"),\"\"))","v":"PINTURA COM TINTA PROTETORA ACABAMENTO GRAFITE ESMALTE SOBRE SUPERFICIE METALICA, 2 DEMAOS"},{"$f":"IF(B871=\"SINAPI\",IFERROR(INDEX(SINAPI!$C:$C,MATCH($C871,SINAPI!$A:$A,0)),\"\"),IF(B871=\"COMPOSIÇÃO\",IFERROR(INDEX(COMPOSIÇÃO!$D:$D,MATCH($C871,COMPOSIÇÃO!$A:$A,0)),\"\"),\"\"))","v":"M2"},22.4,{"$f":"IF(B871=\"SINAPI\",IFERROR(INDEX(SINAPI!$D:$D,MATCH($C871,SINAPI!$A:$A,0)),0),IF(B871=\"COMPOSIÇÃO\",IFERROR(INDEX(COMPOSIÇÃO!$G:$G,MATCH($C871,COMPOSIÇÃO!$A:$A,0)),0),0))","v":34.034799999999997},{"$f":"G871*(1+$I$10)","v":40.993065916536679},{"$f":"ROUND(F871*H871,2)","v":918.24}]
["18.10.4.2","COMPOSIÇÃO","IFMT 227.07.2020",{"$f":"IF(B872=\"SINAPI\",IFERROR(INDEX(SINAPI!$B:$B,MATCH($C872,SINAPI!$A:$A,0)),\"\"),IF(B872=\"COMPOSIÇÃO\",IFERROR(INDEX(COMPOSIÇÃO!$C:$C,MATCH($C872,COMPOSIÇÃO!$A:$A,0)),\"\"),\"\"))","v":"PINTURA ESMALTE FOSCO, DUAS DEMAOS, SOBRE SUPERFICIE METALICA"},{"$f":"IF(B872=\"SINAPI\",IFERROR(INDEX(SINAPI!$C:$C,MATCH($C872,SINAPI!$A:$A,0)),\"\"),IF(B872=\"COMPOSIÇÃO\",IFERROR(INDEX(COMPOSIÇÃO!$D:$D,MATCH($C872,COMPOSIÇÃO!$A:$A,0)),\"\"),\"\"))","v":"M2"},22.4,{"$f":"IF(B872=\"SINAPI\",IFERROR(INDEX(SINAPI!$D:$D,MATCH($C872,SINAPI!$A:$A,0)),0),IF(B872=\"COMPOSIÇÃO\",IFERROR(INDEX(COMPOSIÇÃO!$G:$G,MATCH($C872,COMPOSIÇÃO!$A:$A,0)),0),0))","v":24.9726},{"$f":"G872*(1+$I$10)","v":30.078138784635254},673.75]
["18.11",null,null,"Instalação Elétrica",null,null,null,null,{"$f":"SUM(I874:I898)","v":40691.689999999988}]
["18.11.1","SINAPI",91927,{"$f":"IF(B874=\"SINAPI\",IFERROR(INDEX(SINAPI!$B:$B,MATCH($C874,SINAPI!$A:$A,0)),\"\"),IF(B874=\"COMPOSIÇÃO\",IFERROR(INDEX(COMPOSIÇÃO!$C:$C,MATCH($C874,COMPOSIÇÃO!$A:$A,0)),\"\"),\"\"))","v":"CABO DE COBRE FLEXÍVEL ISOLADO, 2,5 MM², ANTI-CHAMA 0,6/1,0 KV, PARA CIRCUITOS TERMINAIS - FORNECIMENTO E INSTALAÇÃO. AF_12/2015"},{"$f":"IF(B874=\"SINAPI\",IFERROR(INDEX(SINAPI!$C:$C,MATCH($C874,SINAPI!$A:$A,0)),\"\"),IF(B874=\"COMPOSIÇÃO\",IFERROR(INDEX(COMPOSIÇÃO!$D:$D,MATCH($C874,COMPOSIÇÃO!$A:$A,0)),\"\"),\"\"))","v":"M"},180,{"$f":"IF(B874=\"SINAPI\",IFERROR(INDEX(SINAPI!$D:$D,MATCH($C874,SINAPI!$A:$A,0)),0),IF(B874=\"COMPOSIÇÃO\",IFERROR(INDEX(COMPOSIÇÃO!$G:$G,MATCH($C874,COMPOSIÇÃO!$A:$A,0)),0),0))","v":5.33},{"$f":"G874*(1+$I$10)","v":6.4196951747958124},{"$f":"ROUND(F874*H874,2)","v":1155.55}]
["18.11.2","SINAPI",91931,{"$f":"IF(B875=\"SINAPI\",IFERROR(INDEX(SINAPI!$B:$B,MATCH($C875,SINAPI!$A:$A,0)),\"\"),IF(B875=\"COMPOSIÇÃO\",IFERROR(INDEX(COMPOSIÇÃO!$C:$C,MATCH($C875,COMPOSIÇÃO!$A:$A,0)),\"\"),\"\"))","v":"CABO DE COBRE FLEXÍVEL ISOLADO, 6 MM², ANTI-CHAMA 0,6/1,0 KV, PARA CIRCUITOS TERMINAIS - FORNECIMENTO E INSTALAÇÃO. AF_12/2015"},{"$f":"IF(B875=\"SINAPI\",IFERROR(INDEX(SINAPI!$C:$C,MATCH($C875,SINAPI!$A:$A,0)),\"\"),IF(B875=\"COMPOSIÇÃO\",IFERROR(INDEX(COMPOSIÇÃO!$D:$D,MATCH($C875,COMPOSIÇÃO!$A:$A,0)),\"\"),\"\"))","v":"M"},21,{"$f":"IF(B875=\"SINAPI\",IFERROR(INDEX(SINAPI!$D:$D,MATCH($C875,SINAPI!$A:$A,0)),0),IF(B875=\"COMPOSIÇÃO\",IFERROR(INDEX(COMPOSIÇÃO!$G:$G,MATCH($C875,COMPOSIÇÃO!$A:$A,0)),0),0))","v":10.19},12.273300906410755,257.74]
["18.11.3","SINAPI",92984,{"$f":"IF(B876=\"SINAPI\",IFERROR(INDEX(SINAPI!$B:$B,MATCH($C876,SINAPI!$A:$A,0)),\"\"),IF(B876=\"COMPOSIÇÃO\",IFERROR(INDEX(COMPOSIÇÃO!$C:$C,MATCH($C876,COMPOSIÇÃO!$A:$A,0)),\"\"),\"\"))","v":"CABO DE COBRE FLEXÍVEL ISOLADO, 25 MM², ANTI-CHAMA 0,6/1,0 KV, PARA DISTRIBUIÇÃO - FORNECIMENTO E INSTALAÇÃO. AF_12/2015"},{"$f":"IF(B876=\"SINAPI\",IFERROR(INDEX(SINAPI!$C:$C,MATCH($C876,SINAPI!$A:$A,0)),\"\"),IF(B876=\"COMPOSIÇÃO\",IFERROR(INDEX(COMPOSIÇÃO!$D:$D,MATCH($C876,COMPOSIÇÃO!$A:$A,0)),\"\"),\"\"))","v":"M"},1040,{"$f":"IF(B876=\"SINAPI\",IFERROR(INDEX(SINAPI!$D:$D,MATCH($C876,SINAPI!$A:$A,0)),0),IF(B876=\"COMPOSIÇÃO\",IFERROR(INDEX(COMPOSIÇÃO!$G:$G,MATCH($C876,COMPOSIÇÃO!$A:$A,0)),0),0))","v":28.77},34.65190059641192,36037.980000000003]
["18.11.4","COMPOSIÇÃO","COMP-9770 ",{"$f":"IF(B877=\"SINAPI\",IFERROR(INDEX(SINAPI!$B:$B,MATCH($C877,SINAPI!$A:$A,0)),\"\"),IF(B877=\"COMPOSIÇÃO\",IFERROR(INDEX(COMPOSIÇÃO!$C:$C,MATCH($C877,COMPOSIÇÃO!$A:$A,0)),\"\"),\"\"))","v":"TERMINAL DE COMPRESSÃO PARA CABO 2,5 M2 - FORNECIMENTO E INSTALAÇÃO "},{"$f":"IF(B877=\"SINAPI\",IFERROR(INDEX(SINAPI!$C:$C,MATCH($C877,SINAPI!$A:$A,0)),\"\"),IF(B877=\"COMPOSIÇÃO\",IFERROR(INDEX(COMPOSIÇÃO!$D:$D,MATCH($C877,COMPOSIÇÃO!$A:$A,0)),\"\"),\"\"))","v":"UND"},6,{"$f":"IF(B877=\"SINAPI\",IFERROR(INDEX(SINAPI!$D:$D,MATCH($C877,SINAPI!$A:$A,0)),0),IF(B877=\"COMPOSIÇÃO\",IFERROR(INDEX(COMPOSIÇÃO!$G:$G,MATCH($C877,COMPOSIÇÃO!$A:$A,0)),0),0))","v":1.5940000000000001},1.9198863243197986,11.52]
["18.11.5","COMPOSIÇÃO","COMP-2945",{"$f":"IF(B878=\"SINAPI\",IFERROR(INDEX(SINAPI!$B:$B,MATCH($C878,SINAPI!$A:$A,0)),\"\"),IF(B878=\"COMPOSIÇÃO\",IFERROR(INDEX(COMPOSIÇÃO!$C:$C,MATCH($C878,COMPOSIÇÃO!$A:$A,0)),\"\"),\"\"))","v":"TERMINAL DE COMPRESSÃO PARA CABO 6 M2 - FORNECIMENTO E INSTALAÇÃO"},{"$f":"IF(B878=\"SINAPI\",IFERROR(INDEX(SINAPI!$C:$C,MATCH($C878,SINAPI!$A:$A,0)),\"\"),IF(B878=\"COMPOSIÇÃO\",IFERROR(INDEX(COMPOSIÇÃO!$D:$D,MATCH($C878,COMPOSIÇÃO!$A:$A,0)),\"\"),\"\"))","v":"UND"},3,{"$f":"IF(B878=\"SINAPI\",IFERROR(INDEX(SINAPI!$D:$D,MATCH($C878,SINAPI!$A:$A,0)),0),IF(B878=\"COMPOSIÇÃO\",IFERROR(INDEX(COMPOSIÇÃO!$G:$G,MATCH($C878,COMPOSIÇÃO!$A:$A,0)),0),0))","v":2.024},2.4377979425491043,7.31]
["18.11.6","COMPOSIÇÃO","COMP-1501 ",{"$f":"IF(B879=\"SINAPI\",IFERROR(INDEX(SINAPI!$B:$B,MATCH($C879,SINAPI!$A:$A,0)),\"\"),IF(B879=\"COMPOSIÇÃO\",IFERROR(INDEX(COMPOSIÇÃO!$C:$C,MATCH($C879,COMPOSIÇÃO!$A:$A,0)),\"\"),\"\"))","v":"DISJUNTOR TERMOMAGNETICO MONOPOLAR PADRAO NEMA (AMERICANO) 10A 240V, FORNECIMENTO E INSTALACAO "},{"$f":"IF(B879=\"SINAPI\",IFERROR(INDEX(SINAPI!$C:$C,MATCH($C879,SINAPI!$A:$A,0)),\"\"),IF(B879=\"COMPOSIÇÃO\",IFERROR(INDEX(COMPOSIÇÃO!$D:$D,MATCH($C879,COMPOSIÇÃO!$A:$A,0)),\"\"),\"\"))","v":"UND"},1,{"$f":"IF(B879=\"SINAPI\",IFERROR(INDEX(SINAPI!$D:$D,MATCH($C879,SINAPI!$A:$A,0)),0),IF(B879=\"COMPOSIÇÃO\",IFERROR(INDEX(COMPOSIÇÃO!$G:$G,MATCH($C879,COMPOSIÇÃO!$A:$A,0)),0),0))","v":14.774999999999999},17.7956840914837,17.8]
["18.11.7","COMPOSIÇÃO","COMP-8837 ",{"$f":"IF(B880=\"SINAPI\",IFERROR(INDEX(SINAPI!$B:$B,MATCH($C880,SINAPI!$A:$A,0)),\"\"),IF(B880=\"COMPOSIÇÃO\",IFERROR(INDEX(COMPOSIÇÃO!$C:$C,MATCH($C880,COMPOSIÇÃO!$A:$A,0)),\"\"),\"\"))","v":"DISJUNTOR TERMOMAGNETICO MONOPOLAR PADRAO NEMA (AMERICANO) 25A 240V, FORNECIMENTO E INSTALACAO "},{"$f":"IF(B880=\"SINAPI\",IFERROR(INDEX(SINAPI!$C:$C,MATCH($C880,SINAPI!$A:$A,0)),\"\"),IF(B880=\"COMPOSIÇÃO\",IFERROR(INDEX(COMPOSIÇÃO!$D:$D,MATCH($C880,COMPOSIÇÃO!$A:$A,0)),\"\"),\"\"))","v":"UND"},1,{"$f":"IF(B880=\"SINAPI\",IFERROR(INDEX(SINAPI!$D:$D,MATCH($C880,SINAPI!$A:$A,0)),0),IF(B880=\"COMPOSIÇÃO\",IFERROR(INDEX(COMPOSIÇÃO!$G:$G,MATCH($C880,COMPOSIÇÃO!$A:$A,0)),0),0))","v":14.816199999999998},17.845307251183812,17.850000000000001]
["18.11.8","COMPOSIÇÃO","COMP-3829 ",{"$f":"IF(B881=\"SINAPI\",IFERROR(INDEX(SINAPI!$B:$B,MATCH($C881,SINAPI!$A:$A,0)),\"\"),IF(B881=\"COMPOSIÇÃO\",IFERROR(INDEX(COMPOSIÇÃO!$C:$C,MATCH($C881,COMPOSIÇÃO!$A:$A,0)),\"\"),\"\"))","v":"DISJUNTOR TERMOMAGNETICO BIPOLAR PADRAO NEMA (AMERICANO) 25A 240V, FORNECIMENTO E INSTALACAO "},{"$f":"IF(B881=\"SINAPI\",IFERROR(INDEX(SINAPI!$C:$C,MATCH($C881,SINAPI!$A:$A,0)),\"\"),IF(B881=\"COMPOSIÇÃO\",IFERROR(INDEX(COMPOSIÇÃO!$D:$D,MATCH($C881,COMPOSIÇÃO!$A:$A,0)),\"\"),\"\"))","v":"UND"},1,{"$f":"IF(B881=\"SINAPI\",IFERROR(INDEX(SINAPI!$D:$D,MATCH($C881,SINAPI!$A:$A,0)),0),IF(B881=\"COMPOSIÇÃO\",IFERROR(INDEX(COMPOSIÇÃO!$G:$G,MATCH($C881,COMPOSIÇÃO!$A:$A,0)),0),0))","v":68.75},82.805636635499454,82.81]
["18.11.9","COMPOSIÇÃO","COMP-5910 ",{"$f":"IF(B882=\"SINAPI\",IFERROR(INDEX(SINAPI!$B:$B,MATCH($C882,SINAPI!$A:$A,0)),\"\"),IF(B882=\"COMPOSIÇÃO\",IFERROR(INDEX(COMPOSIÇÃO!$C:$C,MATCH($C882,COMPOSIÇÃO!$A:$A,0)),\"\"),\"\"))","v":"DISJUNTOR TERMOMAGNETICO BIPOLAR PADRAO NEMA (AMERICANO) 80A 240V, FORNECIMENTO E INSTALACAO "},{"$f":"IF(B882=\"SINAPI\",IFERROR(INDEX(SINAPI!$C:$C,MATCH($C882,SINAPI!$A:$A,0)),\"\"),IF(B882=\"COMPOSIÇÃO\",IFERROR(INDEX(COMPOSIÇÃO!$D:$D,MATCH($C882,COMPOSIÇÃO!$A:$A,0)),\"\"),\"\"))","v":"UND"},1,{"$f":"IF(B882=\"SINAPI\",IFERROR(INDEX(SINAPI!$D:$D,MATCH($C882,SINAPI!$A:$A,0)),0),IF(B882=\"COMPOSIÇÃO\",IFERROR(INDEX(COMPOSIÇÃO!$G:$G,MATCH($C882,COMPOSIÇÃO!$A:$A,0)),0),0))","v":113.07},136.18666668183161,136.19]
["18.11.10","SINAPI",91941,{"$f":"IF(B883=\"SINAPI\",IFERROR(INDEX(SINAPI!$B:$B,MATCH($C883,SINAPI!$A:$A,0)),\"\"),IF(B883=\"COMPOSIÇÃO\",IFERROR(INDEX(COMPOSIÇÃO!$C:$C,MATCH($C883,COMPOSIÇÃO!$A:$A,0)),\"\"),\"\"))","v":"CAIXA RETANGULAR 4\" X 2\" BAIXA (0,30 M DO PISO), PVC, INSTALADA EM PAREDE - FORNECIMENTO E INSTALAÇÃO. AF_12/2015"},{"$f":"IF(B883=\"SINAPI\",IFERROR(INDEX(SINAPI!$C:$C,MATCH($C883,SINAPI!$A:$A,0)),\"\"),IF(B883=\"COMPOSIÇÃO\",IFERROR(INDEX(COMPOSIÇÃO!$D:$D,MATCH($C883,COMPOSIÇÃO!$A:$A,0)),\"\"),\"\"))","v":"UN"},10,{"$f":"IF(B883=\"SINAPI\",IFERROR(INDEX(SINAPI!$D:$D,MATCH($C883,SINAPI!$A:$A,0)),0),IF(B883=\"COMPOSIÇÃO\",IFERROR(INDEX(COMPOSIÇÃO!$G:$G,MATCH($C883,COMPOSIÇÃO!$A:$A,0)),0),0))","v":7.6},9.153786740797031,91.54]
["18.11.11","SINAPI",91937,{"$f":"IF(B884=\"SINAPI\",IFERROR(INDEX(SINAPI!$B:$B,MATCH($C884,SINAPI!$A:$A,0)),\"\"),IF(B884=\"COMPOSIÇÃO\",IFERROR(INDEX(COMPOSIÇÃO!$C:$C,MATCH($C884,COMPOSIÇÃO!$A:$A,0)),\"\"),\"\"))","v":"CAIXA OCTOGONAL 3\" X 3\", PVC, INSTALADA EM LAJE - FORNECIMENTO E INSTALAÇÃO. AF_12/2015"},{"$f":"IF(B884=\"SINAPI\",IFERROR(INDEX(SINAPI!$C:$C,MATCH($C884,SINAPI!$A:$A,0)),\"\"),IF(B884=\"COMPOSIÇÃO\",IFERROR(INDEX(COMPOSIÇÃO!$D:$D,MATCH($C884,COMPOSIÇÃO!$A:$A,0)),\"\"),\"\"))","v":"UN"},3,{"$f":"IF(B884=\"SINAPI\",IFERROR(INDEX(SINAPI!$D:$D,MATCH($C884,SINAPI!$A:$A,0)),0),IF(B884=\"COMPOSIÇÃO\",IFERROR(INDEX(COMPOSIÇÃO!$G:$G,MATCH($C884,COMPOSIÇÃO!$A:$A,0)),0),0))","v":8.56},10.310054539634551,30.93]
["18.11.12","SINAPI",91871,{"$f":"IF(B885=\"SINAPI\",IFERROR(INDEX(SINAPI!$B:$B,MATCH($C885,SINAPI!$A:$A,0)),\"\"),IF(B885=\"COMPOSIÇÃO\",IFERROR(INDEX(COMPOSIÇÃO!$C:$C,MATCH($C885,COMPOSIÇÃO!$A:$A,0)),\"\"),\"\"))","v":"ELETRODUTO RÍGIDO ROSCÁVEL, PVC, DN 25 MM (3/4\"), PARA CIRCUITOS TERMINAIS, INSTALADO EM PAREDE - FORNECIMENTO E INSTALAÇÃO. AF_12/2015"},{"$f":"IF(B885=\"SINAPI\",IFERROR(INDEX(SINAPI!$C:$C,MATCH($C885,SINAPI!$A:$A,0)),\"\"),IF(B885=\"COMPOSIÇÃO\",IFERROR(INDEX(COMPOSIÇÃO!$D:$D,MATCH($C885,COMPOSIÇÃO!$A:$A,0)),\"\"),\"\"))","v":"M"},80,{"$f":"IF(B885=\"SINAPI\",IFERROR(INDEX(SINAPI!$D:$D,MATCH($C885,SINAPI!$A:$A,0)),0),IF(B885=\"COMPOSIÇÃO\",IFERROR(INDEX(COMPOSIÇÃO!$G:$G,MATCH($C885,COMPOSIÇÃO!$A:$A,0)),0),0))","v":9.6300000000000008},11.59881135708887,927.9]
["18.11.13","SINAPI",97668,{"$f":"IF(B886=\"SINAPI\",IFERROR(INDEX(SINAPI!$B:$B,MATCH($C886,SINAPI!$A:$A,0)),\"\"),IF(B886=\"COMPOSIÇÃO\",IFERROR(INDEX(COMPOSIÇÃO!$C:$C,MATCH($C886,COMPOSIÇÃO!$A:$A,0)),\"\"),\"\"))","v":"ELETRODUTO FLEXÍVEL CORRUGADO, PEAD, DN 63 (2\")  - FORNECIMENTO E INSTALAÇÃO. AF_04/2016"},{"$f":"IF(B886=\"SINAPI\",IFERROR(INDEX(SINAPI!$C:$C,MATCH($C886,SINAPI!$A:$A,0)),\"\"),IF(B886=\"COMPOSIÇÃO\",IFERROR(INDEX(COMPOSIÇÃO!$D:$D,MATCH($C886,COMPOSIÇÃO!$A:$A,0)),\"\"),\"\"))","v":"M"},14,{"$f":"IF(B886=\"SINAPI\",IFERROR(INDEX(SINAPI!$D:$D,MATCH($C886,SINAPI!$A:$A,0)),0),IF(B886=\"COMPOSIÇÃO\",IFERROR(INDEX(COMPOSIÇÃO!$G:$G,MATCH($C886,COMPOSIÇÃO!$A:$A,0)),0),0))","v":9.82},11.827656025608796,165.59]
["18.11.14","SINAPI",91890,{"$f":"IF(B887=\"SINAPI\",IFERROR(INDEX(SINAPI!$B:$B,MATCH($C887,SINAPI!$A:$A,0)),\"\"),IF(B887=\"COMPOSIÇÃO\",IFERROR(INDEX(COMPOSIÇÃO!$C:$C,MATCH($C887,COMPOSIÇÃO!$A:$A,0)),\"\"),\"\"))","v":"CURVA 90 GRAUS PARA ELETRODUTO, PVC, ROSCÁVEL, DN 25 MM (3/4\"), PARA CIRCUITOS TERMINAIS, INSTALADA EM FORRO - FORNECIMENTO E INSTALAÇÃO. AF_12/2015"},{"$f":"IF(B887=\"SINAPI\",IFERROR(INDEX(SINAPI!$C:$C,MATCH($C887,SINAPI!$A:$A,0)),\"\"),IF(B887=\"COMPOSIÇÃO\",IFERROR(INDEX(COMPOSIÇÃO!$D:$D,MATCH($C887,COMPOSIÇÃO!$A:$A,0)),\"\"),\"\"))","v":"UN"},12,{"$f":"IF(B887=\"SINAPI\",IFERROR(INDEX(SINAPI!$D:$D,MATCH($C887,SINAPI!$A:$A,0)),0),IF(B887=\"COMPOSIÇÃO\",IFERROR(INDEX(COMPOSIÇÃO!$G:$G,MATCH($C887,COMPOSIÇÃO!$A:$A,0)),0),0))","v":7.98},9.6114760778368833,115.34]
["18.11.15","SINAPI",91953,{"$f":"IF(B888=\"SINAPI\",IFERROR(INDEX(SINAPI!$B:$B,MATCH($C888,SINAPI!$A:$A,0)),\"\"),IF(B888=\"COMPOSIÇÃO\",IFERROR(INDEX(COMPOSIÇÃO!$C:$C,MATCH($C888,COMPOSIÇÃO!$A:$A,0)),\"\"),\"\"))","v":"INTERRUPTOR SIMPLES (1 MÓDULO), 10A/250V, INCLUINDO SUPORTE E PLACA - FORNECIMENTO E INSTALAÇÃO. AF_12/2015"},{"$f":"IF(B888=\"SINAPI\",IFERROR(INDEX(SINAPI!$C:$C,MATCH($C888,SINAPI!$A:$A,0)),\"\"),IF(B888=\"COMPOSIÇÃO\",IFERROR(INDEX(COMPOSIÇÃO!$D:$D,MATCH($C888,COMPOSIÇÃO!$A:$A,0)),\"\"),\"\"))","v":"UN"},1,{"$f":"IF(B888=\"SINAPI\",IFERROR(INDEX(SINAPI!$D:$D,MATCH($C888,SINAPI!$A:$A,0)),0),IF(B888=\"COMPOSIÇÃO\",IFERROR(INDEX(COMPOSIÇÃO!$G:$G,MATCH($C888,COMPOSIÇÃO!$A:$A,0)),0),0))","v":20.11},24.22140149439846,24.22]
["18.11.16","SINAPI",91959,{"$f":"IF(B889=\"SINAPI\",IFERROR(INDEX(SINAPI!$B:$B,MATCH($C889,SINAPI!$A:$A,0)),\"\"),IF(B889=\"COMPOSIÇÃO\",IFERROR(INDEX(COMPOSIÇÃO!$C:$C,MATCH($C889,COMPOSIÇÃO!$A:$A,0)),\"\"),\"\"))","v":"INTERRUPTOR SIMPLES (2 MÓDULOS), 10A/250V, INCLUINDO SUPORTE E PLACA - FORNECIMENTO E INSTALAÇÃO. AF_12/2015"},{"$f":"IF(B889=\"SINAPI\",IFERROR(INDEX(SINAPI!$C:$C,MATCH($C889,SINAPI!$A:$A,0)),\"\"),IF(B889=\"COMPOSIÇÃO\",IFERROR(INDEX(COMPOSIÇÃO!$D:$D,MATCH($C889,COMPOSIÇÃO!$A:$A,0)),\"\"),\"\"))","v":"UN"},1,{"$f":"IF(B889=\"SINAPI\",IFERROR(INDEX(SINAPI!$D:$D,MATCH($C889,SINAPI!$A:$A,0)),0),IF(B889=\"COMPOSIÇÃO\",IFERROR(INDEX(COMPOSIÇÃO!$G:$G,MATCH($C889,COMPOSIÇÃO!$A:$A,0)),0),0))","v":31.81},38.313415292730731,38.31]
["18.11.17","SINAPI",92000,{"$f":"IF(B890=\"SINAPI\",IFERROR(INDEX(SINAPI!$B:$B,MATCH($C890,SINAPI!$A:$A,0)),\"\"),IF(B890=\"COMPOSIÇÃO\",IFERROR(INDEX(COMPOSIÇÃO!$C:$C,MATCH($C890,COMPOSIÇÃO!$A:$A,0)),\"\"),\"\"))","v":"TOMADA BAIXA DE EMBUTIR (1 MÓDULO), 2P+T 10 A, INCLUINDO SUPORTE E PLACA - FORNECIMENTO E INSTALAÇÃO. AF_12/2015"},{"$f":"IF(B890=\"SINAPI\",IFERROR(INDEX(SINAPI!$C:$C,MATCH($C890,SINAPI!$A:$A,0)),\"\"),IF(B890=\"COMPOSIÇÃO\",IFERROR(INDEX(COMPOSIÇÃO!$D:$D,MATCH($C890,COMPOSIÇÃO!$A:$A,0)),\"\"),\"\"))","v":"UN"},4,{"$f":"IF(B890=\"SINAPI\",IFERROR(INDEX(SINAPI!$D:$D,MATCH($C890,SINAPI!$A:$A,0)),0),IF(B890=\"COMPOSIÇÃO\",IFERROR(INDEX(COMPOSIÇÃO!$G:$G,MATCH($C890,COMPOSIÇÃO!$A:$A,0)),0),0))","v":21.26},25.606513961755908,102.43]
["18.11.18","SINAPI",92001,{"$f":"IF(B891=\"SINAPI\",IFERROR(INDEX(SINAPI!$B:$B,MATCH($C891,SINAPI!$A:$A,0)),\"\"),IF(B891=\"COMPOSIÇÃO\",IFERROR(INDEX(COMPOSIÇÃO!$C:$C,MATCH($C891,COMPOSIÇÃO!$A:$A,0)),\"\"),\"\"))","v":"TOMADA BAIXA DE EMBUTIR (1 MÓDULO), 2P+T 20 A, INCLUINDO SUPORTE E PLACA - FORNECIMENTO E INSTALAÇÃO. AF_12/2015"},{"$f":"IF(B891=\"SINAPI\",IFERROR(INDEX(SINAPI!$C:$C,MATCH($C891,SINAPI!$A:$A,0)),\"\"),IF(B891=\"COMPOSIÇÃO\",IFERROR(INDEX(COMPOSIÇÃO!$D:$D,MATCH($C891,COMPOSIÇÃO!$A:$A,0)),\"\"),\"\"))","v":"UN"},1,{"$f":"IF(B891=\"SINAPI\",IFERROR(INDEX(SINAPI!$D:$D,MATCH($C891,SINAPI!$A:$A,0)),0),IF(B891=\"COMPOSIÇÃO\",IFERROR(INDEX(COMPOSIÇÃO!$G:$G,MATCH($C891,COMPOSIÇÃO!$A:$A,0)),0),0))","v":23.08},27.798604997052035,27.8]
["18.11.19","COMPOSIÇÃO","COMP-83399",{"$f":"IF(B892=\"SINAPI\",IFERROR(INDEX(SINAPI!$B:$B,MATCH($C892,SINAPI!$A:$A,0)),\"\"),IF(B892=\"COMPOSIÇÃO\",IFERROR(INDEX(COMPOSIÇÃO!$C:$C,MATCH($C892,COMPOSIÇÃO!$A:$A,0)),\"\"),\"\"))","v":"RELE FOTOELETRICO P/ COMANDO DE ILUMINACAO EXTERNA 220V/1000W - FORNECIMENTO E INSTALACAO"},{"$f":"IF(B892=\"SINAPI\",IFERROR(INDEX(SINAPI!$C:$C,MATCH($C892,SINAPI!$A:$A,0)),\"\"),IF(B892=\"COMPOSIÇÃO\",IFERROR(INDEX(COMPOSIÇÃO!$D:$D,MATCH($C892,COMPOSIÇÃO!$A:$A,0)),\"\"),\"\"))","v":"UN"},2,{"$f":"IF(B892=\"SINAPI\",IFERROR(INDEX(SINAPI!$D:$D,MATCH($C892,SINAPI!$A:$A,0)),0),IF(B892=\"COMPOSIÇÃO\",IFERROR(INDEX(COMPOSIÇÃO!$G:$G,MATCH($C892,COMPOSIÇÃO!$A:$A,0)),0),0))","v":46.6875},56.232555060652814,112.47]
["18.11.20","COMPOSIÇÃO","COMP-596566",{"$f":"IF(B893=\"SINAPI\",IFERROR(INDEX(SINAPI!$B:$B,MATCH($C893,SINAPI!$A:$A,0)),\"\"),IF(B893=\"COMPOSIÇÃO\",IFERROR(INDEX(COMPOSIÇÃO!$C:$C,MATCH($C893,COMPOSIÇÃO!$A:$A,0)),\"\"),\"\"))","v":"PAINEL LED QUADRADA 25W LED LUZ BRANCA NEUTRA 30CM BIVOLT, REF. 240600, SAVE ENERGY OU SIMILAR "},{"$f":"IF(B893=\"SINAPI\",IFERROR(INDEX(SINAPI!$C:$C,MATCH($C893,SINAPI!$A:$A,0)),\"\"),IF(B893=\"COMPOSIÇÃO\",IFERROR(INDEX(COMPOSIÇÃO!$D:$D,MATCH($C893,COMPOSIÇÃO!$A:$A,0)),\"\"),\"\"))","v":"UN"},2,{"$f":"IF(B893=\"SINAPI\",IFERROR(INDEX(SINAPI!$D:$D,MATCH($C893,SINAPI!$A:$A,0)),0),IF(B893=\"COMPOSIÇÃO\",IFERROR(INDEX(COMPOSIÇÃO!$G:$G,MATCH($C893,COMPOSIÇÃO!$A:$A,0)),0),0))","v":84.89},102.24538900345526,204.49]
["18.11.21","COMPOSIÇÃO","COMP-537932",{"$f":"IF(B894=\"SINAPI\",IFERROR(INDEX(SINAPI!$B:$B,MATCH($C894,SINAPI!$A:$A,0)),\"\"),IF(B894=\"COMPOSIÇÃO\",IFERROR(INDEX(COMPOSIÇÃO!$C:$C,MATCH($C894,COMPOSIÇÃO!$A:$A,0)),\"\"),\"\"))","v":"REFLETOR SUPER LED, CORPO EM ALUMINIO, POTENCIA 10W, BIVOLT, TEMP.COR 6400K, IP-65, REF: FLC OU SIMILAR "},{"$f":"IF(B894=\"SINAPI\",IFERROR(INDEX(SINAPI!$C:$C,MATCH($C894,SINAPI!$A:$A,0)),\"\"),IF(B894=\"COMPOSIÇÃO\",IFERROR(INDEX(COMPOSIÇÃO!$D:$D,MATCH($C894,COMPOSIÇÃO!$A:$A,0)),\"\"),\"\"))","v":"UN"},5,{"$f":"IF(B894=\"SINAPI\",IFERROR(INDEX(SINAPI!$D:$D,MATCH($C894,SINAPI!$A:$A,0)),0),IF(B894=\"COMPOSIÇÃO\",IFERROR(INDEX(COMPOSIÇÃO!$G:$G,MATCH($C894,COMPOSIÇÃO!$A:$A,0)),0),0))","v":32.415000000000006},39.042104895123131,195.21]
["18.11.22","COMPOSIÇÃO","COMP-83463",{"$f":"IF(B895=\"SINAPI\",IFERROR(INDEX(SINAPI!$B:$B,MATCH($C895,SINAPI!$A:$A,0)),\"\"),IF(B895=\"COMPOSIÇÃO\",IFERROR(INDEX(COMPOSIÇÃO!$C:$C,MATCH($C895,COMPOSIÇÃO!$A:$A,0)),\"\"),\"\"))","v":"QUADRO DE DISTRIBUICAO DE ENERGIA EM CHAPA DE ACO GALVANIZADO, PARA 12 DISJUNTORES TERMOMAGNETICOS MONOPOLARES, COM BARRAMENTO TRIFASICO E NEUTRO - FORNECIMENTO E INSTALACAO"},{"$f":"IF(B895=\"SINAPI\",IFERROR(INDEX(SINAPI!$C:$C,MATCH($C895,SINAPI!$A:$A,0)),\"\"),IF(B895=\"COMPOSIÇÃO\",IFERROR(INDEX(COMPOSIÇÃO!$D:$D,MATCH($C895,COMPOSIÇÃO!$A:$A,0)),\"\"),\"\"))","v":"UN"},1,{"$f":"IF(B895=\"SINAPI\",IFERROR(INDEX(SINAPI!$D:$D,MATCH($C895,SINAPI!$A:$A,0)),0),IF(B895=\"COMPOSIÇÃO\",IFERROR(INDEX(COMPOSIÇÃO!$G:$G,MATCH($C895,COMPOSIÇÃO!$A:$A,0)),0),0))","v":455.33},548.42022587988322,548.41999999999996]
["18.11.23","SINAPI",93358,{"$f":"IF(B896=\"SINAPI\",IFERROR(INDEX(SINAPI!$B:$B,MATCH($C896,SINAPI!$A:$A,0)),\"\"),IF(B896=\"COMPOSIÇÃO\",IFERROR(INDEX(COMPOSIÇÃO!$C:$C,MATCH($C896,COMPOSIÇÃO!$A:$A,0)),\"\"),\"\"))","v":"ESCAVAÇÃO MANUAL DE VALA COM PROFUNDIDADE MENOR OU IGUAL A 1,30 M. AF_02/2021"},{"$f":"IF(B896=\"SINAPI\",IFERROR(INDEX(SINAPI!$C:$C,MATCH($C896,SINAPI!$A:$A,0)),\"\"),IF(B896=\"COMPOSIÇÃO\",IFERROR(INDEX(COMPOSIÇÃO!$D:$D,MATCH($C896,COMPOSIÇÃO!$A:$A,0)),\"\"),\"\"))","v":"M3"},2,{"$f":"IF(B896=\"SINAPI\",IFERROR(INDEX(SINAPI!$D:$D,MATCH($C896,SINAPI!$A:$A,0)),0),IF(B896=\"COMPOSIÇÃO\",IFERROR(INDEX(COMPOSIÇÃO!$G:$G,MATCH($C896,COMPOSIÇÃO!$A:$A,0)),0),0))","v":61.91},74.567228568782127,149.13]
["18.11.24","SINAPI",92008,{"$f":"IF(B897=\"SINAPI\",IFERROR(INDEX(SINAPI!$B:$B,MATCH($C897,SINAPI!$A:$A,0)),\"\"),IF(B897=\"COMPOSIÇÃO\",IFERROR(INDEX(COMPOSIÇÃO!$C:$C,MATCH($C897,COMPOSIÇÃO!$A:$A,0)),\"\"),\"\"))","v":"TOMADA BAIXA DE EMBUTIR (2 MÓDULOS), 2P+T 10 A, INCLUINDO SUPORTE E PLACA - FORNECIMENTO E INSTALAÇÃO. AF_12/2015"},{"$f":"IF(B897=\"SINAPI\",IFERROR(INDEX(SINAPI!$C:$C,MATCH($C897,SINAPI!$A:$A,0)),\"\"),IF(B897=\"COMPOSIÇÃO\",IFERROR(INDEX(COMPOSIÇÃO!$D:$D,MATCH($C897,COMPOSIÇÃO!$A:$A,0)),\"\"),\"\"))","v":"UN"},2,{"$f":"IF(B897=\"SINAPI\",IFERROR(INDEX(SINAPI!$D:$D,MATCH($C897,SINAPI!$A:$A,0)),0),IF(B897=\"COMPOSIÇÃO\",IFERROR(INDEX(COMPOSIÇÃO!$G:$G,MATCH($C897,COMPOSIÇÃO!$A:$A,0)),0),0))","v":34.08},41.04750685873195,82.1]
["18.11.25","COMPOSIÇÃO","COMP-2351 ",{"$f":"IF(B898=\"SINAPI\",IFERROR(INDEX(SINAPI!$B:$B,MATCH($C898,SINAPI!$A:$A,0)),\"\"),IF(B898=\"COMPOSIÇÃO\",IFERROR(INDEX(COMPOSIÇÃO!$C:$C,MATCH($C898,COMPOSIÇÃO!$A:$A,0)),\"\"),\"\"))","v":"LUMINÁRIA TIPO PLAFON, DE SOBREPOR- FORNECIMENTO E INSTALAÇÃO. AF_11/2017"},{"$f":"IF(B898=\"SINAPI\",IFERROR(INDEX(SINAPI!$C:$C,MATCH($C898,SINAPI!$A:$A,0)),\"\"),IF(B898=\"COMPOSIÇÃO\",IFERROR(INDEX(COMPOSIÇÃO!$D:$D,MATCH($C898,COMPOSIÇÃO!$A:$A,0)),\"\"),\"\"))","v":"UN"},3,{"$f":"IF(B898=\"SINAPI\",IFERROR(INDEX(SINAPI!$D:$D,MATCH($C898,SINAPI!$A:$A,0)),0),IF(B898=\"COMPOSIÇÃO\",IFERROR(INDEX(COMPOSIÇÃO!$G:$G,MATCH($C898,COMPOSIÇÃO!$A:$A,0)),0),0))","v":41.805562999999999},50.352527405388813,151.06]
["18.12",null,null,"Sistema de Proteção Contra Descarga Atmosférica",null,null,null,null,{"$f":"I900","v":15009.480000000001}]
["18.12.1",null,null,"Cabos, Tubos e Acessórios",null,null,null,null,{"$f":"SUM(I901:I920)","v":15009.480000000001}]
["18.12.1.1","COMPOSIÇÃO","IFMT 239.08.2020",{"$f":"IF(B901=\"SINAPI\",IFERROR(INDEX(SINAPI!$B:$B,MATCH($C901,SINAPI!$A:$A,0)),\"\"),IF(B901=\"COMPOSIÇÃO\",IFERROR(INDEX(COMPOSIÇÃO!$C:$C,MATCH($C901,COMPOSIÇÃO!$A:$A,0)),\"\"),\"\"))","v":"TERMINAL OU CONECTOR DE PRESSAO - PARA CABO 50MM2 - FORNECIMENTO E INSTALACAO"},{"$f":"IF(B901=\"SINAPI\",IFERROR(INDEX(SINAPI!$C:$C,MATCH($C901,SINAPI!$A:$A,0)),\"\"),IF(B901=\"COMPOSIÇÃO\",IFERROR(INDEX(COMPOSIÇÃO!$D:$D,MATCH($C901,COMPOSIÇÃO!$A:$A,0)),\"\"),\"\"))","v":"UN"},7,{"$f":"IF(B901=\"SINAPI\",IFERROR(INDEX(SINAPI!$D:$D,MATCH($C901,SINAPI!$A:$A,0)),0),IF(B901=\"COMPOSIÇÃO\",IFERROR(INDEX(COMPOSIÇÃO!$G:$G,MATCH($C901,COMPOSIÇÃO!$A:$A,0)),0),0))","v":21.874000000000002},{"$f":"G901*(1+$I$10)","v":26.346043574762405},{"$f":"ROUND(F901*H901,2)","v":184.42}]
["18.12.1.2","COMPOSIÇÃO","COMP-2849 ",{"$f":"IF(B902=\"SINAPI\",IFERROR(INDEX(SINAPI!$B:$B,MATCH($C902,SINAPI!$A:$A,0)),\"\"),IF(B902=\"COMPOSIÇÃO\",IFERROR(INDEX(COMPOSIÇÃO!$C:$C,MATCH($C902,COMPOSIÇÃO!$A:$A,0)),\"\"),\"\"))","v":"CONECTOR METALICO TIPO PARAFUSO FENDIDO ( SPLIT BOLT) PARA CABOS ATE 10 MM2 ( 2,5 E 4 MM2 ) "},{"$f":"IF(B902=\"SINAPI\",IFERROR(INDEX(SINAPI!$C:$C,MATCH($C902,SINAPI!$A:$A,0)),\"\"),IF(B902=\"COMPOSIÇÃO\",IFERROR(INDEX(COMPOSIÇÃO!$D:$D,MATCH($C902,COMPOSIÇÃO!$A:$A,0)),\"\"),\"\"))","v":"UN"},150,{"$f":"IF(B902=\"SINAPI\",IFERROR(INDEX(SINAPI!$D:$D,MATCH($C902,SINAPI!$A:$A,0)),0),IF(B902=\"COMPOSIÇÃO\",IFERROR(INDEX(COMPOSIÇÃO!$G:$G,MATCH($C902,COMPOSIÇÃO!$A:$A,0)),0),0))","v":9.9883500000000005},12.030424446373688,1804.56]
["18.12.1.3","SINAPI",96973,{"$f":"IF(B903=\"SINAPI\",IFERROR(INDEX(SINAPI!$B:$B,MATCH($C903,SINAPI!$A:$A,0)),\"\"),IF(B903=\"COMPOSIÇÃO\",IFERROR(INDEX(COMPOSIÇÃO!$C:$C,MATCH($C903,COMPOSIÇÃO!$A:$A,0)),\"\"),\"\"))","v":"CORDOALHA DE COBRE NU 35 MM², NÃO ENTERRADA, COM ISOLADOR - FORNECIMENTO E INSTALAÇÃO. AF_12/2017"},{"$f":"IF(B903=\"SINAPI\",IFERROR(INDEX(SINAPI!$C:$C,MATCH($C903,SINAPI!$A:$A,0)),\"\"),IF(B903=\"COMPOSIÇÃO\",IFERROR(INDEX(COMPOSIÇÃO!$D:$D,MATCH($C903,COMPOSIÇÃO!$A:$A,0)),\"\"),\"\"))","v":"M"},52,{"$f":"IF(B903=\"SINAPI\",IFERROR(INDEX(SINAPI!$D:$D,MATCH($C903,SINAPI!$A:$A,0)),0),IF(B903=\"COMPOSIÇÃO\",IFERROR(INDEX(COMPOSIÇÃO!$G:$G,MATCH($C903,COMPOSIÇÃO!$A:$A,0)),0),0))","v":47.46},57.162989305029882,2972.48]
["18.12.1.4","SINAPI",96977,{"$f":"IF(B904=\"SINAPI\",IFERROR(INDEX(SINAPI!$B:$B,MATCH($C904,SINAPI!$A:$A,0)),\"\"),IF(B904=\"COMPOSIÇÃO\",IFERROR(INDEX(COMPOSIÇÃO!$C:$C,MATCH($C904,COMPOSIÇÃO!$A:$A,0)),\"\"),\"\"))","v":"CORDOALHA DE COBRE NU 50 MM², ENTERRADA, SEM ISOLADOR - FORNECIMENTO E INSTALAÇÃO. AF_12/2017"},{"$f":"IF(B904=\"SINAPI\",IFERROR(INDEX(SINAPI!$C:$C,MATCH($C904,SINAPI!$A:$A,0)),\"\"),IF(B904=\"COMPOSIÇÃO\",IFERROR(INDEX(COMPOSIÇÃO!$D:$D,MATCH($C904,COMPOSIÇÃO!$A:$A,0)),\"\"),\"\"))","v":"M"},90,{"$f":"IF(B904=\"SINAPI\",IFERROR(INDEX(SINAPI!$D:$D,MATCH($C904,SINAPI!$A:$A,0)),0),IF(B904=\"COMPOSIÇÃO\",IFERROR(INDEX(COMPOSIÇÃO!$G:$G,MATCH($C904,COMPOSIÇÃO!$A:$A,0)),0),0))","v":42.88},51.646628348075886,4648.2]
["18.12.1.5","SINAPI",91871,{"$f":"IF(B905=\"SINAPI\",IFERROR(INDEX(SINAPI!$B:$B,MATCH($C905,SINAPI!$A:$A,0)),\"\"),IF(B905=\"COMPOSIÇÃO\",IFERROR(INDEX(COMPOSIÇÃO!$C:$C,MATCH($C905,COMPOSIÇÃO!$A:$A,0)),\"\"),\"\"))","v":"ELETRODUTO RÍGIDO ROSCÁVEL, PVC, DN 25 MM (3/4\"), PARA CIRCUITOS TERMINAIS, INSTALADO EM PAREDE - FORNECIMENTO E INSTALAÇÃO. AF_12/2015"},{"$f":"IF(B905=\"SINAPI\",IFERROR(INDEX(SINAPI!$C:$C,MATCH($C905,SINAPI!$A:$A,0)),\"\"),IF(B905=\"COMPOSIÇÃO\",IFERROR(INDEX(COMPOSIÇÃO!$D:$D,MATCH($C905,COMPOSIÇÃO!$A:$A,0)),\"\"),\"\"))","v":"M"},6,{"$f":"IF(B905=\"SINAPI\",IFERROR(INDEX(SINAPI!$D:$D,MATCH($C905,SINAPI!$A:$A,0)),0),IF(B905=\"COMPOSIÇÃO\",IFERROR(INDEX(COMPOSIÇÃO!$G:$G,MATCH($C905,COMPOSIÇÃO!$A:$A,0)),0),0))","v":9.6300000000000008},11.59881135708887,69.59]
["18.12.1.6","COMPOSIÇÃO","COMP-5507 ",{"$f":"IF(B906=\"SINAPI\",IFERROR(INDEX(SINAPI!$B:$B,MATCH($C906,SINAPI!$A:$A,0)),\"\"),IF(B906=\"COMPOSIÇÃO\",IFERROR(INDEX(COMPOSIÇÃO!$C:$C,MATCH($C906,COMPOSIÇÃO!$A:$A,0)),\"\"),\"\"))","v":"BRAÇADEIRA GALVANIZADA TIPO CUNHA 3/4"},{"$f":"IF(B906=\"SINAPI\",IFERROR(INDEX(SINAPI!$C:$C,MATCH($C906,SINAPI!$A:$A,0)),\"\"),IF(B906=\"COMPOSIÇÃO\",IFERROR(INDEX(COMPOSIÇÃO!$D:$D,MATCH($C906,COMPOSIÇÃO!$A:$A,0)),\"\"),\"\"))","v":"UN"},18,{"$f":"IF(B906=\"SINAPI\",IFERROR(INDEX(SINAPI!$D:$D,MATCH($C906,SINAPI!$A:$A,0)),0),IF(B906=\"COMPOSIÇÃO\",IFERROR(INDEX(COMPOSIÇÃO!$G:$G,MATCH($C906,COMPOSIÇÃO!$A:$A,0)),0),0))","v":4.3520000000000003},5.2417473547300899,94.35]
["18.12.1.7","SINAPI",98111,{"$f":"IF(B907=\"SINAPI\",IFERROR(INDEX(SINAPI!$B:$B,MATCH($C907,SINAPI!$A:$A,0)),\"\"),IF(B907=\"COMPOSIÇÃO\",IFERROR(INDEX(COMPOSIÇÃO!$C:$C,MATCH($C907,COMPOSIÇÃO!$A:$A,0)),\"\"),\"\"))","v":"CAIXA DE INSPEÇÃO PARA ATERRAMENTO, CIRCULAR, EM POLIETILENO, DIÂMETRO INTERNO = 0,3 M. AF_12/2020"},{"$f":"IF(B907=\"SINAPI\",IFERROR(INDEX(SINAPI!$C:$C,MATCH($C907,SINAPI!$A:$A,0)),\"\"),IF(B907=\"COMPOSIÇÃO\",IFERROR(INDEX(COMPOSIÇÃO!$D:$D,MATCH($C907,COMPOSIÇÃO!$A:$A,0)),\"\"),\"\"))","v":"UN"},9,{"$f":"IF(B907=\"SINAPI\",IFERROR(INDEX(SINAPI!$D:$D,MATCH($C907,SINAPI!$A:$A,0)),0),IF(B907=\"COMPOSIÇÃO\",IFERROR(INDEX(COMPOSIÇÃO!$G:$G,MATCH($C907,COMPOSIÇÃO!$A:$A,0)),0),0))","v":49.62},59.764591852414299,537.88]
["18.12.1.8","COMPOSIÇÃO","COMP-8555 ",{"$f":"IF(B908=\"SINAPI\",IFERROR(INDEX(SINAPI!$B:$B,MATCH($C908,SINAPI!$A:$A,0)),\"\"),IF(B908=\"COMPOSIÇÃO\",IFERROR(INDEX(COMPOSIÇÃO!$C:$C,MATCH($C908,COMPOSIÇÃO!$A:$A,0)),\"\"),\"\"))","v":"TAMPA FOFO COM ESCOTILHA 300 MM "},{"$f":"IF(B908=\"SINAPI\",IFERROR(INDEX(SINAPI!$C:$C,MATCH($C908,SINAPI!$A:$A,0)),\"\"),IF(B908=\"COMPOSIÇÃO\",IFERROR(INDEX(COMPOSIÇÃO!$D:$D,MATCH($C908,COMPOSIÇÃO!$A:$A,0)),\"\"),\"\"))","v":"UN"},9,{"$f":"IF(B908=\"SINAPI\",IFERROR(INDEX(SINAPI!$D:$D,MATCH($C908,SINAPI!$A:$A,0)),0),IF(B908=\"COMPOSIÇÃO\",IFERROR(INDEX(COMPOSIÇÃO!$G:$G,MATCH($C908,COMPOSIÇÃO!$A:$A,0)),0),0))","v":157.03},189.1340963035997,1702.21]
["18.12.1.9","COMPOSIÇÃO","COMP-7074 ",{"$f":"IF(B909=\"SINAPI\",IFERROR(INDEX(SINAPI!$B:$B,MATCH($C909,SINAPI!$A:$A,0)),\"\"),IF(B909=\"COMPOSIÇÃO\",IFERROR(INDEX(COMPOSIÇÃO!$C:$C,MATCH($C909,COMPOSIÇÃO!$A:$A,0)),\"\"),\"\"))","v":"ARRUELA LISA GALVANIZADA 5/16 "},{"$f":"IF(B909=\"SINAPI\",IFERROR(INDEX(SINAPI!$C:$C,MATCH($C909,SINAPI!$A:$A,0)),\"\"),IF(B909=\"COMPOSIÇÃO\",IFERROR(INDEX(COMPOSIÇÃO!$D:$D,MATCH($C909,COMPOSIÇÃO!$A:$A,0)),\"\"),\"\"))","v":"UN"},6,{"$f":"IF(B909=\"SINAPI\",IFERROR(INDEX(SINAPI!$D:$D,MATCH($C909,SINAPI!$A:$A,0)),0),IF(B909=\"COMPOSIÇÃO\",IFERROR(INDEX(COMPOSIÇÃO!$G:$G,MATCH($C909,COMPOSIÇÃO!$A:$A,0)),0),0))","v":1.004},1.2092634062842393,7.26]
["18.12.1.10","COMPOSIÇÃO","COMP-8927 ",{"$f":"IF(B910=\"SINAPI\",IFERROR(INDEX(SINAPI!$B:$B,MATCH($C910,SINAPI!$A:$A,0)),\"\"),IF(B910=\"COMPOSIÇÃO\",IFERROR(INDEX(COMPOSIÇÃO!$C:$C,MATCH($C910,COMPOSIÇÃO!$A:$A,0)),\"\"),\"\"))","v":"CLIPS PARA HASTE DE ATERRAMENTO GALVANIZADA - 8 - 10 MM - REF:TEL-5238 "},{"$f":"IF(B910=\"SINAPI\",IFERROR(INDEX(SINAPI!$C:$C,MATCH($C910,SINAPI!$A:$A,0)),\"\"),IF(B910=\"COMPOSIÇÃO\",IFERROR(INDEX(COMPOSIÇÃO!$D:$D,MATCH($C910,COMPOSIÇÃO!$A:$A,0)),\"\"),\"\"))","v":"UND"},25,{"$f":"IF(B910=\"SINAPI\",IFERROR(INDEX(SINAPI!$D:$D,MATCH($C910,SINAPI!$A:$A,0)),0),IF(B910=\"COMPOSIÇÃO\",IFERROR(INDEX(COMPOSIÇÃO!$G:$G,MATCH($C910,COMPOSIÇÃO!$A:$A,0)),0),0))","v":11.632},14.010111495914613,350.25]
["18.12.1.11","COMPOSIÇÃO","COMP-4528",{"$f":"IF(B911=\"SINAPI\",IFERROR(INDEX(SINAPI!$B:$B,MATCH($C911,SINAPI!$A:$A,0)),\"\"),IF(B911=\"COMPOSIÇÃO\",IFERROR(INDEX(COMPOSIÇÃO!$C:$C,MATCH($C911,COMPOSIÇÃO!$A:$A,0)),\"\"),\"\"))","v":"GRAMPO ESTANHADO 5/8 "},{"$f":"IF(B911=\"SINAPI\",IFERROR(INDEX(SINAPI!$C:$C,MATCH($C911,SINAPI!$A:$A,0)),\"\"),IF(B911=\"COMPOSIÇÃO\",IFERROR(INDEX(COMPOSIÇÃO!$D:$D,MATCH($C911,COMPOSIÇÃO!$A:$A,0)),\"\"),\"\"))","v":"UN"},20,{"$f":"IF(B911=\"SINAPI\",IFERROR(INDEX(SINAPI!$D:$D,MATCH($C911,SINAPI!$A:$A,0)),0),IF(B911=\"COMPOSIÇÃO\",IFERROR(INDEX(COMPOSIÇÃO!$G:$G,MATCH($C911,COMPOSIÇÃO!$A:$A,0)),0),0))","v":4.0060000000000002},4.8250091688990668,96.5]
["18.12.1.12","COMPOSIÇÃO","COMP-4374 ",{"$f":"IF(B912=\"SINAPI\",IFERROR(INDEX(SINAPI!$B:$B,MATCH($C912,SINAPI!$A:$A,0)),\"\"),IF(B912=\"COMPOSIÇÃO\",IFERROR(INDEX(COMPOSIÇÃO!$C:$C,MATCH($C912,COMPOSIÇÃO!$A:$A,0)),\"\"),\"\"))","v":"FORNECIMENTO DE MOLDE DE SOLDA EXOTERMICA TIPO T PARA CABOS 35 MM "},{"$f":"IF(B912=\"SINAPI\",IFERROR(INDEX(SINAPI!$C:$C,MATCH($C912,SINAPI!$A:$A,0)),\"\"),IF(B912=\"COMPOSIÇÃO\",IFERROR(INDEX(COMPOSIÇÃO!$D:$D,MATCH($C912,COMPOSIÇÃO!$A:$A,0)),\"\"),\"\"))","v":"UN"},1,{"$f":"IF(B912=\"SINAPI\",IFERROR(INDEX(SINAPI!$D:$D,MATCH($C912,SINAPI!$A:$A,0)),0),IF(B912=\"COMPOSIÇÃO\",IFERROR(INDEX(COMPOSIÇÃO!$G:$G,MATCH($C912,COMPOSIÇÃO!$A:$A,0)),0),0))","v":150.03},180.70297693707613,180.7]
["18.12.1.13","COMPOSIÇÃO","COMP-869450",{"$f":"IF(B913=\"SINAPI\",IFERROR(INDEX(SINAPI!$B:$B,MATCH($C913,SINAPI!$A:$A,0)),\"\"),IF(B913=\"COMPOSIÇÃO\",IFERROR(INDEX(COMPOSIÇÃO!$C:$C,MATCH($C913,COMPOSIÇÃO!$A:$A,0)),\"\"),\"\"))","v":"FORNECIMENTO DE MOLDE DE SOLDA EXOTERMICA TIPO T PARA CABOS 50 MM "},{"$f":"IF(B913=\"SINAPI\",IFERROR(INDEX(SINAPI!$C:$C,MATCH($C913,SINAPI!$A:$A,0)),\"\"),IF(B913=\"COMPOSIÇÃO\",IFERROR(INDEX(COMPOSIÇÃO!$D:$D,MATCH($C913,COMPOSIÇÃO!$A:$A,0)),\"\"),\"\"))","v":"UN"},1,{"$f":"IF(B913=\"SINAPI\",IFERROR(INDEX(SINAPI!$D:$D,MATCH($C913,SINAPI!$A:$A,0)),0),IF(B913=\"COMPOSIÇÃO\",IFERROR(INDEX(COMPOSIÇÃO!$G:$G,MATCH($C913,COMPOSIÇÃO!$A:$A,0)),0),0))","v":148.17599999999999},178.46993475057116,178.47]
["18.12.1.14","COMPOSIÇÃO","COMP-047275",{"$f":"IF(B914=\"SINAPI\",IFERROR(INDEX(SINAPI!$B:$B,MATCH($C914,SINAPI!$A:$A,0)),\"\"),IF(B914=\"COMPOSIÇÃO\",IFERROR(INDEX(COMPOSIÇÃO!$C:$C,MATCH($C914,COMPOSIÇÃO!$A:$A,0)),\"\"),\"\"))","v":"FORNECIMENTO DE CARTUCHO PARA SOLDA EXOTERMICA NR 32 "},{"$f":"IF(B914=\"SINAPI\",IFERROR(INDEX(SINAPI!$C:$C,MATCH($C914,SINAPI!$A:$A,0)),\"\"),IF(B914=\"COMPOSIÇÃO\",IFERROR(INDEX(COMPOSIÇÃO!$D:$D,MATCH($C914,COMPOSIÇÃO!$A:$A,0)),\"\"),\"\"))","v":"UN"},28,{"$f":"IF(B914=\"SINAPI\",IFERROR(INDEX(SINAPI!$D:$D,MATCH($C914,SINAPI!$A:$A,0)),0),IF(B914=\"COMPOSIÇÃO\",IFERROR(INDEX(COMPOSIÇÃO!$G:$G,MATCH($C914,COMPOSIÇÃO!$A:$A,0)),0),0))","v":13.06},15.730059846685425,440.44]
["18.12.1.15","COMPOSIÇÃO","COMP-465205",{"$f":"IF(B915=\"SINAPI\",IFERROR(INDEX(SINAPI!$B:$B,MATCH($C915,SINAPI!$A:$A,0)),\"\"),IF(B915=\"COMPOSIÇÃO\",IFERROR(INDEX(COMPOSIÇÃO!$C:$C,MATCH($C915,COMPOSIÇÃO!$A:$A,0)),\"\"),\"\"))","v":"FORNECIMENTO DE CARTUCHO PARA SOLDA EXOTERMICA NR 25 "},{"$f":"IF(B915=\"SINAPI\",IFERROR(INDEX(SINAPI!$C:$C,MATCH($C915,SINAPI!$A:$A,0)),\"\"),IF(B915=\"COMPOSIÇÃO\",IFERROR(INDEX(COMPOSIÇÃO!$D:$D,MATCH($C915,COMPOSIÇÃO!$A:$A,0)),\"\"),\"\"))","v":"UN"},1,{"$f":"IF(B915=\"SINAPI\",IFERROR(INDEX(SINAPI!$D:$D,MATCH($C915,SINAPI!$A:$A,0)),0),IF(B915=\"COMPOSIÇÃO\",IFERROR(INDEX(COMPOSIÇÃO!$G:$G,MATCH($C915,COMPOSIÇÃO!$A:$A,0)),0),0))","v":14.09},16.97063883918818,16.97]
["18.12.1.16","COMPOSIÇÃO","COMP-1561",{"$f":"IF(B916=\"SINAPI\",IFERROR(INDEX(SINAPI!$B:$B,MATCH($C916,SINAPI!$A:$A,0)),\"\"),IF(B916=\"COMPOSIÇÃO\",IFERROR(INDEX(COMPOSIÇÃO!$C:$C,MATCH($C916,COMPOSIÇÃO!$A:$A,0)),\"\"),\"\"))","v":"SELANTE DE POLIURETANO (SIKAFLEX) 300ML "},{"$f":"IF(B916=\"SINAPI\",IFERROR(INDEX(SINAPI!$C:$C,MATCH($C916,SINAPI!$A:$A,0)),\"\"),IF(B916=\"COMPOSIÇÃO\",IFERROR(INDEX(COMPOSIÇÃO!$D:$D,MATCH($C916,COMPOSIÇÃO!$A:$A,0)),\"\"),\"\"))","v":"UN"},1,{"$f":"IF(B916=\"SINAPI\",IFERROR(INDEX(SINAPI!$D:$D,MATCH($C916,SINAPI!$A:$A,0)),0),IF(B916=\"COMPOSIÇÃO\",IFERROR(INDEX(COMPOSIÇÃO!$G:$G,MATCH($C916,COMPOSIÇÃO!$A:$A,0)),0),0))","v":32.407800000000002},39.03343288663185,39.03]
["18.12.1.17","SINAPI",96985,{"$f":"IF(B917=\"SINAPI\",IFERROR(INDEX(SINAPI!$B:$B,MATCH($C917,SINAPI!$A:$A,0)),\"\"),IF(B917=\"COMPOSIÇÃO\",IFERROR(INDEX(COMPOSIÇÃO!$C:$C,MATCH($C917,COMPOSIÇÃO!$A:$A,0)),\"\"),\"\"))","v":"HASTE DE ATERRAMENTO 5/8  PARA SPDA - FORNECIMENTO E INSTALAÇÃO. AF_12/2017"},{"$f":"IF(B917=\"SINAPI\",IFERROR(INDEX(SINAPI!$C:$C,MATCH($C917,SINAPI!$A:$A,0)),\"\"),IF(B917=\"COMPOSIÇÃO\",IFERROR(INDEX(COMPOSIÇÃO!$D:$D,MATCH($C917,COMPOSIÇÃO!$A:$A,0)),\"\"),\"\"))","v":"UN"},25,{"$f":"IF(B917=\"SINAPI\",IFERROR(INDEX(SINAPI!$D:$D,MATCH($C917,SINAPI!$A:$A,0)),0),IF(B917=\"COMPOSIÇÃO\",IFERROR(INDEX(COMPOSIÇÃO!$G:$G,MATCH($C917,COMPOSIÇÃO!$A:$A,0)),0),0))","v":50.27},60.547481507877208,1513.69]
["18.12.1.18","COMPOSIÇÃO","COMP-209 ",{"$f":"IF(B918=\"SINAPI\",IFERROR(INDEX(SINAPI!$B:$B,MATCH($C918,SINAPI!$A:$A,0)),\"\"),IF(B918=\"COMPOSIÇÃO\",IFERROR(INDEX(COMPOSIÇÃO!$C:$C,MATCH($C918,COMPOSIÇÃO!$A:$A,0)),\"\"),\"\"))","v":"PARAFUSO INOX R/S 4.2 X 32MM "},{"$f":"IF(B918=\"SINAPI\",IFERROR(INDEX(SINAPI!$C:$C,MATCH($C918,SINAPI!$A:$A,0)),\"\"),IF(B918=\"COMPOSIÇÃO\",IFERROR(INDEX(COMPOSIÇÃO!$D:$D,MATCH($C918,COMPOSIÇÃO!$A:$A,0)),\"\"),\"\"))","v":"UN"},80,{"$f":"IF(B918=\"SINAPI\",IFERROR(INDEX(SINAPI!$D:$D,MATCH($C918,SINAPI!$A:$A,0)),0),IF(B918=\"COMPOSIÇÃO\",IFERROR(INDEX(COMPOSIÇÃO!$G:$G,MATCH($C918,COMPOSIÇÃO!$A:$A,0)),0),0))","v":0.54139999999999999},0.65208686071940958,52.17]
["18.12.1.19","COMPOSIÇÃO","COMP-4944 ",{"$f":"IF(B919=\"SINAPI\",IFERROR(INDEX(SINAPI!$B:$B,MATCH($C919,SINAPI!$A:$A,0)),\"\"),IF(B919=\"COMPOSIÇÃO\",IFERROR(INDEX(COMPOSIÇÃO!$C:$C,MATCH($C919,COMPOSIÇÃO!$A:$A,0)),\"\"),\"\"))","v":"PORCA ZINCADA SEXTAVADA DIAMETRO 5/16 "},{"$f":"IF(B919=\"SINAPI\",IFERROR(INDEX(SINAPI!$C:$C,MATCH($C919,SINAPI!$A:$A,0)),\"\"),IF(B919=\"COMPOSIÇÃO\",IFERROR(INDEX(COMPOSIÇÃO!$D:$D,MATCH($C919,COMPOSIÇÃO!$A:$A,0)),\"\"),\"\"))","v":"UN"},7,{"$f":"IF(B919=\"SINAPI\",IFERROR(INDEX(SINAPI!$D:$D,MATCH($C919,SINAPI!$A:$A,0)),0),IF(B919=\"COMPOSIÇÃO\",IFERROR(INDEX(COMPOSIÇÃO!$G:$G,MATCH($C919,COMPOSIÇÃO!$A:$A,0)),0),0))","v":0.92400000000000004},1.1129077563811127,7.79]
["18.12.1.20","COMPOSIÇÃO","COMP-22571 ",{"$f":"IF(B920=\"SINAPI\",IFERROR(INDEX(SINAPI!$B:$B,MATCH($C920,SINAPI!$A:$A,0)),\"\"),IF(B920=\"COMPOSIÇÃO\",IFERROR(INDEX(COMPOSIÇÃO!$C:$C,MATCH($C920,COMPOSIÇÃO!$A:$A,0)),\"\"),\"\"))","v":"PRESILHA DE LATÃO, L=20MM, PARA FIXAÇÃO DE CABOS COBRE, FURO D=7MM, PARA CABOS 35MM² A 50MM² "},{"$f":"IF(B920=\"SINAPI\",IFERROR(INDEX(SINAPI!$C:$C,MATCH($C920,SINAPI!$A:$A,0)),\"\"),IF(B920=\"COMPOSIÇÃO\",IFERROR(INDEX(COMPOSIÇÃO!$D:$D,MATCH($C920,COMPOSIÇÃO!$A:$A,0)),\"\"),\"\"))","v":"UN"},45,{"$f":"IF(B920=\"SINAPI\",IFERROR(INDEX(SINAPI!$D:$D,MATCH($C920,SINAPI!$A:$A,0)),0),IF(B920=\"COMPOSIÇÃO\",IFERROR(INDEX(COMPOSIÇÃO!$G:$G,MATCH($C920,COMPOSIÇÃO!$A:$A,0)),0),0))","v":2.0760000000000001},2.5004291149861366,112.52]
["18.13",null,null,"Instalação Hidrossanitária",null,null,null,null,{"$f":"SUM(I922:I947)","v":12506.809999999998}]
["18.13.1","COMPOSIÇÃO","COMP-176712",{"$f":"IF(B922=\"SINAPI\",IFERROR(INDEX(SINAPI!$B:$B,MATCH($C922,SINAPI!$A:$A,0)),\"\"),IF(B922=\"COMPOSIÇÃO\",IFERROR(INDEX(COMPOSIÇÃO!$C:$C,MATCH($C922,COMPOSIÇÃO!$A:$A,0)),\"\"),\"\"))","v":"TORNEIRA CROMADA PADRÃO MEDIO COM BICO PARA JARDIM 3/4\" - FORNECIMENTO E INSTALAÇÃO "},{"$f":"IF(B922=\"SINAPI\",IFERROR(INDEX(SINAPI!$C:$C,MATCH($C922,SINAPI!$A:$A,0)),\"\"),IF(B922=\"COMPOSIÇÃO\",IFERROR(INDEX(COMPOSIÇÃO!$D:$D,MATCH($C922,COMPOSIÇÃO!$A:$A,0)),\"\"),\"\"))","v":"UN"},1,{"$f":"IF(B922=\"SINAPI\",IFERROR(INDEX(SINAPI!$D:$D,MATCH($C922,SINAPI!$A:$A,0)),0),IF(B922=\"COMPOSIÇÃO\",IFERROR(INDEX(COMPOSIÇÃO!$G:$G,MATCH($C922,COMPOSIÇÃO!$A:$A,0)),0),0))","v":64.393500000000003},{"$f":"G922*(1+$I$10)","v":77.558469275462329},{"$f":"ROUND(F922*H922,2)","v":77.56}]
["18.13.2","COMPOSIÇÃO","COMP-959103",{"$f":"IF(B923=\"SINAPI\",IFERROR(INDEX(SINAPI!$B:$B,MATCH($C923,SINAPI!$A:$A,0)),\"\"),IF(B923=\"COMPOSIÇÃO\",IFERROR(INDEX(COMPOSIÇÃO!$C:$C,MATCH($C923,COMPOSIÇÃO!$A:$A,0)),\"\"),\"\"))","v":"FORNECIMENTO E INSTALAÇÃO DE CAIXA D´AGUA EM POLIETILENO, 250 LITROS, COM ACESSÓRIOS E BARRILETE"},{"$f":"IF(B923=\"SINAPI\",IFERROR(INDEX(SINAPI!$C:$C,MATCH($C923,SINAPI!$A:$A,0)),\"\"),IF(B923=\"COMPOSIÇÃO\",IFERROR(INDEX(COMPOSIÇÃO!$D:$D,MATCH($C923,COMPOSIÇÃO!$A:$A,0)),\"\"),\"\"))","v":"UN"},1,{"$f":"IF(B923=\"SINAPI\",IFERROR(INDEX(SINAPI!$D:$D,MATCH($C923,SINAPI!$A:$A,0)),0),IF(B923=\"COMPOSIÇÃO\",IFERROR(INDEX(COMPOSIÇÃO!$G:$G,MATCH($C923,COMPOSIÇÃO!$A:$A,0)),0),0))","v":646.36099999999999},778.50667783793551,778.51]
["18.13.3","SINAPI",90443,{"$f":"IF(B924=\"SINAPI\",IFERROR(INDEX(SINAPI!$B:$B,MATCH($C924,SINAPI!$A:$A,0)),\"\"),IF(B924=\"COMPOSIÇÃO\",IFERROR(INDEX(COMPOSIÇÃO!$C:$C,MATCH($C924,COMPOSIÇÃO!$A:$A,0)),\"\"),\"\"))","v":"RASGO EM ALVENARIA PARA RAMAIS/ DISTRIBUIÇÃO COM DIAMETROS MENORES OU IGUAIS A 40 MM. AF_05/2015"},{"$f":"IF(B924=\"SINAPI\",IFERROR(INDEX(SINAPI!$C:$C,MATCH($C924,SINAPI!$A:$A,0)),\"\"),IF(B924=\"COMPOSIÇÃO\",IFERROR(INDEX(COMPOSIÇÃO!$D:$D,MATCH($C924,COMPOSIÇÃO!$A:$A,0)),\"\"),\"\"))","v":"M"},24.14,{"$f":"IF(B924=\"SINAPI\",IFERROR(INDEX(SINAPI!$D:$D,MATCH($C924,SINAPI!$A:$A,0)),0),IF(B924=\"COMPOSIÇÃO\",IFERROR(INDEX(COMPOSIÇÃO!$G:$G,MATCH($C924,COMPOSIÇÃO!$A:$A,0)),0),0))","v":9.99},12.032411781652939,290.45999999999998]
["18.13.4","SINAPI",90466,{"$f":"IF(B925=\"SINAPI\",IFERROR(INDEX(SINAPI!$B:$B,MATCH($C925,SINAPI!$A:$A,0)),\"\"),IF(B925=\"COMPOSIÇÃO\",IFERROR(INDEX(COMPOSIÇÃO!$C:$C,MATCH($C925,COMPOSIÇÃO!$A:$A,0)),\"\"),\"\"))","v":"CHUMBAMENTO LINEAR EM ALVENARIA PARA RAMAIS/DISTRIBUIÇÃO COM DIÂMETROS MENORES OU IGUAIS A 40 MM. AF_05/2015"},{"$f":"IF(B925=\"SINAPI\",IFERROR(INDEX(SINAPI!$C:$C,MATCH($C925,SINAPI!$A:$A,0)),\"\"),IF(B925=\"COMPOSIÇÃO\",IFERROR(INDEX(COMPOSIÇÃO!$D:$D,MATCH($C925,COMPOSIÇÃO!$A:$A,0)),\"\"),\"\"))","v":"M"},24.14,{"$f":"IF(B925=\"SINAPI\",IFERROR(INDEX(SINAPI!$D:$D,MATCH($C925,SINAPI!$A:$A,0)),0),IF(B925=\"COMPOSIÇÃO\",IFERROR(INDEX(COMPOSIÇÃO!$G:$G,MATCH($C925,COMPOSIÇÃO!$A:$A,0)),0),0))","v":10.17},12.249211993934974,295.7]
["18.13.5","SINAPI",89356,{"$f":"IF(B926=\"SINAPI\",IFERROR(INDEX(SINAPI!$B:$B,MATCH($C926,SINAPI!$A:$A,0)),\"\"),IF(B926=\"COMPOSIÇÃO\",IFERROR(INDEX(COMPOSIÇÃO!$C:$C,MATCH($C926,COMPOSIÇÃO!$A:$A,0)),\"\"),\"\"))","v":"TUBO, PVC, SOLDÁVEL, DN 25MM, INSTALADO EM RAMAL OU SUB-RAMAL DE ÁGUA - FORNECIMENTO E INSTALAÇÃO. AF_12/2014"},{"$f":"IF(B926=\"SINAPI\",IFERROR(INDEX(SINAPI!$C:$C,MATCH($C926,SINAPI!$A:$A,0)),\"\"),IF(B926=\"COMPOSIÇÃO\",IFERROR(INDEX(COMPOSIÇÃO!$D:$D,MATCH($C926,COMPOSIÇÃO!$A:$A,0)),\"\"),\"\"))","v":"M"},24.14,{"$f":"IF(B926=\"SINAPI\",IFERROR(INDEX(SINAPI!$D:$D,MATCH($C926,SINAPI!$A:$A,0)),0),IF(B926=\"COMPOSIÇÃO\",IFERROR(INDEX(COMPOSIÇÃO!$G:$G,MATCH($C926,COMPOSIÇÃO!$A:$A,0)),0),0))","v":17.39},20.945309397692156,505.62]
["18.13.6","SINAPI",89357,{"$f":"IF(B927=\"SINAPI\",IFERROR(INDEX(SINAPI!$B:$B,MATCH($C927,SINAPI!$A:$A,0)),\"\"),IF(B927=\"COMPOSIÇÃO\",IFERROR(INDEX(COMPOSIÇÃO!$C:$C,MATCH($C927,COMPOSIÇÃO!$A:$A,0)),\"\"),\"\"))","v":"TUBO, PVC, SOLDÁVEL, DN 32MM, INSTALADO EM RAMAL OU SUB-RAMAL DE ÁGUA - FORNECIMENTO E INSTALAÇÃO. AF_12/2014"},{"$f":"IF(B927=\"SINAPI\",IFERROR(INDEX(SINAPI!$C:$C,MATCH($C927,SINAPI!$A:$A,0)),\"\"),IF(B927=\"COMPOSIÇÃO\",IFERROR(INDEX(COMPOSIÇÃO!$D:$D,MATCH($C927,COMPOSIÇÃO!$A:$A,0)),\"\"),\"\"))","v":"M"},2.8,{"$f":"IF(B927=\"SINAPI\",IFERROR(INDEX(SINAPI!$D:$D,MATCH($C927,SINAPI!$A:$A,0)),0),IF(B927=\"COMPOSIÇÃO\",IFERROR(INDEX(COMPOSIÇÃO!$G:$G,MATCH($C927,COMPOSIÇÃO!$A:$A,0)),0),0))","v":25.19},30.339985263247005,84.95]
["18.13.7","SINAPI",94495,{"$f":"IF(B928=\"SINAPI\",IFERROR(INDEX(SINAPI!$B:$B,MATCH($C928,SINAPI!$A:$A,0)),\"\"),IF(B928=\"COMPOSIÇÃO\",IFERROR(INDEX(COMPOSIÇÃO!$C:$C,MATCH($C928,COMPOSIÇÃO!$A:$A,0)),\"\"),\"\"))","v":"REGISTRO DE GAVETA BRUTO, LATÃO, ROSCÁVEL, 1\" - FORNECIMENTO E INSTALAÇÃO. AF_08/2021"},{"$f":"IF(B928=\"SINAPI\",IFERROR(INDEX(SINAPI!$C:$C,MATCH($C928,SINAPI!$A:$A,0)),\"\"),IF(B928=\"COMPOSIÇÃO\",IFERROR(INDEX(COMPOSIÇÃO!$D:$D,MATCH($C928,COMPOSIÇÃO!$A:$A,0)),\"\"),\"\"))","v":"UN"},1,{"$f":"IF(B928=\"SINAPI\",IFERROR(INDEX(SINAPI!$D:$D,MATCH($C928,SINAPI!$A:$A,0)),0),IF(B928=\"COMPOSIÇÃO\",IFERROR(INDEX(COMPOSIÇÃO!$G:$G,MATCH($C928,COMPOSIÇÃO!$A:$A,0)),0),0))","v":29.74},35.820212851487327,35.82]
["18.13.8","SINAPI",89987,{"$f":"IF(B929=\"SINAPI\",IFERROR(INDEX(SINAPI!$B:$B,MATCH($C929,SINAPI!$A:$A,0)),\"\"),IF(B929=\"COMPOSIÇÃO\",IFERROR(INDEX(COMPOSIÇÃO!$C:$C,MATCH($C929,COMPOSIÇÃO!$A:$A,0)),\"\"),\"\"))","v":"REGISTRO DE GAVETA BRUTO, LATÃO, ROSCÁVEL, 3/4\", COM ACABAMENTO E CANOPLA CROMADOS - FORNECIMENTO E INSTALAÇÃO. AF_08/2021"},{"$f":"IF(B929=\"SINAPI\",IFERROR(INDEX(SINAPI!$C:$C,MATCH($C929,SINAPI!$A:$A,0)),\"\"),IF(B929=\"COMPOSIÇÃO\",IFERROR(INDEX(COMPOSIÇÃO!$D:$D,MATCH($C929,COMPOSIÇÃO!$A:$A,0)),\"\"),\"\"))","v":"UN"},2,{"$f":"IF(B929=\"SINAPI\",IFERROR(INDEX(SINAPI!$D:$D,MATCH($C929,SINAPI!$A:$A,0)),0),IF(B929=\"COMPOSIÇÃO\",IFERROR(INDEX(COMPOSIÇÃO!$G:$G,MATCH($C929,COMPOSIÇÃO!$A:$A,0)),0),0))","v":45.52},54.826364794879062,109.65]
["18.13.9","SINAPI",90373,{"$f":"IF(B930=\"SINAPI\",IFERROR(INDEX(SINAPI!$B:$B,MATCH($C930,SINAPI!$A:$A,0)),\"\"),IF(B930=\"COMPOSIÇÃO\",IFERROR(INDEX(COMPOSIÇÃO!$C:$C,MATCH($C930,COMPOSIÇÃO!$A:$A,0)),\"\"),\"\"))","v":"JOELHO 90 GRAUS COM BUCHA DE LATÃO, PVC, SOLDÁVEL, DN 25MM, X 1/2\u0094 INSTALADO EM RAMAL OU SUB-RAMAL DE ÁGUA - FORNECIMENTO E INSTALAÇÃO. AF_12/2014"},{"$f":"IF(B930=\"SINAPI\",IFERROR(INDEX(SINAPI!$C:$C,MATCH($C930,SINAPI!$A:$A,0)),\"\"),IF(B930=\"COMPOSIÇÃO\",IFERROR(INDEX(COMPOSIÇÃO!$D:$D,MATCH($C930,COMPOSIÇÃO!$A:$A,0)),\"\"),\"\"))","v":"UN"},1,{"$f":"IF(B930=\"SINAPI\",IFERROR(INDEX(SINAPI!$D:$D,MATCH($C930,SINAPI!$A:$A,0)),0),IF(B930=\"COMPOSIÇÃO\",IFERROR(INDEX(COMPOSIÇÃO!$G:$G,MATCH($C930,COMPOSIÇÃO!$A:$A,0)),0),0))","v":12.99},15.645748653020188,15.65]
["18.13.10","SINAPI",89362,{"$f":"IF(B931=\"SINAPI\",IFERROR(INDEX(SINAPI!$B:$B,MATCH($C931,SINAPI!$A:$A,0)),\"\"),IF(B931=\"COMPOSIÇÃO\",IFERROR(INDEX(COMPOSIÇÃO!$C:$C,MATCH($C931,COMPOSIÇÃO!$A:$A,0)),\"\"),\"\"))","v":"JOELHO 90 GRAUS, PVC, SOLDÁVEL, DN 25MM, INSTALADO EM RAMAL OU SUB-RAMAL DE ÁGUA - FORNECIMENTO E INSTALAÇÃO. AF_12/2014"},{"$f":"IF(B931=\"SINAPI\",IFERROR(INDEX(SINAPI!$C:$C,MATCH($C931,SINAPI!$A:$A,0)),\"\"),IF(B931=\"COMPOSIÇÃO\",IFERROR(INDEX(COMPOSIÇÃO!$D:$D,MATCH($C931,COMPOSIÇÃO!$A:$A,0)),\"\"),\"\"))","v":"UN"},8,{"$f":"IF(B931=\"SINAPI\",IFERROR(INDEX(SINAPI!$D:$D,MATCH($C931,SINAPI!$A:$A,0)),0),IF(B931=\"COMPOSIÇÃO\",IFERROR(INDEX(COMPOSIÇÃO!$G:$G,MATCH($C931,COMPOSIÇÃO!$A:$A,0)),0),0))","v":7.22},8.6960974037571788,69.569999999999993]
["18.13.11","SINAPI",89492,{"$f":"IF(B932=\"SINAPI\",IFERROR(INDEX(SINAPI!$B:$B,MATCH($C932,SINAPI!$A:$A,0)),\"\"),IF(B932=\"COMPOSIÇÃO\",IFERROR(INDEX(COMPOSIÇÃO!$C:$C,MATCH($C932,COMPOSIÇÃO!$A:$A,0)),\"\"),\"\"))","v":"JOELHO 90 GRAUS, PVC, SOLDÁVEL, DN 32MM, INSTALADO EM PRUMADA DE ÁGUA - FORNECIMENTO E INSTALAÇÃO. AF_12/2014"},{"$f":"IF(B932=\"SINAPI\",IFERROR(INDEX(SINAPI!$C:$C,MATCH($C932,SINAPI!$A:$A,0)),\"\"),IF(B932=\"COMPOSIÇÃO\",IFERROR(INDEX(COMPOSIÇÃO!$D:$D,MATCH($C932,COMPOSIÇÃO!$A:$A,0)),\"\"),\"\"))","v":"UN"},1,{"$f":"IF(B932=\"SINAPI\",IFERROR(INDEX(SINAPI!$D:$D,MATCH($C932,SINAPI!$A:$A,0)),0),IF(B932=\"COMPOSIÇÃO\",IFERROR(INDEX(COMPOSIÇÃO!$G:$G,MATCH($C932,COMPOSIÇÃO!$A:$A,0)),0),0))","v":6.4},7.708451992250132,7.71]
["18.13.12","SINAPI",89538,{"$f":"IF(B933=\"SINAPI\",IFERROR(INDEX(SINAPI!$B:$B,MATCH($C933,SINAPI!$A:$A,0)),\"\"),IF(B933=\"COMPOSIÇÃO\",IFERROR(INDEX(COMPOSIÇÃO!$C:$C,MATCH($C933,COMPOSIÇÃO!$A:$A,0)),\"\"),\"\"))","v":"ADAPTADOR CURTO COM BOLSA E ROSCA PARA REGISTRO, PVC, SOLDÁVEL, DN 25MM X 3/4\u0094, INSTALADO EM PRUMADA DE ÁGUA - FORNECIMENTO E INSTALAÇÃO. AF_12/2014"},{"$f":"IF(B933=\"SINAPI\",IFERROR(INDEX(SINAPI!$C:$C,MATCH($C933,SINAPI!$A:$A,0)),\"\"),IF(B933=\"COMPOSIÇÃO\",IFERROR(INDEX(COMPOSIÇÃO!$D:$D,MATCH($C933,COMPOSIÇÃO!$A:$A,0)),\"\"),\"\"))","v":"UN"},2,{"$f":"IF(B933=\"SINAPI\",IFERROR(INDEX(SINAPI!$D:$D,MATCH($C933,SINAPI!$A:$A,0)),0),IF(B933=\"COMPOSIÇÃO\",IFERROR(INDEX(COMPOSIÇÃO!$G:$G,MATCH($C933,COMPOSIÇÃO!$A:$A,0)),0),0))","v":3.45},4.1553374020723366,8.31]
["18.13.13","SINAPI",89553,{"$f":"IF(B934=\"SINAPI\",IFERROR(INDEX(SINAPI!$B:$B,MATCH($C934,SINAPI!$A:$A,0)),\"\"),IF(B934=\"COMPOSIÇÃO\",IFERROR(INDEX(COMPOSIÇÃO!$C:$C,MATCH($C934,COMPOSIÇÃO!$A:$A,0)),\"\"),\"\"))","v":"ADAPTADOR CURTO COM BOLSA E ROSCA PARA REGISTRO, PVC, SOLDÁVEL, DN 32MM X 1\u0094, INSTALADO EM PRUMADA DE ÁGUA - FORNECIMENTO E INSTALAÇÃO. AF_12/2014"},{"$f":"IF(B934=\"SINAPI\",IFERROR(INDEX(SINAPI!$C:$C,MATCH($C934,SINAPI!$A:$A,0)),\"\"),IF(B934=\"COMPOSIÇÃO\",IFERROR(INDEX(COMPOSIÇÃO!$D:$D,MATCH($C934,COMPOSIÇÃO!$A:$A,0)),\"\"),\"\"))","v":"UN"},2,{"$f":"IF(B934=\"SINAPI\",IFERROR(INDEX(SINAPI!$D:$D,MATCH($C934,SINAPI!$A:$A,0)),0),IF(B934=\"COMPOSIÇÃO\",IFERROR(INDEX(COMPOSIÇÃO!$G:$G,MATCH($C934,COMPOSIÇÃO!$A:$A,0)),0),0))","v":5.16},6.2149394187516691,12.43]
["18.13.14","COMPOSIÇÃO","COMP-170812",{"$f":"IF(B935=\"SINAPI\",IFERROR(INDEX(SINAPI!$B:$B,MATCH($C935,SINAPI!$A:$A,0)),\"\"),IF(B935=\"COMPOSIÇÃO\",IFERROR(INDEX(COMPOSIÇÃO!$C:$C,MATCH($C935,COMPOSIÇÃO!$A:$A,0)),\"\"),\"\"))","v":"SUMIDOURO EM ALVENARIA DE TIJOLO CERAMICO MACIÇO DIAMETRO 1,40M E ALTURA 5,00M, COM TAMPA EM CONCRETO ARMADO DIAMETRO 1,60M E ESPESSURA 10CM "},{"$f":"IF(B935=\"SINAPI\",IFERROR(INDEX(SINAPI!$C:$C,MATCH($C935,SINAPI!$A:$A,0)),\"\"),IF(B935=\"COMPOSIÇÃO\",IFERROR(INDEX(COMPOSIÇÃO!$D:$D,MATCH($C935,COMPOSIÇÃO!$A:$A,0)),\"\"),\"\"))","v":"UN"},1,{"$f":"IF(B935=\"SINAPI\",IFERROR(INDEX(SINAPI!$D:$D,MATCH($C935,SINAPI!$A:$A,0)),0),IF(B935=\"COMPOSIÇÃO\",IFERROR(INDEX(COMPOSIÇÃO!$G:$G,MATCH($C935,COMPOSIÇÃO!$A:$A,0)),0),0))","v":1140.5856799999999},1373.7734308324953,1373.77]
["18.13.15","SINAPI",98066,{"$f":"IF(B936=\"SINAPI\",IFERROR(INDEX(SINAPI!$B:$B,MATCH($C936,SINAPI!$A:$A,0)),\"\"),IF(B936=\"COMPOSIÇÃO\",IFERROR(INDEX(COMPOSIÇÃO!$C:$C,MATCH($C936,COMPOSIÇÃO!$A:$A,0)),\"\"),\"\"))","v":"TANQUE SÉPTICO RETANGULAR, EM ALVENARIA COM TIJOLOS CERÂMICOS MACIÇOS, DIMENSÕES INTERNAS: 1,0 X 2,0 X 1,4 M, VOLUME ÚTIL: 2000 L (PARA 5 CONTRIBUINTES). AF_12/2020"},{"$f":"IF(B936=\"SINAPI\",IFERROR(INDEX(SINAPI!$C:$C,MATCH($C936,SINAPI!$A:$A,0)),\"\"),IF(B936=\"COMPOSIÇÃO\",IFERROR(INDEX(COMPOSIÇÃO!$D:$D,MATCH($C936,COMPOSIÇÃO!$A:$A,0)),\"\"),\"\"))","v":"UN"},1,{"$f":"IF(B936=\"SINAPI\",IFERROR(INDEX(SINAPI!$D:$D,MATCH($C936,SINAPI!$A:$A,0)),0),IF(B936=\"COMPOSIÇÃO\",IFERROR(INDEX(COMPOSIÇÃO!$G:$G,MATCH($C936,COMPOSIÇÃO!$A:$A,0)),0),0))","v":5021.1000000000004},6047.6419216073655,6047.64]
["18.13.16","SINAPI",97906,{"$f":"IF(B937=\"SINAPI\",IFERROR(INDEX(SINAPI!$B:$B,MATCH($C937,SINAPI!$A:$A,0)),\"\"),IF(B937=\"COMPOSIÇÃO\",IFERROR(INDEX(COMPOSIÇÃO!$C:$C,MATCH($C937,COMPOSIÇÃO!$A:$A,0)),\"\"),\"\"))","v":"CAIXA ENTERRADA HIDRÁULICA RETANGULAR, EM ALVENARIA COM BLOCOS DE CONCRETO, DIMENSÕES INTERNAS: 0,6X0,6X0,6 M PARA REDE DE ESGOTO. AF_12/2020"},{"$f":"IF(B937=\"SINAPI\",IFERROR(INDEX(SINAPI!$C:$C,MATCH($C937,SINAPI!$A:$A,0)),\"\"),IF(B937=\"COMPOSIÇÃO\",IFERROR(INDEX(COMPOSIÇÃO!$D:$D,MATCH($C937,COMPOSIÇÃO!$A:$A,0)),\"\"),\"\"))","v":"UN"},1,{"$f":"IF(B937=\"SINAPI\",IFERROR(INDEX(SINAPI!$D:$D,MATCH($C937,SINAPI!$A:$A,0)),0),IF(B937=\"COMPOSIÇÃO\",IFERROR(INDEX(COMPOSIÇÃO!$G:$G,MATCH($C937,COMPOSIÇÃO!$A:$A,0)),0),0))","v":368.31},443.60936769775719,443.61]
["18.13.17","SINAPI",89707,{"$f":"IF(B938=\"SINAPI\",IFERROR(INDEX(SINAPI!$B:$B,MATCH($C938,SINAPI!$A:$A,0)),\"\"),IF(B938=\"COMPOSIÇÃO\",IFERROR(INDEX(COMPOSIÇÃO!$C:$C,MATCH($C938,COMPOSIÇÃO!$A:$A,0)),\"\"),\"\"))","v":"CAIXA SIFONADA, PVC, DN 100 X 100 X 50 MM, JUNTA ELÁSTICA, FORNECIDA E INSTALADA EM RAMAL DE DESCARGA OU EM RAMAL DE ESGOTO SANITÁRIO. AF_12/2014"},{"$f":"IF(B938=\"SINAPI\",IFERROR(INDEX(SINAPI!$C:$C,MATCH($C938,SINAPI!$A:$A,0)),\"\"),IF(B938=\"COMPOSIÇÃO\",IFERROR(INDEX(COMPOSIÇÃO!$D:$D,MATCH($C938,COMPOSIÇÃO!$A:$A,0)),\"\"),\"\"))","v":"UN"},1,{"$f":"IF(B938=\"SINAPI\",IFERROR(INDEX(SINAPI!$D:$D,MATCH($C938,SINAPI!$A:$A,0)),0),IF(B938=\"COMPOSIÇÃO\",IFERROR(INDEX(COMPOSIÇÃO!$G:$G,MATCH($C938,COMPOSIÇÃO!$A:$A,0)),0),0))","v":38.03},45.805067072698833,45.81]
["18.13.18","SINAPI",89728,{"$f":"IF(B939=\"SINAPI\",IFERROR(INDEX(SINAPI!$B:$B,MATCH($C939,SINAPI!$A:$A,0)),\"\"),IF(B939=\"COMPOSIÇÃO\",IFERROR(INDEX(COMPOSIÇÃO!$C:$C,MATCH($C939,COMPOSIÇÃO!$A:$A,0)),\"\"),\"\"))","v":"CURVA CURTA 90 GRAUS, PVC, SERIE NORMAL, ESGOTO PREDIAL, DN 40 MM, JUNTA SOLDÁVEL, FORNECIDO E INSTALADO EM RAMAL DE DESCARGA OU RAMAL DE ESGOTO SANITÁRIO. AF_12/2014"},{"$f":"IF(B939=\"SINAPI\",IFERROR(INDEX(SINAPI!$C:$C,MATCH($C939,SINAPI!$A:$A,0)),\"\"),IF(B939=\"COMPOSIÇÃO\",IFERROR(INDEX(COMPOSIÇÃO!$D:$D,MATCH($C939,COMPOSIÇÃO!$A:$A,0)),\"\"),\"\"))","v":"UN"},1,{"$f":"IF(B939=\"SINAPI\",IFERROR(INDEX(SINAPI!$D:$D,MATCH($C939,SINAPI!$A:$A,0)),0),IF(B939=\"COMPOSIÇÃO\",IFERROR(INDEX(COMPOSIÇÃO!$G:$G,MATCH($C939,COMPOSIÇÃO!$A:$A,0)),0),0))","v":9.74},11.731300375705668,11.73]
["18.13.19","SINAPI",89584,{"$f":"IF(B940=\"SINAPI\",IFERROR(INDEX(SINAPI!$B:$B,MATCH($C940,SINAPI!$A:$A,0)),\"\"),IF(B940=\"COMPOSIÇÃO\",IFERROR(INDEX(COMPOSIÇÃO!$C:$C,MATCH($C940,COMPOSIÇÃO!$A:$A,0)),\"\"),\"\"))","v":"JOELHO 90 GRAUS, PVC, SERIE R, ÁGUA PLUVIAL, DN 100 MM, JUNTA ELÁSTICA, FORNECIDO E INSTALADO EM CONDUTORES VERTICAIS DE ÁGUAS PLUVIAIS. AF_12/2014"},{"$f":"IF(B940=\"SINAPI\",IFERROR(INDEX(SINAPI!$C:$C,MATCH($C940,SINAPI!$A:$A,0)),\"\"),IF(B940=\"COMPOSIÇÃO\",IFERROR(INDEX(COMPOSIÇÃO!$D:$D,MATCH($C940,COMPOSIÇÃO!$A:$A,0)),\"\"),\"\"))","v":"UN"},2,{"$f":"IF(B940=\"SINAPI\",IFERROR(INDEX(SINAPI!$D:$D,MATCH($C940,SINAPI!$A:$A,0)),0),IF(B940=\"COMPOSIÇÃO\",IFERROR(INDEX(COMPOSIÇÃO!$G:$G,MATCH($C940,COMPOSIÇÃO!$A:$A,0)),0),0))","v":41.79},50.333782618145783,100.67]
["18.13.20","SINAPI",89581,{"$f":"IF(B941=\"SINAPI\",IFERROR(INDEX(SINAPI!$B:$B,MATCH($C941,SINAPI!$A:$A,0)),\"\"),IF(B941=\"COMPOSIÇÃO\",IFERROR(INDEX(COMPOSIÇÃO!$C:$C,MATCH($C941,COMPOSIÇÃO!$A:$A,0)),\"\"),\"\"))","v":"JOELHO 90 GRAUS, PVC, SERIE R, ÁGUA PLUVIAL, DN 75 MM, JUNTA ELÁSTICA, FORNECIDO E INSTALADO EM CONDUTORES VERTICAIS DE ÁGUAS PLUVIAIS. AF_12/2014"},{"$f":"IF(B941=\"SINAPI\",IFERROR(INDEX(SINAPI!$C:$C,MATCH($C941,SINAPI!$A:$A,0)),\"\"),IF(B941=\"COMPOSIÇÃO\",IFERROR(INDEX(COMPOSIÇÃO!$D:$D,MATCH($C941,COMPOSIÇÃO!$A:$A,0)),\"\"),\"\"))","v":"UN"},4,{"$f":"IF(B941=\"SINAPI\",IFERROR(INDEX(SINAPI!$D:$D,MATCH($C941,SINAPI!$A:$A,0)),0),IF(B941=\"COMPOSIÇÃO\",IFERROR(INDEX(COMPOSIÇÃO!$G:$G,MATCH($C941,COMPOSIÇÃO!$A:$A,0)),0),0))","v":28.06},33.796744203521669,135.19]
["18.13.21","SINAPI",89516,{"$f":"IF(B942=\"SINAPI\",IFERROR(INDEX(SINAPI!$B:$B,MATCH($C942,SINAPI!$A:$A,0)),\"\"),IF(B942=\"COMPOSIÇÃO\",IFERROR(INDEX(COMPOSIÇÃO!$C:$C,MATCH($C942,COMPOSIÇÃO!$A:$A,0)),\"\"),\"\"))","v":"JOELHO 45 GRAUS, PVC, SERIE R, ÁGUA PLUVIAL, DN 40 MM, JUNTA SOLDÁVEL, FORNECIDO E INSTALADO EM RAMAL DE ENCAMINHAMENTO. AF_12/2014"},{"$f":"IF(B942=\"SINAPI\",IFERROR(INDEX(SINAPI!$C:$C,MATCH($C942,SINAPI!$A:$A,0)),\"\"),IF(B942=\"COMPOSIÇÃO\",IFERROR(INDEX(COMPOSIÇÃO!$D:$D,MATCH($C942,COMPOSIÇÃO!$A:$A,0)),\"\"),\"\"))","v":"UN"},1,{"$f":"IF(B942=\"SINAPI\",IFERROR(INDEX(SINAPI!$D:$D,MATCH($C942,SINAPI!$A:$A,0)),0),IF(B942=\"COMPOSIÇÃO\",IFERROR(INDEX(COMPOSIÇÃO!$G:$G,MATCH($C942,COMPOSIÇÃO!$A:$A,0)),0),0))","v":8.2899999999999991},9.9848542212114975,9.98]
["18.13.22","SINAPI",93350,{"$f":"IF(B943=\"SINAPI\",IFERROR(INDEX(SINAPI!$B:$B,MATCH($C943,SINAPI!$A:$A,0)),\"\"),IF(B943=\"COMPOSIÇÃO\",IFERROR(INDEX(COMPOSIÇÃO!$C:$C,MATCH($C943,COMPOSIÇÃO!$A:$A,0)),\"\"),\"\"))","v":"COLETOR PREDIAL DE ESGOTO, DA CAIXA ATÉ A REDE (DISTÂNCIA = 10 M, LARGURA DA VALA = 0,65 M), INCLUINDO ESCAVAÇÃO MANUAL, PREPARO DE FUNDO DE VALA E REATERRO MANUAL COM COMPACTAÇÃO MECANIZADA, TUBO PVC P/ REDE COLETORA ESGOTO JEI DN 100 MM E CONEXÕES - FORNECIMENTO E INSTALAÇÃO. AF_03/2016"},{"$f":"IF(B943=\"SINAPI\",IFERROR(INDEX(SINAPI!$C:$C,MATCH($C943,SINAPI!$A:$A,0)),\"\"),IF(B943=\"COMPOSIÇÃO\",IFERROR(INDEX(COMPOSIÇÃO!$D:$D,MATCH($C943,COMPOSIÇÃO!$A:$A,0)),\"\"),\"\"))","v":"UN"},1,{"$f":"IF(B943=\"SINAPI\",IFERROR(INDEX(SINAPI!$D:$D,MATCH($C943,SINAPI!$A:$A,0)),0),IF(B943=\"COMPOSIÇÃO\",IFERROR(INDEX(COMPOSIÇÃO!$G:$G,MATCH($C943,COMPOSIÇÃO!$A:$A,0)),0),0))","v":998.73},1202.9159778468709,1202.92]
["18.13.23","SINAPI",89711,{"$f":"IF(B944=\"SINAPI\",IFERROR(INDEX(SINAPI!$B:$B,MATCH($C944,SINAPI!$A:$A,0)),\"\"),IF(B944=\"COMPOSIÇÃO\",IFERROR(INDEX(COMPOSIÇÃO!$C:$C,MATCH($C944,COMPOSIÇÃO!$A:$A,0)),\"\"),\"\"))","v":"TUBO PVC, SERIE NORMAL, ESGOTO PREDIAL, DN 40 MM, FORNECIDO E INSTALADO EM RAMAL DE DESCARGA OU RAMAL DE ESGOTO SANITÁRIO. AF_12/2014"},{"$f":"IF(B944=\"SINAPI\",IFERROR(INDEX(SINAPI!$C:$C,MATCH($C944,SINAPI!$A:$A,0)),\"\"),IF(B944=\"COMPOSIÇÃO\",IFERROR(INDEX(COMPOSIÇÃO!$D:$D,MATCH($C944,COMPOSIÇÃO!$A:$A,0)),\"\"),\"\"))","v":"M"},1,{"$f":"IF(B944=\"SINAPI\",IFERROR(INDEX(SINAPI!$D:$D,MATCH($C944,SINAPI!$A:$A,0)),0),IF(B944=\"COMPOSIÇÃO\",IFERROR(INDEX(COMPOSIÇÃO!$G:$G,MATCH($C944,COMPOSIÇÃO!$A:$A,0)),0),0))","v":16.3},19.632463667762053,19.63]
["18.13.24","SINAPI",89712,{"$f":"IF(B945=\"SINAPI\",IFERROR(INDEX(SINAPI!$B:$B,MATCH($C945,SINAPI!$A:$A,0)),\"\"),IF(B945=\"COMPOSIÇÃO\",IFERROR(INDEX(COMPOSIÇÃO!$C:$C,MATCH($C945,COMPOSIÇÃO!$A:$A,0)),\"\"),\"\"))","v":"TUBO PVC, SERIE NORMAL, ESGOTO PREDIAL, DN 50 MM, FORNECIDO E INSTALADO EM RAMAL DE DESCARGA OU RAMAL DE ESGOTO SANITÁRIO. AF_12/2014"},{"$f":"IF(B945=\"SINAPI\",IFERROR(INDEX(SINAPI!$C:$C,MATCH($C945,SINAPI!$A:$A,0)),\"\"),IF(B945=\"COMPOSIÇÃO\",IFERROR(INDEX(COMPOSIÇÃO!$D:$D,MATCH($C945,COMPOSIÇÃO!$A:$A,0)),\"\"),\"\"))","v":"M"},2.5,{"$f":"IF(B945=\"SINAPI\",IFERROR(INDEX(SINAPI!$D:$D,MATCH($C945,SINAPI!$A:$A,0)),0),IF(B945=\"COMPOSIÇÃO\",IFERROR(INDEX(COMPOSIÇÃO!$G:$G,MATCH($C945,COMPOSIÇÃO!$A:$A,0)),0),0))","v":25.12},30.255674069581769,75.64]
["18.13.25","SINAPI",89713,{"$f":"IF(B946=\"SINAPI\",IFERROR(INDEX(SINAPI!$B:$B,MATCH($C946,SINAPI!$A:$A,0)),\"\"),IF(B946=\"COMPOSIÇÃO\",IFERROR(INDEX(COMPOSIÇÃO!$C:$C,MATCH($C946,COMPOSIÇÃO!$A:$A,0)),\"\"),\"\"))","v":"TUBO PVC, SERIE NORMAL, ESGOTO PREDIAL, DN 75 MM, FORNECIDO E INSTALADO EM RAMAL DE DESCARGA OU RAMAL DE ESGOTO SANITÁRIO. AF_12/2014"},{"$f":"IF(B946=\"SINAPI\",IFERROR(INDEX(SINAPI!$C:$C,MATCH($C946,SINAPI!$A:$A,0)),\"\"),IF(B946=\"COMPOSIÇÃO\",IFERROR(INDEX(COMPOSIÇÃO!$D:$D,MATCH($C946,COMPOSIÇÃO!$A:$A,0)),\"\"),\"\"))","v":"M"},13.6,{"$f":"IF(B946=\"SINAPI\",IFERROR(INDEX(SINAPI!$D:$D,MATCH($C946,SINAPI!$A:$A,0)),0),IF(B946=\"COMPOSIÇÃO\",IFERROR(INDEX(COMPOSIÇÃO!$G:$G,MATCH($C946,COMPOSIÇÃO!$A:$A,0)),0),0))","v":38.479999999999997},46.347067603403914,630.32000000000005]
["18.13.26","COMPOSIÇÃO","COMP-814241",{"$f":"IF(B947=\"SINAPI\",IFERROR(INDEX(SINAPI!$B:$B,MATCH($C947,SINAPI!$A:$A,0)),\"\"),IF(B947=\"COMPOSIÇÃO\",IFERROR(INDEX(COMPOSIÇÃO!$C:$C,MATCH($C947,COMPOSIÇÃO!$A:$A,0)),\"\"),\"\"))","v":"RALO FOFO SEMIESFERICO, 75 MM, PARA LAJES/ CALHAS - AGUAS PLUVIAIS "},{"$f":"IF(B947=\"SINAPI\",IFERROR(INDEX(SINAPI!$C:$C,MATCH($C947,SINAPI!$A:$A,0)),\"\"),IF(B947=\"COMPOSIÇÃO\",IFERROR(INDEX(COMPOSIÇÃO!$D:$D,MATCH($C947,COMPOSIÇÃO!$A:$A,0)),\"\"),\"\"))","v":"UN"},2,{"$f":"IF(B947=\"SINAPI\",IFERROR(INDEX(SINAPI!$D:$D,MATCH($C947,SINAPI!$A:$A,0)),0),IF(B947=\"COMPOSIÇÃO\",IFERROR(INDEX(COMPOSIÇÃO!$G:$G,MATCH($C947,COMPOSIÇÃO!$A:$A,0)),0),0))","v":48.97},58.981702196951396,117.96]
["18.14",null,null,"Acessórios, Louças e Metais",null,null,null,null,{"$f":"SUM(I949:I955)","v":1376.9199999999998}]
["18.14.1","SINAPI",86931,{"$f":"IF(B949=\"SINAPI\",IFERROR(INDEX(SINAPI!$B:$B,MATCH($C949,SINAPI!$A:$A,0)),\"\"),IF(B949=\"COMPOSIÇÃO\",IFERROR(INDEX(COMPOSIÇÃO!$C:$C,MATCH($C949,COMPOSIÇÃO!$A:$A,0)),\"\"),\"\"))","v":"VASO SANITÁRIO SIFONADO COM CAIXA ACOPLADA LOUÇA BRANCA, INCLUSO ENGATE FLEXÍVEL EM PLÁSTICO BRANCO, 1/2  X 40CM - FORNECIMENTO E INSTALAÇÃO. AF_01/2020"},{"$f":"IF(B949=\"SINAPI\",IFERROR(INDEX(SINAPI!$C:$C,MATCH($C949,SINAPI!$A:$A,0)),\"\"),IF(B949=\"COMPOSIÇÃO\",IFERROR(INDEX(COMPOSIÇÃO!$D:$D,MATCH($C949,COMPOSIÇÃO!$A:$A,0)),\"\"),\"\"))","v":"UN"},1,{"$f":"IF(B949=\"SINAPI\",IFERROR(INDEX(SINAPI!$D:$D,MATCH($C949,SINAPI!$A:$A,0)),0),IF(B949=\"COMPOSIÇÃO\",IFERROR(INDEX(COMPOSIÇÃO!$G:$G,MATCH($C949,COMPOSIÇÃO!$A:$A,0)),0),0))","v":394.84},{"$f":"G949*(1+$I$10)","v":475.56331009688154},{"$f":"ROUND(F949*H949,2)","v":475.56}]
["18.14.2","SINAPI",86903,{"$f":"IF(B950=\"SINAPI\",IFERROR(INDEX(SINAPI!$B:$B,MATCH($C950,SINAPI!$A:$A,0)),\"\"),IF(B950=\"COMPOSIÇÃO\",IFERROR(INDEX(COMPOSIÇÃO!$C:$C,MATCH($C950,COMPOSIÇÃO!$A:$A,0)),\"\"),\"\"))","v":"LAVATÓRIO LOUÇA BRANCA COM COLUNA, 45 X 55CM OU EQUIVALENTE, PADRÃO MÉDIO - FORNECIMENTO E INSTALAÇÃO. AF_01/2020"},{"$f":"IF(B950=\"SINAPI\",IFERROR(INDEX(SINAPI!$C:$C,MATCH($C950,SINAPI!$A:$A,0)),\"\"),IF(B950=\"COMPOSIÇÃO\",IFERROR(INDEX(COMPOSIÇÃO!$D:$D,MATCH($C950,COMPOSIÇÃO!$A:$A,0)),\"\"),\"\"))","v":"UN"},1,{"$f":"IF(B950=\"SINAPI\",IFERROR(INDEX(SINAPI!$D:$D,MATCH($C950,SINAPI!$A:$A,0)),0),IF(B950=\"COMPOSIÇÃO\",IFERROR(INDEX(COMPOSIÇÃO!$G:$G,MATCH($C950,COMPOSIÇÃO!$A:$A,0)),0),0))","v":267.52},322.21329327605548,322.20999999999998]
["18.14.3","SINAPI",86877,{"$f":"IF(B951=\"SINAPI\",IFERROR(INDEX(SINAPI!$B:$B,MATCH($C951,SINAPI!$A:$A,0)),\"\"),IF(B951=\"COMPOSIÇÃO\",IFERROR(INDEX(COMPOSIÇÃO!$C:$C,MATCH($C951,COMPOSIÇÃO!$A:$A,0)),\"\"),\"\"))","v":"VÁLVULA EM METAL CROMADO 1.1/2\u0094 X 1.1/2\u0094 PARA TANQUE OU LAVATÓRIO, COM OU SEM LADRÃO - FORNECIMENTO E INSTALAÇÃO. AF_01/2020"},{"$f":"IF(B951=\"SINAPI\",IFERROR(INDEX(SINAPI!$C:$C,MATCH($C951,SINAPI!$A:$A,0)),\"\"),IF(B951=\"COMPOSIÇÃO\",IFERROR(INDEX(COMPOSIÇÃO!$D:$D,MATCH($C951,COMPOSIÇÃO!$A:$A,0)),\"\"),\"\"))","v":"UN"},1,{"$f":"IF(B951=\"SINAPI\",IFERROR(INDEX(SINAPI!$D:$D,MATCH($C951,SINAPI!$A:$A,0)),0),IF(B951=\"COMPOSIÇÃO\",IFERROR(INDEX(COMPOSIÇÃO!$G:$G,MATCH($C951,COMPOSIÇÃO!$A:$A,0)),0),0))","v":28.05},33.784699747283781,33.78]
["18.14.4","SINAPI",86881,{"$f":"IF(B952=\"SINAPI\",IFERROR(INDEX(SINAPI!$B:$B,MATCH($C952,SINAPI!$A:$A,0)),\"\"),IF(B952=\"COMPOSIÇÃO\",IFERROR(INDEX(COMPOSIÇÃO!$C:$C,MATCH($C952,COMPOSIÇÃO!$A:$A,0)),\"\"),\"\"))","v":"SIFÃO DO TIPO GARRAFA EM METAL CROMADO 1 X 1.1/2\u0094 - FORNECIMENTO E INSTALAÇÃO. AF_01/2020"},{"$f":"IF(B952=\"SINAPI\",IFERROR(INDEX(SINAPI!$C:$C,MATCH($C952,SINAPI!$A:$A,0)),\"\"),IF(B952=\"COMPOSIÇÃO\",IFERROR(INDEX(COMPOSIÇÃO!$D:$D,MATCH($C952,COMPOSIÇÃO!$A:$A,0)),\"\"),\"\"))","v":"UN"},1,{"$f":"IF(B952=\"SINAPI\",IFERROR(INDEX(SINAPI!$D:$D,MATCH($C952,SINAPI!$A:$A,0)),0),IF(B952=\"COMPOSIÇÃO\",IFERROR(INDEX(COMPOSIÇÃO!$G:$G,MATCH($C952,COMPOSIÇÃO!$A:$A,0)),0),0))","v":148.24},178.54701927049368,178.55]
["18.14.5","SINAPI",86884,{"$f":"IF(B953=\"SINAPI\",IFERROR(INDEX(SINAPI!$B:$B,MATCH($C953,SINAPI!$A:$A,0)),\"\"),IF(B953=\"COMPOSIÇÃO\",IFERROR(INDEX(COMPOSIÇÃO!$C:$C,MATCH($C953,COMPOSIÇÃO!$A:$A,0)),\"\"),\"\"))","v":"ENGATE FLEXÍVEL EM PLÁSTICO BRANCO, 1/2\u0094 X 30CM - FORNECIMENTO E INSTALAÇÃO. AF_01/2020"},{"$f":"IF(B953=\"SINAPI\",IFERROR(INDEX(SINAPI!$C:$C,MATCH($C953,SINAPI!$A:$A,0)),\"\"),IF(B953=\"COMPOSIÇÃO\",IFERROR(INDEX(COMPOSIÇÃO!$D:$D,MATCH($C953,COMPOSIÇÃO!$A:$A,0)),\"\"),\"\"))","v":"UN"},1,{"$f":"IF(B953=\"SINAPI\",IFERROR(INDEX(SINAPI!$D:$D,MATCH($C953,SINAPI!$A:$A,0)),0),IF(B953=\"COMPOSIÇÃO\",IFERROR(INDEX(COMPOSIÇÃO!$G:$G,MATCH($C953,COMPOSIÇÃO!$A:$A,0)),0),0))","v":7.88},9.4910315154579745,9.49]
["18.14.6","ORSE",11232,"Torneira cromada de mesa para lavatório temporizada bica baixa","UN",1,182.9,220.29310459102331,220.29]
["18.14.7","COMPOSIÇÃO","COMP-985057",{"$f":"IF(B955=\"SINAPI\",IFERROR(INDEX(SINAPI!$B:$B,MATCH($C955,SINAPI!$A:$A,0)),\"\"),IF(B955=\"COMPOSIÇÃO\",IFERROR(INDEX(COMPOSIÇÃO!$C:$C,MATCH($C955,COMPOSIÇÃO!$A:$A,0)),\"\"),\"\"))","v":"DUCHA HIGIENICA PLASTICA COM REGISTRO METALICO 1/2 \" - FORNECIMENTO E INSTALAÇÃO"},{"$f":"IF(B955=\"SINAPI\",IFERROR(INDEX(SINAPI!$C:$C,MATCH($C955,SINAPI!$A:$A,0)),\"\"),IF(B955=\"COMPOSIÇÃO\",IFERROR(INDEX(COMPOSIÇÃO!$D:$D,MATCH($C955,COMPOSIÇÃO!$A:$A,0)),\"\"),\"\"))","v":"UN"},1,{"$f":"IF(B955=\"SINAPI\",IFERROR(INDEX(SINAPI!$D:$D,MATCH($C955,SINAPI!$A:$A,0)),0),IF(B955=\"COMPOSIÇÃO\",IFERROR(INDEX(COMPOSIÇÃO!$G:$G,MATCH($C955,COMPOSIÇÃO!$A:$A,0)),0),0))","v":113.77499999999999},137.03580084660291,137.04]
["18.15",null,null,"Climatização",null,null,null,null,{"$f":"SUM(I957:I963)","v":341.44}]
["18.15.1","SINAPI",89364,{"$f":"IF(B957=\"SINAPI\",IFERROR(INDEX(SINAPI!$B:$B,MATCH($C957,SINAPI!$A:$A,0)),\"\"),IF(B957=\"COMPOSIÇÃO\",IFERROR(INDEX(COMPOSIÇÃO!$C:$C,MATCH($C957,COMPOSIÇÃO!$A:$A,0)),\"\"),\"\"))","v":"CURVA 90 GRAUS, PVC, SOLDÁVEL, DN 25MM, INSTALADO EM RAMAL OU SUB-RAMAL DE ÁGUA - FORNECIMENTO E INSTALAÇÃO. AF_12/2014"},{"$f":"IF(B957=\"SINAPI\",IFERROR(INDEX(SINAPI!$C:$C,MATCH($C957,SINAPI!$A:$A,0)),\"\"),IF(B957=\"COMPOSIÇÃO\",IFERROR(INDEX(COMPOSIÇÃO!$D:$D,MATCH($C957,COMPOSIÇÃO!$A:$A,0)),\"\"),\"\"))","v":"UN"},4,{"$f":"IF(B957=\"SINAPI\",IFERROR(INDEX(SINAPI!$D:$D,MATCH($C957,SINAPI!$A:$A,0)),0),IF(B957=\"COMPOSIÇÃO\",IFERROR(INDEX(COMPOSIÇÃO!$G:$G,MATCH($C957,COMPOSIÇÃO!$A:$A,0)),0),0))","v":9.73},{"$f":"G957*(1+$I$10)","v":11.719255919467779},{"$f":"ROUND(F957*H957,2)","v":46.88}]
["18.15.2","COMPOSIÇÃO","COMP-373231",{"$f":"IF(B958=\"SINAPI\",IFERROR(INDEX(SINAPI!$B:$B,MATCH($C958,SINAPI!$A:$A,0)),\"\"),IF(B958=\"COMPOSIÇÃO\",IFERROR(INDEX(COMPOSIÇÃO!$C:$C,MATCH($C958,COMPOSIÇÃO!$A:$A,0)),\"\"),\"\"))","v":"FITA ADESIVA ALUMINIZADA"},{"$f":"IF(B958=\"SINAPI\",IFERROR(INDEX(SINAPI!$C:$C,MATCH($C958,SINAPI!$A:$A,0)),\"\"),IF(B958=\"COMPOSIÇÃO\",IFERROR(INDEX(COMPOSIÇÃO!$D:$D,MATCH($C958,COMPOSIÇÃO!$A:$A,0)),\"\"),\"\"))","v":"R"},1,{"$f":"IF(B958=\"SINAPI\",IFERROR(INDEX(SINAPI!$D:$D,MATCH($C958,SINAPI!$A:$A,0)),0),IF(B958=\"COMPOSIÇÃO\",IFERROR(INDEX(COMPOSIÇÃO!$G:$G,MATCH($C958,COMPOSIÇÃO!$A:$A,0)),0),0))","v":3.1325000000000003},3.772925916519303,3.77]
["18.15.3","COMPOSIÇÃO","COMP-079108",{"$f":"IF(B959=\"SINAPI\",IFERROR(INDEX(SINAPI!$B:$B,MATCH($C959,SINAPI!$A:$A,0)),\"\"),IF(B959=\"COMPOSIÇÃO\",IFERROR(INDEX(COMPOSIÇÃO!$C:$C,MATCH($C959,COMPOSIÇÃO!$A:$A,0)),\"\"),\"\"))","v":"TUBO DE ESPUMA ELASTOMÉRICA 3/8\" "},{"$f":"IF(B959=\"SINAPI\",IFERROR(INDEX(SINAPI!$C:$C,MATCH($C959,SINAPI!$A:$A,0)),\"\"),IF(B959=\"COMPOSIÇÃO\",IFERROR(INDEX(COMPOSIÇÃO!$D:$D,MATCH($C959,COMPOSIÇÃO!$A:$A,0)),\"\"),\"\"))","v":"M"},2,{"$f":"IF(B959=\"SINAPI\",IFERROR(INDEX(SINAPI!$D:$D,MATCH($C959,SINAPI!$A:$A,0)),0),IF(B959=\"COMPOSIÇÃO\",IFERROR(INDEX(COMPOSIÇÃO!$G:$G,MATCH($C959,COMPOSIÇÃO!$A:$A,0)),0),0))","v":3.5449999999999999},4.2697597363322997,8.5399999999999991]
["18.15.4","COMPOSIÇÃO","COMP-0148 ",{"$f":"IF(B960=\"SINAPI\",IFERROR(INDEX(SINAPI!$B:$B,MATCH($C960,SINAPI!$A:$A,0)),\"\"),IF(B960=\"COMPOSIÇÃO\",IFERROR(INDEX(COMPOSIÇÃO!$C:$C,MATCH($C960,COMPOSIÇÃO!$A:$A,0)),\"\"),\"\"))","v":"TUBO DE ESPUMA ELASTOMÉRICA 1/4\" "},{"$f":"IF(B960=\"SINAPI\",IFERROR(INDEX(SINAPI!$C:$C,MATCH($C960,SINAPI!$A:$A,0)),\"\"),IF(B960=\"COMPOSIÇÃO\",IFERROR(INDEX(COMPOSIÇÃO!$D:$D,MATCH($C960,COMPOSIÇÃO!$A:$A,0)),\"\"),\"\"))","v":"M"},2,{"$f":"IF(B960=\"SINAPI\",IFERROR(INDEX(SINAPI!$D:$D,MATCH($C960,SINAPI!$A:$A,0)),0),IF(B960=\"COMPOSIÇÃO\",IFERROR(INDEX(COMPOSIÇÃO!$G:$G,MATCH($C960,COMPOSIÇÃO!$A:$A,0)),0),0))","v":3.2090000000000005},3.865066006739168,7.73]
["18.15.5","COMPOSIÇÃO","COMP-9398 ",{"$f":"IF(B961=\"SINAPI\",IFERROR(INDEX(SINAPI!$B:$B,MATCH($C961,SINAPI!$A:$A,0)),\"\"),IF(B961=\"COMPOSIÇÃO\",IFERROR(INDEX(COMPOSIÇÃO!$C:$C,MATCH($C961,COMPOSIÇÃO!$A:$A,0)),\"\"),\"\"))","v":"TUBO DE COBRE 3/8\" "},{"$f":"IF(B961=\"SINAPI\",IFERROR(INDEX(SINAPI!$C:$C,MATCH($C961,SINAPI!$A:$A,0)),\"\"),IF(B961=\"COMPOSIÇÃO\",IFERROR(INDEX(COMPOSIÇÃO!$D:$D,MATCH($C961,COMPOSIÇÃO!$A:$A,0)),\"\"),\"\"))","v":"M"},2,{"$f":"IF(B961=\"SINAPI\",IFERROR(INDEX(SINAPI!$D:$D,MATCH($C961,SINAPI!$A:$A,0)),0),IF(B961=\"COMPOSIÇÃO\",IFERROR(INDEX(COMPOSIÇÃO!$G:$G,MATCH($C961,COMPOSIÇÃO!$A:$A,0)),0),0))","v":36.674999999999997},44.173043252464616,88.35]
["18.15.6","COMPOSIÇÃO","COMP-6563",{"$f":"IF(B962=\"SINAPI\",IFERROR(INDEX(SINAPI!$B:$B,MATCH($C962,SINAPI!$A:$A,0)),\"\"),IF(B962=\"COMPOSIÇÃO\",IFERROR(INDEX(COMPOSIÇÃO!$C:$C,MATCH($C962,COMPOSIÇÃO!$A:$A,0)),\"\"),\"\"))","v":"TUBO DE COBRE 1/4\" "},{"$f":"IF(B962=\"SINAPI\",IFERROR(INDEX(SINAPI!$C:$C,MATCH($C962,SINAPI!$A:$A,0)),\"\"),IF(B962=\"COMPOSIÇÃO\",IFERROR(INDEX(COMPOSIÇÃO!$D:$D,MATCH($C962,COMPOSIÇÃO!$A:$A,0)),\"\"),\"\"))","v":"M"},2,{"$f":"IF(B962=\"SINAPI\",IFERROR(INDEX(SINAPI!$D:$D,MATCH($C962,SINAPI!$A:$A,0)),0),IF(B962=\"COMPOSIÇÃO\",IFERROR(INDEX(COMPOSIÇÃO!$G:$G,MATCH($C962,COMPOSIÇÃO!$A:$A,0)),0),0))","v":25.114999999999998},30.249651841462818,60.5]
["18.15.7","SINAPI",89356,{"$f":"IF(B963=\"SINAPI\",IFERROR(INDEX(SINAPI!$B:$B,MATCH($C963,SINAPI!$A:$A,0)),\"\"),IF(B963=\"COMPOSIÇÃO\",IFERROR(INDEX(COMPOSIÇÃO!$C:$C,MATCH($C963,COMPOSIÇÃO!$A:$A,0)),\"\"),\"\"))","v":"TUBO, PVC, SOLDÁVEL, DN 25MM, INSTALADO EM RAMAL OU SUB-RAMAL DE ÁGUA - FORNECIMENTO E INSTALAÇÃO. AF_12/2014"},{"$f":"IF(B963=\"SINAPI\",IFERROR(INDEX(SINAPI!$C:$C,MATCH($C963,SINAPI!$A:$A,0)),\"\"),IF(B963=\"COMPOSIÇÃO\",IFERROR(INDEX(COMPOSIÇÃO!$D:$D,MATCH($C963,COMPOSIÇÃO!$A:$A,0)),\"\"),\"\"))","v":"M"},6,{"$f":"IF(B963=\"SINAPI\",IFERROR(INDEX(SINAPI!$D:$D,MATCH($C963,SINAPI!$A:$A,0)),0),IF(B963=\"COMPOSIÇÃO\",IFERROR(INDEX(COMPOSIÇÃO!$G:$G,MATCH($C963,COMPOSIÇÃO!$A:$A,0)),0),0))","v":17.39},20.945309397692156,125.67]
["18.16",null,null,"Climatização",null,null,null,null,{"$f":"SUM(I965:I966)","v":24143.1}]
["18.16.1","COMPOSIÇÃO","COMP-415164",{"$f":"IF(B965=\"SINAPI\",IFERROR(INDEX(SINAPI!$B:$B,MATCH($C965,SINAPI!$A:$A,0)),\"\"),IF(B965=\"COMPOSIÇÃO\",IFERROR(INDEX(COMPOSIÇÃO!$C:$C,MATCH($C965,COMPOSIÇÃO!$A:$A,0)),\"\"),\"\"))","v":"GRADIL COM MONTANTES EM TUBO GALVANIZADO 2\" E FECHAMENTO EM BARRA CHATA 1\" X 1/4\" - VEÍCULO DUAS FOLHAS- 2,50X2X2 "},{"$f":"IF(B965=\"SINAPI\",IFERROR(INDEX(SINAPI!$C:$C,MATCH($C965,SINAPI!$A:$A,0)),\"\"),IF(B965=\"COMPOSIÇÃO\",IFERROR(INDEX(COMPOSIÇÃO!$D:$D,MATCH($C965,COMPOSIÇÃO!$A:$A,0)),\"\"),\"\"))","v":"M²"},20,{"$f":"IF(B965=\"SINAPI\",IFERROR(INDEX(SINAPI!$D:$D,MATCH($C965,SINAPI!$A:$A,0)),0),IF(B965=\"COMPOSIÇÃO\",IFERROR(INDEX(COMPOSIÇÃO!$G:$G,MATCH($C965,COMPOSIÇÃO!$A:$A,0)),0),0))","v":894.8655},{"$f":"G965*(1+$I$10)","v":1077.8168353548297},{"$f":"ROUND(F965*H965,2)","v":21556.34}]
["18.16.2","COMPOSIÇÃO","COMP-2568",{"$f":"IF(B966=\"SINAPI\",IFERROR(INDEX(SINAPI!$B:$B,MATCH($C966,SINAPI!$A:$A,0)),\"\"),IF(B966=\"COMPOSIÇÃO\",IFERROR(INDEX(COMPOSIÇÃO!$C:$C,MATCH($C966,COMPOSIÇÃO!$A:$A,0)),\"\"),\"\"))","v":"GRADIL COM MONTANTES EM TUBO GALVANIZADO 2\" E FECHAMENTO EM BARRA CHATA 1\" X 1/4\" - PEDESTRE - 1,20X2,00M "},{"$f":"IF(B966=\"SINAPI\",IFERROR(INDEX(SINAPI!$C:$C,MATCH($C966,SINAPI!$A:$A,0)),\"\"),IF(B966=\"COMPOSIÇÃO\",IFERROR(INDEX(COMPOSIÇÃO!$D:$D,MATCH($C966,COMPOSIÇÃO!$A:$A,0)),\"\"),\"\"))","v":"M2"},2.4,{"$f":"IF(B966=\"SINAPI\",IFERROR(INDEX(SINAPI!$D:$D,MATCH($C966,SINAPI!$A:$A,0)),0),IF(B966=\"COMPOSIÇÃO\",IFERROR(INDEX(COMPOSIÇÃO!$G:$G,MATCH($C966,COMPOSIÇÃO!$A:$A,0)),0),0))","v":894.8655},{"$f":"G966*(1+$I$10)","v":1077.8168353548297},2586.7600000000002]
["19.0",null,null,"EQUIPAMENTOS",null,null,null,null,{"$f":"I968+I999","v":550836.02999999991}]
["19.1",null,null,"EQUIPAMENTOS BLOCO ADMINISTRATIVO E PEDAGÓGICO\t\t\t\t",null,null,null,null,{"$f":"SUM(I969:I998)","v":548792.17999999993}]
["19.1.1","COMPOSIÇÃO","COMP-9142 ",{"$f":"IF(B969=\"SINAPI\",IFERROR(INDEX(SINAPI!$B:$B,MATCH($C969,SINAPI!$A:$A,0)),\"\"),IF(B969=\"COMPOSIÇÃO\",IFERROR(INDEX(COMPOSIÇÃO!$C:$C,MATCH($C969,COMPOSIÇÃO!$A:$A,0)),\"\"),\"\"))","v":"BOMBA MONOESTÁGIO THEBE THSI-18 (R) 7,5 CV TRIFÁSICO 220V/380V "},{"$f":"IF(B969=\"SINAPI\",IFERROR(INDEX(SINAPI!$C:$C,MATCH($C969,SINAPI!$A:$A,0)),\"\"),IF(B969=\"COMPOSIÇÃO\",IFERROR(INDEX(COMPOSIÇÃO!$D:$D,MATCH($C969,COMPOSIÇÃO!$A:$A,0)),\"\"),\"\"))","v":"UND"},1,{"$f":"IF(B969=\"SINAPI\",IFERROR(INDEX(SINAPI!$D:$D,MATCH($C969,SINAPI!$A:$A,0)),0),IF(B969=\"COMPOSIÇÃO\",IFERROR(INDEX(COMPOSIÇÃO!$G:$G,MATCH($C969,COMPOSIÇÃO!$A:$A,0)),0),0))","v":2480.3165000000004},{"$f":"G969*(1+$I$10)","v":2987.4063540368556},{"$f":"ROUND(F969*H969,2)","v":2987.41}]
["19.1.2","COMPOSIÇÃO","COMP-8684 ",{"$f":"IF(B970=\"SINAPI\",IFERROR(INDEX(SINAPI!$B:$B,MATCH($C970,SINAPI!$A:$A,0)),\"\"),IF(B970=\"COMPOSIÇÃO\",IFERROR(INDEX(COMPOSIÇÃO!$C:$C,MATCH($C970,COMPOSIÇÃO!$A:$A,0)),\"\"),\"\"))","v":"MOTOR Á DIESEL BFDE 10 CV COM BOMBEADOR ACOPLADO"},{"$f":"IF(B970=\"SINAPI\",IFERROR(INDEX(SINAPI!$C:$C,MATCH($C970,SINAPI!$A:$A,0)),\"\"),IF(B970=\"COMPOSIÇÃO\",IFERROR(INDEX(COMPOSIÇÃO!$D:$D,MATCH($C970,COMPOSIÇÃO!$A:$A,0)),\"\"),\"\"))","v":"UN"},1,{"$f":"IF(B970=\"SINAPI\",IFERROR(INDEX(SINAPI!$D:$D,MATCH($C970,SINAPI!$A:$A,0)),0),IF(B970=\"COMPOSIÇÃO\",IFERROR(INDEX(COMPOSIÇÃO!$G:$G,MATCH($C970,COMPOSIÇÃO!$A:$A,0)),0),0))","v":6238.04},7513.3799790212515,7513.38]
["19.1.3","COMPOSIÇÃO","COMP-73775/002",{"$f":"IF(B971=\"SINAPI\",IFERROR(INDEX(SINAPI!$B:$B,MATCH($C971,SINAPI!$A:$A,0)),\"\"),IF(B971=\"COMPOSIÇÃO\",IFERROR(INDEX(COMPOSIÇÃO!$C:$C,MATCH($C971,COMPOSIÇÃO!$A:$A,0)),\"\"),\"\"))","v":"EXTINTOR INCENDIO AGUA-PRESSURIZADA 10L INCL SUPORTE PAREDE CARGA COMPLETA FORNECIMENTO E COLOCACAO"},{"$f":"IF(B971=\"SINAPI\",IFERROR(INDEX(SINAPI!$C:$C,MATCH($C971,SINAPI!$A:$A,0)),\"\"),IF(B971=\"COMPOSIÇÃO\",IFERROR(INDEX(COMPOSIÇÃO!$D:$D,MATCH($C971,COMPOSIÇÃO!$A:$A,0)),\"\"),\"\"))","v":"UN"},11,{"$f":"IF(B971=\"SINAPI\",IFERROR(INDEX(SINAPI!$D:$D,MATCH($C971,SINAPI!$A:$A,0)),0),IF(B971=\"COMPOSIÇÃO\",IFERROR(INDEX(COMPOSIÇÃO!$G:$G,MATCH($C971,COMPOSIÇÃO!$A:$A,0)),0),0))","v":166.505},200.54621858900126,2206.0100000000002]
["19.1.4","COMPOSIÇÃO","COMP-83635",{"$f":"IF(B972=\"SINAPI\",IFERROR(INDEX(SINAPI!$B:$B,MATCH($C972,SINAPI!$A:$A,0)),\"\"),IF(B972=\"COMPOSIÇÃO\",IFERROR(INDEX(COMPOSIÇÃO!$C:$C,MATCH($C972,COMPOSIÇÃO!$A:$A,0)),\"\"),\"\"))","v":"EXTINTOR INCENDIO TP PO QUIMICO 6KG - FORNECIMENTO E INSTALACAO"},{"$f":"IF(B972=\"SINAPI\",IFERROR(INDEX(SINAPI!$C:$C,MATCH($C972,SINAPI!$A:$A,0)),\"\"),IF(B972=\"COMPOSIÇÃO\",IFERROR(INDEX(COMPOSIÇÃO!$D:$D,MATCH($C972,COMPOSIÇÃO!$A:$A,0)),\"\"),\"\"))","v":"UN"},13,{"$f":"IF(B972=\"SINAPI\",IFERROR(INDEX(SINAPI!$D:$D,MATCH($C972,SINAPI!$A:$A,0)),0),IF(B972=\"COMPOSIÇÃO\",IFERROR(INDEX(COMPOSIÇÃO!$G:$G,MATCH($C972,COMPOSIÇÃO!$A:$A,0)),0),0))","v":187.755},226.14068809451928,2939.83]
["19.1.5","COMPOSIÇÃO","COMP-3792 ",{"$f":"IF(B973=\"SINAPI\",IFERROR(INDEX(SINAPI!$B:$B,MATCH($C973,SINAPI!$A:$A,0)),\"\"),IF(B973=\"COMPOSIÇÃO\",IFERROR(INDEX(COMPOSIÇÃO!$C:$C,MATCH($C973,COMPOSIÇÃO!$A:$A,0)),\"\"),\"\"))","v":"EXTINTOR DE INCÊNDIO TIPO ABC PÓ QUIMICO 6KG - FORNECIMENTO E INSTALAÇÃO "},{"$f":"IF(B973=\"SINAPI\",IFERROR(INDEX(SINAPI!$C:$C,MATCH($C973,SINAPI!$A:$A,0)),\"\"),IF(B973=\"COMPOSIÇÃO\",IFERROR(INDEX(COMPOSIÇÃO!$D:$D,MATCH($C973,COMPOSIÇÃO!$A:$A,0)),\"\"),\"\"))","v":"UN"},3,{"$f":"IF(B973=\"SINAPI\",IFERROR(INDEX(SINAPI!$D:$D,MATCH($C973,SINAPI!$A:$A,0)),0),IF(B973=\"COMPOSIÇÃO\",IFERROR(INDEX(COMPOSIÇÃO!$G:$G,MATCH($C973,COMPOSIÇÃO!$A:$A,0)),0),0))","v":187.755},226.14068809451928,678.42]
["19.1.6","SINAPI",97599,{"$f":"IF(B974=\"SINAPI\",IFERROR(INDEX(SINAPI!$B:$B,MATCH($C974,SINAPI!$A:$A,0)),\"\"),IF(B974=\"COMPOSIÇÃO\",IFERROR(INDEX(COMPOSIÇÃO!$C:$C,MATCH($C974,COMPOSIÇÃO!$A:$A,0)),\"\"),\"\"))","v":"LUMINÁRIA DE EMERGÊNCIA, COM 30 LÂMPADAS LED DE 2 W, SEM REATOR - FORNECIMENTO E INSTALAÇÃO. AF_02/2020"},{"$f":"IF(B974=\"SINAPI\",IFERROR(INDEX(SINAPI!$C:$C,MATCH($C974,SINAPI!$A:$A,0)),\"\"),IF(B974=\"COMPOSIÇÃO\",IFERROR(INDEX(COMPOSIÇÃO!$D:$D,MATCH($C974,COMPOSIÇÃO!$A:$A,0)),\"\"),\"\"))","v":"UN"},62,{"$f":"IF(B974=\"SINAPI\",IFERROR(INDEX(SINAPI!$D:$D,MATCH($C974,SINAPI!$A:$A,0)),0),IF(B974=\"COMPOSIÇÃO\",IFERROR(INDEX(COMPOSIÇÃO!$G:$G,MATCH($C974,COMPOSIÇÃO!$A:$A,0)),0),0))","v":22.41},26.991626429113349,1673.48]
["19.1.7","COMPOSIÇÃO","COMP-595072",{"$f":"IF(B975=\"SINAPI\",IFERROR(INDEX(SINAPI!$B:$B,MATCH($C975,SINAPI!$A:$A,0)),\"\"),IF(B975=\"COMPOSIÇÃO\",IFERROR(INDEX(COMPOSIÇÃO!$C:$C,MATCH($C975,COMPOSIÇÃO!$A:$A,0)),\"\"),\"\"))","v":"SINALIZAÇÃO DE ALERTA - RISCO DE CHOQUE ELÉTRICO "},{"$f":"IF(B975=\"SINAPI\",IFERROR(INDEX(SINAPI!$C:$C,MATCH($C975,SINAPI!$A:$A,0)),\"\"),IF(B975=\"COMPOSIÇÃO\",IFERROR(INDEX(COMPOSIÇÃO!$D:$D,MATCH($C975,COMPOSIÇÃO!$A:$A,0)),\"\"),\"\"))","v":"UN"},14,{"$f":"IF(B975=\"SINAPI\",IFERROR(INDEX(SINAPI!$D:$D,MATCH($C975,SINAPI!$A:$A,0)),0),IF(B975=\"COMPOSIÇÃO\",IFERROR(INDEX(COMPOSIÇÃO!$G:$G,MATCH($C975,COMPOSIÇÃO!$A:$A,0)),0),0))","v":50.981999999999999},61.405046792015028,859.67]
["19.1.8","COMPOSIÇÃO","COMP-8730 ",{"$f":"IF(B976=\"SINAPI\",IFERROR(INDEX(SINAPI!$B:$B,MATCH($C976,SINAPI!$A:$A,0)),\"\"),IF(B976=\"COMPOSIÇÃO\",IFERROR(INDEX(COMPOSIÇÃO!$C:$C,MATCH($C976,COMPOSIÇÃO!$A:$A,0)),\"\"),\"\"))","v":"SINALIZAÇÃO DE PROIBIÇÃO - PROIBIDO UTILIZAR ELEVADOR EM CASO DE INCÊNDIO "},{"$f":"IF(B976=\"SINAPI\",IFERROR(INDEX(SINAPI!$C:$C,MATCH($C976,SINAPI!$A:$A,0)),\"\"),IF(B976=\"COMPOSIÇÃO\",IFERROR(INDEX(COMPOSIÇÃO!$D:$D,MATCH($C976,COMPOSIÇÃO!$A:$A,0)),\"\"),\"\"))","v":"UN"},1,{"$f":"IF(B976=\"SINAPI\",IFERROR(INDEX(SINAPI!$D:$D,MATCH($C976,SINAPI!$A:$A,0)),0),IF(B976=\"COMPOSIÇÃO\",IFERROR(INDEX(COMPOSIÇÃO!$G:$G,MATCH($C976,COMPOSIÇÃO!$A:$A,0)),0),0))","v":50.981999999999999},61.405046792015028,61.41]
["19.1.9","COMPOSIÇÃO","COMP-6570",{"$f":"IF(B977=\"SINAPI\",IFERROR(INDEX(SINAPI!$B:$B,MATCH($C977,SINAPI!$A:$A,0)),\"\"),IF(B977=\"COMPOSIÇÃO\",IFERROR(INDEX(COMPOSIÇÃO!$C:$C,MATCH($C977,COMPOSIÇÃO!$A:$A,0)),\"\"),\"\"))","v":"SINALIZAÇÃO DE PROIBIÇÃO - PROIBIDO FUMAR "},{"$f":"IF(B977=\"SINAPI\",IFERROR(INDEX(SINAPI!$C:$C,MATCH($C977,SINAPI!$A:$A,0)),\"\"),IF(B977=\"COMPOSIÇÃO\",IFERROR(INDEX(COMPOSIÇÃO!$D:$D,MATCH($C977,COMPOSIÇÃO!$A:$A,0)),\"\"),\"\"))","v":"UN"},2,{"$f":"IF(B977=\"SINAPI\",IFERROR(INDEX(SINAPI!$D:$D,MATCH($C977,SINAPI!$A:$A,0)),0),IF(B977=\"COMPOSIÇÃO\",IFERROR(INDEX(COMPOSIÇÃO!$G:$G,MATCH($C977,COMPOSIÇÃO!$A:$A,0)),0),0))","v":50.981999999999999},61.405046792015028,122.81]
["19.1.10","COMPOSIÇÃO","COMP-8900 ",{"$f":"IF(B978=\"SINAPI\",IFERROR(INDEX(SINAPI!$B:$B,MATCH($C978,SINAPI!$A:$A,0)),\"\"),IF(B978=\"COMPOSIÇÃO\",IFERROR(INDEX(COMPOSIÇÃO!$C:$C,MATCH($C978,COMPOSIÇÃO!$A:$A,0)),\"\"),\"\"))","v":"PLACAS DE SINALIZAÇÃO - ORIENTAÇÃO E SALVAMENTO (SAÍDA A DIREITA) "},{"$f":"IF(B978=\"SINAPI\",IFERROR(INDEX(SINAPI!$C:$C,MATCH($C978,SINAPI!$A:$A,0)),\"\"),IF(B978=\"COMPOSIÇÃO\",IFERROR(INDEX(COMPOSIÇÃO!$D:$D,MATCH($C978,COMPOSIÇÃO!$A:$A,0)),\"\"),\"\"))","v":"UN"},6,{"$f":"IF(B978=\"SINAPI\",IFERROR(INDEX(SINAPI!$D:$D,MATCH($C978,SINAPI!$A:$A,0)),0),IF(B978=\"COMPOSIÇÃO\",IFERROR(INDEX(COMPOSIÇÃO!$G:$G,MATCH($C978,COMPOSIÇÃO!$A:$A,0)),0),0))","v":50.981999999999999},61.405046792015028,368.43]
["19.1.11","COMPOSIÇÃO","COMP-1059 ",{"$f":"IF(B979=\"SINAPI\",IFERROR(INDEX(SINAPI!$B:$B,MATCH($C979,SINAPI!$A:$A,0)),\"\"),IF(B979=\"COMPOSIÇÃO\",IFERROR(INDEX(COMPOSIÇÃO!$C:$C,MATCH($C979,COMPOSIÇÃO!$A:$A,0)),\"\"),\"\"))","v":"PLACAS DE SINALIZAÇÃO - ORIENTAÇÃO E SALVAMENTO (SAÍDA A ESQUERDA) "},{"$f":"IF(B979=\"SINAPI\",IFERROR(INDEX(SINAPI!$C:$C,MATCH($C979,SINAPI!$A:$A,0)),\"\"),IF(B979=\"COMPOSIÇÃO\",IFERROR(INDEX(COMPOSIÇÃO!$D:$D,MATCH($C979,COMPOSIÇÃO!$A:$A,0)),\"\"),\"\"))","v":"UN"},5,{"$f":"IF(B979=\"SINAPI\",IFERROR(INDEX(SINAPI!$D:$D,MATCH($C979,SINAPI!$A:$A,0)),0),IF(B979=\"COMPOSIÇÃO\",IFERROR(INDEX(COMPOSIÇÃO!$G:$G,MATCH($C979,COMPOSIÇÃO!$A:$A,0)),0),0))","v":50.981999999999999},61.405046792015028,307.02999999999997]
["19.1.12","COMPOSIÇÃO","COMP-3164 ",{"$f":"IF(B980=\"SINAPI\",IFERROR(INDEX(SINAPI!$B:$B,MATCH($C980,SINAPI!$A:$A,0)),\"\"),IF(B980=\"COMPOSIÇÃO\",IFERROR(INDEX(COMPOSIÇÃO!$C:$C,MATCH($C980,COMPOSIÇÃO!$A:$A,0)),\"\"),\"\"))","v":"PLACAS DE SINALIZAÇÃO - ORIENTAÇÃO E SALVAMENTO (SAÍDA A FRENTE) "},{"$f":"IF(B980=\"SINAPI\",IFERROR(INDEX(SINAPI!$C:$C,MATCH($C980,SINAPI!$A:$A,0)),\"\"),IF(B980=\"COMPOSIÇÃO\",IFERROR(INDEX(COMPOSIÇÃO!$D:$D,MATCH($C980,COMPOSIÇÃO!$A:$A,0)),\"\"),\"\"))","v":"UN"},27,{"$f":"IF(B980=\"SINAPI\",IFERROR(INDEX(SINAPI!$D:$D,MATCH($C980,SINAPI!$A:$A,0)),0),IF(B980=\"COMPOSIÇÃO\",IFERROR(INDEX(COMPOSIÇÃO!$G:$G,MATCH($C980,COMPOSIÇÃO!$A:$A,0)),0),0))","v":50.981999999999999},61.405046792015028,1657.94]
["19.1.13","COMPOSIÇÃO","COMP-9078 ",{"$f":"IF(B981=\"SINAPI\",IFERROR(INDEX(SINAPI!$B:$B,MATCH($C981,SINAPI!$A:$A,0)),\"\"),IF(B981=\"COMPOSIÇÃO\",IFERROR(INDEX(COMPOSIÇÃO!$C:$C,MATCH($C981,COMPOSIÇÃO!$A:$A,0)),\"\"),\"\"))","v":"PLACAS DE SINALIZAÇÃO - ORIENTAÇÃO E SALVAMENTO LANCE DE ESCADA LATERAL (DUPLA FACE P/ TETO) "},{"$f":"IF(B981=\"SINAPI\",IFERROR(INDEX(SINAPI!$C:$C,MATCH($C981,SINAPI!$A:$A,0)),\"\"),IF(B981=\"COMPOSIÇÃO\",IFERROR(INDEX(COMPOSIÇÃO!$D:$D,MATCH($C981,COMPOSIÇÃO!$A:$A,0)),\"\"),\"\"))","v":"UN"},2,{"$f":"IF(B981=\"SINAPI\",IFERROR(INDEX(SINAPI!$D:$D,MATCH($C981,SINAPI!$A:$A,0)),0),IF(B981=\"COMPOSIÇÃO\",IFERROR(INDEX(COMPOSIÇÃO!$G:$G,MATCH($C981,COMPOSIÇÃO!$A:$A,0)),0),0))","v":50.981999999999999},61.405046792015028,122.81]
["19.1.14","COMPOSIÇÃO","COMP-6169 ",{"$f":"IF(B982=\"SINAPI\",IFERROR(INDEX(SINAPI!$B:$B,MATCH($C982,SINAPI!$A:$A,0)),\"\"),IF(B982=\"COMPOSIÇÃO\",IFERROR(INDEX(COMPOSIÇÃO!$C:$C,MATCH($C982,COMPOSIÇÃO!$A:$A,0)),\"\"),\"\"))","v":"PLACAS DE SINALIZAÇÃO - ORIENTAÇÃO E SALVAMENTO SAÍDA LATERAL (DUPLA FACE) "},{"$f":"IF(B982=\"SINAPI\",IFERROR(INDEX(SINAPI!$C:$C,MATCH($C982,SINAPI!$A:$A,0)),\"\"),IF(B982=\"COMPOSIÇÃO\",IFERROR(INDEX(COMPOSIÇÃO!$D:$D,MATCH($C982,COMPOSIÇÃO!$A:$A,0)),\"\"),\"\"))","v":"UN"},1,{"$f":"IF(B982=\"SINAPI\",IFERROR(INDEX(SINAPI!$D:$D,MATCH($C982,SINAPI!$A:$A,0)),0),IF(B982=\"COMPOSIÇÃO\",IFERROR(INDEX(COMPOSIÇÃO!$G:$G,MATCH($C982,COMPOSIÇÃO!$A:$A,0)),0),0))","v":50.981999999999999},61.405046792015028,61.41]
["19.1.15","COMPOSIÇÃO","COMP-1022 ",{"$f":"IF(B983=\"SINAPI\",IFERROR(INDEX(SINAPI!$B:$B,MATCH($C983,SINAPI!$A:$A,0)),\"\"),IF(B983=\"COMPOSIÇÃO\",IFERROR(INDEX(COMPOSIÇÃO!$C:$C,MATCH($C983,COMPOSIÇÃO!$A:$A,0)),\"\"),\"\"))","v":"PLACAS DE SINALIZAÇÃO - ORIENTAÇÃO E SALVAMENTO LANCE DE ESCADA A ESQUERDA "},{"$f":"IF(B983=\"SINAPI\",IFERROR(INDEX(SINAPI!$C:$C,MATCH($C983,SINAPI!$A:$A,0)),\"\"),IF(B983=\"COMPOSIÇÃO\",IFERROR(INDEX(COMPOSIÇÃO!$D:$D,MATCH($C983,COMPOSIÇÃO!$A:$A,0)),\"\"),\"\"))","v":"UN"},2,{"$f":"IF(B983=\"SINAPI\",IFERROR(INDEX(SINAPI!$D:$D,MATCH($C983,SINAPI!$A:$A,0)),0),IF(B983=\"COMPOSIÇÃO\",IFERROR(INDEX(COMPOSIÇÃO!$G:$G,MATCH($C983,COMPOSIÇÃO!$A:$A,0)),0),0))","v":50.981999999999999},61.405046792015028,122.81]
["19.1.16","COMPOSIÇÃO","COMP-8212 ",{"$f":"IF(B984=\"SINAPI\",IFERROR(INDEX(SINAPI!$B:$B,MATCH($C984,SINAPI!$A:$A,0)),\"\"),IF(B984=\"COMPOSIÇÃO\",IFERROR(INDEX(COMPOSIÇÃO!$C:$C,MATCH($C984,COMPOSIÇÃO!$A:$A,0)),\"\"),\"\"))","v":"PLACAS DE SINALIZAÇÃO - ORIENTAÇÃO E SALVAMENTO (LETREIRO 'SAÍDA') "},{"$f":"IF(B984=\"SINAPI\",IFERROR(INDEX(SINAPI!$C:$C,MATCH($C984,SINAPI!$A:$A,0)),\"\"),IF(B984=\"COMPOSIÇÃO\",IFERROR(INDEX(COMPOSIÇÃO!$D:$D,MATCH($C984,COMPOSIÇÃO!$A:$A,0)),\"\"),\"\"))","v":"UN"},1,{"$f":"IF(B984=\"SINAPI\",IFERROR(INDEX(SINAPI!$D:$D,MATCH($C984,SINAPI!$A:$A,0)),0),IF(B984=\"COMPOSIÇÃO\",IFERROR(INDEX(COMPOSIÇÃO!$G:$G,MATCH($C984,COMPOSIÇÃO!$A:$A,0)),0),0))","v":50.981999999999999},61.405046792015028,61.41]
["19.1.17","COMPOSIÇÃO","COMP-6038 ",{"$f":"IF(B985=\"SINAPI\",IFERROR(INDEX(SINAPI!$B:$B,MATCH($C985,SINAPI!$A:$A,0)),\"\"),IF(B985=\"COMPOSIÇÃO\",IFERROR(INDEX(COMPOSIÇÃO!$C:$C,MATCH($C985,COMPOSIÇÃO!$A:$A,0)),\"\"),\"\"))","v":"PLACA DE PAREDE EM ACRÍLICO COM APLICAÇÃO DE ADESIVO DE ALTA PERFORMANCE DIM. 10X30CM "},{"$f":"IF(B985=\"SINAPI\",IFERROR(INDEX(SINAPI!$C:$C,MATCH($C985,SINAPI!$A:$A,0)),\"\"),IF(B985=\"COMPOSIÇÃO\",IFERROR(INDEX(COMPOSIÇÃO!$D:$D,MATCH($C985,COMPOSIÇÃO!$A:$A,0)),\"\"),\"\"))","v":"UN"},58,{"$f":"IF(B985=\"SINAPI\",IFERROR(INDEX(SINAPI!$D:$D,MATCH($C985,SINAPI!$A:$A,0)),0),IF(B985=\"COMPOSIÇÃO\",IFERROR(INDEX(COMPOSIÇÃO!$G:$G,MATCH($C985,COMPOSIÇÃO!$A:$A,0)),0),0))","v":48.271999999999998},58.140999151546616,3372.18]
["19.1.18","COMPOSIÇÃO","COMP-4097 ",{"$f":"IF(B986=\"SINAPI\",IFERROR(INDEX(SINAPI!$B:$B,MATCH($C986,SINAPI!$A:$A,0)),\"\"),IF(B986=\"COMPOSIÇÃO\",IFERROR(INDEX(COMPOSIÇÃO!$C:$C,MATCH($C986,COMPOSIÇÃO!$A:$A,0)),\"\"),\"\"))","v":"PLACA DE PAREDE EM ACRÍLICO COM APLICAÇÃO DE ADESIVO DE ALTA PERFORMANCE DIM. 30X90CM "},{"$f":"IF(B986=\"SINAPI\",IFERROR(INDEX(SINAPI!$C:$C,MATCH($C986,SINAPI!$A:$A,0)),\"\"),IF(B986=\"COMPOSIÇÃO\",IFERROR(INDEX(COMPOSIÇÃO!$D:$D,MATCH($C986,COMPOSIÇÃO!$A:$A,0)),\"\"),\"\"))","v":"UN"},7,{"$f":"IF(B986=\"SINAPI\",IFERROR(INDEX(SINAPI!$D:$D,MATCH($C986,SINAPI!$A:$A,0)),0),IF(B986=\"COMPOSIÇÃO\",IFERROR(INDEX(COMPOSIÇÃO!$G:$G,MATCH($C986,COMPOSIÇÃO!$A:$A,0)),0),0))","v":216.322},260.54808622930204,1823.84]
["19.1.19","COMPOSIÇÃO","COMP-4098",{"$f":"IF(B987=\"SINAPI\",IFERROR(INDEX(SINAPI!$B:$B,MATCH($C987,SINAPI!$A:$A,0)),\"\"),IF(B987=\"COMPOSIÇÃO\",IFERROR(INDEX(COMPOSIÇÃO!$C:$C,MATCH($C987,COMPOSIÇÃO!$A:$A,0)),\"\"),\"\"))","v":"PLACA DE PORTA EM ACRÍLICO COM APLICAÇÃO DE ADESIVO DE ALTA PERFORMANCE DIM. 20X15CM "},{"$f":"IF(B987=\"SINAPI\",IFERROR(INDEX(SINAPI!$C:$C,MATCH($C987,SINAPI!$A:$A,0)),\"\"),IF(B987=\"COMPOSIÇÃO\",IFERROR(INDEX(COMPOSIÇÃO!$D:$D,MATCH($C987,COMPOSIÇÃO!$A:$A,0)),\"\"),\"\"))","v":"UN"},12,{"$f":"IF(B987=\"SINAPI\",IFERROR(INDEX(SINAPI!$D:$D,MATCH($C987,SINAPI!$A:$A,0)),0),IF(B987=\"COMPOSIÇÃO\",IFERROR(INDEX(COMPOSIÇÃO!$G:$G,MATCH($C987,COMPOSIÇÃO!$A:$A,0)),0),0))","v":48.271999999999998},58.140999151546616,697.69]
["19.1.20","COMPOSIÇÃO","COMP-0362 ",{"$f":"IF(B988=\"SINAPI\",IFERROR(INDEX(SINAPI!$B:$B,MATCH($C988,SINAPI!$A:$A,0)),\"\"),IF(B988=\"COMPOSIÇÃO\",IFERROR(INDEX(COMPOSIÇÃO!$C:$C,MATCH($C988,COMPOSIÇÃO!$A:$A,0)),\"\"),\"\"))","v":"PLACA DE PORTA EM ACRÍLICO COM APLICAÇÃO DE ADESIVO DE ALTA PERFORMANCE DIM. 15X15CM "},{"$f":"IF(B988=\"SINAPI\",IFERROR(INDEX(SINAPI!$C:$C,MATCH($C988,SINAPI!$A:$A,0)),\"\"),IF(B988=\"COMPOSIÇÃO\",IFERROR(INDEX(COMPOSIÇÃO!$D:$D,MATCH($C988,COMPOSIÇÃO!$A:$A,0)),\"\"),\"\"))","v":"UN"},26.21,{"$f":"IF(B988=\"SINAPI\",IFERROR(INDEX(SINAPI!$D:$D,MATCH($C988,SINAPI!$A:$A,0)),0),IF(B988=\"COMPOSIÇÃO\",IFERROR(INDEX(COMPOSIÇÃO!$G:$G,MATCH($C988,COMPOSIÇÃO!$A:$A,0)),0),0))","v":33.231999999999999},40.026136969758809,1049.0899999999999]
["19.1.21","COMPOSIÇÃO","COMP-0536 ",{"$f":"IF(B989=\"SINAPI\",IFERROR(INDEX(SINAPI!$B:$B,MATCH($C989,SINAPI!$A:$A,0)),\"\"),IF(B989=\"COMPOSIÇÃO\",IFERROR(INDEX(COMPOSIÇÃO!$C:$C,MATCH($C989,COMPOSIÇÃO!$A:$A,0)),\"\"),\"\"))","v":"PLACA DE PAREDE EM ACRÍLICO COM APLICAÇÃO DE ADESIVO DE ALTA PERFORMANCE DIM. 120X80CM "},{"$f":"IF(B989=\"SINAPI\",IFERROR(INDEX(SINAPI!$C:$C,MATCH($C989,SINAPI!$A:$A,0)),\"\"),IF(B989=\"COMPOSIÇÃO\",IFERROR(INDEX(COMPOSIÇÃO!$D:$D,MATCH($C989,COMPOSIÇÃO!$A:$A,0)),\"\"),\"\"))","v":"UN"},1,{"$f":"IF(B989=\"SINAPI\",IFERROR(INDEX(SINAPI!$D:$D,MATCH($C989,SINAPI!$A:$A,0)),0),IF(B989=\"COMPOSIÇÃO\",IFERROR(INDEX(COMPOSIÇÃO!$G:$G,MATCH($C989,COMPOSIÇÃO!$A:$A,0)),0),0))","v":1065.8300000000002},1283.7342792031186,1283.73]
["19.1.22","COMPOSIÇÃO","COMP-3597 ",{"$f":"IF(B990=\"SINAPI\",IFERROR(INDEX(SINAPI!$B:$B,MATCH($C990,SINAPI!$A:$A,0)),\"\"),IF(B990=\"COMPOSIÇÃO\",IFERROR(INDEX(COMPOSIÇÃO!$C:$C,MATCH($C990,COMPOSIÇÃO!$A:$A,0)),\"\"),\"\"))","v":"PLACA DE PAREDE EM ACRÍLICO COM APLICAÇÃO DE ADESIVO DE ALTA PERFORMANCE DIM. 105X80CM "},{"$f":"IF(B990=\"SINAPI\",IFERROR(INDEX(SINAPI!$C:$C,MATCH($C990,SINAPI!$A:$A,0)),\"\"),IF(B990=\"COMPOSIÇÃO\",IFERROR(INDEX(COMPOSIÇÃO!$D:$D,MATCH($C990,COMPOSIÇÃO!$A:$A,0)),\"\"),\"\"))","v":"UN"},1,{"$f":"IF(B990=\"SINAPI\",IFERROR(INDEX(SINAPI!$D:$D,MATCH($C990,SINAPI!$A:$A,0)),0),IF(B990=\"COMPOSIÇÃO\",IFERROR(INDEX(COMPOSIÇÃO!$G:$G,MATCH($C990,COMPOSIÇÃO!$A:$A,0)),0),0))","v":897.84999999999991},1081.411503319028,1081.4100000000001]
["19.1.23","COMPOSIÇÃO","COMP-32861 ",{"$f":"IF(B991=\"SINAPI\",IFERROR(INDEX(SINAPI!$B:$B,MATCH($C991,SINAPI!$A:$A,0)),\"\"),IF(B991=\"COMPOSIÇÃO\",IFERROR(INDEX(COMPOSIÇÃO!$C:$C,MATCH($C991,COMPOSIÇÃO!$A:$A,0)),\"\"),\"\"))","v":"PLACA DE PAREDE EM ACRÍLICO COM APLICAÇÃO DE ADESIVO DE ALTA PERFORMANCE DIM. 90X80CM "},{"$f":"IF(B991=\"SINAPI\",IFERROR(INDEX(SINAPI!$C:$C,MATCH($C991,SINAPI!$A:$A,0)),\"\"),IF(B991=\"COMPOSIÇÃO\",IFERROR(INDEX(COMPOSIÇÃO!$D:$D,MATCH($C991,COMPOSIÇÃO!$A:$A,0)),\"\"),\"\"))","v":"UN"},1,{"$f":"IF(B991=\"SINAPI\",IFERROR(INDEX(SINAPI!$D:$D,MATCH($C991,SINAPI!$A:$A,0)),0),IF(B991=\"COMPOSIÇÃO\",IFERROR(INDEX(COMPOSIÇÃO!$G:$G,MATCH($C991,COMPOSIÇÃO!$A:$A,0)),0),0))","v":771.81},929.60317689665214,929.6]
["19.1.24","COMPOSIÇÃO","COMP-0048 ",{"$f":"IF(B992=\"SINAPI\",IFERROR(INDEX(SINAPI!$B:$B,MATCH($C992,SINAPI!$A:$A,0)),\"\"),IF(B992=\"COMPOSIÇÃO\",IFERROR(INDEX(COMPOSIÇÃO!$C:$C,MATCH($C992,COMPOSIÇÃO!$A:$A,0)),\"\"),\"\"))","v":"PLACA DE PAREDE EM ACRÍLICO COM APLICAÇÃO DE ADESIVO DE ALTA PERFORMANCE DIM. 50X80CM "},{"$f":"IF(B992=\"SINAPI\",IFERROR(INDEX(SINAPI!$C:$C,MATCH($C992,SINAPI!$A:$A,0)),\"\"),IF(B992=\"COMPOSIÇÃO\",IFERROR(INDEX(COMPOSIÇÃO!$D:$D,MATCH($C992,COMPOSIÇÃO!$A:$A,0)),\"\"),\"\"))","v":"UN"},2,{"$f":"IF(B992=\"SINAPI\",IFERROR(INDEX(SINAPI!$D:$D,MATCH($C992,SINAPI!$A:$A,0)),0),IF(B992=\"COMPOSIÇÃO\",IFERROR(INDEX(COMPOSIÇÃO!$G:$G,MATCH($C992,COMPOSIÇÃO!$A:$A,0)),0),0))","v":432.55399999999997},520.98777235246303,1041.98]
["19.1.25","COMPOSIÇÃO","COMP-9353 ",{"$f":"IF(B993=\"SINAPI\",IFERROR(INDEX(SINAPI!$B:$B,MATCH($C993,SINAPI!$A:$A,0)),\"\"),IF(B993=\"COMPOSIÇÃO\",IFERROR(INDEX(COMPOSIÇÃO!$C:$C,MATCH($C993,COMPOSIÇÃO!$A:$A,0)),\"\"),\"\"))","v":"TOTEM EM ACRÍLICO COM APLICAÇÃO DE ADESIVO VINÍLICO DE ALTA PERFORMANDE APOIADO EM BASE DE CONCRETO CONFORME MANUL DE SINALIZAÇÃO. "},{"$f":"IF(B993=\"SINAPI\",IFERROR(INDEX(SINAPI!$C:$C,MATCH($C993,SINAPI!$A:$A,0)),\"\"),IF(B993=\"COMPOSIÇÃO\",IFERROR(INDEX(COMPOSIÇÃO!$D:$D,MATCH($C993,COMPOSIÇÃO!$A:$A,0)),\"\"),\"\"))","v":"UN"},1,{"$f":"IF(B993=\"SINAPI\",IFERROR(INDEX(SINAPI!$D:$D,MATCH($C993,SINAPI!$A:$A,0)),0),IF(B993=\"COMPOSIÇÃO\",IFERROR(INDEX(COMPOSIÇÃO!$G:$G,MATCH($C993,COMPOSIÇÃO!$A:$A,0)),0),0))","v":6050.1887700000016},7287.1233871243567,7287.12]
["19.1.26","COMPOSIÇÃO","COMP-SESC-01",{"$f":"IF(B994=\"SINAPI\",IFERROR(INDEX(SINAPI!$B:$B,MATCH($C994,SINAPI!$A:$A,0)),\"\"),IF(B994=\"COMPOSIÇÃO\",IFERROR(INDEX(COMPOSIÇÃO!$C:$C,MATCH($C994,COMPOSIÇÃO!$A:$A,0)),\"\"),\"\"))","v":"FORNECIMENTO E INSTALAÇÃO DE AR CONDICIONADO SPLIT INVERTER, 9000 BTU/H DE PAREDE"},{"$f":"IF(B994=\"SINAPI\",IFERROR(INDEX(SINAPI!$C:$C,MATCH($C994,SINAPI!$A:$A,0)),\"\"),IF(B994=\"COMPOSIÇÃO\",IFERROR(INDEX(COMPOSIÇÃO!$D:$D,MATCH($C994,COMPOSIÇÃO!$A:$A,0)),\"\"),\"\"))","v":"UN    "},4,{"$f":"IF(B994=\"SINAPI\",IFERROR(INDEX(SINAPI!$D:$D,MATCH($C994,SINAPI!$A:$A,0)),0),IF(B994=\"COMPOSIÇÃO\",IFERROR(INDEX(COMPOSIÇÃO!$G:$G,MATCH($C994,COMPOSIÇÃO!$A:$A,0)),0),0))","v":2417.3199999999997},2911.5304952978258,11646.12]
["19.1.27","COMPOSIÇÃO","COMP-SESC-02",{"$f":"IF(B995=\"SINAPI\",IFERROR(INDEX(SINAPI!$B:$B,MATCH($C995,SINAPI!$A:$A,0)),\"\"),IF(B995=\"COMPOSIÇÃO\",IFERROR(INDEX(COMPOSIÇÃO!$C:$C,MATCH($C995,COMPOSIÇÃO!$A:$A,0)),\"\"),\"\"))","v":"FORNECIMENTO E INSTALAÇÃO DE AR CONDICIONADO SPLIT INVERTER, 12000 BTU/H DE PAREDE"},{"$f":"IF(B995=\"SINAPI\",IFERROR(INDEX(SINAPI!$C:$C,MATCH($C995,SINAPI!$A:$A,0)),\"\"),IF(B995=\"COMPOSIÇÃO\",IFERROR(INDEX(COMPOSIÇÃO!$D:$D,MATCH($C995,COMPOSIÇÃO!$A:$A,0)),\"\"),\"\"))","v":"UN    "},4,{"$f":"IF(B995=\"SINAPI\",IFERROR(INDEX(SINAPI!$D:$D,MATCH($C995,SINAPI!$A:$A,0)),0),IF(B995=\"COMPOSIÇÃO\",IFERROR(INDEX(COMPOSIÇÃO!$G:$G,MATCH($C995,COMPOSIÇÃO!$A:$A,0)),0),0))","v":2660.02},3203.8494481914367,12815.4]
["19.1.28","COMPOSIÇÃO","COMP-SESC-03",{"$f":"IF(B996=\"SINAPI\",IFERROR(INDEX(SINAPI!$B:$B,MATCH($C996,SINAPI!$A:$A,0)),\"\"),IF(B996=\"COMPOSIÇÃO\",IFERROR(INDEX(COMPOSIÇÃO!$C:$C,MATCH($C996,COMPOSIÇÃO!$A:$A,0)),\"\"),\"\"))","v":"FORNECIMENTO E INSTALAÇÃO DE AR CONDICIONADO SPLIT INVERTER, 18000 BTU/H DE PAREDE"},{"$f":"IF(B996=\"SINAPI\",IFERROR(INDEX(SINAPI!$C:$C,MATCH($C996,SINAPI!$A:$A,0)),\"\"),IF(B996=\"COMPOSIÇÃO\",IFERROR(INDEX(COMPOSIÇÃO!$D:$D,MATCH($C996,COMPOSIÇÃO!$A:$A,0)),\"\"),\"\"))","v":"UN    "},3,{"$f":"IF(B996=\"SINAPI\",IFERROR(INDEX(SINAPI!$D:$D,MATCH($C996,SINAPI!$A:$A,0)),0),IF(B996=\"COMPOSIÇÃO\",IFERROR(INDEX(COMPOSIÇÃO!$G:$G,MATCH($C996,COMPOSIÇÃO!$A:$A,0)),0),0))","v":3759.95},4528.6553231657626,13585.97]
["19.1.29","COMPOSIÇÃO","COMP-SESC-04",{"$f":"IF(B997=\"SINAPI\",IFERROR(INDEX(SINAPI!$B:$B,MATCH($C997,SINAPI!$A:$A,0)),\"\"),IF(B997=\"COMPOSIÇÃO\",IFERROR(INDEX(COMPOSIÇÃO!$C:$C,MATCH($C997,COMPOSIÇÃO!$A:$A,0)),\"\"),\"\"))","v":"FORNECIMENTO E INSTALAÇÃO DE AR CONDICIONADO SPLIT INVERTER, 24000 BTU/H DE PAREDE"},{"$f":"IF(B997=\"SINAPI\",IFERROR(INDEX(SINAPI!$C:$C,MATCH($C997,SINAPI!$A:$A,0)),\"\"),IF(B997=\"COMPOSIÇÃO\",IFERROR(INDEX(COMPOSIÇÃO!$D:$D,MATCH($C997,COMPOSIÇÃO!$A:$A,0)),\"\"),\"\"))","v":"UN    "},7,{"$f":"IF(B997=\"SINAPI\",IFERROR(INDEX(SINAPI!$D:$D,MATCH($C997,SINAPI!$A:$A,0)),0),IF(B997=\"COMPOSIÇÃO\",IFERROR(INDEX(COMPOSIÇÃO!$G:$G,MATCH($C997,COMPOSIÇÃO!$A:$A,0)),0),0))","v":5047.6100000000006},6079.5717750940139,42557]
["19.1.30","COMPOSIÇÃO","COMP-SESC-06",{"$f":"IF(B998=\"SINAPI\",IFERROR(INDEX(SINAPI!$B:$B,MATCH($C998,SINAPI!$A:$A,0)),\"\"),IF(B998=\"COMPOSIÇÃO\",IFERROR(INDEX(COMPOSIÇÃO!$C:$C,MATCH($C998,COMPOSIÇÃO!$A:$A,0)),\"\"),\"\"))","v":"FORNECIMENTO E INSTALAÇÃO DE AR CONDICIONADO SPLIT INVERTER, 36000 BTU/H, PISO TETO"},{"$f":"IF(B998=\"SINAPI\",IFERROR(INDEX(SINAPI!$C:$C,MATCH($C998,SINAPI!$A:$A,0)),\"\"),IF(B998=\"COMPOSIÇÃO\",IFERROR(INDEX(COMPOSIÇÃO!$D:$D,MATCH($C998,COMPOSIÇÃO!$A:$A,0)),\"\"),\"\"))","v":"UN    "},31,{"$f":"IF(B998=\"SINAPI\",IFERROR(INDEX(SINAPI!$D:$D,MATCH($C998,SINAPI!$A:$A,0)),0),IF(B998=\"COMPOSIÇÃO\",IFERROR(INDEX(COMPOSIÇÃO!$G:$G,MATCH($C998,COMPOSIÇÃO!$A:$A,0)),0),0))","v":11459.61},13802.477114829615,427876.79]
["19.2",null,null,"EQUIPAMENTO DA GUARITA/PÓRTICO ",null,null,null,null,{"$f":"SUM(I1000:I1007)","v":2043.85}]
["19.2.1","COMPOSIÇÃO","comp-72554",{"$f":"IF(B1000=\"SINAPI\",IFERROR(INDEX(SINAPI!$B:$B,MATCH($C1000,SINAPI!$A:$A,0)),\"\"),IF(B1000=\"COMPOSIÇÃO\",IFERROR(INDEX(COMPOSIÇÃO!$C:$C,MATCH($C1000,COMPOSIÇÃO!$A:$A,0)),\"\"),\"\"))","v":"EXTINTOR DE CO2 6KG - FORNECIMENTO E INSTALACAO"},{"$f":"IF(B1000=\"SINAPI\",IFERROR(INDEX(SINAPI!$C:$C,MATCH($C1000,SINAPI!$A:$A,0)),\"\"),IF(B1000=\"COMPOSIÇÃO\",IFERROR(INDEX(COMPOSIÇÃO!$D:$D,MATCH($C1000,COMPOSIÇÃO!$A:$A,0)),\"\"),\"\"))","v":"UN"},1,{"$f":"IF(B1000=\"SINAPI\",IFERROR(INDEX(SINAPI!$D:$D,MATCH($C1000,SINAPI!$A:$A,0)),0),IF(B1000=\"COMPOSIÇÃO\",IFERROR(INDEX(COMPOSIÇÃO!$G:$G,MATCH($C1000,COMPOSIÇÃO!$A:$A,0)),0),0))","v":521.12100000000009},{"$f":"G1000*(1+$I$10)","v":627.66190791459087},{"$f":"ROUND(F1000*H1000,2)","v":627.66}]
["19.2.2","COMPOSIÇÃO","COMP-83635",{"$f":"IF(B1001=\"SINAPI\",IFERROR(INDEX(SINAPI!$B:$B,MATCH($C1001,SINAPI!$A:$A,0)),\"\"),IF(B1001=\"COMPOSIÇÃO\",IFERROR(INDEX(COMPOSIÇÃO!$C:$C,MATCH($C1001,COMPOSIÇÃO!$A:$A,0)),\"\"),\"\"))","v":"EXTINTOR INCENDIO TP PO QUIMICO 6KG - FORNECIMENTO E INSTALACAO"},{"$f":"IF(B1001=\"SINAPI\",IFERROR(INDEX(SINAPI!$C:$C,MATCH($C1001,SINAPI!$A:$A,0)),\"\"),IF(B1001=\"COMPOSIÇÃO\",IFERROR(INDEX(COMPOSIÇÃO!$D:$D,MATCH($C1001,COMPOSIÇÃO!$A:$A,0)),\"\"),\"\"))","v":"UN"},1,{"$f":"IF(B1001=\"SINAPI\",IFERROR(INDEX(SINAPI!$D:$D,MATCH($C1001,SINAPI!$A:$A,0)),0),IF(B1001=\"COMPOSIÇÃO\",IFERROR(INDEX(COMPOSIÇÃO!$G:$G,MATCH($C1001,COMPOSIÇÃO!$A:$A,0)),0),0))","v":187.755},226.14068809451928,226.14]
["19.2.3","COMPOSIÇÃO","COMP-84665",{"$f":"IF(B1002=\"SINAPI\",IFERROR(INDEX(SINAPI!$B:$B,MATCH($C1002,SINAPI!$A:$A,0)),\"\"),IF(B1002=\"COMPOSIÇÃO\",IFERROR(INDEX(COMPOSIÇÃO!$C:$C,MATCH($C1002,COMPOSIÇÃO!$A:$A,0)),\"\"),\"\"))","v":"PINTURA ACRILICA PARA SINALIZAÇÃO HORIZONTAL EM PISO CIMENTADO"},{"$f":"IF(B1002=\"SINAPI\",IFERROR(INDEX(SINAPI!$C:$C,MATCH($C1002,SINAPI!$A:$A,0)),\"\"),IF(B1002=\"COMPOSIÇÃO\",IFERROR(INDEX(COMPOSIÇÃO!$D:$D,MATCH($C1002,COMPOSIÇÃO!$A:$A,0)),\"\"),\"\"))","v":"M2"},1.9,{"$f":"IF(B1002=\"SINAPI\",IFERROR(INDEX(SINAPI!$D:$D,MATCH($C1002,SINAPI!$A:$A,0)),0),IF(B1002=\"COMPOSIÇÃO\",IFERROR(INDEX(COMPOSIÇÃO!$G:$G,MATCH($C1002,COMPOSIÇÃO!$A:$A,0)),0),0))","v":17.978000000000002},21.653523424480138,41.14]
["19.2.4","COMPOSIÇÃO","COMP-507496",{"$f":"IF(B1003=\"SINAPI\",IFERROR(INDEX(SINAPI!$B:$B,MATCH($C1003,SINAPI!$A:$A,0)),\"\"),IF(B1003=\"COMPOSIÇÃO\",IFERROR(INDEX(COMPOSIÇÃO!$C:$C,MATCH($C1003,COMPOSIÇÃO!$A:$A,0)),\"\"),\"\"))","v":"PLACA DE SINALIZACAO DE SEGURANCA CONTRA INCENDIO - ALERTA, TRIANGULAR, BASE DE *30* CM, EM PVC *2* MM ANTI-CHAMAS - QUADRO DE ENERGIA "},{"$f":"IF(B1003=\"SINAPI\",IFERROR(INDEX(SINAPI!$C:$C,MATCH($C1003,SINAPI!$A:$A,0)),\"\"),IF(B1003=\"COMPOSIÇÃO\",IFERROR(INDEX(COMPOSIÇÃO!$D:$D,MATCH($C1003,COMPOSIÇÃO!$A:$A,0)),\"\"),\"\"))","v":"UN"},1,{"$f":"IF(B1003=\"SINAPI\",IFERROR(INDEX(SINAPI!$D:$D,MATCH($C1003,SINAPI!$A:$A,0)),0),IF(B1003=\"COMPOSIÇÃO\",IFERROR(INDEX(COMPOSIÇÃO!$G:$G,MATCH($C1003,COMPOSIÇÃO!$A:$A,0)),0),0))","v":86.686499999999995},104.40917556659234,104.41]
["19.2.5","COMPOSIÇÃO","COMP-7721 ",{"$f":"IF(B1004=\"SINAPI\",IFERROR(INDEX(SINAPI!$B:$B,MATCH($C1004,SINAPI!$A:$A,0)),\"\"),IF(B1004=\"COMPOSIÇÃO\",IFERROR(INDEX(COMPOSIÇÃO!$C:$C,MATCH($C1004,COMPOSIÇÃO!$A:$A,0)),\"\"),\"\"))","v":"PLACA DE SINALIZACAO DE SEGURANCA CONTRA INCENDIO - ALERTA, TRIANGULAR, BASE DE *30* CM, EM PVC *2* MM ANTI-CHAMAS - QUADRO DE ENERGIA "},{"$f":"IF(B1004=\"SINAPI\",IFERROR(INDEX(SINAPI!$C:$C,MATCH($C1004,SINAPI!$A:$A,0)),\"\"),IF(B1004=\"COMPOSIÇÃO\",IFERROR(INDEX(COMPOSIÇÃO!$D:$D,MATCH($C1004,COMPOSIÇÃO!$A:$A,0)),\"\"),\"\"))","v":"UN"},1,{"$f":"IF(B1004=\"SINAPI\",IFERROR(INDEX(SINAPI!$D:$D,MATCH($C1004,SINAPI!$A:$A,0)),0),IF(B1004=\"COMPOSIÇÃO\",IFERROR(INDEX(COMPOSIÇÃO!$G:$G,MATCH($C1004,COMPOSIÇÃO!$A:$A,0)),0),0))","v":84.356499999999997},101.60281726316379,101.6]
["19.2.6","COMPOSIÇÃO","COMP-1505 ",{"$f":"IF(B1005=\"SINAPI\",IFERROR(INDEX(SINAPI!$B:$B,MATCH($C1005,SINAPI!$A:$A,0)),\"\"),IF(B1005=\"COMPOSIÇÃO\",IFERROR(INDEX(COMPOSIÇÃO!$C:$C,MATCH($C1005,COMPOSIÇÃO!$A:$A,0)),\"\"),\"\"))","v":"PLACA DE SINALIZACAO DE SEGURANCA CONTRA INCENDIO, FOTOLUMINESCENTE, QUADRADA, *20 X 20* CM, EM PVC *2* MM ANTI-CHAMAS (SIMBOLOS, CORES E PICTOGRAMAS CONFORME NBR 13434) "},{"$f":"IF(B1005=\"SINAPI\",IFERROR(INDEX(SINAPI!$C:$C,MATCH($C1005,SINAPI!$A:$A,0)),\"\"),IF(B1005=\"COMPOSIÇÃO\",IFERROR(INDEX(COMPOSIÇÃO!$D:$D,MATCH($C1005,COMPOSIÇÃO!$A:$A,0)),\"\"),\"\"))","v":"UN"},1.9,{"$f":"IF(B1005=\"SINAPI\",IFERROR(INDEX(SINAPI!$D:$D,MATCH($C1005,SINAPI!$A:$A,0)),0),IF(B1005=\"COMPOSIÇÃO\",IFERROR(INDEX(COMPOSIÇÃO!$G:$G,MATCH($C1005,COMPOSIÇÃO!$A:$A,0)),0),0))","v":84.792000000000016},102.12735333232395,194.04]
["19.2.7","COMPOSIÇÃO","COMP-9813 ",{"$f":"IF(B1006=\"SINAPI\",IFERROR(INDEX(SINAPI!$B:$B,MATCH($C1006,SINAPI!$A:$A,0)),\"\"),IF(B1006=\"COMPOSIÇÃO\",IFERROR(INDEX(COMPOSIÇÃO!$C:$C,MATCH($C1006,COMPOSIÇÃO!$A:$A,0)),\"\"),\"\"))","v":"PLACA DE SINALIZACAO DE SEGURANCA CONTRA INCENDIO, FOTOLUMINESCENTE, REDONDA DIAM 18 CM, EM PVC *2* MM ANTI-CHAMAS (SIMBOLOS, CORES E PICTOGRAMAS CONFORME NBR 13434) "},{"$f":"IF(B1006=\"SINAPI\",IFERROR(INDEX(SINAPI!$C:$C,MATCH($C1006,SINAPI!$A:$A,0)),\"\"),IF(B1006=\"COMPOSIÇÃO\",IFERROR(INDEX(COMPOSIÇÃO!$D:$D,MATCH($C1006,COMPOSIÇÃO!$A:$A,0)),\"\"),\"\"))","v":"UN"},3.9,{"$f":"IF(B1006=\"SINAPI\",IFERROR(INDEX(SINAPI!$D:$D,MATCH($C1006,SINAPI!$A:$A,0)),0),IF(B1006=\"COMPOSIÇÃO\",IFERROR(INDEX(COMPOSIÇÃO!$G:$G,MATCH($C1006,COMPOSIÇÃO!$A:$A,0)),0),0))","v":152.1345},183.23773275234026,714.63]
["19.2.8","COMPOSIÇÃO","COMP-963760",{"$f":"IF(B1007=\"SINAPI\",IFERROR(INDEX(SINAPI!$B:$B,MATCH($C1007,SINAPI!$A:$A,0)),\"\"),IF(B1007=\"COMPOSIÇÃO\",IFERROR(INDEX(COMPOSIÇÃO!$C:$C,MATCH($C1007,COMPOSIÇÃO!$A:$A,0)),\"\"),\"\"))","v":"LUMINARIA DE EMERGENCIA 30 LEDS, POTENCIA 2 W, BATERIA DE LITIO, AUTONOMIA DE 6 HORAS (UN)- FORNECIMENTO E INSTALAÇÃO "},{"$f":"IF(B1007=\"SINAPI\",IFERROR(INDEX(SINAPI!$C:$C,MATCH($C1007,SINAPI!$A:$A,0)),\"\"),IF(B1007=\"COMPOSIÇÃO\",IFERROR(INDEX(COMPOSIÇÃO!$D:$D,MATCH($C1007,COMPOSIÇÃO!$A:$A,0)),\"\"),\"\"))","v":"UND"},1,{"$f":"IF(B1007=\"SINAPI\",IFERROR(INDEX(SINAPI!$D:$D,MATCH($C1007,SINAPI!$A:$A,0)),0),IF(B1007=\"COMPOSIÇÃO\",IFERROR(INDEX(COMPOSIÇÃO!$G:$G,MATCH($C1007,COMPOSIÇÃO!$A:$A,0)),0),0))","v":28.422999999999998},34.233957964957106,34.229999999999997]
["20.0",null,null,"SERVIÇOS COMPLEMENTARES",null,null,null,null,{"$f":"SUM(I1009:I1016)","v":228652.97}]
["20.1","COMPOSIÇÃO","COMP-943603",{"$f":"IF(B1009=\"SINAPI\",IFERROR(INDEX(SINAPI!$B:$B,MATCH($C1009,SINAPI!$A:$A,0)),\"\"),IF(B1009=\"COMPOSIÇÃO\",IFERROR(INDEX(COMPOSIÇÃO!$C:$C,MATCH($C1009,COMPOSIÇÃO!$A:$A,0)),\"\"),\"\"))","v":"LIMPEZA FINAL DA OBRA"},{"$f":"IF(B1009=\"SINAPI\",IFERROR(INDEX(SINAPI!$C:$C,MATCH($C1009,SINAPI!$A:$A,0)),\"\"),IF(B1009=\"COMPOSIÇÃO\",IFERROR(INDEX(COMPOSIÇÃO!$D:$D,MATCH($C1009,COMPOSIÇÃO!$A:$A,0)),\"\"),\"\"))","v":"M2"},4614.67,{"$f":"IF(B1009=\"SINAPI\",IFERROR(INDEX(SINAPI!$D:$D,MATCH($C1009,SINAPI!$A:$A,0)),0),IF(B1009=\"COMPOSIÇÃO\",IFERROR(INDEX(COMPOSIÇÃO!$G:$G,MATCH($C1009,COMPOSIÇÃO!$A:$A,0)),0),0))","v":2.605},{"$f":"G1009*(1+$I$10)","v":3.1375808499705613},{"$f":"ROUND(F1009*H1009,2)","v":14478.9}]
["20.2","COMPOSIÇÃO","COMP-879649",{"$f":"IF(B1010=\"SINAPI\",IFERROR(INDEX(SINAPI!$B:$B,MATCH($C1010,SINAPI!$A:$A,0)),\"\"),IF(B1010=\"COMPOSIÇÃO\",IFERROR(INDEX(COMPOSIÇÃO!$C:$C,MATCH($C1010,COMPOSIÇÃO!$A:$A,0)),\"\"),\"\"))","v":"TRANSPORTE DE COLETA E DESCARTES DE MATERIAIS"},{"$f":"IF(B1010=\"SINAPI\",IFERROR(INDEX(SINAPI!$C:$C,MATCH($C1010,SINAPI!$A:$A,0)),\"\"),IF(B1010=\"COMPOSIÇÃO\",IFERROR(INDEX(COMPOSIÇÃO!$D:$D,MATCH($C1010,COMPOSIÇÃO!$A:$A,0)),\"\"),\"\"))","v":"M3"},46.1,{"$f":"IF(B1010=\"SINAPI\",IFERROR(INDEX(SINAPI!$D:$D,MATCH($C1010,SINAPI!$A:$A,0)),0),IF(B1010=\"COMPOSIÇÃO\",IFERROR(INDEX(COMPOSIÇÃO!$G:$G,MATCH($C1010,COMPOSIÇÃO!$A:$A,0)),0),0))","v":59.004000000000005},71.06710958605106,3276.19]
["20.3","COMPOSIÇÃO","IFMT 244.08.2020",{"$f":"IF(B1011=\"SINAPI\",IFERROR(INDEX(SINAPI!$B:$B,MATCH($C1011,SINAPI!$A:$A,0)),\"\"),IF(B1011=\"COMPOSIÇÃO\",IFERROR(INDEX(COMPOSIÇÃO!$C:$C,MATCH($C1011,COMPOSIÇÃO!$A:$A,0)),\"\"),\"\"))","v":"ELABORAÇÃO DE PROJETO \"AS BUILT\" ARQUITETÔNICO E COMPLEMENTARES, EXCLUSIVE ELÉTRICO, E REGULAIZAÇÃO PERANTE A PREFEITURA"},{"$f":"IF(B1011=\"SINAPI\",IFERROR(INDEX(SINAPI!$C:$C,MATCH($C1011,SINAPI!$A:$A,0)),\"\"),IF(B1011=\"COMPOSIÇÃO\",IFERROR(INDEX(COMPOSIÇÃO!$D:$D,MATCH($C1011,COMPOSIÇÃO!$A:$A,0)),\"\"),\"\"))","v":"M2"},2500,{"$f":"IF(B1011=\"SINAPI\",IFERROR(INDEX(SINAPI!$D:$D,MATCH($C1011,SINAPI!$A:$A,0)),0),IF(B1011=\"COMPOSIÇÃO\",IFERROR(INDEX(COMPOSIÇÃO!$G:$G,MATCH($C1011,COMPOSIÇÃO!$A:$A,0)),0),0))","v":5.8622399999999999},7.0607493136013142,17651.87]
["20.4","COMPOSIÇÃO","IFMT 245.08.2020",{"$f":"IF(B1012=\"SINAPI\",IFERROR(INDEX(SINAPI!$B:$B,MATCH($C1012,SINAPI!$A:$A,0)),\"\"),IF(B1012=\"COMPOSIÇÃO\",IFERROR(INDEX(COMPOSIÇÃO!$C:$C,MATCH($C1012,COMPOSIÇÃO!$A:$A,0)),\"\"),\"\"))","v":"ELABORAÇÃO DE PROJETO \"AS BUILT\" ELÉTRICO E REGULAIZAÇÃO PERANTE AS CONCESSIONÁRIAS"},{"$f":"IF(B1012=\"SINAPI\",IFERROR(INDEX(SINAPI!$C:$C,MATCH($C1012,SINAPI!$A:$A,0)),\"\"),IF(B1012=\"COMPOSIÇÃO\",IFERROR(INDEX(COMPOSIÇÃO!$D:$D,MATCH($C1012,COMPOSIÇÃO!$A:$A,0)),\"\"),\"\"))","v":"M2"},2500,{"$f":"IF(B1012=\"SINAPI\",IFERROR(INDEX(SINAPI!$D:$D,MATCH($C1012,SINAPI!$A:$A,0)),0),IF(B1012=\"COMPOSIÇÃO\",IFERROR(INDEX(COMPOSIÇÃO!$G:$G,MATCH($C1012,COMPOSIÇÃO!$A:$A,0)),0),0))","v":5.6406999999999989},6.7939164301070791,16984.79]
["20.5","COMPOSIÇÃO","IFMT 246.08.2020",{"$f":"IF(B1013=\"SINAPI\",IFERROR(INDEX(SINAPI!$B:$B,MATCH($C1013,SINAPI!$A:$A,0)),\"\"),IF(B1013=\"COMPOSIÇÃO\",IFERROR(INDEX(COMPOSIÇÃO!$C:$C,MATCH($C1013,COMPOSIÇÃO!$A:$A,0)),\"\"),\"\"))","v":"ELABORAÇÃO DE PROJETO \"AS BUILT\" DE SEGURANÇA DO TRABALHO E REGULAIZAÇÃO PERANTE O CORPO DE BOMBEIRO"},{"$f":"IF(B1013=\"SINAPI\",IFERROR(INDEX(SINAPI!$C:$C,MATCH($C1013,SINAPI!$A:$A,0)),\"\"),IF(B1013=\"COMPOSIÇÃO\",IFERROR(INDEX(COMPOSIÇÃO!$D:$D,MATCH($C1013,COMPOSIÇÃO!$A:$A,0)),\"\"),\"\"))","v":"M2"},2500,{"$f":"IF(B1013=\"SINAPI\",IFERROR(INDEX(SINAPI!$D:$D,MATCH($C1013,SINAPI!$A:$A,0)),0),IF(B1013=\"COMPOSIÇÃO\",IFERROR(INDEX(COMPOSIÇÃO!$G:$G,MATCH($C1013,COMPOSIÇÃO!$A:$A,0)),0),0))","v":5.8622399999999999},7.0607493136013142,17651.87]
["20.6","ORSE",2496,"Regularização mecanizada de áreas","M2",10000,0.83,0.99968986774493884,9996.9]
["20.7","ORSE",4679,"Sondagem de solo","M",100,61.54,74.121583687980163,7412.16]
["20.8","COMPOSIÇÃO","COMP-956512",{"$f":"IF(B1016=\"SINAPI\",IFERROR(INDEX(SINAPI!$B:$B,MATCH($C1016,SINAPI!$A:$A,0)),\"\"),IF(B1016=\"COMPOSIÇÃO\",IFERROR(INDEX(COMPOSIÇÃO!$C:$C,MATCH($C1016,COMPOSIÇÃO!$A:$A,0)),\"\"),\"\"))","v":"PÓRTICO DE ENTRADA COM ESTRUTURA EM CHAPA METALICA, PILAR COM ALTRUA DE 8,30 M E OUTRO COM 7,25 M, E VIGA COM 16,30 M DE COMPRIMENTO POR 1,50 M DE ALTURA, COM ALTURA UTIL 4,70 M, COM BASE EM CONCRETO ARMADO DIMENSIONADO PARA SUPORTAR TODA A ESTRUTURA, PINTADO COM FUNDO ANTI-CORROSIVO, REVESTICO EM ALUMINIO COMPOSTO ( ACM ) 3MM NAS CORES VERDE, BRANCA E VERMELHO CONFORME DETALHAMENTO DA FACHADA. INCLUSO AS INSTALAÇÕES E CONFECÇÃO DE LETRAS TIPO CAIXA ALTA EM INOX CONFORME DETALHAMENTO ESPECIFICO. "},{"$f":"IF(B1016=\"SINAPI\",IFERROR(INDEX(SINAPI!$C:$C,MATCH($C1016,SINAPI!$A:$A,0)),\"\"),IF(B1016=\"COMPOSIÇÃO\",IFERROR(INDEX(COMPOSIÇÃO!$D:$D,MATCH($C1016,COMPOSIÇÃO!$A:$A,0)),\"\"),\"\"))","v":"UN"},1,{"$f":"IF(B1016=\"SINAPI\",IFERROR(INDEX(SINAPI!$D:$D,MATCH($C1016,SINAPI!$A:$A,0)),0),IF(B1016=\"COMPOSIÇÃO\",IFERROR(INDEX(COMPOSIÇÃO!$G:$G,MATCH($C1016,COMPOSIÇÃO!$A:$A,0)),0),0))","v":117232.59999999999},141200.29203541606,141200.29]
[null,null,null,"TOTAL",null,null,null,null,{"$f":"I1008+I967+I787+I783+I775+I761+I754+I500+I242+I218+I173+I152+I138+I117+I110+I74+I55+I39+I25+I14","v":11102120.24}]
[]
[]
[]
[null,"As marcas constantes nesta planilha e no caderno de especificações são referências dos materiais especificados e que devem ser empregados na obra. Poderão ser utilizados materiais de marcas diferentes, desde que esses materiais sejam equivalentes aos descritos acima, quanto à qualidade, linha de fabricação e características. "]
[null,"A LICITANTE deverá apresentar um cronograma físico-financeiro que será analisado e aprovado pelo IFMT, caso venha a ser ela a contratada. "]
[null,"Este orçamento levou em consideração as leis sociais.  "]
[null,"Este orçamento é meramente informativo. A relação dos serviços, assim como seus quantitativos e composições, é de inteira responsabilidade da empresa Contratada. O mesmo se aplica ao BDI."]
[null,"Foi estimado um BDI de 20,44% para esta obra, entretanto, o custo do BDI de cada empresa é individual e deverá contemplar todos os serviços previstos no Edital e que não estão diretamente contemplados nos serviços discriminados na presente planilha."]
[null,"Os preços dos serviços SINAPI já contemplam a mão de obra de aplicação."]

{"sheet":"COMPOSIÇÃO","index":2,"n_rows":3489,"n_cols":7,"rows_kept":3489,"cut":false,"hidden":false,"merged":[[5,0,5,6],[6,0,6,6],[7,0,7,6]]}
[]
[]
[]
[]
[]
["SERVIÇO PUBLICO FEDERAL"]
["INSTITUTO FEDERAL DE EDUCAÇÃO, CIÊNCIA E TECNOLOGIA DE MATO GROSSO"]
[{"$f":"ORÇAMENTO!A6","v":"CAMPUS SINOP"}]
[]
[null,null,"COMPOSIÇÃO NÃO DESONERADO"]
[{"$f":"ORÇAMENTO!A10 & \" \" & ORÇAMENTO!B10","v":"OBRA: IMPLANTAÇÃO DO CAMPUS SINOP"}]
["TABELA SINAPI","ENCARGOS SOCIAIS SOBRE PREÇOS DA MÃO-DE-OBRA: 113,04%(HORA)   71,63%(MÊS)",null,"ORSE - AGOSTO/2021"]
[null,"DATA DE EMISSÃO: 20/09/2021",null,"SEINFRA - MARÇO/2021"]
[null,"DATA REFERÊNCIA TÉCNICA: 20/09/2021",null,"SCO-RJ - SETEMBRO/2021"]
[null,null,null,"GOINFRA - OUTUBRO/2021"]
[null,null,null,"SETOP - JULHO/2021"]
["CLASSE/TIPO","CÓDIGOS/ SINAPI","DESCRIÇÃO","UND","COEFICIENTE","PREÇO UNITÁRIO","PREÇO TOTAL"]
["COMP-264922",{"$f":"IFERROR(INDEX(COMPOSIÇÕES_IFMT!$B:$B,MATCH($A18,COMPOSIÇÕES_IFMT!$A:$A,0)),\"\")","v":""},"PCMAT - PROGRAMA DE CONDIÇÕES E MEIO AMBIENTE DO TRABALHO NA INDÚSTRIA DA CONSTRUÇÃO","UND",null,null,{"$f":"G21","v":734.68000000000006}]
[{"$f":"IFERROR(INDEX(SINAPI!$E:$E,MATCH($B19,SINAPI!$A:$A,0)),\"\")","v":"COMPOSIÇÃO"},100309,{"$f":"IFERROR(INDEX(SINAPI!$B:$B,MATCH($B19,SINAPI!$A:$A,0)),\"\")","v":"TÉCNICO EM SEGURANÇA DO TRABALHO COM ENCARGOS COMPLEMENTARES"},{"$f":"IFERROR(INDEX(SINAPI!$C:$C,MATCH($B19,SINAPI!$A:$A,0)),\"\")","v":"H"},20,{"$f":"IFERROR(INDEX(SINAPI!$D:$D,MATCH($B19,SINAPI!$A:$A,0)),0)","v":25.51},{"$f":"IFERROR(F19*E19,0)","v":510.20000000000005}]
[{"$f":"IFERROR(INDEX(SINAPI!$E:$E,MATCH($B20,SINAPI!$A:$A,0)),\"\")","v":"COMPOSIÇÃO"},90772,{"$f":"IFERROR(INDEX(SINAPI!$B:$B,MATCH($B20,SINAPI!$A:$A,0)),\"\")","v":"AUXILIAR DE ESCRITORIO COM ENCARGOS COMPLEMENTARES"},{"$f":"IFERROR(INDEX(SINAPI!$C:$C,MATCH($B20,SINAPI!$A:$A,0)),\"\")","v":"H"},16,{"$f":"IFERROR(INDEX(SINAPI!$D:$D,MATCH($B20,SINAPI!$A:$A,0)),0)","v":14.03},224.48]
[null,null,null,null,null,"TOTAL",{"$f":"SUM(G19:G20)","v":734.68000000000006}]
[]
[]
["CLASSE/TIPO","CÓDIGOS/ SINAPI","DESCRIÇÃO","UND","COEFICIENTE","PREÇO UNITÁRIO","PREÇO TOTAL"]
["COMP-1940",{"$f":"IFERROR(INDEX(COMPOSIÇÕES_IFMT!$B:$B,MATCH($A25,COMPOSIÇÕES_IFMT!$A:$A,0)),\"\")","v":""},"PPRA - PROGRAMA DE PREVENÇÃO DE RISCOS AMBIENTAIS","UND",null,null,{"$f":"G28","v":892.83999999999992}]
[{"$f":"IFERROR(INDEX(SINAPI!$E:$E,MATCH($B26,SINAPI!$A:$A,0)),\"\")","v":"COMPOSIÇÃO"},100309,{"$f":"IFERROR(INDEX(SINAPI!$B:$B,MATCH($B26,SINAPI!$A:$A,0)),\"\")","v":"TÉCNICO EM SEGURANÇA DO TRABALHO COM ENCARGOS COMPLEMENTARES"},{"$f":"IFERROR(INDEX(SINAPI!$C:$C,MATCH($B26,SINAPI!$A:$A,0)),\"\")","v":"H"},24,{"$f":"IFERROR(INDEX(SINAPI!$D:$D,MATCH($B26,SINAPI!$A:$A,0)),0)","v":25.51},{"$f":"IFERROR(F26*E26,0)","v":612.24}]
[{"$f":"IFERROR(INDEX(SINAPI!$E:$E,MATCH($B27,SINAPI!$A:$A,0)),\"\")","v":"COMPOSIÇÃO"},90772,{"$f":"IFERROR(INDEX(SINAPI!$B:$B,MATCH($B27,SINAPI!$A:$A,0)),\"\")","v":"AUXILIAR DE ESCRITORIO COM ENCARGOS COMPLEMENTARES"},{"$f":"IFERROR(INDEX(SINAPI!$C:$C,MATCH($B27,SINAPI!$A:$A,0)),\"\")","v":"H"},20,{"$f":"IFERROR(INDEX(SINAPI!$D:$D,MATCH($B27,SINAPI!$A:$A,0)),0)","v":14.03},280.59999999999997]
[null,null,null,null,null,"TOTAL",{"$f":"SUM(G26:G27)","v":892.83999999999992}]
[]
[]
["CLASSE/TIPO","CÓDIGOS/ SINAPI","DESCRIÇÃO","UND","COEFICIENTE","PREÇO UNITÁRIO","PREÇO TOTAL"]
["COMP-729139",{"$f":"IFERROR(INDEX(COMPOSIÇÕES_IFMT!$B:$B,MATCH($A32,COMPOSIÇÕES_IFMT!$A:$A,0)),\"\")","v":""},"PCMSO - PROGRAMA DE CONTROLE MÉDICO E MEIO AMBIENTE DO TRABALHO NA INDÚSTRIA DA CONSTRUÇÃO","UND",null,null,{"$f":"G35","v":948.96}]
[{"$f":"IFERROR(INDEX(SINAPI!$E:$E,MATCH($B33,SINAPI!$A:$A,0)),\"\")","v":"COMPOSIÇÃO"},90772,{"$f":"IFERROR(INDEX(SINAPI!$B:$B,MATCH($B33,SINAPI!$A:$A,0)),\"\")","v":"AUXILIAR DE ESCRITORIO COM ENCARGOS COMPLEMENTARES"},{"$f":"IFERROR(INDEX(SINAPI!$C:$C,MATCH($B33,SINAPI!$A:$A,0)),\"\")","v":"H"},24,{"$f":"IFERROR(INDEX(SINAPI!$D:$D,MATCH($B33,SINAPI!$A:$A,0)),0)","v":14.03},{"$f":"IFERROR(F33*E33,0)","v":336.71999999999997}]
[{"$f":"IFERROR(INDEX(SINAPI!$E:$E,MATCH($B34,SINAPI!$A:$A,0)),\"\")","v":"COMPOSIÇÃO"},100309,{"$f":"IFERROR(INDEX(SINAPI!$B:$B,MATCH($B34,SINAPI!$A:$A,0)),\"\")","v":"TÉCNICO EM SEGURANÇA DO TRABALHO COM ENCARGOS COMPLEMENTARES"},{"$f":"IFERROR(INDEX(SINAPI!$C:$C,MATCH($B34,SINAPI!$A:$A,0)),\"\")","v":"H"},24,{"$f":"IFERROR(INDEX(SINAPI!$D:$D,MATCH($B34,SINAPI!$A:$A,0)),0)","v":25.51},612.24]
[null,null,null,null,null,"TOTAL",{"$f":"SUM(G33:G34)","v":948.96}]
[]
[]
["CLASSE/TIPO","CÓDIGOS/ SINAPI","DESCRIÇÃO","UND","COEFICIENTE","PREÇO UNITÁRIO","PREÇO TOTAL"]
["COMP-6982",{"$f":"IFERROR(INDEX(COMPOSIÇÕES_IFMT!$B:$B,MATCH($A39,COMPOSIÇÕES_IFMT!$A:$A,0)),\"\")","v":""},"ENTRADA PROVISÓRIAS DE ÁGUA (UND)","UND",null,null,{"$f":"G47","v":302.73500000000001}]
[{"$f":"IFERROR(INDEX(SINAPI!$E:$E,MATCH($B40,SINAPI!$A:$A,0)),\"\")","v":"INSUMO"},3529,{"$f":"IFERROR(INDEX(SINAPI!$B:$B,MATCH($B40,SINAPI!$A:$A,0)),\"\")","v":"JOELHO PVC, SOLDAVEL, 90 GRAUS, 25 MM, PARA AGUA FRIA PREDIAL                                                                                                                                                                                                                                                                                                                                                                                                                                             "},{"$f":"IFERROR(INDEX(SINAPI!$C:$C,MATCH($B40,SINAPI!$A:$A,0)),\"\")","v":"UN    "},2,{"$f":"IFERROR(INDEX(SINAPI!$D:$D,MATCH($B40,SINAPI!$A:$A,0)),0)","v":0.78},{"$f":"IFERROR(F40*E40,0)","v":1.56}]
[{"$f":"IFERROR(INDEX(SINAPI!$E:$E,MATCH($B41,SINAPI!$A:$A,0)),\"\")","v":"INSUMO"},119,{"$f":"IFERROR(INDEX(SINAPI!$B:$B,MATCH($B41,SINAPI!$A:$A,0)),\"\")","v":"ADESIVO PLASTICO PARA PVC, BISNAGA COM 75 GR                                                                                                                                                                                                                                                                                                                                                                                                                                                              "},{"$f":"IFERROR(INDEX(SINAPI!$C:$C,MATCH($B41,SINAPI!$A:$A,0)),\"\")","v":"UN    "},0.5,{"$f":"IFERROR(INDEX(SINAPI!$D:$D,MATCH($B41,SINAPI!$A:$A,0)),0)","v":8.99},4.4950000000000001]
[{"$f":"IFERROR(INDEX(SINAPI!$E:$E,MATCH($B42,SINAPI!$A:$A,0)),\"\")","v":"INSUMO"},9868,{"$f":"IFERROR(INDEX(SINAPI!$B:$B,MATCH($B42,SINAPI!$A:$A,0)),\"\")","v":"TUBO PVC, SOLDAVEL, DN 25 MM, AGUA FRIA (NBR-5648)                                                                                                                                                                                                                                                                                                                                                                                                                                                        "},{"$f":"IFERROR(INDEX(SINAPI!$C:$C,MATCH($B42,SINAPI!$A:$A,0)),\"\")","v":"M     "},10,{"$f":"IFERROR(INDEX(SINAPI!$D:$D,MATCH($B42,SINAPI!$A:$A,0)),0)","v":3.98},39.799999999999997]
[{"$f":"IFERROR(INDEX(SINAPI!$E:$E,MATCH($B43,SINAPI!$A:$A,0)),\"\")","v":"INSUMO"},38383,{"$f":"IFERROR(INDEX(SINAPI!$B:$B,MATCH($B43,SINAPI!$A:$A,0)),\"\")","v":"LIXA D'AGUA EM FOLHA, GRAO 100                                                                                                                                                                                                                                                                                                                                                                                                                                                                            "},{"$f":"IFERROR(INDEX(SINAPI!$C:$C,MATCH($B43,SINAPI!$A:$A,0)),\"\")","v":"UN    "},2,{"$f":"IFERROR(INDEX(SINAPI!$D:$D,MATCH($B43,SINAPI!$A:$A,0)),0)","v":2.19},4.38]
[{"$f":"IFERROR(INDEX(SINAPI!$E:$E,MATCH($B44,SINAPI!$A:$A,0)),\"\")","v":"COMPOSIÇÃO"},88267,{"$f":"IFERROR(INDEX(SINAPI!$B:$B,MATCH($B44,SINAPI!$A:$A,0)),\"\")","v":"ENCANADOR OU BOMBEIRO HIDRÁULICO COM ENCARGOS COMPLEMENTARES"},{"$f":"IFERROR(INDEX(SINAPI!$C:$C,MATCH($B44,SINAPI!$A:$A,0)),\"\")","v":"H"},2,{"$f":"IFERROR(INDEX(SINAPI!$D:$D,MATCH($B44,SINAPI!$A:$A,0)),0)","v":19.920000000000002},39.840000000000003]
[{"$f":"IFERROR(INDEX(SINAPI!$E:$E,MATCH($B45,SINAPI!$A:$A,0)),\"\")","v":"COMPOSIÇÃO"},88248,{"$f":"IFERROR(INDEX(SINAPI!$B:$B,MATCH($B45,SINAPI!$A:$A,0)),\"\")","v":"AUXILIAR DE ENCANADOR OU BOMBEIRO HIDRÁULICO COM ENCARGOS COMPLEMENTARES"},{"$f":"IFERROR(INDEX(SINAPI!$C:$C,MATCH($B45,SINAPI!$A:$A,0)),\"\")","v":"H"},2,{"$f":"IFERROR(INDEX(SINAPI!$D:$D,MATCH($B45,SINAPI!$A:$A,0)),0)","v":15.08},30.16]
["TAXA","TAXA SINOP","TAXA DE LIGAÇAO DE ÁGUA","UN    ",1,182.5,182.5]
[null,null,null,null,null,"TOTAL",{"$f":"SUM(G40:G46)","v":302.73500000000001}]
[]
[]
["CLASSE/TIPO","CÓDIGOS/ SINAPI","DESCRIÇÃO","UND","COEFICIENTE","PREÇO UNITÁRIO","PREÇO TOTAL"]
["COMP-879649",{"$f":"IFERROR(INDEX(COMPOSIÇÕES_IFMT!$B:$B,MATCH($A51,COMPOSIÇÕES_IFMT!$A:$A,0)),\"\")","v":""},"TRANSPORTE DE COLETA E DESCARTES DE MATERIAIS","M3",null,null,{"$f":"G56","v":59.004000000000005}]
[{"$f":"IFERROR(INDEX(SINAPI!$E:$E,MATCH($B52,SINAPI!$A:$A,0)),\"\")","v":"COMPOSIÇÃO"},95875,{"$f":"IFERROR(INDEX(SINAPI!$B:$B,MATCH($B52,SINAPI!$A:$A,0)),\"\")","v":"TRANSPORTE COM CAMINHÃO BASCULANTE DE 10 M³, EM VIA URBANA PAVIMENTADA, DMT ATÉ 30 KM (UNIDADE: M3XKM). AF_07/2020"},{"$f":"IFERROR(INDEX(SINAPI!$C:$C,MATCH($B52,SINAPI!$A:$A,0)),\"\")","v":"M3XKM"},10,{"$f":"IFERROR(INDEX(SINAPI!$D:$D,MATCH($B52,SINAPI!$A:$A,0)),0)","v":1.75},{"$f":"IFERROR(F52*E52,0)","v":17.5}]
[{"$f":"IFERROR(INDEX(SINAPI!$E:$E,MATCH($B53,SINAPI!$A:$A,0)),\"\")","v":"COMPOSIÇÃO"},88281,{"$f":"IFERROR(INDEX(SINAPI!$B:$B,MATCH($B53,SINAPI!$A:$A,0)),\"\")","v":"MOTORISTA DE BASCULANTE COM ENCARGOS COMPLEMENTARES"},{"$f":"IFERROR(INDEX(SINAPI!$C:$C,MATCH($B53,SINAPI!$A:$A,0)),\"\")","v":"H"},1,{"$f":"IFERROR(INDEX(SINAPI!$D:$D,MATCH($B53,SINAPI!$A:$A,0)),0)","v":15.23},15.23]
[{"$f":"IFERROR(INDEX(SINAPI!$E:$E,MATCH($B54,SINAPI!$A:$A,0)),\"\")","v":"COMPOSIÇÃO"},5680,{"$f":"IFERROR(INDEX(SINAPI!$B:$B,MATCH($B54,SINAPI!$A:$A,0)),\"\")","v":"RETROESCAVADEIRA SOBRE RODAS COM CARREGADEIRA, TRAÇÃO 4X2, POTÊNCIA LÍQ. 79 HP, CAÇAMBA CARREG. CAP. MÍN. 1 M3, CAÇAMBA RETRO CAP. 0,20 M3, PESO OPERACIONAL MÍN. 6.570 KG, PROFUNDIDADE ESCAVAÇÃO MÁX. 4,37 M - CHP DIURNO. AF_06/2014"},{"$f":"IFERROR(INDEX(SINAPI!$C:$C,MATCH($B54,SINAPI!$A:$A,0)),\"\")","v":"CHP"},0.2,{"$f":"IFERROR(INDEX(SINAPI!$D:$D,MATCH($B54,SINAPI!$A:$A,0)),0)","v":95.46},19.091999999999999]
[{"$f":"IFERROR(INDEX(SINAPI!$E:$E,MATCH($B55,SINAPI!$A:$A,0)),\"\")","v":"COMPOSIÇÃO"},5681,{"$f":"IFERROR(INDEX(SINAPI!$B:$B,MATCH($B55,SINAPI!$A:$A,0)),\"\")","v":"RETROESCAVADEIRA SOBRE RODAS COM CARREGADEIRA, TRAÇÃO 4X2, POTÊNCIA LÍQ. 79 HP, CAÇAMBA CARREG. CAP. MÍN. 1 M3, CAÇAMBA RETRO CAP. 0,20 M3, PESO OPERACIONAL MÍN. 6.570 KG, PROFUNDIDADE ESCAVAÇÃO MÁX. 4,37 M - CHI DIURNO. AF_06/2014"},{"$f":"IFERROR(INDEX(SINAPI!$C:$C,MATCH($B55,SINAPI!$A:$A,0)),\"\")","v":"CHI"},0.2,{"$f":"IFERROR(INDEX(SINAPI!$D:$D,MATCH($B55,SINAPI!$A:$A,0)),0)","v":35.909999999999997},7.1819999999999995]
[null,null,null,null,null,"TOTAL",{"$f":"SUM(G52:G55)","v":59.004000000000005}]
[]
[]
["CLASSE/TIPO","CÓDIGOS/ SINAPI","DESCRIÇÃO","UND","COEFICIENTE","PREÇO UNITÁRIO","PREÇO TOTAL"]
["COMP-1294",{"$f":"IFERROR(INDEX(COMPOSIÇÕES_IFMT!$B:$B,MATCH($A60,COMPOSIÇÕES_IFMT!$A:$A,0)),\"\")","v":""},"APILOAMENTO DE FUNDO DE VALA COM COMPACTADOR DE SOLOS DE PERCUSSÃO (SOQUETE)","M2",null,null,{"$f":"G64","v":31.437500000000004}]
[{"$f":"IFERROR(INDEX(SINAPI!$E:$E,MATCH($B61,SINAPI!$A:$A,0)),\"\")","v":"COMPOSIÇÃO"},88316,{"$f":"IFERROR(INDEX(SINAPI!$B:$B,MATCH($B61,SINAPI!$A:$A,0)),\"\")","v":"SERVENTE COM ENCARGOS COMPLEMENTARES"},{"$f":"IFERROR(INDEX(SINAPI!$C:$C,MATCH($B61,SINAPI!$A:$A,0)),\"\")","v":"H"},1.7,{"$f":"IFERROR(INDEX(SINAPI!$D:$D,MATCH($B61,SINAPI!$A:$A,0)),0)","v":15.65},{"$f":"IFERROR(F61*E61,0)","v":26.605}]
[{"$f":"IFERROR(INDEX(SINAPI!$E:$E,MATCH($B62,SINAPI!$A:$A,0)),\"\")","v":"COMPOSIÇÃO"},91533,{"$f":"IFERROR(INDEX(SINAPI!$B:$B,MATCH($B62,SINAPI!$A:$A,0)),\"\")","v":"COMPACTADOR DE SOLOS DE PERCUSSÃO (SOQUETE) COM MOTOR A GASOLINA 4 TEMPOS, POTÊNCIA 4 CV - CHP DIURNO. AF_08/2015"},{"$f":"IFERROR(INDEX(SINAPI!$C:$C,MATCH($B62,SINAPI!$A:$A,0)),\"\")","v":"CHP"},0.125,{"$f":"IFERROR(INDEX(SINAPI!$D:$D,MATCH($B62,SINAPI!$A:$A,0)),0)","v":22.83},2.8537499999999998]
[{"$f":"IFERROR(INDEX(SINAPI!$E:$E,MATCH($B63,SINAPI!$A:$A,0)),\"\")","v":"COMPOSIÇÃO"},91534,{"$f":"IFERROR(INDEX(SINAPI!$B:$B,MATCH($B63,SINAPI!$A:$A,0)),\"\")","v":"COMPACTADOR DE SOLOS DE PERCUSSÃO (SOQUETE) COM MOTOR A GASOLINA 4 TEMPOS, POTÊNCIA 4 CV - CHI DIURNO. AF_08/2015"},{"$f":"IFERROR(INDEX(SINAPI!$C:$C,MATCH($B63,SINAPI!$A:$A,0)),\"\")","v":"CHI"},0.125,{"$f":"IFERROR(INDEX(SINAPI!$D:$D,MATCH($B63,SINAPI!$A:$A,0)),0)","v":15.83},1.97875]
[null,null,null,null,null,"TOTAL",{"$f":"SUM(G61:G63)","v":31.437500000000004}]
[]
[]
["CLASSE/TIPO","CÓDIGOS/ SINAPI","DESCRIÇÃO","UND","COEFICIENTE","PREÇO UNITÁRIO","PREÇO TOTAL"]
["COMP-352975",{"$f":"IFERROR(INDEX(COMPOSIÇÕES_IFMT!$B:$B,MATCH($A68,COMPOSIÇÕES_IFMT!$A:$A,0)),\"\")","v":""},"ESCADA DE MADEIRA COM PATAMAR-LARGURA 1,2 m","M",null,null,{"$f":"G75","v":277.13939999999997}]
[{"$f":"IFERROR(INDEX(SINAPI!$E:$E,MATCH($B69,SINAPI!$A:$A,0)),\"\")","v":"INSUMO"},6193,{"$f":"IFERROR(INDEX(SINAPI!$B:$B,MATCH($B69,SINAPI!$A:$A,0)),\"\")","v":"TABUA  NAO  APARELHADA  *2,5 X 20* CM, EM MACARANDUBA, ANGELIM OU EQUIVALENTE DA REGIAO - BRUTA                                                                                                                                                                                                                                                                                                                                                                                                           "},{"$f":"IFERROR(INDEX(SINAPI!$C:$C,MATCH($B69,SINAPI!$A:$A,0)),\"\")","v":"M     "},8,{"$f":"IFERROR(INDEX(SINAPI!$D:$D,MATCH($B69,SINAPI!$A:$A,0)),0)","v":10.74},{"$f":"IFERROR(F69*E69,0)","v":85.92}]
[{"$f":"IFERROR(INDEX(SINAPI!$E:$E,MATCH($B70,SINAPI!$A:$A,0)),\"\")","v":"INSUMO"},4491,{"$f":"IFERROR(INDEX(SINAPI!$B:$B,MATCH($B70,SINAPI!$A:$A,0)),\"\")","v":"PONTALETE *7,5 X 7,5* CM EM PINUS, MISTA OU EQUIVALENTE DA REGIAO - BRUTA                                                                                                                                                                                                                                                                                                                                                                                                                                 "},{"$f":"IFERROR(INDEX(SINAPI!$C:$C,MATCH($B70,SINAPI!$A:$A,0)),\"\")","v":"M     "},6,{"$f":"IFERROR(INDEX(SINAPI!$D:$D,MATCH($B70,SINAPI!$A:$A,0)),0)","v":8.1300000000000008},48.78]
[{"$f":"IFERROR(INDEX(SINAPI!$E:$E,MATCH($B71,SINAPI!$A:$A,0)),\"\")","v":"INSUMO"},5061,{"$f":"IFERROR(INDEX(SINAPI!$B:$B,MATCH($B71,SINAPI!$A:$A,0)),\"\")","v":"PREGO DE ACO POLIDO COM CABECA 18 X 27 (2 1/2 X 10)                                                                                                                                                                                                                                                                                                                                                                                                                                                       "},{"$f":"IFERROR(INDEX(SINAPI!$C:$C,MATCH($B71,SINAPI!$A:$A,0)),\"\")","v":"KG    "},0.16,{"$f":"IFERROR(INDEX(SINAPI!$D:$D,MATCH($B71,SINAPI!$A:$A,0)),0)","v":22.95},3.6720000000000002]
[{"$f":"IFERROR(INDEX(SINAPI!$E:$E,MATCH($B72,SINAPI!$A:$A,0)),\"\")","v":"INSUMO"},4460,{"$f":"IFERROR(INDEX(SINAPI!$B:$B,MATCH($B72,SINAPI!$A:$A,0)),\"\")","v":"SARRAFO NAO APARELHADO *2,5 X 10* CM, EM MACARANDUBA, ANGELIM OU EQUIVALENTE DA REGIAO -  BRUTA                                                                                                                                                                                                                                                                                                                                                                                                           "},{"$f":"IFERROR(INDEX(SINAPI!$C:$C,MATCH($B72,SINAPI!$A:$A,0)),\"\")","v":"M     "},2.2000000000000002,{"$f":"IFERROR(INDEX(SINAPI!$D:$D,MATCH($B72,SINAPI!$A:$A,0)),0)","v":5.36},11.792000000000002]
[{"$f":"IFERROR(INDEX(SINAPI!$E:$E,MATCH($B73,SINAPI!$A:$A,0)),\"\")","v":"COMPOSIÇÃO"},88239,{"$f":"IFERROR(INDEX(SINAPI!$B:$B,MATCH($B73,SINAPI!$A:$A,0)),\"\")","v":"AJUDANTE DE CARPINTEIRO COM ENCARGOS COMPLEMENTARES"},{"$f":"IFERROR(INDEX(SINAPI!$C:$C,MATCH($B73,SINAPI!$A:$A,0)),\"\")","v":"H"},3.532,{"$f":"IFERROR(INDEX(SINAPI!$D:$D,MATCH($B73,SINAPI!$A:$A,0)),0)","v":16.3},57.571600000000004]
[{"$f":"IFERROR(INDEX(SINAPI!$E:$E,MATCH($B74,SINAPI!$A:$A,0)),\"\")","v":"COMPOSIÇÃO"},88262,{"$f":"IFERROR(INDEX(SINAPI!$B:$B,MATCH($B74,SINAPI!$A:$A,0)),\"\")","v":"CARPINTEIRO DE FORMAS COM ENCARGOS COMPLEMENTARES"},{"$f":"IFERROR(INDEX(SINAPI!$C:$C,MATCH($B74,SINAPI!$A:$A,0)),\"\")","v":"H"},3.532,{"$f":"IFERROR(INDEX(SINAPI!$D:$D,MATCH($B74,SINAPI!$A:$A,0)),0)","v":19.649999999999999},69.40379999999999]
[null,null,null,null,null,"TOTAL",{"$f":"SUM(G69:G74)","v":277.13939999999997}]
[]
[]
["CLASSE/TIPO","CÓDIGOS/ SINAPI","DESCRIÇÃO","UND","COEFICIENTE","PREÇO UNITÁRIO","PREÇO TOTAL"]
["COMP-0967",{"$f":"IFERROR(INDEX(COMPOSIÇÕES_IFMT!$B:$B,MATCH($A79,COMPOSIÇÕES_IFMT!$A:$A,0)),\"\")","v":""},"ESTRUTURA METÁLICA EM AÇO LAMINADO A-36 - 250MPa L 20X20X3,0","KG",null,null,{"$f":"G84","v":12.698499999999999}]
["INSUMO","I0468/SEINFRA","CANTONEIRA DE FERRO 3/4\" x 1/8\" (L X E) (0,88KG/M)","KG",1,8.17,{"$f":"IFERROR(F80*E80,0)","v":8.17}]
[{"$f":"IFERROR(INDEX(SINAPI!$E:$E,MATCH($B81,SINAPI!$A:$A,0)),\"\")","v":"COMPOSIÇÃO"},88315,{"$f":"IFERROR(INDEX(SINAPI!$B:$B,MATCH($B81,SINAPI!$A:$A,0)),\"\")","v":"SERRALHEIRO COM ENCARGOS COMPLEMENTARES"},{"$f":"IFERROR(INDEX(SINAPI!$C:$C,MATCH($B81,SINAPI!$A:$A,0)),\"\")","v":"H"},0.12,{"$f":"IFERROR(INDEX(SINAPI!$D:$D,MATCH($B81,SINAPI!$A:$A,0)),0)","v":19.75},2.37]
[{"$f":"IFERROR(INDEX(SINAPI!$E:$E,MATCH($B82,SINAPI!$A:$A,0)),\"\")","v":"COMPOSIÇÃO"},88316,{"$f":"IFERROR(INDEX(SINAPI!$B:$B,MATCH($B82,SINAPI!$A:$A,0)),\"\")","v":"SERVENTE COM ENCARGOS COMPLEMENTARES"},{"$f":"IFERROR(INDEX(SINAPI!$C:$C,MATCH($B82,SINAPI!$A:$A,0)),\"\")","v":"H"},0.12,{"$f":"IFERROR(INDEX(SINAPI!$D:$D,MATCH($B82,SINAPI!$A:$A,0)),0)","v":15.65},1.8779999999999999]
[{"$f":"IFERROR(INDEX(SINAPI!$E:$E,MATCH($B83,SINAPI!$A:$A,0)),\"\")","v":"COMPOSIÇÃO"},98746,{"$f":"IFERROR(INDEX(SINAPI!$B:$B,MATCH($B83,SINAPI!$A:$A,0)),\"\")","v":"SOLDA DE TOPO EM CHAPA/PERFIL/TUBO DE AÇO CHANFRADO, ESPESSURA=1/4''. AF_06/2018"},{"$f":"IFERROR(INDEX(SINAPI!$C:$C,MATCH($B83,SINAPI!$A:$A,0)),\"\")","v":"M"},6.0000000000000001E-3,{"$f":"IFERROR(INDEX(SINAPI!$D:$D,MATCH($B83,SINAPI!$A:$A,0)),0)","v":46.75},0.28050000000000003]
[null,null,null,null,null,"TOTAL",{"$f":"SUM(G80:G83)","v":12.698499999999999}]
[]
[]
["CLASSE/TIPO","CÓDIGOS/ SINAPI","DESCRIÇÃO","UND","COEFICIENTE","PREÇO UNITÁRIO","PREÇO TOTAL"]
["COMP-4890",{"$f":"IFERROR(INDEX(COMPOSIÇÕES_IFMT!$B:$B,MATCH($A88,COMPOSIÇÕES_IFMT!$A:$A,0)),\"\")","v":""},"ESTRUTURA METÁLICA EM AÇO LAMINADO A-36 - 250MPa L 40X40X5,0","KG",null,null,{"$f":"G93","v":17.862994}]
[{"$f":"IFERROR(INDEX(SINAPI!$E:$E,MATCH($B89,SINAPI!$A:$A,0)),\"\")","v":"INSUMO"},574,{"$f":"IFERROR(INDEX(SINAPI!$B:$B,MATCH($B89,SINAPI!$A:$A,0)),\"\")","v":"CANTONEIRA (ABAS IGUAIS) EM FERRO GALVANIZADO, 38,1 MM X 3,17 MM (L X E), 3,48 KG/M                                                                                                                                                                                                                                                                                                                                                                                                                       "},{"$f":"IFERROR(INDEX(SINAPI!$C:$C,MATCH($B89,SINAPI!$A:$A,0)),\"\")","v":"M     "},0.29409999999999997,{"$f":"IFERROR(INDEX(SINAPI!$D:$D,MATCH($B89,SINAPI!$A:$A,0)),0)","v":45.34},{"$f":"IFERROR(F89*E89,0)","v":13.334493999999999}]
[{"$f":"IFERROR(INDEX(SINAPI!$E:$E,MATCH($B90,SINAPI!$A:$A,0)),\"\")","v":"COMPOSIÇÃO"},88315,{"$f":"IFERROR(INDEX(SINAPI!$B:$B,MATCH($B90,SINAPI!$A:$A,0)),\"\")","v":"SERRALHEIRO COM ENCARGOS COMPLEMENTARES"},{"$f":"IFERROR(INDEX(SINAPI!$C:$C,MATCH($B90,SINAPI!$A:$A,0)),\"\")","v":"H"},0.12,{"$f":"IFERROR(INDEX(SINAPI!$D:$D,MATCH($B90,SINAPI!$A:$A,0)),0)","v":19.75},2.37]
[{"$f":"IFERROR(INDEX(SINAPI!$E:$E,MATCH($B91,SINAPI!$A:$A,0)),\"\")","v":"COMPOSIÇÃO"},88316,{"$f":"IFERROR(INDEX(SINAPI!$B:$B,MATCH($B91,SINAPI!$A:$A,0)),\"\")","v":"SERVENTE COM ENCARGOS COMPLEMENTARES"},{"$f":"IFERROR(INDEX(SINAPI!$C:$C,MATCH($B91,SINAPI!$A:$A,0)),\"\")","v":"H"},0.12,{"$f":"IFERROR(INDEX(SINAPI!$D:$D,MATCH($B91,SINAPI!$A:$A,0)),0)","v":15.65},1.8779999999999999]
[{"$f":"IFERROR(INDEX(SINAPI!$E:$E,MATCH($B92,SINAPI!$A:$A,0)),\"\")","v":"COMPOSIÇÃO"},98746,{"$f":"IFERROR(INDEX(SINAPI!$B:$B,MATCH($B92,SINAPI!$A:$A,0)),\"\")","v":"SOLDA DE TOPO EM CHAPA/PERFIL/TUBO DE AÇO CHANFRADO, ESPESSURA=1/4''. AF_06/2018"},{"$f":"IFERROR(INDEX(SINAPI!$C:$C,MATCH($B92,SINAPI!$A:$A,0)),\"\")","v":"M"},6.0000000000000001E-3,{"$f":"IFERROR(INDEX(SINAPI!$D:$D,MATCH($B92,SINAPI!$A:$A,0)),0)","v":46.75},0.28050000000000003]
[null,null,null,null,null,"TOTAL",{"$f":"SUM(G89:G92)","v":17.862994}]
[]
[]
["CLASSE/TIPO","CÓDIGOS/ SINAPI","DESCRIÇÃO","UND","COEFICIENTE","PREÇO UNITÁRIO","PREÇO TOTAL"]
["COMP-2142",{"$f":"IFERROR(INDEX(COMPOSIÇÕES_IFMT!$B:$B,MATCH($A97,COMPOSIÇÕES_IFMT!$A:$A,0)),\"\")","v":""},"ESTRUTURA METÁLICA EM AÇO LAMINADO A-36 - 250MPa L 70X70X5,0","KG",null,null,{"$f":"G102","v":18.374877171600001}]
[{"$f":"IFERROR(INDEX(SINAPI!$E:$E,MATCH($B98,SINAPI!$A:$A,0)),\"\")","v":"INSUMO"},568,{"$f":"IFERROR(INDEX(SINAPI!$B:$B,MATCH($B98,SINAPI!$A:$A,0)),\"\")","v":"CANTONEIRA (ABAS IGUAIS) EM FERRO GALVANIZADO, 50,8 MM X 9,53 MM (L X E), 6,99 KG/M                                                                                                                                                                                                                                                                                                                                                                                                                       "},{"$f":"IFERROR(INDEX(SINAPI!$C:$C,MATCH($B98,SINAPI!$A:$A,0)),\"\")","v":"M     "},0.14492753999999999,{"$f":"IFERROR(INDEX(SINAPI!$D:$D,MATCH($B98,SINAPI!$A:$A,0)),0)","v":95.54},{"$f":"IFERROR(F98*E98,0)","v":13.8463771716}]
[{"$f":"IFERROR(INDEX(SINAPI!$E:$E,MATCH($B99,SINAPI!$A:$A,0)),\"\")","v":"COMPOSIÇÃO"},88315,{"$f":"IFERROR(INDEX(SINAPI!$B:$B,MATCH($B99,SINAPI!$A:$A,0)),\"\")","v":"SERRALHEIRO COM ENCARGOS COMPLEMENTARES"},{"$f":"IFERROR(INDEX(SINAPI!$C:$C,MATCH($B99,SINAPI!$A:$A,0)),\"\")","v":"H"},0.12,{"$f":"IFERROR(INDEX(SINAPI!$D:$D,MATCH($B99,SINAPI!$A:$A,0)),0)","v":19.75},2.37]
[{"$f":"IFERROR(INDEX(SINAPI!$E:$E,MATCH($B100,SINAPI!$A:$A,0)),\"\")","v":"COMPOSIÇÃO"},88316,{"$f":"IFERROR(INDEX(SINAPI!$B:$B,MATCH($B100,SINAPI!$A:$A,0)),\"\")","v":"SERVENTE COM ENCARGOS COMPLEMENTARES"},{"$f":"IFERROR(INDEX(SINAPI!$C:$C,MATCH($B100,SINAPI!$A:$A,0)),\"\")","v":"H"},0.12,{"$f":"IFERROR(INDEX(SINAPI!$D:$D,MATCH($B100,SINAPI!$A:$A,0)),0)","v":15.65},1.8779999999999999]
[{"$f":"IFERROR(INDEX(SINAPI!$E:$E,MATCH($B101,SINAPI!$A:$A,0)),\"\")","v":"COMPOSIÇÃO"},98746,{"$f":"IFERROR(INDEX(SINAPI!$B:$B,MATCH($B101,SINAPI!$A:$A,0)),\"\")","v":"SOLDA DE TOPO EM CHAPA/PERFIL/TUBO DE AÇO CHANFRADO, ESPESSURA=1/4''. AF_06/2018"},{"$f":"IFERROR(INDEX(SINAPI!$C:$C,MATCH($B101,SINAPI!$A:$A,0)),\"\")","v":"M"},6.0000000000000001E-3,{"$f":"IFERROR(INDEX(SINAPI!$D:$D,MATCH($B101,SINAPI!$A:$A,0)),0)","v":46.75},0.28050000000000003]
[null,null,null,null,null,"TOTAL",{"$f":"SUM(G98:G101)","v":18.374877171600001}]
[]
[]
["CLASSE/TIPO","CÓDIGOS/ SINAPI","DESCRIÇÃO","UND","COEFICIENTE","PREÇO UNITÁRIO","PREÇO TOTAL"]
["COMP-7056",{"$f":"IFERROR(INDEX(COMPOSIÇÕES_IFMT!$B:$B,MATCH($A106,COMPOSIÇÕES_IFMT!$A:$A,0)),\"\")","v":""},"ESTRUTURA METÁLICA EM AÇO LAMINADO A-36 - 250MPa R8 - 8,0MM","KG",null,null,{"$f":"G111","v":9.4685000000000006}]
["INSUMO",43053,"ACO CA-25, 6,3 MM OU 8,0 MM, VERGALHAO",{"$f":"IFERROR(INDEX(SINAPI!$C:$C,MATCH($B107,SINAPI!$A:$A,0)),\"\")","v":"KG    "},1,4.9400000000000004,{"$f":"IFERROR(F107*E107,0)","v":4.9400000000000004}]
[{"$f":"IFERROR(INDEX(SINAPI!$E:$E,MATCH($B108,SINAPI!$A:$A,0)),\"\")","v":"COMPOSIÇÃO"},88315,{"$f":"IFERROR(INDEX(SINAPI!$B:$B,MATCH($B108,SINAPI!$A:$A,0)),\"\")","v":"SERRALHEIRO COM ENCARGOS COMPLEMENTARES"},{"$f":"IFERROR(INDEX(SINAPI!$C:$C,MATCH($B108,SINAPI!$A:$A,0)),\"\")","v":"H"},0.12,{"$f":"IFERROR(INDEX(SINAPI!$D:$D,MATCH($B108,SINAPI!$A:$A,0)),0)","v":19.75},2.37]
[{"$f":"IFERROR(INDEX(SINAPI!$E:$E,MATCH($B109,SINAPI!$A:$A,0)),\"\")","v":"COMPOSIÇÃO"},88316,{"$f":"IFERROR(INDEX(SINAPI!$B:$B,MATCH($B109,SINAPI!$A:$A,0)),\"\")","v":"SERVENTE COM ENCARGOS COMPLEMENTARES"},{"$f":"IFERROR(INDEX(SINAPI!$C:$C,MATCH($B109,SINAPI!$A:$A,0)),\"\")","v":"H"},0.12,{"$f":"IFERROR(INDEX(SINAPI!$D:$D,MATCH($B109,SINAPI!$A:$A,0)),0)","v":15.65},1.8779999999999999]
[{"$f":"IFERROR(INDEX(SINAPI!$E:$E,MATCH($B110,SINAPI!$A:$A,0)),\"\")","v":"COMPOSIÇÃO"},98746,{"$f":"IFERROR(INDEX(SINAPI!$B:$B,MATCH($B110,SINAPI!$A:$A,0)),\"\")","v":"SOLDA DE TOPO EM CHAPA/PERFIL/TUBO DE AÇO CHANFRADO, ESPESSURA=1/4''. AF_06/2018"},{"$f":"IFERROR(INDEX(SINAPI!$C:$C,MATCH($B110,SINAPI!$A:$A,0)),\"\")","v":"M"},6.0000000000000001E-3,{"$f":"IFERROR(INDEX(SINAPI!$D:$D,MATCH($B110,SINAPI!$A:$A,0)),0)","v":46.75},0.28050000000000003]
[null,null,null,null,null,"TOTAL",{"$f":"SUM(G107:G110)","v":9.4685000000000006}]
[]
[]
["CLASSE/TIPO","CÓDIGOS/ SINAPI","DESCRIÇÃO","UND","COEFICIENTE","PREÇO UNITÁRIO","PREÇO TOTAL"]
["COMP-8946",{"$f":"IFERROR(INDEX(COMPOSIÇÕES_IFMT!$B:$B,MATCH($A115,COMPOSIÇÕES_IFMT!$A:$A,0)),\"\")","v":""},"ESTRUTURA METÁLICA EM AÇO ESTRUTURAL A -36, DOBRADO- U100X40X2,66","KG",null,null,{"$f":"G120","v":14.959499999999998}]
[{"$f":"IFERROR(INDEX(SINAPI!$E:$E,MATCH($B116,SINAPI!$A:$A,0)),\"\")","v":"INSUMO"},40598,{"$f":"IFERROR(INDEX(SINAPI!$B:$B,MATCH($B116,SINAPI!$A:$A,0)),\"\")","v":"PERFIL UDC (\"U\" DOBRADO DE CHAPA) SIMPLES DE ACO LAMINADO, GALVANIZADO, ASTM A36, 127 X 50 MM, E= 3 MM                                                                                                                                                                                                                                                                                                                                                                                                    "},{"$f":"IFERROR(INDEX(SINAPI!$C:$C,MATCH($B116,SINAPI!$A:$A,0)),\"\")","v":"KG    "},0.95,{"$f":"IFERROR(INDEX(SINAPI!$D:$D,MATCH($B116,SINAPI!$A:$A,0)),0)","v":10.98},{"$f":"IFERROR(F116*E116,0)","v":10.430999999999999}]
[{"$f":"IFERROR(INDEX(SINAPI!$E:$E,MATCH($B117,SINAPI!$A:$A,0)),\"\")","v":"COMPOSIÇÃO"},88315,{"$f":"IFERROR(INDEX(SINAPI!$B:$B,MATCH($B117,SINAPI!$A:$A,0)),\"\")","v":"SERRALHEIRO COM ENCARGOS COMPLEMENTARES"},{"$f":"IFERROR(INDEX(SINAPI!$C:$C,MATCH($B117,SINAPI!$A:$A,0)),\"\")","v":"H"},0.12,{"$f":"IFERROR(INDEX(SINAPI!$D:$D,MATCH($B117,SINAPI!$A:$A,0)),0)","v":19.75},2.37]
[{"$f":"IFERROR(INDEX(SINAPI!$E:$E,MATCH($B118,SINAPI!$A:$A,0)),\"\")","v":"COMPOSIÇÃO"},88316,{"$f":"IFERROR(INDEX(SINAPI!$B:$B,MATCH($B118,SINAPI!$A:$A,0)),\"\")","v":"SERVENTE COM ENCARGOS COMPLEMENTARES"},{"$f":"IFERROR(INDEX(SINAPI!$C:$C,MATCH($B118,SINAPI!$A:$A,0)),\"\")","v":"H"},0.12,{"$f":"IFERROR(INDEX(SINAPI!$D:$D,MATCH($B118,SINAPI!$A:$A,0)),0)","v":15.65},1.8779999999999999]
[{"$f":"IFERROR(INDEX(SINAPI!$E:$E,MATCH($B119,SINAPI!$A:$A,0)),\"\")","v":"COMPOSIÇÃO"},98746,{"$f":"IFERROR(INDEX(SINAPI!$B:$B,MATCH($B119,SINAPI!$A:$A,0)),\"\")","v":"SOLDA DE TOPO EM CHAPA/PERFIL/TUBO DE AÇO CHANFRADO, ESPESSURA=1/4''. AF_06/2018"},{"$f":"IFERROR(INDEX(SINAPI!$C:$C,MATCH($B119,SINAPI!$A:$A,0)),\"\")","v":"M"},6.0000000000000001E-3,{"$f":"IFERROR(INDEX(SINAPI!$D:$D,MATCH($B119,SINAPI!$A:$A,0)),0)","v":46.75},0.28050000000000003]
[null,null,null,null,null,"TOTAL",{"$f":"SUM(G116:G119)","v":14.959499999999998}]
[]
[]
["CLASSE/TIPO","CÓDIGOS/ SINAPI","DESCRIÇÃO","UND","COEFICIENTE","PREÇO UNITÁRIO","PREÇO TOTAL"]
["COMP-5617",{"$f":"IFERROR(INDEX(COMPOSIÇÕES_IFMT!$B:$B,MATCH($A124,COMPOSIÇÕES_IFMT!$A:$A,0)),\"\")","v":""},"ESTRUTURA METÁLICA EM AÇO ESTRUTURAL A -36, DOBRADO- U150X50X4,76","KG",null,null,{"$f":"G129","v":16.057500000000001}]
[{"$f":"IFERROR(INDEX(SINAPI!$E:$E,MATCH($B125,SINAPI!$A:$A,0)),\"\")","v":"INSUMO"},40598,{"$f":"IFERROR(INDEX(SINAPI!$B:$B,MATCH($B125,SINAPI!$A:$A,0)),\"\")","v":"PERFIL UDC (\"U\" DOBRADO DE CHAPA) SIMPLES DE ACO LAMINADO, GALVANIZADO, ASTM A36, 127 X 50 MM, E= 3 MM                                                                                                                                                                                                                                                                                                                                                                                                    "},{"$f":"IFERROR(INDEX(SINAPI!$C:$C,MATCH($B125,SINAPI!$A:$A,0)),\"\")","v":"KG    "},1.05,{"$f":"IFERROR(INDEX(SINAPI!$D:$D,MATCH($B125,SINAPI!$A:$A,0)),0)","v":10.98},{"$f":"IFERROR(F125*E125,0)","v":11.529000000000002}]
[{"$f":"IFERROR(INDEX(SINAPI!$E:$E,MATCH($B126,SINAPI!$A:$A,0)),\"\")","v":"COMPOSIÇÃO"},88315,{"$f":"IFERROR(INDEX(SINAPI!$B:$B,MATCH($B126,SINAPI!$A:$A,0)),\"\")","v":"SERRALHEIRO COM ENCARGOS COMPLEMENTARES"},{"$f":"IFERROR(INDEX(SINAPI!$C:$C,MATCH($B126,SINAPI!$A:$A,0)),\"\")","v":"H"},0.12,{"$f":"IFERROR(INDEX(SINAPI!$D:$D,MATCH($B126,SINAPI!$A:$A,0)),0)","v":19.75},2.37]
[{"$f":"IFERROR(INDEX(SINAPI!$E:$E,MATCH($B127,SINAPI!$A:$A,0)),\"\")","v":"COMPOSIÇÃO"},88316,{"$f":"IFERROR(INDEX(SINAPI!$B:$B,MATCH($B127,SINAPI!$A:$A,0)),\"\")","v":"SERVENTE COM ENCARGOS COMPLEMENTARES"},{"$f":"IFERROR(INDEX(SINAPI!$C:$C,MATCH($B127,SINAPI!$A:$A,0)),\"\")","v":"H"},0.12,{"$f":"IFERROR(INDEX(SINAPI!$D:$D,MATCH($B127,SINAPI!$A:$A,0)),0)","v":15.65},1.8779999999999999]
[{"$f":"IFERROR(INDEX(SINAPI!$E:$E,MATCH($B128,SINAPI!$A:$A,0)),\"\")","v":"COMPOSIÇÃO"},98746,{"$f":"IFERROR(INDEX(SINAPI!$B:$B,MATCH($B128,SINAPI!$A:$A,0)),\"\")","v":"SOLDA DE TOPO EM CHAPA/PERFIL/TUBO DE AÇO CHANFRADO, ESPESSURA=1/4''. AF_06/2018"},{"$f":"IFERROR(INDEX(SINAPI!$C:$C,MATCH($B128,SINAPI!$A:$A,0)),\"\")","v":"M"},6.0000000000000001E-3,{"$f":"IFERROR(INDEX(SINAPI!$D:$D,MATCH($B128,SINAPI!$A:$A,0)),0)","v":46.75},0.28050000000000003]
[null,null,null,null,null,"TOTAL",{"$f":"SUM(G125:G128)","v":16.057500000000001}]
[]
[]
["CLASSE/TIPO","CÓDIGOS/ SINAPI","DESCRIÇÃO","UND","COEFICIENTE","PREÇO UNITÁRIO","PREÇO TOTAL"]
["COMP-4559",{"$f":"IFERROR(INDEX(COMPOSIÇÕES_IFMT!$B:$B,MATCH($A133,COMPOSIÇÕES_IFMT!$A:$A,0)),\"\")","v":""},"ESTRUTURA METÁLICA EM AÇO ESTRUTURAL A -36, DOBRADO- U200X50X4,76","KG",null,null,{"$f":"G138","v":10.650499999999999}]
[{"$f":"IFERROR(INDEX(SINAPI!$E:$E,MATCH($B134,SINAPI!$A:$A,0)),\"\")","v":"INSUMO"},43083,"PERFIL \"U\" ENRIJECIDO DE ACO GALVANIZADO, DOBRADO, 150 X 60 X 20 MM, E = 3,00 MM OU 200 X 75 X 25 MM, E = 3,75 MM","KG    ",1,5.0599999999999996,{"$f":"IFERROR(F134*E134,0)","v":5.0599999999999996}]
[{"$f":"IFERROR(INDEX(SINAPI!$E:$E,MATCH($B135,SINAPI!$A:$A,0)),\"\")","v":"COMPOSIÇÃO"},88315,{"$f":"IFERROR(INDEX(SINAPI!$B:$B,MATCH($B135,SINAPI!$A:$A,0)),\"\")","v":"SERRALHEIRO COM ENCARGOS COMPLEMENTARES"},{"$f":"IFERROR(INDEX(SINAPI!$C:$C,MATCH($B135,SINAPI!$A:$A,0)),\"\")","v":"H"},0.15,{"$f":"IFERROR(INDEX(SINAPI!$D:$D,MATCH($B135,SINAPI!$A:$A,0)),0)","v":19.75},2.9624999999999999]
[{"$f":"IFERROR(INDEX(SINAPI!$E:$E,MATCH($B136,SINAPI!$A:$A,0)),\"\")","v":"COMPOSIÇÃO"},88316,{"$f":"IFERROR(INDEX(SINAPI!$B:$B,MATCH($B136,SINAPI!$A:$A,0)),\"\")","v":"SERVENTE COM ENCARGOS COMPLEMENTARES"},{"$f":"IFERROR(INDEX(SINAPI!$C:$C,MATCH($B136,SINAPI!$A:$A,0)),\"\")","v":"H"},0.15,{"$f":"IFERROR(INDEX(SINAPI!$D:$D,MATCH($B136,SINAPI!$A:$A,0)),0)","v":15.65},2.3475000000000001]
[{"$f":"IFERROR(INDEX(SINAPI!$E:$E,MATCH($B137,SINAPI!$A:$A,0)),\"\")","v":"COMPOSIÇÃO"},98746,{"$f":"IFERROR(INDEX(SINAPI!$B:$B,MATCH($B137,SINAPI!$A:$A,0)),\"\")","v":"SOLDA DE TOPO EM CHAPA/PERFIL/TUBO DE AÇO CHANFRADO, ESPESSURA=1/4''. AF_06/2018"},{"$f":"IFERROR(INDEX(SINAPI!$C:$C,MATCH($B137,SINAPI!$A:$A,0)),\"\")","v":"M"},6.0000000000000001E-3,{"$f":"IFERROR(INDEX(SINAPI!$D:$D,MATCH($B137,SINAPI!$A:$A,0)),0)","v":46.75},0.28050000000000003]
[null,null,null,null,null,"TOTAL",{"$f":"SUM(G134:G137)","v":10.650499999999999}]
[]
[]
["CLASSE/TIPO","CÓDIGOS/ SINAPI","DESCRIÇÃO","UND","COEFICIENTE","PREÇO UNITÁRIO","PREÇO TOTAL"]
["COMP-4726",{"$f":"IFERROR(INDEX(COMPOSIÇÕES_IFMT!$B:$B,MATCH($A142,COMPOSIÇÕES_IFMT!$A:$A,0)),\"\")","v":""},"ESTRUTURA METÁLICA EM AÇO ESTRUTURAL A -36, DOBRADO- C150X60X20X3,04","KG",null,null,{"$f":"G147","v":9.5884999999999998}]
["INSUMO",43083,"PERFIL \"U\" ENRIJECIDO DE ACO GALVANIZADO, DOBRADO, 150 X 60 X 20 MM, E = 3,00 MM OU 200 X 75 X 25 MM, E = 3,75 MM","KG    ",1,5.0599999999999996,{"$f":"IFERROR(F143*E143,0)","v":5.0599999999999996}]
[{"$f":"IFERROR(INDEX(SINAPI!$E:$E,MATCH($B144,SINAPI!$A:$A,0)),\"\")","v":"COMPOSIÇÃO"},88315,{"$f":"IFERROR(INDEX(SINAPI!$B:$B,MATCH($B144,SINAPI!$A:$A,0)),\"\")","v":"SERRALHEIRO COM ENCARGOS COMPLEMENTARES"},{"$f":"IFERROR(INDEX(SINAPI!$C:$C,MATCH($B144,SINAPI!$A:$A,0)),\"\")","v":"H"},0.12,{"$f":"IFERROR(INDEX(SINAPI!$D:$D,MATCH($B144,SINAPI!$A:$A,0)),0)","v":19.75},2.37]
[{"$f":"IFERROR(INDEX(SINAPI!$E:$E,MATCH($B145,SINAPI!$A:$A,0)),\"\")","v":"COMPOSIÇÃO"},88316,{"$f":"IFERROR(INDEX(SINAPI!$B:$B,MATCH($B145,SINAPI!$A:$A,0)),\"\")","v":"SERVENTE COM ENCARGOS COMPLEMENTARES"},{"$f":"IFERROR(INDEX(SINAPI!$C:$C,MATCH($B145,SINAPI!$A:$A,0)),\"\")","v":"H"},0.12,{"$f":"IFERROR(INDEX(SINAPI!$D:$D,MATCH($B145,SINAPI!$A:$A,0)),0)","v":15.65},1.8779999999999999]
[{"$f":"IFERROR(INDEX(SINAPI!$E:$E,MATCH($B146,SINAPI!$A:$A,0)),\"\")","v":"COMPOSIÇÃO"},98746,{"$f":"IFERROR(INDEX(SINAPI!$B:$B,MATCH($B146,SINAPI!$A:$A,0)),\"\")","v":"SOLDA DE TOPO EM CHAPA/PERFIL/TUBO DE AÇO CHANFRADO, ESPESSURA=1/4''. AF_06/2018"},{"$f":"IFERROR(INDEX(SINAPI!$C:$C,MATCH($B146,SINAPI!$A:$A,0)),\"\")","v":"M"},6.0000000000000001E-3,{"$f":"IFERROR(INDEX(SINAPI!$D:$D,MATCH($B146,SINAPI!$A:$A,0)),0)","v":46.75},0.28050000000000003]
[null,null,null,null,null,"TOTAL",{"$f":"SUM(G143:G146)","v":9.5884999999999998}]
[]
[]
["CLASSE/TIPO","CÓDIGOS/ SINAPI","DESCRIÇÃO","UND","COEFICIENTE","PREÇO UNITÁRIO","PREÇO TOTAL"]
["COMP-3579",{"$f":"IFERROR(INDEX(COMPOSIÇÕES_IFMT!$B:$B,MATCH($A151,COMPOSIÇÕES_IFMT!$A:$A,0)),\"\")","v":""},"ESTRUTURA METÁLICA EM AÇO ESTRUTURAL A -36, DOBRADO- C127X50X17X2.66","KG",null,null,{"$f":"G156","v":15.508500000000002}]
[{"$f":"IFERROR(INDEX(SINAPI!$E:$E,MATCH($B152,SINAPI!$A:$A,0)),\"\")","v":"INSUMO"},40598,{"$f":"IFERROR(INDEX(SINAPI!$B:$B,MATCH($B152,SINAPI!$A:$A,0)),\"\")","v":"PERFIL UDC (\"U\" DOBRADO DE CHAPA) SIMPLES DE ACO LAMINADO, GALVANIZADO, ASTM A36, 127 X 50 MM, E= 3 MM                                                                                                                                                                                                                                                                                                                                                                                                    "},{"$f":"IFERROR(INDEX(SINAPI!$C:$C,MATCH($B152,SINAPI!$A:$A,0)),\"\")","v":"KG    "},1,{"$f":"IFERROR(INDEX(SINAPI!$D:$D,MATCH($B152,SINAPI!$A:$A,0)),0)","v":10.98},{"$f":"IFERROR(F152*E152,0)","v":10.98}]
[{"$f":"IFERROR(INDEX(SINAPI!$E:$E,MATCH($B153,SINAPI!$A:$A,0)),\"\")","v":"COMPOSIÇÃO"},88315,{"$f":"IFERROR(INDEX(SINAPI!$B:$B,MATCH($B153,SINAPI!$A:$A,0)),\"\")","v":"SERRALHEIRO COM ENCARGOS COMPLEMENTARES"},{"$f":"IFERROR(INDEX(SINAPI!$C:$C,MATCH($B153,SINAPI!$A:$A,0)),\"\")","v":"H"},0.12,{"$f":"IFERROR(INDEX(SINAPI!$D:$D,MATCH($B153,SINAPI!$A:$A,0)),0)","v":19.75},2.37]
[{"$f":"IFERROR(INDEX(SINAPI!$E:$E,MATCH($B154,SINAPI!$A:$A,0)),\"\")","v":"COMPOSIÇÃO"},88316,{"$f":"IFERROR(INDEX(SINAPI!$B:$B,MATCH($B154,SINAPI!$A:$A,0)),\"\")","v":"SERVENTE COM ENCARGOS COMPLEMENTARES"},{"$f":"IFERROR(INDEX(SINAPI!$C:$C,MATCH($B154,SINAPI!$A:$A,0)),\"\")","v":"H"},0.12,{"$f":"IFERROR(INDEX(SINAPI!$D:$D,MATCH($B154,SINAPI!$A:$A,0)),0)","v":15.65},1.8779999999999999]
[{"$f":"IFERROR(INDEX(SINAPI!$E:$E,MATCH($B155,SINAPI!$A:$A,0)),\"\")","v":"COMPOSIÇÃO"},98746,{"$f":"IFERROR(INDEX(SINAPI!$B:$B,MATCH($B155,SINAPI!$A:$A,0)),\"\")","v":"SOLDA DE TOPO EM CHAPA/PERFIL/TUBO DE AÇO CHANFRADO, ESPESSURA=1/4''. AF_06/2018"},{"$f":"IFERROR(INDEX(SINAPI!$C:$C,MATCH($B155,SINAPI!$A:$A,0)),\"\")","v":"M"},6.0000000000000001E-3,{"$f":"IFERROR(INDEX(SINAPI!$D:$D,MATCH($B155,SINAPI!$A:$A,0)),0)","v":46.75},0.28050000000000003]
[null,null,null,null,null,"TOTAL",{"$f":"SUM(G152:G155)","v":15.508500000000002}]
[]
[]
["CLASSE/TIPO","CÓDIGOS/ SINAPI","DESCRIÇÃO","UND","COEFICIENTE","PREÇO UNITÁRIO","PREÇO TOTAL"]
["COMP-331649",{"$f":"IFERROR(INDEX(COMPOSIÇÕES_IFMT!$B:$B,MATCH($A160,COMPOSIÇÕES_IFMT!$A:$A,0)),\"\")","v":""},"TELHA EM ALUMÍNIO C/MIOLO POLIURETANO, TRAPEZOIDAL, PRÉ-PINTADA EM UMA FACE","M2",null,null,{"$f":"G167","v":197.76894000000001}]
[{"$f":"IFERROR(INDEX(SINAPI!$E:$E,MATCH($B161,SINAPI!$A:$A,0)),\"\")","v":"INSUMO"},39522,{"$f":"IFERROR(INDEX(SINAPI!$B:$B,MATCH($B161,SINAPI!$A:$A,0)),\"\")","v":"TELHA TERMOISOLANTE REVESTIDA EM ACO GALVANIZADO, FACES SUPERIOR E INFERIOR EM TELHA TRAPEZOIDAL (SEM ACESSORIOS DE FIXACAO), REVESTIMENTO COM ESPESSURA DE 0,50 MM COM PRE-PINTURA NAS DUAS FACES, NUCLEO EM POLIESTIRENO (EPS) DE 50 MM                                                                                                                                                                                                                                                                 "},{"$f":"IFERROR(INDEX(SINAPI!$C:$C,MATCH($B161,SINAPI!$A:$A,0)),\"\")","v":"M2    "},1,{"$f":"IFERROR(INDEX(SINAPI!$D:$D,MATCH($B161,SINAPI!$A:$A,0)),0)","v":188.28},{"$f":"IFERROR(F161*E161,0)","v":188.28}]
[{"$f":"IFERROR(INDEX(SINAPI!$E:$E,MATCH($B162,SINAPI!$A:$A,0)),\"\")","v":"INSUMO"},11029,{"$f":"IFERROR(INDEX(SINAPI!$B:$B,MATCH($B162,SINAPI!$A:$A,0)),\"\")","v":"HASTE RETA PARA GANCHO DE FERRO GALVANIZADO, COM ROSCA 1/4 \" X 30 CM PARA FIXACAO DE TELHA METALICA, INCLUI PORCA E ARRUELAS DE VEDACAO                                                                                                                                                                                                                                                                                                                                                                   "},{"$f":"IFERROR(INDEX(SINAPI!$C:$C,MATCH($B162,SINAPI!$A:$A,0)),\"\")","v":"CJ    "},4.1500000000000004,{"$f":"IFERROR(INDEX(SINAPI!$D:$D,MATCH($B162,SINAPI!$A:$A,0)),0)","v":1.76},7.3040000000000003]
[{"$f":"IFERROR(INDEX(SINAPI!$E:$E,MATCH($B163,SINAPI!$A:$A,0)),\"\")","v":"COMPOSIÇÃO"},88316,{"$f":"IFERROR(INDEX(SINAPI!$B:$B,MATCH($B163,SINAPI!$A:$A,0)),\"\")","v":"SERVENTE COM ENCARGOS COMPLEMENTARES"},{"$f":"IFERROR(INDEX(SINAPI!$C:$C,MATCH($B163,SINAPI!$A:$A,0)),\"\")","v":"H"},6.2E-2,{"$f":"IFERROR(INDEX(SINAPI!$D:$D,MATCH($B163,SINAPI!$A:$A,0)),0)","v":15.65},0.97030000000000005]
[{"$f":"IFERROR(INDEX(SINAPI!$E:$E,MATCH($B164,SINAPI!$A:$A,0)),\"\")","v":"COMPOSIÇÃO"},88323,{"$f":"IFERROR(INDEX(SINAPI!$B:$B,MATCH($B164,SINAPI!$A:$A,0)),\"\")","v":"TELHADISTA COM ENCARGOS COMPLEMENTARES"},{"$f":"IFERROR(INDEX(SINAPI!$C:$C,MATCH($B164,SINAPI!$A:$A,0)),\"\")","v":"H"},5.6000000000000001E-2,{"$f":"IFERROR(INDEX(SINAPI!$D:$D,MATCH($B164,SINAPI!$A:$A,0)),0)","v":21.12},1.18272]
[{"$f":"IFERROR(INDEX(SINAPI!$E:$E,MATCH($B165,SINAPI!$A:$A,0)),\"\")","v":"COMPOSIÇÃO"},93281,{"$f":"IFERROR(INDEX(SINAPI!$B:$B,MATCH($B165,SINAPI!$A:$A,0)),\"\")","v":"GUINCHO ELÉTRICO DE COLUNA, CAPACIDADE 400 KG, COM MOTO FREIO, MOTOR TRIFÁSICO DE 1,25 CV - CHP DIURNO. AF_03/2016"},{"$f":"IFERROR(INDEX(SINAPI!$C:$C,MATCH($B165,SINAPI!$A:$A,0)),\"\")","v":"CHP"},8.9999999999999998E-4,{"$f":"IFERROR(INDEX(SINAPI!$D:$D,MATCH($B165,SINAPI!$A:$A,0)),0)","v":15.76},1.4183999999999999E-2]
[{"$f":"IFERROR(INDEX(SINAPI!$E:$E,MATCH($B166,SINAPI!$A:$A,0)),\"\")","v":"COMPOSIÇÃO"},93282,{"$f":"IFERROR(INDEX(SINAPI!$B:$B,MATCH($B166,SINAPI!$A:$A,0)),\"\")","v":"GUINCHO ELÉTRICO DE COLUNA, CAPACIDADE 400 KG, COM MOTO FREIO, MOTOR TRIFÁSICO DE 1,25 CV - CHI DIURNO. AF_03/2016"},{"$f":"IFERROR(INDEX(SINAPI!$C:$C,MATCH($B166,SINAPI!$A:$A,0)),\"\")","v":"CHI"},1.1999999999999999E-3,{"$f":"IFERROR(INDEX(SINAPI!$D:$D,MATCH($B166,SINAPI!$A:$A,0)),0)","v":14.78},1.7735999999999998E-2]
[null,null,null,null,null,"TOTAL",{"$f":"SUM(G161:G166)","v":197.76894000000001}]
[]
[]
["CLASSE/TIPO","CÓDIGOS/ SINAPI","DESCRIÇÃO","UND","COEFICIENTE","PREÇO UNITÁRIO","PREÇO TOTAL"]
["COMP-7737",{"$f":"IFERROR(INDEX(COMPOSIÇÕES_IFMT!$B:$B,MATCH($A171,COMPOSIÇÕES_IFMT!$A:$A,0)),\"\")","v":""},"TELHA DE ALUMÍNIO, TRAPEZOIDAL e = 0,7mm","M2",null,null,{"$f":"G178","v":64.488939999999999}]
[{"$f":"IFERROR(INDEX(SINAPI!$E:$E,MATCH($B172,SINAPI!$A:$A,0)),\"\")","v":"INSUMO"},11029,{"$f":"IFERROR(INDEX(SINAPI!$B:$B,MATCH($B172,SINAPI!$A:$A,0)),\"\")","v":"HASTE RETA PARA GANCHO DE FERRO GALVANIZADO, COM ROSCA 1/4 \" X 30 CM PARA FIXACAO DE TELHA METALICA, INCLUI PORCA E ARRUELAS DE VEDACAO                                                                                                                                                                                                                                                                                                                                                                   "},{"$f":"IFERROR(INDEX(SINAPI!$C:$C,MATCH($B172,SINAPI!$A:$A,0)),\"\")","v":"CJ    "},4.1500000000000004,{"$f":"IFERROR(INDEX(SINAPI!$D:$D,MATCH($B172,SINAPI!$A:$A,0)),0)","v":1.76},{"$f":"IFERROR(F172*E172,0)","v":7.3040000000000003}]
[{"$f":"IFERROR(INDEX(SINAPI!$E:$E,MATCH($B173,SINAPI!$A:$A,0)),\"\")","v":"INSUMO"},25007,{"$f":"IFERROR(INDEX(SINAPI!$B:$B,MATCH($B173,SINAPI!$A:$A,0)),\"\")","v":"TELHA ONDULADA EM ACO ZINCADO, ALTURA DE 17 MM, ESPESSURA DE 0,50 MM, LARGURA UTIL DE APROXIMADAMENTE 985 MM, SEM PINTURA                                                                                                                                                                                                                                                                                                                                                                                 "},{"$f":"IFERROR(INDEX(SINAPI!$C:$C,MATCH($B173,SINAPI!$A:$A,0)),\"\")","v":"M2    "},1,{"$f":"IFERROR(INDEX(SINAPI!$D:$D,MATCH($B173,SINAPI!$A:$A,0)),0)","v":55},55]
[{"$f":"IFERROR(INDEX(SINAPI!$E:$E,MATCH($B174,SINAPI!$A:$A,0)),\"\")","v":"COMPOSIÇÃO"},88316,{"$f":"IFERROR(INDEX(SINAPI!$B:$B,MATCH($B174,SINAPI!$A:$A,0)),\"\")","v":"SERVENTE COM ENCARGOS COMPLEMENTARES"},{"$f":"IFERROR(INDEX(SINAPI!$C:$C,MATCH($B174,SINAPI!$A:$A,0)),\"\")","v":"H"},6.2E-2,{"$f":"IFERROR(INDEX(SINAPI!$D:$D,MATCH($B174,SINAPI!$A:$A,0)),0)","v":15.65},0.97030000000000005]
[{"$f":"IFERROR(INDEX(SINAPI!$E:$E,MATCH($B175,SINAPI!$A:$A,0)),\"\")","v":"COMPOSIÇÃO"},88323,{"$f":"IFERROR(INDEX(SINAPI!$B:$B,MATCH($B175,SINAPI!$A:$A,0)),\"\")","v":"TELHADISTA COM ENCARGOS COMPLEMENTARES"},{"$f":"IFERROR(INDEX(SINAPI!$C:$C,MATCH($B175,SINAPI!$A:$A,0)),\"\")","v":"H"},5.6000000000000001E-2,{"$f":"IFERROR(INDEX(SINAPI!$D:$D,MATCH($B175,SINAPI!$A:$A,0)),0)","v":21.12},1.18272]
[{"$f":"IFERROR(INDEX(SINAPI!$E:$E,MATCH($B176,SINAPI!$A:$A,0)),\"\")","v":"COMPOSIÇÃO"},93281,{"$f":"IFERROR(INDEX(SINAPI!$B:$B,MATCH($B176,SINAPI!$A:$A,0)),\"\")","v":"GUINCHO ELÉTRICO DE COLUNA, CAPACIDADE 400 KG, COM MOTO FREIO, MOTOR TRIFÁSICO DE 1,25 CV - CHP DIURNO. AF_03/2016"},{"$f":"IFERROR(INDEX(SINAPI!$C:$C,MATCH($B176,SINAPI!$A:$A,0)),\"\")","v":"CHP"},8.9999999999999998E-4,{"$f":"IFERROR(INDEX(SINAPI!$D:$D,MATCH($B176,SINAPI!$A:$A,0)),0)","v":15.76},1.4183999999999999E-2]
[{"$f":"IFERROR(INDEX(SINAPI!$E:$E,MATCH($B177,SINAPI!$A:$A,0)),\"\")","v":"COMPOSIÇÃO"},93282,{"$f":"IFERROR(INDEX(SINAPI!$B:$B,MATCH($B177,SINAPI!$A:$A,0)),\"\")","v":"GUINCHO ELÉTRICO DE COLUNA, CAPACIDADE 400 KG, COM MOTO FREIO, MOTOR TRIFÁSICO DE 1,25 CV - CHI DIURNO. AF_03/2016"},{"$f":"IFERROR(INDEX(SINAPI!$C:$C,MATCH($B177,SINAPI!$A:$A,0)),\"\")","v":"CHI"},1.1999999999999999E-3,{"$f":"IFERROR(INDEX(SINAPI!$D:$D,MATCH($B177,SINAPI!$A:$A,0)),0)","v":14.78},1.7735999999999998E-2]
[null,null,null,null,null,"TOTAL",{"$f":"SUM(G172:G177)","v":64.488939999999999}]
[]
[]
["CLASSE/TIPO","CÓDIGOS/ SINAPI","DESCRIÇÃO","UND","COEFICIENTE","PREÇO UNITÁRIO","PREÇO TOTAL"]
["COMP-388053",{"$f":"IFERROR(INDEX(COMPOSIÇÕES_IFMT!$B:$B,MATCH($A182,COMPOSIÇÕES_IFMT!$A:$A,0)),\"\")","v":""},"CUMEEIRA DE ALUMÍNIO E=0.8mm","M",null,null,{"$f":"G186","v":102.5502}]
["INSUMO","00720/ORSE","Cumeeira alumínio 0,8 mm (2,71 kg/m2)","M",1,81.02,{"$f":"IFERROR(F183*E183,0)","v":81.02}]
[{"$f":"IFERROR(INDEX(SINAPI!$E:$E,MATCH($B184,SINAPI!$A:$A,0)),\"\")","v":"COMPOSIÇÃO"},88323,{"$f":"IFERROR(INDEX(SINAPI!$B:$B,MATCH($B184,SINAPI!$A:$A,0)),\"\")","v":"TELHADISTA COM ENCARGOS COMPLEMENTARES"},{"$f":"IFERROR(INDEX(SINAPI!$C:$C,MATCH($B184,SINAPI!$A:$A,0)),\"\")","v":"H"},0.56000000000000005,{"$f":"IFERROR(INDEX(SINAPI!$D:$D,MATCH($B184,SINAPI!$A:$A,0)),0)","v":21.12},11.827200000000001]
[{"$f":"IFERROR(INDEX(SINAPI!$E:$E,MATCH($B185,SINAPI!$A:$A,0)),\"\")","v":"COMPOSIÇÃO"},88316,{"$f":"IFERROR(INDEX(SINAPI!$B:$B,MATCH($B185,SINAPI!$A:$A,0)),\"\")","v":"SERVENTE COM ENCARGOS COMPLEMENTARES"},{"$f":"IFERROR(INDEX(SINAPI!$C:$C,MATCH($B185,SINAPI!$A:$A,0)),\"\")","v":"H"},0.62,{"$f":"IFERROR(INDEX(SINAPI!$D:$D,MATCH($B185,SINAPI!$A:$A,0)),0)","v":15.65},9.7029999999999994]
[null,null,null,null,null,"TOTAL",{"$f":"SUM(G183:G185)","v":102.5502}]
[]
[]
["CLASSE/TIPO","CÓDIGOS/ SINAPI","DESCRIÇÃO","UND","COEFICIENTE","PREÇO UNITÁRIO","PREÇO TOTAL"]
["COMP-0294",{"$f":"IFERROR(INDEX(COMPOSIÇÕES_IFMT!$B:$B,MATCH($A190,COMPOSIÇÕES_IFMT!$A:$A,0)),\"\")","v":""},"CUMEEIRA TERMOACÚSTICA","M",null,null,{"$f":"G197","v":141.66977600000001}]
["INSUMO","09363/ORSE","Cumeeira termoacustica","M",1,112.94,{"$f":"IFERROR(F191*E191,0)","v":112.94}]
[{"$f":"IFERROR(INDEX(SINAPI!$E:$E,MATCH($B192,SINAPI!$A:$A,0)),\"\")","v":"INSUMO"},11029,{"$f":"IFERROR(INDEX(SINAPI!$B:$B,MATCH($B192,SINAPI!$A:$A,0)),\"\")","v":"HASTE RETA PARA GANCHO DE FERRO GALVANIZADO, COM ROSCA 1/4 \" X 30 CM PARA FIXACAO DE TELHA METALICA, INCLUI PORCA E ARRUELAS DE VEDACAO                                                                                                                                                                                                                                                                                                                                                                   "},{"$f":"IFERROR(INDEX(SINAPI!$C:$C,MATCH($B192,SINAPI!$A:$A,0)),\"\")","v":"CJ    "},4,{"$f":"IFERROR(INDEX(SINAPI!$D:$D,MATCH($B192,SINAPI!$A:$A,0)),0)","v":1.76},7.04]
[{"$f":"IFERROR(INDEX(SINAPI!$E:$E,MATCH($B193,SINAPI!$A:$A,0)),\"\")","v":"COMPOSIÇÃO"},88323,{"$f":"IFERROR(INDEX(SINAPI!$B:$B,MATCH($B193,SINAPI!$A:$A,0)),\"\")","v":"TELHADISTA COM ENCARGOS COMPLEMENTARES"},{"$f":"IFERROR(INDEX(SINAPI!$C:$C,MATCH($B193,SINAPI!$A:$A,0)),\"\")","v":"H"},0.56000000000000005,{"$f":"IFERROR(INDEX(SINAPI!$D:$D,MATCH($B193,SINAPI!$A:$A,0)),0)","v":21.12},11.827200000000001]
[{"$f":"IFERROR(INDEX(SINAPI!$E:$E,MATCH($B194,SINAPI!$A:$A,0)),\"\")","v":"COMPOSIÇÃO"},88316,{"$f":"IFERROR(INDEX(SINAPI!$B:$B,MATCH($B194,SINAPI!$A:$A,0)),\"\")","v":"SERVENTE COM ENCARGOS COMPLEMENTARES"},{"$f":"IFERROR(INDEX(SINAPI!$C:$C,MATCH($B194,SINAPI!$A:$A,0)),\"\")","v":"H"},0.62,{"$f":"IFERROR(INDEX(SINAPI!$D:$D,MATCH($B194,SINAPI!$A:$A,0)),0)","v":15.65},9.7029999999999994]
[{"$f":"IFERROR(INDEX(SINAPI!$E:$E,MATCH($B195,SINAPI!$A:$A,0)),\"\")","v":"COMPOSIÇÃO"},93281,{"$f":"IFERROR(INDEX(SINAPI!$B:$B,MATCH($B195,SINAPI!$A:$A,0)),\"\")","v":"GUINCHO ELÉTRICO DE COLUNA, CAPACIDADE 400 KG, COM MOTO FREIO, MOTOR TRIFÁSICO DE 1,25 CV - CHP DIURNO. AF_03/2016"},{"$f":"IFERROR(INDEX(SINAPI!$C:$C,MATCH($B195,SINAPI!$A:$A,0)),\"\")","v":"CHP"},8.9999999999999993E-3,{"$f":"IFERROR(INDEX(SINAPI!$D:$D,MATCH($B195,SINAPI!$A:$A,0)),0)","v":15.76},0.14183999999999999]
[{"$f":"IFERROR(INDEX(SINAPI!$E:$E,MATCH($B196,SINAPI!$A:$A,0)),\"\")","v":"COMPOSIÇÃO"},93282,{"$f":"IFERROR(INDEX(SINAPI!$B:$B,MATCH($B196,SINAPI!$A:$A,0)),\"\")","v":"GUINCHO ELÉTRICO DE COLUNA, CAPACIDADE 400 KG, COM MOTO FREIO, MOTOR TRIFÁSICO DE 1,25 CV - CHI DIURNO. AF_03/2016"},{"$f":"IFERROR(INDEX(SINAPI!$C:$C,MATCH($B196,SINAPI!$A:$A,0)),\"\")","v":"CHI"},1.1999999999999999E-3,{"$f":"IFERROR(INDEX(SINAPI!$D:$D,MATCH($B196,SINAPI!$A:$A,0)),0)","v":14.78},1.7735999999999998E-2]
[null,null,null,null,null,"TOTAL",{"$f":"SUM(G191:G196)","v":141.66977600000001}]
[]
[]
["CLASSE/TIPO","CÓDIGOS/ SINAPI","DESCRIÇÃO","UND","COEFICIENTE","PREÇO UNITÁRIO","PREÇO TOTAL"]
["COMP-1459",{"$f":"IFERROR(INDEX(COMPOSIÇÕES_IFMT!$B:$B,MATCH($A201,COMPOSIÇÕES_IFMT!$A:$A,0)),\"\")","v":""},"RUFO EM ALUMÍNIO ESTAMPADO ESP=0,8mm COM DESENVOLVIMENTO DE 25cm","M",null,null,{"$f":"G207","v":50.419775999999999}]
[{"$f":"IFERROR(INDEX(SINAPI!$E:$E,MATCH($B202,SINAPI!$A:$A,0)),\"\")","v":"INSUMO"},40873,{"$f":"IFERROR(INDEX(SINAPI!$B:$B,MATCH($B202,SINAPI!$A:$A,0)),\"\")","v":"RUFO INTERNO/EXTERNO DE CHAPA DE ACO GALVANIZADA NUM 24, CORTE 25 CM                                                                                                                                                                                                                                                                                                                                                                                                                                      "},{"$f":"IFERROR(INDEX(SINAPI!$C:$C,MATCH($B202,SINAPI!$A:$A,0)),\"\")","v":"M     "},1,{"$f":"IFERROR(INDEX(SINAPI!$D:$D,MATCH($B202,SINAPI!$A:$A,0)),0)","v":28.73},{"$f":"IFERROR(F202*E202,0)","v":28.73}]
[{"$f":"IFERROR(INDEX(SINAPI!$E:$E,MATCH($B203,SINAPI!$A:$A,0)),\"\")","v":"COMPOSIÇÃO"},88323,{"$f":"IFERROR(INDEX(SINAPI!$B:$B,MATCH($B203,SINAPI!$A:$A,0)),\"\")","v":"TELHADISTA COM ENCARGOS COMPLEMENTARES"},{"$f":"IFERROR(INDEX(SINAPI!$C:$C,MATCH($B203,SINAPI!$A:$A,0)),\"\")","v":"H"},0.56000000000000005,{"$f":"IFERROR(INDEX(SINAPI!$D:$D,MATCH($B203,SINAPI!$A:$A,0)),0)","v":21.12},11.827200000000001]
[{"$f":"IFERROR(INDEX(SINAPI!$E:$E,MATCH($B204,SINAPI!$A:$A,0)),\"\")","v":"COMPOSIÇÃO"},88316,{"$f":"IFERROR(INDEX(SINAPI!$B:$B,MATCH($B204,SINAPI!$A:$A,0)),\"\")","v":"SERVENTE COM ENCARGOS COMPLEMENTARES"},{"$f":"IFERROR(INDEX(SINAPI!$C:$C,MATCH($B204,SINAPI!$A:$A,0)),\"\")","v":"H"},0.62,{"$f":"IFERROR(INDEX(SINAPI!$D:$D,MATCH($B204,SINAPI!$A:$A,0)),0)","v":15.65},9.7029999999999994]
[{"$f":"IFERROR(INDEX(SINAPI!$E:$E,MATCH($B205,SINAPI!$A:$A,0)),\"\")","v":"COMPOSIÇÃO"},93281,{"$f":"IFERROR(INDEX(SINAPI!$B:$B,MATCH($B205,SINAPI!$A:$A,0)),\"\")","v":"GUINCHO ELÉTRICO DE COLUNA, CAPACIDADE 400 KG, COM MOTO FREIO, MOTOR TRIFÁSICO DE 1,25 CV - CHP DIURNO. AF_03/2016"},{"$f":"IFERROR(INDEX(SINAPI!$C:$C,MATCH($B205,SINAPI!$A:$A,0)),\"\")","v":"CHP"},8.9999999999999993E-3,{"$f":"IFERROR(INDEX(SINAPI!$D:$D,MATCH($B205,SINAPI!$A:$A,0)),0)","v":15.76},0.14183999999999999]
[{"$f":"IFERROR(INDEX(SINAPI!$E:$E,MATCH($B206,SINAPI!$A:$A,0)),\"\")","v":"COMPOSIÇÃO"},93282,{"$f":"IFERROR(INDEX(SINAPI!$B:$B,MATCH($B206,SINAPI!$A:$A,0)),\"\")","v":"GUINCHO ELÉTRICO DE COLUNA, CAPACIDADE 400 KG, COM MOTO FREIO, MOTOR TRIFÁSICO DE 1,25 CV - CHI DIURNO. AF_03/2016"},{"$f":"IFERROR(INDEX(SINAPI!$C:$C,MATCH($B206,SINAPI!$A:$A,0)),\"\")","v":"CHI"},1.1999999999999999E-3,{"$f":"IFERROR(INDEX(SINAPI!$D:$D,MATCH($B206,SINAPI!$A:$A,0)),0)","v":14.78},1.7735999999999998E-2]
[null,null,null,null,null,"TOTAL",{"$f":"SUM(G202:G206)","v":50.419775999999999}]
[]
[]
["CLASSE/TIPO","CÓDIGOS/ SINAPI","DESCRIÇÃO","UND","COEFICIENTE","PREÇO UNITÁRIO","PREÇO TOTAL"]
["COMP-6772",{"$f":"IFERROR(INDEX(COMPOSIÇÕES_IFMT!$B:$B,MATCH($A211,COMPOSIÇÕES_IFMT!$A:$A,0)),\"\")","v":""},"RUFO EM ALUMÍNIO ESTAMPADO ESP=0,8mm COM DESENVOLVIMENTO DE 45cm","M",null,null,{"$f":"G217","v":73.403776000000008}]
[{"$f":"IFERROR(INDEX(SINAPI!$E:$E,MATCH($B212,SINAPI!$A:$A,0)),\"\")","v":"INSUMO"},40873,{"$f":"IFERROR(INDEX(SINAPI!$B:$B,MATCH($B212,SINAPI!$A:$A,0)),\"\")","v":"RUFO INTERNO/EXTERNO DE CHAPA DE ACO GALVANIZADA NUM 24, CORTE 25 CM                                                                                                                                                                                                                                                                                                                                                                                                                                      "},{"$f":"IFERROR(INDEX(SINAPI!$C:$C,MATCH($B212,SINAPI!$A:$A,0)),\"\")","v":"M     "},1.8,{"$f":"IFERROR(INDEX(SINAPI!$D:$D,MATCH($B212,SINAPI!$A:$A,0)),0)","v":28.73},{"$f":"IFERROR(F212*E212,0)","v":51.713999999999999}]
[{"$f":"IFERROR(INDEX(SINAPI!$E:$E,MATCH($B213,SINAPI!$A:$A,0)),\"\")","v":"COMPOSIÇÃO"},88323,{"$f":"IFERROR(INDEX(SINAPI!$B:$B,MATCH($B213,SINAPI!$A:$A,0)),\"\")","v":"TELHADISTA COM ENCARGOS COMPLEMENTARES"},{"$f":"IFERROR(INDEX(SINAPI!$C:$C,MATCH($B213,SINAPI!$A:$A,0)),\"\")","v":"H"},0.56000000000000005,{"$f":"IFERROR(INDEX(SINAPI!$D:$D,MATCH($B213,SINAPI!$A:$A,0)),0)","v":21.12},11.827200000000001]
[{"$f":"IFERROR(INDEX(SINAPI!$E:$E,MATCH($B214,SINAPI!$A:$A,0)),\"\")","v":"COMPOSIÇÃO"},88316,{"$f":"IFERROR(INDEX(SINAPI!$B:$B,MATCH($B214,SINAPI!$A:$A,0)),\"\")","v":"SERVENTE COM ENCARGOS COMPLEMENTARES"},{"$f":"IFERROR(INDEX(SINAPI!$C:$C,MATCH($B214,SINAPI!$A:$A,0)),\"\")","v":"H"},0.62,{"$f":"IFERROR(INDEX(SINAPI!$D:$D,MATCH($B214,SINAPI!$A:$A,0)),0)","v":15.65},9.7029999999999994]
[{"$f":"IFERROR(INDEX(SINAPI!$E:$E,MATCH($B215,SINAPI!$A:$A,0)),\"\")","v":"COMPOSIÇÃO"},93281,{"$f":"IFERROR(INDEX(SINAPI!$B:$B,MATCH($B215,SINAPI!$A:$A,0)),\"\")","v":"GUINCHO ELÉTRICO DE COLUNA, CAPACIDADE 400 KG, COM MOTO FREIO, MOTOR TRIFÁSICO DE 1,25 CV - CHP DIURNO. AF_03/2016"},{"$f":"IFERROR(INDEX(SINAPI!$C:$C,MATCH($B215,SINAPI!$A:$A,0)),\"\")","v":"CHP"},8.9999999999999993E-3,{"$f":"IFERROR(INDEX(SINAPI!$D:$D,MATCH($B215,SINAPI!$A:$A,0)),0)","v":15.76},0.14183999999999999]
[{"$f":"IFERROR(INDEX(SINAPI!$E:$E,MATCH($B216,SINAPI!$A:$A,0)),\"\")","v":"COMPOSIÇÃO"},93282,{"$f":"IFERROR(INDEX(SINAPI!$B:$B,MATCH($B216,SINAPI!$A:$A,0)),\"\")","v":"GUINCHO ELÉTRICO DE COLUNA, CAPACIDADE 400 KG, COM MOTO FREIO, MOTOR TRIFÁSICO DE 1,25 CV - CHI DIURNO. AF_03/2016"},{"$f":"IFERROR(INDEX(SINAPI!$C:$C,MATCH($B216,SINAPI!$A:$A,0)),\"\")","v":"CHI"},1.1999999999999999E-3,{"$f":"IFERROR(INDEX(SINAPI!$D:$D,MATCH($B216,SINAPI!$A:$A,0)),0)","v":14.78},1.7735999999999998E-2]
[null,null,null,null,null,"TOTAL",{"$f":"SUM(G212:G216)","v":73.403776000000008}]
[]
[]
["CLASSE/TIPO","CÓDIGOS/ SINAPI","DESCRIÇÃO","UND","COEFICIENTE","PREÇO UNITÁRIO","PREÇO TOTAL"]
["COMP-5864",{"$f":"IFERROR(INDEX(COMPOSIÇÕES_IFMT!$B:$B,MATCH($A221,COMPOSIÇÕES_IFMT!$A:$A,0)),\"\")","v":""},"RUFO EM ALUMÍNIO ESTAMPADO ESP=0,8mm COM DESENVOLVIMENTO DE 55cm","M",null,null,{"$f":"G227","v":58.399776000000003}]
[{"$f":"IFERROR(INDEX(SINAPI!$E:$E,MATCH($B222,SINAPI!$A:$A,0)),\"\")","v":"INSUMO"},1114,{"$f":"IFERROR(INDEX(SINAPI!$B:$B,MATCH($B222,SINAPI!$A:$A,0)),\"\")","v":"RUFO INTERNO DE CHAPA DE ACO GALVANIZADA NUM 26, CORTE 50 CM                                                                                                                                                                                                                                                                                                                                                                                                                                              "},{"$f":"IFERROR(INDEX(SINAPI!$C:$C,MATCH($B222,SINAPI!$A:$A,0)),\"\")","v":"M     "},1,{"$f":"IFERROR(INDEX(SINAPI!$D:$D,MATCH($B222,SINAPI!$A:$A,0)),0)","v":36.71},{"$f":"IFERROR(F222*E222,0)","v":36.71}]
[{"$f":"IFERROR(INDEX(SINAPI!$E:$E,MATCH($B223,SINAPI!$A:$A,0)),\"\")","v":"COMPOSIÇÃO"},88323,{"$f":"IFERROR(INDEX(SINAPI!$B:$B,MATCH($B223,SINAPI!$A:$A,0)),\"\")","v":"TELHADISTA COM ENCARGOS COMPLEMENTARES"},{"$f":"IFERROR(INDEX(SINAPI!$C:$C,MATCH($B223,SINAPI!$A:$A,0)),\"\")","v":"H"},0.56000000000000005,{"$f":"IFERROR(INDEX(SINAPI!$D:$D,MATCH($B223,SINAPI!$A:$A,0)),0)","v":21.12},11.827200000000001]
[{"$f":"IFERROR(INDEX(SINAPI!$E:$E,MATCH($B224,SINAPI!$A:$A,0)),\"\")","v":"COMPOSIÇÃO"},88316,{"$f":"IFERROR(INDEX(SINAPI!$B:$B,MATCH($B224,SINAPI!$A:$A,0)),\"\")","v":"SERVENTE COM ENCARGOS COMPLEMENTARES"},{"$f":"IFERROR(INDEX(SINAPI!$C:$C,MATCH($B224,SINAPI!$A:$A,0)),\"\")","v":"H"},0.62,{"$f":"IFERROR(INDEX(SINAPI!$D:$D,MATCH($B224,SINAPI!$A:$A,0)),0)","v":15.65},9.7029999999999994]
[{"$f":"IFERROR(INDEX(SINAPI!$E:$E,MATCH($B225,SINAPI!$A:$A,0)),\"\")","v":"COMPOSIÇÃO"},93281,{"$f":"IFERROR(INDEX(SINAPI!$B:$B,MATCH($B225,SINAPI!$A:$A,0)),\"\")","v":"GUINCHO ELÉTRICO DE COLUNA, CAPACIDADE 400 KG, COM MOTO FREIO, MOTOR TRIFÁSICO DE 1,25 CV - CHP DIURNO. AF_03/2016"},{"$f":"IFERROR(INDEX(SINAPI!$C:$C,MATCH($B225,SINAPI!$A:$A,0)),\"\")","v":"CHP"},8.9999999999999993E-3,{"$f":"IFERROR(INDEX(SINAPI!$D:$D,MATCH($B225,SINAPI!$A:$A,0)),0)","v":15.76},0.14183999999999999]
[{"$f":"IFERROR(INDEX(SINAPI!$E:$E,MATCH($B226,SINAPI!$A:$A,0)),\"\")","v":"COMPOSIÇÃO"},93282,{"$f":"IFERROR(INDEX(SINAPI!$B:$B,MATCH($B226,SINAPI!$A:$A,0)),\"\")","v":"GUINCHO ELÉTRICO DE COLUNA, CAPACIDADE 400 KG, COM MOTO FREIO, MOTOR TRIFÁSICO DE 1,25 CV - CHI DIURNO. AF_03/2016"},{"$f":"IFERROR(INDEX(SINAPI!$C:$C,MATCH($B226,SINAPI!$A:$A,0)),\"\")","v":"CHI"},1.1999999999999999E-3,{"$f":"IFERROR(INDEX(SINAPI!$D:$D,MATCH($B226,SINAPI!$A:$A,0)),0)","v":14.78},1.7735999999999998E-2]
[null,null,null,null,null,"TOTAL",{"$f":"SUM(G222:G226)","v":58.399776000000003}]
[]
[]
["CLASSE/TIPO","CÓDIGOS/ SINAPI","DESCRIÇÃO","UND","COEFICIENTE","PREÇO UNITÁRIO","PREÇO TOTAL"]
["COMP-6963",{"$f":"IFERROR(INDEX(COMPOSIÇÕES_IFMT!$B:$B,MATCH($A231,COMPOSIÇÕES_IFMT!$A:$A,0)),\"\")","v":""},"RUFO EM ALUMÍNIO ESTAMPADO ESP=0,8mm COM DESENVOLVIMENTO DE 45cm","M",null,null,{"$f":"G237","v":95.109776000000011}]
[{"$f":"IFERROR(INDEX(SINAPI!$E:$E,MATCH($B232,SINAPI!$A:$A,0)),\"\")","v":"INSUMO"},1114,{"$f":"IFERROR(INDEX(SINAPI!$B:$B,MATCH($B232,SINAPI!$A:$A,0)),\"\")","v":"RUFO INTERNO DE CHAPA DE ACO GALVANIZADA NUM 26, CORTE 50 CM                                                                                                                                                                                                                                                                                                                                                                                                                                              "},{"$f":"IFERROR(INDEX(SINAPI!$C:$C,MATCH($B232,SINAPI!$A:$A,0)),\"\")","v":"M     "},2,{"$f":"IFERROR(INDEX(SINAPI!$D:$D,MATCH($B232,SINAPI!$A:$A,0)),0)","v":36.71},{"$f":"IFERROR(F232*E232,0)","v":73.42}]
[{"$f":"IFERROR(INDEX(SINAPI!$E:$E,MATCH($B233,SINAPI!$A:$A,0)),\"\")","v":"COMPOSIÇÃO"},88323,{"$f":"IFERROR(INDEX(SINAPI!$B:$B,MATCH($B233,SINAPI!$A:$A,0)),\"\")","v":"TELHADISTA COM ENCARGOS COMPLEMENTARES"},{"$f":"IFERROR(INDEX(SINAPI!$C:$C,MATCH($B233,SINAPI!$A:$A,0)),\"\")","v":"H"},0.56000000000000005,{"$f":"IFERROR(INDEX(SINAPI!$D:$D,MATCH($B233,SINAPI!$A:$A,0)),0)","v":21.12},11.827200000000001]
[{"$f":"IFERROR(INDEX(SINAPI!$E:$E,MATCH($B234,SINAPI!$A:$A,0)),\"\")","v":"COMPOSIÇÃO"},88316,{"$f":"IFERROR(INDEX(SINAPI!$B:$B,MATCH($B234,SINAPI!$A:$A,0)),\"\")","v":"SERVENTE COM ENCARGOS COMPLEMENTARES"},{"$f":"IFERROR(INDEX(SINAPI!$C:$C,MATCH($B234,SINAPI!$A:$A,0)),\"\")","v":"H"},0.62,{"$f":"IFERROR(INDEX(SINAPI!$D:$D,MATCH($B234,SINAPI!$A:$A,0)),0)","v":15.65},9.7029999999999994]
[{"$f":"IFERROR(INDEX(SINAPI!$E:$E,MATCH($B235,SINAPI!$A:$A,0)),\"\")","v":"COMPOSIÇÃO"},93281,{"$f":"IFERROR(INDEX(SINAPI!$B:$B,MATCH($B235,SINAPI!$A:$A,0)),\"\")","v":"GUINCHO ELÉTRICO DE COLUNA, CAPACIDADE 400 KG, COM MOTO FREIO, MOTOR TRIFÁSICO DE 1,25 CV - CHP DIURNO. AF_03/2016"},{"$f":"IFERROR(INDEX(SINAPI!$C:$C,MATCH($B235,SINAPI!$A:$A,0)),\"\")","v":"CHP"},8.9999999999999993E-3,{"$f":"IFERROR(INDEX(SINAPI!$D:$D,MATCH($B235,SINAPI!$A:$A,0)),0)","v":15.76},0.14183999999999999]
[{"$f":"IFERROR(INDEX(SINAPI!$E:$E,MATCH($B236,SINAPI!$A:$A,0)),\"\")","v":"COMPOSIÇÃO"},93282,{"$f":"IFERROR(INDEX(SINAPI!$B:$B,MATCH($B236,SINAPI!$A:$A,0)),\"\")","v":"GUINCHO ELÉTRICO DE COLUNA, CAPACIDADE 400 KG, COM MOTO FREIO, MOTOR TRIFÁSICO DE 1,25 CV - CHI DIURNO. AF_03/2016"},{"$f":"IFERROR(INDEX(SINAPI!$C:$C,MATCH($B236,SINAPI!$A:$A,0)),\"\")","v":"CHI"},1.1999999999999999E-3,{"$f":"IFERROR(INDEX(SINAPI!$D:$D,MATCH($B236,SINAPI!$A:$A,0)),0)","v":14.78},1.7735999999999998E-2]
[null,null,null,null,null,"TOTAL",{"$f":"SUM(G232:G236)","v":95.109776000000011}]
[]
[]
["CLASSE/TIPO","CÓDIGOS/ SINAPI","DESCRIÇÃO","UND","COEFICIENTE","PREÇO UNITÁRIO","PREÇO TOTAL"]
["COMP-0510",{"$f":"IFERROR(INDEX(COMPOSIÇÕES_IFMT!$B:$B,MATCH($A241,COMPOSIÇÕES_IFMT!$A:$A,0)),\"\")","v":""},"CHAPIM EM GRANITO POLIDO L=23cm (CONFORME PROJETO)","M2",null,null,{"$f":"G247","v":232.80630099999999}]
[{"$f":"IFERROR(INDEX(SINAPI!$E:$E,MATCH($B242,SINAPI!$A:$A,0)),\"\")","v":"INSUMO"},1380,{"$f":"IFERROR(INDEX(SINAPI!$B:$B,MATCH($B242,SINAPI!$A:$A,0)),\"\")","v":"CIMENTO BRANCO                                                                                                                                                                                                                                                                                                                                                                                                                                                                                            "},{"$f":"IFERROR(INDEX(SINAPI!$C:$C,MATCH($B242,SINAPI!$A:$A,0)),\"\")","v":"KG    "},0.7,{"$f":"IFERROR(INDEX(SINAPI!$D:$D,MATCH($B242,SINAPI!$A:$A,0)),0)","v":2.0699999999999998},{"$f":"IFERROR(F242*E242,0)","v":1.4489999999999998}]
[{"$f":"IFERROR(INDEX(SINAPI!$E:$E,MATCH($B243,SINAPI!$A:$A,0)),\"\")","v":"INSUMO"},11795,{"$f":"IFERROR(INDEX(SINAPI!$B:$B,MATCH($B243,SINAPI!$A:$A,0)),\"\")","v":"GRANITO PARA BANCADA, POLIDO, TIPO ANDORINHA/ QUARTZ/ CASTELO/ CORUMBA OU OUTROS EQUIVALENTES DA REGIAO, E=  *2,5* CM                                                                                                                                                                                                                                                                                                                                                                                     "},{"$f":"IFERROR(INDEX(SINAPI!$C:$C,MATCH($B243,SINAPI!$A:$A,0)),\"\")","v":"M2    "},0.23,{"$f":"IFERROR(INDEX(SINAPI!$D:$D,MATCH($B243,SINAPI!$A:$A,0)),0)","v":422.64},97.2072]
[{"$f":"IFERROR(INDEX(SINAPI!$E:$E,MATCH($B244,SINAPI!$A:$A,0)),\"\")","v":"COMPOSIÇÃO"},88274,{"$f":"IFERROR(INDEX(SINAPI!$B:$B,MATCH($B244,SINAPI!$A:$A,0)),\"\")","v":"MARMORISTA/GRANITEIRO COM ENCARGOS COMPLEMENTARES"},{"$f":"IFERROR(INDEX(SINAPI!$C:$C,MATCH($B244,SINAPI!$A:$A,0)),\"\")","v":"H"},4.8,{"$f":"IFERROR(INDEX(SINAPI!$D:$D,MATCH($B244,SINAPI!$A:$A,0)),0)","v":20.13},96.623999999999995]
[{"$f":"IFERROR(INDEX(SINAPI!$E:$E,MATCH($B245,SINAPI!$A:$A,0)),\"\")","v":"COMPOSIÇÃO"},88316,{"$f":"IFERROR(INDEX(SINAPI!$B:$B,MATCH($B245,SINAPI!$A:$A,0)),\"\")","v":"SERVENTE COM ENCARGOS COMPLEMENTARES"},{"$f":"IFERROR(INDEX(SINAPI!$C:$C,MATCH($B245,SINAPI!$A:$A,0)),\"\")","v":"H"},2.2999999999999998,{"$f":"IFERROR(INDEX(SINAPI!$D:$D,MATCH($B245,SINAPI!$A:$A,0)),0)","v":15.65},35.994999999999997]
[{"$f":"IFERROR(INDEX(SINAPI!$E:$E,MATCH($B246,SINAPI!$A:$A,0)),\"\")","v":"COMPOSIÇÃO"},88631,{"$f":"IFERROR(INDEX(SINAPI!$B:$B,MATCH($B246,SINAPI!$A:$A,0)),\"\")","v":"ARGAMASSA TRAÇO 1:4 (EM VOLUME DE CIMENTO E AREIA MÉDIA ÚMIDA), PREPARO MANUAL. AF_08/2019"},{"$f":"IFERROR(INDEX(SINAPI!$C:$C,MATCH($B246,SINAPI!$A:$A,0)),\"\")","v":"M3"},3.3E-3,{"$f":"IFERROR(INDEX(SINAPI!$D:$D,MATCH($B246,SINAPI!$A:$A,0)),0)","v":463.97},1.531101]
[null,null,null,null,null,"TOTAL",{"$f":"SUM(G242:G246)","v":232.80630099999999}]
[]
[]
["CLASSE/TIPO","CÓDIGOS/ SINAPI","DESCRIÇÃO","UND","COEFICIENTE","PREÇO UNITÁRIO","PREÇO TOTAL"]
["COMP-9071",{"$f":"IFERROR(INDEX(COMPOSIÇÕES_IFMT!$B:$B,MATCH($A251,COMPOSIÇÕES_IFMT!$A:$A,0)),\"\")","v":""},"CHAPIM EM GRANITO POLIDO L=21cm (CONFORME PROJETO)","M2",null,null,{"$f":"G257","v":224.35350099999999}]
[{"$f":"IFERROR(INDEX(SINAPI!$E:$E,MATCH($B252,SINAPI!$A:$A,0)),\"\")","v":"INSUMO"},1380,{"$f":"IFERROR(INDEX(SINAPI!$B:$B,MATCH($B252,SINAPI!$A:$A,0)),\"\")","v":"CIMENTO BRANCO                                                                                                                                                                                                                                                                                                                                                                                                                                                                                            "},{"$f":"IFERROR(INDEX(SINAPI!$C:$C,MATCH($B252,SINAPI!$A:$A,0)),\"\")","v":"KG    "},0.7,{"$f":"IFERROR(INDEX(SINAPI!$D:$D,MATCH($B252,SINAPI!$A:$A,0)),0)","v":2.0699999999999998},{"$f":"IFERROR(F252*E252,0)","v":1.4489999999999998}]
[{"$f":"IFERROR(INDEX(SINAPI!$E:$E,MATCH($B253,SINAPI!$A:$A,0)),\"\")","v":"INSUMO"},11795,{"$f":"IFERROR(INDEX(SINAPI!$B:$B,MATCH($B253,SINAPI!$A:$A,0)),\"\")","v":"GRANITO PARA BANCADA, POLIDO, TIPO ANDORINHA/ QUARTZ/ CASTELO/ CORUMBA OU OUTROS EQUIVALENTES DA REGIAO, E=  *2,5* CM                                                                                                                                                                                                                                                                                                                                                                                     "},{"$f":"IFERROR(INDEX(SINAPI!$C:$C,MATCH($B253,SINAPI!$A:$A,0)),\"\")","v":"M2    "},0.21,{"$f":"IFERROR(INDEX(SINAPI!$D:$D,MATCH($B253,SINAPI!$A:$A,0)),0)","v":422.64},88.75439999999999]
[{"$f":"IFERROR(INDEX(SINAPI!$E:$E,MATCH($B254,SINAPI!$A:$A,0)),\"\")","v":"COMPOSIÇÃO"},88274,{"$f":"IFERROR(INDEX(SINAPI!$B:$B,MATCH($B254,SINAPI!$A:$A,0)),\"\")","v":"MARMORISTA/GRANITEIRO COM ENCARGOS COMPLEMENTARES"},{"$f":"IFERROR(INDEX(SINAPI!$C:$C,MATCH($B254,SINAPI!$A:$A,0)),\"\")","v":"H"},4.8,{"$f":"IFERROR(INDEX(SINAPI!$D:$D,MATCH($B254,SINAPI!$A:$A,0)),0)","v":20.13},96.623999999999995]
[{"$f":"IFERROR(INDEX(SINAPI!$E:$E,MATCH($B255,SINAPI!$A:$A,0)),\"\")","v":"COMPOSIÇÃO"},88316,{"$f":"IFERROR(INDEX(SINAPI!$B:$B,MATCH($B255,SINAPI!$A:$A,0)),\"\")","v":"SERVENTE COM ENCARGOS COMPLEMENTARES"},{"$f":"IFERROR(INDEX(SINAPI!$C:$C,MATCH($B255,SINAPI!$A:$A,0)),\"\")","v":"H"},2.2999999999999998,{"$f":"IFERROR(INDEX(SINAPI!$D:$D,MATCH($B255,SINAPI!$A:$A,0)),0)","v":15.65},35.994999999999997]
[{"$f":"IFERROR(INDEX(SINAPI!$E:$E,MATCH($B256,SINAPI!$A:$A,0)),\"\")","v":"COMPOSIÇÃO"},88631,{"$f":"IFERROR(INDEX(SINAPI!$B:$B,MATCH($B256,SINAPI!$A:$A,0)),\"\")","v":"ARGAMASSA TRAÇO 1:4 (EM VOLUME DE CIMENTO E AREIA MÉDIA ÚMIDA), PREPARO MANUAL. AF_08/2019"},{"$f":"IFERROR(INDEX(SINAPI!$C:$C,MATCH($B256,SINAPI!$A:$A,0)),\"\")","v":"M3"},3.3E-3,{"$f":"IFERROR(INDEX(SINAPI!$D:$D,MATCH($B256,SINAPI!$A:$A,0)),0)","v":463.97},1.531101]
[null,null,null,null,null,"TOTAL",{"$f":"SUM(G252:G256)","v":224.35350099999999}]
[]
[]
["CLASSE/TIPO","CÓDIGOS/ SINAPI","DESCRIÇÃO","UND","COEFICIENTE","PREÇO UNITÁRIO","PREÇO TOTAL"]
["COMP-5600",{"$f":"IFERROR(INDEX(COMPOSIÇÕES_IFMT!$B:$B,MATCH($A261,COMPOSIÇÕES_IFMT!$A:$A,0)),\"\")","v":""},"VERGAS E CONTRAVERGAS EM CONCRETO ESTRUTURADO COM ACO/FORMAS","M3",null,null,{"$f":"G267","v":1084.23}]
[{"$f":"IFERROR(INDEX(SINAPI!$E:$E,MATCH($B262,SINAPI!$A:$A,0)),\"\")","v":"COMPOSIÇÃO"},94971,{"$f":"IFERROR(INDEX(SINAPI!$B:$B,MATCH($B262,SINAPI!$A:$A,0)),\"\")","v":"CONCRETO FCK = 25MPA, TRAÇO 1:2,3:2,7 (EM MASSA SECA DE CIMENTO/ AREIA MÉDIA/ BRITA 1) - PREPARO MECÂNICO COM BETONEIRA 600 L. AF_05/2021"},{"$f":"IFERROR(INDEX(SINAPI!$C:$C,MATCH($B262,SINAPI!$A:$A,0)),\"\")","v":"M3"},1,{"$f":"IFERROR(INDEX(SINAPI!$D:$D,MATCH($B262,SINAPI!$A:$A,0)),0)","v":389.85},{"$f":"IFERROR(F262*E262,0)","v":389.85}]
[{"$f":"IFERROR(INDEX(SINAPI!$E:$E,MATCH($B263,SINAPI!$A:$A,0)),\"\")","v":"COMPOSIÇÃO"},92777,{"$f":"IFERROR(INDEX(SINAPI!$B:$B,MATCH($B263,SINAPI!$A:$A,0)),\"\")","v":"ARMAÇÃO DE PILAR OU VIGA DE UMA ESTRUTURA CONVENCIONAL DE CONCRETO ARMADO EM UMA EDIFICAÇÃO TÉRREA OU SOBRADO UTILIZANDO AÇO CA-50 DE 8,0 MM - MONTAGEM. AF_12/2015"},{"$f":"IFERROR(INDEX(SINAPI!$C:$C,MATCH($B263,SINAPI!$A:$A,0)),\"\")","v":"KG"},12.5,{"$f":"IFERROR(INDEX(SINAPI!$D:$D,MATCH($B263,SINAPI!$A:$A,0)),0)","v":19.350000000000001},241.87500000000003]
[{"$f":"IFERROR(INDEX(SINAPI!$E:$E,MATCH($B264,SINAPI!$A:$A,0)),\"\")","v":"COMPOSIÇÃO"},92873,{"$f":"IFERROR(INDEX(SINAPI!$B:$B,MATCH($B264,SINAPI!$A:$A,0)),\"\")","v":"LANÇAMENTO COM USO DE BALDES, ADENSAMENTO E ACABAMENTO DE CONCRETO EM ESTRUTURAS. AF_12/2015"},{"$f":"IFERROR(INDEX(SINAPI!$C:$C,MATCH($B264,SINAPI!$A:$A,0)),\"\")","v":"M3"},1,{"$f":"IFERROR(INDEX(SINAPI!$D:$D,MATCH($B264,SINAPI!$A:$A,0)),0)","v":161.19999999999999},161.19999999999999]
[{"$f":"IFERROR(INDEX(SINAPI!$E:$E,MATCH($B265,SINAPI!$A:$A,0)),\"\")","v":"COMPOSIÇÃO"},92775,{"$f":"IFERROR(INDEX(SINAPI!$B:$B,MATCH($B265,SINAPI!$A:$A,0)),\"\")","v":"ARMAÇÃO DE PILAR OU VIGA DE UMA ESTRUTURA CONVENCIONAL DE CONCRETO ARMADO EM UMA EDIFICAÇÃO TÉRREA OU SOBRADO UTILIZANDO AÇO CA-60 DE 5,0 MM - MONTAGEM. AF_12/2015"},{"$f":"IFERROR(INDEX(SINAPI!$C:$C,MATCH($B265,SINAPI!$A:$A,0)),\"\")","v":"KG"},6.5,{"$f":"IFERROR(INDEX(SINAPI!$D:$D,MATCH($B265,SINAPI!$A:$A,0)),0)","v":20.61},133.965]
[{"$f":"IFERROR(INDEX(SINAPI!$E:$E,MATCH($B266,SINAPI!$A:$A,0)),\"\")","v":"COMPOSIÇÃO"},92421,{"$f":"IFERROR(INDEX(SINAPI!$B:$B,MATCH($B266,SINAPI!$A:$A,0)),\"\")","v":"MONTAGEM E DESMONTAGEM DE FÔRMA DE PILARES RETANGULARES E ESTRUTURAS SIMILARES, PÉ-DIREITO DUPLO, EM CHAPA DE MADEIRA COMPENSADA RESINADA, 4 UTILIZAÇÕES. AF_09/2020"},{"$f":"IFERROR(INDEX(SINAPI!$C:$C,MATCH($B266,SINAPI!$A:$A,0)),\"\")","v":"M2"},2,{"$f":"IFERROR(INDEX(SINAPI!$D:$D,MATCH($B266,SINAPI!$A:$A,0)),0)","v":78.67},157.34]
[null,null,null,null,null,"TOTAL",{"$f":"SUM(G262:G266)","v":1084.23}]
[]
[]
["CLASSE/TIPO","CÓDIGOS/ SINAPI","DESCRIÇÃO","UND","COEFICIENTE","PREÇO UNITÁRIO","PREÇO TOTAL"]
["COMP-8462",{"$f":"IFERROR(INDEX(COMPOSIÇÕES_IFMT!$B:$B,MATCH($A271,COMPOSIÇÕES_IFMT!$A:$A,0)),\"\")","v":""},"ASSENTO DE BANCO EM PEÇAS DE MADEIRA CERTIFICADA (MAÇARANDUBA, CUMARÚ OU IPÊ) ESP.=3cm","M",null,null,{"$f":"G286","v":775.49117000000001}]
["INSUMO","I0532/SEINFRA","CHAPA DE AÇO 3/16\", OU 4,75MM (37,29KG/M2)"," M2",0.06,268.27999999999997,{"$f":"IFERROR(F272*E272,0)","v":16.096799999999998}]
["INSUMO","I0794/SEINFRA","CHUMBADOR TIPO PARABOULT 3/8 X 3 1/2\"","UN    ",8,3.37,26.96]
[{"$f":"IFERROR(INDEX(SINAPI!$E:$E,MATCH($B274,SINAPI!$A:$A,0)),\"\")","v":"INSUMO"},11056,{"$f":"IFERROR(INDEX(SINAPI!$B:$B,MATCH($B274,SINAPI!$A:$A,0)),\"\")","v":"PARAFUSO ROSCA SOBERBA ZINCADO CABECA CHATA FENDA SIMPLES 3,8 X 30 MM (1.1/4 \")                                                                                                                                                                                                                                                                                                                                                                                                                           "},{"$f":"IFERROR(INDEX(SINAPI!$C:$C,MATCH($B274,SINAPI!$A:$A,0)),\"\")","v":"UN    "},4,{"$f":"IFERROR(INDEX(SINAPI!$D:$D,MATCH($B274,SINAPI!$A:$A,0)),0)","v":7.0000000000000007E-2},0.28000000000000003]
["INSUMO","I1589/SEINFRA","PARAFUSO PARA MADEIRA COM CABEÇA REDONDA 5X38","UN    ",16,0.2,3.2]
[{"$f":"IFERROR(INDEX(SINAPI!$E:$E,MATCH($B276,SINAPI!$A:$A,0)),\"\")","v":"INSUMO"},11844,{"$f":"IFERROR(INDEX(SINAPI!$B:$B,MATCH($B276,SINAPI!$A:$A,0)),\"\")","v":"PRANCHA  APARELHADA *4 X 30* CM, EM MACARANDUBA, ANGELIM OU EQUIVALENTE DA REGIAO                                                                                                                                                                                                                                                                                                                                                                                                                         "},{"$f":"IFERROR(INDEX(SINAPI!$C:$C,MATCH($B276,SINAPI!$A:$A,0)),\"\")","v":"M     "},2,{"$f":"IFERROR(INDEX(SINAPI!$D:$D,MATCH($B276,SINAPI!$A:$A,0)),0)","v":30.29},60.58]
[{"$f":"IFERROR(INDEX(SINAPI!$E:$E,MATCH($B277,SINAPI!$A:$A,0)),\"\")","v":"COMPOSIÇÃO"},94971,{"$f":"IFERROR(INDEX(SINAPI!$B:$B,MATCH($B277,SINAPI!$A:$A,0)),\"\")","v":"CONCRETO FCK = 25MPA, TRAÇO 1:2,3:2,7 (EM MASSA SECA DE CIMENTO/ AREIA MÉDIA/ BRITA 1) - PREPARO MECÂNICO COM BETONEIRA 600 L. AF_05/2021"},{"$f":"IFERROR(INDEX(SINAPI!$C:$C,MATCH($B277,SINAPI!$A:$A,0)),\"\")","v":"M3"},0.22,{"$f":"IFERROR(INDEX(SINAPI!$D:$D,MATCH($B277,SINAPI!$A:$A,0)),0)","v":389.85},85.76700000000001]
[{"$f":"IFERROR(INDEX(SINAPI!$E:$E,MATCH($B278,SINAPI!$A:$A,0)),\"\")","v":"COMPOSIÇÃO"},97082,{"$f":"IFERROR(INDEX(SINAPI!$B:$B,MATCH($B278,SINAPI!$A:$A,0)),\"\")","v":"ESCAVAÇÃO MANUAL DE VIGA DE BORDA PARA RADIER. AF_09/2017"},{"$f":"IFERROR(INDEX(SINAPI!$C:$C,MATCH($B278,SINAPI!$A:$A,0)),\"\")","v":"M3"},0.05,{"$f":"IFERROR(INDEX(SINAPI!$D:$D,MATCH($B278,SINAPI!$A:$A,0)),0)","v":45.44},2.2719999999999998]
[{"$f":"IFERROR(INDEX(SINAPI!$E:$E,MATCH($B279,SINAPI!$A:$A,0)),\"\")","v":"COMPOSIÇÃO"},92421,{"$f":"IFERROR(INDEX(SINAPI!$B:$B,MATCH($B279,SINAPI!$A:$A,0)),\"\")","v":"MONTAGEM E DESMONTAGEM DE FÔRMA DE PILARES RETANGULARES E ESTRUTURAS SIMILARES, PÉ-DIREITO DUPLO, EM CHAPA DE MADEIRA COMPENSADA RESINADA, 4 UTILIZAÇÕES. AF_09/2020"},{"$f":"IFERROR(INDEX(SINAPI!$C:$C,MATCH($B279,SINAPI!$A:$A,0)),\"\")","v":"M2"},0.93,{"$f":"IFERROR(INDEX(SINAPI!$D:$D,MATCH($B279,SINAPI!$A:$A,0)),0)","v":78.67},73.1631]
["COMPOSIÇÃO","IFMT 219.07.2020",{"$f":"C2708","v":"LANCAMENTO/APLICACAO MANUAL DE CONCRETO EM FUNDACOES"},"M3",0.22,{"$f":"G2712","v":103.71599999999999},22.817519999999998]
["COMPOSIÇÃO",6082,{"$f":"C290","v":"PINTURA EM VERNIZ SINTETICO BRILHANTE EM MADEIRA, TRES DEMAOS"},"M2",3.5,{"$f":"G296","v":16.371499999999997},57.300249999999991]
[{"$f":"IFERROR(INDEX(SINAPI!$E:$E,MATCH($B282,SINAPI!$A:$A,0)),\"\")","v":"COMPOSIÇÃO"},92368,{"$f":"IFERROR(INDEX(SINAPI!$B:$B,MATCH($B282,SINAPI!$A:$A,0)),\"\")","v":"TUBO DE AÇO GALVANIZADO COM COSTURA, CLASSE MÉDIA, DN 80 (3\"), CONEXÃO ROSQUEADA, INSTALADO EM REDE DE ALIMENTAÇÃO PARA HIDRANTE - FORNECIMENTO E INSTALAÇÃO. AF_10/2020"},{"$f":"IFERROR(INDEX(SINAPI!$C:$C,MATCH($B282,SINAPI!$A:$A,0)),\"\")","v":"M"},1.85,{"$f":"IFERROR(INDEX(SINAPI!$D:$D,MATCH($B282,SINAPI!$A:$A,0)),0)","v":190.37},352.18450000000001]
[{"$f":"IFERROR(INDEX(SINAPI!$E:$E,MATCH($B283,SINAPI!$A:$A,0)),\"\")","v":"COMPOSIÇÃO"},88251,{"$f":"IFERROR(INDEX(SINAPI!$B:$B,MATCH($B283,SINAPI!$A:$A,0)),\"\")","v":"AUXILIAR DE SERRALHEIRO COM ENCARGOS COMPLEMENTARES"},{"$f":"IFERROR(INDEX(SINAPI!$C:$C,MATCH($B283,SINAPI!$A:$A,0)),\"\")","v":"H"},1,{"$f":"IFERROR(INDEX(SINAPI!$D:$D,MATCH($B283,SINAPI!$A:$A,0)),0)","v":15.72},15.72]
[{"$f":"IFERROR(INDEX(SINAPI!$E:$E,MATCH($B284,SINAPI!$A:$A,0)),\"\")","v":"COMPOSIÇÃO"},88315,{"$f":"IFERROR(INDEX(SINAPI!$B:$B,MATCH($B284,SINAPI!$A:$A,0)),\"\")","v":"SERRALHEIRO COM ENCARGOS COMPLEMENTARES"},{"$f":"IFERROR(INDEX(SINAPI!$C:$C,MATCH($B284,SINAPI!$A:$A,0)),\"\")","v":"H"},2,{"$f":"IFERROR(INDEX(SINAPI!$D:$D,MATCH($B284,SINAPI!$A:$A,0)),0)","v":19.75},39.5]
[{"$f":"IFERROR(INDEX(SINAPI!$E:$E,MATCH($B285,SINAPI!$A:$A,0)),\"\")","v":"COMPOSIÇÃO"},88262,{"$f":"IFERROR(INDEX(SINAPI!$B:$B,MATCH($B285,SINAPI!$A:$A,0)),\"\")","v":"CARPINTEIRO DE FORMAS COM ENCARGOS COMPLEMENTARES"},{"$f":"IFERROR(INDEX(SINAPI!$C:$C,MATCH($B285,SINAPI!$A:$A,0)),\"\")","v":"H"},1,{"$f":"IFERROR(INDEX(SINAPI!$D:$D,MATCH($B285,SINAPI!$A:$A,0)),0)","v":19.649999999999999},19.649999999999999]
[null,null,null,null,null,"TOTAL",{"$f":"SUM(G272:G285)","v":775.49117000000001}]
[]
[]
["CLASSE/TIPO","CÓDIGOS/ SINAPI","DESCRIÇÃO","UND","COEFICIENTE","PREÇO UNITÁRIO","PREÇO TOTAL"]
["COMP-6082",{"$f":"IFERROR(INDEX(COMPOSIÇÕES_IFMT!$B:$B,MATCH($A290,COMPOSIÇÕES_IFMT!$A:$A,0)),\"\")","v":""},"PINTURA EM VERNIZ SINTETICO BRILHANTE EM MADEIRA, TRES DEMAOS","M2",null,null,{"$f":"G296","v":16.371499999999997}]
[{"$f":"IFERROR(INDEX(SINAPI!$E:$E,MATCH($B291,SINAPI!$A:$A,0)),\"\")","v":"INSUMO"},3767,{"$f":"IFERROR(INDEX(SINAPI!$B:$B,MATCH($B291,SINAPI!$A:$A,0)),\"\")","v":"LIXA EM FOLHA PARA PAREDE OU MADEIRA, NUMERO 120 (COR VERMELHA)                                                                                                                                                                                                                                                                                                                                                                                                                                           "},{"$f":"IFERROR(INDEX(SINAPI!$C:$C,MATCH($B291,SINAPI!$A:$A,0)),\"\")","v":"UN    "},1,{"$f":"IFERROR(INDEX(SINAPI!$D:$D,MATCH($B291,SINAPI!$A:$A,0)),0)","v":0.72},{"$f":"IFERROR(F291*E291,0)","v":0.72}]
[{"$f":"IFERROR(INDEX(SINAPI!$E:$E,MATCH($B292,SINAPI!$A:$A,0)),\"\")","v":"INSUMO"},5318,{"$f":"IFERROR(INDEX(SINAPI!$B:$B,MATCH($B292,SINAPI!$A:$A,0)),\"\")","v":"SOLVENTE DILUENTE A BASE DE AGUARRAS                                                                                                                                                                                                                                                                                                                                                                                                                                                                      "},{"$f":"IFERROR(INDEX(SINAPI!$C:$C,MATCH($B292,SINAPI!$A:$A,0)),\"\")","v":"L     "},0.05,{"$f":"IFERROR(INDEX(SINAPI!$D:$D,MATCH($B292,SINAPI!$A:$A,0)),0)","v":12.8},0.64000000000000012]
[{"$f":"IFERROR(INDEX(SINAPI!$E:$E,MATCH($B293,SINAPI!$A:$A,0)),\"\")","v":"INSUMO"},10481,{"$f":"IFERROR(INDEX(SINAPI!$B:$B,MATCH($B293,SINAPI!$A:$A,0)),\"\")","v":"VERNIZ SINTETICO BRILHANTE PARA MADEIRA, COM FILTRO SOLAR, USO INTERNO E EXTERNO (BASE SOLVENTE)                                                                                                                                                                                                                                                                                                                                                                                                          "},{"$f":"IFERROR(INDEX(SINAPI!$C:$C,MATCH($B293,SINAPI!$A:$A,0)),\"\")","v":"L     "},7.4999999999999997E-2,{"$f":"IFERROR(INDEX(SINAPI!$D:$D,MATCH($B293,SINAPI!$A:$A,0)),0)","v":26.3},1.9724999999999999]
[{"$f":"IFERROR(INDEX(SINAPI!$E:$E,MATCH($B294,SINAPI!$A:$A,0)),\"\")","v":"COMPOSIÇÃO"},88310,{"$f":"IFERROR(INDEX(SINAPI!$B:$B,MATCH($B294,SINAPI!$A:$A,0)),\"\")","v":"PINTOR COM ENCARGOS COMPLEMENTARES"},{"$f":"IFERROR(INDEX(SINAPI!$C:$C,MATCH($B294,SINAPI!$A:$A,0)),\"\")","v":"H"},0.4,{"$f":"IFERROR(INDEX(SINAPI!$D:$D,MATCH($B294,SINAPI!$A:$A,0)),0)","v":20.86},8.3439999999999994]
[{"$f":"IFERROR(INDEX(SINAPI!$E:$E,MATCH($B295,SINAPI!$A:$A,0)),\"\")","v":"COMPOSIÇÃO"},88316,{"$f":"IFERROR(INDEX(SINAPI!$B:$B,MATCH($B295,SINAPI!$A:$A,0)),\"\")","v":"SERVENTE COM ENCARGOS COMPLEMENTARES"},{"$f":"IFERROR(INDEX(SINAPI!$C:$C,MATCH($B295,SINAPI!$A:$A,0)),\"\")","v":"H"},0.3,{"$f":"IFERROR(INDEX(SINAPI!$D:$D,MATCH($B295,SINAPI!$A:$A,0)),0)","v":15.65},4.6950000000000003]
[null,null,null,null,null,"TOTAL",{"$f":"SUM(G291:G295)","v":16.371499999999997}]
[]
[]
["CLASSE/TIPO","CÓDIGOS/ SINAPI","DESCRIÇÃO","UND","COEFICIENTE","PREÇO UNITÁRIO","PREÇO TOTAL"]
["COMP-9589",{"$f":"IFERROR(INDEX(COMPOSIÇÕES_IFMT!$B:$B,MATCH($A300,COMPOSIÇÕES_IFMT!$A:$A,0)),\"\")","v":""},"DIVISÓRIA DE GRANITO CINZA E=2cm","M2",null,null,{"$f":"G306","v":604.01910100000009}]
[{"$f":"IFERROR(INDEX(SINAPI!$E:$E,MATCH($B301,SINAPI!$A:$A,0)),\"\")","v":"INSUMO"},1380,{"$f":"IFERROR(INDEX(SINAPI!$B:$B,MATCH($B301,SINAPI!$A:$A,0)),\"\")","v":"CIMENTO BRANCO                                                                                                                                                                                                                                                                                                                                                                                                                                                                                            "},{"$f":"IFERROR(INDEX(SINAPI!$C:$C,MATCH($B301,SINAPI!$A:$A,0)),\"\")","v":"KG    "},0.7,{"$f":"IFERROR(INDEX(SINAPI!$D:$D,MATCH($B301,SINAPI!$A:$A,0)),0)","v":2.0699999999999998},{"$f":"IFERROR(F301*E301,0)","v":1.4489999999999998}]
[{"$f":"IFERROR(INDEX(SINAPI!$E:$E,MATCH($B302,SINAPI!$A:$A,0)),\"\")","v":"INSUMO"},25976,{"$f":"IFERROR(INDEX(SINAPI!$B:$B,MATCH($B302,SINAPI!$A:$A,0)),\"\")","v":"DIVISORIA EM GRANITO, COM DUAS FACES POLIDAS, TIPO ANDORINHA/ QUARTZ/ CASTELO/ CORUMBA OU OUTROS EQUIVALENTES DA REGIAO, E=  *3,0* CM                                                                                                                                                                                                                                                                                                                                                                     "},{"$f":"IFERROR(INDEX(SINAPI!$C:$C,MATCH($B302,SINAPI!$A:$A,0)),\"\")","v":"M2    "},1,{"$f":"IFERROR(INDEX(SINAPI!$D:$D,MATCH($B302,SINAPI!$A:$A,0)),0)","v":468.42},468.42]
[{"$f":"IFERROR(INDEX(SINAPI!$E:$E,MATCH($B303,SINAPI!$A:$A,0)),\"\")","v":"COMPOSIÇÃO"},88274,{"$f":"IFERROR(INDEX(SINAPI!$B:$B,MATCH($B303,SINAPI!$A:$A,0)),\"\")","v":"MARMORISTA/GRANITEIRO COM ENCARGOS COMPLEMENTARES"},{"$f":"IFERROR(INDEX(SINAPI!$C:$C,MATCH($B303,SINAPI!$A:$A,0)),\"\")","v":"H"},4.8,{"$f":"IFERROR(INDEX(SINAPI!$D:$D,MATCH($B303,SINAPI!$A:$A,0)),0)","v":20.13},96.623999999999995]
[{"$f":"IFERROR(INDEX(SINAPI!$E:$E,MATCH($B304,SINAPI!$A:$A,0)),\"\")","v":"COMPOSIÇÃO"},88316,{"$f":"IFERROR(INDEX(SINAPI!$B:$B,MATCH($B304,SINAPI!$A:$A,0)),\"\")","v":"SERVENTE COM ENCARGOS COMPLEMENTARES"},{"$f":"IFERROR(INDEX(SINAPI!$C:$C,MATCH($B304,SINAPI!$A:$A,0)),\"\")","v":"H"},2.2999999999999998,{"$f":"IFERROR(INDEX(SINAPI!$D:$D,MATCH($B304,SINAPI!$A:$A,0)),0)","v":15.65},35.994999999999997]
[{"$f":"IFERROR(INDEX(SINAPI!$E:$E,MATCH($B305,SINAPI!$A:$A,0)),\"\")","v":"COMPOSIÇÃO"},88631,{"$f":"IFERROR(INDEX(SINAPI!$B:$B,MATCH($B305,SINAPI!$A:$A,0)),\"\")","v":"ARGAMASSA TRAÇO 1:4 (EM VOLUME DE CIMENTO E AREIA MÉDIA ÚMIDA), PREPARO MANUAL. AF_08/2019"},{"$f":"IFERROR(INDEX(SINAPI!$C:$C,MATCH($B305,SINAPI!$A:$A,0)),\"\")","v":"M3"},3.3E-3,{"$f":"IFERROR(INDEX(SINAPI!$D:$D,MATCH($B305,SINAPI!$A:$A,0)),0)","v":463.97},1.531101]
[null,null,null,null,null,"TOTAL",{"$f":"SUM(G301:G305)","v":604.01910100000009}]
[]
[]
["CLASSE/TIPO","CÓDIGOS/ SINAPI","DESCRIÇÃO","UND","COEFICIENTE","PREÇO UNITÁRIO","PREÇO TOTAL"]
["COMP-6004",{"$f":"IFERROR(INDEX(COMPOSIÇÕES_IFMT!$B:$B,MATCH($A310,COMPOSIÇÕES_IFMT!$A:$A,0)),\"\")","v":""},"REVESTIMENTO CERÂMICO PARA PAREDES INTERNAS COM PLACAS TIPO ESMALTADA EXTRA DE DIMENSÕES 10X10 CM APLICADAS EM AMBIENTES DE ÁREA MAIOR QUE 5 M² A MEIA ALTURA DAS PAREDES. AF_06/2014","M2",null,null,{"$f":"G316","v":56.521899999999995}]
[{"$f":"IFERROR(INDEX(SINAPI!$E:$E,MATCH($B311,SINAPI!$A:$A,0)),\"\")","v":"INSUMO"},536,{"$f":"IFERROR(INDEX(SINAPI!$B:$B,MATCH($B311,SINAPI!$A:$A,0)),\"\")","v":"REVESTIMENTO EM CERAMICA ESMALTADA EXTRA, PEI MENOR OU IGUAL A 3, FORMATO MENOR OU IGUAL A 2025 CM2                                                                                                                                                                                                                                                                                                                                                                                                       "},{"$f":"IFERROR(INDEX(SINAPI!$C:$C,MATCH($B311,SINAPI!$A:$A,0)),\"\")","v":"M2    "},1.06,{"$f":"IFERROR(INDEX(SINAPI!$D:$D,MATCH($B311,SINAPI!$A:$A,0)),0)","v":29.4},{"$f":"IFERROR(F311*E311,0)","v":31.164000000000001}]
[{"$f":"IFERROR(INDEX(SINAPI!$E:$E,MATCH($B312,SINAPI!$A:$A,0)),\"\")","v":"INSUMO"},1381,{"$f":"IFERROR(INDEX(SINAPI!$B:$B,MATCH($B312,SINAPI!$A:$A,0)),\"\")","v":"ARGAMASSA COLANTE AC I PARA CERAMICAS                                                                                                                                                                                                                                                                                                                                                                                                                                                                     "},{"$f":"IFERROR(INDEX(SINAPI!$C:$C,MATCH($B312,SINAPI!$A:$A,0)),\"\")","v":"KG    "},4.8600000000000003,{"$f":"IFERROR(INDEX(SINAPI!$D:$D,MATCH($B312,SINAPI!$A:$A,0)),0)","v":0.78},3.7908000000000004]
[{"$f":"IFERROR(INDEX(SINAPI!$E:$E,MATCH($B313,SINAPI!$A:$A,0)),\"\")","v":"INSUMO"},34357,{"$f":"IFERROR(INDEX(SINAPI!$B:$B,MATCH($B313,SINAPI!$A:$A,0)),\"\")","v":"REJUNTE CIMENTICIO, QUALQUER COR                                                                                                                                                                                                                                                                                                                                                                                                                                                                          "},{"$f":"IFERROR(INDEX(SINAPI!$C:$C,MATCH($B313,SINAPI!$A:$A,0)),\"\")","v":"KG    "},0.42,{"$f":"IFERROR(INDEX(SINAPI!$D:$D,MATCH($B313,SINAPI!$A:$A,0)),0)","v":4.58},1.9236]
[{"$f":"IFERROR(INDEX(SINAPI!$E:$E,MATCH($B314,SINAPI!$A:$A,0)),\"\")","v":"COMPOSIÇÃO"},88256,{"$f":"IFERROR(INDEX(SINAPI!$B:$B,MATCH($B314,SINAPI!$A:$A,0)),\"\")","v":"AZULEJISTA OU LADRILHISTA COM ENCARGOS COMPLEMENTARES"},{"$f":"IFERROR(INDEX(SINAPI!$C:$C,MATCH($B314,SINAPI!$A:$A,0)),\"\")","v":"H"},0.7,{"$f":"IFERROR(INDEX(SINAPI!$D:$D,MATCH($B314,SINAPI!$A:$A,0)),0)","v":19.79},13.852999999999998]
[{"$f":"IFERROR(INDEX(SINAPI!$E:$E,MATCH($B315,SINAPI!$A:$A,0)),\"\")","v":"COMPOSIÇÃO"},88316,{"$f":"IFERROR(INDEX(SINAPI!$B:$B,MATCH($B315,SINAPI!$A:$A,0)),\"\")","v":"SERVENTE COM ENCARGOS COMPLEMENTARES"},{"$f":"IFERROR(INDEX(SINAPI!$C:$C,MATCH($B315,SINAPI!$A:$A,0)),\"\")","v":"H"},0.37,{"$f":"IFERROR(INDEX(SINAPI!$D:$D,MATCH($B315,SINAPI!$A:$A,0)),0)","v":15.65},5.7904999999999998]
[null,null,null,null,null,"TOTAL",{"$f":"SUM(G311:G315)","v":56.521899999999995}]
[]
[]
["CLASSE/TIPO","CÓDIGOS/ SINAPI","DESCRIÇÃO","UND","COEFICIENTE","PREÇO UNITÁRIO","PREÇO TOTAL"]
["COMP-7702",{"$f":"IFERROR(INDEX(COMPOSIÇÕES_IFMT!$B:$B,MATCH($A320,COMPOSIÇÕES_IFMT!$A:$A,0)),\"\")","v":""},"FORRO EM PLACAS DE GESSO, PARA AMBIENTES COMERCIAIS. AF_05/2017_P","M2",null,null,{"$f":"G331","v":56.811279000000006}]
[{"$f":"IFERROR(INDEX(SINAPI!$E:$E,MATCH($B321,SINAPI!$A:$A,0)),\"\")","v":"INSUMO"},3315,{"$f":"IFERROR(INDEX(SINAPI!$B:$B,MATCH($B321,SINAPI!$A:$A,0)),\"\")","v":"GESSO EM PO PARA REVESTIMENTOS/MOLDURAS/SANCAS E USO GERAL                                                                                                                                                                                                                                                                                                                                                                                                                                                "},{"$f":"IFERROR(INDEX(SINAPI!$C:$C,MATCH($B321,SINAPI!$A:$A,0)),\"\")","v":"KG    "},0.99639999999999995,{"$f":"IFERROR(INDEX(SINAPI!$D:$D,MATCH($B321,SINAPI!$A:$A,0)),0)","v":0.52},{"$f":"IFERROR(F321*E321,0)","v":0.51812800000000003}]
[{"$f":"IFERROR(INDEX(SINAPI!$E:$E,MATCH($B322,SINAPI!$A:$A,0)),\"\")","v":"INSUMO"},4812,{"$f":"IFERROR(INDEX(SINAPI!$B:$B,MATCH($B322,SINAPI!$A:$A,0)),\"\")","v":"PLACA DE GESSO PARA FORRO, *60 X 60* CM, ESPESSURA DE 12 MM (SEM COLOCACAO)                                                                                                                                                                                                                                                                                                                                                                                                                               "},{"$f":"IFERROR(INDEX(SINAPI!$C:$C,MATCH($B322,SINAPI!$A:$A,0)),\"\")","v":"M2    "},1.0740000000000001,{"$f":"IFERROR(INDEX(SINAPI!$D:$D,MATCH($B322,SINAPI!$A:$A,0)),0)","v":12.02},12.90948]
[{"$f":"IFERROR(INDEX(SINAPI!$E:$E,MATCH($B323,SINAPI!$A:$A,0)),\"\")","v":"INSUMO"},20250,{"$f":"IFERROR(INDEX(SINAPI!$B:$B,MATCH($B323,SINAPI!$A:$A,0)),\"\")","v":"SISAL EM FIBRA                                                                                                                                                                                                                                                                                                                                                                                                                                                                                            "},{"$f":"IFERROR(INDEX(SINAPI!$C:$C,MATCH($B323,SINAPI!$A:$A,0)),\"\")","v":"KG    "},7.7999999999999996E-3,{"$f":"IFERROR(INDEX(SINAPI!$D:$D,MATCH($B323,SINAPI!$A:$A,0)),0)","v":12},9.3599999999999989E-2]
[{"$f":"IFERROR(INDEX(SINAPI!$E:$E,MATCH($B324,SINAPI!$A:$A,0)),\"\")","v":"INSUMO"},40547,{"$f":"IFERROR(INDEX(SINAPI!$B:$B,MATCH($B324,SINAPI!$A:$A,0)),\"\")","v":"PARAFUSO ZINCADO, AUTOBROCANTE, FLANGEADO, 4,2 MM X 19 MM                                                                                                                                                                                                                                                                                                                                                                                                                                                 "},{"$f":"IFERROR(INDEX(SINAPI!$C:$C,MATCH($B324,SINAPI!$A:$A,0)),\"\")","v":"CENTO "},3.0800000000000001E-2,{"$f":"IFERROR(INDEX(SINAPI!$D:$D,MATCH($B324,SINAPI!$A:$A,0)),0)","v":19.57},0.60275600000000007]
[{"$f":"IFERROR(INDEX(SINAPI!$E:$E,MATCH($B325,SINAPI!$A:$A,0)),\"\")","v":"INSUMO"},39430,{"$f":"IFERROR(INDEX(SINAPI!$B:$B,MATCH($B325,SINAPI!$A:$A,0)),\"\")","v":"PENDURAL OU PRESILHA REGULADORA, EM ACO GALVANIZADO, COM CORPO, MOLA E REBITE, PARA PERFIL TIPO CANALETA DE ESTRUTURA EM FORROS DRYWALL                                                                                                                                                                                                                                                                                                                                                                   "},{"$f":"IFERROR(INDEX(SINAPI!$C:$C,MATCH($B325,SINAPI!$A:$A,0)),\"\")","v":"UN    "},1,{"$f":"IFERROR(INDEX(SINAPI!$D:$D,MATCH($B325,SINAPI!$A:$A,0)),0)","v":2.19},2.19]
[{"$f":"IFERROR(INDEX(SINAPI!$E:$E,MATCH($B326,SINAPI!$A:$A,0)),\"\")","v":"INSUMO"},39427,{"$f":"IFERROR(INDEX(SINAPI!$B:$B,MATCH($B326,SINAPI!$A:$A,0)),\"\")","v":"PERFIL CANALETA, FORMATO C, EM ACO ZINCADO, PARA ESTRUTURA FORRO DRYWALL, E = 0,5 MM, *46 X 18* (L X H), COMPRIMENTO 3 M                                                                                                                                                                                                                                                                                                                                                                                  "},{"$f":"IFERROR(INDEX(SINAPI!$C:$C,MATCH($B326,SINAPI!$A:$A,0)),\"\")","v":"M     "},1,{"$f":"IFERROR(INDEX(SINAPI!$D:$D,MATCH($B326,SINAPI!$A:$A,0)),0)","v":5.83},5.83]
[{"$f":"IFERROR(INDEX(SINAPI!$E:$E,MATCH($B327,SINAPI!$A:$A,0)),\"\")","v":"INSUMO"},39574,{"$f":"IFERROR(INDEX(SINAPI!$B:$B,MATCH($B327,SINAPI!$A:$A,0)),\"\")","v":"TIRANTE COM ELO, EM ARAME GALVANIZADO RIGIDO, NUMERO 10, COMPRIMENTO 2000 MM, PARA PENDURAL DE FORRO REMOVIVEL                                                                                                                                                                                                                                                                                                                                                                                            "},{"$f":"IFERROR(INDEX(SINAPI!$C:$C,MATCH($B327,SINAPI!$A:$A,0)),\"\")","v":"UN    "},2,{"$f":"IFERROR(INDEX(SINAPI!$D:$D,MATCH($B327,SINAPI!$A:$A,0)),0)","v":4.93},9.86]
[{"$f":"IFERROR(INDEX(SINAPI!$E:$E,MATCH($B328,SINAPI!$A:$A,0)),\"\")","v":"INSUMO"},39429,{"$f":"IFERROR(INDEX(SINAPI!$B:$B,MATCH($B328,SINAPI!$A:$A,0)),\"\")","v":"PERFIL TABICA ABERTA, PERFURADA, FORMATO Z, EM ACO GALVANIZADO NATURAL, LARGURA APROXIMADA 40 MM, PARA ESTRUTURA FORRO DRYWALL                                                                                                                                                                                                                                                                                                                                                                            "},{"$f":"IFERROR(INDEX(SINAPI!$C:$C,MATCH($B328,SINAPI!$A:$A,0)),\"\")","v":"M     "},1,{"$f":"IFERROR(INDEX(SINAPI!$D:$D,MATCH($B328,SINAPI!$A:$A,0)),0)","v":7.4},7.4]
[{"$f":"IFERROR(INDEX(SINAPI!$E:$E,MATCH($B329,SINAPI!$A:$A,0)),\"\")","v":"COMPOSIÇÃO"},88269,{"$f":"IFERROR(INDEX(SINAPI!$B:$B,MATCH($B329,SINAPI!$A:$A,0)),\"\")","v":"GESSEIRO COM ENCARGOS COMPLEMENTARES"},{"$f":"IFERROR(INDEX(SINAPI!$C:$C,MATCH($B329,SINAPI!$A:$A,0)),\"\")","v":"H"},0.63129999999999997,{"$f":"IFERROR(INDEX(SINAPI!$D:$D,MATCH($B329,SINAPI!$A:$A,0)),0)","v":19.75},12.468174999999999]
[{"$f":"IFERROR(INDEX(SINAPI!$E:$E,MATCH($B330,SINAPI!$A:$A,0)),\"\")","v":"COMPOSIÇÃO"},88316,{"$f":"IFERROR(INDEX(SINAPI!$B:$B,MATCH($B330,SINAPI!$A:$A,0)),\"\")","v":"SERVENTE COM ENCARGOS COMPLEMENTARES"},{"$f":"IFERROR(INDEX(SINAPI!$C:$C,MATCH($B330,SINAPI!$A:$A,0)),\"\")","v":"H"},0.31559999999999999,{"$f":"IFERROR(INDEX(SINAPI!$D:$D,MATCH($B330,SINAPI!$A:$A,0)),0)","v":15.65},4.9391400000000001]
[null,null,null,null,null,"TOTAL",{"$f":"SUM(G321:G330)","v":56.811279000000006}]
[]
[]
["CLASSE/TIPO","CÓDIGOS/ SINAPI","DESCRIÇÃO","UND","COEFICIENTE","PREÇO UNITÁRIO","PREÇO TOTAL"]
["COMP-8777",{"$f":"IFERROR(INDEX(COMPOSIÇÕES_IFMT!$B:$B,MATCH($A335,COMPOSIÇÕES_IFMT!$A:$A,0)),\"\")","v":""},"TABICA METÁLICA 3x3cm PARA FORRO DE GESSO FORNECIMENTO E MONTAGEM","M2",null,null,{"$f":"G340","v":15.410000000000002}]
[{"$f":"IFERROR(INDEX(SINAPI!$E:$E,MATCH($B336,SINAPI!$A:$A,0)),\"\")","v":"INSUMO"},39429,{"$f":"IFERROR(INDEX(SINAPI!$B:$B,MATCH($B336,SINAPI!$A:$A,0)),\"\")","v":"PERFIL TABICA ABERTA, PERFURADA, FORMATO Z, EM ACO GALVANIZADO NATURAL, LARGURA APROXIMADA 40 MM, PARA ESTRUTURA FORRO DRYWALL                                                                                                                                                                                                                                                                                                                                                                            "},{"$f":"IFERROR(INDEX(SINAPI!$C:$C,MATCH($B336,SINAPI!$A:$A,0)),\"\")","v":"M     "},1,{"$f":"IFERROR(INDEX(SINAPI!$D:$D,MATCH($B336,SINAPI!$A:$A,0)),0)","v":7.4},{"$f":"IFERROR(F336*E336,0)","v":7.4}]
[{"$f":"IFERROR(INDEX(SINAPI!$E:$E,MATCH($B337,SINAPI!$A:$A,0)),\"\")","v":"INSUMO"},11950,{"$f":"IFERROR(INDEX(SINAPI!$B:$B,MATCH($B337,SINAPI!$A:$A,0)),\"\")","v":"BUCHA DE NYLON SEM ABA S6, COM PARAFUSO DE 4,20 X 40 MM EM ACO ZINCADO COM ROSCA SOBERBA, CABECA CHATA E FENDA PHILLIPS                                                                                                                                                                                                                                                                                                                                                                                   "},{"$f":"IFERROR(INDEX(SINAPI!$C:$C,MATCH($B337,SINAPI!$A:$A,0)),\"\")","v":"UN    "},3,{"$f":"IFERROR(INDEX(SINAPI!$D:$D,MATCH($B337,SINAPI!$A:$A,0)),0)","v":0.31},0.92999999999999994]
[{"$f":"IFERROR(INDEX(SINAPI!$E:$E,MATCH($B338,SINAPI!$A:$A,0)),\"\")","v":"COMPOSIÇÃO"},88269,{"$f":"IFERROR(INDEX(SINAPI!$B:$B,MATCH($B338,SINAPI!$A:$A,0)),\"\")","v":"GESSEIRO COM ENCARGOS COMPLEMENTARES"},{"$f":"IFERROR(INDEX(SINAPI!$C:$C,MATCH($B338,SINAPI!$A:$A,0)),\"\")","v":"H"},0.2,{"$f":"IFERROR(INDEX(SINAPI!$D:$D,MATCH($B338,SINAPI!$A:$A,0)),0)","v":19.75},3.95]
[{"$f":"IFERROR(INDEX(SINAPI!$E:$E,MATCH($B339,SINAPI!$A:$A,0)),\"\")","v":"COMPOSIÇÃO"},88316,{"$f":"IFERROR(INDEX(SINAPI!$B:$B,MATCH($B339,SINAPI!$A:$A,0)),\"\")","v":"SERVENTE COM ENCARGOS COMPLEMENTARES"},{"$f":"IFERROR(INDEX(SINAPI!$C:$C,MATCH($B339,SINAPI!$A:$A,0)),\"\")","v":"H"},0.2,{"$f":"IFERROR(INDEX(SINAPI!$D:$D,MATCH($B339,SINAPI!$A:$A,0)),0)","v":15.65},3.1300000000000003]
[null,null,null,null,null,"TOTAL",{"$f":"SUM(G336:G339)","v":15.410000000000002}]
[]
[]
["CLASSE/TIPO","CÓDIGOS/ SINAPI","DESCRIÇÃO","UND","COEFICIENTE","PREÇO UNITÁRIO","PREÇO TOTAL"]
["COMP-0595",{"$f":"IFERROR(INDEX(COMPOSIÇÕES_IFMT!$B:$B,MATCH($A344,COMPOSIÇÕES_IFMT!$A:$A,0)),\"\")","v":""},"FORRO ACÚSTICO TIPO \"SONEX\" EM PLACAS DE FIBRA MINERAL C/PERFIL \"T\" EM AÇO - FORNECIMENTO E MONTAGEM","M2",null,null,{"$f":"G353","v":169.70007100000001}]
[{"$f":"IFERROR(INDEX(SINAPI!$E:$E,MATCH($B345,SINAPI!$A:$A,0)),\"\")","v":"INSUMO"},40547,{"$f":"IFERROR(INDEX(SINAPI!$B:$B,MATCH($B345,SINAPI!$A:$A,0)),\"\")","v":"PARAFUSO ZINCADO, AUTOBROCANTE, FLANGEADO, 4,2 MM X 19 MM                                                                                                                                                                                                                                                                                                                                                                                                                                                 "},{"$f":"IFERROR(INDEX(SINAPI!$C:$C,MATCH($B345,SINAPI!$A:$A,0)),\"\")","v":"CENTO "},3.0800000000000001E-2,{"$f":"IFERROR(INDEX(SINAPI!$D:$D,MATCH($B345,SINAPI!$A:$A,0)),0)","v":19.57},{"$f":"IFERROR(F345*E345,0)","v":0.60275600000000007}]
[{"$f":"IFERROR(INDEX(SINAPI!$E:$E,MATCH($B346,SINAPI!$A:$A,0)),\"\")","v":"INSUMO"},39430,{"$f":"IFERROR(INDEX(SINAPI!$B:$B,MATCH($B346,SINAPI!$A:$A,0)),\"\")","v":"PENDURAL OU PRESILHA REGULADORA, EM ACO GALVANIZADO, COM CORPO, MOLA E REBITE, PARA PERFIL TIPO CANALETA DE ESTRUTURA EM FORROS DRYWALL                                                                                                                                                                                                                                                                                                                                                                   "},{"$f":"IFERROR(INDEX(SINAPI!$C:$C,MATCH($B346,SINAPI!$A:$A,0)),\"\")","v":"UN    "},1,{"$f":"IFERROR(INDEX(SINAPI!$D:$D,MATCH($B346,SINAPI!$A:$A,0)),0)","v":2.19},2.19]
[{"$f":"IFERROR(INDEX(SINAPI!$E:$E,MATCH($B347,SINAPI!$A:$A,0)),\"\")","v":"INSUMO"},39427,{"$f":"IFERROR(INDEX(SINAPI!$B:$B,MATCH($B347,SINAPI!$A:$A,0)),\"\")","v":"PERFIL CANALETA, FORMATO C, EM ACO ZINCADO, PARA ESTRUTURA FORRO DRYWALL, E = 0,5 MM, *46 X 18* (L X H), COMPRIMENTO 3 M                                                                                                                                                                                                                                                                                                                                                                                  "},{"$f":"IFERROR(INDEX(SINAPI!$C:$C,MATCH($B347,SINAPI!$A:$A,0)),\"\")","v":"M     "},1,{"$f":"IFERROR(INDEX(SINAPI!$D:$D,MATCH($B347,SINAPI!$A:$A,0)),0)","v":5.83},5.83]
[{"$f":"IFERROR(INDEX(SINAPI!$E:$E,MATCH($B348,SINAPI!$A:$A,0)),\"\")","v":"INSUMO"},39574,{"$f":"IFERROR(INDEX(SINAPI!$B:$B,MATCH($B348,SINAPI!$A:$A,0)),\"\")","v":"TIRANTE COM ELO, EM ARAME GALVANIZADO RIGIDO, NUMERO 10, COMPRIMENTO 2000 MM, PARA PENDURAL DE FORRO REMOVIVEL                                                                                                                                                                                                                                                                                                                                                                                            "},{"$f":"IFERROR(INDEX(SINAPI!$C:$C,MATCH($B348,SINAPI!$A:$A,0)),\"\")","v":"UN    "},2,{"$f":"IFERROR(INDEX(SINAPI!$D:$D,MATCH($B348,SINAPI!$A:$A,0)),0)","v":4.93},9.86]
[{"$f":"IFERROR(INDEX(SINAPI!$E:$E,MATCH($B349,SINAPI!$A:$A,0)),\"\")","v":"INSUMO"},39429,{"$f":"IFERROR(INDEX(SINAPI!$B:$B,MATCH($B349,SINAPI!$A:$A,0)),\"\")","v":"PERFIL TABICA ABERTA, PERFURADA, FORMATO Z, EM ACO GALVANIZADO NATURAL, LARGURA APROXIMADA 40 MM, PARA ESTRUTURA FORRO DRYWALL                                                                                                                                                                                                                                                                                                                                                                            "},{"$f":"IFERROR(INDEX(SINAPI!$C:$C,MATCH($B349,SINAPI!$A:$A,0)),\"\")","v":"M     "},1,{"$f":"IFERROR(INDEX(SINAPI!$D:$D,MATCH($B349,SINAPI!$A:$A,0)),0)","v":7.4},7.4]
[{"$f":"IFERROR(INDEX(SINAPI!$E:$E,MATCH($B350,SINAPI!$A:$A,0)),\"\")","v":"INSUMO"},39511,{"$f":"IFERROR(INDEX(SINAPI!$B:$B,MATCH($B350,SINAPI!$A:$A,0)),\"\")","v":"FORRO DE FIBRA MINERAL EM PLACAS DE 625 X 625 MM, E = 15 MM, BORDA RETA, COM PINTURA ANTIMOFO, APOIADO EM PERFIL DE ACO GALVANIZADO COM 24 MM DE BASE - INSTALADO                                                                                                                                                                                                                                                                                                                                         "},{"$f":"IFERROR(INDEX(SINAPI!$C:$C,MATCH($B350,SINAPI!$A:$A,0)),\"\")","v":"M2    "},1,{"$f":"IFERROR(INDEX(SINAPI!$D:$D,MATCH($B350,SINAPI!$A:$A,0)),0)","v":126.41},126.41]
[{"$f":"IFERROR(INDEX(SINAPI!$E:$E,MATCH($B351,SINAPI!$A:$A,0)),\"\")","v":"COMPOSIÇÃO"},88269,{"$f":"IFERROR(INDEX(SINAPI!$B:$B,MATCH($B351,SINAPI!$A:$A,0)),\"\")","v":"GESSEIRO COM ENCARGOS COMPLEMENTARES"},{"$f":"IFERROR(INDEX(SINAPI!$C:$C,MATCH($B351,SINAPI!$A:$A,0)),\"\")","v":"H"},0.63129999999999997,{"$f":"IFERROR(INDEX(SINAPI!$D:$D,MATCH($B351,SINAPI!$A:$A,0)),0)","v":19.75},12.468174999999999]
[{"$f":"IFERROR(INDEX(SINAPI!$E:$E,MATCH($B352,SINAPI!$A:$A,0)),\"\")","v":"COMPOSIÇÃO"},88316,{"$f":"IFERROR(INDEX(SINAPI!$B:$B,MATCH($B352,SINAPI!$A:$A,0)),\"\")","v":"SERVENTE COM ENCARGOS COMPLEMENTARES"},{"$f":"IFERROR(INDEX(SINAPI!$C:$C,MATCH($B352,SINAPI!$A:$A,0)),\"\")","v":"H"},0.31559999999999999,{"$f":"IFERROR(INDEX(SINAPI!$D:$D,MATCH($B352,SINAPI!$A:$A,0)),0)","v":15.65},4.9391400000000001]
[null,null,null,null,null,"TOTAL",{"$f":"SUM(G345:G352)","v":169.70007100000001}]
[]
[]
["CLASSE/TIPO","CÓDIGOS/ SINAPI","DESCRIÇÃO","UND","COEFICIENTE","PREÇO UNITÁRIO","PREÇO TOTAL"]
["COMP-5303",{"$f":"IFERROR(INDEX(COMPOSIÇÕES_IFMT!$B:$B,MATCH($A357,COMPOSIÇÕES_IFMT!$A:$A,0)),\"\")","v":""},"PERFIL DE ALUMÍNIO TIPO ( L- T- U )","M",null,null,{"$f":"G362","v":83.042000000000002}]
[{"$f":"IFERROR(INDEX(SINAPI!$E:$E,MATCH($B358,SINAPI!$A:$A,0)),\"\")","v":"INSUMO"},34360,{"$f":"IFERROR(INDEX(SINAPI!$B:$B,MATCH($B358,SINAPI!$A:$A,0)),\"\")","v":"PERFIL DE ALUMINIO ANODIZADO                                                                                                                                                                                                                                                                                                                                                                                                                                                                              "},{"$f":"IFERROR(INDEX(SINAPI!$C:$C,MATCH($B358,SINAPI!$A:$A,0)),\"\")","v":"KG    "},1,{"$f":"IFERROR(INDEX(SINAPI!$D:$D,MATCH($B358,SINAPI!$A:$A,0)),0)","v":40.94},{"$f":"IFERROR(F358*E358,0)","v":40.94}]
[{"$f":"IFERROR(INDEX(SINAPI!$E:$E,MATCH($B359,SINAPI!$A:$A,0)),\"\")","v":"INSUMO"},1379,{"$f":"IFERROR(INDEX(SINAPI!$B:$B,MATCH($B359,SINAPI!$A:$A,0)),\"\")","v":"CIMENTO PORTLAND COMPOSTO CP II-32                                                                                                                                                                                                                                                                                                                                                                                                                                                                        "},{"$f":"IFERROR(INDEX(SINAPI!$C:$C,MATCH($B359,SINAPI!$A:$A,0)),\"\")","v":"KG    "},37.5,{"$f":"IFERROR(INDEX(SINAPI!$D:$D,MATCH($B359,SINAPI!$A:$A,0)),0)","v":0.66},24.75]
[{"$f":"IFERROR(INDEX(SINAPI!$E:$E,MATCH($B360,SINAPI!$A:$A,0)),\"\")","v":"COMPOSIÇÃO"},88242,{"$f":"IFERROR(INDEX(SINAPI!$B:$B,MATCH($B360,SINAPI!$A:$A,0)),\"\")","v":"AJUDANTE DE PEDREIRO COM ENCARGOS COMPLEMENTARES"},{"$f":"IFERROR(INDEX(SINAPI!$C:$C,MATCH($B360,SINAPI!$A:$A,0)),\"\")","v":"H"},0.6,{"$f":"IFERROR(INDEX(SINAPI!$D:$D,MATCH($B360,SINAPI!$A:$A,0)),0)","v":15.68},9.4079999999999995]
[{"$f":"IFERROR(INDEX(SINAPI!$E:$E,MATCH($B361,SINAPI!$A:$A,0)),\"\")","v":"COMPOSIÇÃO"},88309,{"$f":"IFERROR(INDEX(SINAPI!$B:$B,MATCH($B361,SINAPI!$A:$A,0)),\"\")","v":"PEDREIRO COM ENCARGOS COMPLEMENTARES"},{"$f":"IFERROR(INDEX(SINAPI!$C:$C,MATCH($B361,SINAPI!$A:$A,0)),\"\")","v":"H"},0.4,{"$f":"IFERROR(INDEX(SINAPI!$D:$D,MATCH($B361,SINAPI!$A:$A,0)),0)","v":19.86},7.944]
[null,null,null,null,null,"TOTAL",{"$f":"SUM(G358:G361)","v":83.042000000000002}]
[]
[]
["CLASSE/TIPO","CÓDIGOS/ SINAPI","DESCRIÇÃO","UND","COEFICIENTE","PREÇO UNITÁRIO","PREÇO TOTAL"]
["COMP-785422",{"$f":"IFERROR(INDEX(COMPOSIÇÕES_IFMT!$B:$B,MATCH($A366,COMPOSIÇÕES_IFMT!$A:$A,0)),\"\")","v":""},"PLACA CIMENTÍCIA ESP = 8mm EM FACHADAS FIXADA EM ESTRUTURA METÁLICA","M2",null,null,{"$f":"G375","v":224.99881999999999}]
[{"$f":"IFERROR(INDEX(SINAPI!$E:$E,MATCH($B367,SINAPI!$A:$A,0)),\"\")","v":"INSUMO"},11062,{"$f":"IFERROR(INDEX(SINAPI!$B:$B,MATCH($B367,SINAPI!$A:$A,0)),\"\")","v":"PLACA CIMENTICIA LISA E = 10 MM, DE 1,20 X 3,00 M (SEM AMIANTO)                                                                                                                                                                                                                                                                                                                                                                                                                                           "},{"$f":"IFERROR(INDEX(SINAPI!$C:$C,MATCH($B367,SINAPI!$A:$A,0)),\"\")","v":"M2    "},0.8,{"$f":"IFERROR(INDEX(SINAPI!$D:$D,MATCH($B367,SINAPI!$A:$A,0)),0)","v":68.81},{"$f":"IFERROR(F367*E367,0)","v":55.048000000000002}]
["INSUMO","08904/ORSE","Máquina de solda elétrica","h",1,3.88,3.88]
[{"$f":"IFERROR(INDEX(SINAPI!$E:$E,MATCH($B369,SINAPI!$A:$A,0)),\"\")","v":"INSUMO"},10998,{"$f":"IFERROR(INDEX(SINAPI!$B:$B,MATCH($B369,SINAPI!$A:$A,0)),\"\")","v":"ELETRODO REVESTIDO AWS - E-6010, DIAMETRO IGUAL A 4,00 MM                                                                                                                                                                                                                                                                                                                                                                                                                                                 "},{"$f":"IFERROR(INDEX(SINAPI!$C:$C,MATCH($B369,SINAPI!$A:$A,0)),\"\")","v":"KG    "},0.5,{"$f":"IFERROR(INDEX(SINAPI!$D:$D,MATCH($B369,SINAPI!$A:$A,0)),0)","v":25.29},12.645]
[{"$f":"IFERROR(INDEX(SINAPI!$E:$E,MATCH($B370,SINAPI!$A:$A,0)),\"\")","v":"INSUMO"},40547,{"$f":"IFERROR(INDEX(SINAPI!$B:$B,MATCH($B370,SINAPI!$A:$A,0)),\"\")","v":"PARAFUSO ZINCADO, AUTOBROCANTE, FLANGEADO, 4,2 MM X 19 MM                                                                                                                                                                                                                                                                                                                                                                                                                                                 "},{"$f":"IFERROR(INDEX(SINAPI!$C:$C,MATCH($B370,SINAPI!$A:$A,0)),\"\")","v":"CENTO "},0.09,{"$f":"IFERROR(INDEX(SINAPI!$D:$D,MATCH($B370,SINAPI!$A:$A,0)),0)","v":19.57},1.7612999999999999]
[{"$f":"IFERROR(INDEX(SINAPI!$E:$E,MATCH($B371,SINAPI!$A:$A,0)),\"\")","v":"INSUMO"},40535,{"$f":"IFERROR(INDEX(SINAPI!$B:$B,MATCH($B371,SINAPI!$A:$A,0)),\"\")","v":"PERFIL \"U\" SIMPLES DE ACO GALVANIZADO DOBRADO 75 X *40* MM, E = 2,65 MM                                                                                                                                                                                                                                                                                                                                                                                                                                   "},{"$f":"IFERROR(INDEX(SINAPI!$C:$C,MATCH($B371,SINAPI!$A:$A,0)),\"\")","v":"KG    "},10.612,{"$f":"IFERROR(INDEX(SINAPI!$D:$D,MATCH($B371,SINAPI!$A:$A,0)),0)","v":11.26},119.49112]
[{"$f":"IFERROR(INDEX(SINAPI!$E:$E,MATCH($B372,SINAPI!$A:$A,0)),\"\")","v":"COMPOSIÇÃO"},88240,{"$f":"IFERROR(INDEX(SINAPI!$B:$B,MATCH($B372,SINAPI!$A:$A,0)),\"\")","v":"AJUDANTE DE ESTRUTURA METÁLICA COM ENCARGOS COMPLEMENTARES"},{"$f":"IFERROR(INDEX(SINAPI!$C:$C,MATCH($B372,SINAPI!$A:$A,0)),\"\")","v":"H"},0.4,{"$f":"IFERROR(INDEX(SINAPI!$D:$D,MATCH($B372,SINAPI!$A:$A,0)),0)","v":11.43},4.5720000000000001]
[{"$f":"IFERROR(INDEX(SINAPI!$E:$E,MATCH($B373,SINAPI!$A:$A,0)),\"\")","v":"COMPOSIÇÃO"},88317,{"$f":"IFERROR(INDEX(SINAPI!$B:$B,MATCH($B373,SINAPI!$A:$A,0)),\"\")","v":"SOLDADOR COM ENCARGOS COMPLEMENTARES"},{"$f":"IFERROR(INDEX(SINAPI!$C:$C,MATCH($B373,SINAPI!$A:$A,0)),\"\")","v":"H"},0.4,{"$f":"IFERROR(INDEX(SINAPI!$D:$D,MATCH($B373,SINAPI!$A:$A,0)),0)","v":20.41},8.1639999999999997]
["COMPOSIÇÃO","IFMT 223.07.2020",{"$f":"C2744","v":"FUNDO ANTICORROSIVO A BASE DE OXIDO DE FERRO (ZARCAO), DUAS DEMAOS"},"M2",1,{"$f":"G2748","v":19.4374},19.4374]
[null,null,null,null,null,"TOTAL",{"$f":"SUM(G367:G374)","v":224.99881999999999}]
[]
[]
["CLASSE/TIPO","CÓDIGOS/ SINAPI","DESCRIÇÃO","UND","COEFICIENTE","PREÇO UNITÁRIO","PREÇO TOTAL"]
["COMP-2312",{"$f":"IFERROR(INDEX(COMPOSIÇÕES_IFMT!$B:$B,MATCH($A379,COMPOSIÇÕES_IFMT!$A:$A,0)),\"\")","v":""},"PINGADOR METÁLICO EM PERFIL \"U\"","M",null,null,{"$f":"G383","v":42.045000000000002}]
["INSUMO","10217/ORSE","Perfil \"U\" metálico 1\"","m",1,24.31,{"$f":"IFERROR(F380*E380,0)","v":24.31}]
[{"$f":"IFERROR(INDEX(SINAPI!$E:$E,MATCH($B381,SINAPI!$A:$A,0)),\"\")","v":"COMPOSIÇÃO"},88251,{"$f":"IFERROR(INDEX(SINAPI!$B:$B,MATCH($B381,SINAPI!$A:$A,0)),\"\")","v":"AUXILIAR DE SERRALHEIRO COM ENCARGOS COMPLEMENTARES"},{"$f":"IFERROR(INDEX(SINAPI!$C:$C,MATCH($B381,SINAPI!$A:$A,0)),\"\")","v":"H"},0.5,{"$f":"IFERROR(INDEX(SINAPI!$D:$D,MATCH($B381,SINAPI!$A:$A,0)),0)","v":15.72},7.86]
[{"$f":"IFERROR(INDEX(SINAPI!$E:$E,MATCH($B382,SINAPI!$A:$A,0)),\"\")","v":"COMPOSIÇÃO"},88315,{"$f":"IFERROR(INDEX(SINAPI!$B:$B,MATCH($B382,SINAPI!$A:$A,0)),\"\")","v":"SERRALHEIRO COM ENCARGOS COMPLEMENTARES"},{"$f":"IFERROR(INDEX(SINAPI!$C:$C,MATCH($B382,SINAPI!$A:$A,0)),\"\")","v":"H"},0.5,{"$f":"IFERROR(INDEX(SINAPI!$D:$D,MATCH($B382,SINAPI!$A:$A,0)),0)","v":19.75},9.875]
[null,null,null,null,null,"TOTAL",{"$f":"SUM(G380:G382)","v":42.045000000000002}]
[]
[]
["CLASSE/TIPO","CÓDIGOS/ SINAPI","DESCRIÇÃO","UND","COEFICIENTE","PREÇO UNITÁRIO","PREÇO TOTAL"]
["COMP-222437",{"$f":"IFERROR(INDEX(COMPOSIÇÕES_IFMT!$B:$B,MATCH($A387,COMPOSIÇÕES_IFMT!$A:$A,0)),\"\")","v":""},"REGULARIZAÇÃO DE BASE - CONTRAPISO","M2",null,null,{"$f":"G391","v":45.754360999999996}]
[{"$f":"IFERROR(INDEX(SINAPI!$E:$E,MATCH($B388,SINAPI!$A:$A,0)),\"\")","v":"COMPOSIÇÃO"},87301,{"$f":"IFERROR(INDEX(SINAPI!$B:$B,MATCH($B388,SINAPI!$A:$A,0)),\"\")","v":"ARGAMASSA TRAÇO 1:4 (EM VOLUME DE CIMENTO E AREIA MÉDIA ÚMIDA) PARA CONTRAPISO, PREPARO MECÂNICO COM BETONEIRA 400 L. AF_08/2019"},{"$f":"IFERROR(INDEX(SINAPI!$C:$C,MATCH($B388,SINAPI!$A:$A,0)),\"\")","v":"M3"},6.0699999999999997E-2,{"$f":"IFERROR(INDEX(SINAPI!$D:$D,MATCH($B388,SINAPI!$A:$A,0)),0)","v":467.23},{"$f":"IFERROR(F388*E388,0)","v":28.360861}]
[{"$f":"IFERROR(INDEX(SINAPI!$E:$E,MATCH($B389,SINAPI!$A:$A,0)),\"\")","v":"COMPOSIÇÃO"},88309,{"$f":"IFERROR(INDEX(SINAPI!$B:$B,MATCH($B389,SINAPI!$A:$A,0)),\"\")","v":"PEDREIRO COM ENCARGOS COMPLEMENTARES"},{"$f":"IFERROR(INDEX(SINAPI!$C:$C,MATCH($B389,SINAPI!$A:$A,0)),\"\")","v":"H"},0.6,{"$f":"IFERROR(INDEX(SINAPI!$D:$D,MATCH($B389,SINAPI!$A:$A,0)),0)","v":19.86},11.915999999999999]
[{"$f":"IFERROR(INDEX(SINAPI!$E:$E,MATCH($B390,SINAPI!$A:$A,0)),\"\")","v":"COMPOSIÇÃO"},88316,{"$f":"IFERROR(INDEX(SINAPI!$B:$B,MATCH($B390,SINAPI!$A:$A,0)),\"\")","v":"SERVENTE COM ENCARGOS COMPLEMENTARES"},{"$f":"IFERROR(INDEX(SINAPI!$C:$C,MATCH($B390,SINAPI!$A:$A,0)),\"\")","v":"H"},0.35,{"$f":"IFERROR(INDEX(SINAPI!$D:$D,MATCH($B390,SINAPI!$A:$A,0)),0)","v":15.65},5.4775]
[null,null,null,null,null,"TOTAL",{"$f":"SUM(G388:G390)","v":45.754360999999996}]
[]
[]
["CLASSE/TIPO","CÓDIGOS/ SINAPI","DESCRIÇÃO","UND","COEFICIENTE","PREÇO UNITÁRIO","PREÇO TOTAL"]
["COMP-222438",{"$f":"IFERROR(INDEX(COMPOSIÇÕES_IFMT!$B:$B,MATCH($A395,COMPOSIÇÕES_IFMT!$A:$A,0)),\"\")","v":""},"REGULARIZACAO DE PISO/BASE EM ARGAMASSA TRACO 1:3 (CIMENTO E AREIA GROSSA SEM PENEIRAR), ESPESSURA 3,0CM, PREPARO MECANICO","M2",null,null,{"$f":"G399","v":45.754360999999996}]
[{"$f":"IFERROR(INDEX(SINAPI!$E:$E,MATCH($B396,SINAPI!$A:$A,0)),\"\")","v":"COMPOSIÇÃO"},87301,{"$f":"IFERROR(INDEX(SINAPI!$B:$B,MATCH($B396,SINAPI!$A:$A,0)),\"\")","v":"ARGAMASSA TRAÇO 1:4 (EM VOLUME DE CIMENTO E AREIA MÉDIA ÚMIDA) PARA CONTRAPISO, PREPARO MECÂNICO COM BETONEIRA 400 L. AF_08/2019"},{"$f":"IFERROR(INDEX(SINAPI!$C:$C,MATCH($B396,SINAPI!$A:$A,0)),\"\")","v":"M3"},6.0699999999999997E-2,{"$f":"IFERROR(INDEX(SINAPI!$D:$D,MATCH($B396,SINAPI!$A:$A,0)),0)","v":467.23},{"$f":"IFERROR(F396*E396,0)","v":28.360861}]
[{"$f":"IFERROR(INDEX(SINAPI!$E:$E,MATCH($B397,SINAPI!$A:$A,0)),\"\")","v":"COMPOSIÇÃO"},88309,{"$f":"IFERROR(INDEX(SINAPI!$B:$B,MATCH($B397,SINAPI!$A:$A,0)),\"\")","v":"PEDREIRO COM ENCARGOS COMPLEMENTARES"},{"$f":"IFERROR(INDEX(SINAPI!$C:$C,MATCH($B397,SINAPI!$A:$A,0)),\"\")","v":"H"},0.6,{"$f":"IFERROR(INDEX(SINAPI!$D:$D,MATCH($B397,SINAPI!$A:$A,0)),0)","v":19.86},11.915999999999999]
[{"$f":"IFERROR(INDEX(SINAPI!$E:$E,MATCH($B398,SINAPI!$A:$A,0)),\"\")","v":"COMPOSIÇÃO"},88316,{"$f":"IFERROR(INDEX(SINAPI!$B:$B,MATCH($B398,SINAPI!$A:$A,0)),\"\")","v":"SERVENTE COM ENCARGOS COMPLEMENTARES"},{"$f":"IFERROR(INDEX(SINAPI!$C:$C,MATCH($B398,SINAPI!$A:$A,0)),\"\")","v":"H"},0.35,{"$f":"IFERROR(INDEX(SINAPI!$D:$D,MATCH($B398,SINAPI!$A:$A,0)),0)","v":15.65},5.4775]
[null,null,null,null,null,"TOTAL",{"$f":"SUM(G396:G398)","v":45.754360999999996}]
[]
[]
["CLASSE/TIPO","CÓDIGOS/ SINAPI","DESCRIÇÃO","UND","COEFICIENTE","PREÇO UNITÁRIO","PREÇO TOTAL"]
["COMP-6074",{"$f":"IFERROR(INDEX(COMPOSIÇÕES_IFMT!$B:$B,MATCH($A403,COMPOSIÇÕES_IFMT!$A:$A,0)),\"\")","v":""},"GRANITO POLIDO E=2cm, CINZA, ARGAMASSA DE CIMENTO E AREIA 1:4, C/ REJUNTAMENTO","M2",null,null,{"$f":"G409","v":358.65910100000002}]
[{"$f":"IFERROR(INDEX(SINAPI!$E:$E,MATCH($B404,SINAPI!$A:$A,0)),\"\")","v":"INSUMO"},1380,{"$f":"IFERROR(INDEX(SINAPI!$B:$B,MATCH($B404,SINAPI!$A:$A,0)),\"\")","v":"CIMENTO BRANCO                                                                                                                                                                                                                                                                                                                                                                                                                                                                                            "},{"$f":"IFERROR(INDEX(SINAPI!$C:$C,MATCH($B404,SINAPI!$A:$A,0)),\"\")","v":"KG    "},0.7,{"$f":"IFERROR(INDEX(SINAPI!$D:$D,MATCH($B404,SINAPI!$A:$A,0)),0)","v":2.0699999999999998},{"$f":"IFERROR(F404*E404,0)","v":1.4489999999999998}]
[{"$f":"IFERROR(INDEX(SINAPI!$E:$E,MATCH($B405,SINAPI!$A:$A,0)),\"\")","v":"INSUMO"},25981,{"$f":"IFERROR(INDEX(SINAPI!$B:$B,MATCH($B405,SINAPI!$A:$A,0)),\"\")","v":"PISO/ REVESTIMENTO EM GRANITO, POLIDO, TIPO ANDORINHA/ QUARTZ/ CASTELO/ CORUMBA OU OUTROS EQUIVALENTES DA REGIAO, FORMATO MAIOR OU IGUAL A 3025 CM2, E = *2* CM                                                                                                                                                                                                                                                                                                                                           "},{"$f":"IFERROR(INDEX(SINAPI!$C:$C,MATCH($B405,SINAPI!$A:$A,0)),\"\")","v":"M2    "},1,{"$f":"IFERROR(INDEX(SINAPI!$D:$D,MATCH($B405,SINAPI!$A:$A,0)),0)","v":223.06},223.06]
[{"$f":"IFERROR(INDEX(SINAPI!$E:$E,MATCH($B406,SINAPI!$A:$A,0)),\"\")","v":"COMPOSIÇÃO"},88274,{"$f":"IFERROR(INDEX(SINAPI!$B:$B,MATCH($B406,SINAPI!$A:$A,0)),\"\")","v":"MARMORISTA/GRANITEIRO COM ENCARGOS COMPLEMENTARES"},{"$f":"IFERROR(INDEX(SINAPI!$C:$C,MATCH($B406,SINAPI!$A:$A,0)),\"\")","v":"H"},4.8,{"$f":"IFERROR(INDEX(SINAPI!$D:$D,MATCH($B406,SINAPI!$A:$A,0)),0)","v":20.13},96.623999999999995]
[{"$f":"IFERROR(INDEX(SINAPI!$E:$E,MATCH($B407,SINAPI!$A:$A,0)),\"\")","v":"COMPOSIÇÃO"},88316,{"$f":"IFERROR(INDEX(SINAPI!$B:$B,MATCH($B407,SINAPI!$A:$A,0)),\"\")","v":"SERVENTE COM ENCARGOS COMPLEMENTARES"},{"$f":"IFERROR(INDEX(SINAPI!$C:$C,MATCH($B407,SINAPI!$A:$A,0)),\"\")","v":"H"},2.2999999999999998,{"$f":"IFERROR(INDEX(SINAPI!$D:$D,MATCH($B407,SINAPI!$A:$A,0)),0)","v":15.65},35.994999999999997]
[{"$f":"IFERROR(INDEX(SINAPI!$E:$E,MATCH($B408,SINAPI!$A:$A,0)),\"\")","v":"COMPOSIÇÃO"},88631,{"$f":"IFERROR(INDEX(SINAPI!$B:$B,MATCH($B408,SINAPI!$A:$A,0)),\"\")","v":"ARGAMASSA TRAÇO 1:4 (EM VOLUME DE CIMENTO E AREIA MÉDIA ÚMIDA), PREPARO MANUAL. AF_08/2019"},{"$f":"IFERROR(INDEX(SINAPI!$C:$C,MATCH($B408,SINAPI!$A:$A,0)),\"\")","v":"M3"},3.3E-3,{"$f":"IFERROR(INDEX(SINAPI!$D:$D,MATCH($B408,SINAPI!$A:$A,0)),0)","v":463.97},1.531101]
[null,null,null,null,null,"TOTAL",{"$f":"SUM(G404:G408)","v":358.65910100000002}]
[]
[]
["CLASSE/TIPO","CÓDIGOS/ SINAPI","DESCRIÇÃO","UND","COEFICIENTE","PREÇO UNITÁRIO","PREÇO TOTAL"]
["COMP-5935",{"$f":"IFERROR(INDEX(COMPOSIÇÕES_IFMT!$B:$B,MATCH($A413,COMPOSIÇÕES_IFMT!$A:$A,0)),\"\")","v":""},"GRANITO CINZA SEM POLIMENTO, PEÇAS 50x50cm","M2",null,null,{"$f":"G419","v":354.197901}]
[{"$f":"IFERROR(INDEX(SINAPI!$E:$E,MATCH($B414,SINAPI!$A:$A,0)),\"\")","v":"INSUMO"},1380,{"$f":"IFERROR(INDEX(SINAPI!$B:$B,MATCH($B414,SINAPI!$A:$A,0)),\"\")","v":"CIMENTO BRANCO                                                                                                                                                                                                                                                                                                                                                                                                                                                                                            "},{"$f":"IFERROR(INDEX(SINAPI!$C:$C,MATCH($B414,SINAPI!$A:$A,0)),\"\")","v":"KG    "},0.7,{"$f":"IFERROR(INDEX(SINAPI!$D:$D,MATCH($B414,SINAPI!$A:$A,0)),0)","v":2.0699999999999998},{"$f":"IFERROR(F414*E414,0)","v":1.4489999999999998}]
[{"$f":"IFERROR(INDEX(SINAPI!$E:$E,MATCH($B415,SINAPI!$A:$A,0)),\"\")","v":"INSUMO"},25981,{"$f":"IFERROR(INDEX(SINAPI!$B:$B,MATCH($B415,SINAPI!$A:$A,0)),\"\")","v":"PISO/ REVESTIMENTO EM GRANITO, POLIDO, TIPO ANDORINHA/ QUARTZ/ CASTELO/ CORUMBA OU OUTROS EQUIVALENTES DA REGIAO, FORMATO MAIOR OU IGUAL A 3025 CM2, E = *2* CM                                                                                                                                                                                                                                                                                                                                           "},{"$f":"IFERROR(INDEX(SINAPI!$C:$C,MATCH($B415,SINAPI!$A:$A,0)),\"\")","v":"M2    "},0.98,{"$f":"IFERROR(INDEX(SINAPI!$D:$D,MATCH($B415,SINAPI!$A:$A,0)),0)","v":223.06},218.59880000000001]
[{"$f":"IFERROR(INDEX(SINAPI!$E:$E,MATCH($B416,SINAPI!$A:$A,0)),\"\")","v":"COMPOSIÇÃO"},88274,{"$f":"IFERROR(INDEX(SINAPI!$B:$B,MATCH($B416,SINAPI!$A:$A,0)),\"\")","v":"MARMORISTA/GRANITEIRO COM ENCARGOS COMPLEMENTARES"},{"$f":"IFERROR(INDEX(SINAPI!$C:$C,MATCH($B416,SINAPI!$A:$A,0)),\"\")","v":"H"},4.8,{"$f":"IFERROR(INDEX(SINAPI!$D:$D,MATCH($B416,SINAPI!$A:$A,0)),0)","v":20.13},96.623999999999995]
[{"$f":"IFERROR(INDEX(SINAPI!$E:$E,MATCH($B417,SINAPI!$A:$A,0)),\"\")","v":"COMPOSIÇÃO"},88316,{"$f":"IFERROR(INDEX(SINAPI!$B:$B,MATCH($B417,SINAPI!$A:$A,0)),\"\")","v":"SERVENTE COM ENCARGOS COMPLEMENTARES"},{"$f":"IFERROR(INDEX(SINAPI!$C:$C,MATCH($B417,SINAPI!$A:$A,0)),\"\")","v":"H"},2.2999999999999998,{"$f":"IFERROR(INDEX(SINAPI!$D:$D,MATCH($B417,SINAPI!$A:$A,0)),0)","v":15.65},35.994999999999997]
[{"$f":"IFERROR(INDEX(SINAPI!$E:$E,MATCH($B418,SINAPI!$A:$A,0)),\"\")","v":"COMPOSIÇÃO"},88631,{"$f":"IFERROR(INDEX(SINAPI!$B:$B,MATCH($B418,SINAPI!$A:$A,0)),\"\")","v":"ARGAMASSA TRAÇO 1:4 (EM VOLUME DE CIMENTO E AREIA MÉDIA ÚMIDA), PREPARO MANUAL. AF_08/2019"},{"$f":"IFERROR(INDEX(SINAPI!$C:$C,MATCH($B418,SINAPI!$A:$A,0)),\"\")","v":"M3"},3.3E-3,{"$f":"IFERROR(INDEX(SINAPI!$D:$D,MATCH($B418,SINAPI!$A:$A,0)),0)","v":463.97},1.531101]
[null,null,null,null,null,"TOTAL",{"$f":"SUM(G414:G418)","v":354.197901}]
[]
[]
["CLASSE/TIPO","CÓDIGOS/ SINAPI","DESCRIÇÃO","UND","COEFICIENTE","PREÇO UNITÁRIO","PREÇO TOTAL"]
["COMP-6645",{"$f":"IFERROR(INDEX(COMPOSIÇÕES_IFMT!$B:$B,MATCH($A423,COMPOSIÇÕES_IFMT!$A:$A,0)),\"\")","v":""},"PISO VINILICO SEMIFLEXIVEL PADRAO LISO, ESPESSURA 2MM, FIXADO COM COLA","M2",null,null,{"$f":"G428","v":141.79367999999999}]
[{"$f":"IFERROR(INDEX(SINAPI!$E:$E,MATCH($B424,SINAPI!$A:$A,0)),\"\")","v":"INSUMO"},4791,{"$f":"IFERROR(INDEX(SINAPI!$B:$B,MATCH($B424,SINAPI!$A:$A,0)),\"\")","v":"ADESIVO ACRILICO DE BASE AQUOSA / COLA DE CONTATO                                                                                                                                                                                                                                                                                                                                                                                                                                                         "},{"$f":"IFERROR(INDEX(SINAPI!$C:$C,MATCH($B424,SINAPI!$A:$A,0)),\"\")","v":"KG    "},3.7999999999999999E-2,{"$f":"IFERROR(INDEX(SINAPI!$D:$D,MATCH($B424,SINAPI!$A:$A,0)),0)","v":17.96},{"$f":"IFERROR(F424*E424,0)","v":0.68247999999999998}]
["INSUMO","01768/ORSE","Piso vinilico placas 30 x 30cm , e=3,2mm, liso, fixado c/cola (Paviflex ou similar)","m2",1.05,114.76,120.498]
[{"$f":"IFERROR(INDEX(SINAPI!$E:$E,MATCH($B426,SINAPI!$A:$A,0)),\"\")","v":"COMPOSIÇÃO"},88242,{"$f":"IFERROR(INDEX(SINAPI!$B:$B,MATCH($B426,SINAPI!$A:$A,0)),\"\")","v":"AJUDANTE DE PEDREIRO COM ENCARGOS COMPLEMENTARES"},{"$f":"IFERROR(INDEX(SINAPI!$C:$C,MATCH($B426,SINAPI!$A:$A,0)),\"\")","v":"H"},0.57999999999999996,{"$f":"IFERROR(INDEX(SINAPI!$D:$D,MATCH($B426,SINAPI!$A:$A,0)),0)","v":15.68},9.0943999999999985]
[{"$f":"IFERROR(INDEX(SINAPI!$E:$E,MATCH($B427,SINAPI!$A:$A,0)),\"\")","v":"COMPOSIÇÃO"},88309,{"$f":"IFERROR(INDEX(SINAPI!$B:$B,MATCH($B427,SINAPI!$A:$A,0)),\"\")","v":"PEDREIRO COM ENCARGOS COMPLEMENTARES"},{"$f":"IFERROR(INDEX(SINAPI!$C:$C,MATCH($B427,SINAPI!$A:$A,0)),\"\")","v":"H"},0.57999999999999996,{"$f":"IFERROR(INDEX(SINAPI!$D:$D,MATCH($B427,SINAPI!$A:$A,0)),0)","v":19.86},11.518799999999999]
[null,null,null,null,null,"TOTAL",{"$f":"SUM(G424:G427)","v":141.79367999999999}]
[]
[]
["CLASSE/TIPO","CÓDIGOS/ SINAPI","DESCRIÇÃO","UND","COEFICIENTE","PREÇO UNITÁRIO","PREÇO TOTAL"]
["COMP-2801",{"$f":"IFERROR(INDEX(COMPOSIÇÕES_IFMT!$B:$B,MATCH($A432,COMPOSIÇÕES_IFMT!$A:$A,0)),\"\")","v":""},"GRANITO POLIDO E=2cm, CINZA, ARGAMASSA DE CIMENTO E AREIA 1:4, C/ REJUNTAMENTO","M",null,null,{"$f":"G438","v":206.35730100000001}]
[{"$f":"IFERROR(INDEX(SINAPI!$E:$E,MATCH($B433,SINAPI!$A:$A,0)),\"\")","v":"INSUMO"},1380,{"$f":"IFERROR(INDEX(SINAPI!$B:$B,MATCH($B433,SINAPI!$A:$A,0)),\"\")","v":"CIMENTO BRANCO                                                                                                                                                                                                                                                                                                                                                                                                                                                                                            "},{"$f":"IFERROR(INDEX(SINAPI!$C:$C,MATCH($B433,SINAPI!$A:$A,0)),\"\")","v":"KG    "},0.4,{"$f":"IFERROR(INDEX(SINAPI!$D:$D,MATCH($B433,SINAPI!$A:$A,0)),0)","v":2.0699999999999998},{"$f":"IFERROR(F433*E433,0)","v":0.82799999999999996}]
[{"$f":"IFERROR(INDEX(SINAPI!$E:$E,MATCH($B434,SINAPI!$A:$A,0)),\"\")","v":"INSUMO"},25981,{"$f":"IFERROR(INDEX(SINAPI!$B:$B,MATCH($B434,SINAPI!$A:$A,0)),\"\")","v":"PISO/ REVESTIMENTO EM GRANITO, POLIDO, TIPO ANDORINHA/ QUARTZ/ CASTELO/ CORUMBA OU OUTROS EQUIVALENTES DA REGIAO, FORMATO MAIOR OU IGUAL A 3025 CM2, E = *2* CM                                                                                                                                                                                                                                                                                                                                           "},{"$f":"IFERROR(INDEX(SINAPI!$C:$C,MATCH($B434,SINAPI!$A:$A,0)),\"\")","v":"M2    "},0.32,{"$f":"IFERROR(INDEX(SINAPI!$D:$D,MATCH($B434,SINAPI!$A:$A,0)),0)","v":223.06},71.379199999999997]
[{"$f":"IFERROR(INDEX(SINAPI!$E:$E,MATCH($B435,SINAPI!$A:$A,0)),\"\")","v":"COMPOSIÇÃO"},88274,{"$f":"IFERROR(INDEX(SINAPI!$B:$B,MATCH($B435,SINAPI!$A:$A,0)),\"\")","v":"MARMORISTA/GRANITEIRO COM ENCARGOS COMPLEMENTARES"},{"$f":"IFERROR(INDEX(SINAPI!$C:$C,MATCH($B435,SINAPI!$A:$A,0)),\"\")","v":"H"},4.8,{"$f":"IFERROR(INDEX(SINAPI!$D:$D,MATCH($B435,SINAPI!$A:$A,0)),0)","v":20.13},96.623999999999995]
[{"$f":"IFERROR(INDEX(SINAPI!$E:$E,MATCH($B436,SINAPI!$A:$A,0)),\"\")","v":"COMPOSIÇÃO"},88316,{"$f":"IFERROR(INDEX(SINAPI!$B:$B,MATCH($B436,SINAPI!$A:$A,0)),\"\")","v":"SERVENTE COM ENCARGOS COMPLEMENTARES"},{"$f":"IFERROR(INDEX(SINAPI!$C:$C,MATCH($B436,SINAPI!$A:$A,0)),\"\")","v":"H"},2.2999999999999998,{"$f":"IFERROR(INDEX(SINAPI!$D:$D,MATCH($B436,SINAPI!$A:$A,0)),0)","v":15.65},35.994999999999997]
[{"$f":"IFERROR(INDEX(SINAPI!$E:$E,MATCH($B437,SINAPI!$A:$A,0)),\"\")","v":"COMPOSIÇÃO"},88631,{"$f":"IFERROR(INDEX(SINAPI!$B:$B,MATCH($B437,SINAPI!$A:$A,0)),\"\")","v":"ARGAMASSA TRAÇO 1:4 (EM VOLUME DE CIMENTO E AREIA MÉDIA ÚMIDA), PREPARO MANUAL. AF_08/2019"},{"$f":"IFERROR(INDEX(SINAPI!$C:$C,MATCH($B437,SINAPI!$A:$A,0)),\"\")","v":"M3"},3.3E-3,{"$f":"IFERROR(INDEX(SINAPI!$D:$D,MATCH($B437,SINAPI!$A:$A,0)),0)","v":463.97},1.531101]
[null,null,null,null,null,"TOTAL",{"$f":"SUM(G433:G437)","v":206.35730100000001}]
[]
[]
["CLASSE/TIPO","CÓDIGOS/ SINAPI","DESCRIÇÃO","UND","COEFICIENTE","PREÇO UNITÁRIO","PREÇO TOTAL"]
["COMP-8083",{"$f":"IFERROR(INDEX(COMPOSIÇÕES_IFMT!$B:$B,MATCH($A442,COMPOSIÇÕES_IFMT!$A:$A,0)),\"\")","v":""},"DEGRAU INDUSTRIAL MONOLÍTICO C/PINGADEIRA","M",null,null,{"$f":"G447","v":73.954999999999984}]
["INSUMO","I0034/SEINFRA","AGREGADO DE ALTA RESISTÊNCIA PARA PISOS","KG    ",14,0.48,{"$f":"IFERROR(F443*E443,0)","v":6.72}]
[{"$f":"IFERROR(INDEX(SINAPI!$E:$E,MATCH($B444,SINAPI!$A:$A,0)),\"\")","v":"INSUMO"},34753,{"$f":"IFERROR(INDEX(SINAPI!$B:$B,MATCH($B444,SINAPI!$A:$A,0)),\"\")","v":"CIMENTO PORTLAND POZOLANICO CP IV-32                                                                                                                                                                                                                                                                                                                                                                                                                                                                      "},{"$f":"IFERROR(INDEX(SINAPI!$C:$C,MATCH($B444,SINAPI!$A:$A,0)),\"\")","v":"KG    "},7,{"$f":"IFERROR(INDEX(SINAPI!$D:$D,MATCH($B444,SINAPI!$A:$A,0)),0)","v":0.72},5.04]
[{"$f":"IFERROR(INDEX(SINAPI!$E:$E,MATCH($B445,SINAPI!$A:$A,0)),\"\")","v":"COMPOSIÇÃO"},88242,{"$f":"IFERROR(INDEX(SINAPI!$B:$B,MATCH($B445,SINAPI!$A:$A,0)),\"\")","v":"AJUDANTE DE PEDREIRO COM ENCARGOS COMPLEMENTARES"},{"$f":"IFERROR(INDEX(SINAPI!$C:$C,MATCH($B445,SINAPI!$A:$A,0)),\"\")","v":"H"},1.75,{"$f":"IFERROR(INDEX(SINAPI!$D:$D,MATCH($B445,SINAPI!$A:$A,0)),0)","v":15.68},27.439999999999998]
[{"$f":"IFERROR(INDEX(SINAPI!$E:$E,MATCH($B446,SINAPI!$A:$A,0)),\"\")","v":"COMPOSIÇÃO"},88309,{"$f":"IFERROR(INDEX(SINAPI!$B:$B,MATCH($B446,SINAPI!$A:$A,0)),\"\")","v":"PEDREIRO COM ENCARGOS COMPLEMENTARES"},{"$f":"IFERROR(INDEX(SINAPI!$C:$C,MATCH($B446,SINAPI!$A:$A,0)),\"\")","v":"H"},1.75,{"$f":"IFERROR(INDEX(SINAPI!$D:$D,MATCH($B446,SINAPI!$A:$A,0)),0)","v":19.86},34.754999999999995]
[null,null,null,null,null,"TOTAL",{"$f":"SUM(G443:G446)","v":73.954999999999984}]
[]
[]
["CLASSE/TIPO","CÓDIGOS/ SINAPI","DESCRIÇÃO","UND","COEFICIENTE","PREÇO UNITÁRIO","PREÇO TOTAL"]
["COMP-6762",{"$f":"IFERROR(INDEX(COMPOSIÇÕES_IFMT!$B:$B,MATCH($A451,COMPOSIÇÕES_IFMT!$A:$A,0)),\"\")","v":""},"PATAMAR INDUSTRIAL MONOLÍTICO C/PINGADEIRA","M2",null,null,{"$f":"G456","v":96.634999999999991}]
["INSUMO","I0034/SEINFRA","AGREGADO DE ALTA RESISTÊNCIA PARA PISOS","KG    ",14,0.48,{"$f":"IFERROR(F452*E452,0)","v":6.72}]
[{"$f":"IFERROR(INDEX(SINAPI!$E:$E,MATCH($B453,SINAPI!$A:$A,0)),\"\")","v":"INSUMO"},1379,{"$f":"IFERROR(INDEX(SINAPI!$B:$B,MATCH($B453,SINAPI!$A:$A,0)),\"\")","v":"CIMENTO PORTLAND COMPOSTO CP II-32                                                                                                                                                                                                                                                                                                                                                                                                                                                                        "},{"$f":"IFERROR(INDEX(SINAPI!$C:$C,MATCH($B453,SINAPI!$A:$A,0)),\"\")","v":"KG    "},42,{"$f":"IFERROR(INDEX(SINAPI!$D:$D,MATCH($B453,SINAPI!$A:$A,0)),0)","v":0.66},27.720000000000002]
[{"$f":"IFERROR(INDEX(SINAPI!$E:$E,MATCH($B454,SINAPI!$A:$A,0)),\"\")","v":"COMPOSIÇÃO"},88242,{"$f":"IFERROR(INDEX(SINAPI!$B:$B,MATCH($B454,SINAPI!$A:$A,0)),\"\")","v":"AJUDANTE DE PEDREIRO COM ENCARGOS COMPLEMENTARES"},{"$f":"IFERROR(INDEX(SINAPI!$C:$C,MATCH($B454,SINAPI!$A:$A,0)),\"\")","v":"H"},1.75,{"$f":"IFERROR(INDEX(SINAPI!$D:$D,MATCH($B454,SINAPI!$A:$A,0)),0)","v":15.68},27.439999999999998]
[{"$f":"IFERROR(INDEX(SINAPI!$E:$E,MATCH($B455,SINAPI!$A:$A,0)),\"\")","v":"COMPOSIÇÃO"},88309,{"$f":"IFERROR(INDEX(SINAPI!$B:$B,MATCH($B455,SINAPI!$A:$A,0)),\"\")","v":"PEDREIRO COM ENCARGOS COMPLEMENTARES"},{"$f":"IFERROR(INDEX(SINAPI!$C:$C,MATCH($B455,SINAPI!$A:$A,0)),\"\")","v":"H"},1.75,{"$f":"IFERROR(INDEX(SINAPI!$D:$D,MATCH($B455,SINAPI!$A:$A,0)),0)","v":19.86},34.754999999999995]
[null,null,null,null,null,"TOTAL",{"$f":"SUM(G452:G455)","v":96.634999999999991}]
[]
[]
["CLASSE/TIPO","CÓDIGOS/ SINAPI","DESCRIÇÃO","UND","COEFICIENTE","PREÇO UNITÁRIO","PREÇO TOTAL"]
["COMP-2124",{"$f":"IFERROR(INDEX(COMPOSIÇÕES_IFMT!$B:$B,MATCH($A460,COMPOSIÇÕES_IFMT!$A:$A,0)),\"\")","v":""},"RODAPE VINILICO ALTURA 5CM, ESPESSURA 1MM, FIXADO COM COLA","M2",null,null,{"$f":"G465","v":27.033679999999997}]
[{"$f":"IFERROR(INDEX(SINAPI!$E:$E,MATCH($B461,SINAPI!$A:$A,0)),\"\")","v":"INSUMO"},4791,{"$f":"IFERROR(INDEX(SINAPI!$B:$B,MATCH($B461,SINAPI!$A:$A,0)),\"\")","v":"ADESIVO ACRILICO DE BASE AQUOSA / COLA DE CONTATO                                                                                                                                                                                                                                                                                                                                                                                                                                                         "},{"$f":"IFERROR(INDEX(SINAPI!$C:$C,MATCH($B461,SINAPI!$A:$A,0)),\"\")","v":"KG    "},3.7999999999999999E-2,{"$f":"IFERROR(INDEX(SINAPI!$D:$D,MATCH($B461,SINAPI!$A:$A,0)),0)","v":17.96},{"$f":"IFERROR(F461*E461,0)","v":0.68247999999999998}]
["INSUMO","01768/ORSE","Piso vinilico placas 30 x 30cm , e=3,2mm, liso, fixado c/cola (Paviflex ou similar)","m2",0.05,114.76,5.7380000000000004]
[{"$f":"IFERROR(INDEX(SINAPI!$E:$E,MATCH($B463,SINAPI!$A:$A,0)),\"\")","v":"COMPOSIÇÃO"},88242,{"$f":"IFERROR(INDEX(SINAPI!$B:$B,MATCH($B463,SINAPI!$A:$A,0)),\"\")","v":"AJUDANTE DE PEDREIRO COM ENCARGOS COMPLEMENTARES"},{"$f":"IFERROR(INDEX(SINAPI!$C:$C,MATCH($B463,SINAPI!$A:$A,0)),\"\")","v":"H"},0.57999999999999996,{"$f":"IFERROR(INDEX(SINAPI!$D:$D,MATCH($B463,SINAPI!$A:$A,0)),0)","v":15.68},9.0943999999999985]
[{"$f":"IFERROR(INDEX(SINAPI!$E:$E,MATCH($B464,SINAPI!$A:$A,0)),\"\")","v":"COMPOSIÇÃO"},88309,{"$f":"IFERROR(INDEX(SINAPI!$B:$B,MATCH($B464,SINAPI!$A:$A,0)),\"\")","v":"PEDREIRO COM ENCARGOS COMPLEMENTARES"},{"$f":"IFERROR(INDEX(SINAPI!$C:$C,MATCH($B464,SINAPI!$A:$A,0)),\"\")","v":"H"},0.57999999999999996,{"$f":"IFERROR(INDEX(SINAPI!$D:$D,MATCH($B464,SINAPI!$A:$A,0)),0)","v":19.86},11.518799999999999]
[null,null,null,null,null,"TOTAL",{"$f":"SUM(G461:G464)","v":27.033679999999997}]
[]
[]
["CLASSE/TIPO","CÓDIGOS/ SINAPI","DESCRIÇÃO","UND","COEFICIENTE","PREÇO UNITÁRIO","PREÇO TOTAL"]
["COMP-5349",{"$f":"IFERROR(INDEX(COMPOSIÇÕES_IFMT!$B:$B,MATCH($A469,COMPOSIÇÕES_IFMT!$A:$A,0)),\"\")","v":""},"TESTEIRA PARA PISO VINÍLICO 7,5CM","M",null,null,{"$f":"G474","v":37.49568}]
[{"$f":"IFERROR(INDEX(SINAPI!$E:$E,MATCH($B470,SINAPI!$A:$A,0)),\"\")","v":"INSUMO"},4791,{"$f":"IFERROR(INDEX(SINAPI!$B:$B,MATCH($B470,SINAPI!$A:$A,0)),\"\")","v":"ADESIVO ACRILICO DE BASE AQUOSA / COLA DE CONTATO                                                                                                                                                                                                                                                                                                                                                                                                                                                         "},{"$f":"IFERROR(INDEX(SINAPI!$C:$C,MATCH($B470,SINAPI!$A:$A,0)),\"\")","v":"KG    "},3.7999999999999999E-2,{"$f":"IFERROR(INDEX(SINAPI!$D:$D,MATCH($B470,SINAPI!$A:$A,0)),0)","v":17.96},{"$f":"IFERROR(F470*E470,0)","v":0.68247999999999998}]
[{"$f":"IFERROR(INDEX(SINAPI!$E:$E,MATCH($B471,SINAPI!$A:$A,0)),\"\")","v":"INSUMO"},4806,{"$f":"IFERROR(INDEX(SINAPI!$B:$B,MATCH($B471,SINAPI!$A:$A,0)),\"\")","v":"TESTEIRA ANTIDERRAPANTE PARA PISO VINILICO *5 X 2,5* CM, E = 2 MM                                                                                                                                                                                                                                                                                                                                                                                                                                         "},{"$f":"IFERROR(INDEX(SINAPI!$C:$C,MATCH($B471,SINAPI!$A:$A,0)),\"\")","v":"M     "},1,{"$f":"IFERROR(INDEX(SINAPI!$D:$D,MATCH($B471,SINAPI!$A:$A,0)),0)","v":16.2},16.2]
[{"$f":"IFERROR(INDEX(SINAPI!$E:$E,MATCH($B472,SINAPI!$A:$A,0)),\"\")","v":"COMPOSIÇÃO"},88242,{"$f":"IFERROR(INDEX(SINAPI!$B:$B,MATCH($B472,SINAPI!$A:$A,0)),\"\")","v":"AJUDANTE DE PEDREIRO COM ENCARGOS COMPLEMENTARES"},{"$f":"IFERROR(INDEX(SINAPI!$C:$C,MATCH($B472,SINAPI!$A:$A,0)),\"\")","v":"H"},0.57999999999999996,{"$f":"IFERROR(INDEX(SINAPI!$D:$D,MATCH($B472,SINAPI!$A:$A,0)),0)","v":15.68},9.0943999999999985]
[{"$f":"IFERROR(INDEX(SINAPI!$E:$E,MATCH($B473,SINAPI!$A:$A,0)),\"\")","v":"COMPOSIÇÃO"},88309,{"$f":"IFERROR(INDEX(SINAPI!$B:$B,MATCH($B473,SINAPI!$A:$A,0)),\"\")","v":"PEDREIRO COM ENCARGOS COMPLEMENTARES"},{"$f":"IFERROR(INDEX(SINAPI!$C:$C,MATCH($B473,SINAPI!$A:$A,0)),\"\")","v":"H"},0.57999999999999996,{"$f":"IFERROR(INDEX(SINAPI!$D:$D,MATCH($B473,SINAPI!$A:$A,0)),0)","v":19.86},11.518799999999999]
[null,null,null,null,null,"TOTAL",{"$f":"SUM(G470:G473)","v":37.49568}]
[]
[]
["CLASSE/TIPO","CÓDIGOS/ SINAPI","DESCRIÇÃO","UND","COEFICIENTE","PREÇO UNITÁRIO","PREÇO TOTAL"]
["COMP-8949",{"$f":"IFERROR(INDEX(COMPOSIÇÕES_IFMT!$B:$B,MATCH($A478,COMPOSIÇÕES_IFMT!$A:$A,0)),\"\")","v":""},"PEITORIL EM GRANITO CINZA LARGURA = 19,0 cm ESPESSURA VARIÁVEL E PINGADEIRA","M2",null,null,{"$f":"G484","v":209.07776727339999}]
[{"$f":"IFERROR(INDEX(SINAPI!$E:$E,MATCH($B479,SINAPI!$A:$A,0)),\"\")","v":"INSUMO"},1380,{"$f":"IFERROR(INDEX(SINAPI!$B:$B,MATCH($B479,SINAPI!$A:$A,0)),\"\")","v":"CIMENTO BRANCO                                                                                                                                                                                                                                                                                                                                                                                                                                                                                            "},{"$f":"IFERROR(INDEX(SINAPI!$C:$C,MATCH($B479,SINAPI!$A:$A,0)),\"\")","v":"KG    "},0.1,{"$f":"IFERROR(INDEX(SINAPI!$D:$D,MATCH($B479,SINAPI!$A:$A,0)),0)","v":2.0699999999999998},{"$f":"IFERROR(F479*E479,0)","v":0.20699999999999999}]
[{"$f":"IFERROR(INDEX(SINAPI!$E:$E,MATCH($B480,SINAPI!$A:$A,0)),\"\")","v":"INSUMO"},20232,{"$f":"IFERROR(INDEX(SINAPI!$B:$B,MATCH($B480,SINAPI!$A:$A,0)),\"\")","v":"SOLEIRA EM GRANITO, POLIDO, TIPO ANDORINHA/ QUARTZ/ CASTELO/ CORUMBA OU OUTROS EQUIVALENTES DA REGIAO, L= *15* CM, E=  *2,0* CM                                                                                                                                                                                                                                                                                                                                                                           "},{"$f":"IFERROR(INDEX(SINAPI!$C:$C,MATCH($B480,SINAPI!$A:$A,0)),\"\")","v":"M     "},1.2666666600000001,{"$f":"IFERROR(INDEX(SINAPI!$D:$D,MATCH($B480,SINAPI!$A:$A,0)),0)","v":58.99},74.720666273399999]
[{"$f":"IFERROR(INDEX(SINAPI!$E:$E,MATCH($B481,SINAPI!$A:$A,0)),\"\")","v":"COMPOSIÇÃO"},88274,{"$f":"IFERROR(INDEX(SINAPI!$B:$B,MATCH($B481,SINAPI!$A:$A,0)),\"\")","v":"MARMORISTA/GRANITEIRO COM ENCARGOS COMPLEMENTARES"},{"$f":"IFERROR(INDEX(SINAPI!$C:$C,MATCH($B481,SINAPI!$A:$A,0)),\"\")","v":"H"},4.8,{"$f":"IFERROR(INDEX(SINAPI!$D:$D,MATCH($B481,SINAPI!$A:$A,0)),0)","v":20.13},96.623999999999995]
[{"$f":"IFERROR(INDEX(SINAPI!$E:$E,MATCH($B482,SINAPI!$A:$A,0)),\"\")","v":"COMPOSIÇÃO"},88316,{"$f":"IFERROR(INDEX(SINAPI!$B:$B,MATCH($B482,SINAPI!$A:$A,0)),\"\")","v":"SERVENTE COM ENCARGOS COMPLEMENTARES"},{"$f":"IFERROR(INDEX(SINAPI!$C:$C,MATCH($B482,SINAPI!$A:$A,0)),\"\")","v":"H"},2.2999999999999998,{"$f":"IFERROR(INDEX(SINAPI!$D:$D,MATCH($B482,SINAPI!$A:$A,0)),0)","v":15.65},35.994999999999997]
[{"$f":"IFERROR(INDEX(SINAPI!$E:$E,MATCH($B483,SINAPI!$A:$A,0)),\"\")","v":"COMPOSIÇÃO"},88631,{"$f":"IFERROR(INDEX(SINAPI!$B:$B,MATCH($B483,SINAPI!$A:$A,0)),\"\")","v":"ARGAMASSA TRAÇO 1:4 (EM VOLUME DE CIMENTO E AREIA MÉDIA ÚMIDA), PREPARO MANUAL. AF_08/2019"},{"$f":"IFERROR(INDEX(SINAPI!$C:$C,MATCH($B483,SINAPI!$A:$A,0)),\"\")","v":"M3"},3.3E-3,{"$f":"IFERROR(INDEX(SINAPI!$D:$D,MATCH($B483,SINAPI!$A:$A,0)),0)","v":463.97},1.531101]
[null,null,null,null,null,"TOTAL",{"$f":"SUM(G479:G483)","v":209.07776727339999}]
[]
[]
["CLASSE/TIPO","CÓDIGOS/ SINAPI","DESCRIÇÃO","UND","COEFICIENTE","PREÇO UNITÁRIO","PREÇO TOTAL"]
["COMP-2257 ",null,"PISO PODOTÁTIL INTERNO EM BORRACHA 30x30cm ASSENTAMENTO COM COLA VINIL (FORNECIMENTO E ASSENTAMENTO) ","M2    ",null,null,{"$f":"G493","v":399.20300000000003}]
[{"$f":"IFERROR(INDEX(SINAPI!$E:$E,MATCH($B489,SINAPI!$A:$A,0)),\"\")","v":"INSUMO"},38181,{"$f":"IFERROR(INDEX(SINAPI!$B:$B,MATCH($B489,SINAPI!$A:$A,0)),\"\")","v":"PISO TATIL ALERTA OU DIRECIONAL, DE BORRACHA, COLORIDO, 25 X 25 CM, E = 5 MM, PARA COLA                                                                                                                                                                                                                                                                                                                                                                                                                   "},{"$f":"IFERROR(INDEX(SINAPI!$C:$C,MATCH($B489,SINAPI!$A:$A,0)),\"\")","v":"M2    "},1,{"$f":"IFERROR(INDEX(SINAPI!$D:$D,MATCH($B489,SINAPI!$A:$A,0)),0)","v":208.61},{"$f":"IFERROR(F489*E489,0)","v":208.61}]
[{"$f":"IFERROR(INDEX(SINAPI!$E:$E,MATCH($B490,SINAPI!$A:$A,0)),\"\")","v":"INSUMO"},39719,{"$f":"IFERROR(INDEX(SINAPI!$B:$B,MATCH($B490,SINAPI!$A:$A,0)),\"\")","v":"ADESIVO / COLA DE CONTATO LIQUIDO, A BASE DE RESINAS, PARA COLAGEM DE ESPUMA PARA ISOLAMENTO TERMICO FLEXIVEL                                                                                                                                                                                                                                                                                                                                                                                             "},{"$f":"IFERROR(INDEX(SINAPI!$C:$C,MATCH($B490,SINAPI!$A:$A,0)),\"\")","v":"L     "},1,{"$f":"IFERROR(INDEX(SINAPI!$D:$D,MATCH($B490,SINAPI!$A:$A,0)),0)","v":179.94},179.94]
[{"$f":"IFERROR(INDEX(SINAPI!$E:$E,MATCH($B491,SINAPI!$A:$A,0)),\"\")","v":"COMPOSIÇÃO"},88316,{"$f":"IFERROR(INDEX(SINAPI!$B:$B,MATCH($B491,SINAPI!$A:$A,0)),\"\")","v":"SERVENTE COM ENCARGOS COMPLEMENTARES"},{"$f":"IFERROR(INDEX(SINAPI!$C:$C,MATCH($B491,SINAPI!$A:$A,0)),\"\")","v":"H"},0.3,{"$f":"IFERROR(INDEX(SINAPI!$D:$D,MATCH($B491,SINAPI!$A:$A,0)),0)","v":15.65},4.6950000000000003]
[{"$f":"IFERROR(INDEX(SINAPI!$E:$E,MATCH($B492,SINAPI!$A:$A,0)),\"\")","v":"COMPOSIÇÃO"},88309,{"$f":"IFERROR(INDEX(SINAPI!$B:$B,MATCH($B492,SINAPI!$A:$A,0)),\"\")","v":"PEDREIRO COM ENCARGOS COMPLEMENTARES"},{"$f":"IFERROR(INDEX(SINAPI!$C:$C,MATCH($B492,SINAPI!$A:$A,0)),\"\")","v":"H"},0.3,{"$f":"IFERROR(INDEX(SINAPI!$D:$D,MATCH($B492,SINAPI!$A:$A,0)),0)","v":19.86},5.9579999999999993]
[null,null,null,null,null,"TOTAL",{"$f":"SUM(G489:G492)","v":399.20300000000003}]
[]
[]
["CLASSE/TIPO","CÓDIGOS/ SINAPI","DESCRIÇÃO","UND","COEFICIENTE","PREÇO UNITÁRIO","PREÇO TOTAL"]
["COMP-1625 ",null,"PISO TÁTIL DE ALERTA/DIRECIONAL EM PLACAS PRÉ-MOLDADAS - 5MPa ","M",null,null,{"$f":"G502","v":25.174101}]
[{"$f":"IFERROR(INDEX(SINAPI!$E:$E,MATCH($B498,SINAPI!$A:$A,0)),\"\")","v":"INSUMO"},36178,{"$f":"IFERROR(INDEX(SINAPI!$B:$B,MATCH($B498,SINAPI!$A:$A,0)),\"\")","v":"PISO PODOTATIL DE CONCRETO - DIRECIONAL E ALERTA, *40 X 40 X 2,5* CM                                                                                                                                                                                                                                                                                                                                                                                                                                      "},{"$f":"IFERROR(INDEX(SINAPI!$C:$C,MATCH($B498,SINAPI!$A:$A,0)),\"\")","v":"UN    "},1,{"$f":"IFERROR(INDEX(SINAPI!$D:$D,MATCH($B498,SINAPI!$A:$A,0)),0)","v":12.99},{"$f":"IFERROR(F498*E498,0)","v":12.99}]
[{"$f":"IFERROR(INDEX(SINAPI!$E:$E,MATCH($B499,SINAPI!$A:$A,0)),\"\")","v":"COMPOSIÇÃO"},88316,{"$f":"IFERROR(INDEX(SINAPI!$B:$B,MATCH($B499,SINAPI!$A:$A,0)),\"\")","v":"SERVENTE COM ENCARGOS COMPLEMENTARES"},{"$f":"IFERROR(INDEX(SINAPI!$C:$C,MATCH($B499,SINAPI!$A:$A,0)),\"\")","v":"H"},0.3,{"$f":"IFERROR(INDEX(SINAPI!$D:$D,MATCH($B499,SINAPI!$A:$A,0)),0)","v":15.65},4.6950000000000003]
[{"$f":"IFERROR(INDEX(SINAPI!$E:$E,MATCH($B500,SINAPI!$A:$A,0)),\"\")","v":"COMPOSIÇÃO"},88631,{"$f":"IFERROR(INDEX(SINAPI!$B:$B,MATCH($B500,SINAPI!$A:$A,0)),\"\")","v":"ARGAMASSA TRAÇO 1:4 (EM VOLUME DE CIMENTO E AREIA MÉDIA ÚMIDA), PREPARO MANUAL. AF_08/2019"},{"$f":"IFERROR(INDEX(SINAPI!$C:$C,MATCH($B500,SINAPI!$A:$A,0)),\"\")","v":"M3"},3.3E-3,{"$f":"IFERROR(INDEX(SINAPI!$D:$D,MATCH($B500,SINAPI!$A:$A,0)),0)","v":463.97},1.531101]
[{"$f":"IFERROR(INDEX(SINAPI!$E:$E,MATCH($B501,SINAPI!$A:$A,0)),\"\")","v":"COMPOSIÇÃO"},88309,{"$f":"IFERROR(INDEX(SINAPI!$B:$B,MATCH($B501,SINAPI!$A:$A,0)),\"\")","v":"PEDREIRO COM ENCARGOS COMPLEMENTARES"},{"$f":"IFERROR(INDEX(SINAPI!$C:$C,MATCH($B501,SINAPI!$A:$A,0)),\"\")","v":"H"},0.3,{"$f":"IFERROR(INDEX(SINAPI!$D:$D,MATCH($B501,SINAPI!$A:$A,0)),0)","v":19.86},5.9579999999999993]
[null,null,null,null,null,"TOTAL",{"$f":"SUM(G498:G501)","v":25.174101}]
[]
[]
["CLASSE/TIPO","CÓDIGOS/ SINAPI","DESCRIÇÃO","UND","COEFICIENTE","PREÇO UNITÁRIO","PREÇO TOTAL"]
["COMP-3545 ",null,"PORTA DE ABRIR EM MADEIRA MACIÇA DE 0,90m x 2,10m (COM VISOR DE VIDRO 6mm E FECHADURA) ","UN",null,null,{"$f":"G512","v":1120.4015830000001}]
["COMPOSIÇÃO","COMP-74065/3",{"$f":"C3152","v":"PINTURA ESMALTE BRILHANTE PARA MADEIRA, DUAS DEMAOS, SOBRE FUNDO NIVELADOR BRANCO"},"M2",3.36,{"$f":"G3159","v":23.132300000000001},{"$f":"IFERROR(F507*E507,0)","v":77.724528000000007}]
["COMPOSIÇÃO","IFMT 228.07.2020",{"$f":"$C$2791","v":"ADUELA / MARCO / BATENTE PARA PORTA DE 90X210CM, FIXAÇÃO COM ARGAMASSA - SOMENTE INSTALAÇÃO. AF_08/2015_P"},{"$f":"$D$2791","v":"UN"},1,{"$f":"$G$2798","v":83.917154999999994},83.917154999999994]
[{"$f":"IFERROR(INDEX(SINAPI!$E:$E,MATCH($B509,SINAPI!$A:$A,0)),\"\")","v":"COMPOSIÇÃO"},100660,{"$f":"IFERROR(INDEX(SINAPI!$B:$B,MATCH($B509,SINAPI!$A:$A,0)),\"\")","v":"ALIZAR DE 5X1,5CM PARA PORTA FIXADO COM PREGOS, PADRÃO POPULAR - FORNECIMENTO E INSTALAÇÃO. AF_12/2019"},{"$f":"IFERROR(INDEX(SINAPI!$C:$C,MATCH($B509,SINAPI!$A:$A,0)),\"\")","v":"M"},1,{"$f":"IFERROR(INDEX(SINAPI!$D:$D,MATCH($B509,SINAPI!$A:$A,0)),0)","v":4.93},4.93]
[{"$f":"IFERROR(INDEX(SINAPI!$E:$E,MATCH($B510,SINAPI!$A:$A,0)),\"\")","v":"COMPOSIÇÃO"},90793,{"$f":"IFERROR(INDEX(SINAPI!$B:$B,MATCH($B510,SINAPI!$A:$A,0)),\"\")","v":"KIT DE PORTA-PRONTA DE MADEIRA EM ACABAMENTO MELAMÍNICO BRANCO, FOLHA PESADA OU SUPERPESADA, 90X210CM, FIXAÇÃO COM PREENCHIMENTO TOTAL DE ESPUMA EXPANSIVA - FORNECIMENTO E INSTALAÇÃO. AF_12/2019"},{"$f":"IFERROR(INDEX(SINAPI!$C:$C,MATCH($B510,SINAPI!$A:$A,0)),\"\")","v":"UN"},1,{"$f":"IFERROR(INDEX(SINAPI!$D:$D,MATCH($B510,SINAPI!$A:$A,0)),0)","v":911.63},911.63]
["COMPOSIÇÃO","COMP-72117",{"$f":"C516","v":"VIDRO LISO COMUM TRANSPARENTE, ESPESSURA 4MM"},"M2",0.2,{"$f":"G521","v":210.99950000000001},42.199900000000007]
[null,null,null,null,null,"TOTAL",{"$f":"SUM(G507:G511)","v":1120.4015830000001}]
[]
[]
["CLASSE/TIPO","CÓDIGOS/ SINAPI","DESCRIÇÃO","UND","COEFICIENTE","PREÇO UNITÁRIO","PREÇO TOTAL"]
["COMP-72117",null,"VIDRO LISO COMUM TRANSPARENTE, ESPESSURA 4MM","M2",null,null,{"$f":"G521","v":210.99950000000001}]
[{"$f":"IFERROR(INDEX(SINAPI!$E:$E,MATCH($B517,SINAPI!$A:$A,0)),\"\")","v":"INSUMO"},10492,{"$f":"IFERROR(INDEX(SINAPI!$B:$B,MATCH($B517,SINAPI!$A:$A,0)),\"\")","v":"VIDRO LISO INCOLOR 4MM - SEM COLOCACAO                                                                                                                                                                                                                                                                                                                                                                                                                                                                    "},{"$f":"IFERROR(INDEX(SINAPI!$C:$C,MATCH($B517,SINAPI!$A:$A,0)),\"\")","v":"M2    "},1,{"$f":"IFERROR(INDEX(SINAPI!$D:$D,MATCH($B517,SINAPI!$A:$A,0)),0)","v":177.33},{"$f":"IFERROR(F517*E517,0)","v":177.33}]
[{"$f":"IFERROR(INDEX(SINAPI!$E:$E,MATCH($B518,SINAPI!$A:$A,0)),\"\")","v":"INSUMO"},10498,{"$f":"IFERROR(INDEX(SINAPI!$B:$B,MATCH($B518,SINAPI!$A:$A,0)),\"\")","v":"MASSA PARA VIDRO                                                                                                                                                                                                                                                                                                                                                                                                                                                                                          "},{"$f":"IFERROR(INDEX(SINAPI!$C:$C,MATCH($B518,SINAPI!$A:$A,0)),\"\")","v":"KG    "},1.6,{"$f":"IFERROR(INDEX(SINAPI!$D:$D,MATCH($B518,SINAPI!$A:$A,0)),0)","v":11.27},18.032]
[{"$f":"IFERROR(INDEX(SINAPI!$E:$E,MATCH($B519,SINAPI!$A:$A,0)),\"\")","v":"COMPOSIÇÃO"},88316,{"$f":"IFERROR(INDEX(SINAPI!$B:$B,MATCH($B519,SINAPI!$A:$A,0)),\"\")","v":"SERVENTE COM ENCARGOS COMPLEMENTARES"},{"$f":"IFERROR(INDEX(SINAPI!$C:$C,MATCH($B519,SINAPI!$A:$A,0)),\"\")","v":"H"},0.45,{"$f":"IFERROR(INDEX(SINAPI!$D:$D,MATCH($B519,SINAPI!$A:$A,0)),0)","v":15.65},7.0425000000000004]
[{"$f":"IFERROR(INDEX(SINAPI!$E:$E,MATCH($B520,SINAPI!$A:$A,0)),\"\")","v":"COMPOSIÇÃO"},88325,{"$f":"IFERROR(INDEX(SINAPI!$B:$B,MATCH($B520,SINAPI!$A:$A,0)),\"\")","v":"VIDRACEIRO COM ENCARGOS COMPLEMENTARES"},{"$f":"IFERROR(INDEX(SINAPI!$C:$C,MATCH($B520,SINAPI!$A:$A,0)),\"\")","v":"H"},0.45,{"$f":"IFERROR(INDEX(SINAPI!$D:$D,MATCH($B520,SINAPI!$A:$A,0)),0)","v":19.100000000000001},8.5950000000000006]
[null,null,null,null,null,"TOTAL",{"$f":"SUM(G517:G520)","v":210.99950000000001}]
[]
[]
["CLASSE/TIPO","CÓDIGOS/ SINAPI","DESCRIÇÃO","UND","COEFICIENTE","PREÇO UNITÁRIO","PREÇO TOTAL"]
["COMP-6041 ",null,"PORTA DE ABRIR EM MADEIRA MACIÇA DE 0,90m x 2,10m - INCLUSO FECHADURA ","UN",null,null,{"$f":"G531","v":1090.441683}]
[{"$f":"IFERROR(INDEX(SINAPI!$E:$E,MATCH($B526,SINAPI!$A:$A,0)),\"\")","v":"INSUMO"},11469,{"$f":"IFERROR(INDEX(SINAPI!$B:$B,MATCH($B526,SINAPI!$A:$A,0)),\"\")","v":"FECHADURA DE EMBUTIR PARA GAVETA E MOVEIS DE MADEIRA, EM ACO INOX COM ACABAMENTO CROMADO, COM ABAS LATERAIS, CILINDRO COM 22 MM DE DIAMETRO, INCLUINDO CHAVE COM PERFIL METALICO E CAPA ESCAMOTEAVEL                                                                                                                                                                                                                                                                                                      "},{"$f":"IFERROR(INDEX(SINAPI!$C:$C,MATCH($B526,SINAPI!$A:$A,0)),\"\")","v":"UN    "},1,{"$f":"IFERROR(INDEX(SINAPI!$D:$D,MATCH($B526,SINAPI!$A:$A,0)),0)","v":12.24},{"$f":"IFERROR(F526*E526,0)","v":12.24}]
["COMPOSIÇÃO","COMP-74065/3",{"$f":"C3152","v":"PINTURA ESMALTE BRILHANTE PARA MADEIRA, DUAS DEMAOS, SOBRE FUNDO NIVELADOR BRANCO"},"M2",3.36,{"$f":"G3159","v":23.132300000000001},77.724528000000007]
["COMPOSIÇÃO","IFMT 228.07.2020",{"$f":"$C$2791","v":"ADUELA / MARCO / BATENTE PARA PORTA DE 90X210CM, FIXAÇÃO COM ARGAMASSA - SOMENTE INSTALAÇÃO. AF_08/2015_P"},{"$f":"$D$2791","v":"UN"},1,{"$f":"$G$2798","v":83.917154999999994},83.917154999999994]
[{"$f":"IFERROR(INDEX(SINAPI!$E:$E,MATCH($B529,SINAPI!$A:$A,0)),\"\")","v":"COMPOSIÇÃO"},100660,{"$f":"IFERROR(INDEX(SINAPI!$B:$B,MATCH($B529,SINAPI!$A:$A,0)),\"\")","v":"ALIZAR DE 5X1,5CM PARA PORTA FIXADO COM PREGOS, PADRÃO POPULAR - FORNECIMENTO E INSTALAÇÃO. AF_12/2019"},{"$f":"IFERROR(INDEX(SINAPI!$C:$C,MATCH($B529,SINAPI!$A:$A,0)),\"\")","v":"M"},1,{"$f":"IFERROR(INDEX(SINAPI!$D:$D,MATCH($B529,SINAPI!$A:$A,0)),0)","v":4.93},4.93]
[{"$f":"IFERROR(INDEX(SINAPI!$E:$E,MATCH($B530,SINAPI!$A:$A,0)),\"\")","v":"COMPOSIÇÃO"},90793,{"$f":"IFERROR(INDEX(SINAPI!$B:$B,MATCH($B530,SINAPI!$A:$A,0)),\"\")","v":"KIT DE PORTA-PRONTA DE MADEIRA EM ACABAMENTO MELAMÍNICO BRANCO, FOLHA PESADA OU SUPERPESADA, 90X210CM, FIXAÇÃO COM PREENCHIMENTO TOTAL DE ESPUMA EXPANSIVA - FORNECIMENTO E INSTALAÇÃO. AF_12/2019"},{"$f":"IFERROR(INDEX(SINAPI!$C:$C,MATCH($B530,SINAPI!$A:$A,0)),\"\")","v":"UN"},1,{"$f":"IFERROR(INDEX(SINAPI!$D:$D,MATCH($B530,SINAPI!$A:$A,0)),0)","v":911.63},911.63]
[null,null,null,null,null,"TOTAL",{"$f":"SUM(G526:G530)","v":1090.441683}]
[]
[]
["CLASSE/TIPO","CÓDIGOS/ SINAPI","DESCRIÇÃO","UND","COEFICIENTE","PREÇO UNITÁRIO","PREÇO TOTAL"]
["COMP-6742",null,"PORTA DE ABRIR EM VIDRO TEMPERADO 10mm DE 1,60m x 2,10m, COM FIXO SUPERIOR DE VIDRO DE 3,00x1,60 (COM FECHADURA E PUXADOR VERTICAL) ","UN",null,null,{"$f":"G541","v":2827.5879999999997}]
[{"$f":"IFERROR(INDEX(SINAPI!$E:$E,MATCH($B536,SINAPI!$A:$A,0)),\"\")","v":"INSUMO"},3104,{"$f":"IFERROR(INDEX(SINAPI!$B:$B,MATCH($B536,SINAPI!$A:$A,0)),\"\")","v":"CONJ. DE FERRAGENS PARA PORTA DE VIDRO TEMPERADO, EM ZAMAC CROMADO, CONTEMPLANDO: DOBRADICA INF.; DOBRADICA SUP.; PIVO PARA DOBRADICA INF.; PIVO PARA DOBRADICA SUP.; FECHADURA CENTRAL EM ZAMC CROMADO; CONTRA FECHADURA DE PRESSAO                                                                                                                                                                                                                                                                      "},{"$f":"IFERROR(INDEX(SINAPI!$C:$C,MATCH($B536,SINAPI!$A:$A,0)),\"\")","v":"CJ    "},1,{"$f":"IFERROR(INDEX(SINAPI!$D:$D,MATCH($B536,SINAPI!$A:$A,0)),0)","v":142.88},{"$f":"IFERROR(F536*E536,0)","v":142.88}]
[{"$f":"IFERROR(INDEX(SINAPI!$E:$E,MATCH($B537,SINAPI!$A:$A,0)),\"\")","v":"INSUMO"},10507,{"$f":"IFERROR(INDEX(SINAPI!$B:$B,MATCH($B537,SINAPI!$A:$A,0)),\"\")","v":"VIDRO TEMPERADO INCOLOR E = 10 MM, SEM COLOCACAO                                                                                                                                                                                                                                                                                                                                                                                                                                                          "},{"$f":"IFERROR(INDEX(SINAPI!$C:$C,MATCH($B537,SINAPI!$A:$A,0)),\"\")","v":"M2    "},8.1,{"$f":"IFERROR(INDEX(SINAPI!$D:$D,MATCH($B537,SINAPI!$A:$A,0)),0)","v":328.21},2658.5009999999997]
[{"$f":"IFERROR(INDEX(SINAPI!$E:$E,MATCH($B538,SINAPI!$A:$A,0)),\"\")","v":"INSUMO"},11522,{"$f":"IFERROR(INDEX(SINAPI!$B:$B,MATCH($B538,SINAPI!$A:$A,0)),\"\")","v":"PUXADOR DE EMBUTIR TIPO CONCHA, COM FURO PARA CHAVE, EM LATAO CROMADO,  COMPRIMENTO DE APROX *100* MM E LARGURA DE APROX *40* MM                                                                                                                                                                                                                                                                                                                                                                          "},{"$f":"IFERROR(INDEX(SINAPI!$C:$C,MATCH($B538,SINAPI!$A:$A,0)),\"\")","v":"UN    "},1,{"$f":"IFERROR(INDEX(SINAPI!$D:$D,MATCH($B538,SINAPI!$A:$A,0)),0)","v":14.75},14.75]
[{"$f":"IFERROR(INDEX(SINAPI!$E:$E,MATCH($B539,SINAPI!$A:$A,0)),\"\")","v":"COMPOSIÇÃO"},88325,{"$f":"IFERROR(INDEX(SINAPI!$B:$B,MATCH($B539,SINAPI!$A:$A,0)),\"\")","v":"VIDRACEIRO COM ENCARGOS COMPLEMENTARES"},{"$f":"IFERROR(INDEX(SINAPI!$C:$C,MATCH($B539,SINAPI!$A:$A,0)),\"\")","v":"H"},0.3,{"$f":"IFERROR(INDEX(SINAPI!$D:$D,MATCH($B539,SINAPI!$A:$A,0)),0)","v":19.100000000000001},5.73]
[{"$f":"IFERROR(INDEX(SINAPI!$E:$E,MATCH($B540,SINAPI!$A:$A,0)),\"\")","v":"COMPOSIÇÃO"},88243,{"$f":"IFERROR(INDEX(SINAPI!$B:$B,MATCH($B540,SINAPI!$A:$A,0)),\"\")","v":"AJUDANTE ESPECIALIZADO COM ENCARGOS COMPLEMENTARES"},{"$f":"IFERROR(INDEX(SINAPI!$C:$C,MATCH($B540,SINAPI!$A:$A,0)),\"\")","v":"H"},0.3,{"$f":"IFERROR(INDEX(SINAPI!$D:$D,MATCH($B540,SINAPI!$A:$A,0)),0)","v":19.09},5.7269999999999994]
[null,null,null,null,null,"TOTAL",{"$f":"SUM(G536:G540)","v":2827.5879999999997}]
[]
[]
["CLASSE/TIPO","CÓDIGOS/ SINAPI","DESCRIÇÃO","UND","COEFICIENTE","PREÇO UNITÁRIO","PREÇO TOTAL"]
["COMP-0142 ",null,"PORTA DE ABRIR EM VIDRO TEMPERADO 10mm DE0,80m x 2,10m (COM FECHADURA E PUXADOR VERTICAL) ","UN",null,null,{"$f":"G551","v":720.47979999999995}]
[{"$f":"IFERROR(INDEX(SINAPI!$E:$E,MATCH($B546,SINAPI!$A:$A,0)),\"\")","v":"INSUMO"},3104,{"$f":"IFERROR(INDEX(SINAPI!$B:$B,MATCH($B546,SINAPI!$A:$A,0)),\"\")","v":"CONJ. DE FERRAGENS PARA PORTA DE VIDRO TEMPERADO, EM ZAMAC CROMADO, CONTEMPLANDO: DOBRADICA INF.; DOBRADICA SUP.; PIVO PARA DOBRADICA INF.; PIVO PARA DOBRADICA SUP.; FECHADURA CENTRAL EM ZAMC CROMADO; CONTRA FECHADURA DE PRESSAO                                                                                                                                                                                                                                                                      "},{"$f":"IFERROR(INDEX(SINAPI!$C:$C,MATCH($B546,SINAPI!$A:$A,0)),\"\")","v":"CJ    "},1,{"$f":"IFERROR(INDEX(SINAPI!$D:$D,MATCH($B546,SINAPI!$A:$A,0)),0)","v":142.88},{"$f":"IFERROR(F546*E546,0)","v":142.88}]
[{"$f":"IFERROR(INDEX(SINAPI!$E:$E,MATCH($B547,SINAPI!$A:$A,0)),\"\")","v":"INSUMO"},10507,{"$f":"IFERROR(INDEX(SINAPI!$B:$B,MATCH($B547,SINAPI!$A:$A,0)),\"\")","v":"VIDRO TEMPERADO INCOLOR E = 10 MM, SEM COLOCACAO                                                                                                                                                                                                                                                                                                                                                                                                                                                          "},{"$f":"IFERROR(INDEX(SINAPI!$C:$C,MATCH($B547,SINAPI!$A:$A,0)),\"\")","v":"M2    "},1.68,{"$f":"IFERROR(INDEX(SINAPI!$D:$D,MATCH($B547,SINAPI!$A:$A,0)),0)","v":328.21},551.39279999999997]
[{"$f":"IFERROR(INDEX(SINAPI!$E:$E,MATCH($B548,SINAPI!$A:$A,0)),\"\")","v":"INSUMO"},11522,{"$f":"IFERROR(INDEX(SINAPI!$B:$B,MATCH($B548,SINAPI!$A:$A,0)),\"\")","v":"PUXADOR DE EMBUTIR TIPO CONCHA, COM FURO PARA CHAVE, EM LATAO CROMADO,  COMPRIMENTO DE APROX *100* MM E LARGURA DE APROX *40* MM                                                                                                                                                                                                                                                                                                                                                                          "},{"$f":"IFERROR(INDEX(SINAPI!$C:$C,MATCH($B548,SINAPI!$A:$A,0)),\"\")","v":"UN    "},1,{"$f":"IFERROR(INDEX(SINAPI!$D:$D,MATCH($B548,SINAPI!$A:$A,0)),0)","v":14.75},14.75]
[{"$f":"IFERROR(INDEX(SINAPI!$E:$E,MATCH($B549,SINAPI!$A:$A,0)),\"\")","v":"COMPOSIÇÃO"},88325,{"$f":"IFERROR(INDEX(SINAPI!$B:$B,MATCH($B549,SINAPI!$A:$A,0)),\"\")","v":"VIDRACEIRO COM ENCARGOS COMPLEMENTARES"},{"$f":"IFERROR(INDEX(SINAPI!$C:$C,MATCH($B549,SINAPI!$A:$A,0)),\"\")","v":"H"},0.3,{"$f":"IFERROR(INDEX(SINAPI!$D:$D,MATCH($B549,SINAPI!$A:$A,0)),0)","v":19.100000000000001},5.73]
[{"$f":"IFERROR(INDEX(SINAPI!$E:$E,MATCH($B550,SINAPI!$A:$A,0)),\"\")","v":"COMPOSIÇÃO"},88243,{"$f":"IFERROR(INDEX(SINAPI!$B:$B,MATCH($B550,SINAPI!$A:$A,0)),\"\")","v":"AJUDANTE ESPECIALIZADO COM ENCARGOS COMPLEMENTARES"},{"$f":"IFERROR(INDEX(SINAPI!$C:$C,MATCH($B550,SINAPI!$A:$A,0)),\"\")","v":"H"},0.3,{"$f":"IFERROR(INDEX(SINAPI!$D:$D,MATCH($B550,SINAPI!$A:$A,0)),0)","v":19.09},5.7269999999999994]
[null,null,null,null,null,"TOTAL",{"$f":"SUM(G546:G550)","v":720.47979999999995}]
[]
[]
["CLASSE/TIPO","CÓDIGOS/ SINAPI","DESCRIÇÃO","UND","COEFICIENTE","PREÇO UNITÁRIO","PREÇO TOTAL"]
["COMP-079083",null,"JANELA ALUMINIO, BASCULANTE, SERIE 25 - COM VIDRO TEMPERADO E=6MM, COM SISTEMA DE REGULAGEM INTERNO - FORNECIMENTO E INSTALAÇÃO ","M2    ",null,null,{"$f":"G559","v":326.92700000000002}]
[{"$f":"IFERROR(INDEX(SINAPI!$E:$E,MATCH($B556,SINAPI!$A:$A,0)),\"\")","v":"INSUMO"},34377,{"$f":"IFERROR(INDEX(SINAPI!$B:$B,MATCH($B556,SINAPI!$A:$A,0)),\"\")","v":"JANELA BASCULANTE EM ALUMINIO, 80 X 60 CM (A X L), ACABAMENTO ACET OU BRILHANTE, BATENTE/REQUADRO DE 3 A 14 CM, COM VIDRO, SEM GUARNICAO/ALIZAR                                                                                                                                                                                                                                                                                                                                                           "},{"$f":"IFERROR(INDEX(SINAPI!$C:$C,MATCH($B556,SINAPI!$A:$A,0)),\"\")","v":"UN    "},1,{"$f":"IFERROR(INDEX(SINAPI!$D:$D,MATCH($B556,SINAPI!$A:$A,0)),0)","v":315.47000000000003},{"$f":"IFERROR(F556*E556,0)","v":315.47000000000003}]
[{"$f":"IFERROR(INDEX(SINAPI!$E:$E,MATCH($B557,SINAPI!$A:$A,0)),\"\")","v":"COMPOSIÇÃO"},88325,{"$f":"IFERROR(INDEX(SINAPI!$B:$B,MATCH($B557,SINAPI!$A:$A,0)),\"\")","v":"VIDRACEIRO COM ENCARGOS COMPLEMENTARES"},{"$f":"IFERROR(INDEX(SINAPI!$C:$C,MATCH($B557,SINAPI!$A:$A,0)),\"\")","v":"H"},0.3,{"$f":"IFERROR(INDEX(SINAPI!$D:$D,MATCH($B557,SINAPI!$A:$A,0)),0)","v":19.100000000000001},5.73]
[{"$f":"IFERROR(INDEX(SINAPI!$E:$E,MATCH($B558,SINAPI!$A:$A,0)),\"\")","v":"COMPOSIÇÃO"},88243,{"$f":"IFERROR(INDEX(SINAPI!$B:$B,MATCH($B558,SINAPI!$A:$A,0)),\"\")","v":"AJUDANTE ESPECIALIZADO COM ENCARGOS COMPLEMENTARES"},{"$f":"IFERROR(INDEX(SINAPI!$C:$C,MATCH($B558,SINAPI!$A:$A,0)),\"\")","v":"H"},0.3,{"$f":"IFERROR(INDEX(SINAPI!$D:$D,MATCH($B558,SINAPI!$A:$A,0)),0)","v":19.09},5.7269999999999994]
[null,null,null,null,null,"TOTAL",{"$f":"SUM(G556:G558)","v":326.92700000000002}]
[]
[]
["CLASSE/TIPO","CÓDIGOS/ SINAPI","DESCRIÇÃO","UND","COEFICIENTE","PREÇO UNITÁRIO","PREÇO TOTAL"]
["COMP-2434 ",null,"VIDRO TEMPERADO INCOLOR, ESPESSURA 6MM, FORNECIMENTO E INSTALACAO, INCLUSIVE MASSA PARA VEDACAO ","M2",null,null,{"$f":"G568","v":227.95}]
[{"$f":"IFERROR(INDEX(SINAPI!$E:$E,MATCH($B564,SINAPI!$A:$A,0)),\"\")","v":"INSUMO"},10498,{"$f":"IFERROR(INDEX(SINAPI!$B:$B,MATCH($B564,SINAPI!$A:$A,0)),\"\")","v":"MASSA PARA VIDRO                                                                                                                                                                                                                                                                                                                                                                                                                                                                                          "},{"$f":"IFERROR(INDEX(SINAPI!$C:$C,MATCH($B564,SINAPI!$A:$A,0)),\"\")","v":"KG    "},1.5,{"$f":"IFERROR(INDEX(SINAPI!$D:$D,MATCH($B564,SINAPI!$A:$A,0)),0)","v":11.27},{"$f":"IFERROR(F564*E564,0)","v":16.905000000000001}]
[{"$f":"IFERROR(INDEX(SINAPI!$E:$E,MATCH($B565,SINAPI!$A:$A,0)),\"\")","v":"INSUMO"},10505,{"$f":"IFERROR(INDEX(SINAPI!$B:$B,MATCH($B565,SINAPI!$A:$A,0)),\"\")","v":"VIDRO TEMPERADO INCOLOR E = 6 MM, SEM COLOCACAO                                                                                                                                                                                                                                                                                                                                                                                                                                                           "},{"$f":"IFERROR(INDEX(SINAPI!$C:$C,MATCH($B565,SINAPI!$A:$A,0)),\"\")","v":"M2    "},1,{"$f":"IFERROR(INDEX(SINAPI!$D:$D,MATCH($B565,SINAPI!$A:$A,0)),0)","v":193.67},193.67]
[{"$f":"IFERROR(INDEX(SINAPI!$E:$E,MATCH($B566,SINAPI!$A:$A,0)),\"\")","v":"COMPOSIÇÃO"},88316,{"$f":"IFERROR(INDEX(SINAPI!$B:$B,MATCH($B566,SINAPI!$A:$A,0)),\"\")","v":"SERVENTE COM ENCARGOS COMPLEMENTARES"},{"$f":"IFERROR(INDEX(SINAPI!$C:$C,MATCH($B566,SINAPI!$A:$A,0)),\"\")","v":"H"},0.5,{"$f":"IFERROR(INDEX(SINAPI!$D:$D,MATCH($B566,SINAPI!$A:$A,0)),0)","v":15.65},7.8250000000000002]
[{"$f":"IFERROR(INDEX(SINAPI!$E:$E,MATCH($B567,SINAPI!$A:$A,0)),\"\")","v":"COMPOSIÇÃO"},88325,{"$f":"IFERROR(INDEX(SINAPI!$B:$B,MATCH($B567,SINAPI!$A:$A,0)),\"\")","v":"VIDRACEIRO COM ENCARGOS COMPLEMENTARES"},{"$f":"IFERROR(INDEX(SINAPI!$C:$C,MATCH($B567,SINAPI!$A:$A,0)),\"\")","v":"H"},0.5,{"$f":"IFERROR(INDEX(SINAPI!$D:$D,MATCH($B567,SINAPI!$A:$A,0)),0)","v":19.100000000000001},9.5500000000000007]
[null,null,null,null,null,"TOTAL",{"$f":"SUM(G564:G567)","v":227.95}]
[]
[]
["CLASSE/TIPO","CÓDIGOS/ SINAPI","DESCRIÇÃO","UND","COEFICIENTE","PREÇO UNITÁRIO","PREÇO TOTAL"]
["COMP-9488 ",null,"VIDRO TEMPERADO INCOLOR, ESPESSURA 6MM, FORNECIMENTO E INSTALACAO, INCLUSIVE MASSA PARA VEDACAO ","M2",null,null,{"$f":"G577","v":362.49}]
[{"$f":"IFERROR(INDEX(SINAPI!$E:$E,MATCH($B573,SINAPI!$A:$A,0)),\"\")","v":"INSUMO"},10498,{"$f":"IFERROR(INDEX(SINAPI!$B:$B,MATCH($B573,SINAPI!$A:$A,0)),\"\")","v":"MASSA PARA VIDRO                                                                                                                                                                                                                                                                                                                                                                                                                                                                                          "},{"$f":"IFERROR(INDEX(SINAPI!$C:$C,MATCH($B573,SINAPI!$A:$A,0)),\"\")","v":"KG    "},1.5,{"$f":"IFERROR(INDEX(SINAPI!$D:$D,MATCH($B573,SINAPI!$A:$A,0)),0)","v":11.27},{"$f":"IFERROR(F573*E573,0)","v":16.905000000000001}]
[{"$f":"IFERROR(INDEX(SINAPI!$E:$E,MATCH($B574,SINAPI!$A:$A,0)),\"\")","v":"INSUMO"},10507,{"$f":"IFERROR(INDEX(SINAPI!$B:$B,MATCH($B574,SINAPI!$A:$A,0)),\"\")","v":"VIDRO TEMPERADO INCOLOR E = 10 MM, SEM COLOCACAO                                                                                                                                                                                                                                                                                                                                                                                                                                                          "},{"$f":"IFERROR(INDEX(SINAPI!$C:$C,MATCH($B574,SINAPI!$A:$A,0)),\"\")","v":"M2    "},1,{"$f":"IFERROR(INDEX(SINAPI!$D:$D,MATCH($B574,SINAPI!$A:$A,0)),0)","v":328.21},328.21]
[{"$f":"IFERROR(INDEX(SINAPI!$E:$E,MATCH($B575,SINAPI!$A:$A,0)),\"\")","v":"COMPOSIÇÃO"},88316,{"$f":"IFERROR(INDEX(SINAPI!$B:$B,MATCH($B575,SINAPI!$A:$A,0)),\"\")","v":"SERVENTE COM ENCARGOS COMPLEMENTARES"},{"$f":"IFERROR(INDEX(SINAPI!$C:$C,MATCH($B575,SINAPI!$A:$A,0)),\"\")","v":"H"},0.5,{"$f":"IFERROR(INDEX(SINAPI!$D:$D,MATCH($B575,SINAPI!$A:$A,0)),0)","v":15.65},7.8250000000000002]
[{"$f":"IFERROR(INDEX(SINAPI!$E:$E,MATCH($B576,SINAPI!$A:$A,0)),\"\")","v":"COMPOSIÇÃO"},88325,{"$f":"IFERROR(INDEX(SINAPI!$B:$B,MATCH($B576,SINAPI!$A:$A,0)),\"\")","v":"VIDRACEIRO COM ENCARGOS COMPLEMENTARES"},{"$f":"IFERROR(INDEX(SINAPI!$C:$C,MATCH($B576,SINAPI!$A:$A,0)),\"\")","v":"H"},0.5,{"$f":"IFERROR(INDEX(SINAPI!$D:$D,MATCH($B576,SINAPI!$A:$A,0)),0)","v":19.100000000000001},9.5500000000000007]
[null,null,null,null,null,"TOTAL",{"$f":"SUM(G573:G576)","v":362.49}]
[]
[]
["CLASSE/TIPO","CÓDIGOS/ SINAPI","DESCRIÇÃO","UND","COEFICIENTE","PREÇO UNITÁRIO","PREÇO TOTAL"]
["COMP-154929",null,"GRADIL FRONTAL - COM INFRAESTRUTURA EM CONCRETO ARMADO  ","M",null,null,{"$f":"G595","v":1120.1740182644999}]
[{"$f":"IFERROR(INDEX(SINAPI!$E:$E,MATCH($B582,SINAPI!$A:$A,0)),\"\")","v":"COMPOSIÇÃO"},99059,{"$f":"IFERROR(INDEX(SINAPI!$B:$B,MATCH($B582,SINAPI!$A:$A,0)),\"\")","v":"LOCACAO CONVENCIONAL DE OBRA, UTILIZANDO GABARITO DE TÁBUAS CORRIDAS PONTALETADAS A CADA 2,00M -  2 UTILIZAÇÕES. AF_10/2018"},{"$f":"IFERROR(INDEX(SINAPI!$C:$C,MATCH($B582,SINAPI!$A:$A,0)),\"\")","v":"M"},1.6354170000000001E-2,{"$f":"IFERROR(INDEX(SINAPI!$D:$D,MATCH($B582,SINAPI!$A:$A,0)),0)","v":41.85},{"$f":"IFERROR(F582*E582,0)","v":0.68442201450000006}]
[{"$f":"IFERROR(INDEX(SINAPI!$E:$E,MATCH($B583,SINAPI!$A:$A,0)),\"\")","v":"COMPOSIÇÃO"},93358,{"$f":"IFERROR(INDEX(SINAPI!$B:$B,MATCH($B583,SINAPI!$A:$A,0)),\"\")","v":"ESCAVAÇÃO MANUAL DE VALA COM PROFUNDIDADE MENOR OU IGUAL A 1,30 M. AF_02/2021"},{"$f":"IFERROR(INDEX(SINAPI!$C:$C,MATCH($B583,SINAPI!$A:$A,0)),\"\")","v":"M3"},4.9062500000000002E-2,{"$f":"IFERROR(INDEX(SINAPI!$D:$D,MATCH($B583,SINAPI!$A:$A,0)),0)","v":61.91},3.0374593750000001]
[{"$f":"IFERROR(INDEX(SINAPI!$E:$E,MATCH($B584,SINAPI!$A:$A,0)),\"\")","v":"COMPOSIÇÃO"},96543,{"$f":"IFERROR(INDEX(SINAPI!$B:$B,MATCH($B584,SINAPI!$A:$A,0)),\"\")","v":"ARMAÇÃO DE BLOCO, VIGA BALDRAME E SAPATA UTILIZANDO AÇO CA-60 DE 5 MM - MONTAGEM. AF_06/2017"},{"$f":"IFERROR(INDEX(SINAPI!$C:$C,MATCH($B584,SINAPI!$A:$A,0)),\"\")","v":"KG"},0.308,{"$f":"IFERROR(INDEX(SINAPI!$D:$D,MATCH($B584,SINAPI!$A:$A,0)),0)","v":20.59},6.3417199999999996]
[{"$f":"IFERROR(INDEX(SINAPI!$E:$E,MATCH($B585,SINAPI!$A:$A,0)),\"\")","v":"COMPOSIÇÃO"},96545,{"$f":"IFERROR(INDEX(SINAPI!$B:$B,MATCH($B585,SINAPI!$A:$A,0)),\"\")","v":"ARMAÇÃO DE BLOCO, VIGA BALDRAME OU SAPATA UTILIZANDO AÇO CA-50 DE 8 MM - MONTAGEM. AF_06/2017"},{"$f":"IFERROR(INDEX(SINAPI!$C:$C,MATCH($B585,SINAPI!$A:$A,0)),\"\")","v":"KG"},0.63200000000000001,{"$f":"IFERROR(INDEX(SINAPI!$D:$D,MATCH($B585,SINAPI!$A:$A,0)),0)","v":19.350000000000001},12.229200000000001]
[{"$f":"IFERROR(INDEX(SINAPI!$E:$E,MATCH($B586,SINAPI!$A:$A,0)),\"\")","v":"COMPOSIÇÃO"},92269,{"$f":"IFERROR(INDEX(SINAPI!$B:$B,MATCH($B586,SINAPI!$A:$A,0)),\"\")","v":"FABRICAÇÃO DE FÔRMA PARA PILARES E ESTRUTURAS SIMILARES, EM MADEIRA SERRADA, E=25 MM. AF_09/2020"},{"$f":"IFERROR(INDEX(SINAPI!$C:$C,MATCH($B586,SINAPI!$A:$A,0)),\"\")","v":"M2"},0.25,{"$f":"IFERROR(INDEX(SINAPI!$D:$D,MATCH($B586,SINAPI!$A:$A,0)),0)","v":135.58000000000001},33.895000000000003]
[{"$f":"IFERROR(INDEX(SINAPI!$E:$E,MATCH($B587,SINAPI!$A:$A,0)),\"\")","v":"COMPOSIÇÃO"},94964,{"$f":"IFERROR(INDEX(SINAPI!$B:$B,MATCH($B587,SINAPI!$A:$A,0)),\"\")","v":"CONCRETO FCK = 20MPA, TRAÇO 1:2,7:3 (EM MASSA SECA DE CIMENTO/ AREIA MÉDIA/ BRITA 1) - PREPARO MECÂNICO COM BETONEIRA 400 L. AF_05/2021"},{"$f":"IFERROR(INDEX(SINAPI!$C:$C,MATCH($B587,SINAPI!$A:$A,0)),\"\")","v":"M3"},7.9062499999999994E-2,{"$f":"IFERROR(INDEX(SINAPI!$D:$D,MATCH($B587,SINAPI!$A:$A,0)),0)","v":374.73},29.627090624999997]
["COMPOSIÇÃO","IFMT 219.07.2020",{"$f":"$C$2708","v":"LANCAMENTO/APLICACAO MANUAL DE CONCRETO EM FUNDACOES"},{"$f":"$D$2708","v":"M3"},7.9062499999999994E-2,{"$f":"$G$2712","v":103.71599999999999},8.2000462499999998]
[{"$f":"IFERROR(INDEX(SINAPI!$E:$E,MATCH($B589,SINAPI!$A:$A,0)),\"\")","v":"COMPOSIÇÃO"},87874,{"$f":"IFERROR(INDEX(SINAPI!$B:$B,MATCH($B589,SINAPI!$A:$A,0)),\"\")","v":"CHAPISCO APLICADO EM ALVENARIAS E ESTRUTURAS DE CONCRETO INTERNAS, COM ROLO PARA TEXTURA ACRÍLICA.  ARGAMASSA TRAÇO 1:4 E EMULSÃO POLIMÉRICA (ADESIVO) COM PREPARO EM BETONEIRA 400L. AF_06/2014"},{"$f":"IFERROR(INDEX(SINAPI!$C:$C,MATCH($B589,SINAPI!$A:$A,0)),\"\")","v":"M2"},0.4,{"$f":"IFERROR(INDEX(SINAPI!$D:$D,MATCH($B589,SINAPI!$A:$A,0)),0)","v":8.75},3.5]
[{"$f":"IFERROR(INDEX(SINAPI!$E:$E,MATCH($B590,SINAPI!$A:$A,0)),\"\")","v":"COMPOSIÇÃO"},87807,{"$f":"IFERROR(INDEX(SINAPI!$B:$B,MATCH($B590,SINAPI!$A:$A,0)),\"\")","v":"EMBOÇO OU MASSA ÚNICA EM ARGAMASSA TRAÇO 1:2:8, PREPARO MANUAL, APLICADA MANUALMENTE EM PANOS CEGOS DE FACHADA (SEM PRESENÇA DE VÃOS), ESPESSURA MAIOR OU IGUAL A 50 MM. AF_06/2014"},{"$f":"IFERROR(INDEX(SINAPI!$C:$C,MATCH($B590,SINAPI!$A:$A,0)),\"\")","v":"M2"},0.4,{"$f":"IFERROR(INDEX(SINAPI!$D:$D,MATCH($B590,SINAPI!$A:$A,0)),0)","v":56.82},22.728000000000002]
[{"$f":"IFERROR(INDEX(SINAPI!$E:$E,MATCH($B591,SINAPI!$A:$A,0)),\"\")","v":"COMPOSIÇÃO"},88411,{"$f":"IFERROR(INDEX(SINAPI!$B:$B,MATCH($B591,SINAPI!$A:$A,0)),\"\")","v":"APLICAÇÃO MANUAL DE FUNDO SELADOR ACRÍLICO EM PANOS COM PRESENÇA DE VÃOS DE EDIFÍCIOS DE MÚLTIPLOS PAVIMENTOS. AF_06/2014"},{"$f":"IFERROR(INDEX(SINAPI!$C:$C,MATCH($B591,SINAPI!$A:$A,0)),\"\")","v":"M2"},0.4,{"$f":"IFERROR(INDEX(SINAPI!$D:$D,MATCH($B591,SINAPI!$A:$A,0)),0)","v":1.82},0.72800000000000009]
[{"$f":"IFERROR(INDEX(SINAPI!$E:$E,MATCH($B592,SINAPI!$A:$A,0)),\"\")","v":"COMPOSIÇÃO"},88489,{"$f":"IFERROR(INDEX(SINAPI!$B:$B,MATCH($B592,SINAPI!$A:$A,0)),\"\")","v":"APLICAÇÃO MANUAL DE PINTURA COM TINTA LÁTEX ACRÍLICA EM PAREDES, DUAS DEMÃOS. AF_06/2014"},{"$f":"IFERROR(INDEX(SINAPI!$C:$C,MATCH($B592,SINAPI!$A:$A,0)),\"\")","v":"M2"},0.55000000000000004,{"$f":"IFERROR(INDEX(SINAPI!$D:$D,MATCH($B592,SINAPI!$A:$A,0)),0)","v":11.98},6.5890000000000004]
["COMPOSIÇÃO","02311/ORSE","PINTURA DE ACABAMENTO COM LIXAMENTO, APLICAÇÃO DE 01 DEMÃO DE TINTA À BASE DE ZARCÃO E 02 DEMÃOS DE TINTA ESMALTE","M2",2,22.55,45.1]
["COMPOSIÇÃO","COMP-433484",{"$f":"C2937","v":"GRADE DE FERRO - PILAR TUBO 2,1/2, TUBO HORIZONTAL 1,1/2 E BARRA CHATA 3/4"},"M2",2,{"$f":"G2944","v":473.75703999999996},947.51407999999992]
[null,null,null,null,null,"TOTAL",{"$f":"SUM(G582:G594)","v":1120.1740182644999}]
[]
[]
["CLASSE/TIPO","CÓDIGOS/ SINAPI","DESCRIÇÃO","UND","COEFICIENTE","PREÇO UNITÁRIO","PREÇO TOTAL"]
["COMP-0911 ",null,"BRISE EM CHAPA DE ALUMÍNIO 0,8mm ANODIZADO BRANCO (FORNECIMENTO E MONTAGEM) ","M2",null,null,{"$f":"G603","v":241.11100000000002}]
["INSUMO","09291/ORSE","BRISE METÁLICO DE ALUMÍNIO REF. 84F, 45º L, DA FIBROCELL OU SIMILAR (MATERIAL E MÃO DE OBRA)","M2",1,195,{"$f":"IFERROR(F600*E600,0)","v":195}]
[{"$f":"IFERROR(INDEX(SINAPI!$E:$E,MATCH($B601,SINAPI!$A:$A,0)),\"\")","v":"COMPOSIÇÃO"},88251,{"$f":"IFERROR(INDEX(SINAPI!$B:$B,MATCH($B601,SINAPI!$A:$A,0)),\"\")","v":"AUXILIAR DE SERRALHEIRO COM ENCARGOS COMPLEMENTARES"},{"$f":"IFERROR(INDEX(SINAPI!$C:$C,MATCH($B601,SINAPI!$A:$A,0)),\"\")","v":"H"},1.3,{"$f":"IFERROR(INDEX(SINAPI!$D:$D,MATCH($B601,SINAPI!$A:$A,0)),0)","v":15.72},20.436]
[{"$f":"IFERROR(INDEX(SINAPI!$E:$E,MATCH($B602,SINAPI!$A:$A,0)),\"\")","v":"COMPOSIÇÃO"},88315,{"$f":"IFERROR(INDEX(SINAPI!$B:$B,MATCH($B602,SINAPI!$A:$A,0)),\"\")","v":"SERRALHEIRO COM ENCARGOS COMPLEMENTARES"},{"$f":"IFERROR(INDEX(SINAPI!$C:$C,MATCH($B602,SINAPI!$A:$A,0)),\"\")","v":"H"},1.3,{"$f":"IFERROR(INDEX(SINAPI!$D:$D,MATCH($B602,SINAPI!$A:$A,0)),0)","v":19.75},25.675000000000001]
[null,null,null,null,null,"TOTAL",{"$f":"SUM(G600:G602)","v":241.11100000000002}]
[]
[]
["CLASSE/TIPO","CÓDIGOS/ SINAPI","DESCRIÇÃO","UND","COEFICIENTE","PREÇO UNITÁRIO","PREÇO TOTAL"]
["COMP-2284 ",null,"BRISE EM PERFIL \"C\" DE ALUMÍNIO DOBRADO ANODIZADO BRANCO (FORNECIEMNTO E MONTAGEM) ","M2",null,null,{"$f":"G611","v":256.00839999999999}]
["INSUMO","09291/ORSE","BRISE METÁLICO DE ALUMÍNIO REF. 84F, 45º L, DA FIBROCELL OU SIMILAR (MATERIAL E MÃO DE OBRA)","M2",1,195,195]
[{"$f":"IFERROR(INDEX(SINAPI!$E:$E,MATCH($B609,SINAPI!$A:$A,0)),\"\")","v":"COMPOSIÇÃO"},88251,{"$f":"IFERROR(INDEX(SINAPI!$B:$B,MATCH($B609,SINAPI!$A:$A,0)),\"\")","v":"AUXILIAR DE SERRALHEIRO COM ENCARGOS COMPLEMENTARES"},{"$f":"IFERROR(INDEX(SINAPI!$C:$C,MATCH($B609,SINAPI!$A:$A,0)),\"\")","v":"H"},1.72,{"$f":"IFERROR(INDEX(SINAPI!$D:$D,MATCH($B609,SINAPI!$A:$A,0)),0)","v":15.72},{"$f":"IFERROR(F609*E609,0)","v":27.038399999999999}]
[{"$f":"IFERROR(INDEX(SINAPI!$E:$E,MATCH($B610,SINAPI!$A:$A,0)),\"\")","v":"COMPOSIÇÃO"},88315,{"$f":"IFERROR(INDEX(SINAPI!$B:$B,MATCH($B610,SINAPI!$A:$A,0)),\"\")","v":"SERRALHEIRO COM ENCARGOS COMPLEMENTARES"},{"$f":"IFERROR(INDEX(SINAPI!$C:$C,MATCH($B610,SINAPI!$A:$A,0)),\"\")","v":"H"},1.72,{"$f":"IFERROR(INDEX(SINAPI!$D:$D,MATCH($B610,SINAPI!$A:$A,0)),0)","v":19.75},33.97]
[null,null,null,null,null,"TOTAL",{"$f":"SUM(G608:G610)","v":256.00839999999999}]
[]
[]
["CLASSE/TIPO","CÓDIGOS/ SINAPI","DESCRIÇÃO","UND","COEFICIENTE","PREÇO UNITÁRIO","PREÇO TOTAL"]
["COMP-6455 ",null,"GUARDA-CORPO EM TUBO SUPERIOR DE AÇO GALVANIZADO D=3\" 80mm ","M",null,null,{"$f":"G624","v":791.42655999999999}]
[{"$f":"IFERROR(INDEX(SINAPI!$E:$E,MATCH($B616,SINAPI!$A:$A,0)),\"\")","v":"INSUMO"},1332,{"$f":"IFERROR(INDEX(SINAPI!$B:$B,MATCH($B616,SINAPI!$A:$A,0)),\"\")","v":"CHAPA DE ACO GROSSA, ASTM A36, E = 3/8 \" (9,53 MM) 74,69 KG/M2                                                                                                                                                                                                                                                                                                                                                                                                                                            "},{"$f":"IFERROR(INDEX(SINAPI!$C:$C,MATCH($B616,SINAPI!$A:$A,0)),\"\")","v":"KG    "},0.89600000000000002,{"$f":"IFERROR(INDEX(SINAPI!$D:$D,MATCH($B616,SINAPI!$A:$A,0)),0)","v":10.210000000000001},{"$f":"IFERROR(F616*E616,0)","v":9.1481600000000007}]
[{"$f":"IFERROR(INDEX(SINAPI!$E:$E,MATCH($B617,SINAPI!$A:$A,0)),\"\")","v":"INSUMO"},11002,{"$f":"IFERROR(INDEX(SINAPI!$B:$B,MATCH($B617,SINAPI!$A:$A,0)),\"\")","v":"ELETRODO REVESTIDO AWS - E6013, DIAMETRO IGUAL A 2,50 MM                                                                                                                                                                                                                                                                                                                                                                                                                                                  "},{"$f":"IFERROR(INDEX(SINAPI!$C:$C,MATCH($B617,SINAPI!$A:$A,0)),\"\")","v":"KG    "},6.5000000000000002E-2,{"$f":"IFERROR(INDEX(SINAPI!$D:$D,MATCH($B617,SINAPI!$A:$A,0)),0)","v":23.17},1.5060500000000001]
[{"$f":"IFERROR(INDEX(SINAPI!$E:$E,MATCH($B618,SINAPI!$A:$A,0)),\"\")","v":"INSUMO"},11964,{"$f":"IFERROR(INDEX(SINAPI!$B:$B,MATCH($B618,SINAPI!$A:$A,0)),\"\")","v":"PARAFUSO DE ACO TIPO CHUMBADOR PARABOLT, DIAMETRO 3/8\", COMPRIMENTO 75 MM                                                                                                                                                                                                                                                                                                                                                                                                                                 "},{"$f":"IFERROR(INDEX(SINAPI!$C:$C,MATCH($B618,SINAPI!$A:$A,0)),\"\")","v":"UN    "},3.3330000000000002,{"$f":"IFERROR(INDEX(SINAPI!$D:$D,MATCH($B618,SINAPI!$A:$A,0)),0)","v":1.71},5.6994300000000004]
[{"$f":"IFERROR(INDEX(SINAPI!$E:$E,MATCH($B619,SINAPI!$A:$A,0)),\"\")","v":"INSUMO"},21009,{"$f":"IFERROR(INDEX(SINAPI!$B:$B,MATCH($B619,SINAPI!$A:$A,0)),\"\")","v":"TUBO ACO GALVANIZADO COM COSTURA, CLASSE LEVE, DN 20 MM ( 3/4\"),  E = 2,25 MM,  *1,3* KG/M (NBR 5580)                                                                                                                                                                                                                                                                                                                                                                                                     "},{"$f":"IFERROR(INDEX(SINAPI!$C:$C,MATCH($B619,SINAPI!$A:$A,0)),\"\")","v":"M     "},6.25,{"$f":"IFERROR(INDEX(SINAPI!$D:$D,MATCH($B619,SINAPI!$A:$A,0)),0)","v":33.369999999999997},208.56249999999997]
[{"$f":"IFERROR(INDEX(SINAPI!$E:$E,MATCH($B620,SINAPI!$A:$A,0)),\"\")","v":"INSUMO"},21010,{"$f":"IFERROR(INDEX(SINAPI!$B:$B,MATCH($B620,SINAPI!$A:$A,0)),\"\")","v":"TUBO ACO GALVANIZADO COM COSTURA, CLASSE LEVE, DN 25 MM ( 1\"),  E = 2,65 MM,  *2,11* KG/M (NBR 5580)                                                                                                                                                                                                                                                                                                                                                                                                      "},{"$f":"IFERROR(INDEX(SINAPI!$C:$C,MATCH($B620,SINAPI!$A:$A,0)),\"\")","v":"M     "},2.0230000000000001,{"$f":"IFERROR(INDEX(SINAPI!$D:$D,MATCH($B620,SINAPI!$A:$A,0)),0)","v":44.8},90.630399999999995]
[{"$f":"IFERROR(INDEX(SINAPI!$E:$E,MATCH($B621,SINAPI!$A:$A,0)),\"\")","v":"INSUMO"},21015,{"$f":"IFERROR(INDEX(SINAPI!$B:$B,MATCH($B621,SINAPI!$A:$A,0)),\"\")","v":"TUBO ACO GALVANIZADO COM COSTURA, CLASSE LEVE, DN 80 MM ( 3\"),  E = 3,35 MM, *7,32* KG/M (NBR 5580)                                                                                                                                                                                                                                                                                                                                                                                                       "},{"$f":"IFERROR(INDEX(SINAPI!$C:$C,MATCH($B621,SINAPI!$A:$A,0)),\"\")","v":"M     "},1.9550000000000001,{"$f":"IFERROR(INDEX(SINAPI!$D:$D,MATCH($B621,SINAPI!$A:$A,0)),0)","v":151.36000000000001},295.90880000000004]
[{"$f":"IFERROR(INDEX(SINAPI!$E:$E,MATCH($B622,SINAPI!$A:$A,0)),\"\")","v":"COMPOSIÇÃO"},88251,{"$f":"IFERROR(INDEX(SINAPI!$B:$B,MATCH($B622,SINAPI!$A:$A,0)),\"\")","v":"AUXILIAR DE SERRALHEIRO COM ENCARGOS COMPLEMENTARES"},{"$f":"IFERROR(INDEX(SINAPI!$C:$C,MATCH($B622,SINAPI!$A:$A,0)),\"\")","v":"H"},4.5259999999999998,{"$f":"IFERROR(INDEX(SINAPI!$D:$D,MATCH($B622,SINAPI!$A:$A,0)),0)","v":15.72},71.148719999999997]
[{"$f":"IFERROR(INDEX(SINAPI!$E:$E,MATCH($B623,SINAPI!$A:$A,0)),\"\")","v":"COMPOSIÇÃO"},88315,{"$f":"IFERROR(INDEX(SINAPI!$B:$B,MATCH($B623,SINAPI!$A:$A,0)),\"\")","v":"SERRALHEIRO COM ENCARGOS COMPLEMENTARES"},{"$f":"IFERROR(INDEX(SINAPI!$C:$C,MATCH($B623,SINAPI!$A:$A,0)),\"\")","v":"H"},5.51,{"$f":"IFERROR(INDEX(SINAPI!$D:$D,MATCH($B623,SINAPI!$A:$A,0)),0)","v":19.75},108.82249999999999]
[null,null,null,null,null,"TOTAL",{"$f":"SUM(G616:G623)","v":791.42655999999999}]
[]
[]
["CLASSE/TIPO","CÓDIGOS/ SINAPI","DESCRIÇÃO","UND","COEFICIENTE","PREÇO UNITÁRIO","PREÇO TOTAL"]
["COMP-1712 ",null,"CORRIMÃO SIMPLES, DIÂMETRO EXTERNO = 1 1/2\", EM AÇO GALVANIZADO. AF_04/2019_P ","M",null,null,{"$f":"G635","v":138.08277999999999}]
[{"$f":"IFERROR(INDEX(SINAPI!$E:$E,MATCH($B629,SINAPI!$A:$A,0)),\"\")","v":"INSUMO"},7568,{"$f":"IFERROR(INDEX(SINAPI!$B:$B,MATCH($B629,SINAPI!$A:$A,0)),\"\")","v":"BUCHA DE NYLON SEM ABA S10, COM PARAFUSO DE 6,10 X 65 MM EM ACO ZINCADO COM ROSCA SOBERBA, CABECA CHATA E FENDA PHILLIPS                                                                                                                                                                                                                                                                                                                                                                                  "},{"$f":"IFERROR(INDEX(SINAPI!$C:$C,MATCH($B629,SINAPI!$A:$A,0)),\"\")","v":"UN    "},3.2730000000000001,{"$f":"IFERROR(INDEX(SINAPI!$D:$D,MATCH($B629,SINAPI!$A:$A,0)),0)","v":0.92},{"$f":"IFERROR(F629*E629,0)","v":3.0111600000000003}]
[{"$f":"IFERROR(INDEX(SINAPI!$E:$E,MATCH($B630,SINAPI!$A:$A,0)),\"\")","v":"INSUMO"},11002,{"$f":"IFERROR(INDEX(SINAPI!$B:$B,MATCH($B630,SINAPI!$A:$A,0)),\"\")","v":"ELETRODO REVESTIDO AWS - E6013, DIAMETRO IGUAL A 2,50 MM                                                                                                                                                                                                                                                                                                                                                                                                                                                  "},{"$f":"IFERROR(INDEX(SINAPI!$C:$C,MATCH($B630,SINAPI!$A:$A,0)),\"\")","v":"KG    "},4.0000000000000001E-3,{"$f":"IFERROR(INDEX(SINAPI!$D:$D,MATCH($B630,SINAPI!$A:$A,0)),0)","v":23.17},9.2680000000000012E-2]
[{"$f":"IFERROR(INDEX(SINAPI!$E:$E,MATCH($B631,SINAPI!$A:$A,0)),\"\")","v":"INSUMO"},11033,{"$f":"IFERROR(INDEX(SINAPI!$B:$B,MATCH($B631,SINAPI!$A:$A,0)),\"\")","v":"SUPORTE PARA CALHA DE 150 MM EM FERRO GALVANIZADO                                                                                                                                                                                                                                                                                                                                                                                                                                                         "},{"$f":"IFERROR(INDEX(SINAPI!$C:$C,MATCH($B631,SINAPI!$A:$A,0)),\"\")","v":"UN    "},1.091,{"$f":"IFERROR(INDEX(SINAPI!$D:$D,MATCH($B631,SINAPI!$A:$A,0)),0)","v":6.54},7.1351399999999998]
[{"$f":"IFERROR(INDEX(SINAPI!$E:$E,MATCH($B632,SINAPI!$A:$A,0)),\"\")","v":"INSUMO"},21013,{"$f":"IFERROR(INDEX(SINAPI!$B:$B,MATCH($B632,SINAPI!$A:$A,0)),\"\")","v":"TUBO ACO GALVANIZADO COM COSTURA, CLASSE LEVE, DN 50 MM ( 2\"),  E = 3,00 MM,  *4,40* KG/M (NBR 5580)                                                                                                                                                                                                                                                                                                                                                                                                      "},{"$f":"IFERROR(INDEX(SINAPI!$C:$C,MATCH($B632,SINAPI!$A:$A,0)),\"\")","v":"M     "},1.0289999999999999,{"$f":"IFERROR(INDEX(SINAPI!$D:$D,MATCH($B632,SINAPI!$A:$A,0)),0)","v":94.16},96.890639999999991]
[{"$f":"IFERROR(INDEX(SINAPI!$E:$E,MATCH($B633,SINAPI!$A:$A,0)),\"\")","v":"COMPOSIÇÃO"},88251,{"$f":"IFERROR(INDEX(SINAPI!$B:$B,MATCH($B633,SINAPI!$A:$A,0)),\"\")","v":"AUXILIAR DE SERRALHEIRO COM ENCARGOS COMPLEMENTARES"},{"$f":"IFERROR(INDEX(SINAPI!$C:$C,MATCH($B633,SINAPI!$A:$A,0)),\"\")","v":"H"},0.77800000000000002,{"$f":"IFERROR(INDEX(SINAPI!$D:$D,MATCH($B633,SINAPI!$A:$A,0)),0)","v":15.72},12.230160000000001]
[{"$f":"IFERROR(INDEX(SINAPI!$E:$E,MATCH($B634,SINAPI!$A:$A,0)),\"\")","v":"COMPOSIÇÃO"},88315,{"$f":"IFERROR(INDEX(SINAPI!$B:$B,MATCH($B634,SINAPI!$A:$A,0)),\"\")","v":"SERRALHEIRO COM ENCARGOS COMPLEMENTARES"},{"$f":"IFERROR(INDEX(SINAPI!$C:$C,MATCH($B634,SINAPI!$A:$A,0)),\"\")","v":"H"},0.94799999999999995,{"$f":"IFERROR(INDEX(SINAPI!$D:$D,MATCH($B634,SINAPI!$A:$A,0)),0)","v":19.75},18.722999999999999]
[null,null,null,null,null,"TOTAL",{"$f":"SUM(G629:G634)","v":138.08277999999999}]
[]
[]
["CLASSE/TIPO","CÓDIGOS/ SINAPI","DESCRIÇÃO","UND","COEFICIENTE","PREÇO UNITÁRIO","PREÇO TOTAL"]
["COMP-3804 ",null,"CAIXA DE INSPEÇÃO EM ALVENARIA DE TIJOLO MACIÇO 60X60X60CM, REVESTIDA INTERNAMENTO COM BARRA LISA (CIMENTO E AREIA, TRAÇO 1:4) E=2,0CM, COM TAMPA PRÉ-MOLDADA DE CONCRETO E FUNDO DE CONCRETO 15MPA TIPO C - ESCAVAÇÃO E CONFECÇÃO","UN",null,null,{"$f":"G649","v":327.10069999999996}]
[{"$f":"IFERROR(INDEX(SINAPI!$E:$E,MATCH($B640,SINAPI!$A:$A,0)),\"\")","v":"INSUMO"},4718,{"$f":"IFERROR(INDEX(SINAPI!$B:$B,MATCH($B640,SINAPI!$A:$A,0)),\"\")","v":"PEDRA BRITADA N. 2 (19 A 38 MM) POSTO PEDREIRA/FORNECEDOR, SEM FRETE                                                                                                                                                                                                                                                                                                                                                                                                                                      "},{"$f":"IFERROR(INDEX(SINAPI!$C:$C,MATCH($B640,SINAPI!$A:$A,0)),\"\")","v":"M3    "},0.7,{"$f":"IFERROR(INDEX(SINAPI!$D:$D,MATCH($B640,SINAPI!$A:$A,0)),0)","v":79.849999999999994},{"$f":"IFERROR(F640*E640,0)","v":55.894999999999996}]
[{"$f":"IFERROR(INDEX(SINAPI!$E:$E,MATCH($B641,SINAPI!$A:$A,0)),\"\")","v":"INSUMO"},1379,{"$f":"IFERROR(INDEX(SINAPI!$B:$B,MATCH($B641,SINAPI!$A:$A,0)),\"\")","v":"CIMENTO PORTLAND COMPOSTO CP II-32                                                                                                                                                                                                                                                                                                                                                                                                                                                                        "},{"$f":"IFERROR(INDEX(SINAPI!$C:$C,MATCH($B641,SINAPI!$A:$A,0)),\"\")","v":"KG    "},37,{"$f":"IFERROR(INDEX(SINAPI!$D:$D,MATCH($B641,SINAPI!$A:$A,0)),0)","v":0.66},24.42]
[{"$f":"IFERROR(INDEX(SINAPI!$E:$E,MATCH($B642,SINAPI!$A:$A,0)),\"\")","v":"INSUMO"},1106,{"$f":"IFERROR(INDEX(SINAPI!$B:$B,MATCH($B642,SINAPI!$A:$A,0)),\"\")","v":"CAL HIDRATADA CH-I PARA ARGAMASSAS                                                                                                                                                                                                                                                                                                                                                                                                                                                                        "},{"$f":"IFERROR(INDEX(SINAPI!$C:$C,MATCH($B642,SINAPI!$A:$A,0)),\"\")","v":"KG    "},6,{"$f":"IFERROR(INDEX(SINAPI!$D:$D,MATCH($B642,SINAPI!$A:$A,0)),0)","v":0.8},4.8000000000000007]
[{"$f":"IFERROR(INDEX(SINAPI!$E:$E,MATCH($B643,SINAPI!$A:$A,0)),\"\")","v":"INSUMO"},370,{"$f":"IFERROR(INDEX(SINAPI!$B:$B,MATCH($B643,SINAPI!$A:$A,0)),\"\")","v":"AREIA MEDIA - POSTO JAZIDA/FORNECEDOR (RETIRADO NA JAZIDA, SEM TRANSPORTE)                                                                                                                                                                                                                                                                                                                                                                                                                                "},{"$f":"IFERROR(INDEX(SINAPI!$C:$C,MATCH($B643,SINAPI!$A:$A,0)),\"\")","v":"M3    "},0.13,{"$f":"IFERROR(INDEX(SINAPI!$D:$D,MATCH($B643,SINAPI!$A:$A,0)),0)","v":67.09},8.7217000000000002]
[{"$f":"IFERROR(INDEX(SINAPI!$E:$E,MATCH($B644,SINAPI!$A:$A,0)),\"\")","v":"INSUMO"},43059,{"$f":"IFERROR(INDEX(SINAPI!$B:$B,MATCH($B644,SINAPI!$A:$A,0)),\"\")","v":"ACO CA-60, 4,2 MM, OU 5,0 MM, OU 6,0 MM, OU 7,0 MM, VERGALHAO                                                                                                                                                                                                                                                                                                                                                                                                                                             "},{"$f":"IFERROR(INDEX(SINAPI!$C:$C,MATCH($B644,SINAPI!$A:$A,0)),\"\")","v":"KG    "},4.3,{"$f":"IFERROR(INDEX(SINAPI!$D:$D,MATCH($B644,SINAPI!$A:$A,0)),0)","v":12.38},53.234000000000002]
[{"$f":"IFERROR(INDEX(SINAPI!$E:$E,MATCH($B645,SINAPI!$A:$A,0)),\"\")","v":"INSUMO"},367,{"$f":"IFERROR(INDEX(SINAPI!$B:$B,MATCH($B645,SINAPI!$A:$A,0)),\"\")","v":"AREIA GROSSA - POSTO JAZIDA/FORNECEDOR (RETIRADO NA JAZIDA, SEM TRANSPORTE)                                                                                                                                                                                                                                                                                                                                                                                                                               "},{"$f":"IFERROR(INDEX(SINAPI!$C:$C,MATCH($B645,SINAPI!$A:$A,0)),\"\")","v":"M3    "},0.24,{"$f":"IFERROR(INDEX(SINAPI!$D:$D,MATCH($B645,SINAPI!$A:$A,0)),0)","v":78},18.72]
[{"$f":"IFERROR(INDEX(SINAPI!$E:$E,MATCH($B646,SINAPI!$A:$A,0)),\"\")","v":"INSUMO"},7267,{"$f":"IFERROR(INDEX(SINAPI!$B:$B,MATCH($B646,SINAPI!$A:$A,0)),\"\")","v":"BLOCO CERAMICO VAZADO PARA ALVENARIA DE VEDACAO, 6 FUROS, DE 9 X 14 X 19 CM (L X A X C)                                                                                                                                                                                                                                                                                                                                                                                                                   "},{"$f":"IFERROR(INDEX(SINAPI!$C:$C,MATCH($B646,SINAPI!$A:$A,0)),\"\")","v":"UN    "},47,{"$f":"IFERROR(INDEX(SINAPI!$D:$D,MATCH($B646,SINAPI!$A:$A,0)),0)","v":0.83},39.01]
[{"$f":"IFERROR(INDEX(SINAPI!$E:$E,MATCH($B647,SINAPI!$A:$A,0)),\"\")","v":"COMPOSIÇÃO"},88309,{"$f":"IFERROR(INDEX(SINAPI!$B:$B,MATCH($B647,SINAPI!$A:$A,0)),\"\")","v":"PEDREIRO COM ENCARGOS COMPLEMENTARES"},{"$f":"IFERROR(INDEX(SINAPI!$C:$C,MATCH($B647,SINAPI!$A:$A,0)),\"\")","v":"H"},3,{"$f":"IFERROR(INDEX(SINAPI!$D:$D,MATCH($B647,SINAPI!$A:$A,0)),0)","v":19.86},59.58]
[{"$f":"IFERROR(INDEX(SINAPI!$E:$E,MATCH($B648,SINAPI!$A:$A,0)),\"\")","v":"COMPOSIÇÃO"},88242,{"$f":"IFERROR(INDEX(SINAPI!$B:$B,MATCH($B648,SINAPI!$A:$A,0)),\"\")","v":"AJUDANTE DE PEDREIRO COM ENCARGOS COMPLEMENTARES"},{"$f":"IFERROR(INDEX(SINAPI!$C:$C,MATCH($B648,SINAPI!$A:$A,0)),\"\")","v":"H"},4,{"$f":"IFERROR(INDEX(SINAPI!$D:$D,MATCH($B648,SINAPI!$A:$A,0)),0)","v":15.68},62.72]
[null,null,null,null,null,"TOTAL",{"$f":"SUM(G640:G648)","v":327.10069999999996}]
[]
[]
["CLASSE/TIPO","CÓDIGOS/ SINAPI","DESCRIÇÃO","UND","COEFICIENTE","PREÇO UNITÁRIO","PREÇO TOTAL"]
["COMP-2137 ",null,"ELETRODUTO DE PVC RÍGIDO 1/2\" - FORNECIMENTO E INSTALAÇÃO ","M",null,null,{"$f":"G657","v":7.1052}]
[{"$f":"IFERROR(INDEX(SINAPI!$E:$E,MATCH($B654,SINAPI!$A:$A,0)),\"\")","v":"INSUMO"},2673,{"$f":"IFERROR(INDEX(SINAPI!$B:$B,MATCH($B654,SINAPI!$A:$A,0)),\"\")","v":"ELETRODUTO DE PVC RIGIDO ROSCAVEL DE 1/2 \", SEM LUVA                                                                                                                                                                                                                                                                                                                                                                                                                                                      "},{"$f":"IFERROR(INDEX(SINAPI!$C:$C,MATCH($B654,SINAPI!$A:$A,0)),\"\")","v":"M     "},1,{"$f":"IFERROR(INDEX(SINAPI!$D:$D,MATCH($B654,SINAPI!$A:$A,0)),0)","v":2.76},{"$f":"IFERROR(F654*E654,0)","v":2.76}]
[{"$f":"IFERROR(INDEX(SINAPI!$E:$E,MATCH($B655,SINAPI!$A:$A,0)),\"\")","v":"COMPOSIÇÃO"},88247,{"$f":"IFERROR(INDEX(SINAPI!$B:$B,MATCH($B655,SINAPI!$A:$A,0)),\"\")","v":"AUXILIAR DE ELETRICISTA COM ENCARGOS COMPLEMENTARES"},{"$f":"IFERROR(INDEX(SINAPI!$C:$C,MATCH($B655,SINAPI!$A:$A,0)),\"\")","v":"H"},0.12,{"$f":"IFERROR(INDEX(SINAPI!$D:$D,MATCH($B655,SINAPI!$A:$A,0)),0)","v":15.61},1.8731999999999998]
[{"$f":"IFERROR(INDEX(SINAPI!$E:$E,MATCH($B656,SINAPI!$A:$A,0)),\"\")","v":"COMPOSIÇÃO"},88264,{"$f":"IFERROR(INDEX(SINAPI!$B:$B,MATCH($B656,SINAPI!$A:$A,0)),\"\")","v":"ELETRICISTA COM ENCARGOS COMPLEMENTARES"},{"$f":"IFERROR(INDEX(SINAPI!$C:$C,MATCH($B656,SINAPI!$A:$A,0)),\"\")","v":"H"},0.12,{"$f":"IFERROR(INDEX(SINAPI!$D:$D,MATCH($B656,SINAPI!$A:$A,0)),0)","v":20.6},2.472]
[null,null,null,null,null,"TOTAL",{"$f":"SUM(G654:G656)","v":7.1052}]
[]
[]
["CLASSE/TIPO","CÓDIGOS/ SINAPI","DESCRIÇÃO","UND","COEFICIENTE","PREÇO UNITÁRIO","PREÇO TOTAL"]
["COMP-351620",null,"ELETRODUTO DE PVC RIGIDO ROSCAVEL DE 2 1/2 \" - FORNECIMENTO E INSTALAÇÃO","M",null,null,{"$f":"G665","v":22.350999999999999}]
[{"$f":"IFERROR(INDEX(SINAPI!$E:$E,MATCH($B662,SINAPI!$A:$A,0)),\"\")","v":"INSUMO"},2682,{"$f":"IFERROR(INDEX(SINAPI!$B:$B,MATCH($B662,SINAPI!$A:$A,0)),\"\")","v":"ELETRODUTO DE PVC RIGIDO ROSCAVEL DE 2 1/2 \", SEM LUVA                                                                                                                                                                                                                                                                                                                                                                                                                                                    "},{"$f":"IFERROR(INDEX(SINAPI!$C:$C,MATCH($B662,SINAPI!$A:$A,0)),\"\")","v":"M     "},1,{"$f":"IFERROR(INDEX(SINAPI!$D:$D,MATCH($B662,SINAPI!$A:$A,0)),0)","v":18.73},{"$f":"IFERROR(F662*E662,0)","v":18.73}]
[{"$f":"IFERROR(INDEX(SINAPI!$E:$E,MATCH($B663,SINAPI!$A:$A,0)),\"\")","v":"COMPOSIÇÃO"},88264,{"$f":"IFERROR(INDEX(SINAPI!$B:$B,MATCH($B663,SINAPI!$A:$A,0)),\"\")","v":"ELETRICISTA COM ENCARGOS COMPLEMENTARES"},{"$f":"IFERROR(INDEX(SINAPI!$C:$C,MATCH($B663,SINAPI!$A:$A,0)),\"\")","v":"H"},0.1,{"$f":"IFERROR(INDEX(SINAPI!$D:$D,MATCH($B663,SINAPI!$A:$A,0)),0)","v":20.6},2.06]
[{"$f":"IFERROR(INDEX(SINAPI!$E:$E,MATCH($B664,SINAPI!$A:$A,0)),\"\")","v":"COMPOSIÇÃO"},88247,{"$f":"IFERROR(INDEX(SINAPI!$B:$B,MATCH($B664,SINAPI!$A:$A,0)),\"\")","v":"AUXILIAR DE ELETRICISTA COM ENCARGOS COMPLEMENTARES"},{"$f":"IFERROR(INDEX(SINAPI!$C:$C,MATCH($B664,SINAPI!$A:$A,0)),\"\")","v":"H"},0.1,{"$f":"IFERROR(INDEX(SINAPI!$D:$D,MATCH($B664,SINAPI!$A:$A,0)),0)","v":15.61},1.5609999999999999]
[null,null,null,null,null,"TOTAL",{"$f":"SUM(G662:G664)","v":22.350999999999999}]
[]
[]
["CLASSE/TIPO","CÓDIGOS/ SINAPI","DESCRIÇÃO","UND","COEFICIENTE","PREÇO UNITÁRIO","PREÇO TOTAL"]
["COMP-5761 ",null,"DUTO PERFURADO - ELETROCALHA TIPO C, CHAPA DE AÇO (50X50)mm -CHAPA 18 ","M",null,null,{"$f":"G673","v":30.6432}]
["INSUMO","00857/ORSE","ELETROCALHA METÁLICA PERFURADA 50 X 50 X 3000 MM (REF. VALEMAM OU SIMILAR)","UN",0.33300000000000002,59.4,{"$f":"IFERROR(F670*E670,0)","v":19.780200000000001}]
[{"$f":"IFERROR(INDEX(SINAPI!$E:$E,MATCH($B671,SINAPI!$A:$A,0)),\"\")","v":"COMPOSIÇÃO"},88247,{"$f":"IFERROR(INDEX(SINAPI!$B:$B,MATCH($B671,SINAPI!$A:$A,0)),\"\")","v":"AUXILIAR DE ELETRICISTA COM ENCARGOS COMPLEMENTARES"},{"$f":"IFERROR(INDEX(SINAPI!$C:$C,MATCH($B671,SINAPI!$A:$A,0)),\"\")","v":"H"},0.3,{"$f":"IFERROR(INDEX(SINAPI!$D:$D,MATCH($B671,SINAPI!$A:$A,0)),0)","v":15.61},4.6829999999999998]
[{"$f":"IFERROR(INDEX(SINAPI!$E:$E,MATCH($B672,SINAPI!$A:$A,0)),\"\")","v":"COMPOSIÇÃO"},88264,{"$f":"IFERROR(INDEX(SINAPI!$B:$B,MATCH($B672,SINAPI!$A:$A,0)),\"\")","v":"ELETRICISTA COM ENCARGOS COMPLEMENTARES"},{"$f":"IFERROR(INDEX(SINAPI!$C:$C,MATCH($B672,SINAPI!$A:$A,0)),\"\")","v":"H"},0.3,{"$f":"IFERROR(INDEX(SINAPI!$D:$D,MATCH($B672,SINAPI!$A:$A,0)),0)","v":20.6},6.1800000000000006]
[null,null,null,null,null,"TOTAL",{"$f":"SUM(G670:G672)","v":30.6432}]
[]
[]
["CLASSE/TIPO","CÓDIGOS/ SINAPI","DESCRIÇÃO","UND","COEFICIENTE","PREÇO UNITÁRIO","PREÇO TOTAL"]
["COMP-5487 ",null,"TALA PLANA PERFURADA 50MM ","UND",null,null,{"$f":"G681","v":4.8109999999999999}]
["INSUMO","09705/ORSE","TALA PLANA PERFURADA 50MM","UN",1,1.19,{"$f":"IFERROR(F678*E678,0)","v":1.19}]
[{"$f":"IFERROR(INDEX(SINAPI!$E:$E,MATCH($B679,SINAPI!$A:$A,0)),\"\")","v":"COMPOSIÇÃO"},88247,{"$f":"IFERROR(INDEX(SINAPI!$B:$B,MATCH($B679,SINAPI!$A:$A,0)),\"\")","v":"AUXILIAR DE ELETRICISTA COM ENCARGOS COMPLEMENTARES"},{"$f":"IFERROR(INDEX(SINAPI!$C:$C,MATCH($B679,SINAPI!$A:$A,0)),\"\")","v":"H"},0.1,{"$f":"IFERROR(INDEX(SINAPI!$D:$D,MATCH($B679,SINAPI!$A:$A,0)),0)","v":15.61},1.5609999999999999]
[{"$f":"IFERROR(INDEX(SINAPI!$E:$E,MATCH($B680,SINAPI!$A:$A,0)),\"\")","v":"COMPOSIÇÃO"},88264,{"$f":"IFERROR(INDEX(SINAPI!$B:$B,MATCH($B680,SINAPI!$A:$A,0)),\"\")","v":"ELETRICISTA COM ENCARGOS COMPLEMENTARES"},{"$f":"IFERROR(INDEX(SINAPI!$C:$C,MATCH($B680,SINAPI!$A:$A,0)),\"\")","v":"H"},0.1,{"$f":"IFERROR(INDEX(SINAPI!$D:$D,MATCH($B680,SINAPI!$A:$A,0)),0)","v":20.6},2.06]
[null,null,null,null,null,"TOTAL",{"$f":"SUM(G678:G680)","v":4.8109999999999999}]
[]
[]
["CLASSE/TIPO","CÓDIGOS/ SINAPI","DESCRIÇÃO","UND","COEFICIENTE","PREÇO UNITÁRIO","PREÇO TOTAL"]
["COMP-9222 ",null,"TAMPA PARA T HORIZONTAL 90° 50MM - CHAPA 18 ","UND",null,null,{"$f":"G689","v":37.221000000000004}]
["INSUMO","03989/ORSE","Tampa de encaixe 50 mm para eletrocalha metálica (ref.: mopa ou similar)","UN",1,33.6,{"$f":"IFERROR(F686*E686,0)","v":33.6}]
[{"$f":"IFERROR(INDEX(SINAPI!$E:$E,MATCH($B687,SINAPI!$A:$A,0)),\"\")","v":"COMPOSIÇÃO"},88247,{"$f":"IFERROR(INDEX(SINAPI!$B:$B,MATCH($B687,SINAPI!$A:$A,0)),\"\")","v":"AUXILIAR DE ELETRICISTA COM ENCARGOS COMPLEMENTARES"},{"$f":"IFERROR(INDEX(SINAPI!$C:$C,MATCH($B687,SINAPI!$A:$A,0)),\"\")","v":"H"},0.1,{"$f":"IFERROR(INDEX(SINAPI!$D:$D,MATCH($B687,SINAPI!$A:$A,0)),0)","v":15.61},1.5609999999999999]
[{"$f":"IFERROR(INDEX(SINAPI!$E:$E,MATCH($B688,SINAPI!$A:$A,0)),\"\")","v":"COMPOSIÇÃO"},88264,{"$f":"IFERROR(INDEX(SINAPI!$B:$B,MATCH($B688,SINAPI!$A:$A,0)),\"\")","v":"ELETRICISTA COM ENCARGOS COMPLEMENTARES"},{"$f":"IFERROR(INDEX(SINAPI!$C:$C,MATCH($B688,SINAPI!$A:$A,0)),\"\")","v":"H"},0.1,{"$f":"IFERROR(INDEX(SINAPI!$D:$D,MATCH($B688,SINAPI!$A:$A,0)),0)","v":20.6},2.06]
[null,null,null,null,null,"TOTAL",{"$f":"SUM(G686:G688)","v":37.221000000000004}]
[]
[]
["CLASSE/TIPO","CÓDIGOS/ SINAPI","DESCRIÇÃO","UND","COEFICIENTE","PREÇO UNITÁRIO","PREÇO TOTAL"]
["COMP-8181 ",null,"SAÍDA HORIZONTAL PARA ELETRODUTO 1\" ","UND",null,null,{"$f":"G697","v":7.8209999999999997}]
["INSUMO","02001/ORSE","SAÍDA HORIZONTAL PARA ELETRODUTO 1\" (REF. VL 33 VALEMAM OU SIMILAR)","UN",1,4.2,{"$f":"IFERROR(F694*E694,0)","v":4.2}]
[{"$f":"IFERROR(INDEX(SINAPI!$E:$E,MATCH($B695,SINAPI!$A:$A,0)),\"\")","v":"COMPOSIÇÃO"},88247,{"$f":"IFERROR(INDEX(SINAPI!$B:$B,MATCH($B695,SINAPI!$A:$A,0)),\"\")","v":"AUXILIAR DE ELETRICISTA COM ENCARGOS COMPLEMENTARES"},{"$f":"IFERROR(INDEX(SINAPI!$C:$C,MATCH($B695,SINAPI!$A:$A,0)),\"\")","v":"H"},0.1,{"$f":"IFERROR(INDEX(SINAPI!$D:$D,MATCH($B695,SINAPI!$A:$A,0)),0)","v":15.61},1.5609999999999999]
[{"$f":"IFERROR(INDEX(SINAPI!$E:$E,MATCH($B696,SINAPI!$A:$A,0)),\"\")","v":"COMPOSIÇÃO"},88264,{"$f":"IFERROR(INDEX(SINAPI!$B:$B,MATCH($B696,SINAPI!$A:$A,0)),\"\")","v":"ELETRICISTA COM ENCARGOS COMPLEMENTARES"},{"$f":"IFERROR(INDEX(SINAPI!$C:$C,MATCH($B696,SINAPI!$A:$A,0)),\"\")","v":"H"},0.1,{"$f":"IFERROR(INDEX(SINAPI!$D:$D,MATCH($B696,SINAPI!$A:$A,0)),0)","v":20.6},2.06]
[null,null,null,null,null,"TOTAL",{"$f":"SUM(G694:G696)","v":7.8209999999999997}]
[]
[]
["CLASSE/TIPO","CÓDIGOS/ SINAPI","DESCRIÇÃO","UND","COEFICIENTE","PREÇO UNITÁRIO","PREÇO TOTAL"]
["COMP-3781 ",null,"SAÍDA DUPLA HORIZONTAL PARA ELETRODUTO 1\" ","UND",null,null,{"$f":"G705","v":7.8209999999999997}]
["INSUMO","02001/ORSE","SAÍDA HORIZONTAL PARA ELETRODUTO 1\" (REF. VL 33 VALEMAM OU SIMILAR)","UN",1,4.2,{"$f":"IFERROR(F702*E702,0)","v":4.2}]
[{"$f":"IFERROR(INDEX(SINAPI!$E:$E,MATCH($B703,SINAPI!$A:$A,0)),\"\")","v":"COMPOSIÇÃO"},88247,{"$f":"IFERROR(INDEX(SINAPI!$B:$B,MATCH($B703,SINAPI!$A:$A,0)),\"\")","v":"AUXILIAR DE ELETRICISTA COM ENCARGOS COMPLEMENTARES"},{"$f":"IFERROR(INDEX(SINAPI!$C:$C,MATCH($B703,SINAPI!$A:$A,0)),\"\")","v":"H"},0.1,{"$f":"IFERROR(INDEX(SINAPI!$D:$D,MATCH($B703,SINAPI!$A:$A,0)),0)","v":15.61},1.5609999999999999]
[{"$f":"IFERROR(INDEX(SINAPI!$E:$E,MATCH($B704,SINAPI!$A:$A,0)),\"\")","v":"COMPOSIÇÃO"},88264,{"$f":"IFERROR(INDEX(SINAPI!$B:$B,MATCH($B704,SINAPI!$A:$A,0)),\"\")","v":"ELETRICISTA COM ENCARGOS COMPLEMENTARES"},{"$f":"IFERROR(INDEX(SINAPI!$C:$C,MATCH($B704,SINAPI!$A:$A,0)),\"\")","v":"H"},0.1,{"$f":"IFERROR(INDEX(SINAPI!$D:$D,MATCH($B704,SINAPI!$A:$A,0)),0)","v":20.6},2.06]
[null,null,null,null,null,"TOTAL",{"$f":"SUM(G702:G704)","v":7.8209999999999997}]
[]
[]
["CLASSE/TIPO","CÓDIGOS/ SINAPI","DESCRIÇÃO","UND","COEFICIENTE","PREÇO UNITÁRIO","PREÇO TOTAL"]
["COMP-7162 ",null,"DUTO PERFURADO - ELETROCALHA TIPO U, CHAPA DE AÇO (50 X 50)mm - CHAPA 18 ","M",null,null,{"$f":"G713","v":26.999300000000002}]
["INSUMO","I1049/SEINFRA","DUTO PERFURADO-ELETROCALHA CHAPA DE AÇO (50X50)MM","M",1,15.05,{"$f":"IFERROR(F710*E710,0)","v":15.05}]
[{"$f":"IFERROR(INDEX(SINAPI!$E:$E,MATCH($B711,SINAPI!$A:$A,0)),\"\")","v":"COMPOSIÇÃO"},88247,{"$f":"IFERROR(INDEX(SINAPI!$B:$B,MATCH($B711,SINAPI!$A:$A,0)),\"\")","v":"AUXILIAR DE ELETRICISTA COM ENCARGOS COMPLEMENTARES"},{"$f":"IFERROR(INDEX(SINAPI!$C:$C,MATCH($B711,SINAPI!$A:$A,0)),\"\")","v":"H"},0.33,{"$f":"IFERROR(INDEX(SINAPI!$D:$D,MATCH($B711,SINAPI!$A:$A,0)),0)","v":15.61},5.1513]
[{"$f":"IFERROR(INDEX(SINAPI!$E:$E,MATCH($B712,SINAPI!$A:$A,0)),\"\")","v":"COMPOSIÇÃO"},88264,{"$f":"IFERROR(INDEX(SINAPI!$B:$B,MATCH($B712,SINAPI!$A:$A,0)),\"\")","v":"ELETRICISTA COM ENCARGOS COMPLEMENTARES"},{"$f":"IFERROR(INDEX(SINAPI!$C:$C,MATCH($B712,SINAPI!$A:$A,0)),\"\")","v":"H"},0.33,{"$f":"IFERROR(INDEX(SINAPI!$D:$D,MATCH($B712,SINAPI!$A:$A,0)),0)","v":20.6},6.7980000000000009]
[null,null,null,null,null,"TOTAL",{"$f":"SUM(G710:G712)","v":26.999300000000002}]
[]
[]
["CLASSE/TIPO","CÓDIGOS/ SINAPI","DESCRIÇÃO","UND","COEFICIENTE","PREÇO UNITÁRIO","PREÇO TOTAL"]
["COMP-2781 ",null,"SUPORTE VERTICAL 81X70MM ","UND",null,null,{"$f":"G721","v":9.3209999999999997}]
["INSUMO","03637/ORSE","SUPORTE VERTICAL 100 X 50 MM PARA FIXAÇÃO DE ELETROCALHA METÁLICA ( REF.: MOPA OU SIMILAR)","UN",1,5.7,{"$f":"IFERROR(F718*E718,0)","v":5.7}]
[{"$f":"IFERROR(INDEX(SINAPI!$E:$E,MATCH($B719,SINAPI!$A:$A,0)),\"\")","v":"COMPOSIÇÃO"},88247,{"$f":"IFERROR(INDEX(SINAPI!$B:$B,MATCH($B719,SINAPI!$A:$A,0)),\"\")","v":"AUXILIAR DE ELETRICISTA COM ENCARGOS COMPLEMENTARES"},{"$f":"IFERROR(INDEX(SINAPI!$C:$C,MATCH($B719,SINAPI!$A:$A,0)),\"\")","v":"H"},0.1,{"$f":"IFERROR(INDEX(SINAPI!$D:$D,MATCH($B719,SINAPI!$A:$A,0)),0)","v":15.61},1.5609999999999999]
[{"$f":"IFERROR(INDEX(SINAPI!$E:$E,MATCH($B720,SINAPI!$A:$A,0)),\"\")","v":"COMPOSIÇÃO"},88264,{"$f":"IFERROR(INDEX(SINAPI!$B:$B,MATCH($B720,SINAPI!$A:$A,0)),\"\")","v":"ELETRICISTA COM ENCARGOS COMPLEMENTARES"},{"$f":"IFERROR(INDEX(SINAPI!$C:$C,MATCH($B720,SINAPI!$A:$A,0)),\"\")","v":"H"},0.1,{"$f":"IFERROR(INDEX(SINAPI!$D:$D,MATCH($B720,SINAPI!$A:$A,0)),0)","v":20.6},2.06]
[null,null,null,null,null,"TOTAL",{"$f":"SUM(G718:G720)","v":9.3209999999999997}]
[]
[]
["CLASSE/TIPO","CÓDIGOS/ SINAPI","DESCRIÇÃO","UND","COEFICIENTE","PREÇO UNITÁRIO","PREÇO TOTAL"]
["COMP-8607 ",null,"T HORIZONTAL 90° 50X50MM - CHAPA 18 ","M",null,null,{"$f":"G729","v":26.270999999999997}]
[{"$f":"IFERROR(INDEX(SINAPI!$E:$E,MATCH($B726,SINAPI!$A:$A,0)),\"\")","v":"COMPOSIÇÃO"},88247,{"$f":"IFERROR(INDEX(SINAPI!$B:$B,MATCH($B726,SINAPI!$A:$A,0)),\"\")","v":"AUXILIAR DE ELETRICISTA COM ENCARGOS COMPLEMENTARES"},{"$f":"IFERROR(INDEX(SINAPI!$C:$C,MATCH($B726,SINAPI!$A:$A,0)),\"\")","v":"H"},0.1,{"$f":"IFERROR(INDEX(SINAPI!$D:$D,MATCH($B726,SINAPI!$A:$A,0)),0)","v":15.61},{"$f":"IFERROR(F726*E726,0)","v":1.5609999999999999}]
[{"$f":"IFERROR(INDEX(SINAPI!$E:$E,MATCH($B727,SINAPI!$A:$A,0)),\"\")","v":"COMPOSIÇÃO"},88264,{"$f":"IFERROR(INDEX(SINAPI!$B:$B,MATCH($B727,SINAPI!$A:$A,0)),\"\")","v":"ELETRICISTA COM ENCARGOS COMPLEMENTARES"},{"$f":"IFERROR(INDEX(SINAPI!$C:$C,MATCH($B727,SINAPI!$A:$A,0)),\"\")","v":"H"},0.1,{"$f":"IFERROR(INDEX(SINAPI!$D:$D,MATCH($B727,SINAPI!$A:$A,0)),0)","v":20.6},2.06]
["INSUMO","06611/ORSE","TÊ HORIZONTAL 50 X 50 MM PARA ELETROCALHA METÁLICA (REF. MOPA OU SIMILAR)","UN",1,22.65,22.65]
[null,null,null,null,null,"TOTAL",{"$f":"SUM(G726:G728)","v":26.270999999999997}]
[]
[]
["CLASSE/TIPO","CÓDIGOS/ SINAPI","DESCRIÇÃO","UND","COEFICIENTE","PREÇO UNITÁRIO","PREÇO TOTAL"]
["COMP-5784 ",null,"LUMINÁRIA LED COMPLETA (2 X 40)W ","UN",null,null,{"$f":"G738","v":54.637263000000004}]
[{"$f":"IFERROR(INDEX(SINAPI!$E:$E,MATCH($B734,SINAPI!$A:$A,0)),\"\")","v":"INSUMO"},12239,{"$f":"IFERROR(INDEX(SINAPI!$B:$B,MATCH($B734,SINAPI!$A:$A,0)),\"\")","v":"LUMINARIA DE SOBREPOR EM CHAPA DE ACO PARA 2 LAMPADAS FLUORESCENTES DE *36* W, PERFIL COMERCIAL (NAO INCLUI REATOR E LAMPADAS)                                                                                                                                                                                                                                                                                                                                                                            "},{"$f":"IFERROR(INDEX(SINAPI!$C:$C,MATCH($B734,SINAPI!$A:$A,0)),\"\")","v":"UN    "},1,{"$f":"IFERROR(INDEX(SINAPI!$D:$D,MATCH($B734,SINAPI!$A:$A,0)),0)","v":39.24},{"$f":"IFERROR(F734*E734,0)","v":39.24}]
[{"$f":"IFERROR(INDEX(SINAPI!$E:$E,MATCH($B735,SINAPI!$A:$A,0)),\"\")","v":"INSUMO"},39387,{"$f":"IFERROR(INDEX(SINAPI!$B:$B,MATCH($B735,SINAPI!$A:$A,0)),\"\")","v":"LAMPADA LED TUBULAR BIVOLT 18/20 W, BASE G13                                                                                                                                                                                                                                                                                                                                                                                                                                                              "},{"$f":"IFERROR(INDEX(SINAPI!$C:$C,MATCH($B735,SINAPI!$A:$A,0)),\"\")","v":"UN    "},0.1963,{"$f":"IFERROR(INDEX(SINAPI!$D:$D,MATCH($B735,SINAPI!$A:$A,0)),0)","v":13.4},2.63042]
[{"$f":"IFERROR(INDEX(SINAPI!$E:$E,MATCH($B736,SINAPI!$A:$A,0)),\"\")","v":"COMPOSIÇÃO"},88247,{"$f":"IFERROR(INDEX(SINAPI!$B:$B,MATCH($B736,SINAPI!$A:$A,0)),\"\")","v":"AUXILIAR DE ELETRICISTA COM ENCARGOS COMPLEMENTARES"},{"$f":"IFERROR(INDEX(SINAPI!$C:$C,MATCH($B736,SINAPI!$A:$A,0)),\"\")","v":"H"},0.1963,{"$f":"IFERROR(INDEX(SINAPI!$D:$D,MATCH($B736,SINAPI!$A:$A,0)),0)","v":15.61},3.0642429999999998]
[{"$f":"IFERROR(INDEX(SINAPI!$E:$E,MATCH($B737,SINAPI!$A:$A,0)),\"\")","v":"COMPOSIÇÃO"},88264,{"$f":"IFERROR(INDEX(SINAPI!$B:$B,MATCH($B737,SINAPI!$A:$A,0)),\"\")","v":"ELETRICISTA COM ENCARGOS COMPLEMENTARES"},{"$f":"IFERROR(INDEX(SINAPI!$C:$C,MATCH($B737,SINAPI!$A:$A,0)),\"\")","v":"H"},0.47099999999999997,{"$f":"IFERROR(INDEX(SINAPI!$D:$D,MATCH($B737,SINAPI!$A:$A,0)),0)","v":20.6},9.7026000000000003]
[null,null,null,null,null,"TOTAL",{"$f":"SUM(G734:G737)","v":54.637263000000004}]
[]
[]
["CLASSE/TIPO","CÓDIGOS/ SINAPI","DESCRIÇÃO","UND","COEFICIENTE","PREÇO UNITÁRIO","PREÇO TOTAL"]
["COMP-8548 ",null,"LUMINÁRIA LED COMPLETA (2 X 20)W ","UN",null,null,{"$f":"G747","v":44.570284999999998}]
[{"$f":"IFERROR(INDEX(SINAPI!$E:$E,MATCH($B743,SINAPI!$A:$A,0)),\"\")","v":"INSUMO"},12232,{"$f":"IFERROR(INDEX(SINAPI!$B:$B,MATCH($B743,SINAPI!$A:$A,0)),\"\")","v":"LUMINARIA DE SOBREPOR EM CHAPA DE ACO PARA 2 LAMPADAS FLUORESCENTES DE *18* W, PERFIL COMERCIAL (NAO INCLUI REATOR E LAMPADAS)                                                                                                                                                                                                                                                                                                                                                                            "},{"$f":"IFERROR(INDEX(SINAPI!$C:$C,MATCH($B743,SINAPI!$A:$A,0)),\"\")","v":"UN    "},1,{"$f":"IFERROR(INDEX(SINAPI!$D:$D,MATCH($B743,SINAPI!$A:$A,0)),0)","v":29.97},{"$f":"IFERROR(F743*E743,0)","v":29.97}]
[{"$f":"IFERROR(INDEX(SINAPI!$E:$E,MATCH($B744,SINAPI!$A:$A,0)),\"\")","v":"INSUMO"},39386,{"$f":"IFERROR(INDEX(SINAPI!$B:$B,MATCH($B744,SINAPI!$A:$A,0)),\"\")","v":"LAMPADA LED TUBULAR BIVOLT 9/10 W, BASE G13                                                                                                                                                                                                                                                                                                                                                                                                                                                               "},{"$f":"IFERROR(INDEX(SINAPI!$C:$C,MATCH($B744,SINAPI!$A:$A,0)),\"\")","v":"UN    "},0.1963,{"$f":"IFERROR(INDEX(SINAPI!$D:$D,MATCH($B744,SINAPI!$A:$A,0)),0)","v":9.34},1.833442]
[{"$f":"IFERROR(INDEX(SINAPI!$E:$E,MATCH($B745,SINAPI!$A:$A,0)),\"\")","v":"COMPOSIÇÃO"},88247,{"$f":"IFERROR(INDEX(SINAPI!$B:$B,MATCH($B745,SINAPI!$A:$A,0)),\"\")","v":"AUXILIAR DE ELETRICISTA COM ENCARGOS COMPLEMENTARES"},{"$f":"IFERROR(INDEX(SINAPI!$C:$C,MATCH($B745,SINAPI!$A:$A,0)),\"\")","v":"H"},0.1963,{"$f":"IFERROR(INDEX(SINAPI!$D:$D,MATCH($B745,SINAPI!$A:$A,0)),0)","v":15.61},3.0642429999999998]
[{"$f":"IFERROR(INDEX(SINAPI!$E:$E,MATCH($B746,SINAPI!$A:$A,0)),\"\")","v":"COMPOSIÇÃO"},88264,{"$f":"IFERROR(INDEX(SINAPI!$B:$B,MATCH($B746,SINAPI!$A:$A,0)),\"\")","v":"ELETRICISTA COM ENCARGOS COMPLEMENTARES"},{"$f":"IFERROR(INDEX(SINAPI!$C:$C,MATCH($B746,SINAPI!$A:$A,0)),\"\")","v":"H"},0.47099999999999997,{"$f":"IFERROR(INDEX(SINAPI!$D:$D,MATCH($B746,SINAPI!$A:$A,0)),0)","v":20.6},9.7026000000000003]
[null,null,null,null,null,"TOTAL",{"$f":"SUM(G743:G746)","v":44.570284999999998}]
[]
[]
["CLASSE/TIPO","CÓDIGOS/ SINAPI","DESCRIÇÃO","UND","COEFICIENTE","PREÇO UNITÁRIO","PREÇO TOTAL"]
["COMP-4985 ",null,"DISJUNTOR BIPOLAR TERMOMAGNETICO (380/220V) TIPO DIN (CURVA C) 10A - 4,5 Ka, FORNECIMENTO E INSTALACAO ","UN",null,null,{"$f":"G756","v":79.177279999999996}]
[{"$f":"IFERROR(INDEX(SINAPI!$E:$E,MATCH($B752,SINAPI!$A:$A,0)),\"\")","v":"INSUMO"},1575,{"$f":"IFERROR(INDEX(SINAPI!$B:$B,MATCH($B752,SINAPI!$A:$A,0)),\"\")","v":"TERMINAL A COMPRESSAO EM COBRE ESTANHADO PARA CABO 16 MM2, 1 FURO E 1 COMPRESSAO, PARA PARAFUSO DE FIXACAO M6                                                                                                                                                                                                                                                                                                                                                                                             "},{"$f":"IFERROR(INDEX(SINAPI!$C:$C,MATCH($B752,SINAPI!$A:$A,0)),\"\")","v":"UN    "},3,{"$f":"IFERROR(INDEX(SINAPI!$D:$D,MATCH($B752,SINAPI!$A:$A,0)),0)","v":1.54},{"$f":"IFERROR(F752*E752,0)","v":4.62}]
[{"$f":"IFERROR(INDEX(SINAPI!$E:$E,MATCH($B753,SINAPI!$A:$A,0)),\"\")","v":"INSUMO"},34616,{"$f":"IFERROR(INDEX(SINAPI!$B:$B,MATCH($B753,SINAPI!$A:$A,0)),\"\")","v":"DISJUNTOR TIPO DIN/IEC, BIPOLAR DE 6 ATE 32A                                                                                                                                                                                                                                                                                                                                                                                                                                                              "},{"$f":"IFERROR(INDEX(SINAPI!$C:$C,MATCH($B753,SINAPI!$A:$A,0)),\"\")","v":"UN    "},1,{"$f":"IFERROR(INDEX(SINAPI!$D:$D,MATCH($B753,SINAPI!$A:$A,0)),0)","v":53.99},53.99]
[{"$f":"IFERROR(INDEX(SINAPI!$E:$E,MATCH($B754,SINAPI!$A:$A,0)),\"\")","v":"COMPOSIÇÃO"},88247,{"$f":"IFERROR(INDEX(SINAPI!$B:$B,MATCH($B754,SINAPI!$A:$A,0)),\"\")","v":"AUXILIAR DE ELETRICISTA COM ENCARGOS COMPLEMENTARES"},{"$f":"IFERROR(INDEX(SINAPI!$C:$C,MATCH($B754,SINAPI!$A:$A,0)),\"\")","v":"H"},0.56799999999999995,{"$f":"IFERROR(INDEX(SINAPI!$D:$D,MATCH($B754,SINAPI!$A:$A,0)),0)","v":15.61},8.8664799999999993]
[{"$f":"IFERROR(INDEX(SINAPI!$E:$E,MATCH($B755,SINAPI!$A:$A,0)),\"\")","v":"COMPOSIÇÃO"},88264,{"$f":"IFERROR(INDEX(SINAPI!$B:$B,MATCH($B755,SINAPI!$A:$A,0)),\"\")","v":"ELETRICISTA COM ENCARGOS COMPLEMENTARES"},{"$f":"IFERROR(INDEX(SINAPI!$C:$C,MATCH($B755,SINAPI!$A:$A,0)),\"\")","v":"H"},0.56799999999999995,{"$f":"IFERROR(INDEX(SINAPI!$D:$D,MATCH($B755,SINAPI!$A:$A,0)),0)","v":20.6},11.700799999999999]
[null,null,null,null,null,"TOTAL",{"$f":"SUM(G752:G755)","v":79.177279999999996}]
[]
[]
["CLASSE/TIPO","CÓDIGOS/ SINAPI","DESCRIÇÃO","UND","COEFICIENTE","PREÇO UNITÁRIO","PREÇO TOTAL"]
["COMP-3166 ",null,"DISJUNTOR BIPOLAR TERMOMAGNETICO (380/220V) TIPO DIN (CURVA C) 16A - 4,5 Ka, FORNECIMENTO E INSTALACAO ","UN",null,null,{"$f":"G765","v":80.738280000000003}]
[{"$f":"IFERROR(INDEX(SINAPI!$E:$E,MATCH($B761,SINAPI!$A:$A,0)),\"\")","v":"INSUMO"},1575,{"$f":"IFERROR(INDEX(SINAPI!$B:$B,MATCH($B761,SINAPI!$A:$A,0)),\"\")","v":"TERMINAL A COMPRESSAO EM COBRE ESTANHADO PARA CABO 16 MM2, 1 FURO E 1 COMPRESSAO, PARA PARAFUSO DE FIXACAO M6                                                                                                                                                                                                                                                                                                                                                                                             "},{"$f":"IFERROR(INDEX(SINAPI!$C:$C,MATCH($B761,SINAPI!$A:$A,0)),\"\")","v":"UN    "},3,{"$f":"IFERROR(INDEX(SINAPI!$D:$D,MATCH($B761,SINAPI!$A:$A,0)),0)","v":1.54},{"$f":"IFERROR(F761*E761,0)","v":4.62}]
[{"$f":"IFERROR(INDEX(SINAPI!$E:$E,MATCH($B762,SINAPI!$A:$A,0)),\"\")","v":"INSUMO"},34616,{"$f":"IFERROR(INDEX(SINAPI!$B:$B,MATCH($B762,SINAPI!$A:$A,0)),\"\")","v":"DISJUNTOR TIPO DIN/IEC, BIPOLAR DE 6 ATE 32A                                                                                                                                                                                                                                                                                                                                                                                                                                                              "},{"$f":"IFERROR(INDEX(SINAPI!$C:$C,MATCH($B762,SINAPI!$A:$A,0)),\"\")","v":"UN    "},1,{"$f":"IFERROR(INDEX(SINAPI!$D:$D,MATCH($B762,SINAPI!$A:$A,0)),0)","v":53.99},53.99]
[{"$f":"IFERROR(INDEX(SINAPI!$E:$E,MATCH($B763,SINAPI!$A:$A,0)),\"\")","v":"COMPOSIÇÃO"},88247,{"$f":"IFERROR(INDEX(SINAPI!$B:$B,MATCH($B763,SINAPI!$A:$A,0)),\"\")","v":"AUXILIAR DE ELETRICISTA COM ENCARGOS COMPLEMENTARES"},{"$f":"IFERROR(INDEX(SINAPI!$C:$C,MATCH($B763,SINAPI!$A:$A,0)),\"\")","v":"H"},0.66800000000000004,{"$f":"IFERROR(INDEX(SINAPI!$D:$D,MATCH($B763,SINAPI!$A:$A,0)),0)","v":15.61},10.427480000000001]
[{"$f":"IFERROR(INDEX(SINAPI!$E:$E,MATCH($B764,SINAPI!$A:$A,0)),\"\")","v":"COMPOSIÇÃO"},88264,{"$f":"IFERROR(INDEX(SINAPI!$B:$B,MATCH($B764,SINAPI!$A:$A,0)),\"\")","v":"ELETRICISTA COM ENCARGOS COMPLEMENTARES"},{"$f":"IFERROR(INDEX(SINAPI!$C:$C,MATCH($B764,SINAPI!$A:$A,0)),\"\")","v":"H"},0.56799999999999995,{"$f":"IFERROR(INDEX(SINAPI!$D:$D,MATCH($B764,SINAPI!$A:$A,0)),0)","v":20.6},11.700799999999999]
[null,null,null,null,null,"TOTAL",{"$f":"SUM(G761:G764)","v":80.738280000000003}]
[]
[]
["CLASSE/TIPO","CÓDIGOS/ SINAPI","DESCRIÇÃO","UND","COEFICIENTE","PREÇO UNITÁRIO","PREÇO TOTAL"]
["COMP-0456 ",null,"DISJUNTOR BIPOLAR TERMOMAGNETICO (380/220V) TIPO DIN (CURVA C) 20A - 4,5 Ka, FORNECIMENTO E INSTALACAO ","UN",null,null,{"$f":"G774","v":107.81828000000002}]
[{"$f":"IFERROR(INDEX(SINAPI!$E:$E,MATCH($B770,SINAPI!$A:$A,0)),\"\")","v":"INSUMO"},1575,{"$f":"IFERROR(INDEX(SINAPI!$B:$B,MATCH($B770,SINAPI!$A:$A,0)),\"\")","v":"TERMINAL A COMPRESSAO EM COBRE ESTANHADO PARA CABO 16 MM2, 1 FURO E 1 COMPRESSAO, PARA PARAFUSO DE FIXACAO M6                                                                                                                                                                                                                                                                                                                                                                                             "},{"$f":"IFERROR(INDEX(SINAPI!$C:$C,MATCH($B770,SINAPI!$A:$A,0)),\"\")","v":"UN    "},3,{"$f":"IFERROR(INDEX(SINAPI!$D:$D,MATCH($B770,SINAPI!$A:$A,0)),0)","v":1.54},{"$f":"IFERROR(F770*E770,0)","v":4.62}]
[{"$f":"IFERROR(INDEX(SINAPI!$E:$E,MATCH($B771,SINAPI!$A:$A,0)),\"\")","v":"INSUMO"},34714,{"$f":"IFERROR(INDEX(SINAPI!$B:$B,MATCH($B771,SINAPI!$A:$A,0)),\"\")","v":"DISJUNTOR TIPO DIN/IEC, TRIPOLAR 63 A                                                                                                                                                                                                                                                                                                                                                                                                                                                                     "},{"$f":"IFERROR(INDEX(SINAPI!$C:$C,MATCH($B771,SINAPI!$A:$A,0)),\"\")","v":"UN    "},1,{"$f":"IFERROR(INDEX(SINAPI!$D:$D,MATCH($B771,SINAPI!$A:$A,0)),0)","v":79.010000000000005},79.010000000000005]
[{"$f":"IFERROR(INDEX(SINAPI!$E:$E,MATCH($B772,SINAPI!$A:$A,0)),\"\")","v":"COMPOSIÇÃO"},88247,{"$f":"IFERROR(INDEX(SINAPI!$B:$B,MATCH($B772,SINAPI!$A:$A,0)),\"\")","v":"AUXILIAR DE ELETRICISTA COM ENCARGOS COMPLEMENTARES"},{"$f":"IFERROR(INDEX(SINAPI!$C:$C,MATCH($B772,SINAPI!$A:$A,0)),\"\")","v":"H"},0.66800000000000004,{"$f":"IFERROR(INDEX(SINAPI!$D:$D,MATCH($B772,SINAPI!$A:$A,0)),0)","v":15.61},10.427480000000001]
[{"$f":"IFERROR(INDEX(SINAPI!$E:$E,MATCH($B773,SINAPI!$A:$A,0)),\"\")","v":"COMPOSIÇÃO"},88264,{"$f":"IFERROR(INDEX(SINAPI!$B:$B,MATCH($B773,SINAPI!$A:$A,0)),\"\")","v":"ELETRICISTA COM ENCARGOS COMPLEMENTARES"},{"$f":"IFERROR(INDEX(SINAPI!$C:$C,MATCH($B773,SINAPI!$A:$A,0)),\"\")","v":"H"},0.66800000000000004,{"$f":"IFERROR(INDEX(SINAPI!$D:$D,MATCH($B773,SINAPI!$A:$A,0)),0)","v":20.6},13.760800000000001]
[null,null,null,null,null,"TOTAL",{"$f":"SUM(G770:G773)","v":107.81828000000002}]
[]
[]
["CLASSE/TIPO","CÓDIGOS/ SINAPI","DESCRIÇÃO","UND","COEFICIENTE","PREÇO UNITÁRIO","PREÇO TOTAL"]
["COMP-8832 ",null,"DISJUNTOR TRIPOLAR TERMOMAGNETICO (220/127V) TIPO DIN (CURVA C) 100A - 40 Ka, FORNECIMENTO E INSTALACAO ","UN",null,null,{"$f":"G782","v":1247.05728}]
[{"$f":"IFERROR(INDEX(SINAPI!$E:$E,MATCH($B779,SINAPI!$A:$A,0)),\"\")","v":"COMPOSIÇÃO"},88247,{"$f":"IFERROR(INDEX(SINAPI!$B:$B,MATCH($B779,SINAPI!$A:$A,0)),\"\")","v":"AUXILIAR DE ELETRICISTA COM ENCARGOS COMPLEMENTARES"},{"$f":"IFERROR(INDEX(SINAPI!$C:$C,MATCH($B779,SINAPI!$A:$A,0)),\"\")","v":"H"},0.56799999999999995,{"$f":"IFERROR(INDEX(SINAPI!$D:$D,MATCH($B779,SINAPI!$A:$A,0)),0)","v":15.61},{"$f":"IFERROR(F779*E779,0)","v":8.8664799999999993}]
[{"$f":"IFERROR(INDEX(SINAPI!$E:$E,MATCH($B780,SINAPI!$A:$A,0)),\"\")","v":"COMPOSIÇÃO"},88264,{"$f":"IFERROR(INDEX(SINAPI!$B:$B,MATCH($B780,SINAPI!$A:$A,0)),\"\")","v":"ELETRICISTA COM ENCARGOS COMPLEMENTARES"},{"$f":"IFERROR(INDEX(SINAPI!$C:$C,MATCH($B780,SINAPI!$A:$A,0)),\"\")","v":"H"},0.56799999999999995,{"$f":"IFERROR(INDEX(SINAPI!$D:$D,MATCH($B780,SINAPI!$A:$A,0)),0)","v":20.6},11.700799999999999]
[{"$f":"IFERROR(INDEX(SINAPI!$E:$E,MATCH($B781,SINAPI!$A:$A,0)),\"\")","v":"INSUMO"},34729,{"$f":"IFERROR(INDEX(SINAPI!$B:$B,MATCH($B781,SINAPI!$A:$A,0)),\"\")","v":"DISJUNTOR TERMICO E MAGNETICO AJUSTAVEIS, TRIPOLAR DE 100 ATE 250A, CAPACIDADE DE INTERRUPCAO DE 35KA                                                                                                                                                                                                                                                                                                                                                                                                     "},{"$f":"IFERROR(INDEX(SINAPI!$C:$C,MATCH($B781,SINAPI!$A:$A,0)),\"\")","v":"UN    "},1,{"$f":"IFERROR(INDEX(SINAPI!$D:$D,MATCH($B781,SINAPI!$A:$A,0)),0)","v":1226.49},1226.49]
[null,null,null,null,null,"TOTAL",{"$f":"SUM(G779:G781)","v":1247.05728}]
[]
[]
["CLASSE/TIPO","CÓDIGOS/ SINAPI","DESCRIÇÃO","UND","COEFICIENTE","PREÇO UNITÁRIO","PREÇO TOTAL"]
["COMP-7346 ",null,"DISJUNTOR TRIPOLAR TERMOMAGNETICO (220/127V) TIPO DIN (CURVA C) 100A - 5 Ka, FORNECIMENTO E INSTALACAO ","UN",null,null,{"$f":"G790","v":127.80930000000001}]
[{"$f":"IFERROR(INDEX(SINAPI!$E:$E,MATCH($B787,SINAPI!$A:$A,0)),\"\")","v":"COMPOSIÇÃO"},88247,{"$f":"IFERROR(INDEX(SINAPI!$B:$B,MATCH($B787,SINAPI!$A:$A,0)),\"\")","v":"AUXILIAR DE ELETRICISTA COM ENCARGOS COMPLEMENTARES"},{"$f":"IFERROR(INDEX(SINAPI!$C:$C,MATCH($B787,SINAPI!$A:$A,0)),\"\")","v":"H"},0.33,{"$f":"IFERROR(INDEX(SINAPI!$D:$D,MATCH($B787,SINAPI!$A:$A,0)),0)","v":15.61},{"$f":"IFERROR(F787*E787,0)","v":5.1513}]
[{"$f":"IFERROR(INDEX(SINAPI!$E:$E,MATCH($B788,SINAPI!$A:$A,0)),\"\")","v":"COMPOSIÇÃO"},88264,{"$f":"IFERROR(INDEX(SINAPI!$B:$B,MATCH($B788,SINAPI!$A:$A,0)),\"\")","v":"ELETRICISTA COM ENCARGOS COMPLEMENTARES"},{"$f":"IFERROR(INDEX(SINAPI!$C:$C,MATCH($B788,SINAPI!$A:$A,0)),\"\")","v":"H"},0.33,{"$f":"IFERROR(INDEX(SINAPI!$D:$D,MATCH($B788,SINAPI!$A:$A,0)),0)","v":20.6},6.7980000000000009]
["INSUMO","03744/ORSE","Disjuntor tripolar 100 A, padrão NEMA ( linha preta ), corrente interrupção 5KA, ref.: Eletromar ou similar","UN",1,115.86,115.86]
[null,null,null,null,null,"TOTAL",{"$f":"SUM(G787:G789)","v":127.80930000000001}]
[]
[]
["CLASSE/TIPO","CÓDIGOS/ SINAPI","DESCRIÇÃO","UND","COEFICIENTE","PREÇO UNITÁRIO","PREÇO TOTAL"]
["COMP-9878 ",null,"DISJUNTOR TRIPOLAR TERMOMAGNETICO (220/127V) TIPO DIN (CURVA C) 1000A - 85 Ka, FORNECIMENTO E INSTALACAO ","UN",null,null,{"$f":"G799","v":4503.2272799999992}]
[{"$f":"IFERROR(INDEX(SINAPI!$E:$E,MATCH($B795,SINAPI!$A:$A,0)),\"\")","v":"INSUMO"},1575,{"$f":"IFERROR(INDEX(SINAPI!$B:$B,MATCH($B795,SINAPI!$A:$A,0)),\"\")","v":"TERMINAL A COMPRESSAO EM COBRE ESTANHADO PARA CABO 16 MM2, 1 FURO E 1 COMPRESSAO, PARA PARAFUSO DE FIXACAO M6                                                                                                                                                                                                                                                                                                                                                                                             "},{"$f":"IFERROR(INDEX(SINAPI!$C:$C,MATCH($B795,SINAPI!$A:$A,0)),\"\")","v":"UN    "},3,{"$f":"IFERROR(INDEX(SINAPI!$D:$D,MATCH($B795,SINAPI!$A:$A,0)),0)","v":1.54},{"$f":"IFERROR(F795*E795,0)","v":4.62}]
["INSUMO","00834/ORSE","Disjuntor tripolar compacto e aberto ate 1000a","UN",1,4478.04,4478.04]
[{"$f":"IFERROR(INDEX(SINAPI!$E:$E,MATCH($B797,SINAPI!$A:$A,0)),\"\")","v":"COMPOSIÇÃO"},88247,{"$f":"IFERROR(INDEX(SINAPI!$B:$B,MATCH($B797,SINAPI!$A:$A,0)),\"\")","v":"AUXILIAR DE ELETRICISTA COM ENCARGOS COMPLEMENTARES"},{"$f":"IFERROR(INDEX(SINAPI!$C:$C,MATCH($B797,SINAPI!$A:$A,0)),\"\")","v":"H"},0.56799999999999995,{"$f":"IFERROR(INDEX(SINAPI!$D:$D,MATCH($B797,SINAPI!$A:$A,0)),0)","v":15.61},8.8664799999999993]
[{"$f":"IFERROR(INDEX(SINAPI!$E:$E,MATCH($B798,SINAPI!$A:$A,0)),\"\")","v":"COMPOSIÇÃO"},88264,{"$f":"IFERROR(INDEX(SINAPI!$B:$B,MATCH($B798,SINAPI!$A:$A,0)),\"\")","v":"ELETRICISTA COM ENCARGOS COMPLEMENTARES"},{"$f":"IFERROR(INDEX(SINAPI!$C:$C,MATCH($B798,SINAPI!$A:$A,0)),\"\")","v":"H"},0.56799999999999995,{"$f":"IFERROR(INDEX(SINAPI!$D:$D,MATCH($B798,SINAPI!$A:$A,0)),0)","v":20.6},11.700799999999999]
[null,null,null,null,null,"TOTAL",{"$f":"SUM(G795:G798)","v":4503.2272799999992}]
[]
[]
["CLASSE/TIPO","CÓDIGOS/ SINAPI","DESCRIÇÃO","UND","COEFICIENTE","PREÇO UNITÁRIO","PREÇO TOTAL"]
["COMP-7708 ",null,"DISJUNTOR TRIPOLAR TERMOMAGNETICO (220/127V) TIPO DIN (CURVA C) 250A - 60 Ka, FORNECIMENTO E INSTALACAO ","UN",null,null,{"$f":"G808","v":987.27728000000002}]
[{"$f":"IFERROR(INDEX(SINAPI!$E:$E,MATCH($B804,SINAPI!$A:$A,0)),\"\")","v":"INSUMO"},1575,{"$f":"IFERROR(INDEX(SINAPI!$B:$B,MATCH($B804,SINAPI!$A:$A,0)),\"\")","v":"TERMINAL A COMPRESSAO EM COBRE ESTANHADO PARA CABO 16 MM2, 1 FURO E 1 COMPRESSAO, PARA PARAFUSO DE FIXACAO M6                                                                                                                                                                                                                                                                                                                                                                                             "},{"$f":"IFERROR(INDEX(SINAPI!$C:$C,MATCH($B804,SINAPI!$A:$A,0)),\"\")","v":"UN    "},3,{"$f":"IFERROR(INDEX(SINAPI!$D:$D,MATCH($B804,SINAPI!$A:$A,0)),0)","v":1.54},{"$f":"IFERROR(F804*E804,0)","v":4.62}]
[{"$f":"IFERROR(INDEX(SINAPI!$E:$E,MATCH($B805,SINAPI!$A:$A,0)),\"\")","v":"INSUMO"},2393,{"$f":"IFERROR(INDEX(SINAPI!$B:$B,MATCH($B805,SINAPI!$A:$A,0)),\"\")","v":"DISJUNTOR TERMOMAGNETICO TRIPOLAR 250 A / 600 V, TIPO FXD                                                                                                                                                                                                                                                                                                                                                                                                                                                 "},{"$f":"IFERROR(INDEX(SINAPI!$C:$C,MATCH($B805,SINAPI!$A:$A,0)),\"\")","v":"UN    "},1,{"$f":"IFERROR(INDEX(SINAPI!$D:$D,MATCH($B805,SINAPI!$A:$A,0)),0)","v":962.09},962.09]
[{"$f":"IFERROR(INDEX(SINAPI!$E:$E,MATCH($B806,SINAPI!$A:$A,0)),\"\")","v":"COMPOSIÇÃO"},88247,{"$f":"IFERROR(INDEX(SINAPI!$B:$B,MATCH($B806,SINAPI!$A:$A,0)),\"\")","v":"AUXILIAR DE ELETRICISTA COM ENCARGOS COMPLEMENTARES"},{"$f":"IFERROR(INDEX(SINAPI!$C:$C,MATCH($B806,SINAPI!$A:$A,0)),\"\")","v":"H"},0.56799999999999995,{"$f":"IFERROR(INDEX(SINAPI!$D:$D,MATCH($B806,SINAPI!$A:$A,0)),0)","v":15.61},8.8664799999999993]
[{"$f":"IFERROR(INDEX(SINAPI!$E:$E,MATCH($B807,SINAPI!$A:$A,0)),\"\")","v":"COMPOSIÇÃO"},88264,{"$f":"IFERROR(INDEX(SINAPI!$B:$B,MATCH($B807,SINAPI!$A:$A,0)),\"\")","v":"ELETRICISTA COM ENCARGOS COMPLEMENTARES"},{"$f":"IFERROR(INDEX(SINAPI!$C:$C,MATCH($B807,SINAPI!$A:$A,0)),\"\")","v":"H"},0.56799999999999995,{"$f":"IFERROR(INDEX(SINAPI!$D:$D,MATCH($B807,SINAPI!$A:$A,0)),0)","v":20.6},11.700799999999999]
[null,null,null,null,null,"TOTAL",{"$f":"SUM(G804:G807)","v":987.27728000000002}]
[]
[]
["CLASSE/TIPO","CÓDIGOS/ SINAPI","DESCRIÇÃO","UND","COEFICIENTE","PREÇO UNITÁRIO","PREÇO TOTAL"]
["COMP-9059 ",null,"DISJUNTOR TRIPOLAR TERMOMAGNETICO (220/127V) TIPO DIN (CURVA C) 315A - 60 Ka, FORNECIMENTO E INSTALACAO ","UN",null,null,{"$f":"G817","v":725.18727999999999}]
[{"$f":"IFERROR(INDEX(SINAPI!$E:$E,MATCH($B813,SINAPI!$A:$A,0)),\"\")","v":"INSUMO"},1575,{"$f":"IFERROR(INDEX(SINAPI!$B:$B,MATCH($B813,SINAPI!$A:$A,0)),\"\")","v":"TERMINAL A COMPRESSAO EM COBRE ESTANHADO PARA CABO 16 MM2, 1 FURO E 1 COMPRESSAO, PARA PARAFUSO DE FIXACAO M6                                                                                                                                                                                                                                                                                                                                                                                             "},{"$f":"IFERROR(INDEX(SINAPI!$C:$C,MATCH($B813,SINAPI!$A:$A,0)),\"\")","v":"UN    "},3,{"$f":"IFERROR(INDEX(SINAPI!$D:$D,MATCH($B813,SINAPI!$A:$A,0)),0)","v":1.54},{"$f":"IFERROR(F813*E813,0)","v":4.62}]
["INSUMO","08358/ORSE","Disjuntor tripolar 315 A, padrão DIN (linha branca ), corrente de interrupção 65KA, ref.: Siemens ou Similar","UN    ",1,700,700]
[{"$f":"IFERROR(INDEX(SINAPI!$E:$E,MATCH($B815,SINAPI!$A:$A,0)),\"\")","v":"COMPOSIÇÃO"},88247,{"$f":"IFERROR(INDEX(SINAPI!$B:$B,MATCH($B815,SINAPI!$A:$A,0)),\"\")","v":"AUXILIAR DE ELETRICISTA COM ENCARGOS COMPLEMENTARES"},{"$f":"IFERROR(INDEX(SINAPI!$C:$C,MATCH($B815,SINAPI!$A:$A,0)),\"\")","v":"H"},0.56799999999999995,{"$f":"IFERROR(INDEX(SINAPI!$D:$D,MATCH($B815,SINAPI!$A:$A,0)),0)","v":15.61},8.8664799999999993]
[{"$f":"IFERROR(INDEX(SINAPI!$E:$E,MATCH($B816,SINAPI!$A:$A,0)),\"\")","v":"COMPOSIÇÃO"},88264,{"$f":"IFERROR(INDEX(SINAPI!$B:$B,MATCH($B816,SINAPI!$A:$A,0)),\"\")","v":"ELETRICISTA COM ENCARGOS COMPLEMENTARES"},{"$f":"IFERROR(INDEX(SINAPI!$C:$C,MATCH($B816,SINAPI!$A:$A,0)),\"\")","v":"H"},0.56799999999999995,{"$f":"IFERROR(INDEX(SINAPI!$D:$D,MATCH($B816,SINAPI!$A:$A,0)),0)","v":20.6},11.700799999999999]
[null,null,null,null,null,"TOTAL",{"$f":"SUM(G813:G816)","v":725.18727999999999}]
[]
[]
["CLASSE/TIPO","CÓDIGOS/ SINAPI","DESCRIÇÃO","UND","COEFICIENTE","PREÇO UNITÁRIO","PREÇO TOTAL"]
["COMP-7257 ",null,"DISJUNTOR TRIPOLAR TERMOMAGNETICO (220/127V) TIPO DIN (CURVA C) 50A - 25 Ka, FORNECIMENTO E INSTALACAO ","UN",null,null,{"$f":"G826","v":91.337280000000007}]
[{"$f":"IFERROR(INDEX(SINAPI!$E:$E,MATCH($B822,SINAPI!$A:$A,0)),\"\")","v":"INSUMO"},1575,{"$f":"IFERROR(INDEX(SINAPI!$B:$B,MATCH($B822,SINAPI!$A:$A,0)),\"\")","v":"TERMINAL A COMPRESSAO EM COBRE ESTANHADO PARA CABO 16 MM2, 1 FURO E 1 COMPRESSAO, PARA PARAFUSO DE FIXACAO M6                                                                                                                                                                                                                                                                                                                                                                                             "},{"$f":"IFERROR(INDEX(SINAPI!$C:$C,MATCH($B822,SINAPI!$A:$A,0)),\"\")","v":"UN    "},3,{"$f":"IFERROR(INDEX(SINAPI!$D:$D,MATCH($B822,SINAPI!$A:$A,0)),0)","v":1.54},{"$f":"IFERROR(F822*E822,0)","v":4.62}]
[{"$f":"IFERROR(INDEX(SINAPI!$E:$E,MATCH($B823,SINAPI!$A:$A,0)),\"\")","v":"INSUMO"},34709,{"$f":"IFERROR(INDEX(SINAPI!$B:$B,MATCH($B823,SINAPI!$A:$A,0)),\"\")","v":"DISJUNTOR TIPO DIN/IEC, TRIPOLAR DE 10 ATE 50A                                                                                                                                                                                                                                                                                                                                                                                                                                                            "},{"$f":"IFERROR(INDEX(SINAPI!$C:$C,MATCH($B823,SINAPI!$A:$A,0)),\"\")","v":"UN    "},1,{"$f":"IFERROR(INDEX(SINAPI!$D:$D,MATCH($B823,SINAPI!$A:$A,0)),0)","v":66.150000000000006},66.150000000000006]
[{"$f":"IFERROR(INDEX(SINAPI!$E:$E,MATCH($B824,SINAPI!$A:$A,0)),\"\")","v":"COMPOSIÇÃO"},88247,{"$f":"IFERROR(INDEX(SINAPI!$B:$B,MATCH($B824,SINAPI!$A:$A,0)),\"\")","v":"AUXILIAR DE ELETRICISTA COM ENCARGOS COMPLEMENTARES"},{"$f":"IFERROR(INDEX(SINAPI!$C:$C,MATCH($B824,SINAPI!$A:$A,0)),\"\")","v":"H"},0.56799999999999995,{"$f":"IFERROR(INDEX(SINAPI!$D:$D,MATCH($B824,SINAPI!$A:$A,0)),0)","v":15.61},8.8664799999999993]
[{"$f":"IFERROR(INDEX(SINAPI!$E:$E,MATCH($B825,SINAPI!$A:$A,0)),\"\")","v":"COMPOSIÇÃO"},88264,{"$f":"IFERROR(INDEX(SINAPI!$B:$B,MATCH($B825,SINAPI!$A:$A,0)),\"\")","v":"ELETRICISTA COM ENCARGOS COMPLEMENTARES"},{"$f":"IFERROR(INDEX(SINAPI!$C:$C,MATCH($B825,SINAPI!$A:$A,0)),\"\")","v":"H"},0.56799999999999995,{"$f":"IFERROR(INDEX(SINAPI!$D:$D,MATCH($B825,SINAPI!$A:$A,0)),0)","v":20.6},11.700799999999999]
[null,null,null,null,null,"TOTAL",{"$f":"SUM(G822:G825)","v":91.337280000000007}]
[]
[]
["CLASSE/TIPO","CÓDIGOS/ SINAPI","DESCRIÇÃO","UND","COEFICIENTE","PREÇO UNITÁRIO","PREÇO TOTAL"]
["COMP-3294 ",null,"DISJUNTOR TRIPOLAR TERMOMAGNETICO (220/127V) TIPO DIN (CURVA C) 50A - 5 Ka, FORNECIMENTO E INSTALACAO ","UN",null,null,{"$f":"G835","v":87.716280000000012}]
[{"$f":"IFERROR(INDEX(SINAPI!$E:$E,MATCH($B831,SINAPI!$A:$A,0)),\"\")","v":"INSUMO"},1575,{"$f":"IFERROR(INDEX(SINAPI!$B:$B,MATCH($B831,SINAPI!$A:$A,0)),\"\")","v":"TERMINAL A COMPRESSAO EM COBRE ESTANHADO PARA CABO 16 MM2, 1 FURO E 1 COMPRESSAO, PARA PARAFUSO DE FIXACAO M6                                                                                                                                                                                                                                                                                                                                                                                             "},{"$f":"IFERROR(INDEX(SINAPI!$C:$C,MATCH($B831,SINAPI!$A:$A,0)),\"\")","v":"UN    "},3,{"$f":"IFERROR(INDEX(SINAPI!$D:$D,MATCH($B831,SINAPI!$A:$A,0)),0)","v":1.54},{"$f":"IFERROR(F831*E831,0)","v":4.62}]
[{"$f":"IFERROR(INDEX(SINAPI!$E:$E,MATCH($B832,SINAPI!$A:$A,0)),\"\")","v":"INSUMO"},34709,{"$f":"IFERROR(INDEX(SINAPI!$B:$B,MATCH($B832,SINAPI!$A:$A,0)),\"\")","v":"DISJUNTOR TIPO DIN/IEC, TRIPOLAR DE 10 ATE 50A                                                                                                                                                                                                                                                                                                                                                                                                                                                            "},{"$f":"IFERROR(INDEX(SINAPI!$C:$C,MATCH($B832,SINAPI!$A:$A,0)),\"\")","v":"UN    "},1,{"$f":"IFERROR(INDEX(SINAPI!$D:$D,MATCH($B832,SINAPI!$A:$A,0)),0)","v":66.150000000000006},66.150000000000006]
[{"$f":"IFERROR(INDEX(SINAPI!$E:$E,MATCH($B833,SINAPI!$A:$A,0)),\"\")","v":"COMPOSIÇÃO"},88247,{"$f":"IFERROR(INDEX(SINAPI!$B:$B,MATCH($B833,SINAPI!$A:$A,0)),\"\")","v":"AUXILIAR DE ELETRICISTA COM ENCARGOS COMPLEMENTARES"},{"$f":"IFERROR(INDEX(SINAPI!$C:$C,MATCH($B833,SINAPI!$A:$A,0)),\"\")","v":"H"},0.46800000000000003,{"$f":"IFERROR(INDEX(SINAPI!$D:$D,MATCH($B833,SINAPI!$A:$A,0)),0)","v":15.61},7.3054800000000002]
[{"$f":"IFERROR(INDEX(SINAPI!$E:$E,MATCH($B834,SINAPI!$A:$A,0)),\"\")","v":"COMPOSIÇÃO"},88264,{"$f":"IFERROR(INDEX(SINAPI!$B:$B,MATCH($B834,SINAPI!$A:$A,0)),\"\")","v":"ELETRICISTA COM ENCARGOS COMPLEMENTARES"},{"$f":"IFERROR(INDEX(SINAPI!$C:$C,MATCH($B834,SINAPI!$A:$A,0)),\"\")","v":"H"},0.46800000000000003,{"$f":"IFERROR(INDEX(SINAPI!$D:$D,MATCH($B834,SINAPI!$A:$A,0)),0)","v":20.6},9.6408000000000005]
[null,null,null,null,null,"TOTAL",{"$f":"SUM(G831:G834)","v":87.716280000000012}]
[]
[]
["CLASSE/TIPO","CÓDIGOS/ SINAPI","DESCRIÇÃO","UND","COEFICIENTE","PREÇO UNITÁRIO","PREÇO TOTAL"]
["COMP-3352 ",null,"DISJUNTOR TRIPOLAR TERMOMAGNETICO (220/127V) TIPO DIN (CURVA C) 60A - 5 Ka, FORNECIMENTO E INSTALACAO ","UN",null,null,{"$f":"G844","v":140.56727999999998}]
[{"$f":"IFERROR(INDEX(SINAPI!$E:$E,MATCH($B840,SINAPI!$A:$A,0)),\"\")","v":"INSUMO"},1575,{"$f":"IFERROR(INDEX(SINAPI!$B:$B,MATCH($B840,SINAPI!$A:$A,0)),\"\")","v":"TERMINAL A COMPRESSAO EM COBRE ESTANHADO PARA CABO 16 MM2, 1 FURO E 1 COMPRESSAO, PARA PARAFUSO DE FIXACAO M6                                                                                                                                                                                                                                                                                                                                                                                             "},{"$f":"IFERROR(INDEX(SINAPI!$C:$C,MATCH($B840,SINAPI!$A:$A,0)),\"\")","v":"UN    "},3,{"$f":"IFERROR(INDEX(SINAPI!$D:$D,MATCH($B840,SINAPI!$A:$A,0)),0)","v":1.54},{"$f":"IFERROR(F840*E840,0)","v":4.62}]
[{"$f":"IFERROR(INDEX(SINAPI!$E:$E,MATCH($B841,SINAPI!$A:$A,0)),\"\")","v":"INSUMO"},2373,{"$f":"IFERROR(INDEX(SINAPI!$B:$B,MATCH($B841,SINAPI!$A:$A,0)),\"\")","v":"DISJUNTOR TIPO NEMA, TRIPOLAR 60 ATE 100 A, TENSAO MAXIMA DE 415 V                                                                                                                                                                                                                                                                                                                                                                                                                                        "},{"$f":"IFERROR(INDEX(SINAPI!$C:$C,MATCH($B841,SINAPI!$A:$A,0)),\"\")","v":"UN    "},1,{"$f":"IFERROR(INDEX(SINAPI!$D:$D,MATCH($B841,SINAPI!$A:$A,0)),0)","v":115.38},115.38]
[{"$f":"IFERROR(INDEX(SINAPI!$E:$E,MATCH($B842,SINAPI!$A:$A,0)),\"\")","v":"COMPOSIÇÃO"},88247,{"$f":"IFERROR(INDEX(SINAPI!$B:$B,MATCH($B842,SINAPI!$A:$A,0)),\"\")","v":"AUXILIAR DE ELETRICISTA COM ENCARGOS COMPLEMENTARES"},{"$f":"IFERROR(INDEX(SINAPI!$C:$C,MATCH($B842,SINAPI!$A:$A,0)),\"\")","v":"H"},0.56799999999999995,{"$f":"IFERROR(INDEX(SINAPI!$D:$D,MATCH($B842,SINAPI!$A:$A,0)),0)","v":15.61},8.8664799999999993]
[{"$f":"IFERROR(INDEX(SINAPI!$E:$E,MATCH($B843,SINAPI!$A:$A,0)),\"\")","v":"COMPOSIÇÃO"},88264,{"$f":"IFERROR(INDEX(SINAPI!$B:$B,MATCH($B843,SINAPI!$A:$A,0)),\"\")","v":"ELETRICISTA COM ENCARGOS COMPLEMENTARES"},{"$f":"IFERROR(INDEX(SINAPI!$C:$C,MATCH($B843,SINAPI!$A:$A,0)),\"\")","v":"H"},0.56799999999999995,{"$f":"IFERROR(INDEX(SINAPI!$D:$D,MATCH($B843,SINAPI!$A:$A,0)),0)","v":20.6},11.700799999999999]
[null,null,null,null,null,"TOTAL",{"$f":"SUM(G840:G843)","v":140.56727999999998}]
[]
[]
["CLASSE/TIPO","CÓDIGOS/ SINAPI","DESCRIÇÃO","UND","COEFICIENTE","PREÇO UNITÁRIO","PREÇO TOTAL"]
["COMP-1681 ",null,"DISJUNTOR TRIPOLAR TERMOMAGNETICO (220/127V) TIPO DIN (CURVA C) 63A - 40 Ka, FORNECIMENTO E INSTALACAO ","UN",null,null,{"$f":"G853","v":104.19728000000001}]
[{"$f":"IFERROR(INDEX(SINAPI!$E:$E,MATCH($B849,SINAPI!$A:$A,0)),\"\")","v":"INSUMO"},1575,{"$f":"IFERROR(INDEX(SINAPI!$B:$B,MATCH($B849,SINAPI!$A:$A,0)),\"\")","v":"TERMINAL A COMPRESSAO EM COBRE ESTANHADO PARA CABO 16 MM2, 1 FURO E 1 COMPRESSAO, PARA PARAFUSO DE FIXACAO M6                                                                                                                                                                                                                                                                                                                                                                                             "},{"$f":"IFERROR(INDEX(SINAPI!$C:$C,MATCH($B849,SINAPI!$A:$A,0)),\"\")","v":"UN    "},3,{"$f":"IFERROR(INDEX(SINAPI!$D:$D,MATCH($B849,SINAPI!$A:$A,0)),0)","v":1.54},{"$f":"IFERROR(F849*E849,0)","v":4.62}]
[{"$f":"IFERROR(INDEX(SINAPI!$E:$E,MATCH($B850,SINAPI!$A:$A,0)),\"\")","v":"INSUMO"},34714,{"$f":"IFERROR(INDEX(SINAPI!$B:$B,MATCH($B850,SINAPI!$A:$A,0)),\"\")","v":"DISJUNTOR TIPO DIN/IEC, TRIPOLAR 63 A                                                                                                                                                                                                                                                                                                                                                                                                                                                                     "},{"$f":"IFERROR(INDEX(SINAPI!$C:$C,MATCH($B850,SINAPI!$A:$A,0)),\"\")","v":"UN    "},1,{"$f":"IFERROR(INDEX(SINAPI!$D:$D,MATCH($B850,SINAPI!$A:$A,0)),0)","v":79.010000000000005},79.010000000000005]
[{"$f":"IFERROR(INDEX(SINAPI!$E:$E,MATCH($B851,SINAPI!$A:$A,0)),\"\")","v":"COMPOSIÇÃO"},88247,{"$f":"IFERROR(INDEX(SINAPI!$B:$B,MATCH($B851,SINAPI!$A:$A,0)),\"\")","v":"AUXILIAR DE ELETRICISTA COM ENCARGOS COMPLEMENTARES"},{"$f":"IFERROR(INDEX(SINAPI!$C:$C,MATCH($B851,SINAPI!$A:$A,0)),\"\")","v":"H"},0.56799999999999995,{"$f":"IFERROR(INDEX(SINAPI!$D:$D,MATCH($B851,SINAPI!$A:$A,0)),0)","v":15.61},8.8664799999999993]
[{"$f":"IFERROR(INDEX(SINAPI!$E:$E,MATCH($B852,SINAPI!$A:$A,0)),\"\")","v":"COMPOSIÇÃO"},88264,{"$f":"IFERROR(INDEX(SINAPI!$B:$B,MATCH($B852,SINAPI!$A:$A,0)),\"\")","v":"ELETRICISTA COM ENCARGOS COMPLEMENTARES"},{"$f":"IFERROR(INDEX(SINAPI!$C:$C,MATCH($B852,SINAPI!$A:$A,0)),\"\")","v":"H"},0.56799999999999995,{"$f":"IFERROR(INDEX(SINAPI!$D:$D,MATCH($B852,SINAPI!$A:$A,0)),0)","v":20.6},11.700799999999999]
[null,null,null,null,null,"TOTAL",{"$f":"SUM(G849:G852)","v":104.19728000000001}]
[]
[]
["CLASSE/TIPO","CÓDIGOS/ SINAPI","DESCRIÇÃO","UND","COEFICIENTE","PREÇO UNITÁRIO","PREÇO TOTAL"]
["COMP-6906 ",null,"DISJUNTOR TRIPOLAR TERMOMAGNETICO (220/127V) CURVA C 125A -40 Ka, FORNECIMENTO E INSTALACAO ","UN",null,null,{"$f":"G861","v":381.41728000000006}]
[{"$f":"IFERROR(INDEX(SINAPI!$E:$E,MATCH($B858,SINAPI!$A:$A,0)),\"\")","v":"INSUMO"},2391,{"$f":"IFERROR(INDEX(SINAPI!$B:$B,MATCH($B858,SINAPI!$A:$A,0)),\"\")","v":"DISJUNTOR TERMOMAGNETICO TRIPOLAR 125A                                                                                                                                                                                                                                                                                                                                                                                                                                                                    "},{"$f":"IFERROR(INDEX(SINAPI!$C:$C,MATCH($B858,SINAPI!$A:$A,0)),\"\")","v":"UN    "},1,{"$f":"IFERROR(INDEX(SINAPI!$D:$D,MATCH($B858,SINAPI!$A:$A,0)),0)","v":360.85},{"$f":"IFERROR(F858*E858,0)","v":360.85}]
[{"$f":"IFERROR(INDEX(SINAPI!$E:$E,MATCH($B859,SINAPI!$A:$A,0)),\"\")","v":"COMPOSIÇÃO"},88247,{"$f":"IFERROR(INDEX(SINAPI!$B:$B,MATCH($B859,SINAPI!$A:$A,0)),\"\")","v":"AUXILIAR DE ELETRICISTA COM ENCARGOS COMPLEMENTARES"},{"$f":"IFERROR(INDEX(SINAPI!$C:$C,MATCH($B859,SINAPI!$A:$A,0)),\"\")","v":"H"},0.56799999999999995,{"$f":"IFERROR(INDEX(SINAPI!$D:$D,MATCH($B859,SINAPI!$A:$A,0)),0)","v":15.61},8.8664799999999993]
[{"$f":"IFERROR(INDEX(SINAPI!$E:$E,MATCH($B860,SINAPI!$A:$A,0)),\"\")","v":"COMPOSIÇÃO"},88264,{"$f":"IFERROR(INDEX(SINAPI!$B:$B,MATCH($B860,SINAPI!$A:$A,0)),\"\")","v":"ELETRICISTA COM ENCARGOS COMPLEMENTARES"},{"$f":"IFERROR(INDEX(SINAPI!$C:$C,MATCH($B860,SINAPI!$A:$A,0)),\"\")","v":"H"},0.56799999999999995,{"$f":"IFERROR(INDEX(SINAPI!$D:$D,MATCH($B860,SINAPI!$A:$A,0)),0)","v":20.6},11.700799999999999]
[null,null,null,null,null,"TOTAL",{"$f":"SUM(G858:G860)","v":381.41728000000006}]
[]
[]
["CLASSE/TIPO","CÓDIGOS/ SINAPI","DESCRIÇÃO","UND","COEFICIENTE","PREÇO UNITÁRIO","PREÇO TOTAL"]
["COMP-8171 ",null,"DISJUNTOR TRIPOLAR TERMOMAGNETICO (220/127V) CURVA C 160A -40 Ka, FORNECIMENTO E INSTALACAO ","UN",null,null,{"$f":"G869","v":1247.05728}]
[{"$f":"IFERROR(INDEX(SINAPI!$E:$E,MATCH($B866,SINAPI!$A:$A,0)),\"\")","v":"COMPOSIÇÃO"},88247,{"$f":"IFERROR(INDEX(SINAPI!$B:$B,MATCH($B866,SINAPI!$A:$A,0)),\"\")","v":"AUXILIAR DE ELETRICISTA COM ENCARGOS COMPLEMENTARES"},{"$f":"IFERROR(INDEX(SINAPI!$C:$C,MATCH($B866,SINAPI!$A:$A,0)),\"\")","v":"H"},0.56799999999999995,{"$f":"IFERROR(INDEX(SINAPI!$D:$D,MATCH($B866,SINAPI!$A:$A,0)),0)","v":15.61},{"$f":"IFERROR(F866*E866,0)","v":8.8664799999999993}]
[{"$f":"IFERROR(INDEX(SINAPI!$E:$E,MATCH($B867,SINAPI!$A:$A,0)),\"\")","v":"COMPOSIÇÃO"},88264,{"$f":"IFERROR(INDEX(SINAPI!$B:$B,MATCH($B867,SINAPI!$A:$A,0)),\"\")","v":"ELETRICISTA COM ENCARGOS COMPLEMENTARES"},{"$f":"IFERROR(INDEX(SINAPI!$C:$C,MATCH($B867,SINAPI!$A:$A,0)),\"\")","v":"H"},0.56799999999999995,{"$f":"IFERROR(INDEX(SINAPI!$D:$D,MATCH($B867,SINAPI!$A:$A,0)),0)","v":20.6},11.700799999999999]
[{"$f":"IFERROR(INDEX(SINAPI!$E:$E,MATCH($B868,SINAPI!$A:$A,0)),\"\")","v":"INSUMO"},34729,{"$f":"IFERROR(INDEX(SINAPI!$B:$B,MATCH($B868,SINAPI!$A:$A,0)),\"\")","v":"DISJUNTOR TERMICO E MAGNETICO AJUSTAVEIS, TRIPOLAR DE 100 ATE 250A, CAPACIDADE DE INTERRUPCAO DE 35KA                                                                                                                                                                                                                                                                                                                                                                                                     "},{"$f":"IFERROR(INDEX(SINAPI!$C:$C,MATCH($B868,SINAPI!$A:$A,0)),\"\")","v":"UN    "},1,{"$f":"IFERROR(INDEX(SINAPI!$D:$D,MATCH($B868,SINAPI!$A:$A,0)),0)","v":1226.49},1226.49]
[null,null,null,null,null,"TOTAL",{"$f":"SUM(G866:G868)","v":1247.05728}]
[]
[]
["CLASSE/TIPO","CÓDIGOS/ SINAPI","DESCRIÇÃO","UND","COEFICIENTE","PREÇO UNITÁRIO","PREÇO TOTAL"]
["COMP-9921",null,"DISJUNTOR TRIPOLAR TERMOMAGNETICO (220/127V) CURVA C 200A -60 Ka, FORNECIMENTO E INSTALACAO ","UN",null,null,{"$f":"G877","v":1247.05728}]
[{"$f":"IFERROR(INDEX(SINAPI!$E:$E,MATCH($B874,SINAPI!$A:$A,0)),\"\")","v":"INSUMO"},34729,{"$f":"IFERROR(INDEX(SINAPI!$B:$B,MATCH($B874,SINAPI!$A:$A,0)),\"\")","v":"DISJUNTOR TERMICO E MAGNETICO AJUSTAVEIS, TRIPOLAR DE 100 ATE 250A, CAPACIDADE DE INTERRUPCAO DE 35KA                                                                                                                                                                                                                                                                                                                                                                                                     "},{"$f":"IFERROR(INDEX(SINAPI!$C:$C,MATCH($B874,SINAPI!$A:$A,0)),\"\")","v":"UN    "},1,{"$f":"IFERROR(INDEX(SINAPI!$D:$D,MATCH($B874,SINAPI!$A:$A,0)),0)","v":1226.49},{"$f":"IFERROR(F874*E874,0)","v":1226.49}]
[{"$f":"IFERROR(INDEX(SINAPI!$E:$E,MATCH($B875,SINAPI!$A:$A,0)),\"\")","v":"COMPOSIÇÃO"},88247,{"$f":"IFERROR(INDEX(SINAPI!$B:$B,MATCH($B875,SINAPI!$A:$A,0)),\"\")","v":"AUXILIAR DE ELETRICISTA COM ENCARGOS COMPLEMENTARES"},{"$f":"IFERROR(INDEX(SINAPI!$C:$C,MATCH($B875,SINAPI!$A:$A,0)),\"\")","v":"H"},0.56799999999999995,{"$f":"IFERROR(INDEX(SINAPI!$D:$D,MATCH($B875,SINAPI!$A:$A,0)),0)","v":15.61},8.8664799999999993]
[{"$f":"IFERROR(INDEX(SINAPI!$E:$E,MATCH($B876,SINAPI!$A:$A,0)),\"\")","v":"COMPOSIÇÃO"},88264,{"$f":"IFERROR(INDEX(SINAPI!$B:$B,MATCH($B876,SINAPI!$A:$A,0)),\"\")","v":"ELETRICISTA COM ENCARGOS COMPLEMENTARES"},{"$f":"IFERROR(INDEX(SINAPI!$C:$C,MATCH($B876,SINAPI!$A:$A,0)),\"\")","v":"H"},0.56799999999999995,{"$f":"IFERROR(INDEX(SINAPI!$D:$D,MATCH($B876,SINAPI!$A:$A,0)),0)","v":20.6},11.700799999999999]
[null,null,null,null,null,"TOTAL",{"$f":"SUM(G874:G876)","v":1247.05728}]
[]
[]
["CLASSE/TIPO","CÓDIGOS/ SINAPI","DESCRIÇÃO","UND","COEFICIENTE","PREÇO UNITÁRIO","PREÇO TOTAL"]
["COMP-1366 ",null,"DISJUNTOR TRIPOLAR TERMOMAGNETICO (220/127V) CURVA C 80A -40 Ka, FORNECIMENTO E INSTALACAO ","UN",null,null,{"$f":"G885","v":120.90998}]
[{"$f":"IFERROR(INDEX(SINAPI!$E:$E,MATCH($B882,SINAPI!$A:$A,0)),\"\")","v":"INSUMO"},34714,{"$f":"IFERROR(INDEX(SINAPI!$B:$B,MATCH($B882,SINAPI!$A:$A,0)),\"\")","v":"DISJUNTOR TIPO DIN/IEC, TRIPOLAR 63 A                                                                                                                                                                                                                                                                                                                                                                                                                                                                     "},{"$f":"IFERROR(INDEX(SINAPI!$C:$C,MATCH($B882,SINAPI!$A:$A,0)),\"\")","v":"UN    "},1.27,{"$f":"IFERROR(INDEX(SINAPI!$D:$D,MATCH($B882,SINAPI!$A:$A,0)),0)","v":79.010000000000005},{"$f":"IFERROR(F882*E882,0)","v":100.34270000000001}]
[{"$f":"IFERROR(INDEX(SINAPI!$E:$E,MATCH($B883,SINAPI!$A:$A,0)),\"\")","v":"COMPOSIÇÃO"},88247,{"$f":"IFERROR(INDEX(SINAPI!$B:$B,MATCH($B883,SINAPI!$A:$A,0)),\"\")","v":"AUXILIAR DE ELETRICISTA COM ENCARGOS COMPLEMENTARES"},{"$f":"IFERROR(INDEX(SINAPI!$C:$C,MATCH($B883,SINAPI!$A:$A,0)),\"\")","v":"H"},0.56799999999999995,{"$f":"IFERROR(INDEX(SINAPI!$D:$D,MATCH($B883,SINAPI!$A:$A,0)),0)","v":15.61},8.8664799999999993]
[{"$f":"IFERROR(INDEX(SINAPI!$E:$E,MATCH($B884,SINAPI!$A:$A,0)),\"\")","v":"COMPOSIÇÃO"},88264,{"$f":"IFERROR(INDEX(SINAPI!$B:$B,MATCH($B884,SINAPI!$A:$A,0)),\"\")","v":"ELETRICISTA COM ENCARGOS COMPLEMENTARES"},{"$f":"IFERROR(INDEX(SINAPI!$C:$C,MATCH($B884,SINAPI!$A:$A,0)),\"\")","v":"H"},0.56799999999999995,{"$f":"IFERROR(INDEX(SINAPI!$D:$D,MATCH($B884,SINAPI!$A:$A,0)),0)","v":20.6},11.700799999999999]
[null,null,null,null,null,"TOTAL",{"$f":"SUM(G882:G884)","v":120.90998}]
[]
[]
["CLASSE/TIPO","CÓDIGOS/ SINAPI","DESCRIÇÃO","UND","COEFICIENTE","PREÇO UNITÁRIO","PREÇO TOTAL"]
["COMP-9850 ",null,"DISJUNTOR TRIPOLAR TERMOMAGNETICO (220/127V) CURVA C 80A -5 Ka, FORNECIMENTO E INSTALACAO ","UN",null,null,{"$f":"G894","v":480.96988000000005}]
[{"$f":"IFERROR(INDEX(SINAPI!$E:$E,MATCH($B890,SINAPI!$A:$A,0)),\"\")","v":"INSUMO"},2391,{"$f":"IFERROR(INDEX(SINAPI!$B:$B,MATCH($B890,SINAPI!$A:$A,0)),\"\")","v":"DISJUNTOR TERMOMAGNETICO TRIPOLAR 125A                                                                                                                                                                                                                                                                                                                                                                                                                                                                    "},{"$f":"IFERROR(INDEX(SINAPI!$C:$C,MATCH($B890,SINAPI!$A:$A,0)),\"\")","v":"UN    "},1,{"$f":"IFERROR(INDEX(SINAPI!$D:$D,MATCH($B890,SINAPI!$A:$A,0)),0)","v":360.85},{"$f":"IFERROR(F890*E890,0)","v":360.85}]
[{"$f":"IFERROR(INDEX(SINAPI!$E:$E,MATCH($B891,SINAPI!$A:$A,0)),\"\")","v":"INSUMO"},34714,{"$f":"IFERROR(INDEX(SINAPI!$B:$B,MATCH($B891,SINAPI!$A:$A,0)),\"\")","v":"DISJUNTOR TIPO DIN/IEC, TRIPOLAR 63 A                                                                                                                                                                                                                                                                                                                                                                                                                                                                     "},{"$f":"IFERROR(INDEX(SINAPI!$C:$C,MATCH($B891,SINAPI!$A:$A,0)),\"\")","v":"UN    "},1.26,{"$f":"IFERROR(INDEX(SINAPI!$D:$D,MATCH($B891,SINAPI!$A:$A,0)),0)","v":79.010000000000005},99.552600000000012]
[{"$f":"IFERROR(INDEX(SINAPI!$E:$E,MATCH($B892,SINAPI!$A:$A,0)),\"\")","v":"COMPOSIÇÃO"},88247,{"$f":"IFERROR(INDEX(SINAPI!$B:$B,MATCH($B892,SINAPI!$A:$A,0)),\"\")","v":"AUXILIAR DE ELETRICISTA COM ENCARGOS COMPLEMENTARES"},{"$f":"IFERROR(INDEX(SINAPI!$C:$C,MATCH($B892,SINAPI!$A:$A,0)),\"\")","v":"H"},0.56799999999999995,{"$f":"IFERROR(INDEX(SINAPI!$D:$D,MATCH($B892,SINAPI!$A:$A,0)),0)","v":15.61},8.8664799999999993]
[{"$f":"IFERROR(INDEX(SINAPI!$E:$E,MATCH($B893,SINAPI!$A:$A,0)),\"\")","v":"COMPOSIÇÃO"},88264,{"$f":"IFERROR(INDEX(SINAPI!$B:$B,MATCH($B893,SINAPI!$A:$A,0)),\"\")","v":"ELETRICISTA COM ENCARGOS COMPLEMENTARES"},{"$f":"IFERROR(INDEX(SINAPI!$C:$C,MATCH($B893,SINAPI!$A:$A,0)),\"\")","v":"H"},0.56799999999999995,{"$f":"IFERROR(INDEX(SINAPI!$D:$D,MATCH($B893,SINAPI!$A:$A,0)),0)","v":20.6},11.700799999999999]
[null,null,null,null,null,"TOTAL",{"$f":"SUM(G890:G893)","v":480.96988000000005}]
[]
[]
["CLASSE/TIPO","CÓDIGOS/ SINAPI","DESCRIÇÃO","UND","COEFICIENTE","PREÇO UNITÁRIO","PREÇO TOTAL"]
["COMP-8766 ",null,"DISJUNTOR TRIPOLAR TERMOMAGNETICO (220/127V) CURVA C 90A -5 Ka, FORNECIMENTO E INSTALACAO ","UN",null,null,{"$f":"G902","v":280.37928000000005}]
[{"$f":"IFERROR(INDEX(SINAPI!$E:$E,MATCH($B899,SINAPI!$A:$A,0)),\"\")","v":"INSUMO"},2391,{"$f":"IFERROR(INDEX(SINAPI!$B:$B,MATCH($B899,SINAPI!$A:$A,0)),\"\")","v":"DISJUNTOR TERMOMAGNETICO TRIPOLAR 125A                                                                                                                                                                                                                                                                                                                                                                                                                                                                    "},{"$f":"IFERROR(INDEX(SINAPI!$C:$C,MATCH($B899,SINAPI!$A:$A,0)),\"\")","v":"UN    "},0.72,{"$f":"IFERROR(INDEX(SINAPI!$D:$D,MATCH($B899,SINAPI!$A:$A,0)),0)","v":360.85},{"$f":"IFERROR(F899*E899,0)","v":259.81200000000001}]
[{"$f":"IFERROR(INDEX(SINAPI!$E:$E,MATCH($B900,SINAPI!$A:$A,0)),\"\")","v":"COMPOSIÇÃO"},88247,{"$f":"IFERROR(INDEX(SINAPI!$B:$B,MATCH($B900,SINAPI!$A:$A,0)),\"\")","v":"AUXILIAR DE ELETRICISTA COM ENCARGOS COMPLEMENTARES"},{"$f":"IFERROR(INDEX(SINAPI!$C:$C,MATCH($B900,SINAPI!$A:$A,0)),\"\")","v":"H"},0.56799999999999995,{"$f":"IFERROR(INDEX(SINAPI!$D:$D,MATCH($B900,SINAPI!$A:$A,0)),0)","v":15.61},8.8664799999999993]
[{"$f":"IFERROR(INDEX(SINAPI!$E:$E,MATCH($B901,SINAPI!$A:$A,0)),\"\")","v":"COMPOSIÇÃO"},88264,{"$f":"IFERROR(INDEX(SINAPI!$B:$B,MATCH($B901,SINAPI!$A:$A,0)),\"\")","v":"ELETRICISTA COM ENCARGOS COMPLEMENTARES"},{"$f":"IFERROR(INDEX(SINAPI!$C:$C,MATCH($B901,SINAPI!$A:$A,0)),\"\")","v":"H"},0.56799999999999995,{"$f":"IFERROR(INDEX(SINAPI!$D:$D,MATCH($B901,SINAPI!$A:$A,0)),0)","v":20.6},11.700799999999999]
[null,null,null,null,null,"TOTAL",{"$f":"SUM(G899:G901)","v":280.37928000000005}]
[]
[]
["CLASSE/TIPO","CÓDIGOS/ SINAPI","DESCRIÇÃO","UND","COEFICIENTE","PREÇO UNITÁRIO","PREÇO TOTAL"]
["COMP-0189 ",null,"DISJUNTOR TRIPOLAR TERMOMAGNETICO (220/127V) NORMA UL 125A -22 Ka, FORNECIMENTO E INSTALACAO ","UN",null,null,{"$f":"G910","v":400.56727999999998}]
[{"$f":"IFERROR(INDEX(SINAPI!$E:$E,MATCH($B907,SINAPI!$A:$A,0)),\"\")","v":"COMPOSIÇÃO"},88247,{"$f":"IFERROR(INDEX(SINAPI!$B:$B,MATCH($B907,SINAPI!$A:$A,0)),\"\")","v":"AUXILIAR DE ELETRICISTA COM ENCARGOS COMPLEMENTARES"},{"$f":"IFERROR(INDEX(SINAPI!$C:$C,MATCH($B907,SINAPI!$A:$A,0)),\"\")","v":"H"},0.56799999999999995,{"$f":"IFERROR(INDEX(SINAPI!$D:$D,MATCH($B907,SINAPI!$A:$A,0)),0)","v":15.61},{"$f":"IFERROR(F907*E907,0)","v":8.8664799999999993}]
[{"$f":"IFERROR(INDEX(SINAPI!$E:$E,MATCH($B908,SINAPI!$A:$A,0)),\"\")","v":"COMPOSIÇÃO"},88264,{"$f":"IFERROR(INDEX(SINAPI!$B:$B,MATCH($B908,SINAPI!$A:$A,0)),\"\")","v":"ELETRICISTA COM ENCARGOS COMPLEMENTARES"},{"$f":"IFERROR(INDEX(SINAPI!$C:$C,MATCH($B908,SINAPI!$A:$A,0)),\"\")","v":"H"},0.56799999999999995,{"$f":"IFERROR(INDEX(SINAPI!$D:$D,MATCH($B908,SINAPI!$A:$A,0)),0)","v":20.6},11.700799999999999]
["INSUMO","03609/ORSE","Disjuntor tripolar 125 A, padrão DIN ( linha branca ), corrente de interrupção 22KA, ref.: Siemens QLH3 ou similar\n","UN    ",1,380,380]
[null,null,null,null,null,"TOTAL",{"$f":"SUM(G907:G909)","v":400.56727999999998}]
[]
[]
["CLASSE/TIPO","CÓDIGOS/ SINAPI","DESCRIÇÃO","UND","COEFICIENTE","PREÇO UNITÁRIO","PREÇO TOTAL"]
["COMP-5377 ",null,"DISJUNTOR TRIPOLAR TERMOMAGNETICO (220/127V) NORMA UL 15A -5 Ka, FORNECIMENTO E INSTALACAO ","UND",null,null,{"$f":"G919","v":91.337280000000007}]
[{"$f":"IFERROR(INDEX(SINAPI!$E:$E,MATCH($B915,SINAPI!$A:$A,0)),\"\")","v":"INSUMO"},1575,{"$f":"IFERROR(INDEX(SINAPI!$B:$B,MATCH($B915,SINAPI!$A:$A,0)),\"\")","v":"TERMINAL A COMPRESSAO EM COBRE ESTANHADO PARA CABO 16 MM2, 1 FURO E 1 COMPRESSAO, PARA PARAFUSO DE FIXACAO M6                                                                                                                                                                                                                                                                                                                                                                                             "},{"$f":"IFERROR(INDEX(SINAPI!$C:$C,MATCH($B915,SINAPI!$A:$A,0)),\"\")","v":"UN    "},3,{"$f":"IFERROR(INDEX(SINAPI!$D:$D,MATCH($B915,SINAPI!$A:$A,0)),0)","v":1.54},{"$f":"IFERROR(F915*E915,0)","v":4.62}]
[{"$f":"IFERROR(INDEX(SINAPI!$E:$E,MATCH($B916,SINAPI!$A:$A,0)),\"\")","v":"INSUMO"},34709,{"$f":"IFERROR(INDEX(SINAPI!$B:$B,MATCH($B916,SINAPI!$A:$A,0)),\"\")","v":"DISJUNTOR TIPO DIN/IEC, TRIPOLAR DE 10 ATE 50A                                                                                                                                                                                                                                                                                                                                                                                                                                                            "},{"$f":"IFERROR(INDEX(SINAPI!$C:$C,MATCH($B916,SINAPI!$A:$A,0)),\"\")","v":"UN    "},1,{"$f":"IFERROR(INDEX(SINAPI!$D:$D,MATCH($B916,SINAPI!$A:$A,0)),0)","v":66.150000000000006},66.150000000000006]
[{"$f":"IFERROR(INDEX(SINAPI!$E:$E,MATCH($B917,SINAPI!$A:$A,0)),\"\")","v":"COMPOSIÇÃO"},88247,{"$f":"IFERROR(INDEX(SINAPI!$B:$B,MATCH($B917,SINAPI!$A:$A,0)),\"\")","v":"AUXILIAR DE ELETRICISTA COM ENCARGOS COMPLEMENTARES"},{"$f":"IFERROR(INDEX(SINAPI!$C:$C,MATCH($B917,SINAPI!$A:$A,0)),\"\")","v":"H"},0.56799999999999995,{"$f":"IFERROR(INDEX(SINAPI!$D:$D,MATCH($B917,SINAPI!$A:$A,0)),0)","v":15.61},8.8664799999999993]
[{"$f":"IFERROR(INDEX(SINAPI!$E:$E,MATCH($B918,SINAPI!$A:$A,0)),\"\")","v":"COMPOSIÇÃO"},88264,{"$f":"IFERROR(INDEX(SINAPI!$B:$B,MATCH($B918,SINAPI!$A:$A,0)),\"\")","v":"ELETRICISTA COM ENCARGOS COMPLEMENTARES"},{"$f":"IFERROR(INDEX(SINAPI!$C:$C,MATCH($B918,SINAPI!$A:$A,0)),\"\")","v":"H"},0.56799999999999995,{"$f":"IFERROR(INDEX(SINAPI!$D:$D,MATCH($B918,SINAPI!$A:$A,0)),0)","v":20.6},11.700799999999999]
[null,null,null,null,null,"TOTAL",{"$f":"SUM(G915:G918)","v":91.337280000000007}]
[]
[]
["CLASSE/TIPO","CÓDIGOS/ SINAPI","DESCRIÇÃO","UND","COEFICIENTE","PREÇO UNITÁRIO","PREÇO TOTAL"]
["COMP-0066 ",null,"DISPOSITIVO DE PROTEÇÃO CONTRA SURTOS DE TENSÃO - DPS's - 40 KA/440V ","UND",null,null,{"$f":"G927","v":91.367279999999994}]
["INSUMO","09332/ORSE","DISPOSITIVO DE PROTEÇÃO CONTRA SURTO DE TENSÃO DPS 40KA - 440V (PARA-RAIO)","UN",1,70.8,{"$f":"IFERROR(F924*E924,0)","v":70.8}]
[{"$f":"IFERROR(INDEX(SINAPI!$E:$E,MATCH($B925,SINAPI!$A:$A,0)),\"\")","v":"COMPOSIÇÃO"},88247,{"$f":"IFERROR(INDEX(SINAPI!$B:$B,MATCH($B925,SINAPI!$A:$A,0)),\"\")","v":"AUXILIAR DE ELETRICISTA COM ENCARGOS COMPLEMENTARES"},{"$f":"IFERROR(INDEX(SINAPI!$C:$C,MATCH($B925,SINAPI!$A:$A,0)),\"\")","v":"H"},0.56799999999999995,{"$f":"IFERROR(INDEX(SINAPI!$D:$D,MATCH($B925,SINAPI!$A:$A,0)),0)","v":15.61},8.8664799999999993]
[{"$f":"IFERROR(INDEX(SINAPI!$E:$E,MATCH($B926,SINAPI!$A:$A,0)),\"\")","v":"COMPOSIÇÃO"},88264,{"$f":"IFERROR(INDEX(SINAPI!$B:$B,MATCH($B926,SINAPI!$A:$A,0)),\"\")","v":"ELETRICISTA COM ENCARGOS COMPLEMENTARES"},{"$f":"IFERROR(INDEX(SINAPI!$C:$C,MATCH($B926,SINAPI!$A:$A,0)),\"\")","v":"H"},0.56799999999999995,{"$f":"IFERROR(INDEX(SINAPI!$D:$D,MATCH($B926,SINAPI!$A:$A,0)),0)","v":20.6},11.700799999999999]
[null,null,null,null,null,"TOTAL",{"$f":"SUM(G924:G926)","v":91.367279999999994}]
[]
[]
["CLASSE/TIPO","CÓDIGOS/ SINAPI","DESCRIÇÃO","UND","COEFICIENTE","PREÇO UNITÁRIO","PREÇO TOTAL"]
["COMP-7464 ",null,"TAMPA CEGA PARA CONDULETE ","UN",null,null,{"$f":"G934","v":6.33}]
[{"$f":"IFERROR(INDEX(SINAPI!$E:$E,MATCH($B932,SINAPI!$A:$A,0)),\"\")","v":"INSUMO"},7543,{"$f":"IFERROR(INDEX(SINAPI!$B:$B,MATCH($B932,SINAPI!$A:$A,0)),\"\")","v":"TAMPA CEGA EM PVC PARA CONDULETE 4 X 2\"                                                                                                                                                                                                                                                                                                                                                                                                                                                                   "},{"$f":"IFERROR(INDEX(SINAPI!$C:$C,MATCH($B932,SINAPI!$A:$A,0)),\"\")","v":"UN    "},1,{"$f":"IFERROR(INDEX(SINAPI!$D:$D,MATCH($B932,SINAPI!$A:$A,0)),0)","v":4.2699999999999996},{"$f":"IFERROR(F932*E932,0)","v":4.2699999999999996}]
[{"$f":"IFERROR(INDEX(SINAPI!$E:$E,MATCH($B933,SINAPI!$A:$A,0)),\"\")","v":"COMPOSIÇÃO"},88264,{"$f":"IFERROR(INDEX(SINAPI!$B:$B,MATCH($B933,SINAPI!$A:$A,0)),\"\")","v":"ELETRICISTA COM ENCARGOS COMPLEMENTARES"},{"$f":"IFERROR(INDEX(SINAPI!$C:$C,MATCH($B933,SINAPI!$A:$A,0)),\"\")","v":"H"},0.1,{"$f":"IFERROR(INDEX(SINAPI!$D:$D,MATCH($B933,SINAPI!$A:$A,0)),0)","v":20.6},2.06]
[null,null,null,null,null,"TOTAL",{"$f":"SUM(G932:G933)","v":6.33}]
[]
[]
["CLASSE/TIPO","CÓDIGOS/ SINAPI","DESCRIÇÃO","UND","COEFICIENTE","PREÇO UNITÁRIO","PREÇO TOTAL"]
["COMP-6171 ",null,"CAIXA EM ALVENARIA (30X30X30cm) DE 1/2 TIJOLO COMUM, LASTRO DE BRITA E TAMPA DE CONCRETO ","UN",null,null,{"$f":"G948","v":217.48699999999997}]
[{"$f":"IFERROR(INDEX(SINAPI!$E:$E,MATCH($B939,SINAPI!$A:$A,0)),\"\")","v":"INSUMO"},4718,{"$f":"IFERROR(INDEX(SINAPI!$B:$B,MATCH($B939,SINAPI!$A:$A,0)),\"\")","v":"PEDRA BRITADA N. 2 (19 A 38 MM) POSTO PEDREIRA/FORNECEDOR, SEM FRETE                                                                                                                                                                                                                                                                                                                                                                                                                                      "},{"$f":"IFERROR(INDEX(SINAPI!$C:$C,MATCH($B939,SINAPI!$A:$A,0)),\"\")","v":"M3    "},0.3,{"$f":"IFERROR(INDEX(SINAPI!$D:$D,MATCH($B939,SINAPI!$A:$A,0)),0)","v":79.849999999999994},{"$f":"IFERROR(F939*E939,0)","v":23.954999999999998}]
[{"$f":"IFERROR(INDEX(SINAPI!$E:$E,MATCH($B940,SINAPI!$A:$A,0)),\"\")","v":"INSUMO"},1379,{"$f":"IFERROR(INDEX(SINAPI!$B:$B,MATCH($B940,SINAPI!$A:$A,0)),\"\")","v":"CIMENTO PORTLAND COMPOSTO CP II-32                                                                                                                                                                                                                                                                                                                                                                                                                                                                        "},{"$f":"IFERROR(INDEX(SINAPI!$C:$C,MATCH($B940,SINAPI!$A:$A,0)),\"\")","v":"KG    "},22,{"$f":"IFERROR(INDEX(SINAPI!$D:$D,MATCH($B940,SINAPI!$A:$A,0)),0)","v":0.66},14.520000000000001]
[{"$f":"IFERROR(INDEX(SINAPI!$E:$E,MATCH($B941,SINAPI!$A:$A,0)),\"\")","v":"INSUMO"},1106,{"$f":"IFERROR(INDEX(SINAPI!$B:$B,MATCH($B941,SINAPI!$A:$A,0)),\"\")","v":"CAL HIDRATADA CH-I PARA ARGAMASSAS                                                                                                                                                                                                                                                                                                                                                                                                                                                                        "},{"$f":"IFERROR(INDEX(SINAPI!$C:$C,MATCH($B941,SINAPI!$A:$A,0)),\"\")","v":"KG    "},8,{"$f":"IFERROR(INDEX(SINAPI!$D:$D,MATCH($B941,SINAPI!$A:$A,0)),0)","v":0.8},6.4]
[{"$f":"IFERROR(INDEX(SINAPI!$E:$E,MATCH($B942,SINAPI!$A:$A,0)),\"\")","v":"INSUMO"},370,{"$f":"IFERROR(INDEX(SINAPI!$B:$B,MATCH($B942,SINAPI!$A:$A,0)),\"\")","v":"AREIA MEDIA - POSTO JAZIDA/FORNECEDOR (RETIRADO NA JAZIDA, SEM TRANSPORTE)                                                                                                                                                                                                                                                                                                                                                                                                                                "},{"$f":"IFERROR(INDEX(SINAPI!$C:$C,MATCH($B942,SINAPI!$A:$A,0)),\"\")","v":"M3    "},0.2,{"$f":"IFERROR(INDEX(SINAPI!$D:$D,MATCH($B942,SINAPI!$A:$A,0)),0)","v":67.09},13.418000000000001]
[{"$f":"IFERROR(INDEX(SINAPI!$E:$E,MATCH($B943,SINAPI!$A:$A,0)),\"\")","v":"INSUMO"},43059,{"$f":"IFERROR(INDEX(SINAPI!$B:$B,MATCH($B943,SINAPI!$A:$A,0)),\"\")","v":"ACO CA-60, 4,2 MM, OU 5,0 MM, OU 6,0 MM, OU 7,0 MM, VERGALHAO                                                                                                                                                                                                                                                                                                                                                                                                                                             "},{"$f":"IFERROR(INDEX(SINAPI!$C:$C,MATCH($B943,SINAPI!$A:$A,0)),\"\")","v":"KG    "},3.3,{"$f":"IFERROR(INDEX(SINAPI!$D:$D,MATCH($B943,SINAPI!$A:$A,0)),0)","v":12.38},40.853999999999999]
[{"$f":"IFERROR(INDEX(SINAPI!$E:$E,MATCH($B944,SINAPI!$A:$A,0)),\"\")","v":"INSUMO"},367,{"$f":"IFERROR(INDEX(SINAPI!$B:$B,MATCH($B944,SINAPI!$A:$A,0)),\"\")","v":"AREIA GROSSA - POSTO JAZIDA/FORNECEDOR (RETIRADO NA JAZIDA, SEM TRANSPORTE)                                                                                                                                                                                                                                                                                                                                                                                                                               "},{"$f":"IFERROR(INDEX(SINAPI!$C:$C,MATCH($B944,SINAPI!$A:$A,0)),\"\")","v":"M3    "},0.25,{"$f":"IFERROR(INDEX(SINAPI!$D:$D,MATCH($B944,SINAPI!$A:$A,0)),0)","v":78},19.5]
[{"$f":"IFERROR(INDEX(SINAPI!$E:$E,MATCH($B945,SINAPI!$A:$A,0)),\"\")","v":"INSUMO"},7267,{"$f":"IFERROR(INDEX(SINAPI!$B:$B,MATCH($B945,SINAPI!$A:$A,0)),\"\")","v":"BLOCO CERAMICO VAZADO PARA ALVENARIA DE VEDACAO, 6 FUROS, DE 9 X 14 X 19 CM (L X A X C)                                                                                                                                                                                                                                                                                                                                                                                                                   "},{"$f":"IFERROR(INDEX(SINAPI!$C:$C,MATCH($B945,SINAPI!$A:$A,0)),\"\")","v":"UN    "},24,{"$f":"IFERROR(INDEX(SINAPI!$D:$D,MATCH($B945,SINAPI!$A:$A,0)),0)","v":0.83},19.919999999999998]
[{"$f":"IFERROR(INDEX(SINAPI!$E:$E,MATCH($B946,SINAPI!$A:$A,0)),\"\")","v":"COMPOSIÇÃO"},88309,{"$f":"IFERROR(INDEX(SINAPI!$B:$B,MATCH($B946,SINAPI!$A:$A,0)),\"\")","v":"PEDREIRO COM ENCARGOS COMPLEMENTARES"},{"$f":"IFERROR(INDEX(SINAPI!$C:$C,MATCH($B946,SINAPI!$A:$A,0)),\"\")","v":"H"},2,{"$f":"IFERROR(INDEX(SINAPI!$D:$D,MATCH($B946,SINAPI!$A:$A,0)),0)","v":19.86},39.72]
[{"$f":"IFERROR(INDEX(SINAPI!$E:$E,MATCH($B947,SINAPI!$A:$A,0)),\"\")","v":"COMPOSIÇÃO"},88242,{"$f":"IFERROR(INDEX(SINAPI!$B:$B,MATCH($B947,SINAPI!$A:$A,0)),\"\")","v":"AJUDANTE DE PEDREIRO COM ENCARGOS COMPLEMENTARES"},{"$f":"IFERROR(INDEX(SINAPI!$C:$C,MATCH($B947,SINAPI!$A:$A,0)),\"\")","v":"H"},2.5,{"$f":"IFERROR(INDEX(SINAPI!$D:$D,MATCH($B947,SINAPI!$A:$A,0)),0)","v":15.68},39.200000000000003]
[null,null,null,null,null,"TOTAL",{"$f":"SUM(G939:G947)","v":217.48699999999997}]
[]
[]
["CLASSE/TIPO","CÓDIGOS/ SINAPI","DESCRIÇÃO","UND","COEFICIENTE","PREÇO UNITÁRIO","PREÇO TOTAL"]
["COMP-1939 ",null,"CAIXA EM ALVENARIA (40X40X40cm) DE 1/2 TIJOLO COMUM, LASTRO DE BRITA E TAMPA DE CONCRETO ","UN",null,null,{"$f":"G962","v":260.6105}]
[{"$f":"IFERROR(INDEX(SINAPI!$E:$E,MATCH($B953,SINAPI!$A:$A,0)),\"\")","v":"INSUMO"},4718,{"$f":"IFERROR(INDEX(SINAPI!$B:$B,MATCH($B953,SINAPI!$A:$A,0)),\"\")","v":"PEDRA BRITADA N. 2 (19 A 38 MM) POSTO PEDREIRA/FORNECEDOR, SEM FRETE                                                                                                                                                                                                                                                                                                                                                                                                                                      "},{"$f":"IFERROR(INDEX(SINAPI!$C:$C,MATCH($B953,SINAPI!$A:$A,0)),\"\")","v":"M3    "},0.35,{"$f":"IFERROR(INDEX(SINAPI!$D:$D,MATCH($B953,SINAPI!$A:$A,0)),0)","v":79.849999999999994},{"$f":"IFERROR(F953*E953,0)","v":27.947499999999998}]
[{"$f":"IFERROR(INDEX(SINAPI!$E:$E,MATCH($B954,SINAPI!$A:$A,0)),\"\")","v":"INSUMO"},1379,{"$f":"IFERROR(INDEX(SINAPI!$B:$B,MATCH($B954,SINAPI!$A:$A,0)),\"\")","v":"CIMENTO PORTLAND COMPOSTO CP II-32                                                                                                                                                                                                                                                                                                                                                                                                                                                                        "},{"$f":"IFERROR(INDEX(SINAPI!$C:$C,MATCH($B954,SINAPI!$A:$A,0)),\"\")","v":"KG    "},22.5,{"$f":"IFERROR(INDEX(SINAPI!$D:$D,MATCH($B954,SINAPI!$A:$A,0)),0)","v":0.66},14.850000000000001]
[{"$f":"IFERROR(INDEX(SINAPI!$E:$E,MATCH($B955,SINAPI!$A:$A,0)),\"\")","v":"INSUMO"},1106,{"$f":"IFERROR(INDEX(SINAPI!$B:$B,MATCH($B955,SINAPI!$A:$A,0)),\"\")","v":"CAL HIDRATADA CH-I PARA ARGAMASSAS                                                                                                                                                                                                                                                                                                                                                                                                                                                                        "},{"$f":"IFERROR(INDEX(SINAPI!$C:$C,MATCH($B955,SINAPI!$A:$A,0)),\"\")","v":"KG    "},4,{"$f":"IFERROR(INDEX(SINAPI!$D:$D,MATCH($B955,SINAPI!$A:$A,0)),0)","v":0.8},3.2]
[{"$f":"IFERROR(INDEX(SINAPI!$E:$E,MATCH($B956,SINAPI!$A:$A,0)),\"\")","v":"INSUMO"},370,{"$f":"IFERROR(INDEX(SINAPI!$B:$B,MATCH($B956,SINAPI!$A:$A,0)),\"\")","v":"AREIA MEDIA - POSTO JAZIDA/FORNECEDOR (RETIRADO NA JAZIDA, SEM TRANSPORTE)                                                                                                                                                                                                                                                                                                                                                                                                                                "},{"$f":"IFERROR(INDEX(SINAPI!$C:$C,MATCH($B956,SINAPI!$A:$A,0)),\"\")","v":"M3    "},0.1,{"$f":"IFERROR(INDEX(SINAPI!$D:$D,MATCH($B956,SINAPI!$A:$A,0)),0)","v":67.09},6.7090000000000005]
[{"$f":"IFERROR(INDEX(SINAPI!$E:$E,MATCH($B957,SINAPI!$A:$A,0)),\"\")","v":"INSUMO"},43059,{"$f":"IFERROR(INDEX(SINAPI!$B:$B,MATCH($B957,SINAPI!$A:$A,0)),\"\")","v":"ACO CA-60, 4,2 MM, OU 5,0 MM, OU 6,0 MM, OU 7,0 MM, VERGALHAO                                                                                                                                                                                                                                                                                                                                                                                                                                             "},{"$f":"IFERROR(INDEX(SINAPI!$C:$C,MATCH($B957,SINAPI!$A:$A,0)),\"\")","v":"KG    "},4.3,{"$f":"IFERROR(INDEX(SINAPI!$D:$D,MATCH($B957,SINAPI!$A:$A,0)),0)","v":12.38},53.234000000000002]
[{"$f":"IFERROR(INDEX(SINAPI!$E:$E,MATCH($B958,SINAPI!$A:$A,0)),\"\")","v":"INSUMO"},367,{"$f":"IFERROR(INDEX(SINAPI!$B:$B,MATCH($B958,SINAPI!$A:$A,0)),\"\")","v":"AREIA GROSSA - POSTO JAZIDA/FORNECEDOR (RETIRADO NA JAZIDA, SEM TRANSPORTE)                                                                                                                                                                                                                                                                                                                                                                                                                               "},{"$f":"IFERROR(INDEX(SINAPI!$C:$C,MATCH($B958,SINAPI!$A:$A,0)),\"\")","v":"M3    "},0.17499999999999999,{"$f":"IFERROR(INDEX(SINAPI!$D:$D,MATCH($B958,SINAPI!$A:$A,0)),0)","v":78},13.649999999999999]
[{"$f":"IFERROR(INDEX(SINAPI!$E:$E,MATCH($B959,SINAPI!$A:$A,0)),\"\")","v":"INSUMO"},7267,{"$f":"IFERROR(INDEX(SINAPI!$B:$B,MATCH($B959,SINAPI!$A:$A,0)),\"\")","v":"BLOCO CERAMICO VAZADO PARA ALVENARIA DE VEDACAO, 6 FUROS, DE 9 X 14 X 19 CM (L X A X C)                                                                                                                                                                                                                                                                                                                                                                                                                   "},{"$f":"IFERROR(INDEX(SINAPI!$C:$C,MATCH($B959,SINAPI!$A:$A,0)),\"\")","v":"UN    "},32,{"$f":"IFERROR(INDEX(SINAPI!$D:$D,MATCH($B959,SINAPI!$A:$A,0)),0)","v":0.83},26.56]
[{"$f":"IFERROR(INDEX(SINAPI!$E:$E,MATCH($B960,SINAPI!$A:$A,0)),\"\")","v":"COMPOSIÇÃO"},88309,{"$f":"IFERROR(INDEX(SINAPI!$B:$B,MATCH($B960,SINAPI!$A:$A,0)),\"\")","v":"PEDREIRO COM ENCARGOS COMPLEMENTARES"},{"$f":"IFERROR(INDEX(SINAPI!$C:$C,MATCH($B960,SINAPI!$A:$A,0)),\"\")","v":"H"},3,{"$f":"IFERROR(INDEX(SINAPI!$D:$D,MATCH($B960,SINAPI!$A:$A,0)),0)","v":19.86},59.58]
[{"$f":"IFERROR(INDEX(SINAPI!$E:$E,MATCH($B961,SINAPI!$A:$A,0)),\"\")","v":"COMPOSIÇÃO"},88242,{"$f":"IFERROR(INDEX(SINAPI!$B:$B,MATCH($B961,SINAPI!$A:$A,0)),\"\")","v":"AJUDANTE DE PEDREIRO COM ENCARGOS COMPLEMENTARES"},{"$f":"IFERROR(INDEX(SINAPI!$C:$C,MATCH($B961,SINAPI!$A:$A,0)),\"\")","v":"H"},3.5,{"$f":"IFERROR(INDEX(SINAPI!$D:$D,MATCH($B961,SINAPI!$A:$A,0)),0)","v":15.68},54.879999999999995]
[null,null,null,null,null,"TOTAL",{"$f":"SUM(G953:G961)","v":260.6105}]
[]
[]
["CLASSE/TIPO","CÓDIGOS/ SINAPI","DESCRIÇÃO","UND","COEFICIENTE","PREÇO UNITÁRIO","PREÇO TOTAL"]
["COMP-3773 ",null,"CAIXA EM ALVENARIA (80X80X80cm) DE 1/2 TIJOLO COMUM, LASTRO DE BRITA E TAMPA DE CONCRETO ","UN",null,null,{"$f":"G976","v":454.74699999999996}]
[{"$f":"IFERROR(INDEX(SINAPI!$E:$E,MATCH($B967,SINAPI!$A:$A,0)),\"\")","v":"INSUMO"},4718,{"$f":"IFERROR(INDEX(SINAPI!$B:$B,MATCH($B967,SINAPI!$A:$A,0)),\"\")","v":"PEDRA BRITADA N. 2 (19 A 38 MM) POSTO PEDREIRA/FORNECEDOR, SEM FRETE                                                                                                                                                                                                                                                                                                                                                                                                                                      "},{"$f":"IFERROR(INDEX(SINAPI!$C:$C,MATCH($B967,SINAPI!$A:$A,0)),\"\")","v":"M3    "},0.7,{"$f":"IFERROR(INDEX(SINAPI!$D:$D,MATCH($B967,SINAPI!$A:$A,0)),0)","v":79.849999999999994},{"$f":"IFERROR(F967*E967,0)","v":55.894999999999996}]
[{"$f":"IFERROR(INDEX(SINAPI!$E:$E,MATCH($B968,SINAPI!$A:$A,0)),\"\")","v":"INSUMO"},1379,{"$f":"IFERROR(INDEX(SINAPI!$B:$B,MATCH($B968,SINAPI!$A:$A,0)),\"\")","v":"CIMENTO PORTLAND COMPOSTO CP II-32                                                                                                                                                                                                                                                                                                                                                                                                                                                                        "},{"$f":"IFERROR(INDEX(SINAPI!$C:$C,MATCH($B968,SINAPI!$A:$A,0)),\"\")","v":"KG    "},47,{"$f":"IFERROR(INDEX(SINAPI!$D:$D,MATCH($B968,SINAPI!$A:$A,0)),0)","v":0.66},31.020000000000003]
[{"$f":"IFERROR(INDEX(SINAPI!$E:$E,MATCH($B969,SINAPI!$A:$A,0)),\"\")","v":"INSUMO"},1106,{"$f":"IFERROR(INDEX(SINAPI!$B:$B,MATCH($B969,SINAPI!$A:$A,0)),\"\")","v":"CAL HIDRATADA CH-I PARA ARGAMASSAS                                                                                                                                                                                                                                                                                                                                                                                                                                                                        "},{"$f":"IFERROR(INDEX(SINAPI!$C:$C,MATCH($B969,SINAPI!$A:$A,0)),\"\")","v":"KG    "},8,{"$f":"IFERROR(INDEX(SINAPI!$D:$D,MATCH($B969,SINAPI!$A:$A,0)),0)","v":0.8},6.4]
[{"$f":"IFERROR(INDEX(SINAPI!$E:$E,MATCH($B970,SINAPI!$A:$A,0)),\"\")","v":"INSUMO"},370,{"$f":"IFERROR(INDEX(SINAPI!$B:$B,MATCH($B970,SINAPI!$A:$A,0)),\"\")","v":"AREIA MEDIA - POSTO JAZIDA/FORNECEDOR (RETIRADO NA JAZIDA, SEM TRANSPORTE)                                                                                                                                                                                                                                                                                                                                                                                                                                "},{"$f":"IFERROR(INDEX(SINAPI!$C:$C,MATCH($B970,SINAPI!$A:$A,0)),\"\")","v":"M3    "},0.2,{"$f":"IFERROR(INDEX(SINAPI!$D:$D,MATCH($B970,SINAPI!$A:$A,0)),0)","v":67.09},13.418000000000001]
[{"$f":"IFERROR(INDEX(SINAPI!$E:$E,MATCH($B971,SINAPI!$A:$A,0)),\"\")","v":"INSUMO"},43059,{"$f":"IFERROR(INDEX(SINAPI!$B:$B,MATCH($B971,SINAPI!$A:$A,0)),\"\")","v":"ACO CA-60, 4,2 MM, OU 5,0 MM, OU 6,0 MM, OU 7,0 MM, VERGALHAO                                                                                                                                                                                                                                                                                                                                                                                                                                             "},{"$f":"IFERROR(INDEX(SINAPI!$C:$C,MATCH($B971,SINAPI!$A:$A,0)),\"\")","v":"KG    "},5.3,{"$f":"IFERROR(INDEX(SINAPI!$D:$D,MATCH($B971,SINAPI!$A:$A,0)),0)","v":12.38},65.614000000000004]
[{"$f":"IFERROR(INDEX(SINAPI!$E:$E,MATCH($B972,SINAPI!$A:$A,0)),\"\")","v":"INSUMO"},367,{"$f":"IFERROR(INDEX(SINAPI!$B:$B,MATCH($B972,SINAPI!$A:$A,0)),\"\")","v":"AREIA GROSSA - POSTO JAZIDA/FORNECEDOR (RETIRADO NA JAZIDA, SEM TRANSPORTE)                                                                                                                                                                                                                                                                                                                                                                                                                               "},{"$f":"IFERROR(INDEX(SINAPI!$C:$C,MATCH($B972,SINAPI!$A:$A,0)),\"\")","v":"M3    "},0.35,{"$f":"IFERROR(INDEX(SINAPI!$D:$D,MATCH($B972,SINAPI!$A:$A,0)),0)","v":78},27.299999999999997]
[{"$f":"IFERROR(INDEX(SINAPI!$E:$E,MATCH($B973,SINAPI!$A:$A,0)),\"\")","v":"INSUMO"},7267,{"$f":"IFERROR(INDEX(SINAPI!$B:$B,MATCH($B973,SINAPI!$A:$A,0)),\"\")","v":"BLOCO CERAMICO VAZADO PARA ALVENARIA DE VEDACAO, 6 FUROS, DE 9 X 14 X 19 CM (L X A X C)                                                                                                                                                                                                                                                                                                                                                                                                                   "},{"$f":"IFERROR(INDEX(SINAPI!$C:$C,MATCH($B973,SINAPI!$A:$A,0)),\"\")","v":"UN    "},160,{"$f":"IFERROR(INDEX(SINAPI!$D:$D,MATCH($B973,SINAPI!$A:$A,0)),0)","v":0.83},132.79999999999998]
[{"$f":"IFERROR(INDEX(SINAPI!$E:$E,MATCH($B974,SINAPI!$A:$A,0)),\"\")","v":"COMPOSIÇÃO"},88309,{"$f":"IFERROR(INDEX(SINAPI!$B:$B,MATCH($B974,SINAPI!$A:$A,0)),\"\")","v":"PEDREIRO COM ENCARGOS COMPLEMENTARES"},{"$f":"IFERROR(INDEX(SINAPI!$C:$C,MATCH($B974,SINAPI!$A:$A,0)),\"\")","v":"H"},3,{"$f":"IFERROR(INDEX(SINAPI!$D:$D,MATCH($B974,SINAPI!$A:$A,0)),0)","v":19.86},59.58]
[{"$f":"IFERROR(INDEX(SINAPI!$E:$E,MATCH($B975,SINAPI!$A:$A,0)),\"\")","v":"COMPOSIÇÃO"},88242,{"$f":"IFERROR(INDEX(SINAPI!$B:$B,MATCH($B975,SINAPI!$A:$A,0)),\"\")","v":"AJUDANTE DE PEDREIRO COM ENCARGOS COMPLEMENTARES"},{"$f":"IFERROR(INDEX(SINAPI!$C:$C,MATCH($B975,SINAPI!$A:$A,0)),\"\")","v":"H"},4,{"$f":"IFERROR(INDEX(SINAPI!$D:$D,MATCH($B975,SINAPI!$A:$A,0)),0)","v":15.68},62.72]
[null,null,null,null,null,"TOTAL",{"$f":"SUM(G967:G975)","v":454.74699999999996}]
[]
[]
["CLASSE/TIPO","CÓDIGOS/ SINAPI","DESCRIÇÃO","UND","COEFICIENTE","PREÇO UNITÁRIO","PREÇO TOTAL"]
["COMP-230076",null,"CAIXA DE PASSAGEM EM AÇO PINTADA (REF. LUKBOX OU SIMILAR) - 400X400X150MM-EMBUTIR ","UN",null,null,{"$f":"G983","v":147.04}]
[{"$f":"IFERROR(INDEX(SINAPI!$E:$E,MATCH($B981,SINAPI!$A:$A,0)),\"\")","v":"INSUMO"},11251,{"$f":"IFERROR(INDEX(SINAPI!$B:$B,MATCH($B981,SINAPI!$A:$A,0)),\"\")","v":"CAIXA DE PASSAGEM/ LUZ / TELEFONIA, DE EMBUTIR,  EM CHAPA DE ACO GALVANIZADO, DIMENSOES 40 X 40 X *12* CM (PADRAO CONCESSIONARIA LOCAL)                                                                                                                                                                                                                                                                                                                                                                   "},{"$f":"IFERROR(INDEX(SINAPI!$C:$C,MATCH($B981,SINAPI!$A:$A,0)),\"\")","v":"UN    "},1,{"$f":"IFERROR(INDEX(SINAPI!$D:$D,MATCH($B981,SINAPI!$A:$A,0)),0)","v":144.97999999999999},{"$f":"IFERROR(F981*E981,0)","v":144.97999999999999}]
[{"$f":"IFERROR(INDEX(SINAPI!$E:$E,MATCH($B982,SINAPI!$A:$A,0)),\"\")","v":"COMPOSIÇÃO"},88264,{"$f":"IFERROR(INDEX(SINAPI!$B:$B,MATCH($B982,SINAPI!$A:$A,0)),\"\")","v":"ELETRICISTA COM ENCARGOS COMPLEMENTARES"},{"$f":"IFERROR(INDEX(SINAPI!$C:$C,MATCH($B982,SINAPI!$A:$A,0)),\"\")","v":"H"},0.1,{"$f":"IFERROR(INDEX(SINAPI!$D:$D,MATCH($B982,SINAPI!$A:$A,0)),0)","v":20.6},2.06]
[null,null,null,null,null,"TOTAL",{"$f":"SUM(G981:G982)","v":147.04}]
[]
[]
["CLASSE/TIPO","CÓDIGOS/ SINAPI","DESCRIÇÃO","UND","COEFICIENTE","PREÇO UNITÁRIO","PREÇO TOTAL"]
["COMP-051387",null,"CAIXA DE PASSAGEM EM AÇO PINTADA (REF. LUKBOX OU SIMILAR) - 400X400X150MM-SOBREPOR ","UN",null,null,{"$f":"G990","v":215.46}]
["INSUMO","00455/ORSE","CAIXA DE PASSAGEM N3 PADRÃO TELEBRÁS, 40 X 40 X 12M, EM CHAPA DE AÇO GALVANIZADO","UN",1,213.4,{"$f":"IFERROR(F988*E988,0)","v":213.4}]
[{"$f":"IFERROR(INDEX(SINAPI!$E:$E,MATCH($B989,SINAPI!$A:$A,0)),\"\")","v":"COMPOSIÇÃO"},88264,{"$f":"IFERROR(INDEX(SINAPI!$B:$B,MATCH($B989,SINAPI!$A:$A,0)),\"\")","v":"ELETRICISTA COM ENCARGOS COMPLEMENTARES"},{"$f":"IFERROR(INDEX(SINAPI!$C:$C,MATCH($B989,SINAPI!$A:$A,0)),\"\")","v":"H"},0.1,{"$f":"IFERROR(INDEX(SINAPI!$D:$D,MATCH($B989,SINAPI!$A:$A,0)),0)","v":20.6},2.06]
[null,null,null,null,null,"TOTAL",{"$f":"SUM(G988:G989)","v":215.46}]
[]
[]
["CLASSE/TIPO","CÓDIGOS/ SINAPI","DESCRIÇÃO","UND","COEFICIENTE","PREÇO UNITÁRIO","PREÇO TOTAL"]
["COMP-286613",null,"CAIXA DE PASSAGEM EM PVC (REF. CEMAR OU SIMILAR) - 120X120X75MM-SOBREPOR ","UN",null,null,{"$f":"G997","v":1065.56}]
["INSUMO","04902/ORSE","CAIXA DE PASSAGEM N6 PADRÃO TELEBRÁS, 120 X 120 X 12M, EM CHAPA DE AÇO GALVANIZADO","UN",1,1063.5,{"$f":"IFERROR(F995*E995,0)","v":1063.5}]
[{"$f":"IFERROR(INDEX(SINAPI!$E:$E,MATCH($B996,SINAPI!$A:$A,0)),\"\")","v":"COMPOSIÇÃO"},88264,{"$f":"IFERROR(INDEX(SINAPI!$B:$B,MATCH($B996,SINAPI!$A:$A,0)),\"\")","v":"ELETRICISTA COM ENCARGOS COMPLEMENTARES"},{"$f":"IFERROR(INDEX(SINAPI!$C:$C,MATCH($B996,SINAPI!$A:$A,0)),\"\")","v":"H"},0.1,{"$f":"IFERROR(INDEX(SINAPI!$D:$D,MATCH($B996,SINAPI!$A:$A,0)),0)","v":20.6},2.06]
[null,null,null,null,null,"TOTAL",{"$f":"SUM(G995:G996)","v":1065.56}]
[]
[]
["CLASSE/TIPO","CÓDIGOS/ SINAPI","DESCRIÇÃO","UND","COEFICIENTE","PREÇO UNITÁRIO","PREÇO TOTAL"]
["COMP-741965",null,"CAIXA DE PASSAGEM EM PVC (REF. CEMAR OU SIMILAR) - 150X150X68MM-SOBREPOR ","UN",null,null,{"$f":"G1004","v":1237.06}]
["INSUMO","00457/ORSE","Caixa de passagem padrão telebrás, 100 x 100 x 12cm, em chapa de aço galvanizado","UN",1,1235,{"$f":"IFERROR(F1002*E1002,0)","v":1235}]
[{"$f":"IFERROR(INDEX(SINAPI!$E:$E,MATCH($B1003,SINAPI!$A:$A,0)),\"\")","v":"COMPOSIÇÃO"},88264,{"$f":"IFERROR(INDEX(SINAPI!$B:$B,MATCH($B1003,SINAPI!$A:$A,0)),\"\")","v":"ELETRICISTA COM ENCARGOS COMPLEMENTARES"},{"$f":"IFERROR(INDEX(SINAPI!$C:$C,MATCH($B1003,SINAPI!$A:$A,0)),\"\")","v":"H"},0.1,{"$f":"IFERROR(INDEX(SINAPI!$D:$D,MATCH($B1003,SINAPI!$A:$A,0)),0)","v":20.6},2.06]
[null,null,null,null,null,"TOTAL",{"$f":"SUM(G1002:G1003)","v":1237.06}]
[]
[]
["CLASSE/TIPO","CÓDIGOS/ SINAPI","DESCRIÇÃO","UND","COEFICIENTE","PREÇO UNITÁRIO","PREÇO TOTAL"]
["COMP-5272 ",null,"ARRUELA ZAMAK 1/2\" ","UND",null,null,{"$f":"G1012","v":4.1259999999999994}]
["INSUMO","00216/ORSE","ARRUELA EM LIGA ZAMAK P/ELETRODUTO 40MM, D=1 1/2\"","UN",0.5,1.01,{"$f":"IFERROR(F1009*E1009,0)","v":0.505}]
[{"$f":"IFERROR(INDEX(SINAPI!$E:$E,MATCH($B1010,SINAPI!$A:$A,0)),\"\")","v":"COMPOSIÇÃO"},88247,{"$f":"IFERROR(INDEX(SINAPI!$B:$B,MATCH($B1010,SINAPI!$A:$A,0)),\"\")","v":"AUXILIAR DE ELETRICISTA COM ENCARGOS COMPLEMENTARES"},{"$f":"IFERROR(INDEX(SINAPI!$C:$C,MATCH($B1010,SINAPI!$A:$A,0)),\"\")","v":"H"},0.1,{"$f":"IFERROR(INDEX(SINAPI!$D:$D,MATCH($B1010,SINAPI!$A:$A,0)),0)","v":15.61},1.5609999999999999]
[{"$f":"IFERROR(INDEX(SINAPI!$E:$E,MATCH($B1011,SINAPI!$A:$A,0)),\"\")","v":"COMPOSIÇÃO"},88264,{"$f":"IFERROR(INDEX(SINAPI!$B:$B,MATCH($B1011,SINAPI!$A:$A,0)),\"\")","v":"ELETRICISTA COM ENCARGOS COMPLEMENTARES"},{"$f":"IFERROR(INDEX(SINAPI!$C:$C,MATCH($B1011,SINAPI!$A:$A,0)),\"\")","v":"H"},0.1,{"$f":"IFERROR(INDEX(SINAPI!$D:$D,MATCH($B1011,SINAPI!$A:$A,0)),0)","v":20.6},2.06]
[null,null,null,null,null,"TOTAL",{"$f":"SUM(G1009:G1011)","v":4.1259999999999994}]
[]
[]
["CLASSE/TIPO","CÓDIGOS/ SINAPI","DESCRIÇÃO","UND","COEFICIENTE","PREÇO UNITÁRIO","PREÇO TOTAL"]
["COMP-1762 ",null,"ARRUELA ZAMAK 2. 1/2\" ","UND",null,null,{"$f":"G1020","v":6.2509999999999994}]
[{"$f":"IFERROR(INDEX(SINAPI!$E:$E,MATCH($B1017,SINAPI!$A:$A,0)),\"\")","v":"INSUMO"},39214,{"$f":"IFERROR(INDEX(SINAPI!$B:$B,MATCH($B1017,SINAPI!$A:$A,0)),\"\")","v":"ARRUELA EM ALUMINIO, COM ROSCA, DE 2 1/2\", PARA ELETRODUTO                                                                                                                                                                                                                                                                                                                                                                                                                                                "},{"$f":"IFERROR(INDEX(SINAPI!$C:$C,MATCH($B1017,SINAPI!$A:$A,0)),\"\")","v":"UN    "},1,{"$f":"IFERROR(INDEX(SINAPI!$D:$D,MATCH($B1017,SINAPI!$A:$A,0)),0)","v":2.63},{"$f":"IFERROR(F1017*E1017,0)","v":2.63}]
[{"$f":"IFERROR(INDEX(SINAPI!$E:$E,MATCH($B1018,SINAPI!$A:$A,0)),\"\")","v":"COMPOSIÇÃO"},88247,{"$f":"IFERROR(INDEX(SINAPI!$B:$B,MATCH($B1018,SINAPI!$A:$A,0)),\"\")","v":"AUXILIAR DE ELETRICISTA COM ENCARGOS COMPLEMENTARES"},{"$f":"IFERROR(INDEX(SINAPI!$C:$C,MATCH($B1018,SINAPI!$A:$A,0)),\"\")","v":"H"},0.1,{"$f":"IFERROR(INDEX(SINAPI!$D:$D,MATCH($B1018,SINAPI!$A:$A,0)),0)","v":15.61},1.5609999999999999]
[{"$f":"IFERROR(INDEX(SINAPI!$E:$E,MATCH($B1019,SINAPI!$A:$A,0)),\"\")","v":"COMPOSIÇÃO"},88264,{"$f":"IFERROR(INDEX(SINAPI!$B:$B,MATCH($B1019,SINAPI!$A:$A,0)),\"\")","v":"ELETRICISTA COM ENCARGOS COMPLEMENTARES"},{"$f":"IFERROR(INDEX(SINAPI!$C:$C,MATCH($B1019,SINAPI!$A:$A,0)),\"\")","v":"H"},0.1,{"$f":"IFERROR(INDEX(SINAPI!$D:$D,MATCH($B1019,SINAPI!$A:$A,0)),0)","v":20.6},2.06]
[null,null,null,null,null,"TOTAL",{"$f":"SUM(G1017:G1019)","v":6.2509999999999994}]
[]
[]
["CLASSE/TIPO","CÓDIGOS/ SINAPI","DESCRIÇÃO","UND","COEFICIENTE","PREÇO UNITÁRIO","PREÇO TOTAL"]
["COMP-2643 ",null,"BUCHA ZAMAK 1/2\" ","UND",null,null,{"$f":"G1028","v":3.9210000000000003}]
["INSUMO","10394/ORSE","BUCHA EM LIGA ZAMAK PARA ELETRODUTO 16MM, D=1/2\"","UN",1,0.3,{"$f":"IFERROR(F1025*E1025,0)","v":0.3}]
[{"$f":"IFERROR(INDEX(SINAPI!$E:$E,MATCH($B1026,SINAPI!$A:$A,0)),\"\")","v":"COMPOSIÇÃO"},88247,{"$f":"IFERROR(INDEX(SINAPI!$B:$B,MATCH($B1026,SINAPI!$A:$A,0)),\"\")","v":"AUXILIAR DE ELETRICISTA COM ENCARGOS COMPLEMENTARES"},{"$f":"IFERROR(INDEX(SINAPI!$C:$C,MATCH($B1026,SINAPI!$A:$A,0)),\"\")","v":"H"},0.1,{"$f":"IFERROR(INDEX(SINAPI!$D:$D,MATCH($B1026,SINAPI!$A:$A,0)),0)","v":15.61},1.5609999999999999]
[{"$f":"IFERROR(INDEX(SINAPI!$E:$E,MATCH($B1027,SINAPI!$A:$A,0)),\"\")","v":"COMPOSIÇÃO"},88264,{"$f":"IFERROR(INDEX(SINAPI!$B:$B,MATCH($B1027,SINAPI!$A:$A,0)),\"\")","v":"ELETRICISTA COM ENCARGOS COMPLEMENTARES"},{"$f":"IFERROR(INDEX(SINAPI!$C:$C,MATCH($B1027,SINAPI!$A:$A,0)),\"\")","v":"H"},0.1,{"$f":"IFERROR(INDEX(SINAPI!$D:$D,MATCH($B1027,SINAPI!$A:$A,0)),0)","v":20.6},2.06]
[null,null,null,null,null,"TOTAL",{"$f":"SUM(G1025:G1027)","v":3.9210000000000003}]
[]
[]
["CLASSE/TIPO","CÓDIGOS/ SINAPI","DESCRIÇÃO","UND","COEFICIENTE","PREÇO UNITÁRIO","PREÇO TOTAL"]
["COMP-5243 ",null,"BUCHA ZAMAK 2. 1/2\" ","UND",null,null,{"$f":"G1036","v":4.0709999999999997}]
["INSUMO","10394/ORSE","BUCHA EM LIGA ZAMAK PARA ELETRODUTO 16MM, D=1/2\"","UN",1.5,0.3,{"$f":"IFERROR(F1033*E1033,0)","v":0.44999999999999996}]
[{"$f":"IFERROR(INDEX(SINAPI!$E:$E,MATCH($B1034,SINAPI!$A:$A,0)),\"\")","v":"COMPOSIÇÃO"},88247,{"$f":"IFERROR(INDEX(SINAPI!$B:$B,MATCH($B1034,SINAPI!$A:$A,0)),\"\")","v":"AUXILIAR DE ELETRICISTA COM ENCARGOS COMPLEMENTARES"},{"$f":"IFERROR(INDEX(SINAPI!$C:$C,MATCH($B1034,SINAPI!$A:$A,0)),\"\")","v":"H"},0.1,{"$f":"IFERROR(INDEX(SINAPI!$D:$D,MATCH($B1034,SINAPI!$A:$A,0)),0)","v":15.61},1.5609999999999999]
[{"$f":"IFERROR(INDEX(SINAPI!$E:$E,MATCH($B1035,SINAPI!$A:$A,0)),\"\")","v":"COMPOSIÇÃO"},88264,{"$f":"IFERROR(INDEX(SINAPI!$B:$B,MATCH($B1035,SINAPI!$A:$A,0)),\"\")","v":"ELETRICISTA COM ENCARGOS COMPLEMENTARES"},{"$f":"IFERROR(INDEX(SINAPI!$C:$C,MATCH($B1035,SINAPI!$A:$A,0)),\"\")","v":"H"},0.1,{"$f":"IFERROR(INDEX(SINAPI!$D:$D,MATCH($B1035,SINAPI!$A:$A,0)),0)","v":20.6},2.06]
[null,null,null,null,null,"TOTAL",{"$f":"SUM(G1033:G1035)","v":4.0709999999999997}]
[]
[]
["CLASSE/TIPO","CÓDIGOS/ SINAPI","DESCRIÇÃO","UND","COEFICIENTE","PREÇO UNITÁRIO","PREÇO TOTAL"]
["COMP-003676",null,"CAIXA PVC 4X2\" ","UN",null,null,{"$f":"G1046","v":8.8559999999999999}]
[{"$f":"IFERROR(INDEX(SINAPI!$E:$E,MATCH($B1041,SINAPI!$A:$A,0)),\"\")","v":"INSUMO"},1872,{"$f":"IFERROR(INDEX(SINAPI!$B:$B,MATCH($B1041,SINAPI!$A:$A,0)),\"\")","v":"CAIXA DE PASSAGEM, EM PVC, DE 4\" X 2\", PARA ELETRODUTO FLEXIVEL CORRUGADO                                                                                                                                                                                                                                                                                                                                                                                                                                 "},{"$f":"IFERROR(INDEX(SINAPI!$C:$C,MATCH($B1041,SINAPI!$A:$A,0)),\"\")","v":"UN    "},1,{"$f":"IFERROR(INDEX(SINAPI!$D:$D,MATCH($B1041,SINAPI!$A:$A,0)),0)","v":1.89},{"$f":"IFERROR(F1041*E1041,0)","v":1.89}]
[{"$f":"IFERROR(INDEX(SINAPI!$E:$E,MATCH($B1042,SINAPI!$A:$A,0)),\"\")","v":"INSUMO"},371,{"$f":"IFERROR(INDEX(SINAPI!$B:$B,MATCH($B1042,SINAPI!$A:$A,0)),\"\")","v":"ARGAMASSA INDUSTRIALIZADA MULTIUSO, PARA REVESTIMENTO INTERNO E EXTERNO E ASSENTAMENTO DE BLOCOS DIVERSOS                                                                                                                                                                                                                                                                                                                                                                                                 "},{"$f":"IFERROR(INDEX(SINAPI!$C:$C,MATCH($B1042,SINAPI!$A:$A,0)),\"\")","v":"KG    "},1,{"$f":"IFERROR(INDEX(SINAPI!$D:$D,MATCH($B1042,SINAPI!$A:$A,0)),0)","v":0.85},0.85]
[{"$f":"IFERROR(INDEX(SINAPI!$E:$E,MATCH($B1043,SINAPI!$A:$A,0)),\"\")","v":"COMPOSIÇÃO"},88242,{"$f":"IFERROR(INDEX(SINAPI!$B:$B,MATCH($B1043,SINAPI!$A:$A,0)),\"\")","v":"AJUDANTE DE PEDREIRO COM ENCARGOS COMPLEMENTARES"},{"$f":"IFERROR(INDEX(SINAPI!$C:$C,MATCH($B1043,SINAPI!$A:$A,0)),\"\")","v":"H"},0.2,{"$f":"IFERROR(INDEX(SINAPI!$D:$D,MATCH($B1043,SINAPI!$A:$A,0)),0)","v":15.68},3.1360000000000001]
[{"$f":"IFERROR(INDEX(SINAPI!$E:$E,MATCH($B1044,SINAPI!$A:$A,0)),\"\")","v":"COMPOSIÇÃO"},88309,{"$f":"IFERROR(INDEX(SINAPI!$B:$B,MATCH($B1044,SINAPI!$A:$A,0)),\"\")","v":"PEDREIRO COM ENCARGOS COMPLEMENTARES"},{"$f":"IFERROR(INDEX(SINAPI!$C:$C,MATCH($B1044,SINAPI!$A:$A,0)),\"\")","v":"H"},0.1,{"$f":"IFERROR(INDEX(SINAPI!$D:$D,MATCH($B1044,SINAPI!$A:$A,0)),0)","v":19.86},1.986]
[{"$f":"IFERROR(INDEX(SINAPI!$E:$E,MATCH($B1045,SINAPI!$A:$A,0)),\"\")","v":"COMPOSIÇÃO"},90447,{"$f":"IFERROR(INDEX(SINAPI!$B:$B,MATCH($B1045,SINAPI!$A:$A,0)),\"\")","v":"RASGO EM ALVENARIA PARA ELETRODUTOS COM DIAMETROS MENORES OU IGUAIS A 40 MM. AF_05/2015"},{"$f":"IFERROR(INDEX(SINAPI!$C:$C,MATCH($B1045,SINAPI!$A:$A,0)),\"\")","v":"M"},0.2,{"$f":"IFERROR(INDEX(SINAPI!$D:$D,MATCH($B1045,SINAPI!$A:$A,0)),0)","v":4.97},0.99399999999999999]
[null,null,null,null,null,"TOTAL",{"$f":"SUM(G1041:G1045)","v":8.8559999999999999}]
[]
[]
["CLASSE/TIPO","CÓDIGOS/ SINAPI","DESCRIÇÃO","UND","COEFICIENTE","PREÇO UNITÁRIO","PREÇO TOTAL"]
["COMP-6226 ",null,"CAIXA PVC ORTOGONAL 3X3\" ","UN",null,null,{"$f":"G1056","v":10.736000000000001}]
[{"$f":"IFERROR(INDEX(SINAPI!$E:$E,MATCH($B1051,SINAPI!$A:$A,0)),\"\")","v":"INSUMO"},371,{"$f":"IFERROR(INDEX(SINAPI!$B:$B,MATCH($B1051,SINAPI!$A:$A,0)),\"\")","v":"ARGAMASSA INDUSTRIALIZADA MULTIUSO, PARA REVESTIMENTO INTERNO E EXTERNO E ASSENTAMENTO DE BLOCOS DIVERSOS                                                                                                                                                                                                                                                                                                                                                                                                 "},{"$f":"IFERROR(INDEX(SINAPI!$C:$C,MATCH($B1051,SINAPI!$A:$A,0)),\"\")","v":"KG    "},1,{"$f":"IFERROR(INDEX(SINAPI!$D:$D,MATCH($B1051,SINAPI!$A:$A,0)),0)","v":0.85},{"$f":"IFERROR(F1051*E1051,0)","v":0.85}]
[{"$f":"IFERROR(INDEX(SINAPI!$E:$E,MATCH($B1052,SINAPI!$A:$A,0)),\"\")","v":"INSUMO"},1873,{"$f":"IFERROR(INDEX(SINAPI!$B:$B,MATCH($B1052,SINAPI!$A:$A,0)),\"\")","v":"CAIXA DE PASSAGEM, EM PVC, DE 4\" X 4\", PARA ELETRODUTO FLEXIVEL CORRUGADO                                                                                                                                                                                                                                                                                                                                                                                                                                 "},{"$f":"IFERROR(INDEX(SINAPI!$C:$C,MATCH($B1052,SINAPI!$A:$A,0)),\"\")","v":"UN    "},1,{"$f":"IFERROR(INDEX(SINAPI!$D:$D,MATCH($B1052,SINAPI!$A:$A,0)),0)","v":3.77},3.77]
[{"$f":"IFERROR(INDEX(SINAPI!$E:$E,MATCH($B1053,SINAPI!$A:$A,0)),\"\")","v":"COMPOSIÇÃO"},88242,{"$f":"IFERROR(INDEX(SINAPI!$B:$B,MATCH($B1053,SINAPI!$A:$A,0)),\"\")","v":"AJUDANTE DE PEDREIRO COM ENCARGOS COMPLEMENTARES"},{"$f":"IFERROR(INDEX(SINAPI!$C:$C,MATCH($B1053,SINAPI!$A:$A,0)),\"\")","v":"H"},0.2,{"$f":"IFERROR(INDEX(SINAPI!$D:$D,MATCH($B1053,SINAPI!$A:$A,0)),0)","v":15.68},3.1360000000000001]
[{"$f":"IFERROR(INDEX(SINAPI!$E:$E,MATCH($B1054,SINAPI!$A:$A,0)),\"\")","v":"COMPOSIÇÃO"},88309,{"$f":"IFERROR(INDEX(SINAPI!$B:$B,MATCH($B1054,SINAPI!$A:$A,0)),\"\")","v":"PEDREIRO COM ENCARGOS COMPLEMENTARES"},{"$f":"IFERROR(INDEX(SINAPI!$C:$C,MATCH($B1054,SINAPI!$A:$A,0)),\"\")","v":"H"},0.1,{"$f":"IFERROR(INDEX(SINAPI!$D:$D,MATCH($B1054,SINAPI!$A:$A,0)),0)","v":19.86},1.986]
[{"$f":"IFERROR(INDEX(SINAPI!$E:$E,MATCH($B1055,SINAPI!$A:$A,0)),\"\")","v":"COMPOSIÇÃO"},90447,{"$f":"IFERROR(INDEX(SINAPI!$B:$B,MATCH($B1055,SINAPI!$A:$A,0)),\"\")","v":"RASGO EM ALVENARIA PARA ELETRODUTOS COM DIAMETROS MENORES OU IGUAIS A 40 MM. AF_05/2015"},{"$f":"IFERROR(INDEX(SINAPI!$C:$C,MATCH($B1055,SINAPI!$A:$A,0)),\"\")","v":"M"},0.2,{"$f":"IFERROR(INDEX(SINAPI!$D:$D,MATCH($B1055,SINAPI!$A:$A,0)),0)","v":4.97},0.99399999999999999]
[null,null,null,null,null,"TOTAL",{"$f":"SUM(G1051:G1055)","v":10.736000000000001}]
[]
[]
["CLASSE/TIPO","CÓDIGOS/ SINAPI","DESCRIÇÃO","UND","COEFICIENTE","PREÇO UNITÁRIO","PREÇO TOTAL"]
["COMP-1033 ",null,"CONDULETE EM PVC COM 5 ENTRADA 1/2\" ","UN",null,null,{"$f":"G1063","v":11.86}]
[{"$f":"IFERROR(INDEX(SINAPI!$E:$E,MATCH($B1061,SINAPI!$A:$A,0)),\"\")","v":"INSUMO"},39336,{"$f":"IFERROR(INDEX(SINAPI!$B:$B,MATCH($B1061,SINAPI!$A:$A,0)),\"\")","v":"CONDULETE EM PVC, TIPO \"LR\", SEM TAMPA, DE 1/2\"                                                                                                                                                                                                                                                                                                                                                                                                                                                           "},{"$f":"IFERROR(INDEX(SINAPI!$C:$C,MATCH($B1061,SINAPI!$A:$A,0)),\"\")","v":"UN    "},1,{"$f":"IFERROR(INDEX(SINAPI!$D:$D,MATCH($B1061,SINAPI!$A:$A,0)),0)","v":8.77},{"$f":"IFERROR(F1061*E1061,0)","v":8.77}]
[{"$f":"IFERROR(INDEX(SINAPI!$E:$E,MATCH($B1062,SINAPI!$A:$A,0)),\"\")","v":"COMPOSIÇÃO"},88264,{"$f":"IFERROR(INDEX(SINAPI!$B:$B,MATCH($B1062,SINAPI!$A:$A,0)),\"\")","v":"ELETRICISTA COM ENCARGOS COMPLEMENTARES"},{"$f":"IFERROR(INDEX(SINAPI!$C:$C,MATCH($B1062,SINAPI!$A:$A,0)),\"\")","v":"H"},0.15,{"$f":"IFERROR(INDEX(SINAPI!$D:$D,MATCH($B1062,SINAPI!$A:$A,0)),0)","v":20.6},3.0900000000000003]
[null,null,null,null,null,"TOTAL",{"$f":"SUM(G1061:G1062)","v":11.86}]
[]
[]
["CLASSE/TIPO","CÓDIGOS/ SINAPI","DESCRIÇÃO","UND","COEFICIENTE","PREÇO UNITÁRIO","PREÇO TOTAL"]
["COMP-9566 ",null,"CURVA 135° PVC ROSCA 1.1/2\" ","UN",null,null,{"$f":"G1070","v":7.0050000000000008}]
[{"$f":"IFERROR(INDEX(SINAPI!$E:$E,MATCH($B1068,SINAPI!$A:$A,0)),\"\")","v":"INSUMO"},1880,{"$f":"IFERROR(INDEX(SINAPI!$B:$B,MATCH($B1068,SINAPI!$A:$A,0)),\"\")","v":"CURVA 135 GRAUS, DE PVC RIGIDO ROSCAVEL, DE 1\", PARA ELETRODUTO                                                                                                                                                                                                                                                                                                                                                                                                                                           "},{"$f":"IFERROR(INDEX(SINAPI!$C:$C,MATCH($B1068,SINAPI!$A:$A,0)),\"\")","v":"UN    "},1.5,{"$f":"IFERROR(INDEX(SINAPI!$D:$D,MATCH($B1068,SINAPI!$A:$A,0)),0)","v":2.61},{"$f":"IFERROR(F1068*E1068,0)","v":3.915}]
[{"$f":"IFERROR(INDEX(SINAPI!$E:$E,MATCH($B1069,SINAPI!$A:$A,0)),\"\")","v":"COMPOSIÇÃO"},88264,{"$f":"IFERROR(INDEX(SINAPI!$B:$B,MATCH($B1069,SINAPI!$A:$A,0)),\"\")","v":"ELETRICISTA COM ENCARGOS COMPLEMENTARES"},{"$f":"IFERROR(INDEX(SINAPI!$C:$C,MATCH($B1069,SINAPI!$A:$A,0)),\"\")","v":"H"},0.15,{"$f":"IFERROR(INDEX(SINAPI!$D:$D,MATCH($B1069,SINAPI!$A:$A,0)),0)","v":20.6},3.0900000000000003]
[null,null,null,null,null,"TOTAL",{"$f":"SUM(G1068:G1069)","v":7.0050000000000008}]
[]
[]
["CLASSE/TIPO","CÓDIGOS/ SINAPI","DESCRIÇÃO","UND","COEFICIENTE","PREÇO UNITÁRIO","PREÇO TOTAL"]
["COMP-9180 ",null,"LUVA PVC ROSCA 1/2\" ","UN",null,null,{"$f":"G1077","v":3.7300000000000004}]
[{"$f":"IFERROR(INDEX(SINAPI!$E:$E,MATCH($B1075,SINAPI!$A:$A,0)),\"\")","v":"INSUMO"},1901,{"$f":"IFERROR(INDEX(SINAPI!$B:$B,MATCH($B1075,SINAPI!$A:$A,0)),\"\")","v":"LUVA EM PVC RIGIDO ROSCAVEL, DE 1/2\", PARA ELETRODUTO                                                                                                                                                                                                                                                                                                                                                                                                                                                     "},{"$f":"IFERROR(INDEX(SINAPI!$C:$C,MATCH($B1075,SINAPI!$A:$A,0)),\"\")","v":"UN    "},1,{"$f":"IFERROR(INDEX(SINAPI!$D:$D,MATCH($B1075,SINAPI!$A:$A,0)),0)","v":0.64},{"$f":"IFERROR(F1075*E1075,0)","v":0.64}]
[{"$f":"IFERROR(INDEX(SINAPI!$E:$E,MATCH($B1076,SINAPI!$A:$A,0)),\"\")","v":"COMPOSIÇÃO"},88264,{"$f":"IFERROR(INDEX(SINAPI!$B:$B,MATCH($B1076,SINAPI!$A:$A,0)),\"\")","v":"ELETRICISTA COM ENCARGOS COMPLEMENTARES"},{"$f":"IFERROR(INDEX(SINAPI!$C:$C,MATCH($B1076,SINAPI!$A:$A,0)),\"\")","v":"H"},0.15,{"$f":"IFERROR(INDEX(SINAPI!$D:$D,MATCH($B1076,SINAPI!$A:$A,0)),0)","v":20.6},3.0900000000000003]
[null,null,null,null,null,"TOTAL",{"$f":"SUM(G1075:G1076)","v":3.7300000000000004}]
[]
[]
["CLASSE/TIPO","CÓDIGOS/ SINAPI","DESCRIÇÃO","UND","COEFICIENTE","PREÇO UNITÁRIO","PREÇO TOTAL"]
["COMP-5602 ",null,"LUVA PVC ROSCA 2.1/2\" ","UN",null,null,{"$f":"G1084","v":12.23}]
[{"$f":"IFERROR(INDEX(SINAPI!$E:$E,MATCH($B1082,SINAPI!$A:$A,0)),\"\")","v":"INSUMO"},1907,{"$f":"IFERROR(INDEX(SINAPI!$B:$B,MATCH($B1082,SINAPI!$A:$A,0)),\"\")","v":"LUVA EM PVC RIGIDO ROSCAVEL, DE 2 1/2\", PARA ELETRODUTO                                                                                                                                                                                                                                                                                                                                                                                                                                                   "},{"$f":"IFERROR(INDEX(SINAPI!$C:$C,MATCH($B1082,SINAPI!$A:$A,0)),\"\")","v":"UN    "},1,{"$f":"IFERROR(INDEX(SINAPI!$D:$D,MATCH($B1082,SINAPI!$A:$A,0)),0)","v":9.14},{"$f":"IFERROR(F1082*E1082,0)","v":9.14}]
[{"$f":"IFERROR(INDEX(SINAPI!$E:$E,MATCH($B1083,SINAPI!$A:$A,0)),\"\")","v":"COMPOSIÇÃO"},88264,{"$f":"IFERROR(INDEX(SINAPI!$B:$B,MATCH($B1083,SINAPI!$A:$A,0)),\"\")","v":"ELETRICISTA COM ENCARGOS COMPLEMENTARES"},{"$f":"IFERROR(INDEX(SINAPI!$C:$C,MATCH($B1083,SINAPI!$A:$A,0)),\"\")","v":"H"},0.15,{"$f":"IFERROR(INDEX(SINAPI!$D:$D,MATCH($B1083,SINAPI!$A:$A,0)),0)","v":20.6},3.0900000000000003]
[null,null,null,null,null,"TOTAL",{"$f":"SUM(G1082:G1083)","v":12.23}]
[]
[]
["CLASSE/TIPO","CÓDIGOS/ SINAPI","DESCRIÇÃO","UND","COEFICIENTE","PREÇO UNITÁRIO","PREÇO TOTAL"]
["COMP-7217 ",null,"ARRUELA LISA GALVANIZADA 1/4\" ","UN",null,null,{"$f":"G1091","v":0.87400000000000011}]
[{"$f":"IFERROR(INDEX(SINAPI!$E:$E,MATCH($B1089,SINAPI!$A:$A,0)),\"\")","v":"COMPOSIÇÃO"},88264,{"$f":"IFERROR(INDEX(SINAPI!$B:$B,MATCH($B1089,SINAPI!$A:$A,0)),\"\")","v":"ELETRICISTA COM ENCARGOS COMPLEMENTARES"},{"$f":"IFERROR(INDEX(SINAPI!$C:$C,MATCH($B1089,SINAPI!$A:$A,0)),\"\")","v":"H"},0.04,{"$f":"IFERROR(INDEX(SINAPI!$D:$D,MATCH($B1089,SINAPI!$A:$A,0)),0)","v":20.6},{"$f":"IFERROR(F1089*E1089,0)","v":0.82400000000000007}]
["INSUMO","08347/ORSE","ARRUELA LISA ZINCADA Ø 1/4\"","UN",1,0.05,0.05]
[null,null,null,null,null,"TOTAL",{"$f":"SUM(G1089:G1090)","v":0.87400000000000011}]
[]
[]
["CLASSE/TIPO","CÓDIGOS/ SINAPI","DESCRIÇÃO","UND","COEFICIENTE","PREÇO UNITÁRIO","PREÇO TOTAL"]
["COMP-7343 ",null,"ARRUELA LISA GALVANIZADA 3/8\" ","UN",null,null,{"$f":"G1098","v":0.94400000000000006}]
["INSUMO","11072/ORSE","ARRUELA LISA DE 3/8\"","UN",1,0.12,{"$f":"IFERROR(F1096*E1096,0)","v":0.12}]
[{"$f":"IFERROR(INDEX(SINAPI!$E:$E,MATCH($B1097,SINAPI!$A:$A,0)),\"\")","v":"COMPOSIÇÃO"},88264,{"$f":"IFERROR(INDEX(SINAPI!$B:$B,MATCH($B1097,SINAPI!$A:$A,0)),\"\")","v":"ELETRICISTA COM ENCARGOS COMPLEMENTARES"},{"$f":"IFERROR(INDEX(SINAPI!$C:$C,MATCH($B1097,SINAPI!$A:$A,0)),\"\")","v":"H"},0.04,{"$f":"IFERROR(INDEX(SINAPI!$D:$D,MATCH($B1097,SINAPI!$A:$A,0)),0)","v":20.6},0.82400000000000007]
[null,null,null,null,null,"TOTAL",{"$f":"SUM(G1096:G1097)","v":0.94400000000000006}]
[]
[]
["CLASSE/TIPO","CÓDIGOS/ SINAPI","DESCRIÇÃO","UND","COEFICIENTE","PREÇO UNITÁRIO","PREÇO TOTAL"]
["COMP-8386 ",null,"BUCHA DE NYLON S4 ","UN",null,null,{"$f":"G1105","v":0.91400000000000003}]
[{"$f":"IFERROR(INDEX(SINAPI!$E:$E,MATCH($B1103,SINAPI!$A:$A,0)),\"\")","v":"INSUMO"},11945,{"$f":"IFERROR(INDEX(SINAPI!$B:$B,MATCH($B1103,SINAPI!$A:$A,0)),\"\")","v":"BUCHA DE NYLON SEM ABA S4                                                                                                                                                                                                                                                                                                                                                                                                                                                                                 "},{"$f":"IFERROR(INDEX(SINAPI!$C:$C,MATCH($B1103,SINAPI!$A:$A,0)),\"\")","v":"UN    "},1,{"$f":"IFERROR(INDEX(SINAPI!$D:$D,MATCH($B1103,SINAPI!$A:$A,0)),0)","v":0.09},{"$f":"IFERROR(F1103*E1103,0)","v":0.09}]
[{"$f":"IFERROR(INDEX(SINAPI!$E:$E,MATCH($B1104,SINAPI!$A:$A,0)),\"\")","v":"COMPOSIÇÃO"},88264,{"$f":"IFERROR(INDEX(SINAPI!$B:$B,MATCH($B1104,SINAPI!$A:$A,0)),\"\")","v":"ELETRICISTA COM ENCARGOS COMPLEMENTARES"},{"$f":"IFERROR(INDEX(SINAPI!$C:$C,MATCH($B1104,SINAPI!$A:$A,0)),\"\")","v":"H"},0.04,{"$f":"IFERROR(INDEX(SINAPI!$D:$D,MATCH($B1104,SINAPI!$A:$A,0)),0)","v":20.6},0.82400000000000007]
[null,null,null,null,null,"TOTAL",{"$f":"SUM(G1103:G1104)","v":0.91400000000000003}]
[]
[]
["CLASSE/TIPO","CÓDIGOS/ SINAPI","DESCRIÇÃO","UND","COEFICIENTE","PREÇO UNITÁRIO","PREÇO TOTAL"]
["COMP-6745 ",null,"PARAFUSO GALVANIZADO FENDA CABEÇA PANELA ","UN",null,null,{"$f":"G1112","v":1.244}]
["INSUMO","06903/ORSE","PARAFUSO FENDA CABEÇA PANELA 4,2 X 32MM, AUTO-ATARRACHANTE","UN",1,0.42,{"$f":"IFERROR(F1110*E1110,0)","v":0.42}]
[{"$f":"IFERROR(INDEX(SINAPI!$E:$E,MATCH($B1111,SINAPI!$A:$A,0)),\"\")","v":"COMPOSIÇÃO"},88264,{"$f":"IFERROR(INDEX(SINAPI!$B:$B,MATCH($B1111,SINAPI!$A:$A,0)),\"\")","v":"ELETRICISTA COM ENCARGOS COMPLEMENTARES"},{"$f":"IFERROR(INDEX(SINAPI!$C:$C,MATCH($B1111,SINAPI!$A:$A,0)),\"\")","v":"H"},0.04,{"$f":"IFERROR(INDEX(SINAPI!$D:$D,MATCH($B1111,SINAPI!$A:$A,0)),0)","v":20.6},0.82400000000000007]
[null,null,null,null,null,"TOTAL",{"$f":"SUM(G1110:G1111)","v":1.244}]
[]
[]
["CLASSE/TIPO","CÓDIGOS/ SINAPI","DESCRIÇÃO","UND","COEFICIENTE","PREÇO UNITÁRIO","PREÇO TOTAL"]
["COMP-5409 ",null,"PARAFUSO GALVANIZADO CABEÇA SEXTAVADA 3/8\"X2.1/2\" ROSCA TOTAL ","UND",null,null,{"$f":"G1119","v":1.8840000000000001}]
["INSUMO","07861/ORSE","PARAFUSO EM AÇO INOX, CABEÇA SEXTAVADA 3/8\" X 70","UN",1,1.06,{"$f":"IFERROR(F1117*E1117,0)","v":1.06}]
[{"$f":"IFERROR(INDEX(SINAPI!$E:$E,MATCH($B1118,SINAPI!$A:$A,0)),\"\")","v":"COMPOSIÇÃO"},88264,{"$f":"IFERROR(INDEX(SINAPI!$B:$B,MATCH($B1118,SINAPI!$A:$A,0)),\"\")","v":"ELETRICISTA COM ENCARGOS COMPLEMENTARES"},{"$f":"IFERROR(INDEX(SINAPI!$C:$C,MATCH($B1118,SINAPI!$A:$A,0)),\"\")","v":"H"},0.04,{"$f":"IFERROR(INDEX(SINAPI!$D:$D,MATCH($B1118,SINAPI!$A:$A,0)),0)","v":20.6},0.82400000000000007]
[null,null,null,null,null,"TOTAL",{"$f":"SUM(G1117:G1118)","v":1.8840000000000001}]
[]
[]
["CLASSE/TIPO","CÓDIGOS/ SINAPI","DESCRIÇÃO","UND","COEFICIENTE","PREÇO UNITÁRIO","PREÇO TOTAL"]
["COMP-6948 ",null,"PARAFUSO GALVANIZADO CABEÇA LENTILHA 1/4\"X5/8\" MÁQUINA ROSCA TOTAL ","UND",null,null,{"$f":"G1126","v":1.3140000000000001}]
["INSUMO","06905/ORSE","PARAFUSO CABEÇA LENTILHA 1/4\" X 5/8\", ROSCA TOTAL","UN",1,0.49,{"$f":"IFERROR(F1124*E1124,0)","v":0.49}]
[{"$f":"IFERROR(INDEX(SINAPI!$E:$E,MATCH($B1125,SINAPI!$A:$A,0)),\"\")","v":"COMPOSIÇÃO"},88264,{"$f":"IFERROR(INDEX(SINAPI!$B:$B,MATCH($B1125,SINAPI!$A:$A,0)),\"\")","v":"ELETRICISTA COM ENCARGOS COMPLEMENTARES"},{"$f":"IFERROR(INDEX(SINAPI!$C:$C,MATCH($B1125,SINAPI!$A:$A,0)),\"\")","v":"H"},0.04,{"$f":"IFERROR(INDEX(SINAPI!$D:$D,MATCH($B1125,SINAPI!$A:$A,0)),0)","v":20.6},0.82400000000000007]
[null,null,null,null,null,"TOTAL",{"$f":"SUM(G1124:G1125)","v":1.3140000000000001}]
[]
[]
["CLASSE/TIPO","CÓDIGOS/ SINAPI","DESCRIÇÃO","UND","COEFICIENTE","PREÇO UNITÁRIO","PREÇO TOTAL"]
["COMP-54871 ",null,"PORCA SEXTAVADA GALVANIZADA 1/4\" ","UN",null,null,{"$f":"G1133","v":1.034}]
[{"$f":"IFERROR(INDEX(SINAPI!$E:$E,MATCH($B1131,SINAPI!$A:$A,0)),\"\")","v":"INSUMO"},39997,{"$f":"IFERROR(INDEX(SINAPI!$B:$B,MATCH($B1131,SINAPI!$A:$A,0)),\"\")","v":"PORCA ZINCADA, SEXTAVADA, DIAMETRO 1/4\"                                                                                                                                                                                                                                                                                                                                                                                                                                                                   "},{"$f":"IFERROR(INDEX(SINAPI!$C:$C,MATCH($B1131,SINAPI!$A:$A,0)),\"\")","v":"UN    "},1,{"$f":"IFERROR(INDEX(SINAPI!$D:$D,MATCH($B1131,SINAPI!$A:$A,0)),0)","v":0.21},{"$f":"IFERROR(F1131*E1131,0)","v":0.21}]
[{"$f":"IFERROR(INDEX(SINAPI!$E:$E,MATCH($B1132,SINAPI!$A:$A,0)),\"\")","v":"COMPOSIÇÃO"},88264,{"$f":"IFERROR(INDEX(SINAPI!$B:$B,MATCH($B1132,SINAPI!$A:$A,0)),\"\")","v":"ELETRICISTA COM ENCARGOS COMPLEMENTARES"},{"$f":"IFERROR(INDEX(SINAPI!$C:$C,MATCH($B1132,SINAPI!$A:$A,0)),\"\")","v":"H"},0.04,{"$f":"IFERROR(INDEX(SINAPI!$D:$D,MATCH($B1132,SINAPI!$A:$A,0)),0)","v":20.6},0.82400000000000007]
[null,null,null,null,null,"TOTAL",{"$f":"SUM(G1131:G1132)","v":1.034}]
[]
[]
["CLASSE/TIPO","CÓDIGOS/ SINAPI","DESCRIÇÃO","UND","COEFICIENTE","PREÇO UNITÁRIO","PREÇO TOTAL"]
["COMP-9187 ",null,"PORCA SEXTAVADA GALVANIZADA 3/8\" ","UN",null,null,{"$f":"G1140","v":0.9840000000000001}]
[{"$f":"IFERROR(INDEX(SINAPI!$E:$E,MATCH($B1138,SINAPI!$A:$A,0)),\"\")","v":"INSUMO"},4342,{"$f":"IFERROR(INDEX(SINAPI!$B:$B,MATCH($B1138,SINAPI!$A:$A,0)),\"\")","v":"PORCA ZINCADA, SEXTAVADA, DIAMETRO 3/8\"                                                                                                                                                                                                                                                                                                                                                                                                                                                                   "},{"$f":"IFERROR(INDEX(SINAPI!$C:$C,MATCH($B1138,SINAPI!$A:$A,0)),\"\")","v":"UN    "},1,{"$f":"IFERROR(INDEX(SINAPI!$D:$D,MATCH($B1138,SINAPI!$A:$A,0)),0)","v":0.16},{"$f":"IFERROR(F1138*E1138,0)","v":0.16}]
[{"$f":"IFERROR(INDEX(SINAPI!$E:$E,MATCH($B1139,SINAPI!$A:$A,0)),\"\")","v":"COMPOSIÇÃO"},88264,{"$f":"IFERROR(INDEX(SINAPI!$B:$B,MATCH($B1139,SINAPI!$A:$A,0)),\"\")","v":"ELETRICISTA COM ENCARGOS COMPLEMENTARES"},{"$f":"IFERROR(INDEX(SINAPI!$C:$C,MATCH($B1139,SINAPI!$A:$A,0)),\"\")","v":"H"},0.04,{"$f":"IFERROR(INDEX(SINAPI!$D:$D,MATCH($B1139,SINAPI!$A:$A,0)),0)","v":20.6},0.82400000000000007]
[null,null,null,null,null,"TOTAL",{"$f":"SUM(G1138:G1139)","v":0.9840000000000001}]
[]
[]
["CLASSE/TIPO","CÓDIGOS/ SINAPI","DESCRIÇÃO","UND","COEFICIENTE","PREÇO UNITÁRIO","PREÇO TOTAL"]
["COMP-4192 ",null,"SUPORTE PARA CABOS DE AÇO 38X90MM ","UN",null,null,{"$f":"G1147","v":42.25}]
["INSUMO","12163/ORSE","Suporte em aço tipo mão francesa para fixação de tubos DN 500mm","UN    ",1,26.8,{"$f":"IFERROR(F1145*E1145,0)","v":26.8}]
[{"$f":"IFERROR(INDEX(SINAPI!$E:$E,MATCH($B1146,SINAPI!$A:$A,0)),\"\")","v":"COMPOSIÇÃO"},88264,{"$f":"IFERROR(INDEX(SINAPI!$B:$B,MATCH($B1146,SINAPI!$A:$A,0)),\"\")","v":"ELETRICISTA COM ENCARGOS COMPLEMENTARES"},{"$f":"IFERROR(INDEX(SINAPI!$C:$C,MATCH($B1146,SINAPI!$A:$A,0)),\"\")","v":"H"},0.75,{"$f":"IFERROR(INDEX(SINAPI!$D:$D,MATCH($B1146,SINAPI!$A:$A,0)),0)","v":20.6},15.450000000000001]
[null,null,null,null,null,"TOTAL",{"$f":"SUM(G1145:G1146)","v":42.25}]
[]
[]
["CLASSE/TIPO","CÓDIGOS/ SINAPI","DESCRIÇÃO","UND","COEFICIENTE","PREÇO UNITÁRIO","PREÇO TOTAL"]
["COMP-8888 ",null,"VERGALHÃO GALVANIZADA ROSCA TOTAL 1/4\"X700MM ","UND",null,null,{"$f":"G1155","v":10.044}]
["INSUMO","02234/ORSE","VERGALHÃO (TIRANTE) COM ROSCA TOTAL Ø 1/4\"X1000MM (MARVITEC REF. 1431 OU SIMILAR)","UN",0.7,13.1,{"$f":"IFERROR(F1152*E1152,0)","v":9.17}]
[{"$f":"IFERROR(INDEX(SINAPI!$E:$E,MATCH($B1153,SINAPI!$A:$A,0)),\"\")","v":"COMPOSIÇÃO"},88264,{"$f":"IFERROR(INDEX(SINAPI!$B:$B,MATCH($B1153,SINAPI!$A:$A,0)),\"\")","v":"ELETRICISTA COM ENCARGOS COMPLEMENTARES"},{"$f":"IFERROR(INDEX(SINAPI!$C:$C,MATCH($B1153,SINAPI!$A:$A,0)),\"\")","v":"H"},0.04,{"$f":"IFERROR(INDEX(SINAPI!$D:$D,MATCH($B1153,SINAPI!$A:$A,0)),0)","v":20.6},0.82400000000000007]
["INSUMO","08347/ORSE","ARRUELA LISA ZINCADA Ø 1/4\"","UN",1,0.05,0.05]
[null,null,null,null,null,"TOTAL",{"$f":"SUM(G1152:G1154)","v":10.044}]
[]
[]
["CLASSE/TIPO","CÓDIGOS/ SINAPI","DESCRIÇÃO","UND","COEFICIENTE","PREÇO UNITÁRIO","PREÇO TOTAL"]
["COMP-320527",null,"QUADRO DE DISTRIBUICAO DE ENERGIA EM CHAPA METALICA PINTADA, DE EMBUTIR, BARRAMENTO TRIFASICO 225A , PARA DISJUNTOR GERAL TIPO DIN, COM PORTA, PARA 70 DISJUNTORES TERMOMAGNETICOS UNIPOLARES MONOPOLARES, COM BARRAMENTO TRIFASICO E NEUTRO, FORNECIMENTO E INSTALACAO ","UN",null,null,{"$f":"G1163","v":1925.5972999999999}]
[{"$f":"IFERROR(INDEX(SINAPI!$E:$E,MATCH($B1160,SINAPI!$A:$A,0)),\"\")","v":"INSUMO"},12043,{"$f":"IFERROR(INDEX(SINAPI!$B:$B,MATCH($B1160,SINAPI!$A:$A,0)),\"\")","v":"QUADRO DE DISTRIBUICAO COM BARRAMENTO TRIFASICO, DE EMBUTIR, EM CHAPA DE ACO GALVANIZADO, PARA 30 DISJUNTORES DIN, 225 A                                                                                                                                                                                                                                                                                                                                                                                  "},{"$f":"IFERROR(INDEX(SINAPI!$C:$C,MATCH($B1160,SINAPI!$A:$A,0)),\"\")","v":"UN    "},1.4,{"$f":"IFERROR(INDEX(SINAPI!$D:$D,MATCH($B1160,SINAPI!$A:$A,0)),0)","v":1365.42},{"$f":"IFERROR(F1160*E1160,0)","v":1911.588}]
[{"$f":"IFERROR(INDEX(SINAPI!$E:$E,MATCH($B1161,SINAPI!$A:$A,0)),\"\")","v":"COMPOSIÇÃO"},88264,{"$f":"IFERROR(INDEX(SINAPI!$B:$B,MATCH($B1161,SINAPI!$A:$A,0)),\"\")","v":"ELETRICISTA COM ENCARGOS COMPLEMENTARES"},{"$f":"IFERROR(INDEX(SINAPI!$C:$C,MATCH($B1161,SINAPI!$A:$A,0)),\"\")","v":"H"},0.43,{"$f":"IFERROR(INDEX(SINAPI!$D:$D,MATCH($B1161,SINAPI!$A:$A,0)),0)","v":20.6},8.8580000000000005]
[{"$f":"IFERROR(INDEX(SINAPI!$E:$E,MATCH($B1162,SINAPI!$A:$A,0)),\"\")","v":"COMPOSIÇÃO"},88247,{"$f":"IFERROR(INDEX(SINAPI!$B:$B,MATCH($B1162,SINAPI!$A:$A,0)),\"\")","v":"AUXILIAR DE ELETRICISTA COM ENCARGOS COMPLEMENTARES"},{"$f":"IFERROR(INDEX(SINAPI!$C:$C,MATCH($B1162,SINAPI!$A:$A,0)),\"\")","v":"H"},0.33,{"$f":"IFERROR(INDEX(SINAPI!$D:$D,MATCH($B1162,SINAPI!$A:$A,0)),0)","v":15.61},5.1513]
[null,null,null,null,null,"TOTAL",{"$f":"SUM(G1160:G1162)","v":1925.5972999999999}]
[]
[]
["CLASSE/TIPO","CÓDIGOS/ SINAPI","DESCRIÇÃO","UND","COEFICIENTE","PREÇO UNITÁRIO","PREÇO TOTAL"]
["COMP-7221 ",null,"LUMINÁRIA EM LED PARA ILUMINAÇÃO PÚBLICA,150W,BIVOLT,SELO A INMETRO,CORPO EM ALUMÍNIO INJ,FP 0,97, PROT. DPS 10KV, IP66, IK09, TEMP. COR 5000K, IRC= OU 70%, V. ÚTIL 50.000H, 135 LM/W.GAR.5 ANOS, MODELO FLEDSS09P 150 - 150W FORTLIGHT OU SIMILAR ","un",null,null,{"$f":"G1171","v":1503.2399999999998}]
["INSUMO","12778/ORSE","LUMINÁRIA EM LED PARA ILUMINAÇÃO PÚBLICA,150W,BIVOLT, SELO A INMETRO, CORPO EM ALUMÍNIO INJ, FP 0,95, PROT. DPS 10KV, IP66, IK09, TEMP. COR 5000K, IRC= OU 70%, V. ÚTIL 50.000H, 130 LM/W.GAR.5 ANOS, MODELO GL216 G-LIGHT OU SIMILAR","UN",1,1467.03,{"$f":"IFERROR(F1168*E1168,0)","v":1467.03}]
[{"$f":"IFERROR(INDEX(SINAPI!$E:$E,MATCH($B1169,SINAPI!$A:$A,0)),\"\")","v":"COMPOSIÇÃO"},88247,{"$f":"IFERROR(INDEX(SINAPI!$B:$B,MATCH($B1169,SINAPI!$A:$A,0)),\"\")","v":"AUXILIAR DE ELETRICISTA COM ENCARGOS COMPLEMENTARES"},{"$f":"IFERROR(INDEX(SINAPI!$C:$C,MATCH($B1169,SINAPI!$A:$A,0)),\"\")","v":"H"},1,{"$f":"IFERROR(INDEX(SINAPI!$D:$D,MATCH($B1169,SINAPI!$A:$A,0)),0)","v":15.61},15.61]
[{"$f":"IFERROR(INDEX(SINAPI!$E:$E,MATCH($B1170,SINAPI!$A:$A,0)),\"\")","v":"COMPOSIÇÃO"},88264,{"$f":"IFERROR(INDEX(SINAPI!$B:$B,MATCH($B1170,SINAPI!$A:$A,0)),\"\")","v":"ELETRICISTA COM ENCARGOS COMPLEMENTARES"},{"$f":"IFERROR(INDEX(SINAPI!$C:$C,MATCH($B1170,SINAPI!$A:$A,0)),\"\")","v":"H"},1,{"$f":"IFERROR(INDEX(SINAPI!$D:$D,MATCH($B1170,SINAPI!$A:$A,0)),0)","v":20.6},20.6]
[null,null,null,null,null,"TOTAL",{"$f":"SUM(G1168:G1170)","v":1503.2399999999998}]
[]
[]
["CLASSE/TIPO","CÓDIGOS/ SINAPI","DESCRIÇÃO","UND","COEFICIENTE","PREÇO UNITÁRIO","PREÇO TOTAL"]
["COMP-6619A",null,"POSTE CURVO TELECÔNICO DE ENGASTAR, GALVANIZADO A FOGO, H(TOTAL)= 10 METROS, DA FORTLIGHT OU SIMILAR DUPLO","un",null,null,{"$f":"G1181","v":2630.1485999999995}]
[{"$f":"IFERROR(INDEX(SINAPI!$E:$E,MATCH($B1176,SINAPI!$A:$A,0)),\"\")","v":"INSUMO"},14163,{"$f":"IFERROR(INDEX(SINAPI!$B:$B,MATCH($B1176,SINAPI!$A:$A,0)),\"\")","v":"POSTE CONICO CONTINUO EM ACO GALVANIZADO, CURVO, BRACO DUPLO, FLANGEADO,  H = 9 M, DIAMETRO INFERIOR = *135* MM                                                                                                                                                                                                                                                                                                                                                                                           "},{"$f":"IFERROR(INDEX(SINAPI!$C:$C,MATCH($B1176,SINAPI!$A:$A,0)),\"\")","v":"UN    "},1,{"$f":"IFERROR(INDEX(SINAPI!$D:$D,MATCH($B1176,SINAPI!$A:$A,0)),0)","v":2558.91},{"$f":"IFERROR(F1176*E1176,0)","v":2558.91}]
[{"$f":"IFERROR(INDEX(SINAPI!$E:$E,MATCH($B1177,SINAPI!$A:$A,0)),\"\")","v":"COMPOSIÇÃO"},88309,{"$f":"IFERROR(INDEX(SINAPI!$B:$B,MATCH($B1177,SINAPI!$A:$A,0)),\"\")","v":"PEDREIRO COM ENCARGOS COMPLEMENTARES"},{"$f":"IFERROR(INDEX(SINAPI!$C:$C,MATCH($B1177,SINAPI!$A:$A,0)),\"\")","v":"H"},1,{"$f":"IFERROR(INDEX(SINAPI!$D:$D,MATCH($B1177,SINAPI!$A:$A,0)),0)","v":19.86},19.86]
["COMPOSIÇÃO","02502/ORSE","Escavação manual de vala ou cava em material de 1ª categoria, profundidade entre 3,00 e 4,50m","M3",0.1,63.48,6.3479999999999999]
[{"$f":"IFERROR(INDEX(SINAPI!$E:$E,MATCH($B1179,SINAPI!$A:$A,0)),\"\")","v":"COMPOSIÇÃO"},94963,{"$f":"IFERROR(INDEX(SINAPI!$B:$B,MATCH($B1179,SINAPI!$A:$A,0)),\"\")","v":"CONCRETO FCK = 15MPA, TRAÇO 1:3,4:3,5 (EM MASSA SECA DE CIMENTO/ AREIA MÉDIA/ BRITA 1) - PREPARO MECÂNICO COM BETONEIRA 400 L. AF_05/2021"},{"$f":"IFERROR(INDEX(SINAPI!$C:$C,MATCH($B1179,SINAPI!$A:$A,0)),\"\")","v":"M3"},0.09,{"$f":"IFERROR(INDEX(SINAPI!$D:$D,MATCH($B1179,SINAPI!$A:$A,0)),0)","v":339.14},30.522599999999997]
[{"$f":"IFERROR(INDEX(SINAPI!$E:$E,MATCH($B1180,SINAPI!$A:$A,0)),\"\")","v":"COMPOSIÇÃO"},92873,{"$f":"IFERROR(INDEX(SINAPI!$B:$B,MATCH($B1180,SINAPI!$A:$A,0)),\"\")","v":"LANÇAMENTO COM USO DE BALDES, ADENSAMENTO E ACABAMENTO DE CONCRETO EM ESTRUTURAS. AF_12/2015"},{"$f":"IFERROR(INDEX(SINAPI!$C:$C,MATCH($B1180,SINAPI!$A:$A,0)),\"\")","v":"M3"},0.09,{"$f":"IFERROR(INDEX(SINAPI!$D:$D,MATCH($B1180,SINAPI!$A:$A,0)),0)","v":161.19999999999999},14.507999999999999]
[null,null,null,null,null,"TOTAL",{"$f":"SUM(G1176:G1180)","v":2630.1485999999995}]
[]
["COMP-6619B",null,"POSTE CURVO TELECÔNICO DE ENGASTAR, GALVANIZADO A FOGO, H(TOTAL)= 9 METROS, DA FORTLIGHT OU SIMILAR DUPLO","un",null,null,{"$f":"G1189","v":2322.6785999999997}]
[{"$f":"IFERROR(INDEX(SINAPI!$E:$E,MATCH($B1184,SINAPI!$A:$A,0)),\"\")","v":"INSUMO"},14164,{"$f":"IFERROR(INDEX(SINAPI!$B:$B,MATCH($B1184,SINAPI!$A:$A,0)),\"\")","v":"POSTE CONICO CONTINUO EM ACO GALVANIZADO, CURVO, BRACO DUPLO, ENGASTADO,  H = 9 M, DIAMETRO INFERIOR = *135* MM                                                                                                                                                                                                                                                                                                                                                                                           "},{"$f":"IFERROR(INDEX(SINAPI!$C:$C,MATCH($B1184,SINAPI!$A:$A,0)),\"\")","v":"UN    "},1,{"$f":"IFERROR(INDEX(SINAPI!$D:$D,MATCH($B1184,SINAPI!$A:$A,0)),0)","v":2251.44},{"$f":"IFERROR(F1184*E1184,0)","v":2251.44}]
[{"$f":"IFERROR(INDEX(SINAPI!$E:$E,MATCH($B1185,SINAPI!$A:$A,0)),\"\")","v":"COMPOSIÇÃO"},88309,{"$f":"IFERROR(INDEX(SINAPI!$B:$B,MATCH($B1185,SINAPI!$A:$A,0)),\"\")","v":"PEDREIRO COM ENCARGOS COMPLEMENTARES"},{"$f":"IFERROR(INDEX(SINAPI!$C:$C,MATCH($B1185,SINAPI!$A:$A,0)),\"\")","v":"H"},1,{"$f":"IFERROR(INDEX(SINAPI!$D:$D,MATCH($B1185,SINAPI!$A:$A,0)),0)","v":19.86},19.86]
["COMPOSIÇÃO","02502/ORSE","Escavação manual de vala ou cava em material de 1ª categoria, profundidade entre 3,00 e 4,50m","M3",0.1,63.48,6.3479999999999999]
[{"$f":"IFERROR(INDEX(SINAPI!$E:$E,MATCH($B1187,SINAPI!$A:$A,0)),\"\")","v":"COMPOSIÇÃO"},94963,{"$f":"IFERROR(INDEX(SINAPI!$B:$B,MATCH($B1187,SINAPI!$A:$A,0)),\"\")","v":"CONCRETO FCK = 15MPA, TRAÇO 1:3,4:3,5 (EM MASSA SECA DE CIMENTO/ AREIA MÉDIA/ BRITA 1) - PREPARO MECÂNICO COM BETONEIRA 400 L. AF_05/2021"},{"$f":"IFERROR(INDEX(SINAPI!$C:$C,MATCH($B1187,SINAPI!$A:$A,0)),\"\")","v":"M3"},0.09,{"$f":"IFERROR(INDEX(SINAPI!$D:$D,MATCH($B1187,SINAPI!$A:$A,0)),0)","v":339.14},30.522599999999997]
[{"$f":"IFERROR(INDEX(SINAPI!$E:$E,MATCH($B1188,SINAPI!$A:$A,0)),\"\")","v":"COMPOSIÇÃO"},92873,{"$f":"IFERROR(INDEX(SINAPI!$B:$B,MATCH($B1188,SINAPI!$A:$A,0)),\"\")","v":"LANÇAMENTO COM USO DE BALDES, ADENSAMENTO E ACABAMENTO DE CONCRETO EM ESTRUTURAS. AF_12/2015"},{"$f":"IFERROR(INDEX(SINAPI!$C:$C,MATCH($B1188,SINAPI!$A:$A,0)),\"\")","v":"M3"},0.09,{"$f":"IFERROR(INDEX(SINAPI!$D:$D,MATCH($B1188,SINAPI!$A:$A,0)),0)","v":161.19999999999999},14.507999999999999]
[null,null,null,null,null,"TOTAL",{"$f":"SUM(G1184:G1188)","v":2322.6785999999997}]
["COMP-6619C",null,"POSTE CURVO TELECÔNICO DE ENGASTAR, GALVANIZADO A FOGO, H(TOTAL)= 9 METROS, DA FORTLIGHT OU SIMILAR SIMPLES","un",null,null,{"$f":"G1196","v":2247.5485999999996}]
[{"$f":"IFERROR(INDEX(SINAPI!$E:$E,MATCH($B1191,SINAPI!$A:$A,0)),\"\")","v":"INSUMO"},5051,{"$f":"IFERROR(INDEX(SINAPI!$B:$B,MATCH($B1191,SINAPI!$A:$A,0)),\"\")","v":"POSTE CONICO CONTINUO EM ACO GALVANIZADO, CURVO, BRACO SIMPLES, ENGASTADO,  H = 9 M, DIAMETRO INFERIOR = *135* MM                                                                                                                                                                                                                                                                                                                                                                                         "},{"$f":"IFERROR(INDEX(SINAPI!$C:$C,MATCH($B1191,SINAPI!$A:$A,0)),\"\")","v":"UN    "},1,{"$f":"IFERROR(INDEX(SINAPI!$D:$D,MATCH($B1191,SINAPI!$A:$A,0)),0)","v":2176.31},{"$f":"IFERROR(F1191*E1191,0)","v":2176.31}]
[{"$f":"IFERROR(INDEX(SINAPI!$E:$E,MATCH($B1192,SINAPI!$A:$A,0)),\"\")","v":"COMPOSIÇÃO"},88309,{"$f":"IFERROR(INDEX(SINAPI!$B:$B,MATCH($B1192,SINAPI!$A:$A,0)),\"\")","v":"PEDREIRO COM ENCARGOS COMPLEMENTARES"},{"$f":"IFERROR(INDEX(SINAPI!$C:$C,MATCH($B1192,SINAPI!$A:$A,0)),\"\")","v":"H"},1,{"$f":"IFERROR(INDEX(SINAPI!$D:$D,MATCH($B1192,SINAPI!$A:$A,0)),0)","v":19.86},19.86]
["COMPOSIÇÃO","02502/ORSE","Escavação manual de vala ou cava em material de 1ª categoria, profundidade entre 3,00 e 4,50m","M3",0.1,63.48,6.3479999999999999]
[{"$f":"IFERROR(INDEX(SINAPI!$E:$E,MATCH($B1194,SINAPI!$A:$A,0)),\"\")","v":"COMPOSIÇÃO"},94963,{"$f":"IFERROR(INDEX(SINAPI!$B:$B,MATCH($B1194,SINAPI!$A:$A,0)),\"\")","v":"CONCRETO FCK = 15MPA, TRAÇO 1:3,4:3,5 (EM MASSA SECA DE CIMENTO/ AREIA MÉDIA/ BRITA 1) - PREPARO MECÂNICO COM BETONEIRA 400 L. AF_05/2021"},{"$f":"IFERROR(INDEX(SINAPI!$C:$C,MATCH($B1194,SINAPI!$A:$A,0)),\"\")","v":"M3"},0.09,{"$f":"IFERROR(INDEX(SINAPI!$D:$D,MATCH($B1194,SINAPI!$A:$A,0)),0)","v":339.14},30.522599999999997]
[{"$f":"IFERROR(INDEX(SINAPI!$E:$E,MATCH($B1195,SINAPI!$A:$A,0)),\"\")","v":"COMPOSIÇÃO"},92873,{"$f":"IFERROR(INDEX(SINAPI!$B:$B,MATCH($B1195,SINAPI!$A:$A,0)),\"\")","v":"LANÇAMENTO COM USO DE BALDES, ADENSAMENTO E ACABAMENTO DE CONCRETO EM ESTRUTURAS. AF_12/2015"},{"$f":"IFERROR(INDEX(SINAPI!$C:$C,MATCH($B1195,SINAPI!$A:$A,0)),\"\")","v":"M3"},0.09,{"$f":"IFERROR(INDEX(SINAPI!$D:$D,MATCH($B1195,SINAPI!$A:$A,0)),0)","v":161.19999999999999},14.507999999999999]
[null,null,null,null,null,"TOTAL",{"$f":"SUM(G1191:G1195)","v":2247.5485999999996}]
[]
["CLASSE/TIPO","CÓDIGOS/ SINAPI","DESCRIÇÃO","UND","COEFICIENTE","PREÇO UNITÁRIO","PREÇO TOTAL"]
["COMP-527329",null,"BARRA CHATA EM ALUMÍNIO 7/8\" X 1/8 X 3,0M (70MM²) - COM FUROS ∅7MM ","UN",null,null,{"$f":"G1202","v":47.297999999999995}]
["INSUMO","11095/ORSE","BARRA CHATA DE ALUMINIO 7/8\" X 1/8\"","M",3,14.53,{"$f":"IFERROR(F1200*E1200,0)","v":43.589999999999996}]
[{"$f":"IFERROR(INDEX(SINAPI!$E:$E,MATCH($B1201,SINAPI!$A:$A,0)),\"\")","v":"COMPOSIÇÃO"},88264,{"$f":"IFERROR(INDEX(SINAPI!$B:$B,MATCH($B1201,SINAPI!$A:$A,0)),\"\")","v":"ELETRICISTA COM ENCARGOS COMPLEMENTARES"},{"$f":"IFERROR(INDEX(SINAPI!$C:$C,MATCH($B1201,SINAPI!$A:$A,0)),\"\")","v":"H"},0.18,{"$f":"IFERROR(INDEX(SINAPI!$D:$D,MATCH($B1201,SINAPI!$A:$A,0)),0)","v":20.6},3.7080000000000002]
[null,null,null,null,null,"TOTAL",{"$f":"SUM(G1200:G1201)","v":47.297999999999995}]
[]
[]
["CLASSE/TIPO","CÓDIGOS/ SINAPI","DESCRIÇÃO","UND","COEFICIENTE","PREÇO UNITÁRIO","PREÇO TOTAL"]
["COMP-7696 ",null,"BARRA REDONDAS DE AÇO GALVANIZADO A FOGO RE-BAR Ø8MM X 3,00M (50MM²) ","UN",null,null,{"$f":"G1210","v":39.720277000000003}]
["INSUMO","07863/ORSE","Haste de aterramento galvanizada a fogo 3/8\" x 3,45m (RE-BAR) TEL-760","UN",1,38.5,{"$f":"IFERROR(F1207*E1207,0)","v":38.5}]
[{"$f":"IFERROR(INDEX(SINAPI!$E:$E,MATCH($B1208,SINAPI!$A:$A,0)),\"\")","v":"COMPOSIÇÃO"},88264,{"$f":"IFERROR(INDEX(SINAPI!$B:$B,MATCH($B1208,SINAPI!$A:$A,0)),\"\")","v":"ELETRICISTA COM ENCARGOS COMPLEMENTARES"},{"$f":"IFERROR(INDEX(SINAPI!$C:$C,MATCH($B1208,SINAPI!$A:$A,0)),\"\")","v":"H"},3.3700000000000001E-2,{"$f":"IFERROR(INDEX(SINAPI!$D:$D,MATCH($B1208,SINAPI!$A:$A,0)),0)","v":20.6},0.69422000000000006]
[{"$f":"IFERROR(INDEX(SINAPI!$E:$E,MATCH($B1209,SINAPI!$A:$A,0)),\"\")","v":"COMPOSIÇÃO"},88247,{"$f":"IFERROR(INDEX(SINAPI!$B:$B,MATCH($B1209,SINAPI!$A:$A,0)),\"\")","v":"AUXILIAR DE ELETRICISTA COM ENCARGOS COMPLEMENTARES"},{"$f":"IFERROR(INDEX(SINAPI!$C:$C,MATCH($B1209,SINAPI!$A:$A,0)),\"\")","v":"H"},3.3700000000000001E-2,{"$f":"IFERROR(INDEX(SINAPI!$D:$D,MATCH($B1209,SINAPI!$A:$A,0)),0)","v":15.61},0.526057]
[null,null,null,null,null,"TOTAL",{"$f":"SUM(G1207:G1209)","v":39.720277000000003}]
[]
[]
["CLASSE/TIPO","CÓDIGOS/ SINAPI","DESCRIÇÃO","UND","COEFICIENTE","PREÇO UNITÁRIO","PREÇO TOTAL"]
["COMP-9646 ",null,"BARRA REDONDAS DE AÇO GALVANIZADO A FOGO RE-BAR Ø10MM X 3,00M (80MM²) ","UN",null,null,{"$f":"G1218","v":34.140277000000005}]
["INSUMO","11846/ORSE","Barra de aço redonda re-bar3/8\" x 3,00m","UN",1,32.92,{"$f":"IFERROR(F1215*E1215,0)","v":32.92}]
[{"$f":"IFERROR(INDEX(SINAPI!$E:$E,MATCH($B1216,SINAPI!$A:$A,0)),\"\")","v":"COMPOSIÇÃO"},88264,{"$f":"IFERROR(INDEX(SINAPI!$B:$B,MATCH($B1216,SINAPI!$A:$A,0)),\"\")","v":"ELETRICISTA COM ENCARGOS COMPLEMENTARES"},{"$f":"IFERROR(INDEX(SINAPI!$C:$C,MATCH($B1216,SINAPI!$A:$A,0)),\"\")","v":"H"},3.3700000000000001E-2,{"$f":"IFERROR(INDEX(SINAPI!$D:$D,MATCH($B1216,SINAPI!$A:$A,0)),0)","v":20.6},0.69422000000000006]
[{"$f":"IFERROR(INDEX(SINAPI!$E:$E,MATCH($B1217,SINAPI!$A:$A,0)),\"\")","v":"COMPOSIÇÃO"},88247,{"$f":"IFERROR(INDEX(SINAPI!$B:$B,MATCH($B1217,SINAPI!$A:$A,0)),\"\")","v":"AUXILIAR DE ELETRICISTA COM ENCARGOS COMPLEMENTARES"},{"$f":"IFERROR(INDEX(SINAPI!$C:$C,MATCH($B1217,SINAPI!$A:$A,0)),\"\")","v":"H"},3.3700000000000001E-2,{"$f":"IFERROR(INDEX(SINAPI!$D:$D,MATCH($B1217,SINAPI!$A:$A,0)),0)","v":15.61},0.526057]
[null,null,null,null,null,"TOTAL",{"$f":"SUM(G1215:G1217)","v":34.140277000000005}]
[]
[]
["CLASSE/TIPO","CÓDIGOS/ SINAPI","DESCRIÇÃO","UND","COEFICIENTE","PREÇO UNITÁRIO","PREÇO TOTAL"]
["COMP-854212",null,"GRAMPO TIPO \"X\" 4 PARAFUSOS - PARA CRUZAMENTO BARRAS DE ALUMÍNIO (REF. TERMOTÉCNICA OU EQUIVALENTE TÉCNICO) ","UND",null,null,{"$f":"G1225","v":37.18}]
["INSUMO","11978/ORSE","GRAMPO ESTAMPADO TIPO \"X\", EM COBRE, COM 04 PARAFUSOS, PARA CABOS DE COBRE NU 35MM² - TEL- 853 (SPDA)","UN",1,31,{"$f":"IFERROR(F1223*E1223,0)","v":31}]
[{"$f":"IFERROR(INDEX(SINAPI!$E:$E,MATCH($B1224,SINAPI!$A:$A,0)),\"\")","v":"COMPOSIÇÃO"},88264,{"$f":"IFERROR(INDEX(SINAPI!$B:$B,MATCH($B1224,SINAPI!$A:$A,0)),\"\")","v":"ELETRICISTA COM ENCARGOS COMPLEMENTARES"},{"$f":"IFERROR(INDEX(SINAPI!$C:$C,MATCH($B1224,SINAPI!$A:$A,0)),\"\")","v":"H"},0.3,{"$f":"IFERROR(INDEX(SINAPI!$D:$D,MATCH($B1224,SINAPI!$A:$A,0)),0)","v":20.6},6.1800000000000006]
[null,null,null,null,null,"TOTAL",{"$f":"SUM(G1223:G1224)","v":37.18}]
[]
[]
["CLASSE/TIPO","CÓDIGOS/ SINAPI","DESCRIÇÃO","UND","COEFICIENTE","PREÇO UNITÁRIO","PREÇO TOTAL"]
["COMP-0170 ",null,"FIXADOR ADERIDISCO ∅60MM COM PARAFUSO DE ∅1/4\" E PORCA - FIXAÇÃO DO SPDA EM SUPERFÍCIES QUE NÃO PODEM SER FURADAS ","UND",null,null,{"$f":"G1233","v":8.7169000000000008}]
[{"$f":"IFERROR(INDEX(SINAPI!$E:$E,MATCH($B1230,SINAPI!$A:$A,0)),\"\")","v":"COMPOSIÇÃO"},88264,{"$f":"IFERROR(INDEX(SINAPI!$B:$B,MATCH($B1230,SINAPI!$A:$A,0)),\"\")","v":"ELETRICISTA COM ENCARGOS COMPLEMENTARES"},{"$f":"IFERROR(INDEX(SINAPI!$C:$C,MATCH($B1230,SINAPI!$A:$A,0)),\"\")","v":"H"},0.1,{"$f":"IFERROR(INDEX(SINAPI!$D:$D,MATCH($B1230,SINAPI!$A:$A,0)),0)","v":20.6},{"$f":"IFERROR(F1230*E1230,0)","v":2.06}]
["INSUMO","09707/ORSE","FIXADOR TIPO ÔMEGA EM COBRE, L=15MM, C/FUROS D=5,5MM E TRAVA P/CABO DE 35MM², REF:TEL-833 OU SIMILAR (P/SPDA)","UN",3.89,1.31,5.0959000000000003]
[{"$f":"IFERROR(INDEX(SINAPI!$E:$E,MATCH($B1232,SINAPI!$A:$A,0)),\"\")","v":"COMPOSIÇÃO"},88247,{"$f":"IFERROR(INDEX(SINAPI!$B:$B,MATCH($B1232,SINAPI!$A:$A,0)),\"\")","v":"AUXILIAR DE ELETRICISTA COM ENCARGOS COMPLEMENTARES"},{"$f":"IFERROR(INDEX(SINAPI!$C:$C,MATCH($B1232,SINAPI!$A:$A,0)),\"\")","v":"H"},0.1,{"$f":"IFERROR(INDEX(SINAPI!$D:$D,MATCH($B1232,SINAPI!$A:$A,0)),0)","v":15.61},1.5609999999999999]
[null,null,null,null,null,"TOTAL",{"$f":"SUM(G1230:G1232)","v":8.7169000000000008}]
[]
[]
["CLASSE/TIPO","CÓDIGOS/ SINAPI","DESCRIÇÃO","UND","COEFICIENTE","PREÇO UNITÁRIO","PREÇO TOTAL"]
["COMP-2238 ",null,"TERMINAL CAPTOR AÉREO - FIXAÇÃO HORIZONTAL - 350MM ","UND",null,null,{"$f":"G1241","v":23.465}]
["INSUMO","08496/ORSE","TERMINAL AÉREO EM AÇO GALVANIZADO A FOGO H=35CM X 3/8\", FIXAÇÃO HORIZONTAL E COM BANDEIRINHA","UN",1,5.36,{"$f":"IFERROR(F1238*E1238,0)","v":5.36}]
[{"$f":"IFERROR(INDEX(SINAPI!$E:$E,MATCH($B1239,SINAPI!$A:$A,0)),\"\")","v":"COMPOSIÇÃO"},88264,{"$f":"IFERROR(INDEX(SINAPI!$B:$B,MATCH($B1239,SINAPI!$A:$A,0)),\"\")","v":"ELETRICISTA COM ENCARGOS COMPLEMENTARES"},{"$f":"IFERROR(INDEX(SINAPI!$C:$C,MATCH($B1239,SINAPI!$A:$A,0)),\"\")","v":"H"},0.5,{"$f":"IFERROR(INDEX(SINAPI!$D:$D,MATCH($B1239,SINAPI!$A:$A,0)),0)","v":20.6},10.3]
[{"$f":"IFERROR(INDEX(SINAPI!$E:$E,MATCH($B1240,SINAPI!$A:$A,0)),\"\")","v":"COMPOSIÇÃO"},88247,{"$f":"IFERROR(INDEX(SINAPI!$B:$B,MATCH($B1240,SINAPI!$A:$A,0)),\"\")","v":"AUXILIAR DE ELETRICISTA COM ENCARGOS COMPLEMENTARES"},{"$f":"IFERROR(INDEX(SINAPI!$C:$C,MATCH($B1240,SINAPI!$A:$A,0)),\"\")","v":"H"},0.5,{"$f":"IFERROR(INDEX(SINAPI!$D:$D,MATCH($B1240,SINAPI!$A:$A,0)),0)","v":15.61},7.8049999999999997]
[null,null,null,null,null,"TOTAL",{"$f":"SUM(G1238:G1240)","v":23.465}]
[]
[]
["CLASSE/TIPO","CÓDIGOS/ SINAPI","DESCRIÇÃO","UND","COEFICIENTE","PREÇO UNITÁRIO","PREÇO TOTAL"]
["COMP-8288 ",null,"GRAMPO CONECTOR DE ATERRAMENTO TIPO GAR ESTANHADO 5/8'' ","UND",null,null,{"$f":"G1248","v":24.178000000000001}]
["INSUMO","11379/ORSE","CONECTOR EM LATÃO TIPO MINIGAR PARA CABOS 16 - 50 MM² (SPDA)","UN",1,22.53,{"$f":"IFERROR(F1246*E1246,0)","v":22.53}]
[{"$f":"IFERROR(INDEX(SINAPI!$E:$E,MATCH($B1247,SINAPI!$A:$A,0)),\"\")","v":"COMPOSIÇÃO"},88264,{"$f":"IFERROR(INDEX(SINAPI!$B:$B,MATCH($B1247,SINAPI!$A:$A,0)),\"\")","v":"ELETRICISTA COM ENCARGOS COMPLEMENTARES"},{"$f":"IFERROR(INDEX(SINAPI!$C:$C,MATCH($B1247,SINAPI!$A:$A,0)),\"\")","v":"H"},0.08,{"$f":"IFERROR(INDEX(SINAPI!$D:$D,MATCH($B1247,SINAPI!$A:$A,0)),0)","v":20.6},1.6480000000000001]
[null,null,null,null,null,"TOTAL",{"$f":"SUM(G1246:G1247)","v":24.178000000000001}]
[]
[]
["CLASSE/TIPO","CÓDIGOS/ SINAPI","DESCRIÇÃO","UND","COEFICIENTE","PREÇO UNITÁRIO","PREÇO TOTAL"]
["COMP-2321 ",null,"CONECTOR DE PRESSÃO SPLIT-BOLT BIMETALICO 70MM ","UND",null,null,{"$f":"G1256","v":21.998349999999999}]
[{"$f":"IFERROR(INDEX(SINAPI!$E:$E,MATCH($B1253,SINAPI!$A:$A,0)),\"\")","v":"INSUMO"},1563,{"$f":"IFERROR(INDEX(SINAPI!$B:$B,MATCH($B1253,SINAPI!$A:$A,0)),\"\")","v":"CONECTOR METALICO TIPO PARAFUSO FENDIDO (SPLIT BOLT), COM SEPARADOR DE CABOS BIMETALICOS, PARA CABOS ATE 70 MM2                                                                                                                                                                                                                                                                                                                                                                                           "},{"$f":"IFERROR(INDEX(SINAPI!$C:$C,MATCH($B1253,SINAPI!$A:$A,0)),\"\")","v":"UN    "},1,{"$f":"IFERROR(INDEX(SINAPI!$D:$D,MATCH($B1253,SINAPI!$A:$A,0)),0)","v":17.11},{"$f":"IFERROR(F1253*E1253,0)","v":17.11}]
[{"$f":"IFERROR(INDEX(SINAPI!$E:$E,MATCH($B1254,SINAPI!$A:$A,0)),\"\")","v":"COMPOSIÇÃO"},88264,{"$f":"IFERROR(INDEX(SINAPI!$B:$B,MATCH($B1254,SINAPI!$A:$A,0)),\"\")","v":"ELETRICISTA COM ENCARGOS COMPLEMENTARES"},{"$f":"IFERROR(INDEX(SINAPI!$C:$C,MATCH($B1254,SINAPI!$A:$A,0)),\"\")","v":"H"},0.13500000000000001,{"$f":"IFERROR(INDEX(SINAPI!$D:$D,MATCH($B1254,SINAPI!$A:$A,0)),0)","v":20.6},2.7810000000000006]
[{"$f":"IFERROR(INDEX(SINAPI!$E:$E,MATCH($B1255,SINAPI!$A:$A,0)),\"\")","v":"COMPOSIÇÃO"},88247,{"$f":"IFERROR(INDEX(SINAPI!$B:$B,MATCH($B1255,SINAPI!$A:$A,0)),\"\")","v":"AUXILIAR DE ELETRICISTA COM ENCARGOS COMPLEMENTARES"},{"$f":"IFERROR(INDEX(SINAPI!$C:$C,MATCH($B1255,SINAPI!$A:$A,0)),\"\")","v":"H"},0.13500000000000001,{"$f":"IFERROR(INDEX(SINAPI!$D:$D,MATCH($B1255,SINAPI!$A:$A,0)),0)","v":15.61},2.1073500000000003]
[null,null,null,null,null,"TOTAL",{"$f":"SUM(G1253:G1255)","v":21.998349999999999}]
[]
[]
["CLASSE/TIPO","CÓDIGOS/ SINAPI","DESCRIÇÃO","UND","COEFICIENTE","PREÇO UNITÁRIO","PREÇO TOTAL"]
["COMP-0592 ",null,"CLIPS PARA EMENDA DE RE-BAR GALVANIZADOS - 10MM (5/8'') ","UND",null,null,{"$f":"G1264","v":11.632}]
["INSUMO","08675/ORSE","CLIPS 5/8\" , P/HASTE DE ATERRAMENTO GALVANIZADA, REF:TEL-5238","UN",1,6.45,{"$f":"IFERROR(F1261*E1261,0)","v":6.45}]
[{"$f":"IFERROR(INDEX(SINAPI!$E:$E,MATCH($B1262,SINAPI!$A:$A,0)),\"\")","v":"COMPOSIÇÃO"},88264,{"$f":"IFERROR(INDEX(SINAPI!$B:$B,MATCH($B1262,SINAPI!$A:$A,0)),\"\")","v":"ELETRICISTA COM ENCARGOS COMPLEMENTARES"},{"$f":"IFERROR(INDEX(SINAPI!$C:$C,MATCH($B1262,SINAPI!$A:$A,0)),\"\")","v":"H"},0.1,{"$f":"IFERROR(INDEX(SINAPI!$D:$D,MATCH($B1262,SINAPI!$A:$A,0)),0)","v":20.6},2.06]
[{"$f":"IFERROR(INDEX(SINAPI!$E:$E,MATCH($B1263,SINAPI!$A:$A,0)),\"\")","v":"COMPOSIÇÃO"},88247,{"$f":"IFERROR(INDEX(SINAPI!$B:$B,MATCH($B1263,SINAPI!$A:$A,0)),\"\")","v":"AUXILIAR DE ELETRICISTA COM ENCARGOS COMPLEMENTARES"},{"$f":"IFERROR(INDEX(SINAPI!$C:$C,MATCH($B1263,SINAPI!$A:$A,0)),\"\")","v":"H"},0.2,{"$f":"IFERROR(INDEX(SINAPI!$D:$D,MATCH($B1263,SINAPI!$A:$A,0)),0)","v":15.61},3.1219999999999999]
[null,null,null,null,null,"TOTAL",{"$f":"SUM(G1261:G1263)","v":11.632}]
[]
[]
["CLASSE/TIPO","CÓDIGOS/ SINAPI","DESCRIÇÃO","UND","COEFICIENTE","PREÇO UNITÁRIO","PREÇO TOTAL"]
["COMP-8997 ",null,"TERMINAL A COMPRESSÃO 1 FURO PARA CABO DE 16MM² ","UND",null,null,{"$f":"G1272","v":2.9157999999999999}]
[{"$f":"IFERROR(INDEX(SINAPI!$E:$E,MATCH($B1269,SINAPI!$A:$A,0)),\"\")","v":"INSUMO"},1575,{"$f":"IFERROR(INDEX(SINAPI!$B:$B,MATCH($B1269,SINAPI!$A:$A,0)),\"\")","v":"TERMINAL A COMPRESSAO EM COBRE ESTANHADO PARA CABO 16 MM2, 1 FURO E 1 COMPRESSAO, PARA PARAFUSO DE FIXACAO M6                                                                                                                                                                                                                                                                                                                                                                                             "},{"$f":"IFERROR(INDEX(SINAPI!$C:$C,MATCH($B1269,SINAPI!$A:$A,0)),\"\")","v":"UN    "},1,{"$f":"IFERROR(INDEX(SINAPI!$D:$D,MATCH($B1269,SINAPI!$A:$A,0)),0)","v":1.54},{"$f":"IFERROR(F1269*E1269,0)","v":1.54}]
[{"$f":"IFERROR(INDEX(SINAPI!$E:$E,MATCH($B1270,SINAPI!$A:$A,0)),\"\")","v":"COMPOSIÇÃO"},88264,{"$f":"IFERROR(INDEX(SINAPI!$B:$B,MATCH($B1270,SINAPI!$A:$A,0)),\"\")","v":"ELETRICISTA COM ENCARGOS COMPLEMENTARES"},{"$f":"IFERROR(INDEX(SINAPI!$C:$C,MATCH($B1270,SINAPI!$A:$A,0)),\"\")","v":"H"},0.06,{"$f":"IFERROR(INDEX(SINAPI!$D:$D,MATCH($B1270,SINAPI!$A:$A,0)),0)","v":20.6},1.236]
["INSUMO","07880/ORSE","ALICATE DE COMPRESSÃO PARA TERMINAIS DE COMPRESSÃO DE CABOS COM SEÇÃO ATÉ 120MM2","H",0.06,2.33,0.13980000000000001]
[null,null,null,null,null,"TOTAL",{"$f":"SUM(G1269:G1271)","v":2.9157999999999999}]
[]
[]
["CLASSE/TIPO","CÓDIGOS/ SINAPI","DESCRIÇÃO","UND","COEFICIENTE","PREÇO UNITÁRIO","PREÇO TOTAL"]
["COMP-4744 ",null,"TERMINAL A COMPRESSÃO 1 FURO PARA CABO DE 35MM² ","UND",null,null,{"$f":"G1280","v":3.7858000000000001}]
[{"$f":"IFERROR(INDEX(SINAPI!$E:$E,MATCH($B1277,SINAPI!$A:$A,0)),\"\")","v":"INSUMO"},1577,{"$f":"IFERROR(INDEX(SINAPI!$B:$B,MATCH($B1277,SINAPI!$A:$A,0)),\"\")","v":"TERMINAL A COMPRESSAO EM COBRE ESTANHADO PARA CABO 35 MM2, 1 FURO E 1 COMPRESSAO, PARA PARAFUSO DE FIXACAO M8                                                                                                                                                                                                                                                                                                                                                                                             "},{"$f":"IFERROR(INDEX(SINAPI!$C:$C,MATCH($B1277,SINAPI!$A:$A,0)),\"\")","v":"UN    "},1,{"$f":"IFERROR(INDEX(SINAPI!$D:$D,MATCH($B1277,SINAPI!$A:$A,0)),0)","v":2.41},{"$f":"IFERROR(F1277*E1277,0)","v":2.41}]
[{"$f":"IFERROR(INDEX(SINAPI!$E:$E,MATCH($B1278,SINAPI!$A:$A,0)),\"\")","v":"COMPOSIÇÃO"},88264,{"$f":"IFERROR(INDEX(SINAPI!$B:$B,MATCH($B1278,SINAPI!$A:$A,0)),\"\")","v":"ELETRICISTA COM ENCARGOS COMPLEMENTARES"},{"$f":"IFERROR(INDEX(SINAPI!$C:$C,MATCH($B1278,SINAPI!$A:$A,0)),\"\")","v":"H"},0.06,{"$f":"IFERROR(INDEX(SINAPI!$D:$D,MATCH($B1278,SINAPI!$A:$A,0)),0)","v":20.6},1.236]
["INSUMO","07880/ORSE","ALICATE DE COMPRESSÃO PARA TERMINAIS DE COMPRESSÃO DE CABOS COM SEÇÃO ATÉ 120MM2","H",0.06,2.33,0.13980000000000001]
[null,null,null,null,null,"TOTAL",{"$f":"SUM(G1277:G1279)","v":3.7858000000000001}]
[]
[]
["CLASSE/TIPO","CÓDIGOS/ SINAPI","DESCRIÇÃO","UND","COEFICIENTE","PREÇO UNITÁRIO","PREÇO TOTAL"]
["COMP-2465 ",null,"TERMINAL A COMPRESSÃO 1 FURO PARA CABO DE 50MM² ","UND",null,null,{"$f":"G1288","v":5.5557999999999996}]
[{"$f":"IFERROR(INDEX(SINAPI!$E:$E,MATCH($B1285,SINAPI!$A:$A,0)),\"\")","v":"INSUMO"},1578,{"$f":"IFERROR(INDEX(SINAPI!$B:$B,MATCH($B1285,SINAPI!$A:$A,0)),\"\")","v":"TERMINAL A COMPRESSAO EM COBRE ESTANHADO PARA CABO 50 MM2, 1 FURO E 1 COMPRESSAO, PARA PARAFUSO DE FIXACAO M8                                                                                                                                                                                                                                                                                                                                                                                             "},{"$f":"IFERROR(INDEX(SINAPI!$C:$C,MATCH($B1285,SINAPI!$A:$A,0)),\"\")","v":"UN    "},1,{"$f":"IFERROR(INDEX(SINAPI!$D:$D,MATCH($B1285,SINAPI!$A:$A,0)),0)","v":4.18},{"$f":"IFERROR(F1285*E1285,0)","v":4.18}]
[{"$f":"IFERROR(INDEX(SINAPI!$E:$E,MATCH($B1286,SINAPI!$A:$A,0)),\"\")","v":"COMPOSIÇÃO"},88264,{"$f":"IFERROR(INDEX(SINAPI!$B:$B,MATCH($B1286,SINAPI!$A:$A,0)),\"\")","v":"ELETRICISTA COM ENCARGOS COMPLEMENTARES"},{"$f":"IFERROR(INDEX(SINAPI!$C:$C,MATCH($B1286,SINAPI!$A:$A,0)),\"\")","v":"H"},0.06,{"$f":"IFERROR(INDEX(SINAPI!$D:$D,MATCH($B1286,SINAPI!$A:$A,0)),0)","v":20.6},1.236]
["INSUMO","07880/ORSE","ALICATE DE COMPRESSÃO PARA TERMINAIS DE COMPRESSÃO DE CABOS COM SEÇÃO ATÉ 120MM2","H",0.06,2.33,0.13980000000000001]
[null,null,null,null,null,"TOTAL",{"$f":"SUM(G1285:G1287)","v":5.5557999999999996}]
[]
[]
["CLASSE/TIPO","CÓDIGOS/ SINAPI","DESCRIÇÃO","UND","COEFICIENTE","PREÇO UNITÁRIO","PREÇO TOTAL"]
["COMP-6327 ",null,"ADESIVO MONOCOMPONENTES POLIURETÂNICO PARA SUPERFÍCIES LISAS (BISNAGA 310 ML) ","UN",null,null,{"$f":"G1295","v":33.1}]
[{"$f":"IFERROR(INDEX(SINAPI!$E:$E,MATCH($B1293,SINAPI!$A:$A,0)),\"\")","v":"INSUMO"},142,{"$f":"IFERROR(INDEX(SINAPI!$B:$B,MATCH($B1293,SINAPI!$A:$A,0)),\"\")","v":"SELANTE ELASTICO MONOCOMPONENTE A BASE DE POLIURETANO (PU) PARA JUNTAS DIVERSAS                                                                                                                                                                                                                                                                                                                                                                                                                           "},{"$f":"IFERROR(INDEX(SINAPI!$C:$C,MATCH($B1293,SINAPI!$A:$A,0)),\"\")","v":"310ML "},1,{"$f":"IFERROR(INDEX(SINAPI!$D:$D,MATCH($B1293,SINAPI!$A:$A,0)),0)","v":25.89},{"$f":"IFERROR(F1293*E1293,0)","v":25.89}]
[{"$f":"IFERROR(INDEX(SINAPI!$E:$E,MATCH($B1294,SINAPI!$A:$A,0)),\"\")","v":"COMPOSIÇÃO"},88264,{"$f":"IFERROR(INDEX(SINAPI!$B:$B,MATCH($B1294,SINAPI!$A:$A,0)),\"\")","v":"ELETRICISTA COM ENCARGOS COMPLEMENTARES"},{"$f":"IFERROR(INDEX(SINAPI!$C:$C,MATCH($B1294,SINAPI!$A:$A,0)),\"\")","v":"H"},0.35,{"$f":"IFERROR(INDEX(SINAPI!$D:$D,MATCH($B1294,SINAPI!$A:$A,0)),0)","v":20.6},7.21]
[null,null,null,null,null,"TOTAL",{"$f":"SUM(G1293:G1294)","v":33.1}]
[]
[]
["CLASSE/TIPO","CÓDIGOS/ SINAPI","DESCRIÇÃO","UND","COEFICIENTE","PREÇO UNITÁRIO","PREÇO TOTAL"]
["COMP-1528 ",null,"PARAFUSO INOX 1/4\" X 7/8\" (COM PORCA INOX 1/4\") ","UND",null,null,{"$f":"G1302","v":0.69599999999999995}]
["INSUMO","11901/ORSE","PARAFUSO AUTO-ATARRAXANTE EM AÇO INOX - 4,2 X 32MM","UN",1,0.49,{"$f":"IFERROR(F1300*E1300,0)","v":0.49}]
[{"$f":"IFERROR(INDEX(SINAPI!$E:$E,MATCH($B1301,SINAPI!$A:$A,0)),\"\")","v":"COMPOSIÇÃO"},88264,{"$f":"IFERROR(INDEX(SINAPI!$B:$B,MATCH($B1301,SINAPI!$A:$A,0)),\"\")","v":"ELETRICISTA COM ENCARGOS COMPLEMENTARES"},{"$f":"IFERROR(INDEX(SINAPI!$C:$C,MATCH($B1301,SINAPI!$A:$A,0)),\"\")","v":"H"},0.01,{"$f":"IFERROR(INDEX(SINAPI!$D:$D,MATCH($B1301,SINAPI!$A:$A,0)),0)","v":20.6},0.20600000000000002]
[null,null,null,null,null,"TOTAL",{"$f":"SUM(G1300:G1301)","v":0.69599999999999995}]
[]
[]
["CLASSE/TIPO","CÓDIGOS/ SINAPI","DESCRIÇÃO","UND","COEFICIENTE","PREÇO UNITÁRIO","PREÇO TOTAL"]
["COMP-209 ",null,"PARAFUSO INOX R/S 4.2 X 32MM ","UN",null,null,{"$f":"G1309","v":0.54139999999999999}]
[{"$f":"IFERROR(INDEX(SINAPI!$E:$E,MATCH($B1307,SINAPI!$A:$A,0)),\"\")","v":"INSUMO"},40552,{"$f":"IFERROR(INDEX(SINAPI!$B:$B,MATCH($B1307,SINAPI!$A:$A,0)),\"\")","v":"PARAFUSO, AUTO ATARRACHANTE, CABECA CHATA, FENDA SIMPLES, 1/4\u0094 (6,35 MM) X 25 MM                                                                                                                                                                                                                                                                                                                                                                                                                          "},{"$f":"IFERROR(INDEX(SINAPI!$C:$C,MATCH($B1307,SINAPI!$A:$A,0)),\"\")","v":"CENTO "},0.01,{"$f":"IFERROR(INDEX(SINAPI!$D:$D,MATCH($B1307,SINAPI!$A:$A,0)),0)","v":33.54},{"$f":"IFERROR(F1307*E1307,0)","v":0.33539999999999998}]
[{"$f":"IFERROR(INDEX(SINAPI!$E:$E,MATCH($B1308,SINAPI!$A:$A,0)),\"\")","v":"COMPOSIÇÃO"},88264,{"$f":"IFERROR(INDEX(SINAPI!$B:$B,MATCH($B1308,SINAPI!$A:$A,0)),\"\")","v":"ELETRICISTA COM ENCARGOS COMPLEMENTARES"},{"$f":"IFERROR(INDEX(SINAPI!$C:$C,MATCH($B1308,SINAPI!$A:$A,0)),\"\")","v":"H"},0.01,{"$f":"IFERROR(INDEX(SINAPI!$D:$D,MATCH($B1308,SINAPI!$A:$A,0)),0)","v":20.6},0.20600000000000002]
[null,null,null,null,null,"TOTAL",{"$f":"SUM(G1307:G1308)","v":0.54139999999999999}]
[]
[]
["CLASSE/TIPO","CÓDIGOS/ SINAPI","DESCRIÇÃO","UND","COEFICIENTE","PREÇO UNITÁRIO","PREÇO TOTAL"]
["COMP-0239 ",null,"PORCA 1/4\" ","UN",null,null,{"$f":"G1316","v":0.4778}]
[{"$f":"IFERROR(INDEX(SINAPI!$E:$E,MATCH($B1314,SINAPI!$A:$A,0)),\"\")","v":"INSUMO"},39997,{"$f":"IFERROR(INDEX(SINAPI!$B:$B,MATCH($B1314,SINAPI!$A:$A,0)),\"\")","v":"PORCA ZINCADA, SEXTAVADA, DIAMETRO 1/4\"                                                                                                                                                                                                                                                                                                                                                                                                                                                                   "},{"$f":"IFERROR(INDEX(SINAPI!$C:$C,MATCH($B1314,SINAPI!$A:$A,0)),\"\")","v":"UN    "},1,{"$f":"IFERROR(INDEX(SINAPI!$D:$D,MATCH($B1314,SINAPI!$A:$A,0)),0)","v":0.21},{"$f":"IFERROR(F1314*E1314,0)","v":0.21}]
[{"$f":"IFERROR(INDEX(SINAPI!$E:$E,MATCH($B1315,SINAPI!$A:$A,0)),\"\")","v":"COMPOSIÇÃO"},88264,{"$f":"IFERROR(INDEX(SINAPI!$B:$B,MATCH($B1315,SINAPI!$A:$A,0)),\"\")","v":"ELETRICISTA COM ENCARGOS COMPLEMENTARES"},{"$f":"IFERROR(INDEX(SINAPI!$C:$C,MATCH($B1315,SINAPI!$A:$A,0)),\"\")","v":"H"},1.2999999999999999E-2,{"$f":"IFERROR(INDEX(SINAPI!$D:$D,MATCH($B1315,SINAPI!$A:$A,0)),0)","v":20.6},0.26779999999999998]
[null,null,null,null,null,"TOTAL",{"$f":"SUM(G1314:G1315)","v":0.4778}]
[]
[]
["CLASSE/TIPO","CÓDIGOS/ SINAPI","DESCRIÇÃO","UND","COEFICIENTE","PREÇO UNITÁRIO","PREÇO TOTAL"]
["COMP-5139 ",null,"ARRUELA 1/4\" ","UN",null,null,{"$f":"G1324","v":1.6320999999999999}]
[{"$f":"IFERROR(INDEX(SINAPI!$E:$E,MATCH($B1321,SINAPI!$A:$A,0)),\"\")","v":"INSUMO"},39211,{"$f":"IFERROR(INDEX(SINAPI!$B:$B,MATCH($B1321,SINAPI!$A:$A,0)),\"\")","v":"ARRUELA EM ALUMINIO, COM ROSCA, DE  1 1/4\", PARA ELETRODUTO                                                                                                                                                                                                                                                                                                                                                                                                                                               "},{"$f":"IFERROR(INDEX(SINAPI!$C:$C,MATCH($B1321,SINAPI!$A:$A,0)),\"\")","v":"UN    "},1,{"$f":"IFERROR(INDEX(SINAPI!$D:$D,MATCH($B1321,SINAPI!$A:$A,0)),0)","v":1.27},{"$f":"IFERROR(F1321*E1321,0)","v":1.27}]
[{"$f":"IFERROR(INDEX(SINAPI!$E:$E,MATCH($B1322,SINAPI!$A:$A,0)),\"\")","v":"COMPOSIÇÃO"},88264,{"$f":"IFERROR(INDEX(SINAPI!$B:$B,MATCH($B1322,SINAPI!$A:$A,0)),\"\")","v":"ELETRICISTA COM ENCARGOS COMPLEMENTARES"},{"$f":"IFERROR(INDEX(SINAPI!$C:$C,MATCH($B1322,SINAPI!$A:$A,0)),\"\")","v":"H"},0.01,{"$f":"IFERROR(INDEX(SINAPI!$D:$D,MATCH($B1322,SINAPI!$A:$A,0)),0)","v":20.6},0.20600000000000002]
[{"$f":"IFERROR(INDEX(SINAPI!$E:$E,MATCH($B1323,SINAPI!$A:$A,0)),\"\")","v":"COMPOSIÇÃO"},88247,{"$f":"IFERROR(INDEX(SINAPI!$B:$B,MATCH($B1323,SINAPI!$A:$A,0)),\"\")","v":"AUXILIAR DE ELETRICISTA COM ENCARGOS COMPLEMENTARES"},{"$f":"IFERROR(INDEX(SINAPI!$C:$C,MATCH($B1323,SINAPI!$A:$A,0)),\"\")","v":"H"},0.01,{"$f":"IFERROR(INDEX(SINAPI!$D:$D,MATCH($B1323,SINAPI!$A:$A,0)),0)","v":15.61},0.15609999999999999]
[null,null,null,null,null,"TOTAL",{"$f":"SUM(G1321:G1323)","v":1.6320999999999999}]
[]
[]
["CLASSE/TIPO","CÓDIGOS/ SINAPI","DESCRIÇÃO","UND","COEFICIENTE","PREÇO UNITÁRIO","PREÇO TOTAL"]
["COMP-7483 ",null,"BUCHA DE NYLON S-6 ","UN",null,null,{"$f":"G1331","v":0.35599999999999998}]
[{"$f":"IFERROR(INDEX(SINAPI!$E:$E,MATCH($B1329,SINAPI!$A:$A,0)),\"\")","v":"INSUMO"},4375,{"$f":"IFERROR(INDEX(SINAPI!$B:$B,MATCH($B1329,SINAPI!$A:$A,0)),\"\")","v":"BUCHA DE NYLON SEM ABA S6                                                                                                                                                                                                                                                                                                                                                                                                                                                                                 "},{"$f":"IFERROR(INDEX(SINAPI!$C:$C,MATCH($B1329,SINAPI!$A:$A,0)),\"\")","v":"UN    "},1,{"$f":"IFERROR(INDEX(SINAPI!$D:$D,MATCH($B1329,SINAPI!$A:$A,0)),0)","v":0.15},{"$f":"IFERROR(F1329*E1329,0)","v":0.15}]
[{"$f":"IFERROR(INDEX(SINAPI!$E:$E,MATCH($B1330,SINAPI!$A:$A,0)),\"\")","v":"COMPOSIÇÃO"},88264,{"$f":"IFERROR(INDEX(SINAPI!$B:$B,MATCH($B1330,SINAPI!$A:$A,0)),\"\")","v":"ELETRICISTA COM ENCARGOS COMPLEMENTARES"},{"$f":"IFERROR(INDEX(SINAPI!$C:$C,MATCH($B1330,SINAPI!$A:$A,0)),\"\")","v":"H"},0.01,{"$f":"IFERROR(INDEX(SINAPI!$D:$D,MATCH($B1330,SINAPI!$A:$A,0)),0)","v":20.6},0.20600000000000002]
[null,null,null,null,null,"TOTAL",{"$f":"SUM(G1329:G1330)","v":0.35599999999999998}]
[]
[]
["CLASSE/TIPO","CÓDIGOS/ SINAPI","DESCRIÇÃO","UND","COEFICIENTE","PREÇO UNITÁRIO","PREÇO TOTAL"]
["COMP-217902",null,"CAIXA DE EQUIPOTENCIALIZAÇÃO COM 11 TERMINAIS PARA USO INTERNO 20 x 20 x 10 CM EM AÇO ","UND",null,null,{"$f":"G1339","v":294.173}]
["INSUMO","09326/ORSE","CAIXA DE EQUALIZAÇÃO P/ATERRAMENTO 20X20X10CM DE SOBREPOR P/11 TERMINAIS DE PRESSÃO C/BARRAMENTO (PÁRA-RAIO)","UN",1,283.31,{"$f":"IFERROR(F1336*E1336,0)","v":283.31}]
[{"$f":"IFERROR(INDEX(SINAPI!$E:$E,MATCH($B1337,SINAPI!$A:$A,0)),\"\")","v":"COMPOSIÇÃO"},88264,{"$f":"IFERROR(INDEX(SINAPI!$B:$B,MATCH($B1337,SINAPI!$A:$A,0)),\"\")","v":"ELETRICISTA COM ENCARGOS COMPLEMENTARES"},{"$f":"IFERROR(INDEX(SINAPI!$C:$C,MATCH($B1337,SINAPI!$A:$A,0)),\"\")","v":"H"},0.3,{"$f":"IFERROR(INDEX(SINAPI!$D:$D,MATCH($B1337,SINAPI!$A:$A,0)),0)","v":20.6},6.1800000000000006]
[{"$f":"IFERROR(INDEX(SINAPI!$E:$E,MATCH($B1338,SINAPI!$A:$A,0)),\"\")","v":"COMPOSIÇÃO"},88247,{"$f":"IFERROR(INDEX(SINAPI!$B:$B,MATCH($B1338,SINAPI!$A:$A,0)),\"\")","v":"AUXILIAR DE ELETRICISTA COM ENCARGOS COMPLEMENTARES"},{"$f":"IFERROR(INDEX(SINAPI!$C:$C,MATCH($B1338,SINAPI!$A:$A,0)),\"\")","v":"H"},0.3,{"$f":"IFERROR(INDEX(SINAPI!$D:$D,MATCH($B1338,SINAPI!$A:$A,0)),0)","v":15.61},4.6829999999999998]
[null,null,null,null,null,"TOTAL",{"$f":"SUM(G1336:G1338)","v":294.173}]
[]
[]
["CLASSE/TIPO","CÓDIGOS/ SINAPI","DESCRIÇÃO","UND","COEFICIENTE","PREÇO UNITÁRIO","PREÇO TOTAL"]
["COMP-249549",null,"CABO UTP 4 PARES CAT6 ","M",null,null,{"$f":"G1347","v":3.7040000000000002}]
[{"$f":"IFERROR(INDEX(SINAPI!$E:$E,MATCH($B1344,SINAPI!$A:$A,0)),\"\")","v":"INSUMO"},39599,{"$f":"IFERROR(INDEX(SINAPI!$B:$B,MATCH($B1344,SINAPI!$A:$A,0)),\"\")","v":"CABO DE PAR TRANCADO UTP, 4 PARES, CATEGORIA 6                                                                                                                                                                                                                                                                                                                                                                                                                                                            "},{"$f":"IFERROR(INDEX(SINAPI!$C:$C,MATCH($B1344,SINAPI!$A:$A,0)),\"\")","v":"M     "},1,{"$f":"IFERROR(INDEX(SINAPI!$D:$D,MATCH($B1344,SINAPI!$A:$A,0)),0)","v":2.04},{"$f":"IFERROR(F1344*E1344,0)","v":2.04}]
[{"$f":"IFERROR(INDEX(SINAPI!$E:$E,MATCH($B1345,SINAPI!$A:$A,0)),\"\")","v":"COMPOSIÇÃO"},88247,{"$f":"IFERROR(INDEX(SINAPI!$B:$B,MATCH($B1345,SINAPI!$A:$A,0)),\"\")","v":"AUXILIAR DE ELETRICISTA COM ENCARGOS COMPLEMENTARES"},{"$f":"IFERROR(INDEX(SINAPI!$C:$C,MATCH($B1345,SINAPI!$A:$A,0)),\"\")","v":"H"},0.1,{"$f":"IFERROR(INDEX(SINAPI!$D:$D,MATCH($B1345,SINAPI!$A:$A,0)),0)","v":15.61},1.5609999999999999]
[{"$f":"IFERROR(INDEX(SINAPI!$E:$E,MATCH($B1346,SINAPI!$A:$A,0)),\"\")","v":"COMPOSIÇÃO"},88264,{"$f":"IFERROR(INDEX(SINAPI!$B:$B,MATCH($B1346,SINAPI!$A:$A,0)),\"\")","v":"ELETRICISTA COM ENCARGOS COMPLEMENTARES"},{"$f":"IFERROR(INDEX(SINAPI!$C:$C,MATCH($B1346,SINAPI!$A:$A,0)),\"\")","v":"H"},5.0000000000000001E-3,{"$f":"IFERROR(INDEX(SINAPI!$D:$D,MATCH($B1346,SINAPI!$A:$A,0)),0)","v":20.6},0.10300000000000001]
[null,null,null,null,null,"TOTAL",{"$f":"SUM(G1344:G1346)","v":3.7040000000000002}]
[]
[]
["CLASSE/TIPO","CÓDIGOS/ SINAPI","DESCRIÇÃO","UND","COEFICIENTE","PREÇO UNITÁRIO","PREÇO TOTAL"]
["COMP-071258",null,"CABO FIBRA OTICA 62,5/125 6VIAS ","UND",null,null,{"$f":"G1355","v":16.940999999999999}]
["INSUMO","08926/ORSE","CABO DE FIBRA ÓTICA DE 6 VIAS","M",1,13.32,{"$f":"IFERROR(F1352*E1352,0)","v":13.32}]
[{"$f":"IFERROR(INDEX(SINAPI!$E:$E,MATCH($B1353,SINAPI!$A:$A,0)),\"\")","v":"COMPOSIÇÃO"},88247,{"$f":"IFERROR(INDEX(SINAPI!$B:$B,MATCH($B1353,SINAPI!$A:$A,0)),\"\")","v":"AUXILIAR DE ELETRICISTA COM ENCARGOS COMPLEMENTARES"},{"$f":"IFERROR(INDEX(SINAPI!$C:$C,MATCH($B1353,SINAPI!$A:$A,0)),\"\")","v":"H"},0.1,{"$f":"IFERROR(INDEX(SINAPI!$D:$D,MATCH($B1353,SINAPI!$A:$A,0)),0)","v":15.61},1.5609999999999999]
[{"$f":"IFERROR(INDEX(SINAPI!$E:$E,MATCH($B1354,SINAPI!$A:$A,0)),\"\")","v":"COMPOSIÇÃO"},88264,{"$f":"IFERROR(INDEX(SINAPI!$B:$B,MATCH($B1354,SINAPI!$A:$A,0)),\"\")","v":"ELETRICISTA COM ENCARGOS COMPLEMENTARES"},{"$f":"IFERROR(INDEX(SINAPI!$C:$C,MATCH($B1354,SINAPI!$A:$A,0)),\"\")","v":"H"},0.1,{"$f":"IFERROR(INDEX(SINAPI!$D:$D,MATCH($B1354,SINAPI!$A:$A,0)),0)","v":20.6},2.06]
[null,null,null,null,null,"TOTAL",{"$f":"SUM(G1352:G1354)","v":16.940999999999999}]
[]
[]
["CLASSE/TIPO","CÓDIGOS/ SINAPI","DESCRIÇÃO","UND","COEFICIENTE","PREÇO UNITÁRIO","PREÇO TOTAL"]
["COMP-2577 ",null,"ELETRODUTO DE PVC RIGIDO ROSCAVEL DE 2 \" - FORNECIMENTO E INSTALAÇÃO","M",null,null,{"$f":"G1363","v":16.460999999999999}]
[{"$f":"IFERROR(INDEX(SINAPI!$E:$E,MATCH($B1360,SINAPI!$A:$A,0)),\"\")","v":"INSUMO"},2681,{"$f":"IFERROR(INDEX(SINAPI!$B:$B,MATCH($B1360,SINAPI!$A:$A,0)),\"\")","v":"ELETRODUTO DE PVC RIGIDO ROSCAVEL DE 2 \", SEM LUVA                                                                                                                                                                                                                                                                                                                                                                                                                                                        "},{"$f":"IFERROR(INDEX(SINAPI!$C:$C,MATCH($B1360,SINAPI!$A:$A,0)),\"\")","v":"M     "},1,{"$f":"IFERROR(INDEX(SINAPI!$D:$D,MATCH($B1360,SINAPI!$A:$A,0)),0)","v":12.84},{"$f":"IFERROR(F1360*E1360,0)","v":12.84}]
[{"$f":"IFERROR(INDEX(SINAPI!$E:$E,MATCH($B1361,SINAPI!$A:$A,0)),\"\")","v":"COMPOSIÇÃO"},88264,{"$f":"IFERROR(INDEX(SINAPI!$B:$B,MATCH($B1361,SINAPI!$A:$A,0)),\"\")","v":"ELETRICISTA COM ENCARGOS COMPLEMENTARES"},{"$f":"IFERROR(INDEX(SINAPI!$C:$C,MATCH($B1361,SINAPI!$A:$A,0)),\"\")","v":"H"},0.1,{"$f":"IFERROR(INDEX(SINAPI!$D:$D,MATCH($B1361,SINAPI!$A:$A,0)),0)","v":20.6},2.06]
[{"$f":"IFERROR(INDEX(SINAPI!$E:$E,MATCH($B1362,SINAPI!$A:$A,0)),\"\")","v":"COMPOSIÇÃO"},88247,{"$f":"IFERROR(INDEX(SINAPI!$B:$B,MATCH($B1362,SINAPI!$A:$A,0)),\"\")","v":"AUXILIAR DE ELETRICISTA COM ENCARGOS COMPLEMENTARES"},{"$f":"IFERROR(INDEX(SINAPI!$C:$C,MATCH($B1362,SINAPI!$A:$A,0)),\"\")","v":"H"},0.1,{"$f":"IFERROR(INDEX(SINAPI!$D:$D,MATCH($B1362,SINAPI!$A:$A,0)),0)","v":15.61},1.5609999999999999]
[null,null,null,null,null,"TOTAL",{"$f":"SUM(G1360:G1362)","v":16.460999999999999}]
[]
[]
["CLASSE/TIPO","CÓDIGOS/ SINAPI","DESCRIÇÃO","UND","COEFICIENTE","PREÇO UNITÁRIO","PREÇO TOTAL"]
["COMP-6995 ",null,"ELETRODUTO DE PVC RIGIDO ROSCAVEL DE 1 \" - FORNECIMENTO E INSTALAÇÃO","M",null,null,{"$f":"G1371","v":8.9909999999999997}]
[{"$f":"IFERROR(INDEX(SINAPI!$E:$E,MATCH($B1368,SINAPI!$A:$A,0)),\"\")","v":"INSUMO"},2685,{"$f":"IFERROR(INDEX(SINAPI!$B:$B,MATCH($B1368,SINAPI!$A:$A,0)),\"\")","v":"ELETRODUTO DE PVC RIGIDO ROSCAVEL DE 1 \", SEM LUVA                                                                                                                                                                                                                                                                                                                                                                                                                                                        "},{"$f":"IFERROR(INDEX(SINAPI!$C:$C,MATCH($B1368,SINAPI!$A:$A,0)),\"\")","v":"M     "},1,{"$f":"IFERROR(INDEX(SINAPI!$D:$D,MATCH($B1368,SINAPI!$A:$A,0)),0)","v":5.37},{"$f":"IFERROR(F1368*E1368,0)","v":5.37}]
[{"$f":"IFERROR(INDEX(SINAPI!$E:$E,MATCH($B1369,SINAPI!$A:$A,0)),\"\")","v":"COMPOSIÇÃO"},88264,{"$f":"IFERROR(INDEX(SINAPI!$B:$B,MATCH($B1369,SINAPI!$A:$A,0)),\"\")","v":"ELETRICISTA COM ENCARGOS COMPLEMENTARES"},{"$f":"IFERROR(INDEX(SINAPI!$C:$C,MATCH($B1369,SINAPI!$A:$A,0)),\"\")","v":"H"},0.1,{"$f":"IFERROR(INDEX(SINAPI!$D:$D,MATCH($B1369,SINAPI!$A:$A,0)),0)","v":20.6},2.06]
[{"$f":"IFERROR(INDEX(SINAPI!$E:$E,MATCH($B1370,SINAPI!$A:$A,0)),\"\")","v":"COMPOSIÇÃO"},88247,{"$f":"IFERROR(INDEX(SINAPI!$B:$B,MATCH($B1370,SINAPI!$A:$A,0)),\"\")","v":"AUXILIAR DE ELETRICISTA COM ENCARGOS COMPLEMENTARES"},{"$f":"IFERROR(INDEX(SINAPI!$C:$C,MATCH($B1370,SINAPI!$A:$A,0)),\"\")","v":"H"},0.1,{"$f":"IFERROR(INDEX(SINAPI!$D:$D,MATCH($B1370,SINAPI!$A:$A,0)),0)","v":15.61},1.5609999999999999]
[null,null,null,null,null,"TOTAL",{"$f":"SUM(G1368:G1370)","v":8.9909999999999997}]
[]
[]
["CLASSE/TIPO","CÓDIGOS/ SINAPI","DESCRIÇÃO","UND","COEFICIENTE","PREÇO UNITÁRIO","PREÇO TOTAL"]
["COMP-6958 ",null,"ELETRODUTO DE PVC RIGIDO ROSCAVEL DE 3/4 \" - FORNECIMENTO E INSTALAÇÃO","M",null,null,{"$f":"G1379","v":7.0510000000000002}]
[{"$f":"IFERROR(INDEX(SINAPI!$E:$E,MATCH($B1376,SINAPI!$A:$A,0)),\"\")","v":"INSUMO"},2674,{"$f":"IFERROR(INDEX(SINAPI!$B:$B,MATCH($B1376,SINAPI!$A:$A,0)),\"\")","v":"ELETRODUTO DE PVC RIGIDO ROSCAVEL DE 3/4 \", SEM LUVA                                                                                                                                                                                                                                                                                                                                                                                                                                                      "},{"$f":"IFERROR(INDEX(SINAPI!$C:$C,MATCH($B1376,SINAPI!$A:$A,0)),\"\")","v":"M     "},1,{"$f":"IFERROR(INDEX(SINAPI!$D:$D,MATCH($B1376,SINAPI!$A:$A,0)),0)","v":3.43},{"$f":"IFERROR(F1376*E1376,0)","v":3.43}]
[{"$f":"IFERROR(INDEX(SINAPI!$E:$E,MATCH($B1377,SINAPI!$A:$A,0)),\"\")","v":"COMPOSIÇÃO"},88264,{"$f":"IFERROR(INDEX(SINAPI!$B:$B,MATCH($B1377,SINAPI!$A:$A,0)),\"\")","v":"ELETRICISTA COM ENCARGOS COMPLEMENTARES"},{"$f":"IFERROR(INDEX(SINAPI!$C:$C,MATCH($B1377,SINAPI!$A:$A,0)),\"\")","v":"H"},0.1,{"$f":"IFERROR(INDEX(SINAPI!$D:$D,MATCH($B1377,SINAPI!$A:$A,0)),0)","v":20.6},2.06]
[{"$f":"IFERROR(INDEX(SINAPI!$E:$E,MATCH($B1378,SINAPI!$A:$A,0)),\"\")","v":"COMPOSIÇÃO"},88247,{"$f":"IFERROR(INDEX(SINAPI!$B:$B,MATCH($B1378,SINAPI!$A:$A,0)),\"\")","v":"AUXILIAR DE ELETRICISTA COM ENCARGOS COMPLEMENTARES"},{"$f":"IFERROR(INDEX(SINAPI!$C:$C,MATCH($B1378,SINAPI!$A:$A,0)),\"\")","v":"H"},0.1,{"$f":"IFERROR(INDEX(SINAPI!$D:$D,MATCH($B1378,SINAPI!$A:$A,0)),0)","v":15.61},1.5609999999999999]
[null,null,null,null,null,"TOTAL",{"$f":"SUM(G1376:G1378)","v":7.0510000000000002}]
[]
[]
["CLASSE/TIPO","CÓDIGOS/ SINAPI","DESCRIÇÃO","UND","COEFICIENTE","PREÇO UNITÁRIO","PREÇO TOTAL"]
["COMP-169606",null,"BRAÇADEIRA GALVANIZADA TIPO CUNHA Ø1''","UN",null,null,{"$f":"G1386","v":4.5819999999999999}]
[{"$f":"IFERROR(INDEX(SINAPI!$E:$E,MATCH($B1384,SINAPI!$A:$A,0)),\"\")","v":"INSUMO"},393,{"$f":"IFERROR(INDEX(SINAPI!$B:$B,MATCH($B1384,SINAPI!$A:$A,0)),\"\")","v":"ABRACADEIRA EM ACO PARA AMARRACAO DE ELETRODUTOS, TIPO D, COM 1\" E PARAFUSO DE FIXACAO                                                                                                                                                                                                                                                                                                                                                                                                                    "},{"$f":"IFERROR(INDEX(SINAPI!$C:$C,MATCH($B1384,SINAPI!$A:$A,0)),\"\")","v":"UN    "},1,{"$f":"IFERROR(INDEX(SINAPI!$D:$D,MATCH($B1384,SINAPI!$A:$A,0)),0)","v":2.11},{"$f":"IFERROR(F1384*E1384,0)","v":2.11}]
[{"$f":"IFERROR(INDEX(SINAPI!$E:$E,MATCH($B1385,SINAPI!$A:$A,0)),\"\")","v":"COMPOSIÇÃO"},88264,{"$f":"IFERROR(INDEX(SINAPI!$B:$B,MATCH($B1385,SINAPI!$A:$A,0)),\"\")","v":"ELETRICISTA COM ENCARGOS COMPLEMENTARES"},{"$f":"IFERROR(INDEX(SINAPI!$C:$C,MATCH($B1385,SINAPI!$A:$A,0)),\"\")","v":"H"},0.12,{"$f":"IFERROR(INDEX(SINAPI!$D:$D,MATCH($B1385,SINAPI!$A:$A,0)),0)","v":20.6},2.472]
[null,null,null,null,null,"TOTAL",{"$f":"SUM(G1384:G1385)","v":4.5819999999999999}]
[]
[]
["CLASSE/TIPO","CÓDIGOS/ SINAPI","DESCRIÇÃO","UND","COEFICIENTE","PREÇO UNITÁRIO","PREÇO TOTAL"]
["COMP-4678 ",null,"BRAÇADEIRA GALVANIZADA TIPO CUNHA Ø1''","UN",null,null,{"$f":"G1393","v":4.3520000000000003}]
[{"$f":"IFERROR(INDEX(SINAPI!$E:$E,MATCH($B1391,SINAPI!$A:$A,0)),\"\")","v":"INSUMO"},39128,{"$f":"IFERROR(INDEX(SINAPI!$B:$B,MATCH($B1391,SINAPI!$A:$A,0)),\"\")","v":"ABRACADEIRA EM ACO PARA AMARRACAO DE ELETRODUTOS, TIPO D, COM 3/4\" E CUNHA DE FIXACAO                                                                                                                                                                                                                                                                                                                                                                                                                     "},{"$f":"IFERROR(INDEX(SINAPI!$C:$C,MATCH($B1391,SINAPI!$A:$A,0)),\"\")","v":"UN    "},1,{"$f":"IFERROR(INDEX(SINAPI!$D:$D,MATCH($B1391,SINAPI!$A:$A,0)),0)","v":1.88},{"$f":"IFERROR(F1391*E1391,0)","v":1.88}]
[{"$f":"IFERROR(INDEX(SINAPI!$E:$E,MATCH($B1392,SINAPI!$A:$A,0)),\"\")","v":"COMPOSIÇÃO"},88264,{"$f":"IFERROR(INDEX(SINAPI!$B:$B,MATCH($B1392,SINAPI!$A:$A,0)),\"\")","v":"ELETRICISTA COM ENCARGOS COMPLEMENTARES"},{"$f":"IFERROR(INDEX(SINAPI!$C:$C,MATCH($B1392,SINAPI!$A:$A,0)),\"\")","v":"H"},0.12,{"$f":"IFERROR(INDEX(SINAPI!$D:$D,MATCH($B1392,SINAPI!$A:$A,0)),0)","v":20.6},2.472]
[null,null,null,null,null,"TOTAL",{"$f":"SUM(G1391:G1392)","v":4.3520000000000003}]
[]
[]
["CLASSE/TIPO","CÓDIGOS/ SINAPI","DESCRIÇÃO","UND","COEFICIENTE","PREÇO UNITÁRIO","PREÇO TOTAL"]
["COMP-5537 ",null,"LUVA PVC ROSCA Ø2'' ","UN",null,null,{"$f":"G1400","v":7.2000000000000011}]
[{"$f":"IFERROR(INDEX(SINAPI!$E:$E,MATCH($B1398,SINAPI!$A:$A,0)),\"\")","v":"INSUMO"},1894,{"$f":"IFERROR(INDEX(SINAPI!$B:$B,MATCH($B1398,SINAPI!$A:$A,0)),\"\")","v":"LUVA EM PVC RIGIDO ROSCAVEL, DE 2\", PARA ELETRODUTO                                                                                                                                                                                                                                                                                                                                                                                                                                                       "},{"$f":"IFERROR(INDEX(SINAPI!$C:$C,MATCH($B1398,SINAPI!$A:$A,0)),\"\")","v":"UN    "},1,{"$f":"IFERROR(INDEX(SINAPI!$D:$D,MATCH($B1398,SINAPI!$A:$A,0)),0)","v":4.1100000000000003},{"$f":"IFERROR(F1398*E1398,0)","v":4.1100000000000003}]
[{"$f":"IFERROR(INDEX(SINAPI!$E:$E,MATCH($B1399,SINAPI!$A:$A,0)),\"\")","v":"COMPOSIÇÃO"},88264,{"$f":"IFERROR(INDEX(SINAPI!$B:$B,MATCH($B1399,SINAPI!$A:$A,0)),\"\")","v":"ELETRICISTA COM ENCARGOS COMPLEMENTARES"},{"$f":"IFERROR(INDEX(SINAPI!$C:$C,MATCH($B1399,SINAPI!$A:$A,0)),\"\")","v":"H"},0.15,{"$f":"IFERROR(INDEX(SINAPI!$D:$D,MATCH($B1399,SINAPI!$A:$A,0)),0)","v":20.6},3.0900000000000003]
[null,null,null,null,null,"TOTAL",{"$f":"SUM(G1398:G1399)","v":7.2000000000000011}]
[]
[]
["CLASSE/TIPO","CÓDIGOS/ SINAPI","DESCRIÇÃO","UND","COEFICIENTE","PREÇO UNITÁRIO","PREÇO TOTAL"]
["COMP-6593 ",null,"LUVA PVC ROSCA Ø1'' ","UN",null,null,{"$f":"G1407","v":4.42}]
[{"$f":"IFERROR(INDEX(SINAPI!$E:$E,MATCH($B1405,SINAPI!$A:$A,0)),\"\")","v":"INSUMO"},1892,{"$f":"IFERROR(INDEX(SINAPI!$B:$B,MATCH($B1405,SINAPI!$A:$A,0)),\"\")","v":"LUVA EM PVC RIGIDO ROSCAVEL, DE 1\", PARA ELETRODUTO                                                                                                                                                                                                                                                                                                                                                                                                                                                       "},{"$f":"IFERROR(INDEX(SINAPI!$C:$C,MATCH($B1405,SINAPI!$A:$A,0)),\"\")","v":"UN    "},1,{"$f":"IFERROR(INDEX(SINAPI!$D:$D,MATCH($B1405,SINAPI!$A:$A,0)),0)","v":1.33},{"$f":"IFERROR(F1405*E1405,0)","v":1.33}]
[{"$f":"IFERROR(INDEX(SINAPI!$E:$E,MATCH($B1406,SINAPI!$A:$A,0)),\"\")","v":"COMPOSIÇÃO"},88264,{"$f":"IFERROR(INDEX(SINAPI!$B:$B,MATCH($B1406,SINAPI!$A:$A,0)),\"\")","v":"ELETRICISTA COM ENCARGOS COMPLEMENTARES"},{"$f":"IFERROR(INDEX(SINAPI!$C:$C,MATCH($B1406,SINAPI!$A:$A,0)),\"\")","v":"H"},0.15,{"$f":"IFERROR(INDEX(SINAPI!$D:$D,MATCH($B1406,SINAPI!$A:$A,0)),0)","v":20.6},3.0900000000000003]
[null,null,null,null,null,"TOTAL",{"$f":"SUM(G1405:G1406)","v":4.42}]
[]
[]
["CLASSE/TIPO","CÓDIGOS/ SINAPI","DESCRIÇÃO","UND","COEFICIENTE","PREÇO UNITÁRIO","PREÇO TOTAL"]
["COMP-0573 ",null,"LUVA PVC ROSCA Ø3/4'' ","UN",null,null,{"$f":"G1414","v":4.04}]
[{"$f":"IFERROR(INDEX(SINAPI!$E:$E,MATCH($B1412,SINAPI!$A:$A,0)),\"\")","v":"INSUMO"},1891,{"$f":"IFERROR(INDEX(SINAPI!$B:$B,MATCH($B1412,SINAPI!$A:$A,0)),\"\")","v":"LUVA EM PVC RIGIDO ROSCAVEL, DE 3/4\", PARA ELETRODUTO                                                                                                                                                                                                                                                                                                                                                                                                                                                     "},{"$f":"IFERROR(INDEX(SINAPI!$C:$C,MATCH($B1412,SINAPI!$A:$A,0)),\"\")","v":"UN    "},1,{"$f":"IFERROR(INDEX(SINAPI!$D:$D,MATCH($B1412,SINAPI!$A:$A,0)),0)","v":0.95},{"$f":"IFERROR(F1412*E1412,0)","v":0.95}]
[{"$f":"IFERROR(INDEX(SINAPI!$E:$E,MATCH($B1413,SINAPI!$A:$A,0)),\"\")","v":"COMPOSIÇÃO"},88264,{"$f":"IFERROR(INDEX(SINAPI!$B:$B,MATCH($B1413,SINAPI!$A:$A,0)),\"\")","v":"ELETRICISTA COM ENCARGOS COMPLEMENTARES"},{"$f":"IFERROR(INDEX(SINAPI!$C:$C,MATCH($B1413,SINAPI!$A:$A,0)),\"\")","v":"H"},0.15,{"$f":"IFERROR(INDEX(SINAPI!$D:$D,MATCH($B1413,SINAPI!$A:$A,0)),0)","v":20.6},3.0900000000000003]
[null,null,null,null,null,"TOTAL",{"$f":"SUM(G1412:G1413)","v":4.04}]
[]
[]
["CLASSE/TIPO","CÓDIGOS/ SINAPI","DESCRIÇÃO","UND","COEFICIENTE","PREÇO UNITÁRIO","PREÇO TOTAL"]
["COMP-0475 ",null,"BUCHA DE NYLON S4 ","UN",null,null,{"$f":"G1421","v":0.97400000000000009}]
[{"$f":"IFERROR(INDEX(SINAPI!$E:$E,MATCH($B1419,SINAPI!$A:$A,0)),\"\")","v":"INSUMO"},4375,{"$f":"IFERROR(INDEX(SINAPI!$B:$B,MATCH($B1419,SINAPI!$A:$A,0)),\"\")","v":"BUCHA DE NYLON SEM ABA S6                                                                                                                                                                                                                                                                                                                                                                                                                                                                                 "},{"$f":"IFERROR(INDEX(SINAPI!$C:$C,MATCH($B1419,SINAPI!$A:$A,0)),\"\")","v":"UN    "},1,{"$f":"IFERROR(INDEX(SINAPI!$D:$D,MATCH($B1419,SINAPI!$A:$A,0)),0)","v":0.15},{"$f":"IFERROR(F1419*E1419,0)","v":0.15}]
[{"$f":"IFERROR(INDEX(SINAPI!$E:$E,MATCH($B1420,SINAPI!$A:$A,0)),\"\")","v":"COMPOSIÇÃO"},88264,{"$f":"IFERROR(INDEX(SINAPI!$B:$B,MATCH($B1420,SINAPI!$A:$A,0)),\"\")","v":"ELETRICISTA COM ENCARGOS COMPLEMENTARES"},{"$f":"IFERROR(INDEX(SINAPI!$C:$C,MATCH($B1420,SINAPI!$A:$A,0)),\"\")","v":"H"},0.04,{"$f":"IFERROR(INDEX(SINAPI!$D:$D,MATCH($B1420,SINAPI!$A:$A,0)),0)","v":20.6},0.82400000000000007]
[null,null,null,null,null,"TOTAL",{"$f":"SUM(G1419:G1420)","v":0.97400000000000009}]
[]
[]
["CLASSE/TIPO","CÓDIGOS/ SINAPI","DESCRIÇÃO","UND","COEFICIENTE","PREÇO UNITÁRIO","PREÇO TOTAL"]
["COMP-3259 ",null,"PARAFUSO FENDA GALVANIZADO CAB. PANELA 2,9X25MM AUTOATARRACHANTE ","UN",null,null,{"$f":"G1428","v":2.09}]
["INSUMO","07861/ORSE","PARAFUSO EM AÇO INOX, CABEÇA SEXTAVADA 3/8\" X 70","UN",1,1.06,{"$f":"IFERROR(F1426*E1426,0)","v":1.06}]
[{"$f":"IFERROR(INDEX(SINAPI!$E:$E,MATCH($B1427,SINAPI!$A:$A,0)),\"\")","v":"COMPOSIÇÃO"},88264,{"$f":"IFERROR(INDEX(SINAPI!$B:$B,MATCH($B1427,SINAPI!$A:$A,0)),\"\")","v":"ELETRICISTA COM ENCARGOS COMPLEMENTARES"},{"$f":"IFERROR(INDEX(SINAPI!$C:$C,MATCH($B1427,SINAPI!$A:$A,0)),\"\")","v":"H"},0.05,{"$f":"IFERROR(INDEX(SINAPI!$D:$D,MATCH($B1427,SINAPI!$A:$A,0)),0)","v":20.6},1.03]
[null,null,null,null,null,"TOTAL",{"$f":"SUM(G1426:G1427)","v":2.09}]
[]
[]
["CLASSE/TIPO","CÓDIGOS/ SINAPI","DESCRIÇÃO","UND","COEFICIENTE","PREÇO UNITÁRIO","PREÇO TOTAL"]
["COMP-6975",null,"PARAFUSO FENDA GALVANIZADO CAB. PANELA 4,2X32MM AUTOATARRACHANTE ","UN",null,null,{"$f":"G1435","v":1.244}]
["INSUMO","06903/ORSE","PARAFUSO FENDA CABEÇA PANELA 4,2 X 32MM, AUTO-ATARRACHANTE","UN",1,0.42,{"$f":"IFERROR(F1433*E1433,0)","v":0.42}]
[{"$f":"IFERROR(INDEX(SINAPI!$E:$E,MATCH($B1434,SINAPI!$A:$A,0)),\"\")","v":"COMPOSIÇÃO"},88264,{"$f":"IFERROR(INDEX(SINAPI!$B:$B,MATCH($B1434,SINAPI!$A:$A,0)),\"\")","v":"ELETRICISTA COM ENCARGOS COMPLEMENTARES"},{"$f":"IFERROR(INDEX(SINAPI!$C:$C,MATCH($B1434,SINAPI!$A:$A,0)),\"\")","v":"H"},0.04,{"$f":"IFERROR(INDEX(SINAPI!$D:$D,MATCH($B1434,SINAPI!$A:$A,0)),0)","v":20.6},0.82400000000000007]
[null,null,null,null,null,"TOTAL",{"$f":"SUM(G1433:G1434)","v":1.244}]
[]
[]
["CLASSE/TIPO","CÓDIGOS/ SINAPI","DESCRIÇÃO","UND","COEFICIENTE","PREÇO UNITÁRIO","PREÇO TOTAL"]
["COMP-4127 ",null,"TAMPA PRESSÃO PARA ELETROCALHA TIPO U - 50MM - CHAPA 24 ","M",null,null,{"$f":"G1443","v":37.221000000000004}]
["INSUMO","03989/ORSE","Tampa de encaixe 50 mm para eletrocalha metálica (ref.: mopa ou similar)","UN",1,33.6,{"$f":"IFERROR(F1440*E1440,0)","v":33.6}]
[{"$f":"IFERROR(INDEX(SINAPI!$E:$E,MATCH($B1441,SINAPI!$A:$A,0)),\"\")","v":"COMPOSIÇÃO"},88247,{"$f":"IFERROR(INDEX(SINAPI!$B:$B,MATCH($B1441,SINAPI!$A:$A,0)),\"\")","v":"AUXILIAR DE ELETRICISTA COM ENCARGOS COMPLEMENTARES"},{"$f":"IFERROR(INDEX(SINAPI!$C:$C,MATCH($B1441,SINAPI!$A:$A,0)),\"\")","v":"H"},0.1,{"$f":"IFERROR(INDEX(SINAPI!$D:$D,MATCH($B1441,SINAPI!$A:$A,0)),0)","v":15.61},1.5609999999999999]
[{"$f":"IFERROR(INDEX(SINAPI!$E:$E,MATCH($B1442,SINAPI!$A:$A,0)),\"\")","v":"COMPOSIÇÃO"},88264,{"$f":"IFERROR(INDEX(SINAPI!$B:$B,MATCH($B1442,SINAPI!$A:$A,0)),\"\")","v":"ELETRICISTA COM ENCARGOS COMPLEMENTARES"},{"$f":"IFERROR(INDEX(SINAPI!$C:$C,MATCH($B1442,SINAPI!$A:$A,0)),\"\")","v":"H"},0.1,{"$f":"IFERROR(INDEX(SINAPI!$D:$D,MATCH($B1442,SINAPI!$A:$A,0)),0)","v":20.6},2.06]
[null,null,null,null,null,"TOTAL",{"$f":"SUM(G1440:G1442)","v":37.221000000000004}]
[]
[]
["CLASSE/TIPO","CÓDIGOS/ SINAPI","DESCRIÇÃO","UND","COEFICIENTE","PREÇO UNITÁRIO","PREÇO TOTAL"]
["COMP-0623 ",null,"CAIXA DE PASSAGEM EM ALVENARIA 30 X 30 COM TAMPA DE CONCRETO ","UN",null,null,{"$f":"G1457","v":198.00418200000001}]
[{"$f":"IFERROR(INDEX(SINAPI!$E:$E,MATCH($B1448,SINAPI!$A:$A,0)),\"\")","v":"INSUMO"},4718,{"$f":"IFERROR(INDEX(SINAPI!$B:$B,MATCH($B1448,SINAPI!$A:$A,0)),\"\")","v":"PEDRA BRITADA N. 2 (19 A 38 MM) POSTO PEDREIRA/FORNECEDOR, SEM FRETE                                                                                                                                                                                                                                                                                                                                                                                                                                      "},{"$f":"IFERROR(INDEX(SINAPI!$C:$C,MATCH($B1448,SINAPI!$A:$A,0)),\"\")","v":"M3    "},3.6499999999999998E-2,{"$f":"IFERROR(INDEX(SINAPI!$D:$D,MATCH($B1448,SINAPI!$A:$A,0)),0)","v":79.849999999999994},{"$f":"IFERROR(F1448*E1448,0)","v":2.9145249999999998}]
[{"$f":"IFERROR(INDEX(SINAPI!$E:$E,MATCH($B1449,SINAPI!$A:$A,0)),\"\")","v":"INSUMO"},1379,{"$f":"IFERROR(INDEX(SINAPI!$B:$B,MATCH($B1449,SINAPI!$A:$A,0)),\"\")","v":"CIMENTO PORTLAND COMPOSTO CP II-32                                                                                                                                                                                                                                                                                                                                                                                                                                                                        "},{"$f":"IFERROR(INDEX(SINAPI!$C:$C,MATCH($B1449,SINAPI!$A:$A,0)),\"\")","v":"KG    "},18.5,{"$f":"IFERROR(INDEX(SINAPI!$D:$D,MATCH($B1449,SINAPI!$A:$A,0)),0)","v":0.66},12.21]
[{"$f":"IFERROR(INDEX(SINAPI!$E:$E,MATCH($B1450,SINAPI!$A:$A,0)),\"\")","v":"INSUMO"},1106,{"$f":"IFERROR(INDEX(SINAPI!$B:$B,MATCH($B1450,SINAPI!$A:$A,0)),\"\")","v":"CAL HIDRATADA CH-I PARA ARGAMASSAS                                                                                                                                                                                                                                                                                                                                                                                                                                                                        "},{"$f":"IFERROR(INDEX(SINAPI!$C:$C,MATCH($B1450,SINAPI!$A:$A,0)),\"\")","v":"KG    "},3,{"$f":"IFERROR(INDEX(SINAPI!$D:$D,MATCH($B1450,SINAPI!$A:$A,0)),0)","v":0.8},2.4000000000000004]
[{"$f":"IFERROR(INDEX(SINAPI!$E:$E,MATCH($B1451,SINAPI!$A:$A,0)),\"\")","v":"INSUMO"},370,{"$f":"IFERROR(INDEX(SINAPI!$B:$B,MATCH($B1451,SINAPI!$A:$A,0)),\"\")","v":"AREIA MEDIA - POSTO JAZIDA/FORNECEDOR (RETIRADO NA JAZIDA, SEM TRANSPORTE)                                                                                                                                                                                                                                                                                                                                                                                                                                "},{"$f":"IFERROR(INDEX(SINAPI!$C:$C,MATCH($B1451,SINAPI!$A:$A,0)),\"\")","v":"M3    "},6.5299999999999997E-2,{"$f":"IFERROR(INDEX(SINAPI!$D:$D,MATCH($B1451,SINAPI!$A:$A,0)),0)","v":67.09},4.3809769999999997]
[{"$f":"IFERROR(INDEX(SINAPI!$E:$E,MATCH($B1452,SINAPI!$A:$A,0)),\"\")","v":"INSUMO"},43059,{"$f":"IFERROR(INDEX(SINAPI!$B:$B,MATCH($B1452,SINAPI!$A:$A,0)),\"\")","v":"ACO CA-60, 4,2 MM, OU 5,0 MM, OU 6,0 MM, OU 7,0 MM, VERGALHAO                                                                                                                                                                                                                                                                                                                                                                                                                                             "},{"$f":"IFERROR(INDEX(SINAPI!$C:$C,MATCH($B1452,SINAPI!$A:$A,0)),\"\")","v":"KG    "},2.1560000000000001,{"$f":"IFERROR(INDEX(SINAPI!$D:$D,MATCH($B1452,SINAPI!$A:$A,0)),0)","v":12.38},26.691280000000003]
[{"$f":"IFERROR(INDEX(SINAPI!$E:$E,MATCH($B1453,SINAPI!$A:$A,0)),\"\")","v":"INSUMO"},367,{"$f":"IFERROR(INDEX(SINAPI!$B:$B,MATCH($B1453,SINAPI!$A:$A,0)),\"\")","v":"AREIA GROSSA - POSTO JAZIDA/FORNECEDOR (RETIRADO NA JAZIDA, SEM TRANSPORTE)                                                                                                                                                                                                                                                                                                                                                                                                                               "},{"$f":"IFERROR(INDEX(SINAPI!$C:$C,MATCH($B1453,SINAPI!$A:$A,0)),\"\")","v":"M3    "},0.12330000000000001,{"$f":"IFERROR(INDEX(SINAPI!$D:$D,MATCH($B1453,SINAPI!$A:$A,0)),0)","v":78},9.6173999999999999]
[{"$f":"IFERROR(INDEX(SINAPI!$E:$E,MATCH($B1454,SINAPI!$A:$A,0)),\"\")","v":"INSUMO"},7267,{"$f":"IFERROR(INDEX(SINAPI!$B:$B,MATCH($B1454,SINAPI!$A:$A,0)),\"\")","v":"BLOCO CERAMICO VAZADO PARA ALVENARIA DE VEDACAO, 6 FUROS, DE 9 X 14 X 19 CM (L X A X C)                                                                                                                                                                                                                                                                                                                                                                                                                   "},{"$f":"IFERROR(INDEX(SINAPI!$C:$C,MATCH($B1454,SINAPI!$A:$A,0)),\"\")","v":"UN    "},45,{"$f":"IFERROR(INDEX(SINAPI!$D:$D,MATCH($B1454,SINAPI!$A:$A,0)),0)","v":0.83},37.35]
[{"$f":"IFERROR(INDEX(SINAPI!$E:$E,MATCH($B1455,SINAPI!$A:$A,0)),\"\")","v":"COMPOSIÇÃO"},88309,{"$f":"IFERROR(INDEX(SINAPI!$B:$B,MATCH($B1455,SINAPI!$A:$A,0)),\"\")","v":"PEDREIRO COM ENCARGOS COMPLEMENTARES"},{"$f":"IFERROR(INDEX(SINAPI!$C:$C,MATCH($B1455,SINAPI!$A:$A,0)),\"\")","v":"H"},2,{"$f":"IFERROR(INDEX(SINAPI!$D:$D,MATCH($B1455,SINAPI!$A:$A,0)),0)","v":19.86},39.72]
[{"$f":"IFERROR(INDEX(SINAPI!$E:$E,MATCH($B1456,SINAPI!$A:$A,0)),\"\")","v":"COMPOSIÇÃO"},88242,{"$f":"IFERROR(INDEX(SINAPI!$B:$B,MATCH($B1456,SINAPI!$A:$A,0)),\"\")","v":"AJUDANTE DE PEDREIRO COM ENCARGOS COMPLEMENTARES"},{"$f":"IFERROR(INDEX(SINAPI!$C:$C,MATCH($B1456,SINAPI!$A:$A,0)),\"\")","v":"H"},4,{"$f":"IFERROR(INDEX(SINAPI!$D:$D,MATCH($B1456,SINAPI!$A:$A,0)),0)","v":15.68},62.72]
[null,null,null,null,null,"TOTAL",{"$f":"SUM(G1448:G1456)","v":198.00418200000001}]
[]
[]
["CLASSE/TIPO","CÓDIGOS/ SINAPI","DESCRIÇÃO","UND","COEFICIENTE","PREÇO UNITÁRIO","PREÇO TOTAL"]
["COMP-2615 ",null,"CAIXA DE PASSAGEM EM ALVENARIA 60 X 60 CM ","UN",null,null,{"$f":"G1471","v":219.79417699999999}]
[{"$f":"IFERROR(INDEX(SINAPI!$E:$E,MATCH($B1462,SINAPI!$A:$A,0)),\"\")","v":"INSUMO"},4718,{"$f":"IFERROR(INDEX(SINAPI!$B:$B,MATCH($B1462,SINAPI!$A:$A,0)),\"\")","v":"PEDRA BRITADA N. 2 (19 A 38 MM) POSTO PEDREIRA/FORNECEDOR, SEM FRETE                                                                                                                                                                                                                                                                                                                                                                                                                                      "},{"$f":"IFERROR(INDEX(SINAPI!$C:$C,MATCH($B1462,SINAPI!$A:$A,0)),\"\")","v":"M3    "},3.7999999999999999E-2,{"$f":"IFERROR(INDEX(SINAPI!$D:$D,MATCH($B1462,SINAPI!$A:$A,0)),0)","v":79.849999999999994},{"$f":"IFERROR(F1462*E1462,0)","v":3.0342999999999996}]
[{"$f":"IFERROR(INDEX(SINAPI!$E:$E,MATCH($B1463,SINAPI!$A:$A,0)),\"\")","v":"INSUMO"},1379,{"$f":"IFERROR(INDEX(SINAPI!$B:$B,MATCH($B1463,SINAPI!$A:$A,0)),\"\")","v":"CIMENTO PORTLAND COMPOSTO CP II-32                                                                                                                                                                                                                                                                                                                                                                                                                                                                        "},{"$f":"IFERROR(INDEX(SINAPI!$C:$C,MATCH($B1463,SINAPI!$A:$A,0)),\"\")","v":"KG    "},19,{"$f":"IFERROR(INDEX(SINAPI!$D:$D,MATCH($B1463,SINAPI!$A:$A,0)),0)","v":0.66},12.540000000000001]
[{"$f":"IFERROR(INDEX(SINAPI!$E:$E,MATCH($B1464,SINAPI!$A:$A,0)),\"\")","v":"INSUMO"},1106,{"$f":"IFERROR(INDEX(SINAPI!$B:$B,MATCH($B1464,SINAPI!$A:$A,0)),\"\")","v":"CAL HIDRATADA CH-I PARA ARGAMASSAS                                                                                                                                                                                                                                                                                                                                                                                                                                                                        "},{"$f":"IFERROR(INDEX(SINAPI!$C:$C,MATCH($B1464,SINAPI!$A:$A,0)),\"\")","v":"KG    "},4,{"$f":"IFERROR(INDEX(SINAPI!$D:$D,MATCH($B1464,SINAPI!$A:$A,0)),0)","v":0.8},3.2]
[{"$f":"IFERROR(INDEX(SINAPI!$E:$E,MATCH($B1465,SINAPI!$A:$A,0)),\"\")","v":"INSUMO"},370,{"$f":"IFERROR(INDEX(SINAPI!$B:$B,MATCH($B1465,SINAPI!$A:$A,0)),\"\")","v":"AREIA MEDIA - POSTO JAZIDA/FORNECEDOR (RETIRADO NA JAZIDA, SEM TRANSPORTE)                                                                                                                                                                                                                                                                                                                                                                                                                                "},{"$f":"IFERROR(INDEX(SINAPI!$C:$C,MATCH($B1465,SINAPI!$A:$A,0)),\"\")","v":"M3    "},7.5300000000000006E-2,{"$f":"IFERROR(INDEX(SINAPI!$D:$D,MATCH($B1465,SINAPI!$A:$A,0)),0)","v":67.09},5.0518770000000011]
[{"$f":"IFERROR(INDEX(SINAPI!$E:$E,MATCH($B1466,SINAPI!$A:$A,0)),\"\")","v":"INSUMO"},43059,{"$f":"IFERROR(INDEX(SINAPI!$B:$B,MATCH($B1466,SINAPI!$A:$A,0)),\"\")","v":"ACO CA-60, 4,2 MM, OU 5,0 MM, OU 6,0 MM, OU 7,0 MM, VERGALHAO                                                                                                                                                                                                                                                                                                                                                                                                                                             "},{"$f":"IFERROR(INDEX(SINAPI!$C:$C,MATCH($B1466,SINAPI!$A:$A,0)),\"\")","v":"KG    "},2.2999999999999998,{"$f":"IFERROR(INDEX(SINAPI!$D:$D,MATCH($B1466,SINAPI!$A:$A,0)),0)","v":12.38},28.474]
[{"$f":"IFERROR(INDEX(SINAPI!$E:$E,MATCH($B1467,SINAPI!$A:$A,0)),\"\")","v":"INSUMO"},367,{"$f":"IFERROR(INDEX(SINAPI!$B:$B,MATCH($B1467,SINAPI!$A:$A,0)),\"\")","v":"AREIA GROSSA - POSTO JAZIDA/FORNECEDOR (RETIRADO NA JAZIDA, SEM TRANSPORTE)                                                                                                                                                                                                                                                                                                                                                                                                                               "},{"$f":"IFERROR(INDEX(SINAPI!$C:$C,MATCH($B1467,SINAPI!$A:$A,0)),\"\")","v":"M3    "},0.15,{"$f":"IFERROR(INDEX(SINAPI!$D:$D,MATCH($B1467,SINAPI!$A:$A,0)),0)","v":78},11.7]
[{"$f":"IFERROR(INDEX(SINAPI!$E:$E,MATCH($B1468,SINAPI!$A:$A,0)),\"\")","v":"INSUMO"},7267,{"$f":"IFERROR(INDEX(SINAPI!$B:$B,MATCH($B1468,SINAPI!$A:$A,0)),\"\")","v":"BLOCO CERAMICO VAZADO PARA ALVENARIA DE VEDACAO, 6 FUROS, DE 9 X 14 X 19 CM (L X A X C)                                                                                                                                                                                                                                                                                                                                                                                                                   "},{"$f":"IFERROR(INDEX(SINAPI!$C:$C,MATCH($B1468,SINAPI!$A:$A,0)),\"\")","v":"UN    "},60,{"$f":"IFERROR(INDEX(SINAPI!$D:$D,MATCH($B1468,SINAPI!$A:$A,0)),0)","v":0.83},49.8]
[{"$f":"IFERROR(INDEX(SINAPI!$E:$E,MATCH($B1469,SINAPI!$A:$A,0)),\"\")","v":"COMPOSIÇÃO"},88309,{"$f":"IFERROR(INDEX(SINAPI!$B:$B,MATCH($B1469,SINAPI!$A:$A,0)),\"\")","v":"PEDREIRO COM ENCARGOS COMPLEMENTARES"},{"$f":"IFERROR(INDEX(SINAPI!$C:$C,MATCH($B1469,SINAPI!$A:$A,0)),\"\")","v":"H"},2.1,{"$f":"IFERROR(INDEX(SINAPI!$D:$D,MATCH($B1469,SINAPI!$A:$A,0)),0)","v":19.86},41.706000000000003]
[{"$f":"IFERROR(INDEX(SINAPI!$E:$E,MATCH($B1470,SINAPI!$A:$A,0)),\"\")","v":"COMPOSIÇÃO"},88242,{"$f":"IFERROR(INDEX(SINAPI!$B:$B,MATCH($B1470,SINAPI!$A:$A,0)),\"\")","v":"AJUDANTE DE PEDREIRO COM ENCARGOS COMPLEMENTARES"},{"$f":"IFERROR(INDEX(SINAPI!$C:$C,MATCH($B1470,SINAPI!$A:$A,0)),\"\")","v":"H"},4.0999999999999996,{"$f":"IFERROR(INDEX(SINAPI!$D:$D,MATCH($B1470,SINAPI!$A:$A,0)),0)","v":15.68},64.287999999999997]
[null,null,null,null,null,"TOTAL",{"$f":"SUM(G1462:G1470)","v":219.79417699999999}]
[]
[]
["CLASSE/TIPO","CÓDIGOS/ SINAPI","DESCRIÇÃO","UND","COEFICIENTE","PREÇO UNITÁRIO","PREÇO TOTAL"]
["COMP-8041 ",null,"CAIXA DE PASSAGEM DE 90 X 90 CM EM ALVENARIA COM TAMPA DE CONCRETO ","UN",null,null,{"$f":"G1485","v":362.79070000000002}]
[{"$f":"IFERROR(INDEX(SINAPI!$E:$E,MATCH($B1476,SINAPI!$A:$A,0)),\"\")","v":"INSUMO"},4718,{"$f":"IFERROR(INDEX(SINAPI!$B:$B,MATCH($B1476,SINAPI!$A:$A,0)),\"\")","v":"PEDRA BRITADA N. 2 (19 A 38 MM) POSTO PEDREIRA/FORNECEDOR, SEM FRETE                                                                                                                                                                                                                                                                                                                                                                                                                                      "},{"$f":"IFERROR(INDEX(SINAPI!$C:$C,MATCH($B1476,SINAPI!$A:$A,0)),\"\")","v":"M3    "},0.7,{"$f":"IFERROR(INDEX(SINAPI!$D:$D,MATCH($B1476,SINAPI!$A:$A,0)),0)","v":79.849999999999994},{"$f":"IFERROR(F1476*E1476,0)","v":55.894999999999996}]
[{"$f":"IFERROR(INDEX(SINAPI!$E:$E,MATCH($B1477,SINAPI!$A:$A,0)),\"\")","v":"INSUMO"},1379,{"$f":"IFERROR(INDEX(SINAPI!$B:$B,MATCH($B1477,SINAPI!$A:$A,0)),\"\")","v":"CIMENTO PORTLAND COMPOSTO CP II-32                                                                                                                                                                                                                                                                                                                                                                                                                                                                        "},{"$f":"IFERROR(INDEX(SINAPI!$C:$C,MATCH($B1477,SINAPI!$A:$A,0)),\"\")","v":"KG    "},37,{"$f":"IFERROR(INDEX(SINAPI!$D:$D,MATCH($B1477,SINAPI!$A:$A,0)),0)","v":0.66},24.42]
[{"$f":"IFERROR(INDEX(SINAPI!$E:$E,MATCH($B1478,SINAPI!$A:$A,0)),\"\")","v":"INSUMO"},1106,{"$f":"IFERROR(INDEX(SINAPI!$B:$B,MATCH($B1478,SINAPI!$A:$A,0)),\"\")","v":"CAL HIDRATADA CH-I PARA ARGAMASSAS                                                                                                                                                                                                                                                                                                                                                                                                                                                                        "},{"$f":"IFERROR(INDEX(SINAPI!$C:$C,MATCH($B1478,SINAPI!$A:$A,0)),\"\")","v":"KG    "},6,{"$f":"IFERROR(INDEX(SINAPI!$D:$D,MATCH($B1478,SINAPI!$A:$A,0)),0)","v":0.8},4.8000000000000007]
[{"$f":"IFERROR(INDEX(SINAPI!$E:$E,MATCH($B1479,SINAPI!$A:$A,0)),\"\")","v":"INSUMO"},370,{"$f":"IFERROR(INDEX(SINAPI!$B:$B,MATCH($B1479,SINAPI!$A:$A,0)),\"\")","v":"AREIA MEDIA - POSTO JAZIDA/FORNECEDOR (RETIRADO NA JAZIDA, SEM TRANSPORTE)                                                                                                                                                                                                                                                                                                                                                                                                                                "},{"$f":"IFERROR(INDEX(SINAPI!$C:$C,MATCH($B1479,SINAPI!$A:$A,0)),\"\")","v":"M3    "},0.13,{"$f":"IFERROR(INDEX(SINAPI!$D:$D,MATCH($B1479,SINAPI!$A:$A,0)),0)","v":67.09},8.7217000000000002]
[{"$f":"IFERROR(INDEX(SINAPI!$E:$E,MATCH($B1480,SINAPI!$A:$A,0)),\"\")","v":"INSUMO"},43059,{"$f":"IFERROR(INDEX(SINAPI!$B:$B,MATCH($B1480,SINAPI!$A:$A,0)),\"\")","v":"ACO CA-60, 4,2 MM, OU 5,0 MM, OU 6,0 MM, OU 7,0 MM, VERGALHAO                                                                                                                                                                                                                                                                                                                                                                                                                                             "},{"$f":"IFERROR(INDEX(SINAPI!$C:$C,MATCH($B1480,SINAPI!$A:$A,0)),\"\")","v":"KG    "},4.3,{"$f":"IFERROR(INDEX(SINAPI!$D:$D,MATCH($B1480,SINAPI!$A:$A,0)),0)","v":12.38},53.234000000000002]
[{"$f":"IFERROR(INDEX(SINAPI!$E:$E,MATCH($B1481,SINAPI!$A:$A,0)),\"\")","v":"INSUMO"},367,{"$f":"IFERROR(INDEX(SINAPI!$B:$B,MATCH($B1481,SINAPI!$A:$A,0)),\"\")","v":"AREIA GROSSA - POSTO JAZIDA/FORNECEDOR (RETIRADO NA JAZIDA, SEM TRANSPORTE)                                                                                                                                                                                                                                                                                                                                                                                                                               "},{"$f":"IFERROR(INDEX(SINAPI!$C:$C,MATCH($B1481,SINAPI!$A:$A,0)),\"\")","v":"M3    "},0.24,{"$f":"IFERROR(INDEX(SINAPI!$D:$D,MATCH($B1481,SINAPI!$A:$A,0)),0)","v":78},18.72]
[{"$f":"IFERROR(INDEX(SINAPI!$E:$E,MATCH($B1482,SINAPI!$A:$A,0)),\"\")","v":"INSUMO"},7267,{"$f":"IFERROR(INDEX(SINAPI!$B:$B,MATCH($B1482,SINAPI!$A:$A,0)),\"\")","v":"BLOCO CERAMICO VAZADO PARA ALVENARIA DE VEDACAO, 6 FUROS, DE 9 X 14 X 19 CM (L X A X C)                                                                                                                                                                                                                                                                                                                                                                                                                   "},{"$f":"IFERROR(INDEX(SINAPI!$C:$C,MATCH($B1482,SINAPI!$A:$A,0)),\"\")","v":"UN    "},90,{"$f":"IFERROR(INDEX(SINAPI!$D:$D,MATCH($B1482,SINAPI!$A:$A,0)),0)","v":0.83},74.7]
[{"$f":"IFERROR(INDEX(SINAPI!$E:$E,MATCH($B1483,SINAPI!$A:$A,0)),\"\")","v":"COMPOSIÇÃO"},88309,{"$f":"IFERROR(INDEX(SINAPI!$B:$B,MATCH($B1483,SINAPI!$A:$A,0)),\"\")","v":"PEDREIRO COM ENCARGOS COMPLEMENTARES"},{"$f":"IFERROR(INDEX(SINAPI!$C:$C,MATCH($B1483,SINAPI!$A:$A,0)),\"\")","v":"H"},3,{"$f":"IFERROR(INDEX(SINAPI!$D:$D,MATCH($B1483,SINAPI!$A:$A,0)),0)","v":19.86},59.58]
[{"$f":"IFERROR(INDEX(SINAPI!$E:$E,MATCH($B1484,SINAPI!$A:$A,0)),\"\")","v":"COMPOSIÇÃO"},88242,{"$f":"IFERROR(INDEX(SINAPI!$B:$B,MATCH($B1484,SINAPI!$A:$A,0)),\"\")","v":"AJUDANTE DE PEDREIRO COM ENCARGOS COMPLEMENTARES"},{"$f":"IFERROR(INDEX(SINAPI!$C:$C,MATCH($B1484,SINAPI!$A:$A,0)),\"\")","v":"H"},4,{"$f":"IFERROR(INDEX(SINAPI!$D:$D,MATCH($B1484,SINAPI!$A:$A,0)),0)","v":15.68},62.72]
[null,null,null,null,null,"TOTAL",{"$f":"SUM(G1476:G1484)","v":362.79070000000002}]
[]
[]
["CLASSE/TIPO","CÓDIGOS/ SINAPI","DESCRIÇÃO","UND","COEFICIENTE","PREÇO UNITÁRIO","PREÇO TOTAL"]
["COMP-7529 ",null,"CAIXA DE PASSAGEM 30X30X12CM DE EMBUTIR ","UN",null,null,{"$f":"G1493","v":101.79600000000002}]
[{"$f":"IFERROR(INDEX(SINAPI!$E:$E,MATCH($B1490,SINAPI!$A:$A,0)),\"\")","v":"INSUMO"},11250,{"$f":"IFERROR(INDEX(SINAPI!$B:$B,MATCH($B1490,SINAPI!$A:$A,0)),\"\")","v":"CAIXA DE PASSAGEM/ LUZ / TELEFONIA, DE EMBUTIR,  EM CHAPA DE ACO GALVANIZADO, DIMENSOES 20 X 20 X *12* CM (PADRAO CONCESSIONARIA LOCAL)                                                                                                                                                                                                                                                                                                                                                                   "},{"$f":"IFERROR(INDEX(SINAPI!$C:$C,MATCH($B1490,SINAPI!$A:$A,0)),\"\")","v":"UN    "},1.5,{"$f":"IFERROR(INDEX(SINAPI!$D:$D,MATCH($B1490,SINAPI!$A:$A,0)),0)","v":65.45},{"$f":"IFERROR(F1490*E1490,0)","v":98.175000000000011}]
[{"$f":"IFERROR(INDEX(SINAPI!$E:$E,MATCH($B1491,SINAPI!$A:$A,0)),\"\")","v":"COMPOSIÇÃO"},88247,{"$f":"IFERROR(INDEX(SINAPI!$B:$B,MATCH($B1491,SINAPI!$A:$A,0)),\"\")","v":"AUXILIAR DE ELETRICISTA COM ENCARGOS COMPLEMENTARES"},{"$f":"IFERROR(INDEX(SINAPI!$C:$C,MATCH($B1491,SINAPI!$A:$A,0)),\"\")","v":"H"},0.1,{"$f":"IFERROR(INDEX(SINAPI!$D:$D,MATCH($B1491,SINAPI!$A:$A,0)),0)","v":15.61},1.5609999999999999]
[{"$f":"IFERROR(INDEX(SINAPI!$E:$E,MATCH($B1492,SINAPI!$A:$A,0)),\"\")","v":"COMPOSIÇÃO"},88264,{"$f":"IFERROR(INDEX(SINAPI!$B:$B,MATCH($B1492,SINAPI!$A:$A,0)),\"\")","v":"ELETRICISTA COM ENCARGOS COMPLEMENTARES"},{"$f":"IFERROR(INDEX(SINAPI!$C:$C,MATCH($B1492,SINAPI!$A:$A,0)),\"\")","v":"H"},0.1,{"$f":"IFERROR(INDEX(SINAPI!$D:$D,MATCH($B1492,SINAPI!$A:$A,0)),0)","v":20.6},2.06]
[null,null,null,null,null,"TOTAL",{"$f":"SUM(G1490:G1492)","v":101.79600000000002}]
[]
[]
["CLASSE/TIPO","CÓDIGOS/ SINAPI","DESCRIÇÃO","UND","COEFICIENTE","PREÇO UNITÁRIO","PREÇO TOTAL"]
["COMP-6055 ",null,"CAIXA DE PASSAGEM 20X20 METALICA ","UN",null,null,{"$f":"G1501","v":69.070999999999998}]
[{"$f":"IFERROR(INDEX(SINAPI!$E:$E,MATCH($B1498,SINAPI!$A:$A,0)),\"\")","v":"INSUMO"},11250,{"$f":"IFERROR(INDEX(SINAPI!$B:$B,MATCH($B1498,SINAPI!$A:$A,0)),\"\")","v":"CAIXA DE PASSAGEM/ LUZ / TELEFONIA, DE EMBUTIR,  EM CHAPA DE ACO GALVANIZADO, DIMENSOES 20 X 20 X *12* CM (PADRAO CONCESSIONARIA LOCAL)                                                                                                                                                                                                                                                                                                                                                                   "},{"$f":"IFERROR(INDEX(SINAPI!$C:$C,MATCH($B1498,SINAPI!$A:$A,0)),\"\")","v":"UN    "},1,{"$f":"IFERROR(INDEX(SINAPI!$D:$D,MATCH($B1498,SINAPI!$A:$A,0)),0)","v":65.45},{"$f":"IFERROR(F1498*E1498,0)","v":65.45}]
[{"$f":"IFERROR(INDEX(SINAPI!$E:$E,MATCH($B1499,SINAPI!$A:$A,0)),\"\")","v":"COMPOSIÇÃO"},88247,{"$f":"IFERROR(INDEX(SINAPI!$B:$B,MATCH($B1499,SINAPI!$A:$A,0)),\"\")","v":"AUXILIAR DE ELETRICISTA COM ENCARGOS COMPLEMENTARES"},{"$f":"IFERROR(INDEX(SINAPI!$C:$C,MATCH($B1499,SINAPI!$A:$A,0)),\"\")","v":"H"},0.1,{"$f":"IFERROR(INDEX(SINAPI!$D:$D,MATCH($B1499,SINAPI!$A:$A,0)),0)","v":15.61},1.5609999999999999]
[{"$f":"IFERROR(INDEX(SINAPI!$E:$E,MATCH($B1500,SINAPI!$A:$A,0)),\"\")","v":"COMPOSIÇÃO"},88264,{"$f":"IFERROR(INDEX(SINAPI!$B:$B,MATCH($B1500,SINAPI!$A:$A,0)),\"\")","v":"ELETRICISTA COM ENCARGOS COMPLEMENTARES"},{"$f":"IFERROR(INDEX(SINAPI!$C:$C,MATCH($B1500,SINAPI!$A:$A,0)),\"\")","v":"H"},0.1,{"$f":"IFERROR(INDEX(SINAPI!$D:$D,MATCH($B1500,SINAPI!$A:$A,0)),0)","v":20.6},2.06]
[null,null,null,null,null,"TOTAL",{"$f":"SUM(G1498:G1500)","v":69.070999999999998}]
[]
[]
["CLASSE/TIPO","CÓDIGOS/ SINAPI","DESCRIÇÃO","UND","COEFICIENTE","PREÇO UNITÁRIO","PREÇO TOTAL"]
["COMP-8300 ",null,"TOMADA PONTO EM TETO DE CONEXÃO RJ45 ","UN",null,null,{"$f":"G1509","v":67.04650199999999}]
[{"$f":"IFERROR(INDEX(SINAPI!$E:$E,MATCH($B1506,SINAPI!$A:$A,0)),\"\")","v":"INSUMO"},38083,{"$f":"IFERROR(INDEX(SINAPI!$B:$B,MATCH($B1506,SINAPI!$A:$A,0)),\"\")","v":"TOMADA RJ45, 8 FIOS, CAT 5E, CONJUNTO MONTADO PARA EMBUTIR 4\" X 2\" (PLACA + SUPORTE + MODULO)                                                                                                                                                                                                                                                                                                                                                                                                             "},{"$f":"IFERROR(INDEX(SINAPI!$C:$C,MATCH($B1506,SINAPI!$A:$A,0)),\"\")","v":"UN    "},2,{"$f":"IFERROR(INDEX(SINAPI!$D:$D,MATCH($B1506,SINAPI!$A:$A,0)),0)","v":29.79},{"$f":"IFERROR(F1506*E1506,0)","v":59.58}]
[{"$f":"IFERROR(INDEX(SINAPI!$E:$E,MATCH($B1507,SINAPI!$A:$A,0)),\"\")","v":"COMPOSIÇÃO"},88247,{"$f":"IFERROR(INDEX(SINAPI!$B:$B,MATCH($B1507,SINAPI!$A:$A,0)),\"\")","v":"AUXILIAR DE ELETRICISTA COM ENCARGOS COMPLEMENTARES"},{"$f":"IFERROR(INDEX(SINAPI!$C:$C,MATCH($B1507,SINAPI!$A:$A,0)),\"\")","v":"H"},0.20619999999999999,{"$f":"IFERROR(INDEX(SINAPI!$D:$D,MATCH($B1507,SINAPI!$A:$A,0)),0)","v":15.61},3.2187819999999996]
[{"$f":"IFERROR(INDEX(SINAPI!$E:$E,MATCH($B1508,SINAPI!$A:$A,0)),\"\")","v":"COMPOSIÇÃO"},88264,{"$f":"IFERROR(INDEX(SINAPI!$B:$B,MATCH($B1508,SINAPI!$A:$A,0)),\"\")","v":"ELETRICISTA COM ENCARGOS COMPLEMENTARES"},{"$f":"IFERROR(INDEX(SINAPI!$C:$C,MATCH($B1508,SINAPI!$A:$A,0)),\"\")","v":"H"},0.20619999999999999,{"$f":"IFERROR(INDEX(SINAPI!$D:$D,MATCH($B1508,SINAPI!$A:$A,0)),0)","v":20.6},4.2477200000000002]
[null,null,null,null,null,"TOTAL",{"$f":"SUM(G1506:G1508)","v":67.04650199999999}]
[]
[]
["CLASSE/TIPO","CÓDIGOS/ SINAPI","DESCRIÇÃO","UND","COEFICIENTE","PREÇO UNITÁRIO","PREÇO TOTAL"]
["COMP-607277",null,"TUBO DE DESCARGA PVC, PARA LIGACAO CAIXA DE DESCARGA - EMBUTIR, 40 MM X 150 CM ","UN",null,null,{"$f":"G1520","v":23.138439999999999}]
[{"$f":"IFERROR(INDEX(SINAPI!$E:$E,MATCH($B1514,SINAPI!$A:$A,0)),\"\")","v":"INSUMO"},122,{"$f":"IFERROR(INDEX(SINAPI!$B:$B,MATCH($B1514,SINAPI!$A:$A,0)),\"\")","v":"ADESIVO PLASTICO PARA PVC, FRASCO COM *850* GR                                                                                                                                                                                                                                                                                                                                                                                                                                                            "},{"$f":"IFERROR(INDEX(SINAPI!$C:$C,MATCH($B1514,SINAPI!$A:$A,0)),\"\")","v":"UN    "},8.9999999999999993E-3,{"$f":"IFERROR(INDEX(SINAPI!$D:$D,MATCH($B1514,SINAPI!$A:$A,0)),0)","v":69.17},{"$f":"IFERROR(F1514*E1514,0)","v":0.62252999999999992}]
[{"$f":"IFERROR(INDEX(SINAPI!$E:$E,MATCH($B1515,SINAPI!$A:$A,0)),\"\")","v":"INSUMO"},12613,{"$f":"IFERROR(INDEX(SINAPI!$B:$B,MATCH($B1515,SINAPI!$A:$A,0)),\"\")","v":"TUBO DE DESCARGA, TIPO BENGALA, PARA LIGACAO CAIXA DE DESCARGA - EMBUTIR, PVC, 40 MM X 150 CM                                                                                                                                                                                                                                                                                                                                                                                                             "},{"$f":"IFERROR(INDEX(SINAPI!$C:$C,MATCH($B1515,SINAPI!$A:$A,0)),\"\")","v":"UN    "},1,{"$f":"IFERROR(INDEX(SINAPI!$D:$D,MATCH($B1515,SINAPI!$A:$A,0)),0)","v":19.09},19.09]
[{"$f":"IFERROR(INDEX(SINAPI!$E:$E,MATCH($B1516,SINAPI!$A:$A,0)),\"\")","v":"INSUMO"},20083,{"$f":"IFERROR(INDEX(SINAPI!$B:$B,MATCH($B1516,SINAPI!$A:$A,0)),\"\")","v":"SOLUCAO PREPARADORA / LIMPADORA PARA PVC, FRASCO COM 1000 CM3                                                                                                                                                                                                                                                                                                                                                                                                                                             "},{"$f":"IFERROR(INDEX(SINAPI!$C:$C,MATCH($B1516,SINAPI!$A:$A,0)),\"\")","v":"UN    "},1.0999999999999999E-2,{"$f":"IFERROR(INDEX(SINAPI!$D:$D,MATCH($B1516,SINAPI!$A:$A,0)),0)","v":78.37},0.86207]
[{"$f":"IFERROR(INDEX(SINAPI!$E:$E,MATCH($B1517,SINAPI!$A:$A,0)),\"\")","v":"INSUMO"},38383,{"$f":"IFERROR(INDEX(SINAPI!$B:$B,MATCH($B1517,SINAPI!$A:$A,0)),\"\")","v":"LIXA D'AGUA EM FOLHA, GRAO 100                                                                                                                                                                                                                                                                                                                                                                                                                                                                            "},{"$f":"IFERROR(INDEX(SINAPI!$C:$C,MATCH($B1517,SINAPI!$A:$A,0)),\"\")","v":"UN    "},3.5999999999999997E-2,{"$f":"IFERROR(INDEX(SINAPI!$D:$D,MATCH($B1517,SINAPI!$A:$A,0)),0)","v":2.19},7.8839999999999993E-2]
[{"$f":"IFERROR(INDEX(SINAPI!$E:$E,MATCH($B1518,SINAPI!$A:$A,0)),\"\")","v":"COMPOSIÇÃO"},88248,{"$f":"IFERROR(INDEX(SINAPI!$B:$B,MATCH($B1518,SINAPI!$A:$A,0)),\"\")","v":"AUXILIAR DE ENCANADOR OU BOMBEIRO HIDRÁULICO COM ENCARGOS COMPLEMENTARES"},{"$f":"IFERROR(INDEX(SINAPI!$C:$C,MATCH($B1518,SINAPI!$A:$A,0)),\"\")","v":"H"},7.0999999999999994E-2,{"$f":"IFERROR(INDEX(SINAPI!$D:$D,MATCH($B1518,SINAPI!$A:$A,0)),0)","v":15.08},1.0706799999999999]
[{"$f":"IFERROR(INDEX(SINAPI!$E:$E,MATCH($B1519,SINAPI!$A:$A,0)),\"\")","v":"COMPOSIÇÃO"},88267,{"$f":"IFERROR(INDEX(SINAPI!$B:$B,MATCH($B1519,SINAPI!$A:$A,0)),\"\")","v":"ENCANADOR OU BOMBEIRO HIDRÁULICO COM ENCARGOS COMPLEMENTARES"},{"$f":"IFERROR(INDEX(SINAPI!$C:$C,MATCH($B1519,SINAPI!$A:$A,0)),\"\")","v":"H"},7.0999999999999994E-2,{"$f":"IFERROR(INDEX(SINAPI!$D:$D,MATCH($B1519,SINAPI!$A:$A,0)),0)","v":19.920000000000002},1.41432]
[null,null,null,null,null,"TOTAL",{"$f":"SUM(G1514:G1519)","v":23.138439999999999}]
[]
[]
["CLASSE/TIPO","CÓDIGOS/ SINAPI","DESCRIÇÃO","UND","COEFICIENTE","PREÇO UNITÁRIO","PREÇO TOTAL"]
["COMP-9252 ",null,"VÁLVULA DE ADMISSÃO SÉRIE R D= 40MM ","UN",null,null,{"$f":"G1529","v":254.77500000000001}]
[{"$f":"IFERROR(INDEX(SINAPI!$E:$E,MATCH($B1525,SINAPI!$A:$A,0)),\"\")","v":"INSUMO"},3143,{"$f":"IFERROR(INDEX(SINAPI!$B:$B,MATCH($B1525,SINAPI!$A:$A,0)),\"\")","v":"FITA VEDA ROSCA EM ROLOS DE 18 MM X 25 M (L X C)                                                                                                                                                                                                                                                                                                                                                                                                                                                          "},{"$f":"IFERROR(INDEX(SINAPI!$C:$C,MATCH($B1525,SINAPI!$A:$A,0)),\"\")","v":"UN    "},0.5,{"$f":"IFERROR(INDEX(SINAPI!$D:$D,MATCH($B1525,SINAPI!$A:$A,0)),0)","v":11.37},{"$f":"IFERROR(F1525*E1525,0)","v":5.6849999999999996}]
[{"$f":"IFERROR(INDEX(SINAPI!$E:$E,MATCH($B1526,SINAPI!$A:$A,0)),\"\")","v":"COMPOSIÇÃO"},88248,{"$f":"IFERROR(INDEX(SINAPI!$B:$B,MATCH($B1526,SINAPI!$A:$A,0)),\"\")","v":"AUXILIAR DE ENCANADOR OU BOMBEIRO HIDRÁULICO COM ENCARGOS COMPLEMENTARES"},{"$f":"IFERROR(INDEX(SINAPI!$C:$C,MATCH($B1526,SINAPI!$A:$A,0)),\"\")","v":"H"},0.85,{"$f":"IFERROR(INDEX(SINAPI!$D:$D,MATCH($B1526,SINAPI!$A:$A,0)),0)","v":15.08},12.818]
[{"$f":"IFERROR(INDEX(SINAPI!$E:$E,MATCH($B1527,SINAPI!$A:$A,0)),\"\")","v":"COMPOSIÇÃO"},88267,{"$f":"IFERROR(INDEX(SINAPI!$B:$B,MATCH($B1527,SINAPI!$A:$A,0)),\"\")","v":"ENCANADOR OU BOMBEIRO HIDRÁULICO COM ENCARGOS COMPLEMENTARES"},{"$f":"IFERROR(INDEX(SINAPI!$C:$C,MATCH($B1527,SINAPI!$A:$A,0)),\"\")","v":"H"},0.85,{"$f":"IFERROR(INDEX(SINAPI!$D:$D,MATCH($B1527,SINAPI!$A:$A,0)),0)","v":19.920000000000002},16.932000000000002]
[{"$f":"IFERROR(INDEX(SINAPI!$E:$E,MATCH($B1528,SINAPI!$A:$A,0)),\"\")","v":"COMPOSIÇÃO"},99622,{"$f":"IFERROR(INDEX(SINAPI!$B:$B,MATCH($B1528,SINAPI!$A:$A,0)),\"\")","v":"VÁLVULA DE RETENÇÃO HORIZONTAL, DE BRONZE, ROSCÁVEL, 1 1/2\"  - FORNECIMENTO E INSTALAÇÃO. AF_08/2021"},{"$f":"IFERROR(INDEX(SINAPI!$C:$C,MATCH($B1528,SINAPI!$A:$A,0)),\"\")","v":"UN"},1,{"$f":"IFERROR(INDEX(SINAPI!$D:$D,MATCH($B1528,SINAPI!$A:$A,0)),0)","v":219.34},219.34]
[null,null,null,null,null,"TOTAL",{"$f":"SUM(G1525:G1528)","v":254.77500000000001}]
[]
[]
["CLASSE/TIPO","CÓDIGOS/ SINAPI","DESCRIÇÃO","UND","COEFICIENTE","PREÇO UNITÁRIO","PREÇO TOTAL"]
["COMP-0252 ",null,"VÁLVULA DE ADMISSÃO SÉRIE R D= 50MM ","UN",null,null,{"$f":"G1538","v":341.65500000000003}]
[{"$f":"IFERROR(INDEX(SINAPI!$E:$E,MATCH($B1534,SINAPI!$A:$A,0)),\"\")","v":"INSUMO"},3143,{"$f":"IFERROR(INDEX(SINAPI!$B:$B,MATCH($B1534,SINAPI!$A:$A,0)),\"\")","v":"FITA VEDA ROSCA EM ROLOS DE 18 MM X 25 M (L X C)                                                                                                                                                                                                                                                                                                                                                                                                                                                          "},{"$f":"IFERROR(INDEX(SINAPI!$C:$C,MATCH($B1534,SINAPI!$A:$A,0)),\"\")","v":"UN    "},0.5,{"$f":"IFERROR(INDEX(SINAPI!$D:$D,MATCH($B1534,SINAPI!$A:$A,0)),0)","v":11.37},{"$f":"IFERROR(F1534*E1534,0)","v":5.6849999999999996}]
[{"$f":"IFERROR(INDEX(SINAPI!$E:$E,MATCH($B1535,SINAPI!$A:$A,0)),\"\")","v":"COMPOSIÇÃO"},88248,{"$f":"IFERROR(INDEX(SINAPI!$B:$B,MATCH($B1535,SINAPI!$A:$A,0)),\"\")","v":"AUXILIAR DE ENCANADOR OU BOMBEIRO HIDRÁULICO COM ENCARGOS COMPLEMENTARES"},{"$f":"IFERROR(INDEX(SINAPI!$C:$C,MATCH($B1535,SINAPI!$A:$A,0)),\"\")","v":"H"},0.85,{"$f":"IFERROR(INDEX(SINAPI!$D:$D,MATCH($B1535,SINAPI!$A:$A,0)),0)","v":15.08},12.818]
[{"$f":"IFERROR(INDEX(SINAPI!$E:$E,MATCH($B1536,SINAPI!$A:$A,0)),\"\")","v":"COMPOSIÇÃO"},88267,{"$f":"IFERROR(INDEX(SINAPI!$B:$B,MATCH($B1536,SINAPI!$A:$A,0)),\"\")","v":"ENCANADOR OU BOMBEIRO HIDRÁULICO COM ENCARGOS COMPLEMENTARES"},{"$f":"IFERROR(INDEX(SINAPI!$C:$C,MATCH($B1536,SINAPI!$A:$A,0)),\"\")","v":"H"},0.85,{"$f":"IFERROR(INDEX(SINAPI!$D:$D,MATCH($B1536,SINAPI!$A:$A,0)),0)","v":19.920000000000002},16.932000000000002]
[{"$f":"IFERROR(INDEX(SINAPI!$E:$E,MATCH($B1537,SINAPI!$A:$A,0)),\"\")","v":"COMPOSIÇÃO"},99623,{"$f":"IFERROR(INDEX(SINAPI!$B:$B,MATCH($B1537,SINAPI!$A:$A,0)),\"\")","v":"VÁLVULA DE RETENÇÃO HORIZONTAL, DE BRONZE, ROSCÁVEL, 2\"  - FORNECIMENTO E INSTALAÇÃO. AF_08/2021"},{"$f":"IFERROR(INDEX(SINAPI!$C:$C,MATCH($B1537,SINAPI!$A:$A,0)),\"\")","v":"UN"},1,{"$f":"IFERROR(INDEX(SINAPI!$D:$D,MATCH($B1537,SINAPI!$A:$A,0)),0)","v":306.22000000000003},306.22000000000003]
[null,null,null,null,null,"TOTAL",{"$f":"SUM(G1534:G1537)","v":341.65500000000003}]
[]
[]
["CLASSE/TIPO","CÓDIGOS/ SINAPI","DESCRIÇÃO","UND","COEFICIENTE","PREÇO UNITÁRIO","PREÇO TOTAL"]
["COMP-5461 ",null,"TERMINAL DE VENTILAÇÃO PVC 50mm ","UN",null,null,{"$f":"G1548","v":32.875430000000001}]
[{"$f":"IFERROR(INDEX(SINAPI!$E:$E,MATCH($B1543,SINAPI!$A:$A,0)),\"\")","v":"INSUMO"},39319,{"$f":"IFERROR(INDEX(SINAPI!$B:$B,MATCH($B1543,SINAPI!$A:$A,0)),\"\")","v":"TERMINAL DE VENTILACAO, 50 MM, SERIE NORMAL, ESGOTO PREDIAL                                                                                                                                                                                                                                                                                                                                                                                                                                               "},{"$f":"IFERROR(INDEX(SINAPI!$C:$C,MATCH($B1543,SINAPI!$A:$A,0)),\"\")","v":"UN    "},1,{"$f":"IFERROR(INDEX(SINAPI!$D:$D,MATCH($B1543,SINAPI!$A:$A,0)),0)","v":6.96},{"$f":"IFERROR(F1543*E1543,0)","v":6.96}]
[{"$f":"IFERROR(INDEX(SINAPI!$E:$E,MATCH($B1544,SINAPI!$A:$A,0)),\"\")","v":"INSUMO"},122,{"$f":"IFERROR(INDEX(SINAPI!$B:$B,MATCH($B1544,SINAPI!$A:$A,0)),\"\")","v":"ADESIVO PLASTICO PARA PVC, FRASCO COM *850* GR                                                                                                                                                                                                                                                                                                                                                                                                                                                            "},{"$f":"IFERROR(INDEX(SINAPI!$C:$C,MATCH($B1544,SINAPI!$A:$A,0)),\"\")","v":"UN    "},8.0000000000000002E-3,{"$f":"IFERROR(INDEX(SINAPI!$D:$D,MATCH($B1544,SINAPI!$A:$A,0)),0)","v":69.17},0.55336000000000007]
[{"$f":"IFERROR(INDEX(SINAPI!$E:$E,MATCH($B1545,SINAPI!$A:$A,0)),\"\")","v":"INSUMO"},20083,{"$f":"IFERROR(INDEX(SINAPI!$B:$B,MATCH($B1545,SINAPI!$A:$A,0)),\"\")","v":"SOLUCAO PREPARADORA / LIMPADORA PARA PVC, FRASCO COM 1000 CM3                                                                                                                                                                                                                                                                                                                                                                                                                                             "},{"$f":"IFERROR(INDEX(SINAPI!$C:$C,MATCH($B1545,SINAPI!$A:$A,0)),\"\")","v":"UN    "},1.0999999999999999E-2,{"$f":"IFERROR(INDEX(SINAPI!$D:$D,MATCH($B1545,SINAPI!$A:$A,0)),0)","v":78.37},0.86207]
[{"$f":"IFERROR(INDEX(SINAPI!$E:$E,MATCH($B1546,SINAPI!$A:$A,0)),\"\")","v":"COMPOSIÇÃO"},88248,{"$f":"IFERROR(INDEX(SINAPI!$B:$B,MATCH($B1546,SINAPI!$A:$A,0)),\"\")","v":"AUXILIAR DE ENCANADOR OU BOMBEIRO HIDRÁULICO COM ENCARGOS COMPLEMENTARES"},{"$f":"IFERROR(INDEX(SINAPI!$C:$C,MATCH($B1546,SINAPI!$A:$A,0)),\"\")","v":"H"},0.7,{"$f":"IFERROR(INDEX(SINAPI!$D:$D,MATCH($B1546,SINAPI!$A:$A,0)),0)","v":15.08},10.555999999999999]
[{"$f":"IFERROR(INDEX(SINAPI!$E:$E,MATCH($B1547,SINAPI!$A:$A,0)),\"\")","v":"COMPOSIÇÃO"},88267,{"$f":"IFERROR(INDEX(SINAPI!$B:$B,MATCH($B1547,SINAPI!$A:$A,0)),\"\")","v":"ENCANADOR OU BOMBEIRO HIDRÁULICO COM ENCARGOS COMPLEMENTARES"},{"$f":"IFERROR(INDEX(SINAPI!$C:$C,MATCH($B1547,SINAPI!$A:$A,0)),\"\")","v":"H"},0.7,{"$f":"IFERROR(INDEX(SINAPI!$D:$D,MATCH($B1547,SINAPI!$A:$A,0)),0)","v":19.920000000000002},13.944000000000001]
[null,null,null,null,null,"TOTAL",{"$f":"SUM(G1543:G1547)","v":32.875430000000001}]
[]
[]
["CLASSE/TIPO","CÓDIGOS/ SINAPI","DESCRIÇÃO","UND","COEFICIENTE","PREÇO UNITÁRIO","PREÇO TOTAL"]
["COMP-1753 ",null,"TERMINAL DE VENTILAÇÃO PVC 75mm ","UN",null,null,{"$f":"G1558","v":37.475430000000003}]
[{"$f":"IFERROR(INDEX(SINAPI!$E:$E,MATCH($B1553,SINAPI!$A:$A,0)),\"\")","v":"INSUMO"},122,{"$f":"IFERROR(INDEX(SINAPI!$B:$B,MATCH($B1553,SINAPI!$A:$A,0)),\"\")","v":"ADESIVO PLASTICO PARA PVC, FRASCO COM *850* GR                                                                                                                                                                                                                                                                                                                                                                                                                                                            "},{"$f":"IFERROR(INDEX(SINAPI!$C:$C,MATCH($B1553,SINAPI!$A:$A,0)),\"\")","v":"UN    "},8.0000000000000002E-3,{"$f":"IFERROR(INDEX(SINAPI!$D:$D,MATCH($B1553,SINAPI!$A:$A,0)),0)","v":69.17},{"$f":"IFERROR(F1553*E1553,0)","v":0.55336000000000007}]
[{"$f":"IFERROR(INDEX(SINAPI!$E:$E,MATCH($B1554,SINAPI!$A:$A,0)),\"\")","v":"INSUMO"},20083,{"$f":"IFERROR(INDEX(SINAPI!$B:$B,MATCH($B1554,SINAPI!$A:$A,0)),\"\")","v":"SOLUCAO PREPARADORA / LIMPADORA PARA PVC, FRASCO COM 1000 CM3                                                                                                                                                                                                                                                                                                                                                                                                                                             "},{"$f":"IFERROR(INDEX(SINAPI!$C:$C,MATCH($B1554,SINAPI!$A:$A,0)),\"\")","v":"UN    "},1.0999999999999999E-2,{"$f":"IFERROR(INDEX(SINAPI!$D:$D,MATCH($B1554,SINAPI!$A:$A,0)),0)","v":78.37},0.86207]
[{"$f":"IFERROR(INDEX(SINAPI!$E:$E,MATCH($B1555,SINAPI!$A:$A,0)),\"\")","v":"INSUMO"},39320,{"$f":"IFERROR(INDEX(SINAPI!$B:$B,MATCH($B1555,SINAPI!$A:$A,0)),\"\")","v":"TERMINAL DE VENTILACAO, 75 MM, SERIE NORMAL, ESGOTO PREDIAL                                                                                                                                                                                                                                                                                                                                                                                                                                               "},{"$f":"IFERROR(INDEX(SINAPI!$C:$C,MATCH($B1555,SINAPI!$A:$A,0)),\"\")","v":"UN    "},1,{"$f":"IFERROR(INDEX(SINAPI!$D:$D,MATCH($B1555,SINAPI!$A:$A,0)),0)","v":11.56},11.56]
[{"$f":"IFERROR(INDEX(SINAPI!$E:$E,MATCH($B1556,SINAPI!$A:$A,0)),\"\")","v":"COMPOSIÇÃO"},88248,{"$f":"IFERROR(INDEX(SINAPI!$B:$B,MATCH($B1556,SINAPI!$A:$A,0)),\"\")","v":"AUXILIAR DE ENCANADOR OU BOMBEIRO HIDRÁULICO COM ENCARGOS COMPLEMENTARES"},{"$f":"IFERROR(INDEX(SINAPI!$C:$C,MATCH($B1556,SINAPI!$A:$A,0)),\"\")","v":"H"},0.7,{"$f":"IFERROR(INDEX(SINAPI!$D:$D,MATCH($B1556,SINAPI!$A:$A,0)),0)","v":15.08},10.555999999999999]
[{"$f":"IFERROR(INDEX(SINAPI!$E:$E,MATCH($B1557,SINAPI!$A:$A,0)),\"\")","v":"COMPOSIÇÃO"},88267,{"$f":"IFERROR(INDEX(SINAPI!$B:$B,MATCH($B1557,SINAPI!$A:$A,0)),\"\")","v":"ENCANADOR OU BOMBEIRO HIDRÁULICO COM ENCARGOS COMPLEMENTARES"},{"$f":"IFERROR(INDEX(SINAPI!$C:$C,MATCH($B1557,SINAPI!$A:$A,0)),\"\")","v":"H"},0.7,{"$f":"IFERROR(INDEX(SINAPI!$D:$D,MATCH($B1557,SINAPI!$A:$A,0)),0)","v":19.920000000000002},13.944000000000001]
[null,null,null,null,null,"TOTAL",{"$f":"SUM(G1553:G1557)","v":37.475430000000003}]
[]
[]
["CLASSE/TIPO","CÓDIGOS/ SINAPI","DESCRIÇÃO","UND","COEFICIENTE","PREÇO UNITÁRIO","PREÇO TOTAL"]
["COMP-0047 ",null,"CAIXA EM ALVENARIA DE TIJOLO MACIÇO 80X80X60CM, REVESTIDA INTERNAMENTO COM BARRA LISA (CIMENTO E AREIA, TRAÇO 1:4) E=2,0CM, COM TAMPA PRÉ-MOLDADA DE CONCRETO E FUNDO DE CONCRETO 15MPA TIPO C - ESCAVAÇÃO E CONFECÇÃO ","UN",null,null,{"$f":"G1571","v":501.04813999999999}]
[{"$f":"IFERROR(INDEX(SINAPI!$E:$E,MATCH($B1563,SINAPI!$A:$A,0)),\"\")","v":"COMPOSIÇÃO"},93382,{"$f":"IFERROR(INDEX(SINAPI!$B:$B,MATCH($B1563,SINAPI!$A:$A,0)),\"\")","v":"REATERRO MANUAL DE VALAS COM COMPACTAÇÃO MECANIZADA. AF_04/2016"},{"$f":"IFERROR(INDEX(SINAPI!$C:$C,MATCH($B1563,SINAPI!$A:$A,0)),\"\")","v":"M3"},1.1499999999999999,{"$f":"IFERROR(INDEX(SINAPI!$D:$D,MATCH($B1563,SINAPI!$A:$A,0)),0)","v":22.07},{"$f":"IFERROR(F1563*E1563,0)","v":25.380499999999998}]
[{"$f":"IFERROR(INDEX(SINAPI!$E:$E,MATCH($B1564,SINAPI!$A:$A,0)),\"\")","v":"COMPOSIÇÃO"},97086,{"$f":"IFERROR(INDEX(SINAPI!$B:$B,MATCH($B1564,SINAPI!$A:$A,0)),\"\")","v":"FABRICAÇÃO, MONTAGEM E DESMONTAGEM DE FORMA PARA RADIER, EM MADEIRA SERRADA, 4 UTILIZAÇÕES. AF_09/2017"},{"$f":"IFERROR(INDEX(SINAPI!$C:$C,MATCH($B1564,SINAPI!$A:$A,0)),\"\")","v":"M2"},0.64,{"$f":"IFERROR(INDEX(SINAPI!$D:$D,MATCH($B1564,SINAPI!$A:$A,0)),0)","v":89.89},57.529600000000002]
[{"$f":"IFERROR(INDEX(SINAPI!$E:$E,MATCH($B1565,SINAPI!$A:$A,0)),\"\")","v":"COMPOSIÇÃO"},94963,{"$f":"IFERROR(INDEX(SINAPI!$B:$B,MATCH($B1565,SINAPI!$A:$A,0)),\"\")","v":"CONCRETO FCK = 15MPA, TRAÇO 1:3,4:3,5 (EM MASSA SECA DE CIMENTO/ AREIA MÉDIA/ BRITA 1) - PREPARO MECÂNICO COM BETONEIRA 400 L. AF_05/2021"},{"$f":"IFERROR(INDEX(SINAPI!$C:$C,MATCH($B1565,SINAPI!$A:$A,0)),\"\")","v":"M3"},8.1000000000000003E-2,{"$f":"IFERROR(INDEX(SINAPI!$D:$D,MATCH($B1565,SINAPI!$A:$A,0)),0)","v":339.14},27.47034]
[{"$f":"IFERROR(INDEX(SINAPI!$E:$E,MATCH($B1566,SINAPI!$A:$A,0)),\"\")","v":"COMPOSIÇÃO"},92882,{"$f":"IFERROR(INDEX(SINAPI!$B:$B,MATCH($B1566,SINAPI!$A:$A,0)),\"\")","v":"ARMAÇÃO UTILIZANDO AÇO CA-25 DE 6,3 MM - MONTAGEM. AF_12/2015"},{"$f":"IFERROR(INDEX(SINAPI!$C:$C,MATCH($B1566,SINAPI!$A:$A,0)),\"\")","v":"KG"},1.73,{"$f":"IFERROR(INDEX(SINAPI!$D:$D,MATCH($B1566,SINAPI!$A:$A,0)),0)","v":17.11},29.600299999999997]
[{"$f":"IFERROR(INDEX(SINAPI!$E:$E,MATCH($B1567,SINAPI!$A:$A,0)),\"\")","v":"COMPOSIÇÃO"},101159,{"$f":"IFERROR(INDEX(SINAPI!$B:$B,MATCH($B1567,SINAPI!$A:$A,0)),\"\")","v":"ALVENARIA DE VEDAÇÃO DE BLOCOS CERÂMICOS MACIÇOS DE 5X10X20CM (ESPESSURA 10CM) E ARGAMASSA DE ASSENTAMENTO COM PREPARO EM BETONEIRA. AF_05/2020"},{"$f":"IFERROR(INDEX(SINAPI!$C:$C,MATCH($B1567,SINAPI!$A:$A,0)),\"\")","v":"M2"},1.8,{"$f":"IFERROR(INDEX(SINAPI!$D:$D,MATCH($B1567,SINAPI!$A:$A,0)),0)","v":124.05},223.29]
[{"$f":"IFERROR(INDEX(SINAPI!$E:$E,MATCH($B1568,SINAPI!$A:$A,0)),\"\")","v":"COMPOSIÇÃO"},87529,{"$f":"IFERROR(INDEX(SINAPI!$B:$B,MATCH($B1568,SINAPI!$A:$A,0)),\"\")","v":"MASSA ÚNICA, PARA RECEBIMENTO DE PINTURA, EM ARGAMASSA TRAÇO 1:2:8, PREPARO MECÂNICO COM BETONEIRA 400L, APLICADA MANUALMENTE EM FACES INTERNAS DE PAREDES, ESPESSURA DE 20MM, COM EXECUÇÃO DE TALISCAS. AF_06/2014"},{"$f":"IFERROR(INDEX(SINAPI!$C:$C,MATCH($B1568,SINAPI!$A:$A,0)),\"\")","v":"M2"},1.71,{"$f":"IFERROR(INDEX(SINAPI!$D:$D,MATCH($B1568,SINAPI!$A:$A,0)),0)","v":27.55},47.110500000000002]
[{"$f":"IFERROR(INDEX(SINAPI!$E:$E,MATCH($B1569,SINAPI!$A:$A,0)),\"\")","v":"COMPOSIÇÃO"},97082,{"$f":"IFERROR(INDEX(SINAPI!$B:$B,MATCH($B1569,SINAPI!$A:$A,0)),\"\")","v":"ESCAVAÇÃO MANUAL DE VIGA DE BORDA PARA RADIER. AF_09/2017"},{"$f":"IFERROR(INDEX(SINAPI!$C:$C,MATCH($B1569,SINAPI!$A:$A,0)),\"\")","v":"M3"},1.8,{"$f":"IFERROR(INDEX(SINAPI!$D:$D,MATCH($B1569,SINAPI!$A:$A,0)),0)","v":45.44},81.792000000000002]
[{"$f":"IFERROR(INDEX(SINAPI!$E:$E,MATCH($B1570,SINAPI!$A:$A,0)),\"\")","v":"COMPOSIÇÃO"},87894,{"$f":"IFERROR(INDEX(SINAPI!$B:$B,MATCH($B1570,SINAPI!$A:$A,0)),\"\")","v":"CHAPISCO APLICADO EM ALVENARIA (SEM PRESENÇA DE VÃOS) E ESTRUTURAS DE CONCRETO DE FACHADA, COM COLHER DE PEDREIRO.  ARGAMASSA TRAÇO 1:3 COM PREPARO EM BETONEIRA 400L. AF_06/2014"},{"$f":"IFERROR(INDEX(SINAPI!$C:$C,MATCH($B1570,SINAPI!$A:$A,0)),\"\")","v":"M2"},1.71,{"$f":"IFERROR(INDEX(SINAPI!$D:$D,MATCH($B1570,SINAPI!$A:$A,0)),0)","v":5.19},8.8749000000000002]
[null,null,null,null,null,"TOTAL",{"$f":"SUM(G1563:G1570)","v":501.04813999999999}]
[]
[]
["CLASSE/TIPO","CÓDIGOS/ SINAPI","DESCRIÇÃO","UND","COEFICIENTE","PREÇO UNITÁRIO","PREÇO TOTAL"]
["COMP-3355 ",null,"CAIXA SIFONADA EM ALVENARIA 80X80X60CM, TAMPA DE CONCRETO E FUNDO ","un",null,null,{"$f":"G1584","v":383.04701999999997}]
[{"$f":"IFERROR(INDEX(SINAPI!$E:$E,MATCH($B1576,SINAPI!$A:$A,0)),\"\")","v":"COMPOSIÇÃO"},97086,{"$f":"IFERROR(INDEX(SINAPI!$B:$B,MATCH($B1576,SINAPI!$A:$A,0)),\"\")","v":"FABRICAÇÃO, MONTAGEM E DESMONTAGEM DE FORMA PARA RADIER, EM MADEIRA SERRADA, 4 UTILIZAÇÕES. AF_09/2017"},{"$f":"IFERROR(INDEX(SINAPI!$C:$C,MATCH($B1576,SINAPI!$A:$A,0)),\"\")","v":"M2"},0.192,{"$f":"IFERROR(INDEX(SINAPI!$D:$D,MATCH($B1576,SINAPI!$A:$A,0)),0)","v":89.89},{"$f":"IFERROR(F1576*E1576,0)","v":17.258880000000001}]
[{"$f":"IFERROR(INDEX(SINAPI!$E:$E,MATCH($B1577,SINAPI!$A:$A,0)),\"\")","v":"COMPOSIÇÃO"},94963,{"$f":"IFERROR(INDEX(SINAPI!$B:$B,MATCH($B1577,SINAPI!$A:$A,0)),\"\")","v":"CONCRETO FCK = 15MPA, TRAÇO 1:3,4:3,5 (EM MASSA SECA DE CIMENTO/ AREIA MÉDIA/ BRITA 1) - PREPARO MECÂNICO COM BETONEIRA 400 L. AF_05/2021"},{"$f":"IFERROR(INDEX(SINAPI!$C:$C,MATCH($B1577,SINAPI!$A:$A,0)),\"\")","v":"M3"},0.151,{"$f":"IFERROR(INDEX(SINAPI!$D:$D,MATCH($B1577,SINAPI!$A:$A,0)),0)","v":339.14},51.210139999999996]
[{"$f":"IFERROR(INDEX(SINAPI!$E:$E,MATCH($B1578,SINAPI!$A:$A,0)),\"\")","v":"COMPOSIÇÃO"},92882,{"$f":"IFERROR(INDEX(SINAPI!$B:$B,MATCH($B1578,SINAPI!$A:$A,0)),\"\")","v":"ARMAÇÃO UTILIZANDO AÇO CA-25 DE 6,3 MM - MONTAGEM. AF_12/2015"},{"$f":"IFERROR(INDEX(SINAPI!$C:$C,MATCH($B1578,SINAPI!$A:$A,0)),\"\")","v":"KG"},3.04,{"$f":"IFERROR(INDEX(SINAPI!$D:$D,MATCH($B1578,SINAPI!$A:$A,0)),0)","v":17.11},52.014400000000002]
[{"$f":"IFERROR(INDEX(SINAPI!$E:$E,MATCH($B1579,SINAPI!$A:$A,0)),\"\")","v":"COMPOSIÇÃO"},89978,{"$f":"IFERROR(INDEX(SINAPI!$B:$B,MATCH($B1579,SINAPI!$A:$A,0)),\"\")","v":"(COMPOSIÇÃO REPRESENTATIVA) DO SERVIÇO DE ALVENARIA DE VEDAÇÃO DE BLOCOS VAZADOS DE CONCRETO DE 14X19X39CM (ESPESSURA 14CM), PARA EDIFICAÇÃO HABITACIONAL UNIFAMILIAR (CASA) E EDIFICAÇÃO PÚBLICA PADRÃO. AF_12/2014"},{"$f":"IFERROR(INDEX(SINAPI!$C:$C,MATCH($B1579,SINAPI!$A:$A,0)),\"\")","v":"M2"},1.69,{"$f":"IFERROR(INDEX(SINAPI!$D:$D,MATCH($B1579,SINAPI!$A:$A,0)),0)","v":75.66},127.86539999999999]
[{"$f":"IFERROR(INDEX(SINAPI!$E:$E,MATCH($B1580,SINAPI!$A:$A,0)),\"\")","v":"COMPOSIÇÃO"},89850,{"$f":"IFERROR(INDEX(SINAPI!$B:$B,MATCH($B1580,SINAPI!$A:$A,0)),\"\")","v":"JOELHO 90 GRAUS, PVC, SERIE NORMAL, ESGOTO PREDIAL, DN 100 MM, JUNTA ELÁSTICA, FORNECIDO E INSTALADO EM SUBCOLETOR AÉREO DE ESGOTO SANITÁRIO. AF_12/2014"},{"$f":"IFERROR(INDEX(SINAPI!$C:$C,MATCH($B1580,SINAPI!$A:$A,0)),\"\")","v":"UN"},1,{"$f":"IFERROR(INDEX(SINAPI!$D:$D,MATCH($B1580,SINAPI!$A:$A,0)),0)","v":23.57},23.57]
[{"$f":"IFERROR(INDEX(SINAPI!$E:$E,MATCH($B1581,SINAPI!$A:$A,0)),\"\")","v":"COMPOSIÇÃO"},87529,{"$f":"IFERROR(INDEX(SINAPI!$B:$B,MATCH($B1581,SINAPI!$A:$A,0)),\"\")","v":"MASSA ÚNICA, PARA RECEBIMENTO DE PINTURA, EM ARGAMASSA TRAÇO 1:2:8, PREPARO MECÂNICO COM BETONEIRA 400L, APLICADA MANUALMENTE EM FACES INTERNAS DE PAREDES, ESPESSURA DE 20MM, COM EXECUÇÃO DE TALISCAS. AF_06/2014"},{"$f":"IFERROR(INDEX(SINAPI!$C:$C,MATCH($B1581,SINAPI!$A:$A,0)),\"\")","v":"M2"},2.65,{"$f":"IFERROR(INDEX(SINAPI!$D:$D,MATCH($B1581,SINAPI!$A:$A,0)),0)","v":27.55},73.007499999999993]
[{"$f":"IFERROR(INDEX(SINAPI!$E:$E,MATCH($B1582,SINAPI!$A:$A,0)),\"\")","v":"COMPOSIÇÃO"},96527,{"$f":"IFERROR(INDEX(SINAPI!$B:$B,MATCH($B1582,SINAPI!$A:$A,0)),\"\")","v":"ESCAVAÇÃO MANUAL DE VALA PARA VIGA BALDRAME (INCLUINDO ESCAVAÇÃO PARA COLOCAÇÃO DE FÔRMAS). AF_06/2017"},{"$f":"IFERROR(INDEX(SINAPI!$C:$C,MATCH($B1582,SINAPI!$A:$A,0)),\"\")","v":"M3"},0.26,{"$f":"IFERROR(INDEX(SINAPI!$D:$D,MATCH($B1582,SINAPI!$A:$A,0)),0)","v":93.72},24.3672]
[{"$f":"IFERROR(INDEX(SINAPI!$E:$E,MATCH($B1583,SINAPI!$A:$A,0)),\"\")","v":"COMPOSIÇÃO"},87894,{"$f":"IFERROR(INDEX(SINAPI!$B:$B,MATCH($B1583,SINAPI!$A:$A,0)),\"\")","v":"CHAPISCO APLICADO EM ALVENARIA (SEM PRESENÇA DE VÃOS) E ESTRUTURAS DE CONCRETO DE FACHADA, COM COLHER DE PEDREIRO.  ARGAMASSA TRAÇO 1:3 COM PREPARO EM BETONEIRA 400L. AF_06/2014"},{"$f":"IFERROR(INDEX(SINAPI!$C:$C,MATCH($B1583,SINAPI!$A:$A,0)),\"\")","v":"M2"},2.65,{"$f":"IFERROR(INDEX(SINAPI!$D:$D,MATCH($B1583,SINAPI!$A:$A,0)),0)","v":5.19},13.753500000000001]
[null,null,null,null,null,"TOTAL",{"$f":"SUM(G1576:G1583)","v":383.04701999999997}]
[]
[]
["CLASSE/TIPO","CÓDIGOS/ SINAPI","DESCRIÇÃO","UND","COEFICIENTE","PREÇO UNITÁRIO","PREÇO TOTAL"]
["COMP-7053",null,"CALHA/CANALETA DE CONCRETO SIMPLES, TIPO MEIA CANA, D = 50 CM, PARA AGUA PLUVIAL","M",null,null,{"$f":"G1591","v":739.55666388079999}]
[{"$f":"IFERROR(INDEX(SINAPI!$E:$E,MATCH($B1589,SINAPI!$A:$A,0)),\"\")","v":"INSUMO"},10543,{"$f":"IFERROR(INDEX(SINAPI!$B:$B,MATCH($B1589,SINAPI!$A:$A,0)),\"\")","v":"CALHA/CANALETA DE CONCRETO SIMPLES, TIPO MEIA CANA, DIAMETRO DE 50 CM, PARA AGUA PLUVIAL                                                                                                                                                                                                                                                                                                                                                                                                                  "},{"$f":"IFERROR(INDEX(SINAPI!$C:$C,MATCH($B1589,SINAPI!$A:$A,0)),\"\")","v":"M     "},1,{"$f":"IFERROR(INDEX(SINAPI!$D:$D,MATCH($B1589,SINAPI!$A:$A,0)),0)","v":43.09},{"$f":"IFERROR(F1589*E1589,0)","v":43.09}]
[{"$f":"IFERROR(INDEX(SINAPI!$E:$E,MATCH($B1590,SINAPI!$A:$A,0)),\"\")","v":"COMPOSIÇÃO"},103003,{"$f":"IFERROR(INDEX(SINAPI!$B:$B,MATCH($B1590,SINAPI!$A:$A,0)),\"\")","v":"GRELHA DE FERRO FUNDIDO SIMPLES COM REQUADRO, 300 X 1000 MM, ASSENTADA COM ARGAMASSA 1 : 3 CIMENTO: AREIA - FORNECIMENTO E INSTALAÇÃO. AF_08/2021"},{"$f":"IFERROR(INDEX(SINAPI!$C:$C,MATCH($B1590,SINAPI!$A:$A,0)),\"\")","v":"UN"},1.66666666,{"$f":"IFERROR(INDEX(SINAPI!$D:$D,MATCH($B1590,SINAPI!$A:$A,0)),0)","v":417.88},696.46666388079996]
[null,null,null,null,null,"TOTAL",{"$f":"SUM(G1589:G1590)","v":739.55666388079999}]
[]
[]
["CLASSE/TIPO","CÓDIGOS/ SINAPI","DESCRIÇÃO","UND","COEFICIENTE","PREÇO UNITÁRIO","PREÇO TOTAL"]
["COMP-4366 ",null,"RALO SIFONADO EM PVC D = 100 MM ALTURA REGULÁVEL, SAÍDA 50 MM, COM GRELHA REDONDA ACABAMENTO CROMADO ","UN",null,null,{"$f":"G1599","v":32.269999999999996}]
[{"$f":"IFERROR(INDEX(SINAPI!$E:$E,MATCH($B1596,SINAPI!$A:$A,0)),\"\")","v":"COMPOSIÇÃO"},88248,{"$f":"IFERROR(INDEX(SINAPI!$B:$B,MATCH($B1596,SINAPI!$A:$A,0)),\"\")","v":"AUXILIAR DE ENCANADOR OU BOMBEIRO HIDRÁULICO COM ENCARGOS COMPLEMENTARES"},{"$f":"IFERROR(INDEX(SINAPI!$C:$C,MATCH($B1596,SINAPI!$A:$A,0)),\"\")","v":"H"},0.5,{"$f":"IFERROR(INDEX(SINAPI!$D:$D,MATCH($B1596,SINAPI!$A:$A,0)),0)","v":15.08},{"$f":"IFERROR(F1596*E1596,0)","v":7.54}]
[{"$f":"IFERROR(INDEX(SINAPI!$E:$E,MATCH($B1597,SINAPI!$A:$A,0)),\"\")","v":"COMPOSIÇÃO"},88267,{"$f":"IFERROR(INDEX(SINAPI!$B:$B,MATCH($B1597,SINAPI!$A:$A,0)),\"\")","v":"ENCANADOR OU BOMBEIRO HIDRÁULICO COM ENCARGOS COMPLEMENTARES"},{"$f":"IFERROR(INDEX(SINAPI!$C:$C,MATCH($B1597,SINAPI!$A:$A,0)),\"\")","v":"H"},0.5,{"$f":"IFERROR(INDEX(SINAPI!$D:$D,MATCH($B1597,SINAPI!$A:$A,0)),0)","v":19.920000000000002},9.9600000000000009]
[{"$f":"IFERROR(INDEX(SINAPI!$E:$E,MATCH($B1598,SINAPI!$A:$A,0)),\"\")","v":"COMPOSIÇÃO"},89709,{"$f":"IFERROR(INDEX(SINAPI!$B:$B,MATCH($B1598,SINAPI!$A:$A,0)),\"\")","v":"RALO SIFONADO, PVC, DN 100 X 40 MM, JUNTA SOLDÁVEL, FORNECIDO E INSTALADO EM RAMAL DE DESCARGA OU EM RAMAL DE ESGOTO SANITÁRIO. AF_12/2014"},{"$f":"IFERROR(INDEX(SINAPI!$C:$C,MATCH($B1598,SINAPI!$A:$A,0)),\"\")","v":"UN"},1,{"$f":"IFERROR(INDEX(SINAPI!$D:$D,MATCH($B1598,SINAPI!$A:$A,0)),0)","v":14.77},14.77]
[null,null,null,null,null,"TOTAL",{"$f":"SUM(G1596:G1598)","v":32.269999999999996}]
[]
[]
["CLASSE/TIPO","CÓDIGOS/ SINAPI","DESCRIÇÃO","UND","COEFICIENTE","PREÇO UNITÁRIO","PREÇO TOTAL"]
["COMP-3036 ",null,"RALO SIFONADO EM PVC D = 100 MM ALTURA REGULÁVEL, SAÍDA 40 MM, COM GRELHA REDONDA ACABAMENTO CROMADO ","UN",null,null,{"$f":"G1607","v":32.269999999999996}]
[{"$f":"IFERROR(INDEX(SINAPI!$E:$E,MATCH($B1604,SINAPI!$A:$A,0)),\"\")","v":"COMPOSIÇÃO"},88248,{"$f":"IFERROR(INDEX(SINAPI!$B:$B,MATCH($B1604,SINAPI!$A:$A,0)),\"\")","v":"AUXILIAR DE ENCANADOR OU BOMBEIRO HIDRÁULICO COM ENCARGOS COMPLEMENTARES"},{"$f":"IFERROR(INDEX(SINAPI!$C:$C,MATCH($B1604,SINAPI!$A:$A,0)),\"\")","v":"H"},0.5,{"$f":"IFERROR(INDEX(SINAPI!$D:$D,MATCH($B1604,SINAPI!$A:$A,0)),0)","v":15.08},{"$f":"IFERROR(F1604*E1604,0)","v":7.54}]
[{"$f":"IFERROR(INDEX(SINAPI!$E:$E,MATCH($B1605,SINAPI!$A:$A,0)),\"\")","v":"COMPOSIÇÃO"},88267,{"$f":"IFERROR(INDEX(SINAPI!$B:$B,MATCH($B1605,SINAPI!$A:$A,0)),\"\")","v":"ENCANADOR OU BOMBEIRO HIDRÁULICO COM ENCARGOS COMPLEMENTARES"},{"$f":"IFERROR(INDEX(SINAPI!$C:$C,MATCH($B1605,SINAPI!$A:$A,0)),\"\")","v":"H"},0.5,{"$f":"IFERROR(INDEX(SINAPI!$D:$D,MATCH($B1605,SINAPI!$A:$A,0)),0)","v":19.920000000000002},9.9600000000000009]
[{"$f":"IFERROR(INDEX(SINAPI!$E:$E,MATCH($B1606,SINAPI!$A:$A,0)),\"\")","v":"COMPOSIÇÃO"},89709,{"$f":"IFERROR(INDEX(SINAPI!$B:$B,MATCH($B1606,SINAPI!$A:$A,0)),\"\")","v":"RALO SIFONADO, PVC, DN 100 X 40 MM, JUNTA SOLDÁVEL, FORNECIDO E INSTALADO EM RAMAL DE DESCARGA OU EM RAMAL DE ESGOTO SANITÁRIO. AF_12/2014"},{"$f":"IFERROR(INDEX(SINAPI!$C:$C,MATCH($B1606,SINAPI!$A:$A,0)),\"\")","v":"UN"},1,{"$f":"IFERROR(INDEX(SINAPI!$D:$D,MATCH($B1606,SINAPI!$A:$A,0)),0)","v":14.77},14.77]
[null,null,null,null,null,"TOTAL",{"$f":"SUM(G1604:G1606)","v":32.269999999999996}]
[]
[]
["CLASSE/TIPO","CÓDIGOS/ SINAPI","DESCRIÇÃO","UND","COEFICIENTE","PREÇO UNITÁRIO","PREÇO TOTAL"]
["COMP-951292",null,"BRAÇADEIRA TIPO D METÁLICA GALVANIZADA PARA TUBULAÇÃO DE 150 MM ","UN",null,null,{"$f":"G1615","v":10.23}]
[{"$f":"IFERROR(INDEX(SINAPI!$E:$E,MATCH($B1612,SINAPI!$A:$A,0)),\"\")","v":"INSUMO"},39126,{"$f":"IFERROR(INDEX(SINAPI!$B:$B,MATCH($B1612,SINAPI!$A:$A,0)),\"\")","v":"ABRACADEIRA EM ACO PARA AMARRACAO DE ELETRODUTOS, TIPO D, COM 4\" E CUNHA DE FIXACAO                                                                                                                                                                                                                                                                                                                                                                                                                       "},{"$f":"IFERROR(INDEX(SINAPI!$C:$C,MATCH($B1612,SINAPI!$A:$A,0)),\"\")","v":"UN    "},1,{"$f":"IFERROR(INDEX(SINAPI!$D:$D,MATCH($B1612,SINAPI!$A:$A,0)),0)","v":8.48},{"$f":"IFERROR(F1612*E1612,0)","v":8.48}]
[{"$f":"IFERROR(INDEX(SINAPI!$E:$E,MATCH($B1613,SINAPI!$A:$A,0)),\"\")","v":"COMPOSIÇÃO"},88248,{"$f":"IFERROR(INDEX(SINAPI!$B:$B,MATCH($B1613,SINAPI!$A:$A,0)),\"\")","v":"AUXILIAR DE ENCANADOR OU BOMBEIRO HIDRÁULICO COM ENCARGOS COMPLEMENTARES"},{"$f":"IFERROR(INDEX(SINAPI!$C:$C,MATCH($B1613,SINAPI!$A:$A,0)),\"\")","v":"H"},0.05,{"$f":"IFERROR(INDEX(SINAPI!$D:$D,MATCH($B1613,SINAPI!$A:$A,0)),0)","v":15.08},0.754]
[{"$f":"IFERROR(INDEX(SINAPI!$E:$E,MATCH($B1614,SINAPI!$A:$A,0)),\"\")","v":"COMPOSIÇÃO"},88267,{"$f":"IFERROR(INDEX(SINAPI!$B:$B,MATCH($B1614,SINAPI!$A:$A,0)),\"\")","v":"ENCANADOR OU BOMBEIRO HIDRÁULICO COM ENCARGOS COMPLEMENTARES"},{"$f":"IFERROR(INDEX(SINAPI!$C:$C,MATCH($B1614,SINAPI!$A:$A,0)),\"\")","v":"H"},0.05,{"$f":"IFERROR(INDEX(SINAPI!$D:$D,MATCH($B1614,SINAPI!$A:$A,0)),0)","v":19.920000000000002},0.99600000000000011]
[null,null,null,null,null,"TOTAL",{"$f":"SUM(G1612:G1614)","v":10.23}]
[]
[]
["CLASSE/TIPO","CÓDIGOS/ SINAPI","DESCRIÇÃO","UND","COEFICIENTE","PREÇO UNITÁRIO","PREÇO TOTAL"]
["COMP-170812",null,"SUMIDOURO EM ALVENARIA DE TIJOLO CERAMICO MACIÇO DIAMETRO 1,40M E ALTURA 5,00M, COM TAMPA EM CONCRETO ARMADO DIAMETRO 1,60M E ESPESSURA 10CM ","UN",null,null,{"$f":"G1633","v":1140.5856799999999}]
[{"$f":"IFERROR(INDEX(SINAPI!$E:$E,MATCH($B1620,SINAPI!$A:$A,0)),\"\")","v":"INSUMO"},33,{"$f":"IFERROR(INDEX(SINAPI!$B:$B,MATCH($B1620,SINAPI!$A:$A,0)),\"\")","v":"ACO CA-50, 8,0 MM, VERGALHAO                                                                                                                                                                                                                                                                                                                                                                                                                                                                              "},{"$f":"IFERROR(INDEX(SINAPI!$C:$C,MATCH($B1620,SINAPI!$A:$A,0)),\"\")","v":"KG    "},14.074,{"$f":"IFERROR(INDEX(SINAPI!$D:$D,MATCH($B1620,SINAPI!$A:$A,0)),0)","v":13.88},{"$f":"IFERROR(F1620*E1620,0)","v":195.34712000000002}]
[{"$f":"IFERROR(INDEX(SINAPI!$E:$E,MATCH($B1621,SINAPI!$A:$A,0)),\"\")","v":"INSUMO"},43132,{"$f":"IFERROR(INDEX(SINAPI!$B:$B,MATCH($B1621,SINAPI!$A:$A,0)),\"\")","v":"ARAME RECOZIDO 16 BWG, D = 1,65 MM (0,016 KG/M) OU 18 BWG, D = 1,25 MM (0,01 KG/M)                                                                                                                                                                                                                                                                                                                                                                                                                        "},{"$f":"IFERROR(INDEX(SINAPI!$C:$C,MATCH($B1621,SINAPI!$A:$A,0)),\"\")","v":"KG    "},0.245,{"$f":"IFERROR(INDEX(SINAPI!$D:$D,MATCH($B1621,SINAPI!$A:$A,0)),0)","v":19.989999999999998},4.8975499999999998]
[{"$f":"IFERROR(INDEX(SINAPI!$E:$E,MATCH($B1622,SINAPI!$A:$A,0)),\"\")","v":"INSUMO"},370,{"$f":"IFERROR(INDEX(SINAPI!$B:$B,MATCH($B1622,SINAPI!$A:$A,0)),\"\")","v":"AREIA MEDIA - POSTO JAZIDA/FORNECEDOR (RETIRADO NA JAZIDA, SEM TRANSPORTE)                                                                                                                                                                                                                                                                                                                                                                                                                                "},{"$f":"IFERROR(INDEX(SINAPI!$C:$C,MATCH($B1622,SINAPI!$A:$A,0)),\"\")","v":"M3    "},0.25900000000000001,{"$f":"IFERROR(INDEX(SINAPI!$D:$D,MATCH($B1622,SINAPI!$A:$A,0)),0)","v":67.09},17.37631]
[{"$f":"IFERROR(INDEX(SINAPI!$E:$E,MATCH($B1623,SINAPI!$A:$A,0)),\"\")","v":"INSUMO"},1106,{"$f":"IFERROR(INDEX(SINAPI!$B:$B,MATCH($B1623,SINAPI!$A:$A,0)),\"\")","v":"CAL HIDRATADA CH-I PARA ARGAMASSAS                                                                                                                                                                                                                                                                                                                                                                                                                                                                        "},{"$f":"IFERROR(INDEX(SINAPI!$C:$C,MATCH($B1623,SINAPI!$A:$A,0)),\"\")","v":"KG    "},11.948,{"$f":"IFERROR(INDEX(SINAPI!$D:$D,MATCH($B1623,SINAPI!$A:$A,0)),0)","v":0.8},9.5584000000000007]
[{"$f":"IFERROR(INDEX(SINAPI!$E:$E,MATCH($B1624,SINAPI!$A:$A,0)),\"\")","v":"INSUMO"},1379,{"$f":"IFERROR(INDEX(SINAPI!$B:$B,MATCH($B1624,SINAPI!$A:$A,0)),\"\")","v":"CIMENTO PORTLAND COMPOSTO CP II-32                                                                                                                                                                                                                                                                                                                                                                                                                                                                        "},{"$f":"IFERROR(INDEX(SINAPI!$C:$C,MATCH($B1624,SINAPI!$A:$A,0)),\"\")","v":"KG    "},70.858999999999995,{"$f":"IFERROR(INDEX(SINAPI!$D:$D,MATCH($B1624,SINAPI!$A:$A,0)),0)","v":0.66},46.766939999999998]
[{"$f":"IFERROR(INDEX(SINAPI!$E:$E,MATCH($B1625,SINAPI!$A:$A,0)),\"\")","v":"INSUMO"},4718,{"$f":"IFERROR(INDEX(SINAPI!$B:$B,MATCH($B1625,SINAPI!$A:$A,0)),\"\")","v":"PEDRA BRITADA N. 2 (19 A 38 MM) POSTO PEDREIRA/FORNECEDOR, SEM FRETE                                                                                                                                                                                                                                                                                                                                                                                                                                      "},{"$f":"IFERROR(INDEX(SINAPI!$C:$C,MATCH($B1625,SINAPI!$A:$A,0)),\"\")","v":"M3    "},0.35199999999999998,{"$f":"IFERROR(INDEX(SINAPI!$D:$D,MATCH($B1625,SINAPI!$A:$A,0)),0)","v":79.849999999999994},28.107199999999995]
[{"$f":"IFERROR(INDEX(SINAPI!$E:$E,MATCH($B1626,SINAPI!$A:$A,0)),\"\")","v":"INSUMO"},4721,{"$f":"IFERROR(INDEX(SINAPI!$B:$B,MATCH($B1626,SINAPI!$A:$A,0)),\"\")","v":"PEDRA BRITADA N. 1 (9,5 a 19 MM) POSTO PEDREIRA/FORNECEDOR, SEM FRETE                                                                                                                                                                                                                                                                                                                                                                                                                                     "},{"$f":"IFERROR(INDEX(SINAPI!$C:$C,MATCH($B1626,SINAPI!$A:$A,0)),\"\")","v":"M3    "},4.2000000000000003E-2,{"$f":"IFERROR(INDEX(SINAPI!$D:$D,MATCH($B1626,SINAPI!$A:$A,0)),0)","v":79.430000000000007},3.3360600000000007]
[{"$f":"IFERROR(INDEX(SINAPI!$E:$E,MATCH($B1627,SINAPI!$A:$A,0)),\"\")","v":"INSUMO"},7258,{"$f":"IFERROR(INDEX(SINAPI!$B:$B,MATCH($B1627,SINAPI!$A:$A,0)),\"\")","v":"TIJOLO CERAMICO MACICO COMUM *5 X 10 X 20* CM (L X A X C)                                                                                                                                                                                                                                                                                                                                                                                                                                                 "},{"$f":"IFERROR(INDEX(SINAPI!$C:$C,MATCH($B1627,SINAPI!$A:$A,0)),\"\")","v":"UN    "},1.4430000000000001,{"$f":"IFERROR(INDEX(SINAPI!$D:$D,MATCH($B1627,SINAPI!$A:$A,0)),0)","v":0.8},1.1544000000000001]
[{"$f":"IFERROR(INDEX(SINAPI!$E:$E,MATCH($B1628,SINAPI!$A:$A,0)),\"\")","v":"COMPOSIÇÃO"},88245,{"$f":"IFERROR(INDEX(SINAPI!$B:$B,MATCH($B1628,SINAPI!$A:$A,0)),\"\")","v":"ARMADOR COM ENCARGOS COMPLEMENTARES"},{"$f":"IFERROR(INDEX(SINAPI!$C:$C,MATCH($B1628,SINAPI!$A:$A,0)),\"\")","v":"H"},0.97899999999999998,{"$f":"IFERROR(INDEX(SINAPI!$D:$D,MATCH($B1628,SINAPI!$A:$A,0)),0)","v":19.75},19.335249999999998]
[{"$f":"IFERROR(INDEX(SINAPI!$E:$E,MATCH($B1629,SINAPI!$A:$A,0)),\"\")","v":"COMPOSIÇÃO"},88309,{"$f":"IFERROR(INDEX(SINAPI!$B:$B,MATCH($B1629,SINAPI!$A:$A,0)),\"\")","v":"PEDREIRO COM ENCARGOS COMPLEMENTARES"},{"$f":"IFERROR(INDEX(SINAPI!$C:$C,MATCH($B1629,SINAPI!$A:$A,0)),\"\")","v":"H"},11.638999999999999,{"$f":"IFERROR(INDEX(SINAPI!$D:$D,MATCH($B1629,SINAPI!$A:$A,0)),0)","v":19.86},231.15053999999998]
[{"$f":"IFERROR(INDEX(SINAPI!$E:$E,MATCH($B1630,SINAPI!$A:$A,0)),\"\")","v":"COMPOSIÇÃO"},88313,{"$f":"IFERROR(INDEX(SINAPI!$B:$B,MATCH($B1630,SINAPI!$A:$A,0)),\"\")","v":"POCEIRO COM ENCARGOS COMPLEMENTARES"},{"$f":"IFERROR(INDEX(SINAPI!$C:$C,MATCH($B1630,SINAPI!$A:$A,0)),\"\")","v":"H"},22.552,{"$f":"IFERROR(INDEX(SINAPI!$D:$D,MATCH($B1630,SINAPI!$A:$A,0)),0)","v":14.46},326.10192000000001]
[{"$f":"IFERROR(INDEX(SINAPI!$E:$E,MATCH($B1631,SINAPI!$A:$A,0)),\"\")","v":"COMPOSIÇÃO"},88316,{"$f":"IFERROR(INDEX(SINAPI!$B:$B,MATCH($B1631,SINAPI!$A:$A,0)),\"\")","v":"SERVENTE COM ENCARGOS COMPLEMENTARES"},{"$f":"IFERROR(INDEX(SINAPI!$C:$C,MATCH($B1631,SINAPI!$A:$A,0)),\"\")","v":"H"},16.434999999999999,{"$f":"IFERROR(INDEX(SINAPI!$D:$D,MATCH($B1631,SINAPI!$A:$A,0)),0)","v":15.65},257.20774999999998]
[{"$f":"IFERROR(INDEX(SINAPI!$E:$E,MATCH($B1632,SINAPI!$A:$A,0)),\"\")","v":"COMPOSIÇÃO"},88830,{"$f":"IFERROR(INDEX(SINAPI!$B:$B,MATCH($B1632,SINAPI!$A:$A,0)),\"\")","v":"BETONEIRA CAPACIDADE NOMINAL DE 400 L, CAPACIDADE DE MISTURA 280 L, MOTOR ELÉTRICO TRIFÁSICO POTÊNCIA DE 2 CV, SEM CARREGADOR - CHP DIURNO. AF_10/2014"},{"$f":"IFERROR(INDEX(SINAPI!$C:$C,MATCH($B1632,SINAPI!$A:$A,0)),\"\")","v":"CHP"},0.14399999999999999,{"$f":"IFERROR(INDEX(SINAPI!$D:$D,MATCH($B1632,SINAPI!$A:$A,0)),0)","v":1.71},0.24623999999999999]
[null,null,null,null,null,"TOTAL",{"$f":"SUM(G1620:G1632)","v":1140.5856799999999}]
[]
[]
["CLASSE/TIPO","CÓDIGOS/ SINAPI","DESCRIÇÃO","UND","COEFICIENTE","PREÇO UNITÁRIO","PREÇO TOTAL"]
["COMP-796515",null,"CABIDE DE METAL, DECA REF. 2060 C51 OU SIMILAR ","UN",null,null,{"$f":"G1640","v":21.547999999999998}]
[{"$f":"IFERROR(INDEX(SINAPI!$E:$E,MATCH($B1638,SINAPI!$A:$A,0)),\"\")","v":"INSUMO"},37399,{"$f":"IFERROR(INDEX(SINAPI!$B:$B,MATCH($B1638,SINAPI!$A:$A,0)),\"\")","v":"CABIDE/GANCHO DE BANHEIRO SIMPLES EM METAL CROMADO                                                                                                                                                                                                                                                                                                                                                                                                                                                        "},{"$f":"IFERROR(INDEX(SINAPI!$C:$C,MATCH($B1638,SINAPI!$A:$A,0)),\"\")","v":"UN    "},1,{"$f":"IFERROR(INDEX(SINAPI!$D:$D,MATCH($B1638,SINAPI!$A:$A,0)),0)","v":20.04},{"$f":"IFERROR(F1638*E1638,0)","v":20.04}]
[{"$f":"IFERROR(INDEX(SINAPI!$E:$E,MATCH($B1639,SINAPI!$A:$A,0)),\"\")","v":"COMPOSIÇÃO"},88248,{"$f":"IFERROR(INDEX(SINAPI!$B:$B,MATCH($B1639,SINAPI!$A:$A,0)),\"\")","v":"AUXILIAR DE ENCANADOR OU BOMBEIRO HIDRÁULICO COM ENCARGOS COMPLEMENTARES"},{"$f":"IFERROR(INDEX(SINAPI!$C:$C,MATCH($B1639,SINAPI!$A:$A,0)),\"\")","v":"H"},0.1,{"$f":"IFERROR(INDEX(SINAPI!$D:$D,MATCH($B1639,SINAPI!$A:$A,0)),0)","v":15.08},1.508]
[null,null,null,null,null,"TOTAL",{"$f":"SUM(G1638:G1639)","v":21.547999999999998}]
[]
[]
["CLASSE/TIPO","CÓDIGOS/ SINAPI","DESCRIÇÃO","UND","COEFICIENTE","PREÇO UNITÁRIO","PREÇO TOTAL"]
["COMP-168049",null,"TANQUE EM AÇO INOX C/ ESFREGADOR (62,5x50,5x30)cm E ACESSÓRIOS ","UN",null,null,{"$f":"G1651","v":543.54539999999997}]
[{"$f":"IFERROR(INDEX(SINAPI!$E:$E,MATCH($B1645,SINAPI!$A:$A,0)),\"\")","v":"INSUMO"},4351,{"$f":"IFERROR(INDEX(SINAPI!$B:$B,MATCH($B1645,SINAPI!$A:$A,0)),\"\")","v":"PARAFUSO NIQUELADO 3 1/2\" COM ACABAMENTO CROMADO PARA FIXAR PECA SANITARIA, INCLUI PORCA CEGA, ARRUELA E BUCHA DE NYLON TAMANHO S-8                                                                                                                                                                                                                                                                                                                                                                       "},{"$f":"IFERROR(INDEX(SINAPI!$C:$C,MATCH($B1645,SINAPI!$A:$A,0)),\"\")","v":"UN    "},4,{"$f":"IFERROR(INDEX(SINAPI!$D:$D,MATCH($B1645,SINAPI!$A:$A,0)),0)","v":11.94},{"$f":"IFERROR(F1645*E1645,0)","v":47.76}]
[{"$f":"IFERROR(INDEX(SINAPI!$E:$E,MATCH($B1646,SINAPI!$A:$A,0)),\"\")","v":"INSUMO"},11688,{"$f":"IFERROR(INDEX(SINAPI!$B:$B,MATCH($B1646,SINAPI!$A:$A,0)),\"\")","v":"TANQUE ACO INOXIDAVEL (ACO 304) COM ESFREGADOR E VALVULA, DE *50 X 40 X 22* CM                                                                                                                                                                                                                                                                                                                                                                                                                            "},{"$f":"IFERROR(INDEX(SINAPI!$C:$C,MATCH($B1646,SINAPI!$A:$A,0)),\"\")","v":"UN    "},1,{"$f":"IFERROR(INDEX(SINAPI!$D:$D,MATCH($B1646,SINAPI!$A:$A,0)),0)","v":443.88},443.88]
[{"$f":"IFERROR(INDEX(SINAPI!$E:$E,MATCH($B1647,SINAPI!$A:$A,0)),\"\")","v":"COMPOSIÇÃO"},88267,{"$f":"IFERROR(INDEX(SINAPI!$B:$B,MATCH($B1647,SINAPI!$A:$A,0)),\"\")","v":"ENCANADOR OU BOMBEIRO HIDRÁULICO COM ENCARGOS COMPLEMENTARES"},{"$f":"IFERROR(INDEX(SINAPI!$C:$C,MATCH($B1647,SINAPI!$A:$A,0)),\"\")","v":"H"},0.82,{"$f":"IFERROR(INDEX(SINAPI!$D:$D,MATCH($B1647,SINAPI!$A:$A,0)),0)","v":19.920000000000002},16.334399999999999]
[{"$f":"IFERROR(INDEX(SINAPI!$E:$E,MATCH($B1648,SINAPI!$A:$A,0)),\"\")","v":"COMPOSIÇÃO"},88316,{"$f":"IFERROR(INDEX(SINAPI!$B:$B,MATCH($B1648,SINAPI!$A:$A,0)),\"\")","v":"SERVENTE COM ENCARGOS COMPLEMENTARES"},{"$f":"IFERROR(INDEX(SINAPI!$C:$C,MATCH($B1648,SINAPI!$A:$A,0)),\"\")","v":"H"},0.34,{"$f":"IFERROR(INDEX(SINAPI!$D:$D,MATCH($B1648,SINAPI!$A:$A,0)),0)","v":15.65},5.3210000000000006]
[{"$f":"IFERROR(INDEX(SINAPI!$E:$E,MATCH($B1649,SINAPI!$A:$A,0)),\"\")","v":"COMPOSIÇÃO"},86880,{"$f":"IFERROR(INDEX(SINAPI!$B:$B,MATCH($B1649,SINAPI!$A:$A,0)),\"\")","v":"VÁLVULA EM PLÁSTICO CROMADO TIPO AMERICANA 3.1/2\u0094 X 1.1/2\u0094 SEM ADAPTADOR PARA PIA - FORNECIMENTO E INSTALAÇÃO. AF_01/2020"},{"$f":"IFERROR(INDEX(SINAPI!$C:$C,MATCH($B1649,SINAPI!$A:$A,0)),\"\")","v":"UN"},1,{"$f":"IFERROR(INDEX(SINAPI!$D:$D,MATCH($B1649,SINAPI!$A:$A,0)),0)","v":19.100000000000001},19.100000000000001]
[{"$f":"IFERROR(INDEX(SINAPI!$E:$E,MATCH($B1650,SINAPI!$A:$A,0)),\"\")","v":"COMPOSIÇÃO"},86883,{"$f":"IFERROR(INDEX(SINAPI!$B:$B,MATCH($B1650,SINAPI!$A:$A,0)),\"\")","v":"SIFÃO DO TIPO FLEXÍVEL EM PVC 1  X 1.1/2  - FORNECIMENTO E INSTALAÇÃO. AF_01/2020"},{"$f":"IFERROR(INDEX(SINAPI!$C:$C,MATCH($B1650,SINAPI!$A:$A,0)),\"\")","v":"UN"},1,{"$f":"IFERROR(INDEX(SINAPI!$D:$D,MATCH($B1650,SINAPI!$A:$A,0)),0)","v":11.15},11.15]
[null,null,null,null,null,"TOTAL",{"$f":"SUM(G1645:G1650)","v":543.54539999999997}]
[]
[]
["CLASSE/TIPO","CÓDIGOS/ SINAPI","DESCRIÇÃO","UND","COEFICIENTE","PREÇO UNITÁRIO","PREÇO TOTAL"]
["COMP-6861 ",null,"TANQUE EM AÇO INOX C/ ESFREGADOR (62,5x50,5x30)cm E ACESSÓRIOS ","UN",null,null,{"$f":"G1662","v":248.43539999999999}]
[{"$f":"IFERROR(INDEX(SINAPI!$E:$E,MATCH($B1656,SINAPI!$A:$A,0)),\"\")","v":"INSUMO"},4823,{"$f":"IFERROR(INDEX(SINAPI!$B:$B,MATCH($B1656,SINAPI!$A:$A,0)),\"\")","v":"MASSA PLASTICA PARA MARMORE/GRANITO                                                                                                                                                                                                                                                                                                                                                                                                                                                                       "},{"$f":"IFERROR(INDEX(SINAPI!$C:$C,MATCH($B1656,SINAPI!$A:$A,0)),\"\")","v":"KG    "},0.5,{"$f":"IFERROR(INDEX(SINAPI!$D:$D,MATCH($B1656,SINAPI!$A:$A,0)),0)","v":38.18},{"$f":"IFERROR(F1656*E1656,0)","v":19.09}]
[{"$f":"IFERROR(INDEX(SINAPI!$E:$E,MATCH($B1657,SINAPI!$A:$A,0)),\"\")","v":"INSUMO"},1747,{"$f":"IFERROR(INDEX(SINAPI!$B:$B,MATCH($B1657,SINAPI!$A:$A,0)),\"\")","v":"CUBA ACO INOX (AISI 304) DE EMBUTIR COM VALVULA DE 3 1/2 \", DE *56 X 33 X 12* CM                                                                                                                                                                                                                                                                                                                                                                                                                          "},{"$f":"IFERROR(INDEX(SINAPI!$C:$C,MATCH($B1657,SINAPI!$A:$A,0)),\"\")","v":"UN    "},1,{"$f":"IFERROR(INDEX(SINAPI!$D:$D,MATCH($B1657,SINAPI!$A:$A,0)),0)","v":177.44},177.44]
[{"$f":"IFERROR(INDEX(SINAPI!$E:$E,MATCH($B1658,SINAPI!$A:$A,0)),\"\")","v":"COMPOSIÇÃO"},88267,{"$f":"IFERROR(INDEX(SINAPI!$B:$B,MATCH($B1658,SINAPI!$A:$A,0)),\"\")","v":"ENCANADOR OU BOMBEIRO HIDRÁULICO COM ENCARGOS COMPLEMENTARES"},{"$f":"IFERROR(INDEX(SINAPI!$C:$C,MATCH($B1658,SINAPI!$A:$A,0)),\"\")","v":"H"},0.82,{"$f":"IFERROR(INDEX(SINAPI!$D:$D,MATCH($B1658,SINAPI!$A:$A,0)),0)","v":19.920000000000002},16.334399999999999]
[{"$f":"IFERROR(INDEX(SINAPI!$E:$E,MATCH($B1659,SINAPI!$A:$A,0)),\"\")","v":"COMPOSIÇÃO"},88316,{"$f":"IFERROR(INDEX(SINAPI!$B:$B,MATCH($B1659,SINAPI!$A:$A,0)),\"\")","v":"SERVENTE COM ENCARGOS COMPLEMENTARES"},{"$f":"IFERROR(INDEX(SINAPI!$C:$C,MATCH($B1659,SINAPI!$A:$A,0)),\"\")","v":"H"},0.34,{"$f":"IFERROR(INDEX(SINAPI!$D:$D,MATCH($B1659,SINAPI!$A:$A,0)),0)","v":15.65},5.3210000000000006]
[{"$f":"IFERROR(INDEX(SINAPI!$E:$E,MATCH($B1660,SINAPI!$A:$A,0)),\"\")","v":"COMPOSIÇÃO"},86880,{"$f":"IFERROR(INDEX(SINAPI!$B:$B,MATCH($B1660,SINAPI!$A:$A,0)),\"\")","v":"VÁLVULA EM PLÁSTICO CROMADO TIPO AMERICANA 3.1/2\u0094 X 1.1/2\u0094 SEM ADAPTADOR PARA PIA - FORNECIMENTO E INSTALAÇÃO. AF_01/2020"},{"$f":"IFERROR(INDEX(SINAPI!$C:$C,MATCH($B1660,SINAPI!$A:$A,0)),\"\")","v":"UN"},1,{"$f":"IFERROR(INDEX(SINAPI!$D:$D,MATCH($B1660,SINAPI!$A:$A,0)),0)","v":19.100000000000001},19.100000000000001]
[{"$f":"IFERROR(INDEX(SINAPI!$E:$E,MATCH($B1661,SINAPI!$A:$A,0)),\"\")","v":"COMPOSIÇÃO"},86883,{"$f":"IFERROR(INDEX(SINAPI!$B:$B,MATCH($B1661,SINAPI!$A:$A,0)),\"\")","v":"SIFÃO DO TIPO FLEXÍVEL EM PVC 1  X 1.1/2  - FORNECIMENTO E INSTALAÇÃO. AF_01/2020"},{"$f":"IFERROR(INDEX(SINAPI!$C:$C,MATCH($B1661,SINAPI!$A:$A,0)),\"\")","v":"UN"},1,{"$f":"IFERROR(INDEX(SINAPI!$D:$D,MATCH($B1661,SINAPI!$A:$A,0)),0)","v":11.15},11.15]
[null,null,null,null,null,"TOTAL",{"$f":"SUM(G1656:G1661)","v":248.43539999999999}]
[]
[]
["CLASSE/TIPO","CÓDIGOS/ SINAPI","DESCRIÇÃO","UND","COEFICIENTE","PREÇO UNITÁRIO","PREÇO TOTAL"]
["COMP-1729",null,"CUBA ACO INOXIDAVEL 50x40x25CM ( PADRÃO TECNOCUBA OU SIMILAR), COM SIFAO EM METAL CROMADO 1.1/2X1.1/2\", VALVULA EM METAL CROMADO TIPO AMERICANA 3.1/2\"X1.1/2\" PARA PIA - FORNECIMENTO E INSTALACAO ","UN",null,null,{"$f":"G1673","v":427.02539999999999}]
[{"$f":"IFERROR(INDEX(SINAPI!$E:$E,MATCH($B1667,SINAPI!$A:$A,0)),\"\")","v":"INSUMO"},4823,{"$f":"IFERROR(INDEX(SINAPI!$B:$B,MATCH($B1667,SINAPI!$A:$A,0)),\"\")","v":"MASSA PLASTICA PARA MARMORE/GRANITO                                                                                                                                                                                                                                                                                                                                                                                                                                                                       "},{"$f":"IFERROR(INDEX(SINAPI!$C:$C,MATCH($B1667,SINAPI!$A:$A,0)),\"\")","v":"KG    "},0.5,{"$f":"IFERROR(INDEX(SINAPI!$D:$D,MATCH($B1667,SINAPI!$A:$A,0)),0)","v":38.18},{"$f":"IFERROR(F1667*E1667,0)","v":19.09}]
["INSUMO","00716/ORSE","Cuba aço inox 56 x 34 cm","UN",1,356.03,356.03]
[{"$f":"IFERROR(INDEX(SINAPI!$E:$E,MATCH($B1669,SINAPI!$A:$A,0)),\"\")","v":"COMPOSIÇÃO"},88267,{"$f":"IFERROR(INDEX(SINAPI!$B:$B,MATCH($B1669,SINAPI!$A:$A,0)),\"\")","v":"ENCANADOR OU BOMBEIRO HIDRÁULICO COM ENCARGOS COMPLEMENTARES"},{"$f":"IFERROR(INDEX(SINAPI!$C:$C,MATCH($B1669,SINAPI!$A:$A,0)),\"\")","v":"H"},0.82,{"$f":"IFERROR(INDEX(SINAPI!$D:$D,MATCH($B1669,SINAPI!$A:$A,0)),0)","v":19.920000000000002},16.334399999999999]
[{"$f":"IFERROR(INDEX(SINAPI!$E:$E,MATCH($B1670,SINAPI!$A:$A,0)),\"\")","v":"COMPOSIÇÃO"},88316,{"$f":"IFERROR(INDEX(SINAPI!$B:$B,MATCH($B1670,SINAPI!$A:$A,0)),\"\")","v":"SERVENTE COM ENCARGOS COMPLEMENTARES"},{"$f":"IFERROR(INDEX(SINAPI!$C:$C,MATCH($B1670,SINAPI!$A:$A,0)),\"\")","v":"H"},0.34,{"$f":"IFERROR(INDEX(SINAPI!$D:$D,MATCH($B1670,SINAPI!$A:$A,0)),0)","v":15.65},5.3210000000000006]
[{"$f":"IFERROR(INDEX(SINAPI!$E:$E,MATCH($B1671,SINAPI!$A:$A,0)),\"\")","v":"COMPOSIÇÃO"},86880,{"$f":"IFERROR(INDEX(SINAPI!$B:$B,MATCH($B1671,SINAPI!$A:$A,0)),\"\")","v":"VÁLVULA EM PLÁSTICO CROMADO TIPO AMERICANA 3.1/2\u0094 X 1.1/2\u0094 SEM ADAPTADOR PARA PIA - FORNECIMENTO E INSTALAÇÃO. AF_01/2020"},{"$f":"IFERROR(INDEX(SINAPI!$C:$C,MATCH($B1671,SINAPI!$A:$A,0)),\"\")","v":"UN"},1,{"$f":"IFERROR(INDEX(SINAPI!$D:$D,MATCH($B1671,SINAPI!$A:$A,0)),0)","v":19.100000000000001},19.100000000000001]
[{"$f":"IFERROR(INDEX(SINAPI!$E:$E,MATCH($B1672,SINAPI!$A:$A,0)),\"\")","v":"COMPOSIÇÃO"},86883,{"$f":"IFERROR(INDEX(SINAPI!$B:$B,MATCH($B1672,SINAPI!$A:$A,0)),\"\")","v":"SIFÃO DO TIPO FLEXÍVEL EM PVC 1  X 1.1/2  - FORNECIMENTO E INSTALAÇÃO. AF_01/2020"},{"$f":"IFERROR(INDEX(SINAPI!$C:$C,MATCH($B1672,SINAPI!$A:$A,0)),\"\")","v":"UN"},1,{"$f":"IFERROR(INDEX(SINAPI!$D:$D,MATCH($B1672,SINAPI!$A:$A,0)),0)","v":11.15},11.15]
[null,null,null,null,null,"TOTAL",{"$f":"SUM(G1667:G1672)","v":427.02539999999999}]
[]
[]
["CLASSE/TIPO","CÓDIGOS/ SINAPI","DESCRIÇÃO","UND","COEFICIENTE","PREÇO UNITÁRIO","PREÇO TOTAL"]
["COMP-5778 ",null,"CUBA DE EMBUTIR EM AÇO INOX, C/ DIAMETRO DE 40cm E PROFUNDIDADE DE 50cm, C/VALVULA E SIFÃO ","UN",null,null,{"$f":"G1684","v":972.65539999999999}]
[{"$f":"IFERROR(INDEX(SINAPI!$E:$E,MATCH($B1678,SINAPI!$A:$A,0)),\"\")","v":"INSUMO"},4823,{"$f":"IFERROR(INDEX(SINAPI!$B:$B,MATCH($B1678,SINAPI!$A:$A,0)),\"\")","v":"MASSA PLASTICA PARA MARMORE/GRANITO                                                                                                                                                                                                                                                                                                                                                                                                                                                                       "},{"$f":"IFERROR(INDEX(SINAPI!$C:$C,MATCH($B1678,SINAPI!$A:$A,0)),\"\")","v":"KG    "},0.5,{"$f":"IFERROR(INDEX(SINAPI!$D:$D,MATCH($B1678,SINAPI!$A:$A,0)),0)","v":38.18},{"$f":"IFERROR(F1678*E1678,0)","v":19.09}]
["INSUMO","06755/ORSE","Cuba aço inox 60 x 50 x 30 cm","UN",1,901.66,901.66]
[{"$f":"IFERROR(INDEX(SINAPI!$E:$E,MATCH($B1680,SINAPI!$A:$A,0)),\"\")","v":"COMPOSIÇÃO"},88267,{"$f":"IFERROR(INDEX(SINAPI!$B:$B,MATCH($B1680,SINAPI!$A:$A,0)),\"\")","v":"ENCANADOR OU BOMBEIRO HIDRÁULICO COM ENCARGOS COMPLEMENTARES"},{"$f":"IFERROR(INDEX(SINAPI!$C:$C,MATCH($B1680,SINAPI!$A:$A,0)),\"\")","v":"H"},0.82,{"$f":"IFERROR(INDEX(SINAPI!$D:$D,MATCH($B1680,SINAPI!$A:$A,0)),0)","v":19.920000000000002},16.334399999999999]
[{"$f":"IFERROR(INDEX(SINAPI!$E:$E,MATCH($B1681,SINAPI!$A:$A,0)),\"\")","v":"COMPOSIÇÃO"},88316,{"$f":"IFERROR(INDEX(SINAPI!$B:$B,MATCH($B1681,SINAPI!$A:$A,0)),\"\")","v":"SERVENTE COM ENCARGOS COMPLEMENTARES"},{"$f":"IFERROR(INDEX(SINAPI!$C:$C,MATCH($B1681,SINAPI!$A:$A,0)),\"\")","v":"H"},0.34,{"$f":"IFERROR(INDEX(SINAPI!$D:$D,MATCH($B1681,SINAPI!$A:$A,0)),0)","v":15.65},5.3210000000000006]
[{"$f":"IFERROR(INDEX(SINAPI!$E:$E,MATCH($B1682,SINAPI!$A:$A,0)),\"\")","v":"COMPOSIÇÃO"},86880,{"$f":"IFERROR(INDEX(SINAPI!$B:$B,MATCH($B1682,SINAPI!$A:$A,0)),\"\")","v":"VÁLVULA EM PLÁSTICO CROMADO TIPO AMERICANA 3.1/2\u0094 X 1.1/2\u0094 SEM ADAPTADOR PARA PIA - FORNECIMENTO E INSTALAÇÃO. AF_01/2020"},{"$f":"IFERROR(INDEX(SINAPI!$C:$C,MATCH($B1682,SINAPI!$A:$A,0)),\"\")","v":"UN"},1,{"$f":"IFERROR(INDEX(SINAPI!$D:$D,MATCH($B1682,SINAPI!$A:$A,0)),0)","v":19.100000000000001},19.100000000000001]
[{"$f":"IFERROR(INDEX(SINAPI!$E:$E,MATCH($B1683,SINAPI!$A:$A,0)),\"\")","v":"COMPOSIÇÃO"},86883,{"$f":"IFERROR(INDEX(SINAPI!$B:$B,MATCH($B1683,SINAPI!$A:$A,0)),\"\")","v":"SIFÃO DO TIPO FLEXÍVEL EM PVC 1  X 1.1/2  - FORNECIMENTO E INSTALAÇÃO. AF_01/2020"},{"$f":"IFERROR(INDEX(SINAPI!$C:$C,MATCH($B1683,SINAPI!$A:$A,0)),\"\")","v":"UN"},1,{"$f":"IFERROR(INDEX(SINAPI!$D:$D,MATCH($B1683,SINAPI!$A:$A,0)),0)","v":11.15},11.15]
[null,null,null,null,null,"TOTAL",{"$f":"SUM(G1678:G1683)","v":972.65539999999999}]
[]
[]
["CLASSE/TIPO","CÓDIGOS/ SINAPI","DESCRIÇÃO","UND","COEFICIENTE","PREÇO UNITÁRIO","PREÇO TOTAL"]
["COMP-1912 ",null,"TOALHEIRO PLASTICO TIPO DISPENSER PARA PAPEL TOALHA INTERFOLHADO","UN",null,null,{"$f":"G1692","v":89.5}]
[{"$f":"IFERROR(INDEX(SINAPI!$E:$E,MATCH($B1689,SINAPI!$A:$A,0)),\"\")","v":"INSUMO"},37401,{"$f":"IFERROR(INDEX(SINAPI!$B:$B,MATCH($B1689,SINAPI!$A:$A,0)),\"\")","v":"TOALHEIRO PLASTICO TIPO DISPENSER PARA PAPEL TOALHA INTERFOLHADO                                                                                                                                                                                                                                                                                                                                                                                                                                          "},{"$f":"IFERROR(INDEX(SINAPI!$C:$C,MATCH($B1689,SINAPI!$A:$A,0)),\"\")","v":"UN    "},1,{"$f":"IFERROR(INDEX(SINAPI!$D:$D,MATCH($B1689,SINAPI!$A:$A,0)),0)","v":85.32},{"$f":"IFERROR(F1689*E1689,0)","v":85.32}]
[{"$f":"IFERROR(INDEX(SINAPI!$E:$E,MATCH($B1690,SINAPI!$A:$A,0)),\"\")","v":"INSUMO"},11950,{"$f":"IFERROR(INDEX(SINAPI!$B:$B,MATCH($B1690,SINAPI!$A:$A,0)),\"\")","v":"BUCHA DE NYLON SEM ABA S6, COM PARAFUSO DE 4,20 X 40 MM EM ACO ZINCADO COM ROSCA SOBERBA, CABECA CHATA E FENDA PHILLIPS                                                                                                                                                                                                                                                                                                                                                                                   "},{"$f":"IFERROR(INDEX(SINAPI!$C:$C,MATCH($B1690,SINAPI!$A:$A,0)),\"\")","v":"UN    "},2,{"$f":"IFERROR(INDEX(SINAPI!$D:$D,MATCH($B1690,SINAPI!$A:$A,0)),0)","v":0.31},0.62]
[{"$f":"IFERROR(INDEX(SINAPI!$E:$E,MATCH($B1691,SINAPI!$A:$A,0)),\"\")","v":"COMPOSIÇÃO"},95541,{"$f":"IFERROR(INDEX(SINAPI!$B:$B,MATCH($B1691,SINAPI!$A:$A,0)),\"\")","v":"FIXAÇÃO UTILIZANDO PARAFUSO E BUCHA DE NYLON, SOMENTE MÃO DE OBRA. AF_10/2016"},{"$f":"IFERROR(INDEX(SINAPI!$C:$C,MATCH($B1691,SINAPI!$A:$A,0)),\"\")","v":"UN"},1,{"$f":"IFERROR(INDEX(SINAPI!$D:$D,MATCH($B1691,SINAPI!$A:$A,0)),0)","v":3.56},3.56]
[null,null,null,null,null,"TOTAL",{"$f":"SUM(G1689:G1691)","v":89.5}]
[]
[]
["CLASSE/TIPO","CÓDIGOS/ SINAPI","DESCRIÇÃO","UND","COEFICIENTE","PREÇO UNITÁRIO","PREÇO TOTAL"]
["COMP-7544 ",null,"TORNEIRA P/PIA DE COZINHA ACAB. CROMADO C/BICA MÓVEL DE MESA, DECA LINHA PRATA REF. 1167 C50 OU SIMILAR ","UN",null,null,{"$f":"G1699","v":102.092}]
[{"$f":"IFERROR(INDEX(SINAPI!$E:$E,MATCH($B1697,SINAPI!$A:$A,0)),\"\")","v":"INSUMO"},11773,{"$f":"IFERROR(INDEX(SINAPI!$B:$B,MATCH($B1697,SINAPI!$A:$A,0)),\"\")","v":"TORNEIRA CROMADA DE PAREDE PARA COZINHA BICA MOVEL COM AREJADOR 1/2 \" OU 3/4 \" (REF 1168)                                                                                                                                                                                                                                                                                                                                                                                                                 "},{"$f":"IFERROR(INDEX(SINAPI!$C:$C,MATCH($B1697,SINAPI!$A:$A,0)),\"\")","v":"UN    "},1,{"$f":"IFERROR(INDEX(SINAPI!$D:$D,MATCH($B1697,SINAPI!$A:$A,0)),0)","v":100.1},{"$f":"IFERROR(F1697*E1697,0)","v":100.1}]
[{"$f":"IFERROR(INDEX(SINAPI!$E:$E,MATCH($B1698,SINAPI!$A:$A,0)),\"\")","v":"COMPOSIÇÃO"},88267,{"$f":"IFERROR(INDEX(SINAPI!$B:$B,MATCH($B1698,SINAPI!$A:$A,0)),\"\")","v":"ENCANADOR OU BOMBEIRO HIDRÁULICO COM ENCARGOS COMPLEMENTARES"},{"$f":"IFERROR(INDEX(SINAPI!$C:$C,MATCH($B1698,SINAPI!$A:$A,0)),\"\")","v":"H"},0.1,{"$f":"IFERROR(INDEX(SINAPI!$D:$D,MATCH($B1698,SINAPI!$A:$A,0)),0)","v":19.920000000000002},1.9920000000000002]
[null,null,null,null,null,"TOTAL",{"$f":"SUM(G1697:G1698)","v":102.092}]
[]
[]
["CLASSE/TIPO","CÓDIGOS/ SINAPI","DESCRIÇÃO","UND","COEFICIENTE","PREÇO UNITÁRIO","PREÇO TOTAL"]
["COMP-8537 ",null,"TORNEIRA P/PIA DE COZINHA ACAB. CROMADO C/BICA MÓVEL DE PAREDE, DECA LINHA ASPEN REF. 1168 C35 OU SIMILAR ","UN",null,null,{"$f":"G1706","v":102.092}]
[{"$f":"IFERROR(INDEX(SINAPI!$E:$E,MATCH($B1704,SINAPI!$A:$A,0)),\"\")","v":"INSUMO"},11773,{"$f":"IFERROR(INDEX(SINAPI!$B:$B,MATCH($B1704,SINAPI!$A:$A,0)),\"\")","v":"TORNEIRA CROMADA DE PAREDE PARA COZINHA BICA MOVEL COM AREJADOR 1/2 \" OU 3/4 \" (REF 1168)                                                                                                                                                                                                                                                                                                                                                                                                                 "},{"$f":"IFERROR(INDEX(SINAPI!$C:$C,MATCH($B1704,SINAPI!$A:$A,0)),\"\")","v":"UN    "},1,{"$f":"IFERROR(INDEX(SINAPI!$D:$D,MATCH($B1704,SINAPI!$A:$A,0)),0)","v":100.1},{"$f":"IFERROR(F1704*E1704,0)","v":100.1}]
[{"$f":"IFERROR(INDEX(SINAPI!$E:$E,MATCH($B1705,SINAPI!$A:$A,0)),\"\")","v":"COMPOSIÇÃO"},88267,{"$f":"IFERROR(INDEX(SINAPI!$B:$B,MATCH($B1705,SINAPI!$A:$A,0)),\"\")","v":"ENCANADOR OU BOMBEIRO HIDRÁULICO COM ENCARGOS COMPLEMENTARES"},{"$f":"IFERROR(INDEX(SINAPI!$C:$C,MATCH($B1705,SINAPI!$A:$A,0)),\"\")","v":"H"},0.1,{"$f":"IFERROR(INDEX(SINAPI!$D:$D,MATCH($B1705,SINAPI!$A:$A,0)),0)","v":19.920000000000002},1.9920000000000002]
[null,null,null,null,null,"TOTAL",{"$f":"SUM(G1704:G1705)","v":102.092}]
[]
[]
["CLASSE/TIPO","CÓDIGOS/ SINAPI","DESCRIÇÃO","UND","COEFICIENTE","PREÇO UNITÁRIO","PREÇO TOTAL"]
["COMP-8144",null,"TORNEIRA ALAVANCADA PARA LAVATÓRIO ACABAMENTO CROMADO, SOLUCENTER REF. TCB20 OU SIMILAR ","UN",null,null,{"$f":"G1715","v":72.000000000000014}]
[{"$f":"IFERROR(INDEX(SINAPI!$E:$E,MATCH($B1711,SINAPI!$A:$A,0)),\"\")","v":"INSUMO"},13415,{"$f":"IFERROR(INDEX(SINAPI!$B:$B,MATCH($B1711,SINAPI!$A:$A,0)),\"\")","v":"TORNEIRA CROMADA DE MESA PARA LAVATORIO, PADRAO POPULAR, 1/2 \" OU 3/4 \" (REF 1193)                                                                                                                                                                                                                                                                                                                                                                                                                        "},{"$f":"IFERROR(INDEX(SINAPI!$C:$C,MATCH($B1711,SINAPI!$A:$A,0)),\"\")","v":"UN    "},1,{"$f":"IFERROR(INDEX(SINAPI!$D:$D,MATCH($B1711,SINAPI!$A:$A,0)),0)","v":52},{"$f":"IFERROR(F1711*E1711,0)","v":52}]
[{"$f":"IFERROR(INDEX(SINAPI!$E:$E,MATCH($B1712,SINAPI!$A:$A,0)),\"\")","v":"INSUMO"},3146,{"$f":"IFERROR(INDEX(SINAPI!$B:$B,MATCH($B1712,SINAPI!$A:$A,0)),\"\")","v":"FITA VEDA ROSCA EM ROLOS DE 18 MM X 10 M (L X C)                                                                                                                                                                                                                                                                                                                                                                                                                                                          "},{"$f":"IFERROR(INDEX(SINAPI!$C:$C,MATCH($B1712,SINAPI!$A:$A,0)),\"\")","v":"UN    "},0.5,{"$f":"IFERROR(INDEX(SINAPI!$D:$D,MATCH($B1712,SINAPI!$A:$A,0)),0)","v":5},2.5]
[{"$f":"IFERROR(INDEX(SINAPI!$E:$E,MATCH($B1713,SINAPI!$A:$A,0)),\"\")","v":"COMPOSIÇÃO"},88267,{"$f":"IFERROR(INDEX(SINAPI!$B:$B,MATCH($B1713,SINAPI!$A:$A,0)),\"\")","v":"ENCANADOR OU BOMBEIRO HIDRÁULICO COM ENCARGOS COMPLEMENTARES"},{"$f":"IFERROR(INDEX(SINAPI!$C:$C,MATCH($B1713,SINAPI!$A:$A,0)),\"\")","v":"H"},0.5,{"$f":"IFERROR(INDEX(SINAPI!$D:$D,MATCH($B1713,SINAPI!$A:$A,0)),0)","v":19.920000000000002},9.9600000000000009]
[{"$f":"IFERROR(INDEX(SINAPI!$E:$E,MATCH($B1714,SINAPI!$A:$A,0)),\"\")","v":"COMPOSIÇÃO"},88248,{"$f":"IFERROR(INDEX(SINAPI!$B:$B,MATCH($B1714,SINAPI!$A:$A,0)),\"\")","v":"AUXILIAR DE ENCANADOR OU BOMBEIRO HIDRÁULICO COM ENCARGOS COMPLEMENTARES"},{"$f":"IFERROR(INDEX(SINAPI!$C:$C,MATCH($B1714,SINAPI!$A:$A,0)),\"\")","v":"H"},0.5,{"$f":"IFERROR(INDEX(SINAPI!$D:$D,MATCH($B1714,SINAPI!$A:$A,0)),0)","v":15.08},7.54]
[null,null,null,null,null,"TOTAL",{"$f":"SUM(G1711:G1714)","v":72.000000000000014}]
[]
[]
["CLASSE/TIPO","CÓDIGOS/ SINAPI","DESCRIÇÃO","UND","COEFICIENTE","PREÇO UNITÁRIO","PREÇO TOTAL"]
["COMP-4070 ",null,"TORNEIRA C/FILTRO P/PIA DE COZINHA, BICA MÓVEL DE MESA, DECA LINHA TWIN REF. 1140 C OU SIMILAR ","UN",null,null,{"$f":"G1724","v":124.85000000000001}]
[{"$f":"IFERROR(INDEX(SINAPI!$E:$E,MATCH($B1720,SINAPI!$A:$A,0)),\"\")","v":"INSUMO"},3146,{"$f":"IFERROR(INDEX(SINAPI!$B:$B,MATCH($B1720,SINAPI!$A:$A,0)),\"\")","v":"FITA VEDA ROSCA EM ROLOS DE 18 MM X 10 M (L X C)                                                                                                                                                                                                                                                                                                                                                                                                                                                          "},{"$f":"IFERROR(INDEX(SINAPI!$C:$C,MATCH($B1720,SINAPI!$A:$A,0)),\"\")","v":"UN    "},0.5,{"$f":"IFERROR(INDEX(SINAPI!$D:$D,MATCH($B1720,SINAPI!$A:$A,0)),0)","v":5},{"$f":"IFERROR(F1720*E1720,0)","v":2.5}]
[{"$f":"IFERROR(INDEX(SINAPI!$E:$E,MATCH($B1721,SINAPI!$A:$A,0)),\"\")","v":"INSUMO"},11772,{"$f":"IFERROR(INDEX(SINAPI!$B:$B,MATCH($B1721,SINAPI!$A:$A,0)),\"\")","v":"TORNEIRA CROMADA DE MESA PARA COZINHA BICA MOVEL COM AREJADOR 1/2 \" OU 3/4 \" (REF 1167)                                                                                                                                                                                                                                                                                                                                                                                                                   "},{"$f":"IFERROR(INDEX(SINAPI!$C:$C,MATCH($B1721,SINAPI!$A:$A,0)),\"\")","v":"UN    "},1,{"$f":"IFERROR(INDEX(SINAPI!$D:$D,MATCH($B1721,SINAPI!$A:$A,0)),0)","v":104.85},104.85]
[{"$f":"IFERROR(INDEX(SINAPI!$E:$E,MATCH($B1722,SINAPI!$A:$A,0)),\"\")","v":"COMPOSIÇÃO"},88267,{"$f":"IFERROR(INDEX(SINAPI!$B:$B,MATCH($B1722,SINAPI!$A:$A,0)),\"\")","v":"ENCANADOR OU BOMBEIRO HIDRÁULICO COM ENCARGOS COMPLEMENTARES"},{"$f":"IFERROR(INDEX(SINAPI!$C:$C,MATCH($B1722,SINAPI!$A:$A,0)),\"\")","v":"H"},0.5,{"$f":"IFERROR(INDEX(SINAPI!$D:$D,MATCH($B1722,SINAPI!$A:$A,0)),0)","v":19.920000000000002},9.9600000000000009]
[{"$f":"IFERROR(INDEX(SINAPI!$E:$E,MATCH($B1723,SINAPI!$A:$A,0)),\"\")","v":"COMPOSIÇÃO"},88248,{"$f":"IFERROR(INDEX(SINAPI!$B:$B,MATCH($B1723,SINAPI!$A:$A,0)),\"\")","v":"AUXILIAR DE ENCANADOR OU BOMBEIRO HIDRÁULICO COM ENCARGOS COMPLEMENTARES"},{"$f":"IFERROR(INDEX(SINAPI!$C:$C,MATCH($B1723,SINAPI!$A:$A,0)),\"\")","v":"H"},0.5,{"$f":"IFERROR(INDEX(SINAPI!$D:$D,MATCH($B1723,SINAPI!$A:$A,0)),0)","v":15.08},7.54]
[null,null,null,null,null,"TOTAL",{"$f":"SUM(G1720:G1723)","v":124.85000000000001}]
[]
[]
["CLASSE/TIPO","CÓDIGOS/ SINAPI","DESCRIÇÃO","UND","COEFICIENTE","PREÇO UNITÁRIO","PREÇO TOTAL"]
["COMP-152329",null,"ASSENTO ARTICULÁVEL (ASSEIO DE DEFICIENTE) ","UN",null,null,{"$f":"G1733","v":1104.825}]
[{"$f":"IFERROR(INDEX(SINAPI!$E:$E,MATCH($B1729,SINAPI!$A:$A,0)),\"\")","v":"INSUMO"},4351,{"$f":"IFERROR(INDEX(SINAPI!$B:$B,MATCH($B1729,SINAPI!$A:$A,0)),\"\")","v":"PARAFUSO NIQUELADO 3 1/2\" COM ACABAMENTO CROMADO PARA FIXAR PECA SANITARIA, INCLUI PORCA CEGA, ARRUELA E BUCHA DE NYLON TAMANHO S-8                                                                                                                                                                                                                                                                                                                                                                       "},{"$f":"IFERROR(INDEX(SINAPI!$C:$C,MATCH($B1729,SINAPI!$A:$A,0)),\"\")","v":"UN    "},4,{"$f":"IFERROR(INDEX(SINAPI!$D:$D,MATCH($B1729,SINAPI!$A:$A,0)),0)","v":11.94},{"$f":"IFERROR(F1729*E1729,0)","v":47.76}]
[{"$f":"IFERROR(INDEX(SINAPI!$E:$E,MATCH($B1730,SINAPI!$A:$A,0)),\"\")","v":"INSUMO"},36215,{"$f":"IFERROR(INDEX(SINAPI!$B:$B,MATCH($B1730,SINAPI!$A:$A,0)),\"\")","v":"BANCO ARTICULADO PARA BANHO, EM ACO INOX POLIDO, 70* CM X 45* CM                                                                                                                                                                                                                                                                                                                                                                                                                                          "},{"$f":"IFERROR(INDEX(SINAPI!$C:$C,MATCH($B1730,SINAPI!$A:$A,0)),\"\")","v":"UN    "},1,{"$f":"IFERROR(INDEX(SINAPI!$D:$D,MATCH($B1730,SINAPI!$A:$A,0)),0)","v":1039.31},1039.31]
[{"$f":"IFERROR(INDEX(SINAPI!$E:$E,MATCH($B1731,SINAPI!$A:$A,0)),\"\")","v":"COMPOSIÇÃO"},88309,{"$f":"IFERROR(INDEX(SINAPI!$B:$B,MATCH($B1731,SINAPI!$A:$A,0)),\"\")","v":"PEDREIRO COM ENCARGOS COMPLEMENTARES"},{"$f":"IFERROR(INDEX(SINAPI!$C:$C,MATCH($B1731,SINAPI!$A:$A,0)),\"\")","v":"H"},0.5,{"$f":"IFERROR(INDEX(SINAPI!$D:$D,MATCH($B1731,SINAPI!$A:$A,0)),0)","v":19.86},9.93]
[{"$f":"IFERROR(INDEX(SINAPI!$E:$E,MATCH($B1732,SINAPI!$A:$A,0)),\"\")","v":"COMPOSIÇÃO"},88316,{"$f":"IFERROR(INDEX(SINAPI!$B:$B,MATCH($B1732,SINAPI!$A:$A,0)),\"\")","v":"SERVENTE COM ENCARGOS COMPLEMENTARES"},{"$f":"IFERROR(INDEX(SINAPI!$C:$C,MATCH($B1732,SINAPI!$A:$A,0)),\"\")","v":"H"},0.5,{"$f":"IFERROR(INDEX(SINAPI!$D:$D,MATCH($B1732,SINAPI!$A:$A,0)),0)","v":15.65},7.8250000000000002]
[null,null,null,null,null,"TOTAL",{"$f":"SUM(G1729:G1732)","v":1104.825}]
[]
[]
["CLASSE/TIPO","CÓDIGOS/ SINAPI","DESCRIÇÃO","UND","COEFICIENTE","PREÇO UNITÁRIO","PREÇO TOTAL"]
["COMP-5170 ",null,"PEÇAS DE APOIO DEFICIENTES C/TUBO INOX P/WC'S ","M",null,null,{"$f":"G1740","v":305.95800000000003}]
[{"$f":"IFERROR(INDEX(SINAPI!$E:$E,MATCH($B1738,SINAPI!$A:$A,0)),\"\")","v":"INSUMO"},36081,{"$f":"IFERROR(INDEX(SINAPI!$B:$B,MATCH($B1738,SINAPI!$A:$A,0)),\"\")","v":"BARRA DE APOIO RETA, EM ACO INOX POLIDO, COMPRIMENTO 80CM, DIAMETRO MINIMO 3 CM                                                                                                                                                                                                                                                                                                                                                                                                                           "},{"$f":"IFERROR(INDEX(SINAPI!$C:$C,MATCH($B1738,SINAPI!$A:$A,0)),\"\")","v":"UN    "},1.25,{"$f":"IFERROR(INDEX(SINAPI!$D:$D,MATCH($B1738,SINAPI!$A:$A,0)),0)","v":240},{"$f":"IFERROR(F1738*E1738,0)","v":300}]
[{"$f":"IFERROR(INDEX(SINAPI!$E:$E,MATCH($B1739,SINAPI!$A:$A,0)),\"\")","v":"COMPOSIÇÃO"},88309,{"$f":"IFERROR(INDEX(SINAPI!$B:$B,MATCH($B1739,SINAPI!$A:$A,0)),\"\")","v":"PEDREIRO COM ENCARGOS COMPLEMENTARES"},{"$f":"IFERROR(INDEX(SINAPI!$C:$C,MATCH($B1739,SINAPI!$A:$A,0)),\"\")","v":"H"},0.3,{"$f":"IFERROR(INDEX(SINAPI!$D:$D,MATCH($B1739,SINAPI!$A:$A,0)),0)","v":19.86},5.9579999999999993]
[null,null,null,null,null,"TOTAL",{"$f":"SUM(G1738:G1739)","v":305.95800000000003}]
[]
[]
["CLASSE/TIPO","CÓDIGOS/ SINAPI","DESCRIÇÃO","UND","COEFICIENTE","PREÇO UNITÁRIO","PREÇO TOTAL"]
["COMP-30921 ",null,"BANCADA/BANCA/PIA DE ACO INOXIDAVEL (AISI 430) COM 1 CUBA CENTRAL, COM VALVULA, ESCORREDOR DUPLO, DE *0,55 X 1,20* M ","UN",null,null,{"$f":"G1750","v":359.41984000000002}]
[{"$f":"IFERROR(INDEX(SINAPI!$E:$E,MATCH($B1745,SINAPI!$A:$A,0)),\"\")","v":"INSUMO"},1746,{"$f":"IFERROR(INDEX(SINAPI!$B:$B,MATCH($B1745,SINAPI!$A:$A,0)),\"\")","v":"BANCADA/BANCA/PIA DE ACO INOXIDAVEL (AISI 430) COM 1 CUBA CENTRAL, COM VALVULA, ESCORREDOR DUPLO, DE *0,55 X 1,20* M                                                                                                                                                                                                                                                                                                                                                                                      "},{"$f":"IFERROR(INDEX(SINAPI!$C:$C,MATCH($B1745,SINAPI!$A:$A,0)),\"\")","v":"UN    "},1,{"$f":"IFERROR(INDEX(SINAPI!$D:$D,MATCH($B1745,SINAPI!$A:$A,0)),0)","v":222.45},{"$f":"IFERROR(F1745*E1745,0)","v":222.45}]
[{"$f":"IFERROR(INDEX(SINAPI!$E:$E,MATCH($B1746,SINAPI!$A:$A,0)),\"\")","v":"COMPOSIÇÃO"},88316,{"$f":"IFERROR(INDEX(SINAPI!$B:$B,MATCH($B1746,SINAPI!$A:$A,0)),\"\")","v":"SERVENTE COM ENCARGOS COMPLEMENTARES"},{"$f":"IFERROR(INDEX(SINAPI!$C:$C,MATCH($B1746,SINAPI!$A:$A,0)),\"\")","v":"H"},2,{"$f":"IFERROR(INDEX(SINAPI!$D:$D,MATCH($B1746,SINAPI!$A:$A,0)),0)","v":15.65},31.3]
[{"$f":"IFERROR(INDEX(SINAPI!$E:$E,MATCH($B1747,SINAPI!$A:$A,0)),\"\")","v":"COMPOSIÇÃO"},88309,{"$f":"IFERROR(INDEX(SINAPI!$B:$B,MATCH($B1747,SINAPI!$A:$A,0)),\"\")","v":"PEDREIRO COM ENCARGOS COMPLEMENTARES"},{"$f":"IFERROR(INDEX(SINAPI!$C:$C,MATCH($B1747,SINAPI!$A:$A,0)),\"\")","v":"H"},2,{"$f":"IFERROR(INDEX(SINAPI!$D:$D,MATCH($B1747,SINAPI!$A:$A,0)),0)","v":19.86},39.72]
[{"$f":"IFERROR(INDEX(SINAPI!$E:$E,MATCH($B1748,SINAPI!$A:$A,0)),\"\")","v":"COMPOSIÇÃO"},92767,{"$f":"IFERROR(INDEX(SINAPI!$B:$B,MATCH($B1748,SINAPI!$A:$A,0)),\"\")","v":"ARMAÇÃO DE LAJE DE UMA ESTRUTURA CONVENCIONAL DE CONCRETO ARMADO EM UM EDIFÍCIO DE MÚLTIPLOS PAVIMENTOS UTILIZANDO AÇO CA-60 DE 4,2 MM - MONTAGEM. AF_12/2015"},{"$f":"IFERROR(INDEX(SINAPI!$C:$C,MATCH($B1748,SINAPI!$A:$A,0)),\"\")","v":"KG"},2.88,{"$f":"IFERROR(INDEX(SINAPI!$D:$D,MATCH($B1748,SINAPI!$A:$A,0)),0)","v":18.66},53.7408]
[{"$f":"IFERROR(INDEX(SINAPI!$E:$E,MATCH($B1749,SINAPI!$A:$A,0)),\"\")","v":"COMPOSIÇÃO"},94963,{"$f":"IFERROR(INDEX(SINAPI!$B:$B,MATCH($B1749,SINAPI!$A:$A,0)),\"\")","v":"CONCRETO FCK = 15MPA, TRAÇO 1:3,4:3,5 (EM MASSA SECA DE CIMENTO/ AREIA MÉDIA/ BRITA 1) - PREPARO MECÂNICO COM BETONEIRA 400 L. AF_05/2021"},{"$f":"IFERROR(INDEX(SINAPI!$C:$C,MATCH($B1749,SINAPI!$A:$A,0)),\"\")","v":"M3"},3.5999999999999997E-2,{"$f":"IFERROR(INDEX(SINAPI!$D:$D,MATCH($B1749,SINAPI!$A:$A,0)),0)","v":339.14},12.209039999999998]
[null,null,null,null,null,"TOTAL",{"$f":"SUM(G1745:G1749)","v":359.41984000000002}]
[]
[]
["CLASSE/TIPO","CÓDIGOS/ SINAPI","DESCRIÇÃO","UND","COEFICIENTE","PREÇO UNITÁRIO","PREÇO TOTAL"]
["COMP-3083 ",null,"PIA DE AÇO INOX (2.00X0.58)m C/ 1 CUBAS E ACESSÓRIOS ","UN",null,null,{"$f":"G1760","v":741.20983999999999}]
[{"$f":"IFERROR(INDEX(SINAPI!$E:$E,MATCH($B1755,SINAPI!$A:$A,0)),\"\")","v":"INSUMO"},1750,{"$f":"IFERROR(INDEX(SINAPI!$B:$B,MATCH($B1755,SINAPI!$A:$A,0)),\"\")","v":"BANCADA/BANCA/PIA DE ACO INOXIDAVEL (AISI 430) COM 2 CUBAS, COM VALVULAS, ESCORREDOR DUPLO, DE *0,55 X 2,00* M                                                                                                                                                                                                                                                                                                                                                                                            "},{"$f":"IFERROR(INDEX(SINAPI!$C:$C,MATCH($B1755,SINAPI!$A:$A,0)),\"\")","v":"UN    "},1,{"$f":"IFERROR(INDEX(SINAPI!$D:$D,MATCH($B1755,SINAPI!$A:$A,0)),0)","v":604.24},{"$f":"IFERROR(F1755*E1755,0)","v":604.24}]
[{"$f":"IFERROR(INDEX(SINAPI!$E:$E,MATCH($B1756,SINAPI!$A:$A,0)),\"\")","v":"COMPOSIÇÃO"},88316,{"$f":"IFERROR(INDEX(SINAPI!$B:$B,MATCH($B1756,SINAPI!$A:$A,0)),\"\")","v":"SERVENTE COM ENCARGOS COMPLEMENTARES"},{"$f":"IFERROR(INDEX(SINAPI!$C:$C,MATCH($B1756,SINAPI!$A:$A,0)),\"\")","v":"H"},2,{"$f":"IFERROR(INDEX(SINAPI!$D:$D,MATCH($B1756,SINAPI!$A:$A,0)),0)","v":15.65},31.3]
[{"$f":"IFERROR(INDEX(SINAPI!$E:$E,MATCH($B1757,SINAPI!$A:$A,0)),\"\")","v":"COMPOSIÇÃO"},88309,{"$f":"IFERROR(INDEX(SINAPI!$B:$B,MATCH($B1757,SINAPI!$A:$A,0)),\"\")","v":"PEDREIRO COM ENCARGOS COMPLEMENTARES"},{"$f":"IFERROR(INDEX(SINAPI!$C:$C,MATCH($B1757,SINAPI!$A:$A,0)),\"\")","v":"H"},2,{"$f":"IFERROR(INDEX(SINAPI!$D:$D,MATCH($B1757,SINAPI!$A:$A,0)),0)","v":19.86},39.72]
[{"$f":"IFERROR(INDEX(SINAPI!$E:$E,MATCH($B1758,SINAPI!$A:$A,0)),\"\")","v":"COMPOSIÇÃO"},92767,{"$f":"IFERROR(INDEX(SINAPI!$B:$B,MATCH($B1758,SINAPI!$A:$A,0)),\"\")","v":"ARMAÇÃO DE LAJE DE UMA ESTRUTURA CONVENCIONAL DE CONCRETO ARMADO EM UM EDIFÍCIO DE MÚLTIPLOS PAVIMENTOS UTILIZANDO AÇO CA-60 DE 4,2 MM - MONTAGEM. AF_12/2015"},{"$f":"IFERROR(INDEX(SINAPI!$C:$C,MATCH($B1758,SINAPI!$A:$A,0)),\"\")","v":"KG"},2.88,{"$f":"IFERROR(INDEX(SINAPI!$D:$D,MATCH($B1758,SINAPI!$A:$A,0)),0)","v":18.66},53.7408]
[{"$f":"IFERROR(INDEX(SINAPI!$E:$E,MATCH($B1759,SINAPI!$A:$A,0)),\"\")","v":"COMPOSIÇÃO"},94963,{"$f":"IFERROR(INDEX(SINAPI!$B:$B,MATCH($B1759,SINAPI!$A:$A,0)),\"\")","v":"CONCRETO FCK = 15MPA, TRAÇO 1:3,4:3,5 (EM MASSA SECA DE CIMENTO/ AREIA MÉDIA/ BRITA 1) - PREPARO MECÂNICO COM BETONEIRA 400 L. AF_05/2021"},{"$f":"IFERROR(INDEX(SINAPI!$C:$C,MATCH($B1759,SINAPI!$A:$A,0)),\"\")","v":"M3"},3.5999999999999997E-2,{"$f":"IFERROR(INDEX(SINAPI!$D:$D,MATCH($B1759,SINAPI!$A:$A,0)),0)","v":339.14},12.209039999999998]
[null,null,null,null,null,"TOTAL",{"$f":"SUM(G1755:G1759)","v":741.20983999999999}]
[]
[]
["CLASSE/TIPO","CÓDIGOS/ SINAPI","DESCRIÇÃO","UND","COEFICIENTE","PREÇO UNITÁRIO","PREÇO TOTAL"]
["COMP-3190 ",null,"TAMPO DE AÇO INOX P/ BANCADAS ","M²",null,null,{"$f":"G1769","v":498.79903599999994}]
["INSUMO","02086/ORSE","TAMPO P/ PIA AÇO INOXIDAVEL - 304, SEM CUBA 0,57 X 2,00M","UN",0.5,900.5,{"$f":"IFERROR(F1765*E1765,0)","v":450.25}]
[{"$f":"IFERROR(INDEX(SINAPI!$E:$E,MATCH($B1766,SINAPI!$A:$A,0)),\"\")","v":"COMPOSIÇÃO"},88242,{"$f":"IFERROR(INDEX(SINAPI!$B:$B,MATCH($B1766,SINAPI!$A:$A,0)),\"\")","v":"AJUDANTE DE PEDREIRO COM ENCARGOS COMPLEMENTARES"},{"$f":"IFERROR(INDEX(SINAPI!$C:$C,MATCH($B1766,SINAPI!$A:$A,0)),\"\")","v":"H"},1.2,{"$f":"IFERROR(INDEX(SINAPI!$D:$D,MATCH($B1766,SINAPI!$A:$A,0)),0)","v":15.68},18.815999999999999]
[{"$f":"IFERROR(INDEX(SINAPI!$E:$E,MATCH($B1767,SINAPI!$A:$A,0)),\"\")","v":"COMPOSIÇÃO"},88309,{"$f":"IFERROR(INDEX(SINAPI!$B:$B,MATCH($B1767,SINAPI!$A:$A,0)),\"\")","v":"PEDREIRO COM ENCARGOS COMPLEMENTARES"},{"$f":"IFERROR(INDEX(SINAPI!$C:$C,MATCH($B1767,SINAPI!$A:$A,0)),\"\")","v":"H"},1.2,{"$f":"IFERROR(INDEX(SINAPI!$D:$D,MATCH($B1767,SINAPI!$A:$A,0)),0)","v":19.86},23.831999999999997]
[{"$f":"IFERROR(INDEX(SINAPI!$E:$E,MATCH($B1768,SINAPI!$A:$A,0)),\"\")","v":"COMPOSIÇÃO"},94963,{"$f":"IFERROR(INDEX(SINAPI!$B:$B,MATCH($B1768,SINAPI!$A:$A,0)),\"\")","v":"CONCRETO FCK = 15MPA, TRAÇO 1:3,4:3,5 (EM MASSA SECA DE CIMENTO/ AREIA MÉDIA/ BRITA 1) - PREPARO MECÂNICO COM BETONEIRA 400 L. AF_05/2021"},{"$f":"IFERROR(INDEX(SINAPI!$C:$C,MATCH($B1768,SINAPI!$A:$A,0)),\"\")","v":"M3"},1.7399999999999999E-2,{"$f":"IFERROR(INDEX(SINAPI!$D:$D,MATCH($B1768,SINAPI!$A:$A,0)),0)","v":339.14},5.9010359999999995]
[null,null,null,null,null,"TOTAL",{"$f":"SUM(G1765:G1768)","v":498.79903599999994}]
[]
[]
["CLASSE/TIPO","CÓDIGOS/ SINAPI","DESCRIÇÃO","UND","COEFICIENTE","PREÇO UNITÁRIO","PREÇO TOTAL"]
["COMP-9756",null,"BANCADA DE GRANITO CINZA E=2cm ","m2",null,null,{"$f":"G1777","v":453.42419999999998}]
[{"$f":"IFERROR(INDEX(SINAPI!$E:$E,MATCH($B1774,SINAPI!$A:$A,0)),\"\")","v":"INSUMO"},11795,{"$f":"IFERROR(INDEX(SINAPI!$B:$B,MATCH($B1774,SINAPI!$A:$A,0)),\"\")","v":"GRANITO PARA BANCADA, POLIDO, TIPO ANDORINHA/ QUARTZ/ CASTELO/ CORUMBA OU OUTROS EQUIVALENTES DA REGIAO, E=  *2,5* CM                                                                                                                                                                                                                                                                                                                                                                                     "},{"$f":"IFERROR(INDEX(SINAPI!$C:$C,MATCH($B1774,SINAPI!$A:$A,0)),\"\")","v":"M2    "},1,{"$f":"IFERROR(INDEX(SINAPI!$D:$D,MATCH($B1774,SINAPI!$A:$A,0)),0)","v":422.64},{"$f":"IFERROR(F1774*E1774,0)","v":422.64}]
[{"$f":"IFERROR(INDEX(SINAPI!$E:$E,MATCH($B1775,SINAPI!$A:$A,0)),\"\")","v":"COMPOSIÇÃO"},88242,{"$f":"IFERROR(INDEX(SINAPI!$B:$B,MATCH($B1775,SINAPI!$A:$A,0)),\"\")","v":"AJUDANTE DE PEDREIRO COM ENCARGOS COMPLEMENTARES"},{"$f":"IFERROR(INDEX(SINAPI!$C:$C,MATCH($B1775,SINAPI!$A:$A,0)),\"\")","v":"H"},1.1399999999999999,{"$f":"IFERROR(INDEX(SINAPI!$D:$D,MATCH($B1775,SINAPI!$A:$A,0)),0)","v":15.68},17.8752]
[{"$f":"IFERROR(INDEX(SINAPI!$E:$E,MATCH($B1776,SINAPI!$A:$A,0)),\"\")","v":"COMPOSIÇÃO"},88309,{"$f":"IFERROR(INDEX(SINAPI!$B:$B,MATCH($B1776,SINAPI!$A:$A,0)),\"\")","v":"PEDREIRO COM ENCARGOS COMPLEMENTARES"},{"$f":"IFERROR(INDEX(SINAPI!$C:$C,MATCH($B1776,SINAPI!$A:$A,0)),\"\")","v":"H"},0.65,{"$f":"IFERROR(INDEX(SINAPI!$D:$D,MATCH($B1776,SINAPI!$A:$A,0)),0)","v":19.86},12.909000000000001]
[null,null,null,null,null,"TOTAL",{"$f":"SUM(G1774:G1776)","v":453.42419999999998}]
[]
[]
["CLASSE/TIPO","CÓDIGOS/ SINAPI","DESCRIÇÃO","UND","COEFICIENTE","PREÇO UNITÁRIO","PREÇO TOTAL"]
["COMP-4295 ",null,"TAMPO C/BATEDOR EM GRANITO CINZA POLIDO E=2cm ","m2",null,null,{"$f":"G1786","v":462.01619999999997}]
["INSUMO","03116/ORSE","CANTONEIRA ALUMÍNIO ANODIZADO NATURAL, 1\" X 1/8\" - VARA COM 6M - 0,408 KG/M","M",0.6,14.32,{"$f":"IFERROR(F1782*E1782,0)","v":8.5920000000000005}]
[{"$f":"IFERROR(INDEX(SINAPI!$E:$E,MATCH($B1783,SINAPI!$A:$A,0)),\"\")","v":"INSUMO"},11795,{"$f":"IFERROR(INDEX(SINAPI!$B:$B,MATCH($B1783,SINAPI!$A:$A,0)),\"\")","v":"GRANITO PARA BANCADA, POLIDO, TIPO ANDORINHA/ QUARTZ/ CASTELO/ CORUMBA OU OUTROS EQUIVALENTES DA REGIAO, E=  *2,5* CM                                                                                                                                                                                                                                                                                                                                                                                     "},{"$f":"IFERROR(INDEX(SINAPI!$C:$C,MATCH($B1783,SINAPI!$A:$A,0)),\"\")","v":"M2    "},1,{"$f":"IFERROR(INDEX(SINAPI!$D:$D,MATCH($B1783,SINAPI!$A:$A,0)),0)","v":422.64},422.64]
[{"$f":"IFERROR(INDEX(SINAPI!$E:$E,MATCH($B1784,SINAPI!$A:$A,0)),\"\")","v":"COMPOSIÇÃO"},88242,{"$f":"IFERROR(INDEX(SINAPI!$B:$B,MATCH($B1784,SINAPI!$A:$A,0)),\"\")","v":"AJUDANTE DE PEDREIRO COM ENCARGOS COMPLEMENTARES"},{"$f":"IFERROR(INDEX(SINAPI!$C:$C,MATCH($B1784,SINAPI!$A:$A,0)),\"\")","v":"H"},1.1399999999999999,{"$f":"IFERROR(INDEX(SINAPI!$D:$D,MATCH($B1784,SINAPI!$A:$A,0)),0)","v":15.68},17.8752]
[{"$f":"IFERROR(INDEX(SINAPI!$E:$E,MATCH($B1785,SINAPI!$A:$A,0)),\"\")","v":"COMPOSIÇÃO"},88309,{"$f":"IFERROR(INDEX(SINAPI!$B:$B,MATCH($B1785,SINAPI!$A:$A,0)),\"\")","v":"PEDREIRO COM ENCARGOS COMPLEMENTARES"},{"$f":"IFERROR(INDEX(SINAPI!$C:$C,MATCH($B1785,SINAPI!$A:$A,0)),\"\")","v":"H"},0.65,{"$f":"IFERROR(INDEX(SINAPI!$D:$D,MATCH($B1785,SINAPI!$A:$A,0)),0)","v":19.86},12.909000000000001]
[null,null,null,null,null,"TOTAL",{"$f":"SUM(G1782:G1785)","v":462.01619999999997}]
[]
[]
["CLASSE/TIPO","CÓDIGOS/ SINAPI","DESCRIÇÃO","UND","COEFICIENTE","PREÇO UNITÁRIO","PREÇO TOTAL"]
["COMP-0567 ",null,"CAIXA DE AREIA COM GRELHA E FUNDO COM BRITA- 80X80X60CM EM ALVENARIA - EXECUÇÃO ","UN",null,null,{"$f":"G1801","v":723.26501699999994}]
[{"$f":"IFERROR(INDEX(SINAPI!$E:$E,MATCH($B1791,SINAPI!$A:$A,0)),\"\")","v":"INSUMO"},7258,{"$f":"IFERROR(INDEX(SINAPI!$B:$B,MATCH($B1791,SINAPI!$A:$A,0)),\"\")","v":"TIJOLO CERAMICO MACICO COMUM *5 X 10 X 20* CM (L X A X C)                                                                                                                                                                                                                                                                                                                                                                                                                                                 "},{"$f":"IFERROR(INDEX(SINAPI!$C:$C,MATCH($B1791,SINAPI!$A:$A,0)),\"\")","v":"UN    "},211.95599999999999,{"$f":"IFERROR(INDEX(SINAPI!$D:$D,MATCH($B1791,SINAPI!$A:$A,0)),0)","v":0.8},{"$f":"IFERROR(F1791*E1791,0)","v":169.56479999999999}]
[{"$f":"IFERROR(INDEX(SINAPI!$E:$E,MATCH($B1792,SINAPI!$A:$A,0)),\"\")","v":"COMPOSIÇÃO"},5678,{"$f":"IFERROR(INDEX(SINAPI!$B:$B,MATCH($B1792,SINAPI!$A:$A,0)),\"\")","v":"RETROESCAVADEIRA SOBRE RODAS COM CARREGADEIRA, TRAÇÃO 4X4, POTÊNCIA LÍQ. 88 HP, CAÇAMBA CARREG. CAP. MÍN. 1 M3, CAÇAMBA RETRO CAP. 0,26 M3, PESO OPERACIONAL MÍN. 6.674 KG, PROFUNDIDADE ESCAVAÇÃO MÁX. 4,37 M - CHP DIURNO. AF_06/2014"},{"$f":"IFERROR(INDEX(SINAPI!$C:$C,MATCH($B1792,SINAPI!$A:$A,0)),\"\")","v":"CHP"},1.3599999999999999E-2,{"$f":"IFERROR(INDEX(SINAPI!$D:$D,MATCH($B1792,SINAPI!$A:$A,0)),0)","v":103.29},1.404744]
[{"$f":"IFERROR(INDEX(SINAPI!$E:$E,MATCH($B1793,SINAPI!$A:$A,0)),\"\")","v":"COMPOSIÇÃO"},5679,{"$f":"IFERROR(INDEX(SINAPI!$B:$B,MATCH($B1793,SINAPI!$A:$A,0)),\"\")","v":"RETROESCAVADEIRA SOBRE RODAS COM CARREGADEIRA, TRAÇÃO 4X4, POTÊNCIA LÍQ. 88 HP, CAÇAMBA CARREG. CAP. MÍN. 1 M3, CAÇAMBA RETRO CAP. 0,26 M3, PESO OPERACIONAL MÍN. 6.674 KG, PROFUNDIDADE ESCAVAÇÃO MÁX. 4,37 M - CHI DIURNO. AF_06/2014"},{"$f":"IFERROR(INDEX(SINAPI!$C:$C,MATCH($B1793,SINAPI!$A:$A,0)),\"\")","v":"CHI"},4.5600000000000002E-2,{"$f":"IFERROR(INDEX(SINAPI!$D:$D,MATCH($B1793,SINAPI!$A:$A,0)),0)","v":38.03},1.7341680000000002]
[{"$f":"IFERROR(INDEX(SINAPI!$E:$E,MATCH($B1794,SINAPI!$A:$A,0)),\"\")","v":"COMPOSIÇÃO"},87316,{"$f":"IFERROR(INDEX(SINAPI!$B:$B,MATCH($B1794,SINAPI!$A:$A,0)),\"\")","v":"ARGAMASSA TRAÇO 1:4 (EM VOLUME DE CIMENTO E AREIA GROSSA ÚMIDA) PARA CHAPISCO CONVENCIONAL, PREPARO MECÂNICO COM BETONEIRA 400 L. AF_08/2019"},{"$f":"IFERROR(INDEX(SINAPI!$C:$C,MATCH($B1794,SINAPI!$A:$A,0)),\"\")","v":"M3"},1.6999999999999999E-3,{"$f":"IFERROR(INDEX(SINAPI!$D:$D,MATCH($B1794,SINAPI!$A:$A,0)),0)","v":375.63},0.638571]
[{"$f":"IFERROR(INDEX(SINAPI!$E:$E,MATCH($B1795,SINAPI!$A:$A,0)),\"\")","v":"COMPOSIÇÃO"},88309,{"$f":"IFERROR(INDEX(SINAPI!$B:$B,MATCH($B1795,SINAPI!$A:$A,0)),\"\")","v":"PEDREIRO COM ENCARGOS COMPLEMENTARES"},{"$f":"IFERROR(INDEX(SINAPI!$C:$C,MATCH($B1795,SINAPI!$A:$A,0)),\"\")","v":"H"},8.1328999999999994,{"$f":"IFERROR(INDEX(SINAPI!$D:$D,MATCH($B1795,SINAPI!$A:$A,0)),0)","v":19.86},161.51939399999998]
[{"$f":"IFERROR(INDEX(SINAPI!$E:$E,MATCH($B1796,SINAPI!$A:$A,0)),\"\")","v":"COMPOSIÇÃO"},88316,{"$f":"IFERROR(INDEX(SINAPI!$B:$B,MATCH($B1796,SINAPI!$A:$A,0)),\"\")","v":"SERVENTE COM ENCARGOS COMPLEMENTARES"},{"$f":"IFERROR(INDEX(SINAPI!$C:$C,MATCH($B1796,SINAPI!$A:$A,0)),\"\")","v":"H"},8.1328999999999994,{"$f":"IFERROR(INDEX(SINAPI!$D:$D,MATCH($B1796,SINAPI!$A:$A,0)),0)","v":15.65},127.27988499999999]
[{"$f":"IFERROR(INDEX(SINAPI!$E:$E,MATCH($B1797,SINAPI!$A:$A,0)),\"\")","v":"COMPOSIÇÃO"},88628,{"$f":"IFERROR(INDEX(SINAPI!$B:$B,MATCH($B1797,SINAPI!$A:$A,0)),\"\")","v":"ARGAMASSA TRAÇO 1:3 (EM VOLUME DE CIMENTO E AREIA MÉDIA ÚMIDA), PREPARO MECÂNICO COM BETONEIRA 400 L. AF_08/2019"},{"$f":"IFERROR(INDEX(SINAPI!$C:$C,MATCH($B1797,SINAPI!$A:$A,0)),\"\")","v":"M3"},0.1585,{"$f":"IFERROR(INDEX(SINAPI!$D:$D,MATCH($B1797,SINAPI!$A:$A,0)),0)","v":442.14},70.079189999999997]
[{"$f":"IFERROR(INDEX(SINAPI!$E:$E,MATCH($B1798,SINAPI!$A:$A,0)),\"\")","v":"COMPOSIÇÃO"},101617,{"$f":"IFERROR(INDEX(SINAPI!$B:$B,MATCH($B1798,SINAPI!$A:$A,0)),\"\")","v":"PREPARO DE FUNDO DE VALA COM LARGURA MAIOR OU IGUAL A 1,5 M E MENOR QUE 2,5 M (ACERTO DO SOLO NATURAL). AF_08/2020"},{"$f":"IFERROR(INDEX(SINAPI!$C:$C,MATCH($B1798,SINAPI!$A:$A,0)),\"\")","v":"M2"},1.21,{"$f":"IFERROR(INDEX(SINAPI!$D:$D,MATCH($B1798,SINAPI!$A:$A,0)),0)","v":2.23},2.6982999999999997]
[{"$f":"IFERROR(INDEX(SINAPI!$E:$E,MATCH($B1799,SINAPI!$A:$A,0)),\"\")","v":"COMPOSIÇÃO"},94970,{"$f":"IFERROR(INDEX(SINAPI!$B:$B,MATCH($B1799,SINAPI!$A:$A,0)),\"\")","v":"CONCRETO FCK = 20MPA, TRAÇO 1:2,7:3 (EM MASSA SECA DE CIMENTO/ AREIA MÉDIA/ BRITA 1) - PREPARO MECÂNICO COM BETONEIRA 600 L. AF_05/2021"},{"$f":"IFERROR(INDEX(SINAPI!$C:$C,MATCH($B1799,SINAPI!$A:$A,0)),\"\")","v":"M3"},0.1163,{"$f":"IFERROR(INDEX(SINAPI!$D:$D,MATCH($B1799,SINAPI!$A:$A,0)),0)","v":366.55},42.629764999999999]
[{"$f":"IFERROR(INDEX(SINAPI!$E:$E,MATCH($B1800,SINAPI!$A:$A,0)),\"\")","v":"COMPOSIÇÃO"},97735,{"$f":"IFERROR(INDEX(SINAPI!$B:$B,MATCH($B1800,SINAPI!$A:$A,0)),\"\")","v":"PEÇA RETANGULAR PRÉ-MOLDADA, VOLUME DE CONCRETO DE 30 A 100 LITROS, TAXA DE AÇO APROXIMADA DE 30KG/M³. AF_01/2018"},{"$f":"IFERROR(INDEX(SINAPI!$C:$C,MATCH($B1800,SINAPI!$A:$A,0)),\"\")","v":"M3"},7.0000000000000007E-2,{"$f":"IFERROR(INDEX(SINAPI!$D:$D,MATCH($B1800,SINAPI!$A:$A,0)),0)","v":2081.66},145.71620000000001]
[null,null,null,null,null,"TOTAL",{"$f":"SUM(G1791:G1800)","v":723.26501699999994}]
[]
[]
["CLASSE/TIPO","CÓDIGOS/ SINAPI","DESCRIÇÃO","UND","COEFICIENTE","PREÇO UNITÁRIO","PREÇO TOTAL"]
["COMP-7867 ",null,"GRELHA HEMISFÉRICA DE FERRO FUNDIDO D=150mm 6\" ","UN",null,null,{"$f":"G1809","v":76.390000000000015}]
[{"$f":"IFERROR(INDEX(SINAPI!$E:$E,MATCH($B1806,SINAPI!$A:$A,0)),\"\")","v":"INSUMO"},11709,{"$f":"IFERROR(INDEX(SINAPI!$B:$B,MATCH($B1806,SINAPI!$A:$A,0)),\"\")","v":"RALO FOFO SEMIESFERICO, 150 MM, PARA LAJES/ CALHAS                                                                                                                                                                                                                                                                                                                                                                                                                                                        "},{"$f":"IFERROR(INDEX(SINAPI!$C:$C,MATCH($B1806,SINAPI!$A:$A,0)),\"\")","v":"UN    "},1,{"$f":"IFERROR(INDEX(SINAPI!$D:$D,MATCH($B1806,SINAPI!$A:$A,0)),0)","v":58.89},{"$f":"IFERROR(F1806*E1806,0)","v":58.89}]
[{"$f":"IFERROR(INDEX(SINAPI!$E:$E,MATCH($B1807,SINAPI!$A:$A,0)),\"\")","v":"COMPOSIÇÃO"},88248,{"$f":"IFERROR(INDEX(SINAPI!$B:$B,MATCH($B1807,SINAPI!$A:$A,0)),\"\")","v":"AUXILIAR DE ENCANADOR OU BOMBEIRO HIDRÁULICO COM ENCARGOS COMPLEMENTARES"},{"$f":"IFERROR(INDEX(SINAPI!$C:$C,MATCH($B1807,SINAPI!$A:$A,0)),\"\")","v":"H"},0.5,{"$f":"IFERROR(INDEX(SINAPI!$D:$D,MATCH($B1807,SINAPI!$A:$A,0)),0)","v":15.08},7.54]
[{"$f":"IFERROR(INDEX(SINAPI!$E:$E,MATCH($B1808,SINAPI!$A:$A,0)),\"\")","v":"COMPOSIÇÃO"},88267,{"$f":"IFERROR(INDEX(SINAPI!$B:$B,MATCH($B1808,SINAPI!$A:$A,0)),\"\")","v":"ENCANADOR OU BOMBEIRO HIDRÁULICO COM ENCARGOS COMPLEMENTARES"},{"$f":"IFERROR(INDEX(SINAPI!$C:$C,MATCH($B1808,SINAPI!$A:$A,0)),\"\")","v":"H"},0.5,{"$f":"IFERROR(INDEX(SINAPI!$D:$D,MATCH($B1808,SINAPI!$A:$A,0)),0)","v":19.920000000000002},9.9600000000000009]
[null,null,null,null,null,"TOTAL",{"$f":"SUM(G1806:G1808)","v":76.390000000000015}]
[]
[]
["CLASSE/TIPO","CÓDIGOS/ SINAPI","DESCRIÇÃO","UND","COEFICIENTE","PREÇO UNITÁRIO","PREÇO TOTAL"]
["COMP-9980 ",null,"CALHA EM CHAPA DE AÇO GALVANIZADO Nº20, DESENVOLVIMENTO 140cm ","M",null,null,{"$f":"G1819","v":163.45377600000003}]
[{"$f":"IFERROR(INDEX(SINAPI!$E:$E,MATCH($B1814,SINAPI!$A:$A,0)),\"\")","v":"INSUMO"},40784,{"$f":"IFERROR(INDEX(SINAPI!$B:$B,MATCH($B1814,SINAPI!$A:$A,0)),\"\")","v":"CALHA QUADRADA DE CHAPA DE ACO GALVANIZADA NUM 24, CORTE 100 CM                                                                                                                                                                                                                                                                                                                                                                                                                                           "},{"$f":"IFERROR(INDEX(SINAPI!$C:$C,MATCH($B1814,SINAPI!$A:$A,0)),\"\")","v":"M     "},1.4,{"$f":"IFERROR(INDEX(SINAPI!$D:$D,MATCH($B1814,SINAPI!$A:$A,0)),0)","v":101.26},{"$f":"IFERROR(F1814*E1814,0)","v":141.76400000000001}]
[{"$f":"IFERROR(INDEX(SINAPI!$E:$E,MATCH($B1815,SINAPI!$A:$A,0)),\"\")","v":"COMPOSIÇÃO"},88323,{"$f":"IFERROR(INDEX(SINAPI!$B:$B,MATCH($B1815,SINAPI!$A:$A,0)),\"\")","v":"TELHADISTA COM ENCARGOS COMPLEMENTARES"},{"$f":"IFERROR(INDEX(SINAPI!$C:$C,MATCH($B1815,SINAPI!$A:$A,0)),\"\")","v":"H"},0.56000000000000005,{"$f":"IFERROR(INDEX(SINAPI!$D:$D,MATCH($B1815,SINAPI!$A:$A,0)),0)","v":21.12},11.827200000000001]
[{"$f":"IFERROR(INDEX(SINAPI!$E:$E,MATCH($B1816,SINAPI!$A:$A,0)),\"\")","v":"COMPOSIÇÃO"},88316,{"$f":"IFERROR(INDEX(SINAPI!$B:$B,MATCH($B1816,SINAPI!$A:$A,0)),\"\")","v":"SERVENTE COM ENCARGOS COMPLEMENTARES"},{"$f":"IFERROR(INDEX(SINAPI!$C:$C,MATCH($B1816,SINAPI!$A:$A,0)),\"\")","v":"H"},0.62,{"$f":"IFERROR(INDEX(SINAPI!$D:$D,MATCH($B1816,SINAPI!$A:$A,0)),0)","v":15.65},9.7029999999999994]
[{"$f":"IFERROR(INDEX(SINAPI!$E:$E,MATCH($B1817,SINAPI!$A:$A,0)),\"\")","v":"COMPOSIÇÃO"},93281,{"$f":"IFERROR(INDEX(SINAPI!$B:$B,MATCH($B1817,SINAPI!$A:$A,0)),\"\")","v":"GUINCHO ELÉTRICO DE COLUNA, CAPACIDADE 400 KG, COM MOTO FREIO, MOTOR TRIFÁSICO DE 1,25 CV - CHP DIURNO. AF_03/2016"},{"$f":"IFERROR(INDEX(SINAPI!$C:$C,MATCH($B1817,SINAPI!$A:$A,0)),\"\")","v":"CHP"},8.9999999999999993E-3,{"$f":"IFERROR(INDEX(SINAPI!$D:$D,MATCH($B1817,SINAPI!$A:$A,0)),0)","v":15.76},0.14183999999999999]
[{"$f":"IFERROR(INDEX(SINAPI!$E:$E,MATCH($B1818,SINAPI!$A:$A,0)),\"\")","v":"COMPOSIÇÃO"},93282,{"$f":"IFERROR(INDEX(SINAPI!$B:$B,MATCH($B1818,SINAPI!$A:$A,0)),\"\")","v":"GUINCHO ELÉTRICO DE COLUNA, CAPACIDADE 400 KG, COM MOTO FREIO, MOTOR TRIFÁSICO DE 1,25 CV - CHI DIURNO. AF_03/2016"},{"$f":"IFERROR(INDEX(SINAPI!$C:$C,MATCH($B1818,SINAPI!$A:$A,0)),\"\")","v":"CHI"},1.1999999999999999E-3,{"$f":"IFERROR(INDEX(SINAPI!$D:$D,MATCH($B1818,SINAPI!$A:$A,0)),0)","v":14.78},1.7735999999999998E-2]
[null,null,null,null,null,"TOTAL",{"$f":"SUM(G1814:G1818)","v":163.45377600000003}]
[]
[]
["CLASSE/TIPO","CÓDIGOS/ SINAPI","DESCRIÇÃO","UND","COEFICIENTE","PREÇO UNITÁRIO","PREÇO TOTAL"]
["COMP-2322 ",null,"CONECTOR PARA CONDULETE MÚLTIPLO EM ALUMÍNIO 1\"","UND",null,null,{"$f":"G1826","v":11.540000000000001}]
[{"$f":"IFERROR(INDEX(SINAPI!$E:$E,MATCH($B1824,SINAPI!$A:$A,0)),\"\")","v":"INSUMO"},2516,{"$f":"IFERROR(INDEX(SINAPI!$B:$B,MATCH($B1824,SINAPI!$A:$A,0)),\"\")","v":"CONECTOR CURVO 90 GRAUS DE ALUMINIO, BITOLA 1\", PARA ADAPTAR ENTRADA DE ELETRODUTO METALICO FLEXIVEL EM QUADROS                                                                                                                                                                                                                                                                                                                                                                                           "},{"$f":"IFERROR(INDEX(SINAPI!$C:$C,MATCH($B1824,SINAPI!$A:$A,0)),\"\")","v":"UN    "},1,{"$f":"IFERROR(INDEX(SINAPI!$D:$D,MATCH($B1824,SINAPI!$A:$A,0)),0)","v":9.48},{"$f":"IFERROR(F1824*E1824,0)","v":9.48}]
[{"$f":"IFERROR(INDEX(SINAPI!$E:$E,MATCH($B1825,SINAPI!$A:$A,0)),\"\")","v":"COMPOSIÇÃO"},88264,{"$f":"IFERROR(INDEX(SINAPI!$B:$B,MATCH($B1825,SINAPI!$A:$A,0)),\"\")","v":"ELETRICISTA COM ENCARGOS COMPLEMENTARES"},{"$f":"IFERROR(INDEX(SINAPI!$C:$C,MATCH($B1825,SINAPI!$A:$A,0)),\"\")","v":"H"},0.1,{"$f":"IFERROR(INDEX(SINAPI!$D:$D,MATCH($B1825,SINAPI!$A:$A,0)),0)","v":20.6},2.06]
[null,null,null,null,null,"TOTAL",{"$f":"SUM(G1824:G1825)","v":11.540000000000001}]
[]
[]
["CLASSE/TIPO","CÓDIGOS/ SINAPI","DESCRIÇÃO","UND","COEFICIENTE","PREÇO UNITÁRIO","PREÇO TOTAL"]
["COMP-3967 ",null,"TAMPA CEGA TIPO METÁLICA 2.1/2\"","UN",null,null,{"$f":"G1833","v":46.42}]
[{"$f":"IFERROR(INDEX(SINAPI!$E:$E,MATCH($B1831,SINAPI!$A:$A,0)),\"\")","v":"INSUMO"},7552,{"$f":"IFERROR(INDEX(SINAPI!$B:$B,MATCH($B1831,SINAPI!$A:$A,0)),\"\")","v":"PLACA/TAMPA CEGA EM LATAO ESCOVADO PARA CONDULETE EM LIGA DE ALUMINIO 4 X 4\"                                                                                                                                                                                                                                                                                                                                                                                                                              "},{"$f":"IFERROR(INDEX(SINAPI!$C:$C,MATCH($B1831,SINAPI!$A:$A,0)),\"\")","v":"UN    "},1,{"$f":"IFERROR(INDEX(SINAPI!$D:$D,MATCH($B1831,SINAPI!$A:$A,0)),0)","v":25.82},{"$f":"IFERROR(F1831*E1831,0)","v":25.82}]
[{"$f":"IFERROR(INDEX(SINAPI!$E:$E,MATCH($B1832,SINAPI!$A:$A,0)),\"\")","v":"COMPOSIÇÃO"},88264,{"$f":"IFERROR(INDEX(SINAPI!$B:$B,MATCH($B1832,SINAPI!$A:$A,0)),\"\")","v":"ELETRICISTA COM ENCARGOS COMPLEMENTARES"},{"$f":"IFERROR(INDEX(SINAPI!$C:$C,MATCH($B1832,SINAPI!$A:$A,0)),\"\")","v":"H"},1,{"$f":"IFERROR(INDEX(SINAPI!$D:$D,MATCH($B1832,SINAPI!$A:$A,0)),0)","v":20.6},20.6]
[null,null,null,null,null,"TOTAL",{"$f":"SUM(G1831:G1832)","v":46.42}]
[]
[]
["CLASSE/TIPO","CÓDIGOS/ SINAPI","DESCRIÇÃO","UND","COEFICIENTE","PREÇO UNITÁRIO","PREÇO TOTAL"]
["COMP-0125 ",null,"TAMPA CEGA PARA CONDULETE 1'' EM ALUMÍNIO","UN",null,null,{"$f":"G1840","v":6.33}]
[{"$f":"IFERROR(INDEX(SINAPI!$E:$E,MATCH($B1838,SINAPI!$A:$A,0)),\"\")","v":"INSUMO"},7543,{"$f":"IFERROR(INDEX(SINAPI!$B:$B,MATCH($B1838,SINAPI!$A:$A,0)),\"\")","v":"TAMPA CEGA EM PVC PARA CONDULETE 4 X 2\"                                                                                                                                                                                                                                                                                                                                                                                                                                                                   "},{"$f":"IFERROR(INDEX(SINAPI!$C:$C,MATCH($B1838,SINAPI!$A:$A,0)),\"\")","v":"UN    "},1,{"$f":"IFERROR(INDEX(SINAPI!$D:$D,MATCH($B1838,SINAPI!$A:$A,0)),0)","v":4.2699999999999996},{"$f":"IFERROR(F1838*E1838,0)","v":4.2699999999999996}]
[{"$f":"IFERROR(INDEX(SINAPI!$E:$E,MATCH($B1839,SINAPI!$A:$A,0)),\"\")","v":"COMPOSIÇÃO"},88264,{"$f":"IFERROR(INDEX(SINAPI!$B:$B,MATCH($B1839,SINAPI!$A:$A,0)),\"\")","v":"ELETRICISTA COM ENCARGOS COMPLEMENTARES"},{"$f":"IFERROR(INDEX(SINAPI!$C:$C,MATCH($B1839,SINAPI!$A:$A,0)),\"\")","v":"H"},0.1,{"$f":"IFERROR(INDEX(SINAPI!$D:$D,MATCH($B1839,SINAPI!$A:$A,0)),0)","v":20.6},2.06]
[null,null,null,null,null,"TOTAL",{"$f":"SUM(G1838:G1839)","v":6.33}]
[]
[]
["CLASSE/TIPO","CÓDIGOS/ SINAPI","DESCRIÇÃO","UND","COEFICIENTE","PREÇO UNITÁRIO","PREÇO TOTAL"]
["COMP-7753 ",null,"ABRAÇADEIRA PVC CINZA SEM ROSCA 1\"","UN",null,null,{"$f":"G1847","v":4.08}]
[{"$f":"IFERROR(INDEX(SINAPI!$E:$E,MATCH($B1845,SINAPI!$A:$A,0)),\"\")","v":"INSUMO"},39129,{"$f":"IFERROR(INDEX(SINAPI!$B:$B,MATCH($B1845,SINAPI!$A:$A,0)),\"\")","v":"ABRACADEIRA EM ACO PARA AMARRACAO DE ELETRODUTOS, TIPO D, COM 1\" E CUNHA DE FIXACAO                                                                                                                                                                                                                                                                                                                                                                                                                       "},{"$f":"IFERROR(INDEX(SINAPI!$C:$C,MATCH($B1845,SINAPI!$A:$A,0)),\"\")","v":"UN    "},1,{"$f":"IFERROR(INDEX(SINAPI!$D:$D,MATCH($B1845,SINAPI!$A:$A,0)),0)","v":2.02},{"$f":"IFERROR(F1845*E1845,0)","v":2.02}]
[{"$f":"IFERROR(INDEX(SINAPI!$E:$E,MATCH($B1846,SINAPI!$A:$A,0)),\"\")","v":"COMPOSIÇÃO"},88264,{"$f":"IFERROR(INDEX(SINAPI!$B:$B,MATCH($B1846,SINAPI!$A:$A,0)),\"\")","v":"ELETRICISTA COM ENCARGOS COMPLEMENTARES"},{"$f":"IFERROR(INDEX(SINAPI!$C:$C,MATCH($B1846,SINAPI!$A:$A,0)),\"\")","v":"H"},0.1,{"$f":"IFERROR(INDEX(SINAPI!$D:$D,MATCH($B1846,SINAPI!$A:$A,0)),0)","v":20.6},2.06]
[null,null,null,null,null,"TOTAL",{"$f":"SUM(G1845:G1846)","v":4.08}]
[]
[]
["CLASSE/TIPO","CÓDIGOS/ SINAPI","DESCRIÇÃO","UND","COEFICIENTE","PREÇO UNITÁRIO","PREÇO TOTAL"]
["COMP-176944",null,"CABO BLINDADO PARA ALARME DE INCÊNDIO","M",null,null,{"$f":"G1855","v":10.873099999999999}]
["INSUMO","I8468/SEINFRA","CABO FLEXÍVEL TETRAPOLAR BLINDADO 4 x 1,0 mm²","M",1,6.89,{"$f":"IFERROR(F1852*E1852,0)","v":6.89}]
[{"$f":"IFERROR(INDEX(SINAPI!$E:$E,MATCH($B1853,SINAPI!$A:$A,0)),\"\")","v":"COMPOSIÇÃO"},88247,{"$f":"IFERROR(INDEX(SINAPI!$B:$B,MATCH($B1853,SINAPI!$A:$A,0)),\"\")","v":"AUXILIAR DE ELETRICISTA COM ENCARGOS COMPLEMENTARES"},{"$f":"IFERROR(INDEX(SINAPI!$C:$C,MATCH($B1853,SINAPI!$A:$A,0)),\"\")","v":"H"},0.11,{"$f":"IFERROR(INDEX(SINAPI!$D:$D,MATCH($B1853,SINAPI!$A:$A,0)),0)","v":15.61},1.7170999999999998]
[{"$f":"IFERROR(INDEX(SINAPI!$E:$E,MATCH($B1854,SINAPI!$A:$A,0)),\"\")","v":"COMPOSIÇÃO"},88264,{"$f":"IFERROR(INDEX(SINAPI!$B:$B,MATCH($B1854,SINAPI!$A:$A,0)),\"\")","v":"ELETRICISTA COM ENCARGOS COMPLEMENTARES"},{"$f":"IFERROR(INDEX(SINAPI!$C:$C,MATCH($B1854,SINAPI!$A:$A,0)),\"\")","v":"H"},0.11,{"$f":"IFERROR(INDEX(SINAPI!$D:$D,MATCH($B1854,SINAPI!$A:$A,0)),0)","v":20.6},2.266]
[null,null,null,null,null,"TOTAL",{"$f":"SUM(G1852:G1854)","v":10.873099999999999}]
[]
[]
["CLASSE/TIPO","CÓDIGOS/ SINAPI","DESCRIÇÃO","UND","COEFICIENTE","PREÇO UNITÁRIO","PREÇO TOTAL"]
["COMP-795362",null,"CENTRAL ALARME DE INCÊNDIO ENDEREÇÁVEL - 250 ENDEREÇOS","UND",null,null,{"$f":"G1863","v":5361.37}]
["INSUMO","12660/ORSE","Central de alarme endereçável de incendio com sistema p/ até 250 dispositivos, marcal Verin ou similar, Modelo VRE-250 c/ bateria de 12V e 7Amperes","UN    ",1,5325.16,{"$f":"IFERROR(F1860*E1860,0)","v":5325.16}]
[{"$f":"IFERROR(INDEX(SINAPI!$E:$E,MATCH($B1861,SINAPI!$A:$A,0)),\"\")","v":"COMPOSIÇÃO"},88264,{"$f":"IFERROR(INDEX(SINAPI!$B:$B,MATCH($B1861,SINAPI!$A:$A,0)),\"\")","v":"ELETRICISTA COM ENCARGOS COMPLEMENTARES"},{"$f":"IFERROR(INDEX(SINAPI!$C:$C,MATCH($B1861,SINAPI!$A:$A,0)),\"\")","v":"H"},1,{"$f":"IFERROR(INDEX(SINAPI!$D:$D,MATCH($B1861,SINAPI!$A:$A,0)),0)","v":20.6},20.6]
[{"$f":"IFERROR(INDEX(SINAPI!$E:$E,MATCH($B1862,SINAPI!$A:$A,0)),\"\")","v":"COMPOSIÇÃO"},88247,{"$f":"IFERROR(INDEX(SINAPI!$B:$B,MATCH($B1862,SINAPI!$A:$A,0)),\"\")","v":"AUXILIAR DE ELETRICISTA COM ENCARGOS COMPLEMENTARES"},{"$f":"IFERROR(INDEX(SINAPI!$C:$C,MATCH($B1862,SINAPI!$A:$A,0)),\"\")","v":"H"},1,{"$f":"IFERROR(INDEX(SINAPI!$D:$D,MATCH($B1862,SINAPI!$A:$A,0)),0)","v":15.61},15.61]
[null,null,null,null,null,"TOTAL",{"$f":"SUM(G1860:G1862)","v":5361.37}]
[]
[]
["CLASSE/TIPO","CÓDIGOS/ SINAPI","DESCRIÇÃO","UND","COEFICIENTE","PREÇO UNITÁRIO","PREÇO TOTAL"]
["COMP-180979",null,"SIRENE ÁUDIO/VISUAL, 120 dB, COM ACIONADOR MANUAL, ALIMENTAÇÃO 220 VAC - INSTALADO","UND",null,null,{"$f":"G1871","v":267.80149999999998}]
["INSUMO","11195/ORSE","Avisador sonoro tipo sirene para incêndio","UN    ",1,262.37,{"$f":"IFERROR(F1868*E1868,0)","v":262.37}]
[{"$f":"IFERROR(INDEX(SINAPI!$E:$E,MATCH($B1869,SINAPI!$A:$A,0)),\"\")","v":"COMPOSIÇÃO"},88264,{"$f":"IFERROR(INDEX(SINAPI!$B:$B,MATCH($B1869,SINAPI!$A:$A,0)),\"\")","v":"ELETRICISTA COM ENCARGOS COMPLEMENTARES"},{"$f":"IFERROR(INDEX(SINAPI!$C:$C,MATCH($B1869,SINAPI!$A:$A,0)),\"\")","v":"H"},0.15,{"$f":"IFERROR(INDEX(SINAPI!$D:$D,MATCH($B1869,SINAPI!$A:$A,0)),0)","v":20.6},3.0900000000000003]
[{"$f":"IFERROR(INDEX(SINAPI!$E:$E,MATCH($B1870,SINAPI!$A:$A,0)),\"\")","v":"COMPOSIÇÃO"},88247,{"$f":"IFERROR(INDEX(SINAPI!$B:$B,MATCH($B1870,SINAPI!$A:$A,0)),\"\")","v":"AUXILIAR DE ELETRICISTA COM ENCARGOS COMPLEMENTARES"},{"$f":"IFERROR(INDEX(SINAPI!$C:$C,MATCH($B1870,SINAPI!$A:$A,0)),\"\")","v":"H"},0.15,{"$f":"IFERROR(INDEX(SINAPI!$D:$D,MATCH($B1870,SINAPI!$A:$A,0)),0)","v":15.61},2.3414999999999999]
[null,null,null,null,null,"TOTAL",{"$f":"SUM(G1868:G1870)","v":267.80149999999998}]
[]
[]
["CLASSE/TIPO","CÓDIGOS/ SINAPI","DESCRIÇÃO","UND","COEFICIENTE","PREÇO UNITÁRIO","PREÇO TOTAL"]
["COMP-908370",null,"BATERIA DE SISTEMA DE ALARME / REPETIDOR","UND",null,null,{"$f":"G1879","v":178.10500000000002}]
["INSUMO","00276/ORSE","Bateria de 12v x 7a para centrais de alarme","UN    ",1,160,{"$f":"IFERROR(F1876*E1876,0)","v":160}]
[{"$f":"IFERROR(INDEX(SINAPI!$E:$E,MATCH($B1877,SINAPI!$A:$A,0)),\"\")","v":"COMPOSIÇÃO"},88247,{"$f":"IFERROR(INDEX(SINAPI!$B:$B,MATCH($B1877,SINAPI!$A:$A,0)),\"\")","v":"AUXILIAR DE ELETRICISTA COM ENCARGOS COMPLEMENTARES"},{"$f":"IFERROR(INDEX(SINAPI!$C:$C,MATCH($B1877,SINAPI!$A:$A,0)),\"\")","v":"H"},0.5,{"$f":"IFERROR(INDEX(SINAPI!$D:$D,MATCH($B1877,SINAPI!$A:$A,0)),0)","v":15.61},7.8049999999999997]
[{"$f":"IFERROR(INDEX(SINAPI!$E:$E,MATCH($B1878,SINAPI!$A:$A,0)),\"\")","v":"COMPOSIÇÃO"},88264,{"$f":"IFERROR(INDEX(SINAPI!$B:$B,MATCH($B1878,SINAPI!$A:$A,0)),\"\")","v":"ELETRICISTA COM ENCARGOS COMPLEMENTARES"},{"$f":"IFERROR(INDEX(SINAPI!$C:$C,MATCH($B1878,SINAPI!$A:$A,0)),\"\")","v":"H"},0.5,{"$f":"IFERROR(INDEX(SINAPI!$D:$D,MATCH($B1878,SINAPI!$A:$A,0)),0)","v":20.6},10.3]
[null,null,null,null,null,"TOTAL",{"$f":"SUM(G1876:G1878)","v":178.10500000000002}]
[]
[]
["CLASSE/TIPO","CÓDIGOS/ SINAPI","DESCRIÇÃO","UND","COEFICIENTE","PREÇO UNITÁRIO","PREÇO TOTAL"]
["COMP-448417",null,"PAINEL REPETIDOR ENDEREÇÁVEL 125/250 ENDEREÇOS - 24 VOLTS","UND",null,null,{"$f":"G1887","v":1857.623}]
["INSUMO","11196/ORSE","Painel repetidor de incêndio","UN    ",1,1846.76,{"$f":"IFERROR(F1884*E1884,0)","v":1846.76}]
[{"$f":"IFERROR(INDEX(SINAPI!$E:$E,MATCH($B1885,SINAPI!$A:$A,0)),\"\")","v":"COMPOSIÇÃO"},88264,{"$f":"IFERROR(INDEX(SINAPI!$B:$B,MATCH($B1885,SINAPI!$A:$A,0)),\"\")","v":"ELETRICISTA COM ENCARGOS COMPLEMENTARES"},{"$f":"IFERROR(INDEX(SINAPI!$C:$C,MATCH($B1885,SINAPI!$A:$A,0)),\"\")","v":"H"},0.3,{"$f":"IFERROR(INDEX(SINAPI!$D:$D,MATCH($B1885,SINAPI!$A:$A,0)),0)","v":20.6},6.1800000000000006]
[{"$f":"IFERROR(INDEX(SINAPI!$E:$E,MATCH($B1886,SINAPI!$A:$A,0)),\"\")","v":"COMPOSIÇÃO"},88247,{"$f":"IFERROR(INDEX(SINAPI!$B:$B,MATCH($B1886,SINAPI!$A:$A,0)),\"\")","v":"AUXILIAR DE ELETRICISTA COM ENCARGOS COMPLEMENTARES"},{"$f":"IFERROR(INDEX(SINAPI!$C:$C,MATCH($B1886,SINAPI!$A:$A,0)),\"\")","v":"H"},0.3,{"$f":"IFERROR(INDEX(SINAPI!$D:$D,MATCH($B1886,SINAPI!$A:$A,0)),0)","v":15.61},4.6829999999999998]
[null,null,null,null,null,"TOTAL",{"$f":"SUM(G1884:G1886)","v":1857.623}]
[]
[]
["CLASSE/TIPO","CÓDIGOS/ SINAPI","DESCRIÇÃO","UND","COEFICIENTE","PREÇO UNITÁRIO","PREÇO TOTAL"]
["COMP-4159 ",null,"PRESSOSTATO ","UND",null,null,{"$f":"G1894","v":143.71}]
["INSUMO","10048/ORSE","Pressostato 0 a 10 kgf/cm2","UN    ",1,137.53,{"$f":"IFERROR(F1892*E1892,0)","v":137.53}]
[{"$f":"IFERROR(INDEX(SINAPI!$E:$E,MATCH($B1893,SINAPI!$A:$A,0)),\"\")","v":"COMPOSIÇÃO"},88264,{"$f":"IFERROR(INDEX(SINAPI!$B:$B,MATCH($B1893,SINAPI!$A:$A,0)),\"\")","v":"ELETRICISTA COM ENCARGOS COMPLEMENTARES"},{"$f":"IFERROR(INDEX(SINAPI!$C:$C,MATCH($B1893,SINAPI!$A:$A,0)),\"\")","v":"H"},0.3,{"$f":"IFERROR(INDEX(SINAPI!$D:$D,MATCH($B1893,SINAPI!$A:$A,0)),0)","v":20.6},6.1800000000000006]
[null,null,null,null,null,"TOTAL",{"$f":"SUM(G1892:G1893)","v":143.71}]
[]
[]
["CLASSE/TIPO","CÓDIGOS/ SINAPI","DESCRIÇÃO","UND","COEFICIENTE","PREÇO UNITÁRIO","PREÇO TOTAL"]
["COMP-814083",null,"DETECTORES DE FUMAÇA ÓPTICO ENDEREÇÁVEL ILUMAC OU SIMILAR","UN",null,null,{"$f":"G1902","v":246.8766}]
["INSUMO","12883/ORSE","Detector de fumaça óptico endereçável, modelo VRE-F, marca VERIN ou similar","UN    ",1,197.79,{"$f":"IFERROR(F1899*E1899,0)","v":197.79}]
[{"$f":"IFERROR(INDEX(SINAPI!$E:$E,MATCH($B1900,SINAPI!$A:$A,0)),\"\")","v":"COMPOSIÇÃO"},88316,{"$f":"IFERROR(INDEX(SINAPI!$B:$B,MATCH($B1900,SINAPI!$A:$A,0)),\"\")","v":"SERVENTE COM ENCARGOS COMPLEMENTARES"},{"$f":"IFERROR(INDEX(SINAPI!$C:$C,MATCH($B1900,SINAPI!$A:$A,0)),\"\")","v":"H"},1.38,{"$f":"IFERROR(INDEX(SINAPI!$D:$D,MATCH($B1900,SINAPI!$A:$A,0)),0)","v":15.65},21.596999999999998]
[{"$f":"IFERROR(INDEX(SINAPI!$E:$E,MATCH($B1901,SINAPI!$A:$A,0)),\"\")","v":"COMPOSIÇÃO"},88267,{"$f":"IFERROR(INDEX(SINAPI!$B:$B,MATCH($B1901,SINAPI!$A:$A,0)),\"\")","v":"ENCANADOR OU BOMBEIRO HIDRÁULICO COM ENCARGOS COMPLEMENTARES"},{"$f":"IFERROR(INDEX(SINAPI!$C:$C,MATCH($B1901,SINAPI!$A:$A,0)),\"\")","v":"H"},1.38,{"$f":"IFERROR(INDEX(SINAPI!$D:$D,MATCH($B1901,SINAPI!$A:$A,0)),0)","v":19.920000000000002},27.489599999999999]
[null,null,null,null,null,"TOTAL",{"$f":"SUM(G1899:G1901)","v":246.8766}]
[]
[]
["CLASSE/TIPO","CÓDIGOS/ SINAPI","DESCRIÇÃO","UND","COEFICIENTE","PREÇO UNITÁRIO","PREÇO TOTAL"]
["COMP-8716 ",null,"DETECTOR TERMOVELOCÍMETRO ILUMAC OU SIMILAR","UN",null,null,{"$f":"G1910","v":246.8766}]
["INSUMO","12882/ORSE","Detector de temperatura termovelocímetrico endereçável, modelo VRE-T, marca VERIN ou similar","UN",1,197.79,{"$f":"IFERROR(F1907*E1907,0)","v":197.79}]
[{"$f":"IFERROR(INDEX(SINAPI!$E:$E,MATCH($B1908,SINAPI!$A:$A,0)),\"\")","v":"COMPOSIÇÃO"},88316,{"$f":"IFERROR(INDEX(SINAPI!$B:$B,MATCH($B1908,SINAPI!$A:$A,0)),\"\")","v":"SERVENTE COM ENCARGOS COMPLEMENTARES"},{"$f":"IFERROR(INDEX(SINAPI!$C:$C,MATCH($B1908,SINAPI!$A:$A,0)),\"\")","v":"H"},1.38,{"$f":"IFERROR(INDEX(SINAPI!$D:$D,MATCH($B1908,SINAPI!$A:$A,0)),0)","v":15.65},21.596999999999998]
[{"$f":"IFERROR(INDEX(SINAPI!$E:$E,MATCH($B1909,SINAPI!$A:$A,0)),\"\")","v":"COMPOSIÇÃO"},88267,{"$f":"IFERROR(INDEX(SINAPI!$B:$B,MATCH($B1909,SINAPI!$A:$A,0)),\"\")","v":"ENCANADOR OU BOMBEIRO HIDRÁULICO COM ENCARGOS COMPLEMENTARES"},{"$f":"IFERROR(INDEX(SINAPI!$C:$C,MATCH($B1909,SINAPI!$A:$A,0)),\"\")","v":"H"},1.38,{"$f":"IFERROR(INDEX(SINAPI!$D:$D,MATCH($B1909,SINAPI!$A:$A,0)),0)","v":19.920000000000002},27.489599999999999]
[null,null,null,null,null,"TOTAL",{"$f":"SUM(G1907:G1909)","v":246.8766}]
[]
[]
["CLASSE/TIPO","CÓDIGOS/ SINAPI","DESCRIÇÃO","UND","COEFICIENTE","PREÇO UNITÁRIO","PREÇO TOTAL"]
["COMP-897373",null,"ACIONADOR MANUAL DO SISTEMA DE DETECÇÃO E ALARME","UND",null,null,{"$f":"G1918","v":132.36200000000002}]
["INSUMO","12664/ORSE","Acionador manual com botoeira \" aperte aqui\" - endereçável\n","UN",1,125.12,{"$f":"IFERROR(F1915*E1915,0)","v":125.12}]
[{"$f":"IFERROR(INDEX(SINAPI!$E:$E,MATCH($B1916,SINAPI!$A:$A,0)),\"\")","v":"COMPOSIÇÃO"},88247,{"$f":"IFERROR(INDEX(SINAPI!$B:$B,MATCH($B1916,SINAPI!$A:$A,0)),\"\")","v":"AUXILIAR DE ELETRICISTA COM ENCARGOS COMPLEMENTARES"},{"$f":"IFERROR(INDEX(SINAPI!$C:$C,MATCH($B1916,SINAPI!$A:$A,0)),\"\")","v":"H"},0.2,{"$f":"IFERROR(INDEX(SINAPI!$D:$D,MATCH($B1916,SINAPI!$A:$A,0)),0)","v":15.61},3.1219999999999999]
[{"$f":"IFERROR(INDEX(SINAPI!$E:$E,MATCH($B1917,SINAPI!$A:$A,0)),\"\")","v":"COMPOSIÇÃO"},88264,{"$f":"IFERROR(INDEX(SINAPI!$B:$B,MATCH($B1917,SINAPI!$A:$A,0)),\"\")","v":"ELETRICISTA COM ENCARGOS COMPLEMENTARES"},{"$f":"IFERROR(INDEX(SINAPI!$C:$C,MATCH($B1917,SINAPI!$A:$A,0)),\"\")","v":"H"},0.2,{"$f":"IFERROR(INDEX(SINAPI!$D:$D,MATCH($B1917,SINAPI!$A:$A,0)),0)","v":20.6},4.12]
[null,null,null,null,null,"TOTAL",{"$f":"SUM(G1915:G1917)","v":132.36200000000002}]
[]
[]
["CLASSE/TIPO","CÓDIGOS/ SINAPI","DESCRIÇÃO","UND","COEFICIENTE","PREÇO UNITÁRIO","PREÇO TOTAL"]
["COMP-711596",null,"ACIONADOR MANUAL DE BOMBA DE INCÊNDIO ","UND",null,null,{"$f":"G1926","v":128.6181}]
["INSUMO","07611/ORSE","Acionador manual (botoeira) tipo quebra-vidro, p/incendio","UN    ",1,106.53,{"$f":"IFERROR(F1923*E1923,0)","v":106.53}]
[{"$f":"IFERROR(INDEX(SINAPI!$E:$E,MATCH($B1924,SINAPI!$A:$A,0)),\"\")","v":"COMPOSIÇÃO"},88247,{"$f":"IFERROR(INDEX(SINAPI!$B:$B,MATCH($B1924,SINAPI!$A:$A,0)),\"\")","v":"AUXILIAR DE ELETRICISTA COM ENCARGOS COMPLEMENTARES"},{"$f":"IFERROR(INDEX(SINAPI!$C:$C,MATCH($B1924,SINAPI!$A:$A,0)),\"\")","v":"H"},0.61,{"$f":"IFERROR(INDEX(SINAPI!$D:$D,MATCH($B1924,SINAPI!$A:$A,0)),0)","v":15.61},9.5221]
[{"$f":"IFERROR(INDEX(SINAPI!$E:$E,MATCH($B1925,SINAPI!$A:$A,0)),\"\")","v":"COMPOSIÇÃO"},88264,{"$f":"IFERROR(INDEX(SINAPI!$B:$B,MATCH($B1925,SINAPI!$A:$A,0)),\"\")","v":"ELETRICISTA COM ENCARGOS COMPLEMENTARES"},{"$f":"IFERROR(INDEX(SINAPI!$C:$C,MATCH($B1925,SINAPI!$A:$A,0)),\"\")","v":"H"},0.61,{"$f":"IFERROR(INDEX(SINAPI!$D:$D,MATCH($B1925,SINAPI!$A:$A,0)),0)","v":20.6},12.566000000000001]
[null,null,null,null,null,"TOTAL",{"$f":"SUM(G1923:G1925)","v":128.6181}]
[]
[]
["CLASSE/TIPO","CÓDIGOS/ SINAPI","DESCRIÇÃO","UND","COEFICIENTE","PREÇO UNITÁRIO","PREÇO TOTAL"]
["COMP-5931",null,"MANGUEIRA DE INCÊNDIO DIAMENTRO INTERNO 38 MM E COMPRIMENTO DE 15 M","UN",null,null,{"$f":"G1933","v":351.50799999999998}]
[{"$f":"IFERROR(INDEX(SINAPI!$E:$E,MATCH($B1931,SINAPI!$A:$A,0)),\"\")","v":"INSUMO"},21029,{"$f":"IFERROR(INDEX(SINAPI!$B:$B,MATCH($B1931,SINAPI!$A:$A,0)),\"\")","v":"MANGUEIRA DE INCENDIO, TIPO 1, DE 1 1/2\", COMPRIMENTO = 15 M, TECIDO EM FIO DE POLIESTER E TUBO INTERNO EM BORRACHA SINTETICA, COM UNIOES ENGATE RAPIDO                                                                                                                                                                                                                                                                                                                                                   "},{"$f":"IFERROR(INDEX(SINAPI!$C:$C,MATCH($B1931,SINAPI!$A:$A,0)),\"\")","v":"UN    "},1,{"$f":"IFERROR(INDEX(SINAPI!$D:$D,MATCH($B1931,SINAPI!$A:$A,0)),0)","v":350},{"$f":"IFERROR(F1931*E1931,0)","v":350}]
[{"$f":"IFERROR(INDEX(SINAPI!$E:$E,MATCH($B1932,SINAPI!$A:$A,0)),\"\")","v":"COMPOSIÇÃO"},88248,{"$f":"IFERROR(INDEX(SINAPI!$B:$B,MATCH($B1932,SINAPI!$A:$A,0)),\"\")","v":"AUXILIAR DE ENCANADOR OU BOMBEIRO HIDRÁULICO COM ENCARGOS COMPLEMENTARES"},{"$f":"IFERROR(INDEX(SINAPI!$C:$C,MATCH($B1932,SINAPI!$A:$A,0)),\"\")","v":"H"},0.1,{"$f":"IFERROR(INDEX(SINAPI!$D:$D,MATCH($B1932,SINAPI!$A:$A,0)),0)","v":15.08},1.508]
[null,null,null,null,null,"TOTAL",{"$f":"SUM(G1931:G1932)","v":351.50799999999998}]
[]
[]
["CLASSE/TIPO","CÓDIGOS/ SINAPI","DESCRIÇÃO","UND","COEFICIENTE","PREÇO UNITÁRIO","PREÇO TOTAL"]
["COMP-5222 ",null,"ADAPTADOR PARA ENGATE STORZ - ⌀ 63 MM X ⌀ 63 MM","UN",null,null,{"$f":"G1940","v":74.272000000000006}]
[{"$f":"IFERROR(INDEX(SINAPI!$E:$E,MATCH($B1938,SINAPI!$A:$A,0)),\"\")","v":"INSUMO"},10899,{"$f":"IFERROR(INDEX(SINAPI!$B:$B,MATCH($B1938,SINAPI!$A:$A,0)),\"\")","v":"ADAPTADOR, EM LATAO, ENGATE RAPIDO 2 1/2\" X ROSCA INTERNA 5 FIOS 2 1/2\",  PARA INSTALACAO PREDIAL DE COMBATE A INCENDIO                                                                                                                                                                                                                                                                                                                                                                                   "},{"$f":"IFERROR(INDEX(SINAPI!$C:$C,MATCH($B1938,SINAPI!$A:$A,0)),\"\")","v":"UN    "},1,{"$f":"IFERROR(INDEX(SINAPI!$D:$D,MATCH($B1938,SINAPI!$A:$A,0)),0)","v":72.28},{"$f":"IFERROR(F1938*E1938,0)","v":72.28}]
[{"$f":"IFERROR(INDEX(SINAPI!$E:$E,MATCH($B1939,SINAPI!$A:$A,0)),\"\")","v":"COMPOSIÇÃO"},88267,{"$f":"IFERROR(INDEX(SINAPI!$B:$B,MATCH($B1939,SINAPI!$A:$A,0)),\"\")","v":"ENCANADOR OU BOMBEIRO HIDRÁULICO COM ENCARGOS COMPLEMENTARES"},{"$f":"IFERROR(INDEX(SINAPI!$C:$C,MATCH($B1939,SINAPI!$A:$A,0)),\"\")","v":"H"},0.1,{"$f":"IFERROR(INDEX(SINAPI!$D:$D,MATCH($B1939,SINAPI!$A:$A,0)),0)","v":19.920000000000002},1.9920000000000002]
[null,null,null,null,null,"TOTAL",{"$f":"SUM(G1938:G1939)","v":74.272000000000006}]
[]
[]
["CLASSE/TIPO","CÓDIGOS/ SINAPI","DESCRIÇÃO","UND","COEFICIENTE","PREÇO UNITÁRIO","PREÇO TOTAL"]
["COMP-8817 ",null,"ADAPTADOR DE SAIDA 2.1/2\"","UN",null,null,{"$f":"G1947","v":189.12199999999999}]
[{"$f":"IFERROR(INDEX(SINAPI!$E:$E,MATCH($B1945,SINAPI!$A:$A,0)),\"\")","v":"INSUMO"},83,{"$f":"IFERROR(INDEX(SINAPI!$B:$B,MATCH($B1945,SINAPI!$A:$A,0)),\"\")","v":"ADAPTADOR PVC SOLDAVEL, COM FLANGES LIVRES, 75 MM X 2  1/2\", PARA CAIXA D' AGUA                                                                                                                                                                                                                                                                                                                                                                                                                           "},{"$f":"IFERROR(INDEX(SINAPI!$C:$C,MATCH($B1945,SINAPI!$A:$A,0)),\"\")","v":"UN    "},1,{"$f":"IFERROR(INDEX(SINAPI!$D:$D,MATCH($B1945,SINAPI!$A:$A,0)),0)","v":187.13},{"$f":"IFERROR(F1945*E1945,0)","v":187.13}]
[{"$f":"IFERROR(INDEX(SINAPI!$E:$E,MATCH($B1946,SINAPI!$A:$A,0)),\"\")","v":"COMPOSIÇÃO"},88267,{"$f":"IFERROR(INDEX(SINAPI!$B:$B,MATCH($B1946,SINAPI!$A:$A,0)),\"\")","v":"ENCANADOR OU BOMBEIRO HIDRÁULICO COM ENCARGOS COMPLEMENTARES"},{"$f":"IFERROR(INDEX(SINAPI!$C:$C,MATCH($B1946,SINAPI!$A:$A,0)),\"\")","v":"H"},0.1,{"$f":"IFERROR(INDEX(SINAPI!$D:$D,MATCH($B1946,SINAPI!$A:$A,0)),0)","v":19.920000000000002},1.9920000000000002]
[null,null,null,null,null,"TOTAL",{"$f":"SUM(G1945:G1946)","v":189.12199999999999}]
[]
[]
["CLASSE/TIPO","CÓDIGOS/ SINAPI","DESCRIÇÃO","UND","COEFICIENTE","PREÇO UNITÁRIO","PREÇO TOTAL"]
["COMP-0173 ",null,"CURVA 90° ZINCADA 1\"","UND",null,null,{"$f":"G1954","v":30.682000000000002}]
[{"$f":"IFERROR(INDEX(SINAPI!$E:$E,MATCH($B1952,SINAPI!$A:$A,0)),\"\")","v":"INSUMO"},1787,{"$f":"IFERROR(INDEX(SINAPI!$B:$B,MATCH($B1952,SINAPI!$A:$A,0)),\"\")","v":"CURVA 90 GRAUS DE FERRO GALVANIZADO, COM ROSCA BSP FEMEA, DE 1\"                                                                                                                                                                                                                                                                                                                                                                                                                                           "},{"$f":"IFERROR(INDEX(SINAPI!$C:$C,MATCH($B1952,SINAPI!$A:$A,0)),\"\")","v":"UN    "},1,{"$f":"IFERROR(INDEX(SINAPI!$D:$D,MATCH($B1952,SINAPI!$A:$A,0)),0)","v":28.69},{"$f":"IFERROR(F1952*E1952,0)","v":28.69}]
[{"$f":"IFERROR(INDEX(SINAPI!$E:$E,MATCH($B1953,SINAPI!$A:$A,0)),\"\")","v":"COMPOSIÇÃO"},88267,{"$f":"IFERROR(INDEX(SINAPI!$B:$B,MATCH($B1953,SINAPI!$A:$A,0)),\"\")","v":"ENCANADOR OU BOMBEIRO HIDRÁULICO COM ENCARGOS COMPLEMENTARES"},{"$f":"IFERROR(INDEX(SINAPI!$C:$C,MATCH($B1953,SINAPI!$A:$A,0)),\"\")","v":"H"},0.1,{"$f":"IFERROR(INDEX(SINAPI!$D:$D,MATCH($B1953,SINAPI!$A:$A,0)),0)","v":19.920000000000002},1.9920000000000002]
[null,null,null,null,null,"TOTAL",{"$f":"SUM(G1952:G1953)","v":30.682000000000002}]
[]
[]
["CLASSE/TIPO","CÓDIGOS/ SINAPI","DESCRIÇÃO","UND","COEFICIENTE","PREÇO UNITÁRIO","PREÇO TOTAL"]
["COMP-9694",null,"ENGATE TIPO STORZ 2.1/2\"","UND",null,null,{"$f":"G1961","v":61.131999999999998}]
[{"$f":"IFERROR(INDEX(SINAPI!$E:$E,MATCH($B1959,SINAPI!$A:$A,0)),\"\")","v":"INSUMO"},10902,{"$f":"IFERROR(INDEX(SINAPI!$B:$B,MATCH($B1959,SINAPI!$A:$A,0)),\"\")","v":"ESGUICHO TIPO JATO SOLIDO, EM LATAO, ENGATE RAPIDO 1 1/2\" X 13 MM, PARA MANGUEIRA EM INSTALACAO PREDIAL COMBATE A INCENDIO                                                                                                                                                                                                                                                                                                                                                                                "},{"$f":"IFERROR(INDEX(SINAPI!$C:$C,MATCH($B1959,SINAPI!$A:$A,0)),\"\")","v":"UN    "},1,{"$f":"IFERROR(INDEX(SINAPI!$D:$D,MATCH($B1959,SINAPI!$A:$A,0)),0)","v":59.14},{"$f":"IFERROR(F1959*E1959,0)","v":59.14}]
[{"$f":"IFERROR(INDEX(SINAPI!$E:$E,MATCH($B1960,SINAPI!$A:$A,0)),\"\")","v":"COMPOSIÇÃO"},88267,{"$f":"IFERROR(INDEX(SINAPI!$B:$B,MATCH($B1960,SINAPI!$A:$A,0)),\"\")","v":"ENCANADOR OU BOMBEIRO HIDRÁULICO COM ENCARGOS COMPLEMENTARES"},{"$f":"IFERROR(INDEX(SINAPI!$C:$C,MATCH($B1960,SINAPI!$A:$A,0)),\"\")","v":"H"},0.1,{"$f":"IFERROR(INDEX(SINAPI!$D:$D,MATCH($B1960,SINAPI!$A:$A,0)),0)","v":19.920000000000002},1.9920000000000002]
[null,null,null,null,null,"TOTAL",{"$f":"SUM(G1959:G1960)","v":61.131999999999998}]
[]
[]
["CLASSE/TIPO","CÓDIGOS/ SINAPI","DESCRIÇÃO","UND","COEFICIENTE","PREÇO UNITÁRIO","PREÇO TOTAL"]
["COMP-8926 ",null,"REGISTRO GLOBO ANGULAR 45 GRAUS ⌀ 63 MM","UN",null,null,{"$f":"G1968","v":166.99199999999999}]
[{"$f":"IFERROR(INDEX(SINAPI!$E:$E,MATCH($B1966,SINAPI!$A:$A,0)),\"\")","v":"INSUMO"},10904,{"$f":"IFERROR(INDEX(SINAPI!$B:$B,MATCH($B1966,SINAPI!$A:$A,0)),\"\")","v":"REGISTRO OU VALVULA GLOBO ANGULAR EM LATAO, PARA HIDRANTES EM INSTALACAO PREDIAL DE INCENDIO, 45 GRAUS, DIAMETRO DE 2 1/2\", COM VOLANTE, CLASSE DE PRESSAO DE ATE 200 PSI                                                                                                                                                                                                                                                                                                                                 "},{"$f":"IFERROR(INDEX(SINAPI!$C:$C,MATCH($B1966,SINAPI!$A:$A,0)),\"\")","v":"UN    "},1,{"$f":"IFERROR(INDEX(SINAPI!$D:$D,MATCH($B1966,SINAPI!$A:$A,0)),0)","v":165},{"$f":"IFERROR(F1966*E1966,0)","v":165}]
[{"$f":"IFERROR(INDEX(SINAPI!$E:$E,MATCH($B1967,SINAPI!$A:$A,0)),\"\")","v":"COMPOSIÇÃO"},88267,{"$f":"IFERROR(INDEX(SINAPI!$B:$B,MATCH($B1967,SINAPI!$A:$A,0)),\"\")","v":"ENCANADOR OU BOMBEIRO HIDRÁULICO COM ENCARGOS COMPLEMENTARES"},{"$f":"IFERROR(INDEX(SINAPI!$C:$C,MATCH($B1967,SINAPI!$A:$A,0)),\"\")","v":"H"},0.1,{"$f":"IFERROR(INDEX(SINAPI!$D:$D,MATCH($B1967,SINAPI!$A:$A,0)),0)","v":19.920000000000002},1.9920000000000002]
[null,null,null,null,null,"TOTAL",{"$f":"SUM(G1966:G1967)","v":166.99199999999999}]
[]
[]
["CLASSE/TIPO","CÓDIGOS/ SINAPI","DESCRIÇÃO","UND","COEFICIENTE","PREÇO UNITÁRIO","PREÇO TOTAL"]
["COMP-4309 ",null,"ESQUICHO TRONCO CONICO - ⌀ 38 MM X ⌀ 13 MM OU 16 MM","UN",null,null,{"$f":"G1975","v":61.131999999999998}]
[{"$f":"IFERROR(INDEX(SINAPI!$E:$E,MATCH($B1973,SINAPI!$A:$A,0)),\"\")","v":"INSUMO"},10902,{"$f":"IFERROR(INDEX(SINAPI!$B:$B,MATCH($B1973,SINAPI!$A:$A,0)),\"\")","v":"ESGUICHO TIPO JATO SOLIDO, EM LATAO, ENGATE RAPIDO 1 1/2\" X 13 MM, PARA MANGUEIRA EM INSTALACAO PREDIAL COMBATE A INCENDIO                                                                                                                                                                                                                                                                                                                                                                                "},{"$f":"IFERROR(INDEX(SINAPI!$C:$C,MATCH($B1973,SINAPI!$A:$A,0)),\"\")","v":"UN    "},1,{"$f":"IFERROR(INDEX(SINAPI!$D:$D,MATCH($B1973,SINAPI!$A:$A,0)),0)","v":59.14},{"$f":"IFERROR(F1973*E1973,0)","v":59.14}]
[{"$f":"IFERROR(INDEX(SINAPI!$E:$E,MATCH($B1974,SINAPI!$A:$A,0)),\"\")","v":"COMPOSIÇÃO"},88267,{"$f":"IFERROR(INDEX(SINAPI!$B:$B,MATCH($B1974,SINAPI!$A:$A,0)),\"\")","v":"ENCANADOR OU BOMBEIRO HIDRÁULICO COM ENCARGOS COMPLEMENTARES"},{"$f":"IFERROR(INDEX(SINAPI!$C:$C,MATCH($B1974,SINAPI!$A:$A,0)),\"\")","v":"H"},0.1,{"$f":"IFERROR(INDEX(SINAPI!$D:$D,MATCH($B1974,SINAPI!$A:$A,0)),0)","v":19.920000000000002},1.9920000000000002]
[null,null,null,null,null,"TOTAL",{"$f":"SUM(G1973:G1974)","v":61.131999999999998}]
[]
[]
["CLASSE/TIPO","CÓDIGOS/ SINAPI","DESCRIÇÃO","UND","COEFICIENTE","PREÇO UNITÁRIO","PREÇO TOTAL"]
["COMP-5897 ",null,"TAMPA EM FERRO FUNDIDO - 50 X 40 CM","UN",null,null,{"$f":"G1982","v":9.7119999999999997}]
[{"$f":"IFERROR(INDEX(SINAPI!$E:$E,MATCH($B1980,SINAPI!$A:$A,0)),\"\")","v":"INSUMO"},1170,{"$f":"IFERROR(INDEX(SINAPI!$B:$B,MATCH($B1980,SINAPI!$A:$A,0)),\"\")","v":"CAP OU TAMPAO DE FERRO GALVANIZADO, COM ROSCA BSP, DE 1\"                                                                                                                                                                                                                                                                                                                                                                                                                                                  "},{"$f":"IFERROR(INDEX(SINAPI!$C:$C,MATCH($B1980,SINAPI!$A:$A,0)),\"\")","v":"UN    "},1,{"$f":"IFERROR(INDEX(SINAPI!$D:$D,MATCH($B1980,SINAPI!$A:$A,0)),0)","v":7.72},{"$f":"IFERROR(F1980*E1980,0)","v":7.72}]
[{"$f":"IFERROR(INDEX(SINAPI!$E:$E,MATCH($B1981,SINAPI!$A:$A,0)),\"\")","v":"COMPOSIÇÃO"},88267,{"$f":"IFERROR(INDEX(SINAPI!$B:$B,MATCH($B1981,SINAPI!$A:$A,0)),\"\")","v":"ENCANADOR OU BOMBEIRO HIDRÁULICO COM ENCARGOS COMPLEMENTARES"},{"$f":"IFERROR(INDEX(SINAPI!$C:$C,MATCH($B1981,SINAPI!$A:$A,0)),\"\")","v":"H"},0.1,{"$f":"IFERROR(INDEX(SINAPI!$D:$D,MATCH($B1981,SINAPI!$A:$A,0)),0)","v":19.920000000000002},1.9920000000000002]
[null,null,null,null,null,"TOTAL",{"$f":"SUM(G1980:G1981)","v":9.7119999999999997}]
[]
[]
["CLASSE/TIPO","CÓDIGOS/ SINAPI","DESCRIÇÃO","UND","COEFICIENTE","PREÇO UNITÁRIO","PREÇO TOTAL"]
["COMP-4994 ",null,"VALVULA DE RETENÇÃO HORIZONTAL - ⌀ 63 MM","UN",null,null,{"$f":"G1989","v":422.28200000000004}]
[{"$f":"IFERROR(INDEX(SINAPI!$E:$E,MATCH($B1987,SINAPI!$A:$A,0)),\"\")","v":"INSUMO"},10405,{"$f":"IFERROR(INDEX(SINAPI!$B:$B,MATCH($B1987,SINAPI!$A:$A,0)),\"\")","v":"VALVULA DE RETENCAO HORIZONTAL, DE BRONZE (PN-25), 2 1/2\", 400 PSI, TAMPA DE PORCA DE UNIAO, EXTREMIDADES COM ROSCA                                                                                                                                                                                                                                                                                                                                                                                       "},{"$f":"IFERROR(INDEX(SINAPI!$C:$C,MATCH($B1987,SINAPI!$A:$A,0)),\"\")","v":"UN    "},1,{"$f":"IFERROR(INDEX(SINAPI!$D:$D,MATCH($B1987,SINAPI!$A:$A,0)),0)","v":420.29},{"$f":"IFERROR(F1987*E1987,0)","v":420.29}]
[{"$f":"IFERROR(INDEX(SINAPI!$E:$E,MATCH($B1988,SINAPI!$A:$A,0)),\"\")","v":"COMPOSIÇÃO"},88267,{"$f":"IFERROR(INDEX(SINAPI!$B:$B,MATCH($B1988,SINAPI!$A:$A,0)),\"\")","v":"ENCANADOR OU BOMBEIRO HIDRÁULICO COM ENCARGOS COMPLEMENTARES"},{"$f":"IFERROR(INDEX(SINAPI!$C:$C,MATCH($B1988,SINAPI!$A:$A,0)),\"\")","v":"H"},0.1,{"$f":"IFERROR(INDEX(SINAPI!$D:$D,MATCH($B1988,SINAPI!$A:$A,0)),0)","v":19.920000000000002},1.9920000000000002]
[null,null,null,null,null,"TOTAL",{"$f":"SUM(G1987:G1988)","v":422.28200000000004}]
[]
[]
["CLASSE/TIPO","CÓDIGOS/ SINAPI","DESCRIÇÃO","UND","COEFICIENTE","PREÇO UNITÁRIO","PREÇO TOTAL"]
["COMP-6265 ",null,"VALVULA RETENÇÃO VERTICAL BRONZE ( PN 16) 2.1/2\"COM LUVAS MACHO-FÊMEA ","UN",null,null,{"$f":"G1996","v":262.74200000000002}]
[{"$f":"IFERROR(INDEX(SINAPI!$E:$E,MATCH($B1994,SINAPI!$A:$A,0)),\"\")","v":"INSUMO"},12657,{"$f":"IFERROR(INDEX(SINAPI!$B:$B,MATCH($B1994,SINAPI!$A:$A,0)),\"\")","v":"VALVULA DE RETENCAO VERTICAL, DE BRONZE (PN-16), 2 1/2\", 200 PSI, EXTREMIDADES COM ROSCA                                                                                                                                                                                                                                                                                                                                                                                                                  "},{"$f":"IFERROR(INDEX(SINAPI!$C:$C,MATCH($B1994,SINAPI!$A:$A,0)),\"\")","v":"UN    "},1,{"$f":"IFERROR(INDEX(SINAPI!$D:$D,MATCH($B1994,SINAPI!$A:$A,0)),0)","v":260.75},{"$f":"IFERROR(F1994*E1994,0)","v":260.75}]
[{"$f":"IFERROR(INDEX(SINAPI!$E:$E,MATCH($B1995,SINAPI!$A:$A,0)),\"\")","v":"COMPOSIÇÃO"},88267,{"$f":"IFERROR(INDEX(SINAPI!$B:$B,MATCH($B1995,SINAPI!$A:$A,0)),\"\")","v":"ENCANADOR OU BOMBEIRO HIDRÁULICO COM ENCARGOS COMPLEMENTARES"},{"$f":"IFERROR(INDEX(SINAPI!$C:$C,MATCH($B1995,SINAPI!$A:$A,0)),\"\")","v":"H"},0.1,{"$f":"IFERROR(INDEX(SINAPI!$D:$D,MATCH($B1995,SINAPI!$A:$A,0)),0)","v":19.920000000000002},1.9920000000000002]
[null,null,null,null,null,"TOTAL",{"$f":"SUM(G1994:G1995)","v":262.74200000000002}]
[]
[]
["CLASSE/TIPO","CÓDIGOS/ SINAPI","DESCRIÇÃO","UND","COEFICIENTE","PREÇO UNITÁRIO","PREÇO TOTAL"]
["COMP-9594 ",null,"VÁLVULA RETENÇÃO HORIZONTAL BRONZE ( PN 16) 2.1/2\"COM LUVAS MACHO-FÊMEA ","UN",null,null,{"$f":"G2003","v":422.28200000000004}]
[{"$f":"IFERROR(INDEX(SINAPI!$E:$E,MATCH($B2001,SINAPI!$A:$A,0)),\"\")","v":"INSUMO"},10405,{"$f":"IFERROR(INDEX(SINAPI!$B:$B,MATCH($B2001,SINAPI!$A:$A,0)),\"\")","v":"VALVULA DE RETENCAO HORIZONTAL, DE BRONZE (PN-25), 2 1/2\", 400 PSI, TAMPA DE PORCA DE UNIAO, EXTREMIDADES COM ROSCA                                                                                                                                                                                                                                                                                                                                                                                       "},{"$f":"IFERROR(INDEX(SINAPI!$C:$C,MATCH($B2001,SINAPI!$A:$A,0)),\"\")","v":"UN    "},1,{"$f":"IFERROR(INDEX(SINAPI!$D:$D,MATCH($B2001,SINAPI!$A:$A,0)),0)","v":420.29},{"$f":"IFERROR(F2001*E2001,0)","v":420.29}]
[{"$f":"IFERROR(INDEX(SINAPI!$E:$E,MATCH($B2002,SINAPI!$A:$A,0)),\"\")","v":"COMPOSIÇÃO"},88267,{"$f":"IFERROR(INDEX(SINAPI!$B:$B,MATCH($B2002,SINAPI!$A:$A,0)),\"\")","v":"ENCANADOR OU BOMBEIRO HIDRÁULICO COM ENCARGOS COMPLEMENTARES"},{"$f":"IFERROR(INDEX(SINAPI!$C:$C,MATCH($B2002,SINAPI!$A:$A,0)),\"\")","v":"H"},0.1,{"$f":"IFERROR(INDEX(SINAPI!$D:$D,MATCH($B2002,SINAPI!$A:$A,0)),0)","v":19.920000000000002},1.9920000000000002]
[null,null,null,null,null,"TOTAL",{"$f":"SUM(G2001:G2002)","v":422.28200000000004}]
[]
[]
["CLASSE/TIPO","CÓDIGOS/ SINAPI","DESCRIÇÃO","UND","COEFICIENTE","PREÇO UNITÁRIO","PREÇO TOTAL"]
["COMP-9134 ",null,"TE DE FERRO GALVANIZADO 90 º - 2.1/2\"","UN",null,null,{"$f":"G2010","v":97.542000000000002}]
[{"$f":"IFERROR(INDEX(SINAPI!$E:$E,MATCH($B2008,SINAPI!$A:$A,0)),\"\")","v":"INSUMO"},6299,{"$f":"IFERROR(INDEX(SINAPI!$B:$B,MATCH($B2008,SINAPI!$A:$A,0)),\"\")","v":"TE DE FERRO GALVANIZADO, DE 2 1/2\"                                                                                                                                                                                                                                                                                                                                                                                                                                                                        "},{"$f":"IFERROR(INDEX(SINAPI!$C:$C,MATCH($B2008,SINAPI!$A:$A,0)),\"\")","v":"UN    "},1,{"$f":"IFERROR(INDEX(SINAPI!$D:$D,MATCH($B2008,SINAPI!$A:$A,0)),0)","v":95.55},{"$f":"IFERROR(F2008*E2008,0)","v":95.55}]
[{"$f":"IFERROR(INDEX(SINAPI!$E:$E,MATCH($B2009,SINAPI!$A:$A,0)),\"\")","v":"COMPOSIÇÃO"},88267,{"$f":"IFERROR(INDEX(SINAPI!$B:$B,MATCH($B2009,SINAPI!$A:$A,0)),\"\")","v":"ENCANADOR OU BOMBEIRO HIDRÁULICO COM ENCARGOS COMPLEMENTARES"},{"$f":"IFERROR(INDEX(SINAPI!$C:$C,MATCH($B2009,SINAPI!$A:$A,0)),\"\")","v":"H"},0.1,{"$f":"IFERROR(INDEX(SINAPI!$D:$D,MATCH($B2009,SINAPI!$A:$A,0)),0)","v":19.920000000000002},1.9920000000000002]
[null,null,null,null,null,"TOTAL",{"$f":"SUM(G2008:G2009)","v":97.542000000000002}]
[]
[]
["CLASSE/TIPO","CÓDIGOS/ SINAPI","DESCRIÇÃO","UND","COEFICIENTE","PREÇO UNITÁRIO","PREÇO TOTAL"]
["COMP-4947 ",null,"FLANGE SEXTAVADO GALVANIZADO ","UN",null,null,{"$f":"G2017","v":76.822000000000003}]
[{"$f":"IFERROR(INDEX(SINAPI!$E:$E,MATCH($B2015,SINAPI!$A:$A,0)),\"\")","v":"INSUMO"},3267,{"$f":"IFERROR(INDEX(SINAPI!$B:$B,MATCH($B2015,SINAPI!$A:$A,0)),\"\")","v":"FLANGE SEXTAVADO DE FERRO GALVANIZADO, COM ROSCA BSP, DE 2 1/2\"                                                                                                                                                                                                                                                                                                                                                                                                                                           "},{"$f":"IFERROR(INDEX(SINAPI!$C:$C,MATCH($B2015,SINAPI!$A:$A,0)),\"\")","v":"UN    "},1,{"$f":"IFERROR(INDEX(SINAPI!$D:$D,MATCH($B2015,SINAPI!$A:$A,0)),0)","v":74.83},{"$f":"IFERROR(F2015*E2015,0)","v":74.83}]
[{"$f":"IFERROR(INDEX(SINAPI!$E:$E,MATCH($B2016,SINAPI!$A:$A,0)),\"\")","v":"COMPOSIÇÃO"},88267,{"$f":"IFERROR(INDEX(SINAPI!$B:$B,MATCH($B2016,SINAPI!$A:$A,0)),\"\")","v":"ENCANADOR OU BOMBEIRO HIDRÁULICO COM ENCARGOS COMPLEMENTARES"},{"$f":"IFERROR(INDEX(SINAPI!$C:$C,MATCH($B2016,SINAPI!$A:$A,0)),\"\")","v":"H"},0.1,{"$f":"IFERROR(INDEX(SINAPI!$D:$D,MATCH($B2016,SINAPI!$A:$A,0)),0)","v":19.920000000000002},1.9920000000000002]
[null,null,null,null,null,"TOTAL",{"$f":"SUM(G2015:G2016)","v":76.822000000000003}]
[]
[]
["CLASSE/TIPO","CÓDIGOS/ SINAPI","DESCRIÇÃO","UND","COEFICIENTE","PREÇO UNITÁRIO","PREÇO TOTAL"]
["COMP-4033 ",null,"CHAVE PARA CONEXÃO DE MANGUEIRA TIPO STORZ ENGATE RÁPIDO DUPLA","UN",null,null,{"$f":"G2024","v":17.702000000000002}]
[{"$f":"IFERROR(INDEX(SINAPI!$E:$E,MATCH($B2022,SINAPI!$A:$A,0)),\"\")","v":"INSUMO"},20971,{"$f":"IFERROR(INDEX(SINAPI!$B:$B,MATCH($B2022,SINAPI!$A:$A,0)),\"\")","v":"CHAVE DUPLA PARA CONEXOES TIPO STORZ, ENGATE RAPIDO 1 1/2\" X 2 1/2\", EM LATAO, PARA INSTALACAO PREDIAL COMBATE A INCENDIO                                                                                                                                                                                                                                                                                                                                                                                 "},{"$f":"IFERROR(INDEX(SINAPI!$C:$C,MATCH($B2022,SINAPI!$A:$A,0)),\"\")","v":"UN    "},1,{"$f":"IFERROR(INDEX(SINAPI!$D:$D,MATCH($B2022,SINAPI!$A:$A,0)),0)","v":15.71},{"$f":"IFERROR(F2022*E2022,0)","v":15.71}]
[{"$f":"IFERROR(INDEX(SINAPI!$E:$E,MATCH($B2023,SINAPI!$A:$A,0)),\"\")","v":"COMPOSIÇÃO"},88267,{"$f":"IFERROR(INDEX(SINAPI!$B:$B,MATCH($B2023,SINAPI!$A:$A,0)),\"\")","v":"ENCANADOR OU BOMBEIRO HIDRÁULICO COM ENCARGOS COMPLEMENTARES"},{"$f":"IFERROR(INDEX(SINAPI!$C:$C,MATCH($B2023,SINAPI!$A:$A,0)),\"\")","v":"H"},0.1,{"$f":"IFERROR(INDEX(SINAPI!$D:$D,MATCH($B2023,SINAPI!$A:$A,0)),0)","v":19.920000000000002},1.9920000000000002]
[null,null,null,null,null,"TOTAL",{"$f":"SUM(G2022:G2023)","v":17.702000000000002}]
[]
[]
["CLASSE/TIPO","CÓDIGOS/ SINAPI","DESCRIÇÃO","UND","COEFICIENTE","PREÇO UNITÁRIO","PREÇO TOTAL"]
["COMP-6223 ",null,"REDUÇÃO GIRATÓRIA TIPO STORZ - BRONZE OU LATÃO 2.1/2\" X 1.1/2\"","UN",null,null,{"$f":"G2031","v":119.842}]
[{"$f":"IFERROR(INDEX(SINAPI!$E:$E,MATCH($B2029,SINAPI!$A:$A,0)),\"\")","v":"INSUMO"},20972,{"$f":"IFERROR(INDEX(SINAPI!$B:$B,MATCH($B2029,SINAPI!$A:$A,0)),\"\")","v":"REDUCAO FIXA TIPO STORZ, ENGATE RAPIDO 2.1/2\" X 1.1/2\", EM LATAO, PARA INSTALACAO PREDIAL COMBATE A INCENDIO PREDIAL                                                                                                                                                                                                                                                                                                                                                                                      "},{"$f":"IFERROR(INDEX(SINAPI!$C:$C,MATCH($B2029,SINAPI!$A:$A,0)),\"\")","v":"UN    "},1,{"$f":"IFERROR(INDEX(SINAPI!$D:$D,MATCH($B2029,SINAPI!$A:$A,0)),0)","v":117.85},{"$f":"IFERROR(F2029*E2029,0)","v":117.85}]
[{"$f":"IFERROR(INDEX(SINAPI!$E:$E,MATCH($B2030,SINAPI!$A:$A,0)),\"\")","v":"COMPOSIÇÃO"},88267,{"$f":"IFERROR(INDEX(SINAPI!$B:$B,MATCH($B2030,SINAPI!$A:$A,0)),\"\")","v":"ENCANADOR OU BOMBEIRO HIDRÁULICO COM ENCARGOS COMPLEMENTARES"},{"$f":"IFERROR(INDEX(SINAPI!$C:$C,MATCH($B2030,SINAPI!$A:$A,0)),\"\")","v":"H"},0.1,{"$f":"IFERROR(INDEX(SINAPI!$D:$D,MATCH($B2030,SINAPI!$A:$A,0)),0)","v":19.920000000000002},1.9920000000000002]
[null,null,null,null,null,"TOTAL",{"$f":"SUM(G2029:G2030)","v":119.842}]
[]
[]
["CLASSE/TIPO","CÓDIGOS/ SINAPI","DESCRIÇÃO","UND","COEFICIENTE","PREÇO UNITÁRIO","PREÇO TOTAL"]
["COMP-7706 ",null,"TAMPÃO CEGO TIPO STORZ COM CORRENTE","UN",null,null,{"$f":"G2038","v":88.412000000000006}]
[{"$f":"IFERROR(INDEX(SINAPI!$E:$E,MATCH($B2036,SINAPI!$A:$A,0)),\"\")","v":"INSUMO"},10905,{"$f":"IFERROR(INDEX(SINAPI!$B:$B,MATCH($B2036,SINAPI!$A:$A,0)),\"\")","v":"TAMPAO COM CORRENTE, EM LATAO, ENGATE RAPIDO 2 1/2\", PARA INSTALACAO PREDIAL DE COMBATE A INCENDIO                                                                                                                                                                                                                                                                                                                                                                                                        "},{"$f":"IFERROR(INDEX(SINAPI!$C:$C,MATCH($B2036,SINAPI!$A:$A,0)),\"\")","v":"UN    "},1,{"$f":"IFERROR(INDEX(SINAPI!$D:$D,MATCH($B2036,SINAPI!$A:$A,0)),0)","v":86.42},{"$f":"IFERROR(F2036*E2036,0)","v":86.42}]
[{"$f":"IFERROR(INDEX(SINAPI!$E:$E,MATCH($B2037,SINAPI!$A:$A,0)),\"\")","v":"COMPOSIÇÃO"},88267,{"$f":"IFERROR(INDEX(SINAPI!$B:$B,MATCH($B2037,SINAPI!$A:$A,0)),\"\")","v":"ENCANADOR OU BOMBEIRO HIDRÁULICO COM ENCARGOS COMPLEMENTARES"},{"$f":"IFERROR(INDEX(SINAPI!$C:$C,MATCH($B2037,SINAPI!$A:$A,0)),\"\")","v":"H"},0.1,{"$f":"IFERROR(INDEX(SINAPI!$D:$D,MATCH($B2037,SINAPI!$A:$A,0)),0)","v":19.920000000000002},1.9920000000000002]
[null,null,null,null,null,"TOTAL",{"$f":"SUM(G2036:G2037)","v":88.412000000000006}]
[]
[]
["CLASSE/TIPO","CÓDIGOS/ SINAPI","DESCRIÇÃO","UND","COEFICIENTE","PREÇO UNITÁRIO","PREÇO TOTAL"]
["COMP-208907",null,"CAIXA DE PASSAGEM EM ALVENARIA 50 X 50 CM COM FUNDO EM CONCRETO","UN",null,null,{"$f":"G2052","v":198.00418200000001}]
[{"$f":"IFERROR(INDEX(SINAPI!$E:$E,MATCH($B2043,SINAPI!$A:$A,0)),\"\")","v":"INSUMO"},4718,{"$f":"IFERROR(INDEX(SINAPI!$B:$B,MATCH($B2043,SINAPI!$A:$A,0)),\"\")","v":"PEDRA BRITADA N. 2 (19 A 38 MM) POSTO PEDREIRA/FORNECEDOR, SEM FRETE                                                                                                                                                                                                                                                                                                                                                                                                                                      "},{"$f":"IFERROR(INDEX(SINAPI!$C:$C,MATCH($B2043,SINAPI!$A:$A,0)),\"\")","v":"M3    "},3.6499999999999998E-2,{"$f":"IFERROR(INDEX(SINAPI!$D:$D,MATCH($B2043,SINAPI!$A:$A,0)),0)","v":79.849999999999994},{"$f":"IFERROR(F2043*E2043,0)","v":2.9145249999999998}]
[{"$f":"IFERROR(INDEX(SINAPI!$E:$E,MATCH($B2044,SINAPI!$A:$A,0)),\"\")","v":"INSUMO"},1379,{"$f":"IFERROR(INDEX(SINAPI!$B:$B,MATCH($B2044,SINAPI!$A:$A,0)),\"\")","v":"CIMENTO PORTLAND COMPOSTO CP II-32                                                                                                                                                                                                                                                                                                                                                                                                                                                                        "},{"$f":"IFERROR(INDEX(SINAPI!$C:$C,MATCH($B2044,SINAPI!$A:$A,0)),\"\")","v":"KG    "},18.5,{"$f":"IFERROR(INDEX(SINAPI!$D:$D,MATCH($B2044,SINAPI!$A:$A,0)),0)","v":0.66},12.21]
[{"$f":"IFERROR(INDEX(SINAPI!$E:$E,MATCH($B2045,SINAPI!$A:$A,0)),\"\")","v":"INSUMO"},1106,{"$f":"IFERROR(INDEX(SINAPI!$B:$B,MATCH($B2045,SINAPI!$A:$A,0)),\"\")","v":"CAL HIDRATADA CH-I PARA ARGAMASSAS                                                                                                                                                                                                                                                                                                                                                                                                                                                                        "},{"$f":"IFERROR(INDEX(SINAPI!$C:$C,MATCH($B2045,SINAPI!$A:$A,0)),\"\")","v":"KG    "},3,{"$f":"IFERROR(INDEX(SINAPI!$D:$D,MATCH($B2045,SINAPI!$A:$A,0)),0)","v":0.8},2.4000000000000004]
[{"$f":"IFERROR(INDEX(SINAPI!$E:$E,MATCH($B2046,SINAPI!$A:$A,0)),\"\")","v":"INSUMO"},370,{"$f":"IFERROR(INDEX(SINAPI!$B:$B,MATCH($B2046,SINAPI!$A:$A,0)),\"\")","v":"AREIA MEDIA - POSTO JAZIDA/FORNECEDOR (RETIRADO NA JAZIDA, SEM TRANSPORTE)                                                                                                                                                                                                                                                                                                                                                                                                                                "},{"$f":"IFERROR(INDEX(SINAPI!$C:$C,MATCH($B2046,SINAPI!$A:$A,0)),\"\")","v":"M3    "},6.5299999999999997E-2,{"$f":"IFERROR(INDEX(SINAPI!$D:$D,MATCH($B2046,SINAPI!$A:$A,0)),0)","v":67.09},4.3809769999999997]
[{"$f":"IFERROR(INDEX(SINAPI!$E:$E,MATCH($B2047,SINAPI!$A:$A,0)),\"\")","v":"INSUMO"},43059,"ACO CA-60, 5,0 MM, VERGALHAO",{"$f":"IFERROR(INDEX(SINAPI!$C:$C,MATCH($B2047,SINAPI!$A:$A,0)),\"\")","v":"KG    "},2.1560000000000001,{"$f":"IFERROR(INDEX(SINAPI!$D:$D,MATCH($B2047,SINAPI!$A:$A,0)),0)","v":12.38},26.691280000000003]
[{"$f":"IFERROR(INDEX(SINAPI!$E:$E,MATCH($B2048,SINAPI!$A:$A,0)),\"\")","v":"INSUMO"},367,{"$f":"IFERROR(INDEX(SINAPI!$B:$B,MATCH($B2048,SINAPI!$A:$A,0)),\"\")","v":"AREIA GROSSA - POSTO JAZIDA/FORNECEDOR (RETIRADO NA JAZIDA, SEM TRANSPORTE)                                                                                                                                                                                                                                                                                                                                                                                                                               "},{"$f":"IFERROR(INDEX(SINAPI!$C:$C,MATCH($B2048,SINAPI!$A:$A,0)),\"\")","v":"M3    "},0.12330000000000001,{"$f":"IFERROR(INDEX(SINAPI!$D:$D,MATCH($B2048,SINAPI!$A:$A,0)),0)","v":78},9.6173999999999999]
[{"$f":"IFERROR(INDEX(SINAPI!$E:$E,MATCH($B2049,SINAPI!$A:$A,0)),\"\")","v":"INSUMO"},7267,{"$f":"IFERROR(INDEX(SINAPI!$B:$B,MATCH($B2049,SINAPI!$A:$A,0)),\"\")","v":"BLOCO CERAMICO VAZADO PARA ALVENARIA DE VEDACAO, 6 FUROS, DE 9 X 14 X 19 CM (L X A X C)                                                                                                                                                                                                                                                                                                                                                                                                                   "},{"$f":"IFERROR(INDEX(SINAPI!$C:$C,MATCH($B2049,SINAPI!$A:$A,0)),\"\")","v":"UN    "},45,{"$f":"IFERROR(INDEX(SINAPI!$D:$D,MATCH($B2049,SINAPI!$A:$A,0)),0)","v":0.83},37.35]
[{"$f":"IFERROR(INDEX(SINAPI!$E:$E,MATCH($B2050,SINAPI!$A:$A,0)),\"\")","v":"COMPOSIÇÃO"},88309,{"$f":"IFERROR(INDEX(SINAPI!$B:$B,MATCH($B2050,SINAPI!$A:$A,0)),\"\")","v":"PEDREIRO COM ENCARGOS COMPLEMENTARES"},{"$f":"IFERROR(INDEX(SINAPI!$C:$C,MATCH($B2050,SINAPI!$A:$A,0)),\"\")","v":"H"},2,{"$f":"IFERROR(INDEX(SINAPI!$D:$D,MATCH($B2050,SINAPI!$A:$A,0)),0)","v":19.86},39.72]
[{"$f":"IFERROR(INDEX(SINAPI!$E:$E,MATCH($B2051,SINAPI!$A:$A,0)),\"\")","v":"COMPOSIÇÃO"},88242,{"$f":"IFERROR(INDEX(SINAPI!$B:$B,MATCH($B2051,SINAPI!$A:$A,0)),\"\")","v":"AJUDANTE DE PEDREIRO COM ENCARGOS COMPLEMENTARES"},{"$f":"IFERROR(INDEX(SINAPI!$C:$C,MATCH($B2051,SINAPI!$A:$A,0)),\"\")","v":"H"},4,{"$f":"IFERROR(INDEX(SINAPI!$D:$D,MATCH($B2051,SINAPI!$A:$A,0)),0)","v":15.68},62.72]
[null,null,null,null,null,"TOTAL",{"$f":"SUM(G2043:G2051)","v":198.00418200000001}]
[]
[]
["CLASSE/TIPO","CÓDIGOS/ SINAPI","DESCRIÇÃO","UND","COEFICIENTE","PREÇO UNITÁRIO","PREÇO TOTAL"]
["COMP-208908",null,"CAIXA DE PASSAGEM EM ALVENARIA 50 X 50 CM - HIDRANTE DE PASSEIO","UN",null,null,{"$f":"G2066","v":198.00418200000001}]
[{"$f":"IFERROR(INDEX(SINAPI!$E:$E,MATCH($B2057,SINAPI!$A:$A,0)),\"\")","v":"INSUMO"},4718,{"$f":"IFERROR(INDEX(SINAPI!$B:$B,MATCH($B2057,SINAPI!$A:$A,0)),\"\")","v":"PEDRA BRITADA N. 2 (19 A 38 MM) POSTO PEDREIRA/FORNECEDOR, SEM FRETE                                                                                                                                                                                                                                                                                                                                                                                                                                      "},{"$f":"IFERROR(INDEX(SINAPI!$C:$C,MATCH($B2057,SINAPI!$A:$A,0)),\"\")","v":"M3    "},3.6499999999999998E-2,{"$f":"IFERROR(INDEX(SINAPI!$D:$D,MATCH($B2057,SINAPI!$A:$A,0)),0)","v":79.849999999999994},{"$f":"IFERROR(F2057*E2057,0)","v":2.9145249999999998}]
[{"$f":"IFERROR(INDEX(SINAPI!$E:$E,MATCH($B2058,SINAPI!$A:$A,0)),\"\")","v":"INSUMO"},1379,{"$f":"IFERROR(INDEX(SINAPI!$B:$B,MATCH($B2058,SINAPI!$A:$A,0)),\"\")","v":"CIMENTO PORTLAND COMPOSTO CP II-32                                                                                                                                                                                                                                                                                                                                                                                                                                                                        "},{"$f":"IFERROR(INDEX(SINAPI!$C:$C,MATCH($B2058,SINAPI!$A:$A,0)),\"\")","v":"KG    "},18.5,{"$f":"IFERROR(INDEX(SINAPI!$D:$D,MATCH($B2058,SINAPI!$A:$A,0)),0)","v":0.66},12.21]
[{"$f":"IFERROR(INDEX(SINAPI!$E:$E,MATCH($B2059,SINAPI!$A:$A,0)),\"\")","v":"INSUMO"},1106,{"$f":"IFERROR(INDEX(SINAPI!$B:$B,MATCH($B2059,SINAPI!$A:$A,0)),\"\")","v":"CAL HIDRATADA CH-I PARA ARGAMASSAS                                                                                                                                                                                                                                                                                                                                                                                                                                                                        "},{"$f":"IFERROR(INDEX(SINAPI!$C:$C,MATCH($B2059,SINAPI!$A:$A,0)),\"\")","v":"KG    "},3,{"$f":"IFERROR(INDEX(SINAPI!$D:$D,MATCH($B2059,SINAPI!$A:$A,0)),0)","v":0.8},2.4000000000000004]
[{"$f":"IFERROR(INDEX(SINAPI!$E:$E,MATCH($B2060,SINAPI!$A:$A,0)),\"\")","v":"INSUMO"},370,{"$f":"IFERROR(INDEX(SINAPI!$B:$B,MATCH($B2060,SINAPI!$A:$A,0)),\"\")","v":"AREIA MEDIA - POSTO JAZIDA/FORNECEDOR (RETIRADO NA JAZIDA, SEM TRANSPORTE)                                                                                                                                                                                                                                                                                                                                                                                                                                "},{"$f":"IFERROR(INDEX(SINAPI!$C:$C,MATCH($B2060,SINAPI!$A:$A,0)),\"\")","v":"M3    "},6.5299999999999997E-2,{"$f":"IFERROR(INDEX(SINAPI!$D:$D,MATCH($B2060,SINAPI!$A:$A,0)),0)","v":67.09},4.3809769999999997]
[{"$f":"IFERROR(INDEX(SINAPI!$E:$E,MATCH($B2061,SINAPI!$A:$A,0)),\"\")","v":"INSUMO"},43059,"ACO CA-60, 5,0 MM, VERGALHAO",{"$f":"IFERROR(INDEX(SINAPI!$C:$C,MATCH($B2061,SINAPI!$A:$A,0)),\"\")","v":"KG    "},2.1560000000000001,{"$f":"IFERROR(INDEX(SINAPI!$D:$D,MATCH($B2061,SINAPI!$A:$A,0)),0)","v":12.38},26.691280000000003]
[{"$f":"IFERROR(INDEX(SINAPI!$E:$E,MATCH($B2062,SINAPI!$A:$A,0)),\"\")","v":"INSUMO"},367,{"$f":"IFERROR(INDEX(SINAPI!$B:$B,MATCH($B2062,SINAPI!$A:$A,0)),\"\")","v":"AREIA GROSSA - POSTO JAZIDA/FORNECEDOR (RETIRADO NA JAZIDA, SEM TRANSPORTE)                                                                                                                                                                                                                                                                                                                                                                                                                               "},{"$f":"IFERROR(INDEX(SINAPI!$C:$C,MATCH($B2062,SINAPI!$A:$A,0)),\"\")","v":"M3    "},0.12330000000000001,{"$f":"IFERROR(INDEX(SINAPI!$D:$D,MATCH($B2062,SINAPI!$A:$A,0)),0)","v":78},9.6173999999999999]
[{"$f":"IFERROR(INDEX(SINAPI!$E:$E,MATCH($B2063,SINAPI!$A:$A,0)),\"\")","v":"INSUMO"},7267,{"$f":"IFERROR(INDEX(SINAPI!$B:$B,MATCH($B2063,SINAPI!$A:$A,0)),\"\")","v":"BLOCO CERAMICO VAZADO PARA ALVENARIA DE VEDACAO, 6 FUROS, DE 9 X 14 X 19 CM (L X A X C)                                                                                                                                                                                                                                                                                                                                                                                                                   "},{"$f":"IFERROR(INDEX(SINAPI!$C:$C,MATCH($B2063,SINAPI!$A:$A,0)),\"\")","v":"UN    "},45,{"$f":"IFERROR(INDEX(SINAPI!$D:$D,MATCH($B2063,SINAPI!$A:$A,0)),0)","v":0.83},37.35]
[{"$f":"IFERROR(INDEX(SINAPI!$E:$E,MATCH($B2064,SINAPI!$A:$A,0)),\"\")","v":"COMPOSIÇÃO"},88309,{"$f":"IFERROR(INDEX(SINAPI!$B:$B,MATCH($B2064,SINAPI!$A:$A,0)),\"\")","v":"PEDREIRO COM ENCARGOS COMPLEMENTARES"},{"$f":"IFERROR(INDEX(SINAPI!$C:$C,MATCH($B2064,SINAPI!$A:$A,0)),\"\")","v":"H"},2,{"$f":"IFERROR(INDEX(SINAPI!$D:$D,MATCH($B2064,SINAPI!$A:$A,0)),0)","v":19.86},39.72]
[{"$f":"IFERROR(INDEX(SINAPI!$E:$E,MATCH($B2065,SINAPI!$A:$A,0)),\"\")","v":"COMPOSIÇÃO"},88242,{"$f":"IFERROR(INDEX(SINAPI!$B:$B,MATCH($B2065,SINAPI!$A:$A,0)),\"\")","v":"AJUDANTE DE PEDREIRO COM ENCARGOS COMPLEMENTARES"},{"$f":"IFERROR(INDEX(SINAPI!$C:$C,MATCH($B2065,SINAPI!$A:$A,0)),\"\")","v":"H"},4,{"$f":"IFERROR(INDEX(SINAPI!$D:$D,MATCH($B2065,SINAPI!$A:$A,0)),0)","v":15.68},62.72]
[null,null,null,null,null,"TOTAL",{"$f":"SUM(G2057:G2065)","v":198.00418200000001}]
[]
[]
["CLASSE/TIPO","CÓDIGOS/ SINAPI","DESCRIÇÃO","UND","COEFICIENTE","PREÇO UNITÁRIO","PREÇO TOTAL"]
["COMP-1294 ",null,"APILOAMENTO DE FUNDO DE VALA COM COMPACTADOR DE SOLOS DE PERCUSSÃO (SOQUETE) ","M2",null,null,{"$f":"G2074","v":31.437500000000004}]
[{"$f":"IFERROR(INDEX(SINAPI!$E:$E,MATCH($B2071,SINAPI!$A:$A,0)),\"\")","v":"COMPOSIÇÃO"},88316,{"$f":"IFERROR(INDEX(SINAPI!$B:$B,MATCH($B2071,SINAPI!$A:$A,0)),\"\")","v":"SERVENTE COM ENCARGOS COMPLEMENTARES"},{"$f":"IFERROR(INDEX(SINAPI!$C:$C,MATCH($B2071,SINAPI!$A:$A,0)),\"\")","v":"H"},1.7,{"$f":"IFERROR(INDEX(SINAPI!$D:$D,MATCH($B2071,SINAPI!$A:$A,0)),0)","v":15.65},{"$f":"IFERROR(F2071*E2071,0)","v":26.605}]
[{"$f":"IFERROR(INDEX(SINAPI!$E:$E,MATCH($B2072,SINAPI!$A:$A,0)),\"\")","v":"COMPOSIÇÃO"},91533,{"$f":"IFERROR(INDEX(SINAPI!$B:$B,MATCH($B2072,SINAPI!$A:$A,0)),\"\")","v":"COMPACTADOR DE SOLOS DE PERCUSSÃO (SOQUETE) COM MOTOR A GASOLINA 4 TEMPOS, POTÊNCIA 4 CV - CHP DIURNO. AF_08/2015"},{"$f":"IFERROR(INDEX(SINAPI!$C:$C,MATCH($B2072,SINAPI!$A:$A,0)),\"\")","v":"CHP"},0.125,{"$f":"IFERROR(INDEX(SINAPI!$D:$D,MATCH($B2072,SINAPI!$A:$A,0)),0)","v":22.83},2.8537499999999998]
[{"$f":"IFERROR(INDEX(SINAPI!$E:$E,MATCH($B2073,SINAPI!$A:$A,0)),\"\")","v":"COMPOSIÇÃO"},91534,{"$f":"IFERROR(INDEX(SINAPI!$B:$B,MATCH($B2073,SINAPI!$A:$A,0)),\"\")","v":"COMPACTADOR DE SOLOS DE PERCUSSÃO (SOQUETE) COM MOTOR A GASOLINA 4 TEMPOS, POTÊNCIA 4 CV - CHI DIURNO. AF_08/2015"},{"$f":"IFERROR(INDEX(SINAPI!$C:$C,MATCH($B2073,SINAPI!$A:$A,0)),\"\")","v":"CHI"},0.125,{"$f":"IFERROR(INDEX(SINAPI!$D:$D,MATCH($B2073,SINAPI!$A:$A,0)),0)","v":15.83},1.97875]
[null,null,null,null,null,"TOTAL",{"$f":"SUM(G2071:G2073)","v":31.437500000000004}]
[]
[]
["CLASSE/TIPO","CÓDIGOS/ SINAPI","DESCRIÇÃO","UND","COEFICIENTE","PREÇO UNITÁRIO","PREÇO TOTAL"]
["COMP-2212 ",null,"PORTÃO DE ABRIR - TUBO DE 1,1/2, E BARRA CHATA DE 1\" ","M2",null,null,{"$f":"G2089","v":526.83953999999994}]
[{"$f":"IFERROR(INDEX(SINAPI!$E:$E,MATCH($B2079,SINAPI!$A:$A,0)),\"\")","v":"INSUMO"},565,{"$f":"IFERROR(INDEX(SINAPI!$B:$B,MATCH($B2079,SINAPI!$A:$A,0)),\"\")","v":"BARRA DE FERRO CHATO, RETANGULAR, 25,4 MM X 4,76 MM (L X E), 1,73 KG/M                                                                                                                                                                                                                                                                                                                                                                                                                                    "},{"$f":"IFERROR(INDEX(SINAPI!$C:$C,MATCH($B2079,SINAPI!$A:$A,0)),\"\")","v":"M     "},8,{"$f":"IFERROR(INDEX(SINAPI!$D:$D,MATCH($B2079,SINAPI!$A:$A,0)),0)","v":23.52},{"$f":"IFERROR(F2079*E2079,0)","v":188.16}]
[{"$f":"IFERROR(INDEX(SINAPI!$E:$E,MATCH($B2080,SINAPI!$A:$A,0)),\"\")","v":"INSUMO"},21012,{"$f":"IFERROR(INDEX(SINAPI!$B:$B,MATCH($B2080,SINAPI!$A:$A,0)),\"\")","v":"TUBO ACO GALVANIZADO COM COSTURA, CLASSE LEVE, DN 40 MM ( 1 1/2\"),  E = 3,00 MM,  *3,48* KG/M (NBR 5580)                                                                                                                                                                                                                                                                                                                                                                                                  "},{"$f":"IFERROR(INDEX(SINAPI!$C:$C,MATCH($B2080,SINAPI!$A:$A,0)),\"\")","v":"M     "},3,{"$f":"IFERROR(INDEX(SINAPI!$D:$D,MATCH($B2080,SINAPI!$A:$A,0)),0)","v":72.150000000000006},216.45000000000002]
[{"$f":"IFERROR(INDEX(SINAPI!$E:$E,MATCH($B2081,SINAPI!$A:$A,0)),\"\")","v":"INSUMO"},13388,{"$f":"IFERROR(INDEX(SINAPI!$B:$B,MATCH($B2081,SINAPI!$A:$A,0)),\"\")","v":"SOLDA EM BARRA DE ESTANHO-CHUMBO 50/50                                                                                                                                                                                                                                                                                                                                                                                                                                                                    "},{"$f":"IFERROR(INDEX(SINAPI!$C:$C,MATCH($B2081,SINAPI!$A:$A,0)),\"\")","v":"KG    "},0.35,{"$f":"IFERROR(INDEX(SINAPI!$D:$D,MATCH($B2081,SINAPI!$A:$A,0)),0)","v":117.42},41.097000000000001]
[{"$f":"IFERROR(INDEX(SINAPI!$E:$E,MATCH($B2082,SINAPI!$A:$A,0)),\"\")","v":"INSUMO"},26018,{"$f":"IFERROR(INDEX(SINAPI!$B:$B,MATCH($B2082,SINAPI!$A:$A,0)),\"\")","v":"DISCO DE CORTE PARA METAL COM DUAS TELAS 12 X 1/8 X 3/4 \" (300 X 3,2 X 19,05 MM)                                                                                                                                                                                                                                                                                                                                                                                                                          "},{"$f":"IFERROR(INDEX(SINAPI!$C:$C,MATCH($B2082,SINAPI!$A:$A,0)),\"\")","v":"UN    "},0.33300000000000002,{"$f":"IFERROR(INDEX(SINAPI!$D:$D,MATCH($B2082,SINAPI!$A:$A,0)),0)","v":28.88},9.6170399999999994]
["INSUMO","08904/ORSE","Máquina de solda elétrica","h",1,3.88,3.88]
[{"$f":"IFERROR(INDEX(SINAPI!$E:$E,MATCH($B2084,SINAPI!$A:$A,0)),\"\")","v":"INSUMO"},11462,{"$f":"IFERROR(INDEX(SINAPI!$B:$B,MATCH($B2084,SINAPI!$A:$A,0)),\"\")","v":"GONZO DE SOBREPOR, EM LATAO / ZAMAC, PARA JANELA PIVOTANTE - INCLUI PARAFUSOS                                                                                                                                                                                                                                                                                                                                                                                                                             "},{"$f":"IFERROR(INDEX(SINAPI!$C:$C,MATCH($B2084,SINAPI!$A:$A,0)),\"\")","v":"PAR   "},0.4,{"$f":"IFERROR(INDEX(SINAPI!$D:$D,MATCH($B2084,SINAPI!$A:$A,0)),0)","v":20.39},8.1560000000000006]
[{"$f":"IFERROR(INDEX(SINAPI!$E:$E,MATCH($B2085,SINAPI!$A:$A,0)),\"\")","v":"INSUMO"},11456,{"$f":"IFERROR(INDEX(SINAPI!$B:$B,MATCH($B2085,SINAPI!$A:$A,0)),\"\")","v":"FERROLHO COM FECHO /TRINCO REDONDO, EM ACO GALVANIZADO / ZINCADO, DE SOBREPOR, COM COMPRIMENTO DE 10\" A 12\" E ESPESSURA MINIMA DA CHAPA DE 1,50 MM                                                                                                                                                                                                                                                                                                                                                        "},{"$f":"IFERROR(INDEX(SINAPI!$C:$C,MATCH($B2085,SINAPI!$A:$A,0)),\"\")","v":"UN    "},0.4,{"$f":"IFERROR(INDEX(SINAPI!$D:$D,MATCH($B2085,SINAPI!$A:$A,0)),0)","v":22.75},9.1]
[{"$f":"IFERROR(INDEX(SINAPI!$E:$E,MATCH($B2086,SINAPI!$A:$A,0)),\"\")","v":"INSUMO"},5090,{"$f":"IFERROR(INDEX(SINAPI!$B:$B,MATCH($B2086,SINAPI!$A:$A,0)),\"\")","v":"CADEADO SIMPLES, CORPO EM LATAO MACICO, COM LARGURA DE 25 MM E ALTURA DE APROX 25 MM, HASTE CEMENTADA (NAO LONGA), EM ACO TEMPERADO COM DIAMETRO DE APROX 5,0 MM, INCLUINDO 2 CHAVES                                                                                                                                                                                                                                                                                                                      "},{"$f":"IFERROR(INDEX(SINAPI!$C:$C,MATCH($B2086,SINAPI!$A:$A,0)),\"\")","v":"UN    "},0.4,{"$f":"IFERROR(INDEX(SINAPI!$D:$D,MATCH($B2086,SINAPI!$A:$A,0)),0)","v":22.73},9.0920000000000005]
[{"$f":"IFERROR(INDEX(SINAPI!$E:$E,MATCH($B2087,SINAPI!$A:$A,0)),\"\")","v":"COMPOSIÇÃO"},88315,{"$f":"IFERROR(INDEX(SINAPI!$B:$B,MATCH($B2087,SINAPI!$A:$A,0)),\"\")","v":"SERRALHEIRO COM ENCARGOS COMPLEMENTARES"},{"$f":"IFERROR(INDEX(SINAPI!$C:$C,MATCH($B2087,SINAPI!$A:$A,0)),\"\")","v":"H"},1.1000000000000001,{"$f":"IFERROR(INDEX(SINAPI!$D:$D,MATCH($B2087,SINAPI!$A:$A,0)),0)","v":19.75},21.725000000000001]
[{"$f":"IFERROR(INDEX(SINAPI!$E:$E,MATCH($B2088,SINAPI!$A:$A,0)),\"\")","v":"COMPOSIÇÃO"},88316,{"$f":"IFERROR(INDEX(SINAPI!$B:$B,MATCH($B2088,SINAPI!$A:$A,0)),\"\")","v":"SERVENTE COM ENCARGOS COMPLEMENTARES"},{"$f":"IFERROR(INDEX(SINAPI!$C:$C,MATCH($B2088,SINAPI!$A:$A,0)),\"\")","v":"H"},1.25,{"$f":"IFERROR(INDEX(SINAPI!$D:$D,MATCH($B2088,SINAPI!$A:$A,0)),0)","v":15.65},19.5625]
[null,null,null,null,null,"TOTAL",{"$f":"SUM(G2079:G2088)","v":526.83953999999994}]
[]
[]
["CLASSE/TIPO","CÓDIGOS/ SINAPI","DESCRIÇÃO","UND","COEFICIENTE","PREÇO UNITÁRIO","PREÇO TOTAL"]
["COMP-4346 ",null,"ESPUMA ELASTOMÉRICA ,INCLUSIVE FITA DE VEDAÇÃO PARA TUBULAÇÃO RÍGIDA DE 22MM ","M",null,null,{"$f":"G2097","v":89.518000000000001}]
[{"$f":"IFERROR(INDEX(SINAPI!$E:$E,MATCH($B2094,SINAPI!$A:$A,0)),\"\")","v":"INSUMO"},39742,{"$f":"IFERROR(INDEX(SINAPI!$B:$B,MATCH($B2094,SINAPI!$A:$A,0)),\"\")","v":"TUBO DE BORRACHA ELASTOMERICA FLEXIVEL, PRETA, PARA ISOLAMENTO TERMICO DE TUBULACAO, DN 7/8\" (22 MM), E= 32 MM, COEFICIENTE DE CONDUTIVIDADE TERMICA 0,036W/mK, VAPOR DE AGUA MAIOR OU IGUAL A 10.000                                                                                                                                                                                                                                                                                                     "},{"$f":"IFERROR(INDEX(SINAPI!$C:$C,MATCH($B2094,SINAPI!$A:$A,0)),\"\")","v":"M     "},1,{"$f":"IFERROR(INDEX(SINAPI!$D:$D,MATCH($B2094,SINAPI!$A:$A,0)),0)","v":82.07},{"$f":"IFERROR(F2094*E2094,0)","v":82.07}]
[{"$f":"IFERROR(INDEX(SINAPI!$E:$E,MATCH($B2095,SINAPI!$A:$A,0)),\"\")","v":"COMPOSIÇÃO"},100308,{"$f":"IFERROR(INDEX(SINAPI!$B:$B,MATCH($B2095,SINAPI!$A:$A,0)),\"\")","v":"MECÂNICO DE REFRIGERAÇÃO COM ENCARGOS COMPLEMENTARES"},{"$f":"IFERROR(INDEX(SINAPI!$C:$C,MATCH($B2095,SINAPI!$A:$A,0)),\"\")","v":"H"},0.2,{"$f":"IFERROR(INDEX(SINAPI!$D:$D,MATCH($B2095,SINAPI!$A:$A,0)),0)","v":22.16},4.4320000000000004]
[{"$f":"IFERROR(INDEX(SINAPI!$E:$E,MATCH($B2096,SINAPI!$A:$A,0)),\"\")","v":"COMPOSIÇÃO"},88248,{"$f":"IFERROR(INDEX(SINAPI!$B:$B,MATCH($B2096,SINAPI!$A:$A,0)),\"\")","v":"AUXILIAR DE ENCANADOR OU BOMBEIRO HIDRÁULICO COM ENCARGOS COMPLEMENTARES"},{"$f":"IFERROR(INDEX(SINAPI!$C:$C,MATCH($B2096,SINAPI!$A:$A,0)),\"\")","v":"H"},0.2,{"$f":"IFERROR(INDEX(SINAPI!$D:$D,MATCH($B2096,SINAPI!$A:$A,0)),0)","v":15.08},3.016]
[null,null,null,null,null,"TOTAL",{"$f":"SUM(G2094:G2096)","v":89.518000000000001}]
[]
[]
["CLASSE/TIPO","CÓDIGOS/ SINAPI","DESCRIÇÃO","UND","COEFICIENTE","PREÇO UNITÁRIO","PREÇO TOTAL"]
["COMP-389493",null,"CONJUNTO DE MASTRO P/ TRÊS BANDEIRAS E PEDESTAL ","UN",null,null,{"$f":"G2115","v":6699.7129200000008}]
[{"$f":"IFERROR(INDEX(SINAPI!$E:$E,MATCH($B2102,SINAPI!$A:$A,0)),\"\")","v":"INSUMO"},13388,{"$f":"IFERROR(INDEX(SINAPI!$B:$B,MATCH($B2102,SINAPI!$A:$A,0)),\"\")","v":"SOLDA EM BARRA DE ESTANHO-CHUMBO 50/50                                                                                                                                                                                                                                                                                                                                                                                                                                                                    "},{"$f":"IFERROR(INDEX(SINAPI!$C:$C,MATCH($B2102,SINAPI!$A:$A,0)),\"\")","v":"KG    "},0.85,{"$f":"IFERROR(INDEX(SINAPI!$D:$D,MATCH($B2102,SINAPI!$A:$A,0)),0)","v":117.42},{"$f":"IFERROR(F2102*E2102,0)","v":99.807000000000002}]
[{"$f":"IFERROR(INDEX(SINAPI!$E:$E,MATCH($B2103,SINAPI!$A:$A,0)),\"\")","v":"COMPOSIÇÃO"},88242,{"$f":"IFERROR(INDEX(SINAPI!$B:$B,MATCH($B2103,SINAPI!$A:$A,0)),\"\")","v":"AJUDANTE DE PEDREIRO COM ENCARGOS COMPLEMENTARES"},{"$f":"IFERROR(INDEX(SINAPI!$C:$C,MATCH($B2103,SINAPI!$A:$A,0)),\"\")","v":"H"},1,{"$f":"IFERROR(INDEX(SINAPI!$D:$D,MATCH($B2103,SINAPI!$A:$A,0)),0)","v":15.68},15.68]
[{"$f":"IFERROR(INDEX(SINAPI!$E:$E,MATCH($B2104,SINAPI!$A:$A,0)),\"\")","v":"COMPOSIÇÃO"},92778,{"$f":"IFERROR(INDEX(SINAPI!$B:$B,MATCH($B2104,SINAPI!$A:$A,0)),\"\")","v":"ARMAÇÃO DE PILAR OU VIGA DE UMA ESTRUTURA CONVENCIONAL DE CONCRETO ARMADO EM UMA EDIFICAÇÃO TÉRREA OU SOBRADO UTILIZANDO AÇO CA-50 DE 10,0 MM - MONTAGEM. AF_12/2015"},{"$f":"IFERROR(INDEX(SINAPI!$C:$C,MATCH($B2104,SINAPI!$A:$A,0)),\"\")","v":"KG"},33.5,{"$f":"IFERROR(INDEX(SINAPI!$D:$D,MATCH($B2104,SINAPI!$A:$A,0)),0)","v":17.48},585.58000000000004]
[{"$f":"IFERROR(INDEX(SINAPI!$E:$E,MATCH($B2105,SINAPI!$A:$A,0)),\"\")","v":"COMPOSIÇÃO"},92421,{"$f":"IFERROR(INDEX(SINAPI!$B:$B,MATCH($B2105,SINAPI!$A:$A,0)),\"\")","v":"MONTAGEM E DESMONTAGEM DE FÔRMA DE PILARES RETANGULARES E ESTRUTURAS SIMILARES, PÉ-DIREITO DUPLO, EM CHAPA DE MADEIRA COMPENSADA RESINADA, 4 UTILIZAÇÕES. AF_09/2020"},{"$f":"IFERROR(INDEX(SINAPI!$C:$C,MATCH($B2105,SINAPI!$A:$A,0)),\"\")","v":"M2"},3.3,{"$f":"IFERROR(INDEX(SINAPI!$D:$D,MATCH($B2105,SINAPI!$A:$A,0)),0)","v":78.67},259.61099999999999]
["COMPOSIÇÃO","11482/ORSE","Concreto simples usinado fck=25mpa, bombeado, lançado e adensado na infraestrutura","M3",0.5,430.61,215.30500000000001]
["COMPOSIÇÃO","IFMT 219.07.2020",{"$f":"$C$2708","v":"LANCAMENTO/APLICACAO MANUAL DE CONCRETO EM FUNDACOES"},{"$f":"$D$2708","v":"M3"},0.5,{"$f":"$G$2712","v":103.71599999999999},51.857999999999997]
[{"$f":"IFERROR(INDEX(SINAPI!$E:$E,MATCH($B2108,SINAPI!$A:$A,0)),\"\")","v":"COMPOSIÇÃO"},87878,{"$f":"IFERROR(INDEX(SINAPI!$B:$B,MATCH($B2108,SINAPI!$A:$A,0)),\"\")","v":"CHAPISCO APLICADO EM ALVENARIAS E ESTRUTURAS DE CONCRETO INTERNAS, COM COLHER DE PEDREIRO.  ARGAMASSA TRAÇO 1:3 COM PREPARO MANUAL. AF_06/2014"},{"$f":"IFERROR(INDEX(SINAPI!$C:$C,MATCH($B2108,SINAPI!$A:$A,0)),\"\")","v":"M2"},4.3499999999999996,{"$f":"IFERROR(INDEX(SINAPI!$D:$D,MATCH($B2108,SINAPI!$A:$A,0)),0)","v":3.69},16.051499999999997]
[{"$f":"IFERROR(INDEX(SINAPI!$E:$E,MATCH($B2109,SINAPI!$A:$A,0)),\"\")","v":"COMPOSIÇÃO"},87535,{"$f":"IFERROR(INDEX(SINAPI!$B:$B,MATCH($B2109,SINAPI!$A:$A,0)),\"\")","v":"EMBOÇO, PARA RECEBIMENTO DE CERÂMICA, EM ARGAMASSA TRAÇO 1:2:8, PREPARO MECÂNICO COM BETONEIRA 400L, APLICADO MANUALMENTE EM FACES INTERNAS DE PAREDES, PARA AMBIENTE COM ÁREA  MAIOR QUE 10M2, ESPESSURA DE 20MM, COM EXECUÇÃO DE TALISCAS. AF_06/2014"},{"$f":"IFERROR(INDEX(SINAPI!$C:$C,MATCH($B2109,SINAPI!$A:$A,0)),\"\")","v":"M2"},4.3499999999999996,{"$f":"IFERROR(INDEX(SINAPI!$D:$D,MATCH($B2109,SINAPI!$A:$A,0)),0)","v":23.74},103.26899999999999]
[{"$f":"IFERROR(INDEX(SINAPI!$E:$E,MATCH($B2110,SINAPI!$A:$A,0)),\"\")","v":"COMPOSIÇÃO"},87245,{"$f":"IFERROR(INDEX(SINAPI!$B:$B,MATCH($B2110,SINAPI!$A:$A,0)),\"\")","v":"REVESTIMENTO CERÂMICO PARA PAREDES EXTERNAS EM PASTILHAS DE PORCELANA 5 X 5 CM (PLACAS DE 30 X 30 CM), ALINHADAS A PRUMO, APLICADO EM SUPERFÍCIES INTERNAS DA SACADA. AF_06/2014"},{"$f":"IFERROR(INDEX(SINAPI!$C:$C,MATCH($B2110,SINAPI!$A:$A,0)),\"\")","v":"M2"},4.3499999999999996,{"$f":"IFERROR(INDEX(SINAPI!$D:$D,MATCH($B2110,SINAPI!$A:$A,0)),0)","v":222.81},969.22349999999994]
[{"$f":"IFERROR(INDEX(SINAPI!$E:$E,MATCH($B2111,SINAPI!$A:$A,0)),\"\")","v":"COMPOSIÇÃO"},92367,{"$f":"IFERROR(INDEX(SINAPI!$B:$B,MATCH($B2111,SINAPI!$A:$A,0)),\"\")","v":"TUBO DE AÇO GALVANIZADO COM COSTURA, CLASSE MÉDIA, DN 65 (2 1/2\"), CONEXÃO ROSQUEADA, INSTALADO EM REDE DE ALIMENTAÇÃO PARA HIDRANTE - FORNECIMENTO E INSTALAÇÃO. AF_10/2020"},{"$f":"IFERROR(INDEX(SINAPI!$C:$C,MATCH($B2111,SINAPI!$A:$A,0)),\"\")","v":"M"},11,{"$f":"IFERROR(INDEX(SINAPI!$D:$D,MATCH($B2111,SINAPI!$A:$A,0)),0)","v":142.87},1571.5700000000002]
[{"$f":"IFERROR(INDEX(SINAPI!$E:$E,MATCH($B2112,SINAPI!$A:$A,0)),\"\")","v":"COMPOSIÇÃO"},92368,{"$f":"IFERROR(INDEX(SINAPI!$B:$B,MATCH($B2112,SINAPI!$A:$A,0)),\"\")","v":"TUBO DE AÇO GALVANIZADO COM COSTURA, CLASSE MÉDIA, DN 80 (3\"), CONEXÃO ROSQUEADA, INSTALADO EM REDE DE ALIMENTAÇÃO PARA HIDRANTE - FORNECIMENTO E INSTALAÇÃO. AF_10/2020"},{"$f":"IFERROR(INDEX(SINAPI!$C:$C,MATCH($B2112,SINAPI!$A:$A,0)),\"\")","v":"M"},10.5,{"$f":"IFERROR(INDEX(SINAPI!$D:$D,MATCH($B2112,SINAPI!$A:$A,0)),0)","v":190.37},1998.885]
["COMPOSIÇÃO","IFMT 229.07.2020",{"$f":"$C$2802","v":"PINTURA ESMALTE BRILHANTE (2 DEMAOS) SOBRE SUPERFICIE METALICA, INCLUSIVE PROTECAO COM ZARCAO (1 DEMAO)"},{"$f":"$D$2802","v":"M2"},21.5,{"$f":"$G$2809","v":37.256880000000002},801.02292]
[{"$f":"IFERROR(INDEX(SINAPI!$E:$E,MATCH($B2114,SINAPI!$A:$A,0)),\"\")","v":"COMPOSIÇÃO"},88315,{"$f":"IFERROR(INDEX(SINAPI!$B:$B,MATCH($B2114,SINAPI!$A:$A,0)),\"\")","v":"SERRALHEIRO COM ENCARGOS COMPLEMENTARES"},{"$f":"IFERROR(INDEX(SINAPI!$C:$C,MATCH($B2114,SINAPI!$A:$A,0)),\"\")","v":"H"},0.6,{"$f":"IFERROR(INDEX(SINAPI!$D:$D,MATCH($B2114,SINAPI!$A:$A,0)),0)","v":19.75},11.85]
[null,null,null,null,null,"TOTAL",{"$f":"SUM(G2102:G2114)","v":6699.7129200000008}]
[]
[]
["CLASSE/TIPO","CÓDIGOS/ SINAPI","DESCRIÇÃO","UND","COEFICIENTE","PREÇO UNITÁRIO","PREÇO TOTAL"]
["COMP-1277 ",null,"ESCADA DE MARINHEIRO EM FERRO CHATO S/PROTEÇÃO ","M",null,null,{"$f":"G2128","v":250.79987046119999}]
[{"$f":"IFERROR(INDEX(SINAPI!$E:$E,MATCH($B2120,SINAPI!$A:$A,0)),\"\")","v":"INSUMO"},11964,{"$f":"IFERROR(INDEX(SINAPI!$B:$B,MATCH($B2120,SINAPI!$A:$A,0)),\"\")","v":"PARAFUSO DE ACO TIPO CHUMBADOR PARABOLT, DIAMETRO 3/8\", COMPRIMENTO 75 MM                                                                                                                                                                                                                                                                                                                                                                                                                                 "},{"$f":"IFERROR(INDEX(SINAPI!$C:$C,MATCH($B2120,SINAPI!$A:$A,0)),\"\")","v":"UN    "},4,{"$f":"IFERROR(INDEX(SINAPI!$D:$D,MATCH($B2120,SINAPI!$A:$A,0)),0)","v":1.71},{"$f":"IFERROR(F2120*E2120,0)","v":6.84}]
[{"$f":"IFERROR(INDEX(SINAPI!$E:$E,MATCH($B2121,SINAPI!$A:$A,0)),\"\")","v":"INSUMO"},11002,{"$f":"IFERROR(INDEX(SINAPI!$B:$B,MATCH($B2121,SINAPI!$A:$A,0)),\"\")","v":"ELETRODO REVESTIDO AWS - E6013, DIAMETRO IGUAL A 2,50 MM                                                                                                                                                                                                                                                                                                                                                                                                                                                  "},{"$f":"IFERROR(INDEX(SINAPI!$C:$C,MATCH($B2121,SINAPI!$A:$A,0)),\"\")","v":"KG    "},0.32,{"$f":"IFERROR(INDEX(SINAPI!$D:$D,MATCH($B2121,SINAPI!$A:$A,0)),0)","v":23.17},7.4144000000000005]
[{"$f":"IFERROR(INDEX(SINAPI!$E:$E,MATCH($B2122,SINAPI!$A:$A,0)),\"\")","v":"INSUMO"},549,{"$f":"IFERROR(INDEX(SINAPI!$B:$B,MATCH($B2122,SINAPI!$A:$A,0)),\"\")","v":"BARRA DE FERRO CHATO, RETANGULAR, 50,8 MM X 12,7 MM (L X E), 5,06 KG/M                                                                                                                                                                                                                                                                                                                                                                                                                                    "},{"$f":"IFERROR(INDEX(SINAPI!$C:$C,MATCH($B2122,SINAPI!$A:$A,0)),\"\")","v":"M     "},0.19762846000000001,{"$f":"IFERROR(INDEX(SINAPI!$D:$D,MATCH($B2122,SINAPI!$A:$A,0)),0)","v":70.22},13.8774704612]
[{"$f":"IFERROR(INDEX(SINAPI!$E:$E,MATCH($B2123,SINAPI!$A:$A,0)),\"\")","v":"COMPOSIÇÃO"},88243,{"$f":"IFERROR(INDEX(SINAPI!$B:$B,MATCH($B2123,SINAPI!$A:$A,0)),\"\")","v":"AJUDANTE ESPECIALIZADO COM ENCARGOS COMPLEMENTARES"},{"$f":"IFERROR(INDEX(SINAPI!$C:$C,MATCH($B2123,SINAPI!$A:$A,0)),\"\")","v":"H"},2,{"$f":"IFERROR(INDEX(SINAPI!$D:$D,MATCH($B2123,SINAPI!$A:$A,0)),0)","v":19.09},38.18]
[{"$f":"IFERROR(INDEX(SINAPI!$E:$E,MATCH($B2124,SINAPI!$A:$A,0)),\"\")","v":"COMPOSIÇÃO"},88245,{"$f":"IFERROR(INDEX(SINAPI!$B:$B,MATCH($B2124,SINAPI!$A:$A,0)),\"\")","v":"ARMADOR COM ENCARGOS COMPLEMENTARES"},{"$f":"IFERROR(INDEX(SINAPI!$C:$C,MATCH($B2124,SINAPI!$A:$A,0)),\"\")","v":"H"},3,{"$f":"IFERROR(INDEX(SINAPI!$D:$D,MATCH($B2124,SINAPI!$A:$A,0)),0)","v":19.75},59.25]
[{"$f":"IFERROR(INDEX(SINAPI!$E:$E,MATCH($B2125,SINAPI!$A:$A,0)),\"\")","v":"COMPOSIÇÃO"},88317,{"$f":"IFERROR(INDEX(SINAPI!$B:$B,MATCH($B2125,SINAPI!$A:$A,0)),\"\")","v":"SOLDADOR COM ENCARGOS COMPLEMENTARES"},{"$f":"IFERROR(INDEX(SINAPI!$C:$C,MATCH($B2125,SINAPI!$A:$A,0)),\"\")","v":"H"},0.63,{"$f":"IFERROR(INDEX(SINAPI!$D:$D,MATCH($B2125,SINAPI!$A:$A,0)),0)","v":20.41},12.8583]
[{"$f":"IFERROR(INDEX(SINAPI!$E:$E,MATCH($B2126,SINAPI!$A:$A,0)),\"\")","v":"COMPOSIÇÃO"},88309,{"$f":"IFERROR(INDEX(SINAPI!$B:$B,MATCH($B2126,SINAPI!$A:$A,0)),\"\")","v":"PEDREIRO COM ENCARGOS COMPLEMENTARES"},{"$f":"IFERROR(INDEX(SINAPI!$C:$C,MATCH($B2126,SINAPI!$A:$A,0)),\"\")","v":"H"},0.3,{"$f":"IFERROR(INDEX(SINAPI!$D:$D,MATCH($B2126,SINAPI!$A:$A,0)),0)","v":19.86},5.9579999999999993]
[{"$f":"IFERROR(INDEX(SINAPI!$E:$E,MATCH($B2127,SINAPI!$A:$A,0)),\"\")","v":"COMPOSIÇÃO"},97498,{"$f":"IFERROR(INDEX(SINAPI!$B:$B,MATCH($B2127,SINAPI!$A:$A,0)),\"\")","v":"TUBO DE AÇO GALVANIZADO COM COSTURA, CLASSE MÉDIA, DN 25 (1\"), CONEXÃO ROSQUEADA, INSTALADO EM REDE DE ALIMENTAÇÃO PARA HIDRANTE - FORNECIMENTO E INSTALAÇÃO. AF_10/2020"},{"$f":"IFERROR(INDEX(SINAPI!$C:$C,MATCH($B2127,SINAPI!$A:$A,0)),\"\")","v":"M"},1.87,{"$f":"IFERROR(INDEX(SINAPI!$D:$D,MATCH($B2127,SINAPI!$A:$A,0)),0)","v":56.91},106.4217]
[null,null,null,null,null,"TOTAL",{"$f":"SUM(G2120:G2127)","v":250.79987046119999}]
[]
[]
["CLASSE/TIPO","CÓDIGOS/ SINAPI","DESCRIÇÃO","UND","COEFICIENTE","PREÇO UNITÁRIO","PREÇO TOTAL"]
["COMP-387398",null,"VIGA MOLDADA IN LOCO EM CONCRETO ARMADO, FCK 20 MPA - 10 X 10 CM","M",null,null,{"$f":"G2141","v":77.58993000000001}]
[{"$f":"IFERROR(INDEX(SINAPI!$E:$E,MATCH($B2133,SINAPI!$A:$A,0)),\"\")","v":"INSUMO"},2692,{"$f":"IFERROR(INDEX(SINAPI!$B:$B,MATCH($B2133,SINAPI!$A:$A,0)),\"\")","v":"DESMOLDANTE PROTETOR PARA FORMAS DE MADEIRA, DE BASE OLEOSA EMULSIONADA EM AGUA                                                                                                                                                                                                                                                                                                                                                                                                                           "},{"$f":"IFERROR(INDEX(SINAPI!$C:$C,MATCH($B2133,SINAPI!$A:$A,0)),\"\")","v":"L     "},7.0000000000000001E-3,{"$f":"IFERROR(INDEX(SINAPI!$D:$D,MATCH($B2133,SINAPI!$A:$A,0)),0)","v":5.19},{"$f":"IFERROR(F2133*E2133,0)","v":3.6330000000000001E-2}]
[{"$f":"IFERROR(INDEX(SINAPI!$E:$E,MATCH($B2134,SINAPI!$A:$A,0)),\"\")","v":"INSUMO"},4491,{"$f":"IFERROR(INDEX(SINAPI!$B:$B,MATCH($B2134,SINAPI!$A:$A,0)),\"\")","v":"PONTALETE *7,5 X 7,5* CM EM PINUS, MISTA OU EQUIVALENTE DA REGIAO - BRUTA                                                                                                                                                                                                                                                                                                                                                                                                                                 "},{"$f":"IFERROR(INDEX(SINAPI!$C:$C,MATCH($B2134,SINAPI!$A:$A,0)),\"\")","v":"M     "},0.22,{"$f":"IFERROR(INDEX(SINAPI!$D:$D,MATCH($B2134,SINAPI!$A:$A,0)),0)","v":8.1300000000000008},1.7886000000000002]
[{"$f":"IFERROR(INDEX(SINAPI!$E:$E,MATCH($B2135,SINAPI!$A:$A,0)),\"\")","v":"INSUMO"},39017,{"$f":"IFERROR(INDEX(SINAPI!$B:$B,MATCH($B2135,SINAPI!$A:$A,0)),\"\")","v":"ESPACADOR / DISTANCIADOR CIRCULAR COM ENTRADA LATERAL, EM PLASTICO, PARA VERGALHAO *4,2 A 12,5* MM, COBRIMENTO 20 MM                                                                                                                                                                                                                                                                                                                                                                                      "},{"$f":"IFERROR(INDEX(SINAPI!$C:$C,MATCH($B2135,SINAPI!$A:$A,0)),\"\")","v":"UN    "},6,{"$f":"IFERROR(INDEX(SINAPI!$D:$D,MATCH($B2135,SINAPI!$A:$A,0)),0)","v":0.21},1.26]
[{"$f":"IFERROR(INDEX(SINAPI!$E:$E,MATCH($B2136,SINAPI!$A:$A,0)),\"\")","v":"COMPOSIÇÃO"},88309,{"$f":"IFERROR(INDEX(SINAPI!$B:$B,MATCH($B2136,SINAPI!$A:$A,0)),\"\")","v":"PEDREIRO COM ENCARGOS COMPLEMENTARES"},{"$f":"IFERROR(INDEX(SINAPI!$C:$C,MATCH($B2136,SINAPI!$A:$A,0)),\"\")","v":"H"},0.36,{"$f":"IFERROR(INDEX(SINAPI!$D:$D,MATCH($B2136,SINAPI!$A:$A,0)),0)","v":19.86},7.1495999999999995]
[{"$f":"IFERROR(INDEX(SINAPI!$E:$E,MATCH($B2137,SINAPI!$A:$A,0)),\"\")","v":"COMPOSIÇÃO"},88316,{"$f":"IFERROR(INDEX(SINAPI!$B:$B,MATCH($B2137,SINAPI!$A:$A,0)),\"\")","v":"SERVENTE COM ENCARGOS COMPLEMENTARES"},{"$f":"IFERROR(INDEX(SINAPI!$C:$C,MATCH($B2137,SINAPI!$A:$A,0)),\"\")","v":"H"},0.18,{"$f":"IFERROR(INDEX(SINAPI!$D:$D,MATCH($B2137,SINAPI!$A:$A,0)),0)","v":15.65},2.8170000000000002]
[{"$f":"IFERROR(INDEX(SINAPI!$E:$E,MATCH($B2138,SINAPI!$A:$A,0)),\"\")","v":"COMPOSIÇÃO"},92270,{"$f":"IFERROR(INDEX(SINAPI!$B:$B,MATCH($B2138,SINAPI!$A:$A,0)),\"\")","v":"FABRICAÇÃO DE FÔRMA PARA VIGAS, COM MADEIRA SERRADA, E = 25 MM. AF_09/2020"},{"$f":"IFERROR(INDEX(SINAPI!$C:$C,MATCH($B2138,SINAPI!$A:$A,0)),\"\")","v":"M2"},0.4,{"$f":"IFERROR(INDEX(SINAPI!$D:$D,MATCH($B2138,SINAPI!$A:$A,0)),0)","v":107.99},43.195999999999998]
[{"$f":"IFERROR(INDEX(SINAPI!$E:$E,MATCH($B2139,SINAPI!$A:$A,0)),\"\")","v":"COMPOSIÇÃO"},92793,{"$f":"IFERROR(INDEX(SINAPI!$B:$B,MATCH($B2139,SINAPI!$A:$A,0)),\"\")","v":"CORTE E DOBRA DE AÇO CA-50, DIÂMETRO DE 8,0 MM, UTILIZADO EM ESTRUTURAS DIVERSAS, EXCETO LAJES. AF_12/2015"},{"$f":"IFERROR(INDEX(SINAPI!$C:$C,MATCH($B2139,SINAPI!$A:$A,0)),\"\")","v":"KG"},0.79,{"$f":"IFERROR(INDEX(SINAPI!$D:$D,MATCH($B2139,SINAPI!$A:$A,0)),0)","v":15.88},12.545200000000001]
[{"$f":"IFERROR(INDEX(SINAPI!$E:$E,MATCH($B2140,SINAPI!$A:$A,0)),\"\")","v":"COMPOSIÇÃO"},94970,{"$f":"IFERROR(INDEX(SINAPI!$B:$B,MATCH($B2140,SINAPI!$A:$A,0)),\"\")","v":"CONCRETO FCK = 20MPA, TRAÇO 1:2,7:3 (EM MASSA SECA DE CIMENTO/ AREIA MÉDIA/ BRITA 1) - PREPARO MECÂNICO COM BETONEIRA 600 L. AF_05/2021"},{"$f":"IFERROR(INDEX(SINAPI!$C:$C,MATCH($B2140,SINAPI!$A:$A,0)),\"\")","v":"M3"},2.4E-2,{"$f":"IFERROR(INDEX(SINAPI!$D:$D,MATCH($B2140,SINAPI!$A:$A,0)),0)","v":366.55},8.7972000000000001]
[null,null,null,null,null,"TOTAL",{"$f":"SUM(G2133:G2140)","v":77.58993000000001}]
[]
[]
["CLASSE/TIPO","CÓDIGOS/ SINAPI","DESCRIÇÃO","UND","COEFICIENTE","PREÇO UNITÁRIO","PREÇO TOTAL"]
["COMP-477074",null,"TELHAMENTO EM CHAPA DE POLICARBONATO ALVEOLAR 6MM FUMÊ","M2",null,null,{"$f":"G2151","v":131.36600000000001}]
["INSUMO","I0544/SEINFRA","CHAPA POLICARBONATO 6MM,ALVEOLAR CRISTAL","M2",1,84.79,{"$f":"IFERROR(F2146*E2146,0)","v":84.79}]
["INSUMO","I1627/SEINFRA","PERFIL ESTRUTURAL 35X35X7X1.5MM","M",1,3.3,3.3]
[{"$f":"IFERROR(INDEX(SINAPI!$E:$E,MATCH($B2148,SINAPI!$A:$A,0)),\"\")","v":"INSUMO"},40552,{"$f":"IFERROR(INDEX(SINAPI!$B:$B,MATCH($B2148,SINAPI!$A:$A,0)),\"\")","v":"PARAFUSO, AUTO ATARRACHANTE, CABECA CHATA, FENDA SIMPLES, 1/4\u0094 (6,35 MM) X 25 MM                                                                                                                                                                                                                                                                                                                                                                                                                          "},{"$f":"IFERROR(INDEX(SINAPI!$C:$C,MATCH($B2148,SINAPI!$A:$A,0)),\"\")","v":"CENTO "},0.4,{"$f":"IFERROR(INDEX(SINAPI!$D:$D,MATCH($B2148,SINAPI!$A:$A,0)),0)","v":33.54},13.416]
[{"$f":"IFERROR(INDEX(SINAPI!$E:$E,MATCH($B2149,SINAPI!$A:$A,0)),\"\")","v":"COMPOSIÇÃO"},88278,{"$f":"IFERROR(INDEX(SINAPI!$B:$B,MATCH($B2149,SINAPI!$A:$A,0)),\"\")","v":"MONTADOR DE ESTRUTURA METÁLICA COM ENCARGOS COMPLEMENTARES"},{"$f":"IFERROR(INDEX(SINAPI!$C:$C,MATCH($B2149,SINAPI!$A:$A,0)),\"\")","v":"H"},1,{"$f":"IFERROR(INDEX(SINAPI!$D:$D,MATCH($B2149,SINAPI!$A:$A,0)),0)","v":14.21},14.21]
[{"$f":"IFERROR(INDEX(SINAPI!$E:$E,MATCH($B2150,SINAPI!$A:$A,0)),\"\")","v":"COMPOSIÇÃO"},88316,{"$f":"IFERROR(INDEX(SINAPI!$B:$B,MATCH($B2150,SINAPI!$A:$A,0)),\"\")","v":"SERVENTE COM ENCARGOS COMPLEMENTARES"},{"$f":"IFERROR(INDEX(SINAPI!$C:$C,MATCH($B2150,SINAPI!$A:$A,0)),\"\")","v":"H"},1,{"$f":"IFERROR(INDEX(SINAPI!$D:$D,MATCH($B2150,SINAPI!$A:$A,0)),0)","v":15.65},15.65]
[null,null,null,null,null,"TOTAL",{"$f":"SUM(G2146:G2150)","v":131.36600000000001}]
[]
[]
["CLASSE/TIPO","CÓDIGOS/ SINAPI","DESCRIÇÃO","UND","COEFICIENTE","PREÇO UNITÁRIO","PREÇO TOTAL"]
["COMP-718213",null,"FABRICAÇÃO E INSTALAÇÃO DE TESOURA INTEIRA EM AÇO, VÃO DE 3.70 M, PARA COBERTURA EM POLICARBONATO, INCLUSO IÇAMENTO.","UN",null,null,{"$f":"G2162","v":796.17543999999998}]
[{"$f":"IFERROR(INDEX(SINAPI!$E:$E,MATCH($B2156,SINAPI!$A:$A,0)),\"\")","v":"INSUMO"},4777,{"$f":"IFERROR(INDEX(SINAPI!$B:$B,MATCH($B2156,SINAPI!$A:$A,0)),\"\")","v":"CANTONEIRA ACO ABAS IGUAIS (QUALQUER BITOLA), ESPESSURA ENTRE 1/8\" E 1/4\"                                                                                                                                                                                                                                                                                                                                                                                                                                 "},{"$f":"IFERROR(INDEX(SINAPI!$C:$C,MATCH($B2156,SINAPI!$A:$A,0)),\"\")","v":"KG    "},16,{"$f":"IFERROR(INDEX(SINAPI!$D:$D,MATCH($B2156,SINAPI!$A:$A,0)),0)","v":10.43},{"$f":"IFERROR(F2156*E2156,0)","v":166.88}]
[{"$f":"IFERROR(INDEX(SINAPI!$E:$E,MATCH($B2157,SINAPI!$A:$A,0)),\"\")","v":"INSUMO"},10997,{"$f":"IFERROR(INDEX(SINAPI!$B:$B,MATCH($B2157,SINAPI!$A:$A,0)),\"\")","v":"ELETRODO REVESTIDO AWS - E7018, DIAMETRO IGUAL A 4,00 MM                                                                                                                                                                                                                                                                                                                                                                                                                                                  "},{"$f":"IFERROR(INDEX(SINAPI!$C:$C,MATCH($B2157,SINAPI!$A:$A,0)),\"\")","v":"KG    "},0.23400000000000001,{"$f":"IFERROR(INDEX(SINAPI!$D:$D,MATCH($B2157,SINAPI!$A:$A,0)),0)","v":24.13},5.64642]
[{"$f":"IFERROR(INDEX(SINAPI!$E:$E,MATCH($B2158,SINAPI!$A:$A,0)),\"\")","v":"INSUMO"},40598,{"$f":"IFERROR(INDEX(SINAPI!$B:$B,MATCH($B2158,SINAPI!$A:$A,0)),\"\")","v":"PERFIL UDC (\"U\" DOBRADO DE CHAPA) SIMPLES DE ACO LAMINADO, GALVANIZADO, ASTM A36, 127 X 50 MM, E= 3 MM                                                                                                                                                                                                                                                                                                                                                                                                    "},{"$f":"IFERROR(INDEX(SINAPI!$C:$C,MATCH($B2158,SINAPI!$A:$A,0)),\"\")","v":"KG    "},41.04,{"$f":"IFERROR(INDEX(SINAPI!$D:$D,MATCH($B2158,SINAPI!$A:$A,0)),0)","v":10.98},450.61920000000003]
[{"$f":"IFERROR(INDEX(SINAPI!$E:$E,MATCH($B2159,SINAPI!$A:$A,0)),\"\")","v":"COMPOSIÇÃO"},88278,{"$f":"IFERROR(INDEX(SINAPI!$B:$B,MATCH($B2159,SINAPI!$A:$A,0)),\"\")","v":"MONTADOR DE ESTRUTURA METÁLICA COM ENCARGOS COMPLEMENTARES"},{"$f":"IFERROR(INDEX(SINAPI!$C:$C,MATCH($B2159,SINAPI!$A:$A,0)),\"\")","v":"H"},1.4219999999999999,{"$f":"IFERROR(INDEX(SINAPI!$D:$D,MATCH($B2159,SINAPI!$A:$A,0)),0)","v":14.21},20.206620000000001]
[{"$f":"IFERROR(INDEX(SINAPI!$E:$E,MATCH($B2160,SINAPI!$A:$A,0)),\"\")","v":"COMPOSIÇÃO"},88316,{"$f":"IFERROR(INDEX(SINAPI!$B:$B,MATCH($B2160,SINAPI!$A:$A,0)),\"\")","v":"SERVENTE COM ENCARGOS COMPLEMENTARES"},{"$f":"IFERROR(INDEX(SINAPI!$C:$C,MATCH($B2160,SINAPI!$A:$A,0)),\"\")","v":"H"},0.32800000000000001,{"$f":"IFERROR(INDEX(SINAPI!$D:$D,MATCH($B2160,SINAPI!$A:$A,0)),0)","v":15.65},5.1332000000000004]
[{"$f":"IFERROR(INDEX(SINAPI!$E:$E,MATCH($B2161,SINAPI!$A:$A,0)),\"\")","v":"COMPOSIÇÃO"},92255,{"$f":"IFERROR(INDEX(SINAPI!$B:$B,MATCH($B2161,SINAPI!$A:$A,0)),\"\")","v":"INSTALAÇÃO DE TESOURA (INTEIRA OU MEIA), EM AÇO, PARA VÃOS MAIORES OU IGUAIS A 3,0 M E MENORES QUE 6,0 M, INCLUSO IÇAMENTO. AF_07/2019"},{"$f":"IFERROR(INDEX(SINAPI!$C:$C,MATCH($B2161,SINAPI!$A:$A,0)),\"\")","v":"UN"},1,{"$f":"IFERROR(INDEX(SINAPI!$D:$D,MATCH($B2161,SINAPI!$A:$A,0)),0)","v":147.69},147.69]
[null,null,null,null,null,"TOTAL",{"$f":"SUM(G2156:G2161)","v":796.17543999999998}]
[]
[]
["CLASSE/TIPO","CÓDIGOS/ SINAPI","DESCRIÇÃO","UND","COEFICIENTE","PREÇO UNITÁRIO","PREÇO TOTAL"]
["COMP-0813 ",null,"FABRICAÇÃO E INSTALAÇÃO DE TESOURA INTEIRA EM AÇO, VÃO DE 3.84 M, PARA COBERTURA EM POLICARBONATO, INCLUSO IÇAMENTO.","UN",null,null,{"$f":"G2173","v":915.19254000000001}]
[{"$f":"IFERROR(INDEX(SINAPI!$E:$E,MATCH($B2167,SINAPI!$A:$A,0)),\"\")","v":"INSUMO"},4777,{"$f":"IFERROR(INDEX(SINAPI!$B:$B,MATCH($B2167,SINAPI!$A:$A,0)),\"\")","v":"CANTONEIRA ACO ABAS IGUAIS (QUALQUER BITOLA), ESPESSURA ENTRE 1/8\" E 1/4\"                                                                                                                                                                                                                                                                                                                                                                                                                                 "},{"$f":"IFERROR(INDEX(SINAPI!$C:$C,MATCH($B2167,SINAPI!$A:$A,0)),\"\")","v":"KG    "},16.61,{"$f":"IFERROR(INDEX(SINAPI!$D:$D,MATCH($B2167,SINAPI!$A:$A,0)),0)","v":10.43},{"$f":"IFERROR(F2167*E2167,0)","v":173.2423}]
[{"$f":"IFERROR(INDEX(SINAPI!$E:$E,MATCH($B2168,SINAPI!$A:$A,0)),\"\")","v":"INSUMO"},10997,{"$f":"IFERROR(INDEX(SINAPI!$B:$B,MATCH($B2168,SINAPI!$A:$A,0)),\"\")","v":"ELETRODO REVESTIDO AWS - E7018, DIAMETRO IGUAL A 4,00 MM                                                                                                                                                                                                                                                                                                                                                                                                                                                  "},{"$f":"IFERROR(INDEX(SINAPI!$C:$C,MATCH($B2168,SINAPI!$A:$A,0)),\"\")","v":"KG    "},0.23400000000000001,{"$f":"IFERROR(INDEX(SINAPI!$D:$D,MATCH($B2168,SINAPI!$A:$A,0)),0)","v":24.13},5.64642]
[{"$f":"IFERROR(INDEX(SINAPI!$E:$E,MATCH($B2169,SINAPI!$A:$A,0)),\"\")","v":"INSUMO"},40598,{"$f":"IFERROR(INDEX(SINAPI!$B:$B,MATCH($B2169,SINAPI!$A:$A,0)),\"\")","v":"PERFIL UDC (\"U\" DOBRADO DE CHAPA) SIMPLES DE ACO LAMINADO, GALVANIZADO, ASTM A36, 127 X 50 MM, E= 3 MM                                                                                                                                                                                                                                                                                                                                                                                                    "},{"$f":"IFERROR(INDEX(SINAPI!$C:$C,MATCH($B2169,SINAPI!$A:$A,0)),\"\")","v":"KG    "},51.3,{"$f":"IFERROR(INDEX(SINAPI!$D:$D,MATCH($B2169,SINAPI!$A:$A,0)),0)","v":10.98},563.274]
[{"$f":"IFERROR(INDEX(SINAPI!$E:$E,MATCH($B2170,SINAPI!$A:$A,0)),\"\")","v":"COMPOSIÇÃO"},88278,{"$f":"IFERROR(INDEX(SINAPI!$B:$B,MATCH($B2170,SINAPI!$A:$A,0)),\"\")","v":"MONTADOR DE ESTRUTURA METÁLICA COM ENCARGOS COMPLEMENTARES"},{"$f":"IFERROR(INDEX(SINAPI!$C:$C,MATCH($B2170,SINAPI!$A:$A,0)),\"\")","v":"H"},1.4219999999999999,{"$f":"IFERROR(INDEX(SINAPI!$D:$D,MATCH($B2170,SINAPI!$A:$A,0)),0)","v":14.21},20.206620000000001]
[{"$f":"IFERROR(INDEX(SINAPI!$E:$E,MATCH($B2171,SINAPI!$A:$A,0)),\"\")","v":"COMPOSIÇÃO"},88316,{"$f":"IFERROR(INDEX(SINAPI!$B:$B,MATCH($B2171,SINAPI!$A:$A,0)),\"\")","v":"SERVENTE COM ENCARGOS COMPLEMENTARES"},{"$f":"IFERROR(INDEX(SINAPI!$C:$C,MATCH($B2171,SINAPI!$A:$A,0)),\"\")","v":"H"},0.32800000000000001,{"$f":"IFERROR(INDEX(SINAPI!$D:$D,MATCH($B2171,SINAPI!$A:$A,0)),0)","v":15.65},5.1332000000000004]
[{"$f":"IFERROR(INDEX(SINAPI!$E:$E,MATCH($B2172,SINAPI!$A:$A,0)),\"\")","v":"COMPOSIÇÃO"},92255,{"$f":"IFERROR(INDEX(SINAPI!$B:$B,MATCH($B2172,SINAPI!$A:$A,0)),\"\")","v":"INSTALAÇÃO DE TESOURA (INTEIRA OU MEIA), EM AÇO, PARA VÃOS MAIORES OU IGUAIS A 3,0 M E MENORES QUE 6,0 M, INCLUSO IÇAMENTO. AF_07/2019"},{"$f":"IFERROR(INDEX(SINAPI!$C:$C,MATCH($B2172,SINAPI!$A:$A,0)),\"\")","v":"UN"},1,{"$f":"IFERROR(INDEX(SINAPI!$D:$D,MATCH($B2172,SINAPI!$A:$A,0)),0)","v":147.69},147.69]
[null,null,null,null,null,"TOTAL",{"$f":"SUM(G2167:G2172)","v":915.19254000000001}]
[]
[]
["CLASSE/TIPO","CÓDIGOS/ SINAPI","DESCRIÇÃO","UND","COEFICIENTE","PREÇO UNITÁRIO","PREÇO TOTAL"]
["COMP-131375",null,"PILAR METALICO EM PERFIL UDC (\"U\" DOBRADO DE CHAPA) SIMPLES DE ACO LAMINADO, GALVANIZADO, ASTM A36, 100 X 50 MM, E= 3 MM ","UN",null,null,{"$f":"G2184","v":362.66773999999998}]
[{"$f":"IFERROR(INDEX(SINAPI!$E:$E,MATCH($B2178,SINAPI!$A:$A,0)),\"\")","v":"INSUMO"},4777,{"$f":"IFERROR(INDEX(SINAPI!$B:$B,MATCH($B2178,SINAPI!$A:$A,0)),\"\")","v":"CANTONEIRA ACO ABAS IGUAIS (QUALQUER BITOLA), ESPESSURA ENTRE 1/8\" E 1/4\"                                                                                                                                                                                                                                                                                                                                                                                                                                 "},{"$f":"IFERROR(INDEX(SINAPI!$C:$C,MATCH($B2178,SINAPI!$A:$A,0)),\"\")","v":"KG    "},5.85,{"$f":"IFERROR(INDEX(SINAPI!$D:$D,MATCH($B2178,SINAPI!$A:$A,0)),0)","v":10.43},{"$f":"IFERROR(F2178*E2178,0)","v":61.015499999999996}]
[{"$f":"IFERROR(INDEX(SINAPI!$E:$E,MATCH($B2179,SINAPI!$A:$A,0)),\"\")","v":"INSUMO"},10997,{"$f":"IFERROR(INDEX(SINAPI!$B:$B,MATCH($B2179,SINAPI!$A:$A,0)),\"\")","v":"ELETRODO REVESTIDO AWS - E7018, DIAMETRO IGUAL A 4,00 MM                                                                                                                                                                                                                                                                                                                                                                                                                                                  "},{"$f":"IFERROR(INDEX(SINAPI!$C:$C,MATCH($B2179,SINAPI!$A:$A,0)),\"\")","v":"KG    "},0.23400000000000001,{"$f":"IFERROR(INDEX(SINAPI!$D:$D,MATCH($B2179,SINAPI!$A:$A,0)),0)","v":24.13},5.64642]
[{"$f":"IFERROR(INDEX(SINAPI!$E:$E,MATCH($B2180,SINAPI!$A:$A,0)),\"\")","v":"INSUMO"},40598,{"$f":"IFERROR(INDEX(SINAPI!$B:$B,MATCH($B2180,SINAPI!$A:$A,0)),\"\")","v":"PERFIL UDC (\"U\" DOBRADO DE CHAPA) SIMPLES DE ACO LAMINADO, GALVANIZADO, ASTM A36, 127 X 50 MM, E= 3 MM                                                                                                                                                                                                                                                                                                                                                                                                    "},{"$f":"IFERROR(INDEX(SINAPI!$C:$C,MATCH($B2180,SINAPI!$A:$A,0)),\"\")","v":"KG    "},11.2,{"$f":"IFERROR(INDEX(SINAPI!$D:$D,MATCH($B2180,SINAPI!$A:$A,0)),0)","v":10.98},122.976]
[{"$f":"IFERROR(INDEX(SINAPI!$E:$E,MATCH($B2181,SINAPI!$A:$A,0)),\"\")","v":"COMPOSIÇÃO"},88278,{"$f":"IFERROR(INDEX(SINAPI!$B:$B,MATCH($B2181,SINAPI!$A:$A,0)),\"\")","v":"MONTADOR DE ESTRUTURA METÁLICA COM ENCARGOS COMPLEMENTARES"},{"$f":"IFERROR(INDEX(SINAPI!$C:$C,MATCH($B2181,SINAPI!$A:$A,0)),\"\")","v":"H"},1.4219999999999999,{"$f":"IFERROR(INDEX(SINAPI!$D:$D,MATCH($B2181,SINAPI!$A:$A,0)),0)","v":14.21},20.206620000000001]
[{"$f":"IFERROR(INDEX(SINAPI!$E:$E,MATCH($B2182,SINAPI!$A:$A,0)),\"\")","v":"COMPOSIÇÃO"},88316,{"$f":"IFERROR(INDEX(SINAPI!$B:$B,MATCH($B2182,SINAPI!$A:$A,0)),\"\")","v":"SERVENTE COM ENCARGOS COMPLEMENTARES"},{"$f":"IFERROR(INDEX(SINAPI!$C:$C,MATCH($B2182,SINAPI!$A:$A,0)),\"\")","v":"H"},0.32800000000000001,{"$f":"IFERROR(INDEX(SINAPI!$D:$D,MATCH($B2182,SINAPI!$A:$A,0)),0)","v":15.65},5.1332000000000004]
[{"$f":"IFERROR(INDEX(SINAPI!$E:$E,MATCH($B2183,SINAPI!$A:$A,0)),\"\")","v":"COMPOSIÇÃO"},92255,{"$f":"IFERROR(INDEX(SINAPI!$B:$B,MATCH($B2183,SINAPI!$A:$A,0)),\"\")","v":"INSTALAÇÃO DE TESOURA (INTEIRA OU MEIA), EM AÇO, PARA VÃOS MAIORES OU IGUAIS A 3,0 M E MENORES QUE 6,0 M, INCLUSO IÇAMENTO. AF_07/2019"},{"$f":"IFERROR(INDEX(SINAPI!$C:$C,MATCH($B2183,SINAPI!$A:$A,0)),\"\")","v":"UN"},1,{"$f":"IFERROR(INDEX(SINAPI!$D:$D,MATCH($B2183,SINAPI!$A:$A,0)),0)","v":147.69},147.69]
[null,null,null,null,null,"TOTAL",{"$f":"SUM(G2178:G2183)","v":362.66773999999998}]
[]
[]
["CLASSE/TIPO","CÓDIGOS/ SINAPI","DESCRIÇÃO","UND","COEFICIENTE","PREÇO UNITÁRIO","PREÇO TOTAL"]
["COMP-9770 ",null,"TERMINAL DE COMPRESSÃO PARA CABO 2,5 M2 - FORNECIMENTO E INSTALAÇÃO ","UND",null,null,{"$f":"G2191","v":1.5940000000000001}]
[{"$f":"IFERROR(INDEX(SINAPI!$E:$E,MATCH($B2189,SINAPI!$A:$A,0)),\"\")","v":"INSUMO"},1570,{"$f":"IFERROR(INDEX(SINAPI!$B:$B,MATCH($B2189,SINAPI!$A:$A,0)),\"\")","v":"TERMINAL A COMPRESSAO EM COBRE ESTANHADO PARA CABO 2,5 MM2, 1 FURO E 1 COMPRESSAO, PARA PARAFUSO DE FIXACAO M5                                                                                                                                                                                                                                                                                                                                                                                            "},{"$f":"IFERROR(INDEX(SINAPI!$C:$C,MATCH($B2189,SINAPI!$A:$A,0)),\"\")","v":"UN    "},1,{"$f":"IFERROR(INDEX(SINAPI!$D:$D,MATCH($B2189,SINAPI!$A:$A,0)),0)","v":0.77},{"$f":"IFERROR(F2189*E2189,0)","v":0.77}]
[{"$f":"IFERROR(INDEX(SINAPI!$E:$E,MATCH($B2190,SINAPI!$A:$A,0)),\"\")","v":"COMPOSIÇÃO"},88264,{"$f":"IFERROR(INDEX(SINAPI!$B:$B,MATCH($B2190,SINAPI!$A:$A,0)),\"\")","v":"ELETRICISTA COM ENCARGOS COMPLEMENTARES"},{"$f":"IFERROR(INDEX(SINAPI!$C:$C,MATCH($B2190,SINAPI!$A:$A,0)),\"\")","v":"H"},0.04,{"$f":"IFERROR(INDEX(SINAPI!$D:$D,MATCH($B2190,SINAPI!$A:$A,0)),0)","v":20.6},0.82400000000000007]
[null,null,null,null,null,"TOTAL",{"$f":"SUM(G2189:G2190)","v":1.5940000000000001}]
[]
[]
["CLASSE/TIPO","CÓDIGOS/ SINAPI","DESCRIÇÃO","UND","COEFICIENTE","PREÇO UNITÁRIO","PREÇO TOTAL"]
["COMP-2945",null,"TERMINAL DE COMPRESSÃO PARA CABO 6 M2 - FORNECIMENTO E INSTALAÇÃO","UND",null,null,{"$f":"G2198","v":2.024}]
[{"$f":"IFERROR(INDEX(SINAPI!$E:$E,MATCH($B2196,SINAPI!$A:$A,0)),\"\")","v":"INSUMO"},1573,{"$f":"IFERROR(INDEX(SINAPI!$B:$B,MATCH($B2196,SINAPI!$A:$A,0)),\"\")","v":"TERMINAL A COMPRESSAO EM COBRE ESTANHADO PARA CABO 6 MM2, 1 FURO E 1 COMPRESSAO, PARA PARAFUSO DE FIXACAO M6                                                                                                                                                                                                                                                                                                                                                                                              "},{"$f":"IFERROR(INDEX(SINAPI!$C:$C,MATCH($B2196,SINAPI!$A:$A,0)),\"\")","v":"UN    "},1,{"$f":"IFERROR(INDEX(SINAPI!$D:$D,MATCH($B2196,SINAPI!$A:$A,0)),0)","v":1.2},{"$f":"IFERROR(F2196*E2196,0)","v":1.2}]
[{"$f":"IFERROR(INDEX(SINAPI!$E:$E,MATCH($B2197,SINAPI!$A:$A,0)),\"\")","v":"COMPOSIÇÃO"},88264,{"$f":"IFERROR(INDEX(SINAPI!$B:$B,MATCH($B2197,SINAPI!$A:$A,0)),\"\")","v":"ELETRICISTA COM ENCARGOS COMPLEMENTARES"},{"$f":"IFERROR(INDEX(SINAPI!$C:$C,MATCH($B2197,SINAPI!$A:$A,0)),\"\")","v":"H"},0.04,{"$f":"IFERROR(INDEX(SINAPI!$D:$D,MATCH($B2197,SINAPI!$A:$A,0)),0)","v":20.6},0.82400000000000007]
[null,null,null,null,null,"TOTAL",{"$f":"SUM(G2196:G2197)","v":2.024}]
[]
[]
["CLASSE/TIPO","CÓDIGOS/ SINAPI","DESCRIÇÃO","UND","COEFICIENTE","PREÇO UNITÁRIO","PREÇO TOTAL"]
["COMP-1501 ",null,"DISJUNTOR TERMOMAGNETICO MONOPOLAR PADRAO NEMA (AMERICANO) 10A 240V, FORNECIMENTO E INSTALACAO ","UND",null,null,{"$f":"G2205","v":14.774999999999999}]
[{"$f":"IFERROR(INDEX(SINAPI!$E:$E,MATCH($B2203,SINAPI!$A:$A,0)),\"\")","v":"INSUMO"},2370,{"$f":"IFERROR(INDEX(SINAPI!$B:$B,MATCH($B2203,SINAPI!$A:$A,0)),\"\")","v":"DISJUNTOR TIPO NEMA, MONOPOLAR 10 ATE 30A, TENSAO MAXIMA DE 240 V                                                                                                                                                                                                                                                                                                                                                                                                                                         "},{"$f":"IFERROR(INDEX(SINAPI!$C:$C,MATCH($B2203,SINAPI!$A:$A,0)),\"\")","v":"UN    "},1,{"$f":"IFERROR(INDEX(SINAPI!$D:$D,MATCH($B2203,SINAPI!$A:$A,0)),0)","v":12.2},{"$f":"IFERROR(F2203*E2203,0)","v":12.2}]
[{"$f":"IFERROR(INDEX(SINAPI!$E:$E,MATCH($B2204,SINAPI!$A:$A,0)),\"\")","v":"COMPOSIÇÃO"},88264,{"$f":"IFERROR(INDEX(SINAPI!$B:$B,MATCH($B2204,SINAPI!$A:$A,0)),\"\")","v":"ELETRICISTA COM ENCARGOS COMPLEMENTARES"},{"$f":"IFERROR(INDEX(SINAPI!$C:$C,MATCH($B2204,SINAPI!$A:$A,0)),\"\")","v":"H"},0.125,{"$f":"IFERROR(INDEX(SINAPI!$D:$D,MATCH($B2204,SINAPI!$A:$A,0)),0)","v":20.6},2.5750000000000002]
[null,null,null,null,null,"TOTAL",{"$f":"SUM(G2203:G2204)","v":14.774999999999999}]
[]
[]
["CLASSE/TIPO","CÓDIGOS/ SINAPI","DESCRIÇÃO","UND","COEFICIENTE","PREÇO UNITÁRIO","PREÇO TOTAL"]
["COMP-8837 ",null,"DISJUNTOR TERMOMAGNETICO MONOPOLAR PADRAO NEMA (AMERICANO) 25A 240V, FORNECIMENTO E INSTALACAO ","UND",null,null,{"$f":"G2212","v":14.816199999999998}]
[{"$f":"IFERROR(INDEX(SINAPI!$E:$E,MATCH($B2210,SINAPI!$A:$A,0)),\"\")","v":"INSUMO"},2370,{"$f":"IFERROR(INDEX(SINAPI!$B:$B,MATCH($B2210,SINAPI!$A:$A,0)),\"\")","v":"DISJUNTOR TIPO NEMA, MONOPOLAR 10 ATE 30A, TENSAO MAXIMA DE 240 V                                                                                                                                                                                                                                                                                                                                                                                                                                         "},{"$f":"IFERROR(INDEX(SINAPI!$C:$C,MATCH($B2210,SINAPI!$A:$A,0)),\"\")","v":"UN    "},1,{"$f":"IFERROR(INDEX(SINAPI!$D:$D,MATCH($B2210,SINAPI!$A:$A,0)),0)","v":12.2},{"$f":"IFERROR(F2210*E2210,0)","v":12.2}]
[{"$f":"IFERROR(INDEX(SINAPI!$E:$E,MATCH($B2211,SINAPI!$A:$A,0)),\"\")","v":"COMPOSIÇÃO"},88264,{"$f":"IFERROR(INDEX(SINAPI!$B:$B,MATCH($B2211,SINAPI!$A:$A,0)),\"\")","v":"ELETRICISTA COM ENCARGOS COMPLEMENTARES"},{"$f":"IFERROR(INDEX(SINAPI!$C:$C,MATCH($B2211,SINAPI!$A:$A,0)),\"\")","v":"H"},0.127,{"$f":"IFERROR(INDEX(SINAPI!$D:$D,MATCH($B2211,SINAPI!$A:$A,0)),0)","v":20.6},2.6162000000000001]
[null,null,null,null,null,"TOTAL",{"$f":"SUM(G2210:G2211)","v":14.816199999999998}]
[]
[]
["CLASSE/TIPO","CÓDIGOS/ SINAPI","DESCRIÇÃO","UND","COEFICIENTE","PREÇO UNITÁRIO","PREÇO TOTAL"]
["COMP-3829 ",null,"DISJUNTOR TERMOMAGNETICO BIPOLAR PADRAO NEMA (AMERICANO) 25A 240V, FORNECIMENTO E INSTALACAO ","UND",null,null,{"$f":"G2219","v":68.75}]
[{"$f":"IFERROR(INDEX(SINAPI!$E:$E,MATCH($B2217,SINAPI!$A:$A,0)),\"\")","v":"INSUMO"},2388,{"$f":"IFERROR(INDEX(SINAPI!$B:$B,MATCH($B2217,SINAPI!$A:$A,0)),\"\")","v":"DISJUNTOR TIPO NEMA, BIPOLAR 10  ATE  50 A, TENSAO MAXIMA 415 V                                                                                                                                                                                                                                                                                                                                                                                                                                           "},{"$f":"IFERROR(INDEX(SINAPI!$C:$C,MATCH($B2217,SINAPI!$A:$A,0)),\"\")","v":"UN    "},1,{"$f":"IFERROR(INDEX(SINAPI!$D:$D,MATCH($B2217,SINAPI!$A:$A,0)),0)","v":65.66},{"$f":"IFERROR(F2217*E2217,0)","v":65.66}]
[{"$f":"IFERROR(INDEX(SINAPI!$E:$E,MATCH($B2218,SINAPI!$A:$A,0)),\"\")","v":"COMPOSIÇÃO"},88264,{"$f":"IFERROR(INDEX(SINAPI!$B:$B,MATCH($B2218,SINAPI!$A:$A,0)),\"\")","v":"ELETRICISTA COM ENCARGOS COMPLEMENTARES"},{"$f":"IFERROR(INDEX(SINAPI!$C:$C,MATCH($B2218,SINAPI!$A:$A,0)),\"\")","v":"H"},0.15,{"$f":"IFERROR(INDEX(SINAPI!$D:$D,MATCH($B2218,SINAPI!$A:$A,0)),0)","v":20.6},3.0900000000000003]
[null,null,null,null,null,"TOTAL",{"$f":"SUM(G2217:G2218)","v":68.75}]
[]
[]
["CLASSE/TIPO","CÓDIGOS/ SINAPI","DESCRIÇÃO","UND","COEFICIENTE","PREÇO UNITÁRIO","PREÇO TOTAL"]
["COMP-5910 ",null,"DISJUNTOR TERMOMAGNETICO BIPOLAR PADRAO NEMA (AMERICANO) 80A 240V, FORNECIMENTO E INSTALACAO ","UND",null,null,{"$f":"G2226","v":113.07}]
[{"$f":"IFERROR(INDEX(SINAPI!$E:$E,MATCH($B2224,SINAPI!$A:$A,0)),\"\")","v":"INSUMO"},34606,{"$f":"IFERROR(INDEX(SINAPI!$B:$B,MATCH($B2224,SINAPI!$A:$A,0)),\"\")","v":"DISJUNTOR TIPO NEMA, BIPOLAR 60 ATE 100A, TENSAO MAXIMA 415 V                                                                                                                                                                                                                                                                                                                                                                                                                                             "},{"$f":"IFERROR(INDEX(SINAPI!$C:$C,MATCH($B2224,SINAPI!$A:$A,0)),\"\")","v":"UN    "},1,{"$f":"IFERROR(INDEX(SINAPI!$D:$D,MATCH($B2224,SINAPI!$A:$A,0)),0)","v":100.71},{"$f":"IFERROR(F2224*E2224,0)","v":100.71}]
[{"$f":"IFERROR(INDEX(SINAPI!$E:$E,MATCH($B2225,SINAPI!$A:$A,0)),\"\")","v":"COMPOSIÇÃO"},88264,{"$f":"IFERROR(INDEX(SINAPI!$B:$B,MATCH($B2225,SINAPI!$A:$A,0)),\"\")","v":"ELETRICISTA COM ENCARGOS COMPLEMENTARES"},{"$f":"IFERROR(INDEX(SINAPI!$C:$C,MATCH($B2225,SINAPI!$A:$A,0)),\"\")","v":"H"},0.6,{"$f":"IFERROR(INDEX(SINAPI!$D:$D,MATCH($B2225,SINAPI!$A:$A,0)),0)","v":20.6},12.360000000000001]
[null,null,null,null,null,"TOTAL",{"$f":"SUM(G2224:G2225)","v":113.07}]
[]
[]
["CLASSE/TIPO","CÓDIGOS/ SINAPI","DESCRIÇÃO","UND","COEFICIENTE","PREÇO UNITÁRIO","PREÇO TOTAL"]
["COMP-596566",null,"PAINEL LED QUADRADA 25W LED LUZ BRANCA NEUTRA 30CM BIVOLT, REF. 240600, SAVE ENERGY OU SIMILAR ","UN",null,null,{"$f":"G2235","v":84.89}]
[{"$f":"IFERROR(INDEX(SINAPI!$E:$E,MATCH($B2231,SINAPI!$A:$A,0)),\"\")","v":"INSUMO"},38770,{"$f":"IFERROR(INDEX(SINAPI!$B:$B,MATCH($B2231,SINAPI!$A:$A,0)),\"\")","v":"LUMINARIA PLAFON REDONDO COM VIDRO FOSCO DIAMETRO *30* CM, PARA 2 LAMPADAS, BASE E27, POTENCIA MAXIMA 40/60 W (NAO INCLUI LAMPADAS)                                                                                                                                                                                                                                                                                                                                                                       "},"UN    ",1,34.700000000000003,{"$f":"IFERROR(F2231*E2231,0)","v":34.700000000000003}]
[{"$f":"IFERROR(INDEX(SINAPI!$E:$E,MATCH($B2232,SINAPI!$A:$A,0)),\"\")","v":"INSUMO"},38194,{"$f":"IFERROR(INDEX(SINAPI!$B:$B,MATCH($B2232,SINAPI!$A:$A,0)),\"\")","v":"LAMPADA LED 10 W BIVOLT BRANCA, FORMATO TRADICIONAL (BASE E27)                                                                                                                                                                                                                                                                                                                                                                                                                                            "},{"$f":"IFERROR(INDEX(SINAPI!$C:$C,MATCH($B2232,SINAPI!$A:$A,0)),\"\")","v":"UN    "},2,{"$f":"IFERROR(INDEX(SINAPI!$D:$D,MATCH($B2232,SINAPI!$A:$A,0)),0)","v":6.99},13.98]
[{"$f":"IFERROR(INDEX(SINAPI!$E:$E,MATCH($B2233,SINAPI!$A:$A,0)),\"\")","v":"COMPOSIÇÃO"},88264,{"$f":"IFERROR(INDEX(SINAPI!$B:$B,MATCH($B2233,SINAPI!$A:$A,0)),\"\")","v":"ELETRICISTA COM ENCARGOS COMPLEMENTARES"},{"$f":"IFERROR(INDEX(SINAPI!$C:$C,MATCH($B2233,SINAPI!$A:$A,0)),\"\")","v":"H"},1,{"$f":"IFERROR(INDEX(SINAPI!$D:$D,MATCH($B2233,SINAPI!$A:$A,0)),0)","v":20.6},20.6]
[{"$f":"IFERROR(INDEX(SINAPI!$E:$E,MATCH($B2234,SINAPI!$A:$A,0)),\"\")","v":"COMPOSIÇÃO"},88247,{"$f":"IFERROR(INDEX(SINAPI!$B:$B,MATCH($B2234,SINAPI!$A:$A,0)),\"\")","v":"AUXILIAR DE ELETRICISTA COM ENCARGOS COMPLEMENTARES"},{"$f":"IFERROR(INDEX(SINAPI!$C:$C,MATCH($B2234,SINAPI!$A:$A,0)),\"\")","v":"H"},1,{"$f":"IFERROR(INDEX(SINAPI!$D:$D,MATCH($B2234,SINAPI!$A:$A,0)),0)","v":15.61},15.61]
[null,null,null,null,null,"TOTAL",{"$f":"SUM(G2231:G2234)","v":84.89}]
[]
[]
["CLASSE/TIPO","CÓDIGOS/ SINAPI","DESCRIÇÃO","UND","COEFICIENTE","PREÇO UNITÁRIO","PREÇO TOTAL"]
["COMP-537932",null,"REFLETOR SUPER LED, CORPO EM ALUMINIO, POTENCIA 10W, BIVOLT, TEMP.COR 6400K, IP-65, REF: FLC OU SIMILAR ","UN",null,null,{"$f":"G2243","v":32.415000000000006}]
[{"$f":"IFERROR(INDEX(SINAPI!$E:$E,MATCH($B2240,SINAPI!$A:$A,0)),\"\")","v":"INSUMO"},39389,{"$f":"IFERROR(INDEX(SINAPI!$B:$B,MATCH($B2240,SINAPI!$A:$A,0)),\"\")","v":"LUMINARIA LED REFLETOR RETANGULAR BIVOLT, LUZ BRANCA, 10 W                                                                                                                                                                                                                                                                                                                                                                                                                                                "},{"$f":"IFERROR(INDEX(SINAPI!$C:$C,MATCH($B2240,SINAPI!$A:$A,0)),\"\")","v":"UN    "},1,{"$f":"IFERROR(INDEX(SINAPI!$D:$D,MATCH($B2240,SINAPI!$A:$A,0)),0)","v":17.420000000000002},{"$f":"IFERROR(F2240*E2240,0)","v":17.420000000000002}]
[{"$f":"IFERROR(INDEX(SINAPI!$E:$E,MATCH($B2241,SINAPI!$A:$A,0)),\"\")","v":"COMPOSIÇÃO"},88316,{"$f":"IFERROR(INDEX(SINAPI!$B:$B,MATCH($B2241,SINAPI!$A:$A,0)),\"\")","v":"SERVENTE COM ENCARGOS COMPLEMENTARES"},{"$f":"IFERROR(INDEX(SINAPI!$C:$C,MATCH($B2241,SINAPI!$A:$A,0)),\"\")","v":"H"},0.3,{"$f":"IFERROR(INDEX(SINAPI!$D:$D,MATCH($B2241,SINAPI!$A:$A,0)),0)","v":15.65},4.6950000000000003]
[{"$f":"IFERROR(INDEX(SINAPI!$E:$E,MATCH($B2242,SINAPI!$A:$A,0)),\"\")","v":"COMPOSIÇÃO"},88264,{"$f":"IFERROR(INDEX(SINAPI!$B:$B,MATCH($B2242,SINAPI!$A:$A,0)),\"\")","v":"ELETRICISTA COM ENCARGOS COMPLEMENTARES"},{"$f":"IFERROR(INDEX(SINAPI!$C:$C,MATCH($B2242,SINAPI!$A:$A,0)),\"\")","v":"H"},0.5,{"$f":"IFERROR(INDEX(SINAPI!$D:$D,MATCH($B2242,SINAPI!$A:$A,0)),0)","v":20.6},10.3]
[null,null,null,null,null,"TOTAL",{"$f":"SUM(G2240:G2242)","v":32.415000000000006}]
[]
[]
["CLASSE/TIPO","CÓDIGOS/ SINAPI","DESCRIÇÃO","UND","COEFICIENTE","PREÇO UNITÁRIO","PREÇO TOTAL"]
["COMP-2351 ",null,"LUMINÁRIA TIPO PLAFON, DE SOBREPOR- FORNECIMENTO E INSTALAÇÃO. AF_11/2017","UN",null,null,{"$f":"G2252","v":41.805562999999999}]
[{"$f":"IFERROR(INDEX(SINAPI!$E:$E,MATCH($B2248,SINAPI!$A:$A,0)),\"\")","v":"INSUMO"},39385,{"$f":"IFERROR(INDEX(SINAPI!$B:$B,MATCH($B2248,SINAPI!$A:$A,0)),\"\")","v":"LUMINARIA LED PLAFON REDONDO DE SOBREPOR BIVOLT 12/13 W,  D = *17* CM                                                                                                                                                                                                                                                                                                                                                                                                                                     "},{"$f":"IFERROR(INDEX(SINAPI!$C:$C,MATCH($B2248,SINAPI!$A:$A,0)),\"\")","v":"UN    "},1,{"$f":"IFERROR(INDEX(SINAPI!$D:$D,MATCH($B2248,SINAPI!$A:$A,0)),0)","v":16.059999999999999},{"$f":"IFERROR(F2248*E2248,0)","v":16.059999999999999}]
[{"$f":"IFERROR(INDEX(SINAPI!$E:$E,MATCH($B2249,SINAPI!$A:$A,0)),\"\")","v":"INSUMO"},38194,{"$f":"IFERROR(INDEX(SINAPI!$B:$B,MATCH($B2249,SINAPI!$A:$A,0)),\"\")","v":"LAMPADA LED 10 W BIVOLT BRANCA, FORMATO TRADICIONAL (BASE E27)                                                                                                                                                                                                                                                                                                                                                                                                                                            "},{"$f":"IFERROR(INDEX(SINAPI!$C:$C,MATCH($B2249,SINAPI!$A:$A,0)),\"\")","v":"UN    "},1,{"$f":"IFERROR(INDEX(SINAPI!$D:$D,MATCH($B2249,SINAPI!$A:$A,0)),0)","v":6.99},6.99]
[{"$f":"IFERROR(INDEX(SINAPI!$E:$E,MATCH($B2250,SINAPI!$A:$A,0)),\"\")","v":"COMPOSIÇÃO"},88247,{"$f":"IFERROR(INDEX(SINAPI!$B:$B,MATCH($B2250,SINAPI!$A:$A,0)),\"\")","v":"AUXILIAR DE ELETRICISTA COM ENCARGOS COMPLEMENTARES"},{"$f":"IFERROR(INDEX(SINAPI!$C:$C,MATCH($B2250,SINAPI!$A:$A,0)),\"\")","v":"H"},0.2883,{"$f":"IFERROR(INDEX(SINAPI!$D:$D,MATCH($B2250,SINAPI!$A:$A,0)),0)","v":15.61},4.5003630000000001]
[{"$f":"IFERROR(INDEX(SINAPI!$E:$E,MATCH($B2251,SINAPI!$A:$A,0)),\"\")","v":"COMPOSIÇÃO"},88264,{"$f":"IFERROR(INDEX(SINAPI!$B:$B,MATCH($B2251,SINAPI!$A:$A,0)),\"\")","v":"ELETRICISTA COM ENCARGOS COMPLEMENTARES"},{"$f":"IFERROR(INDEX(SINAPI!$C:$C,MATCH($B2251,SINAPI!$A:$A,0)),\"\")","v":"H"},0.69199999999999995,{"$f":"IFERROR(INDEX(SINAPI!$D:$D,MATCH($B2251,SINAPI!$A:$A,0)),0)","v":20.6},14.2552]
[null,null,null,null,null,"TOTAL",{"$f":"SUM(G2248:G2251)","v":41.805562999999999}]
[]
[]
["CLASSE/TIPO","CÓDIGOS/ SINAPI","DESCRIÇÃO","UND","COEFICIENTE","PREÇO UNITÁRIO","PREÇO TOTAL"]
["COMP-2849 ",null,"CONECTOR METALICO TIPO PARAFUSO FENDIDO ( SPLIT BOLT) PARA CABOS ATE 10 MM2 ( 2,5 E 4 MM2 ) ","UN",null,null,{"$f":"G2260","v":9.9883500000000005}]
[{"$f":"IFERROR(INDEX(SINAPI!$E:$E,MATCH($B2257,SINAPI!$A:$A,0)),\"\")","v":"INSUMO"},11856,{"$f":"IFERROR(INDEX(SINAPI!$B:$B,MATCH($B2257,SINAPI!$A:$A,0)),\"\")","v":"CONECTOR METALICO TIPO PARAFUSO FENDIDO (SPLIT BOLT), PARA CABOS ATE 10 MM2                                                                                                                                                                                                                                                                                                                                                                                                                               "},{"$f":"IFERROR(INDEX(SINAPI!$C:$C,MATCH($B2257,SINAPI!$A:$A,0)),\"\")","v":"UN    "},1,{"$f":"IFERROR(INDEX(SINAPI!$D:$D,MATCH($B2257,SINAPI!$A:$A,0)),0)","v":5.0999999999999996},{"$f":"IFERROR(F2257*E2257,0)","v":5.0999999999999996}]
[{"$f":"IFERROR(INDEX(SINAPI!$E:$E,MATCH($B2258,SINAPI!$A:$A,0)),\"\")","v":"COMPOSIÇÃO"},88264,{"$f":"IFERROR(INDEX(SINAPI!$B:$B,MATCH($B2258,SINAPI!$A:$A,0)),\"\")","v":"ELETRICISTA COM ENCARGOS COMPLEMENTARES"},{"$f":"IFERROR(INDEX(SINAPI!$C:$C,MATCH($B2258,SINAPI!$A:$A,0)),\"\")","v":"H"},0.13500000000000001,{"$f":"IFERROR(INDEX(SINAPI!$D:$D,MATCH($B2258,SINAPI!$A:$A,0)),0)","v":20.6},2.7810000000000006]
[{"$f":"IFERROR(INDEX(SINAPI!$E:$E,MATCH($B2259,SINAPI!$A:$A,0)),\"\")","v":"COMPOSIÇÃO"},88247,{"$f":"IFERROR(INDEX(SINAPI!$B:$B,MATCH($B2259,SINAPI!$A:$A,0)),\"\")","v":"AUXILIAR DE ELETRICISTA COM ENCARGOS COMPLEMENTARES"},{"$f":"IFERROR(INDEX(SINAPI!$C:$C,MATCH($B2259,SINAPI!$A:$A,0)),\"\")","v":"H"},0.13500000000000001,{"$f":"IFERROR(INDEX(SINAPI!$D:$D,MATCH($B2259,SINAPI!$A:$A,0)),0)","v":15.61},2.1073500000000003]
[null,null,null,null,null,"TOTAL",{"$f":"SUM(G2257:G2259)","v":9.9883500000000005}]
[]
[]
["CLASSE/TIPO","CÓDIGOS/ SINAPI","DESCRIÇÃO","UND","COEFICIENTE","PREÇO UNITÁRIO","PREÇO TOTAL"]
["COMP-5507 ",null,"BRAÇADEIRA GALVANIZADA TIPO CUNHA 3/4","UN",null,null,{"$f":"G2267","v":4.3520000000000003}]
[{"$f":"IFERROR(INDEX(SINAPI!$E:$E,MATCH($B2265,SINAPI!$A:$A,0)),\"\")","v":"INSUMO"},39128,{"$f":"IFERROR(INDEX(SINAPI!$B:$B,MATCH($B2265,SINAPI!$A:$A,0)),\"\")","v":"ABRACADEIRA EM ACO PARA AMARRACAO DE ELETRODUTOS, TIPO D, COM 3/4\" E CUNHA DE FIXACAO                                                                                                                                                                                                                                                                                                                                                                                                                     "},{"$f":"IFERROR(INDEX(SINAPI!$C:$C,MATCH($B2265,SINAPI!$A:$A,0)),\"\")","v":"UN    "},1,{"$f":"IFERROR(INDEX(SINAPI!$D:$D,MATCH($B2265,SINAPI!$A:$A,0)),0)","v":1.88},{"$f":"IFERROR(F2265*E2265,0)","v":1.88}]
[{"$f":"IFERROR(INDEX(SINAPI!$E:$E,MATCH($B2266,SINAPI!$A:$A,0)),\"\")","v":"COMPOSIÇÃO"},88264,{"$f":"IFERROR(INDEX(SINAPI!$B:$B,MATCH($B2266,SINAPI!$A:$A,0)),\"\")","v":"ELETRICISTA COM ENCARGOS COMPLEMENTARES"},{"$f":"IFERROR(INDEX(SINAPI!$C:$C,MATCH($B2266,SINAPI!$A:$A,0)),\"\")","v":"H"},0.12,{"$f":"IFERROR(INDEX(SINAPI!$D:$D,MATCH($B2266,SINAPI!$A:$A,0)),0)","v":20.6},2.472]
[null,null,null,null,null,"TOTAL",{"$f":"SUM(G2265:G2266)","v":4.3520000000000003}]
[]
[]
["CLASSE/TIPO","CÓDIGOS/ SINAPI","DESCRIÇÃO","UND","COEFICIENTE","PREÇO UNITÁRIO","PREÇO TOTAL"]
["COMP-8555 ",null,"TAMPA FOFO COM ESCOTILHA 300 MM ","UN",null,null,{"$f":"G2274","v":157.03}]
[{"$f":"IFERROR(INDEX(SINAPI!$E:$E,MATCH($B2272,SINAPI!$A:$A,0)),\"\")","v":"INSUMO"},11315,{"$f":"IFERROR(INDEX(SINAPI!$B:$B,MATCH($B2272,SINAPI!$A:$A,0)),\"\")","v":"TAMPAO FOFO SIMPLES COM BASE, CLASSE A15 CARGA MAX 1,5 T, 300 X 300 MM, REDE PLUVIAL/ESGOTO                                                                                                                                                                                                                                                                                                                                                                                                               "},{"$f":"IFERROR(INDEX(SINAPI!$C:$C,MATCH($B2272,SINAPI!$A:$A,0)),\"\")","v":"UN    "},1,{"$f":"IFERROR(INDEX(SINAPI!$D:$D,MATCH($B2272,SINAPI!$A:$A,0)),0)","v":154.97},{"$f":"IFERROR(F2272*E2272,0)","v":154.97}]
[{"$f":"IFERROR(INDEX(SINAPI!$E:$E,MATCH($B2273,SINAPI!$A:$A,0)),\"\")","v":"COMPOSIÇÃO"},88264,{"$f":"IFERROR(INDEX(SINAPI!$B:$B,MATCH($B2273,SINAPI!$A:$A,0)),\"\")","v":"ELETRICISTA COM ENCARGOS COMPLEMENTARES"},{"$f":"IFERROR(INDEX(SINAPI!$C:$C,MATCH($B2273,SINAPI!$A:$A,0)),\"\")","v":"H"},0.1,{"$f":"IFERROR(INDEX(SINAPI!$D:$D,MATCH($B2273,SINAPI!$A:$A,0)),0)","v":20.6},2.06]
[null,null,null,null,null,"TOTAL",{"$f":"SUM(G2272:G2273)","v":157.03}]
[]
[]
["CLASSE/TIPO","CÓDIGOS/ SINAPI","DESCRIÇÃO","UND","COEFICIENTE","PREÇO UNITÁRIO","PREÇO TOTAL"]
["COMP-7074 ",null,"ARRUELA LISA GALVANIZADA 5/16 ","UN",null,null,{"$f":"G2281","v":1.004}]
["INSUMO","04419/ORSE","Arruela lisa de 5/16\"","UN    ",1,0.18,{"$f":"IFERROR(F2279*E2279,0)","v":0.18}]
[{"$f":"IFERROR(INDEX(SINAPI!$E:$E,MATCH($B2280,SINAPI!$A:$A,0)),\"\")","v":"COMPOSIÇÃO"},88264,{"$f":"IFERROR(INDEX(SINAPI!$B:$B,MATCH($B2280,SINAPI!$A:$A,0)),\"\")","v":"ELETRICISTA COM ENCARGOS COMPLEMENTARES"},{"$f":"IFERROR(INDEX(SINAPI!$C:$C,MATCH($B2280,SINAPI!$A:$A,0)),\"\")","v":"H"},0.04,{"$f":"IFERROR(INDEX(SINAPI!$D:$D,MATCH($B2280,SINAPI!$A:$A,0)),0)","v":20.6},0.82400000000000007]
[null,null,null,null,null,"TOTAL",{"$f":"SUM(G2279:G2280)","v":1.004}]
[]
[]
["CLASSE/TIPO","CÓDIGOS/ SINAPI","DESCRIÇÃO","UND","COEFICIENTE","PREÇO UNITÁRIO","PREÇO TOTAL"]
["COMP-8927 ",null,"CLIPS PARA HASTE DE ATERRAMENTO GALVANIZADA - 8 - 10 MM - REF:TEL-5238 ","UND",null,null,{"$f":"G2289","v":11.632}]
["INSUMO","08675/ORSE","Clips 5/8\" , p/haste de aterramento galvanizada, ref:TEL-5238","UN    ",1,6.45,{"$f":"IFERROR(F2286*E2286,0)","v":6.45}]
[{"$f":"IFERROR(INDEX(SINAPI!$E:$E,MATCH($B2287,SINAPI!$A:$A,0)),\"\")","v":"COMPOSIÇÃO"},88264,{"$f":"IFERROR(INDEX(SINAPI!$B:$B,MATCH($B2287,SINAPI!$A:$A,0)),\"\")","v":"ELETRICISTA COM ENCARGOS COMPLEMENTARES"},{"$f":"IFERROR(INDEX(SINAPI!$C:$C,MATCH($B2287,SINAPI!$A:$A,0)),\"\")","v":"H"},0.1,{"$f":"IFERROR(INDEX(SINAPI!$D:$D,MATCH($B2287,SINAPI!$A:$A,0)),0)","v":20.6},2.06]
[{"$f":"IFERROR(INDEX(SINAPI!$E:$E,MATCH($B2288,SINAPI!$A:$A,0)),\"\")","v":"COMPOSIÇÃO"},88247,{"$f":"IFERROR(INDEX(SINAPI!$B:$B,MATCH($B2288,SINAPI!$A:$A,0)),\"\")","v":"AUXILIAR DE ELETRICISTA COM ENCARGOS COMPLEMENTARES"},{"$f":"IFERROR(INDEX(SINAPI!$C:$C,MATCH($B2288,SINAPI!$A:$A,0)),\"\")","v":"H"},0.2,{"$f":"IFERROR(INDEX(SINAPI!$D:$D,MATCH($B2288,SINAPI!$A:$A,0)),0)","v":15.61},3.1219999999999999]
[null,null,null,null,null,"TOTAL",{"$f":"SUM(G2286:G2288)","v":11.632}]
[]
[]
["CLASSE/TIPO","CÓDIGOS/ SINAPI","DESCRIÇÃO","UND","COEFICIENTE","PREÇO UNITÁRIO","PREÇO TOTAL"]
["COMP-4528",null,"GRAMPO ESTANHADO 5/8 ","UN",null,null,{"$f":"G2296","v":4.0060000000000002}]
[{"$f":"IFERROR(INDEX(SINAPI!$E:$E,MATCH($B2294,SINAPI!$A:$A,0)),\"\")","v":"INSUMO"},38055,{"$f":"IFERROR(INDEX(SINAPI!$B:$B,MATCH($B2294,SINAPI!$A:$A,0)),\"\")","v":"GRAMPO METALICO TIPO OLHAL PARA HASTE DE ATERRAMENTO DE 1/2'', CONDUTOR DE *10* A 50 MM2                                                                                                                                                                                                                                                                                                                                                                                                                  "},{"$f":"IFERROR(INDEX(SINAPI!$C:$C,MATCH($B2294,SINAPI!$A:$A,0)),\"\")","v":"UN    "},1,{"$f":"IFERROR(INDEX(SINAPI!$D:$D,MATCH($B2294,SINAPI!$A:$A,0)),0)","v":3.8},{"$f":"IFERROR(F2294*E2294,0)","v":3.8}]
[{"$f":"IFERROR(INDEX(SINAPI!$E:$E,MATCH($B2295,SINAPI!$A:$A,0)),\"\")","v":"COMPOSIÇÃO"},88264,{"$f":"IFERROR(INDEX(SINAPI!$B:$B,MATCH($B2295,SINAPI!$A:$A,0)),\"\")","v":"ELETRICISTA COM ENCARGOS COMPLEMENTARES"},{"$f":"IFERROR(INDEX(SINAPI!$C:$C,MATCH($B2295,SINAPI!$A:$A,0)),\"\")","v":"H"},0.01,{"$f":"IFERROR(INDEX(SINAPI!$D:$D,MATCH($B2295,SINAPI!$A:$A,0)),0)","v":20.6},0.20600000000000002]
[null,null,null,null,null,"TOTAL",{"$f":"SUM(G2294:G2295)","v":4.0060000000000002}]
[]
[]
["CLASSE/TIPO","CÓDIGOS/ SINAPI","DESCRIÇÃO","UND","COEFICIENTE","PREÇO UNITÁRIO","PREÇO TOTAL"]
["COMP-4374 ",null,"FORNECIMENTO DE MOLDE DE SOLDA EXOTERMICA TIPO T PARA CABOS 35 MM ","UN",null,null,{"$f":"G2303","v":150.03}]
["INSUMO","10338/ORSE","Molde de solda exotérmica tipo \"T\" para cabo cobre nu 35 mm²","un",1,147.97,{"$f":"IFERROR(F2301*E2301,0)","v":147.97}]
[{"$f":"IFERROR(INDEX(SINAPI!$E:$E,MATCH($B2302,SINAPI!$A:$A,0)),\"\")","v":"COMPOSIÇÃO"},88264,{"$f":"IFERROR(INDEX(SINAPI!$B:$B,MATCH($B2302,SINAPI!$A:$A,0)),\"\")","v":"ELETRICISTA COM ENCARGOS COMPLEMENTARES"},{"$f":"IFERROR(INDEX(SINAPI!$C:$C,MATCH($B2302,SINAPI!$A:$A,0)),\"\")","v":"H"},0.1,{"$f":"IFERROR(INDEX(SINAPI!$D:$D,MATCH($B2302,SINAPI!$A:$A,0)),0)","v":20.6},2.06]
[null,null,null,null,null,"TOTAL",{"$f":"SUM(G2301:G2302)","v":150.03}]
[]
[]
["CLASSE/TIPO","CÓDIGOS/ SINAPI","DESCRIÇÃO","UND","COEFICIENTE","PREÇO UNITÁRIO","PREÇO TOTAL"]
["COMP-869450",null,"FORNECIMENTO DE MOLDE DE SOLDA EXOTERMICA TIPO T PARA CABOS 50 MM ","UN",null,null,{"$f":"G2310","v":148.17599999999999}]
["INSUMO","09691/ORSE","Molde de solda exotérmica 5/8","UN",1,147.97,{"$f":"IFERROR(F2308*E2308,0)","v":147.97}]
[{"$f":"IFERROR(INDEX(SINAPI!$E:$E,MATCH($B2309,SINAPI!$A:$A,0)),\"\")","v":"COMPOSIÇÃO"},88264,{"$f":"IFERROR(INDEX(SINAPI!$B:$B,MATCH($B2309,SINAPI!$A:$A,0)),\"\")","v":"ELETRICISTA COM ENCARGOS COMPLEMENTARES"},{"$f":"IFERROR(INDEX(SINAPI!$C:$C,MATCH($B2309,SINAPI!$A:$A,0)),\"\")","v":"H"},0.01,{"$f":"IFERROR(INDEX(SINAPI!$D:$D,MATCH($B2309,SINAPI!$A:$A,0)),0)","v":20.6},0.20600000000000002]
[null,null,null,null,null,"TOTAL",{"$f":"SUM(G2308:G2309)","v":148.17599999999999}]
[]
[]
["CLASSE/TIPO","CÓDIGOS/ SINAPI","DESCRIÇÃO","UND","COEFICIENTE","PREÇO UNITÁRIO","PREÇO TOTAL"]
["COMP-047275",null,"FORNECIMENTO DE CARTUCHO PARA SOLDA EXOTERMICA NR 32 ","UN",null,null,{"$f":"G2317","v":13.06}]
["INSUMO","11205/ORSE","Cartucho p/ solda exotermica nr 35","UN",1,11,{"$f":"IFERROR(F2315*E2315,0)","v":11}]
[{"$f":"IFERROR(INDEX(SINAPI!$E:$E,MATCH($B2316,SINAPI!$A:$A,0)),\"\")","v":"COMPOSIÇÃO"},88264,{"$f":"IFERROR(INDEX(SINAPI!$B:$B,MATCH($B2316,SINAPI!$A:$A,0)),\"\")","v":"ELETRICISTA COM ENCARGOS COMPLEMENTARES"},{"$f":"IFERROR(INDEX(SINAPI!$C:$C,MATCH($B2316,SINAPI!$A:$A,0)),\"\")","v":"H"},0.1,{"$f":"IFERROR(INDEX(SINAPI!$D:$D,MATCH($B2316,SINAPI!$A:$A,0)),0)","v":20.6},2.06]
[null,null,null,null,null,"TOTAL",{"$f":"SUM(G2315:G2316)","v":13.06}]
[]
[]
["CLASSE/TIPO","CÓDIGOS/ SINAPI","DESCRIÇÃO","UND","COEFICIENTE","PREÇO UNITÁRIO","PREÇO TOTAL"]
["COMP-465205",null,"FORNECIMENTO DE CARTUCHO PARA SOLDA EXOTERMICA NR 25 ","UN",null,null,{"$f":"G2324","v":14.09}]
["INSUMO","11205/ORSE","Cartucho p/ solda exotermica nr 35","UN",1,11,{"$f":"IFERROR(F2322*E2322,0)","v":11}]
[{"$f":"IFERROR(INDEX(SINAPI!$E:$E,MATCH($B2323,SINAPI!$A:$A,0)),\"\")","v":"COMPOSIÇÃO"},88264,{"$f":"IFERROR(INDEX(SINAPI!$B:$B,MATCH($B2323,SINAPI!$A:$A,0)),\"\")","v":"ELETRICISTA COM ENCARGOS COMPLEMENTARES"},{"$f":"IFERROR(INDEX(SINAPI!$C:$C,MATCH($B2323,SINAPI!$A:$A,0)),\"\")","v":"H"},0.15,{"$f":"IFERROR(INDEX(SINAPI!$D:$D,MATCH($B2323,SINAPI!$A:$A,0)),0)","v":20.6},3.0900000000000003]
[null,null,null,null,null,"TOTAL",{"$f":"SUM(G2322:G2323)","v":14.09}]
[]
[]
["CLASSE/TIPO","CÓDIGOS/ SINAPI","DESCRIÇÃO","UND","COEFICIENTE","PREÇO UNITÁRIO","PREÇO TOTAL"]
["COMP-1561",null,"SELANTE DE POLIURETANO (SIKAFLEX) 300ML ","UN",null,null,{"$f":"G2332","v":32.407800000000002}]
[{"$f":"IFERROR(INDEX(SINAPI!$E:$E,MATCH($B2329,SINAPI!$A:$A,0)),\"\")","v":"INSUMO"},142,{"$f":"IFERROR(INDEX(SINAPI!$B:$B,MATCH($B2329,SINAPI!$A:$A,0)),\"\")","v":"SELANTE ELASTICO MONOCOMPONENTE A BASE DE POLIURETANO (PU) PARA JUNTAS DIVERSAS                                                                                                                                                                                                                                                                                                                                                                                                                           "},{"$f":"IFERROR(INDEX(SINAPI!$C:$C,MATCH($B2329,SINAPI!$A:$A,0)),\"\")","v":"310ML "},1,{"$f":"IFERROR(INDEX(SINAPI!$D:$D,MATCH($B2329,SINAPI!$A:$A,0)),0)","v":25.89},{"$f":"IFERROR(F2329*E2329,0)","v":25.89}]
[{"$f":"IFERROR(INDEX(SINAPI!$E:$E,MATCH($B2330,SINAPI!$A:$A,0)),\"\")","v":"COMPOSIÇÃO"},88264,{"$f":"IFERROR(INDEX(SINAPI!$B:$B,MATCH($B2330,SINAPI!$A:$A,0)),\"\")","v":"ELETRICISTA COM ENCARGOS COMPLEMENTARES"},{"$f":"IFERROR(INDEX(SINAPI!$C:$C,MATCH($B2330,SINAPI!$A:$A,0)),\"\")","v":"H"},0.18,{"$f":"IFERROR(INDEX(SINAPI!$D:$D,MATCH($B2330,SINAPI!$A:$A,0)),0)","v":20.6},3.7080000000000002]
[{"$f":"IFERROR(INDEX(SINAPI!$E:$E,MATCH($B2331,SINAPI!$A:$A,0)),\"\")","v":"COMPOSIÇÃO"},88247,{"$f":"IFERROR(INDEX(SINAPI!$B:$B,MATCH($B2331,SINAPI!$A:$A,0)),\"\")","v":"AUXILIAR DE ELETRICISTA COM ENCARGOS COMPLEMENTARES"},{"$f":"IFERROR(INDEX(SINAPI!$C:$C,MATCH($B2331,SINAPI!$A:$A,0)),\"\")","v":"H"},0.18,{"$f":"IFERROR(INDEX(SINAPI!$D:$D,MATCH($B2331,SINAPI!$A:$A,0)),0)","v":15.61},2.8097999999999996]
[null,null,null,null,null,"TOTAL",{"$f":"SUM(G2329:G2331)","v":32.407800000000002}]
[]
[]
["CLASSE/TIPO","CÓDIGOS/ SINAPI","DESCRIÇÃO","UND","COEFICIENTE","PREÇO UNITÁRIO","PREÇO TOTAL"]
["COMP-4944 ",null,"PORCA ZINCADA SEXTAVADA DIAMETRO 5/16 ","UN",null,null,{"$f":"G2339","v":0.92400000000000004}]
[{"$f":"IFERROR(INDEX(SINAPI!$E:$E,MATCH($B2337,SINAPI!$A:$A,0)),\"\")","v":"INSUMO"},4330,{"$f":"IFERROR(INDEX(SINAPI!$B:$B,MATCH($B2337,SINAPI!$A:$A,0)),\"\")","v":"PORCA ZINCADA, SEXTAVADA, DIAMETRO 5/16\"                                                                                                                                                                                                                                                                                                                                                                                                                                                                  "},{"$f":"IFERROR(INDEX(SINAPI!$C:$C,MATCH($B2337,SINAPI!$A:$A,0)),\"\")","v":"UN    "},1,{"$f":"IFERROR(INDEX(SINAPI!$D:$D,MATCH($B2337,SINAPI!$A:$A,0)),0)","v":0.1},{"$f":"IFERROR(F2337*E2337,0)","v":0.1}]
[{"$f":"IFERROR(INDEX(SINAPI!$E:$E,MATCH($B2338,SINAPI!$A:$A,0)),\"\")","v":"COMPOSIÇÃO"},88264,{"$f":"IFERROR(INDEX(SINAPI!$B:$B,MATCH($B2338,SINAPI!$A:$A,0)),\"\")","v":"ELETRICISTA COM ENCARGOS COMPLEMENTARES"},{"$f":"IFERROR(INDEX(SINAPI!$C:$C,MATCH($B2338,SINAPI!$A:$A,0)),\"\")","v":"H"},0.04,{"$f":"IFERROR(INDEX(SINAPI!$D:$D,MATCH($B2338,SINAPI!$A:$A,0)),0)","v":20.6},0.82400000000000007]
[null,null,null,null,null,"TOTAL",{"$f":"SUM(G2337:G2338)","v":0.92400000000000004}]
[]
[]
["CLASSE/TIPO","CÓDIGOS/ SINAPI","DESCRIÇÃO","UND","COEFICIENTE","PREÇO UNITÁRIO","PREÇO TOTAL"]
["COMP-22571 ",null,"PRESILHA DE LATÃO, L=20MM, PARA FIXAÇÃO DE CABOS COBRE, FURO D=7MM, PARA CABOS 35MM² A 50MM² ","UN",null,null,{"$f":"G2346","v":2.0760000000000001}]
["INSUMO","09711/ORSE","Presilha de latão, L=20mm, para fixação de cabos cobre, furo d=7mm, para cabos 35mm² a 50mm², ref:TEL-745 ou similar (SPDA)","UN    ",1,1.87,{"$f":"IFERROR(F2344*E2344,0)","v":1.87}]
[{"$f":"IFERROR(INDEX(SINAPI!$E:$E,MATCH($B2345,SINAPI!$A:$A,0)),\"\")","v":"COMPOSIÇÃO"},88264,{"$f":"IFERROR(INDEX(SINAPI!$B:$B,MATCH($B2345,SINAPI!$A:$A,0)),\"\")","v":"ELETRICISTA COM ENCARGOS COMPLEMENTARES"},{"$f":"IFERROR(INDEX(SINAPI!$C:$C,MATCH($B2345,SINAPI!$A:$A,0)),\"\")","v":"H"},0.01,{"$f":"IFERROR(INDEX(SINAPI!$D:$D,MATCH($B2345,SINAPI!$A:$A,0)),0)","v":20.6},0.20600000000000002]
[null,null,null,null,null,"TOTAL",{"$f":"SUM(G2344:G2345)","v":2.0760000000000001}]
[]
[]
["CLASSE/TIPO","CÓDIGOS/ SINAPI","DESCRIÇÃO","UND","COEFICIENTE","PREÇO UNITÁRIO","PREÇO TOTAL"]
["COMP-176712",null,"TORNEIRA CROMADA PADRÃO MEDIO COM BICO PARA JARDIM 3/4\" - FORNECIMENTO E INSTALAÇÃO ","UN",null,null,{"$f":"G2355","v":64.393500000000003}]
[{"$f":"IFERROR(INDEX(SINAPI!$E:$E,MATCH($B2351,SINAPI!$A:$A,0)),\"\")","v":"INSUMO"},11762,{"$f":"IFERROR(INDEX(SINAPI!$B:$B,MATCH($B2351,SINAPI!$A:$A,0)),\"\")","v":"TORNEIRA CROMADA COM BICO PARA JARDIM/TANQUE 1/2 \" OU 3/4 \" (REF 1153)                                                                                                                                                                                                                                                                                                                                                                                                                                    "},{"$f":"IFERROR(INDEX(SINAPI!$C:$C,MATCH($B2351,SINAPI!$A:$A,0)),\"\")","v":"UN    "},1,{"$f":"IFERROR(INDEX(SINAPI!$D:$D,MATCH($B2351,SINAPI!$A:$A,0)),0)","v":61.78},{"$f":"IFERROR(F2351*E2351,0)","v":61.78}]
[{"$f":"IFERROR(INDEX(SINAPI!$E:$E,MATCH($B2352,SINAPI!$A:$A,0)),\"\")","v":"INSUMO"},3146,{"$f":"IFERROR(INDEX(SINAPI!$B:$B,MATCH($B2352,SINAPI!$A:$A,0)),\"\")","v":"FITA VEDA ROSCA EM ROLOS DE 18 MM X 10 M (L X C)                                                                                                                                                                                                                                                                                                                                                                                                                                                          "},{"$f":"IFERROR(INDEX(SINAPI!$C:$C,MATCH($B2352,SINAPI!$A:$A,0)),\"\")","v":"UN    "},3.04E-2,{"$f":"IFERROR(INDEX(SINAPI!$D:$D,MATCH($B2352,SINAPI!$A:$A,0)),0)","v":5},0.152]
[{"$f":"IFERROR(INDEX(SINAPI!$E:$E,MATCH($B2353,SINAPI!$A:$A,0)),\"\")","v":"COMPOSIÇÃO"},88267,{"$f":"IFERROR(INDEX(SINAPI!$B:$B,MATCH($B2353,SINAPI!$A:$A,0)),\"\")","v":"ENCANADOR OU BOMBEIRO HIDRÁULICO COM ENCARGOS COMPLEMENTARES"},{"$f":"IFERROR(INDEX(SINAPI!$C:$C,MATCH($B2353,SINAPI!$A:$A,0)),\"\")","v":"H"},0.1,{"$f":"IFERROR(INDEX(SINAPI!$D:$D,MATCH($B2353,SINAPI!$A:$A,0)),0)","v":19.920000000000002},1.9920000000000002]
[{"$f":"IFERROR(INDEX(SINAPI!$E:$E,MATCH($B2354,SINAPI!$A:$A,0)),\"\")","v":"COMPOSIÇÃO"},88316,{"$f":"IFERROR(INDEX(SINAPI!$B:$B,MATCH($B2354,SINAPI!$A:$A,0)),\"\")","v":"SERVENTE COM ENCARGOS COMPLEMENTARES"},{"$f":"IFERROR(INDEX(SINAPI!$C:$C,MATCH($B2354,SINAPI!$A:$A,0)),\"\")","v":"H"},0.03,{"$f":"IFERROR(INDEX(SINAPI!$D:$D,MATCH($B2354,SINAPI!$A:$A,0)),0)","v":15.65},0.46949999999999997]
[null,null,null,null,null,"TOTAL",{"$f":"SUM(G2351:G2354)","v":64.393500000000003}]
[]
[]
["CLASSE/TIPO","CÓDIGOS/ SINAPI","DESCRIÇÃO","UND","COEFICIENTE","PREÇO UNITÁRIO","PREÇO TOTAL"]
["COMP-959103",null,"FORNECIMENTO E INSTALAÇÃO DE CAIXA D´AGUA EM POLIETILENO, 250 LITROS, COM ACESSÓRIOS E BARRILETE","UN",null,null,{"$f":"G2374","v":646.36099999999999}]
[{"$f":"IFERROR(INDEX(SINAPI!$E:$E,MATCH($B2360,SINAPI!$A:$A,0)),\"\")","v":"INSUMO"},67,{"$f":"IFERROR(INDEX(SINAPI!$B:$B,MATCH($B2360,SINAPI!$A:$A,0)),\"\")","v":"ADAPTADOR PVC ROSCAVEL, COM FLANGES E ANEL DE VEDACAO, 1/2\", PARA CAIXA D' AGUA                                                                                                                                                                                                                                                                                                                                                                                                                           "},{"$f":"IFERROR(INDEX(SINAPI!$C:$C,MATCH($B2360,SINAPI!$A:$A,0)),\"\")","v":"UN    "},1,{"$f":"IFERROR(INDEX(SINAPI!$D:$D,MATCH($B2360,SINAPI!$A:$A,0)),0)","v":11.97},{"$f":"IFERROR(F2360*E2360,0)","v":11.97}]
[{"$f":"IFERROR(INDEX(SINAPI!$E:$E,MATCH($B2361,SINAPI!$A:$A,0)),\"\")","v":"INSUMO"},68,{"$f":"IFERROR(INDEX(SINAPI!$B:$B,MATCH($B2361,SINAPI!$A:$A,0)),\"\")","v":"ADAPTADOR PVC SOLDAVEL, COM FLANGES LIVRES, 32 MM X 1\", PARA CAIXA D' AGUA                                                                                                                                                                                                                                                                                                                                                                                                                                "},{"$f":"IFERROR(INDEX(SINAPI!$C:$C,MATCH($B2361,SINAPI!$A:$A,0)),\"\")","v":"UN    "},2,{"$f":"IFERROR(INDEX(SINAPI!$D:$D,MATCH($B2361,SINAPI!$A:$A,0)),0)","v":20.54},41.08]
[{"$f":"IFERROR(INDEX(SINAPI!$E:$E,MATCH($B2362,SINAPI!$A:$A,0)),\"\")","v":"INSUMO"},87,{"$f":"IFERROR(INDEX(SINAPI!$B:$B,MATCH($B2362,SINAPI!$A:$A,0)),\"\")","v":"ADAPTADOR PVC SOLDAVEL, LONGO, COM FLANGE LIVRE,  25 MM X 3/4\", PARA CAIXA D' AGUA                                                                                                                                                                                                                                                                                                                                                                                                                        "},{"$f":"IFERROR(INDEX(SINAPI!$C:$C,MATCH($B2362,SINAPI!$A:$A,0)),\"\")","v":"UN    "},1,{"$f":"IFERROR(INDEX(SINAPI!$D:$D,MATCH($B2362,SINAPI!$A:$A,0)),0)","v":18.86},18.86]
[{"$f":"IFERROR(INDEX(SINAPI!$E:$E,MATCH($B2363,SINAPI!$A:$A,0)),\"\")","v":"INSUMO"},119,{"$f":"IFERROR(INDEX(SINAPI!$B:$B,MATCH($B2363,SINAPI!$A:$A,0)),\"\")","v":"ADESIVO PLASTICO PARA PVC, BISNAGA COM 75 GR                                                                                                                                                                                                                                                                                                                                                                                                                                                              "},{"$f":"IFERROR(INDEX(SINAPI!$C:$C,MATCH($B2363,SINAPI!$A:$A,0)),\"\")","v":"UN    "},0.4,{"$f":"IFERROR(INDEX(SINAPI!$D:$D,MATCH($B2363,SINAPI!$A:$A,0)),0)","v":8.99},3.5960000000000001]
[{"$f":"IFERROR(INDEX(SINAPI!$E:$E,MATCH($B2364,SINAPI!$A:$A,0)),\"\")","v":"INSUMO"},3146,{"$f":"IFERROR(INDEX(SINAPI!$B:$B,MATCH($B2364,SINAPI!$A:$A,0)),\"\")","v":"FITA VEDA ROSCA EM ROLOS DE 18 MM X 10 M (L X C)                                                                                                                                                                                                                                                                                                                                                                                                                                                          "},{"$f":"IFERROR(INDEX(SINAPI!$C:$C,MATCH($B2364,SINAPI!$A:$A,0)),\"\")","v":"UN    "},0.3,{"$f":"IFERROR(INDEX(SINAPI!$D:$D,MATCH($B2364,SINAPI!$A:$A,0)),0)","v":5},1.5]
[{"$f":"IFERROR(INDEX(SINAPI!$E:$E,MATCH($B2365,SINAPI!$A:$A,0)),\"\")","v":"INSUMO"},3536,{"$f":"IFERROR(INDEX(SINAPI!$B:$B,MATCH($B2365,SINAPI!$A:$A,0)),\"\")","v":"JOELHO PVC, SOLDAVEL, 90 GRAUS, 32 MM, PARA AGUA FRIA PREDIAL                                                                                                                                                                                                                                                                                                                                                                                                                                             "},{"$f":"IFERROR(INDEX(SINAPI!$C:$C,MATCH($B2365,SINAPI!$A:$A,0)),\"\")","v":"UN    "},1,{"$f":"IFERROR(INDEX(SINAPI!$D:$D,MATCH($B2365,SINAPI!$A:$A,0)),0)","v":2.34},2.34]
[{"$f":"IFERROR(INDEX(SINAPI!$E:$E,MATCH($B2366,SINAPI!$A:$A,0)),\"\")","v":"INSUMO"},7140,{"$f":"IFERROR(INDEX(SINAPI!$B:$B,MATCH($B2366,SINAPI!$A:$A,0)),\"\")","v":"TE SOLDAVEL, PVC, 90 GRAUS, 32 MM, PARA AGUA FRIA PREDIAL (NBR 5648)                                                                                                                                                                                                                                                                                                                                                                                                                                      "},{"$f":"IFERROR(INDEX(SINAPI!$C:$C,MATCH($B2366,SINAPI!$A:$A,0)),\"\")","v":"UN    "},1,{"$f":"IFERROR(INDEX(SINAPI!$D:$D,MATCH($B2366,SINAPI!$A:$A,0)),0)","v":4.43},4.43]
[{"$f":"IFERROR(INDEX(SINAPI!$E:$E,MATCH($B2367,SINAPI!$A:$A,0)),\"\")","v":"INSUMO"},9868,{"$f":"IFERROR(INDEX(SINAPI!$B:$B,MATCH($B2367,SINAPI!$A:$A,0)),\"\")","v":"TUBO PVC, SOLDAVEL, DN 25 MM, AGUA FRIA (NBR-5648)                                                                                                                                                                                                                                                                                                                                                                                                                                                        "},{"$f":"IFERROR(INDEX(SINAPI!$C:$C,MATCH($B2367,SINAPI!$A:$A,0)),\"\")","v":"M     "},1.5,{"$f":"IFERROR(INDEX(SINAPI!$D:$D,MATCH($B2367,SINAPI!$A:$A,0)),0)","v":3.98},5.97]
[{"$f":"IFERROR(INDEX(SINAPI!$E:$E,MATCH($B2368,SINAPI!$A:$A,0)),\"\")","v":"INSUMO"},9869,{"$f":"IFERROR(INDEX(SINAPI!$B:$B,MATCH($B2368,SINAPI!$A:$A,0)),\"\")","v":"TUBO PVC, SOLDAVEL, DN 32 MM, AGUA FRIA (NBR-5648)                                                                                                                                                                                                                                                                                                                                                                                                                                                        "},{"$f":"IFERROR(INDEX(SINAPI!$C:$C,MATCH($B2368,SINAPI!$A:$A,0)),\"\")","v":"M     "},2,{"$f":"IFERROR(INDEX(SINAPI!$D:$D,MATCH($B2368,SINAPI!$A:$A,0)),0)","v":8.94},17.88]
[{"$f":"IFERROR(INDEX(SINAPI!$E:$E,MATCH($B2369,SINAPI!$A:$A,0)),\"\")","v":"INSUMO"},11675,{"$f":"IFERROR(INDEX(SINAPI!$B:$B,MATCH($B2369,SINAPI!$A:$A,0)),\"\")","v":"REGISTRO DE ESFERA, PVC, COM VOLANTE, VS, SOLDAVEL, DN 32 MM, COM CORPO DIVIDIDO                                                                                                                                                                                                                                                                                                                                                                                                                          "},{"$f":"IFERROR(INDEX(SINAPI!$C:$C,MATCH($B2369,SINAPI!$A:$A,0)),\"\")","v":"UN    "},1,{"$f":"IFERROR(INDEX(SINAPI!$D:$D,MATCH($B2369,SINAPI!$A:$A,0)),0)","v":18.57},18.57]
[{"$f":"IFERROR(INDEX(SINAPI!$E:$E,MATCH($B2370,SINAPI!$A:$A,0)),\"\")","v":"INSUMO"},11829,{"$f":"IFERROR(INDEX(SINAPI!$B:$B,MATCH($B2370,SINAPI!$A:$A,0)),\"\")","v":"TORNEIRA DE BOIA CONVENCIONAL PARA CAIXA D'AGUA, AGUA FRIA, 1/2\", COM HASTE E TORNEIRA METALICOS E BALAO PLASTICO                                                                                                                                                                                                                                                                                                                                                                                         "},{"$f":"IFERROR(INDEX(SINAPI!$C:$C,MATCH($B2370,SINAPI!$A:$A,0)),\"\")","v":"UN    "},1,{"$f":"IFERROR(INDEX(SINAPI!$D:$D,MATCH($B2370,SINAPI!$A:$A,0)),0)","v":35.67},35.67]
[{"$f":"IFERROR(INDEX(SINAPI!$E:$E,MATCH($B2371,SINAPI!$A:$A,0)),\"\")","v":"INSUMO"},34636,{"$f":"IFERROR(INDEX(SINAPI!$B:$B,MATCH($B2371,SINAPI!$A:$A,0)),\"\")","v":"CAIXA D'AGUA EM POLIETILENO 1000 LITROS, COM TAMPA                                                                                                                                                                                                                                                                                                                                                                                                                                                        "},{"$f":"IFERROR(INDEX(SINAPI!$C:$C,MATCH($B2371,SINAPI!$A:$A,0)),\"\")","v":"UN    "},0.5,{"$f":"IFERROR(INDEX(SINAPI!$D:$D,MATCH($B2371,SINAPI!$A:$A,0)),0)","v":429.99},214.995]
[{"$f":"IFERROR(INDEX(SINAPI!$E:$E,MATCH($B2372,SINAPI!$A:$A,0)),\"\")","v":"COMPOSIÇÃO"},88267,{"$f":"IFERROR(INDEX(SINAPI!$B:$B,MATCH($B2372,SINAPI!$A:$A,0)),\"\")","v":"ENCANADOR OU BOMBEIRO HIDRÁULICO COM ENCARGOS COMPLEMENTARES"},{"$f":"IFERROR(INDEX(SINAPI!$C:$C,MATCH($B2372,SINAPI!$A:$A,0)),\"\")","v":"H"},7.7,{"$f":"IFERROR(INDEX(SINAPI!$D:$D,MATCH($B2372,SINAPI!$A:$A,0)),0)","v":19.920000000000002},153.38400000000001]
[{"$f":"IFERROR(INDEX(SINAPI!$E:$E,MATCH($B2373,SINAPI!$A:$A,0)),\"\")","v":"COMPOSIÇÃO"},88248,{"$f":"IFERROR(INDEX(SINAPI!$B:$B,MATCH($B2373,SINAPI!$A:$A,0)),\"\")","v":"AUXILIAR DE ENCANADOR OU BOMBEIRO HIDRÁULICO COM ENCARGOS COMPLEMENTARES"},{"$f":"IFERROR(INDEX(SINAPI!$C:$C,MATCH($B2373,SINAPI!$A:$A,0)),\"\")","v":"H"},7.7,{"$f":"IFERROR(INDEX(SINAPI!$D:$D,MATCH($B2373,SINAPI!$A:$A,0)),0)","v":15.08},116.116]
[null,null,null,null,null,"TOTAL",{"$f":"SUM(G2360:G2373)","v":646.36099999999999}]
[]
[]
["CLASSE/TIPO","CÓDIGOS/ SINAPI","DESCRIÇÃO","UND","COEFICIENTE","PREÇO UNITÁRIO","PREÇO TOTAL"]
["COMP-814241",null,"RALO FOFO SEMIESFERICO, 75 MM, PARA LAJES/ CALHAS - AGUAS PLUVIAIS ","UN",null,null,{"$f":"G2383","v":48.97}]
[{"$f":"IFERROR(INDEX(SINAPI!$E:$E,MATCH($B2379,SINAPI!$A:$A,0)),\"\")","v":"INSUMO"},11707,{"$f":"IFERROR(INDEX(SINAPI!$B:$B,MATCH($B2379,SINAPI!$A:$A,0)),\"\")","v":"RALO FOFO SEMIESFERICO, 75 MM, PARA LAJES/ CALHAS                                                                                                                                                                                                                                                                                                                                                                                                                                                         "},{"$f":"IFERROR(INDEX(SINAPI!$C:$C,MATCH($B2379,SINAPI!$A:$A,0)),\"\")","v":"UN    "},1,{"$f":"IFERROR(INDEX(SINAPI!$D:$D,MATCH($B2379,SINAPI!$A:$A,0)),0)","v":18.77},{"$f":"IFERROR(F2379*E2379,0)","v":18.77}]
[{"$f":"IFERROR(INDEX(SINAPI!$E:$E,MATCH($B2380,SINAPI!$A:$A,0)),\"\")","v":"COMPOSIÇÃO"},98558,{"$f":"IFERROR(INDEX(SINAPI!$B:$B,MATCH($B2380,SINAPI!$A:$A,0)),\"\")","v":"TRATAMENTO DE RALO OU PONTO EMERGENTE COM ARGAMASSA POLIMÉRICA / MEMBRANA ACRÍLICA REFORÇADO COM VÉU DE POLIÉSTER (MAV). AF_06/2018"},{"$f":"IFERROR(INDEX(SINAPI!$C:$C,MATCH($B2380,SINAPI!$A:$A,0)),\"\")","v":"UN"},2,{"$f":"IFERROR(INDEX(SINAPI!$D:$D,MATCH($B2380,SINAPI!$A:$A,0)),0)","v":6.35},12.7]
[{"$f":"IFERROR(INDEX(SINAPI!$E:$E,MATCH($B2381,SINAPI!$A:$A,0)),\"\")","v":"COMPOSIÇÃO"},88248,{"$f":"IFERROR(INDEX(SINAPI!$B:$B,MATCH($B2381,SINAPI!$A:$A,0)),\"\")","v":"AUXILIAR DE ENCANADOR OU BOMBEIRO HIDRÁULICO COM ENCARGOS COMPLEMENTARES"},{"$f":"IFERROR(INDEX(SINAPI!$C:$C,MATCH($B2381,SINAPI!$A:$A,0)),\"\")","v":"H"},0.5,{"$f":"IFERROR(INDEX(SINAPI!$D:$D,MATCH($B2381,SINAPI!$A:$A,0)),0)","v":15.08},7.54]
[{"$f":"IFERROR(INDEX(SINAPI!$E:$E,MATCH($B2382,SINAPI!$A:$A,0)),\"\")","v":"COMPOSIÇÃO"},88267,{"$f":"IFERROR(INDEX(SINAPI!$B:$B,MATCH($B2382,SINAPI!$A:$A,0)),\"\")","v":"ENCANADOR OU BOMBEIRO HIDRÁULICO COM ENCARGOS COMPLEMENTARES"},{"$f":"IFERROR(INDEX(SINAPI!$C:$C,MATCH($B2382,SINAPI!$A:$A,0)),\"\")","v":"H"},0.5,{"$f":"IFERROR(INDEX(SINAPI!$D:$D,MATCH($B2382,SINAPI!$A:$A,0)),0)","v":19.920000000000002},9.9600000000000009]
[null,null,null,null,null,"TOTAL",{"$f":"SUM(G2379:G2382)","v":48.97}]
[]
[]
["CLASSE/TIPO","CÓDIGOS/ SINAPI","DESCRIÇÃO","UND","COEFICIENTE","PREÇO UNITÁRIO","PREÇO TOTAL"]
["COMP-985057",null,"DUCHA HIGIENICA PLASTICA COM REGISTRO METALICO 1/2 \" - FORNECIMENTO E INSTALAÇÃO","UN",null,null,{"$f":"G2392","v":113.77499999999999}]
[{"$f":"IFERROR(INDEX(SINAPI!$E:$E,MATCH($B2388,SINAPI!$A:$A,0)),\"\")","v":"INSUMO"},1370,{"$f":"IFERROR(INDEX(SINAPI!$B:$B,MATCH($B2388,SINAPI!$A:$A,0)),\"\")","v":"DUCHA HIGIENICA PLASTICA COM REGISTRO METALICO 1/2 \"                                                                                                                                                                                                                                                                                                                                                                                                                                                      "},{"$f":"IFERROR(INDEX(SINAPI!$C:$C,MATCH($B2388,SINAPI!$A:$A,0)),\"\")","v":"UN    "},1,{"$f":"IFERROR(INDEX(SINAPI!$D:$D,MATCH($B2388,SINAPI!$A:$A,0)),0)","v":93.89},{"$f":"IFERROR(F2388*E2388,0)","v":93.89}]
[{"$f":"IFERROR(INDEX(SINAPI!$E:$E,MATCH($B2389,SINAPI!$A:$A,0)),\"\")","v":"INSUMO"},3146,{"$f":"IFERROR(INDEX(SINAPI!$B:$B,MATCH($B2389,SINAPI!$A:$A,0)),\"\")","v":"FITA VEDA ROSCA EM ROLOS DE 18 MM X 10 M (L X C)                                                                                                                                                                                                                                                                                                                                                                                                                                                          "},{"$f":"IFERROR(INDEX(SINAPI!$C:$C,MATCH($B2389,SINAPI!$A:$A,0)),\"\")","v":"UN    "},0.42,{"$f":"IFERROR(INDEX(SINAPI!$D:$D,MATCH($B2389,SINAPI!$A:$A,0)),0)","v":5},2.1]
[{"$f":"IFERROR(INDEX(SINAPI!$E:$E,MATCH($B2390,SINAPI!$A:$A,0)),\"\")","v":"COMPOSIÇÃO"},88267,{"$f":"IFERROR(INDEX(SINAPI!$B:$B,MATCH($B2390,SINAPI!$A:$A,0)),\"\")","v":"ENCANADOR OU BOMBEIRO HIDRÁULICO COM ENCARGOS COMPLEMENTARES"},{"$f":"IFERROR(INDEX(SINAPI!$C:$C,MATCH($B2390,SINAPI!$A:$A,0)),\"\")","v":"H"},0.5,{"$f":"IFERROR(INDEX(SINAPI!$D:$D,MATCH($B2390,SINAPI!$A:$A,0)),0)","v":19.920000000000002},9.9600000000000009]
[{"$f":"IFERROR(INDEX(SINAPI!$E:$E,MATCH($B2391,SINAPI!$A:$A,0)),\"\")","v":"COMPOSIÇÃO"},88316,{"$f":"IFERROR(INDEX(SINAPI!$B:$B,MATCH($B2391,SINAPI!$A:$A,0)),\"\")","v":"SERVENTE COM ENCARGOS COMPLEMENTARES"},{"$f":"IFERROR(INDEX(SINAPI!$C:$C,MATCH($B2391,SINAPI!$A:$A,0)),\"\")","v":"H"},0.5,{"$f":"IFERROR(INDEX(SINAPI!$D:$D,MATCH($B2391,SINAPI!$A:$A,0)),0)","v":15.65},7.8250000000000002]
[null,null,null,null,null,"TOTAL",{"$f":"SUM(G2388:G2391)","v":113.77499999999999}]
[]
[]
["CLASSE/TIPO","CÓDIGOS/ SINAPI","DESCRIÇÃO","UND","COEFICIENTE","PREÇO UNITÁRIO","PREÇO TOTAL"]
["COMP-373231",null,"FITA ADESIVA ALUMINIZADA","R",null,null,{"$f":"G2400","v":3.1325000000000003}]
[{"$f":"IFERROR(INDEX(SINAPI!$E:$E,MATCH($B2397,SINAPI!$A:$A,0)),\"\")","v":"INSUMO"},42529,{"$f":"IFERROR(INDEX(SINAPI!$B:$B,MATCH($B2397,SINAPI!$A:$A,0)),\"\")","v":"FITA ADESIVA ALUMINIZADA, PARA INSTALACAO DE MANTAS DE SUBCOBERTURA,  L = *5* CM                                                                                                                                                                                                                                                                                                                                                                                                                          "},{"$f":"IFERROR(INDEX(SINAPI!$C:$C,MATCH($B2397,SINAPI!$A:$A,0)),\"\")","v":"M     "},1,{"$f":"IFERROR(INDEX(SINAPI!$D:$D,MATCH($B2397,SINAPI!$A:$A,0)),0)","v":1.32},{"$f":"IFERROR(F2397*E2397,0)","v":1.32}]
[{"$f":"IFERROR(INDEX(SINAPI!$E:$E,MATCH($B2398,SINAPI!$A:$A,0)),\"\")","v":"COMPOSIÇÃO"},88316,{"$f":"IFERROR(INDEX(SINAPI!$B:$B,MATCH($B2398,SINAPI!$A:$A,0)),\"\")","v":"SERVENTE COM ENCARGOS COMPLEMENTARES"},{"$f":"IFERROR(INDEX(SINAPI!$C:$C,MATCH($B2398,SINAPI!$A:$A,0)),\"\")","v":"H"},0.05,{"$f":"IFERROR(INDEX(SINAPI!$D:$D,MATCH($B2398,SINAPI!$A:$A,0)),0)","v":15.65},0.78250000000000008]
[{"$f":"IFERROR(INDEX(SINAPI!$E:$E,MATCH($B2399,SINAPI!$A:$A,0)),\"\")","v":"COMPOSIÇÃO"},88264,{"$f":"IFERROR(INDEX(SINAPI!$B:$B,MATCH($B2399,SINAPI!$A:$A,0)),\"\")","v":"ELETRICISTA COM ENCARGOS COMPLEMENTARES"},{"$f":"IFERROR(INDEX(SINAPI!$C:$C,MATCH($B2399,SINAPI!$A:$A,0)),\"\")","v":"H"},0.05,{"$f":"IFERROR(INDEX(SINAPI!$D:$D,MATCH($B2399,SINAPI!$A:$A,0)),0)","v":20.6},1.03]
[null,null,null,null,null,"TOTAL",{"$f":"SUM(G2397:G2399)","v":3.1325000000000003}]
[]
[]
["CLASSE/TIPO","CÓDIGOS/ SINAPI","DESCRIÇÃO","UND","COEFICIENTE","PREÇO UNITÁRIO","PREÇO TOTAL"]
["COMP-079108",null,"TUBO DE ESPUMA ELASTOMÉRICA 3/8\" ","M",null,null,{"$f":"G2408","v":3.5449999999999999}]
[{"$f":"IFERROR(INDEX(SINAPI!$E:$E,MATCH($B2405,SINAPI!$A:$A,0)),\"\")","v":"INSUMO"},39716,{"$f":"IFERROR(INDEX(SINAPI!$B:$B,MATCH($B2405,SINAPI!$A:$A,0)),\"\")","v":"TUBO DE ESPUMA DE POLIETILENO EXPANDIDO FLEXIVEL PARA ISOLAMENTO TERMICO DE TUBULACAO DE AR CONDICIONADO, AGUA QUENTE,  DN 3/8\", E= 10 MM                                                                                                                                                                                                                                                                                                                                                                 "},{"$f":"IFERROR(INDEX(SINAPI!$C:$C,MATCH($B2405,SINAPI!$A:$A,0)),\"\")","v":"M     "},1.05,{"$f":"IFERROR(INDEX(SINAPI!$D:$D,MATCH($B2405,SINAPI!$A:$A,0)),0)","v":1.65},{"$f":"IFERROR(F2405*E2405,0)","v":1.7324999999999999}]
[{"$f":"IFERROR(INDEX(SINAPI!$E:$E,MATCH($B2406,SINAPI!$A:$A,0)),\"\")","v":"COMPOSIÇÃO"},88316,{"$f":"IFERROR(INDEX(SINAPI!$B:$B,MATCH($B2406,SINAPI!$A:$A,0)),\"\")","v":"SERVENTE COM ENCARGOS COMPLEMENTARES"},{"$f":"IFERROR(INDEX(SINAPI!$C:$C,MATCH($B2406,SINAPI!$A:$A,0)),\"\")","v":"H"},0.05,{"$f":"IFERROR(INDEX(SINAPI!$D:$D,MATCH($B2406,SINAPI!$A:$A,0)),0)","v":15.65},0.78250000000000008]
[{"$f":"IFERROR(INDEX(SINAPI!$E:$E,MATCH($B2407,SINAPI!$A:$A,0)),\"\")","v":"COMPOSIÇÃO"},88264,{"$f":"IFERROR(INDEX(SINAPI!$B:$B,MATCH($B2407,SINAPI!$A:$A,0)),\"\")","v":"ELETRICISTA COM ENCARGOS COMPLEMENTARES"},{"$f":"IFERROR(INDEX(SINAPI!$C:$C,MATCH($B2407,SINAPI!$A:$A,0)),\"\")","v":"H"},0.05,{"$f":"IFERROR(INDEX(SINAPI!$D:$D,MATCH($B2407,SINAPI!$A:$A,0)),0)","v":20.6},1.03]
[null,null,null,null,null,"TOTAL",{"$f":"SUM(G2405:G2407)","v":3.5449999999999999}]
[]
[]
["CLASSE/TIPO","CÓDIGOS/ SINAPI","DESCRIÇÃO","UND","COEFICIENTE","PREÇO UNITÁRIO","PREÇO TOTAL"]
["COMP-0148 ",null,"TUBO DE ESPUMA ELASTOMÉRICA 1/4\" ","M",null,null,{"$f":"G2416","v":3.2090000000000005}]
[{"$f":"IFERROR(INDEX(SINAPI!$E:$E,MATCH($B2413,SINAPI!$A:$A,0)),\"\")","v":"INSUMO"},39713,{"$f":"IFERROR(INDEX(SINAPI!$B:$B,MATCH($B2413,SINAPI!$A:$A,0)),\"\")","v":"TUBO DE ESPUMA DE POLIETILENO EXPANDIDO FLEXIVEL PARA ISOLAMENTO TERMICO DE TUBULACAO DE AR CONDICIONADO, AGUA QUENTE,  DN 1/4\", E= 10 MM                                                                                                                                                                                                                                                                                                                                                                 "},{"$f":"IFERROR(INDEX(SINAPI!$C:$C,MATCH($B2413,SINAPI!$A:$A,0)),\"\")","v":"M     "},1.05,{"$f":"IFERROR(INDEX(SINAPI!$D:$D,MATCH($B2413,SINAPI!$A:$A,0)),0)","v":1.33},{"$f":"IFERROR(F2413*E2413,0)","v":1.3965000000000001}]
[{"$f":"IFERROR(INDEX(SINAPI!$E:$E,MATCH($B2414,SINAPI!$A:$A,0)),\"\")","v":"COMPOSIÇÃO"},88316,{"$f":"IFERROR(INDEX(SINAPI!$B:$B,MATCH($B2414,SINAPI!$A:$A,0)),\"\")","v":"SERVENTE COM ENCARGOS COMPLEMENTARES"},{"$f":"IFERROR(INDEX(SINAPI!$C:$C,MATCH($B2414,SINAPI!$A:$A,0)),\"\")","v":"H"},0.05,{"$f":"IFERROR(INDEX(SINAPI!$D:$D,MATCH($B2414,SINAPI!$A:$A,0)),0)","v":15.65},0.78250000000000008]
[{"$f":"IFERROR(INDEX(SINAPI!$E:$E,MATCH($B2415,SINAPI!$A:$A,0)),\"\")","v":"COMPOSIÇÃO"},88264,{"$f":"IFERROR(INDEX(SINAPI!$B:$B,MATCH($B2415,SINAPI!$A:$A,0)),\"\")","v":"ELETRICISTA COM ENCARGOS COMPLEMENTARES"},{"$f":"IFERROR(INDEX(SINAPI!$C:$C,MATCH($B2415,SINAPI!$A:$A,0)),\"\")","v":"H"},0.05,{"$f":"IFERROR(INDEX(SINAPI!$D:$D,MATCH($B2415,SINAPI!$A:$A,0)),0)","v":20.6},1.03]
[null,null,null,null,null,"TOTAL",{"$f":"SUM(G2413:G2415)","v":3.2090000000000005}]
[]
[]
["CLASSE/TIPO","CÓDIGOS/ SINAPI","DESCRIÇÃO","UND","COEFICIENTE","PREÇO UNITÁRIO","PREÇO TOTAL"]
["COMP-9398 ",null,"TUBO DE COBRE 3/8\" ","M",null,null,{"$f":"G2424","v":36.674999999999997}]
[{"$f":"IFERROR(INDEX(SINAPI!$E:$E,MATCH($B2421,SINAPI!$A:$A,0)),\"\")","v":"INSUMO"},39664,{"$f":"IFERROR(INDEX(SINAPI!$B:$B,MATCH($B2421,SINAPI!$A:$A,0)),\"\")","v":"TUBO DE COBRE FLEXIVEL, D = 3/8 \", E = 0,79 MM, PARA AR-CONDICIONADO/ INSTALACOES GAS RESIDENCIAIS E COMERCIAIS                                                                                                                                                                                                                                                                                                                                                                                           "},{"$f":"IFERROR(INDEX(SINAPI!$C:$C,MATCH($B2421,SINAPI!$A:$A,0)),\"\")","v":"M     "},1,{"$f":"IFERROR(INDEX(SINAPI!$D:$D,MATCH($B2421,SINAPI!$A:$A,0)),0)","v":33.049999999999997},{"$f":"IFERROR(F2421*E2421,0)","v":33.049999999999997}]
[{"$f":"IFERROR(INDEX(SINAPI!$E:$E,MATCH($B2422,SINAPI!$A:$A,0)),\"\")","v":"COMPOSIÇÃO"},88316,{"$f":"IFERROR(INDEX(SINAPI!$B:$B,MATCH($B2422,SINAPI!$A:$A,0)),\"\")","v":"SERVENTE COM ENCARGOS COMPLEMENTARES"},{"$f":"IFERROR(INDEX(SINAPI!$C:$C,MATCH($B2422,SINAPI!$A:$A,0)),\"\")","v":"H"},0.1,{"$f":"IFERROR(INDEX(SINAPI!$D:$D,MATCH($B2422,SINAPI!$A:$A,0)),0)","v":15.65},1.5650000000000002]
[{"$f":"IFERROR(INDEX(SINAPI!$E:$E,MATCH($B2423,SINAPI!$A:$A,0)),\"\")","v":"COMPOSIÇÃO"},88264,{"$f":"IFERROR(INDEX(SINAPI!$B:$B,MATCH($B2423,SINAPI!$A:$A,0)),\"\")","v":"ELETRICISTA COM ENCARGOS COMPLEMENTARES"},{"$f":"IFERROR(INDEX(SINAPI!$C:$C,MATCH($B2423,SINAPI!$A:$A,0)),\"\")","v":"H"},0.1,{"$f":"IFERROR(INDEX(SINAPI!$D:$D,MATCH($B2423,SINAPI!$A:$A,0)),0)","v":20.6},2.06]
[null,null,null,null,null,"TOTAL",{"$f":"SUM(G2421:G2423)","v":36.674999999999997}]
[]
[]
["CLASSE/TIPO","CÓDIGOS/ SINAPI","DESCRIÇÃO","UND","COEFICIENTE","PREÇO UNITÁRIO","PREÇO TOTAL"]
["COMP-6563",null,"TUBO DE COBRE 1/4\" ","M",null,null,{"$f":"G2432","v":25.114999999999998}]
[{"$f":"IFERROR(INDEX(SINAPI!$E:$E,MATCH($B2429,SINAPI!$A:$A,0)),\"\")","v":"INSUMO"},39662,{"$f":"IFERROR(INDEX(SINAPI!$B:$B,MATCH($B2429,SINAPI!$A:$A,0)),\"\")","v":"TUBO DE COBRE FLEXIVEL, D = 1/4 \", E = 0,79 MM, PARA AR-CONDICIONADO/ INSTALACOES GAS RESIDENCIAIS E COMERCIAIS                                                                                                                                                                                                                                                                                                                                                                                           "},{"$f":"IFERROR(INDEX(SINAPI!$C:$C,MATCH($B2429,SINAPI!$A:$A,0)),\"\")","v":"M     "},1,{"$f":"IFERROR(INDEX(SINAPI!$D:$D,MATCH($B2429,SINAPI!$A:$A,0)),0)","v":21.49},{"$f":"IFERROR(F2429*E2429,0)","v":21.49}]
[{"$f":"IFERROR(INDEX(SINAPI!$E:$E,MATCH($B2430,SINAPI!$A:$A,0)),\"\")","v":"COMPOSIÇÃO"},88316,{"$f":"IFERROR(INDEX(SINAPI!$B:$B,MATCH($B2430,SINAPI!$A:$A,0)),\"\")","v":"SERVENTE COM ENCARGOS COMPLEMENTARES"},{"$f":"IFERROR(INDEX(SINAPI!$C:$C,MATCH($B2430,SINAPI!$A:$A,0)),\"\")","v":"H"},0.1,{"$f":"IFERROR(INDEX(SINAPI!$D:$D,MATCH($B2430,SINAPI!$A:$A,0)),0)","v":15.65},1.5650000000000002]
[{"$f":"IFERROR(INDEX(SINAPI!$E:$E,MATCH($B2431,SINAPI!$A:$A,0)),\"\")","v":"COMPOSIÇÃO"},88264,{"$f":"IFERROR(INDEX(SINAPI!$B:$B,MATCH($B2431,SINAPI!$A:$A,0)),\"\")","v":"ELETRICISTA COM ENCARGOS COMPLEMENTARES"},{"$f":"IFERROR(INDEX(SINAPI!$C:$C,MATCH($B2431,SINAPI!$A:$A,0)),\"\")","v":"H"},0.1,{"$f":"IFERROR(INDEX(SINAPI!$D:$D,MATCH($B2431,SINAPI!$A:$A,0)),0)","v":20.6},2.06]
[null,null,null,null,null,"TOTAL",{"$f":"SUM(G2429:G2431)","v":25.114999999999998}]
[]
[]
["CLASSE/TIPO","CÓDIGOS/ SINAPI","DESCRIÇÃO","UND","COEFICIENTE","PREÇO UNITÁRIO","PREÇO TOTAL"]
["COMP-415164",null,"GRADIL COM MONTANTES EM TUBO GALVANIZADO 2\" E FECHAMENTO EM BARRA CHATA 1\" X 1/4\" - VEÍCULO DUAS FOLHAS- 2,50X2X2 ","M²",null,null,{"$f":"G2442","v":894.8655}]
[{"$f":"IFERROR(INDEX(SINAPI!$E:$E,MATCH($B2437,SINAPI!$A:$A,0)),\"\")","v":"INSUMO"},555,{"$f":"IFERROR(INDEX(SINAPI!$B:$B,MATCH($B2437,SINAPI!$A:$A,0)),\"\")","v":"BARRA DE FERRO CHATO, RETANGULAR, 25,4 MM X 6,35 MM (L X E), 1,2265 KG/M                                                                                                                                                                                                                                                                                                                                                                                                                                  "},{"$f":"IFERROR(INDEX(SINAPI!$C:$C,MATCH($B2437,SINAPI!$A:$A,0)),\"\")","v":"M     "},7,{"$f":"IFERROR(INDEX(SINAPI!$D:$D,MATCH($B2437,SINAPI!$A:$A,0)),0)","v":16.68},{"$f":"IFERROR(F2437*E2437,0)","v":116.75999999999999}]
[{"$f":"IFERROR(INDEX(SINAPI!$E:$E,MATCH($B2438,SINAPI!$A:$A,0)),\"\")","v":"INSUMO"},21013,{"$f":"IFERROR(INDEX(SINAPI!$B:$B,MATCH($B2438,SINAPI!$A:$A,0)),\"\")","v":"TUBO ACO GALVANIZADO COM COSTURA, CLASSE LEVE, DN 50 MM ( 2\"),  E = 3,00 MM,  *4,40* KG/M (NBR 5580)                                                                                                                                                                                                                                                                                                                                                                                                      "},{"$f":"IFERROR(INDEX(SINAPI!$C:$C,MATCH($B2438,SINAPI!$A:$A,0)),\"\")","v":"M     "},5.57,{"$f":"IFERROR(INDEX(SINAPI!$D:$D,MATCH($B2438,SINAPI!$A:$A,0)),0)","v":94.16},524.47119999999995]
[{"$f":"IFERROR(INDEX(SINAPI!$E:$E,MATCH($B2439,SINAPI!$A:$A,0)),\"\")","v":"INSUMO"},10997,{"$f":"IFERROR(INDEX(SINAPI!$B:$B,MATCH($B2439,SINAPI!$A:$A,0)),\"\")","v":"ELETRODO REVESTIDO AWS - E7018, DIAMETRO IGUAL A 4,00 MM                                                                                                                                                                                                                                                                                                                                                                                                                                                  "},{"$f":"IFERROR(INDEX(SINAPI!$C:$C,MATCH($B2439,SINAPI!$A:$A,0)),\"\")","v":"KG    "},6.11,{"$f":"IFERROR(INDEX(SINAPI!$D:$D,MATCH($B2439,SINAPI!$A:$A,0)),0)","v":24.13},147.43430000000001]
[{"$f":"IFERROR(INDEX(SINAPI!$E:$E,MATCH($B2440,SINAPI!$A:$A,0)),\"\")","v":"COMPOSIÇÃO"},88316,{"$f":"IFERROR(INDEX(SINAPI!$B:$B,MATCH($B2440,SINAPI!$A:$A,0)),\"\")","v":"SERVENTE COM ENCARGOS COMPLEMENTARES"},{"$f":"IFERROR(INDEX(SINAPI!$C:$C,MATCH($B2440,SINAPI!$A:$A,0)),\"\")","v":"H"},3,{"$f":"IFERROR(INDEX(SINAPI!$D:$D,MATCH($B2440,SINAPI!$A:$A,0)),0)","v":15.65},46.95]
[{"$f":"IFERROR(INDEX(SINAPI!$E:$E,MATCH($B2441,SINAPI!$A:$A,0)),\"\")","v":"COMPOSIÇÃO"},88315,{"$f":"IFERROR(INDEX(SINAPI!$B:$B,MATCH($B2441,SINAPI!$A:$A,0)),\"\")","v":"SERRALHEIRO COM ENCARGOS COMPLEMENTARES"},{"$f":"IFERROR(INDEX(SINAPI!$C:$C,MATCH($B2441,SINAPI!$A:$A,0)),\"\")","v":"H"},3,{"$f":"IFERROR(INDEX(SINAPI!$D:$D,MATCH($B2441,SINAPI!$A:$A,0)),0)","v":19.75},59.25]
[null,null,null,null,null,"TOTAL",{"$f":"SUM(G2437:G2441)","v":894.8655}]
[]
[]
["CLASSE/TIPO","CÓDIGOS/ SINAPI","DESCRIÇÃO","UND","COEFICIENTE","PREÇO UNITÁRIO","PREÇO TOTAL"]
["COMP-2568",null,"GRADIL COM MONTANTES EM TUBO GALVANIZADO 2\" E FECHAMENTO EM BARRA CHATA 1\" X 1/4\" - PEDESTRE - 1,20X2,00M ","M2",null,null,{"$f":"G2452","v":894.8655}]
[{"$f":"IFERROR(INDEX(SINAPI!$E:$E,MATCH($B2447,SINAPI!$A:$A,0)),\"\")","v":"INSUMO"},555,{"$f":"IFERROR(INDEX(SINAPI!$B:$B,MATCH($B2447,SINAPI!$A:$A,0)),\"\")","v":"BARRA DE FERRO CHATO, RETANGULAR, 25,4 MM X 6,35 MM (L X E), 1,2265 KG/M                                                                                                                                                                                                                                                                                                                                                                                                                                  "},{"$f":"IFERROR(INDEX(SINAPI!$C:$C,MATCH($B2447,SINAPI!$A:$A,0)),\"\")","v":"M     "},7,{"$f":"IFERROR(INDEX(SINAPI!$D:$D,MATCH($B2447,SINAPI!$A:$A,0)),0)","v":16.68},{"$f":"IFERROR(F2447*E2447,0)","v":116.75999999999999}]
[{"$f":"IFERROR(INDEX(SINAPI!$E:$E,MATCH($B2448,SINAPI!$A:$A,0)),\"\")","v":"INSUMO"},21013,{"$f":"IFERROR(INDEX(SINAPI!$B:$B,MATCH($B2448,SINAPI!$A:$A,0)),\"\")","v":"TUBO ACO GALVANIZADO COM COSTURA, CLASSE LEVE, DN 50 MM ( 2\"),  E = 3,00 MM,  *4,40* KG/M (NBR 5580)                                                                                                                                                                                                                                                                                                                                                                                                      "},{"$f":"IFERROR(INDEX(SINAPI!$C:$C,MATCH($B2448,SINAPI!$A:$A,0)),\"\")","v":"M     "},5.57,{"$f":"IFERROR(INDEX(SINAPI!$D:$D,MATCH($B2448,SINAPI!$A:$A,0)),0)","v":94.16},524.47119999999995]
[{"$f":"IFERROR(INDEX(SINAPI!$E:$E,MATCH($B2449,SINAPI!$A:$A,0)),\"\")","v":"INSUMO"},10997,{"$f":"IFERROR(INDEX(SINAPI!$B:$B,MATCH($B2449,SINAPI!$A:$A,0)),\"\")","v":"ELETRODO REVESTIDO AWS - E7018, DIAMETRO IGUAL A 4,00 MM                                                                                                                                                                                                                                                                                                                                                                                                                                                  "},{"$f":"IFERROR(INDEX(SINAPI!$C:$C,MATCH($B2449,SINAPI!$A:$A,0)),\"\")","v":"KG    "},6.11,{"$f":"IFERROR(INDEX(SINAPI!$D:$D,MATCH($B2449,SINAPI!$A:$A,0)),0)","v":24.13},147.43430000000001]
[{"$f":"IFERROR(INDEX(SINAPI!$E:$E,MATCH($B2450,SINAPI!$A:$A,0)),\"\")","v":"COMPOSIÇÃO"},88316,{"$f":"IFERROR(INDEX(SINAPI!$B:$B,MATCH($B2450,SINAPI!$A:$A,0)),\"\")","v":"SERVENTE COM ENCARGOS COMPLEMENTARES"},{"$f":"IFERROR(INDEX(SINAPI!$C:$C,MATCH($B2450,SINAPI!$A:$A,0)),\"\")","v":"H"},3,{"$f":"IFERROR(INDEX(SINAPI!$D:$D,MATCH($B2450,SINAPI!$A:$A,0)),0)","v":15.65},46.95]
[{"$f":"IFERROR(INDEX(SINAPI!$E:$E,MATCH($B2451,SINAPI!$A:$A,0)),\"\")","v":"COMPOSIÇÃO"},88315,{"$f":"IFERROR(INDEX(SINAPI!$B:$B,MATCH($B2451,SINAPI!$A:$A,0)),\"\")","v":"SERRALHEIRO COM ENCARGOS COMPLEMENTARES"},{"$f":"IFERROR(INDEX(SINAPI!$C:$C,MATCH($B2451,SINAPI!$A:$A,0)),\"\")","v":"H"},3,{"$f":"IFERROR(INDEX(SINAPI!$D:$D,MATCH($B2451,SINAPI!$A:$A,0)),0)","v":19.75},59.25]
[null,null,null,null,null,"TOTAL",{"$f":"SUM(G2447:G2451)","v":894.8655}]
[]
[]
["CLASSE/TIPO","CÓDIGOS/ SINAPI","DESCRIÇÃO","UND","COEFICIENTE","PREÇO UNITÁRIO","PREÇO TOTAL"]
["COMP-9142 ",null,"BOMBA MONOESTÁGIO THEBE THSI-18 (R) 7,5 CV TRIFÁSICO 220V/380V ","UND",null,null,{"$f":"G2464","v":2480.3165000000004}]
["INSUMO","07123/ORSE","Bomba para incendio 7,5 H P","UN    ",1,2460.7800000000002,{"$f":"IFERROR(F2457*E2457,0)","v":2460.7800000000002}]
[{"$f":"IFERROR(INDEX(SINAPI!$E:$E,MATCH($B2458,SINAPI!$A:$A,0)),\"\")","v":"INSUMO"},3148,{"$f":"IFERROR(INDEX(SINAPI!$B:$B,MATCH($B2458,SINAPI!$A:$A,0)),\"\")","v":"FITA VEDA ROSCA EM ROLOS DE 18 MM X 50 M (L X C)                                                                                                                                                                                                                                                                                                                                                                                                                                                          "},{"$f":"IFERROR(INDEX(SINAPI!$C:$C,MATCH($B2458,SINAPI!$A:$A,0)),\"\")","v":"UN    "},0.1,{"$f":"IFERROR(INDEX(SINAPI!$D:$D,MATCH($B2458,SINAPI!$A:$A,0)),0)","v":18.440000000000001},1.8440000000000003]
[{"$f":"IFERROR(INDEX(SINAPI!$E:$E,MATCH($B2459,SINAPI!$A:$A,0)),\"\")","v":"INSUMO"},21127,{"$f":"IFERROR(INDEX(SINAPI!$B:$B,MATCH($B2459,SINAPI!$A:$A,0)),\"\")","v":"FITA ISOLANTE ADESIVA ANTICHAMA, USO ATE 750 V, EM ROLO DE 19 MM X 5 M                                                                                                                                                                                                                                                                                                                                                                                                                                    "},{"$f":"IFERROR(INDEX(SINAPI!$C:$C,MATCH($B2459,SINAPI!$A:$A,0)),\"\")","v":"UN    "},0.15,{"$f":"IFERROR(INDEX(SINAPI!$D:$D,MATCH($B2459,SINAPI!$A:$A,0)),0)","v":3.89},0.58350000000000002]
[{"$f":"IFERROR(INDEX(SINAPI!$E:$E,MATCH($B2460,SINAPI!$A:$A,0)),\"\")","v":"COMPOSIÇÃO"},88264,{"$f":"IFERROR(INDEX(SINAPI!$B:$B,MATCH($B2460,SINAPI!$A:$A,0)),\"\")","v":"ELETRICISTA COM ENCARGOS COMPLEMENTARES"},{"$f":"IFERROR(INDEX(SINAPI!$C:$C,MATCH($B2460,SINAPI!$A:$A,0)),\"\")","v":"H"},0.3,{"$f":"IFERROR(INDEX(SINAPI!$D:$D,MATCH($B2460,SINAPI!$A:$A,0)),0)","v":20.6},6.1800000000000006]
[{"$f":"IFERROR(INDEX(SINAPI!$E:$E,MATCH($B2461,SINAPI!$A:$A,0)),\"\")","v":"COMPOSIÇÃO"},88247,{"$f":"IFERROR(INDEX(SINAPI!$B:$B,MATCH($B2461,SINAPI!$A:$A,0)),\"\")","v":"AUXILIAR DE ELETRICISTA COM ENCARGOS COMPLEMENTARES"},{"$f":"IFERROR(INDEX(SINAPI!$C:$C,MATCH($B2461,SINAPI!$A:$A,0)),\"\")","v":"H"},0.3,{"$f":"IFERROR(INDEX(SINAPI!$D:$D,MATCH($B2461,SINAPI!$A:$A,0)),0)","v":15.61},4.6829999999999998]
[{"$f":"IFERROR(INDEX(SINAPI!$E:$E,MATCH($B2462,SINAPI!$A:$A,0)),\"\")","v":"COMPOSIÇÃO"},88248,{"$f":"IFERROR(INDEX(SINAPI!$B:$B,MATCH($B2462,SINAPI!$A:$A,0)),\"\")","v":"AUXILIAR DE ENCANADOR OU BOMBEIRO HIDRÁULICO COM ENCARGOS COMPLEMENTARES"},{"$f":"IFERROR(INDEX(SINAPI!$C:$C,MATCH($B2462,SINAPI!$A:$A,0)),\"\")","v":"H"},0.15,{"$f":"IFERROR(INDEX(SINAPI!$D:$D,MATCH($B2462,SINAPI!$A:$A,0)),0)","v":15.08},2.262]
[{"$f":"IFERROR(INDEX(SINAPI!$E:$E,MATCH($B2463,SINAPI!$A:$A,0)),\"\")","v":"COMPOSIÇÃO"},88267,{"$f":"IFERROR(INDEX(SINAPI!$B:$B,MATCH($B2463,SINAPI!$A:$A,0)),\"\")","v":"ENCANADOR OU BOMBEIRO HIDRÁULICO COM ENCARGOS COMPLEMENTARES"},{"$f":"IFERROR(INDEX(SINAPI!$C:$C,MATCH($B2463,SINAPI!$A:$A,0)),\"\")","v":"H"},0.2,{"$f":"IFERROR(INDEX(SINAPI!$D:$D,MATCH($B2463,SINAPI!$A:$A,0)),0)","v":19.920000000000002},3.9840000000000004]
[null,null,null,null,null,"TOTAL",{"$f":"SUM(G2457:G2463)","v":2480.3165000000004}]
[]
[]
["CLASSE/TIPO","CÓDIGOS/ SINAPI","DESCRIÇÃO","UND","COEFICIENTE","PREÇO UNITÁRIO","PREÇO TOTAL"]
["COMP-8684 ",null,"MOTOR Á DIESEL BFDE 10 CV COM BOMBEADOR ACOPLADO","UN",null,null,{"$f":"G2472","v":6238.04}]
["INSUMO","12015/ORSE","Bomba para incêndio a diesel 10 cv, vazão de 38,00 m³/h e hman= 50 m.c.a","UN",1,6227.54,{"$f":"IFERROR(F2469*E2469,0)","v":6227.54}]
[{"$f":"IFERROR(INDEX(SINAPI!$E:$E,MATCH($B2470,SINAPI!$A:$A,0)),\"\")","v":"COMPOSIÇÃO"},88248,{"$f":"IFERROR(INDEX(SINAPI!$B:$B,MATCH($B2470,SINAPI!$A:$A,0)),\"\")","v":"AUXILIAR DE ENCANADOR OU BOMBEIRO HIDRÁULICO COM ENCARGOS COMPLEMENTARES"},{"$f":"IFERROR(INDEX(SINAPI!$C:$C,MATCH($B2470,SINAPI!$A:$A,0)),\"\")","v":"H"},0.3,{"$f":"IFERROR(INDEX(SINAPI!$D:$D,MATCH($B2470,SINAPI!$A:$A,0)),0)","v":15.08},4.524]
[{"$f":"IFERROR(INDEX(SINAPI!$E:$E,MATCH($B2471,SINAPI!$A:$A,0)),\"\")","v":"COMPOSIÇÃO"},88267,{"$f":"IFERROR(INDEX(SINAPI!$B:$B,MATCH($B2471,SINAPI!$A:$A,0)),\"\")","v":"ENCANADOR OU BOMBEIRO HIDRÁULICO COM ENCARGOS COMPLEMENTARES"},{"$f":"IFERROR(INDEX(SINAPI!$C:$C,MATCH($B2471,SINAPI!$A:$A,0)),\"\")","v":"H"},0.3,{"$f":"IFERROR(INDEX(SINAPI!$D:$D,MATCH($B2471,SINAPI!$A:$A,0)),0)","v":19.920000000000002},5.976]
[null,null,null,null,null,"TOTAL",{"$f":"SUM(G2469:G2471)","v":6238.04}]
[]
[]
["CLASSE/TIPO","CÓDIGOS/ SINAPI","DESCRIÇÃO","UND","COEFICIENTE","PREÇO UNITÁRIO","PREÇO TOTAL"]
["COMP-3792 ",null,"EXTINTOR DE INCÊNDIO TIPO ABC PÓ QUIMICO 6KG - FORNECIMENTO E INSTALAÇÃO ","UN",null,null,{"$f":"G2480","v":187.755}]
[{"$f":"IFERROR(INDEX(SINAPI!$E:$E,MATCH($B2477,SINAPI!$A:$A,0)),\"\")","v":"INSUMO"},10892,{"$f":"IFERROR(INDEX(SINAPI!$B:$B,MATCH($B2477,SINAPI!$A:$A,0)),\"\")","v":"EXTINTOR DE INCENDIO PORTATIL COM CARGA DE PO QUIMICO SECO (PQS) DE 6 KG, CLASSE BC                                                                                                                                                                                                                                                                                                                                                                                                                       "},{"$f":"IFERROR(INDEX(SINAPI!$C:$C,MATCH($B2477,SINAPI!$A:$A,0)),\"\")","v":"UN    "},1,{"$f":"IFERROR(INDEX(SINAPI!$D:$D,MATCH($B2477,SINAPI!$A:$A,0)),0)","v":170},{"$f":"IFERROR(F2477*E2477,0)","v":170}]
[{"$f":"IFERROR(INDEX(SINAPI!$E:$E,MATCH($B2478,SINAPI!$A:$A,0)),\"\")","v":"COMPOSIÇÃO"},88309,{"$f":"IFERROR(INDEX(SINAPI!$B:$B,MATCH($B2478,SINAPI!$A:$A,0)),\"\")","v":"PEDREIRO COM ENCARGOS COMPLEMENTARES"},{"$f":"IFERROR(INDEX(SINAPI!$C:$C,MATCH($B2478,SINAPI!$A:$A,0)),\"\")","v":"H"},0.5,{"$f":"IFERROR(INDEX(SINAPI!$D:$D,MATCH($B2478,SINAPI!$A:$A,0)),0)","v":19.86},9.93]
[{"$f":"IFERROR(INDEX(SINAPI!$E:$E,MATCH($B2479,SINAPI!$A:$A,0)),\"\")","v":"COMPOSIÇÃO"},88316,{"$f":"IFERROR(INDEX(SINAPI!$B:$B,MATCH($B2479,SINAPI!$A:$A,0)),\"\")","v":"SERVENTE COM ENCARGOS COMPLEMENTARES"},{"$f":"IFERROR(INDEX(SINAPI!$C:$C,MATCH($B2479,SINAPI!$A:$A,0)),\"\")","v":"H"},0.5,{"$f":"IFERROR(INDEX(SINAPI!$D:$D,MATCH($B2479,SINAPI!$A:$A,0)),0)","v":15.65},7.8250000000000002]
[null,null,null,null,null,"TOTAL",{"$f":"SUM(G2477:G2479)","v":187.755}]
[]
[]
["CLASSE/TIPO","CÓDIGOS/ SINAPI","DESCRIÇÃO","UND","COEFICIENTE","PREÇO UNITÁRIO","PREÇO TOTAL"]
["COMP-595072",null,"SINALIZAÇÃO DE ALERTA - RISCO DE CHOQUE ELÉTRICO ","UN",null,null,{"$f":"G2488","v":50.981999999999999}]
[{"$f":"IFERROR(INDEX(SINAPI!$E:$E,MATCH($B2485,SINAPI!$A:$A,0)),\"\")","v":"INSUMO"},37560,{"$f":"IFERROR(INDEX(SINAPI!$B:$B,MATCH($B2485,SINAPI!$A:$A,0)),\"\")","v":"PLACA DE SINALIZACAO DE SEGURANCA CONTRA INCENDIO - ALERTA, TRIANGULAR, BASE DE *30* CM, EM PVC *2* MM ANTI-CHAMAS (SIMBOLOS, CORES E PICTOGRAMAS CONFORME NBR 16820)                                                                                                                                                                                                                                                                                                                                     "},{"$f":"IFERROR(INDEX(SINAPI!$C:$C,MATCH($B2485,SINAPI!$A:$A,0)),\"\")","v":"UN    "},1,{"$f":"IFERROR(INDEX(SINAPI!$D:$D,MATCH($B2485,SINAPI!$A:$A,0)),0)","v":44.09},{"$f":"IFERROR(F2485*E2485,0)","v":44.09}]
[{"$f":"IFERROR(INDEX(SINAPI!$E:$E,MATCH($B2486,SINAPI!$A:$A,0)),\"\")","v":"INSUMO"},11950,{"$f":"IFERROR(INDEX(SINAPI!$B:$B,MATCH($B2486,SINAPI!$A:$A,0)),\"\")","v":"BUCHA DE NYLON SEM ABA S6, COM PARAFUSO DE 4,20 X 40 MM EM ACO ZINCADO COM ROSCA SOBERBA, CABECA CHATA E FENDA PHILLIPS                                                                                                                                                                                                                                                                                                                                                                                   "},{"$f":"IFERROR(INDEX(SINAPI!$C:$C,MATCH($B2486,SINAPI!$A:$A,0)),\"\")","v":"UN    "},2,{"$f":"IFERROR(INDEX(SINAPI!$D:$D,MATCH($B2486,SINAPI!$A:$A,0)),0)","v":0.31},0.62]
[{"$f":"IFERROR(INDEX(SINAPI!$E:$E,MATCH($B2487,SINAPI!$A:$A,0)),\"\")","v":"COMPOSIÇÃO"},88242,{"$f":"IFERROR(INDEX(SINAPI!$B:$B,MATCH($B2487,SINAPI!$A:$A,0)),\"\")","v":"AJUDANTE DE PEDREIRO COM ENCARGOS COMPLEMENTARES"},{"$f":"IFERROR(INDEX(SINAPI!$C:$C,MATCH($B2487,SINAPI!$A:$A,0)),\"\")","v":"H"},0.4,{"$f":"IFERROR(INDEX(SINAPI!$D:$D,MATCH($B2487,SINAPI!$A:$A,0)),0)","v":15.68},6.2720000000000002]
[null,null,null,null,null,"TOTAL",{"$f":"SUM(G2485:G2487)","v":50.981999999999999}]
[]
[]
["CLASSE/TIPO","CÓDIGOS/ SINAPI","DESCRIÇÃO","UND","COEFICIENTE","PREÇO UNITÁRIO","PREÇO TOTAL"]
["COMP-8730 ",null,"SINALIZAÇÃO DE PROIBIÇÃO - PROIBIDO UTILIZAR ELEVADOR EM CASO DE INCÊNDIO ","UN",null,null,{"$f":"G2496","v":50.981999999999999}]
[{"$f":"IFERROR(INDEX(SINAPI!$E:$E,MATCH($B2493,SINAPI!$A:$A,0)),\"\")","v":"INSUMO"},37560,{"$f":"IFERROR(INDEX(SINAPI!$B:$B,MATCH($B2493,SINAPI!$A:$A,0)),\"\")","v":"PLACA DE SINALIZACAO DE SEGURANCA CONTRA INCENDIO - ALERTA, TRIANGULAR, BASE DE *30* CM, EM PVC *2* MM ANTI-CHAMAS (SIMBOLOS, CORES E PICTOGRAMAS CONFORME NBR 16820)                                                                                                                                                                                                                                                                                                                                     "},{"$f":"IFERROR(INDEX(SINAPI!$C:$C,MATCH($B2493,SINAPI!$A:$A,0)),\"\")","v":"UN    "},1,{"$f":"IFERROR(INDEX(SINAPI!$D:$D,MATCH($B2493,SINAPI!$A:$A,0)),0)","v":44.09},{"$f":"IFERROR(F2493*E2493,0)","v":44.09}]
[{"$f":"IFERROR(INDEX(SINAPI!$E:$E,MATCH($B2494,SINAPI!$A:$A,0)),\"\")","v":"INSUMO"},11950,{"$f":"IFERROR(INDEX(SINAPI!$B:$B,MATCH($B2494,SINAPI!$A:$A,0)),\"\")","v":"BUCHA DE NYLON SEM ABA S6, COM PARAFUSO DE 4,20 X 40 MM EM ACO ZINCADO COM ROSCA SOBERBA, CABECA CHATA E FENDA PHILLIPS                                                                                                                                                                                                                                                                                                                                                                                   "},{"$f":"IFERROR(INDEX(SINAPI!$C:$C,MATCH($B2494,SINAPI!$A:$A,0)),\"\")","v":"UN    "},2,{"$f":"IFERROR(INDEX(SINAPI!$D:$D,MATCH($B2494,SINAPI!$A:$A,0)),0)","v":0.31},0.62]
[{"$f":"IFERROR(INDEX(SINAPI!$E:$E,MATCH($B2495,SINAPI!$A:$A,0)),\"\")","v":"COMPOSIÇÃO"},88242,{"$f":"IFERROR(INDEX(SINAPI!$B:$B,MATCH($B2495,SINAPI!$A:$A,0)),\"\")","v":"AJUDANTE DE PEDREIRO COM ENCARGOS COMPLEMENTARES"},{"$f":"IFERROR(INDEX(SINAPI!$C:$C,MATCH($B2495,SINAPI!$A:$A,0)),\"\")","v":"H"},0.4,{"$f":"IFERROR(INDEX(SINAPI!$D:$D,MATCH($B2495,SINAPI!$A:$A,0)),0)","v":15.68},6.2720000000000002]
[null,null,null,null,null,"TOTAL",{"$f":"SUM(G2493:G2495)","v":50.981999999999999}]
[]
[]
["CLASSE/TIPO","CÓDIGOS/ SINAPI","DESCRIÇÃO","UND","COEFICIENTE","PREÇO UNITÁRIO","PREÇO TOTAL"]
["COMP-6570",null,"SINALIZAÇÃO DE PROIBIÇÃO - PROIBIDO FUMAR ","UN",null,null,{"$f":"G2504","v":50.981999999999999}]
[{"$f":"IFERROR(INDEX(SINAPI!$E:$E,MATCH($B2501,SINAPI!$A:$A,0)),\"\")","v":"INSUMO"},37560,{"$f":"IFERROR(INDEX(SINAPI!$B:$B,MATCH($B2501,SINAPI!$A:$A,0)),\"\")","v":"PLACA DE SINALIZACAO DE SEGURANCA CONTRA INCENDIO - ALERTA, TRIANGULAR, BASE DE *30* CM, EM PVC *2* MM ANTI-CHAMAS (SIMBOLOS, CORES E PICTOGRAMAS CONFORME NBR 16820)                                                                                                                                                                                                                                                                                                                                     "},{"$f":"IFERROR(INDEX(SINAPI!$C:$C,MATCH($B2501,SINAPI!$A:$A,0)),\"\")","v":"UN    "},1,{"$f":"IFERROR(INDEX(SINAPI!$D:$D,MATCH($B2501,SINAPI!$A:$A,0)),0)","v":44.09},{"$f":"IFERROR(F2501*E2501,0)","v":44.09}]
[{"$f":"IFERROR(INDEX(SINAPI!$E:$E,MATCH($B2502,SINAPI!$A:$A,0)),\"\")","v":"INSUMO"},11950,{"$f":"IFERROR(INDEX(SINAPI!$B:$B,MATCH($B2502,SINAPI!$A:$A,0)),\"\")","v":"BUCHA DE NYLON SEM ABA S6, COM PARAFUSO DE 4,20 X 40 MM EM ACO ZINCADO COM ROSCA SOBERBA, CABECA CHATA E FENDA PHILLIPS                                                                                                                                                                                                                                                                                                                                                                                   "},{"$f":"IFERROR(INDEX(SINAPI!$C:$C,MATCH($B2502,SINAPI!$A:$A,0)),\"\")","v":"UN    "},2,{"$f":"IFERROR(INDEX(SINAPI!$D:$D,MATCH($B2502,SINAPI!$A:$A,0)),0)","v":0.31},0.62]
[{"$f":"IFERROR(INDEX(SINAPI!$E:$E,MATCH($B2503,SINAPI!$A:$A,0)),\"\")","v":"COMPOSIÇÃO"},88242,{"$f":"IFERROR(INDEX(SINAPI!$B:$B,MATCH($B2503,SINAPI!$A:$A,0)),\"\")","v":"AJUDANTE DE PEDREIRO COM ENCARGOS COMPLEMENTARES"},{"$f":"IFERROR(INDEX(SINAPI!$C:$C,MATCH($B2503,SINAPI!$A:$A,0)),\"\")","v":"H"},0.4,{"$f":"IFERROR(INDEX(SINAPI!$D:$D,MATCH($B2503,SINAPI!$A:$A,0)),0)","v":15.68},6.2720000000000002]
[null,null,null,null,null,"TOTAL",{"$f":"SUM(G2501:G2503)","v":50.981999999999999}]
[]
[]
["CLASSE/TIPO","CÓDIGOS/ SINAPI","DESCRIÇÃO","UND","COEFICIENTE","PREÇO UNITÁRIO","PREÇO TOTAL"]
["COMP-8900 ",null,"PLACAS DE SINALIZAÇÃO - ORIENTAÇÃO E SALVAMENTO (SAÍDA A DIREITA) ","UN",null,null,{"$f":"G2512","v":50.981999999999999}]
[{"$f":"IFERROR(INDEX(SINAPI!$E:$E,MATCH($B2509,SINAPI!$A:$A,0)),\"\")","v":"INSUMO"},37560,{"$f":"IFERROR(INDEX(SINAPI!$B:$B,MATCH($B2509,SINAPI!$A:$A,0)),\"\")","v":"PLACA DE SINALIZACAO DE SEGURANCA CONTRA INCENDIO - ALERTA, TRIANGULAR, BASE DE *30* CM, EM PVC *2* MM ANTI-CHAMAS (SIMBOLOS, CORES E PICTOGRAMAS CONFORME NBR 16820)                                                                                                                                                                                                                                                                                                                                     "},{"$f":"IFERROR(INDEX(SINAPI!$C:$C,MATCH($B2509,SINAPI!$A:$A,0)),\"\")","v":"UN    "},1,{"$f":"IFERROR(INDEX(SINAPI!$D:$D,MATCH($B2509,SINAPI!$A:$A,0)),0)","v":44.09},{"$f":"IFERROR(F2509*E2509,0)","v":44.09}]
[{"$f":"IFERROR(INDEX(SINAPI!$E:$E,MATCH($B2510,SINAPI!$A:$A,0)),\"\")","v":"INSUMO"},11950,{"$f":"IFERROR(INDEX(SINAPI!$B:$B,MATCH($B2510,SINAPI!$A:$A,0)),\"\")","v":"BUCHA DE NYLON SEM ABA S6, COM PARAFUSO DE 4,20 X 40 MM EM ACO ZINCADO COM ROSCA SOBERBA, CABECA CHATA E FENDA PHILLIPS                                                                                                                                                                                                                                                                                                                                                                                   "},{"$f":"IFERROR(INDEX(SINAPI!$C:$C,MATCH($B2510,SINAPI!$A:$A,0)),\"\")","v":"UN    "},2,{"$f":"IFERROR(INDEX(SINAPI!$D:$D,MATCH($B2510,SINAPI!$A:$A,0)),0)","v":0.31},0.62]
[{"$f":"IFERROR(INDEX(SINAPI!$E:$E,MATCH($B2511,SINAPI!$A:$A,0)),\"\")","v":"COMPOSIÇÃO"},88242,{"$f":"IFERROR(INDEX(SINAPI!$B:$B,MATCH($B2511,SINAPI!$A:$A,0)),\"\")","v":"AJUDANTE DE PEDREIRO COM ENCARGOS COMPLEMENTARES"},{"$f":"IFERROR(INDEX(SINAPI!$C:$C,MATCH($B2511,SINAPI!$A:$A,0)),\"\")","v":"H"},0.4,{"$f":"IFERROR(INDEX(SINAPI!$D:$D,MATCH($B2511,SINAPI!$A:$A,0)),0)","v":15.68},6.2720000000000002]
[null,null,null,null,null,"TOTAL",{"$f":"SUM(G2509:G2511)","v":50.981999999999999}]
[]
[]
["CLASSE/TIPO","CÓDIGOS/ SINAPI","DESCRIÇÃO","UND","COEFICIENTE","PREÇO UNITÁRIO","PREÇO TOTAL"]
["COMP-1059 ",null,"PLACAS DE SINALIZAÇÃO - ORIENTAÇÃO E SALVAMENTO (SAÍDA A ESQUERDA) ","UN",null,null,{"$f":"G2520","v":50.981999999999999}]
[{"$f":"IFERROR(INDEX(SINAPI!$E:$E,MATCH($B2517,SINAPI!$A:$A,0)),\"\")","v":"INSUMO"},37560,{"$f":"IFERROR(INDEX(SINAPI!$B:$B,MATCH($B2517,SINAPI!$A:$A,0)),\"\")","v":"PLACA DE SINALIZACAO DE SEGURANCA CONTRA INCENDIO - ALERTA, TRIANGULAR, BASE DE *30* CM, EM PVC *2* MM ANTI-CHAMAS (SIMBOLOS, CORES E PICTOGRAMAS CONFORME NBR 16820)                                                                                                                                                                                                                                                                                                                                     "},{"$f":"IFERROR(INDEX(SINAPI!$C:$C,MATCH($B2517,SINAPI!$A:$A,0)),\"\")","v":"UN    "},1,{"$f":"IFERROR(INDEX(SINAPI!$D:$D,MATCH($B2517,SINAPI!$A:$A,0)),0)","v":44.09},{"$f":"IFERROR(F2517*E2517,0)","v":44.09}]
[{"$f":"IFERROR(INDEX(SINAPI!$E:$E,MATCH($B2518,SINAPI!$A:$A,0)),\"\")","v":"INSUMO"},11950,{"$f":"IFERROR(INDEX(SINAPI!$B:$B,MATCH($B2518,SINAPI!$A:$A,0)),\"\")","v":"BUCHA DE NYLON SEM ABA S6, COM PARAFUSO DE 4,20 X 40 MM EM ACO ZINCADO COM ROSCA SOBERBA, CABECA CHATA E FENDA PHILLIPS                                                                                                                                                                                                                                                                                                                                                                                   "},{"$f":"IFERROR(INDEX(SINAPI!$C:$C,MATCH($B2518,SINAPI!$A:$A,0)),\"\")","v":"UN    "},2,{"$f":"IFERROR(INDEX(SINAPI!$D:$D,MATCH($B2518,SINAPI!$A:$A,0)),0)","v":0.31},0.62]
[{"$f":"IFERROR(INDEX(SINAPI!$E:$E,MATCH($B2519,SINAPI!$A:$A,0)),\"\")","v":"COMPOSIÇÃO"},88242,{"$f":"IFERROR(INDEX(SINAPI!$B:$B,MATCH($B2519,SINAPI!$A:$A,0)),\"\")","v":"AJUDANTE DE PEDREIRO COM ENCARGOS COMPLEMENTARES"},{"$f":"IFERROR(INDEX(SINAPI!$C:$C,MATCH($B2519,SINAPI!$A:$A,0)),\"\")","v":"H"},0.4,{"$f":"IFERROR(INDEX(SINAPI!$D:$D,MATCH($B2519,SINAPI!$A:$A,0)),0)","v":15.68},6.2720000000000002]
[null,null,null,null,null,"TOTAL",{"$f":"SUM(G2517:G2519)","v":50.981999999999999}]
[]
[]
["CLASSE/TIPO","CÓDIGOS/ SINAPI","DESCRIÇÃO","UND","COEFICIENTE","PREÇO UNITÁRIO","PREÇO TOTAL"]
["COMP-3164 ",null,"PLACAS DE SINALIZAÇÃO - ORIENTAÇÃO E SALVAMENTO (SAÍDA A FRENTE) ","UN",null,null,{"$f":"G2528","v":50.981999999999999}]
[{"$f":"IFERROR(INDEX(SINAPI!$E:$E,MATCH($B2525,SINAPI!$A:$A,0)),\"\")","v":"INSUMO"},37560,{"$f":"IFERROR(INDEX(SINAPI!$B:$B,MATCH($B2525,SINAPI!$A:$A,0)),\"\")","v":"PLACA DE SINALIZACAO DE SEGURANCA CONTRA INCENDIO - ALERTA, TRIANGULAR, BASE DE *30* CM, EM PVC *2* MM ANTI-CHAMAS (SIMBOLOS, CORES E PICTOGRAMAS CONFORME NBR 16820)                                                                                                                                                                                                                                                                                                                                     "},{"$f":"IFERROR(INDEX(SINAPI!$C:$C,MATCH($B2525,SINAPI!$A:$A,0)),\"\")","v":"UN    "},1,{"$f":"IFERROR(INDEX(SINAPI!$D:$D,MATCH($B2525,SINAPI!$A:$A,0)),0)","v":44.09},{"$f":"IFERROR(F2525*E2525,0)","v":44.09}]
[{"$f":"IFERROR(INDEX(SINAPI!$E:$E,MATCH($B2526,SINAPI!$A:$A,0)),\"\")","v":"INSUMO"},11950,{"$f":"IFERROR(INDEX(SINAPI!$B:$B,MATCH($B2526,SINAPI!$A:$A,0)),\"\")","v":"BUCHA DE NYLON SEM ABA S6, COM PARAFUSO DE 4,20 X 40 MM EM ACO ZINCADO COM ROSCA SOBERBA, CABECA CHATA E FENDA PHILLIPS                                                                                                                                                                                                                                                                                                                                                                                   "},{"$f":"IFERROR(INDEX(SINAPI!$C:$C,MATCH($B2526,SINAPI!$A:$A,0)),\"\")","v":"UN    "},2,{"$f":"IFERROR(INDEX(SINAPI!$D:$D,MATCH($B2526,SINAPI!$A:$A,0)),0)","v":0.31},0.62]
[{"$f":"IFERROR(INDEX(SINAPI!$E:$E,MATCH($B2527,SINAPI!$A:$A,0)),\"\")","v":"COMPOSIÇÃO"},88242,{"$f":"IFERROR(INDEX(SINAPI!$B:$B,MATCH($B2527,SINAPI!$A:$A,0)),\"\")","v":"AJUDANTE DE PEDREIRO COM ENCARGOS COMPLEMENTARES"},{"$f":"IFERROR(INDEX(SINAPI!$C:$C,MATCH($B2527,SINAPI!$A:$A,0)),\"\")","v":"H"},0.4,{"$f":"IFERROR(INDEX(SINAPI!$D:$D,MATCH($B2527,SINAPI!$A:$A,0)),0)","v":15.68},6.2720000000000002]
[null,null,null,null,null,"TOTAL",{"$f":"SUM(G2525:G2527)","v":50.981999999999999}]
[]
[]
["CLASSE/TIPO","CÓDIGOS/ SINAPI","DESCRIÇÃO","UND","COEFICIENTE","PREÇO UNITÁRIO","PREÇO TOTAL"]
["COMP-9078 ",null,"PLACAS DE SINALIZAÇÃO - ORIENTAÇÃO E SALVAMENTO LANCE DE ESCADA LATERAL (DUPLA FACE P/ TETO) ","UN",null,null,{"$f":"G2536","v":50.981999999999999}]
[{"$f":"IFERROR(INDEX(SINAPI!$E:$E,MATCH($B2533,SINAPI!$A:$A,0)),\"\")","v":"INSUMO"},37560,{"$f":"IFERROR(INDEX(SINAPI!$B:$B,MATCH($B2533,SINAPI!$A:$A,0)),\"\")","v":"PLACA DE SINALIZACAO DE SEGURANCA CONTRA INCENDIO - ALERTA, TRIANGULAR, BASE DE *30* CM, EM PVC *2* MM ANTI-CHAMAS (SIMBOLOS, CORES E PICTOGRAMAS CONFORME NBR 16820)                                                                                                                                                                                                                                                                                                                                     "},{"$f":"IFERROR(INDEX(SINAPI!$C:$C,MATCH($B2533,SINAPI!$A:$A,0)),\"\")","v":"UN    "},1,{"$f":"IFERROR(INDEX(SINAPI!$D:$D,MATCH($B2533,SINAPI!$A:$A,0)),0)","v":44.09},{"$f":"IFERROR(F2533*E2533,0)","v":44.09}]
[{"$f":"IFERROR(INDEX(SINAPI!$E:$E,MATCH($B2534,SINAPI!$A:$A,0)),\"\")","v":"INSUMO"},11950,{"$f":"IFERROR(INDEX(SINAPI!$B:$B,MATCH($B2534,SINAPI!$A:$A,0)),\"\")","v":"BUCHA DE NYLON SEM ABA S6, COM PARAFUSO DE 4,20 X 40 MM EM ACO ZINCADO COM ROSCA SOBERBA, CABECA CHATA E FENDA PHILLIPS                                                                                                                                                                                                                                                                                                                                                                                   "},{"$f":"IFERROR(INDEX(SINAPI!$C:$C,MATCH($B2534,SINAPI!$A:$A,0)),\"\")","v":"UN    "},2,{"$f":"IFERROR(INDEX(SINAPI!$D:$D,MATCH($B2534,SINAPI!$A:$A,0)),0)","v":0.31},0.62]
[{"$f":"IFERROR(INDEX(SINAPI!$E:$E,MATCH($B2535,SINAPI!$A:$A,0)),\"\")","v":"COMPOSIÇÃO"},88242,{"$f":"IFERROR(INDEX(SINAPI!$B:$B,MATCH($B2535,SINAPI!$A:$A,0)),\"\")","v":"AJUDANTE DE PEDREIRO COM ENCARGOS COMPLEMENTARES"},{"$f":"IFERROR(INDEX(SINAPI!$C:$C,MATCH($B2535,SINAPI!$A:$A,0)),\"\")","v":"H"},0.4,{"$f":"IFERROR(INDEX(SINAPI!$D:$D,MATCH($B2535,SINAPI!$A:$A,0)),0)","v":15.68},6.2720000000000002]
[null,null,null,null,null,"TOTAL",{"$f":"SUM(G2533:G2535)","v":50.981999999999999}]
[]
[]
["CLASSE/TIPO","CÓDIGOS/ SINAPI","DESCRIÇÃO","UND","COEFICIENTE","PREÇO UNITÁRIO","PREÇO TOTAL"]
["COMP-6169 ",null,"PLACAS DE SINALIZAÇÃO - ORIENTAÇÃO E SALVAMENTO SAÍDA LATERAL (DUPLA FACE) ","UN",null,null,{"$f":"G2544","v":50.981999999999999}]
[{"$f":"IFERROR(INDEX(SINAPI!$E:$E,MATCH($B2541,SINAPI!$A:$A,0)),\"\")","v":"INSUMO"},37560,{"$f":"IFERROR(INDEX(SINAPI!$B:$B,MATCH($B2541,SINAPI!$A:$A,0)),\"\")","v":"PLACA DE SINALIZACAO DE SEGURANCA CONTRA INCENDIO - ALERTA, TRIANGULAR, BASE DE *30* CM, EM PVC *2* MM ANTI-CHAMAS (SIMBOLOS, CORES E PICTOGRAMAS CONFORME NBR 16820)                                                                                                                                                                                                                                                                                                                                     "},{"$f":"IFERROR(INDEX(SINAPI!$C:$C,MATCH($B2541,SINAPI!$A:$A,0)),\"\")","v":"UN    "},1,{"$f":"IFERROR(INDEX(SINAPI!$D:$D,MATCH($B2541,SINAPI!$A:$A,0)),0)","v":44.09},{"$f":"IFERROR(F2541*E2541,0)","v":44.09}]
[{"$f":"IFERROR(INDEX(SINAPI!$E:$E,MATCH($B2542,SINAPI!$A:$A,0)),\"\")","v":"INSUMO"},11950,{"$f":"IFERROR(INDEX(SINAPI!$B:$B,MATCH($B2542,SINAPI!$A:$A,0)),\"\")","v":"BUCHA DE NYLON SEM ABA S6, COM PARAFUSO DE 4,20 X 40 MM EM ACO ZINCADO COM ROSCA SOBERBA, CABECA CHATA E FENDA PHILLIPS                                                                                                                                                                                                                                                                                                                                                                                   "},{"$f":"IFERROR(INDEX(SINAPI!$C:$C,MATCH($B2542,SINAPI!$A:$A,0)),\"\")","v":"UN    "},2,{"$f":"IFERROR(INDEX(SINAPI!$D:$D,MATCH($B2542,SINAPI!$A:$A,0)),0)","v":0.31},0.62]
[{"$f":"IFERROR(INDEX(SINAPI!$E:$E,MATCH($B2543,SINAPI!$A:$A,0)),\"\")","v":"COMPOSIÇÃO"},88242,{"$f":"IFERROR(INDEX(SINAPI!$B:$B,MATCH($B2543,SINAPI!$A:$A,0)),\"\")","v":"AJUDANTE DE PEDREIRO COM ENCARGOS COMPLEMENTARES"},{"$f":"IFERROR(INDEX(SINAPI!$C:$C,MATCH($B2543,SINAPI!$A:$A,0)),\"\")","v":"H"},0.4,{"$f":"IFERROR(INDEX(SINAPI!$D:$D,MATCH($B2543,SINAPI!$A:$A,0)),0)","v":15.68},6.2720000000000002]
[null,null,null,null,null,"TOTAL",{"$f":"SUM(G2541:G2543)","v":50.981999999999999}]
[]
[]
["CLASSE/TIPO","CÓDIGOS/ SINAPI","DESCRIÇÃO","UND","COEFICIENTE","PREÇO UNITÁRIO","PREÇO TOTAL"]
["COMP-1022 ",null,"PLACAS DE SINALIZAÇÃO - ORIENTAÇÃO E SALVAMENTO LANCE DE ESCADA A ESQUERDA ","UN",null,null,{"$f":"G2552","v":50.981999999999999}]
[{"$f":"IFERROR(INDEX(SINAPI!$E:$E,MATCH($B2549,SINAPI!$A:$A,0)),\"\")","v":"INSUMO"},37560,{"$f":"IFERROR(INDEX(SINAPI!$B:$B,MATCH($B2549,SINAPI!$A:$A,0)),\"\")","v":"PLACA DE SINALIZACAO DE SEGURANCA CONTRA INCENDIO - ALERTA, TRIANGULAR, BASE DE *30* CM, EM PVC *2* MM ANTI-CHAMAS (SIMBOLOS, CORES E PICTOGRAMAS CONFORME NBR 16820)                                                                                                                                                                                                                                                                                                                                     "},{"$f":"IFERROR(INDEX(SINAPI!$C:$C,MATCH($B2549,SINAPI!$A:$A,0)),\"\")","v":"UN    "},1,{"$f":"IFERROR(INDEX(SINAPI!$D:$D,MATCH($B2549,SINAPI!$A:$A,0)),0)","v":44.09},{"$f":"IFERROR(F2549*E2549,0)","v":44.09}]
[{"$f":"IFERROR(INDEX(SINAPI!$E:$E,MATCH($B2550,SINAPI!$A:$A,0)),\"\")","v":"INSUMO"},11950,{"$f":"IFERROR(INDEX(SINAPI!$B:$B,MATCH($B2550,SINAPI!$A:$A,0)),\"\")","v":"BUCHA DE NYLON SEM ABA S6, COM PARAFUSO DE 4,20 X 40 MM EM ACO ZINCADO COM ROSCA SOBERBA, CABECA CHATA E FENDA PHILLIPS                                                                                                                                                                                                                                                                                                                                                                                   "},{"$f":"IFERROR(INDEX(SINAPI!$C:$C,MATCH($B2550,SINAPI!$A:$A,0)),\"\")","v":"UN    "},2,{"$f":"IFERROR(INDEX(SINAPI!$D:$D,MATCH($B2550,SINAPI!$A:$A,0)),0)","v":0.31},0.62]
[{"$f":"IFERROR(INDEX(SINAPI!$E:$E,MATCH($B2551,SINAPI!$A:$A,0)),\"\")","v":"COMPOSIÇÃO"},88242,{"$f":"IFERROR(INDEX(SINAPI!$B:$B,MATCH($B2551,SINAPI!$A:$A,0)),\"\")","v":"AJUDANTE DE PEDREIRO COM ENCARGOS COMPLEMENTARES"},{"$f":"IFERROR(INDEX(SINAPI!$C:$C,MATCH($B2551,SINAPI!$A:$A,0)),\"\")","v":"H"},0.4,{"$f":"IFERROR(INDEX(SINAPI!$D:$D,MATCH($B2551,SINAPI!$A:$A,0)),0)","v":15.68},6.2720000000000002]
[null,null,null,null,null,"TOTAL",{"$f":"SUM(G2549:G2551)","v":50.981999999999999}]
[]
[]
["CLASSE/TIPO","CÓDIGOS/ SINAPI","DESCRIÇÃO","UND","COEFICIENTE","PREÇO UNITÁRIO","PREÇO TOTAL"]
["COMP-8212 ",null,"PLACAS DE SINALIZAÇÃO - ORIENTAÇÃO E SALVAMENTO (LETREIRO 'SAÍDA') ","UN",null,null,{"$f":"G2560","v":50.981999999999999}]
[{"$f":"IFERROR(INDEX(SINAPI!$E:$E,MATCH($B2557,SINAPI!$A:$A,0)),\"\")","v":"INSUMO"},37560,{"$f":"IFERROR(INDEX(SINAPI!$B:$B,MATCH($B2557,SINAPI!$A:$A,0)),\"\")","v":"PLACA DE SINALIZACAO DE SEGURANCA CONTRA INCENDIO - ALERTA, TRIANGULAR, BASE DE *30* CM, EM PVC *2* MM ANTI-CHAMAS (SIMBOLOS, CORES E PICTOGRAMAS CONFORME NBR 16820)                                                                                                                                                                                                                                                                                                                                     "},{"$f":"IFERROR(INDEX(SINAPI!$C:$C,MATCH($B2557,SINAPI!$A:$A,0)),\"\")","v":"UN    "},1,{"$f":"IFERROR(INDEX(SINAPI!$D:$D,MATCH($B2557,SINAPI!$A:$A,0)),0)","v":44.09},{"$f":"IFERROR(F2557*E2557,0)","v":44.09}]
[{"$f":"IFERROR(INDEX(SINAPI!$E:$E,MATCH($B2558,SINAPI!$A:$A,0)),\"\")","v":"INSUMO"},11950,{"$f":"IFERROR(INDEX(SINAPI!$B:$B,MATCH($B2558,SINAPI!$A:$A,0)),\"\")","v":"BUCHA DE NYLON SEM ABA S6, COM PARAFUSO DE 4,20 X 40 MM EM ACO ZINCADO COM ROSCA SOBERBA, CABECA CHATA E FENDA PHILLIPS                                                                                                                                                                                                                                                                                                                                                                                   "},{"$f":"IFERROR(INDEX(SINAPI!$C:$C,MATCH($B2558,SINAPI!$A:$A,0)),\"\")","v":"UN    "},2,{"$f":"IFERROR(INDEX(SINAPI!$D:$D,MATCH($B2558,SINAPI!$A:$A,0)),0)","v":0.31},0.62]
[{"$f":"IFERROR(INDEX(SINAPI!$E:$E,MATCH($B2559,SINAPI!$A:$A,0)),\"\")","v":"COMPOSIÇÃO"},88242,{"$f":"IFERROR(INDEX(SINAPI!$B:$B,MATCH($B2559,SINAPI!$A:$A,0)),\"\")","v":"AJUDANTE DE PEDREIRO COM ENCARGOS COMPLEMENTARES"},{"$f":"IFERROR(INDEX(SINAPI!$C:$C,MATCH($B2559,SINAPI!$A:$A,0)),\"\")","v":"H"},0.4,{"$f":"IFERROR(INDEX(SINAPI!$D:$D,MATCH($B2559,SINAPI!$A:$A,0)),0)","v":15.68},6.2720000000000002]
[null,null,null,null,null,"TOTAL",{"$f":"SUM(G2557:G2559)","v":50.981999999999999}]
[]
[]
["CLASSE/TIPO","CÓDIGOS/ SINAPI","DESCRIÇÃO","UND","COEFICIENTE","PREÇO UNITÁRIO","PREÇO TOTAL"]
["COMP-6038 ",null,"PLACA DE PAREDE EM ACRÍLICO COM APLICAÇÃO DE ADESIVO DE ALTA PERFORMANCE DIM. 10X30CM ","UN",null,null,{"$f":"G2567","v":48.271999999999998}]
["INSUMO","09614/ORSE","Placa em acrilico cristal 3mm, (30x10cm), placa ambientes, com aplicação de adesivo digital tipo espelho, fixada com fita dupla face na parede (fornec.e aplicação)","UN",1,42,{"$f":"IFERROR(F2565*E2565,0)","v":42}]
[{"$f":"IFERROR(INDEX(SINAPI!$E:$E,MATCH($B2566,SINAPI!$A:$A,0)),\"\")","v":"COMPOSIÇÃO"},88242,{"$f":"IFERROR(INDEX(SINAPI!$B:$B,MATCH($B2566,SINAPI!$A:$A,0)),\"\")","v":"AJUDANTE DE PEDREIRO COM ENCARGOS COMPLEMENTARES"},{"$f":"IFERROR(INDEX(SINAPI!$C:$C,MATCH($B2566,SINAPI!$A:$A,0)),\"\")","v":"H"},0.4,{"$f":"IFERROR(INDEX(SINAPI!$D:$D,MATCH($B2566,SINAPI!$A:$A,0)),0)","v":15.68},6.2720000000000002]
[null,null,null,null,null,"TOTAL",{"$f":"SUM(G2565:G2566)","v":48.271999999999998}]
[]
[]
["CLASSE/TIPO","CÓDIGOS/ SINAPI","DESCRIÇÃO","UND","COEFICIENTE","PREÇO UNITÁRIO","PREÇO TOTAL"]
["COMP-4097 ",null,"PLACA DE PAREDE EM ACRÍLICO COM APLICAÇÃO DE ADESIVO DE ALTA PERFORMANCE DIM. 30X90CM ","UN",null,null,{"$f":"G2574","v":216.322}]
["INSUMO","09615/ORSE","Placa em acrilico cristal 3mm, (90x30cm), placa ambientes, com aplicação de adesivo digital tipo espelho, fixada com fita dupla face na parede (fornec.e aplicação)","UN",1,210.05,{"$f":"IFERROR(F2572*E2572,0)","v":210.05}]
[{"$f":"IFERROR(INDEX(SINAPI!$E:$E,MATCH($B2573,SINAPI!$A:$A,0)),\"\")","v":"COMPOSIÇÃO"},88242,{"$f":"IFERROR(INDEX(SINAPI!$B:$B,MATCH($B2573,SINAPI!$A:$A,0)),\"\")","v":"AJUDANTE DE PEDREIRO COM ENCARGOS COMPLEMENTARES"},{"$f":"IFERROR(INDEX(SINAPI!$C:$C,MATCH($B2573,SINAPI!$A:$A,0)),\"\")","v":"H"},0.4,{"$f":"IFERROR(INDEX(SINAPI!$D:$D,MATCH($B2573,SINAPI!$A:$A,0)),0)","v":15.68},6.2720000000000002]
[null,null,null,null,null,"TOTAL",{"$f":"SUM(G2572:G2573)","v":216.322}]
[]
[]
["CLASSE/TIPO","CÓDIGOS/ SINAPI","DESCRIÇÃO","UND","COEFICIENTE","PREÇO UNITÁRIO","PREÇO TOTAL"]
["COMP-4098",null,"PLACA DE PORTA EM ACRÍLICO COM APLICAÇÃO DE ADESIVO DE ALTA PERFORMANCE DIM. 20X15CM ","UN",null,null,{"$f":"G2581","v":48.271999999999998}]
["INSUMO","09617/ORSE","Placa em acrilico cristal 3mm, (15x20cm), placas sanitarios e vestiarios, com aplicação de adesivo digital tipo espelho, fixada com fita dupla face na parede (fornec.e aplicação)","UN",1,42,{"$f":"IFERROR(F2579*E2579,0)","v":42}]
[{"$f":"IFERROR(INDEX(SINAPI!$E:$E,MATCH($B2580,SINAPI!$A:$A,0)),\"\")","v":"COMPOSIÇÃO"},88242,{"$f":"IFERROR(INDEX(SINAPI!$B:$B,MATCH($B2580,SINAPI!$A:$A,0)),\"\")","v":"AJUDANTE DE PEDREIRO COM ENCARGOS COMPLEMENTARES"},{"$f":"IFERROR(INDEX(SINAPI!$C:$C,MATCH($B2580,SINAPI!$A:$A,0)),\"\")","v":"H"},0.4,{"$f":"IFERROR(INDEX(SINAPI!$D:$D,MATCH($B2580,SINAPI!$A:$A,0)),0)","v":15.68},6.2720000000000002]
[null,null,null,null,null,"TOTAL",{"$f":"SUM(G2579:G2580)","v":48.271999999999998}]
[]
[]
["CLASSE/TIPO","CÓDIGOS/ SINAPI","DESCRIÇÃO","UND","COEFICIENTE","PREÇO UNITÁRIO","PREÇO TOTAL"]
["COMP-0362 ",null,"PLACA DE PORTA EM ACRÍLICO COM APLICAÇÃO DE ADESIVO DE ALTA PERFORMANCE DIM. 15X15CM ","UN",null,null,{"$f":"G2588","v":33.231999999999999}]
["INSUMO","11475/ORSE","Placa indicativa em acrílico e adesivo com sinalização para deficientes dim.: 15 x 15 cm","UN",1,26.96,{"$f":"IFERROR(F2586*E2586,0)","v":26.96}]
[{"$f":"IFERROR(INDEX(SINAPI!$E:$E,MATCH($B2587,SINAPI!$A:$A,0)),\"\")","v":"COMPOSIÇÃO"},88242,{"$f":"IFERROR(INDEX(SINAPI!$B:$B,MATCH($B2587,SINAPI!$A:$A,0)),\"\")","v":"AJUDANTE DE PEDREIRO COM ENCARGOS COMPLEMENTARES"},{"$f":"IFERROR(INDEX(SINAPI!$C:$C,MATCH($B2587,SINAPI!$A:$A,0)),\"\")","v":"H"},0.4,{"$f":"IFERROR(INDEX(SINAPI!$D:$D,MATCH($B2587,SINAPI!$A:$A,0)),0)","v":15.68},6.2720000000000002]
[null,null,null,null,null,"TOTAL",{"$f":"SUM(G2586:G2587)","v":33.231999999999999}]
[]
[]
["CLASSE/TIPO","CÓDIGOS/ SINAPI","DESCRIÇÃO","UND","COEFICIENTE","PREÇO UNITÁRIO","PREÇO TOTAL"]
["COMP-0536 ",null,"PLACA DE PAREDE EM ACRÍLICO COM APLICAÇÃO DE ADESIVO DE ALTA PERFORMANCE DIM. 120X80CM ","UN",null,null,{"$f":"G2595","v":1065.8300000000002}]
["INSUMO","09619/ORSE","Placa em acrilico cristal 3mm, (80x1,20cm), placas direcionais, com aplicação de adesivo digital tipo espelho, fixada com fita dupla face na parede (fornec.e aplicação)","UN",1,1050.1500000000001,{"$f":"IFERROR(F2593*E2593,0)","v":1050.1500000000001}]
[{"$f":"IFERROR(INDEX(SINAPI!$E:$E,MATCH($B2594,SINAPI!$A:$A,0)),\"\")","v":"COMPOSIÇÃO"},88242,{"$f":"IFERROR(INDEX(SINAPI!$B:$B,MATCH($B2594,SINAPI!$A:$A,0)),\"\")","v":"AJUDANTE DE PEDREIRO COM ENCARGOS COMPLEMENTARES"},{"$f":"IFERROR(INDEX(SINAPI!$C:$C,MATCH($B2594,SINAPI!$A:$A,0)),\"\")","v":"H"},1,{"$f":"IFERROR(INDEX(SINAPI!$D:$D,MATCH($B2594,SINAPI!$A:$A,0)),0)","v":15.68},15.68]
[null,null,null,null,null,"TOTAL",{"$f":"SUM(G2593:G2594)","v":1065.8300000000002}]
[]
[]
["CLASSE/TIPO","CÓDIGOS/ SINAPI","DESCRIÇÃO","UND","COEFICIENTE","PREÇO UNITÁRIO","PREÇO TOTAL"]
["COMP-3597 ",null,"PLACA DE PAREDE EM ACRÍLICO COM APLICAÇÃO DE ADESIVO DE ALTA PERFORMANCE DIM. 105X80CM ","UN",null,null,{"$f":"G2602","v":897.84999999999991}]
["INSUMO","09621/ORSE","Placa em acrilico cristal 3mm, (80x1,05cm), placas direcionais, com aplicação de adesivo digital tipo espelho, fixada com fita dupla face na parede (fornec.e aplicação)","UN",1,882.17,{"$f":"IFERROR(F2600*E2600,0)","v":882.17}]
[{"$f":"IFERROR(INDEX(SINAPI!$E:$E,MATCH($B2601,SINAPI!$A:$A,0)),\"\")","v":"COMPOSIÇÃO"},88242,{"$f":"IFERROR(INDEX(SINAPI!$B:$B,MATCH($B2601,SINAPI!$A:$A,0)),\"\")","v":"AJUDANTE DE PEDREIRO COM ENCARGOS COMPLEMENTARES"},{"$f":"IFERROR(INDEX(SINAPI!$C:$C,MATCH($B2601,SINAPI!$A:$A,0)),\"\")","v":"H"},1,{"$f":"IFERROR(INDEX(SINAPI!$D:$D,MATCH($B2601,SINAPI!$A:$A,0)),0)","v":15.68},15.68]
[null,null,null,null,null,"TOTAL",{"$f":"SUM(G2600:G2601)","v":897.84999999999991}]
[]
[]
["CLASSE/TIPO","CÓDIGOS/ SINAPI","DESCRIÇÃO","UND","COEFICIENTE","PREÇO UNITÁRIO","PREÇO TOTAL"]
["COMP-32861 ",null,"PLACA DE PAREDE EM ACRÍLICO COM APLICAÇÃO DE ADESIVO DE ALTA PERFORMANCE DIM. 90X80CM ","UN",null,null,{"$f":"G2609","v":771.81}]
["INSUMO","09620/ORSE","Placa em acrilico cristal 3mm, (80x90cm), placas direcionais, com aplicação de adesivo digital tipo espelho, fixada com fita dupla face na parede (fornec.e aplicação)","UN",1,756.13,{"$f":"IFERROR(F2607*E2607,0)","v":756.13}]
[{"$f":"IFERROR(INDEX(SINAPI!$E:$E,MATCH($B2608,SINAPI!$A:$A,0)),\"\")","v":"COMPOSIÇÃO"},88242,{"$f":"IFERROR(INDEX(SINAPI!$B:$B,MATCH($B2608,SINAPI!$A:$A,0)),\"\")","v":"AJUDANTE DE PEDREIRO COM ENCARGOS COMPLEMENTARES"},{"$f":"IFERROR(INDEX(SINAPI!$C:$C,MATCH($B2608,SINAPI!$A:$A,0)),\"\")","v":"H"},1,{"$f":"IFERROR(INDEX(SINAPI!$D:$D,MATCH($B2608,SINAPI!$A:$A,0)),0)","v":15.68},15.68]
[null,null,null,null,null,"TOTAL",{"$f":"SUM(G2607:G2608)","v":771.81}]
[]
[]
["CLASSE/TIPO","CÓDIGOS/ SINAPI","DESCRIÇÃO","UND","COEFICIENTE","PREÇO UNITÁRIO","PREÇO TOTAL"]
["COMP-0048 ",null,"PLACA DE PAREDE EM ACRÍLICO COM APLICAÇÃO DE ADESIVO DE ALTA PERFORMANCE DIM. 50X80CM ","UN",null,null,{"$f":"G2616","v":432.55399999999997}]
["INSUMO","09622/ORSE","Placa em acrilico cristal 3mm, (80x50cm), placas direcionais, com aplicação de adesivo digital tipo espelho, fixada com fita dupla face na parede (fornec.e aplicação)","UN",1,420.01,{"$f":"IFERROR(F2614*E2614,0)","v":420.01}]
[{"$f":"IFERROR(INDEX(SINAPI!$E:$E,MATCH($B2615,SINAPI!$A:$A,0)),\"\")","v":"COMPOSIÇÃO"},88242,{"$f":"IFERROR(INDEX(SINAPI!$B:$B,MATCH($B2615,SINAPI!$A:$A,0)),\"\")","v":"AJUDANTE DE PEDREIRO COM ENCARGOS COMPLEMENTARES"},{"$f":"IFERROR(INDEX(SINAPI!$C:$C,MATCH($B2615,SINAPI!$A:$A,0)),\"\")","v":"H"},0.8,{"$f":"IFERROR(INDEX(SINAPI!$D:$D,MATCH($B2615,SINAPI!$A:$A,0)),0)","v":15.68},12.544]
[null,null,null,null,null,"TOTAL",{"$f":"SUM(G2614:G2615)","v":432.55399999999997}]
[]
[]
["CLASSE/TIPO","CÓDIGOS/ SINAPI","DESCRIÇÃO","UND","COEFICIENTE","PREÇO UNITÁRIO","PREÇO TOTAL"]
["COMP-9353 ",null,"TOTEM EM ACRÍLICO COM APLICAÇÃO DE ADESIVO VINÍLICO DE ALTA PERFORMANDE APOIADO EM BASE DE CONCRETO CONFORME MANUL DE SINALIZAÇÃO. ","UN",null,null,{"$f":"G2627","v":6050.1887700000016}]
["INSUMO","09623/ORSE","Totem de sinalização em acrilico cristal 10mm, (1,25x1,50cm), com aplicação de adesivo digital tipo espelho, dupla face (Centro Profissionalizante)","UN",1,5460.8,{"$f":"IFERROR(F2621*E2621,0)","v":5460.8}]
[{"$f":"IFERROR(INDEX(SINAPI!$E:$E,MATCH($B2622,SINAPI!$A:$A,0)),\"\")","v":"INSUMO"},39961,{"$f":"IFERROR(INDEX(SINAPI!$B:$B,MATCH($B2622,SINAPI!$A:$A,0)),\"\")","v":"SILICONE ACETICO USO GERAL INCOLOR 280 G                                                                                                                                                                                                                                                                                                                                                                                                                                                                  "},{"$f":"IFERROR(INDEX(SINAPI!$C:$C,MATCH($B2622,SINAPI!$A:$A,0)),\"\")","v":"UN    "},2.7E-2,{"$f":"IFERROR(INDEX(SINAPI!$D:$D,MATCH($B2622,SINAPI!$A:$A,0)),0)","v":17.11},0.46196999999999999]
[{"$f":"IFERROR(INDEX(SINAPI!$E:$E,MATCH($B2623,SINAPI!$A:$A,0)),\"\")","v":"COMPOSIÇÃO"},94964,{"$f":"IFERROR(INDEX(SINAPI!$B:$B,MATCH($B2623,SINAPI!$A:$A,0)),\"\")","v":"CONCRETO FCK = 20MPA, TRAÇO 1:2,7:3 (EM MASSA SECA DE CIMENTO/ AREIA MÉDIA/ BRITA 1) - PREPARO MECÂNICO COM BETONEIRA 400 L. AF_05/2021"},{"$f":"IFERROR(INDEX(SINAPI!$C:$C,MATCH($B2623,SINAPI!$A:$A,0)),\"\")","v":"M3"},0.315,{"$f":"IFERROR(INDEX(SINAPI!$D:$D,MATCH($B2623,SINAPI!$A:$A,0)),0)","v":374.73},118.03995]
[{"$f":"IFERROR(INDEX(SINAPI!$E:$E,MATCH($B2624,SINAPI!$A:$A,0)),\"\")","v":"COMPOSIÇÃO"},92882,{"$f":"IFERROR(INDEX(SINAPI!$B:$B,MATCH($B2624,SINAPI!$A:$A,0)),\"\")","v":"ARMAÇÃO UTILIZANDO AÇO CA-25 DE 6,3 MM - MONTAGEM. AF_12/2015"},{"$f":"IFERROR(INDEX(SINAPI!$C:$C,MATCH($B2624,SINAPI!$A:$A,0)),\"\")","v":"KG"},16,{"$f":"IFERROR(INDEX(SINAPI!$D:$D,MATCH($B2624,SINAPI!$A:$A,0)),0)","v":17.11},273.76]
[{"$f":"IFERROR(INDEX(SINAPI!$E:$E,MATCH($B2625,SINAPI!$A:$A,0)),\"\")","v":"COMPOSIÇÃO"},93358,{"$f":"IFERROR(INDEX(SINAPI!$B:$B,MATCH($B2625,SINAPI!$A:$A,0)),\"\")","v":"ESCAVAÇÃO MANUAL DE VALA COM PROFUNDIDADE MENOR OU IGUAL A 1,30 M. AF_02/2021"},{"$f":"IFERROR(INDEX(SINAPI!$C:$C,MATCH($B2625,SINAPI!$A:$A,0)),\"\")","v":"M3"},0.13500000000000001,{"$f":"IFERROR(INDEX(SINAPI!$D:$D,MATCH($B2625,SINAPI!$A:$A,0)),0)","v":61.91},8.3578500000000009]
[{"$f":"IFERROR(INDEX(SINAPI!$E:$E,MATCH($B2626,SINAPI!$A:$A,0)),\"\")","v":"COMPOSIÇÃO"},97086,{"$f":"IFERROR(INDEX(SINAPI!$B:$B,MATCH($B2626,SINAPI!$A:$A,0)),\"\")","v":"FABRICAÇÃO, MONTAGEM E DESMONTAGEM DE FORMA PARA RADIER, EM MADEIRA SERRADA, 4 UTILIZAÇÕES. AF_09/2017"},{"$f":"IFERROR(INDEX(SINAPI!$C:$C,MATCH($B2626,SINAPI!$A:$A,0)),\"\")","v":"M2"},2.1,{"$f":"IFERROR(INDEX(SINAPI!$D:$D,MATCH($B2626,SINAPI!$A:$A,0)),0)","v":89.89},188.76900000000001]
[null,null,null,null,null,"TOTAL",{"$f":"SUM(G2621:G2626)","v":6050.1887700000016}]
[]
[]
["CLASSE/TIPO","CÓDIGOS/ SINAPI","DESCRIÇÃO","UND","COEFICIENTE","PREÇO UNITÁRIO","PREÇO TOTAL"]
["COMP-507496",null,"PLACA DE SINALIZACAO DE SEGURANCA CONTRA INCENDIO - ALERTA, TRIANGULAR, BASE DE *30* CM, EM PVC *2* MM ANTI-CHAMAS - QUADRO DE ENERGIA ","UN",null,null,{"$f":"G2635","v":86.686499999999995}]
[{"$f":"IFERROR(INDEX(SINAPI!$E:$E,MATCH($B2632,SINAPI!$A:$A,0)),\"\")","v":"INSUMO"},37560,{"$f":"IFERROR(INDEX(SINAPI!$B:$B,MATCH($B2632,SINAPI!$A:$A,0)),\"\")","v":"PLACA DE SINALIZACAO DE SEGURANCA CONTRA INCENDIO - ALERTA, TRIANGULAR, BASE DE *30* CM, EM PVC *2* MM ANTI-CHAMAS (SIMBOLOS, CORES E PICTOGRAMAS CONFORME NBR 16820)                                                                                                                                                                                                                                                                                                                                     "},{"$f":"IFERROR(INDEX(SINAPI!$C:$C,MATCH($B2632,SINAPI!$A:$A,0)),\"\")","v":"UN    "},1,{"$f":"IFERROR(INDEX(SINAPI!$D:$D,MATCH($B2632,SINAPI!$A:$A,0)),0)","v":44.09},{"$f":"IFERROR(F2632*E2632,0)","v":44.09}]
["INSUMO","COTAÇÃO 1",{"$f":"COTAÇAO!B13","v":"Fita dupla face 25mm x 20m"},"UN    ",0.3,{"$f":"COTAÇAO!E16","v":131.55500000000001},39.466500000000003]
[{"$f":"IFERROR(INDEX(SINAPI!$E:$E,MATCH($B2634,SINAPI!$A:$A,0)),\"\")","v":"COMPOSIÇÃO"},88316,{"$f":"IFERROR(INDEX(SINAPI!$B:$B,MATCH($B2634,SINAPI!$A:$A,0)),\"\")","v":"SERVENTE COM ENCARGOS COMPLEMENTARES"},{"$f":"IFERROR(INDEX(SINAPI!$C:$C,MATCH($B2634,SINAPI!$A:$A,0)),\"\")","v":"H"},0.2,{"$f":"IFERROR(INDEX(SINAPI!$D:$D,MATCH($B2634,SINAPI!$A:$A,0)),0)","v":15.65},3.1300000000000003]
[null,null,null,null,null,"TOTAL",{"$f":"SUM(G2632:G2634)","v":86.686499999999995}]
[]
[]
["CLASSE/TIPO","CÓDIGOS/ SINAPI","DESCRIÇÃO","UND","COEFICIENTE","PREÇO UNITÁRIO","PREÇO TOTAL"]
["COMP-7721 ",null,"PLACA DE SINALIZACAO DE SEGURANCA CONTRA INCENDIO - ALERTA, TRIANGULAR, BASE DE *30* CM, EM PVC *2* MM ANTI-CHAMAS - QUADRO DE ENERGIA ","UN",null,null,{"$f":"G2643","v":84.356499999999997}]
["INSUMO","COTAÇÃO 1",{"$f":"COTAÇAO!B13","v":"Fita dupla face 25mm x 20m"},"UN    ",0.3,{"$f":"COTAÇAO!E16","v":131.55500000000001},{"$f":"IFERROR(F2640*E2640,0)","v":39.466500000000003}]
[{"$f":"IFERROR(INDEX(SINAPI!$E:$E,MATCH($B2641,SINAPI!$A:$A,0)),\"\")","v":"INSUMO"},37558,{"$f":"IFERROR(INDEX(SINAPI!$B:$B,MATCH($B2641,SINAPI!$A:$A,0)),\"\")","v":"PLACA DE SINALIZACAO DE SEGURANCA CONTRA INCENDIO, FOTOLUMINESCENTE, RETANGULAR, *20 X 40* CM, EM PVC *2* MM ANTI-CHAMAS (SIMBOLOS, CORES E PICTOGRAMAS CONFORME NBR 16820)                                                                                                                                                                                                                                                                                                                               "},{"$f":"IFERROR(INDEX(SINAPI!$C:$C,MATCH($B2641,SINAPI!$A:$A,0)),\"\")","v":"UN    "},1,{"$f":"IFERROR(INDEX(SINAPI!$D:$D,MATCH($B2641,SINAPI!$A:$A,0)),0)","v":41.76},41.76]
[{"$f":"IFERROR(INDEX(SINAPI!$E:$E,MATCH($B2642,SINAPI!$A:$A,0)),\"\")","v":"COMPOSIÇÃO"},88316,{"$f":"IFERROR(INDEX(SINAPI!$B:$B,MATCH($B2642,SINAPI!$A:$A,0)),\"\")","v":"SERVENTE COM ENCARGOS COMPLEMENTARES"},{"$f":"IFERROR(INDEX(SINAPI!$C:$C,MATCH($B2642,SINAPI!$A:$A,0)),\"\")","v":"H"},0.2,{"$f":"IFERROR(INDEX(SINAPI!$D:$D,MATCH($B2642,SINAPI!$A:$A,0)),0)","v":15.65},3.1300000000000003]
[null,null,null,null,null,"TOTAL",{"$f":"SUM(G2640:G2642)","v":84.356499999999997}]
[]
[]
["CLASSE/TIPO","CÓDIGOS/ SINAPI","DESCRIÇÃO","UND","COEFICIENTE","PREÇO UNITÁRIO","PREÇO TOTAL"]
["COMP-1505 ",null,"PLACA DE SINALIZACAO DE SEGURANCA CONTRA INCENDIO, FOTOLUMINESCENTE, QUADRADA, *20 X 20* CM, EM PVC *2* MM ANTI-CHAMAS (SIMBOLOS, CORES E PICTOGRAMAS CONFORME NBR 13434) ","UN",null,null,{"$f":"G2651","v":84.792000000000016}]
["INSUMO","COTAÇÃO 1",{"$f":"COTAÇAO!B13","v":"Fita dupla face 25mm x 20m"},"UN    ",0.4,{"$f":"COTAÇAO!E16","v":131.55500000000001},{"$f":"IFERROR(F2648*E2648,0)","v":52.622000000000007}]
[{"$f":"IFERROR(INDEX(SINAPI!$E:$E,MATCH($B2649,SINAPI!$A:$A,0)),\"\")","v":"INSUMO"},37556,{"$f":"IFERROR(INDEX(SINAPI!$B:$B,MATCH($B2649,SINAPI!$A:$A,0)),\"\")","v":"PLACA DE SINALIZACAO DE SEGURANCA CONTRA INCENDIO, FOTOLUMINESCENTE, QUADRADA, *20 X 20* CM, EM PVC *2* MM ANTI-CHAMAS (SIMBOLOS, CORES E PICTOGRAMAS CONFORME NBR 16820)                                                                                                                                                                                                                                                                                                                                 "},{"$f":"IFERROR(INDEX(SINAPI!$C:$C,MATCH($B2649,SINAPI!$A:$A,0)),\"\")","v":"UN    "},1,{"$f":"IFERROR(INDEX(SINAPI!$D:$D,MATCH($B2649,SINAPI!$A:$A,0)),0)","v":25.91},25.91]
[{"$f":"IFERROR(INDEX(SINAPI!$E:$E,MATCH($B2650,SINAPI!$A:$A,0)),\"\")","v":"COMPOSIÇÃO"},88316,{"$f":"IFERROR(INDEX(SINAPI!$B:$B,MATCH($B2650,SINAPI!$A:$A,0)),\"\")","v":"SERVENTE COM ENCARGOS COMPLEMENTARES"},{"$f":"IFERROR(INDEX(SINAPI!$C:$C,MATCH($B2650,SINAPI!$A:$A,0)),\"\")","v":"H"},0.4,{"$f":"IFERROR(INDEX(SINAPI!$D:$D,MATCH($B2650,SINAPI!$A:$A,0)),0)","v":15.65},6.2600000000000007]
[null,null,null,null,null,"TOTAL",{"$f":"SUM(G2648:G2650)","v":84.792000000000016}]
[]
[]
["CLASSE/TIPO","CÓDIGOS/ SINAPI","DESCRIÇÃO","UND","COEFICIENTE","PREÇO UNITÁRIO","PREÇO TOTAL"]
["COMP-9813 ",null,"PLACA DE SINALIZACAO DE SEGURANCA CONTRA INCENDIO, FOTOLUMINESCENTE, REDONDA DIAM 18 CM, EM PVC *2* MM ANTI-CHAMAS (SIMBOLOS, CORES E PICTOGRAMAS CONFORME NBR 13434) ","UN",null,null,{"$f":"G2659","v":152.1345}]
["INSUMO","COTAÇÃO 1",{"$f":"COTAÇAO!B13","v":"Fita dupla face 25mm x 20m"},"UN    ",0.9,{"$f":"COTAÇAO!E16","v":131.55500000000001},{"$f":"IFERROR(F2656*E2656,0)","v":118.3995}]
[{"$f":"IFERROR(INDEX(SINAPI!$E:$E,MATCH($B2657,SINAPI!$A:$A,0)),\"\")","v":"INSUMO"},37556,{"$f":"IFERROR(INDEX(SINAPI!$B:$B,MATCH($B2657,SINAPI!$A:$A,0)),\"\")","v":"PLACA DE SINALIZACAO DE SEGURANCA CONTRA INCENDIO, FOTOLUMINESCENTE, QUADRADA, *20 X 20* CM, EM PVC *2* MM ANTI-CHAMAS (SIMBOLOS, CORES E PICTOGRAMAS CONFORME NBR 16820)                                                                                                                                                                                                                                                                                                                                 "},{"$f":"IFERROR(INDEX(SINAPI!$C:$C,MATCH($B2657,SINAPI!$A:$A,0)),\"\")","v":"UN    "},1,{"$f":"IFERROR(INDEX(SINAPI!$D:$D,MATCH($B2657,SINAPI!$A:$A,0)),0)","v":25.91},25.91]
[{"$f":"IFERROR(INDEX(SINAPI!$E:$E,MATCH($B2658,SINAPI!$A:$A,0)),\"\")","v":"COMPOSIÇÃO"},88316,{"$f":"IFERROR(INDEX(SINAPI!$B:$B,MATCH($B2658,SINAPI!$A:$A,0)),\"\")","v":"SERVENTE COM ENCARGOS COMPLEMENTARES"},{"$f":"IFERROR(INDEX(SINAPI!$C:$C,MATCH($B2658,SINAPI!$A:$A,0)),\"\")","v":"H"},0.5,{"$f":"IFERROR(INDEX(SINAPI!$D:$D,MATCH($B2658,SINAPI!$A:$A,0)),0)","v":15.65},7.8250000000000002]
[null,null,null,null,null,"TOTAL",{"$f":"SUM(G2656:G2658)","v":152.1345}]
[]
[]
["CLASSE/TIPO","CÓDIGOS/ SINAPI","DESCRIÇÃO","UND","COEFICIENTE","PREÇO UNITÁRIO","PREÇO TOTAL"]
["COMP-963760",null,"LUMINARIA DE EMERGENCIA 30 LEDS, POTENCIA 2 W, BATERIA DE LITIO, AUTONOMIA DE 6 HORAS (UN)- FORNECIMENTO E INSTALAÇÃO ","UND",null,null,{"$f":"G2667","v":28.422999999999998}]
[{"$f":"IFERROR(INDEX(SINAPI!$E:$E,MATCH($B2664,SINAPI!$A:$A,0)),\"\")","v":"INSUMO"},38774,{"$f":"IFERROR(INDEX(SINAPI!$B:$B,MATCH($B2664,SINAPI!$A:$A,0)),\"\")","v":"LUMINARIA DE EMERGENCIA 30 LEDS, POTENCIA 2 W, BATERIA DE LITIO, AUTONOMIA DE 6 HORAS                                                                                                                                                                                                                                                                                                                                                                                                                     "},{"$f":"IFERROR(INDEX(SINAPI!$C:$C,MATCH($B2664,SINAPI!$A:$A,0)),\"\")","v":"UN    "},1,{"$f":"IFERROR(INDEX(SINAPI!$D:$D,MATCH($B2664,SINAPI!$A:$A,0)),0)","v":17.559999999999999},{"$f":"IFERROR(F2664*E2664,0)","v":17.559999999999999}]
[{"$f":"IFERROR(INDEX(SINAPI!$E:$E,MATCH($B2665,SINAPI!$A:$A,0)),\"\")","v":"COMPOSIÇÃO"},88264,{"$f":"IFERROR(INDEX(SINAPI!$B:$B,MATCH($B2665,SINAPI!$A:$A,0)),\"\")","v":"ELETRICISTA COM ENCARGOS COMPLEMENTARES"},{"$f":"IFERROR(INDEX(SINAPI!$C:$C,MATCH($B2665,SINAPI!$A:$A,0)),\"\")","v":"H"},0.3,{"$f":"IFERROR(INDEX(SINAPI!$D:$D,MATCH($B2665,SINAPI!$A:$A,0)),0)","v":20.6},6.1800000000000006]
[{"$f":"IFERROR(INDEX(SINAPI!$E:$E,MATCH($B2666,SINAPI!$A:$A,0)),\"\")","v":"COMPOSIÇÃO"},88247,{"$f":"IFERROR(INDEX(SINAPI!$B:$B,MATCH($B2666,SINAPI!$A:$A,0)),\"\")","v":"AUXILIAR DE ELETRICISTA COM ENCARGOS COMPLEMENTARES"},{"$f":"IFERROR(INDEX(SINAPI!$C:$C,MATCH($B2666,SINAPI!$A:$A,0)),\"\")","v":"H"},0.3,{"$f":"IFERROR(INDEX(SINAPI!$D:$D,MATCH($B2666,SINAPI!$A:$A,0)),0)","v":15.61},4.6829999999999998]
[null,null,null,null,null,"TOTAL",{"$f":"SUM(G2664:G2666)","v":28.422999999999998}]
[]
[]
["CLASSE/TIPO","CÓDIGOS/ SINAPI","DESCRIÇÃO","UND","COEFICIENTE","PREÇO UNITÁRIO","PREÇO TOTAL"]
["COMP-943603",null,"LIMPEZA FINAL DA OBRA","M2",null,null,{"$f":"G2674","v":2.605}]
[{"$f":"IFERROR(INDEX(SINAPI!$E:$E,MATCH($B2672,SINAPI!$A:$A,0)),\"\")","v":"INSUMO"},3,{"$f":"IFERROR(INDEX(SINAPI!$B:$B,MATCH($B2672,SINAPI!$A:$A,0)),\"\")","v":"ACIDO MURIATICO, DILUICAO 10% A 12% PARA USO EM LIMPEZA                                                                                                                                                                                                                                                                                                                                                                                                                                                   "},{"$f":"IFERROR(INDEX(SINAPI!$C:$C,MATCH($B2672,SINAPI!$A:$A,0)),\"\")","v":"L     "},0.05,{"$f":"IFERROR(INDEX(SINAPI!$D:$D,MATCH($B2672,SINAPI!$A:$A,0)),0)","v":5.15},{"$f":"IFERROR(F2672*E2672,0)","v":0.25750000000000001}]
[{"$f":"IFERROR(INDEX(SINAPI!$E:$E,MATCH($B2673,SINAPI!$A:$A,0)),\"\")","v":"COMPOSIÇÃO"},88316,{"$f":"IFERROR(INDEX(SINAPI!$B:$B,MATCH($B2673,SINAPI!$A:$A,0)),\"\")","v":"SERVENTE COM ENCARGOS COMPLEMENTARES"},{"$f":"IFERROR(INDEX(SINAPI!$C:$C,MATCH($B2673,SINAPI!$A:$A,0)),\"\")","v":"H"},0.15,{"$f":"IFERROR(INDEX(SINAPI!$D:$D,MATCH($B2673,SINAPI!$A:$A,0)),0)","v":15.65},2.3475000000000001]
[null,null,null,null,null,"TOTAL",{"$f":"SUM(G2672:G2673)","v":2.605}]
[]
[]
["CLASSE/TIPO","CÓDIGOS/ SINAPI","DESCRIÇÃO","UND","COEFICIENTE","PREÇO UNITÁRIO","PREÇO TOTAL"]
["COMP-956512",null,"PÓRTICO DE ENTRADA COM ESTRUTURA EM CHAPA METALICA, PILAR COM ALTRUA DE 8,30 M E OUTRO COM 7,25 M, E VIGA COM 16,30 M DE COMPRIMENTO POR 1,50 M DE ALTURA, COM ALTURA UTIL 4,70 M, COM BASE EM CONCRETO ARMADO DIMENSIONADO PARA SUPORTAR TODA A ESTRUTURA, PINTADO COM FUNDO ANTI-CORROSIVO, REVESTICO EM ALUMINIO COMPOSTO ( ACM ) 3MM NAS CORES VERDE, BRANCA E VERMELHO CONFORME DETALHAMENTO DA FACHADA. INCLUSO AS INSTALAÇÕES E CONFECÇÃO DE LETRAS TIPO CAIXA ALTA EM INOX CONFORME DETALHAMENTO ESPECIFICO. ","UN",null,null,{"$f":"G2680","v":117232.59999999999}]
["COMPOSIÇÃO","COTAÇÃO 2","PÓRTICO DE ENTRADA COM ESTRUTURA EM CHAPA METALICA, PILAR COM ALTRUA DE 8,30 M E OUTRO COM 7,25 M, E VIGA COM 16,30 M DE COMPRIMENTO POR  1,50 M DE ALTURA,  COM ALTURA UTIL 4,70 M,  COM BASE EM CONCRETO ARMADO DIMENSIONADO PARA SUPORTAR TODA A ESTRUTURA, PINTADO COM FUNDO ANTI-CORROSIVO, REVESTICO EM ALUMINIO COMPOSTO ( ACM ) 3MM NAS CORES VERDE, BRANCA E VERMELHO CONFORME DETALHAMENTO DA FACHADA. INCLUSO AS INSTALAÇÕES E CONFECÇÃO DE LETRAS TIPO CAIXA ALTA EM INOX CONFORME DETALHAMENTO ESPECIFICO.","UN",1,{"$f":"COTAÇAO!E21","v":117232.59999999999},{"$f":"IFERROR(F2679*E2679,0)","v":117232.59999999999}]
[null,null,null,null,null,"TOTAL",{"$f":"SUM(G2679)","v":117232.59999999999}]
[]
[]
["CLASSE/TIPO","CÓDIGOS/ SINAPI","DESCRIÇÃO","UND","COEFICIENTE","PREÇO UNITÁRIO","PREÇO TOTAL"]
["IFMT 214.06.2020",{"$f":"IFERROR(INDEX(COMPOSIÇÕES_IFMT!$B:$B,MATCH($A2684,COMPOSIÇÕES_IFMT!$A:$A,0)),\"\")","v":".214/R"},{"$f":"IFERROR(INDEX(COMPOSIÇÕES_IFMT!$C:$C,MATCH($A2684,COMPOSIÇÕES_IFMT!$A:$A,0)),\"\")","v":"ENTRADA PROVISORIA DE ENERGIA ELETRICA AEREA TRIFASICA 40A EM POSTE MADEIRA"},{"$f":"IFERROR(INDEX(COMPOSIÇÕES_IFMT!$D:$D,MATCH($A2684,COMPOSIÇÕES_IFMT!$A:$A,0)),\"\")","v":"UN"},null,null,{"$f":"G2704","v":2291.5022641109999}]
[{"$f":"IFERROR(INDEX(SINAPI!$E:$E,MATCH($B2685,SINAPI!$A:$A,0)),\"\")","v":"INSUMO"},{"$f":"IF(IFERROR(INDEX(COMPOSIÇÕES_IFMT!$B:$B,MATCH($A2684,COMPOSIÇÕES_IFMT!$A:$A,0)),\"\")<>\"\",OFFSET(COMPOSIÇÕES_IFMT!$A$1,MATCH($A2684,COMPOSIÇÕES_IFMT!$A:$A,0),1),\"\")","v":406},{"$f":"IFERROR(INDEX(SINAPI!$B:$B,MATCH($B2685,SINAPI!$A:$A,0)),\"\")","v":"FITA ACO INOX PARA CINTAR POSTE, L = 19 MM, E = 0,5 MM (ROLO DE 30M)                                                                                                                                                                                                                                                                                                                                                                                                                                      "},{"$f":"IFERROR(INDEX(SINAPI!$C:$C,MATCH($B2685,SINAPI!$A:$A,0)),\"\")","v":"UN    "},{"$f":"IF(IFERROR(INDEX(COMPOSIÇÕES_IFMT!$B:$B,MATCH($A2684,COMPOSIÇÕES_IFMT!$A:$A,0)),\"\")<>\"\",OFFSET(COMPOSIÇÕES_IFMT!$A$1,MATCH($A2684,COMPOSIÇÕES_IFMT!$A:$A,0),4),\"\")","v":0.13333329999999999},{"$f":"IFERROR(INDEX(SINAPI!$D:$D,MATCH($B2685,SINAPI!$A:$A,0)),0)","v":76.67},{"$f":"IFERROR(F2685*E2685,0)","v":10.222664110999998}]
[{"$f":"IFERROR(INDEX(SINAPI!$E:$E,MATCH($B2686,SINAPI!$A:$A,0)),\"\")","v":"INSUMO"},{"$f":"IF(IFERROR(INDEX(COMPOSIÇÕES_IFMT!$B:$B,MATCH($A2684,COMPOSIÇÕES_IFMT!$A:$A,0)),\"\")<>\"\",OFFSET(COMPOSIÇÕES_IFMT!$A$1,MATCH($A2684,COMPOSIÇÕES_IFMT!$A:$A,0)+1,1),\"\")","v":420},{"$f":"IFERROR(INDEX(SINAPI!$B:$B,MATCH($B2686,SINAPI!$A:$A,0)),\"\")","v":"CINTA CIRCULAR EM ACO GALVANIZADO DE 150 MM DE DIAMETRO PARA FIXACAO DE CAIXA MEDICAO, INCLUI PARAFUSOS E PORCAS                                                                                                                                                                                                                                                                                                                                                                                          "},{"$f":"IFERROR(INDEX(SINAPI!$C:$C,MATCH($B2686,SINAPI!$A:$A,0)),\"\")","v":"UN    "},{"$f":"IF(IFERROR(INDEX(COMPOSIÇÕES_IFMT!$B:$B,MATCH($A2684,COMPOSIÇÕES_IFMT!$A:$A,0)),\"\")<>\"\",OFFSET(COMPOSIÇÕES_IFMT!$A$1,MATCH($A2684,COMPOSIÇÕES_IFMT!$A:$A,0)+1,4),\"\")","v":2},{"$f":"IFERROR(INDEX(SINAPI!$D:$D,MATCH($B2686,SINAPI!$A:$A,0)),0)","v":34.46},68.92]
[{"$f":"IFERROR(INDEX(SINAPI!$E:$E,MATCH($B2687,SINAPI!$A:$A,0)),\"\")","v":"INSUMO"},{"$f":"IF(IFERROR(INDEX(COMPOSIÇÕES_IFMT!$B:$B,MATCH($A2684,COMPOSIÇÕES_IFMT!$A:$A,0)),\"\")<>\"\",OFFSET(COMPOSIÇÕES_IFMT!$A$1,MATCH($A2684,COMPOSIÇÕES_IFMT!$A:$A,0)+2,1),\"\")","v":857},{"$f":"IFERROR(INDEX(SINAPI!$B:$B,MATCH($B2687,SINAPI!$A:$A,0)),\"\")","v":"CABO DE COBRE NU 16 MM2 MEIO-DURO                                                                                                                                                                                                                                                                                                                                                                                                                                                                         "},{"$f":"IFERROR(INDEX(SINAPI!$C:$C,MATCH($B2687,SINAPI!$A:$A,0)),\"\")","v":"M     "},{"$f":"IF(IFERROR(INDEX(COMPOSIÇÕES_IFMT!$B:$B,MATCH($A2684,COMPOSIÇÕES_IFMT!$A:$A,0)),\"\")<>\"\",OFFSET(COMPOSIÇÕES_IFMT!$A$1,MATCH($A2684,COMPOSIÇÕES_IFMT!$A:$A,0)+2,4),\"\")","v":3},{"$f":"IFERROR(INDEX(SINAPI!$D:$D,MATCH($B2687,SINAPI!$A:$A,0)),0)","v":12.75},38.25]
[{"$f":"IFERROR(INDEX(SINAPI!$E:$E,MATCH($B2688,SINAPI!$A:$A,0)),\"\")","v":"INSUMO"},{"$f":"IF(IFERROR(INDEX(COMPOSIÇÕES_IFMT!$B:$B,MATCH($A2684,COMPOSIÇÕES_IFMT!$A:$A,0)),\"\")<>\"\",OFFSET(COMPOSIÇÕES_IFMT!$A$1,MATCH($A2684,COMPOSIÇÕES_IFMT!$A:$A,0)+3,1),\"\")","v":937},{"$f":"IFERROR(INDEX(SINAPI!$B:$B,MATCH($B2688,SINAPI!$A:$A,0)),\"\")","v":"FIO DE COBRE, SOLIDO, CLASSE 1, ISOLACAO EM PVC/A, ANTICHAMA BWF-B, 450/750V, SECAO NOMINAL 10 MM2                                                                                                                                                                                                                                                                                                                                                                                                        "},{"$f":"IFERROR(INDEX(SINAPI!$C:$C,MATCH($B2688,SINAPI!$A:$A,0)),\"\")","v":"M     "},{"$f":"IF(IFERROR(INDEX(COMPOSIÇÕES_IFMT!$B:$B,MATCH($A2684,COMPOSIÇÕES_IFMT!$A:$A,0)),\"\")<>\"\",OFFSET(COMPOSIÇÕES_IFMT!$A$1,MATCH($A2684,COMPOSIÇÕES_IFMT!$A:$A,0)+3,4),\"\")","v":27},{"$f":"IFERROR(INDEX(SINAPI!$D:$D,MATCH($B2688,SINAPI!$A:$A,0)),0)","v":9.51},256.77]
[{"$f":"IFERROR(INDEX(SINAPI!$E:$E,MATCH($B2689,SINAPI!$A:$A,0)),\"\")","v":"INSUMO"},{"$f":"IF(IFERROR(INDEX(COMPOSIÇÕES_IFMT!$B:$B,MATCH($A2684,COMPOSIÇÕES_IFMT!$A:$A,0)),\"\")<>\"\",OFFSET(COMPOSIÇÕES_IFMT!$A$1,MATCH($A2684,COMPOSIÇÕES_IFMT!$A:$A,0)+4,1),\"\")","v":1062},{"$f":"IFERROR(INDEX(SINAPI!$B:$B,MATCH($B2689,SINAPI!$A:$A,0)),\"\")","v":"CAIXA INTERNA/EXTERNA DE MEDICAO PARA 1 MEDIDOR TRIFASICO, COM VISOR, EM CHAPA DE ACO 18 USG (PADRAO DA CONCESSIONARIA LOCAL)                                                                                                                                                                                                                                                                                                                                                                             "},{"$f":"IFERROR(INDEX(SINAPI!$C:$C,MATCH($B2689,SINAPI!$A:$A,0)),\"\")","v":"UN    "},{"$f":"IF(IFERROR(INDEX(COMPOSIÇÕES_IFMT!$B:$B,MATCH($A2684,COMPOSIÇÕES_IFMT!$A:$A,0)),\"\")<>\"\",OFFSET(COMPOSIÇÕES_IFMT!$A$1,MATCH($A2684,COMPOSIÇÕES_IFMT!$A:$A,0)+4,4),\"\")","v":1},{"$f":"IFERROR(INDEX(SINAPI!$D:$D,MATCH($B2689,SINAPI!$A:$A,0)),0)","v":286.52999999999997},286.52999999999997]
[{"$f":"IFERROR(INDEX(SINAPI!$E:$E,MATCH($B2690,SINAPI!$A:$A,0)),\"\")","v":"INSUMO"},{"$f":"IF(IFERROR(INDEX(COMPOSIÇÕES_IFMT!$B:$B,MATCH($A2684,COMPOSIÇÕES_IFMT!$A:$A,0)),\"\")<>\"\",OFFSET(COMPOSIÇÕES_IFMT!$A$1,MATCH($A2684,COMPOSIÇÕES_IFMT!$A:$A,0)+5,1),\"\")","v":1096},{"$f":"IFERROR(INDEX(SINAPI!$B:$B,MATCH($B2690,SINAPI!$A:$A,0)),\"\")","v":"ARMACAO VERTICAL COM HASTE E CONTRA-PINO, EM CHAPA DE ACO GALVANIZADO 3/16\", COM 4 ESTRIBOS E 4 ISOLADORES                                                                                                                                                                                                                                                                                                                                                                                                "},{"$f":"IFERROR(INDEX(SINAPI!$C:$C,MATCH($B2690,SINAPI!$A:$A,0)),\"\")","v":"UN    "},{"$f":"IF(IFERROR(INDEX(COMPOSIÇÕES_IFMT!$B:$B,MATCH($A2684,COMPOSIÇÕES_IFMT!$A:$A,0)),\"\")<>\"\",OFFSET(COMPOSIÇÕES_IFMT!$A$1,MATCH($A2684,COMPOSIÇÕES_IFMT!$A:$A,0)+5,4),\"\")","v":2},{"$f":"IFERROR(INDEX(SINAPI!$D:$D,MATCH($B2690,SINAPI!$A:$A,0)),0)","v":114.34},228.68]
[{"$f":"IFERROR(INDEX(SINAPI!$E:$E,MATCH($B2691,SINAPI!$A:$A,0)),\"\")","v":"INSUMO"},{"$f":"IF(IFERROR(INDEX(COMPOSIÇÕES_IFMT!$B:$B,MATCH($A2684,COMPOSIÇÕES_IFMT!$A:$A,0)),\"\")<>\"\",OFFSET(COMPOSIÇÕES_IFMT!$A$1,MATCH($A2684,COMPOSIÇÕES_IFMT!$A:$A,0)+6,1),\"\")","v":1539},{"$f":"IFERROR(INDEX(SINAPI!$B:$B,MATCH($B2691,SINAPI!$A:$A,0)),\"\")","v":"CONECTOR METALICO TIPO PARAFUSO FENDIDO (SPLIT BOLT), PARA CABOS ATE 16 MM2                                                                                                                                                                                                                                                                                                                                                                                                                               "},{"$f":"IFERROR(INDEX(SINAPI!$C:$C,MATCH($B2691,SINAPI!$A:$A,0)),\"\")","v":"UN    "},{"$f":"IF(IFERROR(INDEX(COMPOSIÇÕES_IFMT!$B:$B,MATCH($A2684,COMPOSIÇÕES_IFMT!$A:$A,0)),\"\")<>\"\",OFFSET(COMPOSIÇÕES_IFMT!$A$1,MATCH($A2684,COMPOSIÇÕES_IFMT!$A:$A,0)+6,4),\"\")","v":8},{"$f":"IFERROR(INDEX(SINAPI!$D:$D,MATCH($B2691,SINAPI!$A:$A,0)),0)","v":5.99},47.92]
[{"$f":"IFERROR(INDEX(SINAPI!$E:$E,MATCH($B2692,SINAPI!$A:$A,0)),\"\")","v":"INSUMO"},{"$f":"IF(IFERROR(INDEX(COMPOSIÇÕES_IFMT!$B:$B,MATCH($A2684,COMPOSIÇÕES_IFMT!$A:$A,0)),\"\")<>\"\",OFFSET(COMPOSIÇÕES_IFMT!$A$1,MATCH($A2684,COMPOSIÇÕES_IFMT!$A:$A,0)+7,1),\"\")","v":1892},{"$f":"IFERROR(INDEX(SINAPI!$B:$B,MATCH($B2692,SINAPI!$A:$A,0)),\"\")","v":"LUVA EM PVC RIGIDO ROSCAVEL, DE 1\", PARA ELETRODUTO                                                                                                                                                                                                                                                                                                                                                                                                                                                       "},{"$f":"IFERROR(INDEX(SINAPI!$C:$C,MATCH($B2692,SINAPI!$A:$A,0)),\"\")","v":"UN    "},{"$f":"IF(IFERROR(INDEX(COMPOSIÇÕES_IFMT!$B:$B,MATCH($A2684,COMPOSIÇÕES_IFMT!$A:$A,0)),\"\")<>\"\",OFFSET(COMPOSIÇÕES_IFMT!$A$1,MATCH($A2684,COMPOSIÇÕES_IFMT!$A:$A,0)+7,4),\"\")","v":4},{"$f":"IFERROR(INDEX(SINAPI!$D:$D,MATCH($B2692,SINAPI!$A:$A,0)),0)","v":1.33},5.32]
[{"$f":"IFERROR(INDEX(SINAPI!$E:$E,MATCH($B2693,SINAPI!$A:$A,0)),\"\")","v":"INSUMO"},{"$f":"IF(IFERROR(INDEX(COMPOSIÇÕES_IFMT!$B:$B,MATCH($A2684,COMPOSIÇÕES_IFMT!$A:$A,0)),\"\")<>\"\",OFFSET(COMPOSIÇÕES_IFMT!$A$1,MATCH($A2684,COMPOSIÇÕES_IFMT!$A:$A,0)+8,1),\"\")","v":2392},{"$f":"IFERROR(INDEX(SINAPI!$B:$B,MATCH($B2693,SINAPI!$A:$A,0)),\"\")","v":"DISJUNTOR TIPO NEMA, TRIPOLAR 10  ATE  50A, TENSAO MAXIMA DE 415 V                                                                                                                                                                                                                                                                                                                                                                                                                                        "},{"$f":"IFERROR(INDEX(SINAPI!$C:$C,MATCH($B2693,SINAPI!$A:$A,0)),\"\")","v":"UN    "},{"$f":"IF(IFERROR(INDEX(COMPOSIÇÕES_IFMT!$B:$B,MATCH($A2684,COMPOSIÇÕES_IFMT!$A:$A,0)),\"\")<>\"\",OFFSET(COMPOSIÇÕES_IFMT!$A$1,MATCH($A2684,COMPOSIÇÕES_IFMT!$A:$A,0)+8,4),\"\")","v":1},{"$f":"IFERROR(INDEX(SINAPI!$D:$D,MATCH($B2693,SINAPI!$A:$A,0)),0)","v":81.89},81.89]
[{"$f":"IFERROR(INDEX(SINAPI!$E:$E,MATCH($B2694,SINAPI!$A:$A,0)),\"\")","v":"INSUMO"},{"$f":"IF(IFERROR(INDEX(COMPOSIÇÕES_IFMT!$B:$B,MATCH($A2684,COMPOSIÇÕES_IFMT!$A:$A,0)),\"\")<>\"\",OFFSET(COMPOSIÇÕES_IFMT!$A$1,MATCH($A2684,COMPOSIÇÕES_IFMT!$A:$A,0)+9,1),\"\")","v":2685},{"$f":"IFERROR(INDEX(SINAPI!$B:$B,MATCH($B2694,SINAPI!$A:$A,0)),\"\")","v":"ELETRODUTO DE PVC RIGIDO ROSCAVEL DE 1 \", SEM LUVA                                                                                                                                                                                                                                                                                                                                                                                                                                                        "},{"$f":"IFERROR(INDEX(SINAPI!$C:$C,MATCH($B2694,SINAPI!$A:$A,0)),\"\")","v":"M     "},{"$f":"IF(IFERROR(INDEX(COMPOSIÇÕES_IFMT!$B:$B,MATCH($A2684,COMPOSIÇÕES_IFMT!$A:$A,0)),\"\")<>\"\",OFFSET(COMPOSIÇÕES_IFMT!$A$1,MATCH($A2684,COMPOSIÇÕES_IFMT!$A:$A,0)+9,4),\"\")","v":8},{"$f":"IFERROR(INDEX(SINAPI!$D:$D,MATCH($B2694,SINAPI!$A:$A,0)),0)","v":5.37},42.96]
[{"$f":"IFERROR(INDEX(SINAPI!$E:$E,MATCH($B2695,SINAPI!$A:$A,0)),\"\")","v":"INSUMO"},{"$f":"IF(IFERROR(INDEX(COMPOSIÇÕES_IFMT!$B:$B,MATCH($A2684,COMPOSIÇÕES_IFMT!$A:$A,0)),\"\")<>\"\",OFFSET(COMPOSIÇÕES_IFMT!$A$1,MATCH($A2684,COMPOSIÇÕES_IFMT!$A:$A,0)+10,1),\"\")","v":2731},{"$f":"IFERROR(INDEX(SINAPI!$B:$B,MATCH($B2695,SINAPI!$A:$A,0)),\"\")","v":"POSTE ROLICO DE MADEIRA TRATADA, D = 20 A 25 CM, H = 12,00 M, EM EUCALIPTO OU EQUIVALENTE DA REGIAO                                                                                                                                                                                                                                                                                                                                                                                                       "},{"$f":"IFERROR(INDEX(SINAPI!$C:$C,MATCH($B2695,SINAPI!$A:$A,0)),\"\")","v":"M     "},{"$f":"IF(IFERROR(INDEX(COMPOSIÇÕES_IFMT!$B:$B,MATCH($A2684,COMPOSIÇÕES_IFMT!$A:$A,0)),\"\")<>\"\",OFFSET(COMPOSIÇÕES_IFMT!$A$1,MATCH($A2684,COMPOSIÇÕES_IFMT!$A:$A,0)+10,4),\"\")","v":7.96},{"$f":"IFERROR(INDEX(SINAPI!$D:$D,MATCH($B2695,SINAPI!$A:$A,0)),0)","v":108.76},865.7296]
[{"$f":"IFERROR(INDEX(SINAPI!$E:$E,MATCH($B2696,SINAPI!$A:$A,0)),\"\")","v":"INSUMO"},{"$f":"IF(IFERROR(INDEX(COMPOSIÇÕES_IFMT!$B:$B,MATCH($A2684,COMPOSIÇÕES_IFMT!$A:$A,0)),\"\")<>\"\",OFFSET(COMPOSIÇÕES_IFMT!$A$1,MATCH($A2684,COMPOSIÇÕES_IFMT!$A:$A,0)+11,1),\"\")","v":3379},{"$f":"IFERROR(INDEX(SINAPI!$B:$B,MATCH($B2696,SINAPI!$A:$A,0)),\"\")","v":"!EM PROCESSO DE DESATIVACAO! HASTE DE ATERRAMENTO EM ACO COM 3,00 M DE COMPRIMENTO E DN = 5/8\", REVESTIDA COM BAIXA CAMADA DE COBRE, SEM CONECTOR                                                                                                                                                                                                                                                                                                                                                         "},{"$f":"IFERROR(INDEX(SINAPI!$C:$C,MATCH($B2696,SINAPI!$A:$A,0)),\"\")","v":"UN    "},{"$f":"IF(IFERROR(INDEX(COMPOSIÇÕES_IFMT!$B:$B,MATCH($A2684,COMPOSIÇÕES_IFMT!$A:$A,0)),\"\")<>\"\",OFFSET(COMPOSIÇÕES_IFMT!$A$1,MATCH($A2684,COMPOSIÇÕES_IFMT!$A:$A,0)+11,4),\"\")","v":1},{"$f":"IFERROR(INDEX(SINAPI!$D:$D,MATCH($B2696,SINAPI!$A:$A,0)),0)","v":41.11},41.11]
[{"$f":"IFERROR(INDEX(SINAPI!$E:$E,MATCH($B2697,SINAPI!$A:$A,0)),\"\")","v":"INSUMO"},{"$f":"IF(IFERROR(INDEX(COMPOSIÇÕES_IFMT!$B:$B,MATCH($A2684,COMPOSIÇÕES_IFMT!$A:$A,0)),\"\")<>\"\",OFFSET(COMPOSIÇÕES_IFMT!$A$1,MATCH($A2684,COMPOSIÇÕES_IFMT!$A:$A,0)+12,1),\"\")","v":4346},{"$f":"IFERROR(INDEX(SINAPI!$B:$B,MATCH($B2697,SINAPI!$A:$A,0)),\"\")","v":"PARAFUSO DE FERRO POLIDO, SEXTAVADO, COM ROSCA PARCIAL, DIAMETRO 5/8\", COMPRIMENTO 6\", COM PORCA E ARRUELA DE PRESSAO MEDIA                                                                                                                                                                                                                                                                                                                                                                               "},{"$f":"IFERROR(INDEX(SINAPI!$C:$C,MATCH($B2697,SINAPI!$A:$A,0)),\"\")","v":"UN    "},{"$f":"IF(IFERROR(INDEX(COMPOSIÇÕES_IFMT!$B:$B,MATCH($A2684,COMPOSIÇÕES_IFMT!$A:$A,0)),\"\")<>\"\",OFFSET(COMPOSIÇÕES_IFMT!$A$1,MATCH($A2684,COMPOSIÇÕES_IFMT!$A:$A,0)+12,4),\"\")","v":2},{"$f":"IFERROR(INDEX(SINAPI!$D:$D,MATCH($B2697,SINAPI!$A:$A,0)),0)","v":7.26},14.52]
[{"$f":"IFERROR(INDEX(SINAPI!$E:$E,MATCH($B2698,SINAPI!$A:$A,0)),\"\")","v":"INSUMO"},{"$f":"IF(IFERROR(INDEX(COMPOSIÇÕES_IFMT!$B:$B,MATCH($A2684,COMPOSIÇÕES_IFMT!$A:$A,0)),\"\")<>\"\",OFFSET(COMPOSIÇÕES_IFMT!$A$1,MATCH($A2684,COMPOSIÇÕES_IFMT!$A:$A,0)+13,1),\"\")","v":11267},{"$f":"IFERROR(INDEX(SINAPI!$B:$B,MATCH($B2698,SINAPI!$A:$A,0)),\"\")","v":"ARRUELA LISA, REDONDA, DE LATAO POLIDO, DIAMETRO NOMINAL 5/8\", DIAMETRO EXTERNO = 34 MM, DIAMETRO DO FURO = 17 MM, ESPESSURA = *2,5* MM                                                                                                                                                                                                                                                                                                                                                                   "},{"$f":"IFERROR(INDEX(SINAPI!$C:$C,MATCH($B2698,SINAPI!$A:$A,0)),\"\")","v":"UN    "},{"$f":"IF(IFERROR(INDEX(COMPOSIÇÕES_IFMT!$B:$B,MATCH($A2684,COMPOSIÇÕES_IFMT!$A:$A,0)),\"\")<>\"\",OFFSET(COMPOSIÇÕES_IFMT!$A$1,MATCH($A2684,COMPOSIÇÕES_IFMT!$A:$A,0)+13,4),\"\")","v":2},{"$f":"IFERROR(INDEX(SINAPI!$D:$D,MATCH($B2698,SINAPI!$A:$A,0)),0)","v":0.9},1.8]
[{"$f":"IFERROR(INDEX(SINAPI!$E:$E,MATCH($B2699,SINAPI!$A:$A,0)),\"\")","v":"INSUMO"},{"$f":"IF(IFERROR(INDEX(COMPOSIÇÕES_IFMT!$B:$B,MATCH($A2684,COMPOSIÇÕES_IFMT!$A:$A,0)),\"\")<>\"\",OFFSET(COMPOSIÇÕES_IFMT!$A$1,MATCH($A2684,COMPOSIÇÕES_IFMT!$A:$A,0)+14,1),\"\")","v":12034},{"$f":"IFERROR(INDEX(SINAPI!$B:$B,MATCH($B2699,SINAPI!$A:$A,0)),\"\")","v":"CURVA 180 GRAUS, DE PVC RIGIDO ROSCAVEL, DE 3/4\", PARA ELETRODUTO                                                                                                                                                                                                                                                                                                                                                                                                                                         "},{"$f":"IFERROR(INDEX(SINAPI!$C:$C,MATCH($B2699,SINAPI!$A:$A,0)),\"\")","v":"UN    "},{"$f":"IF(IFERROR(INDEX(COMPOSIÇÕES_IFMT!$B:$B,MATCH($A2684,COMPOSIÇÕES_IFMT!$A:$A,0)),\"\")<>\"\",OFFSET(COMPOSIÇÕES_IFMT!$A$1,MATCH($A2684,COMPOSIÇÕES_IFMT!$A:$A,0)+14,4),\"\")","v":2},{"$f":"IFERROR(INDEX(SINAPI!$D:$D,MATCH($B2699,SINAPI!$A:$A,0)),0)","v":3.77},7.54]
[{"$f":"IFERROR(INDEX(SINAPI!$E:$E,MATCH($B2700,SINAPI!$A:$A,0)),\"\")","v":"INSUMO"},{"$f":"IF(IFERROR(INDEX(COMPOSIÇÕES_IFMT!$B:$B,MATCH($A2684,COMPOSIÇÕES_IFMT!$A:$A,0)),\"\")<>\"\",OFFSET(COMPOSIÇÕES_IFMT!$A$1,MATCH($A2684,COMPOSIÇÕES_IFMT!$A:$A,0)+15,1),\"\")","v":39176},{"$f":"IFERROR(INDEX(SINAPI!$B:$B,MATCH($B2700,SINAPI!$A:$A,0)),\"\")","v":"BUCHA EM ALUMINIO, COM ROSCA, DE 1\", PARA ELETRODUTO                                                                                                                                                                                                                                                                                                                                                                                                                                                      "},{"$f":"IFERROR(INDEX(SINAPI!$C:$C,MATCH($B2700,SINAPI!$A:$A,0)),\"\")","v":"UN    "},{"$f":"IF(IFERROR(INDEX(COMPOSIÇÕES_IFMT!$B:$B,MATCH($A2684,COMPOSIÇÕES_IFMT!$A:$A,0)),\"\")<>\"\",OFFSET(COMPOSIÇÕES_IFMT!$A$1,MATCH($A2684,COMPOSIÇÕES_IFMT!$A:$A,0)+15,4),\"\")","v":2},{"$f":"IFERROR(INDEX(SINAPI!$D:$D,MATCH($B2700,SINAPI!$A:$A,0)),0)","v":0.96},1.92]
[{"$f":"IFERROR(INDEX(SINAPI!$E:$E,MATCH($B2701,SINAPI!$A:$A,0)),\"\")","v":"INSUMO"},{"$f":"IF(IFERROR(INDEX(COMPOSIÇÕES_IFMT!$B:$B,MATCH($A2684,COMPOSIÇÕES_IFMT!$A:$A,0)),\"\")<>\"\",OFFSET(COMPOSIÇÕES_IFMT!$A$1,MATCH($A2684,COMPOSIÇÕES_IFMT!$A:$A,0)+16,1),\"\")","v":39210},{"$f":"IFERROR(INDEX(SINAPI!$B:$B,MATCH($B2701,SINAPI!$A:$A,0)),\"\")","v":"ARRUELA EM ALUMINIO, COM ROSCA, DE 1\", PARA ELETRODUTO                                                                                                                                                                                                                                                                                                                                                                                                                                                    "},{"$f":"IFERROR(INDEX(SINAPI!$C:$C,MATCH($B2701,SINAPI!$A:$A,0)),\"\")","v":"UN    "},{"$f":"IF(IFERROR(INDEX(COMPOSIÇÕES_IFMT!$B:$B,MATCH($A2684,COMPOSIÇÕES_IFMT!$A:$A,0)),\"\")<>\"\",OFFSET(COMPOSIÇÕES_IFMT!$A$1,MATCH($A2684,COMPOSIÇÕES_IFMT!$A:$A,0)+16,4),\"\")","v":2},{"$f":"IFERROR(INDEX(SINAPI!$D:$D,MATCH($B2701,SINAPI!$A:$A,0)),0)","v":0.71},1.42]
[{"$f":"IFERROR(INDEX(SINAPI!$E:$E,MATCH($B2702,SINAPI!$A:$A,0)),\"\")","v":"COMPOSIÇÃO"},{"$f":"IF(IFERROR(INDEX(COMPOSIÇÕES_IFMT!$B:$B,MATCH($A2684,COMPOSIÇÕES_IFMT!$A:$A,0)),\"\")<>\"\",OFFSET(COMPOSIÇÕES_IFMT!$A$1,MATCH($A2684,COMPOSIÇÕES_IFMT!$A:$A,0)+17,1),\"\")","v":88264},{"$f":"IFERROR(INDEX(SINAPI!$B:$B,MATCH($B2702,SINAPI!$A:$A,0)),\"\")","v":"ELETRICISTA COM ENCARGOS COMPLEMENTARES"},{"$f":"IFERROR(INDEX(SINAPI!$C:$C,MATCH($B2702,SINAPI!$A:$A,0)),\"\")","v":"H"},{"$f":"IF(IFERROR(INDEX(COMPOSIÇÕES_IFMT!$B:$B,MATCH($A2684,COMPOSIÇÕES_IFMT!$A:$A,0)),\"\")<>\"\",OFFSET(COMPOSIÇÕES_IFMT!$A$1,MATCH($A2684,COMPOSIÇÕES_IFMT!$A:$A,0)+17,4),\"\")","v":8},{"$f":"IFERROR(INDEX(SINAPI!$D:$D,MATCH($B2702,SINAPI!$A:$A,0)),0)","v":20.6},164.8]
[{"$f":"IFERROR(INDEX(SINAPI!$E:$E,MATCH($B2703,SINAPI!$A:$A,0)),\"\")","v":"COMPOSIÇÃO"},{"$f":"IF(IFERROR(INDEX(COMPOSIÇÕES_IFMT!$B:$B,MATCH($A2684,COMPOSIÇÕES_IFMT!$A:$A,0)),\"\")<>\"\",OFFSET(COMPOSIÇÕES_IFMT!$A$1,MATCH($A2684,COMPOSIÇÕES_IFMT!$A:$A,0)+18,1),\"\")","v":88316},{"$f":"IFERROR(INDEX(SINAPI!$B:$B,MATCH($B2703,SINAPI!$A:$A,0)),\"\")","v":"SERVENTE COM ENCARGOS COMPLEMENTARES"},{"$f":"IFERROR(INDEX(SINAPI!$C:$C,MATCH($B2703,SINAPI!$A:$A,0)),\"\")","v":"H"},{"$f":"IF(IFERROR(INDEX(COMPOSIÇÕES_IFMT!$B:$B,MATCH($A2684,COMPOSIÇÕES_IFMT!$A:$A,0)),\"\")<>\"\",OFFSET(COMPOSIÇÕES_IFMT!$A$1,MATCH($A2684,COMPOSIÇÕES_IFMT!$A:$A,0)+18,4),\"\")","v":8},{"$f":"IFERROR(INDEX(SINAPI!$D:$D,MATCH($B2703,SINAPI!$A:$A,0)),0)","v":15.65},125.2]
[null,null,null,null,null,"TOTAL",{"$f":"SUM(G2685:G2703)","v":2291.5022641109999}]
[]
[]
["CLASSE/TIPO","CÓDIGOS/ SINAPI","DESCRIÇÃO","UND","COEFICIENTE","PREÇO UNITÁRIO","PREÇO TOTAL"]
["IFMT 219.07.2020",{"$f":"IFERROR(INDEX(COMPOSIÇÕES_IFMT!$B:$B,MATCH($A2708,COMPOSIÇÕES_IFMT!$A:$A,0)),\"\")","v":".219/R"},{"$f":"IFERROR(INDEX(COMPOSIÇÕES_IFMT!$C:$C,MATCH($A2708,COMPOSIÇÕES_IFMT!$A:$A,0)),\"\")","v":"LANCAMENTO/APLICACAO MANUAL DE CONCRETO EM FUNDACOES"},{"$f":"IFERROR(INDEX(COMPOSIÇÕES_IFMT!$D:$D,MATCH($A2708,COMPOSIÇÕES_IFMT!$A:$A,0)),\"\")","v":"M3"},null,null,{"$f":"G2712","v":103.71599999999999}]
[{"$f":"IFERROR(INDEX(SINAPI!$E:$E,MATCH($B2709,SINAPI!$A:$A,0)),\"\")","v":"COMPOSIÇÃO"},{"$f":"IF(IFERROR(INDEX(COMPOSIÇÕES_IFMT!$B:$B,MATCH($A2708,COMPOSIÇÕES_IFMT!$A:$A,0)),\"\")<>\"\",OFFSET(COMPOSIÇÕES_IFMT!$A$1,MATCH($A2708,COMPOSIÇÕES_IFMT!$A:$A,0),1),\"\")","v":88309},{"$f":"IFERROR(INDEX(SINAPI!$B:$B,MATCH($B2709,SINAPI!$A:$A,0)),\"\")","v":"PEDREIRO COM ENCARGOS COMPLEMENTARES"},{"$f":"IFERROR(INDEX(SINAPI!$C:$C,MATCH($B2709,SINAPI!$A:$A,0)),\"\")","v":"H"},{"$f":"IF(IFERROR(INDEX(COMPOSIÇÕES_IFMT!$B:$B,MATCH($A2708,COMPOSIÇÕES_IFMT!$A:$A,0)),\"\")<>\"\",OFFSET(COMPOSIÇÕES_IFMT!$A$1,MATCH($A2708,COMPOSIÇÕES_IFMT!$A:$A,0),4),\"\")","v":1.65},{"$f":"IFERROR(INDEX(SINAPI!$D:$D,MATCH($B2709,SINAPI!$A:$A,0)),0)","v":19.86},{"$f":"IFERROR(F2709*E2709,0)","v":32.768999999999998}]
[{"$f":"IFERROR(INDEX(SINAPI!$E:$E,MATCH($B2710,SINAPI!$A:$A,0)),\"\")","v":"COMPOSIÇÃO"},{"$f":"IF(IFERROR(INDEX(COMPOSIÇÕES_IFMT!$B:$B,MATCH($A2708,COMPOSIÇÕES_IFMT!$A:$A,0)),\"\")<>\"\",OFFSET(COMPOSIÇÕES_IFMT!$A$1,MATCH($A2708,COMPOSIÇÕES_IFMT!$A:$A,0)+1,1),\"\")","v":88316},{"$f":"IFERROR(INDEX(SINAPI!$B:$B,MATCH($B2710,SINAPI!$A:$A,0)),\"\")","v":"SERVENTE COM ENCARGOS COMPLEMENTARES"},{"$f":"IFERROR(INDEX(SINAPI!$C:$C,MATCH($B2710,SINAPI!$A:$A,0)),\"\")","v":"H"},{"$f":"IF(IFERROR(INDEX(COMPOSIÇÕES_IFMT!$B:$B,MATCH($A2708,COMPOSIÇÕES_IFMT!$A:$A,0)),\"\")<>\"\",OFFSET(COMPOSIÇÕES_IFMT!$A$1,MATCH($A2708,COMPOSIÇÕES_IFMT!$A:$A,0)+1,4),\"\")","v":4.5},{"$f":"IFERROR(INDEX(SINAPI!$D:$D,MATCH($B2710,SINAPI!$A:$A,0)),0)","v":15.65},70.424999999999997]
[{"$f":"IFERROR(INDEX(SINAPI!$E:$E,MATCH($B2711,SINAPI!$A:$A,0)),\"\")","v":"COMPOSIÇÃO"},{"$f":"IF(IFERROR(INDEX(COMPOSIÇÕES_IFMT!$B:$B,MATCH($A2708,COMPOSIÇÕES_IFMT!$A:$A,0)),\"\")<>\"\",OFFSET(COMPOSIÇÕES_IFMT!$A$1,MATCH($A2708,COMPOSIÇÕES_IFMT!$A:$A,0)+2,1),\"\")","v":90586},{"$f":"IFERROR(INDEX(SINAPI!$B:$B,MATCH($B2711,SINAPI!$A:$A,0)),\"\")","v":"VIBRADOR DE IMERSÃO, DIÂMETRO DE PONTEIRA 45MM, MOTOR ELÉTRICO TRIFÁSICO POTÊNCIA DE 2 CV - CHP DIURNO. AF_06/2015"},{"$f":"IFERROR(INDEX(SINAPI!$C:$C,MATCH($B2711,SINAPI!$A:$A,0)),\"\")","v":"CHP"},{"$f":"IF(IFERROR(INDEX(COMPOSIÇÕES_IFMT!$B:$B,MATCH($A2708,COMPOSIÇÕES_IFMT!$A:$A,0)),\"\")<>\"\",OFFSET(COMPOSIÇÕES_IFMT!$A$1,MATCH($A2708,COMPOSIÇÕES_IFMT!$A:$A,0)+2,4),\"\")","v":0.3},{"$f":"IFERROR(INDEX(SINAPI!$D:$D,MATCH($B2711,SINAPI!$A:$A,0)),0)","v":1.74},0.52200000000000002]
[null,null,null,null,null,"TOTAL",{"$f":"SUM(G2709:G2711)","v":103.71599999999999}]
[]
[]
["CLASSE/TIPO","CÓDIGOS/ SINAPI","DESCRIÇÃO","UND","COEFICIENTE","PREÇO UNITÁRIO","PREÇO TOTAL"]
["IFMT 220.07.2020",{"$f":"IFERROR(INDEX(COMPOSIÇÕES_IFMT!$B:$B,MATCH($A2716,COMPOSIÇÕES_IFMT!$A:$A,0)),\"\")","v":".220/R"},{"$f":"IFERROR(INDEX(COMPOSIÇÕES_IFMT!$C:$C,MATCH($A2716,COMPOSIÇÕES_IFMT!$A:$A,0)),\"\")","v":"FORNECIMENTO E ASSENTAMENTO DE BRITA 2-DRENOS E FILTROS MM"},{"$f":"IFERROR(INDEX(COMPOSIÇÕES_IFMT!$D:$D,MATCH($A2716,COMPOSIÇÕES_IFMT!$A:$A,0)),\"\")","v":"M3"},null,null,{"$f":"G2719","v":99.492500000000007}]
[{"$f":"IFERROR(INDEX(SINAPI!$E:$E,MATCH($B2717,SINAPI!$A:$A,0)),\"\")","v":"INSUMO"},{"$f":"IF(IFERROR(INDEX(COMPOSIÇÕES_IFMT!$B:$B,MATCH($A2716,COMPOSIÇÕES_IFMT!$A:$A,0)),\"\")<>\"\",OFFSET(COMPOSIÇÕES_IFMT!$A$1,MATCH($A2716,COMPOSIÇÕES_IFMT!$A:$A,0),1),\"\")","v":4718},{"$f":"IFERROR(INDEX(SINAPI!$B:$B,MATCH($B2717,SINAPI!$A:$A,0)),\"\")","v":"PEDRA BRITADA N. 2 (19 A 38 MM) POSTO PEDREIRA/FORNECEDOR, SEM FRETE                                                                                                                                                                                                                                                                                                                                                                                                                                      "},{"$f":"IFERROR(INDEX(SINAPI!$C:$C,MATCH($B2717,SINAPI!$A:$A,0)),\"\")","v":"M3    "},{"$f":"IF(IFERROR(INDEX(COMPOSIÇÕES_IFMT!$B:$B,MATCH($A2716,COMPOSIÇÕES_IFMT!$A:$A,0)),\"\")<>\"\",OFFSET(COMPOSIÇÕES_IFMT!$A$1,MATCH($A2716,COMPOSIÇÕES_IFMT!$A:$A,0),4),\"\")","v":1.05},{"$f":"IFERROR(INDEX(SINAPI!$D:$D,MATCH($B2717,SINAPI!$A:$A,0)),0)","v":79.849999999999994},{"$f":"IFERROR(F2717*E2717,0)","v":83.842500000000001}]
[{"$f":"IFERROR(INDEX(SINAPI!$E:$E,MATCH($B2718,SINAPI!$A:$A,0)),\"\")","v":"COMPOSIÇÃO"},{"$f":"IF(IFERROR(INDEX(COMPOSIÇÕES_IFMT!$B:$B,MATCH($A2716,COMPOSIÇÕES_IFMT!$A:$A,0)),\"\")<>\"\",OFFSET(COMPOSIÇÕES_IFMT!$A$1,MATCH($A2716,COMPOSIÇÕES_IFMT!$A:$A,0)+1,1),\"\")","v":88316},{"$f":"IFERROR(INDEX(SINAPI!$B:$B,MATCH($B2718,SINAPI!$A:$A,0)),\"\")","v":"SERVENTE COM ENCARGOS COMPLEMENTARES"},{"$f":"IFERROR(INDEX(SINAPI!$C:$C,MATCH($B2718,SINAPI!$A:$A,0)),\"\")","v":"H"},{"$f":"IF(IFERROR(INDEX(COMPOSIÇÕES_IFMT!$B:$B,MATCH($A2716,COMPOSIÇÕES_IFMT!$A:$A,0)),\"\")<>\"\",OFFSET(COMPOSIÇÕES_IFMT!$A$1,MATCH($A2716,COMPOSIÇÕES_IFMT!$A:$A,0)+1,4),\"\")","v":1},{"$f":"IFERROR(INDEX(SINAPI!$D:$D,MATCH($B2718,SINAPI!$A:$A,0)),0)","v":15.65},15.65]
[null,null,null,null,null,"TOTAL",{"$f":"SUM(G2717:G2718)","v":99.492500000000007}]
[]
[]
["CLASSE/TIPO","CÓDIGOS/ SINAPI","DESCRIÇÃO","UND","COEFICIENTE","PREÇO UNITÁRIO","PREÇO TOTAL"]
["IFMT 221.07.2020",{"$f":"IFERROR(INDEX(COMPOSIÇÕES_IFMT!$B:$B,MATCH($A2723,COMPOSIÇÕES_IFMT!$A:$A,0)),\"\")","v":".221/R"},{"$f":"IFERROR(INDEX(COMPOSIÇÕES_IFMT!$C:$C,MATCH($A2723,COMPOSIÇÕES_IFMT!$A:$A,0)),\"\")","v":"PINTURA ESMALTE FOSCO, DUAS DEMAOS, SOBRE SUPERFICIE METALICA, INCLUSO UMA DEMAO DE FUNDO ANTICORROSIVO. UTILIZACAO DE REVOLVER ( AR-COMPRIMIDO)."},{"$f":"IFERROR(INDEX(COMPOSIÇÕES_IFMT!$D:$D,MATCH($A2723,COMPOSIÇÕES_IFMT!$A:$A,0)),\"\")","v":"M2"},null,null,{"$f":"G2730","v":16.386219999999998}]
[{"$f":"IFERROR(INDEX(SINAPI!$E:$E,MATCH($B2724,SINAPI!$A:$A,0)),\"\")","v":"INSUMO"},{"$f":"IF(IFERROR(INDEX(COMPOSIÇÕES_IFMT!$B:$B,MATCH($A2723,COMPOSIÇÕES_IFMT!$A:$A,0)),\"\")<>\"\",OFFSET(COMPOSIÇÕES_IFMT!$A$1,MATCH($A2723,COMPOSIÇÕES_IFMT!$A:$A,0),1),\"\")","v":3768},{"$f":"IFERROR(INDEX(SINAPI!$B:$B,MATCH($B2724,SINAPI!$A:$A,0)),\"\")","v":"LIXA EM FOLHA PARA FERRO, NUMERO 150                                                                                                                                                                                                                                                                                                                                                                                                                                                                      "},{"$f":"IFERROR(INDEX(SINAPI!$C:$C,MATCH($B2724,SINAPI!$A:$A,0)),\"\")","v":"UN    "},{"$f":"IF(IFERROR(INDEX(COMPOSIÇÕES_IFMT!$B:$B,MATCH($A2723,COMPOSIÇÕES_IFMT!$A:$A,0)),\"\")<>\"\",OFFSET(COMPOSIÇÕES_IFMT!$A$1,MATCH($A2723,COMPOSIÇÕES_IFMT!$A:$A,0),4),\"\")","v":0.55000000000000004},{"$f":"IFERROR(INDEX(SINAPI!$D:$D,MATCH($B2724,SINAPI!$A:$A,0)),0)","v":3.02},{"$f":"IFERROR(F2724*E2724,0)","v":1.6610000000000003}]
["INSUMO","01972/ORSE","Removedor de pintura óleo ou esmalte - Coral ou similar","L     ",{"$f":"IF(IFERROR(INDEX(COMPOSIÇÕES_IFMT!$B:$B,MATCH($A2723,COMPOSIÇÕES_IFMT!$A:$A,0)),\"\")<>\"\",OFFSET(COMPOSIÇÕES_IFMT!$A$1,MATCH($A2723,COMPOSIÇÕES_IFMT!$A:$A,0)+1,4),\"\")","v":4.3999999999999997E-2},15.76,0.69343999999999995]
[{"$f":"IFERROR(INDEX(SINAPI!$E:$E,MATCH($B2726,SINAPI!$A:$A,0)),\"\")","v":"INSUMO"},{"$f":"IF(IFERROR(INDEX(COMPOSIÇÕES_IFMT!$B:$B,MATCH($A2723,COMPOSIÇÕES_IFMT!$A:$A,0)),\"\")<>\"\",OFFSET(COMPOSIÇÕES_IFMT!$A$1,MATCH($A2723,COMPOSIÇÕES_IFMT!$A:$A,0)+2,1),\"\")","v":7288},{"$f":"IFERROR(INDEX(SINAPI!$B:$B,MATCH($B2726,SINAPI!$A:$A,0)),\"\")","v":"TINTA ESMALTE SINTETICO PREMIUM FOSCO                                                                                                                                                                                                                                                                                                                                                                                                                                                                     "},{"$f":"IFERROR(INDEX(SINAPI!$C:$C,MATCH($B2726,SINAPI!$A:$A,0)),\"\")","v":"L     "},{"$f":"IF(IFERROR(INDEX(COMPOSIÇÕES_IFMT!$B:$B,MATCH($A2723,COMPOSIÇÕES_IFMT!$A:$A,0)),\"\")<>\"\",OFFSET(COMPOSIÇÕES_IFMT!$A$1,MATCH($A2723,COMPOSIÇÕES_IFMT!$A:$A,0)+2,4),\"\")","v":0.17599999999999999},{"$f":"IFERROR(INDEX(SINAPI!$D:$D,MATCH($B2726,SINAPI!$A:$A,0)),0)","v":25.06},4.4105599999999994]
[{"$f":"IFERROR(INDEX(SINAPI!$E:$E,MATCH($B2727,SINAPI!$A:$A,0)),\"\")","v":"INSUMO"},{"$f":"IF(IFERROR(INDEX(COMPOSIÇÕES_IFMT!$B:$B,MATCH($A2723,COMPOSIÇÕES_IFMT!$A:$A,0)),\"\")<>\"\",OFFSET(COMPOSIÇÕES_IFMT!$A$1,MATCH($A2723,COMPOSIÇÕES_IFMT!$A:$A,0)+3,1),\"\")","v":7307},{"$f":"IFERROR(INDEX(SINAPI!$B:$B,MATCH($B2727,SINAPI!$A:$A,0)),\"\")","v":"FUNDO ANTICORROSIVO PARA METAIS FERROSOS (ZARCAO)                                                                                                                                                                                                                                                                                                                                                                                                                                                         "},{"$f":"IFERROR(INDEX(SINAPI!$C:$C,MATCH($B2727,SINAPI!$A:$A,0)),\"\")","v":"L     "},{"$f":"IF(IFERROR(INDEX(COMPOSIÇÕES_IFMT!$B:$B,MATCH($A2723,COMPOSIÇÕES_IFMT!$A:$A,0)),\"\")<>\"\",OFFSET(COMPOSIÇÕES_IFMT!$A$1,MATCH($A2723,COMPOSIÇÕES_IFMT!$A:$A,0)+3,4),\"\")","v":0.13200000000000001},{"$f":"IFERROR(INDEX(SINAPI!$D:$D,MATCH($B2727,SINAPI!$A:$A,0)),0)","v":26.66},3.51912]
[{"$f":"IFERROR(INDEX(SINAPI!$E:$E,MATCH($B2728,SINAPI!$A:$A,0)),\"\")","v":"COMPOSIÇÃO"},{"$f":"IF(IFERROR(INDEX(COMPOSIÇÕES_IFMT!$B:$B,MATCH($A2723,COMPOSIÇÕES_IFMT!$A:$A,0)),\"\")<>\"\",OFFSET(COMPOSIÇÕES_IFMT!$A$1,MATCH($A2723,COMPOSIÇÕES_IFMT!$A:$A,0)+4,1),\"\")","v":88310},{"$f":"IFERROR(INDEX(SINAPI!$B:$B,MATCH($B2728,SINAPI!$A:$A,0)),\"\")","v":"PINTOR COM ENCARGOS COMPLEMENTARES"},{"$f":"IFERROR(INDEX(SINAPI!$C:$C,MATCH($B2728,SINAPI!$A:$A,0)),\"\")","v":"H"},{"$f":"IF(IFERROR(INDEX(COMPOSIÇÕES_IFMT!$B:$B,MATCH($A2723,COMPOSIÇÕES_IFMT!$A:$A,0)),\"\")<>\"\",OFFSET(COMPOSIÇÕES_IFMT!$A$1,MATCH($A2723,COMPOSIÇÕES_IFMT!$A:$A,0)+4,4),\"\")","v":0.21},{"$f":"IFERROR(INDEX(SINAPI!$D:$D,MATCH($B2728,SINAPI!$A:$A,0)),0)","v":20.86},4.3805999999999994]
[{"$f":"IFERROR(INDEX(SINAPI!$E:$E,MATCH($B2729,SINAPI!$A:$A,0)),\"\")","v":"COMPOSIÇÃO"},{"$f":"IF(IFERROR(INDEX(COMPOSIÇÕES_IFMT!$B:$B,MATCH($A2723,COMPOSIÇÕES_IFMT!$A:$A,0)),\"\")<>\"\",OFFSET(COMPOSIÇÕES_IFMT!$A$1,MATCH($A2723,COMPOSIÇÕES_IFMT!$A:$A,0)+5,1),\"\")","v":88316},{"$f":"IFERROR(INDEX(SINAPI!$B:$B,MATCH($B2729,SINAPI!$A:$A,0)),\"\")","v":"SERVENTE COM ENCARGOS COMPLEMENTARES"},{"$f":"IFERROR(INDEX(SINAPI!$C:$C,MATCH($B2729,SINAPI!$A:$A,0)),\"\")","v":"H"},{"$f":"IF(IFERROR(INDEX(COMPOSIÇÕES_IFMT!$B:$B,MATCH($A2723,COMPOSIÇÕES_IFMT!$A:$A,0)),\"\")<>\"\",OFFSET(COMPOSIÇÕES_IFMT!$A$1,MATCH($A2723,COMPOSIÇÕES_IFMT!$A:$A,0)+5,4),\"\")","v":0.11},{"$f":"IFERROR(INDEX(SINAPI!$D:$D,MATCH($B2729,SINAPI!$A:$A,0)),0)","v":15.65},1.7215]
[null,null,null,null,null,"TOTAL",{"$f":"SUM(G2724:G2729)","v":16.386219999999998}]
[]
[]
["CLASSE/TIPO","CÓDIGOS/ SINAPI","DESCRIÇÃO","UND","COEFICIENTE","PREÇO UNITÁRIO","PREÇO TOTAL"]
["IFMT 222.07.2020",{"$f":"IFERROR(INDEX(COMPOSIÇÕES_IFMT!$B:$B,MATCH($A2734,COMPOSIÇÕES_IFMT!$A:$A,0)),\"\")","v":".222/R"},{"$f":"IFERROR(INDEX(COMPOSIÇÕES_IFMT!$C:$C,MATCH($A2734,COMPOSIÇÕES_IFMT!$A:$A,0)),\"\")","v":"FUNDO PREPARADOR PRIMER A BASE DE EPOXI, PARA ESTRUTURA METALICA, UMA DEMAO, ESPESSURA DE 25 MICRA."},{"$f":"IFERROR(INDEX(COMPOSIÇÕES_IFMT!$D:$D,MATCH($A2734,COMPOSIÇÕES_IFMT!$A:$A,0)),\"\")","v":"M2"},null,null,{"$f":"G2740","v":9.40944}]
[{"$f":"IFERROR(INDEX(SINAPI!$E:$E,MATCH($B2735,SINAPI!$A:$A,0)),\"\")","v":"INSUMO"},{"$f":"IF(IFERROR(INDEX(COMPOSIÇÕES_IFMT!$B:$B,MATCH($A2734,COMPOSIÇÕES_IFMT!$A:$A,0)),\"\")<>\"\",OFFSET(COMPOSIÇÕES_IFMT!$A$1,MATCH($A2734,COMPOSIÇÕES_IFMT!$A:$A,0),1),\"\")","v":3768},{"$f":"IFERROR(INDEX(SINAPI!$B:$B,MATCH($B2735,SINAPI!$A:$A,0)),\"\")","v":"LIXA EM FOLHA PARA FERRO, NUMERO 150                                                                                                                                                                                                                                                                                                                                                                                                                                                                      "},{"$f":"IFERROR(INDEX(SINAPI!$C:$C,MATCH($B2735,SINAPI!$A:$A,0)),\"\")","v":"UN    "},{"$f":"IF(IFERROR(INDEX(COMPOSIÇÕES_IFMT!$B:$B,MATCH($A2734,COMPOSIÇÕES_IFMT!$A:$A,0)),\"\")<>\"\",OFFSET(COMPOSIÇÕES_IFMT!$A$1,MATCH($A2734,COMPOSIÇÕES_IFMT!$A:$A,0),4),\"\")","v":0.25},{"$f":"IFERROR(INDEX(SINAPI!$D:$D,MATCH($B2735,SINAPI!$A:$A,0)),0)","v":3.02},{"$f":"IFERROR(F2735*E2735,0)","v":0.755}]
[{"$f":"IFERROR(INDEX(SINAPI!$E:$E,MATCH($B2736,SINAPI!$A:$A,0)),\"\")","v":"INSUMO"},{"$f":"IF(IFERROR(INDEX(COMPOSIÇÕES_IFMT!$B:$B,MATCH($A2734,COMPOSIÇÕES_IFMT!$A:$A,0)),\"\")<>\"\",OFFSET(COMPOSIÇÕES_IFMT!$A$1,MATCH($A2734,COMPOSIÇÕES_IFMT!$A:$A,0)+1,1),\"\")","v":5318},{"$f":"IFERROR(INDEX(SINAPI!$B:$B,MATCH($B2736,SINAPI!$A:$A,0)),\"\")","v":"SOLVENTE DILUENTE A BASE DE AGUARRAS                                                                                                                                                                                                                                                                                                                                                                                                                                                                      "},{"$f":"IFERROR(INDEX(SINAPI!$C:$C,MATCH($B2736,SINAPI!$A:$A,0)),\"\")","v":"L     "},{"$f":"IF(IFERROR(INDEX(COMPOSIÇÕES_IFMT!$B:$B,MATCH($A2734,COMPOSIÇÕES_IFMT!$A:$A,0)),\"\")<>\"\",OFFSET(COMPOSIÇÕES_IFMT!$A$1,MATCH($A2734,COMPOSIÇÕES_IFMT!$A:$A,0)+1,4),\"\")","v":0.03},{"$f":"IFERROR(INDEX(SINAPI!$D:$D,MATCH($B2736,SINAPI!$A:$A,0)),0)","v":12.8},0.38400000000000001]
[{"$f":"IFERROR(INDEX(SINAPI!$E:$E,MATCH($B2737,SINAPI!$A:$A,0)),\"\")","v":"INSUMO"},{"$f":"IF(IFERROR(INDEX(COMPOSIÇÕES_IFMT!$B:$B,MATCH($A2734,COMPOSIÇÕES_IFMT!$A:$A,0)),\"\")<>\"\",OFFSET(COMPOSIÇÕES_IFMT!$A$1,MATCH($A2734,COMPOSIÇÕES_IFMT!$A:$A,0)+2,1),\"\")","v":11149},{"$f":"IFERROR(INDEX(SINAPI!$B:$B,MATCH($B2737,SINAPI!$A:$A,0)),\"\")","v":"PRIMER EPOXI                                                                                                                                                                                                                                                                                                                                                                                                                                                                                              "},{"$f":"IFERROR(INDEX(SINAPI!$C:$C,MATCH($B2737,SINAPI!$A:$A,0)),\"\")","v":"GL    "},{"$f":"IF(IFERROR(INDEX(COMPOSIÇÕES_IFMT!$B:$B,MATCH($A2734,COMPOSIÇÕES_IFMT!$A:$A,0)),\"\")<>\"\",OFFSET(COMPOSIÇÕES_IFMT!$A$1,MATCH($A2734,COMPOSIÇÕES_IFMT!$A:$A,0)+2,4),\"\")","v":3.3000000000000002E-2},{"$f":"IFERROR(INDEX(SINAPI!$D:$D,MATCH($B2737,SINAPI!$A:$A,0)),0)","v":181.08},5.9756400000000003]
[{"$f":"IFERROR(INDEX(SINAPI!$E:$E,MATCH($B2738,SINAPI!$A:$A,0)),\"\")","v":"COMPOSIÇÃO"},{"$f":"IF(IFERROR(INDEX(COMPOSIÇÕES_IFMT!$B:$B,MATCH($A2734,COMPOSIÇÕES_IFMT!$A:$A,0)),\"\")<>\"\",OFFSET(COMPOSIÇÕES_IFMT!$A$1,MATCH($A2734,COMPOSIÇÕES_IFMT!$A:$A,0)+3,1),\"\")","v":88310},{"$f":"IFERROR(INDEX(SINAPI!$B:$B,MATCH($B2738,SINAPI!$A:$A,0)),\"\")","v":"PINTOR COM ENCARGOS COMPLEMENTARES"},{"$f":"IFERROR(INDEX(SINAPI!$C:$C,MATCH($B2738,SINAPI!$A:$A,0)),\"\")","v":"H"},{"$f":"IF(IFERROR(INDEX(COMPOSIÇÕES_IFMT!$B:$B,MATCH($A2734,COMPOSIÇÕES_IFMT!$A:$A,0)),\"\")<>\"\",OFFSET(COMPOSIÇÕES_IFMT!$A$1,MATCH($A2734,COMPOSIÇÕES_IFMT!$A:$A,0)+3,4),\"\")","v":0.08},{"$f":"IFERROR(INDEX(SINAPI!$D:$D,MATCH($B2738,SINAPI!$A:$A,0)),0)","v":20.86},1.6688000000000001]
[{"$f":"IFERROR(INDEX(SINAPI!$E:$E,MATCH($B2739,SINAPI!$A:$A,0)),\"\")","v":"COMPOSIÇÃO"},{"$f":"IF(IFERROR(INDEX(COMPOSIÇÕES_IFMT!$B:$B,MATCH($A2734,COMPOSIÇÕES_IFMT!$A:$A,0)),\"\")<>\"\",OFFSET(COMPOSIÇÕES_IFMT!$A$1,MATCH($A2734,COMPOSIÇÕES_IFMT!$A:$A,0)+4,1),\"\")","v":88316},{"$f":"IFERROR(INDEX(SINAPI!$B:$B,MATCH($B2739,SINAPI!$A:$A,0)),\"\")","v":"SERVENTE COM ENCARGOS COMPLEMENTARES"},{"$f":"IFERROR(INDEX(SINAPI!$C:$C,MATCH($B2739,SINAPI!$A:$A,0)),\"\")","v":"H"},{"$f":"IF(IFERROR(INDEX(COMPOSIÇÕES_IFMT!$B:$B,MATCH($A2734,COMPOSIÇÕES_IFMT!$A:$A,0)),\"\")<>\"\",OFFSET(COMPOSIÇÕES_IFMT!$A$1,MATCH($A2734,COMPOSIÇÕES_IFMT!$A:$A,0)+4,4),\"\")","v":0.04},{"$f":"IFERROR(INDEX(SINAPI!$D:$D,MATCH($B2739,SINAPI!$A:$A,0)),0)","v":15.65},0.626]
[null,null,null,null,null,"TOTAL",{"$f":"SUM(G2735:G2739)","v":9.40944}]
[]
[]
["CLASSE/TIPO","CÓDIGOS/ SINAPI","DESCRIÇÃO","UND","COEFICIENTE","PREÇO UNITÁRIO","PREÇO TOTAL"]
["IFMT 223.07.2020",{"$f":"IFERROR(INDEX(COMPOSIÇÕES_IFMT!$B:$B,MATCH($A2744,COMPOSIÇÕES_IFMT!$A:$A,0)),\"\")","v":".223/R"},{"$f":"IFERROR(INDEX(COMPOSIÇÕES_IFMT!$C:$C,MATCH($A2744,COMPOSIÇÕES_IFMT!$A:$A,0)),\"\")","v":"FUNDO ANTICORROSIVO A BASE DE OXIDO DE FERRO (ZARCAO), DUAS DEMAOS"},{"$f":"IFERROR(INDEX(COMPOSIÇÕES_IFMT!$D:$D,MATCH($A2744,COMPOSIÇÕES_IFMT!$A:$A,0)),\"\")","v":"M2"},null,null,{"$f":"G2748","v":19.4374}]
[{"$f":"IFERROR(INDEX(SINAPI!$E:$E,MATCH($B2745,SINAPI!$A:$A,0)),\"\")","v":"INSUMO"},{"$f":"IF(IFERROR(INDEX(COMPOSIÇÕES_IFMT!$B:$B,MATCH($A2744,COMPOSIÇÕES_IFMT!$A:$A,0)),\"\")<>\"\",OFFSET(COMPOSIÇÕES_IFMT!$A$1,MATCH($A2744,COMPOSIÇÕES_IFMT!$A:$A,0),1),\"\")","v":7307},{"$f":"IFERROR(INDEX(SINAPI!$B:$B,MATCH($B2745,SINAPI!$A:$A,0)),\"\")","v":"FUNDO ANTICORROSIVO PARA METAIS FERROSOS (ZARCAO)                                                                                                                                                                                                                                                                                                                                                                                                                                                         "},{"$f":"IFERROR(INDEX(SINAPI!$C:$C,MATCH($B2745,SINAPI!$A:$A,0)),\"\")","v":"L     "},{"$f":"IF(IFERROR(INDEX(COMPOSIÇÕES_IFMT!$B:$B,MATCH($A2744,COMPOSIÇÕES_IFMT!$A:$A,0)),\"\")<>\"\",OFFSET(COMPOSIÇÕES_IFMT!$A$1,MATCH($A2744,COMPOSIÇÕES_IFMT!$A:$A,0),4),\"\")","v":0.24},{"$f":"IFERROR(INDEX(SINAPI!$D:$D,MATCH($B2745,SINAPI!$A:$A,0)),0)","v":26.66},{"$f":"IFERROR(F2745*E2745,0)","v":6.3983999999999996}]
[{"$f":"IFERROR(INDEX(SINAPI!$E:$E,MATCH($B2746,SINAPI!$A:$A,0)),\"\")","v":"COMPOSIÇÃO"},{"$f":"IF(IFERROR(INDEX(COMPOSIÇÕES_IFMT!$B:$B,MATCH($A2744,COMPOSIÇÕES_IFMT!$A:$A,0)),\"\")<>\"\",OFFSET(COMPOSIÇÕES_IFMT!$A$1,MATCH($A2744,COMPOSIÇÕES_IFMT!$A:$A,0)+1,1),\"\")","v":88310},{"$f":"IFERROR(INDEX(SINAPI!$B:$B,MATCH($B2746,SINAPI!$A:$A,0)),\"\")","v":"PINTOR COM ENCARGOS COMPLEMENTARES"},{"$f":"IFERROR(INDEX(SINAPI!$C:$C,MATCH($B2746,SINAPI!$A:$A,0)),\"\")","v":"H"},{"$f":"IF(IFERROR(INDEX(COMPOSIÇÕES_IFMT!$B:$B,MATCH($A2744,COMPOSIÇÕES_IFMT!$A:$A,0)),\"\")<>\"\",OFFSET(COMPOSIÇÕES_IFMT!$A$1,MATCH($A2744,COMPOSIÇÕES_IFMT!$A:$A,0)+1,4),\"\")","v":0.4},{"$f":"IFERROR(INDEX(SINAPI!$D:$D,MATCH($B2746,SINAPI!$A:$A,0)),0)","v":20.86},8.3439999999999994]
[{"$f":"IFERROR(INDEX(SINAPI!$E:$E,MATCH($B2747,SINAPI!$A:$A,0)),\"\")","v":"COMPOSIÇÃO"},{"$f":"IF(IFERROR(INDEX(COMPOSIÇÕES_IFMT!$B:$B,MATCH($A2744,COMPOSIÇÕES_IFMT!$A:$A,0)),\"\")<>\"\",OFFSET(COMPOSIÇÕES_IFMT!$A$1,MATCH($A2744,COMPOSIÇÕES_IFMT!$A:$A,0)+2,1),\"\")","v":88316},{"$f":"IFERROR(INDEX(SINAPI!$B:$B,MATCH($B2747,SINAPI!$A:$A,0)),\"\")","v":"SERVENTE COM ENCARGOS COMPLEMENTARES"},{"$f":"IFERROR(INDEX(SINAPI!$C:$C,MATCH($B2747,SINAPI!$A:$A,0)),\"\")","v":"H"},{"$f":"IF(IFERROR(INDEX(COMPOSIÇÕES_IFMT!$B:$B,MATCH($A2744,COMPOSIÇÕES_IFMT!$A:$A,0)),\"\")<>\"\",OFFSET(COMPOSIÇÕES_IFMT!$A$1,MATCH($A2744,COMPOSIÇÕES_IFMT!$A:$A,0)+2,4),\"\")","v":0.3},{"$f":"IFERROR(INDEX(SINAPI!$D:$D,MATCH($B2747,SINAPI!$A:$A,0)),0)","v":15.65},4.6950000000000003]
[null,null,null,null,null,"TOTAL",{"$f":"SUM(G2745:G2747)","v":19.4374}]
[]
[]
["CLASSE/TIPO","CÓDIGOS/ SINAPI","DESCRIÇÃO","UND","COEFICIENTE","PREÇO UNITÁRIO","PREÇO TOTAL"]
["IFMT 224.07.2020",{"$f":"IFERROR(INDEX(COMPOSIÇÕES_IFMT!$B:$B,MATCH($A2752,COMPOSIÇÕES_IFMT!$A:$A,0)),\"\")","v":".224/R"},{"$f":"IFERROR(INDEX(COMPOSIÇÕES_IFMT!$C:$C,MATCH($A2752,COMPOSIÇÕES_IFMT!$A:$A,0)),\"\")","v":"EMASSAMENTO COM MASSA A OLEO, DUAS DEMAOS"},{"$f":"IFERROR(INDEX(COMPOSIÇÕES_IFMT!$D:$D,MATCH($A2752,COMPOSIÇÕES_IFMT!$A:$A,0)),\"\")","v":"M2"},null,null,{"$f":"G2757","v":21.605499999999999}]
[{"$f":"IFERROR(INDEX(SINAPI!$E:$E,MATCH($B2753,SINAPI!$A:$A,0)),\"\")","v":"INSUMO"},{"$f":"IF(IFERROR(INDEX(COMPOSIÇÕES_IFMT!$B:$B,MATCH($A2752,COMPOSIÇÕES_IFMT!$A:$A,0)),\"\")<>\"\",OFFSET(COMPOSIÇÕES_IFMT!$A$1,MATCH($A2752,COMPOSIÇÕES_IFMT!$A:$A,0),1),\"\")","v":3767},{"$f":"IFERROR(INDEX(SINAPI!$B:$B,MATCH($B2753,SINAPI!$A:$A,0)),\"\")","v":"LIXA EM FOLHA PARA PAREDE OU MADEIRA, NUMERO 120 (COR VERMELHA)                                                                                                                                                                                                                                                                                                                                                                                                                                           "},{"$f":"IFERROR(INDEX(SINAPI!$C:$C,MATCH($B2753,SINAPI!$A:$A,0)),\"\")","v":"UN    "},{"$f":"IF(IFERROR(INDEX(COMPOSIÇÕES_IFMT!$B:$B,MATCH($A2752,COMPOSIÇÕES_IFMT!$A:$A,0)),\"\")<>\"\",OFFSET(COMPOSIÇÕES_IFMT!$A$1,MATCH($A2752,COMPOSIÇÕES_IFMT!$A:$A,0),4),\"\")","v":0.5},{"$f":"IFERROR(INDEX(SINAPI!$D:$D,MATCH($B2753,SINAPI!$A:$A,0)),0)","v":0.72},{"$f":"IFERROR(F2753*E2753,0)","v":0.36}]
[{"$f":"IFERROR(INDEX(SINAPI!$E:$E,MATCH($B2754,SINAPI!$A:$A,0)),\"\")","v":"INSUMO"},{"$f":"IF(IFERROR(INDEX(COMPOSIÇÕES_IFMT!$B:$B,MATCH($A2752,COMPOSIÇÕES_IFMT!$A:$A,0)),\"\")<>\"\",OFFSET(COMPOSIÇÕES_IFMT!$A$1,MATCH($A2752,COMPOSIÇÕES_IFMT!$A:$A,0)+1,1),\"\")","v":4053},{"$f":"IFERROR(INDEX(SINAPI!$B:$B,MATCH($B2754,SINAPI!$A:$A,0)),\"\")","v":"!EM PROCESSO DE DESATIVACAO!MASSA A OLEO PARA MADEIRA                                                                                                                                                                                                                                                                                                                                                                                                                                                     "},{"$f":"IFERROR(INDEX(SINAPI!$C:$C,MATCH($B2754,SINAPI!$A:$A,0)),\"\")","v":"GL    "},{"$f":"IF(IFERROR(INDEX(COMPOSIÇÕES_IFMT!$B:$B,MATCH($A2752,COMPOSIÇÕES_IFMT!$A:$A,0)),\"\")<>\"\",OFFSET(COMPOSIÇÕES_IFMT!$A$1,MATCH($A2752,COMPOSIÇÕES_IFMT!$A:$A,0)+1,4),\"\")","v":0.16},{"$f":"IFERROR(INDEX(SINAPI!$D:$D,MATCH($B2754,SINAPI!$A:$A,0)),0)","v":62.7},10.032]
[{"$f":"IFERROR(INDEX(SINAPI!$E:$E,MATCH($B2755,SINAPI!$A:$A,0)),\"\")","v":"COMPOSIÇÃO"},{"$f":"IF(IFERROR(INDEX(COMPOSIÇÕES_IFMT!$B:$B,MATCH($A2752,COMPOSIÇÕES_IFMT!$A:$A,0)),\"\")<>\"\",OFFSET(COMPOSIÇÕES_IFMT!$A$1,MATCH($A2752,COMPOSIÇÕES_IFMT!$A:$A,0)+2,1),\"\")","v":88310},{"$f":"IFERROR(INDEX(SINAPI!$B:$B,MATCH($B2755,SINAPI!$A:$A,0)),\"\")","v":"PINTOR COM ENCARGOS COMPLEMENTARES"},{"$f":"IFERROR(INDEX(SINAPI!$C:$C,MATCH($B2755,SINAPI!$A:$A,0)),\"\")","v":"H"},{"$f":"IF(IFERROR(INDEX(COMPOSIÇÕES_IFMT!$B:$B,MATCH($A2752,COMPOSIÇÕES_IFMT!$A:$A,0)),\"\")<>\"\",OFFSET(COMPOSIÇÕES_IFMT!$A$1,MATCH($A2752,COMPOSIÇÕES_IFMT!$A:$A,0)+2,4),\"\")","v":0.35},{"$f":"IFERROR(INDEX(SINAPI!$D:$D,MATCH($B2755,SINAPI!$A:$A,0)),0)","v":20.86},7.3009999999999993]
[{"$f":"IFERROR(INDEX(SINAPI!$E:$E,MATCH($B2756,SINAPI!$A:$A,0)),\"\")","v":"COMPOSIÇÃO"},{"$f":"IF(IFERROR(INDEX(COMPOSIÇÕES_IFMT!$B:$B,MATCH($A2752,COMPOSIÇÕES_IFMT!$A:$A,0)),\"\")<>\"\",OFFSET(COMPOSIÇÕES_IFMT!$A$1,MATCH($A2752,COMPOSIÇÕES_IFMT!$A:$A,0)+3,1),\"\")","v":88316},{"$f":"IFERROR(INDEX(SINAPI!$B:$B,MATCH($B2756,SINAPI!$A:$A,0)),\"\")","v":"SERVENTE COM ENCARGOS COMPLEMENTARES"},{"$f":"IFERROR(INDEX(SINAPI!$C:$C,MATCH($B2756,SINAPI!$A:$A,0)),\"\")","v":"H"},{"$f":"IF(IFERROR(INDEX(COMPOSIÇÕES_IFMT!$B:$B,MATCH($A2752,COMPOSIÇÕES_IFMT!$A:$A,0)),\"\")<>\"\",OFFSET(COMPOSIÇÕES_IFMT!$A$1,MATCH($A2752,COMPOSIÇÕES_IFMT!$A:$A,0)+3,4),\"\")","v":0.25},{"$f":"IFERROR(INDEX(SINAPI!$D:$D,MATCH($B2756,SINAPI!$A:$A,0)),0)","v":15.65},3.9125000000000001]
[null,null,null,null,null,"TOTAL",{"$f":"SUM(G2753:G2756)","v":21.605499999999999}]
[]
[]
["CLASSE/TIPO","CÓDIGOS/ SINAPI","DESCRIÇÃO","UND","COEFICIENTE","PREÇO UNITÁRIO","PREÇO TOTAL"]
["IFMT 225.07.2020",{"$f":"IFERROR(INDEX(COMPOSIÇÕES_IFMT!$B:$B,MATCH($A2761,COMPOSIÇÕES_IFMT!$A:$A,0)),\"\")","v":".225/R"},{"$f":"IFERROR(INDEX(COMPOSIÇÕES_IFMT!$C:$C,MATCH($A2761,COMPOSIÇÕES_IFMT!$A:$A,0)),\"\")","v":"PINTURA ESMALTE ACETINADO, DUAS DEMAOS, SOBRE SUPERFICIE METALICA"},{"$f":"IFERROR(INDEX(COMPOSIÇÕES_IFMT!$D:$D,MATCH($A2761,COMPOSIÇÕES_IFMT!$A:$A,0)),\"\")","v":"M2"},null,null,{"$f":"G2767","v":25.047799999999999}]
[{"$f":"IFERROR(INDEX(SINAPI!$E:$E,MATCH($B2762,SINAPI!$A:$A,0)),\"\")","v":"INSUMO"},{"$f":"IF(IFERROR(INDEX(COMPOSIÇÕES_IFMT!$B:$B,MATCH($A2761,COMPOSIÇÕES_IFMT!$A:$A,0)),\"\")<>\"\",OFFSET(COMPOSIÇÕES_IFMT!$A$1,MATCH($A2761,COMPOSIÇÕES_IFMT!$A:$A,0),1),\"\")","v":3768},{"$f":"IFERROR(INDEX(SINAPI!$B:$B,MATCH($B2762,SINAPI!$A:$A,0)),\"\")","v":"LIXA EM FOLHA PARA FERRO, NUMERO 150                                                                                                                                                                                                                                                                                                                                                                                                                                                                      "},{"$f":"IFERROR(INDEX(SINAPI!$C:$C,MATCH($B2762,SINAPI!$A:$A,0)),\"\")","v":"UN    "},{"$f":"IF(IFERROR(INDEX(COMPOSIÇÕES_IFMT!$B:$B,MATCH($A2761,COMPOSIÇÕES_IFMT!$A:$A,0)),\"\")<>\"\",OFFSET(COMPOSIÇÕES_IFMT!$A$1,MATCH($A2761,COMPOSIÇÕES_IFMT!$A:$A,0),4),\"\")","v":0.6},{"$f":"IFERROR(INDEX(SINAPI!$D:$D,MATCH($B2762,SINAPI!$A:$A,0)),0)","v":3.02},{"$f":"IFERROR(F2762*E2762,0)","v":1.8119999999999998}]
[{"$f":"IFERROR(INDEX(SINAPI!$E:$E,MATCH($B2763,SINAPI!$A:$A,0)),\"\")","v":"INSUMO"},{"$f":"IF(IFERROR(INDEX(COMPOSIÇÕES_IFMT!$B:$B,MATCH($A2761,COMPOSIÇÕES_IFMT!$A:$A,0)),\"\")<>\"\",OFFSET(COMPOSIÇÕES_IFMT!$A$1,MATCH($A2761,COMPOSIÇÕES_IFMT!$A:$A,0)+1,1),\"\")","v":5318},{"$f":"IFERROR(INDEX(SINAPI!$B:$B,MATCH($B2763,SINAPI!$A:$A,0)),\"\")","v":"SOLVENTE DILUENTE A BASE DE AGUARRAS                                                                                                                                                                                                                                                                                                                                                                                                                                                                      "},{"$f":"IFERROR(INDEX(SINAPI!$C:$C,MATCH($B2763,SINAPI!$A:$A,0)),\"\")","v":"L     "},{"$f":"IF(IFERROR(INDEX(COMPOSIÇÕES_IFMT!$B:$B,MATCH($A2761,COMPOSIÇÕES_IFMT!$A:$A,0)),\"\")<>\"\",OFFSET(COMPOSIÇÕES_IFMT!$A$1,MATCH($A2761,COMPOSIÇÕES_IFMT!$A:$A,0)+1,4),\"\")","v":7.0000000000000007E-2},{"$f":"IFERROR(INDEX(SINAPI!$D:$D,MATCH($B2763,SINAPI!$A:$A,0)),0)","v":12.8},0.89600000000000013]
[{"$f":"IFERROR(INDEX(SINAPI!$E:$E,MATCH($B2764,SINAPI!$A:$A,0)),\"\")","v":"INSUMO"},{"$f":"IF(IFERROR(INDEX(COMPOSIÇÕES_IFMT!$B:$B,MATCH($A2761,COMPOSIÇÕES_IFMT!$A:$A,0)),\"\")<>\"\",OFFSET(COMPOSIÇÕES_IFMT!$A$1,MATCH($A2761,COMPOSIÇÕES_IFMT!$A:$A,0)+2,1),\"\")","v":7311},{"$f":"IFERROR(INDEX(SINAPI!$B:$B,MATCH($B2764,SINAPI!$A:$A,0)),\"\")","v":"TINTA ESMALTE SINTETICO PREMIUM ACETINADO                                                                                                                                                                                                                                                                                                                                                                                                                                                                 "},{"$f":"IFERROR(INDEX(SINAPI!$C:$C,MATCH($B2764,SINAPI!$A:$A,0)),\"\")","v":"L     "},{"$f":"IF(IFERROR(INDEX(COMPOSIÇÕES_IFMT!$B:$B,MATCH($A2761,COMPOSIÇÕES_IFMT!$A:$A,0)),\"\")<>\"\",OFFSET(COMPOSIÇÕES_IFMT!$A$1,MATCH($A2761,COMPOSIÇÕES_IFMT!$A:$A,0)+2,4),\"\")","v":0.16},{"$f":"IFERROR(INDEX(SINAPI!$D:$D,MATCH($B2764,SINAPI!$A:$A,0)),0)","v":25.53},4.0848000000000004]
[{"$f":"IFERROR(INDEX(SINAPI!$E:$E,MATCH($B2765,SINAPI!$A:$A,0)),\"\")","v":"COMPOSIÇÃO"},{"$f":"IF(IFERROR(INDEX(COMPOSIÇÕES_IFMT!$B:$B,MATCH($A2761,COMPOSIÇÕES_IFMT!$A:$A,0)),\"\")<>\"\",OFFSET(COMPOSIÇÕES_IFMT!$A$1,MATCH($A2761,COMPOSIÇÕES_IFMT!$A:$A,0)+3,1),\"\")","v":88310},{"$f":"IFERROR(INDEX(SINAPI!$B:$B,MATCH($B2765,SINAPI!$A:$A,0)),\"\")","v":"PINTOR COM ENCARGOS COMPLEMENTARES"},{"$f":"IFERROR(INDEX(SINAPI!$C:$C,MATCH($B2765,SINAPI!$A:$A,0)),\"\")","v":"H"},{"$f":"IF(IFERROR(INDEX(COMPOSIÇÕES_IFMT!$B:$B,MATCH($A2761,COMPOSIÇÕES_IFMT!$A:$A,0)),\"\")<>\"\",OFFSET(COMPOSIÇÕES_IFMT!$A$1,MATCH($A2761,COMPOSIÇÕES_IFMT!$A:$A,0)+3,4),\"\")","v":0.5},{"$f":"IFERROR(INDEX(SINAPI!$D:$D,MATCH($B2765,SINAPI!$A:$A,0)),0)","v":20.86},10.43]
[{"$f":"IFERROR(INDEX(SINAPI!$E:$E,MATCH($B2766,SINAPI!$A:$A,0)),\"\")","v":"COMPOSIÇÃO"},{"$f":"IF(IFERROR(INDEX(COMPOSIÇÕES_IFMT!$B:$B,MATCH($A2761,COMPOSIÇÕES_IFMT!$A:$A,0)),\"\")<>\"\",OFFSET(COMPOSIÇÕES_IFMT!$A$1,MATCH($A2761,COMPOSIÇÕES_IFMT!$A:$A,0)+4,1),\"\")","v":88316},{"$f":"IFERROR(INDEX(SINAPI!$B:$B,MATCH($B2766,SINAPI!$A:$A,0)),\"\")","v":"SERVENTE COM ENCARGOS COMPLEMENTARES"},{"$f":"IFERROR(INDEX(SINAPI!$C:$C,MATCH($B2766,SINAPI!$A:$A,0)),\"\")","v":"H"},{"$f":"IF(IFERROR(INDEX(COMPOSIÇÕES_IFMT!$B:$B,MATCH($A2761,COMPOSIÇÕES_IFMT!$A:$A,0)),\"\")<>\"\",OFFSET(COMPOSIÇÕES_IFMT!$A$1,MATCH($A2761,COMPOSIÇÕES_IFMT!$A:$A,0)+4,4),\"\")","v":0.5},{"$f":"IFERROR(INDEX(SINAPI!$D:$D,MATCH($B2766,SINAPI!$A:$A,0)),0)","v":15.65},7.8250000000000002]
[null,null,null,null,null,"TOTAL",{"$f":"SUM(G2762:G2766)","v":25.047799999999999}]
[]
[]
["CLASSE/TIPO","CÓDIGOS/ SINAPI","DESCRIÇÃO","UND","COEFICIENTE","PREÇO UNITÁRIO","PREÇO TOTAL"]
["IFMT 226.07.2020",{"$f":"IFERROR(INDEX(COMPOSIÇÕES_IFMT!$B:$B,MATCH($A2771,COMPOSIÇÕES_IFMT!$A:$A,0)),\"\")","v":".226/R"},{"$f":"IFERROR(INDEX(COMPOSIÇÕES_IFMT!$C:$C,MATCH($A2771,COMPOSIÇÕES_IFMT!$A:$A,0)),\"\")","v":"PINTURA COM TINTA PROTETORA ACABAMENTO GRAFITE ESMALTE SOBRE SUPERFICIE METALICA, 2 DEMAOS"},{"$f":"IFERROR(INDEX(COMPOSIÇÕES_IFMT!$D:$D,MATCH($A2771,COMPOSIÇÕES_IFMT!$A:$A,0)),\"\")","v":"M2"},null,null,{"$f":"G2777","v":34.034799999999997}]
[{"$f":"IFERROR(INDEX(SINAPI!$E:$E,MATCH($B2772,SINAPI!$A:$A,0)),\"\")","v":"INSUMO"},{"$f":"IF(IFERROR(INDEX(COMPOSIÇÕES_IFMT!$B:$B,MATCH($A2771,COMPOSIÇÕES_IFMT!$A:$A,0)),\"\")<>\"\",OFFSET(COMPOSIÇÕES_IFMT!$A$1,MATCH($A2771,COMPOSIÇÕES_IFMT!$A:$A,0),1),\"\")","v":3768},{"$f":"IFERROR(INDEX(SINAPI!$B:$B,MATCH($B2772,SINAPI!$A:$A,0)),\"\")","v":"LIXA EM FOLHA PARA FERRO, NUMERO 150                                                                                                                                                                                                                                                                                                                                                                                                                                                                      "},{"$f":"IFERROR(INDEX(SINAPI!$C:$C,MATCH($B2772,SINAPI!$A:$A,0)),\"\")","v":"UN    "},{"$f":"IF(IFERROR(INDEX(COMPOSIÇÕES_IFMT!$B:$B,MATCH($A2771,COMPOSIÇÕES_IFMT!$A:$A,0)),\"\")<>\"\",OFFSET(COMPOSIÇÕES_IFMT!$A$1,MATCH($A2771,COMPOSIÇÕES_IFMT!$A:$A,0),4),\"\")","v":0.3},{"$f":"IFERROR(INDEX(SINAPI!$D:$D,MATCH($B2772,SINAPI!$A:$A,0)),0)","v":3.02},{"$f":"IFERROR(F2772*E2772,0)","v":0.90599999999999992}]
[{"$f":"IFERROR(INDEX(SINAPI!$E:$E,MATCH($B2773,SINAPI!$A:$A,0)),\"\")","v":"INSUMO"},{"$f":"IF(IFERROR(INDEX(COMPOSIÇÕES_IFMT!$B:$B,MATCH($A2771,COMPOSIÇÕES_IFMT!$A:$A,0)),\"\")<>\"\",OFFSET(COMPOSIÇÕES_IFMT!$A$1,MATCH($A2771,COMPOSIÇÕES_IFMT!$A:$A,0)+1,1),\"\")","v":5318},{"$f":"IFERROR(INDEX(SINAPI!$B:$B,MATCH($B2773,SINAPI!$A:$A,0)),\"\")","v":"SOLVENTE DILUENTE A BASE DE AGUARRAS                                                                                                                                                                                                                                                                                                                                                                                                                                                                      "},{"$f":"IFERROR(INDEX(SINAPI!$C:$C,MATCH($B2773,SINAPI!$A:$A,0)),\"\")","v":"L     "},{"$f":"IF(IFERROR(INDEX(COMPOSIÇÕES_IFMT!$B:$B,MATCH($A2771,COMPOSIÇÕES_IFMT!$A:$A,0)),\"\")<>\"\",OFFSET(COMPOSIÇÕES_IFMT!$A$1,MATCH($A2771,COMPOSIÇÕES_IFMT!$A:$A,0)+1,4),\"\")","v":0.05},{"$f":"IFERROR(INDEX(SINAPI!$D:$D,MATCH($B2773,SINAPI!$A:$A,0)),0)","v":12.8},0.64000000000000012]
[{"$f":"IFERROR(INDEX(SINAPI!$E:$E,MATCH($B2774,SINAPI!$A:$A,0)),\"\")","v":"INSUMO"},{"$f":"IF(IFERROR(INDEX(COMPOSIÇÕES_IFMT!$B:$B,MATCH($A2771,COMPOSIÇÕES_IFMT!$A:$A,0)),\"\")<>\"\",OFFSET(COMPOSIÇÕES_IFMT!$A$1,MATCH($A2771,COMPOSIÇÕES_IFMT!$A:$A,0)+2,1),\"\")","v":7293},{"$f":"IFERROR(INDEX(SINAPI!$B:$B,MATCH($B2774,SINAPI!$A:$A,0)),\"\")","v":"TINTA ESMALTE SINTETICO PREMIUM DE DUPLA ACAO GRAFITE FOSCO PARA SUPERFICIES METALICAS FERROSAS                                                                                                                                                                                                                                                                                                                                                                                                           "},{"$f":"IFERROR(INDEX(SINAPI!$C:$C,MATCH($B2774,SINAPI!$A:$A,0)),\"\")","v":"L     "},{"$f":"IF(IFERROR(INDEX(COMPOSIÇÕES_IFMT!$B:$B,MATCH($A2771,COMPOSIÇÕES_IFMT!$A:$A,0)),\"\")<>\"\",OFFSET(COMPOSIÇÕES_IFMT!$A$1,MATCH($A2771,COMPOSIÇÕES_IFMT!$A:$A,0)+2,4),\"\")","v":0.12},{"$f":"IFERROR(INDEX(SINAPI!$D:$D,MATCH($B2774,SINAPI!$A:$A,0)),0)","v":27.34},3.2807999999999997]
[{"$f":"IFERROR(INDEX(SINAPI!$E:$E,MATCH($B2775,SINAPI!$A:$A,0)),\"\")","v":"COMPOSIÇÃO"},{"$f":"IF(IFERROR(INDEX(COMPOSIÇÕES_IFMT!$B:$B,MATCH($A2771,COMPOSIÇÕES_IFMT!$A:$A,0)),\"\")<>\"\",OFFSET(COMPOSIÇÕES_IFMT!$A$1,MATCH($A2771,COMPOSIÇÕES_IFMT!$A:$A,0)+3,1),\"\")","v":88310},{"$f":"IFERROR(INDEX(SINAPI!$B:$B,MATCH($B2775,SINAPI!$A:$A,0)),\"\")","v":"PINTOR COM ENCARGOS COMPLEMENTARES"},{"$f":"IFERROR(INDEX(SINAPI!$C:$C,MATCH($B2775,SINAPI!$A:$A,0)),\"\")","v":"H"},{"$f":"IF(IFERROR(INDEX(COMPOSIÇÕES_IFMT!$B:$B,MATCH($A2771,COMPOSIÇÕES_IFMT!$A:$A,0)),\"\")<>\"\",OFFSET(COMPOSIÇÕES_IFMT!$A$1,MATCH($A2771,COMPOSIÇÕES_IFMT!$A:$A,0)+3,4),\"\")","v":0.8},{"$f":"IFERROR(INDEX(SINAPI!$D:$D,MATCH($B2775,SINAPI!$A:$A,0)),0)","v":20.86},16.687999999999999]
[{"$f":"IFERROR(INDEX(SINAPI!$E:$E,MATCH($B2776,SINAPI!$A:$A,0)),\"\")","v":"COMPOSIÇÃO"},{"$f":"IF(IFERROR(INDEX(COMPOSIÇÕES_IFMT!$B:$B,MATCH($A2771,COMPOSIÇÕES_IFMT!$A:$A,0)),\"\")<>\"\",OFFSET(COMPOSIÇÕES_IFMT!$A$1,MATCH($A2771,COMPOSIÇÕES_IFMT!$A:$A,0)+4,1),\"\")","v":88316},{"$f":"IFERROR(INDEX(SINAPI!$B:$B,MATCH($B2776,SINAPI!$A:$A,0)),\"\")","v":"SERVENTE COM ENCARGOS COMPLEMENTARES"},{"$f":"IFERROR(INDEX(SINAPI!$C:$C,MATCH($B2776,SINAPI!$A:$A,0)),\"\")","v":"H"},{"$f":"IF(IFERROR(INDEX(COMPOSIÇÕES_IFMT!$B:$B,MATCH($A2771,COMPOSIÇÕES_IFMT!$A:$A,0)),\"\")<>\"\",OFFSET(COMPOSIÇÕES_IFMT!$A$1,MATCH($A2771,COMPOSIÇÕES_IFMT!$A:$A,0)+4,4),\"\")","v":0.8},{"$f":"IFERROR(INDEX(SINAPI!$D:$D,MATCH($B2776,SINAPI!$A:$A,0)),0)","v":15.65},12.520000000000001]
[null,null,null,null,null,"TOTAL",{"$f":"SUM(G2772:G2776)","v":34.034799999999997}]
[]
[]
["CLASSE/TIPO","CÓDIGOS/ SINAPI","DESCRIÇÃO","UND","COEFICIENTE","PREÇO UNITÁRIO","PREÇO TOTAL"]
["IFMT 227.07.2020",{"$f":"IFERROR(INDEX(COMPOSIÇÕES_IFMT!$B:$B,MATCH($A2781,COMPOSIÇÕES_IFMT!$A:$A,0)),\"\")","v":".227/R"},{"$f":"IFERROR(INDEX(COMPOSIÇÕES_IFMT!$C:$C,MATCH($A2781,COMPOSIÇÕES_IFMT!$A:$A,0)),\"\")","v":"PINTURA ESMALTE FOSCO, DUAS DEMAOS, SOBRE SUPERFICIE METALICA"},{"$f":"IFERROR(INDEX(COMPOSIÇÕES_IFMT!$D:$D,MATCH($A2781,COMPOSIÇÕES_IFMT!$A:$A,0)),\"\")","v":"M2"},null,null,{"$f":"G2787","v":24.9726}]
[{"$f":"IFERROR(INDEX(SINAPI!$E:$E,MATCH($B2782,SINAPI!$A:$A,0)),\"\")","v":"INSUMO"},{"$f":"IF(IFERROR(INDEX(COMPOSIÇÕES_IFMT!$B:$B,MATCH($A2781,COMPOSIÇÕES_IFMT!$A:$A,0)),\"\")<>\"\",OFFSET(COMPOSIÇÕES_IFMT!$A$1,MATCH($A2781,COMPOSIÇÕES_IFMT!$A:$A,0),1),\"\")","v":3768},{"$f":"IFERROR(INDEX(SINAPI!$B:$B,MATCH($B2782,SINAPI!$A:$A,0)),\"\")","v":"LIXA EM FOLHA PARA FERRO, NUMERO 150                                                                                                                                                                                                                                                                                                                                                                                                                                                                      "},{"$f":"IFERROR(INDEX(SINAPI!$C:$C,MATCH($B2782,SINAPI!$A:$A,0)),\"\")","v":"UN    "},{"$f":"IF(IFERROR(INDEX(COMPOSIÇÕES_IFMT!$B:$B,MATCH($A2781,COMPOSIÇÕES_IFMT!$A:$A,0)),\"\")<>\"\",OFFSET(COMPOSIÇÕES_IFMT!$A$1,MATCH($A2781,COMPOSIÇÕES_IFMT!$A:$A,0),4),\"\")","v":0.6},{"$f":"IFERROR(INDEX(SINAPI!$D:$D,MATCH($B2782,SINAPI!$A:$A,0)),0)","v":3.02},{"$f":"IFERROR(F2782*E2782,0)","v":1.8119999999999998}]
[{"$f":"IFERROR(INDEX(SINAPI!$E:$E,MATCH($B2783,SINAPI!$A:$A,0)),\"\")","v":"INSUMO"},{"$f":"IF(IFERROR(INDEX(COMPOSIÇÕES_IFMT!$B:$B,MATCH($A2781,COMPOSIÇÕES_IFMT!$A:$A,0)),\"\")<>\"\",OFFSET(COMPOSIÇÕES_IFMT!$A$1,MATCH($A2781,COMPOSIÇÕES_IFMT!$A:$A,0)+1,1),\"\")","v":5318},{"$f":"IFERROR(INDEX(SINAPI!$B:$B,MATCH($B2783,SINAPI!$A:$A,0)),\"\")","v":"SOLVENTE DILUENTE A BASE DE AGUARRAS                                                                                                                                                                                                                                                                                                                                                                                                                                                                      "},{"$f":"IFERROR(INDEX(SINAPI!$C:$C,MATCH($B2783,SINAPI!$A:$A,0)),\"\")","v":"L     "},{"$f":"IF(IFERROR(INDEX(COMPOSIÇÕES_IFMT!$B:$B,MATCH($A2781,COMPOSIÇÕES_IFMT!$A:$A,0)),\"\")<>\"\",OFFSET(COMPOSIÇÕES_IFMT!$A$1,MATCH($A2781,COMPOSIÇÕES_IFMT!$A:$A,0)+1,4),\"\")","v":7.0000000000000007E-2},{"$f":"IFERROR(INDEX(SINAPI!$D:$D,MATCH($B2783,SINAPI!$A:$A,0)),0)","v":12.8},0.89600000000000013]
[{"$f":"IFERROR(INDEX(SINAPI!$E:$E,MATCH($B2784,SINAPI!$A:$A,0)),\"\")","v":"INSUMO"},{"$f":"IF(IFERROR(INDEX(COMPOSIÇÕES_IFMT!$B:$B,MATCH($A2781,COMPOSIÇÕES_IFMT!$A:$A,0)),\"\")<>\"\",OFFSET(COMPOSIÇÕES_IFMT!$A$1,MATCH($A2781,COMPOSIÇÕES_IFMT!$A:$A,0)+2,1),\"\")","v":7288},{"$f":"IFERROR(INDEX(SINAPI!$B:$B,MATCH($B2784,SINAPI!$A:$A,0)),\"\")","v":"TINTA ESMALTE SINTETICO PREMIUM FOSCO                                                                                                                                                                                                                                                                                                                                                                                                                                                                     "},{"$f":"IFERROR(INDEX(SINAPI!$C:$C,MATCH($B2784,SINAPI!$A:$A,0)),\"\")","v":"L     "},{"$f":"IF(IFERROR(INDEX(COMPOSIÇÕES_IFMT!$B:$B,MATCH($A2781,COMPOSIÇÕES_IFMT!$A:$A,0)),\"\")<>\"\",OFFSET(COMPOSIÇÕES_IFMT!$A$1,MATCH($A2781,COMPOSIÇÕES_IFMT!$A:$A,0)+2,4),\"\")","v":0.16},{"$f":"IFERROR(INDEX(SINAPI!$D:$D,MATCH($B2784,SINAPI!$A:$A,0)),0)","v":25.06},4.0095999999999998]
[{"$f":"IFERROR(INDEX(SINAPI!$E:$E,MATCH($B2785,SINAPI!$A:$A,0)),\"\")","v":"COMPOSIÇÃO"},{"$f":"IF(IFERROR(INDEX(COMPOSIÇÕES_IFMT!$B:$B,MATCH($A2781,COMPOSIÇÕES_IFMT!$A:$A,0)),\"\")<>\"\",OFFSET(COMPOSIÇÕES_IFMT!$A$1,MATCH($A2781,COMPOSIÇÕES_IFMT!$A:$A,0)+3,1),\"\")","v":88310},{"$f":"IFERROR(INDEX(SINAPI!$B:$B,MATCH($B2785,SINAPI!$A:$A,0)),\"\")","v":"PINTOR COM ENCARGOS COMPLEMENTARES"},{"$f":"IFERROR(INDEX(SINAPI!$C:$C,MATCH($B2785,SINAPI!$A:$A,0)),\"\")","v":"H"},{"$f":"IF(IFERROR(INDEX(COMPOSIÇÕES_IFMT!$B:$B,MATCH($A2781,COMPOSIÇÕES_IFMT!$A:$A,0)),\"\")<>\"\",OFFSET(COMPOSIÇÕES_IFMT!$A$1,MATCH($A2781,COMPOSIÇÕES_IFMT!$A:$A,0)+3,4),\"\")","v":0.5},{"$f":"IFERROR(INDEX(SINAPI!$D:$D,MATCH($B2785,SINAPI!$A:$A,0)),0)","v":20.86},10.43]
[{"$f":"IFERROR(INDEX(SINAPI!$E:$E,MATCH($B2786,SINAPI!$A:$A,0)),\"\")","v":"COMPOSIÇÃO"},{"$f":"IF(IFERROR(INDEX(COMPOSIÇÕES_IFMT!$B:$B,MATCH($A2781,COMPOSIÇÕES_IFMT!$A:$A,0)),\"\")<>\"\",OFFSET(COMPOSIÇÕES_IFMT!$A$1,MATCH($A2781,COMPOSIÇÕES_IFMT!$A:$A,0)+4,1),\"\")","v":88316},{"$f":"IFERROR(INDEX(SINAPI!$B:$B,MATCH($B2786,SINAPI!$A:$A,0)),\"\")","v":"SERVENTE COM ENCARGOS COMPLEMENTARES"},{"$f":"IFERROR(INDEX(SINAPI!$C:$C,MATCH($B2786,SINAPI!$A:$A,0)),\"\")","v":"H"},{"$f":"IF(IFERROR(INDEX(COMPOSIÇÕES_IFMT!$B:$B,MATCH($A2781,COMPOSIÇÕES_IFMT!$A:$A,0)),\"\")<>\"\",OFFSET(COMPOSIÇÕES_IFMT!$A$1,MATCH($A2781,COMPOSIÇÕES_IFMT!$A:$A,0)+4,4),\"\")","v":0.5},{"$f":"IFERROR(INDEX(SINAPI!$D:$D,MATCH($B2786,SINAPI!$A:$A,0)),0)","v":15.65},7.8250000000000002]
[null,null,null,null,null,"TOTAL",{"$f":"SUM(G2782:G2786)","v":24.9726}]
[]
[]
["CLASSE/TIPO","CÓDIGOS/ SINAPI","DESCRIÇÃO","UND","COEFICIENTE","PREÇO UNITÁRIO","PREÇO TOTAL"]
["IFMT 228.07.2020",{"$f":"IFERROR(INDEX(COMPOSIÇÕES_IFMT!$B:$B,MATCH($A2791,COMPOSIÇÕES_IFMT!$A:$A,0)),\"\")","v":".228/R"},{"$f":"IFERROR(INDEX(COMPOSIÇÕES_IFMT!$C:$C,MATCH($A2791,COMPOSIÇÕES_IFMT!$A:$A,0)),\"\")","v":"ADUELA / MARCO / BATENTE PARA PORTA DE 90X210CM, FIXAÇÃO COM ARGAMASSA - SOMENTE INSTALAÇÃO. AF_08/2015_P"},{"$f":"IFERROR(INDEX(COMPOSIÇÕES_IFMT!$D:$D,MATCH($A2791,COMPOSIÇÕES_IFMT!$A:$A,0)),\"\")","v":"UN"},null,null,{"$f":"G2798","v":83.917154999999994}]
[{"$f":"IFERROR(INDEX(SINAPI!$E:$E,MATCH($B2792,SINAPI!$A:$A,0)),\"\")","v":"INSUMO"},{"$f":"IF(IFERROR(INDEX(COMPOSIÇÕES_IFMT!$B:$B,MATCH($A2791,COMPOSIÇÕES_IFMT!$A:$A,0)),\"\")<>\"\",OFFSET(COMPOSIÇÕES_IFMT!$A$1,MATCH($A2791,COMPOSIÇÕES_IFMT!$A:$A,0),1),\"\")","v":5061},{"$f":"IFERROR(INDEX(SINAPI!$B:$B,MATCH($B2792,SINAPI!$A:$A,0)),\"\")","v":"PREGO DE ACO POLIDO COM CABECA 18 X 27 (2 1/2 X 10)                                                                                                                                                                                                                                                                                                                                                                                                                                                       "},{"$f":"IFERROR(INDEX(SINAPI!$C:$C,MATCH($B2792,SINAPI!$A:$A,0)),\"\")","v":"KG    "},{"$f":"IF(IFERROR(INDEX(COMPOSIÇÕES_IFMT!$B:$B,MATCH($A2791,COMPOSIÇÕES_IFMT!$A:$A,0)),\"\")<>\"\",OFFSET(COMPOSIÇÕES_IFMT!$A$1,MATCH($A2791,COMPOSIÇÕES_IFMT!$A:$A,0),4),\"\")","v":0.2},{"$f":"IFERROR(INDEX(SINAPI!$D:$D,MATCH($B2792,SINAPI!$A:$A,0)),0)","v":22.95},{"$f":"IFERROR(F2792*E2792,0)","v":4.59}]
[{"$f":"IFERROR(INDEX(SINAPI!$E:$E,MATCH($B2793,SINAPI!$A:$A,0)),\"\")","v":"INSUMO"},{"$f":"IF(IFERROR(INDEX(COMPOSIÇÕES_IFMT!$B:$B,MATCH($A2791,COMPOSIÇÕES_IFMT!$A:$A,0)),\"\")<>\"\",OFFSET(COMPOSIÇÕES_IFMT!$A$1,MATCH($A2791,COMPOSIÇÕES_IFMT!$A:$A,0)+1,1),\"\")","v":7319},{"$f":"IFERROR(INDEX(SINAPI!$B:$B,MATCH($B2793,SINAPI!$A:$A,0)),\"\")","v":"TINTA ASFALTICA IMPERMEABILIZANTE DISPERSA EM AGUA, PARA MATERIAIS CIMENTICIOS                                                                                                                                                                                                                                                                                                                                                                                                                            "},{"$f":"IFERROR(INDEX(SINAPI!$C:$C,MATCH($B2793,SINAPI!$A:$A,0)),\"\")","v":"L     "},{"$f":"IF(IFERROR(INDEX(COMPOSIÇÕES_IFMT!$B:$B,MATCH($A2791,COMPOSIÇÕES_IFMT!$A:$A,0)),\"\")<>\"\",OFFSET(COMPOSIÇÕES_IFMT!$A$1,MATCH($A2791,COMPOSIÇÕES_IFMT!$A:$A,0)+1,4),\"\")","v":0.17369999999999999},{"$f":"IFERROR(INDEX(SINAPI!$D:$D,MATCH($B2793,SINAPI!$A:$A,0)),0)","v":20.5},3.5608499999999998]
[{"$f":"IFERROR(INDEX(SINAPI!$E:$E,MATCH($B2794,SINAPI!$A:$A,0)),\"\")","v":"COMPOSIÇÃO"},{"$f":"IF(IFERROR(INDEX(COMPOSIÇÕES_IFMT!$B:$B,MATCH($A2791,COMPOSIÇÕES_IFMT!$A:$A,0)),\"\")<>\"\",OFFSET(COMPOSIÇÕES_IFMT!$A$1,MATCH($A2791,COMPOSIÇÕES_IFMT!$A:$A,0)+2,1),\"\")","v":88261},{"$f":"IFERROR(INDEX(SINAPI!$B:$B,MATCH($B2794,SINAPI!$A:$A,0)),\"\")","v":"CARPINTEIRO DE ESQUADRIA COM ENCARGOS COMPLEMENTARES"},{"$f":"IFERROR(INDEX(SINAPI!$C:$C,MATCH($B2794,SINAPI!$A:$A,0)),\"\")","v":"H"},{"$f":"IF(IFERROR(INDEX(COMPOSIÇÕES_IFMT!$B:$B,MATCH($A2791,COMPOSIÇÕES_IFMT!$A:$A,0)),\"\")<>\"\",OFFSET(COMPOSIÇÕES_IFMT!$A$1,MATCH($A2791,COMPOSIÇÕES_IFMT!$A:$A,0)+2,4),\"\")","v":0.65500000000000003},{"$f":"IFERROR(INDEX(SINAPI!$D:$D,MATCH($B2794,SINAPI!$A:$A,0)),0)","v":21.16},13.8598]
[{"$f":"IFERROR(INDEX(SINAPI!$E:$E,MATCH($B2795,SINAPI!$A:$A,0)),\"\")","v":"COMPOSIÇÃO"},{"$f":"IF(IFERROR(INDEX(COMPOSIÇÕES_IFMT!$B:$B,MATCH($A2791,COMPOSIÇÕES_IFMT!$A:$A,0)),\"\")<>\"\",OFFSET(COMPOSIÇÕES_IFMT!$A$1,MATCH($A2791,COMPOSIÇÕES_IFMT!$A:$A,0)+3,1),\"\")","v":88309},{"$f":"IFERROR(INDEX(SINAPI!$B:$B,MATCH($B2795,SINAPI!$A:$A,0)),\"\")","v":"PEDREIRO COM ENCARGOS COMPLEMENTARES"},{"$f":"IFERROR(INDEX(SINAPI!$C:$C,MATCH($B2795,SINAPI!$A:$A,0)),\"\")","v":"H"},{"$f":"IF(IFERROR(INDEX(COMPOSIÇÕES_IFMT!$B:$B,MATCH($A2791,COMPOSIÇÕES_IFMT!$A:$A,0)),\"\")<>\"\",OFFSET(COMPOSIÇÕES_IFMT!$A$1,MATCH($A2791,COMPOSIÇÕES_IFMT!$A:$A,0)+3,4),\"\")","v":1.617},{"$f":"IFERROR(INDEX(SINAPI!$D:$D,MATCH($B2795,SINAPI!$A:$A,0)),0)","v":19.86},32.113619999999997]
[{"$f":"IFERROR(INDEX(SINAPI!$E:$E,MATCH($B2796,SINAPI!$A:$A,0)),\"\")","v":"COMPOSIÇÃO"},{"$f":"IF(IFERROR(INDEX(COMPOSIÇÕES_IFMT!$B:$B,MATCH($A2791,COMPOSIÇÕES_IFMT!$A:$A,0)),\"\")<>\"\",OFFSET(COMPOSIÇÕES_IFMT!$A$1,MATCH($A2791,COMPOSIÇÕES_IFMT!$A:$A,0)+4,1),\"\")","v":88316},{"$f":"IFERROR(INDEX(SINAPI!$B:$B,MATCH($B2796,SINAPI!$A:$A,0)),\"\")","v":"SERVENTE COM ENCARGOS COMPLEMENTARES"},{"$f":"IFERROR(INDEX(SINAPI!$C:$C,MATCH($B2796,SINAPI!$A:$A,0)),\"\")","v":"H"},{"$f":"IF(IFERROR(INDEX(COMPOSIÇÕES_IFMT!$B:$B,MATCH($A2791,COMPOSIÇÕES_IFMT!$A:$A,0)),\"\")<>\"\",OFFSET(COMPOSIÇÕES_IFMT!$A$1,MATCH($A2791,COMPOSIÇÕES_IFMT!$A:$A,0)+4,4),\"\")","v":1.1359999999999999},{"$f":"IFERROR(INDEX(SINAPI!$D:$D,MATCH($B2796,SINAPI!$A:$A,0)),0)","v":15.65},17.778399999999998]
[{"$f":"IFERROR(INDEX(SINAPI!$E:$E,MATCH($B2797,SINAPI!$A:$A,0)),\"\")","v":"COMPOSIÇÃO"},{"$f":"IF(IFERROR(INDEX(COMPOSIÇÕES_IFMT!$B:$B,MATCH($A2791,COMPOSIÇÕES_IFMT!$A:$A,0)),\"\")<>\"\",OFFSET(COMPOSIÇÕES_IFMT!$A$1,MATCH($A2791,COMPOSIÇÕES_IFMT!$A:$A,0)+5,1),\"\")","v":88629},{"$f":"IFERROR(INDEX(SINAPI!$B:$B,MATCH($B2797,SINAPI!$A:$A,0)),\"\")","v":"ARGAMASSA TRAÇO 1:3 (EM VOLUME DE CIMENTO E AREIA MÉDIA ÚMIDA), PREPARO MANUAL. AF_08/2019"},{"$f":"IFERROR(INDEX(SINAPI!$C:$C,MATCH($B2797,SINAPI!$A:$A,0)),\"\")","v":"M3"},{"$f":"IF(IFERROR(INDEX(COMPOSIÇÕES_IFMT!$B:$B,MATCH($A2791,COMPOSIÇÕES_IFMT!$A:$A,0)),\"\")<>\"\",OFFSET(COMPOSIÇÕES_IFMT!$A$1,MATCH($A2791,COMPOSIÇÕES_IFMT!$A:$A,0)+5,4),\"\")","v":2.29E-2},{"$f":"IFERROR(INDEX(SINAPI!$D:$D,MATCH($B2797,SINAPI!$A:$A,0)),0)","v":524.65},12.014484999999999]
[null,null,null,null,null,"TOTAL",{"$f":"SUM(G2792:G2797)","v":83.917154999999994}]
[]
[]
["CLASSE/TIPO","CÓDIGOS/ SINAPI","DESCRIÇÃO","UND","COEFICIENTE","PREÇO UNITÁRIO","PREÇO TOTAL"]
["IFMT 229.07.2020",{"$f":"IFERROR(INDEX(COMPOSIÇÕES_IFMT!$B:$B,MATCH($A2802,COMPOSIÇÕES_IFMT!$A:$A,0)),\"\")","v":".229/R"},{"$f":"IFERROR(INDEX(COMPOSIÇÕES_IFMT!$C:$C,MATCH($A2802,COMPOSIÇÕES_IFMT!$A:$A,0)),\"\")","v":"PINTURA ESMALTE BRILHANTE (2 DEMAOS) SOBRE SUPERFICIE METALICA, INCLUSIVE PROTECAO COM ZARCAO (1 DEMAO)"},{"$f":"IFERROR(INDEX(COMPOSIÇÕES_IFMT!$D:$D,MATCH($A2802,COMPOSIÇÕES_IFMT!$A:$A,0)),\"\")","v":"M2"},null,null,{"$f":"G2809","v":37.256880000000002}]
[{"$f":"IFERROR(INDEX(SINAPI!$E:$E,MATCH($B2803,SINAPI!$A:$A,0)),\"\")","v":"INSUMO"},{"$f":"IF(IFERROR(INDEX(COMPOSIÇÕES_IFMT!$B:$B,MATCH($A2802,COMPOSIÇÕES_IFMT!$A:$A,0)),\"\")<>\"\",OFFSET(COMPOSIÇÕES_IFMT!$A$1,MATCH($A2802,COMPOSIÇÕES_IFMT!$A:$A,0),1),\"\")","v":3768},{"$f":"IFERROR(INDEX(SINAPI!$B:$B,MATCH($B2803,SINAPI!$A:$A,0)),\"\")","v":"LIXA EM FOLHA PARA FERRO, NUMERO 150                                                                                                                                                                                                                                                                                                                                                                                                                                                                      "},{"$f":"IFERROR(INDEX(SINAPI!$C:$C,MATCH($B2803,SINAPI!$A:$A,0)),\"\")","v":"UN    "},{"$f":"IF(IFERROR(INDEX(COMPOSIÇÕES_IFMT!$B:$B,MATCH($A2802,COMPOSIÇÕES_IFMT!$A:$A,0)),\"\")<>\"\",OFFSET(COMPOSIÇÕES_IFMT!$A$1,MATCH($A2802,COMPOSIÇÕES_IFMT!$A:$A,0),4),\"\")","v":0.3},{"$f":"IFERROR(INDEX(SINAPI!$D:$D,MATCH($B2803,SINAPI!$A:$A,0)),0)","v":3.02},{"$f":"IFERROR(F2803*E2803,0)","v":0.90599999999999992}]
[{"$f":"IFERROR(INDEX(SINAPI!$E:$E,MATCH($B2804,SINAPI!$A:$A,0)),\"\")","v":"INSUMO"},{"$f":"IF(IFERROR(INDEX(COMPOSIÇÕES_IFMT!$B:$B,MATCH($A2802,COMPOSIÇÕES_IFMT!$A:$A,0)),\"\")<>\"\",OFFSET(COMPOSIÇÕES_IFMT!$A$1,MATCH($A2802,COMPOSIÇÕES_IFMT!$A:$A,0)+1,1),\"\")","v":5318},{"$f":"IFERROR(INDEX(SINAPI!$B:$B,MATCH($B2804,SINAPI!$A:$A,0)),\"\")","v":"SOLVENTE DILUENTE A BASE DE AGUARRAS                                                                                                                                                                                                                                                                                                                                                                                                                                                                      "},{"$f":"IFERROR(INDEX(SINAPI!$C:$C,MATCH($B2804,SINAPI!$A:$A,0)),\"\")","v":"L     "},{"$f":"IF(IFERROR(INDEX(COMPOSIÇÕES_IFMT!$B:$B,MATCH($A2802,COMPOSIÇÕES_IFMT!$A:$A,0)),\"\")<>\"\",OFFSET(COMPOSIÇÕES_IFMT!$A$1,MATCH($A2802,COMPOSIÇÕES_IFMT!$A:$A,0)+1,4),\"\")","v":0.03},{"$f":"IFERROR(INDEX(SINAPI!$D:$D,MATCH($B2804,SINAPI!$A:$A,0)),0)","v":12.8},0.38400000000000001]
[{"$f":"IFERROR(INDEX(SINAPI!$E:$E,MATCH($B2805,SINAPI!$A:$A,0)),\"\")","v":"INSUMO"},{"$f":"IF(IFERROR(INDEX(COMPOSIÇÕES_IFMT!$B:$B,MATCH($A2802,COMPOSIÇÕES_IFMT!$A:$A,0)),\"\")<>\"\",OFFSET(COMPOSIÇÕES_IFMT!$A$1,MATCH($A2802,COMPOSIÇÕES_IFMT!$A:$A,0)+2,1),\"\")","v":7292},{"$f":"IFERROR(INDEX(SINAPI!$B:$B,MATCH($B2805,SINAPI!$A:$A,0)),\"\")","v":"TINTA ESMALTE SINTETICO PREMIUM BRILHANTE                                                                                                                                                                                                                                                                                                                                                                                                                                                                 "},{"$f":"IFERROR(INDEX(SINAPI!$C:$C,MATCH($B2805,SINAPI!$A:$A,0)),\"\")","v":"L     "},{"$f":"IF(IFERROR(INDEX(COMPOSIÇÕES_IFMT!$B:$B,MATCH($A2802,COMPOSIÇÕES_IFMT!$A:$A,0)),\"\")<>\"\",OFFSET(COMPOSIÇÕES_IFMT!$A$1,MATCH($A2802,COMPOSIÇÕES_IFMT!$A:$A,0)+2,4),\"\")","v":0.14399999999999999},{"$f":"IFERROR(INDEX(SINAPI!$D:$D,MATCH($B2805,SINAPI!$A:$A,0)),0)","v":24.72},3.5596799999999997]
[{"$f":"IFERROR(INDEX(SINAPI!$E:$E,MATCH($B2806,SINAPI!$A:$A,0)),\"\")","v":"INSUMO"},{"$f":"IF(IFERROR(INDEX(COMPOSIÇÕES_IFMT!$B:$B,MATCH($A2802,COMPOSIÇÕES_IFMT!$A:$A,0)),\"\")<>\"\",OFFSET(COMPOSIÇÕES_IFMT!$A$1,MATCH($A2802,COMPOSIÇÕES_IFMT!$A:$A,0)+3,1),\"\")","v":7307},{"$f":"IFERROR(INDEX(SINAPI!$B:$B,MATCH($B2806,SINAPI!$A:$A,0)),\"\")","v":"FUNDO ANTICORROSIVO PARA METAIS FERROSOS (ZARCAO)                                                                                                                                                                                                                                                                                                                                                                                                                                                         "},{"$f":"IFERROR(INDEX(SINAPI!$C:$C,MATCH($B2806,SINAPI!$A:$A,0)),\"\")","v":"L     "},{"$f":"IF(IFERROR(INDEX(COMPOSIÇÕES_IFMT!$B:$B,MATCH($A2802,COMPOSIÇÕES_IFMT!$A:$A,0)),\"\")<>\"\",OFFSET(COMPOSIÇÕES_IFMT!$A$1,MATCH($A2802,COMPOSIÇÕES_IFMT!$A:$A,0)+3,4),\"\")","v":0.12},{"$f":"IFERROR(INDEX(SINAPI!$D:$D,MATCH($B2806,SINAPI!$A:$A,0)),0)","v":26.66},3.1991999999999998]
[{"$f":"IFERROR(INDEX(SINAPI!$E:$E,MATCH($B2807,SINAPI!$A:$A,0)),\"\")","v":"COMPOSIÇÃO"},{"$f":"IF(IFERROR(INDEX(COMPOSIÇÕES_IFMT!$B:$B,MATCH($A2802,COMPOSIÇÕES_IFMT!$A:$A,0)),\"\")<>\"\",OFFSET(COMPOSIÇÕES_IFMT!$A$1,MATCH($A2802,COMPOSIÇÕES_IFMT!$A:$A,0)+4,1),\"\")","v":88310},{"$f":"IFERROR(INDEX(SINAPI!$B:$B,MATCH($B2807,SINAPI!$A:$A,0)),\"\")","v":"PINTOR COM ENCARGOS COMPLEMENTARES"},{"$f":"IFERROR(INDEX(SINAPI!$C:$C,MATCH($B2807,SINAPI!$A:$A,0)),\"\")","v":"H"},{"$f":"IF(IFERROR(INDEX(COMPOSIÇÕES_IFMT!$B:$B,MATCH($A2802,COMPOSIÇÕES_IFMT!$A:$A,0)),\"\")<>\"\",OFFSET(COMPOSIÇÕES_IFMT!$A$1,MATCH($A2802,COMPOSIÇÕES_IFMT!$A:$A,0)+4,4),\"\")","v":0.8},{"$f":"IFERROR(INDEX(SINAPI!$D:$D,MATCH($B2807,SINAPI!$A:$A,0)),0)","v":20.86},16.687999999999999]
[{"$f":"IFERROR(INDEX(SINAPI!$E:$E,MATCH($B2808,SINAPI!$A:$A,0)),\"\")","v":"COMPOSIÇÃO"},{"$f":"IF(IFERROR(INDEX(COMPOSIÇÕES_IFMT!$B:$B,MATCH($A2802,COMPOSIÇÕES_IFMT!$A:$A,0)),\"\")<>\"\",OFFSET(COMPOSIÇÕES_IFMT!$A$1,MATCH($A2802,COMPOSIÇÕES_IFMT!$A:$A,0)+5,1),\"\")","v":88316},{"$f":"IFERROR(INDEX(SINAPI!$B:$B,MATCH($B2808,SINAPI!$A:$A,0)),\"\")","v":"SERVENTE COM ENCARGOS COMPLEMENTARES"},{"$f":"IFERROR(INDEX(SINAPI!$C:$C,MATCH($B2808,SINAPI!$A:$A,0)),\"\")","v":"H"},{"$f":"IF(IFERROR(INDEX(COMPOSIÇÕES_IFMT!$B:$B,MATCH($A2802,COMPOSIÇÕES_IFMT!$A:$A,0)),\"\")<>\"\",OFFSET(COMPOSIÇÕES_IFMT!$A$1,MATCH($A2802,COMPOSIÇÕES_IFMT!$A:$A,0)+5,4),\"\")","v":0.8},{"$f":"IFERROR(INDEX(SINAPI!$D:$D,MATCH($B2808,SINAPI!$A:$A,0)),0)","v":15.65},12.520000000000001]
[null,null,null,null,null,"TOTAL",{"$f":"SUM(G2803:G2808)","v":37.256880000000002}]
[]
[]
["CLASSE/TIPO","CÓDIGOS/ SINAPI","DESCRIÇÃO","UND","COEFICIENTE","PREÇO UNITÁRIO","PREÇO TOTAL"]
["IFMT 230.08.2020",{"$f":"IFERROR(INDEX(COMPOSIÇÕES_IFMT!$B:$B,MATCH($A2813,COMPOSIÇÕES_IFMT!$A:$A,0)),\"\")","v":".230/R"},{"$f":"IFERROR(INDEX(COMPOSIÇÕES_IFMT!$C:$C,MATCH($A2813,COMPOSIÇÕES_IFMT!$A:$A,0)),\"\")","v":"COMPACTACAO MECANICA C/ CONTROLE DO GC>=95% DO PN (AREAS) (C/MONIVELADORA 140 HP E ROLO COMPRESSOR VIBRATORIO 80 HP)"},{"$f":"IFERROR(INDEX(COMPOSIÇÕES_IFMT!$D:$D,MATCH($A2813,COMPOSIÇÕES_IFMT!$A:$A,0)),\"\")","v":"M3"},null,null,{"$f":"G2821","v":6.9090499999999997}]
[{"$f":"IFERROR(INDEX(SINAPI!$E:$E,MATCH($B2814,SINAPI!$A:$A,0)),\"\")","v":"COMPOSIÇÃO"},{"$f":"IF(IFERROR(INDEX(COMPOSIÇÕES_IFMT!$B:$B,MATCH($A2813,COMPOSIÇÕES_IFMT!$A:$A,0)),\"\")<>\"\",OFFSET(COMPOSIÇÕES_IFMT!$A$1,MATCH($A2813,COMPOSIÇÕES_IFMT!$A:$A,0),1),\"\")","v":5684},{"$f":"IFERROR(INDEX(SINAPI!$B:$B,MATCH($B2814,SINAPI!$A:$A,0)),\"\")","v":"ROLO COMPACTADOR VIBRATÓRIO DE UM CILINDRO AÇO LISO, POTÊNCIA 80 HP, PESO OPERACIONAL MÁXIMO 8,1 T, IMPACTO DINÂMICO 16,15 / 9,5 T, LARGURA DE TRABALHO 1,68 M - CHP DIURNO. AF_06/2014"},{"$f":"IFERROR(INDEX(SINAPI!$C:$C,MATCH($B2814,SINAPI!$A:$A,0)),\"\")","v":"CHP"},{"$f":"IF(IFERROR(INDEX(COMPOSIÇÕES_IFMT!$B:$B,MATCH($A2813,COMPOSIÇÕES_IFMT!$A:$A,0)),\"\")<>\"\",OFFSET(COMPOSIÇÕES_IFMT!$A$1,MATCH($A2813,COMPOSIÇÕES_IFMT!$A:$A,0),4),\"\")","v":5.0000000000000001E-3},{"$f":"IFERROR(INDEX(SINAPI!$D:$D,MATCH($B2814,SINAPI!$A:$A,0)),0)","v":114.17},{"$f":"IFERROR(F2814*E2814,0)","v":0.57084999999999997}]
[{"$f":"IFERROR(INDEX(SINAPI!$E:$E,MATCH($B2815,SINAPI!$A:$A,0)),\"\")","v":"COMPOSIÇÃO"},{"$f":"IF(IFERROR(INDEX(COMPOSIÇÕES_IFMT!$B:$B,MATCH($A2813,COMPOSIÇÕES_IFMT!$A:$A,0)),\"\")<>\"\",OFFSET(COMPOSIÇÕES_IFMT!$A$1,MATCH($A2813,COMPOSIÇÕES_IFMT!$A:$A,0)+1,1),\"\")","v":5921},{"$f":"IFERROR(INDEX(SINAPI!$B:$B,MATCH($B2815,SINAPI!$A:$A,0)),\"\")","v":"GRADE DE DISCO REBOCÁVEL COM 20 DISCOS 24\" X 6 MM COM PNEUS PARA TRANSPORTE - CHP DIURNO. AF_06/2014"},{"$f":"IFERROR(INDEX(SINAPI!$C:$C,MATCH($B2815,SINAPI!$A:$A,0)),\"\")","v":"CHP"},{"$f":"IF(IFERROR(INDEX(COMPOSIÇÕES_IFMT!$B:$B,MATCH($A2813,COMPOSIÇÕES_IFMT!$A:$A,0)),\"\")<>\"\",OFFSET(COMPOSIÇÕES_IFMT!$A$1,MATCH($A2813,COMPOSIÇÕES_IFMT!$A:$A,0)+1,4),\"\")","v":0.01},{"$f":"IFERROR(INDEX(SINAPI!$D:$D,MATCH($B2815,SINAPI!$A:$A,0)),0)","v":5.36},5.3600000000000002E-2]
[{"$f":"IFERROR(INDEX(SINAPI!$E:$E,MATCH($B2816,SINAPI!$A:$A,0)),\"\")","v":"COMPOSIÇÃO"},{"$f":"IF(IFERROR(INDEX(COMPOSIÇÕES_IFMT!$B:$B,MATCH($A2813,COMPOSIÇÕES_IFMT!$A:$A,0)),\"\")<>\"\",OFFSET(COMPOSIÇÕES_IFMT!$A$1,MATCH($A2813,COMPOSIÇÕES_IFMT!$A:$A,0)+2,1),\"\")","v":5932},{"$f":"IFERROR(INDEX(SINAPI!$B:$B,MATCH($B2816,SINAPI!$A:$A,0)),\"\")","v":"MOTONIVELADORA POTÊNCIA BÁSICA LÍQUIDA (PRIMEIRA MARCHA) 125 HP, PESO BRUTO 13032 KG, LARGURA DA LÂMINA DE 3,7 M - CHP DIURNO. AF_06/2014"},{"$f":"IFERROR(INDEX(SINAPI!$C:$C,MATCH($B2816,SINAPI!$A:$A,0)),\"\")","v":"CHP"},{"$f":"IF(IFERROR(INDEX(COMPOSIÇÕES_IFMT!$B:$B,MATCH($A2813,COMPOSIÇÕES_IFMT!$A:$A,0)),\"\")<>\"\",OFFSET(COMPOSIÇÕES_IFMT!$A$1,MATCH($A2813,COMPOSIÇÕES_IFMT!$A:$A,0)+2,4),\"\")","v":5.0000000000000001E-3},{"$f":"IFERROR(INDEX(SINAPI!$D:$D,MATCH($B2816,SINAPI!$A:$A,0)),0)","v":181.5},0.90749999999999997]
[{"$f":"IFERROR(INDEX(SINAPI!$E:$E,MATCH($B2817,SINAPI!$A:$A,0)),\"\")","v":"COMPOSIÇÃO"},{"$f":"IF(IFERROR(INDEX(COMPOSIÇÕES_IFMT!$B:$B,MATCH($A2813,COMPOSIÇÕES_IFMT!$A:$A,0)),\"\")<>\"\",OFFSET(COMPOSIÇÕES_IFMT!$A$1,MATCH($A2813,COMPOSIÇÕES_IFMT!$A:$A,0)+3,1),\"\")","v":6259},{"$f":"IFERROR(INDEX(SINAPI!$B:$B,MATCH($B2817,SINAPI!$A:$A,0)),\"\")","v":"CAMINHÃO PIPA 6.000 L, PESO BRUTO TOTAL 13.000 KG, DISTÂNCIA ENTRE EIXOS 4,80 M, POTÊNCIA 189 CV INCLUSIVE TANQUE DE AÇO PARA TRANSPORTE DE ÁGUA, CAPACIDADE 6 M3 - CHP DIURNO. AF_06/2014"},{"$f":"IFERROR(INDEX(SINAPI!$C:$C,MATCH($B2817,SINAPI!$A:$A,0)),\"\")","v":"CHP"},{"$f":"IF(IFERROR(INDEX(COMPOSIÇÕES_IFMT!$B:$B,MATCH($A2813,COMPOSIÇÕES_IFMT!$A:$A,0)),\"\")<>\"\",OFFSET(COMPOSIÇÕES_IFMT!$A$1,MATCH($A2813,COMPOSIÇÕES_IFMT!$A:$A,0)+3,4),\"\")","v":0.01},{"$f":"IFERROR(INDEX(SINAPI!$D:$D,MATCH($B2817,SINAPI!$A:$A,0)),0)","v":190.54},1.9054]
[{"$f":"IFERROR(INDEX(SINAPI!$E:$E,MATCH($B2818,SINAPI!$A:$A,0)),\"\")","v":"COMPOSIÇÃO"},{"$f":"IF(IFERROR(INDEX(COMPOSIÇÕES_IFMT!$B:$B,MATCH($A2813,COMPOSIÇÕES_IFMT!$A:$A,0)),\"\")<>\"\",OFFSET(COMPOSIÇÕES_IFMT!$A$1,MATCH($A2813,COMPOSIÇÕES_IFMT!$A:$A,0)+4,1),\"\")","v":7049},{"$f":"IFERROR(INDEX(SINAPI!$B:$B,MATCH($B2818,SINAPI!$A:$A,0)),\"\")","v":"ROLO COMPACTADOR PE DE CARNEIRO VIBRATORIO, POTENCIA 125 HP, PESO OPERACIONAL SEM/COM LASTRO 11,95 / 13,30 T, IMPACTO DINAMICO 38,5 / 22,5 T, LARGURA DE TRABALHO 2,15 M - CHP DIURNO. AF_06/2014"},{"$f":"IFERROR(INDEX(SINAPI!$C:$C,MATCH($B2818,SINAPI!$A:$A,0)),\"\")","v":"CHP"},{"$f":"IF(IFERROR(INDEX(COMPOSIÇÕES_IFMT!$B:$B,MATCH($A2813,COMPOSIÇÕES_IFMT!$A:$A,0)),\"\")<>\"\",OFFSET(COMPOSIÇÕES_IFMT!$A$1,MATCH($A2813,COMPOSIÇÕES_IFMT!$A:$A,0)+4,4),\"\")","v":0.01},{"$f":"IFERROR(INDEX(SINAPI!$D:$D,MATCH($B2818,SINAPI!$A:$A,0)),0)","v":160.78},1.6078000000000001]
[{"$f":"IFERROR(INDEX(SINAPI!$E:$E,MATCH($B2819,SINAPI!$A:$A,0)),\"\")","v":"COMPOSIÇÃO"},{"$f":"IF(IFERROR(INDEX(COMPOSIÇÕES_IFMT!$B:$B,MATCH($A2813,COMPOSIÇÕES_IFMT!$A:$A,0)),\"\")<>\"\",OFFSET(COMPOSIÇÕES_IFMT!$A$1,MATCH($A2813,COMPOSIÇÕES_IFMT!$A:$A,0)+5,1),\"\")","v":88316},{"$f":"IFERROR(INDEX(SINAPI!$B:$B,MATCH($B2819,SINAPI!$A:$A,0)),\"\")","v":"SERVENTE COM ENCARGOS COMPLEMENTARES"},{"$f":"IFERROR(INDEX(SINAPI!$C:$C,MATCH($B2819,SINAPI!$A:$A,0)),\"\")","v":"H"},{"$f":"IF(IFERROR(INDEX(COMPOSIÇÕES_IFMT!$B:$B,MATCH($A2813,COMPOSIÇÕES_IFMT!$A:$A,0)),\"\")<>\"\",OFFSET(COMPOSIÇÕES_IFMT!$A$1,MATCH($A2813,COMPOSIÇÕES_IFMT!$A:$A,0)+5,4),\"\")","v":0.03},{"$f":"IFERROR(INDEX(SINAPI!$D:$D,MATCH($B2819,SINAPI!$A:$A,0)),0)","v":15.65},0.46949999999999997]
[{"$f":"IFERROR(INDEX(SINAPI!$E:$E,MATCH($B2820,SINAPI!$A:$A,0)),\"\")","v":"COMPOSIÇÃO"},{"$f":"IF(IFERROR(INDEX(COMPOSIÇÕES_IFMT!$B:$B,MATCH($A2813,COMPOSIÇÕES_IFMT!$A:$A,0)),\"\")<>\"\",OFFSET(COMPOSIÇÕES_IFMT!$A$1,MATCH($A2813,COMPOSIÇÕES_IFMT!$A:$A,0)+6,1),\"\")","v":89035},{"$f":"IFERROR(INDEX(SINAPI!$B:$B,MATCH($B2820,SINAPI!$A:$A,0)),\"\")","v":"TRATOR DE PNEUS, POTÊNCIA 85 CV, TRAÇÃO 4X4, PESO COM LASTRO DE 4.675 KG - CHP DIURNO. AF_06/2014"},{"$f":"IFERROR(INDEX(SINAPI!$C:$C,MATCH($B2820,SINAPI!$A:$A,0)),\"\")","v":"CHP"},{"$f":"IF(IFERROR(INDEX(COMPOSIÇÕES_IFMT!$B:$B,MATCH($A2813,COMPOSIÇÕES_IFMT!$A:$A,0)),\"\")<>\"\",OFFSET(COMPOSIÇÕES_IFMT!$A$1,MATCH($A2813,COMPOSIÇÕES_IFMT!$A:$A,0)+6,4),\"\")","v":0.01},{"$f":"IFERROR(INDEX(SINAPI!$D:$D,MATCH($B2820,SINAPI!$A:$A,0)),0)","v":139.44},1.3944000000000001]
[null,null,null,null,null,"TOTAL",{"$f":"SUM(G2814:G2820)","v":6.9090499999999997}]
[]
[]
["CLASSE/TIPO","CÓDIGOS/ SINAPI","DESCRIÇÃO","UND","COEFICIENTE","PREÇO UNITÁRIO","PREÇO TOTAL"]
["IFMT 231.08.2020",{"$f":"IFERROR(INDEX(COMPOSIÇÕES_IFMT!$B:$B,MATCH($A2825,COMPOSIÇÕES_IFMT!$A:$A,0)),\"\")","v":".231/R"},{"$f":"IFERROR(INDEX(COMPOSIÇÕES_IFMT!$C:$C,MATCH($A2825,COMPOSIÇÕES_IFMT!$A:$A,0)),\"\")","v":"BASE DE SOLO COMPACTACAO 100% PROCTOR MODIFICADO, EXCLUSIVE ESCAVACAO, CARGA E TRANSPORTE"},{"$f":"IFERROR(INDEX(COMPOSIÇÕES_IFMT!$D:$D,MATCH($A2825,COMPOSIÇÕES_IFMT!$A:$A,0)),\"\")","v":"M3"},null,null,{"$f":"G2838","v":69.367696050000021}]
[{"$f":"IFERROR(INDEX(SINAPI!$E:$E,MATCH($B2826,SINAPI!$A:$A,0)),\"\")","v":"INSUMO"},{"$f":"IF(IFERROR(INDEX(COMPOSIÇÕES_IFMT!$B:$B,MATCH($A2825,COMPOSIÇÕES_IFMT!$A:$A,0)),\"\")<>\"\",OFFSET(COMPOSIÇÕES_IFMT!$A$1,MATCH($A2825,COMPOSIÇÕES_IFMT!$A:$A,0),1),\"\")","v":4721},{"$f":"IFERROR(INDEX(SINAPI!$B:$B,MATCH($B2826,SINAPI!$A:$A,0)),\"\")","v":"PEDRA BRITADA N. 1 (9,5 a 19 MM) POSTO PEDREIRA/FORNECEDOR, SEM FRETE                                                                                                                                                                                                                                                                                                                                                                                                                                     "},{"$f":"IFERROR(INDEX(SINAPI!$C:$C,MATCH($B2826,SINAPI!$A:$A,0)),\"\")","v":"M3    "},{"$f":"IF(IFERROR(INDEX(COMPOSIÇÕES_IFMT!$B:$B,MATCH($A2825,COMPOSIÇÕES_IFMT!$A:$A,0)),\"\")<>\"\",OFFSET(COMPOSIÇÕES_IFMT!$A$1,MATCH($A2825,COMPOSIÇÕES_IFMT!$A:$A,0),4),\"\")","v":0.73299999999999998},{"$f":"IFERROR(INDEX(SINAPI!$D:$D,MATCH($B2826,SINAPI!$A:$A,0)),0)","v":79.430000000000007},{"$f":"IFERROR(F2826*E2826,0)","v":58.222190000000005}]
[{"$f":"IFERROR(INDEX(SINAPI!$E:$E,MATCH($B2827,SINAPI!$A:$A,0)),\"\")","v":"COMPOSIÇÃO"},{"$f":"IF(IFERROR(INDEX(COMPOSIÇÕES_IFMT!$B:$B,MATCH($A2825,COMPOSIÇÕES_IFMT!$A:$A,0)),\"\")<>\"\",OFFSET(COMPOSIÇÕES_IFMT!$A$1,MATCH($A2825,COMPOSIÇÕES_IFMT!$A:$A,0)+1,1),\"\")","v":5684},{"$f":"IFERROR(INDEX(SINAPI!$B:$B,MATCH($B2827,SINAPI!$A:$A,0)),\"\")","v":"ROLO COMPACTADOR VIBRATÓRIO DE UM CILINDRO AÇO LISO, POTÊNCIA 80 HP, PESO OPERACIONAL MÁXIMO 8,1 T, IMPACTO DINÂMICO 16,15 / 9,5 T, LARGURA DE TRABALHO 1,68 M - CHP DIURNO. AF_06/2014"},{"$f":"IFERROR(INDEX(SINAPI!$C:$C,MATCH($B2827,SINAPI!$A:$A,0)),\"\")","v":"CHP"},{"$f":"IF(IFERROR(INDEX(COMPOSIÇÕES_IFMT!$B:$B,MATCH($A2825,COMPOSIÇÕES_IFMT!$A:$A,0)),\"\")<>\"\",OFFSET(COMPOSIÇÕES_IFMT!$A$1,MATCH($A2825,COMPOSIÇÕES_IFMT!$A:$A,0)+1,4),\"\")","v":1.3313999999999999E-2},{"$f":"IFERROR(INDEX(SINAPI!$D:$D,MATCH($B2827,SINAPI!$A:$A,0)),0)","v":114.17},1.52005938]
[{"$f":"IFERROR(INDEX(SINAPI!$E:$E,MATCH($B2828,SINAPI!$A:$A,0)),\"\")","v":"COMPOSIÇÃO"},{"$f":"IF(IFERROR(INDEX(COMPOSIÇÕES_IFMT!$B:$B,MATCH($A2825,COMPOSIÇÕES_IFMT!$A:$A,0)),\"\")<>\"\",OFFSET(COMPOSIÇÕES_IFMT!$A$1,MATCH($A2825,COMPOSIÇÕES_IFMT!$A:$A,0)+2,1),\"\")","v":5932},{"$f":"IFERROR(INDEX(SINAPI!$B:$B,MATCH($B2828,SINAPI!$A:$A,0)),\"\")","v":"MOTONIVELADORA POTÊNCIA BÁSICA LÍQUIDA (PRIMEIRA MARCHA) 125 HP, PESO BRUTO 13032 KG, LARGURA DA LÂMINA DE 3,7 M - CHP DIURNO. AF_06/2014"},{"$f":"IFERROR(INDEX(SINAPI!$C:$C,MATCH($B2828,SINAPI!$A:$A,0)),\"\")","v":"CHP"},{"$f":"IF(IFERROR(INDEX(COMPOSIÇÕES_IFMT!$B:$B,MATCH($A2825,COMPOSIÇÕES_IFMT!$A:$A,0)),\"\")<>\"\",OFFSET(COMPOSIÇÕES_IFMT!$A$1,MATCH($A2825,COMPOSIÇÕES_IFMT!$A:$A,0)+2,4),\"\")","v":2.2396E-3},{"$f":"IFERROR(INDEX(SINAPI!$D:$D,MATCH($B2828,SINAPI!$A:$A,0)),0)","v":181.5},0.4064874]
[{"$f":"IFERROR(INDEX(SINAPI!$E:$E,MATCH($B2829,SINAPI!$A:$A,0)),\"\")","v":"COMPOSIÇÃO"},{"$f":"IF(IFERROR(INDEX(COMPOSIÇÕES_IFMT!$B:$B,MATCH($A2825,COMPOSIÇÕES_IFMT!$A:$A,0)),\"\")<>\"\",OFFSET(COMPOSIÇÕES_IFMT!$A$1,MATCH($A2825,COMPOSIÇÕES_IFMT!$A:$A,0)+3,1),\"\")","v":5934},{"$f":"IFERROR(INDEX(SINAPI!$B:$B,MATCH($B2829,SINAPI!$A:$A,0)),\"\")","v":"MOTONIVELADORA POTÊNCIA BÁSICA LÍQUIDA (PRIMEIRA MARCHA) 125 HP, PESO BRUTO 13032 KG, LARGURA DA LÂMINA DE 3,7 M - CHI DIURNO. AF_06/2014"},{"$f":"IFERROR(INDEX(SINAPI!$C:$C,MATCH($B2829,SINAPI!$A:$A,0)),\"\")","v":"CHI"},{"$f":"IF(IFERROR(INDEX(COMPOSIÇÕES_IFMT!$B:$B,MATCH($A2825,COMPOSIÇÕES_IFMT!$A:$A,0)),\"\")<>\"\",OFFSET(COMPOSIÇÕES_IFMT!$A$1,MATCH($A2825,COMPOSIÇÕES_IFMT!$A:$A,0)+3,4),\"\")","v":1.0917E-2},{"$f":"IFERROR(INDEX(SINAPI!$D:$D,MATCH($B2829,SINAPI!$A:$A,0)),0)","v":59.65},0.65119905]
[{"$f":"IFERROR(INDEX(SINAPI!$E:$E,MATCH($B2830,SINAPI!$A:$A,0)),\"\")","v":"COMPOSIÇÃO"},{"$f":"IF(IFERROR(INDEX(COMPOSIÇÕES_IFMT!$B:$B,MATCH($A2825,COMPOSIÇÕES_IFMT!$A:$A,0)),\"\")<>\"\",OFFSET(COMPOSIÇÕES_IFMT!$A$1,MATCH($A2825,COMPOSIÇÕES_IFMT!$A:$A,0)+4,1),\"\")","v":5944},{"$f":"IFERROR(INDEX(SINAPI!$B:$B,MATCH($B2830,SINAPI!$A:$A,0)),\"\")","v":"PÁ CARREGADEIRA SOBRE RODAS, POTÊNCIA 197 HP, CAPACIDADE DA CAÇAMBA 2,5 A 3,5 M3, PESO OPERACIONAL 18338 KG - CHP DIURNO. AF_06/2014"},{"$f":"IFERROR(INDEX(SINAPI!$C:$C,MATCH($B2830,SINAPI!$A:$A,0)),\"\")","v":"CHP"},{"$f":"IF(IFERROR(INDEX(COMPOSIÇÕES_IFMT!$B:$B,MATCH($A2825,COMPOSIÇÕES_IFMT!$A:$A,0)),\"\")<>\"\",OFFSET(COMPOSIÇÕES_IFMT!$A$1,MATCH($A2825,COMPOSIÇÕES_IFMT!$A:$A,0)+4,4),\"\")","v":8.7869999999999997E-3},{"$f":"IFERROR(INDEX(SINAPI!$D:$D,MATCH($B2830,SINAPI!$A:$A,0)),0)","v":178.09},1.56487683]
[{"$f":"IFERROR(INDEX(SINAPI!$E:$E,MATCH($B2831,SINAPI!$A:$A,0)),\"\")","v":"COMPOSIÇÃO"},{"$f":"IF(IFERROR(INDEX(COMPOSIÇÕES_IFMT!$B:$B,MATCH($A2825,COMPOSIÇÕES_IFMT!$A:$A,0)),\"\")<>\"\",OFFSET(COMPOSIÇÕES_IFMT!$A$1,MATCH($A2825,COMPOSIÇÕES_IFMT!$A:$A,0)+5,1),\"\")","v":5946},{"$f":"IFERROR(INDEX(SINAPI!$B:$B,MATCH($B2831,SINAPI!$A:$A,0)),\"\")","v":"PÁ CARREGADEIRA SOBRE RODAS, POTÊNCIA 197 HP, CAPACIDADE DA CAÇAMBA 2,5 A 3,5 M3, PESO OPERACIONAL 18338 KG - CHI DIURNO. AF_06/2014"},{"$f":"IFERROR(INDEX(SINAPI!$C:$C,MATCH($B2831,SINAPI!$A:$A,0)),\"\")","v":"CHI"},{"$f":"IF(IFERROR(INDEX(COMPOSIÇÕES_IFMT!$B:$B,MATCH($A2825,COMPOSIÇÕES_IFMT!$A:$A,0)),\"\")<>\"\",OFFSET(COMPOSIÇÕES_IFMT!$A$1,MATCH($A2825,COMPOSIÇÕES_IFMT!$A:$A,0)+5,4),\"\")","v":4.5269999999999998E-3},{"$f":"IFERROR(INDEX(SINAPI!$D:$D,MATCH($B2831,SINAPI!$A:$A,0)),0)","v":65.53},0.29665430999999998]
[{"$f":"IFERROR(INDEX(SINAPI!$E:$E,MATCH($B2832,SINAPI!$A:$A,0)),\"\")","v":"COMPOSIÇÃO"},{"$f":"IF(IFERROR(INDEX(COMPOSIÇÕES_IFMT!$B:$B,MATCH($A2825,COMPOSIÇÕES_IFMT!$A:$A,0)),\"\")<>\"\",OFFSET(COMPOSIÇÕES_IFMT!$A$1,MATCH($A2825,COMPOSIÇÕES_IFMT!$A:$A,0)+6,1),\"\")","v":6879},{"$f":"IFERROR(INDEX(SINAPI!$B:$B,MATCH($B2832,SINAPI!$A:$A,0)),\"\")","v":"ROLO COMPACTADOR DE PNEUS ESTÁTICO, PRESSÃO VARIÁVEL, POTÊNCIA 111 HP, PESO SEM/COM LASTRO 9,5 / 26 T, LARGURA DE TRABALHO 1,90 M - CHP DIURNO. AF_07/2014"},{"$f":"IFERROR(INDEX(SINAPI!$C:$C,MATCH($B2832,SINAPI!$A:$A,0)),\"\")","v":"CHP"},{"$f":"IF(IFERROR(INDEX(COMPOSIÇÕES_IFMT!$B:$B,MATCH($A2825,COMPOSIÇÕES_IFMT!$A:$A,0)),\"\")<>\"\",OFFSET(COMPOSIÇÕES_IFMT!$A$1,MATCH($A2825,COMPOSIÇÕES_IFMT!$A:$A,0)+6,4),\"\")","v":3.1949999999999999E-3},{"$f":"IFERROR(INDEX(SINAPI!$D:$D,MATCH($B2832,SINAPI!$A:$A,0)),0)","v":149.4},0.47733300000000001]
[{"$f":"IFERROR(INDEX(SINAPI!$E:$E,MATCH($B2833,SINAPI!$A:$A,0)),\"\")","v":"COMPOSIÇÃO"},{"$f":"IF(IFERROR(INDEX(COMPOSIÇÕES_IFMT!$B:$B,MATCH($A2825,COMPOSIÇÕES_IFMT!$A:$A,0)),\"\")<>\"\",OFFSET(COMPOSIÇÕES_IFMT!$A$1,MATCH($A2825,COMPOSIÇÕES_IFMT!$A:$A,0)+7,1),\"\")","v":6880},{"$f":"IFERROR(INDEX(SINAPI!$B:$B,MATCH($B2833,SINAPI!$A:$A,0)),\"\")","v":"ROLO COMPACTADOR DE PNEUS ESTÁTICO, PRESSÃO VARIÁVEL, POTÊNCIA 111 HP, PESO SEM/COM LASTRO 9,5 / 26 T, LARGURA DE TRABALHO 1,90 M - CHI DIURNO. AF_07/2014"},{"$f":"IFERROR(INDEX(SINAPI!$C:$C,MATCH($B2833,SINAPI!$A:$A,0)),\"\")","v":"CHI"},{"$f":"IF(IFERROR(INDEX(COMPOSIÇÕES_IFMT!$B:$B,MATCH($A2825,COMPOSIÇÕES_IFMT!$A:$A,0)),\"\")<>\"\",OFFSET(COMPOSIÇÕES_IFMT!$A$1,MATCH($A2825,COMPOSIÇÕES_IFMT!$A:$A,0)+7,4),\"\")","v":1.0118E-2},{"$f":"IFERROR(INDEX(SINAPI!$D:$D,MATCH($B2833,SINAPI!$A:$A,0)),0)","v":53.65},0.5428307]
[{"$f":"IFERROR(INDEX(SINAPI!$E:$E,MATCH($B2834,SINAPI!$A:$A,0)),\"\")","v":"COMPOSIÇÃO"},{"$f":"IF(IFERROR(INDEX(COMPOSIÇÕES_IFMT!$B:$B,MATCH($A2825,COMPOSIÇÕES_IFMT!$A:$A,0)),\"\")<>\"\",OFFSET(COMPOSIÇÕES_IFMT!$A$1,MATCH($A2825,COMPOSIÇÕES_IFMT!$A:$A,0)+8,1),\"\")","v":73417},{"$f":"IFERROR(INDEX(SINAPI!$B:$B,MATCH($B2834,SINAPI!$A:$A,0)),\"\")","v":"GRUPO GERADOR ESTACIONÁRIO, MOTOR DIESEL POTÊNCIA 170 KVA - CHP DIURNO. AF_02/2016"},{"$f":"IFERROR(INDEX(SINAPI!$C:$C,MATCH($B2834,SINAPI!$A:$A,0)),\"\")","v":"CHP"},{"$f":"IF(IFERROR(INDEX(COMPOSIÇÕES_IFMT!$B:$B,MATCH($A2825,COMPOSIÇÕES_IFMT!$A:$A,0)),\"\")<>\"\",OFFSET(COMPOSIÇÕES_IFMT!$A$1,MATCH($A2825,COMPOSIÇÕES_IFMT!$A:$A,0)+8,4),\"\")","v":1.1050000000000001E-2},{"$f":"IFERROR(INDEX(SINAPI!$D:$D,MATCH($B2834,SINAPI!$A:$A,0)),0)","v":155.61000000000001},1.7194905000000003]
[{"$f":"IFERROR(INDEX(SINAPI!$E:$E,MATCH($B2835,SINAPI!$A:$A,0)),\"\")","v":"COMPOSIÇÃO"},{"$f":"IF(IFERROR(INDEX(COMPOSIÇÕES_IFMT!$B:$B,MATCH($A2825,COMPOSIÇÕES_IFMT!$A:$A,0)),\"\")<>\"\",OFFSET(COMPOSIÇÕES_IFMT!$A$1,MATCH($A2825,COMPOSIÇÕES_IFMT!$A:$A,0)+9,1),\"\")","v":88316},{"$f":"IFERROR(INDEX(SINAPI!$B:$B,MATCH($B2835,SINAPI!$A:$A,0)),\"\")","v":"SERVENTE COM ENCARGOS COMPLEMENTARES"},{"$f":"IFERROR(INDEX(SINAPI!$C:$C,MATCH($B2835,SINAPI!$A:$A,0)),\"\")","v":"H"},{"$f":"IF(IFERROR(INDEX(COMPOSIÇÕES_IFMT!$B:$B,MATCH($A2825,COMPOSIÇÕES_IFMT!$A:$A,0)),\"\")<>\"\",OFFSET(COMPOSIÇÕES_IFMT!$A$1,MATCH($A2825,COMPOSIÇÕES_IFMT!$A:$A,0)+9,4),\"\")","v":5.3254999999999997E-2},{"$f":"IFERROR(INDEX(SINAPI!$D:$D,MATCH($B2835,SINAPI!$A:$A,0)),0)","v":15.65},0.83344074999999995]
[{"$f":"IFERROR(INDEX(SINAPI!$E:$E,MATCH($B2836,SINAPI!$A:$A,0)),\"\")","v":"COMPOSIÇÃO"},{"$f":"IF(IFERROR(INDEX(COMPOSIÇÕES_IFMT!$B:$B,MATCH($A2825,COMPOSIÇÕES_IFMT!$A:$A,0)),\"\")<>\"\",OFFSET(COMPOSIÇÕES_IFMT!$A$1,MATCH($A2825,COMPOSIÇÕES_IFMT!$A:$A,0)+10,1),\"\")","v":95121},{"$f":"IFERROR(INDEX(SINAPI!$B:$B,MATCH($B2836,SINAPI!$A:$A,0)),\"\")","v":"USINA MISTURADORA DE SOLOS, CAPACIDADE DE 200 A 500 TON/H, POTENCIA 75KW - CHP DIURNO. AF_07/2016"},{"$f":"IFERROR(INDEX(SINAPI!$C:$C,MATCH($B2836,SINAPI!$A:$A,0)),\"\")","v":"CHP"},{"$f":"IF(IFERROR(INDEX(COMPOSIÇÕES_IFMT!$B:$B,MATCH($A2825,COMPOSIÇÕES_IFMT!$A:$A,0)),\"\")<>\"\",OFFSET(COMPOSIÇÕES_IFMT!$A$1,MATCH($A2825,COMPOSIÇÕES_IFMT!$A:$A,0)+10,4),\"\")","v":1.1050000000000001E-2},{"$f":"IFERROR(INDEX(SINAPI!$D:$D,MATCH($B2836,SINAPI!$A:$A,0)),0)","v":255.38},2.821949]
[{"$f":"IFERROR(INDEX(SINAPI!$E:$E,MATCH($B2837,SINAPI!$A:$A,0)),\"\")","v":"COMPOSIÇÃO"},{"$f":"IF(IFERROR(INDEX(COMPOSIÇÕES_IFMT!$B:$B,MATCH($A2825,COMPOSIÇÕES_IFMT!$A:$A,0)),\"\")<>\"\",OFFSET(COMPOSIÇÕES_IFMT!$A$1,MATCH($A2825,COMPOSIÇÕES_IFMT!$A:$A,0)+11,1),\"\")","v":95122},{"$f":"IFERROR(INDEX(SINAPI!$B:$B,MATCH($B2837,SINAPI!$A:$A,0)),\"\")","v":"USINA MISTURADORA DE SOLOS, CAPACIDADE DE 200 A 500 TON/H, POTENCIA 75KW - CHI DIURNO. AF_07/2016"},{"$f":"IFERROR(INDEX(SINAPI!$C:$C,MATCH($B2837,SINAPI!$A:$A,0)),\"\")","v":"CHI"},{"$f":"IF(IFERROR(INDEX(COMPOSIÇÕES_IFMT!$B:$B,MATCH($A2825,COMPOSIÇÕES_IFMT!$A:$A,0)),\"\")<>\"\",OFFSET(COMPOSIÇÕES_IFMT!$A$1,MATCH($A2825,COMPOSIÇÕES_IFMT!$A:$A,0)+11,4),\"\")","v":2.2629999999999998E-3},{"$f":"IFERROR(INDEX(SINAPI!$D:$D,MATCH($B2837,SINAPI!$A:$A,0)),0)","v":137.51},0.31118512999999998]
[null,null,null,null,null,"TOTAL",{"$f":"SUM(G2826:G2837)","v":69.367696050000021}]
[]
[]
["CLASSE/TIPO","CÓDIGOS/ SINAPI","DESCRIÇÃO","UND","COEFICIENTE","PREÇO UNITÁRIO","PREÇO TOTAL"]
["IFMT 211.06.2020",{"$f":"IFERROR(INDEX(COMPOSIÇÕES_IFMT!$B:$B,MATCH($A2842,COMPOSIÇÕES_IFMT!$A:$A,0)),\"\")","v":".211/R"},{"$f":"IFERROR(INDEX(COMPOSIÇÕES_IFMT!$C:$C,MATCH($A2842,COMPOSIÇÕES_IFMT!$A:$A,0)),\"\")","v":"PLACA DE OBRA EM CHAPA DE ACO GALVANIZADO"},{"$f":"IFERROR(INDEX(COMPOSIÇÕES_IFMT!$D:$D,MATCH($A2842,COMPOSIÇÕES_IFMT!$A:$A,0)),\"\")","v":"M2"},null,null,{"$f":"G2850","v":318.17539999999991}]
[{"$f":"IFERROR(INDEX(SINAPI!$E:$E,MATCH($B2843,SINAPI!$A:$A,0)),\"\")","v":"INSUMO"},{"$f":"IF(IFERROR(INDEX(COMPOSIÇÕES_IFMT!$B:$B,MATCH($A2842,COMPOSIÇÕES_IFMT!$A:$A,0)),\"\")<>\"\",OFFSET(COMPOSIÇÕES_IFMT!$A$1,MATCH($A2842,COMPOSIÇÕES_IFMT!$A:$A,0),1),\"\")","v":4417},{"$f":"IFERROR(INDEX(SINAPI!$B:$B,MATCH($B2843,SINAPI!$A:$A,0)),\"\")","v":"SARRAFO NAO APARELHADO *2,5 X 7* CM, EM MACARANDUBA, ANGELIM OU EQUIVALENTE DA REGIAO -  BRUTA                                                                                                                                                                                                                                                                                                                                                                                                            "},{"$f":"IFERROR(INDEX(SINAPI!$C:$C,MATCH($B2843,SINAPI!$A:$A,0)),\"\")","v":"M     "},{"$f":"IF(IFERROR(INDEX(COMPOSIÇÕES_IFMT!$B:$B,MATCH($A2842,COMPOSIÇÕES_IFMT!$A:$A,0)),\"\")<>\"\",OFFSET(COMPOSIÇÕES_IFMT!$A$1,MATCH($A2842,COMPOSIÇÕES_IFMT!$A:$A,0),4),\"\")","v":1},{"$f":"IFERROR(INDEX(SINAPI!$D:$D,MATCH($B2843,SINAPI!$A:$A,0)),0)","v":4.13},{"$f":"IFERROR(F2843*E2843,0)","v":4.13}]
[{"$f":"IFERROR(INDEX(SINAPI!$E:$E,MATCH($B2844,SINAPI!$A:$A,0)),\"\")","v":"INSUMO"},{"$f":"IF(IFERROR(INDEX(COMPOSIÇÕES_IFMT!$B:$B,MATCH($A2842,COMPOSIÇÕES_IFMT!$A:$A,0)),\"\")<>\"\",OFFSET(COMPOSIÇÕES_IFMT!$A$1,MATCH($A2842,COMPOSIÇÕES_IFMT!$A:$A,0)+1,1),\"\")","v":4491},{"$f":"IFERROR(INDEX(SINAPI!$B:$B,MATCH($B2844,SINAPI!$A:$A,0)),\"\")","v":"PONTALETE *7,5 X 7,5* CM EM PINUS, MISTA OU EQUIVALENTE DA REGIAO - BRUTA                                                                                                                                                                                                                                                                                                                                                                                                                                 "},{"$f":"IFERROR(INDEX(SINAPI!$C:$C,MATCH($B2844,SINAPI!$A:$A,0)),\"\")","v":"M     "},{"$f":"IF(IFERROR(INDEX(COMPOSIÇÕES_IFMT!$B:$B,MATCH($A2842,COMPOSIÇÕES_IFMT!$A:$A,0)),\"\")<>\"\",OFFSET(COMPOSIÇÕES_IFMT!$A$1,MATCH($A2842,COMPOSIÇÕES_IFMT!$A:$A,0)+1,4),\"\")","v":4},{"$f":"IFERROR(INDEX(SINAPI!$D:$D,MATCH($B2844,SINAPI!$A:$A,0)),0)","v":8.1300000000000008},32.520000000000003]
[{"$f":"IFERROR(INDEX(SINAPI!$E:$E,MATCH($B2845,SINAPI!$A:$A,0)),\"\")","v":"INSUMO"},{"$f":"IF(IFERROR(INDEX(COMPOSIÇÕES_IFMT!$B:$B,MATCH($A2842,COMPOSIÇÕES_IFMT!$A:$A,0)),\"\")<>\"\",OFFSET(COMPOSIÇÕES_IFMT!$A$1,MATCH($A2842,COMPOSIÇÕES_IFMT!$A:$A,0)+2,1),\"\")","v":4813},{"$f":"IFERROR(INDEX(SINAPI!$B:$B,MATCH($B2845,SINAPI!$A:$A,0)),\"\")","v":"PLACA DE OBRA (PARA CONSTRUCAO CIVIL) EM CHAPA GALVANIZADA *N. 22*, ADESIVADA, DE *2,0 X 1,125* M                                                                                                                                                                                                                                                                                                                                                                                                         "},{"$f":"IFERROR(INDEX(SINAPI!$C:$C,MATCH($B2845,SINAPI!$A:$A,0)),\"\")","v":"M2    "},{"$f":"IF(IFERROR(INDEX(COMPOSIÇÕES_IFMT!$B:$B,MATCH($A2842,COMPOSIÇÕES_IFMT!$A:$A,0)),\"\")<>\"\",OFFSET(COMPOSIÇÕES_IFMT!$A$1,MATCH($A2842,COMPOSIÇÕES_IFMT!$A:$A,0)+2,4),\"\")","v":1},{"$f":"IFERROR(INDEX(SINAPI!$D:$D,MATCH($B2845,SINAPI!$A:$A,0)),0)","v":225},225]
[{"$f":"IFERROR(INDEX(SINAPI!$E:$E,MATCH($B2846,SINAPI!$A:$A,0)),\"\")","v":"INSUMO"},{"$f":"IF(IFERROR(INDEX(COMPOSIÇÕES_IFMT!$B:$B,MATCH($A2842,COMPOSIÇÕES_IFMT!$A:$A,0)),\"\")<>\"\",OFFSET(COMPOSIÇÕES_IFMT!$A$1,MATCH($A2842,COMPOSIÇÕES_IFMT!$A:$A,0)+3,1),\"\")","v":5075},{"$f":"IFERROR(INDEX(SINAPI!$B:$B,MATCH($B2846,SINAPI!$A:$A,0)),\"\")","v":"PREGO DE ACO POLIDO COM CABECA 18 X 30 (2 3/4 X 10)                                                                                                                                                                                                                                                                                                                                                                                                                                                       "},{"$f":"IFERROR(INDEX(SINAPI!$C:$C,MATCH($B2846,SINAPI!$A:$A,0)),\"\")","v":"KG    "},{"$f":"IF(IFERROR(INDEX(COMPOSIÇÕES_IFMT!$B:$B,MATCH($A2842,COMPOSIÇÕES_IFMT!$A:$A,0)),\"\")<>\"\",OFFSET(COMPOSIÇÕES_IFMT!$A$1,MATCH($A2842,COMPOSIÇÕES_IFMT!$A:$A,0)+3,4),\"\")","v":0.11},{"$f":"IFERROR(INDEX(SINAPI!$D:$D,MATCH($B2846,SINAPI!$A:$A,0)),0)","v":23.35},2.5685000000000002]
[{"$f":"IFERROR(INDEX(SINAPI!$E:$E,MATCH($B2847,SINAPI!$A:$A,0)),\"\")","v":"COMPOSIÇÃO"},{"$f":"IF(IFERROR(INDEX(COMPOSIÇÕES_IFMT!$B:$B,MATCH($A2842,COMPOSIÇÕES_IFMT!$A:$A,0)),\"\")<>\"\",OFFSET(COMPOSIÇÕES_IFMT!$A$1,MATCH($A2842,COMPOSIÇÕES_IFMT!$A:$A,0)+4,1),\"\")","v":88262},{"$f":"IFERROR(INDEX(SINAPI!$B:$B,MATCH($B2847,SINAPI!$A:$A,0)),\"\")","v":"CARPINTEIRO DE FORMAS COM ENCARGOS COMPLEMENTARES"},{"$f":"IFERROR(INDEX(SINAPI!$C:$C,MATCH($B2847,SINAPI!$A:$A,0)),\"\")","v":"H"},{"$f":"IF(IFERROR(INDEX(COMPOSIÇÕES_IFMT!$B:$B,MATCH($A2842,COMPOSIÇÕES_IFMT!$A:$A,0)),\"\")<>\"\",OFFSET(COMPOSIÇÕES_IFMT!$A$1,MATCH($A2842,COMPOSIÇÕES_IFMT!$A:$A,0)+4,4),\"\")","v":1},{"$f":"IFERROR(INDEX(SINAPI!$D:$D,MATCH($B2847,SINAPI!$A:$A,0)),0)","v":19.649999999999999},19.649999999999999]
[{"$f":"IFERROR(INDEX(SINAPI!$E:$E,MATCH($B2848,SINAPI!$A:$A,0)),\"\")","v":"COMPOSIÇÃO"},{"$f":"IF(IFERROR(INDEX(COMPOSIÇÕES_IFMT!$B:$B,MATCH($A2842,COMPOSIÇÕES_IFMT!$A:$A,0)),\"\")<>\"\",OFFSET(COMPOSIÇÕES_IFMT!$A$1,MATCH($A2842,COMPOSIÇÕES_IFMT!$A:$A,0)+5,1),\"\")","v":88316},{"$f":"IFERROR(INDEX(SINAPI!$B:$B,MATCH($B2848,SINAPI!$A:$A,0)),\"\")","v":"SERVENTE COM ENCARGOS COMPLEMENTARES"},{"$f":"IFERROR(INDEX(SINAPI!$C:$C,MATCH($B2848,SINAPI!$A:$A,0)),\"\")","v":"H"},{"$f":"IF(IFERROR(INDEX(COMPOSIÇÕES_IFMT!$B:$B,MATCH($A2842,COMPOSIÇÕES_IFMT!$A:$A,0)),\"\")<>\"\",OFFSET(COMPOSIÇÕES_IFMT!$A$1,MATCH($A2842,COMPOSIÇÕES_IFMT!$A:$A,0)+5,4),\"\")","v":2},{"$f":"IFERROR(INDEX(SINAPI!$D:$D,MATCH($B2848,SINAPI!$A:$A,0)),0)","v":15.65},31.3]
[{"$f":"IFERROR(INDEX(SINAPI!$E:$E,MATCH($B2849,SINAPI!$A:$A,0)),\"\")","v":"COMPOSIÇÃO"},{"$f":"IF(IFERROR(INDEX(COMPOSIÇÕES_IFMT!$B:$B,MATCH($A2842,COMPOSIÇÕES_IFMT!$A:$A,0)),\"\")<>\"\",OFFSET(COMPOSIÇÕES_IFMT!$A$1,MATCH($A2842,COMPOSIÇÕES_IFMT!$A:$A,0)+6,1),\"\")","v":94962},{"$f":"IFERROR(INDEX(SINAPI!$B:$B,MATCH($B2849,SINAPI!$A:$A,0)),\"\")","v":"CONCRETO MAGRO PARA LASTRO, TRAÇO 1:4,5:4,5 (EM MASSA SECA DE CIMENTO/ AREIA MÉDIA/ BRITA 1) - PREPARO MECÂNICO COM BETONEIRA 400 L. AF_05/2021"},{"$f":"IFERROR(INDEX(SINAPI!$C:$C,MATCH($B2849,SINAPI!$A:$A,0)),\"\")","v":"M3"},{"$f":"IF(IFERROR(INDEX(COMPOSIÇÕES_IFMT!$B:$B,MATCH($A2842,COMPOSIÇÕES_IFMT!$A:$A,0)),\"\")<>\"\",OFFSET(COMPOSIÇÕES_IFMT!$A$1,MATCH($A2842,COMPOSIÇÕES_IFMT!$A:$A,0)+6,4),\"\")","v":0.01},{"$f":"IFERROR(INDEX(SINAPI!$D:$D,MATCH($B2849,SINAPI!$A:$A,0)),0)","v":300.69},3.0068999999999999]
[null,null,null,null,null,"TOTAL",{"$f":"SUM(G2843:G2849)","v":318.17539999999991}]
[]
[]
["CLASSE/TIPO","CÓDIGOS/ SINAPI","DESCRIÇÃO","UND","COEFICIENTE","PREÇO UNITÁRIO","PREÇO TOTAL"]
["IFMT 232.08.2020",{"$f":"IFERROR(INDEX(COMPOSIÇÕES_IFMT!$B:$B,MATCH($A2854,COMPOSIÇÕES_IFMT!$A:$A,0)),\"\")","v":".232/R"},{"$f":"IFERROR(INDEX(COMPOSIÇÕES_IFMT!$C:$C,MATCH($A2854,COMPOSIÇÕES_IFMT!$A:$A,0)),\"\")","v":"IMPERMEABILIZACAO DE ESTRUTURAS ENTERRADAS, COM TINTA ASFALTICA, DUAS DEMAOS."},{"$f":"IFERROR(INDEX(COMPOSIÇÕES_IFMT!$D:$D,MATCH($A2854,COMPOSIÇÕES_IFMT!$A:$A,0)),\"\")","v":"M2"},null,null,{"$f":"G2857","v":14.46}]
[{"$f":"IFERROR(INDEX(SINAPI!$E:$E,MATCH($B2855,SINAPI!$A:$A,0)),\"\")","v":"INSUMO"},{"$f":"IF(IFERROR(INDEX(COMPOSIÇÕES_IFMT!$B:$B,MATCH($A2854,COMPOSIÇÕES_IFMT!$A:$A,0)),\"\")<>\"\",OFFSET(COMPOSIÇÕES_IFMT!$A$1,MATCH($A2854,COMPOSIÇÕES_IFMT!$A:$A,0),1),\"\")","v":7319},{"$f":"IFERROR(INDEX(SINAPI!$B:$B,MATCH($B2855,SINAPI!$A:$A,0)),\"\")","v":"TINTA ASFALTICA IMPERMEABILIZANTE DISPERSA EM AGUA, PARA MATERIAIS CIMENTICIOS                                                                                                                                                                                                                                                                                                                                                                                                                            "},{"$f":"IFERROR(INDEX(SINAPI!$C:$C,MATCH($B2855,SINAPI!$A:$A,0)),\"\")","v":"L     "},{"$f":"IF(IFERROR(INDEX(COMPOSIÇÕES_IFMT!$B:$B,MATCH($A2854,COMPOSIÇÕES_IFMT!$A:$A,0)),\"\")<>\"\",OFFSET(COMPOSIÇÕES_IFMT!$A$1,MATCH($A2854,COMPOSIÇÕES_IFMT!$A:$A,0),4),\"\")","v":0.4},{"$f":"IFERROR(INDEX(SINAPI!$D:$D,MATCH($B2855,SINAPI!$A:$A,0)),0)","v":20.5},{"$f":"IFERROR(F2855*E2855,0)","v":8.2000000000000011}]
[{"$f":"IFERROR(INDEX(SINAPI!$E:$E,MATCH($B2856,SINAPI!$A:$A,0)),\"\")","v":"COMPOSIÇÃO"},{"$f":"IF(IFERROR(INDEX(COMPOSIÇÕES_IFMT!$B:$B,MATCH($A2854,COMPOSIÇÕES_IFMT!$A:$A,0)),\"\")<>\"\",OFFSET(COMPOSIÇÕES_IFMT!$A$1,MATCH($A2854,COMPOSIÇÕES_IFMT!$A:$A,0)+1,1),\"\")","v":88316},{"$f":"IFERROR(INDEX(SINAPI!$B:$B,MATCH($B2856,SINAPI!$A:$A,0)),\"\")","v":"SERVENTE COM ENCARGOS COMPLEMENTARES"},{"$f":"IFERROR(INDEX(SINAPI!$C:$C,MATCH($B2856,SINAPI!$A:$A,0)),\"\")","v":"H"},{"$f":"IF(IFERROR(INDEX(COMPOSIÇÕES_IFMT!$B:$B,MATCH($A2854,COMPOSIÇÕES_IFMT!$A:$A,0)),\"\")<>\"\",OFFSET(COMPOSIÇÕES_IFMT!$A$1,MATCH($A2854,COMPOSIÇÕES_IFMT!$A:$A,0)+1,4),\"\")","v":0.4},{"$f":"IFERROR(INDEX(SINAPI!$D:$D,MATCH($B2856,SINAPI!$A:$A,0)),0)","v":15.65},6.2600000000000007]
[null,null,null,null,null,"TOTAL",{"$f":"SUM(G2855:G2856)","v":14.46}]
[]
[]
["CLASSE/TIPO","CÓDIGOS/ SINAPI","DESCRIÇÃO","UND","COEFICIENTE","PREÇO UNITÁRIO","PREÇO TOTAL"]
["IFMT 233.08.2020",{"$f":"IFERROR(INDEX(COMPOSIÇÕES_IFMT!$B:$B,MATCH($A2861,COMPOSIÇÕES_IFMT!$A:$A,0)),\"\")","v":".233/R"},{"$f":"IFERROR(INDEX(COMPOSIÇÕES_IFMT!$C:$C,MATCH($A2861,COMPOSIÇÕES_IFMT!$A:$A,0)),\"\")","v":"CANTONEIRA DE ALUMINIO 1\"X1\u0094, PARA PROTECAO DE QUINA DE PAREDE"},{"$f":"IFERROR(INDEX(COMPOSIÇÕES_IFMT!$D:$D,MATCH($A2861,COMPOSIÇÕES_IFMT!$A:$A,0)),\"\")","v":"M"},null,null,{"$f":"G2865","v":38.763999999999996}]
[{"$f":"IFERROR(INDEX(SINAPI!$E:$E,MATCH($B2862,SINAPI!$A:$A,0)),\"\")","v":"INSUMO"},{"$f":"IF(IFERROR(INDEX(COMPOSIÇÕES_IFMT!$B:$B,MATCH($A2861,COMPOSIÇÕES_IFMT!$A:$A,0)),\"\")<>\"\",OFFSET(COMPOSIÇÕES_IFMT!$A$1,MATCH($A2861,COMPOSIÇÕES_IFMT!$A:$A,0),1),\"\")","v":586},{"$f":"IFERROR(INDEX(SINAPI!$B:$B,MATCH($B2862,SINAPI!$A:$A,0)),\"\")","v":"CANTONEIRA ALUMINIO ABAS IGUAIS 1 \", E = 3 /16 \"                                                                                                                                                                                                                                                                                                                                                                                                                                                          "},{"$f":"IFERROR(INDEX(SINAPI!$C:$C,MATCH($B2862,SINAPI!$A:$A,0)),\"\")","v":"M     "},{"$f":"IF(IFERROR(INDEX(COMPOSIÇÕES_IFMT!$B:$B,MATCH($A2861,COMPOSIÇÕES_IFMT!$A:$A,0)),\"\")<>\"\",OFFSET(COMPOSIÇÕES_IFMT!$A$1,MATCH($A2861,COMPOSIÇÕES_IFMT!$A:$A,0),4),\"\")","v":1},{"$f":"IFERROR(INDEX(SINAPI!$D:$D,MATCH($B2862,SINAPI!$A:$A,0)),0)","v":20.63},{"$f":"IFERROR(F2862*E2862,0)","v":20.63}]
[{"$f":"IFERROR(INDEX(SINAPI!$E:$E,MATCH($B2863,SINAPI!$A:$A,0)),\"\")","v":"COMPOSIÇÃO"},{"$f":"IF(IFERROR(INDEX(COMPOSIÇÕES_IFMT!$B:$B,MATCH($A2861,COMPOSIÇÕES_IFMT!$A:$A,0)),\"\")<>\"\",OFFSET(COMPOSIÇÕES_IFMT!$A$1,MATCH($A2861,COMPOSIÇÕES_IFMT!$A:$A,0)+1,1),\"\")","v":88256},{"$f":"IFERROR(INDEX(SINAPI!$B:$B,MATCH($B2863,SINAPI!$A:$A,0)),\"\")","v":"AZULEJISTA OU LADRILHISTA COM ENCARGOS COMPLEMENTARES"},{"$f":"IFERROR(INDEX(SINAPI!$C:$C,MATCH($B2863,SINAPI!$A:$A,0)),\"\")","v":"H"},{"$f":"IF(IFERROR(INDEX(COMPOSIÇÕES_IFMT!$B:$B,MATCH($A2861,COMPOSIÇÕES_IFMT!$A:$A,0)),\"\")<>\"\",OFFSET(COMPOSIÇÕES_IFMT!$A$1,MATCH($A2861,COMPOSIÇÕES_IFMT!$A:$A,0)+1,4),\"\")","v":0.6},{"$f":"IFERROR(INDEX(SINAPI!$D:$D,MATCH($B2863,SINAPI!$A:$A,0)),0)","v":19.79},11.873999999999999]
[{"$f":"IFERROR(INDEX(SINAPI!$E:$E,MATCH($B2864,SINAPI!$A:$A,0)),\"\")","v":"COMPOSIÇÃO"},{"$f":"IF(IFERROR(INDEX(COMPOSIÇÕES_IFMT!$B:$B,MATCH($A2861,COMPOSIÇÕES_IFMT!$A:$A,0)),\"\")<>\"\",OFFSET(COMPOSIÇÕES_IFMT!$A$1,MATCH($A2861,COMPOSIÇÕES_IFMT!$A:$A,0)+2,1),\"\")","v":88316},{"$f":"IFERROR(INDEX(SINAPI!$B:$B,MATCH($B2864,SINAPI!$A:$A,0)),\"\")","v":"SERVENTE COM ENCARGOS COMPLEMENTARES"},{"$f":"IFERROR(INDEX(SINAPI!$C:$C,MATCH($B2864,SINAPI!$A:$A,0)),\"\")","v":"H"},{"$f":"IF(IFERROR(INDEX(COMPOSIÇÕES_IFMT!$B:$B,MATCH($A2861,COMPOSIÇÕES_IFMT!$A:$A,0)),\"\")<>\"\",OFFSET(COMPOSIÇÕES_IFMT!$A$1,MATCH($A2861,COMPOSIÇÕES_IFMT!$A:$A,0)+2,4),\"\")","v":0.4},{"$f":"IFERROR(INDEX(SINAPI!$D:$D,MATCH($B2864,SINAPI!$A:$A,0)),0)","v":15.65},6.2600000000000007]
[null,null,null,null,null,"TOTAL",{"$f":"SUM(G2862:G2864)","v":38.763999999999996}]
[]
[]
["CLASSE/TIPO","CÓDIGOS/ SINAPI","DESCRIÇÃO","UND","COEFICIENTE","PREÇO UNITÁRIO","PREÇO TOTAL"]
["IFMT 234.08.2020",{"$f":"IFERROR(INDEX(COMPOSIÇÕES_IFMT!$B:$B,MATCH($A2869,COMPOSIÇÕES_IFMT!$A:$A,0)),\"\")","v":".234/R"},{"$f":"IFERROR(INDEX(COMPOSIÇÕES_IFMT!$C:$C,MATCH($A2869,COMPOSIÇÕES_IFMT!$A:$A,0)),\"\")","v":"LASTRO DE CONCRETO, PREPARO MECÂNICO, INCLUSOS ADITIVO IMPERMEABILIZANTE, LANÇAMENTO E ADENSAMENTO"},{"$f":"IFERROR(INDEX(COMPOSIÇÕES_IFMT!$D:$D,MATCH($A2869,COMPOSIÇÕES_IFMT!$A:$A,0)),\"\")","v":"M3"},null,null,{"$f":"G2874","v":542.30999999999995}]
[{"$f":"IFERROR(INDEX(SINAPI!$E:$E,MATCH($B2870,SINAPI!$A:$A,0)),\"\")","v":"INSUMO"},123,{"$f":"IFERROR(INDEX(SINAPI!$B:$B,MATCH($B2870,SINAPI!$A:$A,0)),\"\")","v":"ADITIVO IMPERMEABILIZANTE DE PEGA NORMAL PARA ARGAMASSAS E CONCRETOS SEM ARMACAO, LIQUIDO E ISENTO DE CLORETOS                                                                                                                                                                                                                                                                                                                                                                                            "},{"$f":"IFERROR(INDEX(SINAPI!$C:$C,MATCH($B2870,SINAPI!$A:$A,0)),\"\")","v":"L     "},{"$f":"IF(IFERROR(INDEX(COMPOSIÇÕES_IFMT!$B:$B,MATCH($A2869,COMPOSIÇÕES_IFMT!$A:$A,0)),\"\")<>\"\",OFFSET(COMPOSIÇÕES_IFMT!$A$1,MATCH($A2869,COMPOSIÇÕES_IFMT!$A:$A,0),4),\"\")","v":20},{"$f":"IFERROR(INDEX(SINAPI!$D:$D,MATCH($B2870,SINAPI!$A:$A,0)),0)","v":5.4},{"$f":"IFERROR(F2870*E2870,0)","v":108}]
[{"$f":"IFERROR(INDEX(SINAPI!$E:$E,MATCH($B2871,SINAPI!$A:$A,0)),\"\")","v":"COMPOSIÇÃO"},{"$f":"IF(IFERROR(INDEX(COMPOSIÇÕES_IFMT!$B:$B,MATCH($A2869,COMPOSIÇÕES_IFMT!$A:$A,0)),\"\")<>\"\",OFFSET(COMPOSIÇÕES_IFMT!$A$1,MATCH($A2869,COMPOSIÇÕES_IFMT!$A:$A,0)+1,1),\"\")","v":88309},{"$f":"IFERROR(INDEX(SINAPI!$B:$B,MATCH($B2871,SINAPI!$A:$A,0)),\"\")","v":"PEDREIRO COM ENCARGOS COMPLEMENTARES"},{"$f":"IFERROR(INDEX(SINAPI!$C:$C,MATCH($B2871,SINAPI!$A:$A,0)),\"\")","v":"H"},{"$f":"IF(IFERROR(INDEX(COMPOSIÇÕES_IFMT!$B:$B,MATCH($A2869,COMPOSIÇÕES_IFMT!$A:$A,0)),\"\")<>\"\",OFFSET(COMPOSIÇÕES_IFMT!$A$1,MATCH($A2869,COMPOSIÇÕES_IFMT!$A:$A,0)+1,4),\"\")","v":2},{"$f":"IFERROR(INDEX(SINAPI!$D:$D,MATCH($B2871,SINAPI!$A:$A,0)),0)","v":19.86},39.72]
[{"$f":"IFERROR(INDEX(SINAPI!$E:$E,MATCH($B2872,SINAPI!$A:$A,0)),\"\")","v":"COMPOSIÇÃO"},{"$f":"IF(IFERROR(INDEX(COMPOSIÇÕES_IFMT!$B:$B,MATCH($A2869,COMPOSIÇÕES_IFMT!$A:$A,0)),\"\")<>\"\",OFFSET(COMPOSIÇÕES_IFMT!$A$1,MATCH($A2869,COMPOSIÇÕES_IFMT!$A:$A,0)+2,1),\"\")","v":88316},{"$f":"IFERROR(INDEX(SINAPI!$B:$B,MATCH($B2872,SINAPI!$A:$A,0)),\"\")","v":"SERVENTE COM ENCARGOS COMPLEMENTARES"},{"$f":"IFERROR(INDEX(SINAPI!$C:$C,MATCH($B2872,SINAPI!$A:$A,0)),\"\")","v":"H"},{"$f":"IF(IFERROR(INDEX(COMPOSIÇÕES_IFMT!$B:$B,MATCH($A2869,COMPOSIÇÕES_IFMT!$A:$A,0)),\"\")<>\"\",OFFSET(COMPOSIÇÕES_IFMT!$A$1,MATCH($A2869,COMPOSIÇÕES_IFMT!$A:$A,0)+2,4),\"\")","v":6},{"$f":"IFERROR(INDEX(SINAPI!$D:$D,MATCH($B2872,SINAPI!$A:$A,0)),0)","v":15.65},93.9]
[{"$f":"IFERROR(INDEX(SINAPI!$E:$E,MATCH($B2873,SINAPI!$A:$A,0)),\"\")","v":"COMPOSIÇÃO"},{"$f":"IF(IFERROR(INDEX(COMPOSIÇÕES_IFMT!$B:$B,MATCH($A2869,COMPOSIÇÕES_IFMT!$A:$A,0)),\"\")<>\"\",OFFSET(COMPOSIÇÕES_IFMT!$A$1,MATCH($A2869,COMPOSIÇÕES_IFMT!$A:$A,0)+3,1),\"\")","v":94962},{"$f":"IFERROR(INDEX(SINAPI!$B:$B,MATCH($B2873,SINAPI!$A:$A,0)),\"\")","v":"CONCRETO MAGRO PARA LASTRO, TRAÇO 1:4,5:4,5 (EM MASSA SECA DE CIMENTO/ AREIA MÉDIA/ BRITA 1) - PREPARO MECÂNICO COM BETONEIRA 400 L. AF_05/2021"},{"$f":"IFERROR(INDEX(SINAPI!$C:$C,MATCH($B2873,SINAPI!$A:$A,0)),\"\")","v":"M3"},{"$f":"IF(IFERROR(INDEX(COMPOSIÇÕES_IFMT!$B:$B,MATCH($A2869,COMPOSIÇÕES_IFMT!$A:$A,0)),\"\")<>\"\",OFFSET(COMPOSIÇÕES_IFMT!$A$1,MATCH($A2869,COMPOSIÇÕES_IFMT!$A:$A,0)+3,4),\"\")","v":1},{"$f":"IFERROR(INDEX(SINAPI!$D:$D,MATCH($B2873,SINAPI!$A:$A,0)),0)","v":300.69},300.69]
[null,null,null,null,null,"TOTAL",{"$f":"SUM(G2870:G2873)","v":542.30999999999995}]
[]
[]
["CLASSE/TIPO","CÓDIGOS/ SINAPI","DESCRIÇÃO","UND","COEFICIENTE","PREÇO UNITÁRIO","PREÇO TOTAL"]
["IFMT 235.08.2020",{"$f":"IFERROR(INDEX(COMPOSIÇÕES_IFMT!$B:$B,MATCH($A2878,COMPOSIÇÕES_IFMT!$A:$A,0)),\"\")","v":".235/R"},{"$f":"IFERROR(INDEX(COMPOSIÇÕES_IFMT!$C:$C,MATCH($A2878,COMPOSIÇÕES_IFMT!$A:$A,0)),\"\")","v":"PISO INDUSTRIAL ALTA RESISTENCIA, ESPESSURA 12MM, INCLUSO JUNTAS DE DILATACAO PLASTICAS E POLIMENTO MECANIZADO"},{"$f":"IFERROR(INDEX(COMPOSIÇÕES_IFMT!$D:$D,MATCH($A2878,COMPOSIÇÕES_IFMT!$A:$A,0)),\"\")","v":"M2"},null,null,{"$f":"G2886","v":100.62026640000001}]
[{"$f":"IFERROR(INDEX(SINAPI!$E:$E,MATCH($B2879,SINAPI!$A:$A,0)),\"\")","v":"INSUMO"},{"$f":"IF(IFERROR(INDEX(COMPOSIÇÕES_IFMT!$B:$B,MATCH($A2878,COMPOSIÇÕES_IFMT!$A:$A,0)),\"\")<>\"\",OFFSET(COMPOSIÇÕES_IFMT!$A$1,MATCH($A2878,COMPOSIÇÕES_IFMT!$A:$A,0),1),\"\")","v":1379},{"$f":"IFERROR(INDEX(SINAPI!$B:$B,MATCH($B2879,SINAPI!$A:$A,0)),\"\")","v":"CIMENTO PORTLAND COMPOSTO CP II-32                                                                                                                                                                                                                                                                                                                                                                                                                                                                        "},{"$f":"IFERROR(INDEX(SINAPI!$C:$C,MATCH($B2879,SINAPI!$A:$A,0)),\"\")","v":"KG    "},{"$f":"IF(IFERROR(INDEX(COMPOSIÇÕES_IFMT!$B:$B,MATCH($A2878,COMPOSIÇÕES_IFMT!$A:$A,0)),\"\")<>\"\",OFFSET(COMPOSIÇÕES_IFMT!$A$1,MATCH($A2878,COMPOSIÇÕES_IFMT!$A:$A,0),4),\"\")","v":12},{"$f":"IFERROR(INDEX(SINAPI!$D:$D,MATCH($B2879,SINAPI!$A:$A,0)),0)","v":0.66},{"$f":"IFERROR(F2879*E2879,0)","v":7.92}]
[{"$f":"IFERROR(INDEX(SINAPI!$E:$E,MATCH($B2880,SINAPI!$A:$A,0)),\"\")","v":"INSUMO"},{"$f":"IF(IFERROR(INDEX(COMPOSIÇÕES_IFMT!$B:$B,MATCH($A2878,COMPOSIÇÕES_IFMT!$A:$A,0)),\"\")<>\"\",OFFSET(COMPOSIÇÕES_IFMT!$A$1,MATCH($A2878,COMPOSIÇÕES_IFMT!$A:$A,0)+1,1),\"\")","v":3671},{"$f":"IFERROR(INDEX(SINAPI!$B:$B,MATCH($B2880,SINAPI!$A:$A,0)),\"\")","v":"JUNTA PLASTICA DE DILATACAO PARA PISOS, COR CINZA, 17 X 3 MM (ALTURA X ESPESSURA)                                                                                                                                                                                                                                                                                                                                                                                                                         "},{"$f":"IFERROR(INDEX(SINAPI!$C:$C,MATCH($B2880,SINAPI!$A:$A,0)),\"\")","v":"M     "},{"$f":"IF(IFERROR(INDEX(COMPOSIÇÕES_IFMT!$B:$B,MATCH($A2878,COMPOSIÇÕES_IFMT!$A:$A,0)),\"\")<>\"\",OFFSET(COMPOSIÇÕES_IFMT!$A$1,MATCH($A2878,COMPOSIÇÕES_IFMT!$A:$A,0)+1,4),\"\")","v":2},{"$f":"IFERROR(INDEX(SINAPI!$D:$D,MATCH($B2880,SINAPI!$A:$A,0)),0)","v":1.07},2.14]
[{"$f":"IFERROR(INDEX(SINAPI!$E:$E,MATCH($B2881,SINAPI!$A:$A,0)),\"\")","v":"INSUMO"},{"$f":"IF(IFERROR(INDEX(COMPOSIÇÕES_IFMT!$B:$B,MATCH($A2878,COMPOSIÇÕES_IFMT!$A:$A,0)),\"\")<>\"\",OFFSET(COMPOSIÇÕES_IFMT!$A$1,MATCH($A2878,COMPOSIÇÕES_IFMT!$A:$A,0)+2,1),\"\")","v":4824},{"$f":"IFERROR(INDEX(SINAPI!$B:$B,MATCH($B2881,SINAPI!$A:$A,0)),\"\")","v":"GRANILHA/ GRANA/ PEDRISCO OU AGREGADO EM MARMORE/ GRANITO/ QUARTZO E CALCARIO, PRETO, CINZA, PALHA OU BRANCO                                                                                                                                                                                                                                                                                                                                                                                              "},{"$f":"IFERROR(INDEX(SINAPI!$C:$C,MATCH($B2881,SINAPI!$A:$A,0)),\"\")","v":"KG    "},{"$f":"IF(IFERROR(INDEX(COMPOSIÇÕES_IFMT!$B:$B,MATCH($A2878,COMPOSIÇÕES_IFMT!$A:$A,0)),\"\")<>\"\",OFFSET(COMPOSIÇÕES_IFMT!$A$1,MATCH($A2878,COMPOSIÇÕES_IFMT!$A:$A,0)+2,4),\"\")","v":22},{"$f":"IFERROR(INDEX(SINAPI!$D:$D,MATCH($B2881,SINAPI!$A:$A,0)),0)","v":0.57999999999999996},12.76]
[{"$f":"IFERROR(INDEX(SINAPI!$E:$E,MATCH($B2882,SINAPI!$A:$A,0)),\"\")","v":"INSUMO"},{"$f":"IF(IFERROR(INDEX(COMPOSIÇÕES_IFMT!$B:$B,MATCH($A2878,COMPOSIÇÕES_IFMT!$A:$A,0)),\"\")<>\"\",OFFSET(COMPOSIÇÕES_IFMT!$A$1,MATCH($A2878,COMPOSIÇÕES_IFMT!$A:$A,0)+3,1),\"\")","v":7353},{"$f":"IFERROR(INDEX(SINAPI!$B:$B,MATCH($B2882,SINAPI!$A:$A,0)),\"\")","v":"RESINA ACRILICA BASE AGUA - COR BRANCA                                                                                                                                                                                                                                                                                                                                                                                                                                                                    "},{"$f":"IFERROR(INDEX(SINAPI!$C:$C,MATCH($B2882,SINAPI!$A:$A,0)),\"\")","v":"L     "},{"$f":"IF(IFERROR(INDEX(COMPOSIÇÕES_IFMT!$B:$B,MATCH($A2878,COMPOSIÇÕES_IFMT!$A:$A,0)),\"\")<>\"\",OFFSET(COMPOSIÇÕES_IFMT!$A$1,MATCH($A2878,COMPOSIÇÕES_IFMT!$A:$A,0)+3,4),\"\")","v":0.21176},{"$f":"IFERROR(INDEX(SINAPI!$D:$D,MATCH($B2882,SINAPI!$A:$A,0)),0)","v":24.64},5.2177664000000004]
[{"$f":"IFERROR(INDEX(SINAPI!$E:$E,MATCH($B2883,SINAPI!$A:$A,0)),\"\")","v":"COMPOSIÇÃO"},{"$f":"IF(IFERROR(INDEX(COMPOSIÇÕES_IFMT!$B:$B,MATCH($A2878,COMPOSIÇÕES_IFMT!$A:$A,0)),\"\")<>\"\",OFFSET(COMPOSIÇÕES_IFMT!$A$1,MATCH($A2878,COMPOSIÇÕES_IFMT!$A:$A,0)+4,1),\"\")","v":88309},{"$f":"IFERROR(INDEX(SINAPI!$B:$B,MATCH($B2883,SINAPI!$A:$A,0)),\"\")","v":"PEDREIRO COM ENCARGOS COMPLEMENTARES"},{"$f":"IFERROR(INDEX(SINAPI!$C:$C,MATCH($B2883,SINAPI!$A:$A,0)),\"\")","v":"H"},{"$f":"IF(IFERROR(INDEX(COMPOSIÇÕES_IFMT!$B:$B,MATCH($A2878,COMPOSIÇÕES_IFMT!$A:$A,0)),\"\")<>\"\",OFFSET(COMPOSIÇÕES_IFMT!$A$1,MATCH($A2878,COMPOSIÇÕES_IFMT!$A:$A,0)+4,4),\"\")","v":0.7},{"$f":"IFERROR(INDEX(SINAPI!$D:$D,MATCH($B2883,SINAPI!$A:$A,0)),0)","v":19.86},13.901999999999999]
[{"$f":"IFERROR(INDEX(SINAPI!$E:$E,MATCH($B2884,SINAPI!$A:$A,0)),\"\")","v":"COMPOSIÇÃO"},{"$f":"IF(IFERROR(INDEX(COMPOSIÇÕES_IFMT!$B:$B,MATCH($A2878,COMPOSIÇÕES_IFMT!$A:$A,0)),\"\")<>\"\",OFFSET(COMPOSIÇÕES_IFMT!$A$1,MATCH($A2878,COMPOSIÇÕES_IFMT!$A:$A,0)+5,1),\"\")","v":88316},{"$f":"IFERROR(INDEX(SINAPI!$B:$B,MATCH($B2884,SINAPI!$A:$A,0)),\"\")","v":"SERVENTE COM ENCARGOS COMPLEMENTARES"},{"$f":"IFERROR(INDEX(SINAPI!$C:$C,MATCH($B2884,SINAPI!$A:$A,0)),\"\")","v":"H"},{"$f":"IF(IFERROR(INDEX(COMPOSIÇÕES_IFMT!$B:$B,MATCH($A2878,COMPOSIÇÕES_IFMT!$A:$A,0)),\"\")<>\"\",OFFSET(COMPOSIÇÕES_IFMT!$A$1,MATCH($A2878,COMPOSIÇÕES_IFMT!$A:$A,0)+5,4),\"\")","v":3.37},{"$f":"IFERROR(INDEX(SINAPI!$D:$D,MATCH($B2884,SINAPI!$A:$A,0)),0)","v":15.65},52.740500000000004]
[{"$f":"IFERROR(INDEX(SINAPI!$E:$E,MATCH($B2885,SINAPI!$A:$A,0)),\"\")","v":"COMPOSIÇÃO"},{"$f":"IF(IFERROR(INDEX(COMPOSIÇÕES_IFMT!$B:$B,MATCH($A2878,COMPOSIÇÕES_IFMT!$A:$A,0)),\"\")<>\"\",OFFSET(COMPOSIÇÕES_IFMT!$A$1,MATCH($A2878,COMPOSIÇÕES_IFMT!$A:$A,0)+6,1),\"\")","v":95276},{"$f":"IFERROR(INDEX(SINAPI!$B:$B,MATCH($B2885,SINAPI!$A:$A,0)),\"\")","v":"POLIDORA DE PISO (POLITRIZ), PESO DE 100KG, DIÂMETRO 450 MM, MOTOR ELÉTRICO, POTÊNCIA 4 HP - CHP DIURNO. AF_09/2016"},{"$f":"IFERROR(INDEX(SINAPI!$C:$C,MATCH($B2885,SINAPI!$A:$A,0)),\"\")","v":"CHP"},{"$f":"IF(IFERROR(INDEX(COMPOSIÇÕES_IFMT!$B:$B,MATCH($A2878,COMPOSIÇÕES_IFMT!$A:$A,0)),\"\")<>\"\",OFFSET(COMPOSIÇÕES_IFMT!$A$1,MATCH($A2878,COMPOSIÇÕES_IFMT!$A:$A,0)+6,4),\"\")","v":2},{"$f":"IFERROR(INDEX(SINAPI!$D:$D,MATCH($B2885,SINAPI!$A:$A,0)),0)","v":2.97},5.94]
[null,null,null,null,null,"TOTAL",{"$f":"SUM(G2879:G2885)","v":100.62026640000001}]
[]
[]
["CLASSE/TIPO","CÓDIGOS/ SINAPI","DESCRIÇÃO","UND","COEFICIENTE","PREÇO UNITÁRIO","PREÇO TOTAL"]
["IFMT 236.08.2020",{"$f":"IFERROR(INDEX(COMPOSIÇÕES_IFMT!$B:$B,MATCH($A2890,COMPOSIÇÕES_IFMT!$A:$A,0)),\"\")","v":".236/R"},{"$f":"IFERROR(INDEX(COMPOSIÇÕES_IFMT!$C:$C,MATCH($A2890,COMPOSIÇÕES_IFMT!$A:$A,0)),\"\")","v":"CAP PVC ESGOTO 75MM (TAMPÃO) - FORNECIMENTO E INSTALAÇÃO"},{"$f":"IFERROR(INDEX(COMPOSIÇÕES_IFMT!$D:$D,MATCH($A2890,COMPOSIÇÕES_IFMT!$A:$A,0)),\"\")","v":"UN"},null,null,{"$f":"G2896","v":11.389340000000001}]
[{"$f":"IFERROR(INDEX(SINAPI!$E:$E,MATCH($B2891,SINAPI!$A:$A,0)),\"\")","v":"INSUMO"},{"$f":"IF(IFERROR(INDEX(COMPOSIÇÕES_IFMT!$B:$B,MATCH($A2890,COMPOSIÇÕES_IFMT!$A:$A,0)),\"\")<>\"\",OFFSET(COMPOSIÇÕES_IFMT!$A$1,MATCH($A2890,COMPOSIÇÕES_IFMT!$A:$A,0),1),\"\")","v":122},{"$f":"IFERROR(INDEX(SINAPI!$B:$B,MATCH($B2891,SINAPI!$A:$A,0)),\"\")","v":"ADESIVO PLASTICO PARA PVC, FRASCO COM *850* GR                                                                                                                                                                                                                                                                                                                                                                                                                                                            "},{"$f":"IFERROR(INDEX(SINAPI!$C:$C,MATCH($B2891,SINAPI!$A:$A,0)),\"\")","v":"UN    "},{"$f":"IF(IFERROR(INDEX(COMPOSIÇÕES_IFMT!$B:$B,MATCH($A2890,COMPOSIÇÕES_IFMT!$A:$A,0)),\"\")<>\"\",OFFSET(COMPOSIÇÕES_IFMT!$A$1,MATCH($A2890,COMPOSIÇÕES_IFMT!$A:$A,0),4),\"\")","v":1.2E-2},{"$f":"IFERROR(INDEX(SINAPI!$D:$D,MATCH($B2891,SINAPI!$A:$A,0)),0)","v":69.17},{"$f":"IFERROR(F2891*E2891,0)","v":0.83004}]
[{"$f":"IFERROR(INDEX(SINAPI!$E:$E,MATCH($B2892,SINAPI!$A:$A,0)),\"\")","v":"INSUMO"},{"$f":"IF(IFERROR(INDEX(COMPOSIÇÕES_IFMT!$B:$B,MATCH($A2890,COMPOSIÇÕES_IFMT!$A:$A,0)),\"\")<>\"\",OFFSET(COMPOSIÇÕES_IFMT!$A$1,MATCH($A2890,COMPOSIÇÕES_IFMT!$A:$A,0)+1,1),\"\")","v":12910},{"$f":"IFERROR(INDEX(SINAPI!$B:$B,MATCH($B2892,SINAPI!$A:$A,0)),\"\")","v":"CAP PVC, SOLDAVEL, DN 75 MM, SERIE NORMAL, PARA ESGOTO PREDIAL                                                                                                                                                                                                                                                                                                                                                                                                                                            "},{"$f":"IFERROR(INDEX(SINAPI!$C:$C,MATCH($B2892,SINAPI!$A:$A,0)),\"\")","v":"UN    "},{"$f":"IF(IFERROR(INDEX(COMPOSIÇÕES_IFMT!$B:$B,MATCH($A2890,COMPOSIÇÕES_IFMT!$A:$A,0)),\"\")<>\"\",OFFSET(COMPOSIÇÕES_IFMT!$A$1,MATCH($A2890,COMPOSIÇÕES_IFMT!$A:$A,0)+1,4),\"\")","v":1},{"$f":"IFERROR(INDEX(SINAPI!$D:$D,MATCH($B2892,SINAPI!$A:$A,0)),0)","v":6.93},6.93]
[{"$f":"IFERROR(INDEX(SINAPI!$E:$E,MATCH($B2893,SINAPI!$A:$A,0)),\"\")","v":"INSUMO"},{"$f":"IF(IFERROR(INDEX(COMPOSIÇÕES_IFMT!$B:$B,MATCH($A2890,COMPOSIÇÕES_IFMT!$A:$A,0)),\"\")<>\"\",OFFSET(COMPOSIÇÕES_IFMT!$A$1,MATCH($A2890,COMPOSIÇÕES_IFMT!$A:$A,0)+2,1),\"\")","v":20083},{"$f":"IFERROR(INDEX(SINAPI!$B:$B,MATCH($B2893,SINAPI!$A:$A,0)),\"\")","v":"SOLUCAO PREPARADORA / LIMPADORA PARA PVC, FRASCO COM 1000 CM3                                                                                                                                                                                                                                                                                                                                                                                                                                             "},{"$f":"IFERROR(INDEX(SINAPI!$C:$C,MATCH($B2893,SINAPI!$A:$A,0)),\"\")","v":"UN    "},{"$f":"IF(IFERROR(INDEX(COMPOSIÇÕES_IFMT!$B:$B,MATCH($A2890,COMPOSIÇÕES_IFMT!$A:$A,0)),\"\")<>\"\",OFFSET(COMPOSIÇÕES_IFMT!$A$1,MATCH($A2890,COMPOSIÇÕES_IFMT!$A:$A,0)+2,4),\"\")","v":0.01},{"$f":"IFERROR(INDEX(SINAPI!$D:$D,MATCH($B2893,SINAPI!$A:$A,0)),0)","v":78.37},0.78370000000000006]
[{"$f":"IFERROR(INDEX(SINAPI!$E:$E,MATCH($B2894,SINAPI!$A:$A,0)),\"\")","v":"COMPOSIÇÃO"},{"$f":"IF(IFERROR(INDEX(COMPOSIÇÕES_IFMT!$B:$B,MATCH($A2890,COMPOSIÇÕES_IFMT!$A:$A,0)),\"\")<>\"\",OFFSET(COMPOSIÇÕES_IFMT!$A$1,MATCH($A2890,COMPOSIÇÕES_IFMT!$A:$A,0)+3,1),\"\")","v":88267},{"$f":"IFERROR(INDEX(SINAPI!$B:$B,MATCH($B2894,SINAPI!$A:$A,0)),\"\")","v":"ENCANADOR OU BOMBEIRO HIDRÁULICO COM ENCARGOS COMPLEMENTARES"},{"$f":"IFERROR(INDEX(SINAPI!$C:$C,MATCH($B2894,SINAPI!$A:$A,0)),\"\")","v":"H"},{"$f":"IF(IFERROR(INDEX(COMPOSIÇÕES_IFMT!$B:$B,MATCH($A2890,COMPOSIÇÕES_IFMT!$A:$A,0)),\"\")<>\"\",OFFSET(COMPOSIÇÕES_IFMT!$A$1,MATCH($A2890,COMPOSIÇÕES_IFMT!$A:$A,0)+3,4),\"\")","v":0.08},{"$f":"IFERROR(INDEX(SINAPI!$D:$D,MATCH($B2894,SINAPI!$A:$A,0)),0)","v":19.920000000000002},1.5936000000000001]
[{"$f":"IFERROR(INDEX(SINAPI!$E:$E,MATCH($B2895,SINAPI!$A:$A,0)),\"\")","v":"COMPOSIÇÃO"},{"$f":"IF(IFERROR(INDEX(COMPOSIÇÕES_IFMT!$B:$B,MATCH($A2890,COMPOSIÇÕES_IFMT!$A:$A,0)),\"\")<>\"\",OFFSET(COMPOSIÇÕES_IFMT!$A$1,MATCH($A2890,COMPOSIÇÕES_IFMT!$A:$A,0)+4,1),\"\")","v":88316},{"$f":"IFERROR(INDEX(SINAPI!$B:$B,MATCH($B2895,SINAPI!$A:$A,0)),\"\")","v":"SERVENTE COM ENCARGOS COMPLEMENTARES"},{"$f":"IFERROR(INDEX(SINAPI!$C:$C,MATCH($B2895,SINAPI!$A:$A,0)),\"\")","v":"H"},{"$f":"IF(IFERROR(INDEX(COMPOSIÇÕES_IFMT!$B:$B,MATCH($A2890,COMPOSIÇÕES_IFMT!$A:$A,0)),\"\")<>\"\",OFFSET(COMPOSIÇÕES_IFMT!$A$1,MATCH($A2890,COMPOSIÇÕES_IFMT!$A:$A,0)+4,4),\"\")","v":0.08},{"$f":"IFERROR(INDEX(SINAPI!$D:$D,MATCH($B2895,SINAPI!$A:$A,0)),0)","v":15.65},1.252]
[null,null,null,null,null,"TOTAL",{"$f":"SUM(G2891:G2895)","v":11.389340000000001}]
[]
[]
["CLASSE/TIPO","CÓDIGOS/ SINAPI","DESCRIÇÃO","UND","COEFICIENTE","PREÇO UNITÁRIO","PREÇO TOTAL"]
["IFMT 237.08.2020",{"$f":"IFERROR(INDEX(COMPOSIÇÕES_IFMT!$B:$B,MATCH($A2900,COMPOSIÇÕES_IFMT!$A:$A,0)),\"\")","v":".237/R"},{"$f":"IFERROR(INDEX(COMPOSIÇÕES_IFMT!$C:$C,MATCH($A2900,COMPOSIÇÕES_IFMT!$A:$A,0)),\"\")","v":"LEITO FILTRANTE - FORN.E ENCHIMENTO C/ BRITA NO. 4"},{"$f":"IFERROR(INDEX(COMPOSIÇÕES_IFMT!$D:$D,MATCH($A2900,COMPOSIÇÕES_IFMT!$A:$A,0)),\"\")","v":"M3"},null,null,{"$f":"G2904","v":166.874}]
[{"$f":"IFERROR(INDEX(SINAPI!$E:$E,MATCH($B2901,SINAPI!$A:$A,0)),\"\")","v":"INSUMO"},{"$f":"IF(IFERROR(INDEX(COMPOSIÇÕES_IFMT!$B:$B,MATCH($A2900,COMPOSIÇÕES_IFMT!$A:$A,0)),\"\")<>\"\",OFFSET(COMPOSIÇÕES_IFMT!$A$1,MATCH($A2900,COMPOSIÇÕES_IFMT!$A:$A,0),1),\"\")","v":4723},{"$f":"IFERROR(INDEX(SINAPI!$B:$B,MATCH($B2901,SINAPI!$A:$A,0)),\"\")","v":"PEDRA BRITADA N. 4 (50 A 76 MM) POSTO PEDREIRA/FORNECEDOR, SEM FRETE                                                                                                                                                                                                                                                                                                                                                                                                                                      "},{"$f":"IFERROR(INDEX(SINAPI!$C:$C,MATCH($B2901,SINAPI!$A:$A,0)),\"\")","v":"M3    "},{"$f":"IF(IFERROR(INDEX(COMPOSIÇÕES_IFMT!$B:$B,MATCH($A2900,COMPOSIÇÕES_IFMT!$A:$A,0)),\"\")<>\"\",OFFSET(COMPOSIÇÕES_IFMT!$A$1,MATCH($A2900,COMPOSIÇÕES_IFMT!$A:$A,0),4),\"\")","v":1.05},{"$f":"IFERROR(INDEX(SINAPI!$D:$D,MATCH($B2901,SINAPI!$A:$A,0)),0)","v":74.38},{"$f":"IFERROR(F2901*E2901,0)","v":78.099000000000004}]
[{"$f":"IFERROR(INDEX(SINAPI!$E:$E,MATCH($B2902,SINAPI!$A:$A,0)),\"\")","v":"COMPOSIÇÃO"},{"$f":"IF(IFERROR(INDEX(COMPOSIÇÕES_IFMT!$B:$B,MATCH($A2900,COMPOSIÇÕES_IFMT!$A:$A,0)),\"\")<>\"\",OFFSET(COMPOSIÇÕES_IFMT!$A$1,MATCH($A2900,COMPOSIÇÕES_IFMT!$A:$A,0)+1,1),\"\")","v":88309},{"$f":"IFERROR(INDEX(SINAPI!$B:$B,MATCH($B2902,SINAPI!$A:$A,0)),\"\")","v":"PEDREIRO COM ENCARGOS COMPLEMENTARES"},{"$f":"IFERROR(INDEX(SINAPI!$C:$C,MATCH($B2902,SINAPI!$A:$A,0)),\"\")","v":"H"},{"$f":"IF(IFERROR(INDEX(COMPOSIÇÕES_IFMT!$B:$B,MATCH($A2900,COMPOSIÇÕES_IFMT!$A:$A,0)),\"\")<>\"\",OFFSET(COMPOSIÇÕES_IFMT!$A$1,MATCH($A2900,COMPOSIÇÕES_IFMT!$A:$A,0)+1,4),\"\")","v":2.5},{"$f":"IFERROR(INDEX(SINAPI!$D:$D,MATCH($B2902,SINAPI!$A:$A,0)),0)","v":19.86},49.65]
[{"$f":"IFERROR(INDEX(SINAPI!$E:$E,MATCH($B2903,SINAPI!$A:$A,0)),\"\")","v":"COMPOSIÇÃO"},{"$f":"IF(IFERROR(INDEX(COMPOSIÇÕES_IFMT!$B:$B,MATCH($A2900,COMPOSIÇÕES_IFMT!$A:$A,0)),\"\")<>\"\",OFFSET(COMPOSIÇÕES_IFMT!$A$1,MATCH($A2900,COMPOSIÇÕES_IFMT!$A:$A,0)+2,1),\"\")","v":88316},{"$f":"IFERROR(INDEX(SINAPI!$B:$B,MATCH($B2903,SINAPI!$A:$A,0)),\"\")","v":"SERVENTE COM ENCARGOS COMPLEMENTARES"},{"$f":"IFERROR(INDEX(SINAPI!$C:$C,MATCH($B2903,SINAPI!$A:$A,0)),\"\")","v":"H"},{"$f":"IF(IFERROR(INDEX(COMPOSIÇÕES_IFMT!$B:$B,MATCH($A2900,COMPOSIÇÕES_IFMT!$A:$A,0)),\"\")<>\"\",OFFSET(COMPOSIÇÕES_IFMT!$A$1,MATCH($A2900,COMPOSIÇÕES_IFMT!$A:$A,0)+2,4),\"\")","v":2.5},{"$f":"IFERROR(INDEX(SINAPI!$D:$D,MATCH($B2903,SINAPI!$A:$A,0)),0)","v":15.65},39.125]
[null,null,null,null,null,"TOTAL",{"$f":"SUM(G2901:G2903)","v":166.874}]
[]
[]
["CLASSE/TIPO","CÓDIGOS/ SINAPI","DESCRIÇÃO","UND","COEFICIENTE","PREÇO UNITÁRIO","PREÇO TOTAL"]
["IFMT 238.08.2020",{"$f":"IFERROR(INDEX(COMPOSIÇÕES_IFMT!$B:$B,MATCH($A2908,COMPOSIÇÕES_IFMT!$A:$A,0)),\"\")","v":".238/R"},{"$f":"IFERROR(INDEX(COMPOSIÇÕES_IFMT!$C:$C,MATCH($A2908,COMPOSIÇÕES_IFMT!$A:$A,0)),\"\")","v":"CAP PVC ESGOTO 100MM (TAMPÃO) - FORNECIMENTO E INSTALAÇÃO"},{"$f":"IFERROR(INDEX(COMPOSIÇÕES_IFMT!$D:$D,MATCH($A2908,COMPOSIÇÕES_IFMT!$A:$A,0)),\"\")","v":"UN"},null,null,{"$f":"G2914","v":15.63165}]
[{"$f":"IFERROR(INDEX(SINAPI!$E:$E,MATCH($B2909,SINAPI!$A:$A,0)),\"\")","v":"INSUMO"},{"$f":"IF(IFERROR(INDEX(COMPOSIÇÕES_IFMT!$B:$B,MATCH($A2908,COMPOSIÇÕES_IFMT!$A:$A,0)),\"\")<>\"\",OFFSET(COMPOSIÇÕES_IFMT!$A$1,MATCH($A2908,COMPOSIÇÕES_IFMT!$A:$A,0),1),\"\")","v":122},{"$f":"IFERROR(INDEX(SINAPI!$B:$B,MATCH($B2909,SINAPI!$A:$A,0)),\"\")","v":"ADESIVO PLASTICO PARA PVC, FRASCO COM *850* GR                                                                                                                                                                                                                                                                                                                                                                                                                                                            "},{"$f":"IFERROR(INDEX(SINAPI!$C:$C,MATCH($B2909,SINAPI!$A:$A,0)),\"\")","v":"UN    "},{"$f":"IF(IFERROR(INDEX(COMPOSIÇÕES_IFMT!$B:$B,MATCH($A2908,COMPOSIÇÕES_IFMT!$A:$A,0)),\"\")<>\"\",OFFSET(COMPOSIÇÕES_IFMT!$A$1,MATCH($A2908,COMPOSIÇÕES_IFMT!$A:$A,0),4),\"\")","v":0.02},{"$f":"IFERROR(INDEX(SINAPI!$D:$D,MATCH($B2909,SINAPI!$A:$A,0)),0)","v":69.17},{"$f":"IFERROR(F2909*E2909,0)","v":1.3834}]
[{"$f":"IFERROR(INDEX(SINAPI!$E:$E,MATCH($B2910,SINAPI!$A:$A,0)),\"\")","v":"INSUMO"},{"$f":"IF(IFERROR(INDEX(COMPOSIÇÕES_IFMT!$B:$B,MATCH($A2908,COMPOSIÇÕES_IFMT!$A:$A,0)),\"\")<>\"\",OFFSET(COMPOSIÇÕES_IFMT!$A$1,MATCH($A2908,COMPOSIÇÕES_IFMT!$A:$A,0)+1,1),\"\")","v":1200},{"$f":"IFERROR(INDEX(SINAPI!$B:$B,MATCH($B2910,SINAPI!$A:$A,0)),\"\")","v":"CAP PVC, SOLDAVEL, DN 100 MM, SERIE NORMAL, PARA ESGOTO PREDIAL                                                                                                                                                                                                                                                                                                                                                                                                                                           "},{"$f":"IFERROR(INDEX(SINAPI!$C:$C,MATCH($B2910,SINAPI!$A:$A,0)),\"\")","v":"UN    "},{"$f":"IF(IFERROR(INDEX(COMPOSIÇÕES_IFMT!$B:$B,MATCH($A2908,COMPOSIÇÕES_IFMT!$A:$A,0)),\"\")<>\"\",OFFSET(COMPOSIÇÕES_IFMT!$A$1,MATCH($A2908,COMPOSIÇÕES_IFMT!$A:$A,0)+1,4),\"\")","v":1},{"$f":"IFERROR(INDEX(SINAPI!$D:$D,MATCH($B2910,SINAPI!$A:$A,0)),0)","v":9.16},9.16]
[{"$f":"IFERROR(INDEX(SINAPI!$E:$E,MATCH($B2911,SINAPI!$A:$A,0)),\"\")","v":"INSUMO"},{"$f":"IF(IFERROR(INDEX(COMPOSIÇÕES_IFMT!$B:$B,MATCH($A2908,COMPOSIÇÕES_IFMT!$A:$A,0)),\"\")<>\"\",OFFSET(COMPOSIÇÕES_IFMT!$A$1,MATCH($A2908,COMPOSIÇÕES_IFMT!$A:$A,0)+2,1),\"\")","v":20083},{"$f":"IFERROR(INDEX(SINAPI!$B:$B,MATCH($B2911,SINAPI!$A:$A,0)),\"\")","v":"SOLUCAO PREPARADORA / LIMPADORA PARA PVC, FRASCO COM 1000 CM3                                                                                                                                                                                                                                                                                                                                                                                                                                             "},{"$f":"IFERROR(INDEX(SINAPI!$C:$C,MATCH($B2911,SINAPI!$A:$A,0)),\"\")","v":"UN    "},{"$f":"IF(IFERROR(INDEX(COMPOSIÇÕES_IFMT!$B:$B,MATCH($A2908,COMPOSIÇÕES_IFMT!$A:$A,0)),\"\")<>\"\",OFFSET(COMPOSIÇÕES_IFMT!$A$1,MATCH($A2908,COMPOSIÇÕES_IFMT!$A:$A,0)+2,4),\"\")","v":1.4999999999999999E-2},{"$f":"IFERROR(INDEX(SINAPI!$D:$D,MATCH($B2911,SINAPI!$A:$A,0)),0)","v":78.37},1.1755500000000001]
[{"$f":"IFERROR(INDEX(SINAPI!$E:$E,MATCH($B2912,SINAPI!$A:$A,0)),\"\")","v":"COMPOSIÇÃO"},{"$f":"IF(IFERROR(INDEX(COMPOSIÇÕES_IFMT!$B:$B,MATCH($A2908,COMPOSIÇÕES_IFMT!$A:$A,0)),\"\")<>\"\",OFFSET(COMPOSIÇÕES_IFMT!$A$1,MATCH($A2908,COMPOSIÇÕES_IFMT!$A:$A,0)+3,1),\"\")","v":88267},{"$f":"IFERROR(INDEX(SINAPI!$B:$B,MATCH($B2912,SINAPI!$A:$A,0)),\"\")","v":"ENCANADOR OU BOMBEIRO HIDRÁULICO COM ENCARGOS COMPLEMENTARES"},{"$f":"IFERROR(INDEX(SINAPI!$C:$C,MATCH($B2912,SINAPI!$A:$A,0)),\"\")","v":"H"},{"$f":"IF(IFERROR(INDEX(COMPOSIÇÕES_IFMT!$B:$B,MATCH($A2908,COMPOSIÇÕES_IFMT!$A:$A,0)),\"\")<>\"\",OFFSET(COMPOSIÇÕES_IFMT!$A$1,MATCH($A2908,COMPOSIÇÕES_IFMT!$A:$A,0)+3,4),\"\")","v":0.11},{"$f":"IFERROR(INDEX(SINAPI!$D:$D,MATCH($B2912,SINAPI!$A:$A,0)),0)","v":19.920000000000002},2.1912000000000003]
[{"$f":"IFERROR(INDEX(SINAPI!$E:$E,MATCH($B2913,SINAPI!$A:$A,0)),\"\")","v":"COMPOSIÇÃO"},{"$f":"IF(IFERROR(INDEX(COMPOSIÇÕES_IFMT!$B:$B,MATCH($A2908,COMPOSIÇÕES_IFMT!$A:$A,0)),\"\")<>\"\",OFFSET(COMPOSIÇÕES_IFMT!$A$1,MATCH($A2908,COMPOSIÇÕES_IFMT!$A:$A,0)+4,1),\"\")","v":88316},{"$f":"IFERROR(INDEX(SINAPI!$B:$B,MATCH($B2913,SINAPI!$A:$A,0)),\"\")","v":"SERVENTE COM ENCARGOS COMPLEMENTARES"},{"$f":"IFERROR(INDEX(SINAPI!$C:$C,MATCH($B2913,SINAPI!$A:$A,0)),\"\")","v":"H"},{"$f":"IF(IFERROR(INDEX(COMPOSIÇÕES_IFMT!$B:$B,MATCH($A2908,COMPOSIÇÕES_IFMT!$A:$A,0)),\"\")<>\"\",OFFSET(COMPOSIÇÕES_IFMT!$A$1,MATCH($A2908,COMPOSIÇÕES_IFMT!$A:$A,0)+4,4),\"\")","v":0.11},{"$f":"IFERROR(INDEX(SINAPI!$D:$D,MATCH($B2913,SINAPI!$A:$A,0)),0)","v":15.65},1.7215]
[null,null,null,null,null,"TOTAL",{"$f":"SUM(G2909:G2913)","v":15.63165}]
[]
[]
["CLASSE/TIPO","CÓDIGOS/ SINAPI","DESCRIÇÃO","UND","COEFICIENTE","PREÇO UNITÁRIO","PREÇO TOTAL"]
["IFMT 239.08.2020",{"$f":"IFERROR(INDEX(COMPOSIÇÕES_IFMT!$B:$B,MATCH($A2918,COMPOSIÇÕES_IFMT!$A:$A,0)),\"\")","v":".239/R"},{"$f":"IFERROR(INDEX(COMPOSIÇÕES_IFMT!$C:$C,MATCH($A2918,COMPOSIÇÕES_IFMT!$A:$A,0)),\"\")","v":"TERMINAL OU CONECTOR DE PRESSAO - PARA CABO 50MM2 - FORNECIMENTO E INSTALACAO"},{"$f":"IFERROR(INDEX(COMPOSIÇÕES_IFMT!$D:$D,MATCH($A2918,COMPOSIÇÕES_IFMT!$A:$A,0)),\"\")","v":"UN"},null,null,{"$f":"G2922","v":21.874000000000002}]
[{"$f":"IFERROR(INDEX(SINAPI!$E:$E,MATCH($B2919,SINAPI!$A:$A,0)),\"\")","v":"INSUMO"},{"$f":"IF(IFERROR(INDEX(COMPOSIÇÕES_IFMT!$B:$B,MATCH($A2918,COMPOSIÇÕES_IFMT!$A:$A,0)),\"\")<>\"\",OFFSET(COMPOSIÇÕES_IFMT!$A$1,MATCH($A2918,COMPOSIÇÕES_IFMT!$A:$A,0),1),\"\")","v":1588},{"$f":"IFERROR(INDEX(SINAPI!$B:$B,MATCH($B2919,SINAPI!$A:$A,0)),\"\")","v":"TERMINAL METALICO A PRESSAO PARA 1 CABO DE 50 MM2, COM 1 FURO DE FIXACAO                                                                                                                                                                                                                                                                                                                                                                                                                                  "},{"$f":"IFERROR(INDEX(SINAPI!$C:$C,MATCH($B2919,SINAPI!$A:$A,0)),\"\")","v":"UN    "},{"$f":"IF(IFERROR(INDEX(COMPOSIÇÕES_IFMT!$B:$B,MATCH($A2918,COMPOSIÇÕES_IFMT!$A:$A,0)),\"\")<>\"\",OFFSET(COMPOSIÇÕES_IFMT!$A$1,MATCH($A2918,COMPOSIÇÕES_IFMT!$A:$A,0),4),\"\")","v":1},{"$f":"IFERROR(INDEX(SINAPI!$D:$D,MATCH($B2919,SINAPI!$A:$A,0)),0)","v":7.39},{"$f":"IFERROR(F2919*E2919,0)","v":7.39}]
[{"$f":"IFERROR(INDEX(SINAPI!$E:$E,MATCH($B2920,SINAPI!$A:$A,0)),\"\")","v":"COMPOSIÇÃO"},{"$f":"IF(IFERROR(INDEX(COMPOSIÇÕES_IFMT!$B:$B,MATCH($A2918,COMPOSIÇÕES_IFMT!$A:$A,0)),\"\")<>\"\",OFFSET(COMPOSIÇÕES_IFMT!$A$1,MATCH($A2918,COMPOSIÇÕES_IFMT!$A:$A,0)+1,1),\"\")","v":88247},{"$f":"IFERROR(INDEX(SINAPI!$B:$B,MATCH($B2920,SINAPI!$A:$A,0)),\"\")","v":"AUXILIAR DE ELETRICISTA COM ENCARGOS COMPLEMENTARES"},{"$f":"IFERROR(INDEX(SINAPI!$C:$C,MATCH($B2920,SINAPI!$A:$A,0)),\"\")","v":"H"},{"$f":"IF(IFERROR(INDEX(COMPOSIÇÕES_IFMT!$B:$B,MATCH($A2918,COMPOSIÇÕES_IFMT!$A:$A,0)),\"\")<>\"\",OFFSET(COMPOSIÇÕES_IFMT!$A$1,MATCH($A2918,COMPOSIÇÕES_IFMT!$A:$A,0)+1,4),\"\")","v":0.4},{"$f":"IFERROR(INDEX(SINAPI!$D:$D,MATCH($B2920,SINAPI!$A:$A,0)),0)","v":15.61},6.2439999999999998]
[{"$f":"IFERROR(INDEX(SINAPI!$E:$E,MATCH($B2921,SINAPI!$A:$A,0)),\"\")","v":"COMPOSIÇÃO"},{"$f":"IF(IFERROR(INDEX(COMPOSIÇÕES_IFMT!$B:$B,MATCH($A2918,COMPOSIÇÕES_IFMT!$A:$A,0)),\"\")<>\"\",OFFSET(COMPOSIÇÕES_IFMT!$A$1,MATCH($A2918,COMPOSIÇÕES_IFMT!$A:$A,0)+2,1),\"\")","v":88264},{"$f":"IFERROR(INDEX(SINAPI!$B:$B,MATCH($B2921,SINAPI!$A:$A,0)),\"\")","v":"ELETRICISTA COM ENCARGOS COMPLEMENTARES"},{"$f":"IFERROR(INDEX(SINAPI!$C:$C,MATCH($B2921,SINAPI!$A:$A,0)),\"\")","v":"H"},{"$f":"IF(IFERROR(INDEX(COMPOSIÇÕES_IFMT!$B:$B,MATCH($A2918,COMPOSIÇÕES_IFMT!$A:$A,0)),\"\")<>\"\",OFFSET(COMPOSIÇÕES_IFMT!$A$1,MATCH($A2918,COMPOSIÇÕES_IFMT!$A:$A,0)+2,4),\"\")","v":0.4},{"$f":"IFERROR(INDEX(SINAPI!$D:$D,MATCH($B2921,SINAPI!$A:$A,0)),0)","v":20.6},8.24]
[null,null,null,null,null,"TOTAL",{"$f":"SUM(G2919:G2921)","v":21.874000000000002}]
[]
[]
["CLASSE/TIPO","CÓDIGOS/ SINAPI","DESCRIÇÃO","UND","COEFICIENTE","PREÇO UNITÁRIO","PREÇO TOTAL"]
["IFMT 240.08.2020",{"$f":"IFERROR(INDEX(COMPOSIÇÕES_IFMT!$B:$B,MATCH($A2926,COMPOSIÇÕES_IFMT!$A:$A,0)),\"\")","v":".240/R"},{"$f":"IFERROR(INDEX(COMPOSIÇÕES_IFMT!$C:$C,MATCH($A2926,COMPOSIÇÕES_IFMT!$A:$A,0)),\"\")","v":"BUCHA DE REDUCAO DE PVC, SOLDAVEL, CURTA, COM 75 X 60 MM, PARA AGUA FRIA PREDIAL - FORNECIMENTO E INSTALAÇÃO"},{"$f":"IFERROR(INDEX(COMPOSIÇÕES_IFMT!$D:$D,MATCH($A2926,COMPOSIÇÕES_IFMT!$A:$A,0)),\"\")","v":"UN"},null,null,{"$f":"G2933","v":23.270999999999997}]
[{"$f":"IFERROR(INDEX(SINAPI!$E:$E,MATCH($B2927,SINAPI!$A:$A,0)),\"\")","v":"INSUMO"},{"$f":"IF(IFERROR(INDEX(COMPOSIÇÕES_IFMT!$B:$B,MATCH($A2926,COMPOSIÇÕES_IFMT!$A:$A,0)),\"\")<>\"\",OFFSET(COMPOSIÇÕES_IFMT!$A$1,MATCH($A2926,COMPOSIÇÕES_IFMT!$A:$A,0),1),\"\")","v":122},{"$f":"IFERROR(INDEX(SINAPI!$B:$B,MATCH($B2927,SINAPI!$A:$A,0)),\"\")","v":"ADESIVO PLASTICO PARA PVC, FRASCO COM *850* GR                                                                                                                                                                                                                                                                                                                                                                                                                                                            "},{"$f":"IFERROR(INDEX(SINAPI!$C:$C,MATCH($B2927,SINAPI!$A:$A,0)),\"\")","v":"UN    "},{"$f":"IF(IFERROR(INDEX(COMPOSIÇÕES_IFMT!$B:$B,MATCH($A2926,COMPOSIÇÕES_IFMT!$A:$A,0)),\"\")<>\"\",OFFSET(COMPOSIÇÕES_IFMT!$A$1,MATCH($A2926,COMPOSIÇÕES_IFMT!$A:$A,0),4),\"\")","v":8.9999999999999993E-3},{"$f":"IFERROR(INDEX(SINAPI!$D:$D,MATCH($B2927,SINAPI!$A:$A,0)),0)","v":69.17},{"$f":"IFERROR(F2927*E2927,0)","v":0.62252999999999992}]
[{"$f":"IFERROR(INDEX(SINAPI!$E:$E,MATCH($B2928,SINAPI!$A:$A,0)),\"\")","v":"INSUMO"},{"$f":"IF(IFERROR(INDEX(COMPOSIÇÕES_IFMT!$B:$B,MATCH($A2926,COMPOSIÇÕES_IFMT!$A:$A,0)),\"\")<>\"\",OFFSET(COMPOSIÇÕES_IFMT!$A$1,MATCH($A2926,COMPOSIÇÕES_IFMT!$A:$A,0)+1,1),\"\")","v":823},{"$f":"IFERROR(INDEX(SINAPI!$B:$B,MATCH($B2928,SINAPI!$A:$A,0)),\"\")","v":"BUCHA DE REDUCAO DE PVC, SOLDAVEL, CURTA, COM 75 X 60 MM, PARA AGUA FRIA PREDIAL                                                                                                                                                                                                                                                                                                                                                                                                                          "},{"$f":"IFERROR(INDEX(SINAPI!$C:$C,MATCH($B2928,SINAPI!$A:$A,0)),\"\")","v":"UN    "},{"$f":"IF(IFERROR(INDEX(COMPOSIÇÕES_IFMT!$B:$B,MATCH($A2926,COMPOSIÇÕES_IFMT!$A:$A,0)),\"\")<>\"\",OFFSET(COMPOSIÇÕES_IFMT!$A$1,MATCH($A2926,COMPOSIÇÕES_IFMT!$A:$A,0)+1,4),\"\")","v":1},{"$f":"IFERROR(INDEX(SINAPI!$D:$D,MATCH($B2928,SINAPI!$A:$A,0)),0)","v":17.489999999999998},17.489999999999998]
[{"$f":"IFERROR(INDEX(SINAPI!$E:$E,MATCH($B2929,SINAPI!$A:$A,0)),\"\")","v":"INSUMO"},{"$f":"IF(IFERROR(INDEX(COMPOSIÇÕES_IFMT!$B:$B,MATCH($A2926,COMPOSIÇÕES_IFMT!$A:$A,0)),\"\")<>\"\",OFFSET(COMPOSIÇÕES_IFMT!$A$1,MATCH($A2926,COMPOSIÇÕES_IFMT!$A:$A,0)+2,1),\"\")","v":20083},{"$f":"IFERROR(INDEX(SINAPI!$B:$B,MATCH($B2929,SINAPI!$A:$A,0)),\"\")","v":"SOLUCAO PREPARADORA / LIMPADORA PARA PVC, FRASCO COM 1000 CM3                                                                                                                                                                                                                                                                                                                                                                                                                                             "},{"$f":"IFERROR(INDEX(SINAPI!$C:$C,MATCH($B2929,SINAPI!$A:$A,0)),\"\")","v":"UN    "},{"$f":"IF(IFERROR(INDEX(COMPOSIÇÕES_IFMT!$B:$B,MATCH($A2926,COMPOSIÇÕES_IFMT!$A:$A,0)),\"\")<>\"\",OFFSET(COMPOSIÇÕES_IFMT!$A$1,MATCH($A2926,COMPOSIÇÕES_IFMT!$A:$A,0)+2,4),\"\")","v":1.0999999999999999E-2},{"$f":"IFERROR(INDEX(SINAPI!$D:$D,MATCH($B2929,SINAPI!$A:$A,0)),0)","v":78.37},0.86207]
[{"$f":"IFERROR(INDEX(SINAPI!$E:$E,MATCH($B2930,SINAPI!$A:$A,0)),\"\")","v":"INSUMO"},{"$f":"IF(IFERROR(INDEX(COMPOSIÇÕES_IFMT!$B:$B,MATCH($A2926,COMPOSIÇÕES_IFMT!$A:$A,0)),\"\")<>\"\",OFFSET(COMPOSIÇÕES_IFMT!$A$1,MATCH($A2926,COMPOSIÇÕES_IFMT!$A:$A,0)+3,1),\"\")","v":38383},{"$f":"IFERROR(INDEX(SINAPI!$B:$B,MATCH($B2930,SINAPI!$A:$A,0)),\"\")","v":"LIXA D'AGUA EM FOLHA, GRAO 100                                                                                                                                                                                                                                                                                                                                                                                                                                                                            "},{"$f":"IFERROR(INDEX(SINAPI!$C:$C,MATCH($B2930,SINAPI!$A:$A,0)),\"\")","v":"UN    "},{"$f":"IF(IFERROR(INDEX(COMPOSIÇÕES_IFMT!$B:$B,MATCH($A2926,COMPOSIÇÕES_IFMT!$A:$A,0)),\"\")<>\"\",OFFSET(COMPOSIÇÕES_IFMT!$A$1,MATCH($A2926,COMPOSIÇÕES_IFMT!$A:$A,0)+3,4),\"\")","v":0.06},{"$f":"IFERROR(INDEX(SINAPI!$D:$D,MATCH($B2930,SINAPI!$A:$A,0)),0)","v":2.19},0.13139999999999999]
[{"$f":"IFERROR(INDEX(SINAPI!$E:$E,MATCH($B2931,SINAPI!$A:$A,0)),\"\")","v":"COMPOSIÇÃO"},{"$f":"IF(IFERROR(INDEX(COMPOSIÇÕES_IFMT!$B:$B,MATCH($A2926,COMPOSIÇÕES_IFMT!$A:$A,0)),\"\")<>\"\",OFFSET(COMPOSIÇÕES_IFMT!$A$1,MATCH($A2926,COMPOSIÇÕES_IFMT!$A:$A,0)+4,1),\"\")","v":88248},{"$f":"IFERROR(INDEX(SINAPI!$B:$B,MATCH($B2931,SINAPI!$A:$A,0)),\"\")","v":"AUXILIAR DE ENCANADOR OU BOMBEIRO HIDRÁULICO COM ENCARGOS COMPLEMENTARES"},{"$f":"IFERROR(INDEX(SINAPI!$C:$C,MATCH($B2931,SINAPI!$A:$A,0)),\"\")","v":"H"},{"$f":"IF(IFERROR(INDEX(COMPOSIÇÕES_IFMT!$B:$B,MATCH($A2926,COMPOSIÇÕES_IFMT!$A:$A,0)),\"\")<>\"\",OFFSET(COMPOSIÇÕES_IFMT!$A$1,MATCH($A2926,COMPOSIÇÕES_IFMT!$A:$A,0)+4,4),\"\")","v":0.11899999999999999},{"$f":"IFERROR(INDEX(SINAPI!$D:$D,MATCH($B2931,SINAPI!$A:$A,0)),0)","v":15.08},1.7945199999999999]
[{"$f":"IFERROR(INDEX(SINAPI!$E:$E,MATCH($B2932,SINAPI!$A:$A,0)),\"\")","v":"COMPOSIÇÃO"},{"$f":"IF(IFERROR(INDEX(COMPOSIÇÕES_IFMT!$B:$B,MATCH($A2926,COMPOSIÇÕES_IFMT!$A:$A,0)),\"\")<>\"\",OFFSET(COMPOSIÇÕES_IFMT!$A$1,MATCH($A2926,COMPOSIÇÕES_IFMT!$A:$A,0)+5,1),\"\")","v":88267},{"$f":"IFERROR(INDEX(SINAPI!$B:$B,MATCH($B2932,SINAPI!$A:$A,0)),\"\")","v":"ENCANADOR OU BOMBEIRO HIDRÁULICO COM ENCARGOS COMPLEMENTARES"},{"$f":"IFERROR(INDEX(SINAPI!$C:$C,MATCH($B2932,SINAPI!$A:$A,0)),\"\")","v":"H"},{"$f":"IF(IFERROR(INDEX(COMPOSIÇÕES_IFMT!$B:$B,MATCH($A2926,COMPOSIÇÕES_IFMT!$A:$A,0)),\"\")<>\"\",OFFSET(COMPOSIÇÕES_IFMT!$A$1,MATCH($A2926,COMPOSIÇÕES_IFMT!$A:$A,0)+5,4),\"\")","v":0.11899999999999999},{"$f":"IFERROR(INDEX(SINAPI!$D:$D,MATCH($B2932,SINAPI!$A:$A,0)),0)","v":19.920000000000002},2.3704800000000001]
[null,null,null,null,null,"TOTAL",{"$f":"SUM(G2927:G2932)","v":23.270999999999997}]
[]
[]
["CLASSE/TIPO","CÓDIGOS/ SINAPI","DESCRIÇÃO","UND","COEFICIENTE","PREÇO UNITÁRIO","PREÇO TOTAL"]
["COMP-433484",{"$f":"IFERROR(INDEX(COMPOSIÇÕES_IFMT!$B:$B,MATCH($A2937,COMPOSIÇÕES_IFMT!$A:$A,0)),\"\")","v":""},"GRADE DE FERRO - PILAR TUBO 2,1/2, TUBO HORIZONTAL 1,1/2 E BARRA CHATA 3/4","M2",null,null,{"$f":"G2944","v":473.75703999999996}]
[{"$f":"IFERROR(INDEX(SINAPI!$E:$E,MATCH($B2938,SINAPI!$A:$A,0)),\"\")","v":"INSUMO"},21012,"TUBO ACO GALVANIZADO COM COSTURA, CLASSE LEVE, DN 40 MM ( 1 1/2\"),  E = 3,00 MM,  *3,48* KG/M (NBR 5580)",{"$f":"IFERROR(INDEX(SINAPI!$C:$C,MATCH($B2938,SINAPI!$A:$A,0)),\"\")","v":"M     "},2,{"$f":"IFERROR(INDEX(SINAPI!$D:$D,MATCH($B2938,SINAPI!$A:$A,0)),0)","v":72.150000000000006},{"$f":"IFERROR(F2938*E2938,0)","v":144.30000000000001}]
[{"$f":"IFERROR(INDEX(SINAPI!$E:$E,MATCH($B2939,SINAPI!$A:$A,0)),\"\")","v":"INSUMO"},21014,"TUBO ACO GALVANIZADO COM COSTURA, CLASSE LEVE, DN 65 MM ( 2 1/2\"),  E = 3,35 MM, * 6,23* KG/M (NBR 5580)",{"$f":"IFERROR(INDEX(SINAPI!$C:$C,MATCH($B2939,SINAPI!$A:$A,0)),\"\")","v":"M     "},1.3,{"$f":"IFERROR(INDEX(SINAPI!$D:$D,MATCH($B2939,SINAPI!$A:$A,0)),0)","v":131.75},171.27500000000001]
[{"$f":"IFERROR(INDEX(SINAPI!$E:$E,MATCH($B2940,SINAPI!$A:$A,0)),\"\")","v":"INSUMO"},13388,"SOLDA EM BARRA DE ESTANHO-CHUMBO 50/50",{"$f":"IFERROR(INDEX(SINAPI!$C:$C,MATCH($B2940,SINAPI!$A:$A,0)),\"\")","v":"KG    "},0.35,{"$f":"IFERROR(INDEX(SINAPI!$D:$D,MATCH($B2940,SINAPI!$A:$A,0)),0)","v":117.42},41.097000000000001]
[{"$f":"IFERROR(INDEX(SINAPI!$E:$E,MATCH($B2941,SINAPI!$A:$A,0)),\"\")","v":"INSUMO"},26018,"DISCO DE CORTE PARA METAL COM DUAS TELAS 12 X 1/8 X 3/4 \" (300 X 3,2 X 19,05 MM)",{"$f":"IFERROR(INDEX(SINAPI!$C:$C,MATCH($B2941,SINAPI!$A:$A,0)),\"\")","v":"UN    "},0.33300000000000002,{"$f":"IFERROR(INDEX(SINAPI!$D:$D,MATCH($B2941,SINAPI!$A:$A,0)),0)","v":28.88},9.6170399999999994]
["INSUMO","08904/ORSE","Máquina de solda elétrica","h",1.1000000000000001,3.88,4.2679999999999998]
[{"$f":"IFERROR(INDEX(SINAPI!$E:$E,MATCH($B2943,SINAPI!$A:$A,0)),\"\")","v":"INSUMO"},566,"BARRA DE FERRO RETANGULAR, BARRA CHATA, 3/4\" X 1/8\" (L X E), 0,47 KG/M",{"$f":"IFERROR(INDEX(SINAPI!$C:$C,MATCH($B2943,SINAPI!$A:$A,0)),\"\")","v":"M     "},16,{"$f":"IFERROR(INDEX(SINAPI!$D:$D,MATCH($B2943,SINAPI!$A:$A,0)),0)","v":6.45},103.2]
[null,null,null,null,null,"TOTAL",{"$f":"SUM(G2938:G2943)","v":473.75703999999996}]
[]
[]
["CLASSE/TIPO","CÓDIGOS/ SINAPI","DESCRIÇÃO","UND","COEFICIENTE","PREÇO UNITÁRIO","PREÇO TOTAL"]
["IFMT 241.08.2020",{"$f":"IFERROR(INDEX(COMPOSIÇÕES_IFMT!$B:$B,MATCH($A2948,COMPOSIÇÕES_IFMT!$A:$A,0)),\"\")","v":".241/R"},{"$f":"IFERROR(INDEX(COMPOSIÇÕES_IFMT!$C:$C,MATCH($A2948,COMPOSIÇÕES_IFMT!$A:$A,0)),\"\")","v":"PISO VINILICO SEMIFLEXIVEL PADRAO LISO, ESPESSURA 2MM, FIXADO COM COLA"},{"$f":"IFERROR(INDEX(COMPOSIÇÕES_IFMT!$D:$D,MATCH($A2948,COMPOSIÇÕES_IFMT!$A:$A,0)),\"\")","v":"M2"},null,null,{"$f":"G2953","v":101.1611}]
[{"$f":"IFERROR(INDEX(SINAPI!$E:$E,MATCH($B2949,SINAPI!$A:$A,0)),\"\")","v":"COMPOSIÇÃO"},{"$f":"IF(IFERROR(INDEX(COMPOSIÇÕES_IFMT!$B:$B,MATCH($A2948,COMPOSIÇÕES_IFMT!$A:$A,0)),\"\")<>\"\",OFFSET(COMPOSIÇÕES_IFMT!$A$1,MATCH($A2948,COMPOSIÇÕES_IFMT!$A:$A,0),1),\"\")","v":88309},{"$f":"IFERROR(INDEX(SINAPI!$B:$B,MATCH($B2949,SINAPI!$A:$A,0)),\"\")","v":"PEDREIRO COM ENCARGOS COMPLEMENTARES"},{"$f":"IFERROR(INDEX(SINAPI!$C:$C,MATCH($B2949,SINAPI!$A:$A,0)),\"\")","v":"H"},{"$f":"IF(IFERROR(INDEX(COMPOSIÇÕES_IFMT!$B:$B,MATCH($A2948,COMPOSIÇÕES_IFMT!$A:$A,0)),\"\")<>\"\",OFFSET(COMPOSIÇÕES_IFMT!$A$1,MATCH($A2948,COMPOSIÇÕES_IFMT!$A:$A,0),4),\"\")","v":0.17},{"$f":"IFERROR(INDEX(SINAPI!$D:$D,MATCH($B2949,SINAPI!$A:$A,0)),0)","v":19.86},{"$f":"IFERROR(F2949*E2949,0)","v":3.3762000000000003}]
[{"$f":"IFERROR(INDEX(SINAPI!$E:$E,MATCH($B2950,SINAPI!$A:$A,0)),\"\")","v":"COMPOSIÇÃO"},{"$f":"IF(IFERROR(INDEX(COMPOSIÇÕES_IFMT!$B:$B,MATCH($A2948,COMPOSIÇÕES_IFMT!$A:$A,0)),\"\")<>\"\",OFFSET(COMPOSIÇÕES_IFMT!$A$1,MATCH($A2948,COMPOSIÇÕES_IFMT!$A:$A,0)+1,1),\"\")","v":88316},{"$f":"IFERROR(INDEX(SINAPI!$B:$B,MATCH($B2950,SINAPI!$A:$A,0)),\"\")","v":"SERVENTE COM ENCARGOS COMPLEMENTARES"},{"$f":"IFERROR(INDEX(SINAPI!$C:$C,MATCH($B2950,SINAPI!$A:$A,0)),\"\")","v":"H"},{"$f":"IF(IFERROR(INDEX(COMPOSIÇÕES_IFMT!$B:$B,MATCH($A2948,COMPOSIÇÕES_IFMT!$A:$A,0)),\"\")<>\"\",OFFSET(COMPOSIÇÕES_IFMT!$A$1,MATCH($A2948,COMPOSIÇÕES_IFMT!$A:$A,0)+1,4),\"\")","v":0.17},{"$f":"IFERROR(INDEX(SINAPI!$D:$D,MATCH($B2950,SINAPI!$A:$A,0)),0)","v":15.65},2.6605000000000003]
[{"$f":"IFERROR(INDEX(SINAPI!$E:$E,MATCH($B2951,SINAPI!$A:$A,0)),\"\")","v":"INSUMO"},{"$f":"IF(IFERROR(INDEX(COMPOSIÇÕES_IFMT!$B:$B,MATCH($A2948,COMPOSIÇÕES_IFMT!$A:$A,0)),\"\")<>\"\",OFFSET(COMPOSIÇÕES_IFMT!$A$1,MATCH($A2948,COMPOSIÇÕES_IFMT!$A:$A,0)+2,1),\"\")","v":4790},{"$f":"IFERROR(INDEX(SINAPI!$B:$B,MATCH($B2951,SINAPI!$A:$A,0)),\"\")","v":"PLACA VINILICA SEMIFLEXIVEL PARA REVESTIMENTO DE PISOS E PAREDES, E = 2 MM (SEM COLOCACAO)                                                                                                                                                                                                                                                                                                                                                                                                                "},{"$f":"IFERROR(INDEX(SINAPI!$C:$C,MATCH($B2951,SINAPI!$A:$A,0)),\"\")","v":"M2    "},{"$f":"IF(IFERROR(INDEX(COMPOSIÇÕES_IFMT!$B:$B,MATCH($A2948,COMPOSIÇÕES_IFMT!$A:$A,0)),\"\")<>\"\",OFFSET(COMPOSIÇÕES_IFMT!$A$1,MATCH($A2948,COMPOSIÇÕES_IFMT!$A:$A,0)+2,4),\"\")","v":1.05},{"$f":"IFERROR(INDEX(SINAPI!$D:$D,MATCH($B2951,SINAPI!$A:$A,0)),0)","v":88.2},92.610000000000014]
[{"$f":"IFERROR(INDEX(SINAPI!$E:$E,MATCH($B2952,SINAPI!$A:$A,0)),\"\")","v":"INSUMO"},{"$f":"IF(IFERROR(INDEX(COMPOSIÇÕES_IFMT!$B:$B,MATCH($A2948,COMPOSIÇÕES_IFMT!$A:$A,0)),\"\")<>\"\",OFFSET(COMPOSIÇÕES_IFMT!$A$1,MATCH($A2948,COMPOSIÇÕES_IFMT!$A:$A,0)+3,1),\"\")","v":4791},{"$f":"IFERROR(INDEX(SINAPI!$B:$B,MATCH($B2952,SINAPI!$A:$A,0)),\"\")","v":"ADESIVO ACRILICO DE BASE AQUOSA / COLA DE CONTATO                                                                                                                                                                                                                                                                                                                                                                                                                                                         "},{"$f":"IFERROR(INDEX(SINAPI!$C:$C,MATCH($B2952,SINAPI!$A:$A,0)),\"\")","v":"KG    "},{"$f":"IF(IFERROR(INDEX(COMPOSIÇÕES_IFMT!$B:$B,MATCH($A2948,COMPOSIÇÕES_IFMT!$A:$A,0)),\"\")<>\"\",OFFSET(COMPOSIÇÕES_IFMT!$A$1,MATCH($A2948,COMPOSIÇÕES_IFMT!$A:$A,0)+3,4),\"\")","v":0.14000000000000001},{"$f":"IFERROR(INDEX(SINAPI!$D:$D,MATCH($B2952,SINAPI!$A:$A,0)),0)","v":17.96},2.5144000000000002]
[null,null,null,null,null,"TOTAL",{"$f":"SUM(G2949:G2952)","v":101.1611}]
[]
[]
["CLASSE/TIPO","CÓDIGOS/ SINAPI","DESCRIÇÃO","UND","COEFICIENTE","PREÇO UNITÁRIO","PREÇO TOTAL"]
["IFMT 242.08.2020",{"$f":"IFERROR(INDEX(COMPOSIÇÕES_IFMT!$B:$B,MATCH($A2957,COMPOSIÇÕES_IFMT!$A:$A,0)),\"\")","v":".242/R"},{"$f":"IFERROR(INDEX(COMPOSIÇÕES_IFMT!$C:$C,MATCH($A2957,COMPOSIÇÕES_IFMT!$A:$A,0)),\"\")","v":"ENGENHEIRO ELETRICISTA COM ENCARGOS COMPLEMENTARES"},{"$f":"IFERROR(INDEX(COMPOSIÇÕES_IFMT!$D:$D,MATCH($A2957,COMPOSIÇÕES_IFMT!$A:$A,0)),\"\")","v":"MES"},null,null,{"$f":"G2964","v":15858.630000000001}]
[{"$f":"IFERROR(INDEX(SINAPI!$E:$E,MATCH($B2958,SINAPI!$A:$A,0)),\"\")","v":"INSUMO"},{"$f":"IF(IFERROR(INDEX(COMPOSIÇÕES_IFMT!$B:$B,MATCH($A2957,COMPOSIÇÕES_IFMT!$A:$A,0)),\"\")<>\"\",OFFSET(COMPOSIÇÕES_IFMT!$A$1,MATCH($A2957,COMPOSIÇÕES_IFMT!$A:$A,0),1),\"\")","v":40939},{"$f":"IFERROR(INDEX(SINAPI!$B:$B,MATCH($B2958,SINAPI!$A:$A,0)),\"\")","v":"ENGENHEIRO ELETRICISTA (MENSALISTA)                                                                                                                                                                                                                                                                                                                                                                                                                                                                       "},{"$f":"IFERROR(INDEX(SINAPI!$C:$C,MATCH($B2958,SINAPI!$A:$A,0)),\"\")","v":"MES   "},{"$f":"IF(IFERROR(INDEX(COMPOSIÇÕES_IFMT!$B:$B,MATCH($A2957,COMPOSIÇÕES_IFMT!$A:$A,0)),\"\")<>\"\",OFFSET(COMPOSIÇÕES_IFMT!$A$1,MATCH($A2957,COMPOSIÇÕES_IFMT!$A:$A,0),4),\"\")","v":1},{"$f":"IFERROR(INDEX(SINAPI!$D:$D,MATCH($B2958,SINAPI!$A:$A,0)),0)","v":15306.61},{"$f":"IFERROR(F2958*E2958,0)","v":15306.61}]
[{"$f":"IFERROR(INDEX(SINAPI!$E:$E,MATCH($B2959,SINAPI!$A:$A,0)),\"\")","v":"INSUMO"},{"$f":"IF(IFERROR(INDEX(COMPOSIÇÕES_IFMT!$B:$B,MATCH($A2957,COMPOSIÇÕES_IFMT!$A:$A,0)),\"\")<>\"\",OFFSET(COMPOSIÇÕES_IFMT!$A$1,MATCH($A2957,COMPOSIÇÕES_IFMT!$A:$A,0)+1,1),\"\")","v":40863},{"$f":"IFERROR(INDEX(SINAPI!$B:$B,MATCH($B2959,SINAPI!$A:$A,0)),\"\")","v":"EXAMES - MENSALISTA (COLETADO CAIXA)                                                                                                                                                                                                                                                                                                                                                                                                                                                                      "},{"$f":"IFERROR(INDEX(SINAPI!$C:$C,MATCH($B2959,SINAPI!$A:$A,0)),\"\")","v":"MES   "},{"$f":"IF(IFERROR(INDEX(COMPOSIÇÕES_IFMT!$B:$B,MATCH($A2957,COMPOSIÇÕES_IFMT!$A:$A,0)),\"\")<>\"\",OFFSET(COMPOSIÇÕES_IFMT!$A$1,MATCH($A2957,COMPOSIÇÕES_IFMT!$A:$A,0)+1,4),\"\")","v":1},{"$f":"IFERROR(INDEX(SINAPI!$D:$D,MATCH($B2959,SINAPI!$A:$A,0)),0)","v":103.7},103.7]
[{"$f":"IFERROR(INDEX(SINAPI!$E:$E,MATCH($B2960,SINAPI!$A:$A,0)),\"\")","v":"INSUMO"},{"$f":"IF(IFERROR(INDEX(COMPOSIÇÕES_IFMT!$B:$B,MATCH($A2957,COMPOSIÇÕES_IFMT!$A:$A,0)),\"\")<>\"\",OFFSET(COMPOSIÇÕES_IFMT!$A$1,MATCH($A2957,COMPOSIÇÕES_IFMT!$A:$A,0)+2,1),\"\")","v":40864},{"$f":"IFERROR(INDEX(SINAPI!$B:$B,MATCH($B2960,SINAPI!$A:$A,0)),\"\")","v":"SEGURO - MENSALISTA (COLETADO CAIXA)                                                                                                                                                                                                                                                                                                                                                                                                                                                                      "},{"$f":"IFERROR(INDEX(SINAPI!$C:$C,MATCH($B2960,SINAPI!$A:$A,0)),\"\")","v":"MES   "},{"$f":"IF(IFERROR(INDEX(COMPOSIÇÕES_IFMT!$B:$B,MATCH($A2957,COMPOSIÇÕES_IFMT!$A:$A,0)),\"\")<>\"\",OFFSET(COMPOSIÇÕES_IFMT!$A$1,MATCH($A2957,COMPOSIÇÕES_IFMT!$A:$A,0)+2,4),\"\")","v":1},{"$f":"IFERROR(INDEX(SINAPI!$D:$D,MATCH($B2960,SINAPI!$A:$A,0)),0)","v":11.13},11.13]
[{"$f":"IFERROR(INDEX(SINAPI!$E:$E,MATCH($B2961,SINAPI!$A:$A,0)),\"\")","v":"INSUMO"},{"$f":"IF(IFERROR(INDEX(COMPOSIÇÕES_IFMT!$B:$B,MATCH($A2957,COMPOSIÇÕES_IFMT!$A:$A,0)),\"\")<>\"\",OFFSET(COMPOSIÇÕES_IFMT!$A$1,MATCH($A2957,COMPOSIÇÕES_IFMT!$A:$A,0)+3,1),\"\")","v":43472},{"$f":"IFERROR(INDEX(SINAPI!$B:$B,MATCH($B2961,SINAPI!$A:$A,0)),\"\")","v":"FERRAMENTAS - FAMILIA ELETRICISTA - MENSALISTA (ENCARGOS COMPLEMENTARES - COLETADO CAIXA)                                                                                                                                                                                                                                                                                                                                                                                                                 "},{"$f":"IFERROR(INDEX(SINAPI!$C:$C,MATCH($B2961,SINAPI!$A:$A,0)),\"\")","v":"MES   "},{"$f":"IF(IFERROR(INDEX(COMPOSIÇÕES_IFMT!$B:$B,MATCH($A2957,COMPOSIÇÕES_IFMT!$A:$A,0)),\"\")<>\"\",OFFSET(COMPOSIÇÕES_IFMT!$A$1,MATCH($A2957,COMPOSIÇÕES_IFMT!$A:$A,0)+3,4),\"\")","v":1},{"$f":"IFERROR(INDEX(SINAPI!$D:$D,MATCH($B2961,SINAPI!$A:$A,0)),0)","v":117.38},117.38]
[{"$f":"IFERROR(INDEX(SINAPI!$E:$E,MATCH($B2962,SINAPI!$A:$A,0)),\"\")","v":"INSUMO"},{"$f":"IF(IFERROR(INDEX(COMPOSIÇÕES_IFMT!$B:$B,MATCH($A2957,COMPOSIÇÕES_IFMT!$A:$A,0)),\"\")<>\"\",OFFSET(COMPOSIÇÕES_IFMT!$A$1,MATCH($A2957,COMPOSIÇÕES_IFMT!$A:$A,0)+4,1),\"\")","v":43496},{"$f":"IFERROR(INDEX(SINAPI!$B:$B,MATCH($B2962,SINAPI!$A:$A,0)),\"\")","v":"EPI - FAMILIA ELETRICISTA - MENSALISTA (ENCARGOS COMPLEMENTARES - COLETADO CAIXA)                                                                                                                                                                                                                                                                                                                                                                                                                         "},{"$f":"IFERROR(INDEX(SINAPI!$C:$C,MATCH($B2962,SINAPI!$A:$A,0)),\"\")","v":"MES   "},{"$f":"IF(IFERROR(INDEX(COMPOSIÇÕES_IFMT!$B:$B,MATCH($A2957,COMPOSIÇÕES_IFMT!$A:$A,0)),\"\")<>\"\",OFFSET(COMPOSIÇÕES_IFMT!$A$1,MATCH($A2957,COMPOSIÇÕES_IFMT!$A:$A,0)+4,4),\"\")","v":1},{"$f":"IFERROR(INDEX(SINAPI!$D:$D,MATCH($B2962,SINAPI!$A:$A,0)),0)","v":171.87},171.87]
[{"$f":"IFERROR(INDEX(SINAPI!$E:$E,MATCH($B2963,SINAPI!$A:$A,0)),\"\")","v":"COMPOSIÇÃO"},{"$f":"IF(IFERROR(INDEX(COMPOSIÇÕES_IFMT!$B:$B,MATCH($A2957,COMPOSIÇÕES_IFMT!$A:$A,0)),\"\")<>\"\",OFFSET(COMPOSIÇÕES_IFMT!$A$1,MATCH($A2957,COMPOSIÇÕES_IFMT!$A:$A,0)+5,1),\"\")","v":95417},{"$f":"IFERROR(INDEX(SINAPI!$B:$B,MATCH($B2963,SINAPI!$A:$A,0)),\"\")","v":"CURSO DE CAPACITAÇÃO PARA ENGENHEIRO CIVIL DE OBRA PLENO (ENCARGOS COMPLEMENTARES) - MENSALISTA"},{"$f":"IFERROR(INDEX(SINAPI!$C:$C,MATCH($B2963,SINAPI!$A:$A,0)),\"\")","v":"MES"},{"$f":"IF(IFERROR(INDEX(COMPOSIÇÕES_IFMT!$B:$B,MATCH($A2957,COMPOSIÇÕES_IFMT!$A:$A,0)),\"\")<>\"\",OFFSET(COMPOSIÇÕES_IFMT!$A$1,MATCH($A2957,COMPOSIÇÕES_IFMT!$A:$A,0)+5,4),\"\")","v":1},{"$f":"IFERROR(INDEX(SINAPI!$D:$D,MATCH($B2963,SINAPI!$A:$A,0)),0)","v":147.94},147.94]
[null,null,null,null,null,"TOTAL",{"$f":"SUM(G2958:G2963)","v":15858.630000000001}]
[]
[]
["CLASSE/TIPO","CÓDIGOS/ SINAPI","DESCRIÇÃO","UND","COEFICIENTE","PREÇO UNITÁRIO","PREÇO TOTAL"]
["IFMT 243.08.2020",{"$f":"IFERROR(INDEX(COMPOSIÇÕES_IFMT!$B:$B,MATCH($A2968,COMPOSIÇÕES_IFMT!$A:$A,0)),\"\")","v":".243/R"},{"$f":"IFERROR(INDEX(COMPOSIÇÕES_IFMT!$C:$C,MATCH($A2968,COMPOSIÇÕES_IFMT!$A:$A,0)),\"\")","v":"LIMPEZA MECANIZADA DE TERRENO COM REMOCAO DE CAMADA VEGETAL, UTILIZANDO MOTONIVELADORA"},{"$f":"IFERROR(INDEX(COMPOSIÇÕES_IFMT!$D:$D,MATCH($A2968,COMPOSIÇÕES_IFMT!$A:$A,0)),\"\")","v":"M2"},null,null,{"$f":"G2971","v":0.59145000000000003}]
[{"$f":"IFERROR(INDEX(SINAPI!$E:$E,MATCH($B2969,SINAPI!$A:$A,0)),\"\")","v":"COMPOSIÇÃO"},{"$f":"IF(IFERROR(INDEX(COMPOSIÇÕES_IFMT!$B:$B,MATCH($A2968,COMPOSIÇÕES_IFMT!$A:$A,0)),\"\")<>\"\",OFFSET(COMPOSIÇÕES_IFMT!$A$1,MATCH($A2968,COMPOSIÇÕES_IFMT!$A:$A,0),1),\"\")","v":5932},{"$f":"IFERROR(INDEX(SINAPI!$B:$B,MATCH($B2969,SINAPI!$A:$A,0)),\"\")","v":"MOTONIVELADORA POTÊNCIA BÁSICA LÍQUIDA (PRIMEIRA MARCHA) 125 HP, PESO BRUTO 13032 KG, LARGURA DA LÂMINA DE 3,7 M - CHP DIURNO. AF_06/2014"},{"$f":"IFERROR(INDEX(SINAPI!$C:$C,MATCH($B2969,SINAPI!$A:$A,0)),\"\")","v":"CHP"},{"$f":"IF(IFERROR(INDEX(COMPOSIÇÕES_IFMT!$B:$B,MATCH($A2968,COMPOSIÇÕES_IFMT!$A:$A,0)),\"\")<>\"\",OFFSET(COMPOSIÇÕES_IFMT!$A$1,MATCH($A2968,COMPOSIÇÕES_IFMT!$A:$A,0),4),\"\")","v":3.0000000000000001E-3},{"$f":"IFERROR(INDEX(SINAPI!$D:$D,MATCH($B2969,SINAPI!$A:$A,0)),0)","v":181.5},{"$f":"IFERROR(F2969*E2969,0)","v":0.54449999999999998}]
[{"$f":"IFERROR(INDEX(SINAPI!$E:$E,MATCH($B2970,SINAPI!$A:$A,0)),\"\")","v":"COMPOSIÇÃO"},{"$f":"IF(IFERROR(INDEX(COMPOSIÇÕES_IFMT!$B:$B,MATCH($A2968,COMPOSIÇÕES_IFMT!$A:$A,0)),\"\")<>\"\",OFFSET(COMPOSIÇÕES_IFMT!$A$1,MATCH($A2968,COMPOSIÇÕES_IFMT!$A:$A,0)+1,1),\"\")","v":88316},{"$f":"IFERROR(INDEX(SINAPI!$B:$B,MATCH($B2970,SINAPI!$A:$A,0)),\"\")","v":"SERVENTE COM ENCARGOS COMPLEMENTARES"},{"$f":"IFERROR(INDEX(SINAPI!$C:$C,MATCH($B2970,SINAPI!$A:$A,0)),\"\")","v":"H"},{"$f":"IF(IFERROR(INDEX(COMPOSIÇÕES_IFMT!$B:$B,MATCH($A2968,COMPOSIÇÕES_IFMT!$A:$A,0)),\"\")<>\"\",OFFSET(COMPOSIÇÕES_IFMT!$A$1,MATCH($A2968,COMPOSIÇÕES_IFMT!$A:$A,0)+1,4),\"\")","v":3.0000000000000001E-3},{"$f":"IFERROR(INDEX(SINAPI!$D:$D,MATCH($B2970,SINAPI!$A:$A,0)),0)","v":15.65},4.6949999999999999E-2]
[null,null,null,null,null,"TOTAL",{"$f":"SUM(G2969:G2970)","v":0.59145000000000003}]
[]
[]
["CLASSE/TIPO","CÓDIGOS/ SINAPI","DESCRIÇÃO","UND","COEFICIENTE","PREÇO UNITÁRIO","PREÇO TOTAL"]
["IFMT 244.08.2020",{"$f":"IFERROR(INDEX(COMPOSIÇÕES_IFMT!$B:$B,MATCH($A2975,COMPOSIÇÕES_IFMT!$A:$A,0)),\"\")","v":".244/R"},{"$f":"IFERROR(INDEX(COMPOSIÇÕES_IFMT!$C:$C,MATCH($A2975,COMPOSIÇÕES_IFMT!$A:$A,0)),\"\")","v":"ELABORAÇÃO DE PROJETO \"AS BUILT\" ARQUITETÔNICO E COMPLEMENTARES, EXCLUSIVE ELÉTRICO, E REGULAIZAÇÃO PERANTE A PREFEITURA"},{"$f":"IFERROR(INDEX(COMPOSIÇÕES_IFMT!$D:$D,MATCH($A2975,COMPOSIÇÕES_IFMT!$A:$A,0)),\"\")","v":"M2"},null,null,{"$f":"G2978","v":5.8622399999999999}]
[{"$f":"IFERROR(INDEX(SINAPI!$E:$E,MATCH($B2976,SINAPI!$A:$A,0)),\"\")","v":"COMPOSIÇÃO"},{"$f":"IF(IFERROR(INDEX(COMPOSIÇÕES_IFMT!$B:$B,MATCH($A2975,COMPOSIÇÕES_IFMT!$A:$A,0)),\"\")<>\"\",OFFSET(COMPOSIÇÕES_IFMT!$A$1,MATCH($A2975,COMPOSIÇÕES_IFMT!$A:$A,0),1),\"\")","v":100305},{"$f":"IFERROR(INDEX(SINAPI!$B:$B,MATCH($B2976,SINAPI!$A:$A,0)),\"\")","v":"ENGENHEIRO CIVIL JUNIOR COM ENCARGOS COMPLEMENTARES"},{"$f":"IFERROR(INDEX(SINAPI!$C:$C,MATCH($B2976,SINAPI!$A:$A,0)),\"\")","v":"H"},{"$f":"IF(IFERROR(INDEX(COMPOSIÇÕES_IFMT!$B:$B,MATCH($A2975,COMPOSIÇÕES_IFMT!$A:$A,0)),\"\")<>\"\",OFFSET(COMPOSIÇÕES_IFMT!$A$1,MATCH($A2975,COMPOSIÇÕES_IFMT!$A:$A,0),4),\"\")","v":5.2999999999999999E-2},{"$f":"IFERROR(INDEX(SINAPI!$D:$D,MATCH($B2976,SINAPI!$A:$A,0)),0)","v":93.78},{"$f":"IFERROR(F2976*E2976,0)","v":4.9703400000000002}]
[{"$f":"IFERROR(INDEX(SINAPI!$E:$E,MATCH($B2977,SINAPI!$A:$A,0)),\"\")","v":"COMPOSIÇÃO"},{"$f":"IF(IFERROR(INDEX(COMPOSIÇÕES_IFMT!$B:$B,MATCH($A2975,COMPOSIÇÕES_IFMT!$A:$A,0)),\"\")<>\"\",OFFSET(COMPOSIÇÕES_IFMT!$A$1,MATCH($A2975,COMPOSIÇÕES_IFMT!$A:$A,0)+1,1),\"\")","v":90773},{"$f":"IFERROR(INDEX(SINAPI!$B:$B,MATCH($B2977,SINAPI!$A:$A,0)),\"\")","v":"DESENHISTA COPISTA COM ENCARGOS COMPLEMENTARES"},{"$f":"IFERROR(INDEX(SINAPI!$C:$C,MATCH($B2977,SINAPI!$A:$A,0)),\"\")","v":"H"},{"$f":"IF(IFERROR(INDEX(COMPOSIÇÕES_IFMT!$B:$B,MATCH($A2975,COMPOSIÇÕES_IFMT!$A:$A,0)),\"\")<>\"\",OFFSET(COMPOSIÇÕES_IFMT!$A$1,MATCH($A2975,COMPOSIÇÕES_IFMT!$A:$A,0)+1,4),\"\")","v":4.4999999999999998E-2},{"$f":"IFERROR(INDEX(SINAPI!$D:$D,MATCH($B2977,SINAPI!$A:$A,0)),0)","v":19.82},0.89190000000000003]
[null,null,null,null,null,"TOTAL",{"$f":"SUM(G2976:G2977)","v":5.8622399999999999}]
[]
[]
["CLASSE/TIPO","CÓDIGOS/ SINAPI","DESCRIÇÃO","UND","COEFICIENTE","PREÇO UNITÁRIO","PREÇO TOTAL"]
["IFMT 245.08.2020",{"$f":"IFERROR(INDEX(COMPOSIÇÕES_IFMT!$B:$B,MATCH($A2982,COMPOSIÇÕES_IFMT!$A:$A,0)),\"\")","v":".245/R"},{"$f":"IFERROR(INDEX(COMPOSIÇÕES_IFMT!$C:$C,MATCH($A2982,COMPOSIÇÕES_IFMT!$A:$A,0)),\"\")","v":"ELABORAÇÃO DE PROJETO \"AS BUILT\" ELÉTRICO E REGULAIZAÇÃO PERANTE AS CONCESSIONÁRIAS"},{"$f":"IFERROR(INDEX(COMPOSIÇÕES_IFMT!$D:$D,MATCH($A2982,COMPOSIÇÕES_IFMT!$A:$A,0)),\"\")","v":"M2"},null,null,{"$f":"G2985","v":5.6406999999999989}]
[{"$f":"IFERROR(INDEX(SINAPI!$E:$E,MATCH($B2983,SINAPI!$A:$A,0)),\"\")","v":"COMPOSIÇÃO"},{"$f":"IF(IFERROR(INDEX(COMPOSIÇÕES_IFMT!$B:$B,MATCH($A2982,COMPOSIÇÕES_IFMT!$A:$A,0)),\"\")<>\"\",OFFSET(COMPOSIÇÕES_IFMT!$A$1,MATCH($A2982,COMPOSIÇÕES_IFMT!$A:$A,0),1),\"\")","v":91677},{"$f":"IFERROR(INDEX(SINAPI!$B:$B,MATCH($B2983,SINAPI!$A:$A,0)),\"\")","v":"ENGENHEIRO ELETRICISTA COM ENCARGOS COMPLEMENTARES"},{"$f":"IFERROR(INDEX(SINAPI!$C:$C,MATCH($B2983,SINAPI!$A:$A,0)),\"\")","v":"H"},{"$f":"IF(IFERROR(INDEX(COMPOSIÇÕES_IFMT!$B:$B,MATCH($A2982,COMPOSIÇÕES_IFMT!$A:$A,0)),\"\")<>\"\",OFFSET(COMPOSIÇÕES_IFMT!$A$1,MATCH($A2982,COMPOSIÇÕES_IFMT!$A:$A,0),4),\"\")","v":5.2999999999999999E-2},{"$f":"IFERROR(INDEX(SINAPI!$D:$D,MATCH($B2983,SINAPI!$A:$A,0)),0)","v":89.6},{"$f":"IFERROR(F2983*E2983,0)","v":4.7487999999999992}]
[{"$f":"IFERROR(INDEX(SINAPI!$E:$E,MATCH($B2984,SINAPI!$A:$A,0)),\"\")","v":"COMPOSIÇÃO"},{"$f":"IF(IFERROR(INDEX(COMPOSIÇÕES_IFMT!$B:$B,MATCH($A2982,COMPOSIÇÕES_IFMT!$A:$A,0)),\"\")<>\"\",OFFSET(COMPOSIÇÕES_IFMT!$A$1,MATCH($A2982,COMPOSIÇÕES_IFMT!$A:$A,0)+1,1),\"\")","v":90773},{"$f":"IFERROR(INDEX(SINAPI!$B:$B,MATCH($B2984,SINAPI!$A:$A,0)),\"\")","v":"DESENHISTA COPISTA COM ENCARGOS COMPLEMENTARES"},{"$f":"IFERROR(INDEX(SINAPI!$C:$C,MATCH($B2984,SINAPI!$A:$A,0)),\"\")","v":"H"},{"$f":"IF(IFERROR(INDEX(COMPOSIÇÕES_IFMT!$B:$B,MATCH($A2982,COMPOSIÇÕES_IFMT!$A:$A,0)),\"\")<>\"\",OFFSET(COMPOSIÇÕES_IFMT!$A$1,MATCH($A2982,COMPOSIÇÕES_IFMT!$A:$A,0)+1,4),\"\")","v":4.4999999999999998E-2},{"$f":"IFERROR(INDEX(SINAPI!$D:$D,MATCH($B2984,SINAPI!$A:$A,0)),0)","v":19.82},0.89190000000000003]
[null,null,null,null,null,"TOTAL",{"$f":"SUM(G2983:G2984)","v":5.6406999999999989}]
[]
[]
["CLASSE/TIPO","CÓDIGOS/ SINAPI","DESCRIÇÃO","UND","COEFICIENTE","PREÇO UNITÁRIO","PREÇO TOTAL"]
["IFMT 246.08.2020",{"$f":"IFERROR(INDEX(COMPOSIÇÕES_IFMT!$B:$B,MATCH($A2989,COMPOSIÇÕES_IFMT!$A:$A,0)),\"\")","v":".246/R"},{"$f":"IFERROR(INDEX(COMPOSIÇÕES_IFMT!$C:$C,MATCH($A2989,COMPOSIÇÕES_IFMT!$A:$A,0)),\"\")","v":"ELABORAÇÃO DE PROJETO \"AS BUILT\" DE SEGURANÇA DO TRABALHO E REGULAIZAÇÃO PERANTE O CORPO DE BOMBEIRO"},{"$f":"IFERROR(INDEX(COMPOSIÇÕES_IFMT!$D:$D,MATCH($A2989,COMPOSIÇÕES_IFMT!$A:$A,0)),\"\")","v":"M2"},null,null,{"$f":"G2992","v":5.8622399999999999}]
[{"$f":"IFERROR(INDEX(SINAPI!$E:$E,MATCH($B2990,SINAPI!$A:$A,0)),\"\")","v":"COMPOSIÇÃO"},{"$f":"IF(IFERROR(INDEX(COMPOSIÇÕES_IFMT!$B:$B,MATCH($A2989,COMPOSIÇÕES_IFMT!$A:$A,0)),\"\")<>\"\",OFFSET(COMPOSIÇÕES_IFMT!$A$1,MATCH($A2989,COMPOSIÇÕES_IFMT!$A:$A,0),1),\"\")","v":100305},{"$f":"IFERROR(INDEX(SINAPI!$B:$B,MATCH($B2990,SINAPI!$A:$A,0)),\"\")","v":"ENGENHEIRO CIVIL JUNIOR COM ENCARGOS COMPLEMENTARES"},{"$f":"IFERROR(INDEX(SINAPI!$C:$C,MATCH($B2990,SINAPI!$A:$A,0)),\"\")","v":"H"},{"$f":"IF(IFERROR(INDEX(COMPOSIÇÕES_IFMT!$B:$B,MATCH($A2989,COMPOSIÇÕES_IFMT!$A:$A,0)),\"\")<>\"\",OFFSET(COMPOSIÇÕES_IFMT!$A$1,MATCH($A2989,COMPOSIÇÕES_IFMT!$A:$A,0),4),\"\")","v":5.2999999999999999E-2},{"$f":"IFERROR(INDEX(SINAPI!$D:$D,MATCH($B2990,SINAPI!$A:$A,0)),0)","v":93.78},{"$f":"IFERROR(F2990*E2990,0)","v":4.9703400000000002}]
[{"$f":"IFERROR(INDEX(SINAPI!$E:$E,MATCH($B2991,SINAPI!$A:$A,0)),\"\")","v":"COMPOSIÇÃO"},{"$f":"IF(IFERROR(INDEX(COMPOSIÇÕES_IFMT!$B:$B,MATCH($A2989,COMPOSIÇÕES_IFMT!$A:$A,0)),\"\")<>\"\",OFFSET(COMPOSIÇÕES_IFMT!$A$1,MATCH($A2989,COMPOSIÇÕES_IFMT!$A:$A,0)+1,1),\"\")","v":90773},{"$f":"IFERROR(INDEX(SINAPI!$B:$B,MATCH($B2991,SINAPI!$A:$A,0)),\"\")","v":"DESENHISTA COPISTA COM ENCARGOS COMPLEMENTARES"},{"$f":"IFERROR(INDEX(SINAPI!$C:$C,MATCH($B2991,SINAPI!$A:$A,0)),\"\")","v":"H"},{"$f":"IF(IFERROR(INDEX(COMPOSIÇÕES_IFMT!$B:$B,MATCH($A2989,COMPOSIÇÕES_IFMT!$A:$A,0)),\"\")<>\"\",OFFSET(COMPOSIÇÕES_IFMT!$A$1,MATCH($A2989,COMPOSIÇÕES_IFMT!$A:$A,0)+1,4),\"\")","v":4.4999999999999998E-2},{"$f":"IFERROR(INDEX(SINAPI!$D:$D,MATCH($B2991,SINAPI!$A:$A,0)),0)","v":19.82},0.89190000000000003]
[null,null,null,null,null,"TOTAL",{"$f":"SUM(G2990:G2991)","v":5.8622399999999999}]
[]
[]
["CLASSE/TIPO","CÓDIGOS/ SINAPI","DESCRIÇÃO","UND","COEFICIENTE","PREÇO UNITÁRIO","PREÇO TOTAL"]
["IFMT 247.08.2020",{"$f":"IFERROR(INDEX(COMPOSIÇÕES_IFMT!$B:$B,MATCH($A2996,COMPOSIÇÕES_IFMT!$A:$A,0)),\"\")","v":".247/R"},{"$f":"IFERROR(INDEX(COMPOSIÇÕES_IFMT!$C:$C,MATCH($A2996,COMPOSIÇÕES_IFMT!$A:$A,0)),\"\")","v":"PLANTIO DE GRAMA EM PLACAS COM TERRA PRETA"},{"$f":"IFERROR(INDEX(COMPOSIÇÕES_IFMT!$D:$D,MATCH($A2996,COMPOSIÇÕES_IFMT!$A:$A,0)),\"\")","v":"M2"},null,null,{"$f":"G3001","v":18.945706999999999}]
[{"$f":"IFERROR(INDEX(SINAPI!$E:$E,MATCH($B2997,SINAPI!$A:$A,0)),\"\")","v":"INSUMO"},{"$f":"IF(IFERROR(INDEX(COMPOSIÇÕES_IFMT!$B:$B,MATCH($A2996,COMPOSIÇÕES_IFMT!$A:$A,0)),\"\")<>\"\",OFFSET(COMPOSIÇÕES_IFMT!$A$1,MATCH($A2996,COMPOSIÇÕES_IFMT!$A:$A,0),1),\"\")","v":3324},{"$f":"IFERROR(INDEX(SINAPI!$B:$B,MATCH($B2997,SINAPI!$A:$A,0)),\"\")","v":"GRAMA BATATAIS EM PLACAS, SEM PLANTIO                                                                                                                                                                                                                                                                                                                                                                                                                                                                     "},{"$f":"IFERROR(INDEX(SINAPI!$C:$C,MATCH($B2997,SINAPI!$A:$A,0)),\"\")","v":"M2    "},{"$f":"IF(IFERROR(INDEX(COMPOSIÇÕES_IFMT!$B:$B,MATCH($A2996,COMPOSIÇÕES_IFMT!$A:$A,0)),\"\")<>\"\",OFFSET(COMPOSIÇÕES_IFMT!$A$1,MATCH($A2996,COMPOSIÇÕES_IFMT!$A:$A,0),4),\"\")","v":1},{"$f":"IFERROR(INDEX(SINAPI!$D:$D,MATCH($B2997,SINAPI!$A:$A,0)),0)","v":8.57},{"$f":"IFERROR(F2997*E2997,0)","v":8.57}]
[{"$f":"IFERROR(INDEX(SINAPI!$E:$E,MATCH($B2998,SINAPI!$A:$A,0)),\"\")","v":"COMPOSIÇÃO"},{"$f":"IF(IFERROR(INDEX(COMPOSIÇÕES_IFMT!$B:$B,MATCH($A2996,COMPOSIÇÕES_IFMT!$A:$A,0)),\"\")<>\"\",OFFSET(COMPOSIÇÕES_IFMT!$A$1,MATCH($A2996,COMPOSIÇÕES_IFMT!$A:$A,0)+1,1),\"\")","v":88316},{"$f":"IFERROR(INDEX(SINAPI!$B:$B,MATCH($B2998,SINAPI!$A:$A,0)),\"\")","v":"SERVENTE COM ENCARGOS COMPLEMENTARES"},{"$f":"IFERROR(INDEX(SINAPI!$C:$C,MATCH($B2998,SINAPI!$A:$A,0)),\"\")","v":"H"},{"$f":"IF(IFERROR(INDEX(COMPOSIÇÕES_IFMT!$B:$B,MATCH($A2996,COMPOSIÇÕES_IFMT!$A:$A,0)),\"\")<>\"\",OFFSET(COMPOSIÇÕES_IFMT!$A$1,MATCH($A2996,COMPOSIÇÕES_IFMT!$A:$A,0)+1,4),\"\")","v":0.15640000000000001},{"$f":"IFERROR(INDEX(SINAPI!$D:$D,MATCH($B2998,SINAPI!$A:$A,0)),0)","v":15.65},2.4476600000000004]
[{"$f":"IFERROR(INDEX(SINAPI!$E:$E,MATCH($B2999,SINAPI!$A:$A,0)),\"\")","v":"COMPOSIÇÃO"},{"$f":"IF(IFERROR(INDEX(COMPOSIÇÕES_IFMT!$B:$B,MATCH($A2996,COMPOSIÇÕES_IFMT!$A:$A,0)),\"\")<>\"\",OFFSET(COMPOSIÇÕES_IFMT!$A$1,MATCH($A2996,COMPOSIÇÕES_IFMT!$A:$A,0)+2,1),\"\")","v":88441},{"$f":"IFERROR(INDEX(SINAPI!$B:$B,MATCH($B2999,SINAPI!$A:$A,0)),\"\")","v":"JARDINEIRO COM ENCARGOS COMPLEMENTARES"},{"$f":"IFERROR(INDEX(SINAPI!$C:$C,MATCH($B2999,SINAPI!$A:$A,0)),\"\")","v":"H"},{"$f":"IF(IFERROR(INDEX(COMPOSIÇÕES_IFMT!$B:$B,MATCH($A2996,COMPOSIÇÕES_IFMT!$A:$A,0)),\"\")<>\"\",OFFSET(COMPOSIÇÕES_IFMT!$A$1,MATCH($A2996,COMPOSIÇÕES_IFMT!$A:$A,0)+2,4),\"\")","v":3.9100000000000003E-2},{"$f":"IFERROR(INDEX(SINAPI!$D:$D,MATCH($B2999,SINAPI!$A:$A,0)),0)","v":19.170000000000002},0.74954700000000007]
[{"$f":"IFERROR(INDEX(SINAPI!$E:$E,MATCH($B3000,SINAPI!$A:$A,0)),\"\")","v":"INSUMO"},{"$f":"IF(IFERROR(INDEX(COMPOSIÇÕES_IFMT!$B:$B,MATCH($A2996,COMPOSIÇÕES_IFMT!$A:$A,0)),\"\")<>\"\",OFFSET(COMPOSIÇÕES_IFMT!$A$1,MATCH($A2996,COMPOSIÇÕES_IFMT!$A:$A,0)+3,1),\"\")","v":7253},{"$f":"IFERROR(INDEX(SINAPI!$B:$B,MATCH($B3000,SINAPI!$A:$A,0)),\"\")","v":"TERRA VEGETAL (GRANEL)                                                                                                                                                                                                                                                                                                                                                                                                                                                                                    "},{"$f":"IFERROR(INDEX(SINAPI!$C:$C,MATCH($B3000,SINAPI!$A:$A,0)),\"\")","v":"M3    "},{"$f":"IF(IFERROR(INDEX(COMPOSIÇÕES_IFMT!$B:$B,MATCH($A2996,COMPOSIÇÕES_IFMT!$A:$A,0)),\"\")<>\"\",OFFSET(COMPOSIÇÕES_IFMT!$A$1,MATCH($A2996,COMPOSIÇÕES_IFMT!$A:$A,0)+3,4),\"\")","v":0.05},{"$f":"IFERROR(INDEX(SINAPI!$D:$D,MATCH($B3000,SINAPI!$A:$A,0)),0)","v":143.57},7.1784999999999997]
[null,null,null,null,null,"TOTAL",{"$f":"SUM(G2997:G3000)","v":18.945706999999999}]
[]
[]
["CLASSE/TIPO","CÓDIGOS/ SINAPI","DESCRIÇÃO","UND","COEFICIENTE","PREÇO UNITÁRIO","PREÇO TOTAL"]
["IFMT 248.08.2020",{"$f":"IFERROR(INDEX(COMPOSIÇÕES_IFMT!$B:$B,MATCH($A3005,COMPOSIÇÕES_IFMT!$A:$A,0)),\"\")","v":".248/R"},{"$f":"IFERROR(INDEX(COMPOSIÇÕES_IFMT!$C:$C,MATCH($A3005,COMPOSIÇÕES_IFMT!$A:$A,0)),\"\")","v":"JANELA DE ALUMÍNIO DE CORRER, 6 FOLHAS, FIXAÇÃO COM PARAFUSO SOBRE CONTRAMARCO (EXCLUSIVE CONTRAMARCO), COM VIDROS, PADRONIZADA"},{"$f":"IFERROR(INDEX(COMPOSIÇÕES_IFMT!$D:$D,MATCH($A3005,COMPOSIÇÕES_IFMT!$A:$A,0)),\"\")","v":"M2"},null,null,{"$f":"G3011","v":782.21320000000003}]
[{"$f":"IFERROR(INDEX(SINAPI!$E:$E,MATCH($B3006,SINAPI!$A:$A,0)),\"\")","v":"INSUMO"},{"$f":"IF(IFERROR(INDEX(COMPOSIÇÕES_IFMT!$B:$B,MATCH($A3005,COMPOSIÇÕES_IFMT!$A:$A,0)),\"\")<>\"\",OFFSET(COMPOSIÇÕES_IFMT!$A$1,MATCH($A3005,COMPOSIÇÕES_IFMT!$A:$A,0),1),\"\")","v":4377},{"$f":"IFERROR(INDEX(SINAPI!$B:$B,MATCH($B3006,SINAPI!$A:$A,0)),\"\")","v":"PARAFUSO DE ACO ZINCADO COM ROSCA SOBERBA, CABECA CHATA E FENDA SIMPLES, DIAMETRO 4,2 MM, COMPRIMENTO * 32 * MM                                                                                                                                                                                                                                                                                                                                                                                           "},{"$f":"IFERROR(INDEX(SINAPI!$C:$C,MATCH($B3006,SINAPI!$A:$A,0)),\"\")","v":"UN    "},{"$f":"IF(IFERROR(INDEX(COMPOSIÇÕES_IFMT!$B:$B,MATCH($A3005,COMPOSIÇÕES_IFMT!$A:$A,0)),\"\")<>\"\",OFFSET(COMPOSIÇÕES_IFMT!$A$1,MATCH($A3005,COMPOSIÇÕES_IFMT!$A:$A,0),4),\"\")","v":7.3},{"$f":"IFERROR(INDEX(SINAPI!$D:$D,MATCH($B3006,SINAPI!$A:$A,0)),0)","v":0.13},{"$f":"IFERROR(F3006*E3006,0)","v":0.94899999999999995}]
[{"$f":"IFERROR(INDEX(SINAPI!$E:$E,MATCH($B3007,SINAPI!$A:$A,0)),\"\")","v":"INSUMO"},{"$f":"IF(IFERROR(INDEX(COMPOSIÇÕES_IFMT!$B:$B,MATCH($A3005,COMPOSIÇÕES_IFMT!$A:$A,0)),\"\")<>\"\",OFFSET(COMPOSIÇÕES_IFMT!$A$1,MATCH($A3005,COMPOSIÇÕES_IFMT!$A:$A,0)+1,1),\"\")","v":34372},{"$f":"IFERROR(INDEX(SINAPI!$B:$B,MATCH($B3007,SINAPI!$A:$A,0)),\"\")","v":"JANELA DE CORRER EM ALUMINIO, VENEZIANA, 120 X 150 CM (A X L), 6 FLS (4 VENEZIANAS E 2 VIDROS), SEM BANDEIRA, ACABAMENTO ACET OU BRILHANTE, BATENTE/REQUADRO DE 6 A 14 CM, COM VIDRO, SEM GUARNICAO/ALIZAR                                                                                                                                                                                                                                                                                                "},{"$f":"IFERROR(INDEX(SINAPI!$C:$C,MATCH($B3007,SINAPI!$A:$A,0)),\"\")","v":"UN    "},{"$f":"IF(IFERROR(INDEX(COMPOSIÇÕES_IFMT!$B:$B,MATCH($A3005,COMPOSIÇÕES_IFMT!$A:$A,0)),\"\")<>\"\",OFFSET(COMPOSIÇÕES_IFMT!$A$1,MATCH($A3005,COMPOSIÇÕES_IFMT!$A:$A,0)+1,4),\"\")","v":0.55600000000000005},{"$f":"IFERROR(INDEX(SINAPI!$D:$D,MATCH($B3007,SINAPI!$A:$A,0)),0)","v":1332.15},740.67540000000008]
[{"$f":"IFERROR(INDEX(SINAPI!$E:$E,MATCH($B3008,SINAPI!$A:$A,0)),\"\")","v":"INSUMO"},{"$f":"IF(IFERROR(INDEX(COMPOSIÇÕES_IFMT!$B:$B,MATCH($A3005,COMPOSIÇÕES_IFMT!$A:$A,0)),\"\")<>\"\",OFFSET(COMPOSIÇÕES_IFMT!$A$1,MATCH($A3005,COMPOSIÇÕES_IFMT!$A:$A,0)+2,1),\"\")","v":39961},{"$f":"IFERROR(INDEX(SINAPI!$B:$B,MATCH($B3008,SINAPI!$A:$A,0)),\"\")","v":"SILICONE ACETICO USO GERAL INCOLOR 280 G                                                                                                                                                                                                                                                                                                                                                                                                                                                                  "},{"$f":"IFERROR(INDEX(SINAPI!$C:$C,MATCH($B3008,SINAPI!$A:$A,0)),\"\")","v":"UN    "},{"$f":"IF(IFERROR(INDEX(COMPOSIÇÕES_IFMT!$B:$B,MATCH($A3005,COMPOSIÇÕES_IFMT!$A:$A,0)),\"\")<>\"\",OFFSET(COMPOSIÇÕES_IFMT!$A$1,MATCH($A3005,COMPOSIÇÕES_IFMT!$A:$A,0)+2,4),\"\")","v":0.56000000000000005},{"$f":"IFERROR(INDEX(SINAPI!$D:$D,MATCH($B3008,SINAPI!$A:$A,0)),0)","v":17.11},9.5815999999999999]
[{"$f":"IFERROR(INDEX(SINAPI!$E:$E,MATCH($B3009,SINAPI!$A:$A,0)),\"\")","v":"COMPOSIÇÃO"},{"$f":"IF(IFERROR(INDEX(COMPOSIÇÕES_IFMT!$B:$B,MATCH($A3005,COMPOSIÇÕES_IFMT!$A:$A,0)),\"\")<>\"\",OFFSET(COMPOSIÇÕES_IFMT!$A$1,MATCH($A3005,COMPOSIÇÕES_IFMT!$A:$A,0)+3,1),\"\")","v":88309},{"$f":"IFERROR(INDEX(SINAPI!$B:$B,MATCH($B3009,SINAPI!$A:$A,0)),\"\")","v":"PEDREIRO COM ENCARGOS COMPLEMENTARES"},{"$f":"IFERROR(INDEX(SINAPI!$C:$C,MATCH($B3009,SINAPI!$A:$A,0)),\"\")","v":"H"},{"$f":"IF(IFERROR(INDEX(COMPOSIÇÕES_IFMT!$B:$B,MATCH($A3005,COMPOSIÇÕES_IFMT!$A:$A,0)),\"\")<>\"\",OFFSET(COMPOSIÇÕES_IFMT!$A$1,MATCH($A3005,COMPOSIÇÕES_IFMT!$A:$A,0)+3,4),\"\")","v":1.1200000000000001},{"$f":"IFERROR(INDEX(SINAPI!$D:$D,MATCH($B3009,SINAPI!$A:$A,0)),0)","v":19.86},22.243200000000002]
[{"$f":"IFERROR(INDEX(SINAPI!$E:$E,MATCH($B3010,SINAPI!$A:$A,0)),\"\")","v":"COMPOSIÇÃO"},{"$f":"IF(IFERROR(INDEX(COMPOSIÇÕES_IFMT!$B:$B,MATCH($A3005,COMPOSIÇÕES_IFMT!$A:$A,0)),\"\")<>\"\",OFFSET(COMPOSIÇÕES_IFMT!$A$1,MATCH($A3005,COMPOSIÇÕES_IFMT!$A:$A,0)+4,1),\"\")","v":88316},{"$f":"IFERROR(INDEX(SINAPI!$B:$B,MATCH($B3010,SINAPI!$A:$A,0)),\"\")","v":"SERVENTE COM ENCARGOS COMPLEMENTARES"},{"$f":"IFERROR(INDEX(SINAPI!$C:$C,MATCH($B3010,SINAPI!$A:$A,0)),\"\")","v":"H"},{"$f":"IF(IFERROR(INDEX(COMPOSIÇÕES_IFMT!$B:$B,MATCH($A3005,COMPOSIÇÕES_IFMT!$A:$A,0)),\"\")<>\"\",OFFSET(COMPOSIÇÕES_IFMT!$A$1,MATCH($A3005,COMPOSIÇÕES_IFMT!$A:$A,0)+4,4),\"\")","v":0.56000000000000005},{"$f":"IFERROR(INDEX(SINAPI!$D:$D,MATCH($B3010,SINAPI!$A:$A,0)),0)","v":15.65},8.7640000000000011]
[null,null,null,null,null,"TOTAL",{"$f":"SUM(G3006:G3010)","v":782.21320000000003}]
[]
[]
["CLASSE/TIPO","CÓDIGOS/ SINAPI","DESCRIÇÃO","UND","COEFICIENTE","PREÇO UNITÁRIO","PREÇO TOTAL"]
["COMP-SESC-01",{"$f":"IFERROR(INDEX(COMPOSIÇÕES_IFMT!$B:$B,MATCH($A3015,COMPOSIÇÕES_IFMT!$A:$A,0)),\"\")","v":""},"FORNECIMENTO E INSTALAÇÃO DE AR CONDICIONADO SPLIT INVERTER, 9000 BTU/H DE PAREDE","UN    ",null,null,{"$f":"G3027","v":2417.3199999999997}]
[{"$f":"IFERROR(INDEX(SINAPI!$E:$E,MATCH($B3016,SINAPI!$A:$A,0)),\"\")","v":"COMPOSIÇÃO"},88266,{"$f":"IFERROR(INDEX(SINAPI!$B:$B,MATCH($B3016,SINAPI!$A:$A,0)),\"\")","v":"ELETROTÉCNICO COM ENCARGOS COMPLEMENTARES"},{"$f":"IFERROR(INDEX(SINAPI!$C:$C,MATCH($B3016,SINAPI!$A:$A,0)),\"\")","v":"H"},2,{"$f":"IFERROR(INDEX(SINAPI!$D:$D,MATCH($B3016,SINAPI!$A:$A,0)),0)","v":20.7},{"$f":"IFERROR(F3016*E3016,0)","v":41.4}]
[{"$f":"IFERROR(INDEX(SINAPI!$E:$E,MATCH($B3017,SINAPI!$A:$A,0)),\"\")","v":"COMPOSIÇÃO"},88243,{"$f":"IFERROR(INDEX(SINAPI!$B:$B,MATCH($B3017,SINAPI!$A:$A,0)),\"\")","v":"AJUDANTE ESPECIALIZADO COM ENCARGOS COMPLEMENTARES"},{"$f":"IFERROR(INDEX(SINAPI!$C:$C,MATCH($B3017,SINAPI!$A:$A,0)),\"\")","v":"H"},2,{"$f":"IFERROR(INDEX(SINAPI!$D:$D,MATCH($B3017,SINAPI!$A:$A,0)),0)","v":19.09},38.18]
[{"$f":"IFERROR(INDEX(SINAPI!$E:$E,MATCH($B3018,SINAPI!$A:$A,0)),\"\")","v":"INSUMO"},39662,{"$f":"IFERROR(INDEX(SINAPI!$B:$B,MATCH($B3018,SINAPI!$A:$A,0)),\"\")","v":"TUBO DE COBRE FLEXIVEL, D = 1/4 \", E = 0,79 MM, PARA AR-CONDICIONADO/ INSTALACOES GAS RESIDENCIAIS E COMERCIAIS                                                                                                                                                                                                                                                                                                                                                                                           "},{"$f":"IFERROR(INDEX(SINAPI!$C:$C,MATCH($B3018,SINAPI!$A:$A,0)),\"\")","v":"M     "},3,{"$f":"IFERROR(INDEX(SINAPI!$D:$D,MATCH($B3018,SINAPI!$A:$A,0)),0)","v":21.49},64.47]
[{"$f":"IFERROR(INDEX(SINAPI!$E:$E,MATCH($B3019,SINAPI!$A:$A,0)),\"\")","v":"INSUMO"},39664,{"$f":"IFERROR(INDEX(SINAPI!$B:$B,MATCH($B3019,SINAPI!$A:$A,0)),\"\")","v":"TUBO DE COBRE FLEXIVEL, D = 3/8 \", E = 0,79 MM, PARA AR-CONDICIONADO/ INSTALACOES GAS RESIDENCIAIS E COMERCIAIS                                                                                                                                                                                                                                                                                                                                                                                           "},{"$f":"IFERROR(INDEX(SINAPI!$C:$C,MATCH($B3019,SINAPI!$A:$A,0)),\"\")","v":"M     "},3,{"$f":"IFERROR(INDEX(SINAPI!$D:$D,MATCH($B3019,SINAPI!$A:$A,0)),0)","v":33.049999999999997},99.149999999999991]
["INSUMO","9018/ORSE","Suporte metálico para condicionador de ar tipo split de 18.000 BTU","PAR",1,69.22,69.22]
["INSUMO","3162/ORSE","Cabo de cobre PP Cordplast 4 x 2,5 mm2, 450/750v","M     ",5,12.25,61.25]
["INSUMO","08146/ORSE","Isolamento esponjoso elastomérico para tubo de cobre 3/8\"","M     ",3,1.37,4.1100000000000003]
[{"$f":"IFERROR(INDEX(SINAPI!$E:$E,MATCH($B3023,SINAPI!$A:$A,0)),\"\")","v":"INSUMO"},7583,{"$f":"IFERROR(INDEX(SINAPI!$B:$B,MATCH($B3023,SINAPI!$A:$A,0)),\"\")","v":"BUCHA DE NYLON SEM ABA S8, COM PARAFUSO DE 4,80 X 50 MM EM ACO ZINCADO COM ROSCA SOBERBA, CABECA CHATA E FENDA PHILLIPS                                                                                                                                                                                                                                                                                                                                                                                   "},{"$f":"IFERROR(INDEX(SINAPI!$C:$C,MATCH($B3023,SINAPI!$A:$A,0)),\"\")","v":"UN    "},6,{"$f":"IFERROR(INDEX(SINAPI!$D:$D,MATCH($B3023,SINAPI!$A:$A,0)),0)","v":0.62},3.7199999999999998]
[{"$f":"IFERROR(INDEX(SINAPI!$E:$E,MATCH($B3024,SINAPI!$A:$A,0)),\"\")","v":"INSUMO"},7584,{"$f":"IFERROR(INDEX(SINAPI!$B:$B,MATCH($B3024,SINAPI!$A:$A,0)),\"\")","v":"BUCHA DE NYLON SEM ABA S12, COM PARAFUSO DE 5/16\" X 80 MM EM ACO ZINCADO COM ROSCA SOBERBA E CABECA SEXTAVADA                                                                                                                                                                                                                                                                                                                                                                                             "},{"$f":"IFERROR(INDEX(SINAPI!$C:$C,MATCH($B3024,SINAPI!$A:$A,0)),\"\")","v":"UN    "},4,{"$f":"IFERROR(INDEX(SINAPI!$D:$D,MATCH($B3024,SINAPI!$A:$A,0)),0)","v":1.4},5.6]
[{"$f":"IFERROR(INDEX(SINAPI!$E:$E,MATCH($B3025,SINAPI!$A:$A,0)),\"\")","v":"INSUMO"},42424,{"$f":"IFERROR(INDEX(SINAPI!$B:$B,MATCH($B3025,SINAPI!$A:$A,0)),\"\")","v":"AR CONDICIONADO SPLIT INVERTER, HI-WALL (PAREDE), 9000 BTU/H, CICLO FRIO, 60HZ, CLASSIFICACAO A (SELO PROCEL), GAS HFC, CONTROLE S/FIO                                                                                                                                                                                                                                                                                                                                                                    "},{"$f":"IFERROR(INDEX(SINAPI!$C:$C,MATCH($B3025,SINAPI!$A:$A,0)),\"\")","v":"UN    "},1,{"$f":"IFERROR(INDEX(SINAPI!$D:$D,MATCH($B3025,SINAPI!$A:$A,0)),0)","v":2027.37},2027.37]
[{"$f":"IFERROR(INDEX(SINAPI!$E:$E,MATCH($B3026,SINAPI!$A:$A,0)),\"\")","v":"INSUMO"},410,{"$f":"IFERROR(INDEX(SINAPI!$B:$B,MATCH($B3026,SINAPI!$A:$A,0)),\"\")","v":"ABRACADEIRA DE NYLON PARA AMARRACAO DE CABOS, COMPRIMENTO DE 150 X *3,6* MM                                                                                                                                                                                                                                                                                                                                                                                                                               "},{"$f":"IFERROR(INDEX(SINAPI!$C:$C,MATCH($B3026,SINAPI!$A:$A,0)),\"\")","v":"UN    "},15,{"$f":"IFERROR(INDEX(SINAPI!$D:$D,MATCH($B3026,SINAPI!$A:$A,0)),0)","v":0.19},2.85]
[null,null,null,null,null,"TOTAL",{"$f":"SUM(G3016:G3026)","v":2417.3199999999997}]
[]
[]
["CLASSE/TIPO","CÓDIGOS/ SINAPI","DESCRIÇÃO","UND","COEFICIENTE","PREÇO UNITÁRIO","PREÇO TOTAL"]
["COMP-SESC-02",{"$f":"IFERROR(INDEX(COMPOSIÇÕES_IFMT!$B:$B,MATCH($A3031,COMPOSIÇÕES_IFMT!$A:$A,0)),\"\")","v":""},"FORNECIMENTO E INSTALAÇÃO DE AR CONDICIONADO SPLIT INVERTER, 12000 BTU/H DE PAREDE","UN    ",null,null,{"$f":"G3043","v":2660.02}]
[{"$f":"IFERROR(INDEX(SINAPI!$E:$E,MATCH($B3032,SINAPI!$A:$A,0)),\"\")","v":"COMPOSIÇÃO"},88266,{"$f":"IFERROR(INDEX(SINAPI!$B:$B,MATCH($B3032,SINAPI!$A:$A,0)),\"\")","v":"ELETROTÉCNICO COM ENCARGOS COMPLEMENTARES"},{"$f":"IFERROR(INDEX(SINAPI!$C:$C,MATCH($B3032,SINAPI!$A:$A,0)),\"\")","v":"H"},2,{"$f":"IFERROR(INDEX(SINAPI!$D:$D,MATCH($B3032,SINAPI!$A:$A,0)),0)","v":20.7},{"$f":"IFERROR(F3032*E3032,0)","v":41.4}]
[{"$f":"IFERROR(INDEX(SINAPI!$E:$E,MATCH($B3033,SINAPI!$A:$A,0)),\"\")","v":"COMPOSIÇÃO"},88243,{"$f":"IFERROR(INDEX(SINAPI!$B:$B,MATCH($B3033,SINAPI!$A:$A,0)),\"\")","v":"AJUDANTE ESPECIALIZADO COM ENCARGOS COMPLEMENTARES"},{"$f":"IFERROR(INDEX(SINAPI!$C:$C,MATCH($B3033,SINAPI!$A:$A,0)),\"\")","v":"H"},2,{"$f":"IFERROR(INDEX(SINAPI!$D:$D,MATCH($B3033,SINAPI!$A:$A,0)),0)","v":19.09},38.18]
[{"$f":"IFERROR(INDEX(SINAPI!$E:$E,MATCH($B3034,SINAPI!$A:$A,0)),\"\")","v":"INSUMO"},39662,{"$f":"IFERROR(INDEX(SINAPI!$B:$B,MATCH($B3034,SINAPI!$A:$A,0)),\"\")","v":"TUBO DE COBRE FLEXIVEL, D = 1/4 \", E = 0,79 MM, PARA AR-CONDICIONADO/ INSTALACOES GAS RESIDENCIAIS E COMERCIAIS                                                                                                                                                                                                                                                                                                                                                                                           "},{"$f":"IFERROR(INDEX(SINAPI!$C:$C,MATCH($B3034,SINAPI!$A:$A,0)),\"\")","v":"M     "},3,{"$f":"IFERROR(INDEX(SINAPI!$D:$D,MATCH($B3034,SINAPI!$A:$A,0)),0)","v":21.49},64.47]
[{"$f":"IFERROR(INDEX(SINAPI!$E:$E,MATCH($B3035,SINAPI!$A:$A,0)),\"\")","v":"INSUMO"},39664,{"$f":"IFERROR(INDEX(SINAPI!$B:$B,MATCH($B3035,SINAPI!$A:$A,0)),\"\")","v":"TUBO DE COBRE FLEXIVEL, D = 3/8 \", E = 0,79 MM, PARA AR-CONDICIONADO/ INSTALACOES GAS RESIDENCIAIS E COMERCIAIS                                                                                                                                                                                                                                                                                                                                                                                           "},{"$f":"IFERROR(INDEX(SINAPI!$C:$C,MATCH($B3035,SINAPI!$A:$A,0)),\"\")","v":"M     "},3,{"$f":"IFERROR(INDEX(SINAPI!$D:$D,MATCH($B3035,SINAPI!$A:$A,0)),0)","v":33.049999999999997},99.149999999999991]
["INSUMO","9018/ORSE","Suporte metálico para condicionador de ar tipo split de 18.000 BTU","PAR",1,69.22,69.22]
["INSUMO","3162/ORSE","Cabo de cobre PP Cordplast 4 x 2,5 mm2, 450/750v","M     ",5,12.25,61.25]
["INSUMO","08146/ORSE","Isolamento esponjoso elastomérico para tubo de cobre 3/8\"","M     ",3,1.37,4.1100000000000003]
[{"$f":"IFERROR(INDEX(SINAPI!$E:$E,MATCH($B3039,SINAPI!$A:$A,0)),\"\")","v":"INSUMO"},7583,{"$f":"IFERROR(INDEX(SINAPI!$B:$B,MATCH($B3039,SINAPI!$A:$A,0)),\"\")","v":"BUCHA DE NYLON SEM ABA S8, COM PARAFUSO DE 4,80 X 50 MM EM ACO ZINCADO COM ROSCA SOBERBA, CABECA CHATA E FENDA PHILLIPS                                                                                                                                                                                                                                                                                                                                                                                   "},{"$f":"IFERROR(INDEX(SINAPI!$C:$C,MATCH($B3039,SINAPI!$A:$A,0)),\"\")","v":"UN    "},6,{"$f":"IFERROR(INDEX(SINAPI!$D:$D,MATCH($B3039,SINAPI!$A:$A,0)),0)","v":0.62},3.7199999999999998]
[{"$f":"IFERROR(INDEX(SINAPI!$E:$E,MATCH($B3040,SINAPI!$A:$A,0)),\"\")","v":"INSUMO"},7584,{"$f":"IFERROR(INDEX(SINAPI!$B:$B,MATCH($B3040,SINAPI!$A:$A,0)),\"\")","v":"BUCHA DE NYLON SEM ABA S12, COM PARAFUSO DE 5/16\" X 80 MM EM ACO ZINCADO COM ROSCA SOBERBA E CABECA SEXTAVADA                                                                                                                                                                                                                                                                                                                                                                                             "},{"$f":"IFERROR(INDEX(SINAPI!$C:$C,MATCH($B3040,SINAPI!$A:$A,0)),\"\")","v":"UN    "},4,{"$f":"IFERROR(INDEX(SINAPI!$D:$D,MATCH($B3040,SINAPI!$A:$A,0)),0)","v":1.4},5.6]
[{"$f":"IFERROR(INDEX(SINAPI!$E:$E,MATCH($B3041,SINAPI!$A:$A,0)),\"\")","v":"INSUMO"},42425,{"$f":"IFERROR(INDEX(SINAPI!$B:$B,MATCH($B3041,SINAPI!$A:$A,0)),\"\")","v":"AR CONDICIONADO SPLIT INVERTER, HI-WALL (PAREDE), 12000 BTU/H, CICLO FRIO, 60HZ, CLASSIFICACAO A (SELO PROCEL), GAS HFC, CONTROLE S/FIO                                                                                                                                                                                                                                                                                                                                                                   "},{"$f":"IFERROR(INDEX(SINAPI!$C:$C,MATCH($B3041,SINAPI!$A:$A,0)),\"\")","v":"UN    "},1,{"$f":"IFERROR(INDEX(SINAPI!$D:$D,MATCH($B3041,SINAPI!$A:$A,0)),0)","v":2270.0700000000002},2270.0700000000002]
[{"$f":"IFERROR(INDEX(SINAPI!$E:$E,MATCH($B3042,SINAPI!$A:$A,0)),\"\")","v":"INSUMO"},410,{"$f":"IFERROR(INDEX(SINAPI!$B:$B,MATCH($B3042,SINAPI!$A:$A,0)),\"\")","v":"ABRACADEIRA DE NYLON PARA AMARRACAO DE CABOS, COMPRIMENTO DE 150 X *3,6* MM                                                                                                                                                                                                                                                                                                                                                                                                                               "},{"$f":"IFERROR(INDEX(SINAPI!$C:$C,MATCH($B3042,SINAPI!$A:$A,0)),\"\")","v":"UN    "},15,{"$f":"IFERROR(INDEX(SINAPI!$D:$D,MATCH($B3042,SINAPI!$A:$A,0)),0)","v":0.19},2.85]
[null,null,null,null,null,"TOTAL",{"$f":"SUM(G3032:G3042)","v":2660.02}]
[]
[]
["CLASSE/TIPO","CÓDIGOS/ SINAPI","DESCRIÇÃO","UND","COEFICIENTE","PREÇO UNITÁRIO","PREÇO TOTAL"]
["COMP-SESC-03",{"$f":"IFERROR(INDEX(COMPOSIÇÕES_IFMT!$B:$B,MATCH($A3047,COMPOSIÇÕES_IFMT!$A:$A,0)),\"\")","v":""},"FORNECIMENTO E INSTALAÇÃO DE AR CONDICIONADO SPLIT INVERTER, 18000 BTU/H DE PAREDE","UN    ",null,null,{"$f":"G3059","v":3759.95}]
[{"$f":"IFERROR(INDEX(SINAPI!$E:$E,MATCH($B3048,SINAPI!$A:$A,0)),\"\")","v":"COMPOSIÇÃO"},88266,{"$f":"IFERROR(INDEX(SINAPI!$B:$B,MATCH($B3048,SINAPI!$A:$A,0)),\"\")","v":"ELETROTÉCNICO COM ENCARGOS COMPLEMENTARES"},{"$f":"IFERROR(INDEX(SINAPI!$C:$C,MATCH($B3048,SINAPI!$A:$A,0)),\"\")","v":"H"},2,{"$f":"IFERROR(INDEX(SINAPI!$D:$D,MATCH($B3048,SINAPI!$A:$A,0)),0)","v":20.7},{"$f":"IFERROR(F3048*E3048,0)","v":41.4}]
[{"$f":"IFERROR(INDEX(SINAPI!$E:$E,MATCH($B3049,SINAPI!$A:$A,0)),\"\")","v":"COMPOSIÇÃO"},88243,{"$f":"IFERROR(INDEX(SINAPI!$B:$B,MATCH($B3049,SINAPI!$A:$A,0)),\"\")","v":"AJUDANTE ESPECIALIZADO COM ENCARGOS COMPLEMENTARES"},{"$f":"IFERROR(INDEX(SINAPI!$C:$C,MATCH($B3049,SINAPI!$A:$A,0)),\"\")","v":"H"},2,{"$f":"IFERROR(INDEX(SINAPI!$D:$D,MATCH($B3049,SINAPI!$A:$A,0)),0)","v":19.09},38.18]
[{"$f":"IFERROR(INDEX(SINAPI!$E:$E,MATCH($B3050,SINAPI!$A:$A,0)),\"\")","v":"INSUMO"},39662,{"$f":"IFERROR(INDEX(SINAPI!$B:$B,MATCH($B3050,SINAPI!$A:$A,0)),\"\")","v":"TUBO DE COBRE FLEXIVEL, D = 1/4 \", E = 0,79 MM, PARA AR-CONDICIONADO/ INSTALACOES GAS RESIDENCIAIS E COMERCIAIS                                                                                                                                                                                                                                                                                                                                                                                           "},{"$f":"IFERROR(INDEX(SINAPI!$C:$C,MATCH($B3050,SINAPI!$A:$A,0)),\"\")","v":"M     "},3,{"$f":"IFERROR(INDEX(SINAPI!$D:$D,MATCH($B3050,SINAPI!$A:$A,0)),0)","v":21.49},64.47]
[{"$f":"IFERROR(INDEX(SINAPI!$E:$E,MATCH($B3051,SINAPI!$A:$A,0)),\"\")","v":"INSUMO"},39664,{"$f":"IFERROR(INDEX(SINAPI!$B:$B,MATCH($B3051,SINAPI!$A:$A,0)),\"\")","v":"TUBO DE COBRE FLEXIVEL, D = 3/8 \", E = 0,79 MM, PARA AR-CONDICIONADO/ INSTALACOES GAS RESIDENCIAIS E COMERCIAIS                                                                                                                                                                                                                                                                                                                                                                                           "},{"$f":"IFERROR(INDEX(SINAPI!$C:$C,MATCH($B3051,SINAPI!$A:$A,0)),\"\")","v":"M     "},3,{"$f":"IFERROR(INDEX(SINAPI!$D:$D,MATCH($B3051,SINAPI!$A:$A,0)),0)","v":33.049999999999997},99.149999999999991]
["INSUMO","9018/ORSE","Suporte metálico para condicionador de ar tipo split de 18.000 BTU","PAR",1,69.22,69.22]
["INSUMO","3162/ORSE","Cabo de cobre PP Cordplast 4 x 2,5 mm2, 450/750v","M     ",5,12.25,61.25]
["INSUMO","08146/ORSE","Isolamento esponjoso elastomérico para tubo de cobre 3/8\"","M     ",3,1.37,4.1100000000000003]
[{"$f":"IFERROR(INDEX(SINAPI!$E:$E,MATCH($B3055,SINAPI!$A:$A,0)),\"\")","v":"INSUMO"},7583,{"$f":"IFERROR(INDEX(SINAPI!$B:$B,MATCH($B3055,SINAPI!$A:$A,0)),\"\")","v":"BUCHA DE NYLON SEM ABA S8, COM PARAFUSO DE 4,80 X 50 MM EM ACO ZINCADO COM ROSCA SOBERBA, CABECA CHATA E FENDA PHILLIPS                                                                                                                                                                                                                                                                                                                                                                                   "},{"$f":"IFERROR(INDEX(SINAPI!$C:$C,MATCH($B3055,SINAPI!$A:$A,0)),\"\")","v":"UN    "},6,{"$f":"IFERROR(INDEX(SINAPI!$D:$D,MATCH($B3055,SINAPI!$A:$A,0)),0)","v":0.62},3.7199999999999998]
[{"$f":"IFERROR(INDEX(SINAPI!$E:$E,MATCH($B3056,SINAPI!$A:$A,0)),\"\")","v":"INSUMO"},7584,{"$f":"IFERROR(INDEX(SINAPI!$B:$B,MATCH($B3056,SINAPI!$A:$A,0)),\"\")","v":"BUCHA DE NYLON SEM ABA S12, COM PARAFUSO DE 5/16\" X 80 MM EM ACO ZINCADO COM ROSCA SOBERBA E CABECA SEXTAVADA                                                                                                                                                                                                                                                                                                                                                                                             "},{"$f":"IFERROR(INDEX(SINAPI!$C:$C,MATCH($B3056,SINAPI!$A:$A,0)),\"\")","v":"UN    "},4,{"$f":"IFERROR(INDEX(SINAPI!$D:$D,MATCH($B3056,SINAPI!$A:$A,0)),0)","v":1.4},5.6]
[{"$f":"IFERROR(INDEX(SINAPI!$E:$E,MATCH($B3057,SINAPI!$A:$A,0)),\"\")","v":"INSUMO"},42422,{"$f":"IFERROR(INDEX(SINAPI!$B:$B,MATCH($B3057,SINAPI!$A:$A,0)),\"\")","v":"AR CONDICIONADO SPLIT INVERTER, HI-WALL (PAREDE), 18000 BTU/H, CICLO FRIO, 60HZ, CLASSIFICACAO A (SELO PROCEL), GAS HFC, CONTROLE S/FIO                                                                                                                                                                                                                                                                                                                                                                   "},{"$f":"IFERROR(INDEX(SINAPI!$C:$C,MATCH($B3057,SINAPI!$A:$A,0)),\"\")","v":"UN    "},1,{"$f":"IFERROR(INDEX(SINAPI!$D:$D,MATCH($B3057,SINAPI!$A:$A,0)),0)","v":3370},3370]
[{"$f":"IFERROR(INDEX(SINAPI!$E:$E,MATCH($B3058,SINAPI!$A:$A,0)),\"\")","v":"INSUMO"},410,{"$f":"IFERROR(INDEX(SINAPI!$B:$B,MATCH($B3058,SINAPI!$A:$A,0)),\"\")","v":"ABRACADEIRA DE NYLON PARA AMARRACAO DE CABOS, COMPRIMENTO DE 150 X *3,6* MM                                                                                                                                                                                                                                                                                                                                                                                                                               "},{"$f":"IFERROR(INDEX(SINAPI!$C:$C,MATCH($B3058,SINAPI!$A:$A,0)),\"\")","v":"UN    "},15,{"$f":"IFERROR(INDEX(SINAPI!$D:$D,MATCH($B3058,SINAPI!$A:$A,0)),0)","v":0.19},2.85]
[null,null,null,null,null,"TOTAL",{"$f":"SUM(G3048:G3058)","v":3759.95}]
[]
[]
["CLASSE/TIPO","CÓDIGOS/ SINAPI","DESCRIÇÃO","UND","COEFICIENTE","PREÇO UNITÁRIO","PREÇO TOTAL"]
["COMP-SESC-04",{"$f":"IFERROR(INDEX(COMPOSIÇÕES_IFMT!$B:$B,MATCH($A3063,COMPOSIÇÕES_IFMT!$A:$A,0)),\"\")","v":""},"FORNECIMENTO E INSTALAÇÃO DE AR CONDICIONADO SPLIT INVERTER, 24000 BTU/H DE PAREDE","UN    ",null,null,{"$f":"G3075","v":5047.6100000000006}]
[{"$f":"IFERROR(INDEX(SINAPI!$E:$E,MATCH($B3064,SINAPI!$A:$A,0)),\"\")","v":"COMPOSIÇÃO"},88266,{"$f":"IFERROR(INDEX(SINAPI!$B:$B,MATCH($B3064,SINAPI!$A:$A,0)),\"\")","v":"ELETROTÉCNICO COM ENCARGOS COMPLEMENTARES"},{"$f":"IFERROR(INDEX(SINAPI!$C:$C,MATCH($B3064,SINAPI!$A:$A,0)),\"\")","v":"H"},2,{"$f":"IFERROR(INDEX(SINAPI!$D:$D,MATCH($B3064,SINAPI!$A:$A,0)),0)","v":20.7},{"$f":"IFERROR(F3064*E3064,0)","v":41.4}]
[{"$f":"IFERROR(INDEX(SINAPI!$E:$E,MATCH($B3065,SINAPI!$A:$A,0)),\"\")","v":"COMPOSIÇÃO"},88243,{"$f":"IFERROR(INDEX(SINAPI!$B:$B,MATCH($B3065,SINAPI!$A:$A,0)),\"\")","v":"AJUDANTE ESPECIALIZADO COM ENCARGOS COMPLEMENTARES"},{"$f":"IFERROR(INDEX(SINAPI!$C:$C,MATCH($B3065,SINAPI!$A:$A,0)),\"\")","v":"H"},2,{"$f":"IFERROR(INDEX(SINAPI!$D:$D,MATCH($B3065,SINAPI!$A:$A,0)),0)","v":19.09},38.18]
[{"$f":"IFERROR(INDEX(SINAPI!$E:$E,MATCH($B3066,SINAPI!$A:$A,0)),\"\")","v":"INSUMO"},39662,{"$f":"IFERROR(INDEX(SINAPI!$B:$B,MATCH($B3066,SINAPI!$A:$A,0)),\"\")","v":"TUBO DE COBRE FLEXIVEL, D = 1/4 \", E = 0,79 MM, PARA AR-CONDICIONADO/ INSTALACOES GAS RESIDENCIAIS E COMERCIAIS                                                                                                                                                                                                                                                                                                                                                                                           "},{"$f":"IFERROR(INDEX(SINAPI!$C:$C,MATCH($B3066,SINAPI!$A:$A,0)),\"\")","v":"M     "},3,{"$f":"IFERROR(INDEX(SINAPI!$D:$D,MATCH($B3066,SINAPI!$A:$A,0)),0)","v":21.49},64.47]
[{"$f":"IFERROR(INDEX(SINAPI!$E:$E,MATCH($B3067,SINAPI!$A:$A,0)),\"\")","v":"INSUMO"},39664,{"$f":"IFERROR(INDEX(SINAPI!$B:$B,MATCH($B3067,SINAPI!$A:$A,0)),\"\")","v":"TUBO DE COBRE FLEXIVEL, D = 3/8 \", E = 0,79 MM, PARA AR-CONDICIONADO/ INSTALACOES GAS RESIDENCIAIS E COMERCIAIS                                                                                                                                                                                                                                                                                                                                                                                           "},{"$f":"IFERROR(INDEX(SINAPI!$C:$C,MATCH($B3067,SINAPI!$A:$A,0)),\"\")","v":"M     "},3,{"$f":"IFERROR(INDEX(SINAPI!$D:$D,MATCH($B3067,SINAPI!$A:$A,0)),0)","v":33.049999999999997},99.149999999999991]
["INSUMO","9018/ORSE","Suporte metálico para condicionador de ar tipo split de 18.000 BTU","PAR",1,69.22,69.22]
["INSUMO","3162/ORSE","Cabo de cobre PP Cordplast 4 x 2,5 mm2, 450/750v","M     ",5,12.25,61.25]
["INSUMO","08146/ORSE","Isolamento esponjoso elastomérico para tubo de cobre 3/8\"","M     ",3,1.37,4.1100000000000003]
[{"$f":"IFERROR(INDEX(SINAPI!$E:$E,MATCH($B3071,SINAPI!$A:$A,0)),\"\")","v":"INSUMO"},7583,{"$f":"IFERROR(INDEX(SINAPI!$B:$B,MATCH($B3071,SINAPI!$A:$A,0)),\"\")","v":"BUCHA DE NYLON SEM ABA S8, COM PARAFUSO DE 4,80 X 50 MM EM ACO ZINCADO COM ROSCA SOBERBA, CABECA CHATA E FENDA PHILLIPS                                                                                                                                                                                                                                                                                                                                                                                   "},{"$f":"IFERROR(INDEX(SINAPI!$C:$C,MATCH($B3071,SINAPI!$A:$A,0)),\"\")","v":"UN    "},6,{"$f":"IFERROR(INDEX(SINAPI!$D:$D,MATCH($B3071,SINAPI!$A:$A,0)),0)","v":0.62},3.7199999999999998]
[{"$f":"IFERROR(INDEX(SINAPI!$E:$E,MATCH($B3072,SINAPI!$A:$A,0)),\"\")","v":"INSUMO"},7584,{"$f":"IFERROR(INDEX(SINAPI!$B:$B,MATCH($B3072,SINAPI!$A:$A,0)),\"\")","v":"BUCHA DE NYLON SEM ABA S12, COM PARAFUSO DE 5/16\" X 80 MM EM ACO ZINCADO COM ROSCA SOBERBA E CABECA SEXTAVADA                                                                                                                                                                                                                                                                                                                                                                                             "},{"$f":"IFERROR(INDEX(SINAPI!$C:$C,MATCH($B3072,SINAPI!$A:$A,0)),\"\")","v":"UN    "},4,{"$f":"IFERROR(INDEX(SINAPI!$D:$D,MATCH($B3072,SINAPI!$A:$A,0)),0)","v":1.4},5.6]
[{"$f":"IFERROR(INDEX(SINAPI!$E:$E,MATCH($B3073,SINAPI!$A:$A,0)),\"\")","v":"INSUMO"},43184,{"$f":"IFERROR(INDEX(SINAPI!$B:$B,MATCH($B3073,SINAPI!$A:$A,0)),\"\")","v":"AR CONDICIONADO SPLIT INVERTER, HI-WALL (PAREDE), 24000 BTU/H, CICLO FRIO, 60HZ, CLASSIFICACAO A - SELO PROCEL, GAS HFC, CONTROLE S/FIO                                                                                                                                                                                                                                                                                                                                                                   "},{"$f":"IFERROR(INDEX(SINAPI!$C:$C,MATCH($B3073,SINAPI!$A:$A,0)),\"\")","v":"UN    "},1,{"$f":"IFERROR(INDEX(SINAPI!$D:$D,MATCH($B3073,SINAPI!$A:$A,0)),0)","v":4657.66},4657.66]
[{"$f":"IFERROR(INDEX(SINAPI!$E:$E,MATCH($B3074,SINAPI!$A:$A,0)),\"\")","v":"INSUMO"},410,{"$f":"IFERROR(INDEX(SINAPI!$B:$B,MATCH($B3074,SINAPI!$A:$A,0)),\"\")","v":"ABRACADEIRA DE NYLON PARA AMARRACAO DE CABOS, COMPRIMENTO DE 150 X *3,6* MM                                                                                                                                                                                                                                                                                                                                                                                                                               "},{"$f":"IFERROR(INDEX(SINAPI!$C:$C,MATCH($B3074,SINAPI!$A:$A,0)),\"\")","v":"UN    "},15,{"$f":"IFERROR(INDEX(SINAPI!$D:$D,MATCH($B3074,SINAPI!$A:$A,0)),0)","v":0.19},2.85]
[null,null,null,null,null,"TOTAL",{"$f":"SUM(G3064:G3074)","v":5047.6100000000006}]
[]
[]
["CLASSE/TIPO","CÓDIGOS/ SINAPI","DESCRIÇÃO","UND","COEFICIENTE","PREÇO UNITÁRIO","PREÇO TOTAL"]
["COMP-SESC-06",{"$f":"IFERROR(INDEX(COMPOSIÇÕES_IFMT!$B:$B,MATCH($A3079,COMPOSIÇÕES_IFMT!$A:$A,0)),\"\")","v":""},"FORNECIMENTO E INSTALAÇÃO DE AR CONDICIONADO SPLIT INVERTER, 36000 BTU/H, PISO TETO","UN    ",null,null,{"$f":"G3091","v":11459.61}]
[{"$f":"IFERROR(INDEX(SINAPI!$E:$E,MATCH($B3080,SINAPI!$A:$A,0)),\"\")","v":"COMPOSIÇÃO"},88266,{"$f":"IFERROR(INDEX(SINAPI!$B:$B,MATCH($B3080,SINAPI!$A:$A,0)),\"\")","v":"ELETROTÉCNICO COM ENCARGOS COMPLEMENTARES"},{"$f":"IFERROR(INDEX(SINAPI!$C:$C,MATCH($B3080,SINAPI!$A:$A,0)),\"\")","v":"H"},2,{"$f":"IFERROR(INDEX(SINAPI!$D:$D,MATCH($B3080,SINAPI!$A:$A,0)),0)","v":20.7},{"$f":"IFERROR(F3080*E3080,0)","v":41.4}]
[{"$f":"IFERROR(INDEX(SINAPI!$E:$E,MATCH($B3081,SINAPI!$A:$A,0)),\"\")","v":"COMPOSIÇÃO"},88243,{"$f":"IFERROR(INDEX(SINAPI!$B:$B,MATCH($B3081,SINAPI!$A:$A,0)),\"\")","v":"AJUDANTE ESPECIALIZADO COM ENCARGOS COMPLEMENTARES"},{"$f":"IFERROR(INDEX(SINAPI!$C:$C,MATCH($B3081,SINAPI!$A:$A,0)),\"\")","v":"H"},2,{"$f":"IFERROR(INDEX(SINAPI!$D:$D,MATCH($B3081,SINAPI!$A:$A,0)),0)","v":19.09},38.18]
[{"$f":"IFERROR(INDEX(SINAPI!$E:$E,MATCH($B3082,SINAPI!$A:$A,0)),\"\")","v":"INSUMO"},39662,{"$f":"IFERROR(INDEX(SINAPI!$B:$B,MATCH($B3082,SINAPI!$A:$A,0)),\"\")","v":"TUBO DE COBRE FLEXIVEL, D = 1/4 \", E = 0,79 MM, PARA AR-CONDICIONADO/ INSTALACOES GAS RESIDENCIAIS E COMERCIAIS                                                                                                                                                                                                                                                                                                                                                                                           "},{"$f":"IFERROR(INDEX(SINAPI!$C:$C,MATCH($B3082,SINAPI!$A:$A,0)),\"\")","v":"M     "},3,{"$f":"IFERROR(INDEX(SINAPI!$D:$D,MATCH($B3082,SINAPI!$A:$A,0)),0)","v":21.49},64.47]
[{"$f":"IFERROR(INDEX(SINAPI!$E:$E,MATCH($B3083,SINAPI!$A:$A,0)),\"\")","v":"INSUMO"},39664,{"$f":"IFERROR(INDEX(SINAPI!$B:$B,MATCH($B3083,SINAPI!$A:$A,0)),\"\")","v":"TUBO DE COBRE FLEXIVEL, D = 3/8 \", E = 0,79 MM, PARA AR-CONDICIONADO/ INSTALACOES GAS RESIDENCIAIS E COMERCIAIS                                                                                                                                                                                                                                                                                                                                                                                           "},{"$f":"IFERROR(INDEX(SINAPI!$C:$C,MATCH($B3083,SINAPI!$A:$A,0)),\"\")","v":"M     "},3,{"$f":"IFERROR(INDEX(SINAPI!$D:$D,MATCH($B3083,SINAPI!$A:$A,0)),0)","v":33.049999999999997},99.149999999999991]
["INSUMO","9018/ORSE","Suporte metálico para condicionador de ar tipo split de 18.000 BTU","PAR",1,69.22,69.22]
["INSUMO","3162/ORSE","Cabo de cobre PP Cordplast 4 x 2,5 mm2, 450/750v","M     ",5,12.25,61.25]
["INSUMO","08146/ORSE","Isolamento esponjoso elastomérico para tubo de cobre 3/8\"","M     ",3,1.37,4.1100000000000003]
[{"$f":"IFERROR(INDEX(SINAPI!$E:$E,MATCH($B3087,SINAPI!$A:$A,0)),\"\")","v":"INSUMO"},7583,{"$f":"IFERROR(INDEX(SINAPI!$B:$B,MATCH($B3087,SINAPI!$A:$A,0)),\"\")","v":"BUCHA DE NYLON SEM ABA S8, COM PARAFUSO DE 4,80 X 50 MM EM ACO ZINCADO COM ROSCA SOBERBA, CABECA CHATA E FENDA PHILLIPS                                                                                                                                                                                                                                                                                                                                                                                   "},{"$f":"IFERROR(INDEX(SINAPI!$C:$C,MATCH($B3087,SINAPI!$A:$A,0)),\"\")","v":"UN    "},6,{"$f":"IFERROR(INDEX(SINAPI!$D:$D,MATCH($B3087,SINAPI!$A:$A,0)),0)","v":0.62},3.7199999999999998]
[{"$f":"IFERROR(INDEX(SINAPI!$E:$E,MATCH($B3088,SINAPI!$A:$A,0)),\"\")","v":"INSUMO"},7584,{"$f":"IFERROR(INDEX(SINAPI!$B:$B,MATCH($B3088,SINAPI!$A:$A,0)),\"\")","v":"BUCHA DE NYLON SEM ABA S12, COM PARAFUSO DE 5/16\" X 80 MM EM ACO ZINCADO COM ROSCA SOBERBA E CABECA SEXTAVADA                                                                                                                                                                                                                                                                                                                                                                                             "},{"$f":"IFERROR(INDEX(SINAPI!$C:$C,MATCH($B3088,SINAPI!$A:$A,0)),\"\")","v":"UN    "},4,{"$f":"IFERROR(INDEX(SINAPI!$D:$D,MATCH($B3088,SINAPI!$A:$A,0)),0)","v":1.4},5.6]
[{"$f":"IFERROR(INDEX(SINAPI!$E:$E,MATCH($B3089,SINAPI!$A:$A,0)),\"\")","v":"INSUMO"},42419,{"$f":"IFERROR(INDEX(SINAPI!$B:$B,MATCH($B3089,SINAPI!$A:$A,0)),\"\")","v":"AR CONDICIONADO SPLIT INVERTER, PISO TETO, 36000 BTU/H, CICLO FRIO, 60HZ, CLASSIFICACAO ENERGETICA A OU B (SELO PROCEL), GAS HFC, CONTROLE S/FIO                                                                                                                                                                                                                                                                                                                                                          "},{"$f":"IFERROR(INDEX(SINAPI!$C:$C,MATCH($B3089,SINAPI!$A:$A,0)),\"\")","v":"UN    "},1,{"$f":"IFERROR(INDEX(SINAPI!$D:$D,MATCH($B3089,SINAPI!$A:$A,0)),0)","v":11069.66},11069.66]
[{"$f":"IFERROR(INDEX(SINAPI!$E:$E,MATCH($B3090,SINAPI!$A:$A,0)),\"\")","v":"INSUMO"},410,{"$f":"IFERROR(INDEX(SINAPI!$B:$B,MATCH($B3090,SINAPI!$A:$A,0)),\"\")","v":"ABRACADEIRA DE NYLON PARA AMARRACAO DE CABOS, COMPRIMENTO DE 150 X *3,6* MM                                                                                                                                                                                                                                                                                                                                                                                                                               "},{"$f":"IFERROR(INDEX(SINAPI!$C:$C,MATCH($B3090,SINAPI!$A:$A,0)),\"\")","v":"UN    "},15,{"$f":"IFERROR(INDEX(SINAPI!$D:$D,MATCH($B3090,SINAPI!$A:$A,0)),0)","v":0.19},2.85]
[null,null,null,null,null,"TOTAL",{"$f":"SUM(G3080:G3090)","v":11459.61}]
[]
[]
["CLASSE/TIPO","CÓDIGOS/ SINAPI","DESCRIÇÃO","UND","COEFICIENTE","PREÇO UNITÁRIO","PREÇO TOTAL"]
["COMP-01",{"$f":"IFERROR(INDEX(COMPOSIÇÕES_IFMT!$B:$B,MATCH($A3095,COMPOSIÇÕES_IFMT!$A:$A,0)),\"\")","v":""},"VIGILANCIA DE OBRA DIURNA - 2 VIGIAS COM ENCARGOS COMPLEMENTARES","MES",null,null,{"$f":"G3101","v":5848.00875}]
[{"$f":"IFERROR(INDEX(SINAPI!$E:$E,MATCH($B3096,SINAPI!$A:$A,0)),\"\")","v":"INSUMO"},34345,{"$f":"IFERROR(INDEX(SINAPI!$B:$B,MATCH($B3096,SINAPI!$A:$A,0)),\"\")","v":"VIGIA DIURNO                                                                                                                                                                                                                                                                                                                                                                                                                                                                                              "},{"$f":"IFERROR(INDEX(SINAPI!$C:$C,MATCH($B3096,SINAPI!$A:$A,0)),\"\")","v":"H     "},401.92500000000001,{"$f":"IFERROR(INDEX(SINAPI!$D:$D,MATCH($B3096,SINAPI!$A:$A,0)),0)","v":12.27},{"$f":"IFERROR(F3096*E3096,0)","v":4931.6197499999998}]
[{"$f":"IFERROR(INDEX(SINAPI!$E:$E,MATCH($B3097,SINAPI!$A:$A,0)),\"\")","v":"INSUMO"},37370,{"$f":"IFERROR(INDEX(SINAPI!$B:$B,MATCH($B3097,SINAPI!$A:$A,0)),\"\")","v":"ALIMENTACAO - HORISTA (COLETADO CAIXA)                                                                                                                                                                                                                                                                                                                                                                                                                                                                    "},{"$f":"IFERROR(INDEX(SINAPI!$C:$C,MATCH($B3097,SINAPI!$A:$A,0)),\"\")","v":"H     "},401.92500000000001,{"$f":"IFERROR(INDEX(SINAPI!$D:$D,MATCH($B3097,SINAPI!$A:$A,0)),0)","v":0.96},385.84800000000001]
[{"$f":"IFERROR(INDEX(SINAPI!$E:$E,MATCH($B3098,SINAPI!$A:$A,0)),\"\")","v":"INSUMO"},37371,{"$f":"IFERROR(INDEX(SINAPI!$B:$B,MATCH($B3098,SINAPI!$A:$A,0)),\"\")","v":"TRANSPORTE - HORISTA (COLETADO CAIXA)                                                                                                                                                                                                                                                                                                                                                                                                                                                                     "},{"$f":"IFERROR(INDEX(SINAPI!$C:$C,MATCH($B3098,SINAPI!$A:$A,0)),\"\")","v":"H     "},401.92500000000001,{"$f":"IFERROR(INDEX(SINAPI!$D:$D,MATCH($B3098,SINAPI!$A:$A,0)),0)","v":0.71},285.36674999999997]
[{"$f":"IFERROR(INDEX(SINAPI!$E:$E,MATCH($B3099,SINAPI!$A:$A,0)),\"\")","v":"INSUMO"},37372,{"$f":"IFERROR(INDEX(SINAPI!$B:$B,MATCH($B3099,SINAPI!$A:$A,0)),\"\")","v":"EXAMES - HORISTA (COLETADO CAIXA)                                                                                                                                                                                                                                                                                                                                                                                                                                                                         "},{"$f":"IFERROR(INDEX(SINAPI!$C:$C,MATCH($B3099,SINAPI!$A:$A,0)),\"\")","v":"H     "},401.92500000000001,{"$f":"IFERROR(INDEX(SINAPI!$D:$D,MATCH($B3099,SINAPI!$A:$A,0)),0)","v":0.55000000000000004},221.05875000000003]
[{"$f":"IFERROR(INDEX(SINAPI!$E:$E,MATCH($B3100,SINAPI!$A:$A,0)),\"\")","v":"INSUMO"},37373,{"$f":"IFERROR(INDEX(SINAPI!$B:$B,MATCH($B3100,SINAPI!$A:$A,0)),\"\")","v":"SEGURO - HORISTA (COLETADO CAIXA)                                                                                                                                                                                                                                                                                                                                                                                                                                                                         "},{"$f":"IFERROR(INDEX(SINAPI!$C:$C,MATCH($B3100,SINAPI!$A:$A,0)),\"\")","v":"H     "},401.92500000000001,{"$f":"IFERROR(INDEX(SINAPI!$D:$D,MATCH($B3100,SINAPI!$A:$A,0)),0)","v":0.06},24.115500000000001]
[null,null,null,null,null,"TOTAL",{"$f":"SUM(G3096:G3100)","v":5848.00875}]
[]
[]
["CLASSE/TIPO","CÓDIGOS/ SINAPI","DESCRIÇÃO","UND","COEFICIENTE","PREÇO UNITÁRIO","PREÇO TOTAL"]
["COMP-02",{"$f":"IFERROR(INDEX(COMPOSIÇÕES_IFMT!$B:$B,MATCH($A3105,COMPOSIÇÕES_IFMT!$A:$A,0)),\"\")","v":""},"VIGIA NOTURNO - 2 VIGIAS COM ENCARGOS COMPLEMENTARES","MES",null,null,{"$f":"G3113","v":6201.9}]
[{"$f":"IFERROR(INDEX(SINAPI!$E:$E,MATCH($B3106,SINAPI!$A:$A,0)),\"\")","v":"COMPOSIÇÃO"},95388,{"$f":"IFERROR(INDEX(SINAPI!$B:$B,MATCH($B3106,SINAPI!$A:$A,0)),\"\")","v":"CURSO DE CAPACITAÇÃO PARA VIGIA NOTURNO (ENCARGOS COMPLEMENTARES) - HORISTA"},{"$f":"IFERROR(INDEX(SINAPI!$C:$C,MATCH($B3106,SINAPI!$A:$A,0)),\"\")","v":"H"},210,{"$f":"IFERROR(INDEX(SINAPI!$D:$D,MATCH($B3106,SINAPI!$A:$A,0)),0)","v":0.06},{"$f":"IFERROR(F3106*E3106,0)","v":12.6}]
[{"$f":"IFERROR(INDEX(SINAPI!$E:$E,MATCH($B3107,SINAPI!$A:$A,0)),\"\")","v":"INSUMO"},37370,{"$f":"IFERROR(INDEX(SINAPI!$B:$B,MATCH($B3107,SINAPI!$A:$A,0)),\"\")","v":"ALIMENTACAO - HORISTA (COLETADO CAIXA)                                                                                                                                                                                                                                                                                                                                                                                                                                                                    "},{"$f":"IFERROR(INDEX(SINAPI!$C:$C,MATCH($B3107,SINAPI!$A:$A,0)),\"\")","v":"H     "},360,{"$f":"IFERROR(INDEX(SINAPI!$D:$D,MATCH($B3107,SINAPI!$A:$A,0)),0)","v":0.96},345.59999999999997]
[{"$f":"IFERROR(INDEX(SINAPI!$E:$E,MATCH($B3108,SINAPI!$A:$A,0)),\"\")","v":"INSUMO"},37371,{"$f":"IFERROR(INDEX(SINAPI!$B:$B,MATCH($B3108,SINAPI!$A:$A,0)),\"\")","v":"TRANSPORTE - HORISTA (COLETADO CAIXA)                                                                                                                                                                                                                                                                                                                                                                                                                                                                     "},{"$f":"IFERROR(INDEX(SINAPI!$C:$C,MATCH($B3108,SINAPI!$A:$A,0)),\"\")","v":"H     "},360,{"$f":"IFERROR(INDEX(SINAPI!$D:$D,MATCH($B3108,SINAPI!$A:$A,0)),0)","v":0.71},255.6]
[{"$f":"IFERROR(INDEX(SINAPI!$E:$E,MATCH($B3109,SINAPI!$A:$A,0)),\"\")","v":"INSUMO"},37372,{"$f":"IFERROR(INDEX(SINAPI!$B:$B,MATCH($B3109,SINAPI!$A:$A,0)),\"\")","v":"EXAMES - HORISTA (COLETADO CAIXA)                                                                                                                                                                                                                                                                                                                                                                                                                                                                         "},{"$f":"IFERROR(INDEX(SINAPI!$C:$C,MATCH($B3109,SINAPI!$A:$A,0)),\"\")","v":"H     "},360,{"$f":"IFERROR(INDEX(SINAPI!$D:$D,MATCH($B3109,SINAPI!$A:$A,0)),0)","v":0.55000000000000004},198.00000000000003]
[{"$f":"IFERROR(INDEX(SINAPI!$E:$E,MATCH($B3110,SINAPI!$A:$A,0)),\"\")","v":"INSUMO"},37373,{"$f":"IFERROR(INDEX(SINAPI!$B:$B,MATCH($B3110,SINAPI!$A:$A,0)),\"\")","v":"SEGURO - HORISTA (COLETADO CAIXA)                                                                                                                                                                                                                                                                                                                                                                                                                                                                         "},{"$f":"IFERROR(INDEX(SINAPI!$C:$C,MATCH($B3110,SINAPI!$A:$A,0)),\"\")","v":"H     "},360,{"$f":"IFERROR(INDEX(SINAPI!$D:$D,MATCH($B3110,SINAPI!$A:$A,0)),0)","v":0.06},21.599999999999998]
[{"$f":"IFERROR(INDEX(SINAPI!$E:$E,MATCH($B3111,SINAPI!$A:$A,0)),\"\")","v":"INSUMO"},41776,{"$f":"IFERROR(INDEX(SINAPI!$B:$B,MATCH($B3111,SINAPI!$A:$A,0)),\"\")","v":"VIGIA NOTURNO, HORA EFETIVAMENTE TRABALHADA DE 22 H AS 5 H (COM ADICIONAL NOTURNO)                                                                                                                                                                                                                                                                                                                                                                                                                        "},{"$f":"IFERROR(INDEX(SINAPI!$C:$C,MATCH($B3111,SINAPI!$A:$A,0)),\"\")","v":"H     "},210,{"$f":"IFERROR(INDEX(SINAPI!$D:$D,MATCH($B3111,SINAPI!$A:$A,0)),0)","v":16.8},3528]
[{"$f":"IFERROR(INDEX(SINAPI!$E:$E,MATCH($B3112,SINAPI!$A:$A,0)),\"\")","v":"INSUMO"},34345,{"$f":"IFERROR(INDEX(SINAPI!$B:$B,MATCH($B3112,SINAPI!$A:$A,0)),\"\")","v":"VIGIA DIURNO                                                                                                                                                                                                                                                                                                                                                                                                                                                                                              "},{"$f":"IFERROR(INDEX(SINAPI!$C:$C,MATCH($B3112,SINAPI!$A:$A,0)),\"\")","v":"H     "},150,{"$f":"IFERROR(INDEX(SINAPI!$D:$D,MATCH($B3112,SINAPI!$A:$A,0)),0)","v":12.27},1840.5]
[null,null,null,null,null,"TOTAL",{"$f":"SUM(G3106:G3112)","v":6201.9}]
[]
[]
["CLASSE/TIPO","CÓDIGOS/ SINAPI","DESCRIÇÃO","UND","COEFICIENTE","PREÇO UNITÁRIO","PREÇO TOTAL"]
["COMP-04",{"$f":"IFERROR(INDEX(COMPOSIÇÕES_IFMT!$B:$B,MATCH($A3117,COMPOSIÇÕES_IFMT!$A:$A,0)),\"\")","v":""},"Implantação de estrutura de mufla para rede de distribuição aérea, inclusive mufla terminal contratil à frio 12 / 20 Kv","UN    ",null,null,{"$f":"G3124","v":4106.6253999999999}]
["INSUMO","00055/ORSE","Unidade de Serviço padrao Energisa","US",4.1100000000000003,15.14,{"$f":"IFERROR(F3118*E3118,0)","v":62.225400000000008}]
["INSUMO","03331/ORSE","Cabo de cobre nú 16 mm2 - 4AWG","KG",2,120.86,241.72]
["INSUMO","03542/ORSE","Cruzeta de concreto tipo T 1900 mm","UN    ",2,128,256]
[{"$f":"IFERROR(INDEX(SINAPI!$E:$E,MATCH($B3121,SINAPI!$A:$A,0)),\"\")","v":"INSUMO"},439,{"$f":"IFERROR(INDEX(SINAPI!$B:$B,MATCH($B3121,SINAPI!$A:$A,0)),\"\")","v":"PARAFUSO M16 EM ACO GALVANIZADO, COMPRIMENTO = 300 MM, DIAMETRO = 16 MM, ROSCA MAQUINA, CABECA QUADRADA                                                                                                                                                                                                                                                                                                                                                                                                   "},{"$f":"IFERROR(INDEX(SINAPI!$C:$C,MATCH($B3121,SINAPI!$A:$A,0)),\"\")","v":"UN    "},2,{"$f":"IFERROR(INDEX(SINAPI!$D:$D,MATCH($B3121,SINAPI!$A:$A,0)),0)","v":11.54},23.08]
[{"$f":"IFERROR(INDEX(SINAPI!$E:$E,MATCH($B3122,SINAPI!$A:$A,0)),\"\")","v":"INSUMO"},379,{"$f":"IFERROR(INDEX(SINAPI!$B:$B,MATCH($B3122,SINAPI!$A:$A,0)),\"\")","v":"ARRUELA QUADRADA EM ACO GALVANIZADO, DIMENSAO = 38 MM, ESPESSURA = 3MM, DIAMETRO DO FURO= 18 MM                                                                                                                                                                                                                                                                                                                                                                                                           "},{"$f":"IFERROR(INDEX(SINAPI!$C:$C,MATCH($B3122,SINAPI!$A:$A,0)),\"\")","v":"UN    "},4,{"$f":"IFERROR(INDEX(SINAPI!$D:$D,MATCH($B3122,SINAPI!$A:$A,0)),0)","v":0.9},3.6]
["INSUMO"," 03852/ORSE","Mufla terminal contratil à frio 12 / 20 Kv","UN    ",4,880,3520]
[null,null,null,null,null,"TOTAL",{"$f":"SUM(G3118:G3123)","v":4106.6253999999999}]
[]
[]
["CLASSE/TIPO","CÓDIGOS/ SINAPI","DESCRIÇÃO","UND","COEFICIENTE","PREÇO UNITÁRIO","PREÇO TOTAL"]
["COMP-05",null,"ACESSÓRIOS MUFLA","UND",null,null,{"$f":"G3135","v":554.91999999999996}]
[{"$f":"IFERROR(INDEX(SINAPI!$E:$E,MATCH($B3129,SINAPI!$A:$A,0)),\"\")","v":"INSUMO"},379,{"$f":"IFERROR(INDEX(SINAPI!$B:$B,MATCH($B3129,SINAPI!$A:$A,0)),\"\")","v":"ARRUELA QUADRADA EM ACO GALVANIZADO, DIMENSAO = 38 MM, ESPESSURA = 3MM, DIAMETRO DO FURO= 18 MM                                                                                                                                                                                                                                                                                                                                                                                                           "},{"$f":"IFERROR(INDEX(SINAPI!$C:$C,MATCH($B3129,SINAPI!$A:$A,0)),\"\")","v":"UN    "},20,{"$f":"IFERROR(INDEX(SINAPI!$D:$D,MATCH($B3129,SINAPI!$A:$A,0)),0)","v":0.9},{"$f":"IFERROR(F3129*E3129,0)","v":18}]
["INSUMO","COTAÇÃO 3","Cabo de cobre coberto de XLPE 16 mm² - 15 kV","M",8.5,{"$f":"COTAÇAO!E26","v":47.8},406.29999999999995]
[{"$f":"IFERROR(INDEX(SINAPI!$E:$E,MATCH($B3131,SINAPI!$A:$A,0)),\"\")","v":"INSUMO"},430,{"$f":"IFERROR(INDEX(SINAPI!$B:$B,MATCH($B3131,SINAPI!$A:$A,0)),\"\")","v":"PARAFUSO M16 EM ACO GALVANIZADO, COMPRIMENTO = 125 MM, DIAMETRO = 16 MM, ROSCA MAQUINA, CABECA QUADRADA                                                                                                                                                                                                                                                                                                                                                                                                   "},{"$f":"IFERROR(INDEX(SINAPI!$C:$C,MATCH($B3131,SINAPI!$A:$A,0)),\"\")","v":"UN    "},2,{"$f":"IFERROR(INDEX(SINAPI!$D:$D,MATCH($B3131,SINAPI!$A:$A,0)),0)","v":6.85},13.7]
["INSUMO","4633/ORSE","Braço tipo L 15 kv","UN",1,85.9,85.9]
["INSUMO","4655/ORSE","Espaçador losangular 15kv","UN",1,26.9,26.9]
[{"$f":"IFERROR(INDEX(SINAPI!$E:$E,MATCH($B3134,SINAPI!$A:$A,0)),\"\")","v":"COMPOSIÇÃO"},88264,{"$f":"IFERROR(INDEX(SINAPI!$B:$B,MATCH($B3134,SINAPI!$A:$A,0)),\"\")","v":"ELETRICISTA COM ENCARGOS COMPLEMENTARES"},{"$f":"IFERROR(INDEX(SINAPI!$C:$C,MATCH($B3134,SINAPI!$A:$A,0)),\"\")","v":"H"},0.2,{"$f":"IFERROR(INDEX(SINAPI!$D:$D,MATCH($B3134,SINAPI!$A:$A,0)),0)","v":20.6},4.12]
[null,null,null,null,null,"TOTAL",{"$f":"SUM(G3129:G3134)","v":554.91999999999996}]
[]
[]
["CLASSE/TIPO","CÓDIGOS/ SINAPI","DESCRIÇÃO","UND","COEFICIENTE","PREÇO UNITÁRIO","PREÇO TOTAL"]
["COMP-0047 ",null,"CAIXA EM ALVENARIA DE TIJOLO MACIÇO 80X80X60CM, REVESTIDA INTERNAMENTO COM BARRA LISA (CIMENTO E AREIA, TRAÇO 1:4) E=2,0CM, COM TAMPA PRÉ-MOLDADA DE CONCRETO E FUNDO DE CONCRETO 15MPA TIPO C - ESCAVAÇÃO E CONFECÇÃO ","UN",null,null,{"$f":"G3148","v":501.04813999999999}]
[{"$f":"IFERROR(INDEX(SINAPI!$E:$E,MATCH($B3140,SINAPI!$A:$A,0)),\"\")","v":"COMPOSIÇÃO"},93382,{"$f":"IFERROR(INDEX(SINAPI!$B:$B,MATCH($B3140,SINAPI!$A:$A,0)),\"\")","v":"REATERRO MANUAL DE VALAS COM COMPACTAÇÃO MECANIZADA. AF_04/2016"},{"$f":"IFERROR(INDEX(SINAPI!$C:$C,MATCH($B3140,SINAPI!$A:$A,0)),\"\")","v":"M3"},1.1499999999999999,{"$f":"IFERROR(INDEX(SINAPI!$D:$D,MATCH($B3140,SINAPI!$A:$A,0)),0)","v":22.07},{"$f":"IFERROR(F3140*E3140,0)","v":25.380499999999998}]
[{"$f":"IFERROR(INDEX(SINAPI!$E:$E,MATCH($B3141,SINAPI!$A:$A,0)),\"\")","v":"COMPOSIÇÃO"},97086,{"$f":"IFERROR(INDEX(SINAPI!$B:$B,MATCH($B3141,SINAPI!$A:$A,0)),\"\")","v":"FABRICAÇÃO, MONTAGEM E DESMONTAGEM DE FORMA PARA RADIER, EM MADEIRA SERRADA, 4 UTILIZAÇÕES. AF_09/2017"},{"$f":"IFERROR(INDEX(SINAPI!$C:$C,MATCH($B3141,SINAPI!$A:$A,0)),\"\")","v":"M2"},0.64,{"$f":"IFERROR(INDEX(SINAPI!$D:$D,MATCH($B3141,SINAPI!$A:$A,0)),0)","v":89.89},57.529600000000002]
[{"$f":"IFERROR(INDEX(SINAPI!$E:$E,MATCH($B3142,SINAPI!$A:$A,0)),\"\")","v":"COMPOSIÇÃO"},94963,{"$f":"IFERROR(INDEX(SINAPI!$B:$B,MATCH($B3142,SINAPI!$A:$A,0)),\"\")","v":"CONCRETO FCK = 15MPA, TRAÇO 1:3,4:3,5 (EM MASSA SECA DE CIMENTO/ AREIA MÉDIA/ BRITA 1) - PREPARO MECÂNICO COM BETONEIRA 400 L. AF_05/2021"},{"$f":"IFERROR(INDEX(SINAPI!$C:$C,MATCH($B3142,SINAPI!$A:$A,0)),\"\")","v":"M3"},8.1000000000000003E-2,{"$f":"IFERROR(INDEX(SINAPI!$D:$D,MATCH($B3142,SINAPI!$A:$A,0)),0)","v":339.14},27.47034]
[{"$f":"IFERROR(INDEX(SINAPI!$E:$E,MATCH($B3143,SINAPI!$A:$A,0)),\"\")","v":"COMPOSIÇÃO"},92882,{"$f":"IFERROR(INDEX(SINAPI!$B:$B,MATCH($B3143,SINAPI!$A:$A,0)),\"\")","v":"ARMAÇÃO UTILIZANDO AÇO CA-25 DE 6,3 MM - MONTAGEM. AF_12/2015"},{"$f":"IFERROR(INDEX(SINAPI!$C:$C,MATCH($B3143,SINAPI!$A:$A,0)),\"\")","v":"KG"},1.73,{"$f":"IFERROR(INDEX(SINAPI!$D:$D,MATCH($B3143,SINAPI!$A:$A,0)),0)","v":17.11},29.600299999999997]
[{"$f":"IFERROR(INDEX(SINAPI!$E:$E,MATCH($B3144,SINAPI!$A:$A,0)),\"\")","v":"COMPOSIÇÃO"},101159,{"$f":"IFERROR(INDEX(SINAPI!$B:$B,MATCH($B3144,SINAPI!$A:$A,0)),\"\")","v":"ALVENARIA DE VEDAÇÃO DE BLOCOS CERÂMICOS MACIÇOS DE 5X10X20CM (ESPESSURA 10CM) E ARGAMASSA DE ASSENTAMENTO COM PREPARO EM BETONEIRA. AF_05/2020"},{"$f":"IFERROR(INDEX(SINAPI!$C:$C,MATCH($B3144,SINAPI!$A:$A,0)),\"\")","v":"M2"},1.8,{"$f":"IFERROR(INDEX(SINAPI!$D:$D,MATCH($B3144,SINAPI!$A:$A,0)),0)","v":124.05},223.29]
[{"$f":"IFERROR(INDEX(SINAPI!$E:$E,MATCH($B3145,SINAPI!$A:$A,0)),\"\")","v":"COMPOSIÇÃO"},87529,{"$f":"IFERROR(INDEX(SINAPI!$B:$B,MATCH($B3145,SINAPI!$A:$A,0)),\"\")","v":"MASSA ÚNICA, PARA RECEBIMENTO DE PINTURA, EM ARGAMASSA TRAÇO 1:2:8, PREPARO MECÂNICO COM BETONEIRA 400L, APLICADA MANUALMENTE EM FACES INTERNAS DE PAREDES, ESPESSURA DE 20MM, COM EXECUÇÃO DE TALISCAS. AF_06/2014"},{"$f":"IFERROR(INDEX(SINAPI!$C:$C,MATCH($B3145,SINAPI!$A:$A,0)),\"\")","v":"M2"},1.71,{"$f":"IFERROR(INDEX(SINAPI!$D:$D,MATCH($B3145,SINAPI!$A:$A,0)),0)","v":27.55},47.110500000000002]
[{"$f":"IFERROR(INDEX(SINAPI!$E:$E,MATCH($B3146,SINAPI!$A:$A,0)),\"\")","v":"COMPOSIÇÃO"},97082,{"$f":"IFERROR(INDEX(SINAPI!$B:$B,MATCH($B3146,SINAPI!$A:$A,0)),\"\")","v":"ESCAVAÇÃO MANUAL DE VIGA DE BORDA PARA RADIER. AF_09/2017"},{"$f":"IFERROR(INDEX(SINAPI!$C:$C,MATCH($B3146,SINAPI!$A:$A,0)),\"\")","v":"M3"},1.8,{"$f":"IFERROR(INDEX(SINAPI!$D:$D,MATCH($B3146,SINAPI!$A:$A,0)),0)","v":45.44},81.792000000000002]
[{"$f":"IFERROR(INDEX(SINAPI!$E:$E,MATCH($B3147,SINAPI!$A:$A,0)),\"\")","v":"COMPOSIÇÃO"},87894,{"$f":"IFERROR(INDEX(SINAPI!$B:$B,MATCH($B3147,SINAPI!$A:$A,0)),\"\")","v":"CHAPISCO APLICADO EM ALVENARIA (SEM PRESENÇA DE VÃOS) E ESTRUTURAS DE CONCRETO DE FACHADA, COM COLHER DE PEDREIRO.  ARGAMASSA TRAÇO 1:3 COM PREPARO EM BETONEIRA 400L. AF_06/2014"},{"$f":"IFERROR(INDEX(SINAPI!$C:$C,MATCH($B3147,SINAPI!$A:$A,0)),\"\")","v":"M2"},1.71,{"$f":"IFERROR(INDEX(SINAPI!$D:$D,MATCH($B3147,SINAPI!$A:$A,0)),0)","v":5.19},8.8749000000000002]
[null,null,null,null,null,null,{"$f":"SUM(G3140:G3147)","v":501.04813999999999}]
[]
[]
["CLASSE/TIPO","CÓDIGOS/ SINAPI","DESCRIÇÃO","UND","COEFICIENTE","PREÇO UNITÁRIO","PREÇO TOTAL"]
["COMP-74065/3",null,"PINTURA ESMALTE BRILHANTE PARA MADEIRA, DUAS DEMAOS, SOBRE FUNDO NIVELADOR BRANCO","M2",null,null,{"$f":"G3159","v":23.132300000000001}]
[{"$f":"IFERROR(INDEX(SINAPI!$E:$E,MATCH($B3153,SINAPI!$A:$A,0)),\"\")","v":"INSUMO"},3767,{"$f":"IFERROR(INDEX(SINAPI!$B:$B,MATCH($B3153,SINAPI!$A:$A,0)),\"\")","v":"LIXA EM FOLHA PARA PAREDE OU MADEIRA, NUMERO 120 (COR VERMELHA)                                                                                                                                                                                                                                                                                                                                                                                                                                           "},{"$f":"IFERROR(INDEX(SINAPI!$C:$C,MATCH($B3153,SINAPI!$A:$A,0)),\"\")","v":"UN    "},0.4,{"$f":"IFERROR(INDEX(SINAPI!$D:$D,MATCH($B3153,SINAPI!$A:$A,0)),0)","v":0.72},{"$f":"IFERROR(F3153*E3153,0)","v":0.28799999999999998}]
[{"$f":"IFERROR(INDEX(SINAPI!$E:$E,MATCH($B3154,SINAPI!$A:$A,0)),\"\")","v":"INSUMO"},5318,{"$f":"IFERROR(INDEX(SINAPI!$B:$B,MATCH($B3154,SINAPI!$A:$A,0)),\"\")","v":"SOLVENTE DILUENTE A BASE DE AGUARRAS                                                                                                                                                                                                                                                                                                                                                                                                                                                                      "},{"$f":"IFERROR(INDEX(SINAPI!$C:$C,MATCH($B3154,SINAPI!$A:$A,0)),\"\")","v":"L     "},0.04,{"$f":"IFERROR(INDEX(SINAPI!$D:$D,MATCH($B3154,SINAPI!$A:$A,0)),0)","v":12.8},0.51200000000000001]
[{"$f":"IFERROR(INDEX(SINAPI!$E:$E,MATCH($B3155,SINAPI!$A:$A,0)),\"\")","v":"INSUMO"},6086,{"$f":"IFERROR(INDEX(SINAPI!$B:$B,MATCH($B3155,SINAPI!$A:$A,0)),\"\")","v":"!EM PROCESSO DE DESATIVACAO! FUNDO SINTETICO NIVELADOR BRANCO FOSCO PARA MADEIRA                                                                                                                                                                                                                                                                                                                                                                                                                          "},{"$f":"IFERROR(INDEX(SINAPI!$C:$C,MATCH($B3155,SINAPI!$A:$A,0)),\"\")","v":"GL    "},5.6000000000000001E-2,{"$f":"IFERROR(INDEX(SINAPI!$D:$D,MATCH($B3155,SINAPI!$A:$A,0)),0)","v":81.349999999999994},4.5556000000000001]
[{"$f":"IFERROR(INDEX(SINAPI!$E:$E,MATCH($B3156,SINAPI!$A:$A,0)),\"\")","v":"INSUMO"},7292,{"$f":"IFERROR(INDEX(SINAPI!$B:$B,MATCH($B3156,SINAPI!$A:$A,0)),\"\")","v":"TINTA ESMALTE SINTETICO PREMIUM BRILHANTE                                                                                                                                                                                                                                                                                                                                                                                                                                                                 "},{"$f":"IFERROR(INDEX(SINAPI!$C:$C,MATCH($B3156,SINAPI!$A:$A,0)),\"\")","v":"L     "},0.16,{"$f":"IFERROR(INDEX(SINAPI!$D:$D,MATCH($B3156,SINAPI!$A:$A,0)),0)","v":24.72},3.9552]
[{"$f":"IFERROR(INDEX(SINAPI!$E:$E,MATCH($B3157,SINAPI!$A:$A,0)),\"\")","v":"COMPOSIÇÃO"},88310,{"$f":"IFERROR(INDEX(SINAPI!$B:$B,MATCH($B3157,SINAPI!$A:$A,0)),\"\")","v":"PINTOR COM ENCARGOS COMPLEMENTARES"},{"$f":"IFERROR(INDEX(SINAPI!$C:$C,MATCH($B3157,SINAPI!$A:$A,0)),\"\")","v":"H"},0.4,{"$f":"IFERROR(INDEX(SINAPI!$D:$D,MATCH($B3157,SINAPI!$A:$A,0)),0)","v":20.86},8.3439999999999994]
[{"$f":"IFERROR(INDEX(SINAPI!$E:$E,MATCH($B3158,SINAPI!$A:$A,0)),\"\")","v":"COMPOSIÇÃO"},88316,{"$f":"IFERROR(INDEX(SINAPI!$B:$B,MATCH($B3158,SINAPI!$A:$A,0)),\"\")","v":"SERVENTE COM ENCARGOS COMPLEMENTARES"},{"$f":"IFERROR(INDEX(SINAPI!$C:$C,MATCH($B3158,SINAPI!$A:$A,0)),\"\")","v":"H"},0.35,{"$f":"IFERROR(INDEX(SINAPI!$D:$D,MATCH($B3158,SINAPI!$A:$A,0)),0)","v":15.65},5.4775]
[null,null,null,null,null,"TOTAL",{"$f":"SUM(G3153:G3158)","v":23.132300000000001}]
[]
[]
["CLASSE/TIPO","CÓDIGOS/ SINAPI","DESCRIÇÃO","UND","COEFICIENTE","PREÇO UNITÁRIO","PREÇO TOTAL"]
["COMP-83338",null,"ESCAVACAO MECANICA, A CEU ABERTO, EM MATERIAL DE 1A CATEGORIA, COM ESCAVADEIRA HIDRAULICA, CAPACIDADE DE 0,78 M3","M3",null,null,{"$f":"G3167","v":2.6060639999999999}]
[{"$f":"IFERROR(INDEX(SINAPI!$E:$E,MATCH($B3164,SINAPI!$A:$A,0)),\"\")","v":"COMPOSIÇÃO"},84013,{"$f":"IFERROR(INDEX(SINAPI!$B:$B,MATCH($B3164,SINAPI!$A:$A,0)),\"\")","v":"ESCAVADEIRA HIDRÁULICA SOBRE ESTEIRAS, CAÇAMBA 0,80 M3, PESO OPERACIONAL 17,8 T, POTÊNCIA LÍQUIDA 110 HP - CHI DIURNO. AF_10/2014"},{"$f":"IFERROR(INDEX(SINAPI!$C:$C,MATCH($B3164,SINAPI!$A:$A,0)),\"\")","v":"CHI"},5.7999999999999996E-3,{"$f":"IFERROR(INDEX(SINAPI!$D:$D,MATCH($B3164,SINAPI!$A:$A,0)),0)","v":55.26},{"$f":"IFERROR(F3164*E3164,0)","v":0.32050799999999996}]
[{"$f":"IFERROR(INDEX(SINAPI!$E:$E,MATCH($B3165,SINAPI!$A:$A,0)),\"\")","v":"COMPOSIÇÃO"},88316,{"$f":"IFERROR(INDEX(SINAPI!$B:$B,MATCH($B3165,SINAPI!$A:$A,0)),\"\")","v":"SERVENTE COM ENCARGOS COMPLEMENTARES"},{"$f":"IFERROR(INDEX(SINAPI!$C:$C,MATCH($B3165,SINAPI!$A:$A,0)),\"\")","v":"H"},1.9199999999999998E-2,{"$f":"IFERROR(INDEX(SINAPI!$D:$D,MATCH($B3165,SINAPI!$A:$A,0)),0)","v":15.65},0.30047999999999997]
[{"$f":"IFERROR(INDEX(SINAPI!$E:$E,MATCH($B3166,SINAPI!$A:$A,0)),\"\")","v":"COMPOSIÇÃO"},90991,{"$f":"IFERROR(INDEX(SINAPI!$B:$B,MATCH($B3166,SINAPI!$A:$A,0)),\"\")","v":"ESCAVADEIRA HIDRÁULICA SOBRE ESTEIRAS, CAÇAMBA 0,80 M3, PESO OPERACIONAL 17,8 T, POTÊNCIA LÍQUIDA 110 HP - CHP DIURNO. AF_10/2014"},{"$f":"IFERROR(INDEX(SINAPI!$C:$C,MATCH($B3166,SINAPI!$A:$A,0)),\"\")","v":"CHP"},1.34E-2,{"$f":"IFERROR(INDEX(SINAPI!$D:$D,MATCH($B3166,SINAPI!$A:$A,0)),0)","v":148.13999999999999},1.9850759999999998]
[null,null,null,null,null,"TOTAL",{"$f":"SUM(G3164:G3166)","v":2.6060639999999999}]
[]
[]
["CLASSE/TIPO","CÓDIGOS/ SINAPI","DESCRIÇÃO","UND","COEFICIENTE","PREÇO UNITÁRIO","PREÇO TOTAL"]
["COMP-92414",null,"MONTAGEM E DESMONTAGEM DE FÔRMA DE PILARES RETANGULARES E ESTRUTURAS SIMILARES COM ÁREA MÉDIA DAS SEÇÕES MENOR OU IGUAL A 0,25 M², PÉ-DIREITO SIMPLES, EM CHAPA DE MADEIRA COMPENSADA RESINADA, 2 UTILIZAÇÕES. AF_12/2015","M2",null,null,{"$f":"G3180","v":115.63414}]
[{"$f":"IFERROR(INDEX(SINAPI!$E:$E,MATCH($B3172,SINAPI!$A:$A,0)),\"\")","v":"INSUMO"},2692,{"$f":"IFERROR(INDEX(SINAPI!$B:$B,MATCH($B3172,SINAPI!$A:$A,0)),\"\")","v":"DESMOLDANTE PROTETOR PARA FORMAS DE MADEIRA, DE BASE OLEOSA EMULSIONADA EM AGUA                                                                                                                                                                                                                                                                                                                                                                                                                           "},{"$f":"IFERROR(INDEX(SINAPI!$C:$C,MATCH($B3172,SINAPI!$A:$A,0)),\"\")","v":"L     "},0.01,{"$f":"IFERROR(INDEX(SINAPI!$D:$D,MATCH($B3172,SINAPI!$A:$A,0)),0)","v":5.19},{"$f":"IFERROR(F3172*E3172,0)","v":5.1900000000000002E-2}]
[{"$f":"IFERROR(INDEX(SINAPI!$E:$E,MATCH($B3173,SINAPI!$A:$A,0)),\"\")","v":"INSUMO"},40271,{"$f":"IFERROR(INDEX(SINAPI!$B:$B,MATCH($B3173,SINAPI!$A:$A,0)),\"\")","v":"LOCACAO DE APRUMADOR METALICO DE PILAR, COM ALTURA E ANGULO REGULAVEIS, EXTENSAO DE *1,50* A *2,80* M                                                                                                                                                                                                                                                                                                                                                                                                     "},{"$f":"IFERROR(INDEX(SINAPI!$C:$C,MATCH($B3173,SINAPI!$A:$A,0)),\"\")","v":"MES   "},0.19600000000000001,{"$f":"IFERROR(INDEX(SINAPI!$D:$D,MATCH($B3173,SINAPI!$A:$A,0)),0)","v":9.1},1.7836000000000001]
[{"$f":"IFERROR(INDEX(SINAPI!$E:$E,MATCH($B3174,SINAPI!$A:$A,0)),\"\")","v":"INSUMO"},40275,{"$f":"IFERROR(INDEX(SINAPI!$B:$B,MATCH($B3174,SINAPI!$A:$A,0)),\"\")","v":"LOCACAO DE VIGA SANDUICHE METALICA VAZADA PARA TRAVAMENTO DE PILARES, ALTURA DE *8* CM, LARGURA DE *6* CM E EXTENSAO DE 2 M                                                                                                                                                                                                                                                                                                                                                                               "},{"$f":"IFERROR(INDEX(SINAPI!$C:$C,MATCH($B3174,SINAPI!$A:$A,0)),\"\")","v":"MES   "},0.39300000000000002,{"$f":"IFERROR(INDEX(SINAPI!$D:$D,MATCH($B3174,SINAPI!$A:$A,0)),0)","v":14},5.5020000000000007]
[{"$f":"IFERROR(INDEX(SINAPI!$E:$E,MATCH($B3175,SINAPI!$A:$A,0)),\"\")","v":"INSUMO"},40287,{"$f":"IFERROR(INDEX(SINAPI!$B:$B,MATCH($B3175,SINAPI!$A:$A,0)),\"\")","v":"LOCACAO DE BARRA DE ANCORAGEM DE 0,80 A 1,20 M DE EXTENSAO, COM ROSCA DE 5/8\", INCLUINDO PORCA E FLANGE                                                                                                                                                                                                                                                                                                                                                                                                   "},{"$f":"IFERROR(INDEX(SINAPI!$C:$C,MATCH($B3175,SINAPI!$A:$A,0)),\"\")","v":"MES   "},0.78500000000000003,{"$f":"IFERROR(INDEX(SINAPI!$D:$D,MATCH($B3175,SINAPI!$A:$A,0)),0)","v":3.5},2.7475000000000001]
[{"$f":"IFERROR(INDEX(SINAPI!$E:$E,MATCH($B3176,SINAPI!$A:$A,0)),\"\")","v":"INSUMO"},40304,{"$f":"IFERROR(INDEX(SINAPI!$B:$B,MATCH($B3176,SINAPI!$A:$A,0)),\"\")","v":"PREGO DE ACO POLIDO COM CABECA DUPLA 17 X 27 (2 1/2 X 11)                                                                                                                                                                                                                                                                                                                                                                                                                                                 "},{"$f":"IFERROR(INDEX(SINAPI!$C:$C,MATCH($B3176,SINAPI!$A:$A,0)),\"\")","v":"KG    "},1.9E-2,{"$f":"IFERROR(INDEX(SINAPI!$D:$D,MATCH($B3176,SINAPI!$A:$A,0)),0)","v":28.81},0.54738999999999993]
[{"$f":"IFERROR(INDEX(SINAPI!$E:$E,MATCH($B3177,SINAPI!$A:$A,0)),\"\")","v":"COMPOSIÇÃO"},88239,{"$f":"IFERROR(INDEX(SINAPI!$B:$B,MATCH($B3177,SINAPI!$A:$A,0)),\"\")","v":"AJUDANTE DE CARPINTEIRO COM ENCARGOS COMPLEMENTARES"},{"$f":"IFERROR(INDEX(SINAPI!$C:$C,MATCH($B3177,SINAPI!$A:$A,0)),\"\")","v":"H"},0.27100000000000002,{"$f":"IFERROR(INDEX(SINAPI!$D:$D,MATCH($B3177,SINAPI!$A:$A,0)),0)","v":16.3},4.4173000000000009]
[{"$f":"IFERROR(INDEX(SINAPI!$E:$E,MATCH($B3178,SINAPI!$A:$A,0)),\"\")","v":"COMPOSIÇÃO"},88262,{"$f":"IFERROR(INDEX(SINAPI!$B:$B,MATCH($B3178,SINAPI!$A:$A,0)),\"\")","v":"CARPINTEIRO DE FORMAS COM ENCARGOS COMPLEMENTARES"},{"$f":"IFERROR(INDEX(SINAPI!$C:$C,MATCH($B3178,SINAPI!$A:$A,0)),\"\")","v":"H"},1.478,{"$f":"IFERROR(INDEX(SINAPI!$D:$D,MATCH($B3178,SINAPI!$A:$A,0)),0)","v":19.649999999999999},29.042699999999996]
[{"$f":"IFERROR(INDEX(SINAPI!$E:$E,MATCH($B3179,SINAPI!$A:$A,0)),\"\")","v":"COMPOSIÇÃO"},92263,{"$f":"IFERROR(INDEX(SINAPI!$B:$B,MATCH($B3179,SINAPI!$A:$A,0)),\"\")","v":"FABRICAÇÃO DE FÔRMA PARA PILARES E ESTRUTURAS SIMILARES, EM CHAPA DE MADEIRA COMPENSADA RESINADA, E = 17 MM. AF_09/2020"},{"$f":"IFERROR(INDEX(SINAPI!$C:$C,MATCH($B3179,SINAPI!$A:$A,0)),\"\")","v":"M2"},0.52500000000000002,{"$f":"IFERROR(INDEX(SINAPI!$D:$D,MATCH($B3179,SINAPI!$A:$A,0)),0)","v":136.27000000000001},71.541750000000008]
[{"$f":"IFERROR(INDEX(SINAPI!$E:$E,MATCH($B3180,SINAPI!$A:$A,0)),\"\")","v":""},null,null,null,null,"TOTAL",{"$f":"SUM(G3172:G3179)","v":115.63414}]
[]
[]
["CLASSE/TIPO","CÓDIGOS/ SINAPI","DESCRIÇÃO","UND","COEFICIENTE","PREÇO UNITÁRIO","PREÇO TOTAL"]
["COMP-73301",null,"ESCORAMENTO FORMAS ATE H = 3,30M, COM MADEIRA DE 3A QUALIDADE, NAO APARELHADA, APROVEITAMENTO TABUAS 3X E PRUMOS 4X.","M3",null,null,{"$f":"G3190","v":12.265910000000002}]
[{"$f":"IFERROR(INDEX(SINAPI!$E:$E,MATCH($B3185,SINAPI!$A:$A,0)),\"\")","v":"INSUMO"},4491,{"$f":"IFERROR(INDEX(SINAPI!$B:$B,MATCH($B3185,SINAPI!$A:$A,0)),\"\")","v":"PONTALETE *7,5 X 7,5* CM EM PINUS, MISTA OU EQUIVALENTE DA REGIAO - BRUTA                                                                                                                                                                                                                                                                                                                                                                                                                                 "},{"$f":"IFERROR(INDEX(SINAPI!$C:$C,MATCH($B3185,SINAPI!$A:$A,0)),\"\")","v":"M     "},0.4,{"$f":"IFERROR(INDEX(SINAPI!$D:$D,MATCH($B3185,SINAPI!$A:$A,0)),0)","v":8.1300000000000008},{"$f":"IFERROR(F3185*E3185,0)","v":3.2520000000000007}]
[{"$f":"IFERROR(INDEX(SINAPI!$E:$E,MATCH($B3186,SINAPI!$A:$A,0)),\"\")","v":"INSUMO"},5075,{"$f":"IFERROR(INDEX(SINAPI!$B:$B,MATCH($B3186,SINAPI!$A:$A,0)),\"\")","v":"PREGO DE ACO POLIDO COM CABECA 18 X 30 (2 3/4 X 10)                                                                                                                                                                                                                                                                                                                                                                                                                                                       "},{"$f":"IFERROR(INDEX(SINAPI!$C:$C,MATCH($B3186,SINAPI!$A:$A,0)),\"\")","v":"KG    "},3.3000000000000002E-2,{"$f":"IFERROR(INDEX(SINAPI!$D:$D,MATCH($B3186,SINAPI!$A:$A,0)),0)","v":23.35},0.77055000000000007]
[{"$f":"IFERROR(INDEX(SINAPI!$E:$E,MATCH($B3187,SINAPI!$A:$A,0)),\"\")","v":"INSUMO"},10567,{"$f":"IFERROR(INDEX(SINAPI!$B:$B,MATCH($B3187,SINAPI!$A:$A,0)),\"\")","v":"TABUA *2,5 X 23* CM EM PINUS, MISTA OU EQUIVALENTE DA REGIAO - BRUTA                                                                                                                                                                                                                                                                                                                                                                                                                                      "},{"$f":"IFERROR(INDEX(SINAPI!$C:$C,MATCH($B3187,SINAPI!$A:$A,0)),\"\")","v":"M     "},0.24399999999999999,{"$f":"IFERROR(INDEX(SINAPI!$D:$D,MATCH($B3187,SINAPI!$A:$A,0)),0)","v":9.19},2.2423599999999997]
[{"$f":"IFERROR(INDEX(SINAPI!$E:$E,MATCH($B3188,SINAPI!$A:$A,0)),\"\")","v":"COMPOSIÇÃO"},88262,{"$f":"IFERROR(INDEX(SINAPI!$B:$B,MATCH($B3188,SINAPI!$A:$A,0)),\"\")","v":"CARPINTEIRO DE FORMAS COM ENCARGOS COMPLEMENTARES"},{"$f":"IFERROR(INDEX(SINAPI!$C:$C,MATCH($B3188,SINAPI!$A:$A,0)),\"\")","v":"H"},0.17,{"$f":"IFERROR(INDEX(SINAPI!$D:$D,MATCH($B3188,SINAPI!$A:$A,0)),0)","v":19.649999999999999},3.3405]
[{"$f":"IFERROR(INDEX(SINAPI!$E:$E,MATCH($B3189,SINAPI!$A:$A,0)),\"\")","v":"COMPOSIÇÃO"},88316,{"$f":"IFERROR(INDEX(SINAPI!$B:$B,MATCH($B3189,SINAPI!$A:$A,0)),\"\")","v":"SERVENTE COM ENCARGOS COMPLEMENTARES"},{"$f":"IFERROR(INDEX(SINAPI!$C:$C,MATCH($B3189,SINAPI!$A:$A,0)),\"\")","v":"H"},0.17,{"$f":"IFERROR(INDEX(SINAPI!$D:$D,MATCH($B3189,SINAPI!$A:$A,0)),0)","v":15.65},2.6605000000000003]
[{"$f":"IFERROR(INDEX(SINAPI!$E:$E,MATCH($B3190,SINAPI!$A:$A,0)),\"\")","v":""},null,null,null,null,"TOTAL",{"$f":"SUM(G3185:G3189)","v":12.265910000000002}]
[]
[]
["CLASSE/TIPO","CÓDIGOS/ SINAPI","DESCRIÇÃO","UND","COEFICIENTE","PREÇO UNITÁRIO","PREÇO TOTAL"]
["COMP-72554",null,"EXTINTOR DE CO2 6KG - FORNECIMENTO E INSTALACAO","UN",null,null,{"$f":"G3199","v":521.12100000000009}]
[{"$f":"IFERROR(INDEX(SINAPI!$E:$E,MATCH($B3195,SINAPI!$A:$A,0)),\"\")","v":"INSUMO"},4350,{"$f":"IFERROR(INDEX(SINAPI!$B:$B,MATCH($B3195,SINAPI!$A:$A,0)),\"\")","v":"BUCHA DE NYLON, DIAMETRO DO FURO 8 MM, COMPRIMENTO 40 MM, COM PARAFUSO DE ROSCA SOBERBA, CABECA CHATA, FENDA SIMPLES, 4,8 X 50 MM                                                                                                                                                                                                                                                                                                                                                                         "},{"$f":"IFERROR(INDEX(SINAPI!$C:$C,MATCH($B3195,SINAPI!$A:$A,0)),\"\")","v":"UN    "},1,{"$f":"IFERROR(INDEX(SINAPI!$D:$D,MATCH($B3195,SINAPI!$A:$A,0)),0)","v":0.45},{"$f":"IFERROR(F3195*E3195,0)","v":0.45}]
[{"$f":"IFERROR(INDEX(SINAPI!$E:$E,MATCH($B3196,SINAPI!$A:$A,0)),\"\")","v":"INSUMO"},10889,{"$f":"IFERROR(INDEX(SINAPI!$B:$B,MATCH($B3196,SINAPI!$A:$A,0)),\"\")","v":"EXTINTOR DE INCENDIO PORTATIL COM CARGA DE GAS CARBONICO CO2 DE 6 KG, CLASSE BC                                                                                                                                                                                                                                                                                                                                                                                                                           "},{"$f":"IFERROR(INDEX(SINAPI!$C:$C,MATCH($B3196,SINAPI!$A:$A,0)),\"\")","v":"UN    "},1,{"$f":"IFERROR(INDEX(SINAPI!$D:$D,MATCH($B3196,SINAPI!$A:$A,0)),0)","v":510},510]
[{"$f":"IFERROR(INDEX(SINAPI!$E:$E,MATCH($B3197,SINAPI!$A:$A,0)),\"\")","v":"COMPOSIÇÃO"},88267,{"$f":"IFERROR(INDEX(SINAPI!$B:$B,MATCH($B3197,SINAPI!$A:$A,0)),\"\")","v":"ENCANADOR OU BOMBEIRO HIDRÁULICO COM ENCARGOS COMPLEMENTARES"},{"$f":"IFERROR(INDEX(SINAPI!$C:$C,MATCH($B3197,SINAPI!$A:$A,0)),\"\")","v":"H"},0.3,{"$f":"IFERROR(INDEX(SINAPI!$D:$D,MATCH($B3197,SINAPI!$A:$A,0)),0)","v":19.920000000000002},5.976]
[{"$f":"IFERROR(INDEX(SINAPI!$E:$E,MATCH($B3198,SINAPI!$A:$A,0)),\"\")","v":"COMPOSIÇÃO"},88316,{"$f":"IFERROR(INDEX(SINAPI!$B:$B,MATCH($B3198,SINAPI!$A:$A,0)),\"\")","v":"SERVENTE COM ENCARGOS COMPLEMENTARES"},{"$f":"IFERROR(INDEX(SINAPI!$C:$C,MATCH($B3198,SINAPI!$A:$A,0)),\"\")","v":"H"},0.3,{"$f":"IFERROR(INDEX(SINAPI!$D:$D,MATCH($B3198,SINAPI!$A:$A,0)),0)","v":15.65},4.6950000000000003]
[{"$f":"IFERROR(INDEX(SINAPI!$E:$E,MATCH($B3199,SINAPI!$A:$A,0)),\"\")","v":""},null,null,null,null,"TOTAL",{"$f":"SUM(G3195:G3198)","v":521.12100000000009}]
[]
[]
["CLASSE/TIPO","CÓDIGOS/ SINAPI","DESCRIÇÃO","UND","COEFICIENTE","PREÇO UNITÁRIO","PREÇO TOTAL"]
["COMP-74131/006",null,"QUADRO DE DISTRIBUICAO DE ENERGIA DE EMBUTIR, EM CHAPA METALICA, PARA 32 DISJUNTORES TERMOMAGNETICOS MONOPOLARES, COM BARRAMENTO TRIFASICO E NEUTRO, FORNECIMENTO E INSTALACAO","UN",null,null,{"$f":"G3207","v":773.44500000000005}]
[{"$f":"IFERROR(INDEX(SINAPI!$E:$E,MATCH($B3204,SINAPI!$A:$A,0)),\"\")","v":"INSUMO"},12041,{"$f":"IFERROR(INDEX(SINAPI!$B:$B,MATCH($B3204,SINAPI!$A:$A,0)),\"\")","v":"QUADRO DE DISTRIBUICAO COM BARRAMENTO TRIFASICO, DE EMBUTIR, EM CHAPA DE ACO GALVANIZADO, PARA 30 DISJUNTORES DIN, 150 A                                                                                                                                                                                                                                                                                                                                                                                  "},{"$f":"IFERROR(INDEX(SINAPI!$C:$C,MATCH($B3204,SINAPI!$A:$A,0)),\"\")","v":"UN    "},1,{"$f":"IFERROR(INDEX(SINAPI!$D:$D,MATCH($B3204,SINAPI!$A:$A,0)),0)","v":646.71},{"$f":"IFERROR(F3204*E3204,0)","v":646.71}]
[{"$f":"IFERROR(INDEX(SINAPI!$E:$E,MATCH($B3205,SINAPI!$A:$A,0)),\"\")","v":"COMPOSIÇÃO"},88247,{"$f":"IFERROR(INDEX(SINAPI!$B:$B,MATCH($B3205,SINAPI!$A:$A,0)),\"\")","v":"AUXILIAR DE ELETRICISTA COM ENCARGOS COMPLEMENTARES"},{"$f":"IFERROR(INDEX(SINAPI!$C:$C,MATCH($B3205,SINAPI!$A:$A,0)),\"\")","v":"H"},3.5,{"$f":"IFERROR(INDEX(SINAPI!$D:$D,MATCH($B3205,SINAPI!$A:$A,0)),0)","v":15.61},54.634999999999998]
[{"$f":"IFERROR(INDEX(SINAPI!$E:$E,MATCH($B3206,SINAPI!$A:$A,0)),\"\")","v":"COMPOSIÇÃO"},88264,{"$f":"IFERROR(INDEX(SINAPI!$B:$B,MATCH($B3206,SINAPI!$A:$A,0)),\"\")","v":"ELETRICISTA COM ENCARGOS COMPLEMENTARES"},{"$f":"IFERROR(INDEX(SINAPI!$C:$C,MATCH($B3206,SINAPI!$A:$A,0)),\"\")","v":"H"},3.5,{"$f":"IFERROR(INDEX(SINAPI!$D:$D,MATCH($B3206,SINAPI!$A:$A,0)),0)","v":20.6},72.100000000000009]
[null,null,null,null,null,"TOTAL",{"$f":"SUM(G3204:G3206)","v":773.44500000000005}]
[]
[]
["CLASSE/TIPO","CÓDIGOS/ SINAPI","DESCRIÇÃO","UND","COEFICIENTE","PREÇO UNITÁRIO","PREÇO TOTAL"]
["COMP-74131/008",null,"QUADRO DE DISTRIBUICAO DE ENERGIA DE EMBUTIR, EM CHAPA METALICA, PARA 50 DISJUNTORES TERMOMAGNETICOS MONOPOLARES, COM BARRAMENTO TRIFASICO E NEUTRO, FORNECIMENTO E INSTALACAO","UN",null,null,{"$f":"G3215","v":1582.68}]
[{"$f":"IFERROR(INDEX(SINAPI!$E:$E,MATCH($B3212,SINAPI!$A:$A,0)),\"\")","v":"INSUMO"},12043,{"$f":"IFERROR(INDEX(SINAPI!$B:$B,MATCH($B3212,SINAPI!$A:$A,0)),\"\")","v":"QUADRO DE DISTRIBUICAO COM BARRAMENTO TRIFASICO, DE EMBUTIR, EM CHAPA DE ACO GALVANIZADO, PARA 30 DISJUNTORES DIN, 225 A                                                                                                                                                                                                                                                                                                                                                                                  "},{"$f":"IFERROR(INDEX(SINAPI!$C:$C,MATCH($B3212,SINAPI!$A:$A,0)),\"\")","v":"UN    "},1,{"$f":"IFERROR(INDEX(SINAPI!$D:$D,MATCH($B3212,SINAPI!$A:$A,0)),0)","v":1365.42},{"$f":"IFERROR(F3212*E3212,0)","v":1365.42}]
[{"$f":"IFERROR(INDEX(SINAPI!$E:$E,MATCH($B3213,SINAPI!$A:$A,0)),\"\")","v":"COMPOSIÇÃO"},88247,{"$f":"IFERROR(INDEX(SINAPI!$B:$B,MATCH($B3213,SINAPI!$A:$A,0)),\"\")","v":"AUXILIAR DE ELETRICISTA COM ENCARGOS COMPLEMENTARES"},{"$f":"IFERROR(INDEX(SINAPI!$C:$C,MATCH($B3213,SINAPI!$A:$A,0)),\"\")","v":"H"},6,{"$f":"IFERROR(INDEX(SINAPI!$D:$D,MATCH($B3213,SINAPI!$A:$A,0)),0)","v":15.61},93.66]
[{"$f":"IFERROR(INDEX(SINAPI!$E:$E,MATCH($B3214,SINAPI!$A:$A,0)),\"\")","v":"COMPOSIÇÃO"},88264,{"$f":"IFERROR(INDEX(SINAPI!$B:$B,MATCH($B3214,SINAPI!$A:$A,0)),\"\")","v":"ELETRICISTA COM ENCARGOS COMPLEMENTARES"},{"$f":"IFERROR(INDEX(SINAPI!$C:$C,MATCH($B3214,SINAPI!$A:$A,0)),\"\")","v":"H"},6,{"$f":"IFERROR(INDEX(SINAPI!$D:$D,MATCH($B3214,SINAPI!$A:$A,0)),0)","v":20.6},123.60000000000001]
[null,null,null,null,null,"TOTAL",{"$f":"SUM(G3212:G3214)","v":1582.68}]
[]
[]
["CLASSE/TIPO","CÓDIGOS/ SINAPI","DESCRIÇÃO","UND","COEFICIENTE","PREÇO UNITÁRIO","PREÇO TOTAL"]
["COMP-83463",null,"QUADRO DE DISTRIBUICAO DE ENERGIA EM CHAPA DE ACO GALVANIZADO, PARA 12 DISJUNTORES TERMOMAGNETICOS MONOPOLARES, COM BARRAMENTO TRIFASICO E NEUTRO - FORNECIMENTO E INSTALACAO","UN",null,null,{"$f":"G3223","v":455.33}]
[{"$f":"IFERROR(INDEX(SINAPI!$E:$E,MATCH($B3220,SINAPI!$A:$A,0)),\"\")","v":"INSUMO"},13393,{"$f":"IFERROR(INDEX(SINAPI!$B:$B,MATCH($B3220,SINAPI!$A:$A,0)),\"\")","v":"QUADRO DE DISTRIBUICAO COM BARRAMENTO TRIFASICO, DE EMBUTIR, EM CHAPA DE ACO GALVANIZADO, PARA 12 DISJUNTORES DIN, 100 A                                                                                                                                                                                                                                                                                                                                                                                  "},{"$f":"IFERROR(INDEX(SINAPI!$C:$C,MATCH($B3220,SINAPI!$A:$A,0)),\"\")","v":"UN    "},1,{"$f":"IFERROR(INDEX(SINAPI!$D:$D,MATCH($B3220,SINAPI!$A:$A,0)),0)","v":382.91},{"$f":"IFERROR(F3220*E3220,0)","v":382.91}]
[{"$f":"IFERROR(INDEX(SINAPI!$E:$E,MATCH($B3221,SINAPI!$A:$A,0)),\"\")","v":"COMPOSIÇÃO"},88247,{"$f":"IFERROR(INDEX(SINAPI!$B:$B,MATCH($B3221,SINAPI!$A:$A,0)),\"\")","v":"AUXILIAR DE ELETRICISTA COM ENCARGOS COMPLEMENTARES"},{"$f":"IFERROR(INDEX(SINAPI!$C:$C,MATCH($B3221,SINAPI!$A:$A,0)),\"\")","v":"H"},2,{"$f":"IFERROR(INDEX(SINAPI!$D:$D,MATCH($B3221,SINAPI!$A:$A,0)),0)","v":15.61},31.22]
[{"$f":"IFERROR(INDEX(SINAPI!$E:$E,MATCH($B3222,SINAPI!$A:$A,0)),\"\")","v":"COMPOSIÇÃO"},88264,{"$f":"IFERROR(INDEX(SINAPI!$B:$B,MATCH($B3222,SINAPI!$A:$A,0)),\"\")","v":"ELETRICISTA COM ENCARGOS COMPLEMENTARES"},{"$f":"IFERROR(INDEX(SINAPI!$C:$C,MATCH($B3222,SINAPI!$A:$A,0)),\"\")","v":"H"},2,{"$f":"IFERROR(INDEX(SINAPI!$D:$D,MATCH($B3222,SINAPI!$A:$A,0)),0)","v":20.6},41.2]
[null,null,null,null,null,"TOTAL",{"$f":"SUM(G3220:G3222)","v":455.33}]
[]
[]
["CLASSE/TIPO","CÓDIGOS/ SINAPI","DESCRIÇÃO","UND","COEFICIENTE","PREÇO UNITÁRIO","PREÇO TOTAL"]
["COMP-6171",null,"TAMPA DE CONCRETO ARMADO 60X60X5CM PARA CAIXA","UN",null,null,{"$f":"G3239","v":38.643080000000012}]
[{"$f":"IFERROR(INDEX(SINAPI!$E:$E,MATCH($B3228,SINAPI!$A:$A,0)),\"\")","v":"INSUMO"},345,{"$f":"IFERROR(INDEX(SINAPI!$B:$B,MATCH($B3228,SINAPI!$A:$A,0)),\"\")","v":"ARAME GALVANIZADO 18 BWG, D = 1,24MM (0,009 KG/M)                                                                                                                                                                                                                                                                                                                                                                                                                                                         "},{"$f":"IFERROR(INDEX(SINAPI!$C:$C,MATCH($B3228,SINAPI!$A:$A,0)),\"\")","v":"KG    "},2.9000000000000001E-2,{"$f":"IFERROR(INDEX(SINAPI!$D:$D,MATCH($B3228,SINAPI!$A:$A,0)),0)","v":28.51},{"$f":"IFERROR(F3228*E3228,0)","v":0.82679000000000014}]
[{"$f":"IFERROR(INDEX(SINAPI!$E:$E,MATCH($B3229,SINAPI!$A:$A,0)),\"\")","v":"INSUMO"},367,{"$f":"IFERROR(INDEX(SINAPI!$B:$B,MATCH($B3229,SINAPI!$A:$A,0)),\"\")","v":"AREIA GROSSA - POSTO JAZIDA/FORNECEDOR (RETIRADO NA JAZIDA, SEM TRANSPORTE)                                                                                                                                                                                                                                                                                                                                                                                                                               "},{"$f":"IFERROR(INDEX(SINAPI!$C:$C,MATCH($B3229,SINAPI!$A:$A,0)),\"\")","v":"M3    "},1.6E-2,{"$f":"IFERROR(INDEX(SINAPI!$D:$D,MATCH($B3229,SINAPI!$A:$A,0)),0)","v":78},1.248]
[{"$f":"IFERROR(INDEX(SINAPI!$E:$E,MATCH($B3230,SINAPI!$A:$A,0)),\"\")","v":"INSUMO"},1379,{"$f":"IFERROR(INDEX(SINAPI!$B:$B,MATCH($B3230,SINAPI!$A:$A,0)),\"\")","v":"CIMENTO PORTLAND COMPOSTO CP II-32                                                                                                                                                                                                                                                                                                                                                                                                                                                                        "},{"$f":"IFERROR(INDEX(SINAPI!$C:$C,MATCH($B3230,SINAPI!$A:$A,0)),\"\")","v":"KG    "},5.54,{"$f":"IFERROR(INDEX(SINAPI!$D:$D,MATCH($B3230,SINAPI!$A:$A,0)),0)","v":0.66},3.6564000000000001]
[{"$f":"IFERROR(INDEX(SINAPI!$E:$E,MATCH($B3231,SINAPI!$A:$A,0)),\"\")","v":"INSUMO"},4512,{"$f":"IFERROR(INDEX(SINAPI!$B:$B,MATCH($B3231,SINAPI!$A:$A,0)),\"\")","v":"SARRAFO *2,5 X 5* CM EM PINUS, MISTA OU EQUIVALENTE DA REGIAO - BRUTA                                                                                                                                                                                                                                                                                                                                                                                                                                     "},{"$f":"IFERROR(INDEX(SINAPI!$C:$C,MATCH($B3231,SINAPI!$A:$A,0)),\"\")","v":"M     "},2.5,{"$f":"IFERROR(INDEX(SINAPI!$D:$D,MATCH($B3231,SINAPI!$A:$A,0)),0)","v":1.97},4.9249999999999998]
[{"$f":"IFERROR(INDEX(SINAPI!$E:$E,MATCH($B3232,SINAPI!$A:$A,0)),\"\")","v":"INSUMO"},4718,{"$f":"IFERROR(INDEX(SINAPI!$B:$B,MATCH($B3232,SINAPI!$A:$A,0)),\"\")","v":"PEDRA BRITADA N. 2 (19 A 38 MM) POSTO PEDREIRA/FORNECEDOR, SEM FRETE                                                                                                                                                                                                                                                                                                                                                                                                                                      "},{"$f":"IFERROR(INDEX(SINAPI!$C:$C,MATCH($B3232,SINAPI!$A:$A,0)),\"\")","v":"M3    "},1.4999999999999999E-2,{"$f":"IFERROR(INDEX(SINAPI!$D:$D,MATCH($B3232,SINAPI!$A:$A,0)),0)","v":79.849999999999994},1.1977499999999999]
[{"$f":"IFERROR(INDEX(SINAPI!$E:$E,MATCH($B3233,SINAPI!$A:$A,0)),\"\")","v":"INSUMO"},5068,{"$f":"IFERROR(INDEX(SINAPI!$B:$B,MATCH($B3233,SINAPI!$A:$A,0)),\"\")","v":"PREGO DE ACO POLIDO COM CABECA 17 X 21 (2 X 11)                                                                                                                                                                                                                                                                                                                                                                                                                                                           "},{"$f":"IFERROR(INDEX(SINAPI!$C:$C,MATCH($B3233,SINAPI!$A:$A,0)),\"\")","v":"KG    "},0.08,{"$f":"IFERROR(INDEX(SINAPI!$D:$D,MATCH($B3233,SINAPI!$A:$A,0)),0)","v":23.35},1.8680000000000001]
[{"$f":"IFERROR(INDEX(SINAPI!$E:$E,MATCH($B3234,SINAPI!$A:$A,0)),\"\")","v":"INSUMO"},43059,{"$f":"IFERROR(INDEX(SINAPI!$B:$B,MATCH($B3234,SINAPI!$A:$A,0)),\"\")","v":"ACO CA-60, 4,2 MM, OU 5,0 MM, OU 6,0 MM, OU 7,0 MM, VERGALHAO                                                                                                                                                                                                                                                                                                                                                                                                                                             "},{"$f":"IFERROR(INDEX(SINAPI!$C:$C,MATCH($B3234,SINAPI!$A:$A,0)),\"\")","v":"KG    "},1.44,{"$f":"IFERROR(INDEX(SINAPI!$D:$D,MATCH($B3234,SINAPI!$A:$A,0)),0)","v":12.38},17.827200000000001]
[{"$f":"IFERROR(INDEX(SINAPI!$E:$E,MATCH($B3235,SINAPI!$A:$A,0)),\"\")","v":"COMPOSIÇÃO"},88245,{"$f":"IFERROR(INDEX(SINAPI!$B:$B,MATCH($B3235,SINAPI!$A:$A,0)),\"\")","v":"ARMADOR COM ENCARGOS COMPLEMENTARES"},{"$f":"IFERROR(INDEX(SINAPI!$C:$C,MATCH($B3235,SINAPI!$A:$A,0)),\"\")","v":"H"},0.1,{"$f":"IFERROR(INDEX(SINAPI!$D:$D,MATCH($B3235,SINAPI!$A:$A,0)),0)","v":19.75},1.9750000000000001]
[{"$f":"IFERROR(INDEX(SINAPI!$E:$E,MATCH($B3236,SINAPI!$A:$A,0)),\"\")","v":"COMPOSIÇÃO"},88262,{"$f":"IFERROR(INDEX(SINAPI!$B:$B,MATCH($B3236,SINAPI!$A:$A,0)),\"\")","v":"CARPINTEIRO DE FORMAS COM ENCARGOS COMPLEMENTARES"},{"$f":"IFERROR(INDEX(SINAPI!$C:$C,MATCH($B3236,SINAPI!$A:$A,0)),\"\")","v":"H"},0.1,{"$f":"IFERROR(INDEX(SINAPI!$D:$D,MATCH($B3236,SINAPI!$A:$A,0)),0)","v":19.649999999999999},1.9649999999999999]
[{"$f":"IFERROR(INDEX(SINAPI!$E:$E,MATCH($B3237,SINAPI!$A:$A,0)),\"\")","v":"COMPOSIÇÃO"},88316,{"$f":"IFERROR(INDEX(SINAPI!$B:$B,MATCH($B3237,SINAPI!$A:$A,0)),\"\")","v":"SERVENTE COM ENCARGOS COMPLEMENTARES"},{"$f":"IFERROR(INDEX(SINAPI!$C:$C,MATCH($B3237,SINAPI!$A:$A,0)),\"\")","v":"H"},0.2,{"$f":"IFERROR(INDEX(SINAPI!$D:$D,MATCH($B3237,SINAPI!$A:$A,0)),0)","v":15.65},3.1300000000000003]
[{"$f":"IFERROR(INDEX(SINAPI!$E:$E,MATCH($B3238,SINAPI!$A:$A,0)),\"\")","v":"COMPOSIÇÃO"},88830,{"$f":"IFERROR(INDEX(SINAPI!$B:$B,MATCH($B3238,SINAPI!$A:$A,0)),\"\")","v":"BETONEIRA CAPACIDADE NOMINAL DE 400 L, CAPACIDADE DE MISTURA 280 L, MOTOR ELÉTRICO TRIFÁSICO POTÊNCIA DE 2 CV, SEM CARREGADOR - CHP DIURNO. AF_10/2014"},{"$f":"IFERROR(INDEX(SINAPI!$C:$C,MATCH($B3238,SINAPI!$A:$A,0)),\"\")","v":"CHP"},1.4E-2,{"$f":"IFERROR(INDEX(SINAPI!$D:$D,MATCH($B3238,SINAPI!$A:$A,0)),0)","v":1.71},2.3939999999999999E-2]
[null,null,null,null,null,"TOTAL",{"$f":"SUM(G3228:G3238)","v":38.643080000000012}]
[]
[]
["CLASSE/TIPO","CÓDIGOS/ SINAPI","DESCRIÇÃO","UND","COEFICIENTE","PREÇO UNITÁRIO","PREÇO TOTAL"]
["COMP-74125/001",null,"ESPELHO CRISTAL ESPESSURA 4MM, COM MOLDURA DE MADEIRA","M2",null,null,{"$f":"G3250","v":603.96400000000017}]
[{"$f":"IFERROR(INDEX(SINAPI!$E:$E,MATCH($B3244,SINAPI!$A:$A,0)),\"\")","v":"INSUMO"},4375,{"$f":"IFERROR(INDEX(SINAPI!$B:$B,MATCH($B3244,SINAPI!$A:$A,0)),\"\")","v":"BUCHA DE NYLON SEM ABA S6                                                                                                                                                                                                                                                                                                                                                                                                                                                                                 "},{"$f":"IFERROR(INDEX(SINAPI!$C:$C,MATCH($B3244,SINAPI!$A:$A,0)),\"\")","v":"UN    "},8,{"$f":"IFERROR(INDEX(SINAPI!$D:$D,MATCH($B3244,SINAPI!$A:$A,0)),0)","v":0.15},{"$f":"IFERROR(F3244*E3244,0)","v":1.2}]
[{"$f":"IFERROR(INDEX(SINAPI!$E:$E,MATCH($B3245,SINAPI!$A:$A,0)),\"\")","v":"INSUMO"},11059,{"$f":"IFERROR(INDEX(SINAPI!$B:$B,MATCH($B3245,SINAPI!$A:$A,0)),\"\")","v":"PARAFUSO ROSCA SOBERBA ZINCADO CABECA CHATA FENDA SIMPLES 5,5 X 50 MM (2 \")                                                                                                                                                                                                                                                                                                                                                                                                                               "},{"$f":"IFERROR(INDEX(SINAPI!$C:$C,MATCH($B3245,SINAPI!$A:$A,0)),\"\")","v":"UN    "},8,{"$f":"IFERROR(INDEX(SINAPI!$D:$D,MATCH($B3245,SINAPI!$A:$A,0)),0)","v":0.3},2.4]
[{"$f":"IFERROR(INDEX(SINAPI!$E:$E,MATCH($B3246,SINAPI!$A:$A,0)),\"\")","v":"INSUMO"},11186,{"$f":"IFERROR(INDEX(SINAPI!$B:$B,MATCH($B3246,SINAPI!$A:$A,0)),\"\")","v":"ESPELHO CRISTAL E = 4 MM                                                                                                                                                                                                                                                                                                                                                                                                                                                                                  "},{"$f":"IFERROR(INDEX(SINAPI!$C:$C,MATCH($B3246,SINAPI!$A:$A,0)),\"\")","v":"M2    "},1,{"$f":"IFERROR(INDEX(SINAPI!$D:$D,MATCH($B3246,SINAPI!$A:$A,0)),0)","v":508.35},508.35]
[{"$f":"IFERROR(INDEX(SINAPI!$E:$E,MATCH($B3247,SINAPI!$A:$A,0)),\"\")","v":"INSUMO"},20017,{"$f":"IFERROR(INDEX(SINAPI!$B:$B,MATCH($B3247,SINAPI!$A:$A,0)),\"\")","v":"GUARNICAO / ALIZAR / VISTA LISA EM MADEIRA MACICA, PARA PORTA  , E = *1* CM, L = *5* CM, CEDRINHO / ANGELIM COMERCIAL / TAURI/ CURUPIXA / PEROBA / CUMARU OU EQUIVALENTE DA REGIAO                                                                                                                                                                                                                                                                                                                        "},{"$f":"IFERROR(INDEX(SINAPI!$C:$C,MATCH($B3247,SINAPI!$A:$A,0)),\"\")","v":"M     "},4.2,{"$f":"IFERROR(INDEX(SINAPI!$D:$D,MATCH($B3247,SINAPI!$A:$A,0)),0)","v":4.07},17.094000000000001]
[{"$f":"IFERROR(INDEX(SINAPI!$E:$E,MATCH($B3248,SINAPI!$A:$A,0)),\"\")","v":"COMPOSIÇÃO"},88239,{"$f":"IFERROR(INDEX(SINAPI!$B:$B,MATCH($B3248,SINAPI!$A:$A,0)),\"\")","v":"AJUDANTE DE CARPINTEIRO COM ENCARGOS COMPLEMENTARES"},{"$f":"IFERROR(INDEX(SINAPI!$C:$C,MATCH($B3248,SINAPI!$A:$A,0)),\"\")","v":"H"},2,{"$f":"IFERROR(INDEX(SINAPI!$D:$D,MATCH($B3248,SINAPI!$A:$A,0)),0)","v":16.3},32.6]
[{"$f":"IFERROR(INDEX(SINAPI!$E:$E,MATCH($B3249,SINAPI!$A:$A,0)),\"\")","v":"COMPOSIÇÃO"},88261,{"$f":"IFERROR(INDEX(SINAPI!$B:$B,MATCH($B3249,SINAPI!$A:$A,0)),\"\")","v":"CARPINTEIRO DE ESQUADRIA COM ENCARGOS COMPLEMENTARES"},{"$f":"IFERROR(INDEX(SINAPI!$C:$C,MATCH($B3249,SINAPI!$A:$A,0)),\"\")","v":"H"},2,{"$f":"IFERROR(INDEX(SINAPI!$D:$D,MATCH($B3249,SINAPI!$A:$A,0)),0)","v":21.16},42.32]
[null,null,null,null,null,"TOTAL",{"$f":"SUM(G3244:G3249)","v":603.96400000000017}]
[]
[]
["CLASSE/TIPO","CÓDIGOS/ SINAPI","DESCRIÇÃO","UND","COEFICIENTE","PREÇO UNITÁRIO","PREÇO TOTAL"]
["COMP-74125/002",null,"ESPELHO CRISTAL ESPESSURA 4MM, COM MOLDURA EM ALUMINIO E COMPENSADO 6MM PLASTIFICADO COLADO","M2",null,null,{"$f":"G3261","v":666.55680000000007}]
[{"$f":"IFERROR(INDEX(SINAPI!$E:$E,MATCH($B3255,SINAPI!$A:$A,0)),\"\")","v":"INSUMO"},587,{"$f":"IFERROR(INDEX(SINAPI!$B:$B,MATCH($B3255,SINAPI!$A:$A,0)),\"\")","v":"CANTONEIRA ALUMINIO ABAS DESIGUAIS 1\" X 3/4 \", E = 1/8 \"                                                                                                                                                                                                                                                                                                                                                                                                                                                  "},{"$f":"IFERROR(INDEX(SINAPI!$C:$C,MATCH($B3255,SINAPI!$A:$A,0)),\"\")","v":"KG    "},1.54,{"$f":"IFERROR(INDEX(SINAPI!$D:$D,MATCH($B3255,SINAPI!$A:$A,0)),0)","v":35.1},{"$f":"IFERROR(F3255*E3255,0)","v":54.054000000000002}]
[{"$f":"IFERROR(INDEX(SINAPI!$E:$E,MATCH($B3256,SINAPI!$A:$A,0)),\"\")","v":"INSUMO"},1360,{"$f":"IFERROR(INDEX(SINAPI!$B:$B,MATCH($B3256,SINAPI!$A:$A,0)),\"\")","v":"CHAPA DE MADEIRA COMPENSADA NAVAL (COM COLA FENOLICA), E = 6 MM, DE *1,60 X 2,20* M                                                                                                                                                                                                                                                                                                                                                                                                                       "},{"$f":"IFERROR(INDEX(SINAPI!$C:$C,MATCH($B3256,SINAPI!$A:$A,0)),\"\")","v":"M2    "},1.05,{"$f":"IFERROR(INDEX(SINAPI!$D:$D,MATCH($B3256,SINAPI!$A:$A,0)),0)","v":34.04},35.741999999999997]
[{"$f":"IFERROR(INDEX(SINAPI!$E:$E,MATCH($B3257,SINAPI!$A:$A,0)),\"\")","v":"INSUMO"},7334,{"$f":"IFERROR(INDEX(SINAPI!$B:$B,MATCH($B3257,SINAPI!$A:$A,0)),\"\")","v":"ADITIVO ADESIVO LIQUIDO PARA ARGAMASSAS DE REVESTIMENTOS CIMENTICIOS                                                                                                                                                                                                                                                                                                                                                                                                                                      "},{"$f":"IFERROR(INDEX(SINAPI!$C:$C,MATCH($B3257,SINAPI!$A:$A,0)),\"\")","v":"L     "},0.18,{"$f":"IFERROR(INDEX(SINAPI!$D:$D,MATCH($B3257,SINAPI!$A:$A,0)),0)","v":26.06},4.6907999999999994]
[{"$f":"IFERROR(INDEX(SINAPI!$E:$E,MATCH($B3258,SINAPI!$A:$A,0)),\"\")","v":"INSUMO"},11186,{"$f":"IFERROR(INDEX(SINAPI!$B:$B,MATCH($B3258,SINAPI!$A:$A,0)),\"\")","v":"ESPELHO CRISTAL E = 4 MM                                                                                                                                                                                                                                                                                                                                                                                                                                                                                  "},{"$f":"IFERROR(INDEX(SINAPI!$C:$C,MATCH($B3258,SINAPI!$A:$A,0)),\"\")","v":"M2    "},1,{"$f":"IFERROR(INDEX(SINAPI!$D:$D,MATCH($B3258,SINAPI!$A:$A,0)),0)","v":508.35},508.35]
[{"$f":"IFERROR(INDEX(SINAPI!$E:$E,MATCH($B3259,SINAPI!$A:$A,0)),\"\")","v":"COMPOSIÇÃO"},88239,{"$f":"IFERROR(INDEX(SINAPI!$B:$B,MATCH($B3259,SINAPI!$A:$A,0)),\"\")","v":"AJUDANTE DE CARPINTEIRO COM ENCARGOS COMPLEMENTARES"},{"$f":"IFERROR(INDEX(SINAPI!$C:$C,MATCH($B3259,SINAPI!$A:$A,0)),\"\")","v":"H"},1.8,{"$f":"IFERROR(INDEX(SINAPI!$D:$D,MATCH($B3259,SINAPI!$A:$A,0)),0)","v":16.3},29.340000000000003]
[{"$f":"IFERROR(INDEX(SINAPI!$E:$E,MATCH($B3260,SINAPI!$A:$A,0)),\"\")","v":"COMPOSIÇÃO"},88325,{"$f":"IFERROR(INDEX(SINAPI!$B:$B,MATCH($B3260,SINAPI!$A:$A,0)),\"\")","v":"VIDRACEIRO COM ENCARGOS COMPLEMENTARES"},{"$f":"IFERROR(INDEX(SINAPI!$C:$C,MATCH($B3260,SINAPI!$A:$A,0)),\"\")","v":"H"},1.8,{"$f":"IFERROR(INDEX(SINAPI!$D:$D,MATCH($B3260,SINAPI!$A:$A,0)),0)","v":19.100000000000001},34.380000000000003]
[null,null,null,null,null,"TOTAL",{"$f":"SUM(G3255:G3260)","v":666.55680000000007}]
[]
[]
["CLASSE/TIPO","CÓDIGOS/ SINAPI","DESCRIÇÃO","UND","COEFICIENTE","PREÇO UNITÁRIO","PREÇO TOTAL"]
["COMP-73301",null,"ESCORAMENTO FORMAS ATE H = 3,30M, COM MADEIRA DE 3A QUALIDADE, NAO APARELHADA, APROVEITAMENTO TABUAS 3X E PRUMOS 4X.","M3",null,null,{"$f":"G3271","v":12.265910000000002}]
[{"$f":"IFERROR(INDEX(SINAPI!$E:$E,MATCH($B3266,SINAPI!$A:$A,0)),\"\")","v":"INSUMO"},4491,{"$f":"IFERROR(INDEX(SINAPI!$B:$B,MATCH($B3266,SINAPI!$A:$A,0)),\"\")","v":"PONTALETE *7,5 X 7,5* CM EM PINUS, MISTA OU EQUIVALENTE DA REGIAO - BRUTA                                                                                                                                                                                                                                                                                                                                                                                                                                 "},{"$f":"IFERROR(INDEX(SINAPI!$C:$C,MATCH($B3266,SINAPI!$A:$A,0)),\"\")","v":"M     "},0.4,{"$f":"IFERROR(INDEX(SINAPI!$D:$D,MATCH($B3266,SINAPI!$A:$A,0)),0)","v":8.1300000000000008},{"$f":"IFERROR(F3266*E3266,0)","v":3.2520000000000007}]
[{"$f":"IFERROR(INDEX(SINAPI!$E:$E,MATCH($B3267,SINAPI!$A:$A,0)),\"\")","v":"INSUMO"},5075,{"$f":"IFERROR(INDEX(SINAPI!$B:$B,MATCH($B3267,SINAPI!$A:$A,0)),\"\")","v":"PREGO DE ACO POLIDO COM CABECA 18 X 30 (2 3/4 X 10)                                                                                                                                                                                                                                                                                                                                                                                                                                                       "},{"$f":"IFERROR(INDEX(SINAPI!$C:$C,MATCH($B3267,SINAPI!$A:$A,0)),\"\")","v":"KG    "},3.3000000000000002E-2,{"$f":"IFERROR(INDEX(SINAPI!$D:$D,MATCH($B3267,SINAPI!$A:$A,0)),0)","v":23.35},0.77055000000000007]
[{"$f":"IFERROR(INDEX(SINAPI!$E:$E,MATCH($B3268,SINAPI!$A:$A,0)),\"\")","v":"INSUMO"},10567,{"$f":"IFERROR(INDEX(SINAPI!$B:$B,MATCH($B3268,SINAPI!$A:$A,0)),\"\")","v":"TABUA *2,5 X 23* CM EM PINUS, MISTA OU EQUIVALENTE DA REGIAO - BRUTA                                                                                                                                                                                                                                                                                                                                                                                                                                      "},{"$f":"IFERROR(INDEX(SINAPI!$C:$C,MATCH($B3268,SINAPI!$A:$A,0)),\"\")","v":"M     "},0.24399999999999999,{"$f":"IFERROR(INDEX(SINAPI!$D:$D,MATCH($B3268,SINAPI!$A:$A,0)),0)","v":9.19},2.2423599999999997]
[{"$f":"IFERROR(INDEX(SINAPI!$E:$E,MATCH($B3269,SINAPI!$A:$A,0)),\"\")","v":"COMPOSIÇÃO"},88262,{"$f":"IFERROR(INDEX(SINAPI!$B:$B,MATCH($B3269,SINAPI!$A:$A,0)),\"\")","v":"CARPINTEIRO DE FORMAS COM ENCARGOS COMPLEMENTARES"},{"$f":"IFERROR(INDEX(SINAPI!$C:$C,MATCH($B3269,SINAPI!$A:$A,0)),\"\")","v":"H"},0.17,{"$f":"IFERROR(INDEX(SINAPI!$D:$D,MATCH($B3269,SINAPI!$A:$A,0)),0)","v":19.649999999999999},3.3405]
[{"$f":"IFERROR(INDEX(SINAPI!$E:$E,MATCH($B3270,SINAPI!$A:$A,0)),\"\")","v":"COMPOSIÇÃO"},88316,{"$f":"IFERROR(INDEX(SINAPI!$B:$B,MATCH($B3270,SINAPI!$A:$A,0)),\"\")","v":"SERVENTE COM ENCARGOS COMPLEMENTARES"},{"$f":"IFERROR(INDEX(SINAPI!$C:$C,MATCH($B3270,SINAPI!$A:$A,0)),\"\")","v":"H"},0.17,{"$f":"IFERROR(INDEX(SINAPI!$D:$D,MATCH($B3270,SINAPI!$A:$A,0)),0)","v":15.65},2.6605000000000003]
[null,null,null,null,null,"TOTAL",{"$f":"SUM(G3266:G3270)","v":12.265910000000002}]
[]
[]
["CLASSE/TIPO","CÓDIGOS/ SINAPI","DESCRIÇÃO","UND","COEFICIENTE","PREÇO UNITÁRIO","PREÇO TOTAL"]
["COMP-92414",null,"MONTAGEM E DESMONTAGEM DE FÔRMA DE PILARES RETANGULARES E ESTRUTURAS SIMILARES COM ÁREA MÉDIA DAS SEÇÕES MENOR OU IGUAL A 0,25 M², PÉ-DIREITO SIMPLES, EM CHAPA DE MADEIRA COMPENSADA RESINADA, 2 UTILIZAÇÕES. AF_12/2015","M2",null,null,{"$f":"G3284","v":115.65164000000001}]
[{"$f":"IFERROR(INDEX(SINAPI!$E:$E,MATCH($B3276,SINAPI!$A:$A,0)),\"\")","v":"INSUMO"},2692,{"$f":"IFERROR(INDEX(SINAPI!$B:$B,MATCH($B3276,SINAPI!$A:$A,0)),\"\")","v":"DESMOLDANTE PROTETOR PARA FORMAS DE MADEIRA, DE BASE OLEOSA EMULSIONADA EM AGUA                                                                                                                                                                                                                                                                                                                                                                                                                           "},{"$f":"IFERROR(INDEX(SINAPI!$C:$C,MATCH($B3276,SINAPI!$A:$A,0)),\"\")","v":"L     "},0.01,{"$f":"IFERROR(INDEX(SINAPI!$D:$D,MATCH($B3276,SINAPI!$A:$A,0)),0)","v":5.19},{"$f":"IFERROR(F3276*E3276,0)","v":5.1900000000000002E-2}]
[{"$f":"IFERROR(INDEX(SINAPI!$E:$E,MATCH($B3277,SINAPI!$A:$A,0)),\"\")","v":"INSUMO"},40271,{"$f":"IFERROR(INDEX(SINAPI!$B:$B,MATCH($B3277,SINAPI!$A:$A,0)),\"\")","v":"LOCACAO DE APRUMADOR METALICO DE PILAR, COM ALTURA E ANGULO REGULAVEIS, EXTENSAO DE *1,50* A *2,80* M                                                                                                                                                                                                                                                                                                                                                                                                     "},{"$f":"IFERROR(INDEX(SINAPI!$C:$C,MATCH($B3277,SINAPI!$A:$A,0)),\"\")","v":"MES   "},0.19600000000000001,{"$f":"IFERROR(INDEX(SINAPI!$D:$D,MATCH($B3277,SINAPI!$A:$A,0)),0)","v":9.1},1.7836000000000001]
[{"$f":"IFERROR(INDEX(SINAPI!$E:$E,MATCH($B3278,SINAPI!$A:$A,0)),\"\")","v":"INSUMO"},40275,{"$f":"IFERROR(INDEX(SINAPI!$B:$B,MATCH($B3278,SINAPI!$A:$A,0)),\"\")","v":"LOCACAO DE VIGA SANDUICHE METALICA VAZADA PARA TRAVAMENTO DE PILARES, ALTURA DE *8* CM, LARGURA DE *6* CM E EXTENSAO DE 2 M                                                                                                                                                                                                                                                                                                                                                                               "},{"$f":"IFERROR(INDEX(SINAPI!$C:$C,MATCH($B3278,SINAPI!$A:$A,0)),\"\")","v":"MES   "},0.39300000000000002,{"$f":"IFERROR(INDEX(SINAPI!$D:$D,MATCH($B3278,SINAPI!$A:$A,0)),0)","v":14},5.5020000000000007]
[{"$f":"IFERROR(INDEX(SINAPI!$E:$E,MATCH($B3279,SINAPI!$A:$A,0)),\"\")","v":"INSUMO"},40287,{"$f":"IFERROR(INDEX(SINAPI!$B:$B,MATCH($B3279,SINAPI!$A:$A,0)),\"\")","v":"LOCACAO DE BARRA DE ANCORAGEM DE 0,80 A 1,20 M DE EXTENSAO, COM ROSCA DE 5/8\", INCLUINDO PORCA E FLANGE                                                                                                                                                                                                                                                                                                                                                                                                   "},{"$f":"IFERROR(INDEX(SINAPI!$C:$C,MATCH($B3279,SINAPI!$A:$A,0)),\"\")","v":"MES   "},0.79,{"$f":"IFERROR(INDEX(SINAPI!$D:$D,MATCH($B3279,SINAPI!$A:$A,0)),0)","v":3.5},2.7650000000000001]
[{"$f":"IFERROR(INDEX(SINAPI!$E:$E,MATCH($B3280,SINAPI!$A:$A,0)),\"\")","v":"INSUMO"},40304,{"$f":"IFERROR(INDEX(SINAPI!$B:$B,MATCH($B3280,SINAPI!$A:$A,0)),\"\")","v":"PREGO DE ACO POLIDO COM CABECA DUPLA 17 X 27 (2 1/2 X 11)                                                                                                                                                                                                                                                                                                                                                                                                                                                 "},{"$f":"IFERROR(INDEX(SINAPI!$C:$C,MATCH($B3280,SINAPI!$A:$A,0)),\"\")","v":"KG    "},1.9E-2,{"$f":"IFERROR(INDEX(SINAPI!$D:$D,MATCH($B3280,SINAPI!$A:$A,0)),0)","v":28.81},0.54738999999999993]
[{"$f":"IFERROR(INDEX(SINAPI!$E:$E,MATCH($B3281,SINAPI!$A:$A,0)),\"\")","v":"COMPOSIÇÃO"},88239,{"$f":"IFERROR(INDEX(SINAPI!$B:$B,MATCH($B3281,SINAPI!$A:$A,0)),\"\")","v":"AJUDANTE DE CARPINTEIRO COM ENCARGOS COMPLEMENTARES"},{"$f":"IFERROR(INDEX(SINAPI!$C:$C,MATCH($B3281,SINAPI!$A:$A,0)),\"\")","v":"H"},0.27100000000000002,{"$f":"IFERROR(INDEX(SINAPI!$D:$D,MATCH($B3281,SINAPI!$A:$A,0)),0)","v":16.3},4.4173000000000009]
[{"$f":"IFERROR(INDEX(SINAPI!$E:$E,MATCH($B3282,SINAPI!$A:$A,0)),\"\")","v":"COMPOSIÇÃO"},88262,{"$f":"IFERROR(INDEX(SINAPI!$B:$B,MATCH($B3282,SINAPI!$A:$A,0)),\"\")","v":"CARPINTEIRO DE FORMAS COM ENCARGOS COMPLEMENTARES"},{"$f":"IFERROR(INDEX(SINAPI!$C:$C,MATCH($B3282,SINAPI!$A:$A,0)),\"\")","v":"H"},1.478,{"$f":"IFERROR(INDEX(SINAPI!$D:$D,MATCH($B3282,SINAPI!$A:$A,0)),0)","v":19.649999999999999},29.042699999999996]
[{"$f":"IFERROR(INDEX(SINAPI!$E:$E,MATCH($B3283,SINAPI!$A:$A,0)),\"\")","v":"COMPOSIÇÃO"},92263,{"$f":"IFERROR(INDEX(SINAPI!$B:$B,MATCH($B3283,SINAPI!$A:$A,0)),\"\")","v":"FABRICAÇÃO DE FÔRMA PARA PILARES E ESTRUTURAS SIMILARES, EM CHAPA DE MADEIRA COMPENSADA RESINADA, E = 17 MM. AF_09/2020"},{"$f":"IFERROR(INDEX(SINAPI!$C:$C,MATCH($B3283,SINAPI!$A:$A,0)),\"\")","v":"M2"},0.52500000000000002,{"$f":"IFERROR(INDEX(SINAPI!$D:$D,MATCH($B3283,SINAPI!$A:$A,0)),0)","v":136.27000000000001},71.541750000000008]
[null,null,null,null,null,"TOTAL",{"$f":"SUM(G3276:G3283)","v":115.65164000000001}]
[]
[]
["CLASSE/TIPO","CÓDIGOS/ SINAPI","DESCRIÇÃO","UND","COEFICIENTE","PREÇO UNITÁRIO","PREÇO TOTAL"]
["COMP-72815",null,"APLICACAO DE TINTA A BASE DE EPOXI SOBRE PISO","M2",null,null,{"$f":"G3292","v":44.560600000000001}]
[{"$f":"IFERROR(INDEX(SINAPI!$E:$E,MATCH($B3289,SINAPI!$A:$A,0)),\"\")","v":"INSUMO"},7304,{"$f":"IFERROR(INDEX(SINAPI!$B:$B,MATCH($B3289,SINAPI!$A:$A,0)),\"\")","v":"TINTA EPOXI BASE AGUA PREMIUM, BRANCA                                                                                                                                                                                                                                                                                                                                                                                                                                                                     "},{"$f":"IFERROR(INDEX(SINAPI!$C:$C,MATCH($B3289,SINAPI!$A:$A,0)),\"\")","v":"L     "},0.52559999999999996,{"$f":"IFERROR(INDEX(SINAPI!$D:$D,MATCH($B3289,SINAPI!$A:$A,0)),0)","v":51},{"$f":"IFERROR(F3289*E3289,0)","v":26.805599999999998}]
[{"$f":"IFERROR(INDEX(SINAPI!$E:$E,MATCH($B3290,SINAPI!$A:$A,0)),\"\")","v":"COMPOSIÇÃO"},88309,{"$f":"IFERROR(INDEX(SINAPI!$B:$B,MATCH($B3290,SINAPI!$A:$A,0)),\"\")","v":"PEDREIRO COM ENCARGOS COMPLEMENTARES"},{"$f":"IFERROR(INDEX(SINAPI!$C:$C,MATCH($B3290,SINAPI!$A:$A,0)),\"\")","v":"H"},0.5,{"$f":"IFERROR(INDEX(SINAPI!$D:$D,MATCH($B3290,SINAPI!$A:$A,0)),0)","v":19.86},9.93]
[{"$f":"IFERROR(INDEX(SINAPI!$E:$E,MATCH($B3291,SINAPI!$A:$A,0)),\"\")","v":"COMPOSIÇÃO"},88316,{"$f":"IFERROR(INDEX(SINAPI!$B:$B,MATCH($B3291,SINAPI!$A:$A,0)),\"\")","v":"SERVENTE COM ENCARGOS COMPLEMENTARES"},{"$f":"IFERROR(INDEX(SINAPI!$C:$C,MATCH($B3291,SINAPI!$A:$A,0)),\"\")","v":"H"},0.5,{"$f":"IFERROR(INDEX(SINAPI!$D:$D,MATCH($B3291,SINAPI!$A:$A,0)),0)","v":15.65},7.8250000000000002]
[null,null,null,null,null,"TOTAL",{"$f":"SUM(G3289:G3291)","v":44.560600000000001}]
[]
["CLASSE/TIPO","CÓDIGOS/ SINAPI","DESCRIÇÃO","UND","COEFICIENTE","PREÇO UNITÁRIO","PREÇO TOTAL"]
["COMP-41595",null,"PINTURA ACRILICA DE FAIXAS DE DEMARCACAO EM QUADRA POLIESPORTIVA, 5 CM DE LARGURA","M",null,null,{"$f":"G3300","v":10.5159}]
[{"$f":"IFERROR(INDEX(SINAPI!$E:$E,MATCH($B3296,SINAPI!$A:$A,0)),\"\")","v":"INSUMO"},7348,{"$f":"IFERROR(INDEX(SINAPI!$B:$B,MATCH($B3296,SINAPI!$A:$A,0)),\"\")","v":"TINTA ACRILICA PREMIUM PARA PISO                                                                                                                                                                                                                                                                                                                                                                                                                                                                          "},{"$f":"IFERROR(INDEX(SINAPI!$C:$C,MATCH($B3296,SINAPI!$A:$A,0)),\"\")","v":"L     "},0.03,{"$f":"IFERROR(INDEX(SINAPI!$D:$D,MATCH($B3296,SINAPI!$A:$A,0)),0)","v":14.19},{"$f":"IFERROR(F3296*E3296,0)","v":0.42569999999999997}]
[{"$f":"IFERROR(INDEX(SINAPI!$E:$E,MATCH($B3297,SINAPI!$A:$A,0)),\"\")","v":"INSUMO"},12815,{"$f":"IFERROR(INDEX(SINAPI!$B:$B,MATCH($B3297,SINAPI!$A:$A,0)),\"\")","v":"FITA CREPE ROLO DE 25 MM X 50 M                                                                                                                                                                                                                                                                                                                                                                                                                                                                           "},{"$f":"IFERROR(INDEX(SINAPI!$C:$C,MATCH($B3297,SINAPI!$A:$A,0)),\"\")","v":"UN    "},0.02,{"$f":"IFERROR(INDEX(SINAPI!$D:$D,MATCH($B3297,SINAPI!$A:$A,0)),0)","v":8.9600000000000009},0.17920000000000003]
[{"$f":"IFERROR(INDEX(SINAPI!$E:$E,MATCH($B3298,SINAPI!$A:$A,0)),\"\")","v":"COMPOSIÇÃO"},88310,{"$f":"IFERROR(INDEX(SINAPI!$B:$B,MATCH($B3298,SINAPI!$A:$A,0)),\"\")","v":"PINTOR COM ENCARGOS COMPLEMENTARES"},{"$f":"IFERROR(INDEX(SINAPI!$C:$C,MATCH($B3298,SINAPI!$A:$A,0)),\"\")","v":"H"},0.1,{"$f":"IFERROR(INDEX(SINAPI!$D:$D,MATCH($B3298,SINAPI!$A:$A,0)),0)","v":20.86},2.0859999999999999]
[{"$f":"IFERROR(INDEX(SINAPI!$E:$E,MATCH($B3299,SINAPI!$A:$A,0)),\"\")","v":"COMPOSIÇÃO"},88316,{"$f":"IFERROR(INDEX(SINAPI!$B:$B,MATCH($B3299,SINAPI!$A:$A,0)),\"\")","v":"SERVENTE COM ENCARGOS COMPLEMENTARES"},{"$f":"IFERROR(INDEX(SINAPI!$C:$C,MATCH($B3299,SINAPI!$A:$A,0)),\"\")","v":"H"},0.5,{"$f":"IFERROR(INDEX(SINAPI!$D:$D,MATCH($B3299,SINAPI!$A:$A,0)),0)","v":15.65},7.8250000000000002]
[null,null,null,null,null,"TOTAL",{"$f":"SUM(G3296:G3299)","v":10.5159}]
[]
["CLASSE/TIPO","CÓDIGOS/ SINAPI","DESCRIÇÃO","UND","COEFICIENTE","PREÇO UNITÁRIO","PREÇO TOTAL"]
["COMP-88486",null,"APLICAÇÃO MANUAL DE PINTURA COM TINTA LÁTEX PVA EM TETO, DUAS DEMÃOS. AF_06/2014","M2",null,null,{"$f":"G3307","v":26.362500000000004}]
[{"$f":"IFERROR(INDEX(SINAPI!$E:$E,MATCH($B3304,SINAPI!$A:$A,0)),\"\")","v":"INSUMO"},7344,{"$f":"IFERROR(INDEX(SINAPI!$B:$B,MATCH($B3304,SINAPI!$A:$A,0)),\"\")","v":"!EM PROCESSO DE DESATIVACAO! TINTA LATEX PVA PREMIUM, COR BRANCA                                                                                                                                                                                                                                                                                                                                                                                                                                          "},{"$f":"IFERROR(INDEX(SINAPI!$C:$C,MATCH($B3304,SINAPI!$A:$A,0)),\"\")","v":"GL    "},0.33,{"$f":"IFERROR(INDEX(SINAPI!$D:$D,MATCH($B3304,SINAPI!$A:$A,0)),0)","v":66.2},{"$f":"IFERROR(F3304*E3304,0)","v":21.846000000000004}]
[{"$f":"IFERROR(INDEX(SINAPI!$E:$E,MATCH($B3305,SINAPI!$A:$A,0)),\"\")","v":"COMPOSIÇÃO"},88310,{"$f":"IFERROR(INDEX(SINAPI!$B:$B,MATCH($B3305,SINAPI!$A:$A,0)),\"\")","v":"PINTOR COM ENCARGOS COMPLEMENTARES"},{"$f":"IFERROR(INDEX(SINAPI!$C:$C,MATCH($B3305,SINAPI!$A:$A,0)),\"\")","v":"H"},0.17,{"$f":"IFERROR(INDEX(SINAPI!$D:$D,MATCH($B3305,SINAPI!$A:$A,0)),0)","v":20.86},3.5462000000000002]
[{"$f":"IFERROR(INDEX(SINAPI!$E:$E,MATCH($B3306,SINAPI!$A:$A,0)),\"\")","v":"COMPOSIÇÃO"},88316,{"$f":"IFERROR(INDEX(SINAPI!$B:$B,MATCH($B3306,SINAPI!$A:$A,0)),\"\")","v":"SERVENTE COM ENCARGOS COMPLEMENTARES"},{"$f":"IFERROR(INDEX(SINAPI!$C:$C,MATCH($B3306,SINAPI!$A:$A,0)),\"\")","v":"H"},6.2E-2,{"$f":"IFERROR(INDEX(SINAPI!$D:$D,MATCH($B3306,SINAPI!$A:$A,0)),0)","v":15.65},0.97030000000000005]
[null,null,null,null,null,"TOTAL",{"$f":"SUM(G3304:G3306)","v":26.362500000000004}]
[]
[]
["COMP-74065/001",null,"PINTURA ESMALTE FOSCO PARA MADEIRA, DUAS DEMAOS, SOBRE FUNDO NIVELADOR BRANCO","M2",null,null,{"$f":"G3317","v":23.186699999999998}]
[{"$f":"IFERROR(INDEX(SINAPI!$E:$E,MATCH($B3311,SINAPI!$A:$A,0)),\"\")","v":"INSUMO"},3767,{"$f":"IFERROR(INDEX(SINAPI!$B:$B,MATCH($B3311,SINAPI!$A:$A,0)),\"\")","v":"LIXA EM FOLHA PARA PAREDE OU MADEIRA, NUMERO 120 (COR VERMELHA)                                                                                                                                                                                                                                                                                                                                                                                                                                           "},{"$f":"IFERROR(INDEX(SINAPI!$C:$C,MATCH($B3311,SINAPI!$A:$A,0)),\"\")","v":"UN    "},0.4,{"$f":"IFERROR(INDEX(SINAPI!$D:$D,MATCH($B3311,SINAPI!$A:$A,0)),0)","v":0.72},{"$f":"IFERROR(F3311*E3311,0)","v":0.28799999999999998}]
[{"$f":"IFERROR(INDEX(SINAPI!$E:$E,MATCH($B3312,SINAPI!$A:$A,0)),\"\")","v":"INSUMO"},5318,{"$f":"IFERROR(INDEX(SINAPI!$B:$B,MATCH($B3312,SINAPI!$A:$A,0)),\"\")","v":"SOLVENTE DILUENTE A BASE DE AGUARRAS                                                                                                                                                                                                                                                                                                                                                                                                                                                                      "},{"$f":"IFERROR(INDEX(SINAPI!$C:$C,MATCH($B3312,SINAPI!$A:$A,0)),\"\")","v":"L     "},0.04,{"$f":"IFERROR(INDEX(SINAPI!$D:$D,MATCH($B3312,SINAPI!$A:$A,0)),0)","v":12.8},0.51200000000000001]
[{"$f":"IFERROR(INDEX(SINAPI!$E:$E,MATCH($B3313,SINAPI!$A:$A,0)),\"\")","v":"INSUMO"},6086,{"$f":"IFERROR(INDEX(SINAPI!$B:$B,MATCH($B3313,SINAPI!$A:$A,0)),\"\")","v":"!EM PROCESSO DE DESATIVACAO! FUNDO SINTETICO NIVELADOR BRANCO FOSCO PARA MADEIRA                                                                                                                                                                                                                                                                                                                                                                                                                          "},{"$f":"IFERROR(INDEX(SINAPI!$C:$C,MATCH($B3313,SINAPI!$A:$A,0)),\"\")","v":"GL    "},5.6000000000000001E-2,{"$f":"IFERROR(INDEX(SINAPI!$D:$D,MATCH($B3313,SINAPI!$A:$A,0)),0)","v":81.349999999999994},4.5556000000000001]
[{"$f":"IFERROR(INDEX(SINAPI!$E:$E,MATCH($B3314,SINAPI!$A:$A,0)),\"\")","v":"INSUMO"},7288,{"$f":"IFERROR(INDEX(SINAPI!$B:$B,MATCH($B3314,SINAPI!$A:$A,0)),\"\")","v":"TINTA ESMALTE SINTETICO PREMIUM FOSCO                                                                                                                                                                                                                                                                                                                                                                                                                                                                     "},{"$f":"IFERROR(INDEX(SINAPI!$C:$C,MATCH($B3314,SINAPI!$A:$A,0)),\"\")","v":"L     "},0.16,{"$f":"IFERROR(INDEX(SINAPI!$D:$D,MATCH($B3314,SINAPI!$A:$A,0)),0)","v":25.06},4.0095999999999998]
[{"$f":"IFERROR(INDEX(SINAPI!$E:$E,MATCH($B3315,SINAPI!$A:$A,0)),\"\")","v":"COMPOSIÇÃO"},88310,{"$f":"IFERROR(INDEX(SINAPI!$B:$B,MATCH($B3315,SINAPI!$A:$A,0)),\"\")","v":"PINTOR COM ENCARGOS COMPLEMENTARES"},{"$f":"IFERROR(INDEX(SINAPI!$C:$C,MATCH($B3315,SINAPI!$A:$A,0)),\"\")","v":"H"},0.4,{"$f":"IFERROR(INDEX(SINAPI!$D:$D,MATCH($B3315,SINAPI!$A:$A,0)),0)","v":20.86},8.3439999999999994]
[{"$f":"IFERROR(INDEX(SINAPI!$E:$E,MATCH($B3316,SINAPI!$A:$A,0)),\"\")","v":"COMPOSIÇÃO"},88316,{"$f":"IFERROR(INDEX(SINAPI!$B:$B,MATCH($B3316,SINAPI!$A:$A,0)),\"\")","v":"SERVENTE COM ENCARGOS COMPLEMENTARES"},{"$f":"IFERROR(INDEX(SINAPI!$C:$C,MATCH($B3316,SINAPI!$A:$A,0)),\"\")","v":"H"},0.35,{"$f":"IFERROR(INDEX(SINAPI!$D:$D,MATCH($B3316,SINAPI!$A:$A,0)),0)","v":15.65},5.4775]
[null,null,null,null,null,"TOTAL",{"$f":"SUM(G3311:G3316)","v":23.186699999999998}]
[]
[]
["COMP-72119",null,"VIDRO TEMPERADO INCOLOR, ESPESSURA 8MM, FORNECIMENTO E INSTALACAO, INCLUSIVE MASSA PARA VEDACAO","M2",null,null,{"$f":"G3325","v":287.10000000000002}]
[{"$f":"IFERROR(INDEX(SINAPI!$E:$E,MATCH($B3321,SINAPI!$A:$A,0)),\"\")","v":"INSUMO"},10498,{"$f":"IFERROR(INDEX(SINAPI!$B:$B,MATCH($B3321,SINAPI!$A:$A,0)),\"\")","v":"MASSA PARA VIDRO                                                                                                                                                                                                                                                                                                                                                                                                                                                                                          "},{"$f":"IFERROR(INDEX(SINAPI!$C:$C,MATCH($B3321,SINAPI!$A:$A,0)),\"\")","v":"KG    "},1.5,{"$f":"IFERROR(INDEX(SINAPI!$D:$D,MATCH($B3321,SINAPI!$A:$A,0)),0)","v":11.27},{"$f":"IFERROR(F3321*E3321,0)","v":16.905000000000001}]
[{"$f":"IFERROR(INDEX(SINAPI!$E:$E,MATCH($B3322,SINAPI!$A:$A,0)),\"\")","v":"INSUMO"},10506,{"$f":"IFERROR(INDEX(SINAPI!$B:$B,MATCH($B3322,SINAPI!$A:$A,0)),\"\")","v":"VIDRO TEMPERADO INCOLOR E = 8 MM, SEM COLOCACAO                                                                                                                                                                                                                                                                                                                                                                                                                                                           "},{"$f":"IFERROR(INDEX(SINAPI!$C:$C,MATCH($B3322,SINAPI!$A:$A,0)),\"\")","v":"M2    "},1,{"$f":"IFERROR(INDEX(SINAPI!$D:$D,MATCH($B3322,SINAPI!$A:$A,0)),0)","v":252.82},252.82]
[{"$f":"IFERROR(INDEX(SINAPI!$E:$E,MATCH($B3323,SINAPI!$A:$A,0)),\"\")","v":"COMPOSIÇÃO"},88316,{"$f":"IFERROR(INDEX(SINAPI!$B:$B,MATCH($B3323,SINAPI!$A:$A,0)),\"\")","v":"SERVENTE COM ENCARGOS COMPLEMENTARES"},{"$f":"IFERROR(INDEX(SINAPI!$C:$C,MATCH($B3323,SINAPI!$A:$A,0)),\"\")","v":"H"},0.5,{"$f":"IFERROR(INDEX(SINAPI!$D:$D,MATCH($B3323,SINAPI!$A:$A,0)),0)","v":15.65},7.8250000000000002]
[{"$f":"IFERROR(INDEX(SINAPI!$E:$E,MATCH($B3324,SINAPI!$A:$A,0)),\"\")","v":"COMPOSIÇÃO"},88325,{"$f":"IFERROR(INDEX(SINAPI!$B:$B,MATCH($B3324,SINAPI!$A:$A,0)),\"\")","v":"VIDRACEIRO COM ENCARGOS COMPLEMENTARES"},{"$f":"IFERROR(INDEX(SINAPI!$C:$C,MATCH($B3324,SINAPI!$A:$A,0)),\"\")","v":"H"},0.5,{"$f":"IFERROR(INDEX(SINAPI!$D:$D,MATCH($B3324,SINAPI!$A:$A,0)),0)","v":19.100000000000001},9.5500000000000007]
[null,null,null,null,null,"TOTAL",{"$f":"SUM(G3321:G3324)","v":287.10000000000002}]
[]
[]
["COMP-83399",null,"RELE FOTOELETRICO P/ COMANDO DE ILUMINACAO EXTERNA 220V/1000W - FORNECIMENTO E INSTALACAO","UN",null,null,{"$f":"G3332","v":46.6875}]
[{"$f":"IFERROR(INDEX(SINAPI!$E:$E,MATCH($B3329,SINAPI!$A:$A,0)),\"\")","v":"INSUMO"},2510,{"$f":"IFERROR(INDEX(SINAPI!$B:$B,MATCH($B3329,SINAPI!$A:$A,0)),\"\")","v":"RELE FOTOELETRICO INTERNO E EXTERNO BIVOLT 1000 W, DE CONECTOR, SEM BASE                                                                                                                                                                                                                                                                                                                                                                                                                                  "},{"$f":"IFERROR(INDEX(SINAPI!$C:$C,MATCH($B3329,SINAPI!$A:$A,0)),\"\")","v":"UN    "},1,{"$f":"IFERROR(INDEX(SINAPI!$D:$D,MATCH($B3329,SINAPI!$A:$A,0)),0)","v":34},{"$f":"IFERROR(F3329*E3329,0)","v":34}]
[{"$f":"IFERROR(INDEX(SINAPI!$E:$E,MATCH($B3330,SINAPI!$A:$A,0)),\"\")","v":"COMPOSIÇÃO"},88264,{"$f":"IFERROR(INDEX(SINAPI!$B:$B,MATCH($B3330,SINAPI!$A:$A,0)),\"\")","v":"ELETRICISTA COM ENCARGOS COMPLEMENTARES"},{"$f":"IFERROR(INDEX(SINAPI!$C:$C,MATCH($B3330,SINAPI!$A:$A,0)),\"\")","v":"H"},0.35,{"$f":"IFERROR(INDEX(SINAPI!$D:$D,MATCH($B3330,SINAPI!$A:$A,0)),0)","v":20.6},7.21]
[{"$f":"IFERROR(INDEX(SINAPI!$E:$E,MATCH($B3331,SINAPI!$A:$A,0)),\"\")","v":"COMPOSIÇÃO"},88316,{"$f":"IFERROR(INDEX(SINAPI!$B:$B,MATCH($B3331,SINAPI!$A:$A,0)),\"\")","v":"SERVENTE COM ENCARGOS COMPLEMENTARES"},{"$f":"IFERROR(INDEX(SINAPI!$C:$C,MATCH($B3331,SINAPI!$A:$A,0)),\"\")","v":"H"},0.35,{"$f":"IFERROR(INDEX(SINAPI!$D:$D,MATCH($B3331,SINAPI!$A:$A,0)),0)","v":15.65},5.4775]
[null,null,null,null,null,"TOTAL",{"$f":"SUM(G3329:G3331)","v":46.6875}]
[]
[]
["COMP-83635",null,"EXTINTOR INCENDIO TP PO QUIMICO 6KG - FORNECIMENTO E INSTALACAO","UN",null,null,{"$f":"G3339","v":187.755}]
[{"$f":"IFERROR(INDEX(SINAPI!$E:$E,MATCH($B3336,SINAPI!$A:$A,0)),\"\")","v":"INSUMO"},10892,{"$f":"IFERROR(INDEX(SINAPI!$B:$B,MATCH($B3336,SINAPI!$A:$A,0)),\"\")","v":"EXTINTOR DE INCENDIO PORTATIL COM CARGA DE PO QUIMICO SECO (PQS) DE 6 KG, CLASSE BC                                                                                                                                                                                                                                                                                                                                                                                                                       "},{"$f":"IFERROR(INDEX(SINAPI!$C:$C,MATCH($B3336,SINAPI!$A:$A,0)),\"\")","v":"UN    "},1,{"$f":"IFERROR(INDEX(SINAPI!$D:$D,MATCH($B3336,SINAPI!$A:$A,0)),0)","v":170},{"$f":"IFERROR(F3336*E3336,0)","v":170}]
[{"$f":"IFERROR(INDEX(SINAPI!$E:$E,MATCH($B3337,SINAPI!$A:$A,0)),\"\")","v":"COMPOSIÇÃO"},88309,{"$f":"IFERROR(INDEX(SINAPI!$B:$B,MATCH($B3337,SINAPI!$A:$A,0)),\"\")","v":"PEDREIRO COM ENCARGOS COMPLEMENTARES"},{"$f":"IFERROR(INDEX(SINAPI!$C:$C,MATCH($B3337,SINAPI!$A:$A,0)),\"\")","v":"H"},0.5,{"$f":"IFERROR(INDEX(SINAPI!$D:$D,MATCH($B3337,SINAPI!$A:$A,0)),0)","v":19.86},9.93]
[{"$f":"IFERROR(INDEX(SINAPI!$E:$E,MATCH($B3338,SINAPI!$A:$A,0)),\"\")","v":"COMPOSIÇÃO"},88316,{"$f":"IFERROR(INDEX(SINAPI!$B:$B,MATCH($B3338,SINAPI!$A:$A,0)),\"\")","v":"SERVENTE COM ENCARGOS COMPLEMENTARES"},{"$f":"IFERROR(INDEX(SINAPI!$C:$C,MATCH($B3338,SINAPI!$A:$A,0)),\"\")","v":"H"},0.5,{"$f":"IFERROR(INDEX(SINAPI!$D:$D,MATCH($B3338,SINAPI!$A:$A,0)),0)","v":15.65},7.8250000000000002]
[null,null,null,null,null,"TOTAL",{"$f":"SUM(G3336:G3338)","v":187.755}]
[]
[]
["COMP-73775/002",null,"EXTINTOR INCENDIO AGUA-PRESSURIZADA 10L INCL SUPORTE PAREDE CARGA COMPLETA FORNECIMENTO E COLOCACAO","UN",null,null,{"$f":"G3346","v":166.505}]
[{"$f":"IFERROR(INDEX(SINAPI!$E:$E,MATCH($B3343,SINAPI!$A:$A,0)),\"\")","v":"INSUMO"},10886,{"$f":"IFERROR(INDEX(SINAPI!$B:$B,MATCH($B3343,SINAPI!$A:$A,0)),\"\")","v":"EXTINTOR DE INCENDIO PORTATIL COM CARGA DE AGUA PRESSURIZADA DE 10 L, CLASSE A                                                                                                                                                                                                                                                                                                                                                                                                                            "},{"$f":"IFERROR(INDEX(SINAPI!$C:$C,MATCH($B3343,SINAPI!$A:$A,0)),\"\")","v":"UN    "},1,{"$f":"IFERROR(INDEX(SINAPI!$D:$D,MATCH($B3343,SINAPI!$A:$A,0)),0)","v":148.75},{"$f":"IFERROR(F3343*E3343,0)","v":148.75}]
[{"$f":"IFERROR(INDEX(SINAPI!$E:$E,MATCH($B3344,SINAPI!$A:$A,0)),\"\")","v":"COMPOSIÇÃO"},88309,{"$f":"IFERROR(INDEX(SINAPI!$B:$B,MATCH($B3344,SINAPI!$A:$A,0)),\"\")","v":"PEDREIRO COM ENCARGOS COMPLEMENTARES"},{"$f":"IFERROR(INDEX(SINAPI!$C:$C,MATCH($B3344,SINAPI!$A:$A,0)),\"\")","v":"H"},0.5,{"$f":"IFERROR(INDEX(SINAPI!$D:$D,MATCH($B3344,SINAPI!$A:$A,0)),0)","v":19.86},9.93]
[{"$f":"IFERROR(INDEX(SINAPI!$E:$E,MATCH($B3345,SINAPI!$A:$A,0)),\"\")","v":"COMPOSIÇÃO"},88316,{"$f":"IFERROR(INDEX(SINAPI!$B:$B,MATCH($B3345,SINAPI!$A:$A,0)),\"\")","v":"SERVENTE COM ENCARGOS COMPLEMENTARES"},{"$f":"IFERROR(INDEX(SINAPI!$C:$C,MATCH($B3345,SINAPI!$A:$A,0)),\"\")","v":"H"},0.5,{"$f":"IFERROR(INDEX(SINAPI!$D:$D,MATCH($B3345,SINAPI!$A:$A,0)),0)","v":15.65},7.8250000000000002]
[null,null,null,null,null,"TOTAL",{"$f":"SUM(G3343:G3345)","v":166.505}]
[]
[]
["COMP-84665",null,"PINTURA ACRILICA PARA SINALIZAÇÃO HORIZONTAL EM PISO CIMENTADO","M2",null,null,{"$f":"G3353","v":17.978000000000002}]
[{"$f":"IFERROR(INDEX(SINAPI!$E:$E,MATCH($B3350,SINAPI!$A:$A,0)),\"\")","v":"INSUMO"},7343,{"$f":"IFERROR(INDEX(SINAPI!$B:$B,MATCH($B3350,SINAPI!$A:$A,0)),\"\")","v":"TINTA ACRILICA A BASE DE SOLVENTE, PARA SINALIZACAO HORIZONTAL VIARIA (NBR 11862)                                                                                                                                                                                                                                                                                                                                                                                                                         "},{"$f":"IFERROR(INDEX(SINAPI!$C:$C,MATCH($B3350,SINAPI!$A:$A,0)),\"\")","v":"L     "},0.35,{"$f":"IFERROR(INDEX(SINAPI!$D:$D,MATCH($B3350,SINAPI!$A:$A,0)),0)","v":6.81},{"$f":"IFERROR(F3350*E3350,0)","v":2.3834999999999997}]
[{"$f":"IFERROR(INDEX(SINAPI!$E:$E,MATCH($B3351,SINAPI!$A:$A,0)),\"\")","v":"COMPOSIÇÃO"},88310,{"$f":"IFERROR(INDEX(SINAPI!$B:$B,MATCH($B3351,SINAPI!$A:$A,0)),\"\")","v":"PINTOR COM ENCARGOS COMPLEMENTARES"},{"$f":"IFERROR(INDEX(SINAPI!$C:$C,MATCH($B3351,SINAPI!$A:$A,0)),\"\")","v":"H"},0.5,{"$f":"IFERROR(INDEX(SINAPI!$D:$D,MATCH($B3351,SINAPI!$A:$A,0)),0)","v":20.86},10.43]
[{"$f":"IFERROR(INDEX(SINAPI!$E:$E,MATCH($B3352,SINAPI!$A:$A,0)),\"\")","v":"COMPOSIÇÃO"},88316,{"$f":"IFERROR(INDEX(SINAPI!$B:$B,MATCH($B3352,SINAPI!$A:$A,0)),\"\")","v":"SERVENTE COM ENCARGOS COMPLEMENTARES"},{"$f":"IFERROR(INDEX(SINAPI!$C:$C,MATCH($B3352,SINAPI!$A:$A,0)),\"\")","v":"H"},0.33,{"$f":"IFERROR(INDEX(SINAPI!$D:$D,MATCH($B3352,SINAPI!$A:$A,0)),0)","v":15.65},5.1645000000000003]
[null,null,null,null,null,"TOTAL",{"$f":"SUM(G3350:G3352)","v":17.978000000000002}]
[]
[]
["COMP-11",null,"BARRAMENTO DE COBRE ELETROLITICO 3/4\" X  1/8\" - FORNECIMENTO E INSTALAÇÃO","UN",null,null,{"$f":"G3360","v":108.57500000000002}]
["INSUMO","I7416/SEINFRA","BARRAMENTO DE COBRE NÚ 3/4\"x 1/4\"","M",1,80.17,{"$f":"IFERROR(F3357*E3357,0)","v":80.17}]
[{"$f":"IFERROR(INDEX(SINAPI!$E:$E,MATCH($B3358,SINAPI!$A:$A,0)),\"\")","v":"COMPOSIÇÃO"},88264,{"$f":"IFERROR(INDEX(SINAPI!$B:$B,MATCH($B3358,SINAPI!$A:$A,0)),\"\")","v":"ELETRICISTA COM ENCARGOS COMPLEMENTARES"},{"$f":"IFERROR(INDEX(SINAPI!$C:$C,MATCH($B3358,SINAPI!$A:$A,0)),\"\")","v":"H"},1,{"$f":"IFERROR(INDEX(SINAPI!$D:$D,MATCH($B3358,SINAPI!$A:$A,0)),0)","v":20.6},20.6]
[{"$f":"IFERROR(INDEX(SINAPI!$E:$E,MATCH($B3359,SINAPI!$A:$A,0)),\"\")","v":"COMPOSIÇÃO"},88247,{"$f":"IFERROR(INDEX(SINAPI!$B:$B,MATCH($B3359,SINAPI!$A:$A,0)),\"\")","v":"AUXILIAR DE ELETRICISTA COM ENCARGOS COMPLEMENTARES"},{"$f":"IFERROR(INDEX(SINAPI!$C:$C,MATCH($B3359,SINAPI!$A:$A,0)),\"\")","v":"H"},0.5,{"$f":"IFERROR(INDEX(SINAPI!$D:$D,MATCH($B3359,SINAPI!$A:$A,0)),0)","v":15.61},7.8049999999999997]
[{"$f":"IFERROR(INDEX(SINAPI!$E:$E,MATCH($B3360,SINAPI!$A:$A,0)),\"\")","v":""},null,null,null,null,"TOTAL",{"$f":"SUM(G3357:G3359)","v":108.57500000000002}]
[]
[]
["COMP-95",null,"HASTE DE ATERRAMENTO 254U, 5/8\"X2,4M COM CONECTOR PARALELO","UND",null,null,{"$f":"G3368","v":69.510000000000005}]
["INSUMO","03490/ORSE","Haste cobreada copperweld p/ aterramento 254 micr d= 5/8\" x 2,40 m","UN",1,29.6,{"$f":"IFERROR(F3364*E3364,0)","v":29.6}]
["INSUMO","00664/ORSE","Conector p/ haste de aterramento 5/8\"","UN",1,3.7,3.7]
[{"$f":"IFERROR(INDEX(SINAPI!$E:$E,MATCH($B3366,SINAPI!$A:$A,0)),\"\")","v":"COMPOSIÇÃO"},88247,{"$f":"IFERROR(INDEX(SINAPI!$B:$B,MATCH($B3366,SINAPI!$A:$A,0)),\"\")","v":"AUXILIAR DE ELETRICISTA COM ENCARGOS COMPLEMENTARES"},{"$f":"IFERROR(INDEX(SINAPI!$C:$C,MATCH($B3366,SINAPI!$A:$A,0)),\"\")","v":"H"},1,{"$f":"IFERROR(INDEX(SINAPI!$D:$D,MATCH($B3366,SINAPI!$A:$A,0)),0)","v":15.61},15.61]
[{"$f":"IFERROR(INDEX(SINAPI!$E:$E,MATCH($B3367,SINAPI!$A:$A,0)),\"\")","v":"COMPOSIÇÃO"},88264,{"$f":"IFERROR(INDEX(SINAPI!$B:$B,MATCH($B3367,SINAPI!$A:$A,0)),\"\")","v":"ELETRICISTA COM ENCARGOS COMPLEMENTARES"},{"$f":"IFERROR(INDEX(SINAPI!$C:$C,MATCH($B3367,SINAPI!$A:$A,0)),\"\")","v":"H"},1,{"$f":"IFERROR(INDEX(SINAPI!$D:$D,MATCH($B3367,SINAPI!$A:$A,0)),0)","v":20.6},20.6]
[{"$f":"IFERROR(INDEX(SINAPI!$E:$E,MATCH($B3368,SINAPI!$A:$A,0)),\"\")","v":""},null,null,null,null,"TOTAL",{"$f":"SUM(G3364:G3367)","v":69.510000000000005}]
[]
[]
["COMP-96",null,"CORDOALHA DE COBRE NU 25 MM², NÃO ENTERRADA, SEM ISOLADOR - FORNECIMENTO E INSTALAÇÃO.","M     ",null,null,{"$f":"G3375","v":27.391455000000001}]
[{"$f":"IFERROR(INDEX(SINAPI!$E:$E,MATCH($B3372,SINAPI!$A:$A,0)),\"\")","v":"INSUMO"},868,{"$f":"IFERROR(INDEX(SINAPI!$B:$B,MATCH($B3372,SINAPI!$A:$A,0)),\"\")","v":"CABO DE COBRE NU 25 MM2 MEIO-DURO                                                                                                                                                                                                                                                                                                                                                                                                                                                                         "},{"$f":"IFERROR(INDEX(SINAPI!$C:$C,MATCH($B3372,SINAPI!$A:$A,0)),\"\")","v":"M     "},1.05,{"$f":"IFERROR(INDEX(SINAPI!$D:$D,MATCH($B3372,SINAPI!$A:$A,0)),0)","v":19.690000000000001},{"$f":"IFERROR(F3372*E3372,0)","v":20.674500000000002}]
[{"$f":"IFERROR(INDEX(SINAPI!$E:$E,MATCH($B3373,SINAPI!$A:$A,0)),\"\")","v":"COMPOSIÇÃO"},88247,{"$f":"IFERROR(INDEX(SINAPI!$B:$B,MATCH($B3373,SINAPI!$A:$A,0)),\"\")","v":"AUXILIAR DE ELETRICISTA COM ENCARGOS COMPLEMENTARES"},{"$f":"IFERROR(INDEX(SINAPI!$C:$C,MATCH($B3373,SINAPI!$A:$A,0)),\"\")","v":"H"},0.1855,{"$f":"IFERROR(INDEX(SINAPI!$D:$D,MATCH($B3373,SINAPI!$A:$A,0)),0)","v":15.61},2.8956549999999996]
[{"$f":"IFERROR(INDEX(SINAPI!$E:$E,MATCH($B3374,SINAPI!$A:$A,0)),\"\")","v":"COMPOSIÇÃO"},88264,{"$f":"IFERROR(INDEX(SINAPI!$B:$B,MATCH($B3374,SINAPI!$A:$A,0)),\"\")","v":"ELETRICISTA COM ENCARGOS COMPLEMENTARES"},{"$f":"IFERROR(INDEX(SINAPI!$C:$C,MATCH($B3374,SINAPI!$A:$A,0)),\"\")","v":"H"},0.1855,{"$f":"IFERROR(INDEX(SINAPI!$D:$D,MATCH($B3374,SINAPI!$A:$A,0)),0)","v":20.6},3.8213000000000004]
[{"$f":"IFERROR(INDEX(SINAPI!$E:$E,MATCH($B3375,SINAPI!$A:$A,0)),\"\")","v":""},null,null,null,null,"TOTAL",{"$f":"SUM(G3372:G3374)","v":27.391455000000001}]
[]
[]
["COMP-97",null,"CABO DE COBRE #35MM² ISOLAÇÃO 12/20KV","M     ",null,null,{"$f":"G3382","v":108.33930000000001}]
[{"$f":"IFERROR(INDEX(SINAPI!$E:$E,MATCH($B3379,SINAPI!$A:$A,0)),\"\")","v":"INSUMO"},901,{"$f":"IFERROR(INDEX(SINAPI!$B:$B,MATCH($B3379,SINAPI!$A:$A,0)),\"\")","v":"CABO DE COBRE UNIPOLAR 35 MM2, BLINDADO, ISOLACAO 12/20 KV EPR, COBERTURA EM PVC                                                                                                                                                                                                                                                                                                                                                                                                                          "},{"$f":"IFERROR(INDEX(SINAPI!$C:$C,MATCH($B3379,SINAPI!$A:$A,0)),\"\")","v":"M     "},1.02,{"$f":"IFERROR(INDEX(SINAPI!$D:$D,MATCH($B3379,SINAPI!$A:$A,0)),0)","v":100.18},{"$f":"IFERROR(F3379*E3379,0)","v":102.18360000000001}]
[{"$f":"IFERROR(INDEX(SINAPI!$E:$E,MATCH($B3380,SINAPI!$A:$A,0)),\"\")","v":"COMPOSIÇÃO"},88247,{"$f":"IFERROR(INDEX(SINAPI!$B:$B,MATCH($B3380,SINAPI!$A:$A,0)),\"\")","v":"AUXILIAR DE ELETRICISTA COM ENCARGOS COMPLEMENTARES"},{"$f":"IFERROR(INDEX(SINAPI!$C:$C,MATCH($B3380,SINAPI!$A:$A,0)),\"\")","v":"H"},0.17,{"$f":"IFERROR(INDEX(SINAPI!$D:$D,MATCH($B3380,SINAPI!$A:$A,0)),0)","v":15.61},2.6537000000000002]
[{"$f":"IFERROR(INDEX(SINAPI!$E:$E,MATCH($B3381,SINAPI!$A:$A,0)),\"\")","v":"COMPOSIÇÃO"},88264,{"$f":"IFERROR(INDEX(SINAPI!$B:$B,MATCH($B3381,SINAPI!$A:$A,0)),\"\")","v":"ELETRICISTA COM ENCARGOS COMPLEMENTARES"},{"$f":"IFERROR(INDEX(SINAPI!$C:$C,MATCH($B3381,SINAPI!$A:$A,0)),\"\")","v":"H"},0.17,{"$f":"IFERROR(INDEX(SINAPI!$D:$D,MATCH($B3381,SINAPI!$A:$A,0)),0)","v":20.6},3.5020000000000007]
[{"$f":"IFERROR(INDEX(SINAPI!$E:$E,MATCH($B3382,SINAPI!$A:$A,0)),\"\")","v":""},null,null,null,null,"TOTAL",{"$f":"SUM(G3379:G3381)","v":108.33930000000001}]
[]
[]
["CLASSE/TIPO","CÓDIGOS/ SINAPI",null,"UND","COEFICIENTE","PREÇO UNITÁRIO","PREÇO TOTAL"]
["COMP-98",null,"FORNECIMENTO E INSTALAÇÃO DE MINI RACK DE PAREDE 19\" x 12 U\"s x 570mm","UND",null,null,{"$f":"G3390","v":1237.71}]
["INSUMO","13765/ORSE","Rack de Parede 19\" x 12 U\"s x 570mm","UND",1,1165.29,{"$f":"IFERROR(F3387*E3387,0)","v":1165.29}]
[{"$f":"IFERROR(INDEX(SINAPI!$E:$E,MATCH($B3388,SINAPI!$A:$A,0)),\"\")","v":"COMPOSIÇÃO"},88247,{"$f":"IFERROR(INDEX(SINAPI!$B:$B,MATCH($B3388,SINAPI!$A:$A,0)),\"\")","v":"AUXILIAR DE ELETRICISTA COM ENCARGOS COMPLEMENTARES"},{"$f":"IFERROR(INDEX(SINAPI!$C:$C,MATCH($B3388,SINAPI!$A:$A,0)),\"\")","v":"H"},2,{"$f":"IFERROR(INDEX(SINAPI!$D:$D,MATCH($B3388,SINAPI!$A:$A,0)),0)","v":15.61},31.22]
[{"$f":"IFERROR(INDEX(SINAPI!$E:$E,MATCH($B3389,SINAPI!$A:$A,0)),\"\")","v":"COMPOSIÇÃO"},88264,{"$f":"IFERROR(INDEX(SINAPI!$B:$B,MATCH($B3389,SINAPI!$A:$A,0)),\"\")","v":"ELETRICISTA COM ENCARGOS COMPLEMENTARES"},{"$f":"IFERROR(INDEX(SINAPI!$C:$C,MATCH($B3389,SINAPI!$A:$A,0)),\"\")","v":"H"},2,{"$f":"IFERROR(INDEX(SINAPI!$D:$D,MATCH($B3389,SINAPI!$A:$A,0)),0)","v":20.6},41.2]
[null,null,null,null,null,"TOTAL",{"$f":"SUM(G3387:G3389)","v":1237.71}]
[]
[]
["COMP-99",null,"CORDOALHA DE COBRE NU 35 MM², NÃO ENTERRADA, SEM ISOLADOR - FORNECIMENTO E INSTALAÇÃO","M     ",null,null,{"$f":"G3397","v":37.731993000000003}]
[{"$f":"IFERROR(INDEX(SINAPI!$E:$E,MATCH($B3394,SINAPI!$A:$A,0)),\"\")","v":"INSUMO"},863,{"$f":"IFERROR(INDEX(SINAPI!$B:$B,MATCH($B3394,SINAPI!$A:$A,0)),\"\")","v":"CABO DE COBRE NU 35 MM2 MEIO-DURO                                                                                                                                                                                                                                                                                                                                                                                                                                                                         "},{"$f":"IFERROR(INDEX(SINAPI!$C:$C,MATCH($B3394,SINAPI!$A:$A,0)),\"\")","v":"M     "},1.05,{"$f":"IFERROR(INDEX(SINAPI!$D:$D,MATCH($B3394,SINAPI!$A:$A,0)),0)","v":27.2},{"$f":"IFERROR(F3394*E3394,0)","v":28.56}]
[{"$f":"IFERROR(INDEX(SINAPI!$E:$E,MATCH($B3395,SINAPI!$A:$A,0)),\"\")","v":"COMPOSIÇÃO"},88247,{"$f":"IFERROR(INDEX(SINAPI!$B:$B,MATCH($B3395,SINAPI!$A:$A,0)),\"\")","v":"AUXILIAR DE ELETRICISTA COM ENCARGOS COMPLEMENTARES"},{"$f":"IFERROR(INDEX(SINAPI!$C:$C,MATCH($B3395,SINAPI!$A:$A,0)),\"\")","v":"H"},0.25330000000000003,{"$f":"IFERROR(INDEX(SINAPI!$D:$D,MATCH($B3395,SINAPI!$A:$A,0)),0)","v":15.61},3.9540130000000002]
[{"$f":"IFERROR(INDEX(SINAPI!$E:$E,MATCH($B3396,SINAPI!$A:$A,0)),\"\")","v":"COMPOSIÇÃO"},88264,{"$f":"IFERROR(INDEX(SINAPI!$B:$B,MATCH($B3396,SINAPI!$A:$A,0)),\"\")","v":"ELETRICISTA COM ENCARGOS COMPLEMENTARES"},{"$f":"IFERROR(INDEX(SINAPI!$C:$C,MATCH($B3396,SINAPI!$A:$A,0)),\"\")","v":"H"},0.25330000000000003,{"$f":"IFERROR(INDEX(SINAPI!$D:$D,MATCH($B3396,SINAPI!$A:$A,0)),0)","v":20.6},5.2179800000000007]
[{"$f":"IFERROR(INDEX(SINAPI!$E:$E,MATCH($B3397,SINAPI!$A:$A,0)),\"\")","v":""},null,null,null,null,"TOTAL",{"$f":"SUM(G3394:G3396)","v":37.731993000000003}]
[]
[]
["COMP-100",null,"CABO DE ALUMÍNIO ISOLADO XLPE 15KV 50MM²","M     ",null,null,{"$f":"G3404","v":10.128599999999999}]
["INSUMO","I8828/SEINFRA","CABO DE ALUMÍNIO PROTEGIDO 15KV 50MM2","M",1.02,7.09,{"$f":"IFERROR(F3401*E3401,0)","v":7.2317999999999998}]
[{"$f":"IFERROR(INDEX(SINAPI!$E:$E,MATCH($B3402,SINAPI!$A:$A,0)),\"\")","v":"COMPOSIÇÃO"},88247,{"$f":"IFERROR(INDEX(SINAPI!$B:$B,MATCH($B3402,SINAPI!$A:$A,0)),\"\")","v":"AUXILIAR DE ELETRICISTA COM ENCARGOS COMPLEMENTARES"},{"$f":"IFERROR(INDEX(SINAPI!$C:$C,MATCH($B3402,SINAPI!$A:$A,0)),\"\")","v":"H"},0.08,{"$f":"IFERROR(INDEX(SINAPI!$D:$D,MATCH($B3402,SINAPI!$A:$A,0)),0)","v":15.61},1.2487999999999999]
[{"$f":"IFERROR(INDEX(SINAPI!$E:$E,MATCH($B3403,SINAPI!$A:$A,0)),\"\")","v":"COMPOSIÇÃO"},88264,{"$f":"IFERROR(INDEX(SINAPI!$B:$B,MATCH($B3403,SINAPI!$A:$A,0)),\"\")","v":"ELETRICISTA COM ENCARGOS COMPLEMENTARES"},{"$f":"IFERROR(INDEX(SINAPI!$C:$C,MATCH($B3403,SINAPI!$A:$A,0)),\"\")","v":"H"},0.08,{"$f":"IFERROR(INDEX(SINAPI!$D:$D,MATCH($B3403,SINAPI!$A:$A,0)),0)","v":20.6},1.6480000000000001]
[{"$f":"IFERROR(INDEX(SINAPI!$E:$E,MATCH($B3404,SINAPI!$A:$A,0)),\"\")","v":""},null,null,null,null,"TOTAL",{"$f":"SUM(G3401:G3403)","v":10.128599999999999}]
[]
[]
["COMP-101",null,"CABO DE AÇO 9.5MM,PARA REDE AT COMPACTA","M     ",null,null,{"$f":"G3411","v":23.354277000000003}]
[{"$f":"IFERROR(INDEX(SINAPI!$E:$E,MATCH($B3408,SINAPI!$A:$A,0)),\"\")","v":"INSUMO"},41954,{"$f":"IFERROR(INDEX(SINAPI!$B:$B,MATCH($B3408,SINAPI!$A:$A,0)),\"\")","v":"CABO DE ACO GALVANIZADO, DIAMETRO 9,53 MM (3/8\"), COM ALMA DE FIBRA 6 X 25 F                                                                                                                                                                                                                                                                                                                                                                                                                              "},{"$f":"IFERROR(INDEX(SINAPI!$C:$C,MATCH($B3408,SINAPI!$A:$A,0)),\"\")","v":"KG    "},0.35,{"$f":"IFERROR(INDEX(SINAPI!$D:$D,MATCH($B3408,SINAPI!$A:$A,0)),0)","v":63.24},{"$f":"IFERROR(F3408*E3408,0)","v":22.134}]
[{"$f":"IFERROR(INDEX(SINAPI!$E:$E,MATCH($B3409,SINAPI!$A:$A,0)),\"\")","v":"COMPOSIÇÃO"},88247,{"$f":"IFERROR(INDEX(SINAPI!$B:$B,MATCH($B3409,SINAPI!$A:$A,0)),\"\")","v":"AUXILIAR DE ELETRICISTA COM ENCARGOS COMPLEMENTARES"},{"$f":"IFERROR(INDEX(SINAPI!$C:$C,MATCH($B3409,SINAPI!$A:$A,0)),\"\")","v":"H"},3.3700000000000001E-2,{"$f":"IFERROR(INDEX(SINAPI!$D:$D,MATCH($B3409,SINAPI!$A:$A,0)),0)","v":15.61},0.526057]
[{"$f":"IFERROR(INDEX(SINAPI!$E:$E,MATCH($B3410,SINAPI!$A:$A,0)),\"\")","v":"COMPOSIÇÃO"},88264,{"$f":"IFERROR(INDEX(SINAPI!$B:$B,MATCH($B3410,SINAPI!$A:$A,0)),\"\")","v":"ELETRICISTA COM ENCARGOS COMPLEMENTARES"},{"$f":"IFERROR(INDEX(SINAPI!$C:$C,MATCH($B3410,SINAPI!$A:$A,0)),\"\")","v":"H"},3.3700000000000001E-2,{"$f":"IFERROR(INDEX(SINAPI!$D:$D,MATCH($B3410,SINAPI!$A:$A,0)),0)","v":20.6},0.69422000000000006]
[{"$f":"IFERROR(INDEX(SINAPI!$E:$E,MATCH($B3411,SINAPI!$A:$A,0)),\"\")","v":""},null,null,null,null,"TOTAL",{"$f":"SUM(G3408:G3410)","v":23.354277000000003}]
[]
[]
["COMP-102",null,"ESPAÇADOR LOSANGULAR 15KV","UN    ",null,null,{"$f":"G3418","v":30.520999999999997}]
["INSUMO","04655/ORSE","Espaçador losangular 15kv","UN    ",1,26.9,{"$f":"IFERROR(F3415*E3415,0)","v":26.9}]
[{"$f":"IFERROR(INDEX(SINAPI!$E:$E,MATCH($B3416,SINAPI!$A:$A,0)),\"\")","v":"COMPOSIÇÃO"},88247,{"$f":"IFERROR(INDEX(SINAPI!$B:$B,MATCH($B3416,SINAPI!$A:$A,0)),\"\")","v":"AUXILIAR DE ELETRICISTA COM ENCARGOS COMPLEMENTARES"},{"$f":"IFERROR(INDEX(SINAPI!$C:$C,MATCH($B3416,SINAPI!$A:$A,0)),\"\")","v":"H"},0.1,{"$f":"IFERROR(INDEX(SINAPI!$D:$D,MATCH($B3416,SINAPI!$A:$A,0)),0)","v":15.61},1.5609999999999999]
[{"$f":"IFERROR(INDEX(SINAPI!$E:$E,MATCH($B3417,SINAPI!$A:$A,0)),\"\")","v":"COMPOSIÇÃO"},88264,{"$f":"IFERROR(INDEX(SINAPI!$B:$B,MATCH($B3417,SINAPI!$A:$A,0)),\"\")","v":"ELETRICISTA COM ENCARGOS COMPLEMENTARES"},{"$f":"IFERROR(INDEX(SINAPI!$C:$C,MATCH($B3417,SINAPI!$A:$A,0)),\"\")","v":"H"},0.1,{"$f":"IFERROR(INDEX(SINAPI!$D:$D,MATCH($B3417,SINAPI!$A:$A,0)),0)","v":20.6},2.06]
[{"$f":"IFERROR(INDEX(SINAPI!$E:$E,MATCH($B3418,SINAPI!$A:$A,0)),\"\")","v":""},null,null,null,null,"TOTAL",{"$f":"SUM(G3415:G3417)","v":30.520999999999997}]
[]
[]
["COMP-103",null,"ANEL DE AMARRAÇÃO","UN    ",null,null,{"$f":"G3425","v":21.960999999999999}]
["INSUMO","10508/ORSE","Anel de amarração em silicone para isolador polimérico de 25 kv\n","UN    ",1,18.34,{"$f":"IFERROR(F3422*E3422,0)","v":18.34}]
[{"$f":"IFERROR(INDEX(SINAPI!$E:$E,MATCH($B3423,SINAPI!$A:$A,0)),\"\")","v":"COMPOSIÇÃO"},88247,{"$f":"IFERROR(INDEX(SINAPI!$B:$B,MATCH($B3423,SINAPI!$A:$A,0)),\"\")","v":"AUXILIAR DE ELETRICISTA COM ENCARGOS COMPLEMENTARES"},{"$f":"IFERROR(INDEX(SINAPI!$C:$C,MATCH($B3423,SINAPI!$A:$A,0)),\"\")","v":"H"},0.1,{"$f":"IFERROR(INDEX(SINAPI!$D:$D,MATCH($B3423,SINAPI!$A:$A,0)),0)","v":15.61},1.5609999999999999]
[{"$f":"IFERROR(INDEX(SINAPI!$E:$E,MATCH($B3424,SINAPI!$A:$A,0)),\"\")","v":"COMPOSIÇÃO"},88264,{"$f":"IFERROR(INDEX(SINAPI!$B:$B,MATCH($B3424,SINAPI!$A:$A,0)),\"\")","v":"ELETRICISTA COM ENCARGOS COMPLEMENTARES"},{"$f":"IFERROR(INDEX(SINAPI!$C:$C,MATCH($B3424,SINAPI!$A:$A,0)),\"\")","v":"H"},0.1,{"$f":"IFERROR(INDEX(SINAPI!$D:$D,MATCH($B3424,SINAPI!$A:$A,0)),0)","v":20.6},2.06]
[{"$f":"IFERROR(INDEX(SINAPI!$E:$E,MATCH($B3425,SINAPI!$A:$A,0)),\"\")","v":""},null,null,null,null,"TOTAL",{"$f":"SUM(G3422:G3424)","v":21.960999999999999}]
[]
[]
["COMP-104",null,"ELO FUSÍVEL 25K","UN    ",null,null,{"$f":"G3431","v":12.16}]
["INSUMO","10661/ORSE","Elo fusível","UN    ",1,9.07,{"$f":"IFERROR(F3429*E3429,0)","v":9.07}]
[{"$f":"IFERROR(INDEX(SINAPI!$E:$E,MATCH($B3430,SINAPI!$A:$A,0)),\"\")","v":"COMPOSIÇÃO"},88264,{"$f":"IFERROR(INDEX(SINAPI!$B:$B,MATCH($B3430,SINAPI!$A:$A,0)),\"\")","v":"ELETRICISTA COM ENCARGOS COMPLEMENTARES"},{"$f":"IFERROR(INDEX(SINAPI!$C:$C,MATCH($B3430,SINAPI!$A:$A,0)),\"\")","v":"H"},0.15,{"$f":"IFERROR(INDEX(SINAPI!$D:$D,MATCH($B3430,SINAPI!$A:$A,0)),0)","v":20.6},3.0900000000000003]
[{"$f":"IFERROR(INDEX(SINAPI!$E:$E,MATCH($B3431,SINAPI!$A:$A,0)),\"\")","v":""},null,null,null,null,"TOTAL",{"$f":"SUM(G3429:G3430)","v":12.16}]
[]
[]
["COMP-105",null,"INDENIZACAO DE MATERIAL DE JAZIDA","UN    ",null,null,{"$f":"G3436","v":16.87}]
[{"$f":"IFERROR(INDEX(SINAPI!$E:$E,MATCH($B3435,SINAPI!$A:$A,0)),\"\")","v":"INSUMO"},6077,{"$f":"IFERROR(INDEX(SINAPI!$B:$B,MATCH($B3435,SINAPI!$A:$A,0)),\"\")","v":"ARGILA OU BARRO PARA ATERRO/REATERRO (RETIRADO NA JAZIDA, SEM TRANSPORTE)                                                                                                                                                                                                                                                                                                                                                                                                                                 "},{"$f":"IFERROR(INDEX(SINAPI!$C:$C,MATCH($B3435,SINAPI!$A:$A,0)),\"\")","v":"M3    "},1,{"$f":"IFERROR(INDEX(SINAPI!$D:$D,MATCH($B3435,SINAPI!$A:$A,0)),0)","v":16.87},{"$f":"IFERROR(F3435*E3435,0)","v":16.87}]
[{"$f":"IFERROR(INDEX(SINAPI!$E:$E,MATCH($B3436,SINAPI!$A:$A,0)),\"\")","v":""},null,null,null,null,"TOTAL",{"$f":"SUM(G3435)","v":16.87}]
[]
[]
["COMP-106",null,"CABO DE COBRE COBERTO DE XLPE 16MM2 - 15KV - FORNECIMENTO E INSTALAÇÃO","UN    ",null,null,{"$f":"G3443","v":54.368549999999999}]
["INSUMO","COTAÇÃO 3",{"$f":"COTAÇAO!B24","v":"Cabo de cobre coberto de XLPE 16mm2 - 15kv"},"UN    ",1.02,{"$f":"COTAÇAO!E26","v":47.8},{"$f":"IFERROR(F3440*E3440,0)","v":48.756}]
[{"$f":"IFERROR(INDEX(SINAPI!$E:$E,MATCH($B3441,SINAPI!$A:$A,0)),\"\")","v":"COMPOSIÇÃO"},88247,{"$f":"IFERROR(INDEX(SINAPI!$B:$B,MATCH($B3441,SINAPI!$A:$A,0)),\"\")","v":"AUXILIAR DE ELETRICISTA COM ENCARGOS COMPLEMENTARES"},{"$f":"IFERROR(INDEX(SINAPI!$C:$C,MATCH($B3441,SINAPI!$A:$A,0)),\"\")","v":"H"},0.155,{"$f":"IFERROR(INDEX(SINAPI!$D:$D,MATCH($B3441,SINAPI!$A:$A,0)),0)","v":15.61},2.4195500000000001]
[{"$f":"IFERROR(INDEX(SINAPI!$E:$E,MATCH($B3442,SINAPI!$A:$A,0)),\"\")","v":"COMPOSIÇÃO"},88264,{"$f":"IFERROR(INDEX(SINAPI!$B:$B,MATCH($B3442,SINAPI!$A:$A,0)),\"\")","v":"ELETRICISTA COM ENCARGOS COMPLEMENTARES"},{"$f":"IFERROR(INDEX(SINAPI!$C:$C,MATCH($B3442,SINAPI!$A:$A,0)),\"\")","v":"H"},0.155,{"$f":"IFERROR(INDEX(SINAPI!$D:$D,MATCH($B3442,SINAPI!$A:$A,0)),0)","v":20.6},3.1930000000000001]
[{"$f":"IFERROR(INDEX(SINAPI!$E:$E,MATCH($B3443,SINAPI!$A:$A,0)),\"\")","v":""},null,null,null,null,"TOTAL",{"$f":"SUM(G3440:G3442)","v":54.368549999999999}]
[]
[]
["COMP-107",null,"DISPOSITIVO DIFERENCIAL RESIDUAL TETRAPOLAR 25A, SENSIBILIDADE 300mA 380V - FORNECIMENTO E INSTALAÇÃO","UN    ",null,null,{"$f":"G3450","v":178.95600000000002}]
["INSUMO","I8875/SEINFRA","DISPOSITIVO DIFERENCIAL RESIDUAL TETRAPOLAR 25A, SENSIBILIDADE 300mA 380V","UN    ",1,157.22999999999999,{"$f":"IFERROR(F3447*E3447,0)","v":157.22999999999999}]
[{"$f":"IFERROR(INDEX(SINAPI!$E:$E,MATCH($B3448,SINAPI!$A:$A,0)),\"\")","v":"COMPOSIÇÃO"},88247,{"$f":"IFERROR(INDEX(SINAPI!$B:$B,MATCH($B3448,SINAPI!$A:$A,0)),\"\")","v":"AUXILIAR DE ELETRICISTA COM ENCARGOS COMPLEMENTARES"},{"$f":"IFERROR(INDEX(SINAPI!$C:$C,MATCH($B3448,SINAPI!$A:$A,0)),\"\")","v":"H"},0.6,{"$f":"IFERROR(INDEX(SINAPI!$D:$D,MATCH($B3448,SINAPI!$A:$A,0)),0)","v":15.61},9.3659999999999997]
[{"$f":"IFERROR(INDEX(SINAPI!$E:$E,MATCH($B3449,SINAPI!$A:$A,0)),\"\")","v":"COMPOSIÇÃO"},88264,{"$f":"IFERROR(INDEX(SINAPI!$B:$B,MATCH($B3449,SINAPI!$A:$A,0)),\"\")","v":"ELETRICISTA COM ENCARGOS COMPLEMENTARES"},{"$f":"IFERROR(INDEX(SINAPI!$C:$C,MATCH($B3449,SINAPI!$A:$A,0)),\"\")","v":"H"},0.6,{"$f":"IFERROR(INDEX(SINAPI!$D:$D,MATCH($B3449,SINAPI!$A:$A,0)),0)","v":20.6},12.360000000000001]
[{"$f":"IFERROR(INDEX(SINAPI!$E:$E,MATCH($B3450,SINAPI!$A:$A,0)),\"\")","v":""},null,null,null,null,"TOTAL",{"$f":"SUM(G3447:G3449)","v":178.95600000000002}]
[]
[]
["COMP-108",null,"ELETRODUTO FLEXIVEL PLANO EM PEAD, DIAMETRO 25 MM (3/4\") - FORNECIMENTO E INSTALAÇÃO","M     ",null,null,{"$f":"G3457","v":5.26}]
[{"$f":"IFERROR(INDEX(SINAPI!$E:$E,MATCH($B3454,SINAPI!$A:$A,0)),\"\")","v":"INSUMO"},40400,{"$f":"IFERROR(INDEX(SINAPI!$B:$B,MATCH($B3454,SINAPI!$A:$A,0)),\"\")","v":"ELETRODUTO FLEXIVEL PLANO EM PEAD, COR PRETA E LARANJA, DIAMETRO 25 MM                                                                                                                                                                                                                                                                                                                                                                                                                                    "},{"$f":"IFERROR(INDEX(SINAPI!$C:$C,MATCH($B3454,SINAPI!$A:$A,0)),\"\")","v":"M     "},1.1000000000000001,{"$f":"IFERROR(INDEX(SINAPI!$D:$D,MATCH($B3454,SINAPI!$A:$A,0)),0)","v":1.49},{"$f":"IFERROR(F3454*E3454,0)","v":1.639}]
[{"$f":"IFERROR(INDEX(SINAPI!$E:$E,MATCH($B3455,SINAPI!$A:$A,0)),\"\")","v":"COMPOSIÇÃO"},88247,{"$f":"IFERROR(INDEX(SINAPI!$B:$B,MATCH($B3455,SINAPI!$A:$A,0)),\"\")","v":"AUXILIAR DE ELETRICISTA COM ENCARGOS COMPLEMENTARES"},{"$f":"IFERROR(INDEX(SINAPI!$C:$C,MATCH($B3455,SINAPI!$A:$A,0)),\"\")","v":"H"},0.1,{"$f":"IFERROR(INDEX(SINAPI!$D:$D,MATCH($B3455,SINAPI!$A:$A,0)),0)","v":15.61},1.5609999999999999]
[{"$f":"IFERROR(INDEX(SINAPI!$E:$E,MATCH($B3456,SINAPI!$A:$A,0)),\"\")","v":"COMPOSIÇÃO"},88264,{"$f":"IFERROR(INDEX(SINAPI!$B:$B,MATCH($B3456,SINAPI!$A:$A,0)),\"\")","v":"ELETRICISTA COM ENCARGOS COMPLEMENTARES"},{"$f":"IFERROR(INDEX(SINAPI!$C:$C,MATCH($B3456,SINAPI!$A:$A,0)),\"\")","v":"H"},0.1,{"$f":"IFERROR(INDEX(SINAPI!$D:$D,MATCH($B3456,SINAPI!$A:$A,0)),0)","v":20.6},2.06]
[{"$f":"IFERROR(INDEX(SINAPI!$E:$E,MATCH($B3457,SINAPI!$A:$A,0)),\"\")","v":""},null,null,null,null,"TOTAL",{"$f":"SUM(G3454:G3456)","v":5.26}]
[]
[]
["COMP-109",null,"ELETRODUTO FLEXIVEL PLANO EM PEAD, DIAMETRO 32 MM (1\") - FORNECIMENTO E INSTALAÇÃO","M     ",null,null,{"$f":"G3464","v":6.0410000000000004}]
[{"$f":"IFERROR(INDEX(SINAPI!$E:$E,MATCH($B3461,SINAPI!$A:$A,0)),\"\")","v":"INSUMO"},40401,{"$f":"IFERROR(INDEX(SINAPI!$B:$B,MATCH($B3461,SINAPI!$A:$A,0)),\"\")","v":"ELETRODUTO FLEXIVEL PLANO EM PEAD, COR PRETA E LARANJA,  DIAMETRO 32 MM                                                                                                                                                                                                                                                                                                                                                                                                                                   "},{"$f":"IFERROR(INDEX(SINAPI!$C:$C,MATCH($B3461,SINAPI!$A:$A,0)),\"\")","v":"M     "},1.1000000000000001,{"$f":"IFERROR(INDEX(SINAPI!$D:$D,MATCH($B3461,SINAPI!$A:$A,0)),0)","v":2.2000000000000002},{"$f":"IFERROR(F3461*E3461,0)","v":2.4200000000000004}]
[{"$f":"IFERROR(INDEX(SINAPI!$E:$E,MATCH($B3462,SINAPI!$A:$A,0)),\"\")","v":"COMPOSIÇÃO"},88247,{"$f":"IFERROR(INDEX(SINAPI!$B:$B,MATCH($B3462,SINAPI!$A:$A,0)),\"\")","v":"AUXILIAR DE ELETRICISTA COM ENCARGOS COMPLEMENTARES"},{"$f":"IFERROR(INDEX(SINAPI!$C:$C,MATCH($B3462,SINAPI!$A:$A,0)),\"\")","v":"H"},0.1,{"$f":"IFERROR(INDEX(SINAPI!$D:$D,MATCH($B3462,SINAPI!$A:$A,0)),0)","v":15.61},1.5609999999999999]
[{"$f":"IFERROR(INDEX(SINAPI!$E:$E,MATCH($B3463,SINAPI!$A:$A,0)),\"\")","v":"COMPOSIÇÃO"},88264,{"$f":"IFERROR(INDEX(SINAPI!$B:$B,MATCH($B3463,SINAPI!$A:$A,0)),\"\")","v":"ELETRICISTA COM ENCARGOS COMPLEMENTARES"},{"$f":"IFERROR(INDEX(SINAPI!$C:$C,MATCH($B3463,SINAPI!$A:$A,0)),\"\")","v":"H"},0.1,{"$f":"IFERROR(INDEX(SINAPI!$D:$D,MATCH($B3463,SINAPI!$A:$A,0)),0)","v":20.6},2.06]
[{"$f":"IFERROR(INDEX(SINAPI!$E:$E,MATCH($B3464,SINAPI!$A:$A,0)),\"\")","v":""},null,null,null,null,"TOTAL",{"$f":"SUM(G3461:G3463)","v":6.0410000000000004}]
[]
[]
["COMP-110",null,"ELETRODUTO FLEXIVEL PLANO EM PEAD, DIAMETRO 40 MM (1 1/4\") - FORNECIMENTO E INSTALAÇÃO                                                                                                                                                                                                                                                                                                                                                                             ","M     ",null,null,{"$f":"G3471","v":6.7230000000000008}]
[{"$f":"IFERROR(INDEX(SINAPI!$E:$E,MATCH($B3468,SINAPI!$A:$A,0)),\"\")","v":"INSUMO"},40402,{"$f":"IFERROR(INDEX(SINAPI!$B:$B,MATCH($B3468,SINAPI!$A:$A,0)),\"\")","v":"ELETRODUTO FLEXIVEL PLANO EM PEAD, COR PRETA E LARANJA,  DIAMETRO 40 MM                                                                                                                                                                                                                                                                                                                                                                                                                                   "},{"$f":"IFERROR(INDEX(SINAPI!$C:$C,MATCH($B3468,SINAPI!$A:$A,0)),\"\")","v":"M     "},1.1000000000000001,{"$f":"IFERROR(INDEX(SINAPI!$D:$D,MATCH($B3468,SINAPI!$A:$A,0)),0)","v":2.82},{"$f":"IFERROR(F3468*E3468,0)","v":3.1019999999999999}]
[{"$f":"IFERROR(INDEX(SINAPI!$E:$E,MATCH($B3469,SINAPI!$A:$A,0)),\"\")","v":"COMPOSIÇÃO"},88247,{"$f":"IFERROR(INDEX(SINAPI!$B:$B,MATCH($B3469,SINAPI!$A:$A,0)),\"\")","v":"AUXILIAR DE ELETRICISTA COM ENCARGOS COMPLEMENTARES"},{"$f":"IFERROR(INDEX(SINAPI!$C:$C,MATCH($B3469,SINAPI!$A:$A,0)),\"\")","v":"H"},0.1,{"$f":"IFERROR(INDEX(SINAPI!$D:$D,MATCH($B3469,SINAPI!$A:$A,0)),0)","v":15.61},1.5609999999999999]
[{"$f":"IFERROR(INDEX(SINAPI!$E:$E,MATCH($B3470,SINAPI!$A:$A,0)),\"\")","v":"COMPOSIÇÃO"},88264,{"$f":"IFERROR(INDEX(SINAPI!$B:$B,MATCH($B3470,SINAPI!$A:$A,0)),\"\")","v":"ELETRICISTA COM ENCARGOS COMPLEMENTARES"},{"$f":"IFERROR(INDEX(SINAPI!$C:$C,MATCH($B3470,SINAPI!$A:$A,0)),\"\")","v":"H"},0.1,{"$f":"IFERROR(INDEX(SINAPI!$D:$D,MATCH($B3470,SINAPI!$A:$A,0)),0)","v":20.6},2.06]
[{"$f":"IFERROR(INDEX(SINAPI!$E:$E,MATCH($B3471,SINAPI!$A:$A,0)),\"\")","v":""},null,null,null,null,"TOTAL",{"$f":"SUM(G3468:G3470)","v":6.7230000000000008}]
[]
[]
["COMP-111",null,"ESTACA HÉLICE CONTÍNUA, DIÂMETRO DE 20 CM, COMPRIMENTO TOTAL ATÉ 15 M, PERFURATRIZ COM TORQUE DE 170 KN.M (EXCLUSIVE MOBILIZAÇÃO E DESMOBILIZAÇÃO).","M3 ",null,null,{"$f":"G3482","v":134.77636130000002}]
[{"$f":"IFERROR(INDEX(SINAPI!$E:$E,MATCH($B3475,SINAPI!$A:$A,0)),\"\")","v":"INSUMO"},38464,{"$f":"IFERROR(INDEX(SINAPI!$B:$B,MATCH($B3475,SINAPI!$A:$A,0)),\"\")","v":"CONCRETO USINADO BOMBEAVEL, CLASSE DE RESISTENCIA C20, COM BRITA 0, SLUMP = 220 +/- 20 MM, INCLUI SERVICO DE BOMBEAMENTO (NBR 8953)                                                                                                                                                                                                                                                                                                                                                                       "},{"$f":"IFERROR(INDEX(SINAPI!$C:$C,MATCH($B3475,SINAPI!$A:$A,0)),\"\")","v":"M3    "},0.18840000000000001,{"$f":"IFERROR(INDEX(SINAPI!$D:$D,MATCH($B3475,SINAPI!$A:$A,0)),0)","v":541.91999999999996},{"$f":"IFERROR(F3475*E3475,0)","v":102.097728}]
["COMPOSIÇÃO","COMP-112",{"$f":"C3485","v":"CARGA E DESCARGA MECANICA DE SOLO UTILIZANDO CAMINHAO BASCULANTE 6,0M3/16T E PA CARREGADEIRA SOBRE PNEUS 128 HP, CAPACIDADE DA CAÇAMBA 1,7 A 2,8 M3, PESO OPERACIONAL 11632 KG"},{"$f":"D3485","v":"M3 "},4.4200000000000003E-2,{"$f":"G3489","v":186.899},{"$f":"IFERROR(F3476*E3476,0)","v":8.2609358000000004}]
[{"$f":"IFERROR(INDEX(SINAPI!$E:$E,MATCH($B3477,SINAPI!$A:$A,0)),\"\")","v":"COMPOSIÇÃO"},88316,{"$f":"IFERROR(INDEX(SINAPI!$B:$B,MATCH($B3477,SINAPI!$A:$A,0)),\"\")","v":"SERVENTE COM ENCARGOS COMPLEMENTARES"},{"$f":"IFERROR(INDEX(SINAPI!$C:$C,MATCH($B3477,SINAPI!$A:$A,0)),\"\")","v":"H"},0.14001,{"$f":"IFERROR(INDEX(SINAPI!$D:$D,MATCH($B3477,SINAPI!$A:$A,0)),0)","v":15.65},2.1911565]
[{"$f":"IFERROR(INDEX(SINAPI!$E:$E,MATCH($B3478,SINAPI!$A:$A,0)),\"\")","v":"COMPOSIÇÃO"},90674,{"$f":"IFERROR(INDEX(SINAPI!$B:$B,MATCH($B3478,SINAPI!$A:$A,0)),\"\")","v":"PERFURATRIZ COM TORRE METÁLICA PARA EXECUÇÃO DE ESTACA HÉLICE CONTÍNUA, PROFUNDIDADE MÁXIMA DE 30 M, DIÂMETRO MÁXIMO DE 800 MM, POTÊNCIA INSTALADA DE 268 HP, MESA ROTATIVA COM TORQUE MÁXIMO DE 170 KNM - CHP DIURNO. AF_06/2015"},{"$f":"IFERROR(INDEX(SINAPI!$C:$C,MATCH($B3478,SINAPI!$A:$A,0)),\"\")","v":"CHP"},2.41E-2,{"$f":"IFERROR(INDEX(SINAPI!$D:$D,MATCH($B3478,SINAPI!$A:$A,0)),0)","v":489.21},11.789961]
[{"$f":"IFERROR(INDEX(SINAPI!$E:$E,MATCH($B3479,SINAPI!$A:$A,0)),\"\")","v":"COMPOSIÇÃO"},90675,{"$f":"IFERROR(INDEX(SINAPI!$B:$B,MATCH($B3479,SINAPI!$A:$A,0)),\"\")","v":"PERFURATRIZ COM TORRE METÁLICA PARA EXECUÇÃO DE ESTACA HÉLICE CONTÍNUA, PROFUNDIDADE MÁXIMA DE 30 M, DIÂMETRO MÁXIMO DE 800 MM, POTÊNCIA INSTALADA DE 268 HP, MESA ROTATIVA COM TORQUE MÁXIMO DE 170 KNM - CHI DIURNO. AF_06/2015"},{"$f":"IFERROR(INDEX(SINAPI!$C:$C,MATCH($B3479,SINAPI!$A:$A,0)),\"\")","v":"CHI"},2.2599999999999999E-2,{"$f":"IFERROR(INDEX(SINAPI!$D:$D,MATCH($B3479,SINAPI!$A:$A,0)),0)","v":193.8},4.37988]
[{"$f":"IFERROR(INDEX(SINAPI!$E:$E,MATCH($B3480,SINAPI!$A:$A,0)),\"\")","v":"COMPOSIÇÃO"},95967,{"$f":"IFERROR(INDEX(SINAPI!$B:$B,MATCH($B3480,SINAPI!$A:$A,0)),\"\")","v":"SERVIÇOS TÉCNICOS ESPECIALIZADOS PARA ACOMPANHAMENTO DE EXECUÇÃO DE FUNDAÇÕES PROFUNDAS E ESTRUTURAS DE CONTENÇÃO"},{"$f":"IFERROR(INDEX(SINAPI!$C:$C,MATCH($B3480,SINAPI!$A:$A,0)),\"\")","v":"H"},4.6699999999999998E-2,{"$f":"IFERROR(INDEX(SINAPI!$D:$D,MATCH($B3480,SINAPI!$A:$A,0)),0)","v":128.4},5.9962800000000005]
[{"$f":"IFERROR(INDEX(SINAPI!$E:$E,MATCH($B3481,SINAPI!$A:$A,0)),\"\")","v":"COMPOSIÇÃO"},97913,{"$f":"IFERROR(INDEX(SINAPI!$B:$B,MATCH($B3481,SINAPI!$A:$A,0)),\"\")","v":"TRANSPORTE COM CAMINHÃO BASCULANTE DE 6 M³, EM VIA URBANA EM REVESTIMENTO PRIMÁRIO (UNIDADE: M3XKM). AF_07/2020"},{"$f":"IFERROR(INDEX(SINAPI!$C:$C,MATCH($B3481,SINAPI!$A:$A,0)),\"\")","v":"M3XKM"},2.6499999999999999E-2,{"$f":"IFERROR(INDEX(SINAPI!$D:$D,MATCH($B3481,SINAPI!$A:$A,0)),0)","v":2.2799999999999998},6.0419999999999995E-2]
[{"$f":"IFERROR(INDEX(SINAPI!$E:$E,MATCH($B3482,SINAPI!$A:$A,0)),\"\")","v":""},null,null,null,null,"TOTAL",{"$f":"SUM(G3475:G3481)","v":134.77636130000002}]
[]
[]
["COMP-112",null,"CARGA E DESCARGA MECANICA DE SOLO UTILIZANDO CAMINHAO BASCULANTE 6,0M3/16T E PA CARREGADEIRA SOBRE PNEUS 128 HP, CAPACIDADE DA CAÇAMBA 1,7 A 2,8 M3, PESO OPERACIONAL 11632 KG","M3 ",null,null,{"$f":"G3489","v":186.899}]
[{"$f":"IFERROR(INDEX(SINAPI!$E:$E,MATCH($B3486,SINAPI!$A:$A,0)),\"\")","v":"COMPOSIÇÃO"},5811,{"$f":"IFERROR(INDEX(SINAPI!$B:$B,MATCH($B3486,SINAPI!$A:$A,0)),\"\")","v":"CAMINHÃO BASCULANTE 6 M3, PESO BRUTO TOTAL 16.000 KG, CARGA ÚTIL MÁXIMA 13.071 KG, DISTÂNCIA ENTRE EIXOS 4,80 M, POTÊNCIA 230 CV INCLUSIVE CAÇAMBA METÁLICA - CHP DIURNO. AF_06/2014"},{"$f":"IFERROR(INDEX(SINAPI!$C:$C,MATCH($B3486,SINAPI!$A:$A,0)),\"\")","v":"CHP"},1.1000000000000001,{"$f":"IFERROR(INDEX(SINAPI!$D:$D,MATCH($B3486,SINAPI!$A:$A,0)),0)","v":154.19999999999999},{"$f":"IFERROR(F3486*E3486,0)","v":169.62}]
[{"$f":"IFERROR(INDEX(SINAPI!$E:$E,MATCH($B3487,SINAPI!$A:$A,0)),\"\")","v":"COMPOSIÇÃO"},5940,{"$f":"IFERROR(INDEX(SINAPI!$B:$B,MATCH($B3487,SINAPI!$A:$A,0)),\"\")","v":"PÁ CARREGADEIRA SOBRE RODAS, POTÊNCIA LÍQUIDA 128 HP, CAPACIDADE DA CAÇAMBA 1,7 A 2,8 M3, PESO OPERACIONAL 11632 KG - CHP DIURNO. AF_06/2014"},{"$f":"IFERROR(INDEX(SINAPI!$C:$C,MATCH($B3487,SINAPI!$A:$A,0)),\"\")","v":"CHP"},0.1,{"$f":"IFERROR(INDEX(SINAPI!$D:$D,MATCH($B3487,SINAPI!$A:$A,0)),0)","v":157.13999999999999},15.713999999999999]
[{"$f":"IFERROR(INDEX(SINAPI!$E:$E,MATCH($B3488,SINAPI!$A:$A,0)),\"\")","v":"COMPOSIÇÃO"},88316,{"$f":"IFERROR(INDEX(SINAPI!$B:$B,MATCH($B3488,SINAPI!$A:$A,0)),\"\")","v":"SERVENTE COM ENCARGOS COMPLEMENTARES"},{"$f":"IFERROR(INDEX(SINAPI!$C:$C,MATCH($B3488,SINAPI!$A:$A,0)),\"\")","v":"H"},0.1,{"$f":"IFERROR(INDEX(SINAPI!$D:$D,MATCH($B3488,SINAPI!$A:$A,0)),0)","v":15.65},1.5650000000000002]
[{"$f":"IFERROR(INDEX(SINAPI!$E:$E,MATCH($B3489,SINAPI!$A:$A,0)),\"\")","v":""},null,null,null,null,"TOTAL",{"$f":"SUM(G3486:G3488)","v":186.899}]

{"sheet":"BDI","index":3,"n_rows":30,"n_cols":3,"rows_kept":30,"cut":false,"hidden":false,"merged":[[5,0,5,2],[6,0,6,2],[7,0,7,2]]}
[]
[]
[]
[]
[]
["SERVIÇO PUBLICO FEDERAL"]
["INSTITUTO FEDERAL DE EDUCAÇÃO, CIÊNCIA E TECNOLOGIA DE MATO GROSSO"]
[{"$f":"ORÇAMENTO!A6","v":"CAMPUS SINOP"}]
[]
[null,"CALCULO DO BDI NÃO DESONERADO"]
[]
[null,"CALCULO DO BDI"]
["AC","ADMINISTRAÇÃO CENTRAL DA OBRA",3.5299999999999998E-2]
["S","TAXA REPRESENTATIVA DE SEGUROS",4.1999999999999997E-3]
["R","TAXA REPRESENTATIVA DE RISCOS ",1.04E-2]
["G","TAXA REPRESENTATIVA DE GARANTIAS",2E-3]
["DF","TAXA REPRESENTATIVA DAS DESPESAS FINANCEIRAS",1.0500000000000001E-2]
["L","TAXA REPRESENTATIVA DO LUCRO",6.9099999999999995E-2]
[]
["I","TAXA REPRESENTATIVA DA INCIDENCIA DE IMPOSTOS",{"$f":"C21+C22+C23+C24","v":5.6499999999999995E-2}]
[null,"Contribuição Previdenciária sobre a Renda Bruta (CPRB) Lei 13.161/2015",0]
[null,"COFINS",0.03]
[null,"PIS",6.5000000000000006E-3]
[null,"ISS (BASE DE CALCULO 40% E ISSQN 5%)",0.02]
[]
[null,"CALCULO DO  BDI",{"$f":"(((1+(C13+C14+C15+C16))*(1+C17)*(1+C18))/(1-C20))-1","v":0.20444562378908304}]
[null,"VALOR TOTAL DO BDI",{"$f":"C26","v":0.20444562378908304}]
[null,"BDI= (((1+(AC+S+R+G))*(1+DF)*(1+L))/(1-I))-1"]
[null,"Formula BDI - Paragrafo nº39 do Acórdão nº 2.369/2011 Plenario . Processo nº TC 025.990/2008-2"]
[null,"As taxas Acórdão nº 2622/2013 Plenário. TC 036.076/2011-2 sessão:25/09/13"]

{"sheet":"COTAÇAO","index":4,"n_rows":26,"n_cols":6,"rows_kept":26,"cut":false,"hidden":false,"merged":[[19,0,19,1],[24,0,24,1],[5,0,5,4],[6,0,6,4],[7,0,7,4],[9,0,9,4]]}
[]
[]
[]
[]
[]
["SERVIÇO PUBLICO FEDERAL"]
["INSTITUTO FEDERAL DE EDUCAÇÃO, CIÊNCIA E TECNOLOGIA DE MATO GROSSO"]
[{"$f":"ORÇAMENTO!A6","v":"CAMPUS SINOP"}]
[]
["COTAÇÃO"]
[]
[]
["COTAÇÃO 1","Fita dupla face 25mm x 20m","Preço","Frete","Total","Data"]
["Bite peças e tintas","https://www.bite.com.br/fita-dupla-face-vhb-4910-25mmx20m-3m/p?idsku=30238&utm_source=google&utm_medium=cpc&utm_campaign=vtex_vtex_ads&gclid=EAIaIQobChMIzenzyPqT6wIVkw2RCh1EJgNJEAkYCCABEgKqC_D_BwE",86.9,55.52,{"$f":"C14+D14","v":142.42000000000002},"acessado 29/10/2021"]
["Anhanguera Ferramentas","https://www.anhangueraferramentas.com.br/produto/fita-dupla-face-transparente-25mm-x-20m-4910-vhb-3m-106579?utm_source=google&utm_medium=cpc&utm_campaign=&gclid=EAIaIQobChMIzenzyPqT6wIVkw2RCh1EJgNJEAkYASABEgJet_D_BwE",100.7,19.989999999999998,120.69,"acessado 29/10/2021"]
[null,null,null,"Mediana",{"$f":"MEDIAN(E14:E15)","v":131.55500000000001}]
[]
[]
["COTAÇÃO 2","PÓRTICO DE ENTRADA COM ESTRUTURA EM CHAPA METALICA, PILAR COM ALTRUA DE 8,30 M E OUTRO COM 7,25 M, E VIGA COM 16,30 M DE COMPRIMENTO POR 1,50 M DE ALTURA, COM ALTURA UTIL 4,70 M, COM BASE EM CONCRETO ARMADO DIMENSIONADO PARA SUPORTAR TODA A ESTRUTURA, PINTADO COM FUNDO ANTI-CORROSIVO, REVESTICO EM ALUMINIO COMPOSTO ( ACM ) 3MM NAS CORES VERDE, BRANCA E VERMELHO CONFORME DETALHAMENTO DA FACHADA. INCLUSO AS INSTALAÇÕES E CONFECÇÃO DE LETRAS TIPO CAIXA ALTA EM INOX CONFORME DETALHAMENTO ESPECIFICO. ","Preço","Frete","Total","Data"]
["Cotação da Planilha Orçamentária - Obra de Implantação do Campus de São Miguel - IFRO",null,{"$f":"84340*1.39","v":117232.59999999999},0,{"$f":"C20+D20","v":117232.59999999999},"Out/2021"]
["Obs: Foi atualizado considerando o mesmo aumento percentual do item Castelo D'Água",null,null,"Mediana",{"$f":"MEDIAN(E20)","v":117232.59999999999}]
[]
[]
["COTAÇÃO 3","Cabo de cobre coberto de XLPE 16mm2 - 15kv","Preço","Frete","Total","Data"]
["Eletro Soares Materiais para Construção",null,47.8,0,{"$f":"C25+D25","v":47.8},"Out/2021"]
[null,null,null,"Mediana",{"$f":"MEDIAN(E25)","v":47.8}]

{"sheet":"CURVA ABC","index":5,"n_rows":877,"n_cols":12,"rows_kept":877,"cut":false,"hidden":false,"merged":[[0,0,3,8],[4,0,4,8],[5,0,5,8],[7,0,7,8],[8,9,8,11]]}
[]
[]
[]
[]
["INSTITUTO FEDERAL DE EDUCAÇÃO, CIÊNCIA E TECNOLOGIA DE MATO GROSSO"]
["CAMPUS SINOP"]
[]
["CURVA ABC"]
["LOCAL:","SINOP",null,null,null,null,null,"BDI:",0.20444562378908304,"FAIXAS DE CORTE"]
["OBRA:","IMPLANTAÇÃO DO CAMPUS",null,null,"ORSE - AGOSTO/2021",null,null,"SEINFRA - MARÇO/2021",null,"A","B","C"]
[null,null,null,"TABELA SINAPI - DATA DE EMISSÃO: 20/09/2021","GOINFRA - OUTUBRO/2021",null,null,"SETOP - JULHO/2021",null,0.8,0.95,1]
[null,null,null,"SINAPI DATA REFERÊNCIA TÉCNICA: 20/09/2021 - NÃO DESONERADO","SCO-RJ - SETEMBRO/2021"]
["ITEM","REFERÊNCIA","CÓDIGO","DESCRIÇÃO DETALHADA","UND","QTD","VALOR UNIT (R$)","VALOR UNIT c/ BDI (R$)","VALOR TOTAL (R$)","% ITEM","% ACUM","CLASSE"]
["19.1.30","COMPOSIÇÃO","COMP-SESC-06","FORNECIMENTO E INSTALAÇÃO DE AR CONDICIONADO SPLIT INVERTER, 36000 BTU/H, PISO TETO","UN    ",31,11459.61,13802.477114829615,427876.79,{"$f":"I14/$I$877","v":3.8540096913956615E-2},{"$f":"J14","v":3.8540096913956615E-2},{"$f":"IF(K14<=$J$11,\"A\",IF(K14<=$K$11,\"B\",\"C\"))","v":"A"}]
["5.2.9","SINAPI",92452,"MONTAGEM E DESMONTAGEM DE FÔRMA DE VIGA, ESCORAMENTO METÁLICO, PÉ-DIREITO SIMPLES, EM CHAPA DE MADEIRA RESINADA, 2 UTILIZAÇÕES. AF_09/2020","M2",2731.5,125.79,151.50721501642877,413841.96,{"$f":"I15/$I$877","v":3.7275939284909E-2},{"$f":"K14+J15","v":7.5816036198865622E-2},{"$f":"IF(K15<=$J$11,\"A\",IF(K15<=$K$11,\"B\",\"C\"))","v":"A"}]
["12.1.6","SCO - RJ","IT 25.66.0162","Cubículo de med.,proteção e trans. em média tensão, classe 17,5/24KV, uso externo, em conformidade com a Norma NBR-IEC 62271-200, para instalações cuja carga seja inferior a 3300KVA, para proteção de um ou mais transformadores. Classe de tensão 15KV, Corrente nominal de 630A. Classe de tensão 15KV, Corrente nominal de 630A. Disjuntor a Vácuo motorizado, com relés de proteção microprocessados, em chapa de aço carbono 14 (MSG), com pintura eletrostática.\nDisjuntor: Marca ABB, modelo: VD4/R, isolação a vácuo, classe 17,5/24KV - 16KA-630A. Conf. Projeto\nTransformador trifásico, 13.8KV/220-127volt, 500KVA, com buchas de AT, instaladas na lateral, com flange para AT e para BT, a seco, no cubículo.","cj",3,108885.64,131146.83259147353,393440.5,3.5438320923823763E-2,{"$f":"K15+J16","v":0.11125435712268938},"A"]
["10.2.1","COMPOSIÇÃO","IFMT 235.08.2020","PISO INDUSTRIAL ALTA RESISTENCIA, ESPESSURA 12MM, INCLUSO JUNTAS DE DILATACAO PLASTICAS E POLIMENTO MECANIZADO","M2",2475.1999999999998,100.62026640000001,121.19163952997172,299973.55,2.7019483082089145E-2,0.13827384020477854,"A"]
["8.1.1","SINAPI",87507,"ALVENARIA DE VEDAÇÃO DE BLOCOS CERÂMICOS FURADOS NA HORIZONTAL DE 9X14X19CM (ESPESSURA 9CM) DE PAREDES COM ÁREA LÍQUIDA MAIOR OU IGUAL A 6M² SEM VÃOS E ARGAMASSA DE ASSENTAMENTO COM PREPARO EM BETONEIRA. AF_06/2014","M2",2907.82,79.62,95.897960566086795,278854.01,2.5117185183719425E-2,0.16339102538849795,"A"]
["4.1.1","COMPOSIÇÃO","COMP-111","ESTACA HÉLICE CONTÍNUA, DIÂMETRO DE 20 CM, COMPRIMENTO TOTAL ATÉ 15 M, PERFURATRIZ COM TORQUE DE 170 KN.M (EXCLUSIVE MOBILIZAÇÃO E DESMOBILIZAÇÃO).","M3 ",1692,134.77636130000002,162.33079855800136,274663.71000000002,2.473975277356567E-2,0.18813077816206361,"A"]
["1.1","SINAPI",93567,"ENGENHEIRO CIVIL DE OBRA PLENO COM ENCARGOS COMPLEMENTARES","MES",12,18632.830000000002,22442.230552305944,269306.77,2.425723773281702E-2,0.21238801589488063,"A"]
["11.3.2","COMPOSIÇÃO","COMP-154929","GRADIL FRONTAL - COM INFRAESTRUTURA EM CONCRETO ARMADO  ","M",144,1120.1740182644999,1349.1886941809094,194283.17,1.7499645635255676E-2,0.22988766153013629,"A"]
["9.1.2","SINAPI",87535,"EMBOÇO, PARA RECEBIMENTO DE CERÂMICA, EM ARGAMASSA TRAÇO 1:2:8, PREPARO MECÂNICO COM BETONEIRA 400L, APLICADO MANUALMENTE EM FACES INTERNAS DE PAREDES, PARA AMBIENTE COM ÁREA  MAIOR QUE 10M2, ESPESSURA DE 20MM, COM EXECUÇÃO DE TALISCAS. AF_06/2014","M2",6388.54,23.74,28.593539108752829,182670.97,1.6453701279675537E-2,0.24634136280981184,"A"]
["11.2.2","COMPOSIÇÃO","IFMT 248.08.2020","JANELA DE ALUMÍNIO DE CORRER COM 6 FOLHAS (2 VENEZIANAS FIXAS, 2 VENEZIANAS DE CORRER E 2 PARA VIDRO), COM VIDROS, BATENTE, ACABAMENTO COM A\n CETATO OU BRILHANTE E FERRAGENS. EXCLUSIVE ALIZAR E CONTRAMARCO. FORNE\n CIMENTO E INSTALAÇÃO. AF_12/2019","M2",174.24,782.21320000000003,942.13326561005476,164157.29999999999,1.4786121610226743E-2,0.26112748442003858,"A"]
["5.2.10","SINAPI",92726,"CONCRETAGEM DE VIGAS E LAJES, FCK=20 MPA, PARA LAJES MACIÇAS OU NERVURADAS COM USO DE BOMBA EM EDIFICAÇÃO COM ÁREA MÉDIA DE LAJES MAIOR QUE 20 M² - LANÇAMENTO, ADENSAMENTO E ACABAMENTO. AF_12/2015","M3",237.25,556.95000000000005,670.81599016932989,159151.09,1.4335197832445717E-2,0.27546268225248427,"A"]
["10.1.3","COMPOSIÇÃO","COMP-222438","REGULARIZACAO DE PISO/BASE EM ARGAMASSA TRACO 1:3 (CIMENTO E AREIA GROSSA SEM PENEIRAR), ESPESSURA 3,0CM, PREPARO MECANICO","M2",2769.78,45.754360999999996,55.108639875715888,152638.81,1.3748617984703049E-2,0.28921130023718733,"A"]
["10.3.1","SINAPI",92396,"EXECUÇÃO DE PASSEIO EM PISO INTERTRAVADO, COM BLOCO RETANGULAR COR NATURAL DE 20 X 10 CM, ESPESSURA 6 CM. AF_12/2015","M2",1758.59,71.11,85.648128307641699,150619.94,1.3566772539296489E-2,0.30277807277648383,"A"]
["10.4.1","SINAPI",92396,"EXECUÇÃO DE PASSEIO EM PISO INTERTRAVADO, COM BLOCO RETANGULAR COR NATURAL DE 20 X 10 CM, ESPESSURA 6 CM. AF_12/2015","M2",1758.59,71.11,85.648128307641699,150619.94,1.3566772539296489E-2,0.31634484531578033,"A"]
["10.3.3","SINAPI",92398,"EXECUÇÃO DE PÁTIO/ESTACIONAMENTO EM PISO INTERTRAVADO, COM BLOCO RETANGULAR COR NATURAL DE 20 X 10 CM, ESPESSURA 8 CM. AF_12/2015","M2",1603.78,75.87,91.38128947687774,146555.48000000001,1.3200674900995286E-2,0.32954552021677563,"A"]
["13.1.4.1","SCO-RJ","AP 35.15.0050","CASTELO D'ÁGUA COM DIÂMETRO DE 2,387 M (ALTURA 12,40 M), COM CAIXA D'ÁGUA DE 30.000 LITROS E RESERVA DE INCÊNDIO DE 20.000 LITROS - COM 50.000 LITROS, COMPLETA COM BASE, GUARDA-CORPO, ESCADA METÁLICA COM PROTEÇÃO, PORTA METÁLICA PARA ACESSO AO BARRILETE E IMPERMEABILIZADA ","UN",1,118000,142124.5836071118,142124.57999999999,1.280157095470259E-2,0.34234709117147821,"A"]
["20.8","COMPOSIÇÃO","COMP-956512","PÓRTICO DE ENTRADA COM ESTRUTURA EM CHAPA METALICA, PILAR COM ALTRUA DE 8,30 M E OUTRO COM 7,25 M, E VIGA COM 16,30 M DE COMPRIMENTO POR 1,50 M DE ALTURA, COM ALTURA UTIL 4,70 M, COM BASE EM CONCRETO ARMADO DIMENSIONADO PARA SUPORTAR TODA A ESTRUTURA, PINTADO COM FUNDO ANTI-CORROSIVO, REVESTICO EM ALUMINIO COMPOSTO ( ACM ) 3MM NAS CORES VERDE, BRANCA E VERMELHO CONFORME DETALHAMENTO DA FACHADA. INCLUSO AS INSTALAÇÕES E CONFECÇÃO DE LETRAS TIPO CAIXA ALTA EM INOX CONFORME DETALHAMENTO ESPECIFICO. ","UN",1,117232.59999999999,141200.29203541606,141200.29,1.2718317487795446E-2,0.35506540865927366,"A"]
["5.1.5","COMPOSIÇÃO","COMP-92414","MONTAGEM E DESMONTAGEM DE FÔRMA DE PILARES RETANGULARES E ESTRUTURAS SIMILARES COM ÁREA MÉDIA DAS SEÇÕES MENOR OU IGUAL A 0,25 M², PÉ-DIREITO SIMPLES, EM CHAPA DE MADEIRA COMPENSADA RESINADA, 2 UTILIZAÇÕES. AF_12/2015","M2",968.3,115.63414,139.27503388361416,134860.01999999999,1.2147231077007301E-2,0.36721263973628099,"A"]
["7.2.1","SINAPI",94216,"TELHAMENTO COM TELHA METÁLICA TERMOACÚSTICA E = 30 MM, COM ATÉ 2 ÁGUAS, INCLUSO IÇAMENTO. AF_07/2019","M2",455.75,229.74,276.70933760930393,126110.28,1.1359116751918712E-2,0.37857175648819968,"A"]
["9.4.1","COMPOSIÇÃO","COMP-7702","FORRO EM PLACAS DE GESSO, PARA AMBIENTES COMERCIAIS. AF_05/2017_P","M2",1797.05,56.811279000000006,68.426096373410644,122965.12,1.1075823116828339E-2,0.38964757960502805,"A"]
["11.3.1","SINAPI",98522,"ALAMBRADO EM MOURÕES DE CONCRETO, COM TELA DE ARAME GALVANIZADO (INCLUSIVE MURETA EM CONCRETO). AF_05/2018","M",750,130.96,157.73419889141832,118300.65,1.0655680846778488E-2,0.40030326045180653,"A"]
["9.1.3","SINAPI",87529,"MASSA ÚNICA, PARA RECEBIMENTO DE PINTURA, EM ARGAMASSA TRAÇO 1:2:8, PREPARO MECÂNICO COM BETONEIRA 400L, APLICADA MANUALMENTE EM FACES INTERNAS DE PAREDES, ESPESSURA DE 20MM, COM EXECUÇÃO DE TALISCAS. AF_06/2014","M2",3319.28,27.55,33.182476935389239,110141.93,9.920801398202098E-3,0.41022406185000865,"A"]
["5.3.1","SINAPI",92768,"ARMAÇÃO DE LAJE DE UMA ESTRUTURA CONVENCIONAL DE CONCRETO ARMADO EM UM EDIFÍCIO DE MÚLTIPLOS PAVIMENTOS UTILIZANDO AÇO CA-60 DE 5,0 MM - MONTAGEM. AF_12/2015","KG",5195.8999999999996,17.309999999999999,20.848953747789025,108329.08,9.7575127685700352E-3,0.41998157461857866,"A"]
["11.5.2","COMPOSIÇÃO","COMP-6455 ","GUARDA-CORPO EM TUBO SUPERIOR DE AÇO GALVANIZADO D=3\" 80mm ","M",112.5,791.42655999999999,953.2302567424482,107238.39999999999,9.659272074322248E-3,0.42964084669290092,"A"]
["5.3.5","SINAPI",92490,"MONTAGEM E DESMONTAGEM DE FÔRMA DE LAJE NERVURADA COM CUBETA E ASSOALHO, PÉ-DIREITO SIMPLES, EM CHAPA DE MADEIRA COMPENSADA RESINADA, 8 UTILIZAÇÕES. AF_09/2020","M2",2092.1,42.25,50.887827605088759,106462.42,9.5893773169943453E-3,0.43923022400989525,"A"]
["7.2.2","SINAPI",94213,"TELHAMENTO COM TELHA DE AÇO/ALUMÍNIO E = 0,5 MM, COM ATÉ 2 ÁGUAS, INCLUSO IÇAMENTO. AF_07/2019","M2",1134.3699999999999,77.760000000000005,93.657691705839099,106242.48,9.5695666866601886E-3,0.44879979069655546,"A"]
["7.1.9","COMPOSIÇÃO","COMP-3579","ESTRUTURA METÁLICA EM AÇO ESTRUTURAL A -36, DOBRADO- C127X50X17X2.66","KG",5334.89,15.508500000000002,18.679144956532998,99651.18,8.9758692795422132E-3,0.45777565997609765,"A"]
["1.7","COMPOSIÇÃO","COMP-02","VIGIA NOTURNO - 2 VIGIAS COM ENCARGOS COMPLEMENTARES","MES",12,6201.9,7469.8513141775138,89638.22,8.0739730846222449E-3,0.46584963306071991,"A"]
["11.4.1","COMPOSIÇÃO","COMP-0911 ","BRISE EM CHAPA DE ALUMÍNIO 0,8mm ANODIZADO BRANCO (FORNECIMENTO E MONTAGEM) ","M2",307.75,241.11100000000002,290.40508879740963,89372.17,8.0500091935592159E-3,0.47389964225427911,"A"]
["5.2.4","SINAPI",92763,"ARMAÇÃO DE PILAR OU VIGA DE UMA ESTRUTURA CONVENCIONAL DE CONCRETO ARMADO EM UM EDIFÍCIO DE MÚLTIPLOS PAVIMENTOS UTILIZANDO AÇO CA-50 DE 12,5 MM - MONTAGEM. AF_12/2015","KG",5208.5,14.12,17.00677220790185,88579.77,7.9786354394590711E-3,0.4818782776937382,"A"]
["1.4","SINAPI",94295,"MESTRE DE OBRAS COM ENCARGOS COMPLEMENTARES","MES",12,6069.52,7310.4068025003162,87724.88,7.9016330307732155E-3,0.48977991072451144,"A"]
["10.4.3","SINAPI",94991,"EXECUÇÃO DE PASSEIO (CALÇADA) OU PISO DE CONCRETO COM CONCRETO MOLDADO IN LOCO, USINADO, ACABAMENTO CONVENCIONAL, NÃO ARMADO. AF_07/2016","M3",109.07,653.79,787.45450437706461,85887.66,7.7361493249328978E-3,0.49751606004944432,"A"]
["1.6","COMPOSIÇÃO","COMP-01","VIGILANCIA DE OBRA DIURNA - 2 VIGIAS COM ENCARGOS COMPLEMENTARES","MES",12,5848.00875,7043.6085468177662,84523.3,7.6132574835092812E-3,0.50512931753295365,"A"]
["5.3.2","SINAPI",92771,"ARMAÇÃO DE LAJE DE UMA ESTRUTURA CONVENCIONAL DE CONCRETO ARMADO EM UM EDIFÍCIO DE MÚLTIPLOS PAVIMENTOS UTILIZANDO AÇO CA-50 DE 10,0 MM - MONTAGEM. AF_12/2015","KG",4331.5,16.010000000000002,19.28317443686322,83525.070000000007,7.5233440274827959E-3,0.51265266156043643,"A"]
["9.3.2","COMPOSIÇÃO","COMP-6004","REVESTIMENTO CERÂMICO PARA PAREDES INTERNAS COM PLACAS TIPO ESMALTADA EXTRA DE DIMENSÕES 10X10 CM APLICADAS EM AMBIENTES DE ÁREA MAIOR QUE 5 M² A MEIA ALTURA DAS PAREDES. AF_06/2014","M2",1212.6199999999999,56.521899999999995,68.077555103244165,82552.2,7.4357148198207455E-3,0.52008837638025718,"A"]
["3.3.4","SINAPI",94319,"ATERRO MANUAL DE VALAS COM SOLO ARGILO-ARENOSO E COMPACTAÇÃO MECANIZADA. AF_05/2016","M3",1980.88,34.119999999999997,41.095684683683508,81405.62,7.3324390512996152E-3,0.52742081543155683,"A"]
["10.3.4","SINAPI",92399,"EXECUÇÃO DE VIA EM PISO INTERTRAVADO, COM BLOCO RETANGULAR COR NATURAL DE 20 X 10 CM, ESPESSURA 8 CM. AF_12/2015","M2",848.7,77.31,93.115691175134017,79027.289999999994,7.1182160066390939E-3,0.53453903143819592,"A"]
["5.1.6","SINAPI",92722,"CONCRETAGEM DE PILARES, FCK = 25 MPA, COM USO DE BOMBA EM EDIFICAÇÃO COM SEÇÃO MÉDIA DE PILARES MAIOR QUE 0,25 M² - LANÇAMENTO, ADENSAMENTO E ACABAMENTO. AF_12/2015","M3",109.2,576.20000000000005,694.00156842726972,75784.97,6.826170890038917E-3,0.54136520232823482,"A"]
["5.1.4","SINAPI",92764,"ARMAÇÃO DE PILAR OU VIGA DE UMA ESTRUTURA CONVENCIONAL DE CONCRETO ARMADO EM UM EDIFÍCIO DE MÚLTIPLOS PAVIMENTOS UTILIZANDO AÇO CA-50 DE 16,0 MM - MONTAGEM. AF_12/2015","KG",4546.1000000000004,13.74,16.549082870862001,75233.789999999994,6.7765245172664301E-3,0.54814172684550122,"A"]
["10.2.11","COMPOSIÇÃO","COMP-8949","PEITORIL EM GRANITO CINZA LARGURA = 19,0 cm ESPESSURA VARIÁVEL E PINGADEIRA","M2",297.75,209.07776727339999,251.82280182403898,74980.240000000005,6.7536865372663157E-3,0.55489541338276749,"A"]
["5.2.1","SINAPI",92759,"ARMAÇÃO DE PILAR OU VIGA DE UMA ESTRUTURA CONVENCIONAL DE CONCRETO ARMADO EM UM EDIFÍCIO DE MÚLTIPLOS PAVIMENTOS UTILIZANDO AÇO CA-60 DE 5,0 MM - MONTAGEM. AF_12/2015","KG",3379.2,18.39,22.149755021481237,74848.45,6.7418158317478164E-3,0.56163722921451531,"A"]
["11.5.1","SINAPI",99837,"GUARDA-CORPO DE AÇO GALVANIZADO DE 1,10M, MONTANTES TUBULARES DE 1.1/4\" ESPAÇADOS DE 1,20M, TRAVESSA SUPERIOR DE 1.1/2\", GRADIL FORMADO POR TUBOS HORIZONTAIS DE 1\" E VERTICAIS DE 3/4\", FIXADO COM CHUMBADOR MECÂNICO. AF_04/2019_P","M",96.54,630.17999999999995,759.01754319940426,73275.55,6.6001401908794208E-3,0.56823736940539471,"A"]
["12.6.6","COMPOSIÇÃO","COMP-286613","CAIXA DE PASSAGEM EM PVC (REF. CEMAR OU SIMILAR) - 120X120X75MM-SOBREPOR ","UN",57,1065.56,1283.4090788846952,73154.320000000007,6.5892206550268711E-3,0.57482659006042158,"A"]
["12.10.12","COMPOSIÇÃO","COMP-6619A","POSTE CURVO TELECÔNICO DE ENGASTAR, GALVANIZADO A FOGO, H(TOTAL)= 10 METROS, DA FORTLIGHT OU SIMILAR DUPLO","un",22,2630.1485999999995,3167.8709711849829,69693.16,6.2774639882660728E-3,0.5811040540486877,"A"]
["10.1.1","COMPOSIÇÃO","IFMT 234.08.2020","LASTRO DE CONCRETO, PREPARO MECÂNICO, INCLUSOS ADITIVO IMPERMEABILIZANTE, LANÇAMENTO E ADENSAMENTO","M3",100.87,542.30999999999995,653.18290623705752,65886.559999999998,5.9345925440994762E-3,0.58703864659278715,"A"]
["1.3","SINAPI",100321,"TÉCNICO EM SEGURANÇA DO TRABALHO COM ENCARGOS COMPLEMENTARES","MES",12,4526.8999999999996,5452.4048943307998,65428.86,5.8933661846198747E-3,0.59293201277740704,"A"]
["5.1.4","SINAPI",92764,"ARMAÇÃO DE PILAR OU VIGA DE UMA ESTRUTURA CONVENCIONAL DE CONCRETO ARMADO EM UM EDIFÍCIO DE MÚLTIPLOS PAVIMENTOS UTILIZANDO AÇO CA-50 DE 16,0 MM - MONTAGEM. AF_12/2015","KG",3948.5,13.74,16.549082870862001,65344.05,5.8857271032402266E-3,0.59881773988064724,"A"]
["2.13","SINAPI",98459,"TAPUME COM TELHA METÁLICA. AF_05/2018","M2",596,85.51,102.99214529020449,61383.32,5.5289727253034953E-3,0.60434671260595074,"A"]
["13.5.2.1.1","SINAPI",92336,"TUBO DE AÇO GALVANIZADO COM COSTURA, CLASSE MÉDIA, CONEXÃO RANHURADA, DN 65 (2 1/2\"), INSTALADO EM PRUMADAS - FORNECIMENTO E INSTALAÇÃO. AF_10/2020","M",346,145,174.64461544941705,60427.040000000001,5.4428378268041441E-3,0.60978955043275485,"A"]
["5.3.1","SINAPI",92770,"ARMAÇÃO DE LAJE DE UMA ESTRUTURA CONVENCIONAL DE CONCRETO ARMADO EM UM EDIFÍCIO DE MÚLTIPLOS PAVIMENTOS UTILIZANDO AÇO CA-50 DE 8,0 MM - MONTAGEM. AF_12/2015","KG",2822.6,17.420000000000002,20.981442766405827,59222.22,5.3343162134586912E-3,0.61512386664621355,"A"]
["16.1.1","COMPOSIÇÃO","IFMT 247.08.2020","PLANTIO DE GRAMA EM PLACAS COM TERRA PRETA","M2",2503.38,18.945706999999999,22.819073885740195,57124.81,5.1453964436616387E-3,0.62026926308987518,"A"]
["11.5.3","SINAPI",99855,"CORRIMÃO SIMPLES, DIÂMETRO EXTERNO = 1 1/2\", EM AÇO GALVANIZADO. AF_04/2019_P","M",396.26,115.42,139.01711389773595,55086.92,4.9618378119817503E-3,0.62523110090185696,"A"]
["15.1.2","SINAPI",88497,"APLICAÇÃO E LIXAMENTO DE MASSA LÁTEX EM PAREDES, DUAS DEMÃOS. AF_06/2014","M2",3620.57,12.37,14.898992366270956,53942.84,4.8587872256732022E-3,0.6300898881275302,"A"]
["4.2.7","SINAPI",96557,"CONCRETAGEM DE BLOCOS DE COROAMENTO E VIGAS BALDRAMES, FCK 30 MPA, COM USO DE BOMBA \u0096 LANÇAMENTO, ADENSAMENTO E ACABAMENTO. AF_06/2017","M3",72.2,610.04,734.76000833629223,53049.67,4.7783368269482826E-3,0.63486822495447848,"A"]
["15.1.3","SINAPI",88489,"APLICAÇÃO MANUAL DE PINTURA COM TINTA LÁTEX ACRÍLICA EM PAREDES, DUAS DEMÃOS. AF_06/2014","M2",3620.57,11.98,14.429258572993215,52242.14,4.7056002700975891E-3,0.63957382522457606,"A"]
["5.2.1","SINAPI",95943,"ARMAÇÃO DE ESCADA, DE UMA ESTRUTURA CONVENCIONAL DE CONCRETO ARMADO UTILIZANDO AÇO CA-60 DE 5,0 MM - MONTAGEM. AF_11/2020","KG",1836.1,23.28,28.039494121809856,51483.32,4.6372511634768521E-3,0.64421107638805286,"A"]
["10.2.3","COMPOSIÇÃO","COMP-5935","GRANITO CINZA SEM POLIMENTO, PEÇAS 50x50cm","M2",120.06,354.197901,426.61211181472891,51219.05,4.6134476021491835E-3,0.64882452399020207,"A"]
["12.7.14","SINAPI",92996,"CABO DE COBRE FLEXÍVEL ISOLADO, 150 MM², ANTI-CHAMA 0,6/1,0 KV, PARA DISTRIBUIÇÃO - FORNECIMENTO E INSTALAÇÃO. AF_12/2015","M",262.8,160.69,193.54236728666774,50862.93,4.5813708463312329E-3,0.65340589483653333,"A"]
["5.3.1","SINAPI",92769,"ARMAÇÃO DE LAJE DE UMA ESTRUTURA CONVENCIONAL DE CONCRETO ARMADO EM UM EDIFÍCIO DE MÚLTIPLOS PAVIMENTOS UTILIZANDO AÇO CA-50 DE 6,3 MM - MONTAGEM. AF_12/2015","KG",2378,17.61,21.210287434925753,50438.06,4.5431015796672646E-3,0.65794899641620064,"A"]
["5.2.7","SINAPI",92764,"ARMAÇÃO DE PILAR OU VIGA DE UMA ESTRUTURA CONVENCIONAL DE CONCRETO ARMADO EM UM EDIFÍCIO DE MÚLTIPLOS PAVIMENTOS UTILIZANDO AÇO CA-50 DE 16,0 MM - MONTAGEM. AF_12/2015","KG",2961.82,13.74,16.549082870862001,49015.4,4.4149584890462255E-3,0.66236395490524691,"A"]
["11.2.1","COMPOSIÇÃO","COMP-079083","JANELA ALUMINIO, BASCULANTE, SERIE 25 - COM VIDRO TEMPERADO E=6MM, COM SISTEMA DE REGULAGEM INTERNO - FORNECIMENTO E INSTALAÇÃO ","M2    ",124.44,326.92700000000002,393.76579444849358,49000.22,4.4135911826514249E-3,0.6667775460878983,"A"]
["5.3.7","SINAPI",92726,"CONCRETAGEM DE VIGAS E LAJES, FCK=20 MPA, PARA LAJES MACIÇAS OU NERVURADAS COM USO DE BOMBA EM EDIFICAÇÃO COM ÁREA MÉDIA DE LAJES MAIOR QUE 20 M² - LANÇAMENTO, ADENSAMENTO E ACABAMENTO. AF_12/2015","M3",71.7,556.95000000000005,670.81599016932989,48097.51,4.3322814886032901E-3,0.67110982757650162,"A"]
["12.7.12","SINAPI",92992,"CABO DE COBRE FLEXÍVEL ISOLADO, 95 MM², ANTI-CHAMA 0,6/1,0 KV, PARA DISTRIBUIÇÃO - FORNECIMENTO E INSTALAÇÃO. AF_12/2015","M",395.1,100.25,120.74567378485557,47706.62,4.297072898572743E-3,0.67540690047507435,"A"]
["6.2.2","SINAPI",98546,"IMPERMEABILIZAÇÃO DE SUPERFÍCIE COM MANTA ASFÁLTICA, UMA CAMADA, INCLUSIVE APLICAÇÃO DE PRIMER ASFÁLTICO, E=3MM. AF_06/2018","M2",420.28,93.93,113.13357744250858,47547.78,4.2827657215141019E-3,0.67968966619658844,"A"]
["5.2.3","SINAPI",92761,"ARMAÇÃO DE PILAR OU VIGA DE UMA ESTRUTURA CONVENCIONAL DE CONCRETO ARMADO EM UM EDIFÍCIO DE MÚLTIPLOS PAVIMENTOS UTILIZANDO AÇO CA-50 DE 8,0 MM - MONTAGEM. AF_12/2015","KG",2140.6,18.079999999999998,21.776376878106618,46614.51,4.1987034000993597E-3,0.68388836959668775,"A"]
["5.1.2","SINAPI",92762,"ARMAÇÃO DE PILAR OU VIGA DE UMA ESTRUTURA CONVENCIONAL DE CONCRETO ARMADO EM UM EDIFÍCIO DE MÚLTIPLOS PAVIMENTOS UTILIZANDO AÇO CA-50 DE 10,0 MM - MONTAGEM. AF_12/2015","KG",2232.5,16.53,19.909486161233545,44447.93,{"$f":"I79/$I$877","v":4.003553288844575E-3},0.68789192288553236,{"$f":"IF(K79<=$J$11,\"A\",IF(K79<=$K$11,\"B\",\"C\"))","v":"A"}]
["1.5","SINAPI",93563,"ALMOXARIFE COM ENCARGOS COMPLEMENTARES","MES",12,3044.84,3667.344213137952,44008.13,3.9639392340070643E-3,{"$f":"K79+J80","v":0.69185586211953942},"A"]
["9.4.3","COMPOSIÇÃO","COMP-0595","FORRO ACÚSTICO TIPO \"SONEX\" EM PLACAS DE FIBRA MINERAL C/PERFIL \"T\" EM AÇO - FORNECIMENTO E MONTAGEM","M2",211.5,169.70007100000001,204.3945078726467,43229.440000000002,3.8938003791607221E-3,0.69574966249870018,"A"]
["19.1.29","COMPOSIÇÃO","COMP-SESC-04","FORNECIMENTO E INSTALAÇÃO DE AR CONDICIONADO SPLIT INVERTER, 24000 BTU/H DE PAREDE","UN    ",7,5047.6100000000006,6079.5717750940139,42557,3.8332317683491355E-3,0.69958289426704934,"A"]
["8.1.3","SINAPI",93202,"FIXAÇÃO (ENCUNHAMENTO) DE ALVENARIA DE VEDAÇÃO COM TIJOLO MACIÇO. AF_03/2016","M",1519.66,23.16,27.894960646955163,42390.86,3.8182670592297537E-3,0.70340116132627906,"A"]
["11.1.1","SINAPI",91341,"PORTA EM ALUMÍNIO DE ABRIR TIPO VENEZIANA COM GUARNIÇÃO, FIXAÇÃO COM PARAFUSOS - FORNECIMENTO E INSTALAÇÃO. 0,90M x 2,10M","M2",62.370000000000005,532.55999999999995,641.43956140511398,40006.589999999997,3.6035089816321363E-3,0.70700467030791114,"A"]
["9.1.1","SINAPI",87894,"CHAPISCO APLICADO EM ALVENARIA (SEM PRESENÇA DE VÃOS) E ESTRUTURAS DE CONCRETO DE FACHADA, COM COLHER DE PEDREIRO.  ARGAMASSA TRAÇO 1:3 COM PREPARO EM BETONEIRA 400L. AF_06/2014","M2",6388.54,5.19,6.2510727874653416,39935.230000000003,3.5970813805561823E-3,0.71060175168846729,"A"]
["5.1.1","SINAPI",92759,"ARMAÇÃO DE PILAR OU VIGA DE UMA ESTRUTURA CONVENCIONAL DE CONCRETO ARMADO EM UM EDIFÍCIO DE MÚLTIPLOS PAVIMENTOS UTILIZANDO AÇO CA-60 DE 5,0 MM - MONTAGEM. AF_12/2015","KG",1801.4,18.39,22.149755021481237,39900.57,3.5939594543609385E-3,0.7141957111428282,"A"]
["12.10.11","COMPOSIÇÃO","COMP-7221 ","LUMINÁRIA EM LED PARA ILUMINAÇÃO PÚBLICA,150W,BIVOLT,SELO A INMETRO,CORPO EM ALUMÍNIO INJ,FP 0,97, PROT. DPS 10KV, IP66, IK09, TEMP. COR 5000K, IRC= OU 70%, V. ÚTIL 50.000H, 135 LM/W.GAR.5 ANOS, MODELO FLEDSS09P 150 - 150W FORTLIGHT OU SIMILAR ","un",22,1503.2399999999998,1810.5708395047009,39832.559999999998,3.5878335974498443E-3,0.71778354474027806,"A"]
["3.1.2","COMPOSIÇÃO","COMP-879649","TRANSPORTE DE COLETA E DESCARTES DE MATERIAIS","M3",556.25,59.004000000000005,71.06710958605106,39531.08,3.5606784240700979E-3,0.72134422316434821,"A"]
["12.7.11","SINAPI",92990,"CABO DE COBRE FLEXÍVEL ISOLADO, 70 MM², ANTI-CHAMA 0,6/1,0 KV, PARA DISTRIBUIÇÃO - FORNECIMENTO E INSTALAÇÃO. AF_12/2015","M",428.7,75.78,91.272889370736721,39128.69,3.5244339958616713E-3,0.72486865716020987,"A"]
["12.7.2","SINAPI",91926,"CABO DE COBRE FLEXÍVEL ISOLADO, 2,5 MM², ANTI-CHAMA 450/750 V, PARA CIRCUITOS TERMINAIS - FORNECIMENTO E INSTALAÇÃO. AF_12/2015","M",8175.75,3.94,4.7455157577289873,38798.15,3.494661304442865E-3,0.72836331846465274,"A"]
["7.1.5","COMPOSIÇÃO","COMP-8946","ESTRUTURA METÁLICA EM AÇO ESTRUTURAL A -36, DOBRADO- U100X40X2,66","KG",2136.79,14.959499999999998,18.017904309072787,38500.480000000003,3.4678493087550938E-3,0.73183116777340784,"A"]
["4.2.6","SINAPI",92269,"FABRICAÇÃO DE FÔRMA PARA PILARES E ESTRUTURAS SIMILARES, EM MADEIRA SERRADA, E=25 MM. AF_09/2020","M2",235.5,135.58000000000001,163.2987376733239,38456.85,3.4639194287811041E-3,0.73529508720218895,"A"]
["7.1.6","COMPOSIÇÃO","COMP-5617","ESTRUTURA METÁLICA EM AÇO ESTRUTURAL A -36, DOBRADO- U150X50X4,76","KG",1982.56,16.057500000000001,19.340385603993202,38343.47,3.4537069650760633E-3,0.73874879416726502,"A"]
["13.2.4.6","SINAPI",92917,"ARMAÇÃO DE ESTRUTURAS DE CONCRETO ARMADO, EXCETO VIGAS, PILARES, LAJES E FUNDAÇÕES, UTILIZANDO AÇO CA-50 DE 8,0 MM - MONTAGEM. AF_12/2015","KG",1658.85,18.72,22.547222077331632,37402.46,3.3689474795311654E-3,0.74211774164679623,"A"]
["18.11.3","SINAPI",92984,"CABO DE COBRE FLEXÍVEL ISOLADO, 25 MM², ANTI-CHAMA 0,6/1,0 KV, PARA DISTRIBUIÇÃO - FORNECIMENTO E INSTALAÇÃO. AF_12/2015","M",1040,28.77,34.65190059641192,36037.980000000003,3.2460448293613457E-3,0.74536378647615753,"A"]
["12.7.15","SINAPI",93000,"CABO DE COBRE FLEXÍVEL ISOLADO, 240 MM², ANTI-CHAMA 0,6/1,0 KV, PARA DISTRIBUIÇÃO - FORNECIMENTO E INSTALAÇÃO. AF_12/2015","M",114.3,258.43,311.26488255581273,35577.58,3.2045752730921551E-3,0.74856836174924968,"A"]
["7.1.3","COMPOSIÇÃO","COMP-2142","ESTRUTURA METÁLICA EM AÇO LAMINADO A-36 - 250MPa L 70X70X5,0","KG",1493.85,18.374877171600001,22.131540396995547,33061.199999999997,2.9779176666528285E-3,0.75154627941590246,"A"]
["15.3.4","COMPOSIÇÃO","IFMT 223.07.2020","FUNDO ANTICORROSIVO A BASE DE OXIDO DE FERRO (ZARCAO), DUAS DEMAOS","M2",1390.22,19.4374,23.411291367837922,32546.85,2.9315886782361081E-3,0.75447786809413853,"A"]
["11.4.2","COMPOSIÇÃO","COMP-2284 ","BRISE EM PERFIL \"C\" DE ALUMÍNIO DOBRADO ANODIZADO BRANCO (FORNECIEMNTO E MONTAGEM) ","M2",104.89,256.00839999999999,308.34819703324507,32342.639999999999,2.9131948943835204E-3,0.7573910629885221,"A"]
["15.3.2","COMPOSIÇÃO","IFMT 221.07.2020","PINTURA ESMALTE FOSCO, DUAS DEMAOS, SOBRE SUPERFICIE METALICA, INCLUSO UMA DEMAO DE FUNDO ANTICORROSIVO. UTILIZACAO DE REVOLVER ( AR-COMPRIMIDO).","M2",1612.53,16.386219999999998,19.736310969445146,31825.39,2.8666046946002042E-3,0.76025766768312231,"A"]
["7.1.8","COMPOSIÇÃO","COMP-4726","ESTRUTURA METÁLICA EM AÇO ESTRUTURAL A -36, DOBRADO- C150X60X20X3,04","KG",2730.92,9.5884999999999998,11.548826863701622,31538.92,2.8408015152248021E-3,0.76309846919834712,"A"]
["15.1.4","SINAPI",88426,"APLICAÇÃO MANUAL DE PINTURA COM TINTA TEXTURIZADA ACRÍLICA EM PANOS CEGOS DE FACHADA (SEM PRESENÇA DE VÃOS) DE EDIFÍCIOS DE MÚLTIPLOS PAVIMENTOS, DUAS CORES. AF_06/2014","M2",1635.95,15.73,18.945929662202278,30994.59,2.7917721417147928E-3,0.76589024134006189,"A"]
["12.1.46","ORSE",9512,"Painel modular 1700x600x400mm com tampa traseira e lateral, placa de montagem e porta dianteira, com base soleira","cj",1,25646.48,30889.790601594243,30889.79,2.7823325033633347E-3,0.76867257384342524,"A"]
["7.1.2","COMPOSIÇÃO","COMP-4890","ESTRUTURA METÁLICA EM AÇO LAMINADO A-36 - 250MPa L 40X40X5,0","KG",1413.38,17.862994,21.515004951070647,30408.880000000001,2.7390155522221175E-3,0.77141158939564736,"A"]
["2.5","SINAPI",93212,"EXECUÇÃO DE SANITÁRIO E VESTIÁRIO EM CANTEIRO DE OBRA EM CHAPA DE MADEIRA COMPENSADA, NÃO INCLUSO MOBILIÁRIO. AF_02/2016","M2",30.1,814.28,980.75598253897454,29520.76,2.6590200215666146E-3,0.77407060941721395,"A"]
["12.2.1.1","SINAPI",91854,"ELETRODUTO FLEXÍVEL CORRUGADO, PVC, DN 25 MM (3/4\"), PARA CIRCUITOS TERMINAIS, INSTALADO EM PAREDE - FORNECIMENTO E INSTALAÇÃO. AF_12/2015","M",3477.19,7.03,8.4672527352372544,29442.25,2.6519483993626743E-3,0.77672255781657662,"A"]
["5.1.2","SINAPI",92762,"ARMAÇÃO DE PILAR OU VIGA DE UMA ESTRUTURA CONVENCIONAL DE CONCRETO ARMADO EM UM EDIFÍCIO DE MÚLTIPLOS PAVIMENTOS UTILIZANDO AÇO CA-50 DE 10,0 MM - MONTAGEM. AF_12/2015","KG",1448.1,16.53,19.909486161233545,28830.93,2.5968850432843043E-3,0.77931944285986088,"A"]
["2.1","SINAPI",99059,"LOCACAO CONVENCIONAL DE OBRA, UTILIZANDO GABARITO DE TÁBUAS CORRIDAS PONTALETADAS A CADA 2,00M -  2 UTILIZAÇÕES. AF_10/2018","M",569,41.85,50.406049355573124,28681.040000000001,2.5833840185467091E-3,0.78190282687840762,"A"]
["1.2","COMPOSIÇÃO","IFMT 242.08.2020","ENGENHEIRO ELETRICISTA COM ENCARGOS COMPLEMENTARES","MES",1.5,15858.630000000001,19100.857502790266,28651.29,2.5807043502169775E-3,0.78448353122862458,"A"]
["3.3.7","COMPOSIÇÃO","IFMT 231.08.2020","BASE DE SOLO COMPACTACAO 100% PROCTOR MODIFICADO, EXCLUSIVE ESCAVACAO, CARGA E TRANSPORTE","M3",339.15,69.367696050000021,83.549617939753787,28335.85,2.5522917593621694E-3,0.7870358229879868,"A"]
["9.4.2","COMPOSIÇÃO","COMP-8777","TABICA METÁLICA 3x3cm PARA FORRO DE GESSO FORNECIMENTO E MONTAGEM","M2",1519.66,15.410000000000002,18.560507062589771,28205.66,2.5405651704597239E-3,0.78957638815844655,"A"]
["12.7.3","SINAPI",91928,"CABO DE COBRE FLEXÍVEL ISOLADO, 4 MM², ANTI-CHAMA 450/750 V, PARA CIRCUITOS TERMINAIS - FORNECIMENTO E INSTALAÇÃO. AF_12/2015","M",3561.75,6.56,7.9011632920563839,28141.97,2.5348284284119728E-3,0.79211121658685857,"A"]
["4.2.1","SINAPI",96543,"ARMAÇÃO DE BLOCO, VIGA BALDRAME E SAPATA UTILIZANDO AÇO CA-60 DE 5 MM - MONTAGEM. AF_06/2017","KG",1124.5999999999999,20.59,24.799535393817219,27889.56,2.5120931315007946E-3,0.79462330971835937,"A"]
["8.3.1","COMPOSIÇÃO","COMP-9589","DIVISÓRIA DE GRANITO CINZA E=2cm","M2",37.85,604.01910100000009,727.50816288446629,27536.18,2.4802631753878352E-3,0.79710357289374723,"A"]
["10.5.2","COMPOSIÇÃO","COMP-1625 ","PISO TÁTIL DE ALERTA/DIRECIONAL EM PLACAS PRÉ-MOLDADAS - 5MPa ","M",896.5,25.174101,30.320835782274379,27182.63,2.44841790688442E-3,0.79955199080063166,"A"]
["12.7.9","SINAPI",92986,"CABO DE COBRE FLEXÍVEL ISOLADO, 35 MM², ANTI-CHAMA 0,6/1,0 KV, PARA DISTRIBUIÇÃO - FORNECIMENTO E INSTALAÇÃO. AF_12/2015","M",571.4,39.1,47.093823890153146,26909.41,2.4238081932357052E-3,0.80197579899386739,"B"]
["9.5.1","COMPOSIÇÃO","COMP-785422","PLACA CIMENTÍCIA ESP = 8mm EM FACHADAS FIXADA EM ESTRUTURA METÁLICA","M2",97.44,224.99881999999999,270.99884410670762,26406.13,2.3784763116563002E-3,0.80435427530552372,"B"]
["10.3.5","SINAPI",94268,"GUIA (MEIO-FIO) E SARJETA CONJUGADOS DE CONCRETO, MOLDADA  IN LOCO  EM TRECHO CURVO COM EXTRUSORA, 45 CM BASE (15 CM BASE DA GUIA + 30 CM BASE DA SARJETA) X 22 CM ALTURA. AF_06/2016","M",441.84,49.55,59.680280658749062,26369.14,2.3751445156389296E-3,0.80672941982116264,"B"]
["5.1.3","SINAPI",92763,"ARMAÇÃO DE PILAR OU VIGA DE UMA ESTRUTURA CONVENCIONAL DE CONCRETO ARMADO EM UM EDIFÍCIO DE MÚLTIPLOS PAVIMENTOS UTILIZANDO AÇO CA-50 DE 12,5 MM - MONTAGEM. AF_12/2015","KG",1542.2,14.12,17.00677220790185,26227.84,2.3624172169837672E-3,0.80909183703814636,"B"]
["5.3.3","SINAPI",92772,"ARMAÇÃO DE LAJE DE UMA ESTRUTURA CONVENCIONAL DE CONCRETO ARMADO EM UM EDIFÍCIO DE MÚLTIPLOS PAVIMENTOS UTILIZANDO AÇO CA-50 DE 12,5 MM - MONTAGEM. AF_12/2015","KG",1575.1,13.72,16.524993958386219,26028.52,2.3444638895389908E-3,0.81143630092768537,"B"]
["13.4.1.2","SINAPI",89580,"TUBO PVC, SÉRIE R, ÁGUA PLUVIAL, DN 150 MM, FORNECIDO E INSTALADO EM CONDUTORES VERTICAIS DE ÁGUAS PLUVIAIS. AF_12/2014","M",252.45,84.89,102.24538900345526,25811.85,2.3249477975388921E-3,0.81376124872522426,"B"]
["12.3.1","COMPOSIÇÃO","COMP-5784 ","LUMINÁRIA LED COMPLETA (2 X 40)W ","UN",392,54.637263000000004,65.807612316163187,25796.58,2.3235723845844384E-3,0.81608482110980873,"B"]
["13.4.3.1","COMPOSIÇÃO","COMP-0567 ","CAIXA DE AREIA COM GRELHA E FUNDO COM BRITA- 80X80X60CM EM ALVENARIA - EXECUÇÃO ","UN",28,723.26501699999994,871.13338456538668,24391.73,2.1970334920458365E-3,0.81828185460185454,"B"]
["10.4.2","SINAPI",93679,"EXECUÇÃO DE PASSEIO EM PISO INTERTRAVADO, COM BLOCO RETANGULAR COLORIDO DE 20 X 10 CM, ESPESSURA 6 CM. AF_12/2015","M2",251.36,79.25,95.45231568528483,23992.89,2.161108822579277E-3,0.82044296342443379,"B"]
["4.2.2","SINAPI",96546,"ARMAÇÃO DE BLOCO, VIGA BALDRAME OU SAPATA UTILIZANDO AÇO CA-50 DE 10 MM - MONTAGEM. AF_06/2017","KG",1120.5,17.53,21.113931785022626,23658.16,2.1309587257721829E-3,0.82257392215020597,"B"]
["12.10.13","COMPOSIÇÃO","COMP-6619B","POSTE CURVO TELECÔNICO DE ENGASTAR, GALVANIZADO A FOGO, H(TOTAL)= 9 METROS, DA FORTLIGHT OU SIMILAR DUPLO","un",8,2322.6785999999997,2797.540075238554,22380.32,2.0158599903616213E-3,0.82458978214056755,"B"]
["12.10.14","COMPOSIÇÃO","COMP-6619C","POSTE CURVO TELECÔNICO DE ENGASTAR, GALVANIZADO A FOGO, H(TOTAL)= 9 METROS, DA FORTLIGHT OU SIMILAR SIMPLES","un",8,2247.5485999999996,2707.0500755232797,21656.400000000001,1.9506544274285364E-3,0.82654043656799614,"B"]
["18.16.1","COMPOSIÇÃO","COMP-415164","GRADIL COM MONTANTES EM TUBO GALVANIZADO 2\" E FECHAMENTO EM BARRA CHATA 1\" X 1/4\" - VEÍCULO DUAS FOLHAS- 2,50X2X2 ","M²",20,894.8655,1077.8168353548297,21556.34,1.9416417345521349E-3,0.82848207830254827,"B"]
["10.2.4","COMPOSIÇÃO","IFMT 241.08.2020","PISO VINILICO SEMIFLEXIVEL PADRAO LISO, ESPESSURA 2MM, FIXADO COM COLA","M2",174.52,101.1611,121.84304419268982,21264.05,1.9153143309858409E-3,0.83039739263353407,"B"]
["5.1.4","SINAPI",92765,"ARMAÇÃO DE PILAR OU VIGA DE UMA ESTRUTURA CONVENCIONAL DE CONCRETO ARMADO EM UM EDIFÍCIO DE MÚLTIPLOS PAVIMENTOS UTILIZANDO AÇO CA-50 DE 20,0 MM - MONTAGEM. AF_12/2015","KG",1066.9000000000001,15.79,19.01819639962962,20290.509999999998,1.8276247744908197E-3,0.8322250174080249,"B"]
["2.4","SINAPI",93210,"EXECUÇÃO DE REFEITÓRIO EM CANTEIRO DE OBRA EM CHAPA DE MADEIRA COMPENSADA, NÃO INCLUSO MOBILIÁRIO E EQUIPAMENTOS. AF_02/2016","M2",33.54,495.11,596.33307279421297,20001.009999999998,1.8015486742737677E-3,0.83402656608229864,"B"]
["4.1.9","SINAPI",96558,"CONCRETAGEM DE SAPATAS, FCK 30 MPA, COM USO DE BOMBA \u0096 LANÇAMENTO, ADENSAMENTO E ACABAMENTO. AF_11/2016","M3",26,615.76,741.64943730436573,19282.89,1.7368655340738741E-3,0.83576343161637257,"B"]
["13.3.3.1","COMPOSIÇÃO","COMP-74125/002","ESPELHO CRISTAL ESPESSURA 4MM, COM MOLDURA EM ALUMINIO E COMPENSADO 6MM PLASTIFICADO COLADO","M2",23.84,666.55680000000007,802.8314207668551,19139.5,1.723949983088993E-3,0.83748738159946157,"B"]
["14.6","COMPOSIÇÃO","COMP-4346 ","ESPUMA ELASTOMÉRICA ,INCLUSIVE FITA DE VEDAÇÃO PARA TUBULAÇÃO RÍGIDA DE 22MM ","M",172.15,89.518000000000001,107.81956335035113,18561.14,1.6718554293013105E-3,0.83915923702876283,"B"]
["14.5","SINAPI",97335,"TUBO EM COBRE RÍGIDO, DN 22 MM, CLASSE A, SEM ISOLAMENTO, INSTALADO EM PRUMADA \u0096 FORNECIMENTO E INSTALAÇÃO. AF_12/2015","M",172.15,88.67,106.79819346137799,18385.310000000001,1.6560179139259593E-3,0.84081525494268883,"B"]
["5.1.4","SINAPI",92765,"ARMAÇÃO DE PILAR OU VIGA DE UMA ESTRUTURA CONVENCIONAL DE CONCRETO ARMADO EM UM EDIFÍCIO DE MÚLTIPLOS PAVIMENTOS UTILIZANDO AÇO CA-50 DE 20,0 MM - MONTAGEM. AF_12/2015","KG",947.8,15.79,19.01819639962962,18025.45,1.6236042855179858E-3,0.84243885922820683,"B"]
["20.3","COMPOSIÇÃO","IFMT 244.08.2020","ELABORAÇÃO DE PROJETO \"AS BUILT\" ARQUITETÔNICO E COMPLEMENTARES, EXCLUSIVE ELÉTRICO, E REGULAIZAÇÃO PERANTE A PREFEITURA","M2",2500,5.8622399999999999,7.0607493136013142,17651.87,1.5899548571273597E-3,0.84402881408533414,"B"]
["20.5","COMPOSIÇÃO","IFMT 246.08.2020","ELABORAÇÃO DE PROJETO \"AS BUILT\" DE SEGURANÇA DO TRABALHO E REGULAIZAÇÃO PERANTE O CORPO DE BOMBEIRO","M2",2500,5.8622399999999999,7.0607493136013142,17651.87,1.5899548571273597E-3,0.84561876894246146,"B"]
["13.4.1.1","SINAPI",89512,"TUBO PVC, SÉRIE R, ÁGUA PLUVIAL, DN 100 MM, FORNECIDO E INSTALADO EM RAMAL DE ENCAMINHAMENTO. AF_12/2014","M",230.06,62.37,75.121273555725111,17282.400000000001,1.5566756282942196E-3,0.84717544457075566,"B"]
["7.1.1","COMPOSIÇÃO","COMP-0967","ESTRUTURA METÁLICA EM AÇO LAMINADO A-36 - 250MPa L 20X20X3,0","KG",1124.4000000000001,12.698499999999999,15.29465275368567,17197.310000000001,1.549011326506762E-3,0.84872445589726242,"B"]
["2.9","SINAPI",93584,"EXECUÇÃO DE DEPÓSITO EM CANTEIRO DE OBRA EM CHAPA DE MADEIRA COMPENSADA, NÃO INCLUSO MOBILIÁRIO. AF_04/2016","M2",20.79,681.31,820.60084794374006,17060.29,1.5366695397995413E-3,0.850261125437062,"B"]
["20.4","COMPOSIÇÃO","IFMT 245.08.2020","ELABORAÇÃO DE PROJETO \"AS BUILT\" ELÉTRICO E REGULAIZAÇÃO PERANTE AS CONCESSIONÁRIAS","M2",2500,5.6406999999999989,6.7939164301070791,16984.79,1.5298690369795502E-3,0.85179099447404161,"B"]
["8.2.4","COMPOSIÇÃO","COMP-5600","VERGAS E CONTRAVERGAS EM CONCRETO ESTRUTURADO COM ACO/FORMAS","M3",12.79,1084.23,1305.8960786808375,16702.41,{"$f":"I143/$I$877","v":1.5044342557039331E-3},0.85329542872974551,{"$f":"IF(K143<=$J$11,\"A\",IF(K143<=$K$11,\"B\",\"C\"))","v":"B"}]
["12.1.4","COMPOSIÇÃO","COMP-97","CABO DE COBRE #35MM² ISOLAÇÃO 12/20KV","M     ",126,108.33930000000001,130.48879576937262,16441.59,1.4809414458296275E-3,{"$f":"K143+J144","v":0.85477637017557517},"B"]
["4.2.3","SINAPI",96547,"ARMAÇÃO DE BLOCO, VIGA BALDRAME OU SAPATA UTILIZANDO AÇO CA-50 DE 12,5 MM - MONTAGEM. AF_06/2017","KG",913.6,14.92,17.97032870693312,16417.689999999999,1.478788703877339E-3,0.85625515887945247,"B"]
["12.7.13","SINAPI",92994,"CABO DE COBRE FLEXÍVEL ISOLADO, 120 MM², ANTI-CHAMA 0,6/1,0 KV, PARA DISTRIBUIÇÃO - FORNECIMENTO E INSTALAÇÃO. AF_12/2015","M",104.2,129.97,156.54179772386712,16311.66,1.4692382758772907E-3,0.85772439715532978,"B"]
["12.1.7","ORSE",9510,"Eletroduto em ferro galvanizado pesado sem costura 4\" x 3m","br",18,749.19,902.35861688654325,16242.46,1.4630052322330074E-3,0.85918740238756275,"B"]
["14.2","SINAPI",97328,"TUBO EM COBRE FLEXÍVEL, DN 3/8\", COM ISOLAMENTO, INSTALADO EM RAMAL DE ALIMENTAÇÃO DE AR CONDICIONADO COM CONDENSADORA INDIVIDUAL \u0096 FORNECIMENTO E INSTALAÇÃO. AF_12/2015","M",244.8,54.92,66.14815365849644,16193.07,1.4585565324412278E-3,0.86064595892000395,"B"]
["5.2.1","SINAPI",95946,"ARMAÇÃO DE ESCADA, DE UMA ESTRUTURA CONVENCIONAL DE CONCRETO ARMADO UTILIZANDO AÇO CA-50 DE 10,0 MM - MONTAGEM. AF_11/2020","KG",750,17.34,20.885087116502699,15663.82,1.4108854580375156E-3,0.86205684437804142,"B"]
["7.1.7","COMPOSIÇÃO","COMP-4559","ESTRUTURA METÁLICA EM AÇO ESTRUTURAL A -36, DOBRADO- U200X50X4,76","KG",1190.47,10.650499999999999,12.827948116165627,15271.29,1.3755291484755146E-3,0.86343237352651692,"B"]
["12.9.2","COMPOSIÇÃO","COMP-74131/008","QUADRO DE DISTRIBUICAO DE ENERGIA DE EMBUTIR, EM CHAPA METALICA, PARA 50 DISJUNTORES TERMOMAGNETICOS MONOPOLARES, COM BARRAMENTO TRIFASICO E NEUTRO, FORNECIMENTO E INSTALACAO","UN",8,1582.68,1906.251999858506,15250.02,1.3736132982108628E-3,0.86480598682472776,"B"]
["9.3.3","SINAPI",87267,"REVESTIMENTO CERÂMICO PARA PAREDES INTERNAS COM PLACAS TIPO ESMALTADA EXTRA DE DIMENSÕES 20X20 CM APLICADAS EM AMBIENTES DE ÁREA MAIOR QUE 5 M² A MEIA ALTURA DAS PAREDES. AF_06/2014","M2",220.69,56.51,68.063222200321079,15020.87,1.3529730966055521E-3,0.86615895992133329,"B"]
["8.2.3","COMPOSIÇÃO","COMP-9071","CHAPIM EM GRANITO POLIDO L=21cm (CONFORME PROJETO)","M2",55.2,224.35350099999999,270.22159246120964,14916.23,1.3435478699156994E-3,0.86750250779124904,"B"]
["13.4.4.1","COMPOSIÇÃO","COMP-9980 ","CALHA EM CHAPA DE AÇO GALVANIZADO Nº20, DESENVOLVIMENTO 140cm ","M",74.22,163.45377600000003,196.87118519500109,14611.78,1.3161251800674046E-3,0.86881863297131645,"B"]
["20.1","COMPOSIÇÃO","COMP-943603","LIMPEZA FINAL DA OBRA","M2",4614.67,2.605,3.1375808499705613,14478.9,1.30415629510422E-3,0.87012278926642073,"B"]
["8.2.2","COMPOSIÇÃO","COMP-0510","CHAPIM EM GRANITO POLIDO L=23cm (CONFORME PROJETO)","M2",51.2,232.80630099999999,280.40253042997404,14356.61,1.2931412819935353E-3,0.87141593054841426,"B"]
["12.11.2.1","COMPOSIÇÃO","COMP-527329","BARRA CHATA EM ALUMÍNIO 7/8\" X 1/8 X 3,0M (70MM²) - COM FUROS ∅7MM ","UN",250,47.297999999999995,56.967869113976043,14241.97,1.2828153264533527E-3,0.87269874587486762,"B"]
["3.3.6","COMPOSIÇÃO","IFMT 230.08.2020","COMPACTACAO MECANICA C/ CONTROLE DO GC>=95% DO PN (AREAS) (C/MONIVELADORA 140 HP E ROLO COMPRESSOR VIBRATORIO 80 HP)","M3",1706.25,6.9090499999999997,8.3215750370399633,14198.69,1.278916971989125E-3,0.87397766284685674,"B"]
["13.3.4.2","COMPOSIÇÃO","COMP-9756","BANCADA DE GRANITO CINZA E=2cm ","m2",25.85,453.42419999999998,546.12479341006588,14117.33,1.2715886420628403E-3,0.87524925148891963,"B"]
["6.2.1","SINAPI",98563,"PROTEÇÃO MECÂNICA DE SUPERFÍCIE HORIZONTAL COM ARGAMASSA DE CIMENTO E AREIA, TRAÇO 1:3, E=2CM. AF_06/2018","M2",420.28,27.64,33.290877041530258,13991.49,1.2602538702102884E-3,0.87650950535912997,"B"]
["12.9.3","COMPOSIÇÃO","COMP-320527","QUADRO DE DISTRIBUICAO DE ENERGIA EM CHAPA METALICA PINTADA, DE EMBUTIR, BARRAMENTO TRIFASICO 225A , PARA DISJUNTOR GERAL TIPO DIN, COM PORTA, PARA 70 DISJUNTORES TERMOMAGNETICOS UNIPOLARES MONOPOLARES, COM BARRAMENTO TRIFASICO E NEUTRO, FORNECIMENTO E INSTALACAO ","UN",6,1925.5972999999999,2319.277241165074,13915.66,1.2534236433382365E-3,0.87776292900246822,"B"]
["9.2.2","SINAPI",87535,"EMBOÇO, PARA RECEBIMENTO DE CERÂMICA, EM ARGAMASSA TRAÇO 1:2:8, PREPARO MECÂNICO COM BETONEIRA 400L, APLICADO MANUALMENTE EM FACES INTERNAS DE PAREDES, PARA AMBIENTE COM ÁREA  MAIOR QUE 10M2, ESPESSURA DE 20MM, COM EXECUÇÃO DE TALISCAS. AF_06/2014","M2",486.31,23.74,28.593539108752829,13905.32,1.2524922897069954E-3,0.87901542129217525,"B"]
["13.5.1.4.7","COMPOSIÇÃO","COMP-814083","DETECTORES DE FUMAÇA ÓPTICO ENDEREÇÁVEL ILUMAC OU SIMILAR","UN",46,246.8766,297.34944048592791,13678.07,1.2320232265832474E-3,0.88024744451875847,"B"]
["8.2.5","COMPOSIÇÃO","COMP-8462","ASSENTO DE BANCO EM PEÇAS DE MADEIRA CERTIFICADA (MAÇARANDUBA, CUMARÚ OU IPÊ) ESP.=3cm","M",14.64,775.49117000000001,934.03694599357584,13674.3,1.231683651806673E-3,0.88147912817056517,"B"]
["19.1.28","COMPOSIÇÃO","COMP-SESC-03","FORNECIMENTO E INSTALAÇÃO DE AR CONDICIONADO SPLIT INVERTER, 18000 BTU/H DE PAREDE","UN    ",3,3759.95,4528.6553231657626,13585.97,1.2237275138717086E-3,0.88270285568443685,"B"]
["16.1.2","SINAPI",98520,"APLICAÇÃO DE ADUBO EM SOLO. AF_05/2018","M2",2503.38,4.47,5.3838719383372009,13477.88,1.2139915357284922E-3,0.88391684722016539,"B"]
["13.2.3.5","COMPOSIÇÃO","COMP-7053","CALHA/CANALETA DE CONCRETO SIMPLES, TIPO MEIA CANA, D = 50 CM, PARA AGUA PLUVIAL","M",15,739.55666388079999,890.75578735528336,13361.34,1.2034944417067472E-3,0.88512034166187215,"B"]
["11.1.7","SINAPI",91341,"PORTA EM ALUMÍNIO DE ABRIR TIPO VENEZIANA COM GUARNIÇÃO, FIXAÇÃO COM PARAFUSOS - FORNECIMENTO E INSTALAÇÃO. AF_12/2019","M2",20.48,532.55999999999995,641.43956140511398,13136.68,1.1832586673552346E-3,0.88630360032922739,"B"]
["7.3.1","COMPOSIÇÃO","COMP-388053","CUMEEIRA DE ALUMÍNIO E=0.8mm","M",104.2,102.5502,123.51613960869523,12870.38,1.1592722580709481E-3,0.88746287258729839,"B"]
["19.1.27","COMPOSIÇÃO","COMP-SESC-02","FORNECIMENTO E INSTALAÇÃO DE AR CONDICIONADO SPLIT INVERTER, 12000 BTU/H DE PAREDE","UN    ",4,2660.02,3203.8494481914367,12815.4,1.1543200508518342E-3,0.8886171926381502,"B"]
["4.1.8","SINAPI",92269,"FABRICAÇÃO DE FÔRMA PARA PILARES E ESTRUTURAS SIMILARES, EM MADEIRA SERRADA, E=25 MM. AF_09/2020","M2",78,135.58000000000001,163.2987376733239,12737.3,1.1472853585307572E-3,0.8897644779966809,"B"]
["10.2.5","COMPOSIÇÃO","COMP-2801","GRANITO POLIDO E=2cm, CINZA, ARGAMASSA DE CIMENTO E AREIA 1:4, C/ REJUNTAMENTO","M",51.12,206.35730100000001,248.54614812637658,12705.68,1.1444372539060142E-3,0.89090891525058691,"B"]
["12.8.19","COMPOSIÇÃO","COMP-4192 ","SUPORTE PARA CABOS DE AÇO 38X90MM ","UN",246,42.25,50.887827605088759,12518.41,1.1275693047258853E-3,0.89203648455531281,"B"]
["12.7.4","SINAPI",91930,"CABO DE COBRE FLEXÍVEL ISOLADO, 6 MM², ANTI-CHAMA 450/750 V, PARA CIRCUITOS TERMINAIS - FORNECIMENTO E INSTALAÇÃO. AF_12/2015","M",1132.95,9.0299999999999994,10.876143982815419,12322.13,1.1098897988516092E-3,0.89314637435416444,"B"]
["14.4","SINAPI",97330,"TUBO EM COBRE FLEXÍVEL, DN 5/8\", COM ISOLAMENTO, INSTALADO EM RAMAL DE ALIMENTAÇÃO DE AR CONDICIONADO COM CONDENSADORA INDIVIDUAL \u0096 FORNECIMENTO E INSTALAÇÃO. AF_12/2015","M",121.1,84.4,101.65521064779861,12310.45,1.1088377475544238E-3,0.89425521210171888,"B"]
["12.5.6","SINAPI",92000,"TOMADA BAIXA DE EMBUTIR (1 MÓDULO), 2P+T 10 A, INCLUINDO SUPORTE E PLACA - FORNECIMENTO E INSTALAÇÃO. AF_12/2015","UN",465,21.26,25.606513961755908,11907.03,1.0725005442744134E-3,0.89532771264599331,"B"]
["11.1.2","SINAPI",91341,"PORTA EM ALUMÍNIO DE ABRIR TIPO VENEZIANA COM GUARNIÇÃO, FIXAÇÃO COM PARAFUSOS - FORNECIMENTO E INSTALAÇÃO. 0,80M x 2,10M","M2",18.48,532.55999999999995,641.43956140511398,11853.8,1.0677059646041068E-3,0.89639541861059746,"B"]
["12.12.1.1","COMPOSIÇÃO","COMP-249549","CABO UTP 4 PARES CAT6 ","M",2637,3.7040000000000002,4.4612665905147635,11764.36,1.0596498457667561E-3,0.89745506845636425,"B"]
["19.1.26","COMPOSIÇÃO","COMP-SESC-01","FORNECIMENTO E INSTALAÇÃO DE AR CONDICIONADO SPLIT INVERTER, 9000 BTU/H DE PAREDE","UN    ",4,2417.3199999999997,2911.5304952978258,11646.12,1.0489996278404549E-3,0.89850406808420469,"B"]
["12.12.2.2","COMPOSIÇÃO","COMP-2577 ","ELETRODUTO DE PVC RIGIDO ROSCAVEL DE 2 \" - FORNECIMENTO E INSTALAÇÃO","M",585,16.460999999999999,19.826379413192093,11598.43,1.0447040519532312E-3,0.89954877213615791,"B"]
["3.3.2","SINAPI",93368,"REATERRO MECANIZADO DE VALA COM ESCAVADEIRA HIDRÁULICA (CAPACIDADE DA CAÇAMBA: 0,8 M³ / POTÊNCIA: 111 HP), LARGURA ATÉ 1,5 M, PROFUNDIDADE DE 1,5 A 3,0 M, COM SOLO DE 1ª CATEGORIA EM LOCAIS COM BAIXO NÍVEL DE INTERFERÊNCIA. AF_04/2016","M3",803.58,11.95,14.393125204279542,11566.03,1.0417856904781622E-3,0.90059055782663611,"B"]
["6.1.1","COMPOSIÇÃO","IFMT 232.08.2020","IMPERMEABILIZACAO DE ESTRUTURAS ENTERRADAS, COM TINTA ASFALTICA, DUAS DEMAOS.","M2",650.20000000000005,14.46,17.41628371999014,11324.07,1.0199916552155789E-3,0.90161054948185171,"B"]
["8.2.1","ORSE",8637,"Chapim de concreto pré-moldado","M",171.66,54.71,65.895220077500738,11311.57,1.0188657441526664E-3,0.90262941522600437,"B"]
["2.7","SINAPI",93582,"EXECUÇÃO DE CENTRAL DE ARMADURA EM CANTEIRO DE OBRA, NÃO INCLUSO MOBILIÁRIO E EQUIPAMENTOS. AF_04/2016","M2",41.09,222.9,268.47092954258659,11031.47,9.936363290549248E-4,0.90362305155505929,"B"]
["2.2","SINAPI",93207,"EXECUÇÃO DE ESCRITÓRIO EM CANTEIRO DE OBRA EM CHAPA DE MADEIRA COMPENSADA, NÃO INCLUSO MOBILIÁRIO E EQUIPAMENTOS. AF_02/2016","M2",10,897.55,1081.0501696318913,10810.5,9.7373292364918409E-4,0.9045967844787085,"B"]
["10.2.3","SINAPI",93595,"TRANSPORTE COM CAMINHÃO BASCULANTE DE 10 M³, EM VIA URBANA EM REVESTIMENTO PRIMÁRIO (UNIDADE: TXKM). AF_07/2020","TXKM",7000,1.28,1.5416903984500263,10791.83,9.7205126288561815E-4,0.90556883574159408,"B"]
["13.3.2.5","COMPOSIÇÃO","COMP-5778 ","CUBA DE EMBUTIR EM AÇO INOX, C/ DIAMETRO DE 40cm E PROFUNDIDADE DE 50cm, C/VALVULA E SIFÃO ","UN",9,972.65539999999999,1171.5105399848201,10543.59,9.4969156990502759E-4,0.90651852731149907,"B"]
["3.3.5","COMPOSIÇÃO","COMP-1294 ","APILOAMENTO DE FUNDO DE VALA COM COMPACTADOR DE SOLOS DE PERCUSSÃO (SOQUETE) ","M2",274.63,31.437500000000004,37.864759297869305,10398.799999999999,9.3664991688110035E-4,0.90745517722838021,"B"]
["12.7.7","SINAPI",91935,"CABO DE COBRE FLEXÍVEL ISOLADO, 16 MM², ANTI-CHAMA 0,6/1,0 KV, PARA CIRCUITOS TERMINAIS - FORNECIMENTO E INSTALAÇÃO. AF_12/2015","M",346.35,24.54,29.557095607784095,10237.1,9.2208513137126522E-4,0.90837726235975147,"B"]
["20.6","ORSE",2496,"Regularização mecanizada de áreas","M2",10000,0.83,0.99968986774493884,9996.9,9.0044962438633994E-4,0.90927771198413776,"B"]
["5.2.1","SINAPI",95947,"ARMAÇÃO DE ESCADA, DE UMA ESTRUTURA CONVENCIONAL DE CONCRETO ARMADO UTILIZANDO AÇO CA-50 DE 12,5 MM - MONTAGEM. AF_11/2020","KG",579.20000000000005,14.13,17.018816664139745,9857.2999999999993,8.8787544963573391E-4,0.91016558743377352,"B"]
["13.2.1.3","SINAPI",89580,"TUBO PVC, SÉRIE R, ÁGUA PLUVIAL, DN 150 MM, FORNECIDO E INSTALADO EM CONDUTORES VERTICAIS DE ÁGUAS PLUVIAIS. AF_12/2014","M",95.51,84.89,102.24538900345526,9765.4599999999991,8.7960315587430377E-4,0.91104519058964784,"B"]
["12.2.1.4","SINAPI",97668,"ELETRODUTO FLEXÍVEL CORRUGADO, PEAD, DN 63 (2\")  - FORNECIMENTO E INSTALAÇÃO. AF_04/2016","M",806.7,9.82,11.827656025608796,9541.3700000000008,8.5941872306726018E-4,0.91190460931271511,"B"]
["13.2.3.3","SINAPI",97907,"CAIXA ENTERRADA HIDRÁULICA RETANGULAR, EM ALVENARIA COM BLOCOS DE CONCRETO, DIMENSÕES INTERNAS: 0,8X0,8X0,6 M PARA REDE DE ESGOTO. AF_12/2020","UN",15,522.07000000000005,628.80492681156659,9432.07,8.4957375673315385E-4,0.91275418306944822,"B"]
["11.2.4","COMPOSIÇÃO","COMP-9488 ","VIDRO TEMPERADO INCOLOR, ESPESSURA 6MM, FORNECIMENTO E INSTALACAO, INCLUSIVE MASSA PARA VEDACAO ","M2",20.48,362.49,436.59949416730473,8941.56,8.0539210589561979E-4,0.91355957517534381,"B"]
["2.8","SINAPI",93583,"EXECUÇÃO DE CENTRAL DE FÔRMAS, PRODUÇÃO DE ARGAMASSA OU CONCRETO EM CANTEIRO DE OBRA, NÃO INCLUSO MOBILIÁRIO E EQUIPAMENTOS. AF_04/2016","M2",20,369.58,445.13901363996928,8902.7800000000007,8.0189907941404046E-4,0.91436147425475789,"B"]
["13.2.4.9","SINAPI",94965,"CONCRETO FCK = 25MPA, TRAÇO 1:2,3:2,7 (EM MASSA SECA DE CIMENTO/ AREIA MÉDIA/ BRITA 1) - PREPARO MECÂNICO COM BETONEIRA 400 L. AF_05/2021","M3",18.350000000000001,393.57,474.0336641546694,8698.52,7.8350079191720099E-4,0.91514497504667514,"B"]
["9.4.4","COMPOSIÇÃO","COMP-5303","PERFIL DE ALUMÍNIO TIPO ( L- T- U )","M",86.7,83.042000000000002,100.01957349069303,8671.7000000000007,7.8108503714061615E-4,0.91592606008381572,"B"]
["13.5.1.1.1","SINAPI",95746,"ELETRODUTO DE AÇO GALVANIZADO, CLASSE LEVE, DN 25 MM (1\u0092\u0092), APARENTE, INSTALADO EM TETO - FORNECIMENTO E INSTALAÇÃO. AF_11/2016_P","M",315,22.81,27.473404678628981,8654.1200000000008,7.7950155582173612E-4,0.91670556163963746,"B"]
["8.1.2","SINAPI",87509,"ALVENARIA DE VEDAÇÃO DE BLOCOS CERÂMICOS FURADOS NA HORIZONTAL DE 14X9X19CM (ESPESSURA 14CM, BLOCO DEITADO) DE PAREDES COM ÁREA LÍQUIDA MAIOR OU IGUAL A 6M² SEM VÃOS E ARGAMASSA DE ASSENTAMENTO COM PREPARO EM BETONEIRA. AF_06/2014","M2",58.5,122.81,147.91796705753728,8653.2000000000007,7.7941868876750574E-4,0.91748498032840498,"B"]
["12.11.3.7","COMPOSIÇÃO","COMP-0592 ","CLIPS PARA EMENDA DE RE-BAR GALVANIZADOS - 10MM (5/8'') ","UND",615,11.632,14.010111495914613,8616.2199999999993,7.7608779347898549E-4,0.91826106812188391,"B"]
["2.3","SINAPI",93208,"EXECUÇÃO DE ALMOXARIFADO EM CANTEIRO DE OBRA EM CHAPA DE MADEIRA COMPENSADA, INCLUSO PRATELEIRAS. AF_02/2016","M2",10.039999999999999,706.98,851.51896710640597,8549.25,7.7005561236832593E-4,0.91903112373425222,"B"]
["13.5.2.3.4","SINAPI",96765,"ABRIGO PARA HIDRANTE, 90X60X17CM, COM REGISTRO GLOBO ANGULAR 45 GRAUS 2 1/2\", ADAPTADOR STORZ 2 1/2\", MANGUEIRA DE INCÊNDIO 20M, REDUÇÃO 2 1/2\" X 1 1/2\" E ESGUICHO EM LATÃO 1 1/2\" - FORNECIMENTO E INSTALAÇÃO. AF_10/2020","UN",5,1345.51,1620.5936312644492,8102.97,7.2985788523580132E-4,0.91976098161948805,"B"]
["17.1","COMPOSIÇÃO","COMP-389493","CONJUNTO DE MASTRO P/ TRÊS BANDEIRAS E PEDESTAL ","UN",1,6699.7129200000008,8069.4399071371799,8069.44,7.268377414006449E-4,0.92048781936088875,"B"]
["2.6","SINAPI",93243,"EXECUÇÃO DE RESERVATÓRIO ELEVADO DE ÁGUA (2000 LITROS) EM CANTEIRO DE OBRA, APOIADO EM ESTRUTURA DE MADEIRA. AF_02/2016","UN",1,6677.92,8043.1915200135936,8043.19,7.2447332816852881E-4,0.92121229268905724,"B"]
["15.1.1","SINAPI",88411,"APLICAÇÃO MANUAL DE FUNDO SELADOR ACRÍLICO EM PANOS COM PRESENÇA DE VÃOS DE EDIFÍCIOS DE MÚLTIPLOS PAVIMENTOS. AF_06/2014","M2",3620.57,1.82,2.1920910352961314,7936.62,7.148742608105626E-4,0.92192716694986776,"B"]
["4.1.3","SINAPI",96619,"LASTRO DE CONCRETO MAGRO, APLICADO EM BLOCOS DE COROAMENTO OU SAPATAS, ESPESSURA DE 5 CM. AF_08/2017","M2",267.86,24.37,29.352339851739956,7862.32,{"$f":"I207/$I$877","v":7.0818184545261113E-4},0.92263534879532039,{"$f":"IF(K207<=$J$11,\"A\",IF(K207<=$K$11,\"B\",\"C\"))","v":"B"}]
["6.1.2","SINAPI",98557,"IMPERMEABILIZAÇÃO DE SUPERFÍCIE COM EMULSÃO ASFÁLTICA, 2 DEMÃOS AF_06/2018","M2",111.01,58.67,70.664824747705509,7844.5,7.065767466413232E-4,{"$f":"K207+J208","v":0.92334192554196171},"B"]
["12.2.3.2","COMPOSIÇÃO","COMP-4127 ","TAMPA PRESSÃO PARA ELETROCALHA TIPO U - 50MM - CHAPA 24 ","M",170.5,37.221000000000004,44.830670563053467,7643.63,6.8848380622474564E-4,0.92403040934818648,"B"]
["19.1.2","COMPOSIÇÃO","COMP-8684 ","MOTOR Á DIESEL BFDE 10 CV COM BOMBEADOR ACOPLADO","UN",1,6238.04,7513.3799790212515,7513.38,6.7675181294919815E-4,0.92470716116113572,"B"]
["12.7.1","SINAPI",91924,"CABO DE COBRE FLEXÍVEL ISOLADO, 1,5 MM², ANTI-CHAMA 450/750 V, PARA CIRCUITOS TERMINAIS - FORNECIMENTO E INSTALAÇÃO. AF_12/2015","M",2325.0700000000002,2.67,3.2158698155168515,7477.12,6.7348577013790184E-4,0.92538064693127364,"B"]
["10.3.1","COMPOSIÇÃO","COMP-105","INDENIZACAO DE MATERIAL DE JAZIDA","UN    ",367.5,16.87,20.318997673321832,7467.23,6.7259494930492546E-4,0.92605324188057858,"B"]
["10.3.1","SINAPI",100981,"CARGA, MANOBRA E DESCARGA DE ENTULHO EM CAMINHÃO BASCULANTE 6 M³ - CARGA COM ESCAVADEIRA HIDRÁULICA  (CAÇAMBA DE 0,80 M³ / 111 HP) E DESCARGA LIVRE (UNIDADE: M3). AF_07/2020","M3",956.28000000000009,6.46,7.780718729677476,7440.55,6.7019180473224524E-4,0.92672343368531085,"B"]
["20.7","ORSE",4679,"Sondagem de solo","M",100,61.54,74.121583687980163,7412.16,6.6763463552615846E-4,0.92739106832083695,"B"]
["12.12.2.24","COMPOSIÇÃO","COMP-4127 ","TAMPA PRESSÃO PARA ELETROCALHA TIPO U - 50MM - CHAPA 24 ","M",165,37.221000000000004,44.830670563053467,7397.06,6.662745349621603E-4,0.92805734285579911,"B"]
["10.3.1","SINAPI",93595,"TRANSPORTE COM CAMINHÃO BASCULANTE DE 10 M³, EM VIA URBANA EM REVESTIMENTO PRIMÁRIO (UNIDADE: TXKM). AF_07/2020","TXKM",4777.5,1.28,1.5416903984500263,7365.43,6.6342552960856668E-4,0.92872076838540762,"B"]
["5.2.6","SINAPI",95948,"ARMAÇÃO DE ESCADA, DE UMA ESTRUTURA CONVENCIONAL DE CONCRETO ARMADO UTILIZANDO AÇO CA-50 DE 16,0 MM - MONTAGEM. AF_11/2020","KG",460.6,13.27,15.982993427681132,7361.77,6.6309586284934595E-4,0.92938386424825692,"B"]
["13.2.1.4","SINAPI",89512,"TUBO PVC, SÉRIE R, ÁGUA PLUVIAL, DN 100 MM, FORNECIDO E INSTALADO EM RAMAL DE ENCAMINHAMENTO. AF_12/2014","M",97.08,62.37,75.121273555725111,7292.77,6.5688083378206941E-4,0.93004074508203893,"B"]
["19.1.25","COMPOSIÇÃO","COMP-9353 ","TOTEM EM ACRÍLICO COM APLICAÇÃO DE ADESIVO VINÍLICO DE ALTA PERFORMANDE APOIADO EM BASE DE CONCRETO CONFORME MANUL DE SINALIZAÇÃO. ","UN",1,6050.1887700000016,7287.1233871243567,7287.12,6.5637192198163285E-4,0.93069711700402058,"B"]
["4.1.5","SINAPI",96546,"ARMAÇÃO DE BLOCO, VIGA BALDRAME OU SAPATA UTILIZANDO AÇO CA-50 DE 10 MM - MONTAGEM. AF_06/2017","KG",336,17.53,21.113931785022626,7094.28,6.3900226683187024E-4,0.93133611927085247,"B"]
["10.3.1","SINAPI",96388,"EXECUÇÃO E COMPACTAÇÃO DE BASE E OU SUB BASE PARA PAVIMENTAÇÃO DE SOLOS DE COMPORTAMENTO LATERÍTICO (ARENOSO) - EXCLUSIVE SOLO, ESCAVAÇÃO, CARGA E TRANSPORTE. AF_11/2019","M3",735.6,7.84,9.4428536905064107,6946.16,6.2566067110078323E-4,0.93196177994195328,"B"]
["10.3.1","SINAPI",96388,"EXECUÇÃO E COMPACTAÇÃO DE BASE E OU SUB BASE PARA PAVIMENTAÇÃO DE SOLOS DE COMPORTAMENTO LATERÍTICO (ARENOSO) - EXCLUSIVE SOLO, ESCAVAÇÃO, CARGA E TRANSPORTE. AF_11/2019","M3",735.6,7.84,9.4428536905064107,6946.16,6.2566067110078323E-4,0.9325874406130541,"B"]
["4.1.6","SINAPI",96547,"ARMAÇÃO DE BLOCO, VIGA BALDRAME OU SAPATA UTILIZANDO AÇO CA-50 DE 12,5 MM - MONTAGEM. AF_06/2017","KG",382,14.92,17.97032870693312,6864.67,6.1832063169944449E-4,0.93320576124475352,"B"]
["13.3.2.14","COMPOSIÇÃO","COMP-152329","ASSENTO ARTICULÁVEL (ASSEIO DE DEFICIENTE) ","UN",5,1104.825,1330.7016363027737,6653.51,5.9930084129587746E-4,0.93380506208604941,"B"]
["3.3.3","SINAPI",93358,"ESCAVAÇÃO MANUAL DE VALA COM PROFUNDIDADE MENOR OU IGUAL A 1,30 M. AF_02/2021","M3",89.09,61.91,74.567228568782127,6643.19,5.9837128912233685E-4,0.93440343337517173,"B"]
["18.6.7","COMPOSIÇÃO","COMP-0813 ","FABRICAÇÃO E INSTALAÇÃO DE TESOURA INTEIRA EM AÇO, VÃO DE 3.84 M, PARA COBERTURA EM POLICARBONATO, INCLUSO IÇAMENTO.","UN",6,915.19254000000001,1102.2996497274153,6613.8,5.957240470312173E-4,0.93499915742220296,"B"]
["13.2.4.8","SINAPI",92518,"MONTAGEM E DESMONTAGEM DE FÔRMA DE LAJE MACIÇA, PÉ-DIREITO SIMPLES, EM CHAPA DE MADEIRA COMPENSADA RESINADA, 6 UTILIZAÇÕES. AF_09/2020","M2",206.83,26.31,31.688964361890772,6554.23,5.9035840526980169E-4,0.93558951582747274,"B"]
["13.5.1.4.1","COMPOSIÇÃO","COMP-795362","CENTRAL ALARME DE INCÊNDIO ENDEREÇÁVEL - 250 ENDEREÇOS","UND",1,5361.37,6457.4786340140763,6457.48,5.8164385364285949E-4,0.93617115968111564,"B"]
["14.1","SINAPI",97327,"TUBO EM COBRE FLEXÍVEL, DN 1/4\u0094, COM ISOLAMENTO, INSTALADO EM RAMAL DE ALIMENTAÇÃO DE AR CONDICIONADO COM CONDENSADORA INDIVIDUAL   FORNECIMENTO E INSTALAÇÃO. AF_12/2015","M",170.7,31.38,37.795503674501425,6451.69,5.8112233163851851E-4,0.93675228201275418,"B"]
["12.12.1.2","COMPOSIÇÃO","COMP-071258","CABO FIBRA OTICA 62,5/125 6VIAS ","UND",314,16.940999999999999,20.404513312610856,6407.02,5.7709877586409471E-4,0.93732938078861827,"B"]
["3.1.1","COMPOSIÇÃO","IFMT 243.08.2020","LIMPEZA MECANIZADA DE TERRENO COM REMOCAO DE CAMADA VEGETAL, UTILIZANDO MOTONIVELADORA","M2",8900,0.59145000000000003,0.71236936419005326,6340.09,5.710701976688364E-4,0.93790045098628716,"B"]
["12.12.2.11","COMPOSIÇÃO","COMP-5761 ","DUTO PERFURADO - ELETROCALHA TIPO C, CHAPA DE AÇO (50X50)mm -CHAPA 18 ","M",171,30.6432,36.908068138893633,6311.28,5.6847519785103583E-4,0.93846892618413824,"B"]
["12.2.3.1","COMPOSIÇÃO","COMP-5761 ","DUTO PERFURADO - ELETROCALHA TIPO C, CHAPA DE AÇO (50X50)mm -CHAPA 18 ","M",170.5,30.6432,36.908068138893633,6292.83,5.6681335312217711E-4,0.93903573953726038,"B"]
["12.8.5","COMPOSIÇÃO","COMP-003676","CAIXA PVC 4X2\" ","UN",583,8.8559999999999999,10.66657044427612,6218.61,5.6012814359502824E-4,0.93959586768085546,"B"]
["12.2.3.8","COMPOSIÇÃO","COMP-4127 ","TAMPA PRESSÃO PARA ELETROCALHA TIPO U - 50MM - CHAPA 24 ","M",137.69999999999999,37.221000000000004,44.830670563053467,6173.18,5.5603613242797938E-4,0.9401519038132834,"B"]
["12.8.6","COMPOSIÇÃO","COMP-6226 ","CAIXA PVC ORTOGONAL 3X3\" ","UN",471,10.736000000000001,12.930928216999597,6090.47,5.4858620410690043E-4,0.94070049001739031,"B"]
["18.13.15","SINAPI",98066,"TANQUE SÉPTICO RETANGULAR, EM ALVENARIA COM TIJOLOS CERÂMICOS MACIÇOS, DIMENSÕES INTERNAS: 1,0 X 2,0 X 1,4 M, VOLUME ÚTIL: 2000 L (PARA 5 CONTRIBUINTES). AF_12/2020","UN",1,5021.1000000000004,6047.6419216073655,6047.64,5.4472838244093728E-4,0.94124521839983122,"B"]
["13.3.4.1","SINAPI",86895,"BANCADA DE GRANITO CINZA POLIDO, DE 0,50 X 0,60 M, PARA LAVATÓRIO - FORNECIMENTO E INSTALAÇÃO. AF_01/2020","UN",18,278.85000000000002,335.85966219358585,6045.47,5.4453292428041568E-4,0.94178975132411158,"B"]
["7.3.4","COMPOSIÇÃO","COMP-6772","RUFO EM ALUMÍNIO ESTAMPADO ESP=0,8mm COM DESENVOLVIMENTO DE 45cm","M",68.3,73.403776000000008,88.410856772794133,6038.46,5.4390151335633428E-4,0.94233365283746795,"B"]
["10.3.1","SINAPI",100577,"REGULARIZAÇÃO E COMPACTAÇÃO DE SUBLEITO DE SOLO PREDOMINANTEMENTE ARENOSO. AF_11/2019","M2",6400,0.78,0.93946758655548479,6012.59,5.4157132782053084E-4,0.94287522416528846,"B"]
["12.4.25","COMPOSIÇÃO","COMP-8171 ","DISJUNTOR TRIPOLAR TERMOMAGNETICO (220/127V) CURVA C 160A -40 Ka, FORNECIMENTO E INSTALACAO ","UN",4,1247.05728,1502.0126835103172,6008.05,5.4116239692248097E-4,0.94341638656221094,"B"]
["12.4.26","COMPOSIÇÃO","COMP-9921","DISJUNTOR TRIPOLAR TERMOMAGNETICO (220/127V) CURVA C 200A -60 Ka, FORNECIMENTO E INSTALACAO ","UN",4,1247.05728,1502.0126835103172,6008.05,5.4116239692248097E-4,0.94395754895913342,"B"]
["13.3.4.3","COMPOSIÇÃO","COMP-4295 ","TAMPO C/BATEDOR EM GRANITO CINZA POLIDO E=2cm ","m2",10.66,462.01619999999997,556.47339020966172,5932.01,5.3431325474457214E-4,0.94449186221387804,"B"]
["13.3.2.18","COMPOSIÇÃO","COMP-3190 ","TAMPO DE AÇO INOX P/ BANCADAS ","M²",9.6,498.79903599999994,600.77631606041325,5767.45,5.1949086078354259E-4,0.94501135307466155,"B"]
["12.10.2","SINAPI",91928,"CABO DE COBRE FLEXÍVEL ISOLADO, 4 MM², ANTI-CHAMA 450/750 V, PARA CIRCUITOS TERMINAIS - FORNECIMENTO E INSTALAÇÃO. AF_12/2015","M",716,6.56,7.9011632920563839,5657.23,5.0956302739520588E-4,0.9455209161020568,"B"]
["12.12.2.30","COMPOSIÇÃO","COMP-4192 ","SUPORTE PARA CABOS DE AÇO 38X90MM ","UN",111,42.25,50.887827605088759,5648.55,5.0878119475311959E-4,0.94602969729680997,"B"]
["4.1.2","SINAPI",100651,"ESTACA HÉLICE CONTÍNUA, DIÂMETRO DE 30 CM, INCLUSO CONCRETO FCK=30MPA E ARMADURA MÍNIMA (EXCLUSIVE MOBILIZAÇÃO, DESMOBILIZAÇÃO E BOMBEAMENTO). AF_12/2019","M",36,130.07,156.66224228624603,5639.84,5.0799665992448217E-4,0.94653769395673448,"B"]
["12.7.10","SINAPI",92988,"CABO DE COBRE FLEXÍVEL ISOLADO, 50 MM², ANTI-CHAMA 0,6/1,0 KV, PARA DISTRIBUIÇÃO - FORNECIMENTO E INSTALAÇÃO. AF_12/2015","M",82.35,55.11,66.376998327016366,5466.15,4.9235190052310132E-4,0.94703004585725759,"B"]
["12.4.17","COMPOSIÇÃO","COMP-9878 ","DISJUNTOR TRIPOLAR TERMOMAGNETICO (220/127V) TIPO DIN (CURVA C) 1000A - 85 Ka, FORNECIMENTO E INSTALACAO ","UN",1,4503.2272799999992,5423.8923903236146,5423.89,4.8854542040160714E-4,0.94751859127765914,"B"]
["7.3.2","ORSE",9077,"Cumeeira termoacústica","M",37.11,120.5,145.13569766658452,5385.99,4.8513165805885657E-4,0.948003722935718,"B"]
["12.6.2","COMPOSIÇÃO","COMP-1939 ","CAIXA EM ALVENARIA (40X40X40cm) DE 1/2 TIJOLO COMUM, LASTRO DE BRITA E TAMPA DE CONCRETO ","UN",17,260.6105,313.89117623848483,5336.15,4.8064242546881213E-4,0.94848436536118685,"B"]
["7.3.5","COMPOSIÇÃO","COMP-5864","RUFO EM ALUMÍNIO ESTAMPADO ESP=0,8mm COM DESENVOLVIMENTO DE 55cm","M",74.22,58.399776000000003,70.339354633462719,5220.59,4.7023360287439935E-4,0.9489545989640612,"B"]
["13.3.1.6","SINAPI",95469,"VASO SANITARIO SIFONADO CONVENCIONAL COM  LOUÇA BRANCA - FORNECIMENTO E INSTALAÇÃO. AF_01/2020","UN",18,232.96,280.58765251790481,5050.58,4.5492031168994001E-4,0.94940951927575112,"B"]
["12.2.1.2","SINAPI",91856,"ELETRODUTO FLEXÍVEL CORRUGADO, PVC, DN 32 MM (1\"), PARA CIRCUITOS TERMINAIS, INSTALADO EM PAREDE - FORNECIMENTO E INSTALAÇÃO. AF_12/2015","M",455.6,9.07,10.924321807766983,4977.12,4.4830355755541622E-4,0.94985782283330655,"B"]
["15.3.3","COMPOSIÇÃO","IFMT 222.07.2020","FUNDO PREPARADOR PRIMER A BASE DE EPOXI, PARA ESTRUTURA METALICA, UMA DEMAO, ESPESSURA DE 25 MICRA.","M2",434.36,9.40944,11.333158830305949,4922.67,4.4339908896536971E-4,0.95030122192227195,"C"]
["18.3.3","COMPOSIÇÃO","COMP-92414","MONTAGEM E DESMONTAGEM DE FÔRMA DE PILARES RETANGULARES E ESTRUTURAS SIMILARES COM ÁREA MÉDIA DAS SEÇÕES MENOR OU IGUAL A 0,25 M², PÉ-DIREITO SIMPLES, EM CHAPA DE MADEIRA COMPENSADA RESINADA, 2 UTILIZAÇÕES. AF_12/2015","M2",34.700000000000003,115.63414,139.27503388361416,4832.84,4.3530784170285586E-4,0.95073652976397482,"C"]
["12.11.2.3","COMPOSIÇÃO","COMP-9646 ","BARRA REDONDAS DE AÇO GALVANIZADO A FOGO RE-BAR Ø10MM X 3,00M (80MM²) ","UN",116,34.140277000000005,41.120107227597089,4769.93,4.2964135650543019E-4,0.9511661711204803,"C"]
["12.12.3.2","COMPOSIÇÃO","COMP-2615 ","CAIXA DE PASSAGEM EM ALVENARIA 60 X 60 CM ","UN",18,219.79417699999999,264.73013462197309,4765.1400000000003,4.2920990738612214E-4,0.95159538102786645,"C"]
["12.4.18","COMPOSIÇÃO","COMP-7708 ","DISJUNTOR TRIPOLAR TERMOMAGNETICO (220/127V) TIPO DIN (CURVA C) 250A - 60 Ka, FORNECIMENTO E INSTALACAO ","UN",4,987.27728000000002,1189.1217993623893,4756.49,4.284307769305867E-4,0.952023811804797,"C"]
["10.2.9","COMPOSIÇÃO","COMP-5349","TESTEIRA PARA PISO VINÍLICO 7,5CM","M",103,37.49568,45.161507686995847,4651.6400000000003,4.1898663493487729E-4,0.9524427984397319,"C"]
["18.12.1.4","SINAPI",96977,"CORDOALHA DE COBRE NU 50 MM², ENTERRADA, SEM ISOLADOR - FORNECIMENTO E INSTALAÇÃO. AF_12/2017","M",90,42.88,51.646628348075886,4648.2,4.1867678421036373E-4,0.95286147522394227,"C"]
["16.1.3","SINAPI",98519,"REVOLVIMENTO E LIMPEZA MANUAL DE SOLO. AF_05/2018","M2",2503.38,1.54,1.8548462606351879,4643.3900000000003,4.1824353363335512E-4,0.95327971875757567,"C"]
["13.2.1.2","SINAPI",91788,"(COMPOSIÇÃO REPRESENTATIVA) DO SERVIÇO DE INSTALAÇÃO DE TUBOS DE PVC, SOLDÁVEL, ÁGUA FRIA, DN 50 MM (INSTALADO EM PRUMADA), INCLUSIVE CONEXÕES, CORTES E FIXAÇÕES, PARA PRÉDIOS. AF_10/2015","M",99.12,38.869999999999997,46.816801396681655,4640.4799999999996,4.1798142153790901E-4,0.95369770017911359,"C"]
["12.2.3.7","COMPOSIÇÃO","COMP-7162 ","DUTO PERFURADO - ELETROCALHA TIPO U, CHAPA DE AÇO (50 X 50)mm - CHAPA 18 ","M",137.69999999999999,26.999300000000002,32.51918873036859,4477.8900000000003,4.0333647116039457E-4,0.95410103665027401,"C"]
["7.3.6","COMPOSIÇÃO","COMP-6963","RUFO EM ALUMÍNIO ESTAMPADO ESP=0,8mm COM DESENVOLVIMENTO DE 45cm","M",39,95.109776000000011,114.55455348275997,4467.63,4.0241232335995599E-4,0.95450344897363393,"C"]
["13.3.2.15","COMPOSIÇÃO","COMP-5170 ","PEÇAS DE APOIO DEFICIENTES C/TUBO INOX P/WC'S ","M",12,305.95800000000003,368.50977416326032,4422.12,3.9831310636210442E-4,0.954901762079996,"C"]
["13.3.2.11","ORSE",11232,"Torneira cromada de mesa para lavatório temporizada bica baixa","UN",20,182.9,220.29310459102331,4405.8599999999997,3.9684852125146793E-4,0.95529861060124743,"C"]
["10.2.1","ORSE",2524,"02524/ORSE Escavação e carga com trator de esteiras com lâmina e carregadeira, de material de 1ª categoria ou de jazida","m3",700,5.22,6.2872061561790131,4401.04,3.9641436994560891E-4,0.95569502497119307,"C"]
["12.10.3","COMPOSIÇÃO","COMP-1939 ","CAIXA EM ALVENARIA (40X40X40cm) DE 1/2 TIJOLO COMUM, LASTRO DE BRITA E TAMPA DE CONCRETO ","UN",14,260.6105,313.89117623848483,4394.4799999999996,3.9582349181979242E-4,0.95609084846301284,"C"]
["12.2.1.6","SINAPI",97670,"ELETRODUTO FLEXÍVEL CORRUGADO, PEAD, DN 100 (4\u0094) - FORNECIMENTO E INSTALAÇÃO. AF_04/2016","M",181.35,20.11,24.22140149439846,4392.55,3.9564965115167883E-4,0.95648649811416453,"C"]
["13.5.1.3.1","COMPOSIÇÃO","COMP-176944","CABO BLINDADO PARA ALARME DE INCÊNDIO","M",330,10.873099999999999,13.096057712021079,4321.7,{"$f":"I271/$I$877","v":3.8926798724709115E-4},0.95687576610141167,{"$f":"IF(K271<=$J$11,\"A\",IF(K271<=$K$11,\"B\",\"C\"))","v":"C"}]
["13.5.2.1.2","COMPOSIÇÃO","COMP-5931","MANGUEIRA DE INCÊNDIO DIAMENTRO INTERNO 38 MM E COMPRIMENTO DE 15 M","UN",10,351.50799999999998,423.37227232685296,4233.72,3.8134337482188834E-4,{"$f":"K271+J272","v":0.95725710947623355},"C"]
["12.1.5","ORSE",12877,"Mufla 15KV, uso externo para cabo de cobre #35mm²","un",14,250.89,302.18336255244304,4230.57,3.8105964523403439E-4,0.9576381691214676,"C"]
["15.2.2","COMPOSIÇÃO","COMP-41595","PINTURA ACRILICA DE FAIXAS DE DEMARCACAO EM QUADRA POLIESPORTIVA, 5 CM DE LARGURA","M",330.4,10.5159,12.665829735203619,4184.79,3.7693610855722394E-4,0.95801510523002487,"C"]
["12.1.2","SINAPI",96977,"CORDOALHA DE COBRE NU 50 MM², ENTERRADA, SEM ISOLADOR - FORNECIMENTO E INSTALAÇÃO. AF_12/2017","M",80,42.88,51.646628348075886,4131.7299999999996,3.7215684127737318E-4,0.9583872620713022,"C"]
["13.2.4.23","COMPOSIÇÃO","COMP-170812","SUMIDOURO EM ALVENARIA DE TIJOLO CERAMICO MACIÇO DIAMETRO 1,40M E ALTURA 5,00M, COM TAMPA EM CONCRETO ARMADO DIAMETRO 1,60M E ESPESSURA 10CM ","UN",3,1140.5856799999999,1373.7734308324953,4121.32,3.7121918254417975E-4,0.95875848125384633,"C"]
["10.2.2","COMPOSIÇÃO","COMP-6074","GRANITO POLIDO E=2cm, CINZA, ARGAMASSA DE CIMENTO E AREIA 1:4, C/ REJUNTAMENTO","M2",9.51,358.65910100000002,431.98538463157678,4108.18,3.7003562483484625E-4,0.95912851687868117,"C"]
["13.1.2.6","SINAPI",99635,"VÁLVULA DE DESCARGA METÁLICA, BASE 1 1/2\", ACABAMENTO METALICO CROMADO - FORNECIMENTO E INSTALAÇÃO. AF_08/2021","UN",18,188.46,226.98982225929061,4085.82,3.680215951255085E-4,0.95949653847380667,"C"]
["8.2.6","SINAPI",100862,"SUPORTE MÃO FRANCESA EM ACO, ABAS IGUAIS 40 CM, CAPACIDADE MINIMA 70 KG, BRANCO - FORNECIMENTO E INSTALAÇÃO. AF_01/2020","UN",80,40.880000000000003,49.237737100497718,3939.02,3.5479889560266492E-4,0.95985133736940931,"C"]
["9.2.1","SINAPI",87893,"CHAPISCO APLICADO EM ALVENARIA (SEM PRESENÇA DE VÃOS) E ESTRUTURAS DE CONCRETO DE FACHADA, COM COLHER DE PEDREIRO.  ARGAMASSA TRAÇO 1:3 COM PREPARO MANUAL. AF_06/2014","M2",573.5,5.63,6.781028861932537,3888.92,3.502862440625119E-4,0.96020162361347183,"C"]
["10.2.12","SINAPI",98689,"SOLEIRA EM GRANITO, LARGURA 15 CM, ESPESSURA 2,0 CM. AF_09/2020","M",41.6,77.349999999999994,93.163869000085569,3875.62,3.4908827469157309E-4,0.96055071188816343,"C"]
["10.1.2","COMPOSIÇÃO","COMP-222437","REGULARIZAÇÃO DE BASE - CONTRAPISO","M2",69.12,45.754360999999996,55.108639875715888,3809.11,3.4309752710802866E-4,0.96089380941527147,"C"]
["4.2.2","SINAPI",96545,"ARMAÇÃO DE BLOCO, VIGA BALDRAME OU SAPATA UTILIZANDO AÇO CA-50 DE 8 MM - MONTAGEM. AF_06/2017","KG",162,19.350000000000001,23.306022820318759,3775.58,3.4007738327287236E-4,0.96123388679854438,"C"]
["12.12.4.5","ORSE",12781,"Fornecimento e instalação de Rack fechado tipo armário 19\" x 44 U x 870 mm inclusive acessórios\n","UN",1,3119.32,3757.0513231977625,3757.05,3.3840833271321099E-4,0.96157229513125764,"C"]
["11.1.6","SINAPI",90830,"FECHADURA DE EMBUTIR COM CILINDRO, EXTERNA, COMPLETA, ACABAMENTO PADRÃO MÉDIO, INCLUSO EXECUÇÃO DE FURO - FORNECIMENTO E INSTALAÇÃO. AF_12/2019","UN",20,151.68,182.69031221632812,3653.81,3.2910920806240466E-4,0.96190140433932003,"C"]
["12.3.2","COMPOSIÇÃO","COMP-8548 ","LUMINÁRIA LED COMPLETA (2 X 20)W ","UN",67,44.570284999999998,53.682484719282208,3596.73,3.2396784778472131E-4,0.9622253721871048,"C"]
["12.7.8","SINAPI",92984,"CABO DE COBRE FLEXÍVEL ISOLADO, 25 MM², ANTI-CHAMA 0,6/1,0 KV, PARA DISTRIBUIÇÃO - FORNECIMENTO E INSTALAÇÃO. AF_12/2015","M",98.4,28.77,34.65190059641192,3409.75,3.0712601974125205E-4,0.96253249820684605,"C"]
["10.3.1","SINAPI",93594,"TRANSPORTE COM CAMINHÃO BASCULANTE DE 10 M³, EM VIA URBANA EM LEITO NATURAL (UNIDADE: TXKM). AF_07/2020","TXKM",1911,1.48,1.782579523207843,3406.51,3.0683418359374521E-4,0.96283933239043984,"C"]
["11.1.4","COMPOSIÇÃO","COMP-6742","PORTA DE ABRIR EM VIDRO TEMPERADO 10mm DE 1,60m x 2,10m, COM FIXO SUPERIOR DE VIDRO DE 3,00x1,60 (COM FECHADURA E PUXADOR VERTICAL) ","UN",1,2827.5879999999997,3405.6759924785256,3405.68,3.0675942309916777E-4,0.96314609181353905,"C"]
["19.1.17","COMPOSIÇÃO","COMP-6038 ","PLACA DE PAREDE EM ACRÍLICO COM APLICAÇÃO DE ADESIVO DE ALTA PERFORMANCE DIM. 10X30CM ","UN",58,48.271999999999998,58.140999151546616,3372.18,3.0374198145056248E-4,0.96344983379498961,"C"]
["3.3.1","COMPOSIÇÃO","COMP-83338","ESCAVACAO MECANICA, A CEU ABERTO, EM MATERIAL DE 1A CATEGORIA, COM ESCAVADEIRA HIDRAULICA, CAPACIDADE DE 0,78 M3","M3",1071,2.6060639999999999,3.138862380114273,3361.72,3.0279981907311735E-4,0.96375263361406271,"C"]
["13.5.2.4.8","COMPOSIÇÃO","COMP-92414","MONTAGEM E DESMONTAGEM DE FÔRMA DE PILARES RETANGULARES E ESTRUTURAS SIMILARES COM ÁREA MÉDIA DAS SEÇÕES MENOR OU IGUAL A 0,25 M², PÉ-DIREITO SIMPLES, EM CHAPA DE MADEIRA COMPENSADA RESINADA, 2 UTILIZAÇÕES. AF_12/2015","M2",24,115.63414,139.27503388361416,3342.6,3.010776255112865E-4,0.96405371123957395,"C"]
["5.4.1","COMPOSIÇÃO","COMP-352975","ESCADA DE MADEIRA COM PATAMAR-LARGURA 1,2 m","M",10,277.13939999999997,333.79933750953217,3337.99,3.0066238951128438E-4,0.96435437362908527,"C"]
["12.10.1","SINAPI",91926,"CABO DE COBRE FLEXÍVEL ISOLADO, 2,5 MM², ANTI-CHAMA 450/750 V, PARA CIRCUITOS TERMINAIS - FORNECIMENTO E INSTALAÇÃO. AF_12/2015","M",700,3.94,4.7455157577289873,3321.86,2.9920951387570223E-4,0.96465358314296101,"C"]
["20.2","COMPOSIÇÃO","COMP-879649","TRANSPORTE DE COLETA E DESCARTES DE MATERIAIS","M3",46.1,59.004000000000005,71.06710958605106,3276.19,2.9509588521624535E-4,0.96494867902817727,"C"]
["12.11.2.2","COMPOSIÇÃO","COMP-7696 ","BARRA REDONDAS DE AÇO GALVANIZADO A FOGO RE-BAR Ø8MM X 3,00M (50MM²) ","UN",65,39.720277000000003,47.840913808340169,3109.66,2.8009604767170081E-4,0.96522877507584892,"C"]
["4.1.7","SINAPI",96548,"ARMAÇÃO DE BLOCO, VIGA BALDRAME OU SAPATA UTILIZANDO AÇO CA-50 DE 16 MM - MONTAGEM. AF_06/2017","KG",176,14.37,17.307883613849121,3046.19,2.7437912165865667E-4,0.96550315419750754,"C"]
["13.5.2.5.1","SINAPI",93358,"ESCAVAÇÃO MANUAL DE VALA COM PROFUNDIDADE MENOR OU IGUAL A 1,30 M. AF_02/2021","M3",40.119999999999997,61.91,74.567228568782127,2991.64,2.6946564578010683E-4,0.96577261984328766,"C"]
["19.1.1","COMPOSIÇÃO","COMP-9142 ","BOMBA MONOESTÁGIO THEBE THSI-18 (R) 7,5 CV TRIFÁSICO 220V/380V ","UND",1,2480.3165000000004,2987.4063540368556,2987.41,2.690846374764173E-4,0.9660417044807641,"C"]
["12.12.4.3","COMPOSIÇÃO","COMP-98","FORNECIMENTO E INSTALAÇÃO DE MINI RACK DE PAREDE 19\" x 12 U\"s x 570mm","UND",2,1237.71,1490.7543930199861,2981.51,2.6855320745472266E-4,0.96631025768821877,"C"]
["12.8.20","COMPOSIÇÃO","COMP-8888 ","VERGALHÃO GALVANIZADA ROSCA TOTAL 1/4\"X700MM ","UND",246,10.044,12.097451845337551,2975.97,2.6805420367163982E-4,0.96657831189189036,"C"]
["18.12.1.3","SINAPI",96973,"CORDOALHA DE COBRE NU 35 MM², NÃO ENTERRADA, COM ISOLADOR - FORNECIMENTO E INSTALAÇÃO. AF_12/2017","M",52,47.46,57.162989305029882,2972.48,2.6773984930287468E-4,0.9668460517411932,"C"]
["12.1.14","ORSE",12853,"Sustentador de transformador 290mm","un",2,1226.28,1476.9875795400767,2953.98,2.6607350092976427E-4,0.96711212524212298,"C"]
["12.11.1.3","SINAPI",96977,"CORDOALHA DE COBRE NU 50 MM², ENTERRADA, SEM ISOLADOR - FORNECIMENTO E INSTALAÇÃO. AF_12/2017","M",57,42.88,51.646628348075886,2943.86,2.6516196333323038E-4,0.96737728720545624,"C"]
["19.1.4","COMPOSIÇÃO","COMP-83635","EXTINTOR INCENDIO TP PO QUIMICO 6KG - FORNECIMENTO E INSTALACAO","UN",13,187.755,226.14068809451928,2939.83,2.647989696065474E-4,0.96764208617506275,"C"]
["13.1.1.6","SINAPI",89451,"TUBO, PVC, SOLDÁVEL, DN 75MM, INSTALADO EM PRUMADA DE ÁGUA - FORNECIMENTO E INSTALAÇÃO. AF_12/2014","M",52.52,46.17,55.609254450341965,2920.6,2.6306686802736294E-4,0.96790515304309011,"C"]
["12.11.3.3","COMPOSIÇÃO","COMP-0170 ","FIXADOR ADERIDISCO ∅60MM COM PARAFUSO DE ∅1/4\" E PORCA - FIXAÇÃO DO SPDA EM SUPERFÍCIES QUE NÃO PODEM SER FURADAS ","UND",277,8.7169000000000008,10.499032058007058,2908.23,2.6195266643950479E-4,0.96816710570952957,"C"]
["13.3.1.4","SINAPI",100858,"MICTÓRIO SIFONADO LOUÇA BRANCA \u0096 PADRÃO MÉDIO \u0096 FORNECIMENTO E INSTALAÇÃO. AF_01/2020","UN",5,479.75,577.83278801281256,2889.16,2.6023497652192558E-4,0.96842734068605152,"C"]
["13.3.1.1","SINAPI",86901,"CUBA DE EMBUTIR OVAL EM LOUÇA BRANCA, 35 X 50CM OU EQUIVALENTE - FORNECIMENTO E INSTALAÇÃO. AF_01/2020","UN",20,119.4,143.81080748041651,2876.22,2.5906943338959863E-4,0.96868641011944112,"C"]
["17.2","COMPOSIÇÃO","COMP-1277 ","ESCADA DE MARINHEIRO EM FERRO CHATO S/PROTEÇÃO ","M",9.5,250.79987046119999,302.07480642386122,2869.71,2.5848305890803389E-4,0.9689448931783492,"C"]
["18.4.2","SINAPI",98546,"IMPERMEABILIZAÇÃO DE SUPERFÍCIE COM MANTA ASFÁLTICA, UMA CAMADA, INCLUSIVE APLICAÇÃO DE PRIMER ASFÁLTICO, E=3MM. AF_06/2018","M2",24.8,93.93,113.13357744250858,2805.71,2.5271839426592224E-4,0.96919761157261508,"C"]
["12.2.3.9","COMPOSIÇÃO","COMP-2781 ","SUPORTE VERTICAL 81X70MM ","UND",246,9.3209999999999997,11.226637659338042,2761.75,2.4875879023987182E-4,0.96944637036285497,"C"]
["2.10","COMPOSIÇÃO","IFMT 214.06.2020","ENTRADA PROVISORIA DE ENERGIA ELETRICA AEREA TRIFASICA 40A EM POSTE MADEIRA","UN",1,2291.5022641109999,2759.9898739112696,2759.99,2.4860026196221372E-4,0.96969497062481713,"C"]
["10.2.2","SINAPI",93594,"TRANSPORTE COM CAMINHÃO BASCULANTE DE 10 M³, EM VIA URBANA EM LEITO NATURAL (UNIDADE: TXKM). AF_07/2020","TXKM",1500,1.48,1.782579523207843,2673.87,2.4084318510317226E-4,0.96993581380992033,"C"]
["13.5.1.2.1","SINAPI",95802,"CONDULETE DE ALUMÍNIO, TIPO X, PARA ELETRODUTO DE AÇO GALVANIZADO DN 25 MM (1''), APARENTE - FORNECIMENTO E INSTALAÇÃO. AF_11/2016_P","UN",62,35.43,42.673508450847208,2645.76,2.3831123630489484E-4,0.97017412504622524,"C"]
["13.5.2.6.1","SINAPI",91222,"RASGO EM ALVENARIA PARA RAMAIS/ DISTRIBUIÇÃO COM DIÂMETROS MAIORES QUE 40 MM E MENORES OU IGUAIS A 75 MM. AF_05/2015","M",200,10.76,12.959834911970534,2591.9699999999998,2.3346621581897003E-4,0.97040759126204423,"C"]
["18.16.2","COMPOSIÇÃO","COMP-2568","GRADIL COM MONTANTES EM TUBO GALVANIZADO 2\" E FECHAMENTO EM BARRA CHATA 1\" X 1/4\" - PEDESTRE - 1,20X2,00M ","M2",2.4,894.8655,1077.8168353548297,2586.7600000000002,2.3299693608794817E-4,0.97064058819813215,"C"]
["13.5.2.4.23","COMPOSIÇÃO","COMP-2212 ","PORTÃO DE ABRIR - TUBO DE 1,1/2, E BARRA CHATA DE 1\" ","M2",4,526.83953999999994,634.54957839205349,2538.1999999999998,2.2862299679074594E-4,0.97086921119492287,"C"]
["12.12.2.4","COMPOSIÇÃO","COMP-6958 ","ELETRODUTO DE PVC RIGIDO ROSCAVEL DE 3/4 \" - FORNECIMENTO E INSTALAÇÃO","M",295.5,7.0510000000000002,8.4925460933368253,2509.5500000000002,2.2604240863455068E-4,0.97109525360355742,"C"]
["12.12.4.2","COMPOSIÇÃO","COMP-8300 ","TOMADA PONTO EM TETO DE CONEXÃO RJ45 ","UN",31,67.04650199999999,80.753865924265995,2503.37,2.2548575820504675E-4,0.97132073936176244,"C"]
["12.12.4.4","ORSE",8460,"Fornecimento e instalação de mini rack de parede 19\" x 16u x 450mm\n","UN",3,680.68,819.84204720075297,2459.5300000000002,2.2153696292520031E-4,0.97154227632468759,"C"]
["13.5.2.6.2","SINAPI",90466,"CHUMBAMENTO LINEAR EM ALVENARIA PARA RAMAIS/DISTRIBUIÇÃO COM DIÂMETROS MENORES OU IGUAIS A 40 MM. AF_05/2015","M",200,10.17,12.249211993934974,2449.84,2.2066415666923059E-4,0.97176294048135681,"C"]
["13.2.4.4","COMPOSIÇÃO","IFMT 219.07.2020","LANCAMENTO/APLICACAO MANUAL DE CONCRETO EM FUNDACOES","M3",19.61,103.71599999999999,124.92028231690853,2449.69,2.2065064573647563E-4,0.97198359112709332,"C"]
["13.2.4.20","COMPOSIÇÃO","IFMT 237.08.2020","LEITO FILTRANTE - FORN.E ENCHIMENTO C/ BRITA NO. 4","M3",11.51,166.874,200.99065902417945,2313.4,2.0837461223532886E-4,0.97219196573932865,"C"]
["2.12","COMPOSIÇÃO","IFMT 211.06.2020","PLACA DE OBRA EM CHAPA DE ACO GALVANIZADO","M2",6,318.17539999999991,383.2249681273409,2299.35,2.0710908820061527E-4,0.9723990748275293,"C"]
["18.7.5","SINAPI",87775,"EMBOÇO OU MASSA ÚNICA EM ARGAMASSA TRAÇO 1:2:8, PREPARO MECÂNICO COM BETONEIRA 400 L, APLICADA MANUALMENTE EM PANOS DE FACHADA COM PRESENÇA DE VÃOS, ESPESSURA DE 25 MM. AF_06/2014","M2",42.32,44.86,54.031430683178264,2286.61,2.0596155964529495E-4,0.97260503638717455,"C"]
["5.3.6","COMPOSIÇÃO","COMP-73301","ESCORAMENTO FORMAS ATE H = 3,30M, COM MADEIRA DE 3A QUALIDADE, NAO APARELHADA, APROVEITAMENTO TABUAS 3X E PRUMOS 4X.","M3",152.72,12.265910000000002,14.773621621290754,2256.23,2.0322514539799258E-4,0.97280826153257249,"C"]
["10.5.1","COMPOSIÇÃO","COMP-2257 ","PISO PODOTÁTIL INTERNO EM BORRACHA 30x30cm ASSENTAMENTO COM COLA VINIL (FORNECIMENTO E ASSENTAMENTO) ","M2    ",4.6900000000000004,399.20300000000003,480.81830635347336,2255.04,2.031179586648033E-4,0.97301137949123728,"C"]
["13.1.1.2","SINAPI",89447,"TUBO, PVC, SOLDÁVEL, DN 32MM, INSTALADO EM PRUMADA DE ÁGUA - FORNECIMENTO E INSTALAÇÃO. AF_12/2014","M",183.54,10.17,12.249211993934974,2248.2199999999998,2.0250366158887828E-4,0.9732138831528262,"C"]
["13.5.1.4.4","COMPOSIÇÃO","COMP-448417","PAINEL REPETIDOR ENDEREÇÁVEL 125/250 ENDEREÇOS - 24 VOLTS","UND",1,1857.623,2237.4058929999478,2237.41,2.0152997370167161E-4,0.97341541312652791,"C"]
["12.5.7","SINAPI",91993,"TOMADA ALTA DE EMBUTIR (1 MÓDULO), 2P+T 20 A, INCLUINDO SUPORTE E PLACA - FORNECIMENTO E INSTALAÇÃO. AF_12/2015","UN",57,32.53,39.18061614185887,2233.3000000000002,2.0115977414418603E-4,0.97361657290067205,"C"]
["18.6.3","COMPOSIÇÃO","COMP-477074","TELHAMENTO EM CHAPA DE POLICARBONATO ALVEOLAR 6MM FUMÊ","M2",14.1,131.36600000000001,158.22320381467671,2230.9499999999998,2.0094810286435847E-4,0.97381752100353636,"C"]
["14.3","SINAPI",97329,"TUBO EM COBRE FLEXÍVEL, DN 1/2\", COM ISOLAMENTO, INSTALADO EM RAMAL DE ALIMENTAÇÃO DE AR CONDICIONADO COM CONDENSADORA INDIVIDUAL \u0096 FORNECIMENTO E INSTALAÇÃO. AF_12/2015","M",26.75,69,83.106748041446735,2223.11,2.0024193144569982E-4,0.9740177629349821,"C"]
["19.1.3","COMPOSIÇÃO","COMP-73775/002","EXTINTOR INCENDIO AGUA-PRESSURIZADA 10L INCL SUPORTE PAREDE CARGA COMPLETA FORNECIMENTO E COLOCACAO","UN",11,166.505,200.54621858900126,2206.0100000000002,1.9870168511163563E-4,0.9742164646200937,"C"]
["12.4.32","COMPOSIÇÃO","COMP-0066 ","DISPOSITIVO DE PROTEÇÃO CONTRA SURTOS DE TENSÃO - DPS's - 40 KA/440V ","UND",20,91.367279999999994,110.04692055351181,2200.94,{"$f":"I335/$I$877","v":1.9824501558451832E-4},0.97441470963567822,{"$f":"IF(K335<=$J$11,\"A\",IF(K335<=$K$11,\"B\",\"C\"))","v":"C"}]
["16.1.4","SINAPI",98516,"PLANTIO DE PALMEIRA COM ALTURA DE MUDA MENOR OU IGUAL A 2,00 M. AF_05/2018","UN",6,301.38,362.99582209755386,2177.9699999999998,1.9617604141531042E-4,{"$f":"K335+J336","v":0.97461088567709353},"C"]
["10.3.1","SINAPI",101115,"ESCAVAÇÃO HORIZONTAL EM SOLO DE 1A CATEGORIA COM TRATOR DE ESTEIRAS (150HP/LÂMINA: 3,18M3). AF_07/2020","M3",735.6,2.44,2.9388473220453624,2161.8200000000002,1.9472136432202759E-4,0.97480560704141561,"C"]
["12.12.4.1","SINAPI",98307,"TOMADA DE REDE RJ45 - FORNECIMENTO E INSTALAÇÃO. AF_11/2019","UN",48,37.24,44.853555029905458,2152.9699999999998,1.9392421928948557E-4,0.97499953126070504,"C"]
["13.2.4.12","SINAPI",89580,"TUBO PVC, SÉRIE R, ÁGUA PLUVIAL, DN 150 MM, FORNECIDO E INSTALADO EM CONDUTORES VERTICAIS DE ÁGUAS PLUVIAIS. AF_12/2014","M",20.5,84.89,102.24538900345526,2096.0300000000002,1.8879546921570691E-4,0.97518832672992073,"C"]
["18.7.4","SINAPI",87529,"MASSA ÚNICA, PARA RECEBIMENTO DE PINTURA, EM ARGAMASSA TRAÇO 1:2:8, PREPARO MECÂNICO COM BETONEIRA 400L, APLICADA MANUALMENTE EM FACES INTERNAS DE PAREDES, ESPESSURA DE 20MM, COM EXECUÇÃO DE TALISCAS. AF_06/2014","M2",62.1,27.55,33.182476935389239,2060.63,1.8560688908553891E-4,0.97537393361900626,"C"]
["12.4.11","SINAPI",93662,"DISJUNTOR BIPOLAR TIPO DIN, CORRENTE NOMINAL DE 20A - FORNECIMENTO E INSTALAÇÃO. AF_10/2020","UN",28,60.79,73.21824947013836,2050.11,1.8465932233499181E-4,0.97555859294134128,"C"]
["12.1.1","COMPOSIÇÃO","COMP-95","HASTE DE ATERRAMENTO 254U, 5/8\"X2,4M COM CONECTOR PARALELO","UND",24,69.510000000000005,83.721015309579172,2009.3,1.8098344789679529E-4,0.97573957638923803,"C"]
["12.1.3","COMPOSIÇÃO","COMP-96","CORDOALHA DE COBRE NU 25 MM², NÃO ENTERRADA, SEM ISOLADOR - FORNECIMENTO E INSTALAÇÃO.","M     ",60,27.391455000000001,32.991518103965596,1979.49,1.7829837519396175E-4,0.97591787476443204,"C"]
["10.2.8","COMPOSIÇÃO","COMP-2124","RODAPE VINILICO ALTURA 5CM, ESPESSURA 1MM, FIXADO COM COLA","M2",60.27,27.033679999999997,32.560597570914453,1962.43,1.7676173177529888E-4,0.97609463649620731,"C"]
["13.5.2.2.7","SINAPI",92390,"JOELHO 90 GRAUS, EM FERRO GALVANIZADO, DN 65 (2 1/2\"), CONEXÃO ROSQUEADA, INSTALADO EM REDE DE ALIMENTAÇÃO PARA HIDRANTE - FORNECIMENTO E INSTALAÇÃO. AF_10/2020","UN",15,108.24,130.36919431893034,1955.54,1.7614112959742152E-4,0.97627077762580472,"C"]
["13.5.1.1.2","SINAPI",91840,"ELETRODUTO FLEXÍVEL CORRUGADO, PEAD, DN 40 MM (1 1/4\"), PARA CIRCUITOS TERMINAIS, INSTALADO EM FORRO - FORNECIMENTO E INSTALAÇÃO. AF_12/2015","M",155,10.41,12.538278943644354,1943.43,1.7505034695967198E-4,0.97644582797276436,"C"]
["18.6.6","COMPOSIÇÃO","COMP-718213","FABRICAÇÃO E INSTALAÇÃO DE TESOURA INTEIRA EM AÇO, VÃO DE 3.70 M, PARA COBERTURA EM POLICARBONATO, INCLUSO IÇAMENTO.","UN",2,796.17543999999998,958.95002447634761,1917.9,1.7275078620477964E-4,0.97661857875896918,"C"]
["13.2.4.18","SINAPI",98546,"IMPERMEABILIZAÇÃO DE SUPERFÍCIE COM MANTA ASFÁLTICA, UMA CAMADA, INCLUSIVE APLICAÇÃO DE PRIMER ASFÁLTICO, E=3MM. AF_06/2018","M2",16.66,93.93,113.13357744250858,1884.81,1.6977027443903784E-4,0.97678834903340817,"C"]
["13.5.2.2.9","SINAPI",92896,"UNIÃO, EM FERRO GALVANIZADO, DN 65 (2 1/2\"), CONEXÃO ROSQUEADA, INSTALADO EM REDE DE ALIMENTAÇÃO PARA HIDRANTE - FORNECIMENTO E INSTALAÇÃO. AF_10/2020","UN",10,154.31,185.85800420689341,1858.58,1.674076626646224E-4,0.97695575669607282,"C"]
["13.3.1.5","SINAPI",86888,"VASO SANITÁRIO SIFONADO COM CAIXA ACOPLADA LOUÇA BRANCA - FORNECIMENTO E INSTALAÇÃO. AF_01/2020","UN",4,384.26,462.82027539719303,1851.28,1.6675013060388157E-4,0.97712250682667667,"C"]
["12.5.3","SINAPI",91971,"INTERRUPTOR SIMPLES (3 MÓDULOS) COM INTERRUPTOR PARALELO (1 MÓDULO), 10A/250V, INCLUINDO SUPORTE E PLACA - FORNECIMENTO E INSTALAÇÃO. AF_12/2015","UN",24,63.92,76.988164272598183,1847.72,1.6642947113316411E-4,0.97728893629780988,"C"]
["16.1.5","SINAPI",98509,"PLANTIO DE ARBUSTO OU  CERCA VIVA. AF_05/2018","UN",30,51.06,61.498993550670583,1844.97,1.6618177069932337E-4,0.97745511806850915,"C"]
["12.1.31","COMPOSIÇÃO","COMP-100","CABO DE ALUMÍNIO ISOLADO XLPE 15KV 50MM²","M     ",150,10.128599999999999,12.199347945110105,1829.9,1.6482437232187615E-4,0.97761994244083106,"C"]
["19.1.18","COMPOSIÇÃO","COMP-4097 ","PLACA DE PAREDE EM ACRÍLICO COM APLICAÇÃO DE ADESIVO DE ALTA PERFORMANCE DIM. 30X90CM ","UN",7,216.322,260.54808622930204,1823.84,1.642785306385762E-4,0.97778422097146966,"C"]
["18.3.9","SINAPI",92452,"MONTAGEM E DESMONTAGEM DE FÔRMA DE VIGA, ESCORAMENTO METÁLICO, PÉ-DIREITO SIMPLES, EM CHAPA DE MADEIRA RESINADA, 2 UTILIZAÇÕES. AF_09/2020","M2",12,125.79,151.50721501642877,1818.09,1.6376061154963647E-4,0.97794798158301932,"C"]
["18.5.1","SINAPI",87504,"ALVENARIA DE VEDAÇÃO DE BLOCOS CERÂMICOS FURADOS NA HORIZONTAL DE 9X19X19CM (ESPESSURA 9CM) DE PAREDES COM ÁREA LÍQUIDA MAIOR OU IGUAL A 6M² SEM VÃOS E ARGAMASSA DE ASSENTAMENTO COM PREPARO MANUAL. AF_06/2014","M2",21.3,70.709999999999994,85.166350058126056,1814.04,1.6339581636525284E-4,0.97811137739938459,"C"]
["18.12.1.2","COMPOSIÇÃO","COMP-2849 ","CONECTOR METALICO TIPO PARAFUSO FENDIDO ( SPLIT BOLT) PARA CABOS ATE 10 MM2 ( 2,5 E 4 MM2 ) ","UN",150,9.9883500000000005,12.030424446373688,1804.56,1.6254192541514007E-4,0.97827391932479968,"C"]
["18.10.2.4","SINAPI",96131,"APLICAÇÃO MANUAL DE MASSA ACRÍLICA EM PANOS DE FACHADA COM PRESENÇA DE VÃOS, DE EDIFÍCIOS DE MÚLTIPLOS PAVIMENTOS, DUAS DEMÃOS. AF_05/2017","M2",70.5,20.83,25.088602343526599,1768.75,1.5931641540210855E-4,0.9784332357402018,"C"]
["12.1.27","ORSE",469,"Chave fusível base C, 15KV / 300A","un",3,488.37,588.21510928987448,1764.65,1.5894711657347328E-4,0.97859218285677529,"C"]
["12.4.19","COMPOSIÇÃO","COMP-9059 ","DISJUNTOR TRIPOLAR TERMOMAGNETICO (220/127V) TIPO DIN (CURVA C) 315A - 60 Ka, FORNECIMENTO E INSTALACAO ","UN",2,725.18727999999999,873.4486458235084,1746.9,1.5734832286413763E-4,0.97874953117963948,"C"]
["12.4.28","COMPOSIÇÃO","COMP-9850 ","DISJUNTOR TRIPOLAR TERMOMAGNETICO (220/127V) CURVA C 80A -5 Ka, FORNECIMENTO E INSTALACAO ","UN",3,480.96988000000005,579.30206714036046,1737.91,1.5653856762769101E-4,0.97890606974726713,"C"]
["13.5.1.2.2","COMPOSIÇÃO","COMP-2322 ","CONECTOR PARA CONDULETE MÚLTIPLO EM ALUMÍNIO 1\"","UND",124,11.540000000000001,13.899302498526019,1723.51,1.5524151808321589E-4,0.97906131126535034,"C"]
["18.2.1","SINAPI",96616,"LASTRO DE CONCRETO MAGRO, APLICADO EM BLOCOS DE COROAMENTO OU SAPATAS. AF_08/2017","M3",2.9,487.86,587.6008420217421,1704.04,1.534877990116235E-4,0.97921479906436193,"C"]
["18.12.1.8","COMPOSIÇÃO","COMP-8555 ","TAMPA FOFO COM ESCOTILHA 300 MM ","UN",9,157.03,189.1340963035997,1702.21,1.533229656320131E-4,0.9793681220299939,"C"]
["13.1.1.4","SINAPI",89449,"TUBO, PVC, SOLDÁVEL, DN 50MM, INSTALADO EM PRUMADA DE ÁGUA - FORNECIMENTO E INSTALAÇÃO. AF_12/2014","M",83.72,16.82,20.258775392132378,1696.06,1.5276901738906019E-4,0.97952089104738294,"C"]
["19.1.6","SINAPI",97599,"LUMINÁRIA DE EMERGÊNCIA, COM 30 LÂMPADAS LED DE 2 W, SEM REATOR - FORNECIMENTO E INSTALAÇÃO. AF_02/2020","UN",62,22.41,26.991626429113349,1673.48,1.5073517164501519E-4,0.97967162621902792,"C"]
["7.3.3","COMPOSIÇÃO","COMP-1459","RUFO EM ALUMÍNIO ESTAMPADO ESP=0,8mm COM DESENVOLVIMENTO DE 25cm","M",27.39,50.419775999999999,60.727878555625836,1663.34,1.4982183259078062E-4,0.97982144805161875,"C"]
["19.1.12","COMPOSIÇÃO","COMP-3164 ","PLACAS DE SINALIZAÇÃO - ORIENTAÇÃO E SALVAMENTO (SAÍDA A FRENTE) ","UN",27,50.981999999999999,61.405046792015028,1657.94,1.4933543901160247E-4,0.97997078349063038,"C"]
["12.1.19","ORSE",9915,"Fornecimento e instalação de pára-raio de distribuição polimérico 12KV, c/ desligamento automático, resist. não linear","un",6,228.46,275.16764721085394,1651.01,1.487112339183238E-4,0.98011949472454873,"C"]
["13.5.1.4.2","COMPOSIÇÃO","COMP-180979","SIRENE ÁUDIO/VISUAL, 120 dB, COM ACIONADOR MANUAL, ALIMENTAÇÃO 220 VAC - INSTALADO","UND",5,267.80149999999998,322.55234471915207,1612.76,1.4526594606581176E-4,0.98026476067061452,"C"]
["13.4.2.3","SINAPI",89584,"JOELHO 90 GRAUS, PVC, SERIE R, ÁGUA PLUVIAL, DN 100 MM, JUNTA ELÁSTICA, FORNECIDO E INSTALADO EM CONDUTORES VERTICAIS DE ÁGUAS PLUVIAIS. AF_12/2014","UN",32,41.79,50.333782618145783,1610.68,1.4507859446494315E-4,0.98040983926507952,"C"]
["12.4.10","SINAPI",93660,"DISJUNTOR BIPOLAR TIPO DIN, CORRENTE NOMINAL DE 10A - FORNECIMENTO E INSTALAÇÃO. AF_10/2020","UN",23,58.06,69.930112917194165,1608.39,1.448723275582176E-4,0.98055471159263774,"C"]
["10.2.6","COMPOSIÇÃO","COMP-8083","DEGRAU INDUSTRIAL MONOLÍTICO C/PINGADEIRA","M",18,73.954999999999984,89.074776107321611,1603.35,1.4441836021765128E-4,0.98069912995285535,"C"]
["13.3.3.2","COMPOSIÇÃO","COMP-74125/001","ESPELHO CRISTAL ESPESSURA 4MM, COM MOLDURA DE MADEIRA","M2",2.2000000000000002,603.96400000000017,727.44179672614996,1600.37,1.4414994302025297E-4,0.98084327989587561,"C"]
["13.2.1.6","SINAPI",89509,"TUBO PVC, SÉRIE R, ÁGUA PLUVIAL, DN 50 MM, FORNECIDO E INSTALADO EM RAMAL DE ENCAMINHAMENTO. AF_12/2014","M",49.81,26.37,31.76123109931812,1582.03,1.4249800630874787E-4,0.98098577790218433,"C"]
["12.10.8","COMPOSIÇÃO","COMP-108","ELETRODUTO FLEXIVEL PLANO EM PEAD, DIAMETRO 25 MM (3/4\") - FORNECIMENTO E INSTALAÇÃO","M     ",247,5.26,6.3353839811305761,1564.84,1.4094965341503068E-4,0.98112672755559938,"C"]
["12.12.2.13","COMPOSIÇÃO","COMP-4678 ","BRAÇADEIRA GALVANIZADA TIPO CUNHA Ø1''","UN",296,4.3520000000000003,5.2417473547300899,1551.56,1.3975348550179252E-4,0.98126648104110115,"C"]
["12.12.2.12","COMPOSIÇÃO","COMP-169606","BRAÇADEIRA GALVANIZADA TIPO CUNHA Ø1''","UN",281,4.5819999999999999,5.5187698482015781,1550.77,1.3968232792261647E-4,0.98140616336902375,"C"]
["18.2.5","COMPOSIÇÃO","COMP-92414","MONTAGEM E DESMONTAGEM DE FÔRMA DE PILARES RETANGULARES E ESTRUTURAS SIMILARES COM ÁREA MÉDIA DAS SEÇÕES MENOR OU IGUAL A 0,25 M², PÉ-DIREITO SIMPLES, EM CHAPA DE MADEIRA COMPENSADA RESINADA, 2 UTILIZAÇÕES. AF_12/2015","M2",11.1,115.63414,139.27503388361416,1545.95,1.3924817661675743E-4,0.98154541154564046,"C"]
["9.3.1","COMPOSIÇÃO","IFMT 233.08.2020","CANTONEIRA DE ALUMINIO 1\"X1\u0094, PARA PROTECAO DE QUINA DE PAREDE","M",33,38.763999999999996,46.689130160560012,1540.74,1.3877889688573554E-4,0.98168419044252619,"C"]
["9.5.3","COMPOSIÇÃO","COMP-2312","PINGADOR METÁLICO EM PERFIL \"U\"","M",30.32,42.045000000000002,50.640916252212001,1535.43,1.3830060986621032E-4,0.98182249105239239,"C"]
["13.2.4.1","SINAPI",101208,"ESCAVAÇÃO VERTICAL A CÉU ABERTO, EM OBRAS DE EDIFICAÇÃO, INCLUINDO CARGA, DESCARGA E TRANSPORTE, EM SOLO DE 1ª CATEGORIA COM ESCAVADEIRA HIDRÁULICA (CAÇAMBA: 1,2 M³ / 155 HP), FROTA DE 3 CAMINHÕES BASCULANTES DE 14 M³, DMT ATÉ 1 KM E VELOCIDADE MÉDIA 14KM/H. AF_05/2020","M3",162.47999999999999,7.81,9.4067203217927382,1528.4,1.3766739748442838E-4,0.98196015844987683,"C"]
["12.1.10","ORSE",2945,"Poste circular 12/600Kgf","un",1,1260.44,1518.131442048712,1518.13,1.3674234895513955E-4,0.98209690079883194,"C"]
["12.12.2.3","COMPOSIÇÃO","COMP-6995 ","ELETRODUTO DE PVC RIGIDO ROSCAVEL DE 1 \" - FORNECIMENTO E INSTALAÇÃO","M",140,8.9909999999999997,10.829170603487645,1516.08,1.3655769954082188E-4,0.98223345849837274,"C"]
["18.12.1.17","SINAPI",96985,"HASTE DE ATERRAMENTO 5/8  PARA SPDA - FORNECIMENTO E INSTALAÇÃO. AF_12/2017","UN",25,50.27,60.547481507877208,1513.69,1.3634242534559305E-4,0.98236980092371828,"C"]
["12.4.15","COMPOSIÇÃO","COMP-8832 ","DISJUNTOR TRIPOLAR TERMOMAGNETICO (220/127V) TIPO DIN (CURVA C) 100A - 40 Ka, FORNECIMENTO E INSTALACAO ","UN",1,1247.05728,1502.0126835103172,1502.01,1.3529037404840766E-4,0.98250509129776664,"C"]
["12.6.7","COMPOSIÇÃO","COMP-741965","CAIXA DE PASSAGEM EM PVC (REF. CEMAR OU SIMILAR) - 150X150X68MM-SOBREPOR ","UN",1,1237.06,1489.971503364523,1489.97,1.3420589651261041E-4,0.98263929719427923,"C"]
["13.5.2.5.2","SINAPI",96995,"REATERRO MANUAL APILOADO COM SOQUETE. AF_10/2017","M3",32.93,37.53,45.202844260804291,1488.53,1.340761915581629E-4,0.98277337338583737,"C"]
["18.9.2","SINAPI",87259,"REVESTIMENTO CERÂMICO PARA PISO COM PLACAS TIPO PORCELANATO DE DIMENSÕES 45X45 CM APLICADA EM AMBIENTES DE ÁREA ENTRE 5 M² E 10 M². AF_06/2014","M2",10.9,111.51,134.30773150872065,1463.95,1.3186220004405191E-4,0.98290523558588139,"C"]
["12.12.2.7","SINAPI",89507,"CURVA 90 GRAUS, PVC, SOLDÁVEL, DN 60MM, INSTALADO EM PRUMADA DE ÁGUA - FORNECIMENTO E INSTALAÇÃO. AF_12/2014","UN",25,48.61,58.548101772387326,1463.7,1.3183968182279367E-4,0.98303707526770423,"C"]
["12.11.3.4","COMPOSIÇÃO","COMP-2238 ","TERMINAL CAPTOR AÉREO - FIXAÇÃO HORIZONTAL - 350MM ","UND",51,23.465,28.262316562210835,1441.38,1.2982925502885722E-4,0.98316690452273314,"C"]
["12.12.3.5","COMPOSIÇÃO","COMP-6055 ","CAIXA DE PASSAGEM 20X20 METALICA ","UN",17,69.070999999999998,83.192263680735749,1414.27,1.2738737911561276E-4,0.9832942919018488,"C"]
["12.1.37","COMPOSIÇÃO","COMP-101","CABO DE AÇO 9.5MM,PARA REDE AT COMPACTA","M     ",50,23.354277000000003,28.128956729408038,1406.45,1.2668300915465473E-4,0.98342097491100344,"C"]
["12.8.11","COMPOSIÇÃO","COMP-7217 ","ARRUELA LISA GALVANIZADA 1/4\" ","UN",1323,0.87400000000000011,1.0526854751916588,1392.7,1.2544450698545107E-4,0.98354641941798893,"C"]
["12.11.1.1","SINAPI",91934,"CABO DE COBRE FLEXÍVEL ISOLADO, 16 MM², ANTI-CHAMA 450/750 V, PARA CIRCUITOS TERMINAIS - FORNECIMENTO E INSTALAÇÃO. AF_12/2015","M",50,22.93,27.617938153483674,1380.9,1.2438164694206173E-4,0.98367080106493099,"C"]
["18.13.14","COMPOSIÇÃO","COMP-170812","SUMIDOURO EM ALVENARIA DE TIJOLO CERAMICO MACIÇO DIAMETRO 1,40M E ALTURA 5,00M, COM TAMPA EM CONCRETO ARMADO DIAMETRO 1,60M E ESPESSURA 10CM ","UN",1,1140.5856799999999,1373.7734308324953,1373.77,1.2373942727177649E-4,0.98379454049220272,"C"]
["18.3.8","SINAPI",92778,"ARMAÇÃO DE PILAR OU VIGA DE UMA ESTRUTURA CONVENCIONAL DE CONCRETO ARMADO EM UMA EDIFICAÇÃO TÉRREA OU SOBRADO UTILIZANDO AÇO CA-50 DE 10,0 MM - MONTAGEM. AF_12/2015","KG",64,17.48,21.053709503833172,1347.44,1.2136780820885775E-4,0.98391590830041153,"C"]
["12.12.2.31","COMPOSIÇÃO","COMP-8888 ","VERGALHÃO GALVANIZADA ROSCA TOTAL 1/4\"X700MM ","UND",111,10.044,12.097451845337551,1342.82,1.2095167148000531E-4,0.9840368599718915,"C"]
["12.1.20","COMPOSIÇÃO","COMP-106","CABO DE COBRE COBERTO DE XLPE 16MM2 - 15KV - FORNECIMENTO E INSTALAÇÃO","UN    ",20,54.368549999999999,65.483962119257953,1309.68,{"$f":"I399/$I$877","v":1.1796665607001189E-4},0.9841548266279615,{"$f":"IF(K399<=$J$11,\"A\",IF(K399<=$K$11,\"B\",\"C\"))","v":"C"}]
["12.4.14","COMPOSIÇÃO","COMP-0456 ","DISJUNTOR BIPOLAR TERMOMAGNETICO (380/220V) TIPO DIN (CURVA C) 20A - 4,5 Ka, FORNECIMENTO E INSTALACAO ","UN",10,107.81828000000002,129.86125551046604,1298.6099999999999,1.1696954923269663E-4,{"$f":"K399+J400","v":0.98427179617719418},"C"]
["19.1.21","COMPOSIÇÃO","COMP-0536 ","PLACA DE PAREDE EM ACRÍLICO COM APLICAÇÃO DE ADESIVO DE ALTA PERFORMANCE DIM. 120X80CM ","UN",1,1065.8300000000002,1283.7342792031186,1283.73,1.1562926470340568E-4,0.98438742544189761,"C"]
["18.8.3","COMPOSIÇÃO","COMP-72119","VIDRO TEMPERADO INCOLOR, ESPESSURA 8MM, FORNECIMENTO E INSTALACAO, INCLUSIVE MASSA PARA VEDACAO","M2",3.7,287.10000000000002,345.79633858984579,1279.45,1.1524375275546447E-4,0.98450266919465312,"C"]
["13.1.1.5","SINAPI",89450,"TUBO, PVC, SOLDÁVEL, DN 60MM, INSTALADO EM PRUMADA DE ÁGUA - FORNECIMENTO E INSTALAÇÃO. AF_12/2014","M",37.700000000000003,27.87,33.567899535001743,1265.51,1.1398813673810453E-4,0.98461665733139125,"C"]
["5.2.1","SINAPI",95944,"ARMAÇÃO DE ESCADA, DE UMA ESTRUTURA CONVENCIONAL DE CONCRETO ARMADO UTILIZANDO AÇO CA-50 DE 6,3 MM - MONTAGEM. AF_11/2020","KG",46.3,22.65,27.280693378822729,1263.0999999999999,1.13771061085175E-4,0.98473042839247638,"C"]
["12.12.2.22","COMPOSIÇÃO","COMP-2781 ","SUPORTE VERTICAL 81X70MM ","UND",111,9.3209999999999997,11.226637659338042,1246.1600000000001,1.122452264127161E-4,0.98484267361888911,"C"]
["18.8.2","SINAPI",91341,"PORTA EM ALUMÍNIO DE ABRIR TIPO VENEZIANA COM GUARNIÇÃO, FIXAÇÃO COM PARAFUSOS - FORNECIMENTO E INSTALAÇÃO. 0,90M X 2,10M","M2",1.8900000000000001,532.55999999999995,641.43956140511398,1212.32,1.0919715998319956E-4,0.98495187077887236,"C"]
["13.3.1.3","SINAPI",86942,"LAVATÓRIO LOUÇA BRANCA SUSPENSO, 29,5 X 39CM OU EQUIVALENTE, PADRÃO POPULAR, INCLUSO SIFÃO TIPO GARRAFA EM PVC, VÁLVULA E ENGATE FLEXÍVEL 30CM EM PLÁSTICO E TORNEIRA CROMADA DE MESA, PADRÃO POPULAR - FORNECIMENTO E INSTALAÇÃO. AF_01/2020","UN",5,200.93,242.00925918794047,1210.05,1.0899269453417467E-4,0.98506086347340649,"C"]
["13.5.2.2.11","COMPOSIÇÃO","COMP-8926 ","REGISTRO GLOBO ANGULAR 45 GRAUS ⌀ 63 MM","UN",6,166.99199999999999,201.13278360778654,1206.8,1.0869995765781744E-4,0.98516956343106432,"C"]
["18.13.22","SINAPI",93350,"COLETOR PREDIAL DE ESGOTO, DA CAIXA ATÉ A REDE (DISTÂNCIA = 10 M, LARGURA DA VALA = 0,65 M), INCLUINDO ESCAVAÇÃO MANUAL, PREPARO DE FUNDO DE VALA E REATERRO MANUAL COM COMPACTAÇÃO MECANIZADA, TUBO PVC P/ REDE COLETORA ESGOTO JEI DN 100 MM E CONEXÕES - FORNECIMENTO E INSTALAÇÃO. AF_03/2016","UN",1,998.73,1202.9159778468709,1202.92,1.0835047486388943E-4,0.98527791390592823,"C"]
["12.8.17","COMPOSIÇÃO","COMP-54871 ","PORCA SEXTAVADA GALVANIZADA 1/4\" ","UN",963,1.034,1.2453967749979118,1199.32,1.0802621247777063E-4,0.98538594011840597,"C"]
["11.2.3","COMPOSIÇÃO","COMP-2434 ","VIDRO TEMPERADO INCOLOR, ESPESSURA 6MM, FORNECIMENTO E INSTALACAO, INCLUSIVE MASSA PARA VEDACAO ","M2",4.32,227.95,274.55337994272145,1186.07,1.0683274675108346E-4,0.98549277286515702,"C"]
["10.3.6","SINAPI",94267,"GUIA (MEIO-FIO) E SARJETA CONJUGADOS DE CONCRETO, MOLDADA  IN LOCO  EM TRECHO RETO COM EXTRUSORA, 45 CM BASE (15 CM BASE DA GUIA + 30 CM BASE DA SARJETA) X 22 CM ALTURA. AF_06/2016","M",21.42,45.97,55.368365325584143,1185.99,1.0682554092028082E-4,0.98559959840607725,"C"]
["12.11.3.15","COMPOSIÇÃO","COMP-5139 ","ARRUELA 1/4\" ","UN",602,1.6320999999999999,1.9657757025861622,1183.4000000000001,1.0659225214804538E-4,0.98570619065822529,"C"]
["13.2.4.22","COMPOSIÇÃO","COMP-3804 ","CAIXA DE INSPEÇÃO EM ALVENARIA DE TIJOLO MACIÇO 60X60X60CM, REVESTIDA INTERNAMENTO COM BARRA LISA (CIMENTO E AREIA, TRAÇO 1:4) E=2,0CM, COM TAMPA PRÉ-MOLDADA DE CONCRETO E FUNDO DE CONCRETO 15MPA TIPO C - ESCAVAÇÃO E CONFECÇÃO","UN",3,327.10069999999996,393.97500665334564,1181.93,1.0645984500704687E-4,0.9858126505032323,"C"]
["18.4.3","SINAPI",98565,"PROTEÇÃO MECÂNICA DE SUPERFICIE HORIZONTAL COM ARGAMASSA DE CIMENTO E AREIA, TRAÇO 1:3, E=3CM. AF_06/2018","M2",24.8,39.53,47.611735508382452,1180.77,1.063553604604086E-4,0.98591900586369274,"C"]
["18.11.1","SINAPI",91927,"CABO DE COBRE FLEXÍVEL ISOLADO, 2,5 MM², ANTI-CHAMA 0,6/1,0 KV, PARA CIRCUITOS TERMINAIS - FORNECIMENTO E INSTALAÇÃO. AF_12/2015","M",180,5.33,6.4196951747958124,1155.55,1.0408372229987647E-4,0.98602308958599261,"C"]
["1.10","COMPOSIÇÃO","COMP-729139","PCMSO - PROGRAMA DE CONTROLE MÉDICO E MEIO AMBIENTE DO TRABALHO NA INDÚSTRIA DA CONSTRUÇÃO","UND",1,948.96,1142.9707191508883,1142.97,1.0295060540616142E-4,0.98612604019139882,"C"]
["13.4.3.2","COMPOSIÇÃO","COMP-7867 ","GRELHA HEMISFÉRICA DE FERRO FUNDIDO D=150mm 6\" ","UN",12,76.390000000000015,92.007601201248065,1104.0899999999999,9.9448571636078588E-5,0.98622548876303495,"C"]
["13.2.4.5","SINAPI",92916,"ARMAÇÃO DE ESTRUTURAS DE CONCRETO ARMADO, EXCETO VIGAS, PILARES, LAJES E FUNDAÇÕES, UTILIZANDO AÇO CA-50 DE 6,3 MM - MONTAGEM. AF_12/2015","KG",46.65,19.29,23.233756082891411,1083.8499999999999,9.7625496443010793E-5,0.98632311425947794,"C"]
["19.1.22","COMPOSIÇÃO","COMP-3597 ","PLACA DE PAREDE EM ACRÍLICO COM APLICAÇÃO DE ADESIVO DE ALTA PERFORMANCE DIM. 105X80CM ","UN",1,897.84999999999991,1081.411503319028,1081.4100000000001,9.7405718603530298E-5,0.98642051997808144,"C"]
["1.9","COMPOSIÇÃO","COMP-1940","PPRA - PROGRAMA DE PREVENÇÃO DE RISCOS AMBIENTAIS","UND",1,892.83999999999992,1075.3772307438448,1075.3800000000001,9.686257910678135E-5,0.98651738255718824,"C"]
["12.12.2.25","COMPOSIÇÃO","COMP-7343 ","ARRUELA LISA GALVANIZADA 3/8\" ","UN",939,0.94400000000000006,1.1369966688568944,1067.6400000000001,9.6165414976625963E-5,0.98661354797216483,"C"]
["18.3.12","SINAPI",92784,"ARMAÇÃO DE LAJE DE UMA ESTRUTURA CONVENCIONAL DE CONCRETO ARMADO EM UMA EDIFICAÇÃO TÉRREA OU SOBRADO UTILIZANDO AÇO CA-60 DE 5,0 MM - MONTAGEM. AF_12/2015","KG",46.3,18.850000000000001,22.703800008424217,1051.19,9.4683716017833215E-5,0.98670823168818267,"C"]
["19.1.20","COMPOSIÇÃO","COMP-0362 ","PLACA DE PORTA EM ACRÍLICO COM APLICAÇÃO DE ADESIVO DE ALTA PERFORMANCE DIM. 15X15CM ","UN",26.21,33.231999999999999,40.026136969758809,1049.0899999999999,9.4494562959263902E-5,0.98680272625114196,"C"]
["18.3.4","SINAPI",94965,"CONCRETO FCK = 25MPA, TRAÇO 1:2,3:2,7 (EM MASSA SECA DE CIMENTO/ AREIA MÉDIA/ BRITA 1) - PREPARO MECÂNICO COM BETONEIRA 400 L. AF_05/2021","M3",2.2000000000000002,393.57,474.0336641546694,1042.8699999999999,9.3934309614358686E-5,0.98689666056075631,"C"]
["19.1.24","COMPOSIÇÃO","COMP-0048 ","PLACA DE PAREDE EM ACRÍLICO COM APLICAÇÃO DE ADESIVO DE ALTA PERFORMANCE DIM. 50X80CM ","UN",2,432.55399999999997,520.98777235246303,1041.98,9.3854144746679323E-5,0.98699051470550303,"C"]
["12.6.5","COMPOSIÇÃO","COMP-051387","CAIXA DE PASSAGEM EM AÇO PINTADA (REF. LUKBOX OU SIMILAR) - 400X400X150MM-SOBREPOR ","UN",4,215.46,259.50985410159586,1038.04,9.3499257579649322E-5,0.98708401396308265,"C"]
["13.5.2.4.16","SINAPI",87507,"ALVENARIA DE VEDAÇÃO DE BLOCOS CERÂMICOS FURADOS NA HORIZONTAL DE 9X14X19CM (ESPESSURA 9CM) DE PAREDES COM ÁREA LÍQUIDA MAIOR OU IGUAL A 6M² SEM VÃOS E ARGAMASSA DE ASSENTAMENTO COM PREPARO EM BETONEIRA. AF_06/2014","M2",10.8,79.62,95.897960566086795,1035.7,9.328848702867213E-5,0.98717730245011137,"C"]
["13.3.2.4","COMPOSIÇÃO","COMP-1729","CUBA ACO INOXIDAVEL 50x40x25CM ( PADRÃO TECNOCUBA OU SIMILAR), COM SIFAO EM METAL CROMADO 1.1/2X1.1/2\", VALVULA EM METAL CROMADO TIPO AMERICANA 3.1/2\"X1.1/2\" PARA PIA - FORNECIMENTO E INSTALACAO ","UN",2,427.02539999999999,514.3288742767827,1028.6600000000001,9.2654373918039853E-5,0.9872699568240294,"C"]
["18.10.2.5","SINAPI",88489,"APLICAÇÃO MANUAL DE PINTURA COM TINTA LÁTEX ACRÍLICA EM PAREDES, DUAS DEMÃOS. AF_06/2014","M2",70.5,11.98,14.429258572993215,1017.26,9.1627543028663711E-5,0.98736158436705812,"C"]
["13.3.2.6","SINAPI",95544,"PAPELEIRA DE PAREDE EM METAL CROMADO SEM TAMPA, INCLUSO FIXAÇÃO. AF_01/2020","UN",22,38.11,45.901422722601957,1009.83,9.0958301492868572E-5,0.98745254266855098,"C"]
["18.3.2","SINAPI",92777,"ARMAÇÃO DE PILAR OU VIGA DE UMA ESTRUTURA CONVENCIONAL DE CONCRETO ARMADO EM UMA EDIFICAÇÃO TÉRREA OU SOBRADO UTILIZANDO AÇO CA-50 DE 8,0 MM - MONTAGEM. AF_12/2015","KG",43.1,19.350000000000001,23.306022820318759,1004.49,9.0477312286792381E-5,0.98754301998083782,"C"]
["9.5.2","ORSE",9085,"Moldura pre-moldada de concreto, pintada com selador acrílico e resina acrílica incolor (fornecimento e assentamento)","M3",0.91,903.66,1088.4093323932427,990.45,8.9212688980929138E-5,0.9876322326698187,"C"]
["13.5.2.2.4","SINAPI",97488,"CURVA 90 GRAUS, EM AÇO, CONEXÃO SOLDADA, DN 65 (2 1/2\"), INSTALADO EM REDE DE ALIMENTAÇÃO PARA HIDRANTE - FORNECIMENTO E INSTALAÇÃO. AF_10/2020","UN",3,272.18,327.82600988291262,983.48,8.8584880972249162E-5,0.987720817550791,"C"]
["18.2.3","SINAPI",96544,"ARMAÇÃO DE BLOCO, VIGA BALDRAME OU SAPATA UTILIZANDO AÇO CA-50 DE 6,3 MM - MONTAGEM. AF_06/2017","KG",40,20.100000000000001,24.209357038160572,968.37,8.7223879679400627E-5,0.98780804143047041,"C"]
["12.4.30","COMPOSIÇÃO","COMP-0189 ","DISJUNTOR TRIPOLAR TERMOMAGNETICO (220/127V) NORMA UL 125A -22 Ka, FORNECIMENTO E INSTALACAO ","UN",2,400.56727999999998,482.46150742909629,964.92,8.6913128226036789E-5,0.98789495455869647,"C"]
["18.10.1.4","SINAPI",88489,"APLICAÇÃO MANUAL DE PINTURA COM TINTA LÁTEX ACRÍLICA EM PAREDES, DUAS DEMÃOS. AF_06/2014","M2",66.5,11.98,14.429258572993215,959.55,8.642943683340961E-5,0.98798138399552993,"C"]
["12.4.12","COMPOSIÇÃO","COMP-4985 ","DISJUNTOR BIPOLAR TERMOMAGNETICO (380/220V) TIPO DIN (CURVA C) 10A - 4,5 Ka, FORNECIMENTO E INSTALACAO ","UN",10,79.177279999999996,95.364728399522889,953.65,8.5898006811714939E-5,0.98806728200234162,"C"]
["18.6.2","COMPOSIÇÃO","COMP-387398","VIGA MOLDADA IN LOCO EM CONCRETO ARMADO, FCK 20 MPA - 10 X 10 CM","M",10.199999999999999,77.58993000000001,93.452851638601302,953.22,8.5859275471150765E-5,0.98815314127781273,"C"]
["13.5.2.2.19","COMPOSIÇÃO","COMP-6265 ","VALVULA RETENÇÃO VERTICAL BRONZE ( PN 16) 2.1/2\"COM LUVAS MACHO-FÊMEA ","UN",3,262.74200000000002,316.45845208559126,949.38,8.5513395592624067E-5,0.98823865467340533,"C"]
["18.8.1","SINAPI",91341,"PORTA EM ALUMÍNIO DE ABRIR TIPO VENEZIANA COM GUARNIÇÃO, FIXAÇÃO COM PARAFUSOS - FORNECIMENTO E INSTALAÇÃO. 0,70M X 2,10M","M2",1.47,532.55999999999995,641.43956140511398,942.92,8.4931524755310918E-5,0.98832358619816063,"C"]
["12.9.1","COMPOSIÇÃO","COMP-74131/006","QUADRO DE DISTRIBUICAO DE ENERGIA DE EMBUTIR, EM CHAPA METALICA, PARA 32 DISJUNTORES TERMOMAGNETICOS MONOPOLARES, COM BARRAMENTO TRIFASICO E NEUTRO, FORNECIMENTO E INSTALACAO","UN",1,773.44500000000005,931.57244549154734,931.57,8.3909197510186441E-5,0.98840749539567085,"C"]
["19.1.23","COMPOSIÇÃO","COMP-32861 ","PLACA DE PAREDE EM ACRÍLICO COM APLICAÇÃO DE ADESIVO DE ALTA PERFORMANCE DIM. 90X80CM ","UN",1,771.81,929.60317689665214,929.6,8.3731753926671434E-5,0.98849122714959747,"C"]
["18.11.12","SINAPI",91871,"ELETRODUTO RÍGIDO ROSCÁVEL, PVC, DN 25 MM (3/4\"), PARA CIRCUITOS TERMINAIS, INSTALADO EM PAREDE - FORNECIMENTO E INSTALAÇÃO. AF_12/2015","M",80,9.6300000000000008,11.59881135708887,927.9,8.3578630022115348E-5,0.98857480577961954,"C"]
["13.2.3.2","COMPOSIÇÃO","COMP-3355 ","CAIXA SIFONADA EM ALVENARIA 80X80X60CM, TAMPA DE CONCRETO E FUNDO ","un",2,383.04701999999997,461.35930694444932,922.72,8.3112052477644436E-5,0.98865791783209722,"C"]
["12.4.24","COMPOSIÇÃO","COMP-6906 ","DISJUNTOR TRIPOLAR TERMOMAGNETICO (220/127V) CURVA C 125A -40 Ka, FORNECIMENTO E INSTALACAO ","UN",2,381.41728000000006,459.39637373353543,918.79,8.2758066039464759E-5,0.98874067589813663,"C"]
["18.10.4.1","COMPOSIÇÃO","IFMT 226.07.2020","PINTURA COM TINTA PROTETORA ACABAMENTO GRAFITE ESMALTE SOBRE SUPERFICIE METALICA, 2 DEMAOS","M2",22.4,34.034799999999997,40.993065916536679,918.24,8.2708525952696619E-5,0.98882338442408935,"C"]
["13.3.2.17","COMPOSIÇÃO","COMP-3083 ","PIA DE AÇO INOX (2.00X0.58)m C/ 1 CUBAS E ACESSÓRIOS ","UN",1,741.20983999999999,892.7469480974064,892.75,8.0412568113205597E-5,0.98890379699220254,"C"]
["1.8","COMPOSIÇÃO","COMP-264922","PCMAT - PROGRAMA DE CONDIÇÕES E MEIO AMBIENTE DO TRABALHO NA INDÚSTRIA DA CONSTRUÇÃO","UND",1,734.68000000000006,884.88211088536366,884.88,7.9703694507995932E-5,0.98898350068671059,"C"]
["18.6.1","SINAPI",87507,"ALVENARIA DE VEDAÇÃO DE BLOCOS CERÂMICOS FURADOS NA HORIZONTAL DE 9X14X19CM (ESPESSURA 9CM) DE PAREDES COM ÁREA LÍQUIDA MAIOR OU IGUAL A 6M² SEM VÃOS E ARGAMASSA DE ASSENTAMENTO COM PREPARO EM BETONEIRA. AF_06/2014","M2",9.1999999999999993,79.62,95.897960566086795,882.26,7.9467703549209481E-5,0.98906296839025976,"C"]
["5.2.2","SINAPI",92760,"ARMAÇÃO DE PILAR OU VIGA DE UMA ESTRUTURA CONVENCIONAL DE CONCRETO ARMADO EM UM EDIFÍCIO DE MÚLTIPLOS PAVIMENTOS UTILIZANDO AÇO CA-50 DE 6,3 MM - MONTAGEM. AF_12/2015","KG",39.5,18.45,22.222021758908582,877.77,7.906327629541134E-5,0.98914203166655512,"C"]
["18.7.7","SINAPI",99198,"REVESTIMENTO CERÂMICO PARA PAREDES INTERNAS COM PLACAS TIPO ESMALTADA PADRÃO POPULAR DE DIMENSÕES 20X20 CM, ARGAMASSA TIPO AC III, APLICADAS EM AMBIENTES DE ÁREA MAIOR QUE 5 M2 A MEIA ALTURA DAS PAREDES. AF_06/2014","M2",13,56,67.448954932188656,876.84,7.8979508512330663E-5,0.98922101117506744,"C"]
["12.12.3.3","COMPOSIÇÃO","COMP-8041 ","CAIXA DE PASSAGEM DE 90 X 90 CM EM ALVENARIA COM TAMPA DE CONCRETO ","UN",2,362.79070000000002,436.96167096637811,873.92,7.8716495688034316E-5,0.98929972767075547,"C"]
["18.6.8","COMPOSIÇÃO","COMP-131375","PILAR METALICO EM PERFIL UDC (\"U\" DOBRADO DE CHAPA) SIMPLES DE ACO LAMINADO, GALVANIZADO, ASTM A36, 100 X 50 MM, E= 3 MM ","UN",2,362.66773999999998,436.81357233247695,873.63,7.8690374551374745E-5,0.9893784180453068,"C"]
["13.1.2.3","SINAPI",94794,"REGISTRO DE GAVETA BRUTO, LATÃO, ROSCÁVEL, 1 1/2\", COM ACABAMENTO E CANOPLA CROMADOS - FORNECIMENTO E INSTALAÇÃO. AF_08/2021","UN",9,80.37,96.801294783928611,871.21,7.8472398169594901E-5,0.9894568904434764,"C"]
["11.1.5","COMPOSIÇÃO","COMP-0142 ","PORTA DE ABRIR EM VIDRO TEMPERADO 10mm DE0,80m x 2,10m (COM FECHADURA E PUXADOR VERTICAL) ","UN",1,720.47979999999995,867.7787421384337,867.78,7.8163448173931727E-5,0.98953505389165031,"C"]
["13.3.2.8","SINAPI",95547,"SABONETEIRA PLASTICA TIPO DISPENSER PARA SABONETE LIQUIDO COM RESERVATORIO 800 A 1500 ML, INCLUSO FIXAÇÃO. AF_01/2020","UN",8,89.79,108.14717256002177,865.18,7.7929258672845939E-5,0.9896129831503232,"C"]
["7.1.4","COMPOSIÇÃO","COMP-7056","ESTRUTURA METÁLICA EM AÇO LAMINADO A-36 - 250MPa R8 - 8,0MM","KG",75.819999999999993,9.4685000000000006,11.404293388846934,864.67,7.7883321501479112E-5,0.98969086647182469,"C"]
["13.3.2.7","COMPOSIÇÃO","COMP-1912 ","TOALHEIRO PLASTICO TIPO DISPENSER PARA PAPEL TOALHA INTERFOLHADO","UN",8,89.5,107.79788332912294,862.38,7.7677054594753558E-5,0.98976854352641941,"C"]
["19.1.7","COMPOSIÇÃO","COMP-595072","SINALIZAÇÃO DE ALERTA - RISCO DE CHOQUE ELÉTRICO ","UN",14,50.981999999999999,61.405046792015028,859.67,7.7432957076314143E-5,0.9898459764834957,"C"]
["13.1.3.6","SINAPI",90373,"JOELHO 90 GRAUS COM BUCHA DE LATÃO, PVC, SOLDÁVEL, DN 25MM, X 1/2\u0094 INSTALADO EM RAMAL OU SUB-RAMAL DE ÁGUA - FORNECIMENTO E INSTALAÇÃO. AF_12/2014","UN",54,12.99,15.645748653020188,844.87,7.6099878377825829E-5,0.98992207636187357,"C"]
["18.3.1","SINAPI",92775,"ARMAÇÃO DE PILAR OU VIGA DE UMA ESTRUTURA CONVENCIONAL DE CONCRETO ARMADO EM UMA EDIFICAÇÃO TÉRREA OU SOBRADO UTILIZANDO AÇO CA-60 DE 5,0 MM - MONTAGEM. AF_12/2015","KG",33.700000000000003,20.61,24.823624306293002,836.56,7.5351372703201652E-5,0.98999742773457677,"C"]
["16.1.6","ORSE",9126,"Planta - Ipê roxo (tabebuia) h=1,00m, fornecimento e plantio","UN",10,69.17,83.311503797490872,833.12,{"$f":"I463/$I$877","v":7.5041521978688153E-5},0.99007246925655545,{"$f":"IF(K463<=$J$11,\"A\",IF(K463<=$K$11,\"B\",\"C\"))","v":"C"}]
["13.5.2.2.12","SINAPI",94499,"REGISTRO DE GAVETA BRUTO, LATÃO, ROSCÁVEL, 2 1/2\" - FORNECIMENTO E INSTALAÇÃO. AF_08/2021","UN",5,137.36000000000001,165.44265088366845,827.21,7.4509191228143158E-5,{"$f":"K463+J464","v":0.99014697844778354},"C"]
["13.5.2.2.22","COMPOSIÇÃO","COMP-9134 ","TE DE FERRO GALVANIZADO 90 º - 2.1/2\"","UN",7,97.542000000000002,117.48403503563473,822.39,7.4075039922284118E-5,0.99022105348770584,"C"]
["13.5.1.4.9","COMPOSIÇÃO","COMP-897373","ACIONADOR MANUAL DO SISTEMA DE DETECÇÃO E ALARME","UND",5,132.36200000000002,159.42283165597064,797.11,7.1797997388650027E-5,0.99029285148509449,"C"]
["16.1.7","ORSE",7633,"Planta - Ipê amarelo (tabebuia chrysotricha) h=1,00m, fornecimento e plantio","UN",10,66.17,79.698166926123633,796.98,7.1786287913595749E-5,0.99036463777300809,"C"]
["12.6.1","COMPOSIÇÃO","COMP-6171 ","CAIXA EM ALVENARIA (30X30X30cm) DE 1/2 TIJOLO COMUM, LASTRO DE BRITA E TAMPA DE CONCRETO ","UN",3,217.48699999999997,261.95126538101624,785.85,7.0783776703178515E-5,0.99043542154971131,"C"]
["13.2.3.4","COMPOSIÇÃO","IFMT 232.08.2020","IMPERMEABILIZACAO DE ESTRUTURAS ENTERRADAS, COM TINTA ASFALTICA, DUAS DEMAOS.","M2",45,14.46,17.41628371999014,783.73,7.0592822186908567E-5,0.99050601437189822,"C"]
["18.13.2","COMPOSIÇÃO","COMP-959103","FORNECIMENTO E INSTALAÇÃO DE CAIXA D´AGUA EM POLIETILENO, 250 LITROS, COM ACESSÓRIOS E BARRILETE","UN",1,646.36099999999999,778.50667783793551,778.51,7.0122641727036341E-5,0.99057613701362524,"C"]
["4.1.4","SINAPI",96543,"ARMAÇÃO DE BLOCO, VIGA BALDRAME E SAPATA UTILIZANDO AÇO CA-60 DE 5 MM - MONTAGEM. AF_06/2017","KG",31.36,20.59,24.799535393817219,777.71,7.0050583419009943E-5,0.99064618759704426,"C"]
["13.5.1.2.5","COMPOSIÇÃO","COMP-7753 ","ABRAÇADEIRA PVC CINZA SEM ROSCA 1\"","UN",158,4.08,4.914138145059459,776.43,6.9935290126167706E-5,0.99071612288717048,"C"]
["13.5.1.4.10","COMPOSIÇÃO","COMP-711596","ACIONADOR MANUAL DE BOMBA DE INCÊNDIO ","UND",5,128.6181,154.91350768506666,774.57,6.976775456000634E-5,0.9907858906417305,"C"]
["18.7.6","SINAPI",90408,"MASSA ÚNICA, PARA RECEBIMENTO DE PINTURA, EM ARGAMASSA TRAÇO 1:2:8, PREPARO MECÂNICO COM BETONEIRA 400L, APLICADA MANUALMENTE EM TETO, ESPESSURA DE 10MM, COM EXECUÇÃO DE TALISCAS. AF_03/2015","M2",24.9,25.71,30.966296987617326,771.06,6.9451598733540526E-5,0.99085534224046401,"C"]
["13.1.1.3","SINAPI",89448,"TUBO, PVC, SOLDÁVEL, DN 40MM, INSTALADO EM PRUMADA DE ÁGUA - FORNECIMENTO E INSTALAÇÃO. AF_12/2014","M",42.76,14.64,17.633083932272175,753.99,6.7914054586027322E-5,0.99092325629505007,"C"]
["12.11.3.1","SINAPI",91872,"ELETRODUTO RÍGIDO ROSCÁVEL, PVC, DN 32 MM (1\"), PARA CIRCUITOS TERMINAIS, INSTALADO EM PAREDE - FORNECIMENTO E INSTALAÇÃO. AF_12/2015","M",50,12.47,15.019436928649867,750.97,6.7642034473227686E-5,0.99099089832952325,"C"]
["12.12.2.20","COMPOSIÇÃO","COMP-3259 ","PARAFUSO FENDA GALVANIZADO CAB. PANELA 2,9X25MM AUTOATARRACHANTE ","UN",296,2.09,2.5172913537191834,745.12,6.7115108095784667E-5,0.99105801343761901,"C"]
["12.1.45","COMPOSIÇÃO","COMP-103","ANEL DE AMARRAÇÃO","UN    ",28,21.960999999999999,26.450830344032052,740.62,6.6709780113136186E-5,0.99112472321773215,"C"]
["13.2.2.14","SINAPI",89784,"TE, PVC, SERIE NORMAL, ESGOTO PREDIAL, DN 50 X 50 MM, JUNTA ELÁSTICA, FORNECIDO E INSTALADO EM RAMAL DE DESCARGA OU RAMAL DE ESGOTO SANITÁRIO. AF_12/2014","UN",30,20.43,24.606824094010967,738.2,6.6491803731356342E-5,0.99119121502146346,"C"]
["12.1.41","ORSE",9312,"Perfil \"U\" para rede compacta","un",3,202.18,243.51481621767681,730.54,6.5801845432003595E-5,0.99125701686689549,"C"]
["13.5.2.2.15","SINAPI",92377,"NIPLE, EM FERRO GALVANIZADO, DN 65 (2 1/2\"), CONEXÃO ROSQUEADA, INSTALADO EM REDE DE ALIMENTAÇÃO PARA HIDRANTE - FORNECIMENTO E INSTALAÇÃO. AF_10/2020","UN",9,67.290000000000006,81.0471460247674,729.42,6.5700963800766651E-5,0.99132271783069625,"C"]
["13.5.2.2.26","COMPOSIÇÃO","COMP-6223 ","REDUÇÃO GIRATÓRIA TIPO STORZ - BRONZE OU LATÃO 2.1/2\" X 1.1/2\"","UN",5,119.842,144.34317244613129,721.72,6.5007402586012591E-5,0.99138772523328222,"C"]
["12.8.16","COMPOSIÇÃO","COMP-6948 ","PARAFUSO GALVANIZADO CABEÇA LENTILHA 1/4\"X5/8\" MÁQUINA ROSCA TOTAL ","UND",456,1.3140000000000001,1.5826415496588553,721.68,6.5003799670611265E-5,0.99145272903295278,"C"]
["13.5.2.4.11","SINAPI",94965,"CONCRETO FCK = 25MPA, TRAÇO 1:2,3:2,7 (EM MASSA SECA DE CIMENTO/ AREIA MÉDIA/ BRITA 1) - PREPARO MECÂNICO COM BETONEIRA 400 L. AF_05/2021","M3",1.52,393.57,474.0336641546694,720.53,6.4900215852823332E-5,0.9915176292488056,"C"]
["13.5.2.4.19","SINAPI",87529,"MASSA ÚNICA, PARA RECEBIMENTO DE PINTURA, EM ARGAMASSA TRAÇO 1:2:8, PREPARO MECÂNICO COM BETONEIRA 400L, APLICADA MANUALMENTE EM FACES INTERNAS DE PAREDES, ESPESSURA DE 20MM, COM EXECUÇÃO DE TALISCAS. AF_06/2014","M2",21.6,27.55,33.182476935389239,716.74,6.4558839618548286E-5,0.99158218808842413,"C"]
["19.2.7","COMPOSIÇÃO","COMP-9813 ","PLACA DE SINALIZACAO DE SEGURANCA CONTRA INCENDIO, FOTOLUMINESCENTE, REDONDA DIAM 18 CM, EM PVC *2* MM ANTI-CHAMAS (SIMBOLOS, CORES E PICTOGRAMAS CONFORME NBR 13434) ","UN",3.9,152.1345,183.23773275234026,714.63,6.4368785831128662E-5,0.99164655687425529,"C"]
["13.2.4.3","SINAPI",96620,"LASTRO DE CONCRETO MAGRO, APLICADO EM PISOS, LAJES SOBRE SOLO OU RADIERS. AF_08/2017","M3",1.26,469.15,565.0656644006483,711.98,6.4130092685791236E-5,0.99171068696694109,"C"]
["13.5.2.4.6","SINAPI",92777,"ARMAÇÃO DE PILAR OU VIGA DE UMA ESTRUTURA CONVENCIONAL DE CONCRETO ARMADO EM UMA EDIFICAÇÃO TÉRREA OU SOBRADO UTILIZANDO AÇO CA-50 DE 8,0 MM - MONTAGEM. AF_12/2015","KG",30.5,19.350000000000001,23.306022820318759,710.83,6.402650886800329E-5,0.99177471347580914,"C"]
["18.2.3","SINAPI",96545,"ARMAÇÃO DE BLOCO, VIGA BALDRAME OU SAPATA UTILIZANDO AÇO CA-50 DE 8 MM - MONTAGEM. AF_06/2017","KG",30,19.350000000000001,23.306022820318759,699.18,6.2977159757368904E-5,0.99183769063556648,"C"]
["19.1.19","COMPOSIÇÃO","COMP-4098","PLACA DE PORTA EM ACRÍLICO COM APLICAÇÃO DE ADESIVO DE ALTA PERFORMANCE DIM. 20X15CM ","UN",12,48.271999999999998,58.140999151546616,697.69,6.2842951158669749E-5,0.99190053358672514,"C"]
["19.1.5","COMPOSIÇÃO","COMP-3792 ","EXTINTOR DE INCÊNDIO TIPO ABC PÓ QUIMICO 6KG - FORNECIMENTO E INSTALAÇÃO ","UN",3,187.755,226.14068809451928,678.42,6.1107246664083943E-5,0.99196164083338922,"C"]
["12.7.6","SINAPI",91933,"CABO DE COBRE FLEXÍVEL ISOLADO, 10 MM², ANTI-CHAMA 0,6/1,0 KV, PARA CIRCUITOS TERMINAIS - FORNECIMENTO E INSTALAÇÃO. AF_12/2015","M",35,16.09,19.379530086766344,678.28,6.1094636460179327E-5,0.99202273546984943,"C"]
["12.4.29","COMPOSIÇÃO","COMP-8766 ","DISJUNTOR TRIPOLAR TERMOMAGNETICO (220/127V) CURVA C 90A -5 Ka, FORNECIMENTO E INSTALACAO ","UN",2,280.37928000000005,337.70159679713402,675.4,6.08352265512843E-5,0.99208357069640074,"C"]
["13.1.3.20","SINAPI",94694,"TÊ, PVC, SOLDÁVEL, DN 50 MM INSTALADO EM RESERVAÇÃO DE ÁGUA DE EDIFICAÇÃO QUE POSSUA RESERVATÓRIO DE FIBRA/FIBROCIMENTO   FORNECIMENTO E INSTALAÇÃO. AF_06/2016","UN",24,23.36,28.13584977171298,675.26,6.0822616347379684E-5,0.99214439331274817,"C"]
["18.10.4.2","COMPOSIÇÃO","IFMT 227.07.2020","PINTURA ESMALTE FOSCO, DUAS DEMAOS, SOBRE SUPERFICIE METALICA","M2",22.4,24.9726,30.078138784635254,673.75,6.0686606290979865E-5,0.99220507991903917,"C"]
["12.11.3.2","COMPOSIÇÃO","COMP-854212","GRAMPO TIPO \"X\" 4 PARAFUSOS - PARA CRUZAMENTO BARRAS DE ALUMÍNIO (REF. TERMOTÉCNICA OU EQUIVALENTE TÉCNICO) ","UND",15,37.18,44.781288292478109,671.72,6.0503758334362888E-5,0.9922655836773735,"C"]
["13.2.4.15","SINAPI",89701,"TÊ, PVC, SERIE R, ÁGUA PLUVIAL, DN 150 X 150 MM, JUNTA ELÁSTICA, FORNECIDO E INSTALADO EM CONDUTORES VERTICAIS DE ÁGUAS PLUVIAIS. AF_12/2014","UN",3,185.71,223.67759679387063,671.03,6.0441608043690118E-5,0.99232602528541713,"C"]
["12.2.3.3","COMPOSIÇÃO","COMP-5487 ","TALA PLANA PERFURADA 50MM ","UND",114,4.8109999999999999,5.7945878960492783,660.58,5.9500346395095329E-5,0.99238552563181226,"C"]
["13.3.2.2","COMPOSIÇÃO","COMP-168049","TANQUE EM AÇO INOX C/ ESFREGADOR (62,5x50,5x30)cm E ACESSÓRIOS ","UN",1,543.54539999999997,654.67087836068663,654.66999999999996,5.8968015644550327E-5,0.99244449364745679,"C"]
["13.2.1.1","SINAPI",91787,"(COMPOSIÇÃO REPRESENTATIVA) DO SERVIÇO DE INSTALAÇÃO DE TUBOS DE PVC, SOLDÁVEL, ÁGUA FRIA, DN 40 MM (INSTALADO EM PRUMADA), INCLUSIVE CONEXÕES, CORTES E FIXAÇÕES, PARA PRÉDIOS. AF_10/2015","M",17.47,30.8,37.096925212703759,648.08000000000004,5.8374435332182907E-5,0.99250286808278898,"C"]
["13.5.1.4.3","COMPOSIÇÃO","COMP-908370","BATERIA DE SISTEMA DE ALARME / REPETIDOR","UND",3,178.10500000000002,214.51778782495467,643.54999999999995,5.7966405162983432E-5,0.99256083448795196,"C"]
["11.1.3","SINAPI",91341,"PORTA EM ALUMÍNIO DE ABRIR TIPO VENEZIANA COM GUARNIÇÃO, FIXAÇÃO COM PARAFUSOS - FORNECIMENTO E INSTALAÇÃO. 0,70M x 2,10M","M2",1,532.55999999999995,641.43956140511398,641.44000000000005,5.7776351375563822E-5,0.99261861083932756,"C"]
["12.11.3.5","COMPOSIÇÃO","COMP-8288 ","GRAMPO CONECTOR DE ATERRAMENTO TIPO GAR ESTANHADO 5/8'' ","UND",22,24.178000000000001,29.12108629197245,640.66,5.770609452523808E-5,0.99267631693385283,"C"]
["13.4.1.3","SINAPI",91786,"(COMPOSIÇÃO REPRESENTATIVA) DO SERVIÇO DE INSTALAÇÃO TUBOS DE PVC, SOLDÁVEL, ÁGUA FRIA, DN 32 MM (INSTALADO EM RAMAL, SUB-RAMAL, RAMAL DE DISTRIBUIÇÃO OU PRUMADA), INCLUSIVE CONEXÕES, CORTES E FIXAÇÕES, PARA PRÉDIOS. AF_10/2015","M",20.329999999999998,26.15,31.49625306208452,640.32000000000005,5.7675469744326871E-5,0.99273399240359717,"C"]
["12.11.3.11","COMPOSIÇÃO","COMP-6327 ","ADESIVO MONOCOMPONENTES POLIURETÂNICO PARA SUPERFÍCIES LISAS (BISNAGA 310 ML) ","UN",16,33.1,39.867150147418648,637.87,5.7454791175996031E-5,0.99279144719477319,"C"]
["18.7.3","SINAPI",87527,"EMBOÇO, PARA RECEBIMENTO DE CERÂMICA, EM ARGAMASSA TRAÇO 1:2:8, PREPARO MECÂNICO COM BETONEIRA 400L, APLICADO MANUALMENTE EM FACES INTERNAS DE PAREDES, PARA AMBIENTE COM ÁREA MENOR QUE 5M2, ESPESSURA DE 20MM, COM EXECUÇÃO DE TALISCAS. AF_06/2014","M2",17.399999999999999,30.36,36.566969138236558,636.27,5.7310674559943234E-5,0.99284875786933313,"C"]
["12.1.18","ORSE",4141,"Cruzeta de concreto normal 90x90x2000mm","un",2,264,317.97364468031793,635.95000000000005,5.7281851236732682E-5,0.9929060397205699,"C"]
["18.13.25","SINAPI",89713,"TUBO PVC, SERIE NORMAL, ESGOTO PREDIAL, DN 75 MM, FORNECIDO E INSTALADO EM RAMAL DE DESCARGA OU RAMAL DE ESGOTO SANITÁRIO. AF_12/2014","M",13.6,38.479999999999997,46.347067603403914,630.32000000000005,5.6774740893996926E-5,0.99296281446146395,"C"]
["19.2.1","COMPOSIÇÃO","comp-72554","EXTINTOR DE CO2 6KG - FORNECIMENTO E INSTALACAO","UN",1,521.12100000000009,627.66190791459087,627.66,5.6535147019809155E-5,0.9930193496084837,"C"]
["12.12.2.1","COMPOSIÇÃO","COMP-351620","ELETRODUTO DE PVC RIGIDO ROSCAVEL DE 2 1/2 \" - FORNECIMENTO E INSTALAÇÃO","M",23,22.350999999999999,26.920564137309793,619.16999999999996,5.5770428225879035E-5,0.99307512003670961,"C"]
["12.1.9","ORSE",12461,"Luva para eletroduto galvanizado, diâm = 4\"","un",13,39.49,47.563557683430894,618.33000000000004,5.5694767002451324E-5,0.99313081480371201,"C"]
["12.12.2.27","COMPOSIÇÃO","COMP-6948 ","PARAFUSO GALVANIZADO CABEÇA LENTILHA 1/4\"X5/8\" MÁQUINA ROSCA TOTAL ","UND",384,1.3140000000000001,1.5826415496588553,607.73,5.4739994421101587E-5,0.99318555479813309,"C"]
["13.2.3.1","COMPOSIÇÃO","COMP-0047 ","CAIXA EM ALVENARIA DE TIJOLO MACIÇO 80X80X60CM, REVESTIDA INTERNAMENTO COM BARRA LISA (CIMENTO E AREIA, TRAÇO 1:4) E=2,0CM, COM TAMPA PRÉ-MOLDADA DE CONCRETO E FUNDO DE CONCRETO 15MPA TIPO C - ESCAVAÇÃO E CONFECÇÃO ","UN",1,501.04813999999999,603.48523953065978,603.49,5.435808538856169E-5,0.99323991288352165,"C"]
["13.3.2.3","COMPOSIÇÃO","COMP-6861 ","TANQUE EM AÇO INOX C/ ESFREGADOR (62,5x50,5x30)cm E ACESSÓRIOS ","UN",2,248.43539999999999,299.22693032429032,598.45000000000005,5.3904118047995401E-5,0.9932938170015696,"C"]
["12.4.4","SINAPI",93653,"DISJUNTOR MONOPOLAR TIPO DIN, CORRENTE NOMINAL DE 10A - FORNECIMENTO E INSTALAÇÃO. AF_10/2020","UN",43,11.45,13.790902392385,593.01,5.3414121553415906E-5,0.99334723112312306,"C"]
["13.5.2.4.5","SINAPI",92775,"ARMAÇÃO DE PILAR OU VIGA DE UMA ESTRUTURA CONVENCIONAL DE CONCRETO ARMADO EM UMA EDIFICAÇÃO TÉRREA OU SOBRADO UTILIZANDO AÇO CA-60 DE 5,0 MM - MONTAGEM. AF_12/2015","KG",23.54,20.61,24.823624306293002,584.35,5.2634090369030182E-5,0.99339986521349211,"C"]
["15.3.1","COMPOSIÇÃO","IFMT 221.07.2020","PINTURA ESMALTE FOSCO, DUAS DEMAOS, SOBRE SUPERFICIE METALICA, INCLUSO UMA DEMAO DE FUNDO ANTICORROSIVO. UTILIZACAO DE REVOLVER ( AR-COMPRIMIDO).","M2",29.58,16.386219999999998,19.736310969445146,583.79999999999995,5.2584550282262028E-5,0.99345244976377434,"C"]
["18.7.2","SINAPI",87905,"CHAPISCO APLICADO EM ALVENARIA (COM PRESENÇA DE VÃOS) E ESTRUTURAS DE CONCRETO DE FACHADA, COM COLHER DE PEDREIRO.  ARGAMASSA TRAÇO 1:3 COM PREPARO EM BETONEIRA 400L. AF_06/2014","M2",70.5,6.81,8.2022746980036558,578.26,5.2085546499179244E-5,0.9935045353102735,"C"]
["13.2.4.10","SINAPI",91594,"ARMAÇÃO DO SISTEMA DE PAREDES DE CONCRETO, EXECUTADA EM PAREDES DE EDIFICAÇÕES TÉRREAS OU DE MÚLTIPLOS PAVIMENTOS, TELA Q-92. AF_06/2019","KG",28.39,16.850000000000001,20.294908760846052,576.16999999999996,5.1897294169460283E-5,0.99355643260444293,"C"]
["13.4.2.5","SINAPI",89567,"JUNÇÃO SIMPLES, PVC, SERIE R, ÁGUA PLUVIAL, DN 100 X 100 MM, JUNTA ELÁSTICA, FORNECIDO E INSTALADO EM RAMAL DE ENCAMINHAMENTO. AF_12/2014","UN",6,79.41,95.645026985091079,573.87,5.1690126533884399E-5,0.99360812273097676,"C"]
["13.2.2.1","SINAPI",89529,"JOELHO 90 GRAUS, PVC, SERIE R, ÁGUA PLUVIAL, DN 100 MM, JUNTA ELÁSTICA, FORNECIDO E INSTALADO EM RAMAL DE ENCAMINHAMENTO. AF_12/2014","UN",11,43.19,52.020006491450495,572.22,5.1541506273579957E-5,0.99365966423725038,"C"]
["13.4.2.4","SINAPI",89585,"JOELHO 45 GRAUS, PVC, SERIE R, ÁGUA PLUVIAL, DN 100 MM, JUNTA ELÁSTICA, FORNECIDO E INSTALADO EM CONDUTORES VERTICAIS DE ÁGUAS PLUVIAIS. AF_12/2014","UN",14,33.630000000000003,40.505506328026868,567.08000000000004,5.1078531644510372E-5,0.99371074276889493,"C"]
["12.8.15","COMPOSIÇÃO","COMP-5409 ","PARAFUSO GALVANIZADO CABEÇA SEXTAVADA 3/8\"X2.1/2\" ROSCA TOTAL ","UND",246,1.8840000000000001,2.2691755552186326,558.22,5.0280485883118041E-5,0.993761023254778,"C"]
["12.12.2.23","COMPOSIÇÃO","COMP-5487 ","TALA PLANA PERFURADA 50MM ","UND",96,4.8109999999999999,5.7945878960492783,556.28,5.0105744486154029E-5,0.99381112899926416,"C"]
["13.2.4.19","SINAPI",98563,"PROTEÇÃO MECÂNICA DE SUPERFÍCIE HORIZONTAL COM ARGAMASSA DE CIMENTO E AREIA, TRAÇO 1:3, E=2CM. AF_06/2018","M2",16.66,27.64,33.290877041530258,554.63,4.9957124225849588E-5,0.99386108612349,"C"]
["13.5.2.2.5","COMPOSIÇÃO","COMP-0173 ","CURVA 90° ZINCADA 1\"","UND",15,30.682000000000002,36.954800629096646,554.32000000000005,4.9929201631489367E-5,0.99391101532512149,"C"]
["12.12.2.28","COMPOSIÇÃO","COMP-54871 ","PORCA SEXTAVADA GALVANIZADA 1/4\" ","UN",444,1.034,1.2453967749979118,552.96,{"$f":"I527/$I$877","v":4.980670250784449E-5},0.99396082202762936,{"$f":"IF(K527<=$J$11,\"A\",IF(K527<=$K$11,\"B\",\"C\"))","v":"C"}]
["13.1.3.21","SINAPI",89627,"TÊ DE REDUÇÃO, PVC, SOLDÁVEL, DN 50MM X 25MM, INSTALADO EM PRUMADA DE ÁGUA - FORNECIMENTO E INSTALAÇÃO. AF_12/2014","UN",24,19.05,22.944689133182031,550.66999999999996,4.960043560111893E-5,{"$f":"K527+J528","v":0.99401042246323046},"C"]
["12.9.4","COMPOSIÇÃO","COMP-83463","QUADRO DE DISTRIBUICAO DE ENERGIA EM CHAPA DE ACO GALVANIZADO, PARA 12 DISJUNTORES TERMOMAGNETICOS MONOPOLARES, COM BARRAMENTO TRIFASICO E NEUTRO - FORNECIMENTO E INSTALACAO","UN",1,455.33,548.42022587988322,548.41999999999996,4.9397771609794689E-5,0.9940598202348403,"C"]
["18.11.22","COMPOSIÇÃO","COMP-83463","QUADRO DE DISTRIBUICAO DE ENERGIA EM CHAPA DE ACO GALVANIZADO, PARA 12 DISJUNTORES TERMOMAGNETICOS MONOPOLARES, COM BARRAMENTO TRIFASICO E NEUTRO - FORNECIMENTO E INSTALACAO","UN",1,455.33,548.42022587988322,548.41999999999996,4.9397771609794689E-5,0.99410921800645013,"C"]
["12.6.3","COMPOSIÇÃO","COMP-3773 ","CAIXA EM ALVENARIA (80X80X80cm) DE 1/2 TIJOLO COMUM, LASTRO DE BRITA E TAMPA DE CONCRETO ","UN",1,454.74699999999996,547.71803408121411,547.72,4.9334720590271601E-5,0.99415855272704046,"C"]
["10.3.1","SINAPI",100575,"REGULARIZAÇÃO DE SUPERFÍCIES COM MOTONIVELADORA. AF_11/2019","M2",6400,7.0000000000000007E-2,8.4311193665235817E-2,539.59,4.8602428034953361E-5,0.99420715515507541,"C"]
["18.12.1.7","SINAPI",98111,"CAIXA DE INSPEÇÃO PARA ATERRAMENTO, CIRCULAR, EM POLIETILENO, DIÂMETRO INTERNO = 0,3 M. AF_12/2020","UN",9,49.62,59.764591852414299,537.88,4.8448403401546936E-5,0.99425560355847697,"C"]
["13.5.2.2.1","COMPOSIÇÃO","COMP-5222 ","ADAPTADOR PARA ENGATE STORZ - ⌀ 63 MM X ⌀ 63 MM","UN",6,74.272000000000006,89.456585370062783,536.74,4.8345720312609322E-5,0.99430394927878962,"C"]
["13.5.2.2.27","COMPOSIÇÃO","COMP-7706 ","TAMPÃO CEGO TIPO STORZ COM CORRENTE","UN",5,88.412000000000006,106.48744649044042,532.44000000000005,4.7958406906967455E-5,0.99435190768569659,"C"]
["18.6.9","COMPOSIÇÃO","IFMT 225.07.2020","PINTURA ESMALTE ACETINADO, DUAS DEMAOS, SOBRE SUPERFICIE METALICA","M2",17.5,25.047799999999999,30.168713095544192,527.95000000000005,4.7553979653169306E-5,0.99439946166534976,"C"]
["13.1.3.23","SINAPI",94697,"TÊ, PVC, SOLDÁVEL, DN 75 MM INSTALADO EM RESERVAÇÃO DE ÁGUA DE EDIFICAÇÃO QUE POSSUA RESERVATÓRIO DE FIBRA/FIBROCIMENTO   FORNECIMENTO E INSTALAÇÃO. AF_06/2016","UN",5,87.6,105.50943664392366,527.54999999999995,4.75179504991561E-5,0.99444697961584894,"C"]
["12.5.2","SINAPI",91965,"INTERRUPTOR SIMPLES (2 MÓDULOS) COM INTERRUPTOR PARALELO (1 MÓDULO), 10A/250V, INCLUINDO SUPORTE E PLACA - FORNECIMENTO E INSTALAÇÃO. AF_12/2015","UN",9,48.22,58.078367979109586,522.71,4.7081997735596418E-5,0.99449406161358456,"C"]
["18.2.6","SINAPI",94965,"CONCRETO FCK = 25MPA, TRAÇO 1:2,3:2,7 (EM MASSA SECA DE CIMENTO/ AREIA MÉDIA/ BRITA 1) - PREPARO MECÂNICO COM BETONEIRA 400 L. AF_05/2021","M3",1.1000000000000001,393.57,474.0336641546694,521.44000000000005,4.6967605171604519E-5,0.9945410292187562,"C"]
["18.3.14","SINAPI",94965,"CONCRETO FCK = 25MPA, TRAÇO 1:2,3:2,7 (EM MASSA SECA DE CIMENTO/ AREIA MÉDIA/ BRITA 1) - PREPARO MECÂNICO COM BETONEIRA 400 L. AF_05/2021","M3",1.1000000000000001,393.57,474.0336641546694,521.44000000000005,4.6967605171604519E-5,0.99458799682392784,"C"]
["10.2.7","COMPOSIÇÃO","COMP-6762","PATAMAR INDUSTRIAL MONOLÍTICO C/PINGADEIRA","M2",4.45,96.634999999999991,116.39160285485804,517.94000000000005,4.6652350073989037E-5,0.99463464917400179,"C"]
["13.5.2.2.18","COMPOSIÇÃO","COMP-4994 ","VALVULA DE RETENÇÃO HORIZONTAL - ⌀ 63 MM","UN",1,422.28200000000004,508.61570690490163,508.62,4.5812870785481524E-5,0.99468046204478733,"C"]
["13.5.2.2.20","COMPOSIÇÃO","COMP-9594 ","VÁLVULA RETENÇÃO HORIZONTAL BRONZE ( PN 16) 2.1/2\"COM LUVAS MACHO-FÊMEA ","UN",1,422.28200000000004,508.61570690490163,508.62,4.5812870785481524E-5,0.99472627491557286,"C"]
["18.13.5","SINAPI",89356,"TUBO, PVC, SOLDÁVEL, DN 25MM, INSTALADO EM RAMAL OU SUB-RAMAL DE ÁGUA - FORNECIMENTO E INSTALAÇÃO. AF_12/2014","M",24.14,17.39,20.945309397692156,505.62,4.5542652130382544E-5,0.99477181756770328,"C"]
["12.11.3.12","COMPOSIÇÃO","COMP-1528 ","PARAFUSO INOX 1/4\" X 7/8\" (COM PORCA INOX 1/4\") ","UND",602,0.69599999999999995,0.83829415415720177,504.65,4.5455281431900534E-5,0.99481727284913513,"C"]
["12.10.10","COMPOSIÇÃO","COMP-110","ELETRODUTO FLEXIVEL PLANO EM PEAD, DIAMETRO 40 MM (1 1/4\") - FORNECIMENTO E INSTALAÇÃO                                                                                                                                                                                                                                                                                                                                                                             ","M     ",62,6.7230000000000008,8.0974879287340062,502.04,4.5220191201964422E-5,0.99486249304033714,"C"]
["13.1.1.7","COMPOSIÇÃO","COMP-607277","TUBO DE DESCARGA PVC, PARA LIGACAO CAIXA DE DESCARGA - EMBUTIR, 40 MM X 150 CM ","UN",18,23.138439999999999,27.86899279930627,501.64,4.5184162047951222E-5,0.99490767720238504,"C"]
["13.4.2.2","SINAPI",89590,"JOELHO 90 GRAUS, PVC, SERIE R, ÁGUA PLUVIAL, DN 150 MM, JUNTA ELÁSTICA, FORNECIDO E INSTALADO EM CONDUTORES VERTICAIS DE ÁGUAS PLUVIAIS. AF_12/2014","UN",3,135.61000000000001,163.33487104203758,490,4.4135713666167175E-5,0.99495181291605117,"C"]
["12.12.2.6","SINAPI",93020,"CURVA 90 GRAUS PARA ELETRODUTO, PVC, ROSCÁVEL, DN 60 MM (2\") - FORNECIMENTO E INSTALAÇÃO. AF_12/2015","UN",19,21.4,25.775136349086374,489.73,4.4111393987208267E-5,0.99499592431003836,"C"]
["12.11.3.13","COMPOSIÇÃO","COMP-209 ","PARAFUSO INOX R/S 4.2 X 32MM ","UN",750,0.54139999999999999,0.65208686071940958,489.07,4.4051945883086485E-5,0.99503997625592144,"C"]
["12.4.13","COMPOSIÇÃO","COMP-3166 ","DISJUNTOR BIPOLAR TERMOMAGNETICO (380/220V) TIPO DIN (CURVA C) 16A - 4,5 Ka, FORNECIMENTO E INSTALACAO ","UN",5,80.738280000000003,97.244868018257648,486.22,4.379523816074246E-5,0.99508377149408223,"C"]
["13.5.2.4.22","COMPOSIÇÃO","IFMT 235.08.2020","PISO INDUSTRIAL ALTA RESISTENCIA, ESPESSURA 12MM, INCLUSO JUNTAS DE DILATACAO PLASTICAS E POLIMENTO MECANIZADO","M2",4,100.62026640000001,121.19163952997172,484.77,4.3664632477444611E-5,0.99512743612655963,"C"]
["13.1.1.1","SINAPI",89446,"TUBO, PVC, SOLDÁVEL, DN 25MM, INSTALADO EM PRUMADA DE ÁGUA - FORNECIMENTO E INSTALAÇÃO. AF_12/2014","M",82.98,4.7699999999999996,5.7452056254739254,476.74,4.2941347210629667E-5,0.99517037747377024,"C"]
["18.14.1","SINAPI",86931,"VASO SANITÁRIO SIFONADO COM CAIXA ACOPLADA LOUÇA BRANCA, INCLUSO ENGATE FLEXÍVEL EM PLÁSTICO BRANCO, 1/2  X 40CM - FORNECIMENTO E INSTALAÇÃO. AF_01/2020","UN",1,394.84,475.56331009688154,475.56,4.2835061206290733E-5,0.99521321253497652,"C"]
["13.5.1.2.4","COMPOSIÇÃO","COMP-0125 ","TAMPA CEGA PARA CONDULETE 1'' EM ALUMÍNIO","UN",62,6.33,7.6241407985848957,472.7,4.2577452755096369E-5,0.99525578998773157,"C"]
["12.12.2.8","SINAPI",91914,"CURVA 90 GRAUS PARA ELETRODUTO, PVC, ROSCÁVEL, DN 25 MM (3/4\"), PARA CIRCUITOS TERMINAIS, INSTALADA EM PAREDE - FORNECIMENTO E INSTALAÇÃO. AF_12/2015","UN",36,10.85,13.068235018111551,470.46,4.2375689492622461E-5,0.99529816567722418,"C"]
["13.5.2.4.15","SINAPI",98546,"IMPERMEABILIZAÇÃO DE SUPERFÍCIE COM MANTA ASFÁLTICA, UMA CAMADA, INCLUSIVE APLICAÇÃO DE PRIMER ASFÁLTICO, E=3MM. AF_06/2018","M2",4,93.93,113.13357744250858,452.53,4.0760682663980876E-5,0.99533892635988819,"C"]
["13.3.2.13","COMPOSIÇÃO","COMP-4070 ","TORNEIRA C/FILTRO P/PIA DE COZINHA, BICA MÓVEL DE MESA, DECA LINHA TWIN REF. 1140 C OU SIMILAR ","UN",3,124.85000000000001,150.37503613006703,451.13,4.0634580624934685E-5,0.99537956094051316,"C"]
["13.5.2.2.24","COMPOSIÇÃO","COMP-5222 ","ADAPTADOR PARA ENGATE STORZ - ⌀ 63 MM X ⌀ 63 MM","UN",5,74.272000000000006,89.456585370062783,447.28,4.0287800017557655E-5,0.99541984874053069,"C"]
["18.13.16","SINAPI",97906,"CAIXA ENTERRADA HIDRÁULICA RETANGULAR, EM ALVENARIA COM BLOCOS DE CONCRETO, DIMENSÕES INTERNAS: 0,6X0,6X0,6 M PARA REDE DE ESGOTO. AF_12/2020","UN",1,368.31,443.60936769775719,443.61,3.9957232529486569E-5,0.99545980597306016,"C"]
["13.5.2.2.10","COMPOSIÇÃO","COMP-9694","ENGATE TIPO STORZ 2.1/2\"","UND",6,61.131999999999998,73.630169873474216,441.78,3.9792399149876191E-5,0.99549959837221003,"C"]
["13.3.2.1","COMPOSIÇÃO","COMP-796515","CABIDE DE METAL, DECA REF. 2060 C51 OU SIMILAR ","UN",17,21.547999999999998,25.953394301407158,441.21,3.974105760540738E-5,0.99553933942981543,"C"]
["18.12.1.14","COMPOSIÇÃO","COMP-047275","FORNECIMENTO DE CARTUCHO PARA SOLDA EXOTERMICA NR 32 ","UN",28,13.06,15.730059846685425,440.44,3.9671701483931977E-5,0.99557901113129932,"C"]
["12.1.33","GOINFRA",71476,"Isolador de ancoragem tipo bastão polimérico 15KV","un",6,60.7,73.109849363997341,438.66,3.9511371748573251E-5,0.99561852250304794,"C"]
["13.1.2.1","SINAPI",89987,"REGISTRO DE GAVETA BRUTO, LATÃO, ROSCÁVEL, 3/4\", COM ACABAMENTO E CANOPLA CROMADOS - FORNECIMENTO E INSTALAÇÃO. AF_08/2021","UN",8,45.52,54.826364794879062,438.61,3.95068681043216E-5,0.99565802937115222,"C"]
["13.2.2.12","SINAPI",89724,"JOELHO 90 GRAUS, PVC, SERIE NORMAL, ESGOTO PREDIAL, DN 40 MM, JUNTA SOLDÁVEL, FORNECIDO E INSTALADO EM RAMAL DE DESCARGA OU RAMAL DE ESGOTO SANITÁRIO. AF_12/2014","UN",40,9.08,10.936366264004874,437.45,3.9402383557683322E-5,0.99569743175470993,"C"]
["12.4.27","COMPOSIÇÃO","COMP-1366 ","DISJUNTOR TRIPOLAR TERMOMAGNETICO (220/127V) CURVA C 80A -40 Ka, FORNECIMENTO E INSTALACAO ","UN",3,120.90998,145.62949628342557,436.89,3.935194274206485E-5,0.995736783697452,"C"]
["13.3.2.12","COMPOSIÇÃO","COMP-8144","TORNEIRA ALAVANCADA PARA LAVATÓRIO ACABAMENTO CROMADO, SOLUCENTER REF. TCB20 OU SIMILAR ","UN",5,72.000000000000014,86.720084912814002,433.6,3.9055602950306299E-5,0.99577583930040225,"C"]
["13.3.2.16","COMPOSIÇÃO","COMP-30921 ","BANCADA/BANCA/PIA DE ACO INOXIDAVEL (AISI 430) COM 1 CUBA CENTRAL, COM VALVULA, ESCORREDOR DUPLO, DE *0,55 X 1,20* M ","UN",1,359.41984000000002,432.90165339097246,432.9,3.8992551930783197E-5,0.99581483185233299,"C"]
["13.2.4.7","SINAPI",92919,"ARMAÇÃO DE ESTRUTURAS DE CONCRETO ARMADO, EXCETO VIGAS, PILARES, LAJES E FUNDAÇÕES, UTILIZANDO AÇO CA-50 DE 10,0 MM - MONTAGEM. AF_12/2015","KG",21.08,17.010000000000002,20.487620060652304,431.88,3.8900677588049549E-5,0.99585373252992104,"C"]
["12.4.5","SINAPI",93654,"DISJUNTOR MONOPOLAR TIPO DIN, CORRENTE NOMINAL DE 16A - FORNECIMENTO E INSTALAÇÃO. AF_10/2020","UN",30,11.91,14.34494737932798,430.35,3.8762866073949068E-5,0.995892495395995,"C"]
["18.3.5","SINAPI",92873,"LANÇAMENTO COM USO DE BALDES, ADENSAMENTO E ACABAMENTO DE CONCRETO EM ESTRUTURAS. AF_12/2015","M3",2.2000000000000002,161.19999999999999,194.15663455480018,427.14,3.8473732112993157E-5,0.99593096912810797,"C"]
["18.3.10","SINAPI",94965,"CONCRETO FCK = 25MPA, TRAÇO 1:2,3:2,7 (EM MASSA SECA DE CIMENTO/ AREIA MÉDIA/ BRITA 1) - PREPARO MECÂNICO COM BETONEIRA 400 L. AF_05/2021","M3",0.9,393.57,474.0336641546694,426.63,3.8427794941626329E-5,0.99596939692304964,"C"]
["13.5.2.4.25","COMPOSIÇÃO","IFMT 221.07.2020","PINTURA ESMALTE FOSCO, DUAS DEMAOS, SOBRE SUPERFICIE METALICA, INCLUSO UMA DEMAO DE FUNDO ANTICORROSIVO. UTILIZACAO DE REVOLVER ( AR-COMPRIMIDO).","M2",21.6,16.386219999999998,19.736310969445146,426.3,3.8398070889565438E-5,0.99600779499393921,"C"]
["13.1.3.5","SINAPI",89362,"JOELHO 90 GRAUS, PVC, SOLDÁVEL, DN 25MM, INSTALADO EM RAMAL OU SUB-RAMAL DE ÁGUA - FORNECIMENTO E INSTALAÇÃO. AF_12/2014","UN",49,7.22,8.6960974037571788,426.11,3.838095704140917E-5,0.99604617595098066,"C"]
["12.12.2.21","COMPOSIÇÃO","COMP-6975","PARAFUSO FENDA GALVANIZADO CAB. PANELA 4,2X32MM AUTOATARRACHANTE ","UN",281,1.244,1.4983303559936192,421.03,3.7923386785441555E-5,0.99608409933776609,"C"]
["12.5.1","SINAPI",91953,"INTERRUPTOR SIMPLES (1 MÓDULO), 10A/250V, INCLUINDO SUPORTE E PLACA - FORNECIMENTO E INSTALAÇÃO. AF_12/2015","UN",17,20.11,24.22140149439846,411.76,3.70884111411857E-5,0.99612118774890723,"C"]
["13.2.2.21","COMPOSIÇÃO","COMP-0252 ","VÁLVULA DE ADMISSÃO SÉRIE R D= 50MM ","UN",1,341.65500000000003,411.50486959565922,411.5,3.7064992191077124E-5,0.99615825274109826,"C"]
["18.6.10","COMPOSIÇÃO","IFMT 223.07.2020","FUNDO ANTICORROSIVO A BASE DE OXIDO DE FERRO (ZARCAO), DUAS DEMAOS","M2",17.5,19.4374,23.411291367837922,409.7,3.6902860998017735E-5,0.99619515560209626,"C"]
["13.5.2.4.26","SINAPI",88426,"APLICAÇÃO MANUAL DE PINTURA COM TINTA TEXTURIZADA ACRÍLICA EM PANOS CEGOS DE FACHADA (SEM PRESENÇA DE VÃOS) DE EDIFÍCIOS DE MÚLTIPLOS PAVIMENTOS, DUAS CORES. AF_06/2014","M2",21.6,15.73,18.945929662202278,409.23,3.6860526742052228E-5,0.99623201612883827,"C"]
["18.7.1","SINAPI",87879,"CHAPISCO APLICADO EM ALVENARIAS E ESTRUTURAS DE CONCRETO INTERNAS, COM COLHER DE PEDREIRO.  ARGAMASSA TRAÇO 1:3 COM PREPARO EM BETONEIRA 400L. AF_06/2014","M2",104.4,3.25,3.9144482773145199,408.67,3.6810085926433756E-5,0.99626882621476476,"C"]
["13.1.3.15","SINAPI",89441,"TÊ COM BUCHA DE LATÃO NA BOLSA CENTRAL, PVC, SOLDÁVEL, DN 25MM X 1/2\u0094, INSTALADO EM RAMAL DE DISTRIBUIÇÃO DE ÁGUA - FORNECIMENTO E INSTALAÇÃO. AF_12/2014","UN",22,15.41,18.560507062589771,408.33,3.6779461145522533E-5,0.99630560567591031,"C"]
["4.2.2","SINAPI",96544,"ARMAÇÃO DE BLOCO, VIGA BALDRAME OU SAPATA UTILIZANDO AÇO CA-50 DE 6,3 MM - MONTAGEM. AF_06/2017","KG",16.600000000000001,20.100000000000001,24.209357038160572,401.88,3.6198491037059722E-5,0.9963418041669474,"C"]
["13.1.3.9","SINAPI",89513,"JOELHO 90 GRAUS, PVC, SOLDÁVEL, DN 75MM, INSTALADO EM PRUMADA DE ÁGUA - FORNECIMENTO E INSTALAÇÃO. AF_12/2014","UN",3,110.37,132.93466349760109,398.8,3.5921066551158102E-5,0.99637772523349855,"C"]
["13.5.2.2.16","SINAPI",92346,"NIPLE, EM FERRO GALVANIZADO, DN 65 (2 1/2\"), CONEXÃO ROSQUEADA, INSTALADO EM PRUMADAS - FORNECIMENTO E INSTALAÇÃO. AF_10/2020","UN",5,66.099999999999994,79.613855732458376,398.07,3.5855313345084012E-5,0.99641358054684359,"C"]
["12.5.5","SINAPI",91961,"INTERRUPTOR PARALELO (2 MÓDULOS), 10A/250V, INCLUINDO SUPORTE E PLACA - FORNECIMENTO E INSTALAÇÃO. AF_12/2015","UN",8,41.25,49.683381981299675,397.47,3.580126961406422E-5,0.9964493818164577,"C"]
["13.2.2.22","COMPOSIÇÃO","COMP-5461 ","TERMINAL DE VENTILAÇÃO PVC 50mm ","UN",10,32.875430000000001,39.59666779368434,395.97,3.5666160286514727E-5,0.9964850479767442,"C"]
["18.3.6","SINAPI",92775,"ARMAÇÃO DE PILAR OU VIGA DE UMA ESTRUTURA CONVENCIONAL DE CONCRETO ARMADO EM UMA EDIFICAÇÃO TÉRREA OU SOBRADO UTILIZANDO AÇO CA-60 DE 5,0 MM - MONTAGEM. AF_12/2015","KG",15.4,20.61,24.823624306293002,382.28,3.4433062490413032E-5,0.9965194810392346,"C"]
["13.2.2.15","SINAPI",89557,"REDUÇÃO EXCÊNTRICA, PVC, SERIE R, ÁGUA PLUVIAL, DN 100 X 75 MM, JUNTA ELÁSTICA, FORNECIDO E INSTALADO EM RAMAL DE ENCAMINHAMENTO. AF_12/2014","UN",11,28.71,34.579633858984572,380.38,3.4261924008850346E-5,0.99655374296324351,"C"]
["13.3.2.9","COMPOSIÇÃO","COMP-7544 ","TORNEIRA P/PIA DE COZINHA ACAB. CROMADO C/BICA MÓVEL DE MESA, DECA LINHA PRATA REF. 1167 C50 OU SIMILAR ","UN",3,102.092,122.96426262387506,368.89,3.322698655982124E-5,0.99658696994980334,"C"]
["18.1.1","SINAPI",96523,"ESCAVAÇÃO MANUAL PARA BLOCO DE COROAMENTO OU SAPATA (INCLUINDO ESCAVAÇÃO PARA COLOCAÇÃO DE FÔRMAS). AF_06/2017","M3",4.29,71.38,85.973328626064742,368.83,{"$f":"I591/$I$877","v":3.3221582186719263E-5},0.99662019153199011,{"$f":"IF(K591<=$J$11,\"A\",IF(K591<=$K$11,\"B\",\"C\"))","v":"C"}]
["19.1.10","COMPOSIÇÃO","COMP-8900 ","PLACAS DE SINALIZAÇÃO - ORIENTAÇÃO E SALVAMENTO (SAÍDA A DIREITA) ","UN",6,50.981999999999999,61.405046792015028,368.43,3.3185553032706064E-5,{"$f":"K591+J592","v":0.99665337708502277},"C"]
["13.5.2.2.14","COMPOSIÇÃO","COMP-4309 ","ESQUICHO TRONCO CONICO - ⌀ 38 MM X ⌀ 13 MM OU 16 MM","UN",5,61.131999999999998,73.630169873474216,368.15,3.3160332624896825E-5,0.99668653741764768,"C"]
["18.10.2.3","SINAPI",88496,"APLICAÇÃO E LIXAMENTO DE MASSA LÁTEX EM TETO, DUAS DEMÃOS. AF_06/2014","M2",13.9,21.96,26.449625898408264,367.65,3.3115296182380329E-5,0.99671965271383001,"C"]
["2.11","COMPOSIÇÃO","COMP-6982","ENTRADA PROVISÓRIAS DE ÁGUA (UND)","UND",1,302.73500000000001,364.62784591778808,364.63,3.2843276069580686E-5,0.99675249598989957,"C"]
["12.11.1.2","COMPOSIÇÃO","COMP-99","CORDOALHA DE COBRE NU 35 MM², NÃO ENTERRADA, SEM ISOLADOR - FORNECIMENTO E INSTALAÇÃO","M     ",8,37.731993000000003,45.446133845690319,363.57,3.2747798811445711E-5,0.99678524378871103,"C"]
["13.5.2.2.21","SINAPI",92642,"TÊ, EM FERRO GALVANIZADO, CONEXÃO ROSQUEADA, DN 65 (2 1/2\"), INSTALADO EM REDE DE ALIMENTAÇÃO PARA HIDRANTE - FORNECIMENTO E INSTALAÇÃO. AF_10/2020","UN",2,148.13999999999999,178.42657470811474,356.85,3.2142509024023993E-5,0.99681738629773509,"C"]
["12.7.5","SINAPI",91927,"CABO DE COBRE FLEXÍVEL ISOLADO, 2,5 MM², ANTI-CHAMA 0,6/1,0 KV, PARA CIRCUITOS TERMINAIS - FORNECIMENTO E INSTALAÇÃO. AF_12/2015","M",55.5,5.33,6.4196951747958124,356.29,3.2092068208405514E-5,0.99684947836594351,"C"]
["12.11.4.1","COMPOSIÇÃO","COMP-217902","CAIXA DE EQUIPOTENCIALIZAÇÃO COM 11 TERMINAIS PARA USO INTERNO 20 x 20 x 10 CM EM AÇO ","UND",1,294.173,354.31538248690595,354.32,3.1914624624890513E-5,0.99688139299056844,"C"]
["13.2.1.5","SINAPI",89511,"TUBO PVC, SÉRIE R, ÁGUA PLUVIAL, DN 75 MM, FORNECIDO E INSTALADO EM RAMAL DE ENCAMINHAMENTO. AF_12/2014","M",7.5,38.89,46.840890309157437,351.31,3.1643505240941202E-5,0.99691303649580942,"C"]
["18.12.1.10","COMPOSIÇÃO","COMP-8927 ","CLIPS PARA HASTE DE ATERRAMENTO GALVANIZADA - 8 - 10 MM - REF:TEL-5238 ","UND",25,11.632,14.010111495914613,350.25,3.1548027982806227E-5,0.9969445845237922,"C"]
["13.2.3.6","COMPOSIÇÃO","COMP-4366 ","RALO SIFONADO EM PVC D = 100 MM ALTURA REGULÁVEL, SAÍDA 50 MM, COM GRELHA REDONDA ACABAMENTO CROMADO ","UN",9,32.269999999999996,38.867460279673708,349.81,3.1508395913391708E-5,0.99697609291970557,"C"]
["18.1.4","SINAPI",94319,"ATERRO MANUAL DE VALAS COM SOLO ARGILO-ARENOSO E COMPACTAÇÃO MECANIZADA. AF_05/2016","M3",8.49,34.119999999999997,41.095684683683508,348.9,3.1426429588011682E-5,0.99700751934929355,"C"]
["12.4.1","SINAPI",93667,"DISJUNTOR TRIPOLAR TIPO DIN, CORRENTE NOMINAL DE 10A - FORNECIMENTO E INSTALAÇÃO. AF_10/2020","UN",4,72.27,87.045285231237031,348.18,3.136157711078793E-5,0.99703888092640436,"C"]
["12.11.3.14","COMPOSIÇÃO","COMP-0239 ","PORCA 1/4\" ","UN",602,0.4778,0.57548411904642383,346.44,3.1204850290830517E-5,0.9970700857766952,"C"]
["13.5.1.4.6","COMPOSIÇÃO","COMP-4159 ","PRESSOSTATO ","UND",2,143.71,173.09088059472913,346.18,3.1181431340721941E-5,0.99710126720803594,"C"]
["18.10.1.5","COMPOSIÇÃO","COMP-88486","APLICAÇÃO MANUAL DE PINTURA COM TINTA LÁTEX PVA EM TETO, DUAS DEMÃOS. AF_06/2014","M2",10.9,26.362500000000004,31.752197757139708,346.1,3.1174225509919302E-5,0.99713244143354585,"C"]
["12.1.8","ORSE",12459,"Curva para eletroduto galvanizado, diâm = 4\" - Rev.01","un",2,143.6,172.95839157611232,345.92,3.1158012390613365E-5,0.99716359944593647,"C"]
["12.1.32","GOINFRA",71365,"Grampo de ancoragem para cabo até 50mm²","un",6,46.17,55.609254450341965,333.66,3.0053718820108856E-5,0.99719365316475661,"C"]
["12.12.2.19","COMPOSIÇÃO","COMP-0475 ","BUCHA DE NYLON S4 ","UN",281,0.97400000000000009,1.1731300375705669,329.65,2.9692526551126546E-5,0.99722334569130777,"C"]
["13.5.2.2.6","SINAPI",97488,"CURVA 90 GRAUS, EM AÇO, CONEXÃO SOLDADA, DN 65 (2 1/2\"), INSTALADO EM REDE DE ALIMENTAÇÃO PARA HIDRANTE - FORNECIMENTO E INSTALAÇÃO. AF_10/2020","UN",1,272.18,327.82600988291262,327.83,2.9528593900366497E-5,0.99725287428520815,"C"]
["12.12.2.18","COMPOSIÇÃO","COMP-8386 ","BUCHA DE NYLON S4 ","UN",296,0.91400000000000003,1.100863300143222,325.86,2.9351150316851499E-5,0.99728222543552503,"C"]
["18.14.2","SINAPI",86903,"LAVATÓRIO LOUÇA BRANCA COM COLUNA, 45 X 55CM OU EQUIVALENTE, PADRÃO MÉDIO - FORNECIMENTO E INSTALAÇÃO. AF_01/2020","UN",1,267.52,322.21329327605548,322.20999999999998,2.9022384286481069E-5,0.99731124781981151,"C"]
["12.11.3.16","COMPOSIÇÃO","COMP-7483 ","BUCHA DE NYLON S-6 ","UN",750,0.35599999999999998,0.42878264206891353,321.58999999999997,2.896653909776061E-5,0.99734021435890929,"C"]
["10.2.10","SINAPI",98679,"PISO CIMENTADO, TRAÇO 1:3 (CIMENTO E AREIA), ACABAMENTO LISO, ESPESSURA 2,0 CM, PREPARO MECÂNICO DA ARGAMASSA. AF_09/2020","M2",9.39,28.33,34.121944521944719,320.41000000000003,2.8860253093421683E-5,0.99736907461200275,"C"]
["13.2.2.9","SINAPI",89744,"JOELHO 90 GRAUS, PVC, SERIE NORMAL, ESGOTO PREDIAL, DN 100 MM, JUNTA ELÁSTICA, FORNECIDO E INSTALADO EM RAMAL DE DESCARGA OU RAMAL DE ESGOTO SANITÁRIO. AF_12/2014","UN",11,23.93,28.822383777272758,317.05,2.855760819971082E-5,0.9973976322202025,"C"]
["13.5.2.2.3","SINAPI",97487,"CURVA 45 GRAUS, EM AÇO, CONEXÃO SOLDADA, DN 65 (2 1/2\"), INSTALADO EM REDE DE ALIMENTAÇÃO PARA HIDRANTE - FORNECIMENTO E INSTALAÇÃO. AF_10/2020","UN",1,255.72,308.00083491534434,308,2.7742448590162222E-5,0.99742537466879266,"C"]
["18.9.1","SINAPI",95241,"LASTRO DE CONCRETO MAGRO, APLICADO EM PISOS, LAJES SOBRE SOLO OU RADIERS, ESPESSURA DE 5 CM. AF_07/2016","M2",10.9,23.43,28.220160965378216,307.60000000000002,2.7706419436149026E-5,0.99745308108822883,"C"]
["19.1.11","COMPOSIÇÃO","COMP-1059 ","PLACAS DE SINALIZAÇÃO - ORIENTAÇÃO E SALVAMENTO (SAÍDA A ESQUERDA) ","UN",5,50.981999999999999,61.405046792015028,307.02999999999997,2.7655077891680216E-5,0.99748073616612054,"C"]
["13.2.2.20","COMPOSIÇÃO","COMP-9252 ","VÁLVULA DE ADMISSÃO SÉRIE R D= 40MM ","UN",1,254.77500000000001,306.86263380086365,306.86,2.7639765501224611E-5,0.99750837593162178,"C"]
["18.3.18","SINAPI",93187,"VERGA MOLDADA IN LOCO EM CONCRETO PARA JANELAS COM MAIS DE 1,5 M DE VÃO. AF_03/2016","M",3.2,77.540000000000006,93.392713668605509,298.86,2.6919182420960656E-5,0.99753529511404271,"C"]
["13.5.1.4.8","COMPOSIÇÃO","COMP-8716 ","DETECTOR TERMOVELOCÍMETRO ILUMAC OU SIMILAR","UN",1,246.8766,297.34944048592791,297.35000000000002,2.6783172364560837E-5,0.99756207828640731,"C"]
["18.13.4","SINAPI",90466,"CHUMBAMENTO LINEAR EM ALVENARIA PARA RAMAIS/DISTRIBUIÇÃO COM DIÂMETROS MENORES OU IGUAIS A 40 MM. AF_05/2015","M",24.14,10.17,12.249211993934974,295.7,2.6634552104256392E-5,0.99758871283851158,"C"]
["13.5.2.4.12","SINAPI",92873,"LANÇAMENTO COM USO DE BALDES, ADENSAMENTO E ACABAMENTO DE CONCRETO EM ESTRUTURAS. AF_12/2015","M3",1.52,161.19999999999999,194.15663455480018,295.12,2.6582309830937257E-5,0.99761529514834257,"C"]
["12.12.2.15","COMPOSIÇÃO","COMP-5537 ","LUVA PVC ROSCA Ø2'' ","UN",34,7.2000000000000011,8.6720084912813995,294.85000000000002,2.6557990151978349E-5,0.99764185313849452,"C"]
["13.1.3.8","SINAPI",89501,"JOELHO 90 GRAUS, PVC, SOLDÁVEL, DN 50MM, INSTALADO EM PRUMADA DE ÁGUA - FORNECIMENTO E INSTALAÇÃO. AF_12/2014","UN",19,12.79,15.404859528262371,292.69,2.6363432720307081E-5,0.99766821657121485,"C"]
["12.8.18","COMPOSIÇÃO","COMP-9187 ","PORCA SEXTAVADA GALVANIZADA 3/8\" ","UN",246,0.9840000000000001,1.1851744938084579,291.55,2.626074963136947E-5,0.99769447732084626,"C"]
["13.2.1.7","SINAPI",89508,"TUBO PVC, SÉRIE R, ÁGUA PLUVIAL, DN 40 MM, FORNECIDO E INSTALADO EM RAMAL DE ENCAMINHAMENTO. AF_12/2014","M",12.64,19.12,23.029000326847267,291.08999999999997,2.6219316104254288E-5,0.99772069663695051,"C"]
["18.13.3","SINAPI",90443,"RASGO EM ALVENARIA PARA RAMAIS/ DISTRIBUIÇÃO COM DIAMETROS MENORES OU IGUAIS A 40 MM. AF_05/2015","M",24.14,9.99,12.032411781652939,290.45999999999998,2.6162570186683501E-5,0.99774685920713724,"C"]
["12.1.30","GOINFRA",72145,"Protetor de bucha para transformador","un",12,19.97,24.052779107067987,288.63,2.5997736807073123E-5,0.99777285694394435,"C"]
["18.10.1.3","SINAPI",88496,"APLICAÇÃO E LIXAMENTO DE MASSA LÁTEX EM TETO, DUAS DEMÃOS. AF_06/2014","M2",10.9,21.96,26.449625898408264,288.3,2.5968012755012239E-5,0.99779882495669936,"C"]
["12.8.12","COMPOSIÇÃO","COMP-7343 ","ARRUELA LISA GALVANIZADA 3/8\" ","UN",246,0.94400000000000006,1.1369966688568944,279.7,2.5193385943728484E-5,0.99782401834264312,"C"]
["18.3.21","SINAPI",93197,"CONTRAVERGA MOLDADA IN LOCO EM CONCRETO PARA VÃOS DE MAIS DE 1,5 M DE COMPRIMENTO. AF_03/2016","M",3.2,70.89,85.383150270408095,273.23,2.4610614377565014E-5,0.99784862895702064,"C"]
["12.1.29","GOINFRA",72528,"Terminal de compressão para cabo #35mm²","un",12,18.84,22.691755552186326,272.3,2.4526846594484331E-5,0.99787315580361513,"C"]
["13.5.2.3.3","COMPOSIÇÃO","COMP-2615 ","CAIXA DE PASSAGEM EM ALVENARIA 60 X 60 CM ","UN",1,219.79417699999999,264.73013462197309,264.73,2.3844994854784562E-5,0.99789700079846988,"C"]
["13.2.4.13","SINAPI",89512,"TUBO PVC, SÉRIE R, ÁGUA PLUVIAL, DN 100 MM, FORNECIDO E INSTALADO EM RAMAL DE ENCAMINHAMENTO. AF_12/2014","M",3.5,62.37,75.121273555725111,262.92,2.3681962932874845E-5,0.99792068276140278,"C"]
["18.4.1","COMPOSIÇÃO","IFMT 232.08.2020","IMPERMEABILIZACAO DE ESTRUTURAS ENTERRADAS, COM TINTA ASFALTICA, DUAS DEMAOS.","M2",14.8,14.46,17.41628371999014,257.76,2.3217186846104593E-5,0.99794389994824884,"C"]
["18.11.2","SINAPI",91931,"CABO DE COBRE FLEXÍVEL ISOLADO, 6 MM², ANTI-CHAMA 0,6/1,0 KV, PARA CIRCUITOS TERMINAIS - FORNECIMENTO E INSTALAÇÃO. AF_12/2015","M",21,10.19,12.273300906410755,257.74,2.3215385388403933E-5,0.99796711533363724,"C"]
["12.1.35","ORSE",2927,"Parafuso rosca dupla passante Ø16x500mm","un",8,26.5,31.917809030410702,255.34,2.2999210464324748E-5,0.99799011454410158,"C"]
["12.12.2.26","COMPOSIÇÃO","COMP-5409 ","PARAFUSO GALVANIZADO CABEÇA SEXTAVADA 3/8\"X2.1/2\" ROSCA TOTAL ","UND",111,1.8840000000000001,2.2691755552186326,251.88,2.2687558282110586E-5,0.99801280210238374,"C"]
["13.3.2.10","COMPOSIÇÃO","COMP-8537 ","TORNEIRA P/PIA DE COZINHA ACAB. CROMADO C/BICA MÓVEL DE PAREDE, DECA LINHA ASPEN REF. 1168 C35 OU SIMILAR ","UN",2,102.092,122.96426262387506,245.93,2.215162461616427E-5,0.99803495372699991,"C"]
["12.1.44","GOINFRA",71500,"Espaçador losangular 15KV","un",7,28.33,34.121944521944719,238.85,2.1513908590130673E-5,0.99805646763559008,"C"]
["12.12.3.1","COMPOSIÇÃO","COMP-0623 ","CAIXA DE PASSAGEM EM ALVENARIA 30 X 30 COM TAMPA DE CONCRETO ","UN",1,198.00418200000001,238.48527050183714,238.49,2.1481482351518793E-5,0.99807794911794157,"C"]
["13.5.2.3.1","COMPOSIÇÃO","COMP-208907","CAIXA DE PASSAGEM EM ALVENARIA 50 X 50 CM COM FUNDO EM CONCRETO","UN",1,198.00418200000001,238.48527050183714,238.49,2.1481482351518793E-5,0.99809943060029305,"C"]
["13.5.2.3.2","COMPOSIÇÃO","COMP-208908","CAIXA DE PASSAGEM EM ALVENARIA 50 X 50 CM - HIDRANTE DE PASSEIO","UN",1,198.00418200000001,238.48527050183714,238.49,2.1481482351518793E-5,0.99812091208264453,"C"]
["12.4.8","SINAPI",93657,"DISJUNTOR MONOPOLAR TIPO DIN, CORRENTE NOMINAL DE 32A - FORNECIMENTO E INSTALAÇÃO. AF_10/2020","UN",14,13.91,16.753838626906145,234.55,2.1126595184488799E-5,0.99814203867782902,"C"]
["13.3.1.2","SINAPI",86943,"LAVATÓRIO LOUÇA BRANCA SUSPENSO, 29,5 X 39CM OU EQUIVALENTE, PADRÃO POPULAR, INCLUSO SIFÃO FLEXÍVEL EM PVC, VÁLVULA E ENGATE FLEXÍVEL 30CM EM PLÁSTICO E TORNEIRA CROMADA DE MESA, PADRÃO POPULAR - FORNECIMENTO E INSTALAÇÃO. AF_01/2020","UN",1,192.54,231.90396040435004,231.9,2.0887902039151363E-5,0.99816292657986816,"C"]
["13.2.2.13","SINAPI",89500,"CURVA 45 GRAUS, PVC, SOLDÁVEL, DN 40MM, INSTALADO EM PRUMADA DE ÁGUA - FORNECIMENTO E INSTALAÇÃO. AF_12/2014","UN",16,11.88,14.308814010614308,228.94,2.0621286299453699E-5,0.99818354786616759,"C"]
["13.5.2.2.2","COMPOSIÇÃO","COMP-8817 ","ADAPTADOR DE SAIDA 2.1/2\"","UN",1,189.12199999999999,227.78716526223894,227.79,2.0517702481665754E-5,0.99820406556864927,"C"]
["19.2.2","COMPOSIÇÃO","COMP-83635","EXTINTOR INCENDIO TP PO QUIMICO 6KG - FORNECIMENTO E INSTALACAO","UN",1,187.755,226.14068809451928,226.14,2.0369082221361312E-5,0.99822443465087063,"C"]
["12.2.3.5","COMPOSIÇÃO","COMP-8181 ","SAÍDA HORIZONTAL PARA ELETRODUTO 1\" ","UND",24,7.8209999999999997,9.4199692236544177,226.08,2.0363677848259336E-5,0.99824479832871893,"C"]
["18.10.2.6","SINAPI",88488,"APLICAÇÃO MANUAL DE PINTURA COM TINTA LÁTEX ACRÍLICA EM TETO, DUAS DEMÃOS. AF_06/2014","M2",13.9,13.48,16.235927008676839,225.68,2.032764869424614E-5,0.99826512597741313,"C"]
["18.3.1","SINAPI",92776,"ARMAÇÃO DE PILAR OU VIGA DE UMA ESTRUTURA CONVENCIONAL DE CONCRETO ARMADO EM UMA EDIFICAÇÃO TÉRREA OU SOBRADO UTILIZANDO AÇO CA-50 DE 6,3 MM - MONTAGEM. AF_12/2015","KG",9.1999999999999993,20.14,24.257534863112134,223.17,2.010156575281332E-5,0.99828522754316595,"C"]
["13.1.3.1","SINAPI",89596,"ADAPTADOR CURTO COM BOLSA E ROSCA PARA REGISTRO, PVC, SOLDÁVEL, DN 50MM X 1.1/2\u0094, INSTALADO EM PRUMADA DE ÁGUA - FORNECIMENTO E INSTALAÇÃO. AF_12/2014","UN",18,10.25,12.345567643838102,222.22,2.0015996512031978E-5,0.99830524353967798,"C"]
["13.5.2.4.21","COMPOSIÇÃO","COMP-222438","REGULARIZACAO DE PISO/BASE EM ARGAMASSA TRACO 1:3 (CIMENTO E AREIA GROSSA SEM PENEIRAR), ESPESSURA 3,0CM, PREPARO MECANICO","M2",4,45.754360999999996,55.108639875715888,220.43,{"$f":"I655/$I$877","v":1.985476604782292E-5},0.9983250983057258,{"$f":"IF(K655<=$J$11,\"A\",IF(K655<=$K$11,\"B\",\"C\"))","v":"C"}]
["18.14.6","ORSE",11232,"Torneira cromada de mesa para lavatório temporizada bica baixa","UN",1,182.9,220.29310459102331,220.29,1.9842155843918297E-5,{"$f":"K655+J656","v":0.99834494046156974},"C"]
["12.12.1.3","SINAPI",91930,"CABO DE COBRE FLEXÍVEL ISOLADO, 6 MM², ANTI-CHAMA 450/750 V, PARA CIRCUITOS TERMINAIS - FORNECIMENTO E INSTALAÇÃO. AF_12/2015","M",20,9.0299999999999994,10.876143982815419,217.52,1.9592653952376905E-5,0.99836453311552209,"C"]
["13.2.4.16","SINAPI",89592,"CURVA 87 GRAUS E 30 MINUTOS, PVC, SERIE R, ÁGUA PLUVIAL, DN 150 MM, JUNTA ELÁSTICA, FORNECIDO E INSTALADO EM CONDUTORES VERTICAIS DE ÁGUAS PLUVIAIS. AF_12/2014","UN",1,180.34,217.20972379412325,217.21,1.9564731358016677E-5,0.99838409784688009,"C"]
["12.10.7","COMPOSIÇÃO","COMP-107","DISPOSITIVO DIFERENCIAL RESIDUAL TETRAPOLAR 25A, SENSIBILIDADE 300mA 380V - FORNECIMENTO E INSTALAÇÃO","UN    ",1,178.95600000000002,215.54277105079916,215.54,1.9414309640011576E-5,0.99840351215652012,"C"]
["18.3.15","SINAPI",92873,"LANÇAMENTO COM USO DE BALDES, ADENSAMENTO E ACABAMENTO DE CONCRETO EM ESTRUTURAS. AF_12/2015","M3",1.1000000000000001,161.19999999999999,194.15663455480018,213.57,1.9236866056496578E-5,0.99842274902257666,"C"]
["10.3.7","SINAPI",97114,"EXECUÇÃO DE JUNTAS DE CONTRAÇÃO PARA PAVIMENTOS DE CONCRETO. AF_11/2017","M",436.26,0.4,0.48177824951563325,210.18,1.8931518976234727E-5,0.99844168054155291,"C"]
["12.10.5","SINAPI",93660,"DISJUNTOR BIPOLAR TIPO DIN, CORRENTE NOMINAL DE 10A - FORNECIMENTO E INSTALAÇÃO. AF_10/2020","UN",3,58.06,69.930112917194165,209.79,1.889639055107186E-5,0.99846057693210399,"C"]
["13.2.2.4","SINAPI",89514,"JOELHO 90 GRAUS, PVC, SERIE R, ÁGUA PLUVIAL, DN 40 MM, JUNTA SOLDÁVEL, FORNECIDO E INSTALADO EM RAMAL DE ENCAMINHAMENTO. AF_12/2014","UN",18,9.6199999999999992,11.586766900850979,208.56,1.8785600902481278E-5,0.99847936253300651,"C"]
["15.2.1","COMPOSIÇÃO","COMP-72815","APLICACAO DE TINTA A BASE DE EPOXI SOBRE PISO","M2",3.84,44.560600000000001,53.670819663415813,206.1,1.856402160530011E-5,0.99849792655461178,"C"]
["18.11.20","COMPOSIÇÃO","COMP-596566","PAINEL LED QUADRADA 25W LED LUZ BRANCA NEUTRA 30CM BIVOLT, REF. 240600, SAVE ENERGY OU SIMILAR ","UN",2,84.89,102.24538900345526,204.49,1.8419004260396992E-5,0.99851634555887214,"C"]
["13.2.4.21","COMPOSIÇÃO","IFMT 220.07.2020","FORNECIMENTO E ASSENTAMENTO DE BRITA 2-DRENOS E FILTROS MM","M3",1.7,99.492500000000007,119.83330622483535,203.72,1.8349648138921585E-5,0.9985346952070111,"C"]
["13.5.2.4.9","SINAPI",92490,"MONTAGEM E DESMONTAGEM DE FÔRMA DE LAJE NERVURADA COM CUBETA E ASSOALHO, PÉ-DIREITO SIMPLES, EM CHAPA DE MADEIRA COMPENSADA RESINADA, 8 UTILIZAÇÕES. AF_09/2020","M2",4,42.25,50.887827605088759,203.55,1.8334335748465977E-5,0.9985530295427596,"C"]
["18.1.5","SINAPI",101219,"ESCAVAÇÃO VERTICAL A CÉU ABERTO, EM OBRAS DE EDIFICAÇÃO, INCLUINDO CARGA, DESCARGA E TRANSPORTE, EM SOLO DE 1ª CATEGORIA COM ESCAVADEIRA HIDRÁULICA (CAÇAMBA: 0,8 M³ / 111 HP), FROTA DE 6 CAMINHÕES BASCULANTES DE 18 M³, DMT DE 6 KM E VELOCIDADE MÉDIA 22KM/H. AF_05/2020","M3",8.5,19.760000000000002,23.799845526072282,202.3,1.8221744642174735E-5,0.99857125128740176,"C"]
["18.11.21","COMPOSIÇÃO","COMP-537932","REFLETOR SUPER LED, CORPO EM ALUMINIO, POTENCIA 10W, BIVOLT, TEMP.COR 6400K, IP-65, REF: FLC OU SIMILAR ","UN",5,32.415000000000006,39.042104895123131,195.21,1.7583127887290805E-5,0.99858883441528901,"C"]
["19.2.6","COMPOSIÇÃO","COMP-1505 ","PLACA DE SINALIZACAO DE SEGURANCA CONTRA INCENDIO, FOTOLUMINESCENTE, QUADRADA, *20 X 20* CM, EM PVC *2* MM ANTI-CHAMAS (SIMBOLOS, CORES E PICTOGRAMAS CONFORME NBR 13434) ","UN",1.9,84.792000000000016,102.12735333232395,194.04,1.74777426118022E-5,0.99860631215790086,"C"]
["18.10.3.1","COMPOSIÇÃO","COMP-74065/001","PINTURA ESMALTE FOSCO PARA MADEIRA, DUAS DEMAOS, SOBRE FUNDO NIVELADOR BRANCO","M2",6.7,23.186699999999998,27.927119345110331,187.11,1.685353751852355E-5,0.99862316569541942,"C"]
["18.12.1.1","COMPOSIÇÃO","IFMT 239.08.2020","TERMINAL OU CONECTOR DE PRESSAO - PARA CABO 50MM2 - FORNECIMENTO E INSTALACAO","UN",7,21.874000000000002,26.346043574762405,184.42,1.6611241457784794E-5,0.99863977693687722,"C"]
["18.12.1.12","COMPOSIÇÃO","COMP-4374 ","FORNECIMENTO DE MOLDE DE SOLDA EXOTERMICA TIPO T PARA CABOS 35 MM ","UN",1,150.03,180.70297693707613,180.7,1.6276170325462056E-5,0.99865605310720273,"C"]
["13.2.2.23","COMPOSIÇÃO","COMP-1753 ","TERMINAL DE VENTILAÇÃO PVC 75mm ","UN",4,37.475430000000003,45.137117663114118,180.55,1.6262659392707108E-5,0.99867231576659543,"C"]
["18.6.4","SINAPI",94964,"CONCRETO FCK = 20MPA, TRAÇO 1:2,7:3 (EM MASSA SECA DE CIMENTO/ AREIA MÉDIA/ BRITA 1) - PREPARO MECÂNICO COM BETONEIRA 400 L. AF_05/2021","M3",0.4,374.73,451.3419086024831,180.54,1.6261758663856776E-5,0.9986885775252593,"C"]
["12.2.3.4","COMPOSIÇÃO","COMP-9222 ","TAMPA PARA T HORIZONTAL 90° 50MM - CHAPA 18 ","UND",4,37.221000000000004,44.830670563053467,179.32,1.6151869744116525E-5,0.99870472939500343,"C"]
["18.14.4","SINAPI",86881,"SIFÃO DO TIPO GARRAFA EM METAL CROMADO 1 X 1.1/2\u0094 - FORNECIMENTO E INSTALAÇÃO. AF_01/2020","UN",1,148.24,178.54701927049368,178.55,1.6082513622641122E-5,0.99872081190862605,"C"]
["18.12.1.13","COMPOSIÇÃO","COMP-869450","FORNECIMENTO DE MOLDE DE SOLDA EXOTERMICA TIPO T PARA CABOS 50 MM ","UN",1,148.17599999999999,178.46993475057116,178.47,1.6075307791838479E-5,0.99873688721641785,"C"]
["12.6.4","COMPOSIÇÃO","COMP-230076","CAIXA DE PASSAGEM EM AÇO PINTADA (REF. LUKBOX OU SIMILAR) - 400X400X150MM-EMBUTIR ","UN",1,147.04,177.10168452194677,177.1,1.5951907939343277E-5,0.99875283912435719,"C"]
["12.1.39","GOINFRA",71750,"Manilha sapatilha para cabo 50mm²","un",6,24.34,29.316206483026281,175.9,1.5843820477303686E-5,0.99876868294483445,"C"]
["18.3.11","SINAPI",92873,"LANÇAMENTO COM USO DE BALDES, ADENSAMENTO E ACABAMENTO DE CONCRETO EM ESTRUTURAS. AF_12/2015","M3",0.9,161.19999999999999,194.15663455480018,174.74,1.5739335930665412E-5,0.99878442228076514,"C"]
["12.4.22","COMPOSIÇÃO","COMP-3352 ","DISJUNTOR TRIPOLAR TERMOMAGNETICO (220/127V) TIPO DIN (CURVA C) 60A - 5 Ka, FORNECIMENTO E INSTALACAO ","UN",1,140.56727999999998,169.30564524393466,169.31,1.5250240164936254E-5,0.99879967252093005,"C"]
["13.5.2.4.17","SINAPI",93202,"FIXAÇÃO (ENCUNHAMENTO) DE ALVENARIA DE VEDAÇÃO COM TIJOLO MACIÇO. AF_03/2016","M",6,23.16,27.894960646955163,167.37,1.5075498767972245E-5,0.99881474801969805,"C"]
["18.11.13","SINAPI",97668,"ELETRODUTO FLEXÍVEL CORRUGADO, PEAD, DN 63 (2\")  - FORNECIMENTO E INSTALAÇÃO. AF_04/2016","M",14,9.82,11.827656025608796,165.59,1.4915169032613516E-5,0.99882966318873068,"C"]
["13.1.2.5","SINAPI",94499,"REGISTRO DE GAVETA BRUTO, LATÃO, ROSCÁVEL, 2 1/2\" - FORNECIMENTO E INSTALAÇÃO. AF_08/2021","UN",1,137.36000000000001,165.44265088366845,165.44,1.4901658099858566E-5,0.99884456484683048,"C"]
["13.2.4.2","SINAPI",93371,"REATERRO MECANIZADO DE VALA COM ESCAVADEIRA HIDRÁULICA (CAPACIDADE DA CAÇAMBA: 0,8 M³ / POTÊNCIA: 111 HP), LARGURA DE 1,5 A 2,5 M, PROFUNDIDADE DE 3,0 A 4,5 M, COM SOLO (SEM SUBSTITUIÇÃO) DE 1ª CATEGORIA EM LOCAIS COM BAIXO NÍVEL DE INTERFERÊNCIA. AF_04/2016","M3",18.84,7.28,8.7683641411845255,165.2,1.4880040607450646E-5,0.99885944488743794,"C"]
["18.3.16","COMPOSIÇÃO","COMP-73301","ESCORAMENTO FORMAS ATE H = 3,30M, COM MADEIRA DE 3A QUALIDADE, NAO APARELHADA, APROVEITAMENTO TABUAS 3X E PRUMOS 4X.","M3",11.1,12.265910000000002,14.773621621290754,163.99,1.4771052416560724E-5,0.99887421593985448,"C"]
["13.5.2.1.3","SINAPI",92688,"TUBO DE AÇO GALVANIZADO COM COSTURA, CLASSE MÉDIA, CONEXÃO ROSQUEADA, DN 20 (3/4\"), INSTALADO EM RAMAIS E SUB-RAMAIS DE GÁS - FORNECIMENTO E INSTALAÇÃO. AF_10/2020","M",3,44.9,54.07960850812983,162.24,1.4613424867752985E-5,0.99888882936472223,"C"]
["12.11.3.6","COMPOSIÇÃO","COMP-2321 ","CONECTOR DE PRESSÃO SPLIT-BOLT BIMETALICO 70MM ","UND",6,21.998349999999999,26.495816388080573,158.97,1.4318886533695092E-5,0.99890314825125592,"C"]
["12.1.40","SETOP","ED-48966","CABO DE COBRE FLEXÍVEL, CLASSE 5, ISOLAMENTO TIPO LSHF/ATOX, NÃO HALOGENADO, ANTICHAMA, TERMOPLÁSTICO, UNIPOLAR, SEÇÃO 10 MM2, 70°C, 450/750V","m",10,12.97,15.621659740544407,156.22,1.4071186099854358E-5,0.99891721943735579,"C"]
["12.4.16","COMPOSIÇÃO","COMP-7346 ","DISJUNTOR TRIPOLAR TERMOMAGNETICO (220/127V) TIPO DIN (CURVA C) 100A - 5 Ka, FORNECIMENTO E INSTALACAO ","UN",1,127.80930000000001,153.93935206454606,153.94,1.3865819921979131E-5,0.99893108525727781,"C"]
["13.5.2.4.4","COMPOSIÇÃO","COMP-1294 ","APILOAMENTO DE FUNDO DE VALA COM COMPACTADOR DE SOLOS DE PERCUSSÃO (SOQUETE) ","M2",4,31.437500000000004,37.864759297869305,151.46,1.3642439167097307E-5,0.99894472769644493,"C"]
["18.11.25","COMPOSIÇÃO","COMP-2351 ","LUMINÁRIA TIPO PLAFON, DE SOBREPOR- FORNECIMENTO E INSTALAÇÃO. AF_11/2017","UN",3,41.805562999999999,50.352527405388813,151.06,1.3606410013084109E-5,0.99895833410645807,"C"]
["18.11.23","SINAPI",93358,"ESCAVAÇÃO MANUAL DE VALA COM PROFUNDIDADE MENOR OU IGUAL A 1,30 M. AF_02/2021","M3",2,61.91,74.567228568782127,149.13,1.3432569344970428E-5,0.99897176667580301,"C"]
["12.12.2.16","COMPOSIÇÃO","COMP-6593 ","LUVA PVC ROSCA Ø1'' ","UN",28,4.42,5.3236496571477465,149.06,1.342626424301812E-5,0.99898519294004606,"C"]
["12.12.2.17","COMPOSIÇÃO","COMP-0573 ","LUVA PVC ROSCA Ø3/4'' ","UN",30,4.04,4.8659603201078951,145.97999999999999,1.3148839757116497E-5,0.99899834177980318,"C"]
["18.10.2.1","SINAPI",88485,"APLICAÇÃO DE FUNDO SELADOR ACRÍLICO EM PAREDES, UMA DEMÃO. AF_06/2014","M2",70.5,1.68,2.0234686479656596,142.65,1.2848897049956628E-5,0.99901119067685318,"C"]
["13.2.2.3","SINAPI",89518,"JOELHO 90 GRAUS, PVC, SERIE R, ÁGUA PLUVIAL, DN 50 MM, JUNTA ELÁSTICA, FORNECIDO E INSTALADO EM RAMAL DE ENCAMINHAMENTO. AF_12/2014","UN",8,14.54,17.512639369893268,140.1,1.2619211193122492E-5,0.99902380988804629,"C"]
["12.1.34","GOINFRA",71795,"Olhal para rede de distribuição","un",6,19.09,22.992866958133597,137.96,1.2426455219151885E-5,0.99903623634326544,"C"]
["18.2.7","COMPOSIÇÃO","IFMT 219.07.2020","LANCAMENTO/APLICACAO MANUAL DE CONCRETO EM FUNDACOES","M3",1.1000000000000001,103.71599999999999,124.92028231690853,137.41,1.2376915132383738E-5,0.99904861325839778,"C"]
["18.14.7","COMPOSIÇÃO","COMP-985057","DUCHA HIGIENICA PLASTICA COM REGISTRO METALICO 1/2 \" - FORNECIMENTO E INSTALAÇÃO","UN",1,113.77499999999999,137.03580084660291,137.04,1.2343588164921528E-5,0.99906095684656271,"C"]
["18.11.9","COMPOSIÇÃO","COMP-5910 ","DISJUNTOR TERMOMAGNETICO BIPOLAR PADRAO NEMA (AMERICANO) 80A 240V, FORNECIMENTO E INSTALACAO ","UND",1,113.07,136.18666668183161,136.19,1.2267026212643484E-5,0.99907322387277531,"C"]
["18.13.20","SINAPI",89581,"JOELHO 90 GRAUS, PVC, SERIE R, ÁGUA PLUVIAL, DN 75 MM, JUNTA ELÁSTICA, FORNECIDO E INSTALADO EM CONDUTORES VERTICAIS DE ÁGUAS PLUVIAIS. AF_12/2014","UN",4,28.06,33.796744203521669,135.19,1.2176953327610489E-5,0.99908540082610287,"C"]
["13.5.2.4.18","SINAPI",87894,"CHAPISCO APLICADO EM ALVENARIA (SEM PRESENÇA DE VÃOS) E ESTRUTURAS DE CONCRETO DE FACHADA, COM COLHER DE PEDREIRO.  ARGAMASSA TRAÇO 1:3 COM PREPARO EM BETONEIRA 400L. AF_06/2014","M2",21.6,5.19,6.2510727874653416,135.02000000000001,1.2161640937154881E-5,0.99909756246704007,"C"]
["13.1.3.14","SINAPI",89395,"TE, PVC, SOLDÁVEL, DN 25MM, INSTALADO EM RAMAL OU SUB-RAMAL DE ÁGUA - FORNECIMENTO E INSTALAÇÃO. AF_12/2014","UN",11,10.18,12.261256450172866,134.87,1.2148130004399931E-5,0.99910971059704445,"C"]
["18.10.1.1","SINAPI",88485,"APLICAÇÃO DE FUNDO SELADOR ACRÍLICO EM PAREDES, UMA DEMÃO. AF_06/2014","M2",66.5,1.68,2.0234686479656596,134.56,1.2120207410039704E-5,0.99912183080445449,"C"]
["13.2.2.7","SINAPI",89563,"JUNÇÃO SIMPLES, PVC, SERIE R, ÁGUA PLUVIAL, DN 50 MM, JUNTA ELÁSTICA, FORNECIDO E INSTALADO EM RAMAL DE ENCAMINHAMENTO. AF_12/2014","UN",5,22.19,26.726648391879753,133.63,1.2036439626959019E-5,0.99913386724408149,"C"]
["13.1.3.22","SINAPI",94696,"TÊ, PVC, SOLDÁVEL, DN 60 MM INSTALADO EM RESERVAÇÃO DE ÁGUA DE EDIFICAÇÃO QUE POSSUA RESERVATÓRIO DE FIBRA/FIBROCIMENTO   FORNECIMENTO E INSTALAÇÃO. AF_06/2016","UN",2,55.32,66.629931908012068,133.26,1.200311265949681E-5,0.99914587035674096,"C"]
["13.5.2.4.14","SINAPI",98563,"PROTEÇÃO MECÂNICA DE SUPERFÍCIE HORIZONTAL COM ARGAMASSA DE CIMENTO E AREIA, TRAÇO 1:3, E=2CM. AF_06/2018","M2",4,27.64,33.290877041530258,133.16,1.1994105370993512E-5,0.99915786446211197,"C"]
["13.2.2.2","SINAPI",89513,"JOELHO 90 GRAUS, PVC, SOLDÁVEL, DN 75MM, INSTALADO EM PRUMADA DE ÁGUA - FORNECIMENTO E INSTALAÇÃO. AF_12/2014","UN",1,110.37,132.93466349760109,132.93,1.1973388607435924E-5,0.99916983785071944,"C"]
["12.12.2.29","COMPOSIÇÃO","COMP-9187 ","PORCA SEXTAVADA GALVANIZADA 3/8\" ","UN",111,0.9840000000000001,1.1851744938084579,131.55000000000001,1.1849088026090392E-5,0.99918168693874554,"C"]
["13.2.2.11","SINAPI",89731,"JOELHO 90 GRAUS, PVC, SERIE NORMAL, ESGOTO PREDIAL, DN 50 MM, JUNTA ELÁSTICA, FORNECIDO E INSTALADO EM RAMAL DE DESCARGA OU RAMAL DE ESGOTO SANITÁRIO. AF_12/2014","UN",10,10.74,12.935745999494753,129.36000000000001,1.1651828407868135E-5,0.99919333876715344,"C"]
["13.1.3.12","SINAPI",89579,"LUVA DE REDUÇÃO, PVC, SOLDÁVEL, DN 50MM X 25MM, INSTALADO EM PRUMADA DE ÁGUA   FORNECIMENTO E INSTALAÇÃO. AF_12/2014","UN",10,10.73,12.923701543256861,129.24,1.1641019661664176E-5,0.99920497978681511,"C"]
["12.2.3.10","COMPOSIÇÃO","COMP-8607 ","T HORIZONTAL 90° 50X50MM - CHAPA 18 ","M",4,26.270999999999997,31.641990982562998,126.57,1.140052505862608E-5,0.99921638031187376,"C"]
["18.15.7","SINAPI",89356,"TUBO, PVC, SOLDÁVEL, DN 25MM, INSTALADO EM RAMAL OU SUB-RAMAL DE ÁGUA - FORNECIMENTO E INSTALAÇÃO. AF_12/2014","M",6,17.39,20.945309397692156,125.67,1.1319459462096385E-5,0.99922769977133585,"C"]
["13.5.2.4.7","SINAPI",92769,"ARMAÇÃO DE LAJE DE UMA ESTRUTURA CONVENCIONAL DE CONCRETO ARMADO EM UM EDIFÍCIO DE MÚLTIPLOS PAVIMENTOS UTILIZANDO AÇO CA-50 DE 6,3 MM - MONTAGEM. AF_12/2015","KG",5.92,17.61,21.210287434925753,125.56,1.1309551444742755E-5,0.99923900932278065,"C"]
["12.4.23","COMPOSIÇÃO","COMP-1681 ","DISJUNTOR TRIPOLAR TERMOMAGNETICO (220/127V) TIPO DIN (CURVA C) 63A - 40 Ka, FORNECIMENTO E INSTALACAO ","UN",1,104.19728000000001,125.49995790672575,125.5,1.1304147071640775E-5,0.99925031346985227,"C"]
["19.1.9","COMPOSIÇÃO","COMP-6570","SINALIZAÇÃO DE PROIBIÇÃO - PROIBIDO FUMAR ","UN",2,50.981999999999999,61.405046792015028,122.81,1.1061851010902021E-5,0.99926137532086312,"C"]
["19.1.13","COMPOSIÇÃO","COMP-9078 ","PLACAS DE SINALIZAÇÃO - ORIENTAÇÃO E SALVAMENTO LANCE DE ESCADA LATERAL (DUPLA FACE P/ TETO) ","UN",2,50.981999999999999,61.405046792015028,122.81,{"$f":"I719/$I$877","v":1.1061851010902021E-5},0.99927243717187397,{"$f":"IF(K719<=$J$11,\"A\",IF(K719<=$K$11,\"B\",\"C\"))","v":"C"}]
["19.1.15","COMPOSIÇÃO","COMP-1022 ","PLACAS DE SINALIZAÇÃO - ORIENTAÇÃO E SALVAMENTO LANCE DE ESCADA A ESQUERDA ","UN",2,50.981999999999999,61.405046792015028,122.81,1.1061851010902021E-5,{"$f":"K719+J720","v":0.99928349902288482},"C"]
["12.12.3.4","COMPOSIÇÃO","COMP-7529 ","CAIXA DE PASSAGEM 30X30X12CM DE EMBUTIR ","UN",1,101.79600000000002,122.60774671923352,122.61,1.1043836433895422E-5,0.99929454285931874,"C"]
["18.3.19","SINAPI",93188,"VERGA MOLDADA IN LOCO EM CONCRETO PARA PORTAS COM ATÉ 1,5 M DE VÃO. AF_03/2016","M",1.6,63.26,76.193230160897386,121.91,1.0980785414372327E-5,0.99930552364473313,"C"]
["18.13.26","COMPOSIÇÃO","COMP-814241","RALO FOFO SEMIESFERICO, 75 MM, PARA LAJES/ CALHAS - AGUAS PLUVIAIS ","UN",2,48.97,58.981702196951396,117.96,1.0624997518491999E-5,0.9993161486422516,"C"]
["13.2.3.7","COMPOSIÇÃO","COMP-3036 ","RALO SIFONADO EM PVC D = 100 MM ALTURA REGULÁVEL, SAÍDA 40 MM, COM GRELHA REDONDA ACABAMENTO CROMADO ","UN",3,32.269999999999996,38.867460279673708,116.6,1.0502498394847127E-5,0.99932665114064645,"C"]
["18.11.14","SINAPI",91890,"CURVA 90 GRAUS PARA ELETRODUTO, PVC, ROSCÁVEL, DN 25 MM (3/4\"), PARA CIRCUITOS TERMINAIS, INSTALADA EM FORRO - FORNECIMENTO E INSTALAÇÃO. AF_12/2015","UN",12,7.98,9.6114760778368833,115.34,1.0389006559705554E-5,0.99933704014720615,"C"]
["12.1.17","ORSE",4152,"Conector de derivação tipo cunha, tronco e derivação 150mm","un",3,31.77,38.265237467779166,114.8,1.0340367201787737E-5,0.99934738051440797,"C"]
["13.5.2.4.20","SINAPI",96620,"LASTRO DE CONCRETO MAGRO, APLICADO EM PISOS, LAJES SOBRE SOLO OU RADIERS. AF_08/2017","M3",0.2,469.15,565.0656644006483,113.01,1.0179136737578678E-5,0.99935755965114559,"C"]
["18.12.1.20","COMPOSIÇÃO","COMP-22571 ","PRESILHA DE LATÃO, L=20MM, PARA FIXAÇÃO DE CABOS COBRE, FURO D=7MM, PARA CABOS 35MM² A 50MM² ","UN",45,2.0760000000000001,2.5004291149861366,112.52,1.0135001023912511E-5,0.99936769465216946,"C"]
["18.11.19","COMPOSIÇÃO","COMP-83399","RELE FOTOELETRICO P/ COMANDO DE ILUMINACAO EXTERNA 220V/1000W - FORNECIMENTO E INSTALACAO","UN",2,46.6875,56.232555060652814,112.47,1.0130497379660861E-5,0.99937782514954909,"C"]
["18.3.17","SINAPI",93186,"VERGA MOLDADA IN LOCO EM CONCRETO PARA JANELAS COM ATÉ 1,5 M DE VÃO. AF_03/2016","M",1.4,66.599999999999994,80.216078544352925,112.3,1.0115184989205251E-5,0.99938794033453826,"C"]
["12.4.20","COMPOSIÇÃO","COMP-7257 ","DISJUNTOR TRIPOLAR TERMOMAGNETICO (220/127V) TIPO DIN (CURVA C) 50A - 25 Ka, FORNECIMENTO E INSTALACAO ","UN",1,91.337280000000007,110.01078718479815,110.01,9.9089180824796962E-6,0.99939784925262076,"C"]
["12.4.31","COMPOSIÇÃO","COMP-5377 ","DISJUNTOR TRIPOLAR TERMOMAGNETICO (220/127V) NORMA UL 15A -5 Ka, FORNECIMENTO E INSTALACAO ","UND",1,91.337280000000007,110.01078718479815,110.01,9.9089180824796962E-6,0.99940775817070326,"C"]
["18.13.8","SINAPI",89987,"REGISTRO DE GAVETA BRUTO, LATÃO, ROSCÁVEL, 3/4\", COM ACABAMENTO E CANOPLA CROMADOS - FORNECIMENTO E INSTALAÇÃO. AF_08/2021","UN",2,45.52,54.826364794879062,109.65,9.876491843867817E-6,0.99941763466254718,"C"]
["12.2.2.2","COMPOSIÇÃO","COMP-351620","ELETRODUTO DE PVC RIGIDO ROSCAVEL DE 2 1/2 \" - FORNECIMENTO E INSTALAÇÃO","M",4,22.350999999999999,26.920564137309793,107.68,9.6990482603528197E-6,0.9994273337108075,"C"]
["18.3.20","SINAPI",93196,"CONTRAVERGA MOLDADA IN LOCO EM CONCRETO PARA VÃOS DE ATÉ 1,5 M DE COMPRIMENTO. AF_03/2016","M",1.4,63.74,76.771364060316159,107.48,9.6810336833462201E-6,0.99943701474449087,"C"]
["13.5.2.2.25","COMPOSIÇÃO","COMP-4033 ","CHAVE PARA CONEXÃO DE MANGUEIRA TIPO STORZ ENGATE RÁPIDO DUPLA","UN",5,17.702000000000002,21.321096432314349,106.61,9.6026702733675154E-6,0.99944661741476426,"C"]
["18.1.2","SINAPI",93382,"REATERRO MANUAL DE VALAS COM COMPACTAÇÃO MECANIZADA. AF_04/2016","M3",4,22.07,26.582114917025063,106.33,9.577449865558276E-6,0.99945619486462978,"C"]
["12.4.21","COMPOSIÇÃO","COMP-3294 ","DISJUNTOR TRIPOLAR TERMOMAGNETICO (220/127V) TIPO DIN (CURVA C) 50A - 5 Ka, FORNECIMENTO E INSTALACAO ","UN",1,87.716280000000012,105.64948958105788,105.65,9.5162003037358408E-6,0.99946571106493354,"C"]
["19.2.4","COMPOSIÇÃO","COMP-507496","PLACA DE SINALIZACAO DE SEGURANCA CONTRA INCENDIO - ALERTA, TRIANGULAR, BASE DE *30* CM, EM PVC *2* MM ANTI-CHAMAS - QUADRO DE ENERGIA ","UN",1,86.686499999999995,104.40917556659234,104.41,9.4045099262949268E-6,0.9994751155748598,"C"]
["13.2.4.14","SINAPI",89529,"JOELHO 90 GRAUS, PVC, SERIE R, ÁGUA PLUVIAL, DN 100 MM, JUNTA ELÁSTICA, FORNECIDO E INSTALADO EM RAMAL DE ENCAMINHAMENTO. AF_12/2014","UN",2,43.19,52.020006491450495,104.04,9.371182958832721E-6,0.99948448675781865,"C"]
["18.11.17","SINAPI",92000,"TOMADA BAIXA DE EMBUTIR (1 MÓDULO), 2P+T 10 A, INCLUINDO SUPORTE E PLACA - FORNECIMENTO E INSTALAÇÃO. AF_12/2015","UN",4,21.26,25.606513961755908,102.43,9.2261656139295996E-6,0.99949371292343259,"C"]
["12.4.3","SINAPI",93672,"DISJUNTOR TRIPOLAR TIPO DIN, CORRENTE NOMINAL DE 40A - FORNECIMENTO E INSTALAÇÃO. AF_10/2020","UN",1,84.73,102.05267770364901,102.05,9.1919379176170604E-6,0.99950290486135018,"C"]
["19.2.5","COMPOSIÇÃO","COMP-7721 ","PLACA DE SINALIZACAO DE SEGURANCA CONTRA INCENDIO - ALERTA, TRIANGULAR, BASE DE *30* CM, EM PVC *2* MM ANTI-CHAMAS - QUADRO DE ENERGIA ","UN",1,84.356499999999997,101.60281726316379,101.6,9.151405119352213E-6,0.99951205626646955,"C"]
["18.13.19","SINAPI",89584,"JOELHO 90 GRAUS, PVC, SERIE R, ÁGUA PLUVIAL, DN 100 MM, JUNTA ELÁSTICA, FORNECIDO E INSTALADO EM CONDUTORES VERTICAIS DE ÁGUAS PLUVIAIS. AF_12/2014","UN",2,41.79,50.333782618145783,100.67,9.0676373362715284E-6,0.99952112390380587,"C"]
["13.2.2.6","SINAPI",89500,"CURVA 45 GRAUS, PVC, SOLDÁVEL, DN 40MM, INSTALADO EM PRUMADA DE ÁGUA - FORNECIMENTO E INSTALAÇÃO. AF_12/2014","UN",7,11.88,14.308814010614308,100.16,9.0217001649047012E-6,0.9995301456039708,"C"]
["18.12.1.11","COMPOSIÇÃO","COMP-4528","GRAMPO ESTANHADO 5/8 ","UN",20,4.0060000000000002,4.8250091688990668,96.5,8.6920334056839426E-6,0.9995388376373765,"C"]
["13.5.2.2.8","SINAPI",92934,"LUVA DE REDUÇÃO, EM FERRO GALVANIZADO, 2 1/2\" X 1 1/2\", CONEXÃO ROSQUEADA, INSTALADO EM REDE DE ALIMENTAÇÃO PARA HIDRANTE - FORNECIMENTO E INSTALAÇÃO. AF_10/2020","UN",1,78.38,94.404447992588317,94.4,8.5028803471146556E-6,0.99954734051772365,"C"]
["18.12.1.6","COMPOSIÇÃO","COMP-5507 ","BRAÇADEIRA GALVANIZADA TIPO CUNHA 3/4","UN",18,4.3520000000000003,5.2417473547300899,94.35,8.4983767028630057E-6,0.99955583889442656,"C"]
["13.2.4.11","COMPOSIÇÃO","COMP-6171","TAMPA DE CONCRETO ARMADO 60X60X5CM PARA CAIXA","UN",2,38.643080000000012,46.543488595731453,93.09,8.3848848677214334E-6,0.99956422377929433,"C"]
["13.5.2.2.23","COMPOSIÇÃO","COMP-4947 ","FLANGE SEXTAVADO GALVANIZADO ","UN",1,76.822000000000003,92.527921710724939,92.53,8.3344440521029563E-6,0.99957255822334645,"C"]
["12.4.2","SINAPI",93669,"DISJUNTOR TRIPOLAR TIPO DIN, CORRENTE NOMINAL DE 20A - FORNECIMENTO E INSTALAÇÃO. AF_10/2020","UN",1,76.37,91.983512288772275,91.98,8.2849039653348092E-6,0.99958084312731177,"C"]
["12.10.6","SINAPI",93670,"DISJUNTOR TRIPOLAR TIPO DIN, CORRENTE NOMINAL DE 25A - FORNECIMENTO E INSTALAÇÃO. AF_10/2020","UN",1,76.37,91.983512288772275,91.98,8.2849039653348092E-6,0.99958912803127709,"C"]
["18.11.10","SINAPI",91941,"CAIXA RETANGULAR 4\" X 2\" BAIXA (0,30 M DO PISO), PVC, INSTALADA EM PAREDE - FORNECIMENTO E INSTALAÇÃO. AF_12/2015","UN",10,7.6,9.153786740797031,91.54,8.2452718959202918E-6,0.999597373303173,"C"]
["13.1.2.2","SINAPI",94793,"REGISTRO DE GAVETA BRUTO, LATÃO, ROSCÁVEL, 1 1/4\", COM ACABAMENTO E CANOPLA CROMADOS - FORNECIMENTO E INSTALAÇÃO. AF_08/2021","UN",1,75.239999999999995,90.622488733890606,90.62,8.1624048416899372E-6,0.99960553570801469,"C"]
["18.15.5","COMPOSIÇÃO","COMP-9398 ","TUBO DE COBRE 3/8\" ","M",2,36.674999999999997,44.173043252464616,88.35,7.9579393926650388E-6,0.99961349364740737,"C"]
["12.1.21","GOINFRA",71765,"Mão francesa 619mm","un",4,17.82,21.463221015921459,85.85,7.7327571800825544E-6,0.9996212264045875,"C"]
["12.12.2.5","SINAPI",93022,"CURVA 90 GRAUS PARA ELETRODUTO, PVC, ROSCÁVEL, DN 75 MM (2 1/2\") - FORNECIMENTO E INSTALAÇÃO. AF_12/2015","UN",2,35.61,42.890308663129247,85.78,7.7264520781302445E-6,0.99962895285666564,"C"]
["13.1.2.4","SINAPI",94498,"REGISTRO DE GAVETA BRUTO, LATÃO, ROSCÁVEL, 2\" - FORNECIMENTO E INSTALAÇÃO. AF_08/2021","UN",1,70.62,85.057949951985051,85.06,7.6615996009064894E-6,0.9996366144562665,"C"]
["18.13.6","SINAPI",89357,"TUBO, PVC, SOLDÁVEL, DN 32MM, INSTALADO EM RAMAL OU SUB-RAMAL DE ÁGUA - FORNECIMENTO E INSTALAÇÃO. AF_12/2014","M",2.8,25.19,30.339985263247005,84.95,7.6516915835528597E-6,0.99964426614785007,"C"]
["18.11.8","COMPOSIÇÃO","COMP-3829 ","DISJUNTOR TERMOMAGNETICO BIPOLAR PADRAO NEMA (AMERICANO) 25A 240V, FORNECIMENTO E INSTALACAO ","UND",1,68.75,82.805636635499454,82.81,7.4589356095822527E-6,0.99965172508345967,"C"]
["18.11.24","SINAPI",92008,"TOMADA BAIXA DE EMBUTIR (2 MÓDULOS), 2P+T 10 A, INCLUINDO SUPORTE E PLACA - FORNECIMENTO E INSTALAÇÃO. AF_12/2015","UN",2,34.08,41.04750685873195,82.1,7.394983861208826E-6,0.99965912006732094,"C"]
["12.11.3.9","COMPOSIÇÃO","COMP-4744 ","TERMINAL A COMPRESSÃO 1 FURO PARA CABO DE 35MM² ","UND",18,3.7858000000000001,4.5597902425407106,82.08,7.393182403508166E-6,0.99966651324972444,"C"]
["18.13.1","COMPOSIÇÃO","COMP-176712","TORNEIRA CROMADA PADRÃO MEDIO COM BICO PARA JARDIM 3/4\" - FORNECIMENTO E INSTALAÇÃO ","UN",1,64.393500000000003,77.558469275462329,77.56,6.9860529631590326E-6,0.99967349930268756,"C"]
["13.5.2.4.13","COMPOSIÇÃO","IFMT 232.08.2020","IMPERMEABILIZACAO DE ESTRUTURAS ENTERRADAS, COM TINTA ASFALTICA, DUAS DEMAOS.","M2",4.4000000000000004,14.46,17.41628371999014,76.63,6.9022851800783472E-6,0.99968040158786764,"C"]
["18.13.24","SINAPI",89712,"TUBO PVC, SERIE NORMAL, ESGOTO PREDIAL, DN 50 MM, FORNECIDO E INSTALADO EM RAMAL DE DESCARGA OU RAMAL DE ESGOTO SANITÁRIO. AF_12/2014","M",2.5,25.12,30.255674069581769,75.64,6.8131130238956835E-6,0.9996872147008915,"C"]
["13.2.3.8","SINAPI",89710,"RALO SECO, PVC, DN 100 X 40 MM, JUNTA SOLDÁVEL, FORNECIDO E INSTALADO EM RAMAL DE DESCARGA OU EM RAMAL DE ESGOTO SANITÁRIO. AF_12/2014","UN",5,12.32,14.838770085081503,74.19,6.6825073405978417E-6,0.9996938972082321,"C"]
["12.1.24","GOINFRA",71835,"Parafuso cabeça abaulada 16 x45mm","un",16,3.64,4.3841820705922627,70.150000000000006,6.3186128850645456E-6,0.99970021582111712,"C"]
["13.1.3.13","SINAPI",89605,"LUVA DE REDUÇÃO, PVC, SOLDÁVEL, DN 60MM X 50MM, INSTALADO EM PRUMADA DE ÁGUA - FORNECIMENTO E INSTALAÇÃO. AF_12/2014","UN",3,19.38,23.34215618903243,70.03,6.3078041388605859E-6,0.99970652362525603,"C"]
["18.12.1.5","SINAPI",91871,"ELETRODUTO RÍGIDO ROSCÁVEL, PVC, DN 25 MM (3/4\"), PARA CIRCUITOS TERMINAIS, INSTALADO EM PAREDE - FORNECIMENTO E INSTALAÇÃO. AF_12/2015","M",6,9.6300000000000008,11.59881135708887,69.59,6.2681720694460685E-6,0.99971279179732553,"C"]
["18.13.10","SINAPI",89362,"JOELHO 90 GRAUS, PVC, SOLDÁVEL, DN 25MM, INSTALADO EM RAMAL OU SUB-RAMAL DE ÁGUA - FORNECIMENTO E INSTALAÇÃO. AF_12/2014","UN",8,7.22,8.6960974037571788,69.569999999999993,6.2663706117454077E-6,0.99971905816793727,"C"]
["18.1.3","SINAPI",96385,"EXECUÇÃO E COMPACTAÇÃO DE ATERRO COM SOLO PREDOMINANTEMENTE ARGILOSO - EXCLUSIVE SOLO, ESCAVAÇÃO, CARGA E TRANSPORTE. AF_11/2019","M3",6.79,7.67,9.2380979344622673,62.73,5.6502720781197278E-6,0.99972470844001537,"C"]
["19.1.8","COMPOSIÇÃO","COMP-8730 ","SINALIZAÇÃO DE PROIBIÇÃO - PROIBIDO UTILIZAR ELEVADOR EM CASO DE INCÊNDIO ","UN",1,50.981999999999999,61.405046792015028,61.41,5.5313758698761757E-6,0.99973023981588527,"C"]
["19.1.14","COMPOSIÇÃO","COMP-6169 ","PLACAS DE SINALIZAÇÃO - ORIENTAÇÃO E SALVAMENTO SAÍDA LATERAL (DUPLA FACE) ","UN",1,50.981999999999999,61.405046792015028,61.41,5.5313758698761757E-6,0.99973577119175516,"C"]
["19.1.16","COMPOSIÇÃO","COMP-8212 ","PLACAS DE SINALIZAÇÃO - ORIENTAÇÃO E SALVAMENTO (LETREIRO 'SAÍDA') ","UN",1,50.981999999999999,61.405046792015028,61.41,5.5313758698761757E-6,0.99974130256762506,"C"]
["12.12.2.9","SINAPI",96985,"HASTE DE ATERRAMENTO 5/8  PARA SPDA - FORNECIMENTO E INSTALAÇÃO. AF_12/2017","UN",1,50.27,60.547481507877208,60.55,5.4539131887478E-6,0.99974675648081379,"C"]
["18.15.6","COMPOSIÇÃO","COMP-6563","TUBO DE COBRE 1/4\" ","M",2,25.114999999999998,30.249651841462818,60.5,5.449409544496151E-6,0.99975220589035829,"C"]
["12.1.26","GOINFRA",72330,"Sela para cruzeta","un",2,25.09,30.219540700868095,60.44,5.4440051713941711E-6,0.99975764989552973,"C"]
["12.5.4","SINAPI",91955,"INTERRUPTOR PARALELO (1 MÓDULO), 10A/250V, INCLUINDO SUPORTE E PLACA - FORNECIMENTO E INSTALAÇÃO. AF_12/2015","UN",2,24.84,29.918429294920823,59.84,5.389961440374375E-6,0.99976303985697013,"C"]
["13.5.2.4.10","COMPOSIÇÃO","COMP-73301","ESCORAMENTO FORMAS ATE H = 3,30M, COM MADEIRA DE 3A QUALIDADE, NAO APARELHADA, APROVEITAMENTO TABUAS 3X E PRUMOS 4X.","M3",4,12.265910000000002,14.773621621290754,59.09,5.3224067765996291E-6,0.99976836226374677,"C"]
["12.8.10","COMPOSIÇÃO","COMP-5602 ","LUVA PVC ROSCA 2.1/2\" ","UN",4,12.23,14.730369978940486,58.92,5.3070943861440203E-6,0.99977366935813294,"C"]
["13.2.2.19","SINAPI",89797,"JUNÇÃO SIMPLES, PVC, SERIE NORMAL, ESGOTO PREDIAL, DN 100 X 100 MM, JUNTA ELÁSTICA, FORNECIDO E INSTALADO EM RAMAL DE DESCARGA OU RAMAL DE ESGOTO SANITÁRIO. AF_12/2014","UN",1,46.98,56.584855405611115,56.58,5.096323835166813E-6,0.99977876568196811,"C"]
["13.5.1.2.3","COMPOSIÇÃO","COMP-3967 ","TAMPA CEGA TIPO METÁLICA 2.1/2\"","UN",1,46.42,55.910365856289239,55.91,5.0359750021947069E-6,0.99978380165697034,"C"]
["13.5.2.2.13","SINAPI",89987,"REGISTRO DE GAVETA BRUTO, LATÃO, ROSCÁVEL, 3/4\", COM ACABAMENTO E CANOPLA CROMADOS - FORNECIMENTO E INSTALAÇÃO. AF_08/2021","UN",1,45.52,54.826364794879062,54.83,{"$f":"I783/$I$877","v":4.9386962863590735E-6},0.99978874035325671,{"$f":"IF(K783<=$J$11,\"A\",IF(K783<=$K$11,\"B\",\"C\"))","v":"C"}]
["18.12.1.18","COMPOSIÇÃO","COMP-209 ","PARAFUSO INOX R/S 4.2 X 32MM ","UN",80,0.54139999999999999,0.65208686071940958,52.17,4.6991024121713093E-6,{"$f":"K783+J784","v":0.9997934394556689},"C"]
["13.5.2.4.24","SINAPI",88415,"APLICAÇÃO MANUAL DE FUNDO SELADOR ACRÍLICO EM PAREDES EXTERNAS DE CASAS. AF_06/2014","M2",21.6,1.99,2.3968467913402751,51.77,4.6630732581581119E-6,0.99979810252892709,"C"]
["18.6.5","COMPOSIÇÃO","IFMT 219.07.2020","LANCAMENTO/APLICACAO MANUAL DE CONCRETO EM FUNDACOES","M3",0.4,103.71599999999999,124.92028231690853,49.97,4.5009420650987217E-6,0.99980260347099215,"C"]
["13.2.2.18","SINAPI",89796,"TE, PVC, SERIE NORMAL, ESGOTO PREDIAL, DN 100 X 100 MM, JUNTA ELÁSTICA, FORNECIDO E INSTALADO EM RAMAL DE DESCARGA OU RAMAL DE ESGOTO SANITÁRIO. AF_12/2014","UN",1,41.24,49.671337525061787,49.67,4.4739201995888232E-6,0.99980707739119179,"C"]
["12.4.9","SINAPI",93658,"DISJUNTOR MONOPOLAR TIPO DIN, CORRENTE NOMINAL DE 40A - FORNECIMENTO E INSTALAÇÃO. AF_10/2020","UN",2,20.16,24.281623775587914,48.56,4.3739392972021998E-6,0.99981145133048899,"C"]
["12.1.13","GOINFRA",70922,"Cinta circular 220mm","un",1,40.18,48.394625163845355,48.39,4.358626906746591E-6,0.99981580995739572,"C"]
["18.15.1","SINAPI",89364,"CURVA 90 GRAUS, PVC, SOLDÁVEL, DN 25MM, INSTALADO EM RAMAL OU SUB-RAMAL DE ÁGUA - FORNECIMENTO E INSTALAÇÃO. AF_12/2014","UN",4,9.73,11.719255919467779,46.88,4.2226168503467693E-6,0.99982003257424612,"C"]
["12.4.6","SINAPI",93655,"DISJUNTOR MONOPOLAR TIPO DIN, CORRENTE NOMINAL DE 20A - FORNECIMENTO E INSTALAÇÃO. AF_10/2020","UN",3,12.82,15.440992896976045,46.32,4.1721760347282931E-6,0.99982420475028089,"C"]
["18.13.17","SINAPI",89707,"CAIXA SIFONADA, PVC, DN 100 X 100 X 50 MM, JUNTA ELÁSTICA, FORNECIDA E INSTALADA EM RAMAL DE DESCARGA OU EM RAMAL DE ESGOTO SANITÁRIO. AF_12/2014","UN",1,38.03,45.805067072698833,45.81,4.1262388633614658E-6,0.99982833098914425,"C"]
["12.2.1.3","SINAPI",97667,"ELETRODUTO FLEXÍVEL CORRUGADO, PEAD, DN 50 (1 ½\u0094)  - FORNECIMENTO E INSTALAÇÃO. AF_04/2016","M",5.8,6.43,7.7445853609638036,44.92,4.0460739956821011E-6,0.99983237706313999,"C"]
["12.1.28","COMPOSIÇÃO","COMP-104","ELO FUSÍVEL 25K","UN    ",3,12.16,14.646058785275249,43.94,3.9578025683497666E-6,0.99983633486570833,"C"]
["12.1.12","GOINFRA",70921,"Cinta circular 210mm","un",1,34.53,41.589507389437038,41.59,3.7461312885222301E-6,0.99984008099699684,"C"]
["19.2.3","COMPOSIÇÃO","COMP-84665","PINTURA ACRILICA PARA SINALIZAÇÃO HORIZONTAL EM PISO CIMENTADO","M2",1.9,17.978000000000002,21.653523424480138,41.14,3.7055984902573828E-6,0.99984378659548712,"C"]
["13.2.2.17","SINAPI",89786,"TE, PVC, SERIE NORMAL, ESGOTO PREDIAL, DN 75 X 75 MM, JUNTA ELÁSTICA, FORNECIDO E INSTALADO EM RAMAL DE DESCARGA OU RAMAL DE ESGOTO SANITÁRIO. AF_12/2014","UN",1,33.49,40.336883940696396,40.340000000000003,3.6335401822309875E-6,0.9998474201356693,"C"]
["18.12.1.16","COMPOSIÇÃO","COMP-1561","SELANTE DE POLIURETANO (SIKAFLEX) 300ML ","UN",1,32.407800000000002,39.03343288663185,39.03,3.5155447028377649E-6,0.99985093568037209,"C"]
["12.1.43","GOINFRA",72329,"Sapatilha para cabo de aço 9.5mm para rede AT compacta","un",2,16.2,19.512019105383143,39.020000000000003,3.5146439739874349E-6,0.99985445032434606,"C"]
["13.2.2.16","SINAPI",89549,"REDUÇÃO EXCÊNTRICA, PVC, SERIE R, ÁGUA PLUVIAL, DN 75 X 50 MM, JUNTA ELÁSTICA, FORNECIDO E INSTALADO EM RAMAL DE ENCAMINHAMENTO. AF_12/2014","UN",2,15.93,19.186818786960092,38.369999999999997,3.4560965987159885E-6,0.99985790642094474,"C"]
["18.11.16","SINAPI",91959,"INTERRUPTOR SIMPLES (2 MÓDULOS), 10A/250V, INCLUINDO SUPORTE E PLACA - FORNECIMENTO E INSTALAÇÃO. AF_12/2015","UN",1,31.81,38.313415292730731,38.31,3.450692225614009E-6,0.99986135711317037,"C"]
["12.1.16","ORSE",4150,"Conector de derivação tipo cunha, tronco e derivação 9,5mm","un",1,31.77,38.265237467779166,38.270000000000003,3.4470893102126895E-6,0.99986480420248058,"C"]
["13.4.2.1","COMPOSIÇÃO","IFMT 238.08.2020","CAP PVC ESGOTO 100MM (TAMPÃO) - FORNECIMENTO E INSTALAÇÃO","UN",2,15.63165,18.827472435102621,37.65,3.3912441214922325E-6,0.9998681954466021,"C"]
["12.1.11","GOINFRA",70920,"Cinta circular 200mm","un",1,31,37.337814337461573,37.340000000000003,3.3633215271320049E-6,0.99987155876812928,"C"]
["12.10.9","COMPOSIÇÃO","COMP-109","ELETRODUTO FLEXIVEL PLANO EM PEAD, DIAMETRO 32 MM (1\") - FORNECIMENTO E INSTALAÇÃO","M     ",5,6.0410000000000004,7.2760560133098515,36.380000000000003,3.2768515575003303E-6,0.99987483561968682,"C"]
["18.13.7","SINAPI",94495,"REGISTRO DE GAVETA BRUTO, LATÃO, ROSCÁVEL, 1\" - FORNECIMENTO E INSTALAÇÃO. AF_08/2021","UN",1,29.74,35.820212851487327,35.82,3.2264107418818532E-6,0.99987806203042873,"C"]
["12.2.1.5","SINAPI",97669,"ELETRODUTO FLEXÍVEL CORRUGADO, PEAD, DN 90 (3\u0094) - FORNECIMENTO E INSTALAÇÃO. AF_04/2016","M",1.9,15.53,18.705040537444457,35.54,3.2011903340726147E-6,0.99988126322076276,"C"]
["13.1.3.17","SINAPI",94691,"TÊ DE REDUÇÃO, PVC, SOLDÁVEL, DN 32 MM X  25 MM, INSTALADO EM RESERVAÇÃO DE ÁGUA DE EDIFICAÇÃO QUE POSSUA RESERVATÓRIO DE FIBRA/FIBROCIMENTO   FORNECIMENTO E INSTALAÇÃO. AF_06/2016","UN",2,14.61,17.596950563558501,35.19,3.1696648243110667E-6,0.99988443288558704,"C"]
["12.1.25","GOINFRA",71880,"Parafuso rosca dupla passante 16x450mm","un",2,14.24,17.151305682756544,34.299999999999997,3.089499956631702E-6,0.99988752238554368,"C"]
["19.2.8","COMPOSIÇÃO","COMP-963760","LUMINARIA DE EMERGENCIA 30 LEDS, POTENCIA 2 W, BATERIA DE LITIO, AUTONOMIA DE 6 HORAS (UN)- FORNECIMENTO E INSTALAÇÃO ","UND",1,28.422999999999998,34.233957964957106,34.229999999999997,3.0831948546793922E-6,0.99989060558039833,"C"]
["18.14.3","SINAPI",86877,"VÁLVULA EM METAL CROMADO 1.1/2\u0094 X 1.1/2\u0094 PARA TANQUE OU LAVATÓRIO, COM OU SEM LADRÃO - FORNECIMENTO E INSTALAÇÃO. AF_01/2020","UN",1,28.05,33.784699747283781,33.78,3.0426620564145452E-6,0.99989364824245475,"C"]
["18.10.2.2","SINAPI",88484,"APLICAÇÃO DE FUNDO SELADOR ACRÍLICO EM TETO, UMA DEMÃO. AF_06/2014","M2",13.9,2.0099999999999998,2.4209357038160566,33.65,3.0309525813602555E-6,0.99989667919503611,"C"]
["13.5.2.4.3","SINAPI",94319,"ATERRO MANUAL DE VALAS COM SOLO ARGILO-ARENOSO E COMPACTAÇÃO MECANIZADA. AF_05/2016","M3",0.8,34.119999999999997,41.095684683683508,32.880000000000003,2.9615964598848505E-6,0.99989964079149596,"C"]
["18.11.11","SINAPI",91937,"CAIXA OCTOGONAL 3\" X 3\", PVC, INSTALADA EM LAJE - FORNECIMENTO E INSTALAÇÃO. AF_12/2015","UN",3,8.56,10.310054539634551,30.93,2.7859543340705115E-6,0.99990242674583008,"C"]
["12.4.7","SINAPI",93656,"DISJUNTOR MONOPOLAR TIPO DIN, CORRENTE NOMINAL DE 25A - FORNECIMENTO E INSTALAÇÃO. AF_10/2020","UN",2,12.82,15.440992896976045,30.88,2.7814506898188616E-6,0.99990520819651985,"C"]
["12.8.2","COMPOSIÇÃO","COMP-1762 ","ARRUELA ZAMAK 2. 1/2\" ","UND",4,6.2509999999999994,7.5289895943055578,30.12,2.7129952971937862E-6,0.99990792119181704,"C"]
["13.1.3.16","SINAPI",94690,"TÊ, PVC, SOLDÁVEL, DN 32 MM INSTALADO EM RESERVAÇÃO DE ÁGUA DE EDIFICAÇÃO QUE POSSUA RESERVATÓRIO DE FIBRA/FIBROCIMENTO   FORNECIMENTO E INSTALAÇÃO. AF_06/2016","UN",2,12.47,15.019436928649867,30.04,2.7057894663911464E-6,0.99991062698128341,"C"]
["13.2.2.8","SINAPI",89561,"JUNÇÃO SIMPLES, PVC, SERIE R, ÁGUA PLUVIAL, DN 40 MM, JUNTA SOLDÁVEL, FORNECIDO E INSTALADO EM RAMAL DE ENCAMINHAMENTO. AF_12/2014","UN",2,12.36,14.886947910033065,29.77,2.6814697874322382E-6,0.99991330845107085,"C"]
["12.12.2.14","COMPOSIÇÃO","COMP-5602 ","LUVA PVC ROSCA 2.1/2\" ","UN",2,12.23,14.730369978940486,29.46,2.6535471930720102E-6,0.99991596199826394,"C"]
["12.12.2.10","COMPOSIÇÃO","COMP-8288 ","GRAMPO CONECTOR DE ATERRAMENTO TIPO GAR ESTANHADO 5/8'' ","UND",1,24.178000000000001,29.12108629197245,29.12,2.6229224121607922E-6,0.99991858492067609,"C"]
["13.1.3.3","SINAPI",90375,"BUCHA DE REDUÇÃO, PVC, SOLDÁVEL, DN 40MM X 32MM, INSTALADO EM RAMAL OU SUB-RAMAL DE ÁGUA - FORNECIMENTO E INSTALAÇÃO. AF_03/2015","UN",3,7.87,9.4789870592200831,28.44,2.5616728503383562E-6,0.99992114659352638,"C"]
["13.1.3.19","SINAPI",94693,"TÊ DE REDUÇÃO, PVC, SOLDÁVEL, DN 40 MM X 32 MM, INSTALADO EM RESERVAÇÃO DE ÁGUA DE EDIFICAÇÃO QUE POSSUA RESERVATÓRIO DE FIBRA/FIBROCIMENTO   FORNECIMENTO E INSTALAÇÃO. AF_06/2016","UN",1,23.3,28.063583034285635,28.06,2.5274451540258178E-6,0.99992367403868043,"C"]
["13.1.3.2","COMPOSIÇÃO","IFMT 240.08.2020","BUCHA DE REDUCAO DE PVC, SOLDAVEL, CURTA, COM 75 X 60 MM, PARA AGUA FRIA PREDIAL - FORNECIMENTO E INSTALAÇÃO","UN",1,23.270999999999997,28.028654111195749,28.03,2.5247429674748283E-6,0.9999261987816479,"C"]
["18.11.18","SINAPI",92001,"TOMADA BAIXA DE EMBUTIR (1 MÓDULO), 2P+T 20 A, INCLUINDO SUPORTE E PLACA - FORNECIMENTO E INSTALAÇÃO. AF_12/2015","UN",1,23.08,27.798604997052035,27.8,2.5040262039172396E-6,0.99992870280785184,"C"]
["12.10.4","SINAPI",93653,"DISJUNTOR MONOPOLAR TIPO DIN, CORRENTE NOMINAL DE 10A - FORNECIMENTO E INSTALAÇÃO. AF_10/2020","UN",2,11.45,13.790902392385,27.58,2.4842101692099805E-6,0.99993118701802108,"C"]
["13.1.3.18","SINAPI",94692,"TÊ, PVC, SOLDÁVEL, DN 40 MM INSTALADO EM RESERVAÇÃO DE ÁGUA DE EDIFICAÇÃO QUE POSSUA RESERVATÓRIO DE FIBRA/FIBROCIMENTO   FORNECIMENTO E INSTALAÇÃO. AF_06/2016","UN",1,22.22,26.762781760593423,26.76,2.4103504034829257E-6,0.99993359736842458,"C"]
["18.10.1.2","SINAPI",88484,"APLICAÇÃO DE FUNDO SELADOR ACRÍLICO EM TETO, UMA DEMÃO. AF_06/2014","M2",10.9,2.0099999999999998,2.4209357038160566,26.39,2.3770234360207177E-6,0.99993597439186055,"C"]
["12.1.22","GOINFRA",71840,"Parafuso cabeça quadrada 16 x125mm","un",4,5.42,6.5280952809368298,26.11,2.3518030282114792E-6,0.99993832619488876,"C"]
["13.1.3.7","SINAPI",89497,"JOELHO 90 GRAUS, PVC, SOLDÁVEL, DN 40MM, INSTALADO EM PRUMADA DE ÁGUA - FORNECIMENTO E INSTALAÇÃO. AF_12/2014","UN",2,10.63,12.803256980877954,25.61,2.306766585694982E-6,0.99994063296147451,"C"]
["12.1.15","GOINFRA",70204,"Alça preformada de estai, para cabo de aço 9,5mm","un",2,10.210000000000001,12.297389818886538,24.59,2.214892242961328E-6,0.99994284785371745,"C"]
["12.1.38","GOINFRA",70204,"Alça preformada para cabo de aço 9.5mm","un",2,10.210000000000001,12.297389818886538,24.59,2.214892242961328E-6,0.9999450627459604,"C"]
["12.12.3.6","SINAPI",91936,"CAIXA OCTOGONAL 4\" X 4\", PVC, INSTALADA EM LAJE - FORNECIMENTO E INSTALAÇÃO. AF_12/2015","UN",2,10.07,12.128767431556067,24.26,2.1851681909004404E-6,0.99994724791415135,"C"]
["18.11.15","SINAPI",91953,"INTERRUPTOR SIMPLES (1 MÓDULO), 10A/250V, INCLUINDO SUPORTE E PLACA - FORNECIMENTO E INSTALAÇÃO. AF_12/2015","UN",1,20.11,24.22140149439846,24.22,2.18156527549912E-6,0.99994942947942689,"C"]
["13.2.2.5","SINAPI",89504,"CURVA 45 GRAUS, PVC, SOLDÁVEL, DN 50MM, INSTALADO EM PRUMADA DE ÁGUA - FORNECIMENTO E INSTALAÇÃO. AF_12/2014","UN",1,19.98,24.064823563305879,24.06,2.1671536138938412E-6,0.99995159663304078,"C"]
["13.2.2.10","SINAPI",89737,"JOELHO 90 GRAUS, PVC, SERIE NORMAL, ESGOTO PREDIAL, DN 75 MM, JUNTA ELÁSTICA, FORNECIDO E INSTALADO EM RAMAL DE DESCARGA OU RAMAL DE ESGOTO SANITÁRIO. AF_12/2014","UN",1,18.46,22.234066215146473,22.23,2.0023202342834619E-6,0.99995359895327507,"C"]
["13.1.3.11","SINAPI",89433,"LUVA DE REDUÇÃO, PVC, SOLDÁVEL, DN 40MM X 32MM, INSTALADO EM RAMAL DE DISTRIBUIÇÃO DE ÁGUA - FORNECIMENTO E INSTALAÇÃO. AF_12/2014","UN",2,8.82,10.623210401819712,21.25,1.9140488069511274E-6,0.99995551300208207,"C"]
["12.11.3.8","COMPOSIÇÃO","COMP-8997 ","TERMINAL A COMPRESSÃO 1 FURO PARA CABO DE 16MM² ","UND",6,2.9157999999999999,3.5119225498442082,21.07,1.8978356876451884E-6,0.99995741083776968,"C"]
["13.1.3.10","SINAPI",89380,"LUVA DE REDUÇÃO, PVC, SOLDÁVEL, DN 32MM X 25MM, INSTALADO EM RAMAL OU SUB-RAMAL DE ÁGUA - FORNECIMENTO E INSTALAÇÃO. AF_12/2014","UN",2,8.6300000000000008,10.394365733299788,20.79,1.8726152798359499E-6,0.99995928345304952,"C"]
["12.8.1","COMPOSIÇÃO","COMP-5272 ","ARRUELA ZAMAK 1/2\" ","UND",4,4.1259999999999994,4.9695426437537558,19.88,1.7906489544559252E-6,0.99996107410200397,"C"]
["18.13.23","SINAPI",89711,"TUBO PVC, SERIE NORMAL, ESGOTO PREDIAL, DN 40 MM, FORNECIDO E INSTALADO EM RAMAL DE DESCARGA OU RAMAL DE ESGOTO SANITÁRIO. AF_12/2014","M",1,16.3,19.632463667762053,19.63,1.7681307331976766E-6,0.99996284223273713,"C"]
["12.8.4","COMPOSIÇÃO","COMP-5243 ","BUCHA ZAMAK 2. 1/2\" ","UND",4,4.0709999999999997,4.9032981344453566,19.61,1.7663292754970168E-6,0.99996460856201264,"C"]
["12.8.3","COMPOSIÇÃO","COMP-2643 ","BUCHA ZAMAK 1/2\" ","UND",4,3.9210000000000003,4.7226312908769952,18.89,1.7014767982732611E-6,0.99996631003881087,"C"]
["12.2.3.6","COMPOSIÇÃO","COMP-3781 ","SAÍDA DUPLA HORIZONTAL PARA ELETRODUTO 1\" ","UND",2,7.8209999999999997,9.4199692236544177,18.84,1.6969731540216112E-6,0.99996800701196487,"C"]
["13.5.2.4.1","SINAPI",93358,"ESCAVAÇÃO MANUAL DE VALA COM PROFUNDIDADE MENOR OU IGUAL A 1,30 M. AF_02/2021","M3",0.25,61.91,74.567228568782127,18.64,1.6789585770150125E-6,0.99996968597054192,"C"]
["12.8.9","COMPOSIÇÃO","COMP-9180 ","LUVA PVC ROSCA 1/2\" ","UN",4,3.7300000000000004,4.4925821767332801,17.97,1.6186097440429063E-6,0.99997130458028594,"C"]
["18.11.7","COMPOSIÇÃO","COMP-8837 ","DISJUNTOR TERMOMAGNETICO MONOPOLAR PADRAO NEMA (AMERICANO) 25A 240V, FORNECIMENTO E INSTALACAO ","UND",1,14.816199999999998,17.845307251183812,17.850000000000001,1.6078009978389472E-6,0.99997291238128383,"C"]
["18.11.6","COMPOSIÇÃO","COMP-1501 ","DISJUNTOR TERMOMAGNETICO MONOPOLAR PADRAO NEMA (AMERICANO) 10A 240V, FORNECIMENTO E INSTALACAO ","UND",1,14.774999999999999,17.7956840914837,17.8,{"$f":"I847/$I$877","v":1.6032973535872973E-6},0.99997451567863738,{"$f":"IF(K847<=$J$11,\"A\",IF(K847<=$K$11,\"B\",\"C\"))","v":"C"}]
["18.12.1.15","COMPOSIÇÃO","COMP-465205","FORNECIMENTO DE CARTUCHO PARA SOLDA EXOTERMICA NR 25 ","UN",1,14.09,16.97063883918818,16.97,1.528536859009912E-6,{"$f":"K847+J848","v":0.99997604421549635},"C"]
["12.1.36","GOINFRA",70250,"Arruela quadrada com furo 18mm","un",20,0.69,0.83106748041446721,16.62,1.4970113492483643E-6,0.99997754122684557,"C"]
["18.13.9","SINAPI",90373,"JOELHO 90 GRAUS COM BUCHA DE LATÃO, PVC, SOLDÁVEL, DN 25MM, X 1/2\u0094 INSTALADO EM RAMAL OU SUB-RAMAL DE ÁGUA - FORNECIMENTO E INSTALAÇÃO. AF_12/2014","UN",1,12.99,15.645748653020188,15.65,1.4096406507663597E-6,0.99997895086749633,"C"]
["12.1.23","GOINFRA",71841,"Parafuso cabeça abaulada 16 x150mm","un",2,6.04,7.2748515676860617,14.55,1.3105604772300661E-6,0.99998026142797358,"C"]
["12.8.7","COMPOSIÇÃO","COMP-1033 ","CONDULETE EM PVC COM 5 ENTRADA 1/2\" ","UN",1,11.86,14.284725098138525,14.28,1.2862407982711575E-6,0.9999815476687719,"C"]
["13.1.3.4","COMPOSIÇÃO","IFMT 236.08.2020","CAP PVC ESGOTO 75MM (TAMPÃO) - FORNECIMENTO E INSTALAÇÃO","UN",1,11.389340000000001,13.717840720845956,13.72,1.2357999826526808E-6,0.99998278346875458,"C"]
["12.11.3.10","COMPOSIÇÃO","COMP-2465 ","TERMINAL A COMPRESSÃO 1 FURO PARA CABO DE 50MM² ","UND",2,5.5557999999999996,6.6916589966473872,13.38,1.2051752017414628E-6,0.99998398864395632,"C"]
["12.2.2.1","COMPOSIÇÃO","COMP-2137 ","ELETRODUTO DE PVC RÍGIDO 1/2\" - FORNECIMENTO E INSTALAÇÃO ","M",1.5,7.1052,8.5578270461461923,12.84,1.1565358438236459E-6,0.99998514517980019,"C"]
["18.13.13","SINAPI",89553,"ADAPTADOR CURTO COM BOLSA E ROSCA PARA REGISTRO, PVC, SOLDÁVEL, DN 32MM X 1\u0094, INSTALADO EM PRUMADA DE ÁGUA - FORNECIMENTO E INSTALAÇÃO. AF_12/2014","UN",2,5.16,6.2149394187516691,12.43,1.1196059609601183E-6,0.99998626478576114,"C"]
["13.2.4.17","COMPOSIÇÃO","COMP-951292","BRAÇADEIRA TIPO D METÁLICA GALVANIZADA PARA TUBULAÇÃO DE 150 MM ","UN",1,10.23,12.321478731362321,12.32,1.1096979436064889E-6,0.99998737448370478,"C"]
["18.13.18","SINAPI",89728,"CURVA CURTA 90 GRAUS, PVC, SERIE NORMAL, ESGOTO PREDIAL, DN 40 MM, JUNTA SOLDÁVEL, FORNECIDO E INSTALADO EM RAMAL DE DESCARGA OU RAMAL DE ESGOTO SANITÁRIO. AF_12/2014","UN",1,9.74,11.731300375705668,11.73,1.0565549414370223E-6,0.99998843103864621,"C"]
["13.5.2.2.17","COMPOSIÇÃO","COMP-5897 ","TAMPA EM FERRO FUNDIDO - 50 X 40 CM","UN",1,9.7119999999999997,11.697575898239574,11.7,1.0538527548860324E-6,0.99998948489140105,"C"]
["18.11.4","COMPOSIÇÃO","COMP-9770 ","TERMINAL DE COMPRESSÃO PARA CABO 2,5 M2 - FORNECIMENTO E INSTALAÇÃO ","UND",6,1.5940000000000001,1.9198863243197986,11.52,1.0376396355800934E-6,0.9999905225310366,"C"]
["18.13.21","SINAPI",89516,"JOELHO 45 GRAUS, PVC, SERIE R, ÁGUA PLUVIAL, DN 40 MM, JUNTA SOLDÁVEL, FORNECIDO E INSTALADO EM RAMAL DE ENCAMINHAMENTO. AF_12/2014","UN",1,8.2899999999999991,9.9848542212114975,9.98,8.9892739262928241E-7,0.99999142145842923,"C"]
["18.14.5","SINAPI",86884,"ENGATE FLEXÍVEL EM PLÁSTICO BRANCO, 1/2\u0094 X 30CM - FORNECIMENTO E INSTALAÇÃO. AF_01/2020","UN",1,7.88,9.4910315154579745,9.49,8.5479167896311526E-7,0.99999227625010823,"C"]
["18.15.3","COMPOSIÇÃO","COMP-079108","TUBO DE ESPUMA ELASTOMÉRICA 3/8\" ","M",2,3.5449999999999999,4.2697597363322997,8.5399999999999991,7.6922243818177068E-7,0.99999304547254642,"C"]
["12.8.8","COMPOSIÇÃO","COMP-9566 ","CURVA 135° PVC ROSCA 1.1/2\" ","UN",1,7.0050000000000008,8.4371415946425277,8.44,7.6021514967847121E-7,0.99999380568769614,"C"]
["18.13.12","SINAPI",89538,"ADAPTADOR CURTO COM BOLSA E ROSCA PARA REGISTRO, PVC, SOLDÁVEL, DN 25MM X 3/4\u0094, INSTALADO EM PRUMADA DE ÁGUA - FORNECIMENTO E INSTALAÇÃO. AF_12/2014","UN",2,3.45,4.1553374020723366,8.31,7.4850567462418213E-7,0.9999945541933708,"C"]
["18.12.1.19","COMPOSIÇÃO","COMP-4944 ","PORCA ZINCADA SEXTAVADA DIAMETRO 5/16 ","UN",7,0.92400000000000004,1.1129077563811127,7.79,7.0166777440702504E-7,0.99999525586114524,"C"]
["18.15.4","COMPOSIÇÃO","COMP-0148 ","TUBO DE ESPUMA ELASTOMÉRICA 1/4\" ","M",2,3.2090000000000005,3.865066006739168,7.73,6.9626340130504538E-7,0.99999595212454651,"C"]
["18.13.11","SINAPI",89492,"JOELHO 90 GRAUS, PVC, SOLDÁVEL, DN 32MM, INSTALADO EM PRUMADA DE ÁGUA - FORNECIMENTO E INSTALAÇÃO. AF_12/2014","UN",1,6.4,7.708451992250132,7.71,6.9446194360438553E-7,0.99999664658649012,"C"]
["12.5.8","COMPOSIÇÃO","COMP-7464 ","TAMPA CEGA PARA CONDULETE ","UN",1,6.33,7.6241407985848957,7.62,6.8635538395141604E-7,0.9999973329418741,"C"]
["18.11.5","COMPOSIÇÃO","COMP-2945","TERMINAL DE COMPRESSÃO PARA CABO 6 M2 - FORNECIMENTO E INSTALAÇÃO","UND",3,2.024,2.4377979425491043,7.31,6.5843278959118776E-7,0.99999799137466372,"C"]
["18.12.1.9","COMPOSIÇÃO","COMP-7074 ","ARRUELA LISA GALVANIZADA 5/16 ","UN",6,1.004,1.2092634062842393,7.26,6.5392914533953808E-7,0.99999864530380911,"C"]
["12.1.42","ORSE",10091,"Fixador de perfil \"U\" para rede compacta","un",3,1.48,1.782579523207843,5.35,4.8188993492651906E-7,0.99999912719374406,"C"]
["18.15.2","COMPOSIÇÃO","COMP-373231","FITA ADESIVA ALUMINIZADA","R",1,3.1325000000000003,3.772925916519303,3.77,3.3957477657438826E-7,0.99999946676852058,"C"]
["12.8.14","COMPOSIÇÃO","COMP-6745 ","PARAFUSO GALVANIZADO FENDA CABEÇA PANELA ","UN",2,1.244,1.4983303559936192,3,2.7021865509898267E-7,0.9999997369871757,"C"]
["12.8.13","COMPOSIÇÃO","COMP-8386 ","BUCHA DE NYLON S4 ","UN",2,0.91400000000000003,1.100863300143222,2.2000000000000002,1.9816034707258732E-7,0.99999993514752272,"C"]
["13.5.2.4.2","SINAPI",93368,"REATERRO MECANIZADO DE VALA COM ESCAVADEIRA HIDRÁULICA (CAPACIDADE DA CAÇAMBA: 0,8 M³ / POTÊNCIA: 111 HP), LARGURA ATÉ 1,5 M, PROFUNDIDADE DE 1,5 A 3,0 M, COM SOLO DE 1ª CATEGORIA EM LOCAIS COM BAIXO NÍVEL DE INTERFERÊNCIA. AF_04/2016","M3",0.05,11.95,14.393125204279542,0.72,6.4852477223755837E-8,1,"C"]
[null,null,null,"TOTAL",null,null,null,null,{"$f":"SUM(I14:I876)","v":11102120.240000019},{"$f":"SUM(J14:J876)","v":1}]

{"sheet":"CRONOGRAMA","index":6,"n_rows":57,"n_cols":23,"rows_kept":57,"cut":false,"hidden":false,"merged":[[10,4,10,21],[0,0,3,22],[4,0,4,22],[5,0,5,22],[8,0,8,22],[9,1,9,3],[10,1,11,1],[10,22,11,22],[14,2,15,2],[14,3,15,3],[10,0,11,0],[12,0,13,0],[12,1,13,1],[12,2,13,2],[12,3,13,3],[14,0,15,0],[14,1,15,1],[10,2,10,3],[16,0,17,0],[16,1,17,1],[16,2,17,2],[16,3,17,3],[18,1,19,1],[18,2,19,2],[18,3,19,3],[18,0,19,0],[24,0,25,0],[24,1,25,1],[24,2,25,2],[24,3,25,3],[26,1,27,1],[26,2,27,2],[26,3,27,3],[26,0,27,0],[28,0,29,0],[28,1,29,1],[28,2,29,2],[28,3,29,3],[38,0,39,0],[38,1,39,1],[38,2,39,2],[38,3,39,3],[30,0,31,0],[30,1,31,1],[30,2,31,2],[30,3,31,3],[32,1,33,1],[32,2,33,2],[32,3,33,3],[32,0,33,0],[48,1,49,1],[48,2,49,2],[48,3,49,3],[48,0,49,0],[42,0,43,0],[42,1,43,1],[42,2,43,2],[42,3,43,3],[44,0,45,0],[44,1,45,1],[44,2,45,2],[44,3,45,3],[20,0,21,0],[20,1,21,1],[20,2,21,2],[20,3,21,3],[22,0,23,0],[22,1,23,1],[22,2,23,2],[22,3,23,3],[52,3,53,3],[52,2,53,2],[52,1,53,1],[52,0,53,0],[36,2,37,2],[36,3,37,3],[36,0,37,0],[36,1,37,1],[50,0,51,0],[50,1,51,1],[50,2,51,2],[50,3,51,3],[40,1,41,1],[40,2,41,2],[40,3,41,3],[40,0,41,0],[46,0,47,0],[46,1,47,1],[46,2,47,2],[46,3,47,3],[34,0,35,0],[34,1,35,1],[34,2,35,2],[34,3,35,3]]}
[]
[]
[]
[]
["INSTITUTO FEDERAL DE EDUCAÇÃO, CIÊNCIA E TECNOLOGIA DE MATO GROSSO"]
[{"$f":"ORÇAMENTO!A6","v":"CAMPUS SINOP"}]
[]
[]
["CRONOGRAMA FÍSICO-FINANCEIRO NÃO DESONERADO"]
["OBRA:",{"$f":"ORÇAMENTO!B10","v":"IMPLANTAÇÃO DO CAMPUS SINOP"}]
["ITEM","DESCRIÇÃO / ETAPA","TOTAL",null,"PERÍODO DE EXECUÇÃO DA OBRA",null,null,null,null,null,null,null,null,null,null,null,null,null,null,null,null,null,"TOTAL"]
[null,null,"VALOR (R$)","(%)","mês 01","mês 02","mês 03","mês 04","mês 05","mês 06","mês 07","mês 08","mês 09","mês 10","mês 11","mês 12","mês 13","mês 14","mês 15","mês 16","mês 17","mês 18"]
["1.0",{"$f":"IFERROR(INDEX(ORÇAMENTO!$D$1:$D$1500,MATCH($A13,ORÇAMENTO!$A$1:$A$1500,0)),\"\")","v":"ADMINISTRAÇÃO E CONTROLE"},{"$f":"IFERROR(INDEX(ORÇAMENTO!$I$1:$I$1500,MATCH($A13,ORÇAMENTO!$A$1:$A$1500,0)),0)","v":672384.67999999993},{"$f":"IFERROR(C13/$C$55,\"\")","v":6.0563627979586719E-2},{"$f":"IFERROR($C13*E14,\"\")","v":11996.032635302352},25336.64028394152,30594.847551341085,43794.002183858451,52723.852994390945,57961.150050816956,61796.302579406678,52995.785759221755,38722.693167160156,62805.799826621304,54300.306388284982,71376.991136433484,5437.6817968757832,37736.594339652642,44854.106009711897,14827.026483397363,1564.6224758208998,3560.2443377617719,{"$f":"SUM(E13:V13)","v":672384.68}]
[null,null,null,null,{"$f":"(E15+E17+E19+E21+E23+E25+E27+E29+E31+E33+E35+E37+E39+E41+E43+E45+E47+E49+E51+E53)/($C$55-$C$13)","v":1.7841026115143422E-2},3.7681763189401522E-2,4.5501999764987339E-2,6.5132361706781383E-2,7.8413227669599711E-2,8.6202365661896041E-2,9.1906172786992535E-2,7.8817658009730021E-2,5.7590088410640408E-2,9.340754138928524E-2,8.0757798330986647E-2,0.10615499320483253,8.0871589710755816E-3,5.6123518964847095E-2,6.6708994633417146E-2,2.2051404388626707E-2,2.3269752008937801E-3,5.2949516008630243E-3,1.0000000000000002]
["2.0",{"$f":"IFERROR(INDEX(ORÇAMENTO!$D$1:$D$1500,MATCH($A15,ORÇAMENTO!$A$1:$A$1500,0)),\"\")","v":"SERVIÇOS PRELIMINARES"},{"$f":"IFERROR(INDEX(ORÇAMENTO!$I$1:$I$1500,MATCH($A15,ORÇAMENTO!$A$1:$A$1500,0)),0)","v":209407.58000000002},{"$f":"IFERROR(C15/$C$55,\"\")","v":1.8861944878377578E-2},{"$f":"IFERROR($C15*E16,\"\")","v":104703.79000000001},104703.79000000001,0,0,0,0,0,0,0,0,0,0,0,0,0,0,0,0,209407.58000000002]
[null,null,null,null,0.5,0.5,null,null,null,null,null,null,null,null,null,null,null,null,null,null,null,null,1]
["3.0",{"$f":"IFERROR(INDEX(ORÇAMENTO!$D$1:$D$1500,MATCH($A17,ORÇAMENTO!$A$1:$A$1500,0)),\"\")","v":"MOVIMENTAÇÃO DE TERRA"},{"$f":"IFERROR(INDEX(ORÇAMENTO!$I$1:$I$1500,MATCH($A17,ORÇAMENTO!$A$1:$A$1500,0)),0)","v":219647.81},{"$f":"IFERROR(C17/$C$55,\"\")","v":1.9784311937878996E-2},{"$f":"IFERROR($C17*E18,\"\")","v":0},109823.905,109823.905,0,0,0,0,0,0,0,0,0,0,0,0,0,0,0,219647.81]
[null,null,null,null,null,0.5,0.5,null,null,null,null,null,null,null,null,null,null,null,null,null,null,null,1]
["4.0",{"$f":"IFERROR(INDEX(ORÇAMENTO!$D$1:$D$1500,MATCH($A19,ORÇAMENTO!$A$1:$A$1500,0)),\"\")","v":"INFRAESTRUTURA"},{"$f":"IFERROR(INDEX(ORÇAMENTO!$I$1:$I$1500,MATCH($A19,ORÇAMENTO!$A$1:$A$1500,0)),0)","v":501618.3000000001},{"$f":"IFERROR(C19/$C$55,\"\")","v":4.5182207466346103E-2},{"$f":"IFERROR($C19*E20,\"\")","v":0},0,150485.49000000002,351132.81000000006,0,0,0,0,0,0,0,0,0,0,0,0,0,0,501618.30000000005]
[null,null,null,null,null,null,0.3,0.7,null,null,null,null,null,null,null,null,null,null,null,null,null,null,1]
["5.0",{"$f":"IFERROR(INDEX(ORÇAMENTO!$D$1:$D$1500,MATCH($A21,ORÇAMENTO!$A$1:$A$1500,0)),\"\")","v":"SUPERESTRUTURA"},{"$f":"IFERROR(INDEX(ORÇAMENTO!$I$1:$I$1500,MATCH($A21,ORÇAMENTO!$A$1:$A$1500,0)),0)","v":1935201.4200000002},{"$f":"IFERROR(C21/$C$55,\"\")","v":0.17430917501934751},{"$f":"IFERROR($C21*E22,\"\")","v":0},0,0,193520.14200000002,580560.42599999998,677320.49699999997,483800.35500000004,0,0,0,0,0,0,0,0,0,0,0,1935201.42]
[null,null,null,null,null,null,null,0.1,0.3,0.35,0.25,null,null,null,null,null,null,null,null,null,null,null,1]
["6.0",{"$f":"IFERROR(INDEX(ORÇAMENTO!$D$1:$D$1500,MATCH($A23,ORÇAMENTO!$A$1:$A$1500,0)),\"\")","v":"IMPERMEABILIZAÇÕES"},{"$f":"IFERROR(INDEX(ORÇAMENTO!$I$1:$I$1500,MATCH($A23,ORÇAMENTO!$A$1:$A$1500,0)),0)","v":80707.839999999997},{"$f":"IFERROR(C23/$C$55,\"\")","v":7.2695879935813059E-3},{"$f":"IFERROR($C23*E24,\"\")","v":0},0,0,0,16141.567999999999,0,0,64566.271999999997,0,0,0,0,0,0,0,0,0,0,80707.839999999997]
[null,null,null,null,null,null,null,null,0.2,null,null,0.8,null,null,null,null,null,null,null,null,null,null,1]
["7.0",{"$f":"IFERROR(INDEX(ORÇAMENTO!$D$1:$D$1500,MATCH($A25,ORÇAMENTO!$A$1:$A$1500,0)),\"\")","v":"COBERTURA"},{"$f":"IFERROR(INDEX(ORÇAMENTO!$I$1:$I$1500,MATCH($A25,ORÇAMENTO!$A$1:$A$1500,0)),0)","v":572836.55000000005},{"$f":"IFERROR(C25/$C$55,\"\")","v":5.1597040710847149E-2},{"$f":"IFERROR($C25*E26,\"\")","v":0},0,0,0,0,0,200492.79250000001,343701.93,0,28641.827500000003,0,0,0,0,0,0,0,0,572836.55000000005]
[null,null,null,null,null,null,null,null,null,null,0.35,0.6,null,0.05,null,null,null,null,null,null,null,null,1]
["8.0",{"$f":"IFERROR(INDEX(ORÇAMENTO!$D$1:$D$1500,MATCH($A27,ORÇAMENTO!$A$1:$A$1500,0)),\"\")","v":"PAREDES E PAINEIS"},{"$f":"IFERROR(INDEX(ORÇAMENTO!$I$1:$I$1500,MATCH($A27,ORÇAMENTO!$A$1:$A$1500,0)),0)","v":432334.39},{"$f":"IFERROR(C27/$C$55,\"\")","v":3.8941605806279762E-2},{"$f":"IFERROR($C27*E28,\"\")","v":0},0,0,0,86466.878000000012,86466.878000000012,108083.5975,108083.5975,43233.439000000006,0,0,0,0,0,0,0,0,0,432334.39]
[null,null,null,null,null,null,null,null,0.2,0.2,0.25,0.25,0.1,null,null,null,null,null,null,null,null,null,1]
["9.0",{"$f":"IFERROR(INDEX(ORÇAMENTO!$D$1:$D$1500,MATCH($A29,ORÇAMENTO!$A$1:$A$1500,0)),\"\")","v":"REVESTIMENTOS  "},{"$f":"IFERROR(INDEX(ORÇAMENTO!$I$1:$I$1500,MATCH($A29,ORÇAMENTO!$A$1:$A$1500,0)),0)","v":681660.11},{"$f":"IFERROR(C29/$C$55,\"\")","v":6.1399092719608313E-2},{"$f":"IFERROR($C29*E30,\"\")","v":0},0,0,0,0,0,102249.0165,170415.0275,238581.03849999997,170415.0275,0,0,0,0,0,0,0,0,681660.11]
[null,null,null,null,null,null,null,null,null,null,0.15,0.25,0.35,0.25,null,null,null,null,null,null,null,null,1]
["10.0",{"$f":"IFERROR(INDEX(ORÇAMENTO!$D$1:$D$1500,MATCH($A31,ORÇAMENTO!$A$1:$A$1500,0)),\"\")","v":"PAVIMENTAÇÃO"},{"$f":"IFERROR(INDEX(ORÇAMENTO!$I$1:$I$1500,MATCH($A31,ORÇAMENTO!$A$1:$A$1500,0)),0)","v":1441708.8399999999},{"$f":"IFERROR(C31/$C$55,\"\")","v":0.12985887459637169},{"$f":"IFERROR($C31*E32,\"\")","v":0},0,0,0,0,0,0,0,144170.88399999999,504598.09399999992,360427.20999999996,432512.65199999994,0,0,0,0,0,0,1441708.8399999999]
[null,null,null,null,null,null,null,null,null,null,null,null,0.1,0.35,0.25,0.3,null,null,null,null,null,null,1]
["11.0",{"$f":"IFERROR(INDEX(ORÇAMENTO!$D$1:$D$1500,MATCH($A33,ORÇAMENTO!$A$1:$A$1500,0)),\"\")","v":"ESQUADRIAS E FERRAGENS"},{"$f":"IFERROR(INDEX(ORÇAMENTO!$I$1:$I$1500,MATCH($A33,ORÇAMENTO!$A$1:$A$1500,0)),0)","v":966750.43},{"$f":"IFERROR(C33/$C$55,\"\")","v":8.7078000336987899E-2},{"$f":"IFERROR($C33*E34,\"\")","v":0},0,0,0,0,0,0,0,0,0,0,290025.12900000002,0,290025.12900000002,386700.17200000002,0,0,0,966750.43]
[null,null,null,null,null,null,null,null,null,null,null,null,null,0,null,0.3,null,0.3,0.4,null,null,null,1]
["12.0",{"$f":"IFERROR(INDEX(ORÇAMENTO!$D$1:$D$1500,MATCH($A35,ORÇAMENTO!$A$1:$A$1500,0)),\"\")","v":"INSTALAÇÃO ELÉTRICA"},{"$f":"IFERROR(INDEX(ORÇAMENTO!$I$1:$I$1500,MATCH($A35,ORÇAMENTO!$A$1:$A$1500,0)),0)","v":1426983.73},{"$f":"IFERROR(C35/$C$55,\"\")","v":0.12853254145624352},{"$f":"IFERROR($C35*E36,\"\")","v":71349.186499999996},71349.186499999996,71349.186499999996,71349.186499999996,71349.186499999996,71349.186499999996,0,71349.186499999996,142698.37299999999,142698.37299999999,285396.74599999998,356745.9325,0,0,0,0,0,0,1426983.73]
[null,null,null,null,0.05,0.05,0.05,0.05,0.05,0.05,null,0.05,0.1,0.1,0.2,0.25,null,null,null,null,null,null,1]
["13.0",{"$f":"IFERROR(INDEX(ORÇAMENTO!$D$1:$D$1500,MATCH($A37,ORÇAMENTO!$A$1:$A$1500,0)),\"\")","v":"INSTALAÇÃO - ÁGUAS"},{"$f":"IFERROR(INDEX(ORÇAMENTO!$I$1:$I$1500,MATCH($A37,ORÇAMENTO!$A$1:$A$1500,0)),0)","v":639313.16999999993},{"$f":"IFERROR(C37/$C$55,\"\")","v":5.7584781661489198E-2},{"$f":"IFERROR($C37*E38,\"\")","v":0},0,95896.975499999986,31965.658499999998,31965.658499999998,63931.316999999995,63931.316999999995,63931.316999999995,31965.658499999998,127862.63399999999,127862.63399999999,0,0,0,0,0,0,0,639313.16999999993]
[null,null,null,null,null,null,0.15,0.05,0.05,0.1,0.1,0.1,0.05,0.2,0.2,null,null,null,null,null,null,null,1]
["14.0",{"$f":"IFERROR(INDEX(ORÇAMENTO!$D$1:$D$1500,MATCH($A39,ORÇAMENTO!$A$1:$A$1500,0)),\"\")","v":"CLIMATIZAÇÃO"},{"$f":"IFERROR(INDEX(ORÇAMENTO!$I$1:$I$1500,MATCH($A39,ORÇAMENTO!$A$1:$A$1500,0)),0)","v":74124.77},{"$f":"IFERROR(C39/$C$55,\"\")","v":6.6766318863071524E-3},{"$f":"IFERROR($C39*E40,\"\")","v":0},0,0,0,0,0,0,0,0,0,0,0,18531.192500000001,18531.192500000001,18531.192500000001,18531.192500000001,0,0,74124.77]
[null,null,null,null,null,null,null,null,null,null,null,0,0,0,0,0,0.25,0.25,0.25,0.25,null,null,1]
["15.0",{"$f":"IFERROR(INDEX(ORÇAMENTO!$D$1:$D$1500,MATCH($A41,ORÇAMENTO!$A$1:$A$1500,0)),\"\")","v":"PINTURA"},{"$f":"IFERROR(INDEX(ORÇAMENTO!$I$1:$I$1500,MATCH($A41,ORÇAMENTO!$A$1:$A$1500,0)),0)","v":219385.79},{"$f":"IFERROR(C41/$C$55,\"\")","v":1.9760711040542653E-2},{"$f":"IFERROR($C41*E42,\"\")","v":0},0,0,0,0,0,0,0,0,0,0,0,65815.736999999994,65815.736999999994,65815.736999999994,21938.579000000002,0,0,219385.78999999998]
[null,null,null,null,null,null,null,null,null,null,null,null,null,null,0,0,0.3,0.3,0.3,0.1,null,null,0.99999999999999989]
["16.0",{"$f":"IFERROR(INDEX(ORÇAMENTO!$D$1:$D$1500,MATCH($A43,ORÇAMENTO!$A$1:$A$1500,0)),\"\")","v":"PAISAGISMO"},{"$f":"IFERROR(INDEX(ORÇAMENTO!$I$1:$I$1500,MATCH($A43,ORÇAMENTO!$A$1:$A$1500,0)),0)","v":80899.12},{"$f":"IFERROR(C43/$C$55,\"\")","v":7.2868171350304175E-3},{"$f":"IFERROR($C43*E44,\"\")","v":0},0,0,0,0,0,0,0,0,0,0,0,0,0,0,24269.735999999997,24269.735999999997,32359.648000000001,80899.12]
[null,null,null,null,null,null,null,null,null,null,null,null,null,null,null,null,0,0,0,0.3,0.3,0.4,1]
["17.0",{"$f":"IFERROR(INDEX(ORÇAMENTO!$D$1:$D$1500,MATCH($A45,ORÇAMENTO!$A$1:$A$1500,0)),\"\")","v":"URBANIZAÇÃO"},{"$f":"IFERROR(INDEX(ORÇAMENTO!$I$1:$I$1500,MATCH($A45,ORÇAMENTO!$A$1:$A$1500,0)),0)","v":10939.15},{"$f":"IFERROR(C45/$C$55,\"\")","v":9.8532080030868069E-4},{"$f":"IFERROR($C45*E46,\"\")","v":2187.83},0,0,0,0,0,0,0,0,0,0,4375.66,0,0,4375.66,0,0,0,10939.15]
[null,null,null,null,0.2,null,null,null,null,null,null,null,null,null,null,0.4,null,null,0.4,null,null,null,1]
["18.0",{"$f":"IFERROR(INDEX(ORÇAMENTO!$D$1:$D$1500,MATCH($A47,ORÇAMENTO!$A$1:$A$1500,0)),\"\")","v":"GUARITA E PÓRTICO"},{"$f":"IFERROR(INDEX(ORÇAMENTO!$I$1:$I$1500,MATCH($A47,ORÇAMENTO!$A$1:$A$1500,0)),0)","v":156727.56},{"$f":"IFERROR(C47/$C$55,\"\")","v":1.4116903493381731E-2},{"$f":"IFERROR($C47*E48,\"\")","v":7836.3780000000006},15672.756000000001,47018.267999999996,31345.512000000002,31345.512000000002,0,0,0,0,0,0,23509.133999999998,0,0,0,0,0,0,156727.56]
[null,null,null,null,0.05,0.1,0.3,0.2,0.2,null,null,null,null,null,null,0.15,null,null,null,null,null,null,1]
["19.0",{"$f":"IFERROR(INDEX(ORÇAMENTO!$D$1:$D$1500,MATCH($A49,ORÇAMENTO!$A$1:$A$1500,0)),\"\")","v":"EQUIPAMENTOS"},{"$f":"IFERROR(INDEX(ORÇAMENTO!$I$1:$I$1500,MATCH($A49,ORÇAMENTO!$A$1:$A$1500,0)),0)","v":550836.02999999991},{"$f":"IFERROR(C49/$C$55,\"\")","v":4.9615390402221043E-2},{"$f":"IFERROR($C49*E50,\"\")","v":0},0,0,0,0,0,0,0,0,0,0,0,0,165250.80899999998,220334.41199999998,165250.80899999998,0,0,550836.02999999991]
[null,null,null,null,null,null,null,null,null,null,null,null,null,null,0,0,0,0.3,0.4,0.3,null,null,1]
["20.0",{"$f":"IFERROR(INDEX(ORÇAMENTO!$D$1:$D$1500,MATCH($A51,ORÇAMENTO!$A$1:$A$1500,0)),\"\")","v":"SERVIÇOS COMPLEMENTARES"},{"$f":"IFERROR(INDEX(ORÇAMENTO!$I$1:$I$1500,MATCH($A51,ORÇAMENTO!$A$1:$A$1500,0)),0)","v":228652.97},{"$f":"IFERROR(C51/$C$55,\"\")","v":2.0595432679262716E-2},{"$f":"IFERROR($C51*E52,\"\")","v":0},91461.188000000009,0,0,0,0,0,0,0,0,68595.891000000003,0,0,45730.594000000005,0,0,0,22865.297000000002,228652.97000000003]
[null,null,null,null,null,0.4,null,null,null,null,null,null,null,null,0.3,null,null,0.2,null,null,null,0.1,0.99999999999999989]
[0,{"$f":"IFERROR(INDEX(ORÇAMENTO!$D$1:$D$987,MATCH($A53,ORÇAMENTO!$A$1:$A$987,0)),\"\")","v":""},{"$f":"IFERROR(INDEX(ORÇAMENTO!$I$1:$I$987,MATCH($A53,ORÇAMENTO!$A$1:$A$987,0)),0)","v":0},{"$f":"IFERROR(C53/$C$55,\"\")","v":0},{"$f":"IFERROR($C53*E54,\"\")","v":0},0,0,0,0,0,0,0,0,0,0,0,0,0,0,0,0,0,0]
[null,null,null,null,null,null,null,null,null,null,null,null,null,null,null,null,null,null,null,null,null,null,0]
[null,"TOTAL",{"$f":"SUM(C13:C54)","v":11102120.239999998},{"$f":"SUM(D13:D54)","v":1},{"$f":"E13+E15+E17+E19+E21+E23+E25+E27+E29+E31+E33+E35+E37+E39+E41+E43+E45+E47+E49+E51","v":198073.21713530234},418347.46578394156,505168.67255134106,723107.31118385843,870553.08199439093,957029.02855081693,1020353.3810794068,875043.11625922169,639372.08616716019,1037021.7558266212,896582.78738828492,1178545.4986364336,89784.611296875781,623090.05583965266,740611.27950971189,244817.34298339734,25834.358475820896,58785.189337761782,11102120.239999998]
[null,null,null,null,{"$f":"E55/$C$55","v":1.7841026115143422E-2},3.7681763189401522E-2,4.5501999764987339E-2,6.5132361706781383E-2,7.8413227669599711E-2,8.6202365661896041E-2,9.1906172786992535E-2,7.8817658009730021E-2,5.7590088410640408E-2,9.340754138928524E-2,8.0757798330986647E-2,0.10615499320483254,8.0871589710755816E-3,5.6123518964847095E-2,6.670899463341716E-2,2.2051404388626704E-2,2.3269752008937797E-3,5.2949516008630251E-3,1]
[null,"VALOR TOTAL  ACUMULADO ",null,null,{"$f":"E55","v":198073.21713530234},{"$f":"F55+E57","v":616420.68291924393},1121589.3554705849,1844696.6666544434,2715249.7486488344,3672278.7771996511,4692632.1582790576,5567675.2745382795,6207047.3607054399,7244069.1165320612,8140651.9039203459,9319197.4025567789,{"$f":"Q55+M57","v":6296831.9720023153},7867159.1723717134,8881263.183430057,{"$f":"T55+O57","v":8385469.2469037436},9345031.7610326,{"$f":"V55+U57","v":9403816.950370362}]

{"sheet":"Declaração","index":7,"n_rows":19,"n_cols":4,"rows_kept":19,"cut":false,"hidden":false,"merged":[[12,3,16,3]]}
[]
[]
[]
[]
[]
[]
[null,null,null,"INSTITUTO FEDERAL DE EDUCAÇÃO CIÊNCIAS E TECNOLOGIA DE MATO GROSSO"]
[null,null,null,"CAMPUS -SINOP"]
[]
[]
[null,null,null,"DECLARAÇÃO USO PLANILHA SINAPI"]
[]
[null,null,null,"Eu, Fatima Elizabete dos Reis Matias, Engenheira  Civil , CREA-MT 07101/D, declaro para todos os fins, que os preços unitários da planilha orçamentária da obra IMPLANTAÇÃO DO CAMPUS SINOP - Instituto Federal de Mato Grosso , estão de acordo com o SINAPI-MT  de referência tecnica Agosto 2021 e ORSE de referência técnica de agosto/2021.  Os preços dos insumos não encontrados no SINAPI e ORSE,  utilizou-se os preços de outras tabelas oficiais como por exemplo do  sinduson/MT, como tambem, os insumos não encontrados em nenhuma dessas tabelas oficiais foram cotados por pesquisa de preço em lojas físicas e/ou virtuais. "]
[]
[]
[]
[]
[null,null,null,"Utlilizou-se o BDI de 20,44 para tabela SINAPI não desonerada"]
[null,null,null,"Cuiabá, 29 de outubro de 2021."]

{"sheet":"quantitativo","index":8,"n_rows":92,"n_cols":14,"rows_kept":92,"cut":false,"hidden":true,"merged":[[26,5,27,5],[26,6,26,13],[0,4,0,10],[1,4,2,4],[1,5,2,5],[3,4,10,4],[11,4,18,4],[19,4,24,4],[26,4,27,4],[36,4,36,5],[41,4,41,5],[42,4,42,5],[44,4,44,13],[56,4,61,4],[62,4,67,4],[69,4,70,4],[87,4,89,4],[90,4,90,5],[91,4,91,5],[69,5,70,5],[84,4,86,4],[69,6,69,11],[76,4,77,4],[76,5,77,5],[76,6,76,11],[83,4,83,5]]}
[null,null,null,null,"Resumo de Materiais (Moldados in Loco)"]
[null,null,null,null,"Pavimento","Elemento","Peso do aço","Volume de","Área de forma","Consumo de","Peso treliças"]
[null,null,null,null,null,null,"#ERROR!","concreto (m³)","(m²)","aço (kg/m³)","(kg)"]
[null,null,null,null,"Forro","Vigas",4857.7,63.2,727,76.8]
[null,null,null,null,null,"Pilares",4473.5,43.4,434.6,103.1]
[null,null,null,null,null,"Lajes",5816.5,106.9,1067.9000000000001,54.4]
[null,null,null,null,null,"Escadas","-","-","-","-"]
[null,null,null,null,null,"Fundações","-","-","-","-"]
[null,null,null,null,null,"Reservatórios","-","-","-","-"]
[null,null,null,null,null,"Muros","-","-","-","-"]
[null,null,null,null,null,"Total",15147.7,213.5,2229.5,58.58,"0.0"]
[null,null,null,null,"Terreo","Vigas",8440.4,79.099999999999994,860.5,106.7]
[null,null,null,null,null,"Pilares",4819.8999999999996,46,473.7,104.8]
[null,null,null,null,null,"Lajes",10669.1,122.9,1024.0999999999999,86.8]
[null,null,null,null,null,"Escadas",1942.2,20.350000000000001,210.2,95.44]
[null,null,null,null,null,"Fundações","-","-","-","-"]
[null,null,null,null,null,"Reservatórios","-","-","-","-"]
[null,null,null,null,null,"Muros","-","-","-","-"]
[null,null,null,null,null,"Total",25871.599999999999,268.35000000000002,2568.5,98.43,"0.0"]
[null,null,null,null,"Baldrame","Vigas",4598.7,74.5,933.7,61.7]
[null,null,null,null,null,"Pilares",1111.3,5.9,60,189.4]
[null,null,null,null,null,"Lajes","-","-","-","-"]
[null,null,null,null,null,"Escadas","-","-","-","-"]
[null,null,null,null,null,"Fundações",3337.3,72.2,235.5,46.3]
[null,null,null,null,null,"Total",9047.2999999999993,152.6,1229.2,74.349999999999994,"0.0"]
[]
[null,null,null,null,"Aço","Diâmetro","Peso + 10 % (kg)"]
[null,null,null,null,null,null,"Vigas","Pilares","Lajes","Escadas","Fundações","Reservatórios","Muros","Total"]
[null,null,null,null,"CA50","2021-03-06",39.5,null,2378,46.3,16.600000000000001,null,null,2480.4]
[null,null,null,null,"CA50","8.0",2140.6,null,2822.6,null,162.1,null,null,5125.3]
[null,null,null,null,"CA50","10.0",2232.5,1448.1,4331.5,750,1120.5,null,null,9882.6]
[null,null,null,null,"CA50","2021-05-12",5208.5,1542.2,1575.1,579.20000000000005,913.6,null,null,9818.6]
[null,null,null,null,"CA50","16.0",3948.5,4546.1000000000004,null,460.6,null,null,null,8955.2000000000007]
[null,null,null,null,"CA50","20.0",947.8,1066.9000000000001,null,null,null,null,null,2014.7]
[null,null,null,null,"CA60","5.0",3379.2,1801.4,5195.8999999999996,1836.1,1124.5999999999999,null,null,13337.2]
[]
[null,null,null,null,null,null,"Vigas","Pilares","Lajes","Escadas","Fundações","Reservatórios","Muro","Total"]
[null,null,null,null,"Peso total","CA50",14517.6,8603.2999999999993,11289.7,1836.1,2219.8000000000002,null,null,38466.5]
[null,null,null,null,"#ERROR!","CA60",3379.2,1801.4,5195.8999999999996,1836.1,1124.5999999999999,null,null,13337.2]
[null,null,null,null,null,"Total",17896.7,10404.700000000001,16485.599999999999,3672.2,3337.3,null,null,51796.5]
[null,null,null,null,"Volume concreto (m³)","C-30",216.9,95.2,229.8,20.350000000000001,72.2,null,null,634.45000000000005]
[null,null,null,null,"Área de forma (m²)",null,2521.3000000000002,968.3,2092.1,210.2,235.5,null,null,6027.4]
[null,null,null,null,"Consumo de aço (kgf/m³)",null,82.5,"109.2",71.7,98.43,46.3,null,null,298.93]
[]
[null,null,null,null,"Observação. Não estão incluidos - concreto e ferragem das estacas"]
[]
[]
[]
[]
[]
[]
[null,null,null,null,"GUARITA"]
[]
[null,null,null,null,"Resumo de Materiais (Moldados in Loco)"]
[]
[null,null,null,null,"Pavimento","Elemento","Peso do aço\n +10 % (kg)","Volume de\n concreto (m³)","Área de forma\n (m²)","Consumo de\n aço (kg/m³)","Peso treliças\n (kg)"]
[null,null,null,null,"FORRO","Vigas","37.8","0.9","15.0","39.9"]
[null,null,null,null,null,"Pilares","52.4","0.4","2021-03-08","134.4"]
[null,null,null,null,null,"Lajes","2021-08-22","2021-01-01","2021-01-11","2021-06-20"]
[null,null,null,null,null,"Escadas","0.0","0.0","0.0","0.0"]
[null,null,null,null,null,"Fundações","0.0","0.0","0.0","0.0"]
[null,null,null,null,null,"Total","113.0","2021-04-02","34.4","46.2","0.0"]
[null,null,null,null,"FUNDAÇÃO","Vigas","48.2","2021-02-01","2021-07-19","38.8"]
[null,null,null,null,null,"Pilares","27.0","0.2","2021-07-03","156.6"]
[null,null,null,null,null,"Lajes","0.0","0.0","0.0","0.0"]
[null,null,null,null,null,"Escadas","0.0","0.0","0.0","0.0"]
[null,null,null,null,null,"Fundações","2021-04-15","0.5","2021-08-02","31.6"]
[null,null,null,null,null,"Total","90.6","2021-09-01","2021-01-26","47.6","0.0"]
[]
[null,null,null,null,"Aço","Diâmetro\n (mm)","Quantidade + 10 % (Barras)"]
[null,null,null,null,null,null,"Vigas","Pilares","Lajes","Escadas","Fundações","Total"]
[null,null,null,null,"CA50","2021-03-06",4,null,null,null,6,10]
[null,null,null,null,"CA50","8.0",11,null,null,null,null,11]
[null,null,null,null,"CA50","10.0",null,9,null,null,null,9]
[null,null,null,null,"CA60","5.0"]
[]
[null,null,null,null,"Aço","Diâmetro\n (mm)","Peso + 10 % (kg)"]
[null,null,null,null,null,null,"Vigas","Pilares","Lajes","Escadas","Fundações","Total"]
[null,null,null,null,"CA50","2021-03-06","2021-02-09",null,null,null,"2021-04-15","2021-06-24"]
[null,null,null,null,"CA50","8.0","43.1",null,null,null,null,"43.1"]
[null,null,null,null,"CA50","10.0",null,"64.0",null,null,null,"64.0"]
[null,null,null,null,"CA60","5.0","33.7","2021-04-15","2021-08-22",null,null,"71.9"]
[]
[null,null,null,null,null,null,"Vigas","Pilares","Lajes","Escadas","Fundações","Total"]
[null,null,null,null,"Peso total\n + 10% (kg)","CA50","52.3","64.0",null,null,"2021-04-15","131.7"]
[null,null,null,null,null,"CA60","33.7","2021-04-15","2021-08-22",null,null,"71.9"]
[null,null,null,null,null,"Total","86.0","79.4","2021-08-22",null,"2021-04-15","203.6"]
[null,null,null,null,"Volume concreto (m³)","C-25",null,"0.6","2021-01-01",null,"0.5","2021-02-02"]
[null,null,null,null,null,"C-30","2021-02-02",null,null,null,null,"2021-02-02"]
[null,null,null,null,null,"Total","2021-02-02","0.6","2021-01-01",null,"0.5","2021-03-04"]
[null,null,null,null,"Área de forma (m²)",null,"34.7","12.0","2021-01-11",null,"2021-08-02","60.6"]
[null,null,null,null,"Consumo de aço (kg/m³)",null,"39.3","141.2","2021-06-20",null,"31.6","46.8"]

{"sheet":"COMPOSIÇÕES_IFMT","index":9,"n_rows":10318,"n_cols":7,"rows_kept":10318,"cut":false,"hidden":true,"merged":[]}
[]
[]
["AUTORES DA COMPOSIÇÕES"]
["AUTOR DERCIDIO =",".00X/D "]
["AUTOR FATIMA =",".00X/F"]
["AUTOR MARIA CLARA  =",".00X/M"]
["AUTOR  =",".00X/?"]
["AUTOR =",".00X/?"]
["AUTOR =",".00X/?"]
["IFMT/Nº.MES.ANO"]
[]
["REFERENCIA","PINI 09.001.0000"]
["CLASSE/TIPO","CÓDIGOS","DESCRIÇÃO","UNID."]
["IFMT 001.05.2018",".001/D","CONDUTOR QUADRADO EM CHAPA DE AÇO GALVANIZADO NÚMERO 24, 50MM, INCLUSO TRANSPORTE VERTICAL, FORNECIMENTO E INSTALAÇÃO","M","COEFICIENTE","PREÇO UNITÁRIO (R$)","PREÇO TOTAL (R$)"]
["INSUMO",13388,"SOLDA EM BARRA DE ESTANHO-CHUMBO 50/50","KG",0.04,null,{"$f":"E15*F15","v":0}]
["INSUMO",40870,"CALHA QUADRADA DE CHAPA DE ACO GALVANIZADA NUM 24, CORTE 50 CM (COLETADO CAIXA)","M",1.03,null,0]
["COMPOSICAO",88316,"SERVENTE COM ENCARGOS COMPLEMENTARES","H",0.8,null,0]
["COMPOSICAO",88323,"TELHADISTA COM ENCARGOS COMPLEMENTARES","H",0.8,null,0]
[null,null,null,null,null,null,0]
[null,null,null,null,null,null,0]
[null,null,null,null,null,null,0]
[null,null,null,null,null,null,0]
[null,null,null,null,null,null,0]
[null,null,null,null,null,null,0]
[null,null,null,null,null,null,0]
[null,null,null,null,null,null,0]
[null,null,null,null,null,null,0]
[null,null,null,null,null,null,0]
[null,null,null,null,null,null,0]
[null,null,null,null,null,null,0]
[null,null,null,null,null,null,0]
[null,null,null,null,null,null,0]
[null,null,null,null,null,null,0]
[null,null,null,null,null,null,0]
[null,null,null,null,null,"TOTAL",{"$error":"#VALUE!"}]
[]
["REFERENCIA","DIVERSAS"]
["CLASSE/TIPO","CÓDIGOS","DESCRIÇÃO","UNID."]
["IFMT 002.05.2018",".002/D","LIMPEZA E MANUTENÇÃO DE CALHAS COM RETIRADA DA VEDAÇÃO EXISTENTE E APLICAÇÃO DE VEDAÇÃO DE POLIURETANO PU  ","M","COEFICIENTE","PREÇO UNITÁRIO (R$)","PREÇO TOTAL (R$)"]
["INSUMO",142,"SELANTE ELASTICO MONOCOMPONENTE A BASE DE POLIURETANO PARA JUNTAS DIVERSAS 310ML","310ML",8.1000000000000003E-2,null,{"$f":"E40*F40","v":0}]
["COMPOSICAO",88316,"SERVENTE COM ENCARGOS COMPLEMENTARES","H",0.371,null,0]
["COMPOSICAO",88323,"TELHADISTA COM ENCARGOS COMPLEMENTARES","H",0.27700000000000002,null,0]
["INSUMO",6,"DETERGENTE AMONIACO (AMONIA DILUIDA)","L",0.4,null,0]
["COTAÇÃO","MERCADO LIVRE","LAVA - JATO ÁGUA FRIA PRESSÃO 1700 PSI","LOC/UN",0.22,null,0]
[null,null,null,null,null,null,0]
[null,null,null,null,null,null,0]
[null,null,null,null,null,null,0]
[null,null,null,null,null,null,0]
[null,null,null,null,null,null,0]
[null,null,null,null,null,null,0]
[null,null,null,null,null,null,0]
[null,null,null,null,null,null,0]
[null,null,null,null,null,null,0]
[null,null,null,null,null,null,0]
[null,null,null,null,null,null,0]
[null,null,null,null,null,null,0]
[null,null,null,null,null,null,0]
[null,null,null,null,null,null,0]
[null,null,null,null,null,null,0]
[null,null,null,null,null,"TOTAL",{"$f":"SUM(G40:G59)","v":0}]
[]
["REFERENCIA","DIVERSAS"]
["CLASSE/TIPO","CÓDIGOS","DESCRIÇÃO","UNID."]
["IFMT 003.05.2018",".003/D","SUPORTE PARA FIXAÇÃO DE CALHA METÁLICA EM BARRA CHATA DE FERRO   1 1/2\" X 1/2\".FORNECIMENTO E INSTALAÇÃO ","UN","COEFICIENTE","PREÇO UNITÁRIO (R$)","PREÇO TOTAL (R$)"]
["INSUMO",557,"BARRA DE FERRO RETANGULAR, BARRA CHATA, 1 1/2\" X 1/2\" (L X E), 3,79 KG/M","M",1.05,null,{"$f":"E65*F65","v":0}]
["COMPOSICAO",88315,"SERRALHEIRO COM ENCARGOS COMPLEMENTARES ","H",0.35,null,0]
["COMPOSICAO",88316,"SERVENTE COM ENCARGOS COMPLEMENTARES","H",0.25,null,0]
["INSUMO",39914," SOLDA EM VARETA FOSCOPER, D = *2,5* MM X COMPRIMENTO 500MM ","KG",0.11,null,0]
[null,null,null,null,null,null,0]
[null,null,null,null,null,null,0]
[null,null,null,null,null,null,0]
[null,null,null,null,null,null,0]
[null,null,null,null,null,null,0]
[null,null,null,null,null,null,0]
[null,null,null,null,null,null,0]
[null,null,null,null,null,null,0]
[null,null,null,null,null,null,0]
[null,null,null,null,null,null,0]
[null,null,null,null,null,null,0]
[null,null,null,null,null,null,0]
[null,null,null,null,null,null,0]
[null,null,null,null,null,null,0]
[null,null,null,null,null,null,0]
[null,null,null,null,null,null,0]
[null,null,null,null,null,"TOTAL",{"$f":"SUM(G65:G84)","v":0}]
[]
["REFERENCIA","DIVERSAS"]
["CLASSE/TIPO","CÓDIGOS","DESCRIÇÃO","UNID."]
["IFMT 004.05.2018",".004/D","RETIRADA E RECOLOCAÇÃO DE TELHA METÁLICAS PARA REMOÇÃO DE CALHAS DANIFICADAS","M","COEFICIENTE","PREÇO UNITÁRIO (R$)","PREÇO TOTAL (R$)"]
["COMPOSICAO",88316,"SERVENTE COM ENCARGOS COMPLEMENTARES","H",0.32279999999999998,null,{"$f":"E90*F90","v":0}]
["COMPOSICAO",88323,"TELHADISTA COM ENCARGOS COMPLEMENTARES","H",0.27239999999999998,null,0]
[null,null,null,null,null,null,0]
[null,null,null,null,null,null,0]
[null,null,null,null,null,null,0]
[null,null,null,null,null,null,0]
[null,null,null,null,null,null,0]
[null,null,null,null,null,null,0]
[null,null,null,null,null,null,0]
[null,null,null,null,null,null,0]
[null,null,null,null,null,null,0]
[null,null,null,null,null,null,0]
[null,null,null,null,null,null,0]
[null,null,null,null,null,null,0]
[null,null,null,null,null,null,0]
[null,null,null,null,null,null,0]
[null,null,null,null,null,null,0]
[null,null,null,null,null,null,0]
[null,null,null,null,null,null,0]
[null,null,null,null,null,null,0]
[null,null,null,null,null,"TOTAL",{"$f":"SUM(G90:G109)","v":0}]
[]
["REFERENCIA","PINI  05.008.0001"]
["CLASSE/TIPO","CÓDIGOS","DESCRIÇÃO","UNID."]
["IFMT 005.05.2018",".005/D","LIMPEZA DO SUBSTRATO COM APLICAÇÃO DE ÁGUA FRIA COM DETERGENTE ","M²","COEFICIENTE","PREÇO UNITÁRIO (R$)","PREÇO TOTAL (R$)"]
["COMPOSICAO",88316,"SERVENTE COM ENCARGOS COMPLEMENTARES","H",0.11,null,{"$f":"E115*F115","v":0}]
["INSUMO",6,"DETERGENTE AMONIACO (AMONIA DILUIDA)","L",0.4,null,0]
["COTAÇÃO","MERCADO LIVRE","LAVA - JATO ÁGUA FRIA PRESSÃO 1700 PSI","LOC/UN",0.22,null,0]
[null,null,null,null,null,null,0]
[null,null,null,null,null,null,0]
[null,null,null,null,null,null,0]
[null,null,null,null,null,null,0]
[null,null,null,null,null,null,0]
[null,null,null,null,null,null,0]
[null,null,null,null,null,null,0]
[null,null,null,null,null,null,0]
[null,null,null,null,null,null,0]
[null,null,null,null,null,null,0]
[null,null,null,null,null,null,0]
[null,null,null,null,null,null,0]
[null,null,null,null,null,null,0]
[null,null,null,null,null,null,0]
[null,null,null,null,null,null,0]
[null,null,null,null,null,null,0]
[null,null,null,null,null,null,0]
[null,null,null,null,null,"TOTAL",{"$f":"SUM(G115:G134)","v":0}]
[]
["REFERENCIA","ORSE/ 04865"]
["CLASSE/TIPO","CÓDIGOS","DESCRIÇÃO","UNID."]
["IFMT 006.05.2018",".006/D","LIMPEZA DE CALHAS GALVANIZADAS","M","COEFICIENTE","PREÇO UNITÁRIO (R$)","PREÇO TOTAL (R$)"]
["COMPOSICAO",88316,"SERVENTE COM ENCARGOS COMPLEMENTARES","H",1,null,{"$f":"E140*F140","v":0}]
[null,null,null,null,null,null,0]
[null,null,null,null,null,null,0]
[null,null,null,null,null,null,0]
[null,null,null,null,null,null,0]
[null,null,null,null,null,null,0]
[null,null,null,null,null,null,0]
[null,null,null,null,null,null,0]
[null,null,null,null,null,null,0]
[null,null,null,null,null,null,0]
[null,null,null,null,null,null,0]
[null,null,null,null,null,null,0]
[null,null,null,null,null,null,0]
[null,null,null,null,null,null,0]
[null,null,null,null,null,null,0]
[null,null,null,null,null,null,0]
[null,null,null,null,null,null,0]
[null,null,null,null,null,null,0]
[null,null,null,null,null,null,0]
[null,null,null,null,null,null,0]
[null,null,null,null,null,"TOTAL",{"$f":"SUM(G140:G159)","v":0}]
[]
["REFERENCIA","ORSE/ 04740"]
["CLASSE/TIPO","CÓDIGOS","DESCRIÇÃO","UNID."]
["IFMT 007.05.2018",".007/D","ANDAIME METÁLICO FACHADEIRO - LOCAÇÃO MENSAL, MONTAGEM, DESMONTAGEM E TRANSPORTE  (TUBULAR TIPO TORRE)","M2/MÊS","COEFICIENTE","PREÇO UNITÁRIO (R$)","PREÇO TOTAL (R$)"]
["COMPOSIÇÃO ",88278,"MONTADOR DE ESTRUTURA METÁLICA COM ENCARGOS COMPLEMENTARES","H",0.08,null,{"$f":"E165*F165","v":0}]
["COMPOSIÇÃO ",88316,"SERVENTE COM ENCARGOS COMPLEMENTARES","H",0.16,null,0]
["COMPOSIÇÃO ",91120,"TRANSPORTE HORIZONTAL, TUBOS DE AÇO CARBONO LEVE OU MÉDIO, PRETO OU GALVANIZADO, COM DIÂMETRO MAIOR QUE 40 MM E MENOR OU IGUAL A 65 MM, MANUAL, 30M. AF_06/2015","M",5.5769000000000002,null,0]
["INSUMO ",10527,"LOCACAO DE ANDAIME METALICO TUBULAR DE ENCAIXE, TIPO DE TORRE, COM LARGURA DE 1 ATE 1,5 M E ALTURA DE *1,00* M","M/MÊS",1.03,null,0]
[null,null,null,null,null,null,0]
[null,null,null,null,null,null,0]
[null,null,null,null,null,null,0]
[null,null,null,null,null,null,0]
[null,null,null,null,null,null,0]
[null,null,null,null,null,null,0]
[null,null,null,null,null,null,0]
[null,null,null,null,null,null,0]
[null,null,null,null,null,null,0]
[null,null,null,null,null,null,0]
[null,null,null,null,null,null,0]
[null,null,null,null,null,null,0]
[null,null,null,null,null,null,0]
[null,null,null,null,null,null,0]
[null,null,null,null,null,null,0]
[null,null,null,null,null,null,0]
[null,null,null,null,null,"TOTAL",{"$f":"SUM(G165:G184)","v":0}]
[]
["REFERENCIA","SINAPI-02.INEL.ELCA.002/02"]
["CLASSE/TIPO","CÓDIGOS","DESCRIÇÃO","UNID."]
["IFMT 008.05.2018",".008/D","ELETROCALHA LISA OU PERFURADA EM AÇO GALVANIZADO, LARGURA 100MM E ALTURA 50MM, INCLUSIVE EMENDA E FIXAÇÃO - FORNECIMENTO E INSTALAÇÃO.","M","COEFICIENTE","PREÇO UNITÁRIO (R$)","PREÇO TOTAL (R$)"]
["COMPOSIÇÃO",88264,"ELETRICISTA COM ENCARGOS COMPLEMENTARES","H",0.91,null,{"$f":"E190*F190","v":0}]
["COMPOSIÇÃO",88247,"AUXILIAR DE ELETRICISTA COM ENCARGOS COMPLEMENTARES","H",0.91,null,0]
["INSUMO",null,"ELETROCALHA LISA OU PERFURADA EM CHAPA DE AÇO GALVANIZADO, LARGURA 100 MM E ALTURA 50 MM","UN",0.98199999999999998,null,0]
["COMPOSIÇÃO",null,"EMENDA PARA ELETROCALHA, LISA OU PERFURADA EM AÇO GALVANIZADO, LARGURA 100MM E ALTURA 50MM - FORNECIMENTO E INSTALAÇÃO.",null,0.33300000000000002,null,0]
["COMPOSIÇÃO",91170,"FIXAÇÃO DE TUBOS HORIZONTAIS DE PVC, CPVC OU COBRE DIÂMETROS MENORES OU IGUAIS A 40 MM OU ELETROCALHAS ATÉ 150MM DE LARGURA, COM ABRAÇADEIRA METÁLICA RÍGIDA TIPO D 1/2, FIXADA EM PERFILADO EM LAJE. AF_05/2015","M",1,null,0]
[null,null,null,null,null,null,0]
[null,null,null,null,null,null,0]
[null,null,null,null,null,null,0]
[null,null,null,null,null,null,0]
[null,null,null,null,null,null,0]
[null,null,null,null,null,null,0]
[null,null,null,null,null,null,0]
[null,null,null,null,null,null,0]
[null,null,null,null,null,null,0]
[null,null,null,null,null,null,0]
[null,null,null,null,null,null,0]
[null,null,null,null,null,null,0]
[null,null,null,null,null,null,0]
[null,null,null,null,null,null,0]
[null,null,null,null,null,null,0]
[null,null,null,null,null,"TOTAL",{"$f":"SUM(G190:G209)","v":0}]
[]
["REFERENCIA","SINAPI-02.INEL.ELCA.009/02"]
["CLASSE/TIPO","CÓDIGOS","DESCRIÇÃO","UNID."]
["IFMT 009.05.2018",".009/D","EMENDA PARA ELETROCALHA, LISA OU PERFURADA EM AÇO GALVANIZADO, LARGURA 100MM E ALTURA 50MM - FORNECIMENTO E INSTALAÇÃO.","M","COEFICIENTE","PREÇO UNITÁRIO (R$)","PREÇO TOTAL (R$)"]
["COMPOSIÇÃO",88264,"ELETRICISTA COM ENCARGOS COMPLEMENTARES","H",0.183,null,{"$f":"E215*F215","v":0}]
["COMPOSIÇÃO",88247,"AUXILIAR DE ELETRICISTA COM ENCARGOS COMPLEMENTARES","H",0.183,null,0]
["INSUMO",null,"EMENDA PARA ELETROCALHA  EM CHAPA DE AÇO GALVANIZADO 100 X 50MM","UN",1,null,0]
["INSUMO",null,"TALA PARA EMENDA DE ELETROCALHA LISA OU PERFURADA","UN",4,null,0]
["INSUMO",null,"PARAFUSO CABEÇA LENTILHA 1/4\" X 3/4\" ","UN",16.8,null,0]
["INSUMO",null,"ARRUELA SIMPLES 1/4\"","UN",16.8,null,0]
["INSUMO",null,"PORCA SEXTAVADA 1/4\"","UN",16.8,null,0]
[null,null,null,null,null,null,0]
[null,null,null,null,null,null,0]
[null,null,null,null,null,null,0]
[null,null,null,null,null,null,0]
[null,null,null,null,null,null,0]
[null,null,null,null,null,null,0]
[null,null,null,null,null,null,0]
[null,null,null,null,null,null,0]
[null,null,null,null,null,null,0]
[null,null,null,null,null,null,0]
[null,null,null,null,null,null,0]
[null,null,null,null,null,null,0]
[null,null,null,null,null,null,0]
[null,null,null,null,null,"TOTAL",{"$f":"SUM(G215:G234)","v":0}]
[]
["REFERENCIA"," SINAPE 91856"]
["CLASSE/TIPO","CÓDIGOS","DESCRIÇÃO","UNID."]
["IFMT 010.05.2018",".010/D","ELETRODUTODUTO PEAD FLEXIVEL PAREDE SIMPLES, CORRUGACAO HELICOIDAL, COR PRETA, SEM ROSCA, DE 4\", PARA CABEAMENTO SUBTERRANEO (NBR 15715) FORNECIMENTO E INSTALAÇÃO.","M","COEFICIENTE","PREÇO UNITÁRIO (R$)","PREÇO TOTAL (R$)"]
["COMPOSIÇÃO/SINAPI",88264,"ELETRICISTA COM ENCARGOS COMPLEMENTARES ","H",0.16400000000000001,null,{"$f":"E240*F240","v":0}]
["COMPOSIÇÃO/SINAPI",88247,"AUXILIAR DE ELETRICISTA COM ENCARGOS COMPLEMENTARES","H",0.16400000000000001,null,0]
["INSUMO/SINAPI",39248,"ELETRODUTODUTO PEAD FLEXIVEL PAREDE SIMPLES, CORRUGACAO HELICOIDAL, COR PRETA, SEM ROSCA, DE 4\", PARA CABEAMENTO SUBTERRANEO (NBR 15715)","M",1.0169999999999999,null,0]
[null,null,null,null,null,null,0]
[null,null,null,null,null,null,0]
[null,null,null,null,null,null,0]
[null,null,null,null,null,null,0]
[null,null,null,null,null,null,0]
[null,null,null,null,null,null,0]
[null,null,null,null,null,null,0]
[null,null,null,null,null,null,0]
[null,null,null,null,null,null,0]
[null,null,null,null,null,null,0]
[null,null,null,null,null,null,0]
[null,null,null,null,null,null,0]
[null,null,null,null,null,null,0]
[null,null,null,null,null,null,0]
[null,null,null,null,null,null,0]
[null,null,null,null,null,null,0]
[null,null,null,null,null,null,0]
[null,null,null,null,null,"TOTAL",{"$f":"SUM(G240:G259)","v":0}]
[]
["REFERENCIA"," SINAPE 91856"]
["CLASSE/TIPO","CÓDIGOS","DESCRIÇÃO","UNID."]
["IFMT 011.05.2018",".011/D","ELETRODUTODUTO PEAD FLEXIVEL PAREDE SIMPLES, CORRUGACAO HELICOIDAL, COR PRETA, SEM ROSCA, DE 1 1/2\", PARA CABEAMENTO SUBTERRANEO (NBR 15715)-  FORNECIMENTO E INSTALAÇÃO.","M","COEFICIENTE","PREÇO UNITÁRIO (R$)","PREÇO TOTAL (R$)"]
["COMPOSIÇÃO/SINAPI",88264,"ELETRICISTA COM ENCARGOS COMPLEMENTARES ","H",0.16400000000000001,null,{"$f":"E265*F265","v":0}]
["COMPOSIÇÃO/SINAPI",88247,"AUXILIAR DE ELETRICISTA COM ENCARGOS COMPLEMENTARES","H",0.16400000000000001,null,0]
["INSUMO/SINAPI",39248,"ELETRODUTODUTO PEAD FLEXIVEL PAREDE SIMPLES, CORRUGACAO HELICOIDAL, COR M 2,50\nPRETA, SEM ROSCA, DE 1 1/2\", PARA CABEAMENTO SUBTERRANEO (NBR 15715)","M",1.0169999999999999,null,0]
[null,null,null,null,null,null,0]
[null,null,null,null,null,null,0]
[null,null,null,null,null,null,0]
[null,null,null,null,null,null,0]
[null,null,null,null,null,null,0]
[null,null,null,null,null,null,0]
[null,null,null,null,null,null,0]
[null,null,null,null,null,null,0]
[null,null,null,null,null,null,0]
[null,null,null,null,null,null,0]
[null,null,null,null,null,null,0]
[null,null,null,null,null,null,0]
[null,null,null,null,null,null,0]
[null,null,null,null,null,null,0]
[null,null,null,null,null,null,0]
[null,null,null,null,null,null,0]
[null,null,null,null,null,null,0]
[null,null,null,null,null,"TOTAL",{"$f":"SUM(G265:G284)","v":0}]
[]
["REFERENCIA","DIVERSAS"]
["CLASSE/TIPO","CÓDIGOS","DESCRIÇÃO","UNID."]
["IFMT 012.05.2018",".012/D","Conector perfuração lâmina dentada em alumínio ou cobre estanhado - revestido com material plástico polimérico - com um parafuso em aço zincado ou liga de alumínio - para cabo isolado 35-120/10-35MM-Fornecimento e Instalação","UN","COEFICIENTE","PREÇO UNITÁRIO (R$)","PREÇO TOTAL (R$)"]
["COMPOSIÇÃO/SINAPI",88264,"ELETRICISTA COM ENCARGOS COMPLEMENTARES ","H",0.1,null,{"$f":"E290*F290","v":0}]
["COMPOSIÇÃO/SINAPI",88247,"AUXILIAR DE ELETRICISTA COM ENCARGOS COMPLEMENTARES","H",0.1,null,0]
["INSUMO/ORSE","10618/ORSE","10618/ORSE Conector perfuração lâmina dentada em alumínio ou cobre estanhado - revestido com material plástico polimérico - com um parafuso em aço zincado ou liga de alumínio - para cabo isolado 35-120/10-35MM","UN",1,null,0]
[null,null,null,null,null,null,0]
[null,null,null,null,null,null,0]
[null,null,null,null,null,null,0]
[null,null,null,null,null,null,0]
[null,null,null,null,null,null,0]
[null,null,null,null,null,null,0]
[null,null,null,null,null,null,0]
[null,null,null,null,null,null,0]
[null,null,null,null,null,null,0]
[null,null,null,null,null,null,0]
[null,null,null,null,null,null,0]
[null,null,null,null,null,null,0]
[null,null,null,null,null,null,0]
[null,null,null,null,null,null,0]
[null,null,null,null,null,null,0]
[null,null,null,null,null,null,0]
[null,null,null,null,null,null,0]
[null,null,null,null,null,"TOTAL",{"$f":"SUM(G290:G309)","v":0}]
[]
["REFERENCIA","DIVERSAS"]
["CLASSE/TIPO","CÓDIGOS","DESCRIÇÃO","UNID."]
["IFMT 013.05.2018",".013/D","TERMINAL A COMPRESSAO EM COBRE ESTANHADO PARA CABO 50 MM2, 1 FURO E 1 COMPRESSAO, PARA PARAFUSO DE FIXACAO M8-FORNECIMENTO E INSTALAÇÃO","UN","COEFICIENTE","PREÇO UNITÁRIO (R$)","PREÇO TOTAL (R$)"]
["COMPOSIÇÃO/SINAPI",88264,"ELETRICISTA COM ENCARGOS COMPLEMENTARES ","H",0.08,null,{"$f":"E315*F315","v":0}]
["COMPOSIÇÃO/SINAPI",88247,"AUXILIAR DE ELETRICISTA COM ENCARGOS COMPLEMENTARES","H",0.08,null,0]
["INSUMO/SINAPI",1578,"TERMINAL A COMPRESSAO EM COBRE ESTANHADO PARA CABO 50 MM2, 1 FURO E 1COMPRESSAO, PARA PARAFUSO DE FIXACAO M8","UN",1,null,0]
[null,null,null,null,null,null,0]
[null,null,null,null,null,null,0]
[null,null,null,null,null,null,0]
[null,null,null,null,null,null,0]
[null,null,null,null,null,null,0]
[null,null,null,null,null,null,0]
[null,null,null,null,null,null,0]
[null,null,null,null,null,null,0]
[null,null,null,null,null,null,0]
[null,null,null,null,null,null,0]
[null,null,null,null,null,null,0]
[null,null,null,null,null,null,0]
[null,null,null,null,null,null,0]
[null,null,null,null,null,null,0]
[null,null,null,null,null,null,0]
[null,null,null,null,null,null,0]
[null,null,null,null,null,null,0]
[null,null,null,null,null,"TOTAL",{"$f":"SUM(G315:G334)","v":0}]
[]
["REFERENCIA","PINI - 16.009.000005.SER"]
["CLASSE/TIPO","CÓDIGOS","DESCRIÇÃO","UNID."]
["IFMT 014.05.2018",".014/D","QUADRO DE DISTRIBUICAO SOBREPOR COM BARRAMENTO PARA 24 ELEMENTOS DE 150A - FORNECIMENTO E INSTALAÇÃO","UN","COEFICIENTE","PREÇO UNITÁRIO (R$)","PREÇO TOTAL (R$)"]
["COMPOSIÇÃO/SINAPI",88264,"ELETRICISTA COM ENCARGOS COMPLEMENTARES ","H",3,null,{"$f":"E340*F340","v":0}]
["COMPOSIÇÃO/SINAPI",88247,"AUXILIAR DE ELETRICISTA COM ENCARGOS COMPLEMENTARES","H",3,null,0]
["INSUMO/SINAPI",7583,"BUCHA DE NYLON SEM ABA S8, COM PARAFUSO DE 4,80 X 50 MM EM ACO ZINCADO COM ROSCA SOBERBA, CABECA CHATA E FENDA PHILLIPS","UN",4,null,0]
["INSUMO/cotação","cotação","Quadro De Distribuição Sobrepor 24 Disj, Barramento 150A (Incluso) ","UN",1,null,0]
[null,null,null,null,null,null,0]
[null,null,null,null,null,null,0]
[null,null,null,null,null,null,0]
[null,null,null,null,null,null,0]
[null,null,null,null,null,null,0]
[null,null,null,null,null,null,0]
[null,null,null,null,null,null,0]
[null,null,null,null,null,null,0]
[null,null,null,null,null,null,0]
[null,null,null,null,null,null,0]
[null,null,null,null,null,null,0]
[null,null,null,null,null,null,0]
[null,null,null,null,null,null,0]
[null,null,null,null,null,null,0]
[null,null,null,null,null,null,0]
[null,null,null,null,null,null,0]
[null,null,null,null,null,"TOTAL",{"$f":"SUM(G340:G359)","v":0}]
[]
["REFERENCIA","PINI - 16.009.000005.SER"]
["CLASSE/TIPO","CÓDIGOS","DESCRIÇÃO","UNID."]
["IFMT 015.05.2018",".015/D","QUADRO DE DISTRIBUICAO SOBREPOR COM BARRAMENTO PARA 34 ELEMENTOS DE 225A - FORNECIMENTO E INSTALAÇÃO","UN","COEFICIENTE","PREÇO UNITÁRIO (R$)","PREÇO TOTAL (R$)"]
["COMPOSIÇÃO/SINAPI",88264,"ELETRICISTA COM ENCARGOS COMPLEMENTARES ","H",3,null,{"$f":"E365*F365","v":0}]
["COMPOSIÇÃO/SINAPI",88247,"AUXILIAR DE ELETRICISTA COM ENCARGOS COMPLEMENTARES","H",3,null,0]
["INSUMO/SINAPI",7583,"BUCHA DE NYLON SEM ABA S8, COM PARAFUSO DE 4,80 X 50 MM EM ACO ZINCADO COM ROSCA SOBERBA, CABECA CHATA E FENDA PHILLIPS","UN",4,null,0]
["INSUMO/cotação","cotação","QUADRO DE DISTRIBUIÇÃO TRIFÁSICO COM BARRAMENTO 225A P/ 34 DISJUNTORES E CHAVE GERAL NORMA DIN SOBREPOR","UN",1,null,0]
[null,null,null,null,null,null,0]
[null,null,null,null,null,null,0]
[null,null,null,null,null,null,0]
[null,null,null,null,null,null,0]
[null,null,null,null,null,null,0]
[null,null,null,null,null,null,0]
[null,null,null,null,null,null,0]
[null,null,null,null,null,null,0]
[null,null,null,null,null,null,0]
[null,null,null,null,null,null,0]
[null,null,null,null,null,null,0]
[null,null,null,null,null,null,0]
[null,null,null,null,null,null,0]
[null,null,null,null,null,null,0]
[null,null,null,null,null,null,0]
[null,null,null,null,null,null,0]
[null,null,null,null,null,"TOTAL",{"$f":"SUM(G365:G384)","v":0}]
[]
["REFERENCIA","SINAPI - 74130/10"]
["CLASSE/TIPO","CÓDIGOS","DESCRIÇÃO","UNID."]
["IFMT 016.05.2018",".016/D","DISJUNTOR TERMOMAGNETICO TRIPOLAR 150 A  COM CAIXA MOLDADA 10KA - FORNECIMENTO E INSTALAÇÃO","UN","COEFICIENTE","PREÇO UNITÁRIO (R$)","PREÇO TOTAL (R$)"]
["COMPOSIÇÃO/SINAPI",88264,"ELETRICISTA COM ENCARGOS COMPLEMENTARES ","H",0.4,null,{"$f":"E390*F390","v":0}]
["COMPOSIÇÃO/SINAPI",88247,"AUXILIAR DE ELETRICISTA COM ENCARGOS COMPLEMENTARES","H",0.4,null,0]
["INSUMO/SINAPI","09324/ORSE"," Disjuntor termomagnético tripolar 150 A, com caixa moldada 10KA","UN",1,null,0]
[null,null,null,null,null,null,0]
[null,null,null,null,null,null,0]
[null,null,null,null,null,null,0]
[null,null,null,null,null,null,0]
[null,null,null,null,null,null,0]
[null,null,null,null,null,null,0]
[null,null,null,null,null,null,0]
[null,null,null,null,null,null,0]
[null,null,null,null,null,null,0]
[null,null,null,null,null,null,0]
[null,null,null,null,null,null,0]
[null,null,null,null,null,null,0]
[null,null,null,null,null,null,0]
[null,null,null,null,null,null,0]
[null,null,null,null,null,null,0]
[null,null,null,null,null,null,0]
[null,null,null,null,null,null,0]
[null,null,null,null,null,"TOTAL",{"$f":"SUM(G390:G409)","v":0}]
[]
["REFERENCIA","ORSE/00134, PINI 09.003.000025.SER, Livro PINI pag 235\n"]
["CLASSE/TIPO","CÓDIGOS","DESCRIÇÃO","UNID."]
["IFMT 017.05.2018",".017/M","PILAR DE MADEIRA APARELHADA *20 X 20* CM, ITAÚBA OU EQUIVALENTE DA REGIAO. H= 3,10 m","UND","COEFICIENTE","PREÇO UNITÁRIO (R$)","PREÇO TOTAL (R$)"]
["COMPOSIÇÃO/SINAPI",88239," AJUDANTE DE CARPINTEIRO COM ENCARGOS COMPLEMENTARES","H",1.58,null,{"$f":"E415*F415","v":0}]
["COMPOSIÇÃO/SINAPI",88262,"CARPINTEIRO DE FORMAS COM ENCARGOS COMPLEMENTARES","H",3.34,null,0]
["INSUMO/SINAPI",35276,"PILAR DE MADEIRA APARELHADA *20 X 20* CM, MACARANDUBA, ANGELIM OU EQUIVALENTE DA REGIAO","M",3.1,null,0]
["INSUMO/SINAPI",5075,"PREGO DE ACO POLIDO COM CABECA 18 X 30 (2 3/4 X 10)","KG",1.1299999999999999,null,0]
["INSUMO/SINAPI",91124,"TRANSPORTE HORIZONTAL, MADEIRA, MANUAL, 30M.","M3",{"$f":"E417*0.2*0.2","v":0.12400000000000003},null,0]
["INSUMO/SINAPI",72895,"CARGA, MANOBRAS E DESCARGA DE MATERIAIS DIVERSOS, COM CAMINHAO BASCULANTE 6M3 (CARGA E DESCARGA MANUAIS","M3",{"$f":"E419","v":0.12400000000000003},null,0]
[null,null,null,null,null,null,0]
[null,null,null,null,null,null,0]
[null,null,null,null,null,null,0]
[null,null,null,null,null,null,0]
[null,null,null,null,null,null,0]
[null,null,null,null,null,null,0]
[null,null,null,null,null,null,0]
[null,null,null,null,null,null,0]
[null,null,null,null,null,null,0]
[null,null,null,null,null,null,0]
[null,null,null,null,null,null,0]
[null,null,null,null,null,null,0]
[null,null,null,null,null,null,0]
[null,null,null,null,null,null,0]
[null,null,null,null,null,"TOTAL",{"$f":"SUM(G415:G434)","v":0}]
[]
["REFERENCIA","ORSE/00134, PINI 09.003.000025.SER, Livro PINI pag 235\n"]
["CLASSE/TIPO","CÓDIGOS","DESCRIÇÃO","UNID."]
["IFMT 018.05.2018",".018/M","VIGA DE MADEIRA APARELHADA 6 X 12 CM, PEROBA OU EQUIVALENTE DA REGIAO. (Quantidade de viga (ML) para 1 quiosque)","UNID","COEFICIENTE","PREÇO UNITÁRIO (R$)","PREÇO TOTAL (R$)"]
["COMPOSIÇÃO/SINAPI",88239," AJUDANTE DE CARPINTEIRO COM ENCARGOS COMPLEMENTARES"," H",1.58,null,{"$f":"E440*F440","v":0}]
["COMPOSIÇÃO/SINAPI",88262,"CARPINTEIRO DE FORMAS COM ENCARGOS COMPLEMENTARES","H",3.34,null,0]
["INSUMO/SINAPI",20213,"VIGA DE MADEIRA APARELHADA *6 X 12* CM, MACARANDUBA, ANGELIM OU EQUIVALENTE DA REGIAO","M",13,null,0]
["INSUMO/SINAPI",5075,"PREGO DE ACO POLIDO COM CABECA 18 X 30 (2 3/4 X 10)","KG",1.1299999999999999,null,0]
["INSUMO/SINAPI",91124,"TRANSPORTE HORIZONTAL, MADEIRA, MANUAL, 30M.","M3",{"$f":"E442*0.06*0.12","v":9.3600000000000003E-2},null,0]
["INSUMO/SINAPI",72895,"CARGA, MANOBRAS E DESCARGA DE MATERIAIS DIVERSOS, COM CAMINHAO BASCULANTE 6M3 (CARGA E DESCARGA MANUAIS","M3",{"$f":"E444","v":9.3600000000000003E-2},null,0]
[null,null,null,null,null,null,0]
[null,null,null,null,null,null,0]
[null,null,null,null,null,null,0]
[null,null,null,null,null,null,0]
[null,null,null,null,null,null,0]
[null,null,null,null,null,null,0]
[null,null,null,null,null,null,0]
[null,null,null,null,null,null,0]
[null,null,null,null,null,null,0]
[null,null,null,null,null,null,0]
[null,null,null,null,null,null,0]
[null,null,null,null,null,null,0]
[null,null,null,null,null,null,0]
[null,null,null,null,null,null,0]
[null,null,null,null,null,"TOTAL",{"$f":"SUM(G440:G459)","v":0}]
[]
["REFERENCIA","SINAPI"]
["CLASSE/TIPO","CÓDIGOS","DESCRIÇÃO","UNID."]
["IFMT 019.06.2018",".019/D","BANCADA DE GRANITO CINZA POLIDO INCLUSIVE FRONTÃO/RODOPIA 10CM, CORTES PARA CUBAS, ESPESSURA 2,5CM - LARGURA ATÉ 1,00M - FORNECIMENTO E INSTALAÇÃO.","M2    ","COEFICIENTE","PREÇO UNITÁRIO (R$)","PREÇO TOTAL (R$)"]
["INSUMO",4823,"MASSA PLASTICA PARA MARMORE/GRANITO","KG    ",0.52280000000000004,null,{"$f":"E465*F465","v":0}]
["INSUMO",11795,"GRANITO PARA BANCADA, POLIDO, TIPO ANDORINHA/ QUARTZ/ CASTELO/ CORUMBA OU OUTROS EQUIVALENTES DA REGIAO, E=  *2,5* CM","M2    ",1.1000000000000001,null,0]
["INSUMO",37329,"REJUNTE EPOXI BRANCO","KG    ",3.5099999999999999E-2,null,0]
["COMPOSICAO",88274,"MARMORISTA/GRANITEIRO COM ENCARGOS COMPLEMENTARES","H",1.49,null,0]
["COMPOSICAO",88316,"SERVENTE COM ENCARGOS COMPLEMENTARES","H",0.98,null,0]
[null,null,null,null,null,null,0]
[null,null,null,null,null,null,0]
[null,null,null,null,null,null,0]
[null,null,null,null,null,null,0]
[null,null,null,null,null,null,0]
[null,null,null,null,null,null,0]
[null,null,null,null,null,null,0]
[null,null,null,null,null,null,0]
[null,null,null,null,null,null,0]
[null,null,null,null,null,null,0]
[null,null,null,null,null,null,0]
[null,null,null,null,null,null,0]
[null,null,null,null,null,null,0]
[null,null,null,null,null,null,0]
[null,null,null,null,null,null,0]
[null,null,null,null,null,"TOTAL",{"$f":"SUM(G465:G484)","v":0}]
[]
["REFERENCIA","SINAPI"]
["CLASSE/TIPO","CÓDIGOS","DESCRIÇÃO","UNID."]
["IFMT 020.06.2018",".020/D","BANCADA SECA DE GRANITO CINZA POLIDO INCLUSIVE FRONTÃO/RODOPIA 10CM, ESPESSURA 2,5CM - LARGURA ATÉ 1,00M -FORNECIMENTO E INSTALAÇÃO.","M2    ","COEFICIENTE","PREÇO UNITÁRIO (R$)","PREÇO TOTAL (R$)"]
["INSUMO",11795,"GRANITO PARA BANCADA, POLIDO, TIPO ANDORINHA/ QUARTZ/ CASTELO/ CORUMBA OU OUTROS EQUIVALENTES DA REGIAO, E=  *2,5* CM","M2    ",1.1000000000000001,null,{"$f":"E490*F490","v":0}]
["INSUMO",37329,"REJUNTE EPOXI BRANCO","KG    ",3.5099999999999999E-2,null,0]
["COMPOSICAO",88274,"MARMORISTA/GRANITEIRO COM ENCARGOS COMPLEMENTARES","H",1.49,null,0]
["COMPOSICAO",88316,"SERVENTE COM ENCARGOS COMPLEMENTARES","H",0.98,null,0]
[null,null,null,null,null,null,0]
[null,null,null,null,null,null,0]
[null,null,null,null,null,null,0]
[null,null,null,null,null,null,0]
[null,null,null,null,null,null,0]
[null,null,null,null,null,null,0]
[null,null,null,null,null,null,0]
[null,null,null,null,null,null,0]
[null,null,null,null,null,null,0]
[null,null,null,null,null,null,0]
[null,null,null,null,null,null,0]
[null,null,null,null,null,null,0]
[null,null,null,null,null,null,0]
[null,null,null,null,null,null,0]
[null,null,null,null,null,null,0]
[null,null,null,null,null,null,0]
[null,null,null,null,null,"TOTAL",{"$f":"SUM(G490:G509)","v":0}]
[]
["REFERENCIA","SINAPI"]
["CLASSE/TIPO","CÓDIGOS","DESCRIÇÃO","UNID."]
["IFMT 021.06.2018",".021/D","INSTALAÇÃO DE BANACADAS SEM FORNECIMENDO DO GRANITO INCLUINDO CORTE NA ALVENARIA PARA FIXAÇÃO","M","COEFICIENTE","PREÇO UNITÁRIO (R$)","PREÇO TOTAL (R$)"]
["INSUMO",4823,"MASSA PLASTICA PARA MARMORE/GRANITO","KG    ",0.52280000000000004,null,{"$f":"E515*F515","v":0}]
["INSUMO",37329,"REJUNTE EPOXI BRANCO","KG    ",3.5099999999999999E-2,null,0]
["COMPOSICAO",90443,"RASGO EM ALVENARIA PARA RAMAIS/ DISTRIBUIÇÃO COM DIAMETROS MENORES OU IGUAIS A 40 MM. AF_05/2015","M",1,null,0]
["COMPOSICAO",88274,"MARMORISTA/GRANITEIRO COM ENCARGOS COMPLEMENTARES","H",1,null,0]
["COMPOSICAO",88316,"SERVENTE COM ENCARGOS COMPLEMENTARES","H",1,null,0]
[null,null,null,null,null,null,0]
[null,null,null,null,null,null,0]
[null,null,null,null,null,null,0]
[null,null,null,null,null,null,0]
[null,null,null,null,null,null,0]
[null,null,null,null,null,null,0]
[null,null,null,null,null,null,0]
[null,null,null,null,null,null,0]
[null,null,null,null,null,null,0]
[null,null,null,null,null,null,0]
[null,null,null,null,null,null,0]
[null,null,null,null,null,null,0]
[null,null,null,null,null,null,0]
[null,null,null,null,null,null,0]
[null,null,null,null,null,null,0]
[null,null,null,null,null,"TOTAL",{"$f":"SUM(G515:G534)","v":0}]
[]
["REFERENCIA","SINAPI"]
["CLASSE/TIPO","CÓDIGOS","DESCRIÇÃO","UNID."]
["IFMT 022.06.2018",".022/D","FRONTÃO/RODABANCADA EM GRANITO, POLIDO, TIPO ANDORINHA, H= 10 CM, E= *2,0* CM - FORNECIMENTO E INSTALAÇÃO.","M","COEFICIENTE","PREÇO UNITÁRIO (R$)","PREÇO TOTAL (R$)"]
["INSUMO",20231,"RODAPE OU RODABANCADA EM GRANITO, POLIDO, TIPO ANDORINHA/ QUARTZ/ CASTELO/CORUMBA OU OUTROS EQUIVALENTES DA REGIAO, H= 10 CM, E= *2,0* CM","M",1,null,{"$f":"E540*F540","v":0}]
["COMPOSICAO",87373,"ARGAMASSA TRAÇO 1:4 (CIMENTO E AREIA MÉDIA) PARA CONTRAPISO, PREPARO MANUAL. AF_06/2014","M3",1.6000000000000001E-3,null,0]
["INSUMO",37329,"REJUNTE EPOXI BRANCO","KG    ",3.5099999999999999E-2,null,0]
["COMPOSICAO",88309,"PEDREIRO COM ENCARGOS COMPLEMENTARES","H",0.1,null,0]
["COMPOSICAO",88316,"SERVENTE COM ENCARGOS COMPLEMENTARES","H",0.3,null,0]
[null,null,null,null,null,null,0]
[null,null,null,null,null,null,0]
[null,null,null,null,null,null,0]
[null,null,null,null,null,null,0]
[null,null,null,null,null,null,0]
[null,null,null,null,null,null,0]
[null,null,null,null,null,null,0]
[null,null,null,null,null,null,0]
[null,null,null,null,null,null,0]
[null,null,null,null,null,null,0]
[null,null,null,null,null,null,0]
[null,null,null,null,null,null,0]
[null,null,null,null,null,null,0]
[null,null,null,null,null,null,0]
[null,null,null,null,null,null,0]
[null,null,null,null,null,"TOTAL",{"$f":"SUM(G540:G559)","v":0}]
[]
["REFERENCIA","SINAPI"]
["CLASSE/TIPO","CÓDIGOS","DESCRIÇÃO","UNID."]
["IFMT 023.06.2018",".023/D","CUBA DE EMBUTIR DE AÇO INOXIDÁVEL 60X50X30CM, PROFUNDIDADE =30CM, INCLUSO VÁLVULA TIPO AMERICANA EM METAL CROMADO E SIFÃO TIPO COPO EM PVC 3.1/2X1.1/2\" - FORNECIMENTO E INSTALAÇÃO","UN","COEFICIENTE","PREÇO UNITÁRIO (R$)","PREÇO TOTAL (R$)"]
["INSUMO","06755/ORSE","Cuba aço inox 60 x 50 x 30 cm","UN",1,null,{"$f":"E565*F565","v":0}]
["INSUMO",6145,"SIFAO PLASTICO TIPO COPO PARA PIA AMERICANA 1.1/2 X 1.1/2 \"","UN",1,null,0]
["INSUMO",11683,"ENGATE / RABICHO FLEXIVEL INOX 1/2 \" X 30 CM","un",1,null,0]
["INSUMO",6157,"VALVULA EM METAL CROMADO PARA PIA AMERICANA 3.1/2 X 1.1/2\"","un",1,null,0]
["INSUMO",11772,"00011772 TORNEIRA CROMADA DE MESA PARA COZINHA BICA MOVEL COM AREJADOR 1/2 \" OU 3/4 \" (REF 1167)","UN",1,null,0]
["COMPOSICAO",88267,"ENCANADOR OU BOMBEIRO HIDRÁULICO COM ENCARGOS COMPLEMENTARES","H",1,null,0]
["COMPOSICAO",88316,"SERVENTE COM ENCARGOS COMPLEMENTARES","H",1,null,0]
[null,null,null,null,null,null,0]
[null,null,null,null,null,null,0]
[null,null,null,null,null,null,0]
[null,null,null,null,null,null,0]
[null,null,null,null,null,null,0]
[null,null,null,null,null,null,0]
[null,null,null,null,null,null,0]
[null,null,null,null,null,null,0]
[null,null,null,null,null,null,0]
[null,null,null,null,null,null,0]
[null,null,null,null,null,null,0]
[null,null,null,null,null,null,0]
[null,null,null,null,null,null,0]
[null,null,null,null,null,"TOTAL",{"$f":"SUM(G565:G584)","v":0}]
[]
["REFERENCIA","SINAPI"]
["CLASSE/TIPO","CÓDIGOS","DESCRIÇÃO","UNID."]
["IFMT 024.10.2018",".024/D","ELABORAÇÃO DO PROJETO DE  \"AS BUILT\" - ELABORAÇÃO DE \"COMO CONSTRUIDO \" PARA EDIFICAÇÃO ","M2","COEFICIENTE","PREÇO UNITÁRIO (R$)","PREÇO TOTAL (R$)"]
["COMPOSICAO",90775,"90775 DESENHISTA PROJETISTA COM ENCARGOS COMPLEMENTARES","H",5.8000000000000003E-2,null,{"$f":"E590*F590","v":0}]
[null,null,null,null,null,null,0]
[null,null,null,null,null,null,0]
[null,null,null,null,null,null,0]
[null,null,null,null,null,null,0]
[null,null,null,null,null,null,0]
[null,null,null,null,null,null,0]
[null,null,null,null,null,null,0]
[null,null,null,null,null,null,0]
[null,null,null,null,null,null,0]
[null,null,null,null,null,null,0]
[null,null,null,null,null,null,0]
[null,null,null,null,null,null,0]
[null,null,null,null,null,null,0]
[null,null,null,null,null,null,0]
[null,null,null,null,null,null,0]
[null,null,null,null,null,null,0]
[null,null,null,null,null,null,0]
[null,null,null,null,null,null,0]
[null,null,null,null,null,null,0]
[null,null,null,null,null,"TOTAL",{"$f":"SUM(G590:G609)","v":0}]
[]
["REFERENCIA","SINAPI",90808]
["CLASSE/TIPO","CÓDIGOS","DESCRIÇÃO","UNID."]
["IFMT 025.10.2018",".025/D","ESTACA HÉLICE CONTÍNUA, DIÂMETRO DE 40 CM, COMPRIMENTO TOTAL ATÉ 15 M, PERFURATRIZ COM TORQUE DE 170 KN.M (EXCLUSIVE MOBILIZAÇÃO E DESMOBILIZAÇÃO).","UN","COEFICIENTE","PREÇO UNITÁRIO (R$)","PREÇO TOTAL (R$)"]
["INSUMO",38464,"CONCRETO USINADO BOMBEAVEL, CLASSE DE RESISTENCIA C20, COM BRITA 0, SLUMP = 220 +/- 20 MM, INCLUI SERVICO DE BOMBEAMENTO (NBR 8953)","M3",0.186,null,{"$f":"E615*F615","v":0}]
["COMPOSIÇÃO","74010/001","CARGA E DESCARGA MECANICA DE SOLO UTILIZANDO CAMINHAO BASCULANTE 6,0M3/16T E PA CARREGADEIRA SOBRE PNEUS 128 HP, CAPACIDADE DA CAÇAMBA 1,7 A 2,8 M3, PESO OPERACIONAL 11632 KG","M3",8.8300000000000003E-2,null,0]
["COMPOSIÇÃO",88316,"SERVENTE COM ENCARGOS COMPLEMENTARES","H",0.14001,null,0]
["COMPOSIÇÃO",90674,"PERFURATRIZ COM TORRE METÁLICA PARA EXECUÇÃO DE ESTACA HÉLICE CONTÍNUA, PROFUNDIDADE MÁXIMA DE 30 M, DIÂMETRO MÁXIMO DE 800 MM, POTÊNCIA INSTALADA DE 268 HP, MESA ROTATIVA COM TORQUE MÁXIMO DE 170 KNM - CHP DIURNO. AF_06/2015","CHP",2.41E-2,null,0]
["COMPOSIÇÃO",90675,"PERFURATRIZ COM TORRE METÁLICA PARA EXECUÇÃO DE ESTACA HÉLICE CONTÍNUA, PROFUNDIDADE MÁXIMA DE 30 M, DIÂMETRO MÁXIMO DE 800 MM, POTÊNCIA INSTALADA DE 268 HP, MESA ROTATIVA COM TORQUE MÁXIMO DE 170 KNM - CHI DIURNO. AF_06/2015","CHI",2.2599999999999999E-2,null,0]
["COMPOSIÇÃO",95967,"SERVIÇOS TÉCNICOS ESPECIALIZADOS PARA ACOMPANHAMENTO DE EXECUÇÃO DE FUNDAÇÕES PROFUNDAS E ESTRUTURAS DE CONTENÇÃO","H",4.6699999999999998E-2,null,0]
["COMPOSIÇÃO",97913,"TRANSPORTE COM CAMINHÃO BASCULANTE DE 6 M3, EM VIA URBANA EM REVESTIMENTO PRIMÁRIO (UNIDADE: M3XKM). AF_01/2018","M3xKM",2.6499999999999999E-2,null,0]
[null,null,null,null,null,null,0]
[null,null,null,null,null,null,0]
[null,null,null,null,null,null,0]
[null,null,null,null,null,null,0]
[null,null,null,null,null,null,0]
[null,null,null,null,null,null,0]
[null,null,null,null,null,null,0]
[null,null,null,null,null,null,0]
[null,null,null,null,null,null,0]
[null,null,null,null,null,null,0]
[null,null,null,null,null,null,0]
[null,null,null,null,null,null,0]
[null,null,null,null,null,null,0]
[null,null,null,null,null,"TOTAL",{"$f":"SUM(G615:G634)","v":0}]
[]
["REFERENCIA","ORSE","12124/ORSE"]
["CLASSE/TIPO","CÓDIGOS","DESCRIÇÃO","UNID."]
["IFMT 026.10.2018",".026/D","BARRA ANTIPANICO SIMPLES, CEGA LADO OPOSTO, COR CINZA","UN","COEFICIENTE","PREÇO UNITÁRIO (R$)","PREÇO TOTAL (R$)"]
["INSUMO",39615,"BARRA ANTIPANICO SIMPLES, CEGA LADO OPOSTO, COR CINZA","UN",1,null,{"$f":"E640*F640","v":0}]
["COMPOSIÇÃO",88309,"PEDREIRO COM ENCARGOS COMPLEMENTARES","H",0.3,null,0]
[null,null,null,null,null,null,0]
[null,null,null,null,null,null,0]
[null,null,null,null,null,null,0]
[null,null,null,null,null,null,0]
[null,null,null,null,null,null,0]
[null,null,null,null,null,null,0]
[null,null,null,null,null,null,0]
[null,null,null,null,null,null,0]
[null,null,null,null,null,null,0]
[null,null,null,null,null,null,0]
[null,null,null,null,null,null,0]
[null,null,null,null,null,null,0]
[null,null,null,null,null,null,0]
[null,null,null,null,null,null,0]
[null,null,null,null,null,null,0]
[null,null,null,null,null,null,0]
[null,null,null,null,null,null,0]
[null,null,null,null,null,null,0]
[null,null,null,null,null,"TOTAL",{"$f":"SUM(G640:G659)","v":0}]
[]
[]
["REFERENCIA","ORSE","03167/ORSE"]
["CLASSE/TIPO","CÓDIGOS","DESCRIÇÃO","UNID."]
["IFMT 027.10.2018",".027/D","PLACA DE INAUGURACAO METALICA EM AÇO ESCOVADO, *40* CM X *60* CM, FORNECIMENTO E INSTALAÇÃO","UN","COEFICIENTE","PREÇO UNITÁRIO (R$)","PREÇO TOTAL (R$)"]
["COMPOSIÇÃO",88309,"PEDREIRO COM ENCARGOS COMPLEMENTARES","H",0.6,null,{"$f":"E666*F666","v":0}]
["COMPOSIÇÃO",88316,"SERVENTE COM ENCARGOS COMPLEMENTARES","H",0.6,null,0]
["COMPOSIÇÃO",73548,"ARGAMASSA TRACO 1:3 (CIMENTO E AREIA), PREPARO MANUAL, INCLUSO ADITIVO IMPERMEABILIZANTE","M3",0.04,null,0]
["INSUMO",10848,"PLACA DE INAUGURACAO METALICA, *40* CM X *60* CM","UN",1,null,0]
[null,null,null,null,null,null,0]
[null,null,null,null,null,null,0]
[null,null,null,null,null,null,0]
[null,null,null,null,null,null,0]
[null,null,null,null,null,null,0]
[null,null,null,null,null,null,0]
[null,null,null,null,null,null,0]
[null,null,null,null,null,null,0]
[null,null,null,null,null,null,0]
[null,null,null,null,null,null,0]
[null,null,null,null,null,null,0]
[null,null,null,null,null,null,0]
[null,null,null,null,null,null,0]
[null,null,null,null,null,null,0]
[null,null,null,null,null,null,0]
[null,null,null,null,null,null,0]
[null,null,null,null,null,"TOTAL",{"$f":"SUM(G666:G685)","v":0}]
[]
["REFERENCIA","ORSE","07324/ORSE"]
["CLASSE/TIPO","CÓDIGOS","DESCRIÇÃO","UNID."]
["IFMT 028.10.2018",".028/D","PISO TÁTIL DIRECIONALE/OU ALERTA, DE CONCRETO, COLORIDO, PARA DEFICIENTES VISUAIS, DIMENSÕES 25X25CM, APLICADO COM ARGAMASSA INDUSTRIAL AC-II, REJUNTADO, SOBRE BASE PRONTA.FORNECIMENTO E INSTALAÇÃO.","M2","COEFICIENTE","PREÇO UNITÁRIO (R$)","PREÇO TOTAL (R$)"]
["INSUMO",34353,"ARGAMASSA COLANTE AC-II","KG",4,null,{"$f":"E691*F691","v":0}]
["COMPOSIÇÃO",88309,"PEDREIRO COM ENCARGOS COMPLEMENTARES","H",0.5,null,0]
["COMPOSIÇÃO",88316,"SERVENTE COM ENCARGOS COMPLEMENTARES","H",1.2,null,0]
["INSUMO",38186,"PISO TATIL DE ALERTA OU DIRECIONAL, DE BORRACHA, COLORIDO, 25 X 25 CM, E = 12 MM,PARA ARGAMASSA","M2",1.05,null,0]
["INSUMO",34357,"REJUNTE COLORIDO, CIMENTICIO","KG",0.52,null,0]
[null,null,null,null,null,null,0]
[null,null,null,null,null,null,0]
[null,null,null,null,null,null,0]
[null,null,null,null,null,null,0]
[null,null,null,null,null,null,0]
[null,null,null,null,null,null,0]
[null,null,null,null,null,null,0]
[null,null,null,null,null,null,0]
[null,null,null,null,null,null,0]
[null,null,null,null,null,null,0]
[null,null,null,null,null,null,0]
[null,null,null,null,null,null,0]
[null,null,null,null,null,null,0]
[null,null,null,null,null,null,0]
[null,null,null,null,null,null,0]
[null,null,null,null,null,"TOTAL",{"$f":"SUM(G691:G710)","v":0}]
[]
["REFERENCIA","PINI","22.016.000003.SER"]
["CLASSE/TIPO","CÓDIGOS","DESCRIÇÃO","UNID."]
["IFMT 029.10.2018",".029/D","PISO TÁTIL DIRECIONAL E/OU ALERTA, EM BORRACHA, P/ DEFICIENTES VISUAIS, DIMENSÕES 25x25cm, APLICADO, REJUNTADO, EXCLUSIVE REGULARIZAÇÃO DE BASE, INSTALADO NIVEL DO PISO EXISTENTE ACABADO.","M2","COEFICIENTE","PREÇO UNITÁRIO (R$)","PREÇO TOTAL (R$)"]
["INSUMO",4791,"00004791 ADESIVO ACRILICO/COLA DE CONTATO KG CR 14,55","KG",0.14000000000000001,null,{"$f":"E716*F716","v":0}]
["COMPOSIÇÃO",88309,"PEDREIRO COM ENCARGOS COMPLEMENTARES","H",0.17,null,0]
["COMPOSIÇÃO",88316,"SERVENTE COM ENCARGOS COMPLEMENTARES","H",0.17,null,0]
["INSUMO",38181,"00038181 PISO TATIL ALERTA OU DIRECIONAL, DE BORRACHA, COLORIDO, 25 X 25 CM, E = 5 MM, PARA M2 153,74\nCOLA","M2",1.05,null,0]
["INSUMO",34357,"REJUNTE COLORIDO, CIMENTICIO","KG",0.25,null,0]
[null,null,null,null,null,null,0]
[null,null,null,null,null,null,0]
[null,null,null,null,null,null,0]
[null,null,null,null,null,null,0]
[null,null,null,null,null,null,0]
[null,null,null,null,null,null,0]
[null,null,null,null,null,null,0]
[null,null,null,null,null,null,0]
[null,null,null,null,null,null,0]
[null,null,null,null,null,null,0]
[null,null,null,null,null,null,0]
[null,null,null,null,null,null,0]
[null,null,null,null,null,null,0]
[null,null,null,null,null,null,0]
[null,null,null,null,null,null,0]
[null,null,null,null,null,"TOTAL",{"$f":"SUM(G716:G735)","v":0}]
[]
["REFERENCIA","SINAPI",87243]
["CLASSE/TIPO","CÓDIGOS","DESCRIÇÃO","UNID."]
["IFMT 030.10.2018",".030/D","REVESTIMENTO CERAMICO/PORCELANA PARA PAREDES EXTERNAS EM PASTILHAS 10X10CM, ALINHADA A PRUMO, APLICADO EM PANOS SEM VÃOS. ","M2","COEFICIENTE","PREÇO UNITÁRIO (R$)","PREÇO TOTAL (R$)"]
["INSUMO",36882,"PASTILHA CERAMICA/PORCELANA, REVEST INT/EXT E PISCINA, CORES QUENTES *5 X 5* CM","M2",1.0900000000000001,null,{"$f":"E741*F741","v":0}]
["COMPOSIÇÃO",88256,"AZULEJISTA OU LADRILHISTA COM ENCARGOS COMPLEMENTARES ","H",1.03,null,0]
["COMPOSIÇÃO",88316,"SERVENTE COM ENCARGOS COMPLEMENTARES","H",0.51,null,0]
["INSUMO",37596,"ARGAMASSA COLANTE TIPO ACIII E ","KG",7.69,null,0]
["INSUMO",34357,"REJUNTE COLORIDO, CIMENTICIO","KG",0.25,null,0]
[null,null,null,null,null,null,0]
[null,null,null,null,null,null,0]
[null,null,null,null,null,null,0]
[null,null,null,null,null,null,0]
[null,null,null,null,null,null,0]
[null,null,null,null,null,null,0]
[null,null,null,null,null,null,0]
[null,null,null,null,null,null,0]
[null,null,null,null,null,null,0]
[null,null,null,null,null,null,0]
[null,null,null,null,null,null,0]
[null,null,null,null,null,null,0]
[null,null,null,null,null,null,0]
[null,null,null,null,null,null,0]
[null,null,null,null,null,null,0]
[null,null,null,null,null,"TOTAL",{"$f":"SUM(G741:G760)","v":0}]
[]
["REFERENCIA","SINAPI",94998]
["CLASSE/TIPO","CÓDIGOS","DESCRIÇÃO","UNID."]
["IFMT 031.10.2018",".031/D","EXECUÇÃO DE PISO DE CONCRETO COM CONCRETO PREPARO MECANICO, ACABAMENTO CONVENCIONAL, ESPESSURA 12 CM, ARMADO COM TELA DE AÇO CA-60 Q-196 (3,11KG/M2) DIAMETRO DO FIO 5,0MM LARGURA 2,45M ESPAÇAMENTO DA MALHA 10X10CM.","M2","COEFICIENTE","PREÇO UNITÁRIO (R$)","PREÇO TOTAL (R$)"]
["INSUMO",3777,"LONA PLASTICA PRETA, E= 150 MICRA"